{"text_format":"3","workbook":"xlsx","n_sheets":58,"sheets":["0000000000000","COVER","SPE","Genetic","NIC","INPUT","abstract","PART-A","FF","SF","Water & Electrical","PART-B","steel cal","SEIG P-A ","SEIG P-B","Differ- Material","lead 19-20","lead 20-21","lead 21-22","lead 22-23","data","D&W data","SANITATION DTA","Ele Data","con 2019-20","MINI SSR 19-20","lead 22-23 P-B","data 2022-23","door 2022-23","SANI 2022-23","Ele 2022-23","MINI SSR 2020-21","MINI SSR 21-22","MINI SSR 2022-23","MINI SSR 2022-23 (2)","CS","CR","R-1","con 2020-21","R-2","C-1","CC f -2","ccbc ","SEIG P-A  (2)","CERTI ","RE-DE","Proforma-I","voucer part (2)","1 (2)","2 (2)","3 (2)","4 (2)","5 (2)","M-1 (2)","M-3 (2)","con 2021-22","con 2022-23","con 2022-23 (2)"],"not_rendered":{"images":3,"external_links":5,"defined_names":1100},"read":"whole","date_system":"1900"}

{"sheet":"0000000000000","index":0,"n_rows":0,"n_cols":0,"rows_kept":0,"hidden":true}

{"sheet":"COVER","index":1,"n_rows":39,"n_cols":11,"rows_kept":39,"merged":[[0,0,37,0],[0,1,0,9],[0,10,37,10],[17,1,17,9],[19,1,19,9],[22,2,22,4],[22,6,22,9],[24,2,24,4],[24,7,24,9],[25,7,25,9],[26,2,26,4],[28,2,28,4],[28,6,28,8],[30,2,30,4],[30,6,30,9],[32,2,32,4],[32,6,32,8],[34,2,34,4],[34,6,34,8],[36,2,36,4],[36,6,36,8],[38,0,38,10]]}
["fffffffffffffffffffffffffffffffffffffffffffffffffffffffffffffffffffffffffffffffffffffffffffffffffffffffffffffffffffffffffffffffffffffffffffffffffffffffffffffffffffffffffffffffffffffffffffffffffffffffffffffffffffffffffffffffffffffffffffffffffffffffffffffffffffffffffffffffffffffffffffffffffffffffffffffffffffffffffffffffffffffffffffffffffffffffffffffffffffffffffffffffffffffffffffffffffffffffffffffffffffffffffffffffffffffffffffffffffffff","fffffffffffffffffffffffffffffffffffffffffffffffffffffffffffffffffffffffffffffffffffffffffffffffffffffffffffffffffffffffffffffffffffffffffffffffffffffffffffffffffffffffffffffffffffffffffffffffffffffffffffffffffffffffffffffffffffffffffffffffffffffffffffffffffffffffffffffffffffffffffffffffffffffffffffffffffffffffffffffffffffffffffffffffffffffffffffffffffffffffffffffffffffffffffffffffffffffff",{"$nulls":8},"ffffffffffffffffffffffffffffffffffffffffffffffffffffffffffffffffffffffffffffffffffffffffffffffffffffffffffffffffffffffffffffffffffffffffffffffffffffffffffffffffffffffffffffffffffffffffffffffffffffffffffffffffffffffffffffffffffffffffffffffffffffffffffffffffffffffffffffffffffffffffffffffffffffffffffffffffffffffffffffffffffffffffffffffffffffffffffffffffffffffffffffffff"]
{"$rows_empty":16}
[null,"PANCHAYATI RAJ ENGINEERING DEPARTMENT"]
[]
[null,"WORKING ESTIMATE"]
[]
[]
[null,null,"NAME OF THE WORK",null,null,":",{"$f":"'lead 19-20'!C2","v":"Providing Additional Space for Health Staff in Grama Sachivalayam of Baduguleru GP of Kanigiri Mandal"}]
[]
[null,null,"ESTIMATE COST & Grant",null,null,":",{"$f":"'lead 19-20'!K4","v":"20.80 Lakhs"}]
[]
[null,null,"WORK ID",null,null,":",{"$f":"'lead 19-20'!C4","v":"No: 087043102002090039"}]
[]
[null,null,"NAME OF THE MANDAL",null,null,":","KANIGIRI"]
[]
[null,null,"NAME OF SUB.DIVISION.",null,null,":","KANIGIRI"]
[]
[null,null,"NAME OF THE DIVISION",null,null,":","KANDUKUR"]
[]
[null,null,"NAME OF CIRCLE",null,null,":","ONGOLE"]
[]
[null,null,"NAME OF DISTRICT",null,null,":","PRAKASAM "]
[]
["ffffffffffffffffffffffffffffffffffffffffffffffffffffffffffffffffffffffffffffffffffffffffffffffffffffffffffffffffffffffffffffffffffffffffffffffffffffffffffffffffffffffffffffffffffffffffffffffffffffffffffffffffffffffffffffffffffffffffffffffffffffffffffffffffffffffffffffffffffffffffffffffffffffffffffffffffffffffffffffffffffffffffffffffffffffffffffffffffffffffffffffffff"]

{"sheet":"SPE","index":2,"n_rows":14,"n_cols":8,"rows_kept":14,"merged":[[0,0,0,8],[2,0,2,8],[3,0,3,8],[4,5,4,6],[6,0,6,8],[7,0,7,8],[8,0,8,8]]}
["SPECIFICATION REPORT"]
[]
["                             Specification Report to accompany the working estimate for the work \""]
[{"$f":"'lead 19-20'!C2","v":"Providing Additional Space for Health Staff in Grama Sachivalayam of Baduguleru GP of Kanigiri Mandal"}]
[{"$nulls":5},"Estt. Rs.",null,{"$f":"'lead 19-20'!K4","v":"20.80 Lakhs"}]
[]
["                              The above road has been administratively sancationed for Rs. 17.50 Lakhs  vide Progs.Rc No  T3/MGNREGS/2020 Dt 30-06-2020 of the District Collector & District Programme Co-Ordinator, MGNREGS, Prakasam District. Ongole under MGNREGS 50%  and Health Department Grant 50% Grant during the year 2019-20. and Additional amount of Rs.3.30 lakhs was sanctioned vide progs. Rc.No.T3/YSR health Clinics buildings-Admn. Sanctions / 2023-24 Dt   05.2023 of the District Collector & DPC, MGNREGS, Prakasam District under 15th FC funds HM (1.52 lakhs) & FW and APHSSP (1.78 lakhs).  The work was entrusted to Grama Panchayat, Baduguleru"]
["                             During execution of work  the working estimate is prepared As per the instructions of higher authorities  items rates as per recording dates (adopting SSR 2019-20, SSR 2020-21, SSR 2021-22 and SSR 2022-23) and same may be submitted for your kind approval."]
["                            The working estimate is prepared as per the agreement rates based on the SSR of  2019-2020, 2020-21, 2021-22 & 2022-23 and the work has been  carried out as per APSS."]
[]
[]
[{"$nulls":4},{"$f":"'lead 19-20'!$H$31","v":"Deputy Executive Engineer"},null,null,{"$f":"'lead 19-20'!$K$31","v":"Assistant  Engineer"}]
[{"$nulls":4},{"$f":"'lead 19-20'!$H$32","v":"PRI Sub Division"},null,null,{"$f":"'lead 19-20'!$K$32","v":"Mandal Praja parishad"}]
[{"$nulls":4},{"$f":"'lead 19-20'!$H$33","v":"Kanigiri"},null,null,{"$f":"'lead 19-20'!$K$33","v":"Kanigiri"}]

{"sheet":"Genetic","index":3,"n_rows":41,"n_cols":7,"rows_kept":41,"merged":[[0,0,0,4]]}
[{"$f":"'lead 19-20'!B2&'lead 19-20'!C2","v":"Name of the Work: Providing Additional Space for Health Staff in Grama Sachivalayam of Baduguleru GP of Kanigiri Mandal"}]
[]
[null,null,"Est.Rs.",{"$f":"'lead 19-20'!K4","v":"20.80 Lakhs"}]
[]
["S.No","Material","Quantity","Unit Price","Total"]
[1,"Provision towards QC Charges at 0.5% ",{"$f":"INPUT!H116","v":{"v":8548,"d":"8548.00"}},1,{"$f":"ROUND(C6*D6,2)","v":{"v":8548,"d":"8548.00"}}]
[2,"Provision for Seigniorage charges",{"$f":"INPUT!H117","v":{"v":21507,"d":"21507.00"}},1,{"$f":"ROUND(C7*D7,2)","v":{"v":21507,"d":"21507.00"}}]
[3,"Provision towards unforeseen items of work",{"$f":"2080000-E6-E7-E9","v":{"v":2041003,"d":"2041003.00"}},1,{"$f":"ROUND(C8*D8,2)","v":{"v":2041003,"d":"2041003.00"}}]
[4,"D34816-CW-G01.Amount for wage component",{"$f":"ROUND(E9/D9,2)","v":37.73},237,{"$f":"INPUT!H18","v":{"v":8942,"d":"8942.00"}}]
[{"$nulls":4},{"$f":"SUM(E6:E9)","v":{"v":2080000,"d":"2080000.00"}}]
[]
["S.No","Material","Quantity","Unit Price","Total"]
[1,"D16033-CW-G02.cement",{"$f":"INPUT!E29","v":516.14},{"$f":"INPUT!F26","v":{"v":235,"d":"235.00"}},{"$f":"ROUND(C13*D13,0)","v":{"v":121293,"d":"121293.00"}}]
[2,"D16901-Cost of Sand",{"$f":"INPUT!E31","v":{"v":0,"d":"0.00"}},{"$f":"INPUT!F31","v":{"v":375,"d":"375.00"}},{"v":0,"d":"0.00"}]
[3,"D16902-Transportion of Sand",{"$f":"INPUT!E32","v":{"v":0,"d":"0.00"}},{"$f":"INPUT!F32","v":{"v":739.6,"d":"739.60"}},{"v":0,"d":"0.00"}]
[4,"D16034-CW-G03.sand for filling",{"$f":"INPUT!E42","v":{"v":87.50999999999999,"d":"87.51"}},{"$f":"INPUT!F42","v":{"v":292.4,"d":"292.40"}},{"v":25588,"d":"25588.00"}]
[5,"D16048-CW-G19.sand for Concrete",{"$f":"INPUT!E64","v":28.47},{"$f":"INPUT!F64","v":{"v":2098,"d":"2098.00"}},{"v":59730,"d":"59730.00"}]
[6,"D16048-CW-G19.sand for Concrete",{"$f":"INPUT!E65","v":{"v":0,"d":"0.00"}},{"$f":"INPUT!F65","v":{"v":1742,"d":"1742.00"}},{"$f":"ROUND(C18*D18,0)","v":{"v":0,"d":"0.00"}}]
[7,"D16035-CW-G04.sand for mortar",{"$f":"INPUT!E52","v":6.07},{"$f":"INPUT!F52","v":{"v":984.9,"d":"984.90"}},{"v":5978,"d":"5978.00"}]
[8,"D16035-CW-G04.sand for mortar",{"$f":"INPUT!E53","v":14.07},{"$f":"INPUT!F53","v":{"v":2098,"d":"2098.00"}},{"$f":"ROUND(C20*D20,0)","v":{"v":29519,"d":"29519.00"}}]
[8,"D16035-CW-G04.sand for mortar",{"$f":"INPUT!E54","v":{"v":0,"d":"0.00"}},{"$f":"INPUT!F54","v":{"v":321,"d":"321.00"}},{"$f":"ROUND(C21*D21,0)","v":{"v":0,"d":"0.00"}}]
[9,"D16038-CW-G07.20mm to 12mm HBG/HBT graded Metal:Consisting of 20mm metal 60% and12mm metal 40%",{"$f":"INPUT!E74","v":38.41},{"$f":"INPUT!F74","v":{"v":1722.3,"d":"1722.30"}},{"v":66154,"d":"66154.00"}]
[10,"D16038-CW-G07.20mm to 12mm HBG/HBT graded Metal:Consisting of 20mm metal 60% and12mm metal 40%",{"$f":"INPUT!E75","v":{"v":0,"d":"0.00"}},{"$f":"INPUT!F75","v":{"v":2182.9,"d":"2182.90"}},{"$f":"ROUND(C23*D23,0)","v":{"v":0,"d":"0.00"}}]
[11,"D16040-CW-G09.40 mm nominal HBG/HBT Graded Metal",{"$f":"INPUT!E84","v":18.53},{"$f":"INPUT!F84","v":{"v":1375.8,"d":"1375.80"}},{"v":25494,"d":"25494.00"}]
[12,"CW-G20.cost and supply of Steel",{"$f":"INPUT!E102","v":2.22},{"$f":"INPUT!F102","v":{"v":62540,"d":"62540.00"}},{"v":138839,"d":"138839.00"}]
[13,"CW-G20.cost and supply of Steel",{"$f":"INPUT!E103","v":1.82},{"$f":"INPUT!F103","v":{"v":63720,"d":"63720.00"}},{"v":115970,"d":"115970.00"}]
[14,"CW-G20.cost and supply of Steel",{"$f":"INPUT!E104","v":{"v":0.20999999999999974,"d":"0.21"}},{"$f":"INPUT!F104","v":{"v":84960,"d":"84960.00"}},{"$f":"ROUND(C27*D27,0)","v":{"v":17842,"d":"17842.00"}}]
[15,"CW-G20.cost and supply of Steel",{"$f":"INPUT!E105","v":{"v":0,"d":"0.00"}},{"$f":"INPUT!F105","v":{"v":71980,"d":"71980.00"}},{"$f":"ROUND(C28*D28,0)","v":{"v":0,"d":"0.00"}}]
[16,"CW-G20.cost and supply of Steel",{"$f":"INPUT!E106","v":{"v":0,"d":"0.00"}},{"$f":"INPUT!F106","v":{"v":75520,"d":"75520.00"}},{"$f":"ROUND(C29*D29,0)","v":{"v":0,"d":"0.00"}}]
[17,"D16041-CW-G10.Cost towards engaging skilled labour,semi skilled labour,other materials and equipment charges including all other materials",{"v":1,"d":"1.00"},{"$f":"G30-E13-E14-E15-E16-E17-E19-E22-E24-E25-E26-E31-E32-E33-E9-E34-E23-E27-E28-E29-E18-E20-E21","v":{"v":1433167,"d":"1433167.00"}},{"$f":"ROUND(C30*D30,2)","v":{"v":1433167,"d":"1433167.00"}},null,2080000]
[18,"D16042-CW-G12.QC @0.5%",{"v":1,"d":"1.00"},{"$f":"INPUT!H116","v":{"v":8548,"d":"8548.00"}},{"$f":"ROUND(C31*D31,2)","v":{"v":8548,"d":"8548.00"}}]
[19,"D16043-CW-G13.Seignorage charges",{"v":1,"d":"1.00"},{"$f":"INPUT!H117","v":{"v":21507,"d":"21507.00"}},{"$f":"ROUND(C32*D32,2)","v":{"v":21507,"d":"21507.00"}}]
[20,"D16327-Provision For Work Wise File",{"v":1,"d":"1.00"},{"$f":"INPUT!H120","v":{"v":0,"d":"0.00"}},{"$f":"ROUND(C33*D33,2)","v":{"v":0,"d":"0.00"}}]
[21,"D16045-CW-G15.LS amount for unforcen items.",{"v":1,"d":"1.00"},{"$f":"INPUT!H121","v":{"v":1429,"d":"1429.00"}},{"$f":"ROUND(C34*D34,2)","v":{"v":1429,"d":"1429.00"}}]
[{"$nulls":4},{"$f":"SUM(E13:E34)","v":{"v":2071058,"d":"2071058.00"}}]
[]
[]
[]
[null,{"$f":"INPUT!C128","v":"Deputy Executive Engineer"},null,{"$f":"INPUT!G128","v":"Assistant  Engineer"}]
[null,{"$f":"INPUT!C129","v":"PRI Sub Division"},null,{"$f":"INPUT!G129","v":"Mandal Praja parishad"}]
[null,{"$f":"INPUT!C130","v":"Kanigiri"},null,{"$f":"INPUT!G130","v":"Kanigiri"}]

{"sheet":"NIC","index":4,"n_rows":1143,"n_cols":10,"rows_kept":1143,"hidden":true,"merged":[[0,0,0,6],[1,0,1,6]]}
["ACTIVITY MASTER"]
[{"$f":"'lead 19-20'!B2&'lead 19-20'!C2","v":"Name of the Work: Providing Additional Space for Health Staff in Grama Sachivalayam of Baduguleru GP of Kanigiri Mandal"}]
[{"$nulls":5},"Est Rs.",{"$f":"'lead 19-20'!K4","v":"20.80 Lakhs"}]
["S.No.","Material Task No.","Description of Item","Quantity ","Per","Rate ","Amount"]
["1","2","3","4","5","6","7"]
[null,null,"Construction of Ground floor",{"$nulls":4},"-"]
[null,null,"Wage Component",{"$nulls":3},{"v":1E-8,"d":"0.00"}]
["1","ACT0001","Clearing light  jungle ",{"$f":"'PART-A'!I14","v":{"v":0,"d":"0.00"}},"Sqm",{"$f":"'PART-A'!K14","v":5.22},{"$f":"ROUND(D8*F8,0)","v":{"v":0,"d":"0.00"}},"19-20"]
["1","ACT0001","Clearing light  jungle ",{"$f":"'PART-A'!I20","v":{"v":0,"d":"0.00"}},"Sqm",{"$f":"'PART-A'!K20","v":5.86},{"v":0,"d":"0.00"},"20-21"]
["1","ACT0001","Clearing light  jungle ",{"$f":"'PART-A'!I26","v":{"v":0,"d":"0.00"}},"Sqm",{"$f":"'PART-A'!K26","v":6.06},{"$f":"ROUND(D10*F10,0)","v":{"v":0,"d":"0.00"}},"21-22"]
["1","ACT0001","Clearing light  jungle ",{"$f":"'PART-A'!I32","v":{"v":0,"d":"0.00"}},"Sqm",{"$f":"'PART-A'!K32","v":6.06},{"$f":"ROUND(D11*F11,0)","v":{"v":0,"d":"0.00"}},"22-23"]
["1","ACT1338","Earthwork excavation for foundation",{"$f":"'PART-A'!I49","v":{"v":71.96999999999998,"d":"71.97"}},"Cum",{"$f":"'PART-A'!K49","v":124.24},{"v":8942,"d":"8942.00"},"19-20"]
["2","ACT1338","Earthwork excavation for foundation",{"$f":"'PART-A'!I56","v":{"v":0,"d":"0.00"}},"Cum",{"$f":"'PART-A'!K56","v":139.55},{"v":0,"d":"0.00"},"20-21"]
["2","ACT1338","Earthwork excavation for foundation",{"$f":"'PART-A'!I62","v":{"v":0,"d":"0.00"}},"Cum",{"$f":"'PART-A'!K62","v":144.26},{"$f":"ROUND(D14*F14,0)","v":{"v":0,"d":"0.00"}},"21-22"]
["2","ACT1338","Earthwork excavation for foundation",{"$f":"'PART-A'!I72","v":{"v":0,"d":"0.00"}},"Cum",{"$f":"'PART-A'!K72","v":144.26},{"$f":"ROUND(D15*F15,0)","v":{"v":0,"d":"0.00"}},"22-23"]
[null,null,"Material Component",{"$nulls":3},{"v":1E-8,"d":"0.00"}]
["2","ACT0026","PCC (1:4:8) for bed concrete",{"$f":"'PART-A'!I108","v":20.59},"Cum",{"$f":"'PART-A'!K108","v":{"v":3877.2799999999997,"d":"3877.28"}},{"v":79833,"d":"79833.00"},"19-20"]
["4","ACT0026","PCC (1:4:8) for bed concrete",{"$f":"'PART-A'!I127","v":{"v":0,"d":"0.00"}},"Cum",{"$f":"'PART-A'!K127","v":{"v":4067.8399999999997,"d":"4067.84"}},{"v":0,"d":"0.00"},"20-21"]
["4","ACT0026","PCC (1:4:8) for bed concrete",{"$f":"'PART-A'!I133","v":{"v":0,"d":"0.00"}},"Cum",{"$f":"'PART-A'!K133","v":4332.55},{"$f":"ROUND(D19*F19,0)","v":{"v":0,"d":"0.00"}},"21-22"]
["4","ACT0026","PCC (1:4:8) for bed concrete",{"$f":"'PART-A'!I146","v":{"v":0,"d":"0.00"}},"Cum",{"$f":"'PART-A'!K146","v":4583.31},{"$f":"ROUND(D20*F20,0)","v":{"v":0,"d":"0.00"}},"22-23"]
["4","ACT0027","PCC (1:5:10) for bed concrete",{"$f":"'PART-A'!I155","v":{"v":0,"d":"0.00"}},"Cum",{"$f":"'PART-A'!K155","v":{"v":3725,"d":"3725.00"}},{"v":0,"d":"0.00"},"19-20"]
["4","ACT0027","PCC (1:5:10) for bed concrete",{"$f":"'PART-A'!I164","v":{"v":0,"d":"0.00"}},"Cum",{"$f":"'PART-A'!K164","v":3915.56},{"v":0,"d":"0.00"},"20-21"]
["4","ACT0027","PCC (1:5:10) for bed concrete",{"$f":"'PART-A'!I173","v":{"v":0,"d":"0.00"}},"Cum",{"$f":"'PART-A'!K173","v":4180.27},{"$f":"ROUND(D23*F23,0)","v":{"v":0,"d":"0.00"}},"21-22"]
["4","ACT0027","PCC (1:5:10) for bed concrete",{"$f":"'PART-A'!I182","v":{"v":0,"d":"0.00"}},"Cum",{"$f":"'PART-A'!K182","v":4431.03},{"$f":"ROUND(D24*F24,0)","v":{"v":0,"d":"0.00"}},"22-23"]
["3","ACT0409","Filling basement with Selected earth",{"$f":"'PART-A'!I189","v":17.93},"Cum",{"$f":"'PART-A'!K189","v":{"v":183,"d":"183.00"}},{"$f":"ROUND(D25*F25,0)","v":{"v":3281,"d":"3281.00"}},"19-20"]
["3","ACT0409","Filling basement with Selected earth",{"$f":"'PART-A'!I195","v":{"v":0,"d":"0.00"}},"Cum",{"$f":"'PART-A'!K195","v":205.87},{"$f":"ROUND(D26*F26,0)","v":{"v":0,"d":"0.00"}},"20-21"]
["3","ACT0409","Filling basement with Selected earth",{"$f":"'PART-A'!I201","v":{"v":0,"d":"0.00"}},"Cum",{"$f":"'PART-A'!K201","v":199.97},{"$f":"ROUND(D27*F27,0)","v":{"v":0,"d":"0.00"}},"21-22"]
["3","ACT0409","Filling basement with Selected earth",{"$f":"'PART-A'!I207","v":{"v":0,"d":"0.00"}},"Cum",{"$f":"'PART-A'!K207","v":216.13},{"$f":"ROUND(D28*F28,0)","v":{"v":0,"d":"0.00"}},"22-23"]
["5","ACT0256","Filling basement with Gravel",{"$f":"'PART-A'!I213","v":{"v":0,"d":"0.00"}},"Cum",{"$f":"'PART-A'!K213","v":{"v":210,"d":"210.00"}},{"$f":"ROUND(D29*F29,0)","v":{"v":0,"d":"0.00"}},"19-20"]
["5","ACT0256","Filling basement with Gravel",{"$f":"'PART-A'!I219","v":{"v":0,"d":"0.00"}},"Cum",{"$f":"'PART-A'!K219","v":234.87},{"$f":"ROUND(D30*F30,0)","v":{"v":0,"d":"0.00"}},"20-21"]
["5","ACT0256","Filling basement with Gravel",{"$f":"'PART-A'!I225","v":{"v":0,"d":"0.00"}},"Cum",{"$f":"'PART-A'!K225","v":253.22},{"$f":"ROUND(D31*F31,0)","v":{"v":0,"d":"0.00"}},"21-22"]
["5","ACT0256","Filling basement with Gravel",{"$f":"'PART-A'!I231","v":{"v":0,"d":"0.00"}},"Cum",{"$f":"'PART-A'!K231","v":272.13},{"$f":"ROUND(D32*F32,0)","v":{"v":0,"d":"0.00"}},"22-23"]
["4","ACT0020","Filling basement with Sand filling",{"$f":"'PART-A'!I248","v":{"v":87.50999999999999,"d":"87.51"}},"Cum",{"$f":"'PART-A'!K248","v":{"v":1271.5,"d":"1271.50"}},{"v":111269,"d":"111269.00"},"19-20"]
["7","ACT0020","Filling basement with Sand filling",{"$f":"'PART-A'!I264","v":{"v":0,"d":"0.00"}},"Cum",{"$f":"'PART-A'!K264","v":1340.37},{"$f":"ROUND(D34*F34,0)","v":{"v":0,"d":"0.00"}},"20-21"]
["7","ACT0020","Filling basement with Sand filling",{"$f":"'PART-A'!I270","v":{"v":0,"d":"0.00"}},"Cum",{"$f":"'PART-A'!K270","v":1528.72},{"$f":"ROUND(D35*F35,0)","v":{"v":0,"d":"0.00"}},"21-22"]
["7","ACT0020","Filling basement with Sand filling",{"$f":"'PART-A'!I276","v":{"v":0,"d":"0.00"}},"Cum",{"$f":"'PART-A'!K276","v":1603.13},{"$f":"ROUND(D36*F36,0)","v":{"v":0,"d":"0.00"}},"22-23"]
["5","ACT0021","Refilling with excavated soil",{"$f":"'PART-A'!I293","v":{"v":47.300000000000004,"d":"47.30"}},"Cum",{"$f":"'PART-A'!K293","v":{"v":228,"d":"228.00"}},{"v":10784,"d":"10784.00"},"19-20"]
["10","ACT0021","Refilling with excavated soil",{"$f":"'PART-A'!I304","v":{"v":0,"d":"0.00"}},"Cum",{"$f":"'PART-A'!K304","v":249.16},{"$f":"ROUND(D38*F38,0)","v":{"v":0,"d":"0.00"}},"20-21"]
["10","ACT0021","Refilling with excavated soil",{"$f":"'PART-A'!I311","v":{"v":0,"d":"0.00"}},"Cum",{"$f":"'PART-A'!K311","v":265.36},{"$f":"ROUND(D39*F39,0)","v":{"v":0,"d":"0.00"}},"21-22"]
["10","ACT0021","Refilling with excavated soil",{"$f":"'PART-A'!I318","v":{"v":0,"d":"0.00"}},"Cum",{"$f":"'PART-A'!K318","v":{"v":284.4,"d":"284.40"}},{"$f":"ROUND(D40*F40,0)","v":{"v":0,"d":"0.00"}},"22-23"]
["6","ACT0029","VRCC M25  mix Concrete  for column footings",{"$f":"'PART-A'!I325","v":9.44},"Cum",{"$f":"'PART-A'!K325","v":6979.88},{"v":65890,"d":"65890.00"},"19-20"]
["6","ACT0029","VRCC M25  mix Concrete  for column footings",{"$f":"'PART-A'!I332","v":{"v":0,"d":"0.00"}},"Cum",{"$f":"'PART-A'!K332","v":7288.23},{"$f":"ROUND(D42*F42,0)","v":{"v":0,"d":"0.00"}},"20-21"]
["6","ACT0029","VRCC M25  mix Concrete  for column footings",{"$f":"'PART-A'!I338","v":{"v":0,"d":"0.00"}},"Cum",{"$f":"'PART-A'!K338","v":7685.43},{"$f":"ROUND(D43*F43,0)","v":{"v":0,"d":"0.00"}},"21-22"]
["6","ACT0029","VRCC M25  mix Concrete  for column footings",{"$f":"'PART-A'!I343","v":{"v":0,"d":"0.00"}},"Cum",{"$f":"'PART-A'!K343","v":8062.18},{"$f":"ROUND(D44*F44,0)","v":{"v":0,"d":"0.00"}},"22-23"]
["7","ACT0030","VRCC M25 design mix Concrete  for Pedastal",{"$f":"'PART-A'!I348","v":1.37},"Cum",{"$f":"'PART-A'!K348","v":7392.88},{"v":10128,"d":"10128.00"},"19-20"]
["7","ACT0030","VRCC M25 design mix Concrete  for Pedastal",{"$f":"'PART-A'!I353","v":{"v":0,"d":"0.00"}},"Cum",{"$f":"'PART-A'!K353","v":7701.23},{"$f":"ROUND(D46*F46,0)","v":{"v":0,"d":"0.00"}},"20-21"]
["7","ACT0030","VRCC M25 design mix Concrete  for Pedastal",{"$f":"'PART-A'!I358","v":{"v":0,"d":"0.00"}},"Cum",{"$f":"'PART-A'!K358","v":8124.43},{"$f":"ROUND(D47*F47,0)","v":{"v":0,"d":"0.00"}},"21-22"]
["7","ACT0030","VRCC M25 design mix Concrete  for Pedastal",{"$f":"'PART-A'!I363","v":{"v":0,"d":"0.00"}},"Cum",{"$f":"'PART-A'!K363","v":8501.18},{"$f":"ROUND(D48*F48,0)","v":{"v":0,"d":"0.00"}},"22-23"]
["8","ACT0031","VRCC M25 design mix Concrete  for Columns",{"$f":"'PART-A'!I376","v":5.64},"Cum",{"$f":"'PART-A'!K376","v":{"v":9116.880000000001,"d":"9116.88"}},{"v":51419,"d":"51419.00"},"19-20"]
["11","ACT0031","VRCC M25 design mix Concrete  for Columns",{"$f":"'PART-A'!I387","v":{"v":0,"d":"0.00"}},"Cum",{"$f":"'PART-A'!K387","v":9466.93},{"$f":"ROUND(D50*F50,0)","v":{"v":0,"d":"0.00"}},"20-21"]
["8","ACT0031","VRCC M25 design mix Concrete  for Columns",{"$f":"'PART-A'!I399","v":{"v":0,"d":"0.00"}},"Cum",{"$f":"'PART-A'!K399","v":10004.82},{"$f":"ROUND(D51*F51,0)","v":{"v":0,"d":"0.00"}},"21-22"]
["8","ACT0031","VRCC M25 design mix Concrete  for Columns",{"$f":"'PART-A'!I411","v":{"v":0,"d":"0.00"}},"Cum",{"$f":"'PART-A'!K411","v":{"v":10417.6,"d":"10417.60"}},{"$f":"ROUND(D52*F52,0)","v":{"v":0,"d":"0.00"}},"22-23"]
["9","ACT0033","VRCC M25 design mix Concrete  for Plinth beam",{"$f":"'PART-A'!I430","v":{"v":6.1499999999999995,"d":"6.15"}},"Cum",{"$f":"'PART-A'!K430","v":{"v":8971.880000000001,"d":"8971.88"}},{"v":55177,"d":"55177.00"},"19-20"]
["9","ACT0033","VRCC M25 design mix Concrete  for Plinth beam",{"$f":"'PART-A'!I441","v":{"v":0,"d":"0.00"}},"Cum",{"$f":"'PART-A'!K441","v":9280.23},{"$f":"ROUND(D54*F54,0)","v":{"v":0,"d":"0.00"}},"20-21"]
["9","ACT0033","VRCC M25 design mix Concrete  for Plinth beam",{"$f":"'PART-A'!I447","v":{"v":0,"d":"0.00"}},"Cum",{"$f":"'PART-A'!K447","v":9785.43},{"$f":"ROUND(D55*F55,0)","v":{"v":0,"d":"0.00"}},"21-22"]
["9","ACT0033","VRCC M25 design mix Concrete  for Plinth beam",{"$f":"'PART-A'!I453","v":{"v":0,"d":"0.00"}},"Cum",{"$f":"'PART-A'!K453","v":10162.18},{"$f":"ROUND(D56*F56,0)","v":{"v":0,"d":"0.00"}},"22-23"]
["10","ACT0036","VRCC M25 design mix Concrete  for Beams",{"$f":"'PART-A'!I477","v":{"v":6.940000000000002,"d":"6.94"}},"Cum",{"$f":"'PART-A'!K477","v":8954.36},{"v":62143,"d":"62143.00"},"19-20"]
["14","ACT0036","VRCC M25 design mix Concrete  for Beams",{"$f":"'PART-A'!I501","v":{"v":0,"d":"0.00"}},"Cum",{"$f":"'PART-A'!K501","v":9169.52},{"$f":"ROUND(D58*F58,0)","v":{"v":0,"d":"0.00"}},"20-21"]
["10","ACT0036","VRCC M25 design mix Concrete  for Beams",{"$f":"'PART-A'!I528","v":{"v":0,"d":"0.00"}},"Cum",{"$f":"'PART-A'!K528","v":9635.33},{"$f":"ROUND(D59*F59,0)","v":{"v":0,"d":"0.00"}},"21-22"]
["10","ACT0036","VRCC M25 design mix Concrete  for Beams",{"$f":"'PART-A'!I536","v":{"v":0,"d":"0.00"}},"Cum",{"$f":"'PART-A'!K536","v":9921.19},{"$f":"ROUND(D60*F60,0)","v":{"v":0,"d":"0.00"}},"22-23"]
["11","ACT0037","VRCC M25 design mix Concrete  for Slab 125mm ",{"$f":"'PART-A'!I567","v":{"v":118.08999999999999,"d":"118.09"}},"Sqm",{"$f":"'PART-A'!K567","v":{"v":1071.8,"d":"1071.80"}},{"v":126569,"d":"126569.00"},"19-20"]
["16","ACT0037","VRCC M25 design mix Concrete  for Slab 125mm ",{"$f":"'PART-A'!I573","v":{"v":0,"d":"0.00"}},"Sqm",{"$f":"'PART-A'!K573","v":1109.69},{"$f":"ROUND(D62*F62,0)","v":{"v":0,"d":"0.00"}},"20-21"]
["11","ACT0037","VRCC M25 design mix Concrete  for Slab 125mm ",{"$f":"'PART-A'!I580","v":{"v":0,"d":"0.00"}},"Sqm",{"$f":"'PART-A'!K580","v":1166.67},{"$f":"ROUND(D63*F63,0)","v":{"v":0,"d":"0.00"}},"21-22"]
["11","ACT0037","VRCC M25 design mix Concrete  for Slab 125mm ",{"$f":"'PART-A'!I586","v":{"v":0,"d":"0.00"}},"Sqm",{"$f":"'PART-A'!K586","v":{"v":1202.4,"d":"1202.40"}},{"$f":"ROUND(D64*F64,0)","v":{"v":0,"d":"0.00"}},"22-23"]
["12","ACT0589","VRCC M25 design mix Concrete  for Slab 150mm ",{"$f":"'PART-A'!I544","v":{"v":0,"d":"0.00"}},"Sqm",{"$f":"'PART-A'!K544","v":1195.95},{"v":0,"d":"0.00"},"19-20"]
["12","ACT0589","VRCC M25 design mix Concrete  for Slab 150mm ",{"$f":"'PART-A'!I550","v":{"v":0,"d":"0.00"}},"Sqm",{"$f":"'PART-A'!K550","v":1239.23},{"$f":"ROUND(D66*F66,0)","v":{"v":0,"d":"0.00"}},"20-21"]
["12","ACT0589","VRCC M25 design mix Concrete  for Slab 150mm ",{"$f":"'PART-A'!I555","v":{"v":0,"d":"0.00"}},"Sqm",{"$f":"'PART-A'!K555","v":{"v":1302.4,"d":"1302.40"}},{"$f":"ROUND(D67*F67,0)","v":{"v":0,"d":"0.00"}},"21-22"]
["12","ACT0589","VRCC M25 design mix Concrete  for Slab 150mm ",{"$f":"'PART-A'!I561","v":{"v":0,"d":"0.00"}},"Sqm",{"$f":"'PART-A'!K561","v":1345.28},{"$f":"ROUND(D68*F68,0)","v":{"v":0,"d":"0.00"}},"22-23"]
["11","ACT0037","VRCC M25 design mix Concrete  for Slab 100mm ",{"$f":"'PART-A'!I592","v":22.14},"Sqm",{"$f":"'PART-A'!K592","v":947.64},{"v":20981,"d":"20981.00"},"19-20"]
["17","ACT0037","VRCC M25 design mix Concrete  for Slab 100mm ",{"$f":"'PART-A'!I598","v":{"v":0,"d":"0.00"}},"Sqm",{"$f":"'PART-A'!K598","v":980.15},{"$f":"ROUND(D70*F70,0)","v":{"v":0,"d":"0.00"}},"20-21"]
["11","ACT0037","VRCC M25 design mix Concrete  for Slab 100mm ",{"$f":"'PART-A'!I604","v":{"v":0,"d":"0.00"}},"Sqm",{"$f":"'PART-A'!K604","v":{"v":1030.9299999999998,"d":"1030.93"}},{"$f":"ROUND(D71*F71,0)","v":{"v":0,"d":"0.00"}},"21-22"]
["11","ACT0037","VRCC M25 design mix Concrete  for Slab 100mm ",{"$f":"'PART-A'!I610","v":{"v":0,"d":"0.00"}},"Sqm",{"$f":"'PART-A'!K610","v":1059.52},{"$f":"ROUND(D72*F72,0)","v":{"v":0,"d":"0.00"}},"22-23"]
["18","ACT0037","VRCC M25 design mix Concrete  for Slab 50mm",{"$f":"'PART-A'!I616","v":{"v":0,"d":"0.00"}},"Sqm",{"$f":"'PART-A'!K616","v":471.03},{"v":0,"d":"0.00"},"19-20"]
["11","ACT0037","VRCC M25 design mix Concrete  for Slab 50mm",{"$f":"'PART-A'!I622","v":{"v":0,"d":"0.00"}},"Sqm",{"$f":"'PART-A'!K622","v":{"v":487.1,"d":"487.10"}},{"$f":"ROUND(D74*F74,0)","v":{"v":0,"d":"0.00"}},"20-21"]
["11","ACT0037","VRCC M25 design mix Concrete  for Slab 50mm",{"$f":"'PART-A'!I628","v":{"v":0,"d":"0.00"}},"Sqm",{"$f":"'PART-A'!K628","v":512.26},{"$f":"ROUND(D75*F75,0)","v":{"v":0,"d":"0.00"}},"21-22"]
["11","ACT0037","VRCC M25 design mix Concrete  for Slab 50mm",{"$f":"'PART-A'!I634","v":{"v":0,"d":"0.00"}},"Sqm",{"$f":"'PART-A'!K634","v":{"v":526.3,"d":"526.30"}},{"$f":"ROUND(D76*F76,0)","v":{"v":0,"d":"0.00"}},"22-23"]
["15","ACT0037","VRCC M25 design mix Concrete  for Slab 25mm",{"$f":"'PART-A'!I641","v":{"v":0,"d":"0.00"}},"Sqm",{"$f":"'PART-A'!K641","v":348.26},{"v":0,"d":"0.00"},"19-20"]
["15","ACT0037","VRCC M25 design mix Concrete  for Slab 25mm",{"$f":"'PART-A'!I648","v":{"v":0,"d":"0.00"}},"Sqm",{"$f":"'PART-A'!K648","v":359.05},{"$f":"ROUND(D78*F78,0)","v":{"v":0,"d":"0.00"}},"20-21"]
["15","ACT0037","VRCC M25 design mix Concrete  for Slab 25mm",{"$f":"'PART-A'!I655","v":{"v":0,"d":"0.00"}},"Sqm",{"$f":"'PART-A'!K655","v":378.13},{"$f":"ROUND(D79*F79,0)","v":{"v":0,"d":"0.00"}},"21-22"]
["15","ACT0037","VRCC M25 design mix Concrete  for Slab 25mm",{"$f":"'PART-A'!I662","v":{"v":0,"d":"0.00"}},"Sqm",{"$f":"'PART-A'!K662","v":385.15},{"$f":"ROUND(D80*F80,0)","v":{"v":0,"d":"0.00"}},"22-23"]
["13","ACT0034","VRCC M25 design mix Concrete  for Lintels",{"$f":"'PART-A'!I672","v":1.21},"Cum",{"$f":"'PART-A'!K672","v":{"v":9288.880000000001,"d":"9288.88"}},{"v":11240,"d":"11240.00"},"19-20"]
["14","ACT0034","VRCC M25 design mix Concrete  for Lintels",{"$f":"'PART-A'!I684","v":{"v":0,"d":"0.00"}},"Cum",{"$f":"'PART-A'!K684","v":9638.93},{"$f":"ROUND(D82*F82,0)","v":{"v":0,"d":"0.00"}},"20-21"]
["15","ACT0034","VRCC M25 design mix Concrete  for Lintels",{"$f":"'PART-A'!I693","v":{"v":0,"d":"0.00"}},"Cum",{"$f":"'PART-A'!K693","v":10171.82},{"$f":"ROUND(D83*F83,0)","v":{"v":0,"d":"0.00"}},"21-22"]
["15","ACT0034","VRCC M25 design mix Concrete  for Lintels",{"$f":"'PART-A'!I762","v":{"v":0,"d":"0.00"}},"Cum",{"$f":"'PART-A'!K762","v":{"v":10584.6,"d":"10584.60"}},{"$f":"ROUND(D84*F84,0)","v":{"v":0,"d":"0.00"}},"22-23"]
["14","ACT0035","VRCC M25 design mix Concrete  for Sunshades",{"$f":"'PART-A'!I767","v":{"v":7.5,"d":"7.50"}},"Rm",{"$f":"'PART-A'!K767","v":{"v":474.8399999999999,"d":"474.84"}},{"v":3561,"d":"3561.00"},"19-20"]
["15","ACT0035","VRCC M25 design mix Concrete  for Sunshades",{"$f":"'PART-A'!I772","v":{"v":0,"d":"0.00"}},"Rm",{"$f":"'PART-A'!K772","v":{"v":482.90999999999997,"d":"482.91"}},{"$f":"ROUND(D86*F86,0)","v":{"v":0,"d":"0.00"}},"20-21"]
["17","ACT0035","VRCC M25 design mix Concrete  for Sunshades",{"$f":"'PART-A'!I778","v":{"v":0,"d":"0.00"}},"Rm",{"$f":"'PART-A'!K778","v":{"v":507.79999999999995,"d":"507.80"}},{"$f":"ROUND(D87*F87,0)","v":{"v":0,"d":"0.00"}},"21-22"]
["17","ACT0035","VRCC M25 design mix Concrete  for Sunshades",{"$f":"'PART-A'!I783","v":{"v":0,"d":"0.00"}},"Rm",{"$f":"'PART-A'!K783","v":518.52},{"$f":"ROUND(D88*F88,0)","v":{"v":0,"d":"0.00"}},"22-23"]
["20","ACT0052","impervious coat over roof slab-12mm",{"$f":"'PART-A'!I790","v":{"v":0,"d":"0.00"}},"Sqm",{"$f":"'PART-A'!K790","v":259.97},{"v":0,"d":"0.00"},"19-20"]
["23","ACT0052","impervious coat over roof slab-12mm",{"$f":"'PART-A'!I797","v":{"v":0,"d":"0.00"}},"Sqm",{"$f":"'PART-A'!K797","v":280.03},{"v":0,"d":"0.00"},"20-21"]
["20","ACT0052","impervious coat over roof slab-12mm",{"$f":"'PART-A'!I803","v":{"v":0,"d":"0.00"}},"Sqm",{"$f":"'PART-A'!K803","v":297.22},{"$f":"ROUND(D91*F91,0)","v":{"v":0,"d":"0.00"}},"21-22"]
["20","ACT0052","impervious coat over roof slab-12mm",{"$f":"'PART-A'!I809","v":{"v":0,"d":"0.00"}},"Sqm",{"$f":"'PART-A'!K809","v":315.69},{"$f":"ROUND(D92*F92,0)","v":{"v":0,"d":"0.00"}},"22-23"]
["24","ACT0052","impervious coat over roof slab-20mm",{"$f":"'PART-A'!I815","v":{"v":0,"d":"0.00"}},"Sqm",{"$f":"'PART-A'!K815","v":330.39},{"v":0,"d":"0.00"},"19-20"]
["16","ACT0052","impervious coat over roof slab-20mm",{"$f":"'PART-A'!I822","v":{"v":0,"d":"0.00"}},"Sqm",{"$f":"'PART-A'!K822","v":357.62},{"$f":"ROUND(D94*F94,0)","v":{"v":0,"d":"0.00"}},"20-21"]
["16","ACT0052","impervious coat over roof slab-20mm",{"$f":"'PART-A'!I828","v":{"v":0,"d":"0.00"}},"Sqm",{"$f":"'PART-A'!K828","v":380.75},{"$f":"ROUND(D95*F95,0)","v":{"v":0,"d":"0.00"}},"21-22"]
["16","ACT0052","impervious coat over roof slab-20mm",{"$f":"'PART-A'!I834","v":{"v":0,"d":"0.00"}},"Sqm",{"$f":"'PART-A'!K834","v":405.78},{"$f":"ROUND(D96*F96,0)","v":{"v":0,"d":"0.00"}},"22-23"]
["15","ACT0596","PCC M25 for Steps",{"$f":"'PART-A'!I1509","v":{"v":0,"d":"0.00"}},"Cum",{"$f":"'PART-A'!K1509","v":{"v":4946.169999999999,"d":"4946.17"}},{"v":0,"d":"0.00"},"19-20"]
["15","ACT0596","PCC M25 for Steps",{"$f":"'PART-A'!I1516","v":{"v":0,"d":"0.00"}},"Cum",{"$f":"'PART-A'!K1516","v":5115.52},{"$f":"ROUND(D98*F98,0)","v":{"v":0,"d":"0.00"}},"20-21"]
["15","ACT0596","PCC M25 for Steps",{"$f":"'PART-A'!I1523","v":{"v":0,"d":"0.00"}},"Cum",{"$f":"'PART-A'!K1523","v":{"v":5349.070000000001,"d":"5349.07"}},{"$f":"ROUND(D99*F99,0)","v":{"v":0,"d":"0.00"}},"21-22"]
["15","ACT0596","PCC M25 for Steps",{"$f":"'PART-A'!I1528","v":{"v":0,"d":"0.00"}},"Cum",{"$f":"'PART-A'!K1528","v":5601.67},{"$f":"ROUND(D100*F100,0)","v":{"v":0,"d":"0.00"}},"22-23"]
["16","ACT0198","RR Masonary in CM (1:6) for basement",{"$f":"'PART-A'!I841","v":{"v":0,"d":"0.00"}},"Cum",{"$f":"'PART-A'!K841","v":3154.94},{"v":0,"d":"0.00"},"19-20"]
["16","ACT0198","RR Masonary in CM (1:6) for basement",{"$f":"'PART-A'!I848","v":{"v":0,"d":"0.00"}},"Cum",{"$f":"'PART-A'!K848","v":3350.54},{"$f":"ROUND(D102*F102,0)","v":{"v":0,"d":"0.00"}},"20-21"]
["16","ACT0198","RR Masonary in CM (1:6) for basement",{"$f":"'PART-A'!I855","v":{"v":0,"d":"0.00"}},"Cum",{"$f":"'PART-A'!K855","v":{"v":3615.1600000000003,"d":"3615.16"}},{"$f":"ROUND(D103*F103,0)","v":{"v":0,"d":"0.00"}},"21-22"]
["16","ACT0198","RR Masonary in CM (1:6) for basement",{"$f":"'PART-A'!I862","v":{"v":0,"d":"0.00"}},"Cum",{"$f":"'PART-A'!K862","v":{"v":3828.3500000000004,"d":"3828.35"}},{"$f":"ROUND(D104*F104,0)","v":{"v":0,"d":"0.00"}},"22-23"]
["16","ACT0201","Brick masonery in CM (1:8) for basement",{"$f":"'PART-A'!I876","v":{"v":22.569999999999997,"d":"22.57"}},"Cum",{"$f":"'PART-A'!K876","v":{"v":5588.950000000001,"d":"5588.95"}},{"v":126143,"d":"126143.00"},"19-20"]
["17","ACT0201","Brick masonery in CM (1:8) for basement",{"$f":"'PART-A'!I885","v":{"v":0,"d":"0.00"}},"Cum",{"$f":"'PART-A'!K885","v":{"v":5751.7699999999995,"d":"5751.77"}},{"$f":"ROUND(D106*F106,0)","v":{"v":0,"d":"0.00"}},"20-21"]
["26","ACT0201","Brick masonery in CM (1:8) for basement",{"$f":"'PART-A'!I896","v":{"v":0,"d":"0.00"}},"Cum",{"$f":"'PART-A'!K896","v":{"v":6154.110000000001,"d":"6154.11"}},{"$f":"ROUND(D107*F107,0)","v":{"v":0,"d":"0.00"}},"21-22"]
["18","ACT0201","Brick masonery in CM (1:8) for basement",{"$f":"'PART-A'!I914","v":{"v":0,"d":"0.00"}},"Cum",{"$f":"'PART-A'!K914","v":6869.83},{"$f":"ROUND(D108*F108,0)","v":{"v":0,"d":"0.00"}},"22-23"]
["17","ACT0594","Brick masonery in CM (1:6) for superstructure",{"$f":"'PART-A'!I934","v":17.52},"Cum",{"$f":"'PART-A'!K934","v":5645.35},{"v":98907,"d":"98907.00"},"19-20"]
["18","ACT0594","Brick masonery in CM (1:6) for superstructure",{"$f":"'PART-A'!I950","v":{"v":0,"d":"0.00"}},"Cum",{"$f":"'PART-A'!K950","v":{"v":5808.169999999999,"d":"5808.17"}},{"$f":"ROUND(D110*F110,0)","v":{"v":0,"d":"0.00"}},"20-21"]
["29","ACT0594","Brick masonery in CM (1:6) for superstructure",{"$f":"'PART-A'!I956","v":{"v":0,"d":"0.00"}},"Cum",{"$f":"'PART-A'!K956","v":6210.51},{"$f":"ROUND(D111*F111,0)","v":{"v":0,"d":"0.00"}},"21-22"]
["20","ACT0594","Brick masonery in CM (1:6) for superstructure",{"$f":"'PART-A'!I1010","v":{"v":0,"d":"0.00"}},"Cum",{"$f":"'PART-A'!K1010","v":{"v":6926.2300000000005,"d":"6926.23"}},{"$f":"ROUND(D112*F112,0)","v":{"v":0,"d":"0.00"}},"22-23"]
["18","ACT0202","RBM for partition walls (11.5 cm thick) ",{"$f":"'PART-A'!I1037","v":78.33},"Sqm",{"$f":"'PART-A'!K1037","v":710.66},{"$f":"ROUND(D113*F113/1,0)","v":{"v":55666,"d":"55666.00"}},"19-20"]
["19","ACT0202","RBM for partition walls (11.5 cm thick) ",{"$f":"'PART-A'!I1060","v":{"v":0,"d":"0.00"}},"Sqm",{"$f":"'PART-A'!K1060","v":732.88},{"$f":"ROUND(D114*F114/1,0)","v":{"v":0,"d":"0.00"}},"20-21"]
["23","ACT0202","RBM for partition walls (11.5 cm thick) ",{"$f":"'PART-A'!I1067","v":{"v":0,"d":"0.00"}},"Sqm",{"$f":"'PART-A'!K1067","v":782.58},{"$f":"ROUND(D115*F115/1,0)","v":{"v":0,"d":"0.00"}},"21-22"]
["23","ACT0202","RBM for partition walls (11.5 cm thick) ",{"$f":"'PART-A'!I1121","v":{"v":0,"d":"0.00"}},"Sqm",{"$f":"'PART-A'!K1121","v":865.32},{"$f":"ROUND(D116*F116/1,0)","v":{"v":0,"d":"0.00"}},"22-23"]
["21","ACT0197","Fly ash cement bricks",{"$f":"'PART-A'!I1129","v":{"v":0,"d":"0.00"}},"Sqm",{"$f":"'PART-A'!K1129","v":5224.74},{"v":0,"d":"0.00"},"19-20"]
["21","ACT0197","Fly ash cement bricks",{"$f":"'PART-A'!I1137","v":{"v":0,"d":"0.00"}},"Sqm",{"$f":"'PART-A'!K1137","v":{"v":5403.929999999999,"d":"5403.93"}},{"$f":"ROUND(D118*F118/1,0)","v":{"v":0,"d":"0.00"}},"20-21"]
["21","ACT0197","Fly ash cement bricks",{"$f":"'PART-A'!I1145","v":{"v":0,"d":"0.00"}},"Sqm",{"$f":"'PART-A'!K1145","v":5899.35},{"$f":"ROUND(D119*F119/1,0)","v":{"v":0,"d":"0.00"}},"21-22"]
["21","ACT0197","Fly ash cement bricks",{"$f":"'PART-A'!I1153","v":{"v":0,"d":"0.00"}},"Sqm",{"$f":"'PART-A'!K1153","v":{"v":6281.370000000001,"d":"6281.37"}},{"$f":"ROUND(D120*F120/1,0)","v":{"v":0,"d":"0.00"}},"22-23"]
["18",null,"RCM drop wall",{"$f":"'PART-A'!I1159","v":{"v":0,"d":"0.00"}},"Sqm",{"$f":"'PART-A'!K1159","v":1815.79},{"v":0,"d":"0.00"},"19-20"]
["18",null,"RCM drop wall",{"$f":"'PART-A'!I1166","v":{"v":0,"d":"0.00"}},"Sqm",{"$f":"'PART-A'!K1166","v":1966.77},{"$f":"ROUND(D122*F122/1,0)","v":{"v":0,"d":"0.00"}},"20-21"]
["18",null,"RCM drop wall",{"$f":"'PART-A'!I1171","v":{"v":0,"d":"0.00"}},"Sqm",{"$f":"'PART-A'!K1171","v":2093.16},{"$f":"ROUND(D123*F123/1,0)","v":{"v":0,"d":"0.00"}},"21-22"]
["18",null,"RCM drop wall",{"$f":"'PART-A'!I1178","v":{"v":0,"d":"0.00"}},"Sqm",{"$f":"'PART-A'!K1178","v":2232.97},{"$f":"ROUND(D124*F124/1,0)","v":{"v":0,"d":"0.00"}},"22-23"]
["19","ACT0537","Ornamental Plastering 12mm thick to ceiling",{"$f":"'PART-A'!I1200","v":{"v":134.56000000000003,"d":"134.56"}},"Sqm",{"$f":"'PART-A'!K1200","v":264.94},{"$f":"ROUND(D125*F125,0)","v":{"v":35650,"d":"35650.00"}},"19-20"]
["20","ACT0203","Ornamental Plastering 12mm thick to ceiling",{"$f":"'PART-A'!I1220","v":{"v":0,"d":"0.00"}},"Sqm",{"$f":"'PART-A'!K1220","v":{"v":284,"d":"284.00"}},{"$f":"ROUND(D126*F126,0)","v":{"v":0,"d":"0.00"}},"20-21"]
["32","ACT0203","Ornamental Plastering 12mm thick to ceiling",{"$f":"'PART-A'!I1247","v":{"v":0,"d":"0.00"}},"Sqm",{"$f":"'PART-A'!K1247","v":300.93},{"$f":"ROUND(D127*F127,0)","v":{"v":0,"d":"0.00"}},"21-22"]
["23","ACT0203","Ornamental Plastering 12mm thick to ceiling",{"$f":"'PART-A'!I1265","v":{"v":0,"d":"0.00"}},"Sqm",{"$f":"'PART-A'!K1265","v":{"v":318.2,"d":"318.20"}},{"$f":"ROUND(D128*F128,0)","v":{"v":0,"d":"0.00"}},"22-23"]
["22","ACT0061","Plastering 12mm thick inside in single coats ",{"$f":"'PART-A'!I1272","v":{"v":0,"d":"0.00"}},"Sqm",{"$f":"'PART-A'!K1272","v":242.02},{"v":0,"d":"0.00"},"19-20"]
["22","ACT0061","Plastering 12mm thick inside in single coats ",{"$f":"'PART-A'!I1279","v":{"v":0,"d":"0.00"}},"Sqm",{"$f":"'PART-A'!K1279","v":261.07},{"$f":"ROUND(D130*F130,0)","v":{"v":0,"d":"0.00"}},"20-21"]
["22","ACT0061","Plastering 12mm thick inside in single coats ",{"$f":"'PART-A'!I1287","v":{"v":0,"d":"0.00"}},"Sqm",{"$f":"'PART-A'!K1287","v":277.43},{"$f":"ROUND(D131*F131,0)","v":{"v":0,"d":"0.00"}},"21-22"]
["22","ACT0061","Plastering 12mm thick inside in single coats ",{"$f":"'PART-A'!I1294","v":{"v":0,"d":"0.00"}},"Sqm",{"$f":"'PART-A'!K1294","v":294.71},{"$f":"ROUND(D132*F132,0)","v":{"v":0,"d":"0.00"}},"22-23"]
["20","ACT0441","Plastering 20mm thick single coat",{"$f":"'PART-A'!I1299","v":{"v":0,"d":"0.00"}},"Sqm",{"$f":"'PART-A'!K1299","v":259.87},{"v":0,"d":"0.00"},"19-20"]
["23","ACT0441","Plastering 20mm thick single coat",{"$f":"'PART-A'!I1306","v":{"v":0,"d":"0.00"}},"Sqm",{"$f":"'PART-A'!K1306","v":279.49},{"$f":"ROUND(D134*F134,0)","v":{"v":0,"d":"0.00"}},"20-21"]
["23","ACT0441","Plastering 20mm thick single coat",{"$f":"'PART-A'!I1313","v":{"v":0,"d":"0.00"}},"Sqm",{"$f":"'PART-A'!K1313","v":297.13},{"$f":"ROUND(D135*F135,0)","v":{"v":0,"d":"0.00"}},"21-22"]
["23","ACT0441","Plastering 20mm thick single coat",{"$f":"'PART-A'!I1318","v":{"v":0,"d":"0.00"}},"Sqm",{"$f":"'PART-A'!K1318","v":{"v":314.9,"d":"314.90"}},{"$f":"ROUND(D136*F136,0)","v":{"v":0,"d":"0.00"}},"22-23"]
["21","ACT0204","Plastering 12mm thick double coat",{"$f":"'PART-A'!I1350","v":{"v":263.17999999999995,"d":"263.18"}},"Sqm",{"$f":"'PART-A'!K1350","v":{"v":317.8,"d":"317.80"}},{"v":83639,"d":"83639.00"},"19-20"]
["21","ACT0204","Plastering 12mm thick double coat",{"$f":"'PART-A'!I1379","v":{"v":0,"d":"0.00"}},"Sqm",{"$f":"'PART-A'!K1379","v":343.65},{"$f":"ROUND(D138*F138,0)","v":{"v":0,"d":"0.00"}},"20-21"]
["34","ACT0204","Plastering 12mm thick double coat",{"$f":"'PART-A'!I1431","v":{"v":0,"d":"0.00"}},"Sqm",{"$f":"'PART-A'!K1431","v":364.75},{"$f":"ROUND(D139*F139,0)","v":{"v":0,"d":"0.00"}},"21-22"]
["25","ACT0204","Plastering 12mm thick double coat",{"$f":"'PART-A'!I1451","v":{"v":0,"d":"0.00"}},"Sqm",{"$f":"'PART-A'!K1451","v":388.21},{"$f":"ROUND(D140*F140,0)","v":{"v":0,"d":"0.00"}},"22-23"]
["22","ACT0205","Plastering 20mm thick double coat",{"$f":"'PART-A'!I1457","v":125.81},"Sqm",{"$f":"'PART-A'!K1457","v":331.15},{"v":41662,"d":"41662.00"},"19-20"]
["22","ACT0205","Plastering 20mm thick double coat",{"$f":"'PART-A'!I1463","v":{"v":0,"d":"0.00"}},"Sqm",{"$f":"'PART-A'!K1463","v":357.58},{"$f":"ROUND(D142*F142,0)","v":{"v":0,"d":"0.00"}},"20-21"]
["36","ACT0205","Plastering 20mm thick double coat",{"$f":"'PART-A'!I1482","v":{"v":0,"d":"0.00"}},"Sqm",{"$f":"'PART-A'!K1482","v":380.06},{"$f":"ROUND(D143*F143,0)","v":{"v":0,"d":"0.00"}},"21-22"]
["27","ACT0205","Plastering 20mm thick double coat",{"$f":"'PART-A'!I1504","v":{"v":0,"d":"0.00"}},"Sqm",{"$f":"'PART-A'!K1504","v":404.02},{"$f":"ROUND(D144*F144,0)","v":{"v":0,"d":"0.00"}},"22-23"]
["37","ACT0079","Flooring with vitrified tiles ",{"$f":"'PART-A'!I1544","v":{"v":0,"d":"0.00"}},"Sqm",{"$f":"'PART-A'!K1544","v":991.04},{"v":0,"d":"0.00"},"19-20"]
["23","ACT0079","Flooring with vitrified tiles ",{"$f":"'PART-A'!I1556","v":{"v":0,"d":"0.00"}},"Sqm",{"$f":"'PART-A'!K1556","v":1019.43},{"$f":"ROUND(D146*F146,0)","v":{"v":0,"d":"0.00"}},"20-21"]
["29","ACT0079","Flooring with vitrified tiles ",{"$f":"'PART-A'!I1563","v":{"v":0,"d":"0.00"}},"Sqm",{"$f":"'PART-A'!K1563","v":1041.26},{"$f":"ROUND(D147*F147,0)","v":{"v":0,"d":"0.00"}},"21-22"]
["29","ACT0079","Flooring with vitrified tiles ",{"$f":"'PART-A'!I1579","v":{"v":0,"d":"0.00"}},"Sqm",{"$f":"'PART-A'!K1579","v":1067.36},{"$f":"ROUND(D148*F148,0)","v":{"v":0,"d":"0.00"}},"22-23"]
["31","ACT0080","Providing skirting to vitrified tiles ",{"$f":"'PART-A'!I1600","v":{"v":0,"d":"0.00"}},"Sqm",{"$f":"'PART-A'!K1600","v":986.97},{"v":0,"d":"0.00"},"19-20"]
["24","ACT0080","Providing skirting to vitrified tiles ",{"$f":"'PART-A'!I1625","v":{"v":0,"d":"0.00"}},"Sqm",{"$f":"'PART-A'!K1625","v":{"v":1015.1,"d":"1015.10"}},{"$f":"ROUND(D150*F150,0)","v":{"v":0,"d":"0.00"}},"20-21"]
["31","ACT0080","Providing skirting to vitrified tiles ",{"$f":"'PART-A'!I1632","v":{"v":0,"d":"0.00"}},"Sqm",{"$f":"'PART-A'!K1632","v":1036.32},{"$f":"ROUND(D151*F151,0)","v":{"v":0,"d":"0.00"}},"21-22"]
["31","ACT0080","Providing skirting to vitrified tiles ",{"$f":"'PART-A'!I1653","v":{"v":0,"d":"0.00"}},"Sqm",{"$f":"'PART-A'!K1653","v":1062.03},{"$f":"ROUND(D152*F152,0)","v":{"v":0,"d":"0.00"}},"22-23"]
["32","ACT0200","Flooring with Granite stones",{"$f":"'PART-A'!I1671","v":{"v":0,"d":"0.00"}},"sqm",{"$f":"'PART-A'!K1671","v":{"v":2828.1,"d":"2828.10"}},{"v":0,"d":"0.00"},"19-20"]
["25","ACT0200","Flooring with Granite stones",{"$f":"'PART-A'!I1681","v":{"v":0,"d":"0.00"}},"sqm",{"$f":"'PART-A'!K1681","v":2886.61},{"$f":"ROUND(D154*F154,0)","v":{"v":0,"d":"0.00"}},"20-21"]
["32","ACT0200","Flooring with Granite stones",{"$f":"'PART-A'!I1688","v":{"v":0,"d":"0.00"}},"sqm",{"$f":"'PART-A'!K1688","v":2942.62},{"$f":"ROUND(D155*F155,0)","v":{"v":0,"d":"0.00"}},"21-22"]
["23","ACT0571","Flooring with Granite stones",{"$f":"'PART-A'!I1706","v":{"v":87.66000000000001,"d":"87.66"}},"sqm",{"$f":"'PART-A'!K1706","v":3115.07},{"$f":"ROUND(D156*F156,0)","v":{"v":273067,"d":"273067.00"}},"22-23"]
["33",null,"skirting to internal walls  with Granite stones",{"$f":"'PART-A'!I1724","v":{"v":0,"d":"0.00"}},"Sqm",{"$f":"'PART-A'!K1724","v":2667.63},{"v":0,"d":"0.00"},"19-20"]
["33",null,"skirting to internal walls  with Granite stones",{"$f":"'PART-A'!I1735","v":{"v":0,"d":"0.00"}},"Sqm",{"$f":"'PART-A'!K1735","v":2708.07},null,"20-21",null,{"$f":"ROUND(D158*F158,0)","v":{"v":0,"d":"0.00"}}]
["33",null,"skirting to internal walls  with Granite stones",{"$f":"'PART-A'!I1743","v":{"v":0,"d":"0.00"}},"Sqm",{"$f":"'PART-A'!K1743","v":2747.34},{"$f":"ROUND(D159*F159,0)","v":{"v":0,"d":"0.00"}},"21-22"]
["24","ACT0572","skirting to internal walls  with Granite stones",{"$f":"'PART-A'!I1761","v":{"v":6.7299999999999995,"d":"6.73"}},"Sqm",{"$f":"'PART-A'!K1761","v":2905.43},{"v":19554,"d":"19554.00"},"22-23"]
["42","ACT0251","Flooring with Terrazo tiles",{"$f":"'PART-A'!I1768","v":{"v":0,"d":"0.00"}},"Sqm",{"$f":"'PART-A'!K1768","v":605.58},{"v":0,"d":"0.00"},"19-20"]
["42","ACT0251","Flooring with Terrazo tiles",{"$f":"'PART-A'!I1777","v":{"v":0,"d":"0.00"}},"Sqm",{"$f":"'PART-A'!K1777","v":646.33},{"v":0,"d":"0.00"},"20-21"]
["42","ACT0251","Flooring with Terrazo tiles",{"$f":"'PART-A'!I1784","v":{"v":0,"d":"0.00"}},"Sqm",{"$f":"'PART-A'!K1784","v":653.95},{"v":0,"d":"0.00"},"21-22"]
["42","ACT0251","Flooring with Terrazo tiles",{"$f":"'PART-A'!I1791","v":{"v":0,"d":"0.00"}},"Sqm",{"$f":"'PART-A'!K1791","v":{"v":744.7,"d":"744.70"}},{"v":0,"d":"0.00"},"22-23"]
["43",null,"skirting to internal walls  with Terrazo tiles",{"$f":"'PART-A'!I1798","v":{"v":0,"d":"0.00"}},"Sqm",{"$f":"'PART-A'!K1798","v":623.67},{"v":0,"d":"0.00"},"19-20"]
["43",null,"skirting to internal walls  with Terrazo tiles",{"$f":"'PART-A'!I1805","v":{"v":0,"d":"0.00"}},"Sqm",{"$f":"'PART-A'!K1805","v":{"v":651.8,"d":"651.80"}},{"v":0,"d":"0.00"},"20-21"]
["43",null,"skirting to internal walls  with Terrazo tiles",{"$f":"'PART-A'!I1812","v":{"v":0,"d":"0.00"}},"Sqm",{"$f":"'PART-A'!K1812","v":673.02},{"v":0,"d":"0.00"},"21-22"]
["43",null,"skirting to internal walls  with Terrazo tiles",{"$f":"'PART-A'!I1819","v":{"v":0,"d":"0.00"}},"Sqm",{"$f":"'PART-A'!K1819","v":750.18},{"v":0,"d":"0.00"},"22-23"]
["31","ACT0081","Flooring with Ceramic non skid tiles",{"$f":"'PART-A'!I1825","v":{"v":0,"d":"0.00"}},"Sqm",{"$f":"'PART-A'!K1825","v":726.78},{"v":0,"d":"0.00"},"19-20"]
["26","ACT0081","Flooring with Ceramic non skid tiles",{"$f":"'PART-A'!I1830","v":{"v":0,"d":"0.00"}},"Sqm",{"$f":"'PART-A'!K1830","v":754.91},{"v":0,"d":"0.00"},"20-21"]
["31","ACT0081","Flooring with Ceramic non skid tiles",{"$f":"'PART-A'!I1836","v":{"v":0,"d":"0.00"}},"Sqm",{"$f":"'PART-A'!K1836","v":776.13},{"v":0,"d":"0.00"},"21-22"]
["31","ACT0081","Flooring with Ceramic non skid tiles",{"$f":"'PART-A'!I1842","v":{"v":4.2,"d":"4.20"}},"Sqm",{"$f":"'PART-A'!K1842","v":801.83},{"v":3368,"d":"3368.00"},"22-23"]
["32","ACT0071","Dadoing with Glazed tiles",{"$f":"'PART-A'!I1849","v":{"v":0,"d":"0.00"}},"Sqm",{"$f":"'PART-A'!K1849","v":487.61},{"v":0,"d":"0.00"},"19-20"]
["32","ACT0071","Dadoing with Glazed tiles",{"$f":"'PART-A'!I1856","v":{"v":0,"d":"0.00"}},"Sqm",{"$f":"'PART-A'!K1856","v":496.21},{"v":0,"d":"0.00"},"20-21"]
["32","ACT0071","Dadoing with Glazed tiles",{"$f":"'PART-A'!I1863","v":{"v":0,"d":"0.00"}},"Sqm",{"$f":"'PART-A'!K1863","v":503.67},{"v":0,"d":"0.00"},"21-22"]
["32","ACT0071","Dadoing with Glazed tiles",{"$f":"'PART-A'!I1870","v":17.67},"Sqm",{"$f":"'PART-A'!K1870","v":518.15},{"v":9156,"d":"9156.00"},"22-23"]
["26",null,"Pressed floor tiles",{"$f":"'PART-A'!I1876","v":{"v":0,"d":"0.00"}},"Sqm",{"$f":"'PART-A'!K1876","v":911.63},{"v":0,"d":"0.00"},"19-20"]
["26",null,"Pressed floor tiles",{"$f":"'PART-A'!I1883","v":{"v":0,"d":"0.00"}},"Sqm",{"$f":"'PART-A'!K1883","v":950.67},{"v":0,"d":"0.00"},"20-21"]
["38",null,"Pressed floor tiles",{"$f":"'PART-A'!I1889","v":{"v":0,"d":"0.00"}},"Sqm",{"$f":"'PART-A'!K1889","v":981.79},{"v":0,"d":"0.00"},"21-22"]
["26",null,"Pressed floor tiles",{"$f":"'PART-A'!I1896","v":{"v":0,"d":"0.00"}},"Sqm",{"$f":"'PART-A'!K1896","v":1017.93},{"v":0,"d":"0.00"},"22-23"]
[null,null,"Precasted blocks for flooring",{"$f":"'PART-A'!I1903","v":{"v":0,"d":"0.00"}},"Sqm",{"$f":"'PART-A'!K1903","v":{"v":489,"d":"489.00"}},{"v":0,"d":"0.00"},"19-20"]
[null,null,"Precasted blocks for flooring",{"$f":"'PART-A'!I1910","v":{"v":0,"d":"0.00"}},"Sqm",{"$f":"'PART-A'!K1910","v":{"v":489,"d":"489.00"}},{"v":0,"d":"0.00"},"20-21"]
[null,null,"Precasted blocks for flooring",{"$f":"'PART-A'!I1917","v":{"v":0,"d":"0.00"}},"Sqm",{"$f":"'PART-A'!K1917","v":{"v":510,"d":"510.00"}},{"v":0,"d":"0.00"},"21-22"]
[null,null,"Precasted blocks for flooring",{"$f":"'PART-A'!I1924","v":{"v":0,"d":"0.00"}},"Sqm",{"$f":"'PART-A'!K1924","v":{"v":610,"d":"610.00"}},{"v":0,"d":"0.00"},"22-23"]
[null,null,"Gronolithic flooring",{"$f":"'PART-A'!I1931","v":{"v":0,"d":"0.00"}},"Sqm",{"$f":"'PART-A'!K1931","v":288.71},{"v":0,"d":"0.00"},"19-20"]
[null,null,"Gronolithic flooring",{"$f":"'PART-A'!I1938","v":{"v":0,"d":"0.00"}},"Sqm",{"$f":"'PART-A'!K1938","v":309.07},{"v":0,"d":"0.00"},"20-21"]
[null,null,"Gronolithic flooring",{"$f":"'PART-A'!I1945","v":{"v":0,"d":"0.00"}},"Sqm",{"$f":"'PART-A'!K1945","v":325.58},{"v":0,"d":"0.00"},"21-22"]
[null,null,"Gronolithic flooring",{"$f":"'PART-A'!I1952","v":{"v":0,"d":"0.00"}},"Sqm",{"$f":"'PART-A'!K1952","v":345.47},{"v":0,"d":"0.00"},"22-23"]
["30","ACT0062","White washing one coat with whiting ",{"$f":"'PART-A'!I1959","v":{"v":0,"d":"0.00"}},"Sqm",{"$f":"'PART-A'!K1959","v":19.87},{"v":0,"d":"0.00"},"19-20"]
["30","ACT0062","White washing one coat with whiting ",{"$f":"'PART-A'!I1966","v":{"v":0,"d":"0.00"}},"Sqm",{"$f":"'PART-A'!K1966","v":21.19},{"v":0,"d":"0.00"},"20-21"]
["30","ACT0062","White washing one coat with whiting ",{"$f":"'PART-A'!I1973","v":{"v":0,"d":"0.00"}},"Sqm",{"$f":"'PART-A'!K1973","v":22.35},{"$f":"ROUND(D191*F191,0)","v":{"v":0,"d":"0.00"}},"21-22"]
["30","ACT0062","White washing one coat with whiting ",{"$f":"'PART-A'!I1980","v":{"v":0,"d":"0.00"}},"Sqm",{"$f":"'PART-A'!K1980","v":24.05},{"v":0,"d":"0.00"},"22-23"]
["25","ACT0078","Providing and applying Wall putty ",{"$f":"'PART-A'!I2004","v":{"v":0,"d":"0.00"}},"Sqm",{"$f":"'PART-A'!K2004","v":148.07},{"v":0,"d":"0.00"},"19-20"]
["27","ACT0078","Providing and applying Wall putty ",{"$f":"'PART-A'!I2033","v":{"v":0,"d":"0.00"}},"Sqm",{"$f":"'PART-A'!K2033","v":155.29},{"v":0,"d":"0.00"},"20-21"]
["39","ACT0078","Providing and applying Wall putty ",{"$f":"'PART-A'!I2054","v":{"v":0,"d":"0.00"}},"Sqm",{"$f":"'PART-A'!K2054","v":160.76},{"v":0,"d":"0.00"},"21-22"]
["35","ACT0078","Providing and applying Wall putty ",{"$f":"'PART-A'!I2078","v":{"v":249.18000000000006,"d":"249.18"}},"Sqm",{"$f":"'PART-A'!K2078","v":173.73},{"v":43290,"d":"43290.00"},"22-23"]
["37","ACT0084","Painting  with Emulsion paint for inernal walls GF",{"$f":"'PART-A'!I2111","v":{"v":0,"d":"0.00"}},"Sqm",{"$f":"'PART-A'!K2111","v":122.02},{"v":0,"d":"0.00"},"19-20"]
["28","ACT0084","Painting  with Emulsion paint for inernal walls GF",{"$f":"'PART-A'!I2147","v":{"v":0,"d":"0.00"}},"Sqm",{"$f":"'PART-A'!K2147","v":129.35},{"v":0,"d":"0.00"},"20-21"]
["40","ACT0084","Painting  with Emulsion paint for inernal walls GF",{"$f":"'PART-A'!I2207","v":{"v":0,"d":"0.00"}},"Sqm",{"$f":"'PART-A'!K2207","v":134.97},{"v":0,"d":"0.00"},"21-22"]
["26","ACT0084","Painting  with Emulsion paint for inernal walls GF",{"$f":"'PART-A'!I2240","v":{"v":0,"d":"0.00"}},"Sqm",{"$f":"'PART-A'!K2240","v":146.82},{"v":0,"d":"0.00"},"22-23"]
["39","ACT0085","Painting  with Emulsion paint for external walls  GF",{"$f":"'PART-A'!I2251","v":{"v":0,"d":"0.00"}},"Sqm",{"$f":"'PART-A'!K2251","v":166.22},{"v":0,"d":"0.00"},"19-20"]
["29","ACT0085","Painting  with Emulsion paint for external walls  GF",{"$f":"'PART-A'!I2262","v":{"v":0,"d":"0.00"}},"Sqm",{"$f":"'PART-A'!K2262","v":177.63},{"v":0,"d":"0.00"},"20-21"]
["39","ACT0085","Painting  with Emulsion paint for external walls  GF",{"$f":"'PART-A'!I2292","v":{"v":0,"d":"0.00"}},"Sqm",{"$f":"'PART-A'!K2292","v":186.27},{"v":0,"d":"0.00"},"21-22"]
["27","ACT0085","Painting  with Emulsion paint for external walls  GF",{"$f":"'PART-A'!I2317","v":{"v":0,"d":"0.00"}},"Sqm",{"$f":"'PART-A'!K2317","v":200.84},{"v":0,"d":"0.00"},"22-23"]
["30","ACT0060","Supply & applying Poly-Urethane Water Proof Polish",{"$f":"'PART-A'!I2373","v":{"v":0,"d":"0.00"}},"Sqm",{"$f":"'PART-A'!K2373","v":786.87},{"v":0,"d":"0.00"},"19-20"]
["30","ACT0060","Supply & applying Poly-Urethane Water Proof Polish",{"$f":"'PART-A'!I2378","v":{"v":0,"d":"0.00"}},"Sqm",{"$f":"'PART-A'!K2378","v":{"v":849.6700000000001,"d":"849.67"}},{"v":0,"d":"0.00"},"20-21"]
["30","ACT0060","Supply & applying Poly-Urethane Water Proof Polish",{"$f":"'PART-A'!I2383","v":{"v":0,"d":"0.00"}},"Sqm",{"$f":"'PART-A'!K2383","v":897.27},{"v":0,"d":"0.00"},"21-22"]
["30","ACT0060","Supply & applying Poly-Urethane Water Proof Polish",{"$f":"'PART-A'!I2388","v":{"v":0,"d":"0.00"}},"Sqm",{"$f":"'PART-A'!K2388","v":968.78},{"v":0,"d":"0.00"},"22-23"]
["41","ACT0527","Cost, Supply and Fixing of rolling shutter to Godown ",{"$f":"'PART-A'!I2393","v":{"v":0,"d":"0.000"}},"Sqm",{"$f":"'PART-A'!K2393","v":{"v":3198,"d":"3198.000"}},{"v":0,"d":"0.00"},"19-20"]
["30","ACT0527","Cost, Supply and Fixing of rolling shutter to Godown ",{"$f":"'PART-A'!I2398","v":{"v":0,"d":"0.000"}},"Sqm",{"$f":"'PART-A'!K2398","v":{"v":3198,"d":"3198.000"}},{"v":0,"d":"0.00"},"20-21"]
["41","ACT0527","Cost, Supply and Fixing of rolling shutter to Godown ",{"$f":"'PART-A'!I2403","v":{"v":0,"d":"0.000"}},"Sqm",{"$f":"'PART-A'!K2403","v":{"v":3500,"d":"3500.000"}},{"v":0,"d":"0.00"},"21-22"]
["28","ACT0527","Cost, Supply and Fixing of rolling shutter to Godown ",{"$f":"'PART-A'!I2408","v":{"v":0,"d":"0.000"}},"Sqm",{"$f":"'PART-A'!K2408","v":{"v":4025,"d":"4025.000"}},{"v":0,"d":"0.00"},"22-23"]
["32","ACT0087","Painting New Wood / iron work with Two coats of ready mixed Synthatic Enamil paint",{"$f":"'PART-A'!I2323","v":{"v":0,"d":"0.00"}},"Sqm",{"$f":"'PART-A'!K2323","v":172.75},{"v":0,"d":"0.00"},"19-20"]
["32","ACT0087","Painting New Wood / iron work with Two coats of ready mixed Synthatic Enamil paint",{"$f":"'PART-A'!I2333","v":{"v":0,"d":"0.00"}},"Sqm",{"$f":"'PART-A'!K2333","v":132.55},{"v":0,"d":"0.00"},"20-21"]
["32","ACT0087","Painting New Wood / iron work with Two coats of ready mixed Synthatic Enamil paint",{"$f":"'PART-A'!I2339","v":{"v":0,"d":"0.00"}},"Sqm",{"$f":"'PART-A'!K2339","v":{"v":137.6,"d":"137.60"}},{"v":0,"d":"0.00"},"21-22"]
["32","ACT0087","Painting New Wood / iron work with Two coats of ready mixed Synthatic Enamil paint",{"$f":"'PART-A'!I2344","v":{"v":0,"d":"0.00"}},"Sqm",{"$f":"'PART-A'!K2344","v":149.86},{"v":0,"d":"0.00"},"22-23"]
[null,null,"Painting, Lettering and Picturing to walls",{"$f":"'PART-A'!I2350","v":{"v":0,"d":"0.00"}},"Sqm",{"$f":"'PART-A'!K2350","v":{"v":630,"d":"630.00"}},{"v":0,"d":"0.00"},"19-20"]
[null,null,"Painting, Lettering and Picturing to walls",{"$f":"'PART-A'!I2356","v":{"v":0,"d":"0.00"}},"Sqm",{"$f":"'PART-A'!K2356","v":{"v":630,"d":"630.00"}},{"v":0,"d":"0.00"},"20-21"]
[null,null,"Painting, Lettering and Picturing to walls",{"$f":"'PART-A'!I2362","v":{"v":0,"d":"0.00"}},"Sqm",{"$f":"'PART-A'!K2362","v":{"v":630,"d":"630.00"}},{"v":0,"d":"0.00"},"21-22"]
[null,null,"Painting, Lettering and Picturing to walls",{"$f":"'PART-A'!I2368","v":{"v":0,"d":"0.00"}},"Sqm",{"$f":"'PART-A'!K2368","v":{"v":630,"d":"630.00"}},null,"22-23",null,{"$f":"ROUND(D220*F220,0)","v":{"v":0,"d":"0.00"}}]
["32",null,"1200mm dia  2\" thick Precasted rcc hume rings",{"$f":"'PART-A'!I2413","v":{"v":0,"d":"0.00"}},"No",{"$f":"'PART-A'!K2413","v":666.66},{"$f":"ROUND(D221*F221,0)","v":{"v":0,"d":"0.00"}},"19-20"]
["32",null,"1200mm dia  2\" thick Precasted rcc hume rings",{"$f":"'PART-A'!I2418","v":{"v":0,"d":"0.00"}},"No",{"$f":"'PART-A'!K2418","v":666.66},{"v":0,"d":"0.00"},"20-21"]
["32",null,"1200mm dia  2\" thick Precasted rcc hume rings",{"$f":"'PART-A'!I2423","v":{"v":0,"d":"0.00"}},"No",{"$f":"'PART-A'!K2423","v":733.33},{"v":0,"d":"0.00"},"21-22"]
["32",null,"1200mm dia  2\" thick Precasted rcc hume rings",{"$f":"'PART-A'!I2428","v":{"v":0,"d":"0.00"}},"No",{"$f":"'PART-A'!K2428","v":{"v":808,"d":"808.00"}},{"v":0,"d":"0.00"},"22-23"]
["32",null,"900mm dia  2\" thick Precasted rcc hume rings",{"$f":"'PART-A'!I2433","v":{"v":0,"d":"0.00"}},"No",{"$f":"'PART-A'!K2433","v":{"v":500,"d":"500.00"}},{"v":0,"d":"0.00"},"19-20"]
["32",null,"900mm dia  2\" thick Precasted rcc hume rings",{"$f":"'PART-A'!I2438","v":{"v":0,"d":"0.00"}},"No",{"$f":"'PART-A'!K2438","v":{"v":500,"d":"500.00"}},{"v":0,"d":"0.00"},"20-21"]
["32",null,"900mm dia  2\" thick Precasted rcc hume rings",{"$f":"'PART-A'!I2443","v":{"v":0,"d":"0.00"}},"No",{"$f":"'PART-A'!K2443","v":{"v":550,"d":"550.00"}},{"v":0,"d":"0.00"},"21-22"]
["32",null,"900mm dia  2\" thick Precasted rcc hume rings",{"$f":"'PART-A'!I2448","v":{"v":0,"d":"0.00"}},"No",{"$f":"'PART-A'!K2448","v":{"v":606,"d":"606.00"}},{"v":0,"d":"0.00"},"22-23"]
["50",null,"Precasted hume ring slab",{"$f":"'PART-A'!I2453","v":{"v":0,"d":"0.00"}},"No",{"$f":"'PART-A'!K2453","v":{"v":130,"d":"130.00"}},{"v":0,"d":"0.00"},"19-20"]
["50",null,"Precasted hume ring slab",{"$f":"'PART-A'!I2458","v":{"v":0,"d":"0.00"}},"No",{"$f":"'PART-A'!K2458","v":{"v":130,"d":"130.00"}},{"v":0,"d":"0.00"},"20-21"]
["50",null,"Precasted hume ring slab",{"$f":"'PART-A'!I2463","v":{"v":0,"d":"0.00"}},"No",{"$f":"'PART-A'!K2463","v":{"v":143,"d":"143.00"}},{"v":0,"d":"0.00"},"21-22"]
["50",null,"Precasted hume ring slab",{"$f":"'PART-A'!I2468","v":{"v":0,"d":"0.00"}},"No",{"$f":"'PART-A'!K2468","v":{"v":157,"d":"157.00"}},{"v":0,"d":"0.00"},"22-23"]
["29","ACT0053","Cost of steel",{"$f":"'PART-A'!I2476","v":{"v":4.25,"d":"4.250"}},"MT",{"$f":"'PART-A'!K2476","v":{"v":62198.5,"d":"62198.500"}},{"v":264344,"d":"264344.00"},"19-20"]
["32","ACT0053","Cost of steel",{"$f":"'PART-A'!I2482","v":{"v":0,"d":"0.000"}},"MT",{"$f":"'PART-A'!K2482","v":{"v":62385,"d":"62385.000"}},{"v":0,"d":"0.00"},"20-21"]
["47","ACT0053","Cost of steel",{"$f":"'PART-A'!I2487","v":{"v":0,"d":"0.000"}},"MT",{"$f":"'PART-A'!K2487","v":{"v":79809.5,"d":"79809.500"}},{"v":0,"d":"0.00"},"21-22"]
["47","ACT0053","Cost of steel",{"$f":"'PART-A'!I2493","v":{"v":0,"d":"0.000"}},"MT",{"$f":"'PART-A'!K2493","v":{"v":92466,"d":"92466.000"}},{"v":0,"d":"0.00"},"22-23"]
[null,null,"Construction of First Floor",{"$nulls":3},{"v":0,"d":"0.00"},"19-20"]
["33","ACT0584","VRCC M25 design mix Concrete  for Columns",{"$f":"FF!I16","v":{"v":0,"d":"0.00"}},"Cum",{"$f":"FF!K16","v":{"v":9806.810000000001,"d":"9806.81"}},{"v":0,"d":"0.00"},"19-20"]
["35","ACT0584","VRCC M25 design mix Concrete  for Columns",{"$f":"FF!I21","v":{"v":0,"d":"0.00"}},"Cum",{"$f":"FF!K21","v":10177.17},{"v":0,"d":"0.00"},"20-21"]
["35","ACT0584","VRCC M25 design mix Concrete  for Columns",{"$f":"FF!I30","v":{"v":0,"d":"0.00"}},"Cum",{"$f":"FF!K30","v":10761.36},{"v":0,"d":"0.00"},"21-22"]
["35","ACT0584","VRCC M25 design mix Concrete  for Columns",{"$f":"FF!I35","v":{"v":0,"d":"0.00"}},"Cum",{"$f":"FF!K35","v":11192.01},{"v":0,"d":"0.00"},"22-23"]
["30","ACT0586","VRCC M25 design mix Concrete  for Beams",{"$f":"FF!I59","v":{"v":0,"d":"0.00"}},"Cum",{"$f":"FF!K59","v":{"v":9468.130000000001,"d":"9468.13"}},{"v":0,"d":"0.00"},"19-20"]
["34","ACT0586","VRCC M25 design mix Concrete  for Beams",{"$f":"FF!I74","v":{"v":0,"d":"0.00"}},"Cum",{"$f":"FF!K74","v":9694.16},{"v":0,"d":"0.00"},"20-21"]
["36","ACT0586","VRCC M25 design mix Concrete  for Beams",{"$f":"FF!I98","v":{"v":0,"d":"0.00"}},"Cum",{"$f":"FF!K98","v":10194.73},{"v":0,"d":"0.00"},"21-22"]
["36","ACT0586","VRCC M25 design mix Concrete  for Beams",{"$f":"FF!I104","v":{"v":0,"d":"0.00"}},"Cum",{"$f":"FF!K104","v":10490.18},{"v":0,"d":"0.00"},"22-23"]
["31","ACT0587","VRCC M25 design mix Concrete  for Slab 125mm ",{"$f":"FF!I140","v":{"v":0,"d":"0.00"}},"Sqm",{"$f":"FF!K140","v":1231.97},{"v":0,"d":"0.00"},"19-20"]
["35","ACT0587","VRCC M25 design mix Concrete  for Slab 125mm ",{"$f":"FF!I146","v":{"v":0,"d":"0.00"}},"Sqm",{"$f":"FF!K146","v":1269.73},{"v":0,"d":"0.00"},"20-21"]
["37","ACT0587","VRCC M25 design mix Concrete  for Slab 125mm ",{"$f":"FF!I153","v":{"v":0,"d":"0.00"}},"Sqm",{"$f":"FF!K153","v":{"v":1350.5700000000002,"d":"1350.57"}},{"v":0,"d":"0.00"},"21-22"]
["37","ACT0587","VRCC M25 design mix Concrete  for Slab 125mm ",{"$f":"FF!I159","v":{"v":0,"d":"0.00"}},"Sqm",{"$f":"FF!K159","v":1395.89},{"v":0,"d":"0.00"},"22-23"]
["26","ACT0587","VRCC M25 design mix Concrete  for Slab 100mm ",{"$f":"FF!I164","v":{"v":0,"d":"0.00"}},"Sqm",{"$f":"FF!K164","v":1107.81},{"v":0,"d":"0.00"},"19-20"]
["26","ACT0587","VRCC M25 design mix Concrete  for Slab 100mm ",{"$f":"FF!I169","v":{"v":0,"d":"0.00"}},"Sqm",{"$f":"FF!K169","v":1140.19},{"v":0,"d":"0.00"},"20-21"]
["26","ACT0587","VRCC M25 design mix Concrete  for Slab 100mm ",{"$f":"FF!I174","v":{"v":0,"d":"0.00"}},"Sqm",{"$f":"FF!K174","v":1214.83},{"v":0,"d":"0.00"},"21-22"]
["26","ACT0587","VRCC M25 design mix Concrete  for Slab 100mm ",{"$f":"FF!I179","v":{"v":0,"d":"0.00"}},"Sqm",{"$f":"FF!K179","v":1253.01},{"$f":"ROUND(D253*F253,0)","v":{"v":0,"d":"0.00"}},"22-23"]
["32","ACT0590","VRCC M25 design mix Concrete  for Slab 150mm ",{"$f":"FF!I112","v":{"v":0,"d":"0.00"}},"Sqm",{"$f":"FF!K112","v":{"v":1356.1200000000001,"d":"1356.12"}},{"v":0,"d":"0.00"},"19-20"]
["36","ACT0590","VRCC M25 design mix Concrete  for Slab 150mm ",{"$f":"FF!I120","v":{"v":0,"d":"0.00"}},"Sqm",{"$f":"FF!K120","v":1399.27},{"v":0,"d":"0.00"},"20-21"]
["38","ACT0590","VRCC M25 design mix Concrete  for Slab 150mm ",{"$f":"FF!I128","v":{"v":0,"d":"0.00"}},"Sqm",{"$f":"FF!K128","v":{"v":1486.3000000000002,"d":"1486.30"}},{"v":0,"d":"0.00"},"21-22"]
["38","ACT0590","VRCC M25 design mix Concrete  for Slab 150mm ",{"$f":"FF!I133","v":{"v":0,"d":"0.00"}},"Sqm",{"$f":"FF!K133","v":1538.77},{"v":0,"d":"0.00"},"22-23"]
["58","ACT0587","VRCC M25 design mix Concrete  for Slab 50mm ",{"$f":"FF!I185","v":{"v":0,"d":"0.00"}},"Sqm",{"$f":"FF!K185","v":{"v":608.3499999999999,"d":"608.35"}},{"v":0,"d":"0.00"},"19-20"]
["58","ACT0587","VRCC M25 design mix Concrete  for Slab 50mm ",{"$f":"FF!I191","v":{"v":0,"d":"0.00"}},"Sqm",{"$f":"FF!K191","v":629.79},{"v":0,"d":"0.00"},"20-21"]
["58","ACT0587","VRCC M25 design mix Concrete  for Slab 50mm ",{"$f":"FF!I197","v":{"v":0,"d":"0.00"}},"Sqm",{"$f":"FF!K197","v":670.91},{"v":0,"d":"0.00"},"21-22"]
["58","ACT0587","VRCC M25 design mix Concrete  for Slab 50mm ",{"$f":"FF!I203","v":{"v":0,"d":"0.00"}},"Sqm",{"$f":"FF!K203","v":694.54},{"v":0,"d":"0.00"},"22-23"]
["58","ACT0587","VRCC M25 design mix Concrete  for Slab 25mm ",{"$f":"FF!I209","v":{"v":0,"d":"0.00"}},"Sqm",{"$f":"FF!K209","v":485.58},{"v":0,"d":"0.00"},"19-20"]
["58","ACT0587","VRCC M25 design mix Concrete  for Slab 25mm ",{"$f":"FF!I215","v":{"v":0,"d":"0.00"}},"Sqm",{"$f":"FF!K215","v":501.74},{"v":0,"d":"0.00"},"20-21"]
["58","ACT0587","VRCC M25 design mix Concrete  for Slab 25mm ",{"$f":"FF!I221","v":{"v":0,"d":"0.00"}},"Sqm",{"$f":"FF!K221","v":536.78},{"v":0,"d":"0.00"},"21-22"]
["58","ACT0587","VRCC M25 design mix Concrete  for Slab 25mm ",{"$f":"FF!I227","v":{"v":0,"d":"0.00"}},"Sqm",{"$f":"FF!K227","v":553.39},{"v":0,"d":"0.00"},"22-23"]
["33","ACT0585","VRCC M25 design mix Concrete  for Lintels",{"$f":"FF!I238","v":{"v":0,"d":"0.00"}},"Cum",{"$f":"FF!K238","v":9842.01},{"v":0,"d":"0.00"},"19-20"]
["37","ACT0585","VRCC M25 design mix Concrete  for Lintels",{"$f":"FF!I259","v":{"v":0,"d":"0.00"}},"Cum",{"$f":"FF!K259","v":10212.37},{"v":0,"d":"0.00"},"20-21"]
["54","ACT0585","VRCC M25 design mix Concrete  for Lintels",{"$f":"FF!I270","v":{"v":0,"d":"0.00"}},"Cum",{"$f":"FF!K270","v":10781.86},{"v":0,"d":"0.00"},"21-22"]
["54","ACT0585","VRCC M25 design mix Concrete  for Lintels",{"$f":"FF!I276","v":{"v":0,"d":"0.00"}},"Cum",{"$f":"FF!K276","v":11212.51},{"v":0,"d":"0.00"},"22-23"]
["34","ACT0588","VRCC M25 design mix Concrete  for Sunshades",{"$f":"FF!I282","v":{"v":0,"d":"0.00"}},"Rm",{"$f":"FF!K282","v":{"v":568.3499999999999,"d":"568.35"}},{"v":0,"d":"0.00"},"19-20"]
["38","ACT0588","VRCC M25 design mix Concrete  for Sunshades",{"$f":"FF!I288","v":{"v":0,"d":"0.00"}},"Rm",{"$f":"FF!K288","v":{"v":582.9399999999999,"d":"582.94"}},{"v":0,"d":"0.00"},"20-21"]
["56","ACT0588","VRCC M25 design mix Concrete  for Sunshades",{"$f":"FF!I295","v":{"v":0,"d":"0.00"}},"Rm",{"$f":"FF!K295","v":613.88},{"v":0,"d":"0.00"},"21-22"]
["56","ACT0588","VRCC M25 design mix Concrete  for Sunshades",{"$f":"FF!I301","v":{"v":0,"d":"0.00"}},"Rm",{"$f":"FF!K301","v":630.35},{"v":0,"d":"0.00"},"22-23"]
["41",null,"impervious coat over roof slab-12mm",{"$f":"FF!I307","v":{"v":0,"d":"0.00"}},"Sqm",{"$f":"FF!K307","v":278.81},null,"19-20",null,{"$f":"ROUND(D274*F274,0)","v":{"v":0,"d":"0.00"}}]
["41",null,"impervious coat over roof slab-12mm",{"$f":"FF!I314","v":{"v":0,"d":"0.00"}},"Sqm",{"$f":"FF!K314","v":300.63},null,"20-21",null,{"$f":"ROUND(D275*F275,0)","v":{"v":0,"d":"0.00"}}]
["41",null,"impervious coat over roof slab-12mm",{"$f":"FF!I320","v":{"v":0,"d":"0.00"}},"Sqm",{"$f":"FF!K320","v":319.08},{"$f":"ROUND(D276*F276,0)","v":{"v":0,"d":"0.00"}},"21-22"]
["41",null,"impervious coat over roof slab-12mm",{"$f":"FF!I326","v":{"v":0,"d":"0.00"}},"Sqm",{"$f":"FF!K326","v":339.16},{"v":0,"d":"0.00"},"22-23"]
["61","ACT00052","impervious coat over roof slab-20mm",{"$f":"FF!I332","v":{"v":0,"d":"0.00"}},"Sqm",{"$f":"FF!K332","v":356.32},{"v":0,"d":"0.00"},"19-20"]
["61","ACT00052","impervious coat over roof slab-20mm",{"$f":"FF!I338","v":{"v":0,"d":"0.00"}},"Sqm",{"$f":"FF!K338","v":385.97},{"v":0,"d":"0.00"},"20-21"]
["61","ACT00052","impervious coat over roof slab-20mm",{"$f":"FF!I344","v":{"v":0,"d":"0.00"}},"Sqm",{"$f":"FF!K344","v":410.82},{"v":0,"d":"0.00"},"21-22"]
["61","ACT00052","impervious coat over roof slab-20mm",{"$f":"FF!I350","v":{"v":0,"d":"0.00"}},"Sqm",{"$f":"FF!K350","v":438.06},{"v":0,"d":"0.00"},"22-23"]
["35","ACT0594","Brick masonery in CM (1:6) for superstructure",{"$f":"FF!I396","v":{"v":0,"d":"0.00"}},"Cum",{"$f":"FF!K396","v":5961.27},{"v":0,"d":"0.00"},"19-20"]
["39","ACT0594","Brick masonery in CM (1:6) for superstructure",{"$f":"FF!I435","v":{"v":0,"d":"0.00"}},"Cum",{"$f":"FF!K435","v":{"v":6135.089999999999,"d":"6135.09"}},{"v":0,"d":"0.00"},"20-21"]
["60","ACT0594","Brick masonery in CM (1:6) for superstructure",{"$f":"FF!I454","v":{"v":0,"d":"0.00"}},"Cum",{"$f":"FF!K454","v":{"v":6558.3,"d":"6558.30"}},{"v":0,"d":"0.00"},"21-22"]
["60","ACT0594","Brick masonery in CM (1:6) for superstructure",{"$f":"FF!I460","v":{"v":0,"d":"0.00"}},"Cum",{"$f":"FF!K460","v":7283.96},{"v":0,"d":"0.00"},"22-23"]
["30","ACT0201","Brick masonery in CM (1:8) for basement",{"$f":"FF!I356","v":{"v":0,"d":"0.00"}},"Cum",{"$f":"FF!K356","v":{"v":5904.870000000001,"d":"5904.87"}},{"v":0,"d":"0.00"},"19-20"]
["30","ACT0201","Brick masonery in CM (1:8) for basement",{"$f":"FF!I362","v":{"v":0,"d":"0.00"}},"Cum",{"$f":"FF!K362","v":6078.69},{"v":0,"d":"0.00"},"20-21"]
["30","ACT0201","Brick masonery in CM (1:8) for basement",{"$f":"FF!I368","v":{"v":0,"d":"0.00"}},"Cum",{"$f":"FF!K368","v":{"v":6501.900000000001,"d":"6501.90"}},{"v":0,"d":"0.00"},"21-22"]
["30","ACT0201","Brick masonery in CM (1:8) for basement",{"$f":"FF!I374","v":{"v":0,"d":"0.00"}},"Cum",{"$f":"FF!K374","v":{"v":7227.5599999999995,"d":"7227.56"}},{"v":0,"d":"0.00"},"22-23"]
["36","ACT0202","Reinforced Brick Masonry for partition walls (11.5 cm thick) i",{"$f":"FF!I487","v":{"v":0,"d":"0.00"}},"Sqm",{"$f":"FF!K487","v":767.73},{"$f":"ROUND(D290*F290/1,0)","v":{"v":0,"d":"0.00"}},"19-20"]
["40","ACT0202","Reinforced Brick Masonry for partition walls (11.5 cm thick) i",{"$f":"FF!I520","v":{"v":0,"d":"0.00"}},"Sqm",{"$f":"FF!K520","v":791.59},{"v":0,"d":"0.00"},"20-21"]
["62","ACT0202","Reinforced Brick Masonry for partition walls (11.5 cm thick) i",{"$f":"FF!I541","v":{"v":0,"d":"0.00"}},"Sqm",{"$f":"FF!K541","v":845.07},{"v":0,"d":"0.00"},"21-22"]
["62","ACT0202","Reinforced Brick Masonry for partition walls (11.5 cm thick) i",{"$f":"FF!I550","v":{"v":0,"d":"0.00"}},"Sqm",{"$f":"FF!K550","v":929.28},{"v":0,"d":"0.00"},"22-23"]
["22","ACT0202","Fly ash cement bricks",{"$f":"FF!I557","v":{"v":0,"d":"0.00"}},"Sqm",{"$f":"FF!K557","v":5604.44},{"v":0,"d":"0.00"},"19-20"]
["22","ACT0202","Fly ash cement bricks",{"$f":"FF!I564","v":{"v":0,"d":"0.00"}},"Sqm",{"$f":"FF!K564","v":5800.61},{"v":0,"d":"0.00"},"20-21"]
["22","ACT0202","Fly ash cement bricks",{"$f":"FF!I571","v":{"v":0,"d":"0.00"}},"Sqm",{"$f":"FF!K571","v":6321.16},{"v":0,"d":"0.00"},"21-22"]
["22","ACT0202","Fly ash cement bricks",{"$f":"FF!I578","v":{"v":0,"d":"0.00"}},"Sqm",{"$f":"FF!K578","v":6718.55},{"v":0,"d":"0.00"},"22-23"]
["23",null,"RCM drop wall",{"$f":"FF!I584","v":{"v":0,"d":"0.00"}},"Sqm",{"$f":"FF!K584","v":1906.95},{"v":0,"d":"0.00"},"19-20"]
["23",null,"RCM drop wall",{"$f":"FF!I590","v":{"v":0,"d":"0.00"}},"Sqm",{"$f":"FF!K590","v":2066.33},{"v":0,"d":"0.00"},"20-21"]
["23",null,"RCM drop wall",{"$f":"FF!I596","v":{"v":0,"d":"0.00"}},"Sqm",{"$f":"FF!K596","v":2199.03},{"v":0,"d":"0.00"},"21-22"]
["23",null,"RCM drop wall",{"$f":"FF!I602","v":{"v":0,"d":"0.00"}},"Sqm",{"$f":"FF!K602","v":2346.34},{"v":0,"d":"0.00"},"22-23"]
["37","ACT0564","Ornamental Plastering 12mm thick to ceiling",{"$f":"FF!I621","v":{"v":0,"d":"0.00"}},"Sqm",{"$f":"FF!K621","v":{"v":292.7,"d":"292.70"}},{"$f":"ROUND(D302*F302,0)","v":{"v":0,"d":"0.00"}},"19-20"]
["41","ACT0537","Ornamental Plastering 12mm thick to ceiling",{"$f":"FF!I652","v":{"v":0,"d":"0.00"}},"Sqm",{"$f":"FF!K652","v":313.52},{"v":0,"d":"0.00"},"20-21"]
["57","ACT0537","Ornamental Plastering 12mm thick to ceiling",{"$f":"FF!I659","v":{"v":0,"d":"0.00"}},"Sqm",{"$f":"FF!K659","v":{"v":332.3,"d":"332.30"}},{"v":0,"d":"0.00"},"21-22"]
["57","ACT0537","Ornamental Plastering 12mm thick to ceiling",{"$f":"FF!I678","v":{"v":0,"d":"0.00"}},"Sqm",{"$f":"FF!K678","v":351.17},{"v":0,"d":"0.00"},"22-23"]
["57","ACT0061","Plastering 12mm thick inside in single coats ",{"$f":"FF!I686","v":{"v":0,"d":"0.00"}},"Sqm",{"$f":"FF!K686","v":265.42},{"v":0,"d":"0.00"},"19-20"]
["57","ACT0061","Plastering 12mm thick inside in single coats ",{"$f":"FF!I694","v":{"v":0,"d":"0.00"}},"Sqm",{"$f":"FF!K694","v":286.25},{"v":0,"d":"0.00"},"20-21"]
["57","ACT0061","Plastering 12mm thick inside in single coats ",{"$f":"FF!I702","v":{"v":0,"d":"0.00"}},"Sqm",{"$f":"FF!K702","v":304.16},{"v":0,"d":"0.00"},"21-22"]
["57","ACT0061","Plastering 12mm thick inside in single coats ",{"$f":"FF!I710","v":{"v":0,"d":"0.00"}},"Sqm",{"$f":"FF!K710","v":323.04},{"v":0,"d":"0.00"},"22-23"]
["58","ACT0441","Plastering 20mm thick inside in single coats ",{"$f":"FF!I718","v":{"v":0,"d":"0.00"}},"Sqm",{"$f":"FF!K718","v":283.28},{"v":0,"d":"0.00"},"19-20"]
["58","ACT0441","Plastering 20mm thick inside in single coats ",{"$f":"FF!I726","v":{"v":0,"d":"0.00"}},"Sqm",{"$f":"FF!K726","v":304.66},{"v":0,"d":"0.00"},"20-21"]
["58","ACT0441","Plastering 20mm thick inside in single coats ",{"$f":"FF!I734","v":{"v":0,"d":"0.00"}},"Sqm",{"$f":"FF!K734","v":323.85},{"v":0,"d":"0.00"},"21-22"]
["58","ACT0441","Plastering 20mm thick inside in single coats ",{"$f":"FF!I742","v":{"v":0,"d":"0.00"}},"Sqm",{"$f":"FF!K742","v":343.23},{"v":0,"d":"0.00"},"22-23"]
["38","ACT0204","Plastering 12mm thick double coat",{"$f":"FF!I770","v":{"v":0,"d":"0.00"}},"Sqm",{"$f":"FF!K770","v":348.66},{"v":0,"d":"0.00"},"19-20"]
["42","ACT0204","Plastering 12mm thick double coat",{"$f":"FF!I823","v":{"v":0,"d":"0.00"}},"Sqm",{"$f":"FF!K823","v":376.98},{"v":0,"d":"0.00"},"20-21"]
["59","ACT0204","Plastering 12mm thick double coat",{"$f":"FF!I830","v":{"v":0,"d":"0.00"}},"Sqm",{"$f":"FF!K830","v":400.13},{"v":0,"d":"0.00"},"21-22"]
["59","ACT0204","Plastering 12mm thick double coat",{"$f":"FF!I858","v":{"v":0,"d":"0.00"}},"Sqm",{"$f":"FF!K858","v":425.82},{"v":0,"d":"0.00"},"22-23"]
["39","ACT0205","Plastering 20mm thick double coat",{"$f":"FF!I865","v":{"v":0,"d":"0.00"}},"Sqm",{"$f":"FF!K865","v":362.01},{"v":0,"d":"0.00"},"19-20"]
["43","ACT0205","Plastering 20mm thick double coat",{"$f":"FF!I890","v":{"v":0,"d":"0.00"}},"Sqm",{"$f":"FF!K890","v":{"v":390.9,"d":"390.90"}},{"v":0,"d":"0.00"},"20-21"]
["61","ACT0205","Plastering 20mm thick double coat",{"$f":"FF!I897","v":{"v":0,"d":"0.00"}},"Sqm",{"$f":"FF!K897","v":415.44},{"v":0,"d":"0.00"},"21-22"]
["61","ACT0205","Plastering 20mm thick double coat",{"$f":"FF!I904","v":{"v":0,"d":"0.00"}},"Sqm",{"$f":"FF!K904","v":441.63},{"v":0,"d":"0.00"},"22-23"]
["47","ACT0598","PCC M25 for Steps",{"$f":"FF!I911","v":{"v":0,"d":"0.00"}},"Cum",{"$f":"FF!K911","v":{"v":5049.209999999999,"d":"5049.21"}},{"v":0,"d":"0.00"},"19-20"]
["47","ACT0598","PCC M25 for Steps",{"$f":"FF!I918","v":{"v":0,"d":"0.00"}},"Cum",{"$f":"FF!K918","v":{"v":5224.620000000001,"d":"5224.62"}},{"v":0,"d":"0.00"},"20-21"]
["47","ACT0598","PCC M25 for Steps",{"$f":"FF!I925","v":{"v":0,"d":"0.00"}},"Cum",{"$f":"FF!K925","v":{"v":5464.200000000001,"d":"5464.20"}},{"v":0,"d":"0.00"},"21-22"]
["47","ACT0598","PCC M25 for Steps",{"$f":"FF!I932","v":{"v":0,"d":"0.00"}},"Cum",{"$f":"FF!K932","v":5722.81},{"v":0,"d":"0.00"},"22-23"]
["63","ACT0079","Flooring with vitrified tiles ",{"$f":"FF!I939","v":{"v":0,"d":"0.00"}},"Sqm",{"$f":"FF!K939","v":1020.01},{"v":0,"d":"0.00"},"19-20"]
["44","ACT0079","Flooring with vitrified tiles ",{"$f":"FF!I949","v":{"v":0,"d":"0.00"}},"Sqm",{"$f":"FF!K949","v":1051.09},{"v":0,"d":"0.00"},"20-21"]
["63","ACT0079","Flooring with vitrified tiles ",{"$f":"FF!I956","v":{"v":0,"d":"0.00"}},"Sqm",{"$f":"FF!K956","v":1074.81},{"v":0,"d":"0.00"},"21-22"]
["63","ACT0079","Flooring with vitrified tiles ",{"$f":"FF!I963","v":{"v":0,"d":"0.00"}},"Sqm",{"$f":"FF!K963","v":1103.39},{"v":0,"d":"0.00"},"22-23"]
["65","ACT0080","Providing skirting to internal walls to 15 cm height",{"$f":"FF!I970","v":{"v":0,"d":"0.00"}},"Sqm",{"$f":"FF!K970","v":1015.94},{"v":0,"d":"0.00"},"19-20"]
["45","ACT0080","Providing skirting to internal walls to 15 cm height",{"$f":"FF!I988","v":{"v":0,"d":"0.00"}},"Sqm",{"$f":"FF!K988","v":1046.76},{"v":0,"d":"0.00"},"20-21"]
["65","ACT0080","Providing skirting to internal walls to 15 cm height",{"$f":"FF!I995","v":{"v":0,"d":"0.00"}},"Sqm",{"$f":"FF!K995","v":1069.87},{"v":0,"d":"0.00"},"21-22"]
["65","ACT0080","Providing skirting to internal walls to 15 cm height",{"$f":"FF!I1002","v":{"v":0,"d":"0.00"}},"Sqm",{"$f":"FF!K1002","v":1098.05},{"v":0,"d":"0.00"},"22-23"]
["66","ACT0200","Flooring with Granite stones",{"$f":"FF!I1009","v":{"v":0,"d":"0.00"}},"sqm",{"$f":"FF!K1009","v":{"v":2881.3,"d":"2881.30"}},{"v":0,"d":"0.00"},"19-20"]
["46","ACT0200","Flooring with Granite stones",{"$f":"FF!I1017","v":{"v":0,"d":"0.00"}},"sqm",{"$f":"FF!K1017","v":2944.91},{"v":0,"d":"0.00"},"20-21"]
["66","ACT0200","Flooring with Granite stones",{"$f":"FF!I1024","v":{"v":0,"d":"0.00"}},"sqm",{"$f":"FF!K1024","v":3004.62},{"v":0,"d":"0.00"},"21-22"]
["40","ACT0571","Flooring with Granite stones",{"$f":"FF!I1041","v":{"v":0,"d":"0.00"}},"sqm",{"$f":"FF!K1041","v":3181.62},{"v":0,"d":"0.00"},"22-23"]
["67",null,"Skirting with Granite stones",{"$f":"FF!I1048","v":{"v":0,"d":"0.00"}},"Sqm",{"$f":"FF!K1048","v":2704.03},{"v":0,"d":"0.00"},"19-20"]
["67",null,"Skirting with Granite stones",{"$f":"FF!I1057","v":{"v":0,"d":"0.00"}},"Sqm",{"$f":"FF!K1057","v":{"v":2747.8,"d":"2747.80"}},null,"20-21",null,{"$f":"ROUND(D339*F339,0)","v":{"v":0,"d":"0.00"}}]
["67",null,"Skirting with Granite stones",{"$f":"FF!I1064","v":{"v":0,"d":"0.00"}},"Sqm",{"$f":"FF!K1064","v":2789.27},{"$f":"ROUND(D340*F340,0)","v":{"v":0,"d":"0.00"}},"21-22"]
["41","ACT0572","Skirting with Granite stones",{"$f":"FF!I1081","v":{"v":0,"d":"0.00"}},"Sqm",{"$f":"FF!K1081","v":2950.54},{"v":0,"d":"0.00"},"22-23"]
["71","ACT0251","Flooring with Terrazo tiles",{"$f":"FF!I1089","v":{"v":0,"d":"0.00"}},"Sqm",{"$f":"FF!K1089","v":633.27},{"v":0,"d":"0.00"},"19-20"]
["71","ACT0251","Flooring with Terrazo tiles",{"$f":"FF!I1100","v":{"v":0,"d":"0.00"}},"Sqm",{"$f":"FF!K1100","v":677.99},{"v":0,"d":"0.00"},"20-21"]
["71","ACT0251","Flooring with Terrazo tiles",{"$f":"FF!I1108","v":{"v":0,"d":"0.00"}},"Sqm",{"$f":"FF!K1108","v":686.13},{"v":0,"d":"0.00"},"21-22"]
["71","ACT0251","Flooring with Terrazo tiles",{"$f":"FF!I1116","v":{"v":0,"d":"0.00"}},"Sqm",{"$f":"FF!K1116","v":780.73},{"v":0,"d":"0.00"},"22-23"]
["72",null,"skirting to internal walls  with Terrazo tiles",{"$f":"FF!I1123","v":{"v":0,"d":"0.00"}},"Sqm",{"$f":"FF!K1123","v":652.64},{"v":0,"d":"0.00"},"19-20"]
["72",null,"skirting to internal walls  with Terrazo tiles",{"$f":"FF!I1134","v":{"v":0,"d":"0.00"}},"Sqm",{"$f":"FF!K1134","v":683.46},{"v":0,"d":"0.00"},"20-21"]
["72",null,"skirting to internal walls  with Terrazo tiles",{"$f":"FF!I1141","v":{"v":0,"d":"0.00"}},"Sqm",{"$f":"FF!K1141","v":706.57},{"v":0,"d":"0.00"},"21-22"]
["72",null,"skirting to internal walls  with Terrazo tiles",{"$f":"FF!I1148","v":{"v":0,"d":"0.00"}},"Sqm",{"$f":"FF!K1148","v":{"v":786.2,"d":"786.20"}},{"v":0,"d":"0.00"},"22-23"]
["69","ACT0081","Flooring with Ceramic non skid tiles",{"$f":"FF!I1155","v":{"v":0,"d":"0.00"}},"Sqm",{"$f":"FF!K1155","v":755.74},{"v":0,"d":"0.00"},"19-20"]
["47","ACT0081","Flooring with Ceramic non skid tiles",{"$f":"FF!I1163","v":{"v":0,"d":"0.00"}},"Sqm",{"$f":"FF!K1163","v":786.57},{"v":0,"d":"0.00"},"20-21"]
["69","ACT0081","Flooring with Ceramic non skid tiles",{"$f":"FF!I1170","v":{"v":0,"d":"0.00"}},"Sqm",{"$f":"FF!K1170","v":809.68},{"v":0,"d":"0.00"},"21-22"]
["69","ACT0081","Flooring with Ceramic non skid tiles",{"$f":"FF!I1175","v":{"v":0,"d":"0.00"}},"Sqm",{"$f":"FF!K1175","v":837.86},{"v":0,"d":"0.00"},"22-23"]
["71","ACT0071","Dadoing with Glazed tiles",{"$f":"FF!I1182","v":{"v":0,"d":"0.00"}},"Sqm",{"$f":"FF!K1182","v":494.82},{"v":0,"d":"0.00"},"19-20"]
["48","ACT0071","Dadoing with Glazed tiles",{"$f":"FF!I1190","v":{"v":0,"d":"0.00"}},"Sqm",{"$f":"FF!K1190","v":504.13},{"v":0,"d":"0.00"},"20-21"]
["71","ACT0071","Dadoing with Glazed tiles",{"$f":"FF!I1197","v":{"v":0,"d":"0.00"}},"Sqm",{"$f":"FF!K1197","v":512.09},{"v":0,"d":"0.00"},"21-22"]
["71","ACT0071","Dadoing with Glazed tiles",{"$f":"FF!I1209","v":{"v":0,"d":"0.00"}},"Sqm",{"$f":"FF!K1209","v":527.21},{"v":0,"d":"0.00"},"22-23"]
["32",null,"Pressed floor tiles",{"$f":"FF!I1217","v":{"v":0,"d":"0.00"}},"Sqm",{"$f":"FF!K1217","v":944.79},{"v":0,"d":"0.00"},"19-20"]
["32",null,"Pressed floor tiles",{"$f":"FF!I1225","v":{"v":0,"d":"0.00"}},"Sqm",{"$f":"FF!K1225","v":986.93},{"v":0,"d":"0.00"},"20-21"]
["32",null,"Pressed floor tiles",{"$f":"FF!I1233","v":{"v":0,"d":"0.00"}},"Sqm",{"$f":"FF!K1233","v":1020.23},{"v":0,"d":"0.00"},"21-22"]
["32",null,"Pressed floor tiles",{"$f":"FF!I1241","v":{"v":0,"d":"0.00"}},"Sqm",{"$f":"FF!K1241","v":1059.21},{"v":0,"d":"0.00"},"22-23"]
["76","ACT0062","White washing three coats with whiting ",{"$f":"FF!I1250","v":{"v":0,"d":"0.00"}},"Sqm",{"$f":"FF!K1250","v":21.43},{"v":0,"d":"0.00"},"19-20"]
["76","ACT0062","White washing three coats with whiting ",{"$f":"FF!I1259","v":{"v":0,"d":"0.00"}},"Sqm",{"$f":"FF!K1259","v":22.88},{"v":0,"d":"0.00"},"20-21"]
["76","ACT0062","White washing three coats with whiting ",{"$f":"FF!I1268","v":{"v":0,"d":"0.00"}},"Sqm",{"$f":"FF!K1268","v":24.15},{"v":0,"d":"0.00"},"21-22"]
["76","ACT0062","White washing three coats with whiting ",{"$f":"FF!I1277","v":{"v":0,"d":"0.00"}},"Sqm",{"$f":"FF!K1277","v":25.98},{"v":0,"d":"0.00"},"22-23"]
["42","ACT0078","Providing and applying synthetic plaster putty ",{"$f":"FF!I1302","v":{"v":0,"d":"0.00"}},"Sqm",{"$f":"FF!K1302","v":156.41},{"v":0,"d":"0.00"},"19-20"]
["49","ACT0078","Providing and applying synthetic plaster putty ",{"$f":"FF!I1334","v":{"v":0,"d":"0.00"}},"Sqm",{"$f":"FF!K1334","v":164.34},{"v":0,"d":"0.00"},"20-21"]
["72","ACT0078","Providing and applying synthetic plaster putty ",{"$f":"FF!I1344","v":{"v":0,"d":"0.00"}},"Sqm",{"$f":"FF!K1344","v":170.35},{"v":0,"d":"0.00"},"21-22"]
["72","ACT0078","Providing and applying synthetic plaster putty ",{"$f":"FF!I1369","v":{"v":0,"d":"0.00"}},"Sqm",{"$f":"FF!K1369","v":184.03},{"v":0,"d":"0.00"},"22-23"]
["74","ACT0084","Painting  with Emulsion paint for internal walls",{"$f":"FF!I1378","v":{"v":0,"d":"0.00"}},"Sqm",{"$f":"FF!K1378","v":131.45},{"v":0,"d":"0.00"},"19-20"]
["50","ACT0084","Painting  with Emulsion paint for inernal walls",{"$f":"FF!I1420","v":{"v":0,"d":"0.00"}},"Sqm",{"$f":"FF!K1420","v":139.51},{"v":0,"d":"0.00"},"20-21"]
["74","ACT0084","Painting  with Emulsion paint for inernal walls",{"$f":"FF!I1429","v":{"v":0,"d":"0.00"}},"Sqm",{"$f":"FF!K1429","v":145.68},{"$f":"ROUND(D372*F372,0)","v":{"v":0,"d":"0.00"}},"21-22"]
["43","ACT0084","Painting  with Emulsion paint for inernal walls",{"$f":"FF!I1454","v":{"v":0,"d":"0.00"}},"Sqm",{"$f":"FF!K1454","v":158.36},{"v":0,"d":"0.00"},"22-23"]
["76","ACT0085","Painting  with Emulsion paint for external walls",{"$f":"FF!I1461","v":{"v":0,"d":"0.00"}},"Sqm",{"$f":"FF!K1461","v":179.47},{"v":0,"d":"0.00"},"19-20"]
["51","ACT0085","Painting  with Emulsion paint for external walls",{"$f":"FF!I1493","v":{"v":0,"d":"0.00"}},"Sqm",{"$f":"FF!K1493","v":192.01},{"v":0,"d":"0.00"},"20-21"]
["76","ACT0085","Painting  with Emulsion paint for external walls",{"$f":"FF!I1500","v":{"v":0,"d":"0.00"}},"Sqm",{"$f":"FF!K1500","v":201.51},{"v":0,"d":"0.00"},"21-22"]
["44","ACT0085","Painting  with Emulsion paint for external walls",{"$f":"FF!I1514","v":{"v":0,"d":"0.00"}},"Sqm",{"$f":"FF!K1514","v":217.22},{"v":0,"d":"0.00"},"22-23"]
["45","ACT0053","Cost of steel",{"$f":"FF!I1522","v":{"v":0,"d":"0.000"}},"MT",{"$f":"FF!K1522","v":{"v":63243.5,"d":"63243.500"}},{"v":0,"d":"0.00"},"19-20"]
["53","ACT0053","Cost of steel",{"$f":"FF!I1527","v":{"v":0,"d":"0.000"}},"MT",{"$f":"FF!K1527","v":{"v":63510,"d":"63510.000"}},{"v":0,"d":"0.00"},"20-21"]
["84","ACT0053","Cost of steel",{"$f":"FF!I1535","v":{"v":0,"d":"0.000"}},"MT",{"$f":"FF!K1535","v":{"v":80999.5,"d":"80999.500"}},{"v":0,"d":"0.00"},"21-22"]
["84","ACT0053","Cost of steel",{"$f":"FF!I1542","v":{"v":0,"d":"0.000"}},"MT",{"$f":"FF!K1542","v":{"v":93741,"d":"93741.000"}},{"v":0,"d":"0.00"},"22-23"]
[null,null,"Construction of Second Floor",{"$nulls":3},{"v":0,"d":"0.00"},"19-20"]
["46","ACT0591","VRCC M25 design mix Concrete  for Columns",{"$f":"SF!I14","v":{"v":0,"d":"0.00"}},"Cum",{"$f":"SF!K14","v":{"v":10542.140000000001,"d":"10542.14"}},{"v":0,"d":"0.00"},"19-20"]
["54","ACT0591","VRCC M25 design mix Concrete  for Columns",{"$f":"SF!I21","v":{"v":0,"d":"0.00"}},"Cum",{"$f":"SF!K21","v":{"v":10932.800000000001,"d":"10932.80"}},{"v":0,"d":"0.00"},"20-21"]
["85","ACT0591","VRCC M25 design mix Concrete  for Columns",{"$f":"SF!I28","v":{"v":0,"d":"0.00"}},"Cum",{"$f":"SF!K28","v":{"v":11565.1,"d":"11565.10"}},{"v":0,"d":"0.00"},"21-22"]
["85","ACT0591","VRCC M25 design mix Concrete  for Columns",{"$f":"SF!I33","v":{"v":0,"d":"0.00"}},"Cum",{"$f":"SF!K33","v":12013.61},{"v":0,"d":"0.00"},"22-23"]
["47","ACT0592","VRCC M25 design mix Concrete  for Beams",{"$f":"SF!I39","v":{"v":0,"d":"0.00"}},"Cum",{"$f":"SF!K39","v":{"v":10021.1,"d":"10021.10"}},{"v":0,"d":"0.00"},"19-20"]
["55","ACT0592","VRCC M25 design mix Concrete  for Beams",{"$f":"SF!I45","v":{"v":0,"d":"0.00"}},"Cum",{"$f":"SF!K45","v":10257.99},{"v":0,"d":"0.00"},"20-21"]
["86","ACT0592","VRCC M25 design mix Concrete  for Beams",{"$f":"SF!I51","v":{"v":0,"d":"0.00"}},"Cum",{"$f":"SF!K51","v":10793.54},{"v":0,"d":"0.00"},"21-22"]
["86","ACT0592","VRCC M25 design mix Concrete  for Beams",{"$f":"SF!I57","v":{"v":0,"d":"0.00"}},"Cum",{"$f":"SF!K57","v":{"v":11098.560000000001,"d":"11098.56"}},{"v":0,"d":"0.00"},"22-23"]
["54","ACT0595","VRCC M25 design mix Concrete  for Slab 125mm ",{"$f":"SF!I86","v":{"v":0,"d":"0.00"}},"Sqm",{"$f":"SF!K86","v":1395.34},{"v":0,"d":"0.00"},"19-20"]
["56","ACT0595","VRCC M25 design mix Concrete  for Slab 125mm ",{"$f":"SF!I91","v":{"v":0,"d":"0.00"}},"Sqm",{"$f":"SF!K91","v":1443.96},{"v":0,"d":"0.00"},"20-21"]
["87","ACT0595","VRCC M25 design mix Concrete  for Slab 125mm ",{"$f":"SF!I96","v":{"v":0,"d":"0.00"}},"Sqm",{"$f":"SF!K96","v":{"v":1539.2800000000002,"d":"1539.28"}},{"v":0,"d":"0.00"},"21-22"]
["87","ACT0595","VRCC M25 design mix Concrete  for Slab 125mm ",{"$f":"SF!I101","v":{"v":0,"d":"0.00"}},"Sqm",{"$f":"SF!K101","v":1594.17},{"v":0,"d":"0.00"},"22-23"]
["48","ACT0595","VRCC M25 design mix Concrete  for Slab 100mm ",{"$f":"SF!I106","v":{"v":0,"d":"0.00"}},"Sqm",{"$f":"SF!K106","v":1271.18},{"v":0,"d":"0.00"},"19-20"]
["26","ACT0595","VRCC M25 design mix Concrete  for Slab 100mm ",{"$f":"SF!I111","v":{"v":0,"d":"0.00"}},"Sqm",{"$f":"SF!K111","v":1314.42},{"v":0,"d":"0.00"},"20-21"]
["26","ACT0595","VRCC M25 design mix Concrete  for Slab 100mm ",{"$f":"SF!I116","v":{"v":0,"d":"0.00"}},"Sqm",{"$f":"SF!K116","v":1403.54},{"v":0,"d":"0.00"},"21-22"]
["26","ACT0595","VRCC M25 design mix Concrete  for Slab 100mm ",{"$f":"SF!I121","v":{"v":0,"d":"0.00"}},"Sqm",{"$f":"SF!K121","v":1451.29},{"v":0,"d":"0.00"},"22-23"]
["57","ACT0590","VRCC M25 design mix Concrete  for Slab 150mm ",{"$f":"SF!I63","v":{"v":0,"d":"0.00"}},"Sqm",{"$f":"SF!K63","v":1519.49},{"v":0,"d":"0.00"},"19-20"]
["57","ACT0590","VRCC M25 design mix Concrete  for Slab 150mm ",{"$f":"SF!I69","v":{"v":0,"d":"0.00"}},"Sqm",{"$f":"SF!K69","v":{"v":1573.5,"d":"1573.50"}},{"v":0,"d":"0.00"},"20-21"]
["57","ACT0590","VRCC M25 design mix Concrete  for Slab 150mm ",{"$f":"SF!I75","v":{"v":0,"d":"0.00"}},"Sqm",{"$f":"SF!K75","v":{"v":1675.0100000000002,"d":"1675.01"}},{"v":0,"d":"0.00"},"21-22"]
["57","ACT0590","VRCC M25 design mix Concrete  for Slab 150mm ",{"$f":"SF!I81","v":{"v":0,"d":"0.00"}},"Sqm",{"$f":"SF!K81","v":1737.05},{"v":0,"d":"0.00"},"22-23"]
["58","ACT0595","VRCC M25 design mix Concrete  for Slab 50mm ",{"$f":"SF!I127","v":{"v":0,"d":"0.00"}},"Sqm",{"$f":"SF!K127","v":747.27},{"v":0,"d":"0.00"},"19-20"]
["58","ACT0595","VRCC M25 design mix Concrete  for Slab 50mm ",{"$f":"SF!I133","v":{"v":0,"d":"0.00"}},"Sqm",{"$f":"SF!K133","v":779.57},{"$f":"ROUND(D404*F404,0)","v":{"v":0,"d":"0.00"}},"20-21"]
["58","ACT0595","VRCC M25 design mix Concrete  for Slab 50mm ",{"$f":"SF!I139","v":{"v":0,"d":"0.00"}},"Sqm",{"$f":"SF!K139","v":831.97},{"v":0,"d":"0.00"},"21-22"]
["58","ACT0595","VRCC M25 design mix Concrete  for Slab 50mm ",{"$f":"SF!I145","v":{"v":0,"d":"0.00"}},"Sqm",{"$f":"SF!K145","v":865.17},{"v":0,"d":"0.00"},"22-23"]
["58","ACT0595","VRCC M25 design mix Concrete  for Slab 25mm ",{"$f":"SF!I151","v":{"v":0,"d":"0.00"}},"Sqm",{"$f":"SF!K151","v":{"v":624.5,"d":"624.50"}},{"v":0,"d":"0.00"},"19-20"]
["58","ACT0595","VRCC M25 design mix Concrete  for Slab 25mm ",{"$f":"SF!I157","v":{"v":0,"d":"0.00"}},"Sqm",{"$f":"SF!K157","v":651.52},{"v":0,"d":"0.00"},"20-21"]
["58","ACT0595","VRCC M25 design mix Concrete  for Slab 25mm ",{"$f":"SF!I163","v":{"v":0,"d":"0.00"}},"Sqm",{"$f":"SF!K163","v":{"v":697.8399999999999,"d":"697.84"}},{"v":0,"d":"0.00"},"21-22"]
["58","ACT0595","VRCC M25 design mix Concrete  for Slab 25mm ",{"$f":"SF!I169","v":{"v":0,"d":"0.00"}},"Sqm",{"$f":"SF!K169","v":724.02},{"v":0,"d":"0.00"},"22-23"]
["59","ACT0585","VRCC M25 design mix Concrete  for Lintels",{"$f":"SF!I176","v":{"v":0,"d":"0.00"}},"Cum",{"$f":"SF!K176","v":10426.34},{"v":0,"d":"0.00"},"19-20"]
["59","ACT0585","VRCC M25 design mix Concrete  for Lintels",{"$f":"SF!I183","v":{"v":0,"d":"0.00"}},"Cum",{"$f":"SF!K183","v":{"v":10817,"d":"10817.00"}},{"v":0,"d":"0.00"},"20-21"]
["59","ACT0585","VRCC M25 design mix Concrete  for Lintels",{"$f":"SF!I190","v":{"v":0,"d":"0.00"}},"Cum",{"$f":"SF!K190","v":{"v":11426.3,"d":"11426.30"}},{"v":0,"d":"0.00"},"21-22"]
["59","ACT0585","VRCC M25 design mix Concrete  for Lintels",{"$f":"SF!I197","v":{"v":0,"d":"0.00"}},"Cum",{"$f":"SF!K197","v":{"v":11874.810000000001,"d":"11874.81"}},{"v":0,"d":"0.00"},"22-23"]
["60","ACT0588","VRCC M25 design mix Concrete  for Sunshades",{"$f":"SF!I202","v":{"v":0,"d":"0.00"}},"Rm",{"$f":"SF!K202","v":{"v":663.6599999999999,"d":"663.66"}},{"v":0,"d":"0.00"},"19-20"]
["60","ACT0588","VRCC M25 design mix Concrete  for Sunshades",{"$f":"SF!I207","v":{"v":0,"d":"0.00"}},"Rm",{"$f":"SF!K207","v":684.77},{"v":0,"d":"0.00"},"20-21"]
["60","ACT0588","VRCC M25 design mix Concrete  for Sunshades",{"$f":"SF!I212","v":{"v":0,"d":"0.00"}},"Rm",{"$f":"SF!K212","v":{"v":722.5099999999999,"d":"722.51"}},{"v":0,"d":"0.00"},"21-22"]
["60","ACT0588","VRCC M25 design mix Concrete  for Sunshades",{"$f":"SF!I217","v":{"v":0,"d":"0.00"}},"Rm",{"$f":"SF!K217","v":{"v":744.7299999999999,"d":"744.73"}},{"v":0,"d":"0.00"},"22-23"]
["60",null,"impervious coat over roof slab-12mm",{"$f":"SF!I222","v":{"v":0,"d":"0.00"}},"Sqm",{"$f":"SF!K222","v":297.65},{"v":0,"d":"0.00"},"19-20"]
["60",null,"impervious coat over roof slab-12mm",{"$f":"SF!I227","v":{"v":0,"d":"0.00"}},"Sqm",{"$f":"SF!K227","v":321.24},{"v":0,"d":"0.00"},"20-21"]
["60",null,"impervious coat over roof slab-12mm",{"$f":"SF!I232","v":{"v":0,"d":"0.00"}},"Sqm",{"$f":"SF!K232","v":340.95},{"v":0,"d":"0.00"},"21-22"]
["60",null,"impervious coat over roof slab-12mm",{"$f":"SF!I237","v":{"v":0,"d":"0.00"}},"Sqm",{"$f":"SF!K237","v":362.63},{"v":0,"d":"0.00"},"22-23"]
["61","ACT00052","impervious coat over roof slab-20mm",{"$f":"SF!I243","v":{"v":0,"d":"0.00"}},"Sqm",{"$f":"SF!K243","v":382.24},{"v":0,"d":"0.00"},"19-20"]
["61","ACT00052","impervious coat over roof slab-20mm",{"$f":"SF!I249","v":{"v":0,"d":"0.00"}},"Sqm",{"$f":"SF!K249","v":414.32},{"v":0,"d":"0.00"},"20-21"]
["61","ACT00052","impervious coat over roof slab-20mm",{"$f":"SF!I255","v":{"v":0,"d":"0.00"}},"Sqm",{"$f":"SF!K255","v":{"v":440.9,"d":"440.90"}},{"v":0,"d":"0.00"},"21-22"]
["61","ACT00052","impervious coat over roof slab-20mm",{"$f":"SF!I261","v":{"v":0,"d":"0.00"}},"Sqm",{"$f":"SF!K261","v":470.34},{"v":0,"d":"0.00"},"22-23"]
["49","ACT0594","Brick masonery in CM (1:6) for superstructure",{"$f":"SF!I298","v":{"v":0,"d":"0.00"}},"Cum",{"$f":"SF!K298","v":{"v":6307.010000000001,"d":"6307.01"}},{"v":0,"d":"0.00"},"19-20"]
["57","ACT0594","Brick masonery in CM (1:6) for superstructure",{"$f":"SF!I307","v":{"v":0,"d":"0.00"}},"Cum",{"$f":"SF!K307","v":{"v":6491.829999999999,"d":"6491.83"}},{"v":0,"d":"0.00"},"20-21"]
["88","ACT0594","Brick masonery in CM (1:6) for superstructure",{"$f":"SF!I312","v":{"v":0,"d":"0.00"}},"Cum",{"$f":"SF!K312","v":{"v":6937.8099999999995,"d":"6937.81"}},{"v":0,"d":"0.00"},"21-22"]
["88","ACT0594","Brick masonery in CM (1:6) for superstructure",{"$f":"SF!I320","v":{"v":0,"d":"0.00"}},"Cum",{"$f":"SF!K320","v":{"v":7673.4,"d":"7673.40"}},{"v":0,"d":"0.00"},"22-23"]
["30","ACT0201","Brick masonery in CM (1:8) for basement",{"$f":"SF!I269","v":{"v":0,"d":"0.00"}},"Cum",{"$f":"SF!K269","v":{"v":6250.6100000000015,"d":"6250.61"}},{"v":0,"d":"0.00"},"19-20"]
["58","ACT0201","Brick masonery in CM (1:8) for basement",{"$f":"SF!I274","v":{"v":0,"d":"0.00"}},"Cum",{"$f":"SF!K274","v":{"v":6435.429999999999,"d":"6435.43"}},{"v":0,"d":"0.00"},"20-21"]
["30","ACT0201","Brick masonery in CM (1:8) for basement",{"$f":"SF!I282","v":{"v":0,"d":"0.00"}},"Cum",{"$f":"SF!K282","v":6881.41},{"v":0,"d":"0.00"},"21-22"]
["30","ACT0201","Brick masonery in CM (1:8) for basement",{"$f":"SF!I290","v":{"v":0,"d":"0.00"}},"Cum",{"$f":"SF!K290","v":{"v":7616.999999999999,"d":"7617.00"}},{"v":0,"d":"0.00"},"22-23"]
["50","ACT0202","Reinforced Brick Masonry for partition walls ",{"$f":"SF!I328","v":{"v":0,"d":"0.00"}},"Sqm",{"$f":"SF!K328","v":830.76},{"$f":"ROUND(D435*F435/1,0)","v":{"v":0,"d":"0.00"}},"19-20"]
["59","ACT0202","Reinforced Brick Masonry for partition walls ",{"$f":"SF!I333","v":{"v":0,"d":"0.00"}},"Sqm",{"$f":"SF!K333","v":856.26},{"v":0,"d":"0.00"},"20-21"]
["89","ACT0202","Reinforced Brick Masonry for partition walls ",{"$f":"SF!I339","v":{"v":0,"d":"0.00"}},"Sqm",{"$f":"SF!K339","v":913.89},{"v":0,"d":"0.00"},"21-22"]
["89","ACT0202","Reinforced Brick Masonry for partition walls ",{"$f":"SF!I347","v":{"v":0,"d":"0.00"}},"Sqm",{"$f":"SF!K347","v":999.57},{"v":0,"d":"0.00"},"22-23"]
["22","ACT0202","Fly ash cement bricks",{"$f":"SF!I354","v":{"v":0,"d":"0.00"}},"Sqm",{"$f":"SF!K354","v":{"v":6013.960000000001,"d":"6013.96"}},{"v":0,"d":"0.00"},"19-20"]
["22","ACT0202","Fly ash cement bricks",{"$f":"SF!I361","v":{"v":0,"d":"0.00"}},"Sqm",{"$f":"SF!K361","v":6227.11},{"v":0,"d":"0.00"},"20-21"]
["22","ACT0202","Fly ash cement bricks",{"$f":"SF!I368","v":{"v":0,"d":"0.00"}},"Sqm",{"$f":"SF!K368","v":6774.69},{"v":0,"d":"0.00"},"21-22"]
["22","ACT0202","Fly ash cement bricks",{"$f":"SF!I375","v":{"v":0,"d":"0.00"}},"Sqm",{"$f":"SF!K375","v":{"v":7187.450000000001,"d":"7187.45"}},{"v":0,"d":"0.00"},"22-23"]
["51","ACT0564","Ornamental Plastering 12mm thick to ceiling",{"$f":"SF!I382","v":{"v":0,"d":"0.00"}},"Sqm",{"$f":"SF!K382","v":321.79},{"$f":"ROUND(D443*F443,0)","v":{"v":0,"d":"0.00"}},"19-20"]
["60","ACT0537","Ornamental Plastering 12mm thick to ceiling",{"$f":"SF!I390","v":{"v":0,"d":"0.00"}},"Sqm",{"$f":"SF!K390","v":344.38},{"v":0,"d":"0.00"},"20-21"]
["83","ACT0537","Ornamental Plastering 12mm thick to ceiling",{"$f":"SF!I397","v":{"v":0,"d":"0.00"}},"Sqm",{"$f":"SF!K397","v":365.08},{"v":0,"d":"0.00"},"21-22"]
["83","ACT0537","Ornamental Plastering 12mm thick to ceiling",{"$f":"SF!I404","v":{"v":0,"d":"0.00"}},"Sqm",{"$f":"SF!K404","v":385.55},{"v":0,"d":"0.00"},"22-23"]
["82","ACT0061","Plastering 12mm thick inside in single coats ",{"$f":"SF!I412","v":{"v":0,"d":"0.00"}},"Sqm",{"$f":"SF!K412","v":289.52},{"v":0,"d":"0.00"},"19-20"]
["82","ACT0061","Plastering 12mm thick inside in single coats ",{"$f":"SF!I420","v":{"v":0,"d":"0.00"}},"Sqm",{"$f":"SF!K420","v":312.11},{"v":0,"d":"0.00"},"20-21"]
["82","ACT0061","Plastering 12mm thick inside in single coats ",{"$f":"SF!I428","v":{"v":0,"d":"0.00"}},"Sqm",{"$f":"SF!K428","v":331.62},{"v":0,"d":"0.00"},"21-22"]
["82","ACT0061","Plastering 12mm thick inside in single coats ",{"$f":"SF!I436","v":{"v":0,"d":"0.00"}},"Sqm",{"$f":"SF!K436","v":{"v":352.1,"d":"352.10"}},{"v":0,"d":"0.00"},"22-23"]
["83","ACT0441","Plastering 20mm thick inside in single coats ",{"$f":"SF!I444","v":{"v":0,"d":"0.00"}},"Sqm",{"$f":"SF!K444","v":307.37},{"v":0,"d":"0.00"},"19-20"]
["83","ACT0441","Plastering 20mm thick inside in single coats ",{"$f":"SF!I452","v":{"v":0,"d":"0.00"}},"Sqm",{"$f":"SF!K452","v":330.52},{"v":0,"d":"0.00"},"20-21"]
["83","ACT0441","Plastering 20mm thick inside in single coats ",{"$f":"SF!I460","v":{"v":0,"d":"0.00"}},"Sqm",{"$f":"SF!K460","v":351.31},{"v":0,"d":"0.00"},"21-22"]
["83","ACT0441","Plastering 20mm thick inside in single coats ",{"$f":"SF!I468","v":{"v":0,"d":"0.00"}},"Sqm",{"$f":"SF!K468","v":372.29},{"v":0,"d":"0.00"},"22-23"]
["52","ACT0204","Plastering 12mm thick double coat",{"$f":"SF!I480","v":{"v":0,"d":"0.00"}},"Sqm",{"$f":"SF!K480","v":{"v":380.2,"d":"380.20"}},{"v":0,"d":"0.00"},"19-20"]
["61","ACT0204","Plastering 12mm thick double coat",{"$f":"SF!I489","v":{"v":0,"d":"0.00"}},"Sqm",{"$f":"SF!K489","v":410.98},{"v":0,"d":"0.00"},"20-21"]
["84","ACT0204","Plastering 12mm thick double coat",{"$f":"SF!I496","v":{"v":0,"d":"0.00"}},"Sqm",{"$f":"SF!K496","v":436.23},{"v":0,"d":"0.00"},"21-22"]
["84","ACT0204","Plastering 12mm thick double coat",{"$f":"SF!I508","v":{"v":0,"d":"0.00"}},"Sqm",{"$f":"SF!K508","v":464.16},{"v":0,"d":"0.00"},"22-23"]
["53","ACT0205","Plastering 20mm thick double coat",{"$f":"SF!I515","v":{"v":0,"d":"0.00"}},"Sqm",{"$f":"SF!K515","v":393.56},{"v":0,"d":"0.00"},"19-20"]
["62","ACT0205","Plastering 20mm thick double coat",{"$f":"SF!I525","v":{"v":0,"d":"0.00"}},"Sqm",{"$f":"SF!K525","v":424.91},{"v":0,"d":"0.00"},"20-21"]
["85","ACT0205","Plastering 20mm thick double coat",{"$f":"SF!I532","v":{"v":0,"d":"0.00"}},"Sqm",{"$f":"SF!K532","v":451.54},{"v":0,"d":"0.00"},"21-22"]
["85","ACT0205","Plastering 20mm thick double coat",{"$f":"SF!I539","v":{"v":0,"d":"0.00"}},"Sqm",{"$f":"SF!K539","v":479.98},{"v":0,"d":"0.00"},"22-23"]
["13","ACT0598","PCC M25 for Steps",{"$f":"SF!I544","v":{"v":0,"d":"0.00"}},"Cum",{"$f":"SF!K544","v":{"v":5152.249999999999,"d":"5152.25"}},{"v":0,"d":"0.00"},"19-20"]
["13","ACT0598","PCC M25 for Steps",{"$f":"SF!I549","v":{"v":0,"d":"0.00"}},"Cum",{"$f":"SF!K549","v":5333.72},{"v":0,"d":"0.00"},"20-21"]
["13","ACT0598","PCC M25 for Steps",{"$f":"SF!I554","v":{"v":0,"d":"0.00"}},"Cum",{"$f":"SF!K554","v":{"v":5579.320000000001,"d":"5579.32"}},{"v":0,"d":"0.00"},"21-22"]
["13","ACT0598","PCC M25 for Steps",{"$f":"SF!I559","v":{"v":0,"d":"0.00"}},"Cum",{"$f":"SF!K559","v":{"v":5843.9400000000005,"d":"5843.94"}},{"v":0,"d":"0.00"},"22-23"]
["65","ACT0079","Flooring with vitrified tiles ",{"$f":"SF!I565","v":{"v":0,"d":"0.00"}},"Sqm",{"$f":"SF!K565","v":1048.97},{"v":0,"d":"0.00"},"19-20"]
["65","ACT0079","Flooring with vitrified tiles ",{"$f":"SF!I571","v":{"v":0,"d":"0.00"}},"Sqm",{"$f":"SF!K571","v":1082.75},{"v":0,"d":"0.00"},"20-21"]
["65","ACT0079","Flooring with vitrified tiles ",{"$f":"SF!I577","v":{"v":0,"d":"0.00"}},"Sqm",{"$f":"SF!K577","v":1108.35},{"v":0,"d":"0.00"},"21-22"]
["65","ACT0079","Flooring with vitrified tiles ",{"$f":"SF!I583","v":{"v":0,"d":"0.00"}},"Sqm",{"$f":"SF!K583","v":1139.42},{"v":0,"d":"0.00"},"22-23"]
["69","ACT0080","Providing skirting to internal walls to 15 cm height",{"$f":"SF!I590","v":{"v":0,"d":"0.00"}},"Sqm",{"$f":"SF!K590","v":{"v":1044.9,"d":"1044.90"}},{"v":0,"d":"0.00"},"19-20"]
["69","ACT0080","Providing skirting to internal walls to 15 cm height",{"$f":"SF!I597","v":{"v":0,"d":"0.00"}},"Sqm",{"$f":"SF!K597","v":1078.42},{"v":0,"d":"0.00"},"20-21"]
["69","ACT0080","Providing skirting to internal walls to 15 cm height",{"$f":"SF!I604","v":{"v":0,"d":"0.00"}},"Sqm",{"$f":"SF!K604","v":1103.42},{"v":0,"d":"0.00"},"21-22"]
["69","ACT0080","Providing skirting to internal walls to 15 cm height",{"$f":"SF!I611","v":{"v":0,"d":"0.00"}},"Sqm",{"$f":"SF!K611","v":1134.08},{"v":0,"d":"0.00"},"22-23"]
["50","ACT0200","Flooring with Granite stones",{"$f":"SF!I618","v":{"v":0,"d":"0.00"}},"sqm",{"$f":"SF!K618","v":{"v":2934.5,"d":"2934.50"}},{"$f":"ROUND(D475*F475,0)","v":{"v":0,"d":"0.00"}},"19-20"]
["50","ACT0200","Flooring with Granite stones",{"$f":"SF!I625","v":{"v":0,"d":"0.00"}},"sqm",{"$f":"SF!K625","v":3003.21},{"v":0,"d":"0.00"},"20-21"]
["50","ACT0200","Flooring with Granite stones",{"$f":"SF!I632","v":{"v":0,"d":"0.00"}},"sqm",{"$f":"SF!K632","v":3066.62},{"v":0,"d":"0.00"},"21-22"]
["50","ACT0200","Flooring with Granite stones",{"$f":"SF!I639","v":{"v":0,"d":"0.00"}},"sqm",{"$f":"SF!K639","v":3248.17},{"v":0,"d":"0.00"},"22-23"]
["51",null,"Skirting with Granite stones",{"$f":"SF!I646","v":{"v":0,"d":"0.00"}},"Sqm",{"$f":"SF!K646","v":2740.43},{"v":0,"d":"0.00"},"19-20"]
["51",null,"Skirting with Granite stones",{"$f":"SF!I653","v":{"v":0,"d":"0.00"}},"Sqm",{"$f":"SF!K653","v":2787.53},{"v":0,"d":"0.00"},"20-21"]
["51",null,"Skirting with Granite stones",{"$f":"SF!I660","v":{"v":0,"d":"0.00"}},"Sqm",{"$f":"SF!K660","v":{"v":2831.2,"d":"2831.20"}},{"v":0,"d":"0.00"},"21-22"]
["51",null,"Skirting with Granite stones",{"$f":"SF!I667","v":{"v":0,"d":"0.00"}},"Sqm",{"$f":"SF!K667","v":2995.66},{"v":0,"d":"0.00"},"22-23"]
["71","ACT0251","Flooring with Terrazo tiles",{"$f":"SF!I674","v":{"v":0,"d":"0.00"}},"Sqm",{"$f":"SF!K674","v":660.95},{"v":0,"d":"0.00"},"19-20"]
["71","ACT0251","Flooring with Terrazo tiles",{"$f":"SF!I681","v":{"v":0,"d":"0.00"}},"Sqm",{"$f":"SF!K681","v":709.65},{"v":0,"d":"0.00"},"20-21"]
["71","ACT0251","Flooring with Terrazo tiles",{"$f":"SF!I688","v":{"v":0,"d":"0.00"}},"Sqm",{"$f":"SF!K688","v":718.32},{"v":0,"d":"0.00"},"21-22"]
["71","ACT0251","Flooring with Terrazo tiles",{"$f":"SF!I695","v":{"v":0,"d":"0.00"}},"Sqm",{"$f":"SF!K695","v":816.76},{"v":0,"d":"0.00"},"22-23"]
["72",null,"skirting to internal walls  with Terrazo tiles",{"$f":"SF!I702","v":{"v":0,"d":"0.00"}},"Sqm",{"$f":"SF!K702","v":{"v":681.6,"d":"681.60"}},{"v":0,"d":"0.00"},"19-20"]
["72",null,"skirting to internal walls  with Terrazo tiles",{"$f":"SF!I709","v":{"v":0,"d":"0.00"}},"Sqm",{"$f":"SF!K709","v":715.12},{"v":0,"d":"0.00"},"20-21"]
["72",null,"skirting to internal walls  with Terrazo tiles",{"$f":"SF!I716","v":{"v":0,"d":"0.00"}},"Sqm",{"$f":"SF!K716","v":740.12},{"v":0,"d":"0.00"},"21-22"]
["72",null,"skirting to internal walls  with Terrazo tiles",{"$f":"SF!I723","v":{"v":0,"d":"0.00"}},"Sqm",{"$f":"SF!K723","v":822.23},{"v":0,"d":"0.00"},"22-23"]
["73","ACT0081","Flooring with Ceramic non skid tiles",{"$f":"SF!I730","v":{"v":0,"d":"0.00"}},"Sqm",{"$f":"SF!K730","v":784.71},{"v":0,"d":"0.00"},"19-20"]
["73","ACT0081","Flooring with Ceramic non skid tiles",{"$f":"SF!I737","v":{"v":0,"d":"0.00"}},"Sqm",{"$f":"SF!K737","v":818.23},{"v":0,"d":"0.00"},"20-21"]
["73","ACT0081","Flooring with Ceramic non skid tiles",{"$f":"SF!I744","v":{"v":0,"d":"0.00"}},"Sqm",{"$f":"SF!K744","v":843.23},{"v":0,"d":"0.00"},"21-22"]
["73","ACT0081","Flooring with Ceramic non skid tiles",{"$f":"SF!I751","v":{"v":0,"d":"0.00"}},"Sqm",{"$f":"SF!K751","v":873.89},{"v":0,"d":"0.00"},"22-23"]
["74","ACT0071","Dadoing with Glazed tiles",{"$f":"SF!I757","v":{"v":0,"d":"0.00"}},"Sqm",{"$f":"SF!K757","v":502.03},{"v":0,"d":"0.00"},"19-20"]
["74","ACT0071","Dadoing with Glazed tiles",{"$f":"SF!I763","v":{"v":0,"d":"0.00"}},"Sqm",{"$f":"SF!K763","v":512.04},{"v":0,"d":"0.00"},"20-21"]
["74","ACT0071","Dadoing with Glazed tiles",{"$f":"SF!I769","v":{"v":0,"d":"0.00"}},"Sqm",{"$f":"SF!K769","v":520.52},{"v":0,"d":"0.00"},"21-22"]
["74","ACT0071","Dadoing with Glazed tiles",{"$f":"SF!I775","v":{"v":0,"d":"0.00"}},"Sqm",{"$f":"SF!K775","v":536.26},{"v":0,"d":"0.00"},"22-23"]
["32",null,"Pressed floor tiles",{"$f":"SF!I781","v":{"v":0,"d":"0.00"}},"Sqm",{"$f":"SF!K781","v":977.96},{"v":0,"d":"0.00"},"19-20"]
["32",null,"Pressed floor tiles",{"$f":"SF!I787","v":{"v":0,"d":"0.00"}},"Sqm",{"$f":"SF!K787","v":1023.19},{"v":0,"d":"0.00"},"20-21"]
["32",null,"Pressed floor tiles",{"$f":"SF!I793","v":{"v":0,"d":"0.00"}},"Sqm",{"$f":"SF!K793","v":1058.68},{"v":0,"d":"0.00"},"21-22"]
["32",null,"Pressed floor tiles",{"$f":"SF!I799","v":{"v":0,"d":"0.00"}},"Sqm",{"$f":"SF!K799","v":1100.49},{"v":0,"d":"0.00"},"22-23"]
["76","ACT0062","White washing three coats with whiting ",{"$f":"SF!I807","v":{"v":0,"d":"0.00"}},"Sqm",{"$f":"SF!K807","v":21.43},{"v":0,"d":"0.00"},"19-20"]
["76","ACT0062","White washing three coats with whiting ",{"$f":"SF!I815","v":{"v":0,"d":"0.00"}},"Sqm",{"$f":"SF!K815","v":22.88},{"v":0,"d":"0.00"},"20-21"]
["76","ACT0062","White washing three coats with whiting ",{"$f":"SF!I823","v":{"v":0,"d":"0.00"}},"Sqm",{"$f":"SF!K823","v":25.95},{"v":0,"d":"0.00"},"21-22"]
["76","ACT0062","White washing three coats with whiting ",{"$f":"SF!I831","v":{"v":0,"d":"0.00"}},"Sqm",{"$f":"SF!K831","v":27.91},{"v":0,"d":"0.00"},"22-23"]
["54","ACT0078","Providing and applying synthetic plaster putty ",{"$f":"SF!I839","v":{"v":0,"d":"0.00"}},"Sqm",{"$f":"SF!K839","v":164.74},{"$f":"ROUND(D507*F507,0)","v":{"v":0,"d":"0.00"}},"19-20"]
["84","ACT0078","Providing and applying synthetic plaster putty ",{"$f":"SF!I847","v":{"v":0,"d":"0.00"}},"Sqm",{"$f":"SF!K847","v":173.39},{"v":0,"d":"0.00"},"20-21"]
["84","ACT0078","Providing and applying synthetic plaster putty ",{"$f":"SF!I855","v":{"v":0,"d":"0.00"}},"Sqm",{"$f":"SF!K855","v":179.94},{"v":0,"d":"0.00"},"21-22"]
["84","ACT0078","Providing and applying synthetic plaster putty ",{"$f":"SF!I863","v":{"v":0,"d":"0.00"}},"Sqm",{"$f":"SF!K863","v":194.34},{"v":0,"d":"0.00"},"22-23"]
["86","ACT0084","Painting  with Emulsion paint for inernal walls",{"$f":"SF!I871","v":{"v":0,"d":"0.00"}},"Sqm",{"$f":"SF!K871","v":140.87},{"v":0,"d":"0.00"},"19-20"]
["63","ACT0084","Painting  with Emulsion paint for inernal walls",{"$f":"SF!I883","v":{"v":0,"d":"0.00"}},"Sqm",{"$f":"SF!K883","v":149.66},{"v":0,"d":"0.00"},"20-21"]
["86","ACT0084","Painting  with Emulsion paint for inernal walls",{"$f":"SF!I891","v":{"v":0,"d":"0.00"}},"Sqm",{"$f":"SF!K891","v":{"v":156.4,"d":"156.40"}},{"v":0,"d":"0.00"},"21-22"]
["55","ACT0084","Painting  with Emulsion paint for inernal walls",{"$f":"SF!I899","v":{"v":0,"d":"0.00"}},"Sqm",{"$f":"SF!K899","v":169.89},{"v":0,"d":"0.00"},"22-23"]
["87","ACT0085","Painting  with Emulsion paint for external walls",{"$f":"SF!I906","v":{"v":0,"d":"0.00"}},"Sqm",{"$f":"SF!K906","v":192.71},{"v":0,"d":"0.00"},"19-20"]
["64","ACT0085","Painting  with Emulsion paint for external walls",{"$f":"SF!I914","v":{"v":0,"d":"0.00"}},"Sqm",{"$f":"SF!K914","v":206.39},{"v":0,"d":"0.00"},"20-21"]
["87","ACT0085","Painting  with Emulsion paint for external walls",{"$f":"SF!I921","v":{"v":0,"d":"0.00"}},"Sqm",{"$f":"SF!K921","v":216.76},{"v":0,"d":"0.00"},"21-22"]
["56","ACT0085","Painting  with Emulsion paint for external walls",{"$f":"SF!I937","v":{"v":0,"d":"0.00"}},"Sqm",{"$f":"SF!K937","v":233.59},{"v":0,"d":"0.00"},"22-23"]
["57","ACT0053","Cost of steel",{"$f":"SF!I943","v":{"v":0,"d":"0.000"}},"MT",{"$f":"SF!K943","v":{"v":64288.5,"d":"64288.500"}},{"v":0,"d":"0.00"},"19-20"]
["65","ACT0053","Cost of steel",{"$f":"SF!I948","v":{"v":0,"d":"0.000"}},"MT",{"$f":"SF!K948","v":{"v":64635,"d":"64635.000"}},{"v":0,"d":"0.00"},"20-21"]
["96","ACT0053","Cost of steel",{"$f":"SF!I954","v":{"v":0,"d":"0.000"}},"MT",{"$f":"SF!K954","v":{"v":82189.5,"d":"82189.500"}},{"v":0,"d":"0.00"},"21-22"]
["96","ACT0053","Cost of steel",{"$f":"SF!I960","v":{"v":0,"d":"0.000"}},"MT",{"$f":"SF!K960","v":{"v":95016,"d":"95016.000"}},{"v":0,"d":"0.00"},"22-23"]
[null,null,"Providing Door, Windows, Ventilators and Grills",{"$nulls":4},"19-20"]
["48","ACT0602","Supply and fixing of  Door  of size 1.20 x 2.10mt ",{"$f":"'PART-A'!I2499","v":{"v":0,"d":"0.00"}},"No",{"$f":"'PART-A'!K2499","v":{"v":20396.340000000004,"d":"20396.34"}},{"$f":"ROUND(D524*F524,0)","v":{"v":0,"d":"0.00"}},"19-20"]
["66","ACT0602","Supply and fixing of  Door  of size 1.20 x 2.10mt ",{"$f":"'PART-A'!I2632","v":{"v":0,"d":"0.00"}},"No",{"$f":"'PART-A'!K2632","v":{"v":20396.340000000004,"d":"20396.34"}},{"v":0,"d":"0.00"},"20-21"]
["49","ACT0602","Supply and fixing of  Door  of size 1.20 x 2.10mt ",{"$f":"'PART-A'!I2770","v":{"v":0,"d":"0.00"}},"No",{"$f":"'PART-A'!K2770","v":18903.09},{"v":0,"d":"0.00"},"21-22"]
["90",null,"Supply and fixing of  Door  of size 1.20 x 2.10mt ",{"$f":"'PART-A'!I2903","v":{"v":0,"d":"0.00"}},"No",{"$f":"'PART-A'!K2903","v":{"v":22903.660000000003,"d":"22903.66"}},null,"22-23",null,{"$f":"ROUND(D527*F527,0)","v":{"v":0,"d":"0.00"}}]
["50",null,"Supply and fixing of  Door  of size 0.90 x 2.10mt ",{"$f":"'PART-A'!I2514","v":{"v":0,"d":"0.00"}},"No",{"$f":"'PART-A'!K2514","v":14099.53},{"v":0,"d":"0.00"},"19-20"]
["24",null,"Supply and fixing of  Door  of size 0.90 x 2.10mt ",{"$f":"'PART-A'!I2647","v":{"v":0,"d":"0.00"}},"No",{"$f":"'PART-A'!K2647","v":14099.53},{"v":0,"d":"0.00"},"20-21"]
["24",null,"Supply and fixing of  Door  of size 0.90 x 2.10mt ",{"$f":"'PART-A'!I2785","v":{"v":0,"d":"0.00"}},"No",{"$f":"'PART-A'!K2785","v":{"v":12770.460000000001,"d":"12770.46"}},{"v":0,"d":"0.00"},"21-22"]
["24",null,"Supply and fixing of  Door  of size 0.90 x 2.10mt ",{"$f":"'PART-A'!I2918","v":{"v":0,"d":"0.00"}},"No",{"$f":"'PART-A'!K2918","v":15875.19},{"v":0,"d":"0.00"},"22-23"]
[null,null,"Supply and fixing of  Door  of size 0.80 x 2.10mt ",{"$f":"'PART-A'!I2519","v":{"v":0,"d":"0.00"}},"No",{"$f":"'PART-A'!K2519","v":{"v":13359.1,"d":"13359.10"}},{"v":0,"d":"0.00"},"19-20"]
[null,null,"Supply and fixing of  Door  of size 0.80 x 2.10mt ",{"$f":"'PART-A'!I2652","v":{"v":0,"d":"0.00"}},"No",{"$f":"'PART-A'!K2652","v":{"v":13359.1,"d":"13359.10"}},{"v":0,"d":"0.00"},"20-21"]
[null,null,"Supply and fixing of  Door  of size 0.80 x 2.10mt ",{"$f":"'PART-A'!I2790","v":{"v":0,"d":"0.00"}},"No",{"$f":"'PART-A'!K2790","v":{"v":10756.689999999999,"d":"10756.69"}},{"v":0,"d":"0.00"},"21-22"]
[null,null,"Supply and fixing of  Door  of size 0.80 x 2.10mt ",{"$f":"'PART-A'!I2923","v":{"v":0,"d":"0.00"}},"No",{"$f":"'PART-A'!K2923","v":{"v":15037.220000000001,"d":"15037.22"}},{"v":0,"d":"0.00"},"22-23"]
["90",null,"Supply and fixing of  Door  of size 0.90 x 2.10mt ",{"$f":"'PART-A'!I2524","v":{"v":0,"d":"0.00"}},"No",{"$f":"'PART-A'!K2524","v":8905.99},{"v":0,"d":"0.00"},"19-20"]
["90",null,"Supply and fixing of  Door  of size 0.90 x 2.10mt ",{"$f":"'PART-A'!I2657","v":{"v":0,"d":"0.00"}},"No",{"$f":"'PART-A'!K2657","v":8905.99},{"v":0,"d":"0.00"},"20-21"]
["90",null,"Supply and fixing of  Door  of size 0.90 x 2.10mt ",{"$f":"'PART-A'!I2795","v":{"v":0,"d":"0.00"}},"No",{"$f":"'PART-A'!K2795","v":9185.38},{"v":0,"d":"0.00"},"21-22"]
["90",null,"Supply and fixing of  Door  of size 0.90 x 2.10mt ",{"$f":"'PART-A'!I2928","v":{"v":0,"d":"0.00"}},"No",{"$f":"'PART-A'!K2928","v":10330.61},{"v":0,"d":"0.00"},"22-23"]
["70",null,"Supply and fixing of  Door  of size 0.75 x 2.10mt ",{"$f":"'PART-A'!I2529","v":{"v":0,"d":"0.00"}},"No",{"$f":"'PART-A'!K2529","v":6334.76},{"v":0,"d":"0.00"},"19-20"]
["70",null,"Supply and fixing of  Door  of size 0.75 x 2.10mt ",{"$f":"'PART-A'!I2662","v":{"v":0,"d":"0.00"}},"No",{"$f":"'PART-A'!K2662","v":6334.76},{"v":0,"d":"0.00"},"20-21"]
["70",null,"Supply and fixing of  Door  of size 0.75 x 2.10mt ",{"$f":"'PART-A'!I2800","v":{"v":0,"d":"0.00"}},"No",{"$f":"'PART-A'!K2800","v":6584.41},{"v":0,"d":"0.00"},"21-22"]
["70",null,"Supply and fixing of  Door  of size 0.75 x 2.10mt ",{"$f":"'PART-A'!I2933","v":{"v":0,"d":"0.00"}},"No",{"$f":"'PART-A'!K2933","v":7015.49},{"v":0,"d":"0.00"},"22-23"]
["91",null,"Supply and fixing of  Door  of size 1.20 x 2.10mt",{"$f":"'PART-A'!I2504","v":{"v":0,"d":"0.00"}},"No",{"$f":"'PART-A'!K2504","v":10891.57},{"v":0,"d":"0.00"},"19-20"]
["67","ACT0055","Supply and fixing of  Door  of size 1.20 x 2.10mt",{"$f":"'PART-A'!I2637","v":{"v":0,"d":"0.00"}},"No",{"$f":"'PART-A'!K2637","v":4180.61},{"v":0,"d":"0.00"},"20-21"]
["91",null,"Supply and fixing of  Door  of size 1.20 x 2.10mt",{"$f":"'PART-A'!I2775","v":{"v":0,"d":"0.00"}},"No",{"$f":"'PART-A'!K2775","v":11215.33},{"v":0,"d":"0.00"},"21-22"]
["58","ACT0054","Supply and fixing of  Door  of size 1.20 x 2.10mt",{"$f":"'PART-A'!I2908","v":{"v":0,"d":"0.00"}},"No",{"$f":"'PART-A'!K2908","v":11464.42},{"v":0,"d":"0.00"},"22-23"]
["92",null,"Supply and fixing of  Door  of size 1.20 x 2.10mt",{"$f":"'PART-A'!I2509","v":{"v":0,"d":"0.00"}},"No",{"$f":"'PART-A'!K2509","v":{"v":9855.779999999999,"d":"9855.78"}},{"v":0,"d":"0.00"},"19-20"]
["65","ACT0055","Supply and fixing of  Door  of size 1.20 x 2.10mt",{"$f":"'PART-A'!I2642","v":{"v":0,"d":"0.00"}},"No",{"$f":"'PART-A'!K2642","v":{"v":9855.779999999999,"d":"9855.78"}},{"v":0,"d":"0.00"},"20-21"]
["92",null,"Supply and fixing of  Door  of size 1.20 x 2.10mt",{"$f":"'PART-A'!I2780","v":{"v":0,"d":"0.00"}},"No",{"$f":"'PART-A'!K2780","v":10134.49},{"v":0,"d":"0.00"},"21-22"]
["92",null,"Supply and fixing of  Door  of size 1.20 x 2.10mt",{"$f":"'PART-A'!I2913","v":{"v":0,"d":"0.00"}},"No",{"$f":"'PART-A'!K2913","v":11442.58},{"v":0,"d":"0.00"},"22-23"]
["71",null,"Supply and fixing of  Door  of size 1.05  x 2.10mt",{"$f":"'PART-A'!I2536","v":{"v":0,"d":"0.00"}},"No",{"$f":"'PART-A'!K2536","v":15555.64},{"v":0,"d":"0.00"},"19-20"]
["71",null,"Supply and fixing of  Door  of size 1.05  x 2.10mt",{"$f":"'PART-A'!I2670","v":{"v":0,"d":"0.00"}},"No",{"$f":"'PART-A'!K2670","v":15555.64},{"v":0,"d":"0.00"},"20-21"]
["71",null,"Supply and fixing of  Door  of size 1.05  x 2.10mt",{"$f":"'PART-A'!I2807","v":{"v":0,"d":"0.00"}},"No",{"$f":"'PART-A'!K2807","v":{"v":13789.809999999998,"d":"13789.81"}},{"v":0,"d":"0.00"},"21-22"]
["71",null,"Supply and fixing of  Door  of size 1.05  x 2.10mt",{"$f":"'PART-A'!I2940","v":{"v":0,"d":"0.00"}},"No",{"$f":"'PART-A'!K2940","v":17517.36},{"v":0,"d":"0.00"},"22-23"]
["95","ACT0056","Supply and fixing of  Door  of size 1.05  x 2.10mt",{"$f":"'PART-A'!I2543","v":{"v":0,"d":"0.00"}},"No",{"$f":"'PART-A'!K2543","v":9631.65},{"$f":"ROUND(D556*F556,0)","v":{"v":0,"d":"0.00"}},"19-20"]
["68","ACT0056","Supply and fixing of  Door  of size 1.05  x 2.10mt",{"$f":"'PART-A'!I2678","v":{"v":0,"d":"0.00"}},"No",{"$f":"'PART-A'!K2678","v":4472.53},{"v":0,"d":"0.00"},"20-21"]
["95","ACT0056","Supply and fixing of  Door  of size 1.05  x 2.10mt",{"$f":"'PART-A'!I2814","v":{"v":0,"d":"0.00"}},"No",{"$f":"'PART-A'!K2814","v":{"v":9936.039999999999,"d":"9936.04"}},{"v":0,"d":"0.00"},"21-22"]
["95","ACT0056","Supply and fixing of  Door  of size 1.05  x 2.10mt",{"$f":"'PART-A'!I2947","v":{"v":0,"d":"0.00"}},"No",{"$f":"'PART-A'!K2947","v":{"v":11186.3,"d":"11186.30"}},{"v":0,"d":"0.00"},"22-23"]
["96","ACT0523","WPC door with with Bottom frame",{"$f":"'PART-A'!I2548","v":{"v":0,"d":"0.00"}},"Sqm",{"$f":"'PART-A'!K2548","v":{"v":6011.2,"d":"6011.20"}},{"v":0,"d":"0.00"},"19-20"]
["96","ACT0523","WPC door with with Bottom frame",{"$f":"'PART-A'!I2683","v":{"v":0,"d":"0.00"}},"Sqm",{"$f":"'PART-A'!K2683","v":{"v":6011.2,"d":"6011.20"}},{"v":0,"d":"0.00"},"20-21"]
["96","ACT0523","WPC door with with Bottom frame",{"$f":"'PART-A'!I2819","v":{"v":0,"d":"0.00"}},"Sqm",{"$f":"'PART-A'!K2819","v":{"v":6057.2,"d":"6057.20"}},{"v":0,"d":"0.00"},"21-22"]
["96","ACT0523","WPC door with with Bottom frame",{"$f":"'PART-A'!I2954","v":{"v":0,"d":"0.00"}},"Sqm",{"$f":"'PART-A'!K2954","v":6958.78},{"v":0,"d":"0.00"},"22-23"]
["106","ACT0523","WPC door with without Bottom frame",{"$f":"'PART-A'!I2555","v":{"v":0,"d":"0.00"}},"Sqm",{"$f":"'PART-A'!K2555","v":5617.52},{"v":0,"d":"0.00"},"19-20"]
["106","ACT0523","WPC door with without Bottom frame",{"$f":"'PART-A'!I2690","v":{"v":0,"d":"0.00"}},"Sqm",{"$f":"'PART-A'!K2690","v":5617.52},{"v":0,"d":"0.00"},"20-21"]
["106","ACT0523","WPC door with without Bottom frame",{"$f":"'PART-A'!I2826","v":{"v":0,"d":"0.00"}},"Sqm",{"$f":"'PART-A'!K2826","v":5663.52},{"v":0,"d":"0.00"},"21-22"]
["106","ACT0523","WPC door with without Bottom frame",{"$f":"'PART-A'!I2961","v":{"v":0,"d":"0.00"}},"Sqm",{"$f":"'PART-A'!K2961","v":6508.85},{"v":0,"d":"0.00"},"22-23"]
["124",null,"30mm thick Solid panel PVC door",{"$nulls":3},{"v":0,"d":"0.00"},"19-20"]
["51","ACT0526","Providing and fixing factory made uPVC  windows 3track",{"$f":"'PART-A'!I2560","v":{"v":0,"d":"0.00"}},"Sqm",{"$f":"'PART-A'!K2560","v":{"v":8058,"d":"8058.00"}},{"v":0,"d":"0.00"},"19-20"]
["67","ACT0526","Providing and fixing factory made uPVC  windows 3track",{"$f":"'PART-A'!I2696","v":{"v":0,"d":"0.00"}},"Sqm",{"$f":"'PART-A'!K2696","v":{"v":8058,"d":"8058.00"}},{"v":0,"d":"0.00"},"20-21"]
["69","ACT0526","Providing and fixing factory made uPVC  windows 3track",{"$f":"'PART-A'!I2832","v":{"v":0,"d":"0.00"}},"Sqm",{"$f":"'PART-A'!K2832","v":{"v":8058,"d":"8058.00"}},{"v":0,"d":"0.00"},"21-22"]
["59","ACT0526","Providing and fixing factory made uPVC  windows 3track",{"$f":"'PART-A'!I2966","v":{"v":0,"d":"0.00"}},"Sqm",{"$f":"'PART-A'!K2966","v":{"v":8622,"d":"8622.00"}},{"v":0,"d":"0.00"},"22-23"]
["100","ACT0525","Providing and fixing factory made uPVC  windows 2track",{"$f":"'PART-A'!I2564","v":{"v":0,"d":"0.00"}},"Sqm",{"$f":"'PART-A'!K2564","v":{"v":6038,"d":"6038.00"}},{"v":0,"d":"0.00"},"19-20"]
["68","ACT0525","Providing and fixing factory made uPVC  windows 2track",{"$f":"'PART-A'!I2700","v":{"v":0,"d":"0.00"}},"Sqm",{"$f":"'PART-A'!K2700","v":{"v":6038,"d":"6038.00"}},{"v":0,"d":"0.00"},"20-21"]
["100","ACT0525","Providing and fixing factory made uPVC  windows 2track",{"$f":"'PART-A'!I2836","v":{"v":0,"d":"0.00"}},"Sqm",{"$f":"'PART-A'!K2836","v":{"v":6038,"d":"6038.00"}},{"v":0,"d":"0.00"},"21-22"]
["100","ACT0525","Providing and fixing factory made uPVC  windows 2track",{"$f":"'PART-A'!I2970","v":{"v":0,"d":"0.00"}},"Sqm",{"$f":"'PART-A'!K2970","v":{"v":6460,"d":"6460.00"}},{"v":0,"d":"0.00"},"22-23"]
["98","ACT0077","Providing and fixing factory made uPVC  windows single track",{"$f":"'PART-A'!I2568","v":{"v":0,"d":"0.00"}},"Sqm",{"$f":"'PART-A'!K2568","v":{"v":5830,"d":"5830.00"}},{"v":0,"d":"0.00"},"19-20"]
["98","ACT0077","Providing and fixing factory made uPVC  windows single track",{"$f":"'PART-A'!I2706","v":{"v":0,"d":"0.00"}},"Sqm",{"$f":"'PART-A'!K2706","v":{"v":5830,"d":"5830.00"}},{"v":0,"d":"0.00"},"20-21"]
["98","ACT0077","Providing and fixing factory made uPVC  windows single track",{"$f":"'PART-A'!I2840","v":{"v":0,"d":"0.00"}},"Sqm",{"$f":"'PART-A'!K2840","v":{"v":5830,"d":"5830.00"}},{"v":0,"d":"0.00"},"21-22"]
["98","ACT0077","Providing and fixing factory made uPVC  windows single track",{"$f":"'PART-A'!I2974","v":{"v":0,"d":"0.00"}},"Sqm",{"$f":"'PART-A'!K2974","v":{"v":6238,"d":"6238.00"}},{"v":0,"d":"0.00"},"22-23"]
[null,"ACT0532","Single fixed Louvers Ventilator",{"$f":"'PART-A'!I2573","v":{"v":0,"d":"0.00"}},"Sqm",{"$f":"'PART-A'!K2573","v":{"v":3797,"d":"3797.00"}},{"v":0,"d":"0.00"},"19-20"]
[null,"ACT0532","Single fixed Louvers Ventilator",{"$f":"'PART-A'!I2711","v":{"v":0,"d":"0.00"}},"Sqm",{"$f":"'PART-A'!K2711","v":{"v":3797,"d":"3797.00"}},{"v":0,"d":"0.00"},"20-21"]
[null,"ACT0532","Single fixed Louvers Ventilator",{"$f":"'PART-A'!I2845","v":{"v":0,"d":"0.00"}},"Sqm",{"$f":"'PART-A'!K2845","v":{"v":3797,"d":"3797.00"}},{"v":0,"d":"0.00"},"21-22"]
[null,"ACT0532","Single fixed Louvers Ventilator",{"$f":"'PART-A'!I2979","v":{"v":0,"d":"0.00"}},"Sqm",{"$f":"'PART-A'!K2979","v":{"v":4062,"d":"4062.00"}},{"v":0,"d":"0.00"},"22-23"]
["106",null,"Supplying and fixing of  ventilator",{"$f":"'PART-A'!I2578","v":{"v":0,"d":"0.00"}},"No",{"$f":"'PART-A'!K2578","v":494.94},{"v":0,"d":"0.00"},"19-20"]
["106",null,"Supplying and fixing of  ventilator",{"$f":"'PART-A'!I2716","v":{"v":0,"d":"0.00"}},"No",{"$f":"'PART-A'!K2716","v":494.64},{"v":0,"d":"0.00"},"20-21"]
["106",null,"Supplying and fixing of  ventilator",{"$f":"'PART-A'!I2850","v":{"v":0,"d":"0.00"}},"No",{"$f":"'PART-A'!K2850","v":520.87},{"v":0,"d":"0.00"},"21-22"]
["106",null,"Supplying and fixing of  ventilator",{"$f":"'PART-A'!I2984","v":{"v":0,"d":"0.00"}},"No",{"$f":"'PART-A'!K2984","v":576.98},{"$f":"ROUND(D588*F588,0)","v":{"v":0,"d":"0.00"}},"22-23"]
["99","ACT0064","S&F of Cement Jolleys 50mm thick",{"$f":"'PART-A'!I2583","v":{"v":0,"d":"0.00"}},"Sqm",{"$f":"'PART-A'!K2583","v":{"v":513.1,"d":"513.10"}},{"v":0,"d":"0.00"},"19-20"]
["99","ACT0064","S&F of Cement Jolleys 50mm thick",{"$f":"'PART-A'!I2721","v":{"v":0,"d":"0.00"}},"Sqm",{"$f":"'PART-A'!K2721","v":{"v":529.5,"d":"529.50"}},{"v":0,"d":"0.00"},"20-21"]
["99","ACT0064","S&F of Cement Jolleys 50mm thick",{"$f":"'PART-A'!I2855","v":{"v":0,"d":"0.00"}},"Sqm",{"$f":"'PART-A'!K2855","v":554.35},{"v":0,"d":"0.00"},"21-22"]
["99","ACT0064","S&F of Cement Jolleys 50mm thick",{"$f":"'PART-A'!I2990","v":{"v":0,"d":"0.00"}},"Sqm",{"$f":"'PART-A'!K2990","v":{"v":604.0799999999999,"d":"604.08"}},{"v":0,"d":"0.00"},"22-23"]
["60","ACT0066","Supplying  & fixing of Iron  Grills ",{"$f":"'PART-A'!I2588","v":{"v":320,"d":"320.00"}},"kgs",{"$f":"'PART-A'!K2588","v":{"v":84.00999999999999,"d":"84.01"}},{"v":26883,"d":"26883.00"},"19-20"]
["76","ACT0066","Supplying  & fixing of Iron  Grills ",{"$f":"'PART-A'!I2726","v":{"v":0,"d":"0.00"}},"kgs",{"$f":"'PART-A'!K2726","v":{"v":82.8,"d":"82.80"}},{"v":0,"d":"0.00"},"20-21"]
["76","ACT0066","Supplying  & fixing of Iron  Grills ",{"$f":"'PART-A'!I2861","v":{"v":0,"d":"0.00"}},"kgs",{"$f":"'PART-A'!K2861","v":95.89},{"v":0,"d":"0.00"},"21-22"]
["61","ACT0066","Supplying  & fixing of Iron  Grills ",{"$f":"'PART-A'!I2995","v":{"v":0,"d":"0.00"}},"kgs",{"$f":"'PART-A'!K2995","v":110.99},{"v":0,"d":"0.00"},"22-23"]
["101",null,"Supplying  & fixing of Iron  Grills ",{"$f":"'PART-A'!I2595","v":{"v":0,"d":"0.00"}},"Sqm",{"$f":"'PART-A'!K2595","v":2353.58},{"v":0,"d":"0.00"},"19-20"]
["101",null,"Supplying  & fixing of Iron  Grills ",{"$f":"'PART-A'!I2731","v":{"v":0,"d":"0.00"}},"Sqm",{"$f":"'PART-A'!K2731","v":2324.02},null,"20-21",null,{"$f":"ROUND(D598*F598,0)","v":{"v":0,"d":"0.00"}}]
["52",null,"Supplying  & fixing of Iron  Grills ",{"$f":"'PART-A'!I2866","v":{"v":0,"d":"0.00"}},"Sqm",{"$f":"'PART-A'!K2866","v":2719.44},{"$f":"ROUND(D599*F599,0)","v":{"v":0,"d":"0.00"}},"21-22"]
["101",null,"Supplying  & fixing of Iron  Grills ",{"$f":"'PART-A'!I3002","v":{"v":0,"d":"0.00"}},"Sqm",{"$f":"'PART-A'!K3002","v":3138.49},{"v":0,"d":"0.00"},"22-23"]
["59",null,"Supplying  & fixing of MS tube",{"$f":"'PART-A'!I2600","v":{"v":0,"d":"0.00"}},"Sqm",{"$f":"'PART-A'!K2600","v":{"v":106.5,"d":"106.50"}},{"v":0,"d":"0.00"},"19-20"]
["59",null,"Supplying  & fixing of MS tube",{"$f":"'PART-A'!I2736","v":{"v":0,"d":"0.00"}},"Sqm",{"$f":"'PART-A'!K2736","v":{"v":106.5,"d":"106.50"}},{"v":0,"d":"0.00"},"20-21"]
["59",null,"Supplying  & fixing of MS tube",{"$f":"'PART-A'!I2871","v":{"v":0,"d":"0.00"}},"Sqm",{"$f":"'PART-A'!K2871","v":114.65},{"v":0,"d":"0.00"},"21-22"]
["59",null,"Supplying  & fixing of MS tube",{"$f":"'PART-A'!I3007","v":{"v":0,"d":"0.00"}},"Sqm",{"$f":"'PART-A'!K3007","v":{"v":126.9,"d":"126.90"}},{"v":0,"d":"0.00"},"22-23"]
["102",null,"Supplying  & fixing of stainless steel hand rail",{"$f":"'PART-A'!I2605","v":{"v":0,"d":"0.00"}},"Sqm",{"$f":"'PART-A'!K2605","v":2839.34},{"v":0,"d":"0.00"},"19-20"]
["102",null,"Supplying  & fixing of stainless steel hand rail",{"$f":"'PART-A'!I2743","v":{"v":0,"d":"0.00"}},"Sqm",{"$f":"'PART-A'!K2743","v":2839.34},null,"20-21",null,{"$f":"ROUND(D606*F606,0)","v":{"v":0,"d":"0.00"}}]
["102",null,"Supplying  & fixing of stainless steel hand rail",{"$f":"'PART-A'!I2876","v":{"v":0,"d":"0.00"}},"Sqm",{"$f":"'PART-A'!K2876","v":3034.69},{"$f":"ROUND(D607*F607,0)","v":{"v":0,"d":"0.00"}},"21-22"]
["102",null,"Supplying  & fixing of stainless steel hand rail",{"$f":"'PART-A'!I3017","v":{"v":0,"d":"0.00"}},"Sqm",{"$f":"'PART-A'!K3017","v":3345.94},{"v":0,"d":"0.00"},"22-23"]
["78",null,"Supplying  & fixing of stainless steel RamP",{"$f":"'PART-A'!I2613","v":{"v":0,"d":"0.00"}},"Sqm",{"$f":"'PART-A'!K2613","v":1258.89},{"v":0,"d":"0.00"},"19-20"]
["78",null,"Supplying  & fixing of stainless steel RamP",{"$f":"'PART-A'!I2751","v":{"v":0,"d":"0.00"}},"Sqm",{"$f":"'PART-A'!K2751","v":1258.89},{"v":0,"d":"0.00"},"20-21"]
["78",null,"Supplying  & fixing of stainless steel RamP",{"$f":"'PART-A'!I2884","v":{"v":0,"d":"0.00"}},"Sqm",{"$f":"'PART-A'!K2884","v":1357.37},{"v":0,"d":"0.00"},"21-22"]
["78",null,"Supplying  & fixing of stainless steel RamP",{"$f":"'PART-A'!I3025","v":{"v":0,"d":"0.00"}},"Sqm",{"$f":"'PART-A'!K3025","v":1514.34},{"v":0,"d":"0.00"},"22-23"]
["78","ACT0076","Supplying  & fixing of stainless steel ",{"$f":"'PART-A'!I2618","v":{"v":0,"d":"0.00"}},"kgs",{"$f":"'PART-A'!K2618","v":470.28},{"v":0,"d":"0.00"},"19-20"]
["78","ACT0076","Supplying  & fixing of stainless steel ",{"$f":"'PART-A'!I2756","v":{"v":0,"d":"0.00"}},"kgs",{"$f":"'PART-A'!K2756","v":470.28},{"v":0,"d":"0.00"},"20-21"]
["78","ACT0076","Supplying  & fixing of stainless steel ",{"$f":"'PART-A'!I2889","v":{"v":0,"d":"0.00"}},"kgs",{"$f":"'PART-A'!K2889","v":{"v":508,"d":"508.00"}},{"v":0,"d":"0.00"},"21-22"]
["78","ACT0076","Supplying  & fixing of stainless steel ",{"$f":"'PART-A'!I3030","v":{"v":0,"d":"0.00"}},"kgs",{"$f":"'PART-A'!K3030","v":568.35},{"v":0,"d":"0.00"},"22-23"]
["110",null,"Full Rounding the edges of  Granite stone slabs",{"$f":"'PART-A'!I2626","v":{"v":0,"d":"0.000"}},"Rm",{"$f":"'PART-A'!K2626","v":{"v":412,"d":"412.000"}},{"v":0,"d":"0.00"},"19-20"]
["110",null,"Full Rounding the edges of  Granite stone slabs",{"$f":"'PART-A'!I2764","v":{"v":0,"d":"0.000"}},"Rm",{"$f":"'PART-A'!K2764","v":{"v":412,"d":"412.000"}},{"v":0,"d":"0.00"},"20-21"]
["110",null,"Full Rounding the edges of  Granite stone slabs",{"$f":"'PART-A'!I2897","v":{"v":0,"d":"0.000"}},"Rm",{"$f":"'PART-A'!K2897","v":{"v":438,"d":"438.000"}},{"v":0,"d":"0.00"},"21-22"]
["110",null,"Full Rounding the edges of  Granite stone slabs",{"$f":"'PART-A'!I3038","v":{"v":0,"d":"0.000"}},"Rm",{"$f":"'PART-A'!K3038","v":{"v":453,"d":"453.000"}},{"v":0,"d":"0.00"},"22-23"]
[null,null,"Providing & Supply of Water supply  and Sanitation items",{"$nulls":3},{"v":0,"d":"0.00"},"19-20"]
["53","ACT0125","S&F of 32mm dia CPVC pipes",{"$f":"'PART-A'!I3044","v":{"v":0,"d":"0.00"}},"Rm",{"$f":"'PART-A'!K3044","v":{"v":193,"d":"193.00"}},{"v":0,"d":"0.00"},"19-20"]
["37","ACT0125","S&F of 32mm dia CPVC pipes",{"$f":"'PART-A'!I3182","v":{"v":0,"d":"0.00"}},"Rm",{"$f":"'PART-A'!K3182","v":{"v":193,"d":"193.00"}},{"v":0,"d":"0.00"},"20-21"]
["37","ACT0125","S&F of 32mm dia CPVC pipes",{"$f":"'PART-A'!I3320","v":{"v":0,"d":"0.00"}},"Rm",{"$f":"'PART-A'!K3320","v":{"v":202,"d":"202.00"}},{"v":0,"d":"0.00"},"21-22"]
["37","ACT0125","S&F of 32mm dia CPVC pipes",{"$f":"'PART-A'!I3462","v":{"v":0,"d":"0.00"}},"Rm",{"$f":"'PART-A'!K3462","v":{"v":214,"d":"214.00"}},{"v":0,"d":"0.00"},"22-23"]
["54","ACT0126","S&F of 25mm dia CPVC pipes",{"$f":"'PART-A'!I3049","v":{"v":0,"d":"0.00"}},"Rm",{"$f":"'PART-A'!K3049","v":{"v":123,"d":"123.00"}},{"v":0,"d":"0.00"},"19-20"]
["69","ACT0126","S&F of 25mm dia CPVC pipes",{"$f":"'PART-A'!I3187","v":{"v":0,"d":"0.00"}},"Rm",{"$f":"'PART-A'!K3187","v":{"v":123,"d":"123.00"}},{"v":0,"d":"0.00"},"20-21"]
["105","ACT0126","S&F of 25mm dia CPVC pipes",{"$f":"'PART-A'!I3325","v":{"v":0,"d":"0.00"}},"Rm",{"$f":"'PART-A'!K3325","v":{"v":129,"d":"129.00"}},{"v":0,"d":"0.00"},"21-22"]
["105","ACT0126","S&F of 25mm dia CPVC pipes",{"$f":"'PART-A'!I3467","v":{"v":0,"d":"0.00"}},"Rm",{"$f":"'PART-A'!K3467","v":{"v":136,"d":"136.00"}},{"v":0,"d":"0.00"},"22-23"]
["55","ACT0127","S&F of 20mm dia CPVC pipes",{"$f":"'PART-A'!I3054","v":{"v":0,"d":"0.00"}},"Rm",{"$f":"'PART-A'!K3054","v":{"v":85,"d":"85.00"}},{"v":0,"d":"0.00"},"19-20"]
["70","ACT0127","S&F of 20mm dia CPVC pipes",{"$f":"'PART-A'!I3192","v":{"v":0,"d":"0.00"}},"Rm",{"$f":"'PART-A'!K3192","v":{"v":85,"d":"85.00"}},{"v":0,"d":"0.00"},"20-21"]
["56","ACT0127","S&F of 20mm dia CPVC pipes",{"$f":"'PART-A'!I3331","v":{"v":0,"d":"0.00"}},"Rm",{"$f":"'PART-A'!K3331","v":{"v":89,"d":"89.00"}},{"v":0,"d":"0.00"},"21-22"]
["104","ACT0127","S&F of 20mm dia CPVC pipes",{"$f":"'PART-A'!I3472","v":{"v":0,"d":"0.00"}},"Rm",{"$f":"'PART-A'!K3472","v":{"v":94,"d":"94.00"}},{"v":0,"d":"0.00"},"22-23"]
["113",null,"S&F of 25mm dia PVC pies",{"$f":"'PART-A'!I3059","v":{"v":0,"d":"0.00"}},"Rm",{"$f":"'PART-A'!K3059","v":{"v":24,"d":"24.00"}},{"v":0,"d":"0.00"},"19-20"]
["113",null,"S&F of 25mm dia PVC pies",{"$f":"'PART-A'!I3197","v":{"v":0,"d":"0.00"}},"Rm",{"$f":"'PART-A'!K3197","v":{"v":24,"d":"24.00"}},{"v":0,"d":"0.00"},"20-21"]
["113",null,"S&F of 25mm dia PVC pies",{"$f":"'PART-A'!I3336","v":{"v":0,"d":"0.00"}},"Rm",{"$f":"'PART-A'!K3336","v":{"v":33,"d":"33.00"}},{"v":0,"d":"0.00"},"21-22"]
["113",null,"S&F of 25mm dia PVC pies",{"$f":"'PART-A'!I3477","v":{"v":0,"d":"0.00"}},"Rm",{"$f":"'PART-A'!K3477","v":{"v":35,"d":"35.00"}},{"v":0,"d":"0.00"},"22-23"]
["58","ACT0179","Labour charges for CPVC PIPes ",{"$f":"'PART-A'!I3064","v":{"v":0,"d":"0.00"}},"Rm",{"$f":"'PART-A'!K3064","v":{"v":31,"d":"31.00"}},{"v":0,"d":"0.00"},"19-20"]
["71","ACT0179","Labour charges for CPVC PIPes ",{"$f":"'PART-A'!I3202","v":{"v":0,"d":"0.00"}},"Rm",{"$f":"'PART-A'!K3202","v":{"v":31,"d":"31.00"}},{"$f":"ROUND(D639*F639,0)","v":{"v":0,"d":"0.00"}},"20-21"]
["59","ACT0179","Labour charges for CPVC PIPes ",{"$f":"'PART-A'!I3342","v":{"v":0,"d":"0.00"}},"Rm",{"$f":"'PART-A'!K3342","v":{"v":33,"d":"33.00"}},{"v":0,"d":"0.00"},"21-22"]
["109","ACT0179","Labour charges for CPVC PIPes ",{"$f":"'PART-A'!I3482","v":{"v":0,"d":"0.00"}},"Rm",{"$f":"'PART-A'!K3482","v":{"v":33,"d":"33.00"}},{"v":0,"d":"0.00"},"22-23"]
["60","ACT0115","S&F of Bib Type Taps",{"$f":"'PART-A'!I3069","v":{"v":0,"d":"0.00"}},"No",{"$f":"'PART-A'!K3069","v":{"v":349,"d":"349.00"}},{"v":0,"d":"0.00"},"19-20"]
["72","ACT0115","S&F of Bib Type Taps",{"$f":"'PART-A'!I3207","v":{"v":0,"d":"0.00"}},"No",{"$f":"'PART-A'!K3207","v":{"v":349,"d":"349.00"}},{"v":0,"d":"0.00"},"20-21"]
["111","ACT0115","S&F of Bib Type Taps",{"$f":"'PART-A'!I3347","v":{"v":0,"d":"0.00"}},"No",{"$f":"'PART-A'!K3347","v":{"v":366,"d":"366.00"}},{"v":0,"d":"0.00"},"21-22"]
["111","ACT0115","S&F of Bib Type Taps",{"$f":"'PART-A'!I3487","v":{"v":0,"d":"0.00"}},"No",{"$f":"'PART-A'!K3487","v":{"v":387,"d":"387.00"}},{"v":0,"d":"0.00"},"22-23"]
["61","ACT0141","Bibcock cum Health Faucet with 1m long tube and wall hook",{"$f":"'PART-A'!I3074","v":{"v":0,"d":"0.00"}},"No",{"$f":"'PART-A'!K3074","v":{"v":1483,"d":"1483.00"}},{"v":0,"d":"0.00"},"19-20"]
["72","ACT0141","Bibcock cum Health Faucet with 1m long tube and wall hook",{"$f":"'PART-A'!I3212","v":{"v":0,"d":"0.00"}},"No",{"$f":"'PART-A'!K3212","v":{"v":2769,"d":"2769.00"}},{"v":0,"d":"0.00"},"20-21"]
["43","ACT0141","Bibcock cum Health Faucet with 1m long tube and wall hook",{"$f":"'PART-A'!I3352","v":{"v":0,"d":"0.00"}},"No",{"$f":"'PART-A'!K3352","v":{"v":1554,"d":"1554.00"}},{"v":0,"d":"0.00"},"21-22"]
["43","ACT0141","Bibcock cum Health Faucet with 1m long tube and wall hook",{"$f":"'PART-A'!I3492","v":{"v":0,"d":"0.00"}},"No",{"$f":"'PART-A'!K3492","v":{"v":1644,"d":"1644.00"}},{"v":0,"d":"0.00"},"22-23"]
["62","ACT0120","S&F of 110mm dia PVC Pipes",{"$f":"'PART-A'!I3079","v":{"v":0,"d":"0.00"}},"Rm",{"$f":"'PART-A'!K3079","v":{"v":136.66666666666666,"d":"136.67"}},{"v":0,"d":"0.00"},"19-20"]
["73","ACT0120","S&F of 110mm dia PVC Pipes",{"$f":"'PART-A'!I3217","v":{"v":0,"d":"0.00"}},"Rm",{"$f":"'PART-A'!K3217","v":{"v":136.66666666666666,"d":"136.67"}},{"v":0,"d":"0.00"},"20-21"]
["63","ACT0120","S&F of 110mm dia PVC Pipes",{"$f":"'PART-A'!I3358","v":{"v":0,"d":"0.00"}},"Rm",{"$f":"'PART-A'!K3358","v":{"v":142,"d":"142.00"}},{"v":0,"d":"0.00"},"21-22"]
["114","ACT0120","S&F of 110mm dia PVC Pipes",{"$f":"'PART-A'!I3497","v":{"v":0,"d":"0.00"}},"Rm",{"$f":"'PART-A'!K3497","v":{"v":149,"d":"149.00"}},{"v":0,"d":"0.00"},"22-23"]
["64",null,"S&F of 90mm dia PVC Pipes",{"$f":"'PART-A'!I3084","v":{"v":0,"d":"0.00"}},"Rm",{"$f":"'PART-A'!K3084","v":{"v":129.66666666666666,"d":"129.67"}},{"v":0,"d":"0.00"},"19-20"]
["123",null,"S&F of 90mm dia PVC Pipes",{"$f":"'PART-A'!I3222","v":{"v":0,"d":"0.00"}},"Rm",{"$f":"'PART-A'!K3222","v":{"v":129.66666666666666,"d":"129.67"}},{"v":0,"d":"0.00"},"20-21"]
["123",null,"S&F of 90mm dia PVC Pipes",{"$f":"'PART-A'!I3363","v":{"v":0,"d":"0.00"}},"Rm",{"$f":"'PART-A'!K3363","v":{"v":135,"d":"135.00"}},{"v":0,"d":"0.00"},"21-22"]
["123",null,"S&F of 90mm dia PVC Pipes",{"$f":"'PART-A'!I3502","v":{"v":0,"d":"0.00"}},"Rm",{"$f":"'PART-A'!K3502","v":{"v":141.66666666666666,"d":"141.67"}},{"v":0,"d":"0.00"},"22-23"]
["65","ACT0121","S&F of 75mm dia PVC Pipes",{"$f":"'PART-A'!I3089","v":{"v":0,"d":"0.00"}},"Rm",{"$f":"'PART-A'!K3089","v":{"v":81.33333333333333,"d":"81.33"}},{"v":0,"d":"0.00"},"19-20"]
["74","ACT0121","S&F of 75mm dia PVC Pipes",{"$f":"'PART-A'!I3227","v":{"v":0,"d":"0.00"}},"Rm",{"$f":"'PART-A'!K3227","v":{"v":81.33333333333333,"d":"81.33"}},{"v":0,"d":"0.00"},"20-21"]
["66","ACT0121","S&F of 75mm dia PVC Pipes",{"$f":"'PART-A'!I3369","v":{"v":0,"d":"0.00"}},"Rm",{"$f":"'PART-A'!K3369","v":{"v":84.66666666666667,"d":"84.67"}},{"v":0,"d":"0.00"},"21-22"]
["117","ACT0121","S&F of 75mm dia PVC Pipes",{"$f":"'PART-A'!I3507","v":{"v":0,"d":"0.00"}},"Rm",{"$f":"'PART-A'!K3507","v":{"v":89,"d":"89.00"}},{"v":0,"d":"0.00"},"22-23"]
["67","ACT0179","Labour charges for PVC PIPes ",{"$f":"'PART-A'!I3095","v":{"v":0,"d":"0.00"}},"Rm",{"$f":"'PART-A'!K3095","v":{"v":70,"d":"70.00"}},{"v":0,"d":"0.00"},"19-20"]
["75","ACT0179","Labour charges for PVC PIPes ",{"$f":"'PART-A'!I3233","v":{"v":0,"d":"0.00"}},"Rm",{"$f":"'PART-A'!K3233","v":{"v":70,"d":"70.00"}},{"v":0,"d":"0.00"},"20-21"]
["68","ACT0179","Labour charges for PVC PIPes ",{"$f":"'PART-A'!I3375","v":{"v":0,"d":"0.00"}},"Rm",{"$f":"'PART-A'!K3375","v":{"v":74,"d":"74.00"}},{"v":0,"d":"0.00"},"21-22"]
["119","ACT0179","Labour charges for PVC PIPes ",{"$f":"'PART-A'!I3513","v":{"v":0,"d":"0.00"}},"Rm",{"$f":"'PART-A'!K3513","v":{"v":79,"d":"79.00"}},{"v":0,"d":"0.00"},"22-23"]
["69",null,"Inspection chamber",{"$nulls":4},"19-20"]
["70","ACT0108","S&F of European type water closet",{"$f":"'PART-A'!I3100","v":{"v":0,"d":"0.00"}},"No",{"$f":"'PART-A'!K3100","v":{"v":4776,"d":"4776.00"}},{"$f":"ROUND(D667*F667,0)","v":{"v":0,"d":"0.00"}},"19-20"]
["76","ACT0108","S&F of European type water closet",{"$f":"'PART-A'!I3238","v":{"v":0,"d":"0.00"}},"No",{"$f":"'PART-A'!K3238","v":{"v":4776,"d":"4776.00"}},{"v":0,"d":"0.00"},"20-21"]
["122","ACT0108","S&F of European type water closet",{"$f":"'PART-A'!I3380","v":{"v":0,"d":"0.00"}},"No",{"$f":"'PART-A'!K3380","v":{"v":5006,"d":"5006.00"}},{"v":0,"d":"0.00"},"21-22"]
["122","ACT0108","S&F of European type water closet",{"$f":"'PART-A'!I3518","v":{"v":0,"d":"0.00"}},"No",{"$f":"'PART-A'!K3518","v":{"v":5297,"d":"5297.00"}},{"v":0,"d":"0.00"},"22-23"]
["80","ACT0175","S&F of Indian type water closet",{"$f":"'PART-A'!I3105","v":{"v":0,"d":"0.00"}},"No",{"$f":"'PART-A'!K3105","v":{"v":934,"d":"934.00"}},{"v":0,"d":"0.00"},"19-20"]
["80","ACT0175","S&F of Indian type water closet",{"$f":"'PART-A'!I3243","v":{"v":0,"d":"0.00"}},"No",{"$f":"'PART-A'!K3243","v":{"v":934,"d":"934.00"}},{"v":0,"d":"0.00"},"20-21"]
["80","ACT0175","S&F of Indian type water closet",{"$f":"'PART-A'!I3385","v":{"v":0,"d":"0.00"}},"No",{"$f":"'PART-A'!K3385","v":{"v":979,"d":"979.00"}},{"v":0,"d":"0.00"},"21-22"]
["80","ACT0175","S&F of Indian type water closet",{"$f":"'PART-A'!I3523","v":{"v":0,"d":"0.00"}},"No",{"$f":"'PART-A'!K3523","v":{"v":1036,"d":"1036.00"}},{"v":0,"d":"0.00"},"22-23"]
["71","ACT0114","S&F of Wash basin",{"$f":"'PART-A'!I3115","v":{"v":0,"d":"0.00"}},"No",{"$f":"'PART-A'!K3115","v":{"v":1827,"d":"1827.00"}},{"v":0,"d":"0.00"},"19-20"]
["77","ACT0114","S&F of Wash basin",{"$f":"'PART-A'!I3253","v":{"v":0,"d":"0.00"}},"No",{"$f":"'PART-A'!K3253","v":{"v":1827,"d":"1827.00"}},{"v":0,"d":"0.00"},"20-21"]
["122","ACT0114","S&F of Wash basin",{"$f":"'PART-A'!I3395","v":{"v":0,"d":"0.00"}},"No",{"$f":"'PART-A'!K3395","v":{"v":1915,"d":"1915.00"}},{"v":0,"d":"0.00"},"21-22"]
["122","ACT0114","S&F of Wash basin",{"$f":"'PART-A'!I3533","v":{"v":0,"d":"0.00"}},"No",{"$f":"'PART-A'!K3533","v":{"v":2025,"d":"2025.00"}},{"v":0,"d":"0.00"},"22-23"]
["124","ACT0174","S&F of Urinals",{"$f":"'PART-A'!I3110","v":{"v":0,"d":"0.00"}},"No",{"$f":"'PART-A'!K3110","v":{"v":2385,"d":"2385.00"}},{"v":0,"d":"0.00"},"19-20"]
["77","ACT0174","S&F of Urinals",{"$f":"'PART-A'!I3248","v":{"v":0,"d":"0.00"}},"No",{"$f":"'PART-A'!K3248","v":{"v":2385,"d":"2385.00"}},{"v":0,"d":"0.00"},"20-21"]
["124","ACT0174","S&F of Urinals",{"$f":"'PART-A'!I3390","v":{"v":0,"d":"0.00"}},"No",{"$f":"'PART-A'!K3390","v":{"v":2499,"d":"2499.00"}},{"v":0,"d":"0.00"},"21-22"]
["124","ACT0174","S&F of Urinals",{"$f":"'PART-A'!I3528","v":{"v":0,"d":"0.00"}},"No",{"$f":"'PART-A'!K3528","v":{"v":2644,"d":"2644.00"}},{"v":0,"d":"0.00"},"22-23"]
["72","ACT0131","Nahany trap with Jali-  PVC/SWR Pipe fittings",{"$f":"'PART-A'!I3120","v":{"v":0,"d":"0.00"}},"No",{"$f":"'PART-A'!K3120","v":{"v":122,"d":"122.00"}},{"v":0,"d":"0.00"},"19-20"]
["78","ACT0131","Nahany trap with Jali-  PVC/SWR Pipe fittings",{"$f":"'PART-A'!I3258","v":{"v":0,"d":"0.00"}},"No",{"$f":"'PART-A'!K3258","v":{"v":86,"d":"86.00"}},{"v":0,"d":"0.00"},"20-21"]
["126","ACT0131","Nahany trap with Jali-  PVC/SWR Pipe fittings",{"$f":"'PART-A'!I3400","v":{"v":0,"d":"0.00"}},"No",{"$f":"'PART-A'!K3400","v":{"v":89,"d":"89.00"}},{"v":0,"d":"0.00"},"21-22"]
["126","ACT0131","Nahany trap with Jali-  PVC/SWR Pipe fittings",{"$f":"'PART-A'!I3538","v":{"v":0,"d":"0.00"}},"No",{"$f":"'PART-A'!K3538","v":{"v":93,"d":"93.00"}},{"v":0,"d":"0.00"},"22-23"]
["74","ACT0135","S&F of Synthatic Water storage tank",{"$f":"'PART-A'!I3125","v":{"v":0,"d":"0.00"}},"lt",{"$f":"'PART-A'!K3125","v":{"v":6,"d":"6.00"}},{"v":0,"d":"0.00"},"19-20"]
["79","ACT0135","S&F of Synthatic Water storage tank",{"$f":"'PART-A'!I3263","v":{"v":0,"d":"0.00"}},"lt",{"$f":"'PART-A'!K3263","v":{"v":6,"d":"6.00"}},{"v":0,"d":"0.00"},"20-21"]
["126","ACT0135","S&F of Synthatic Water storage tank",{"$f":"'PART-A'!I3405","v":{"v":0,"d":"0.00"}},"lt",{"$f":"'PART-A'!K3405","v":{"v":6,"d":"6.00"}},{"v":0,"d":"0.00"},"21-22"]
["126","ACT0135","S&F of Synthatic Water storage tank",{"$f":"'PART-A'!I3543","v":{"v":0,"d":"0.00"}},"lt",{"$f":"'PART-A'!K3543","v":{"v":9.5,"d":"9.50"}},{"v":0,"d":"0.00"},"22-23"]
["140",null,"Drilling with165mm dia borewell",{"$f":"'PART-A'!I3128","v":{"v":0,"d":"0.00"}},"Rm",{"$f":"'PART-A'!K3128","v":{"v":446.4,"d":"446.40"}},null,"19-20",null,{"$f":"ROUND(D691*F691,0)","v":{"v":0,"d":"0.00"}}]
["140",null,"Drilling with165mm dia borewell",{"$f":"'PART-A'!I3266","v":{"v":0,"d":"0.00"}},"Rm",{"$f":"'PART-A'!K3266","v":{"v":446.4,"d":"446.40"}},null,"20-21",null,{"$f":"ROUND(D692*F692,0)","v":{"v":0,"d":"0.00"}}]
["140",null,"Drilling with165mm dia borewell",{"$f":"'PART-A'!I3408","v":{"v":0,"d":"0.00"}},"Rm",{"$f":"'PART-A'!K3408","v":{"v":470,"d":"470.00"}},{"v":0,"d":"0.00"},"21-22"]
["140",null,"Drilling with165mm dia borewell",{"$f":"'PART-A'!I3546","v":{"v":0,"d":"0.00"}},"Rm",{"$f":"'PART-A'!K3546","v":{"v":446.4,"d":"446.40"}},{"v":0,"d":"0.00"},"22-23"]
["64",null,"Drilling with165mm dia borewell",{"$f":"'PART-A'!I3129","v":{"v":0,"d":"0.00"}},"Rm",{"$f":"'PART-A'!K3129","v":{"v":477.6,"d":"477.60"}},null,"19-20",null,{"$f":"ROUND(D695*F695,0)","v":{"v":0,"d":"0.00"}}]
["64",null,"Drilling with165mm dia borewell",{"$f":"'PART-A'!I3267","v":{"v":0,"d":"0.00"}},"Rm",{"$f":"'PART-A'!K3267","v":{"v":477.6,"d":"477.60"}},{"v":0,"d":"0.00"},"20-21"]
["64",null,"Drilling with165mm dia borewell",{"$f":"'PART-A'!I3409","v":{"v":0,"d":"0.00"}},"Rm",{"$f":"'PART-A'!K3409","v":{"v":502,"d":"502.00"}},{"v":0,"d":"0.00"},"21-22"]
["64",null,"Drilling with165mm dia borewell",{"$f":"'PART-A'!I3547","v":{"v":0,"d":"0.00"}},"Rm",{"$f":"'PART-A'!K3547","v":{"v":477.6,"d":"477.60"}},{"v":0,"d":"0.00"},"22-23"]
["65",null,"Drilling with165mm dia borewell",{"$f":"'PART-A'!I3130","v":{"v":0,"d":"0.00"}},"Rm",{"$f":"'PART-A'!K3130","v":{"v":600,"d":"600.00"}},{"$f":"ROUND(D699*F699,0)","v":{"v":0,"d":"0.00"}},"19-20"]
["65",null,"Drilling with165mm dia borewell",{"$f":"'PART-A'!I3268","v":{"v":0,"d":"0.00"}},"Rm",{"$f":"'PART-A'!K3268","v":{"v":535.7,"d":"535.70"}},{"v":0,"d":"0.00"},"20-21"]
["65",null,"Drilling with165mm dia borewell",{"$f":"'PART-A'!I3410","v":{"v":0,"d":"0.00"}},"Rm",{"$f":"'PART-A'!K3410","v":{"v":563,"d":"563.00"}},{"v":0,"d":"0.00"},"21-22"]
["65",null,"Drilling with165mm dia borewell",{"$f":"'PART-A'!I3548","v":{"v":0,"d":"0.00"}},"Rm",{"$f":"'PART-A'!K3548","v":{"v":535.7,"d":"535.70"}},{"v":0,"d":"0.00"},"22-23"]
["142",null,"S&F of 180mm dia casing pipe",{"$f":"'PART-A'!I3136","v":{"v":0,"d":"0.00"}},"Rm",{"$f":"'PART-A'!K3136","v":{"v":325,"d":"325.00"}},null,"19-20",null,{"$f":"ROUND(D703*F703,0)","v":{"v":0,"d":"0.00"}}]
["142",null,"S&F of 180mm dia casing pipe",{"$f":"'PART-A'!I3274","v":{"v":0,"d":"0.00"}},"Rm",{"$f":"'PART-A'!K3274","v":{"v":325,"d":"325.00"}},null,"20-21",null,{"$f":"ROUND(D704*F704,0)","v":{"v":0,"d":"0.00"}}]
["142",null,"S&F of 180mm dia casing pipe",{"$f":"'PART-A'!I3416","v":{"v":0,"d":"0.00"}},"Rm",{"$f":"'PART-A'!K3416","v":{"v":342,"d":"342.00"}},{"v":0,"d":"0.00"},"21-22"]
["142",null,"S&F of 180mm dia casing pipe",{"$f":"'PART-A'!I3554","v":{"v":0,"d":"0.00"}},"Rm",{"$f":"'PART-A'!K3554","v":{"v":325,"d":"325.00"}},{"v":0,"d":"0.00"},"22-23"]
["144",null,"S&F of 2 HP Submersible mortor",{"$f":"'PART-A'!I3141","v":{"v":0,"d":"0.00"}},"No",{"$f":"'PART-A'!K3141","v":{"v":18409,"d":"18409.00"}},null,"19-20",null,{"$f":"ROUND(D707*F707,0)","v":{"v":0,"d":"0.00"}}]
["144",null,"S&F of 2 HP Submersible mortor",{"$f":"'PART-A'!I3279","v":{"v":0,"d":"0.00"}},"No",{"$f":"'PART-A'!K3279","v":{"v":18526,"d":"18526.00"}},null,"20-21",null,{"$f":"ROUND(D708*F708,0)","v":{"v":0,"d":"0.00"}}]
["144",null,"S&F of 2 HP Submersible mortor",{"$f":"'PART-A'!I3421","v":{"v":0,"d":"0.00"}},"No",{"$f":"'PART-A'!K3421","v":{"v":18370,"d":"18370.00"}},{"v":0,"d":"0.00"},"21-22"]
["144",null,"S&F of 2 HP Submersible mortor",{"$f":"'PART-A'!I3559","v":{"v":0,"d":"0.00"}},"No",{"$f":"'PART-A'!K3559","v":{"v":18370,"d":"18370.00"}},{"v":0,"d":"0.00"},"22-23"]
["146",null,"S& F 40  mm HDPE pipe",{"$f":"'PART-A'!I3146","v":{"v":0,"d":"0.00"}},"Rm",{"$f":"'PART-A'!K3146","v":{"v":64,"d":"64.00"}},null,"19-20",null,{"$f":"ROUND(D711*F711,0)","v":{"v":0,"d":"0.00"}}]
["146",null,"S& F 40  mm HDPE pip",{"$f":"'PART-A'!I3284","v":{"v":0,"d":"0.00"}},"Rm",{"$f":"'PART-A'!K3284","v":{"v":59,"d":"59.00"}},null,"20-21",null,{"$f":"ROUND(D712*F712,0)","v":{"v":0,"d":"0.00"}}]
["146",null,"S& F 40  mm HDPE pip",{"$f":"'PART-A'!I3426","v":{"v":0,"d":"0.00"}},"Rm",{"$f":"'PART-A'!K3426","v":{"v":73,"d":"73.00"}},{"v":0,"d":"0.00"},"21-22"]
["146",null,"S& F 40  mm HDPE pip",{"$f":"'PART-A'!I3564","v":{"v":0,"d":"0.00"}},"Rm",{"$f":"'PART-A'!K3564","v":{"v":85,"d":"85.00"}},{"v":0,"d":"0.00"},"22-23"]
["148",null,"S&F of 180mm dia bore cap",{"$f":"'PART-A'!I3151","v":{"v":0,"d":"0.00"}},"No",{"$f":"'PART-A'!K3151","v":{"v":109,"d":"109.00"}},null,"19-20",null,{"$f":"ROUND(D715*F715,0)","v":{"v":0,"d":"0.00"}}]
["148",null,"S&F of 180mm dia bore cap",{"$f":"'PART-A'!I3289","v":{"v":0,"d":"0.00"}},"No",{"$f":"'PART-A'!K3289","v":{"v":300,"d":"300.00"}},null,"20-21",null,{"$f":"ROUND(D716*F716,0)","v":{"v":0,"d":"0.00"}}]
["148",null,"S&F of 180mm dia bore cap",{"$f":"'PART-A'!I3431","v":{"v":0,"d":"0.00"}},"No",{"$f":"'PART-A'!K3431","v":{"v":315,"d":"315.00"}},{"v":0,"d":"0.00"},"21-22"]
["148",null,"S&F of 180mm dia bore cap",{"$f":"'PART-A'!I3569","v":{"v":0,"d":"0.00"}},"No",{"$f":"'PART-A'!K3569","v":{"v":300,"d":"300.00"}},{"v":0,"d":"0.00"},"22-23"]
["150",null,"S&F of 25mm dia GI pipe",{"$f":"'PART-A'!I3156","v":{"v":0,"d":"0.00"}},"No",{"$f":"'PART-A'!K3156","v":{"v":198,"d":"198.00"}},null,"19-20",null,{"$f":"ROUND(D719*F719,0)","v":{"v":0,"d":"0.00"}}]
["150",null,"S&F of 25mm dia GI pipe",{"$f":"'PART-A'!I3294","v":{"v":0,"d":"0.00"}},"No",{"$f":"'PART-A'!K3294","v":{"v":400,"d":"400.00"}},null,"20-21",null,{"$f":"ROUND(D720*F720,0)","v":{"v":0,"d":"0.00"}}]
["150",null,"S&F of 25mm dia GI pipe",{"$f":"'PART-A'!I3436","v":{"v":0,"d":"0.00"}},"No",{"$f":"'PART-A'!K3436","v":{"v":420,"d":"420.00"}},{"v":0,"d":"0.00"},"21-22"]
["150",null,"S&F of 25mm dia GI pipe",{"$f":"'PART-A'!I3574","v":{"v":0,"d":"0.00"}},"No",{"$f":"'PART-A'!K3574","v":{"v":400,"d":"400.00"}},{"v":0,"d":"0.00"},"22-23"]
["154",null,"S&F of 25mm dia GI Bends",{"$f":"'PART-A'!I3161","v":{"v":0,"d":"0.00"}},"No",{"$f":"'PART-A'!K3161","v":{"v":22,"d":"22.00"}},null,"19-20",null,{"$f":"ROUND(D723*F723,0)","v":{"v":0,"d":"0.00"}}]
["154",null,"S&F of 25mm dia GI Bends",{"$f":"'PART-A'!I3299","v":{"v":0,"d":"0.00"}},"No",{"$f":"'PART-A'!K3299","v":{"v":70,"d":"70.00"}},null,"20-21",null,{"$f":"ROUND(D724*F724,0)","v":{"v":0,"d":"0.00"}}]
["154",null,"S&F of 25mm dia GI Bends",{"$f":"'PART-A'!I3441","v":{"v":0,"d":"0.00"}},"No",{"$f":"'PART-A'!K3441","v":{"v":73,"d":"73.00"}},{"v":0,"d":"0.00"},"21-22"]
["154",null,"S&F of 25mm dia GI Bends",{"$f":"'PART-A'!I3579","v":{"v":0,"d":"0.00"}},"No",{"$f":"'PART-A'!K3579","v":{"v":77,"d":"77.00"}},{"v":0,"d":"0.00"},"22-23"]
["156",null,"S&F of 25mm dia Clamp set",{"$f":"'PART-A'!I3166","v":{"v":0,"d":"0.00"}},"No",{"$f":"'PART-A'!K3166","v":{"v":145.2,"d":"145.20"}},null,"19-20",null,{"$f":"ROUND(D727*F727,0)","v":{"v":0,"d":"0.00"}}]
["156",null,"S&F of 25mm dia Clamp set",{"$f":"'PART-A'!I3304","v":{"v":0,"d":"0.00"}},"No",{"$f":"'PART-A'!K3304","v":{"v":175,"d":"175.00"}},null,"20-21",null,{"$f":"ROUND(D728*F728,0)","v":{"v":0,"d":"0.00"}}]
["156",null,"S&F of 25mm dia Clamp set",{"$f":"'PART-A'!I3446","v":{"v":0,"d":"0.00"}},"No",{"$f":"'PART-A'!K3446","v":{"v":177,"d":"177.00"}},{"v":0,"d":"0.00"},"21-22"]
["156",null,"S&F of 25mm dia Clamp set",{"$f":"'PART-A'!I3584","v":{"v":0,"d":"0.00"}},"No",{"$f":"'PART-A'!K3584","v":{"v":194,"d":"194.00"}},{"v":0,"d":"0.00"},"22-23"]
["154",null,"Supply of 3 core 1.50 sqm flat copper cable",{"$f":"'PART-A'!I3171","v":{"v":0,"d":"0.00"}},"Rm",{"$f":"'PART-A'!K3171","v":{"v":80,"d":"80.00"}},null,"19-20",null,{"$f":"ROUND(D731*F731,0)","v":{"v":0,"d":"0.00"}}]
["154",null,"Supply of 3 core 1.50 sqm flat copper cable",{"$f":"'PART-A'!I3309","v":{"v":0,"d":"0.00"}},"Rm",{"$f":"'PART-A'!K3309","v":{"v":80,"d":"80.00"}},null,"20-21",null,{"$f":"ROUND(D732*F732,0)","v":{"v":0,"d":"0.00"}}]
["154",null,"Supply of 3 core 1.50 sqm flat copper cable",{"$f":"'PART-A'!I3451","v":{"v":0,"d":"0.00"}},"Rm",{"$f":"'PART-A'!K3451","v":{"v":92,"d":"92.00"}},{"$f":"ROUND(D733*F733,0)","v":{"v":0,"d":"0.00"}},"21-22"]
["154",null,"Supply of 3 core 1.50 sqm flat copper cable",{"$f":"'PART-A'!I3589","v":{"v":0,"d":"0.00"}},"Rm",{"$f":"'PART-A'!K3589","v":{"v":105,"d":"105.00"}},{"v":0,"d":"0.00"},"22-23"]
["156",null,"Supply and Transportation of control panel ",{"$f":"'PART-A'!I3176","v":{"v":0,"d":"0.00"}},"No",{"$f":"'PART-A'!K3176","v":{"v":4500,"d":"4500.00"}},null,"19-20",null,{"$f":"ROUND(D735*F735,0)","v":{"v":0,"d":"0.00"}}]
["156",null,"Supply and Transportation of control panel ",{"$f":"'PART-A'!I3314","v":{"v":0,"d":"0.00"}},"No",{"$f":"'PART-A'!K3314","v":{"v":4500,"d":"4500.00"}},null,"20-21",null,{"$f":"ROUND(D736*F736,0)","v":{"v":0,"d":"0.00"}}]
["156",null,"Supply and Transportation of control panel ",{"$f":"'PART-A'!I3456","v":{"v":0,"d":"0.00"}},"No",{"$f":"'PART-A'!K3456","v":{"v":4950,"d":"4950.00"}},{"v":0,"d":"0.00"},"21-22"]
["156",null,"Supply and Transportation of control panel ",{"$f":"'PART-A'!I3594","v":{"v":0,"d":"0.00"}},"No",{"$f":"'PART-A'!K3594","v":{"v":5445,"d":"5445.00"}},{"v":0,"d":"0.00"},"22-23"]
[null,null,"Providing Electrification items",{"$nulls":4},"19-20"]
["62","ACT0089","S&F  of 25mm dia 2.2 mm thick PVC Conduit pipe ",{"$f":"'PART-A'!I3602","v":{"v":70,"d":"70.00"}},"Rm",{"$f":"'PART-A'!K3602","v":71.04},{"$f":"ROUND(D740*F740,0)","v":{"v":4973,"d":"4973.00"}},"19-20"]
["80","ACT0089","S&F  of 25mm dia 2.2 mm thick PVC Conduit pipe ",{"$f":"'PART-A'!I3825","v":{"v":0,"d":"0.00"}},"Rm",{"$f":"'PART-A'!K3825","v":64.86},{"v":0,"d":"0.00"},"20-21"]
["142","ACT0089","S&F  of 25mm dia 2.2 mm thick PVC Conduit pipe ",{"$f":"'PART-A'!I4044","v":{"v":0,"d":"0.00"}},"Rm",{"$f":"'PART-A'!K4044","v":69.88},{"v":0,"d":"0.00"},"21-22"]
["142","ACT0089","S&F  of 25mm dia 2.2 mm thick PVC Conduit pipe ",{"$f":"'PART-A'!I4265","v":{"v":0,"d":"0.00"}},"Rm",{"$f":"'PART-A'!K4265","v":80.18},{"v":0,"d":"0.00"},"22-23"]
["78","ACT0090","S&F  of 25mm dia 2.2 mm thick PVC Conduit pipe ",{"$f":"'PART-A'!I3607","v":{"v":0,"d":"0.00"}},"Rm",{"$f":"'PART-A'!K3607","v":79.19},{"v":0,"d":"0.00"},"19-20"]
["81","ACT0090","S&F  of 25mm dia 2.2 mm thick PVC Conduit pipe ",{"$f":"'PART-A'!I3831","v":{"v":0,"d":"0.00"}},"Rm",{"$f":"'PART-A'!K3831","v":73.41},{"v":0,"d":"0.00"},"20-21"]
["79","ACT0090","S&F  of 25mm dia 2.2 mm thick PVC Conduit pipe ",{"$f":"'PART-A'!I4049","v":{"v":0,"d":"0.00"}},"Rm",{"$f":"'PART-A'!K4049","v":79.43},{"v":0,"d":"0.00"},"21-22"]
["161","ACT0090","S&F  of 25mm dia 2.2 mm thick PVC Conduit pipe ",{"$f":"'PART-A'!I4270","v":{"v":0,"d":"0.00"}},"Rm",{"$f":"'PART-A'!K4270","v":89.61},{"v":0,"d":"0.00"},"22-23"]
["80",null,"Labour  for Grooves 2-3mm thick for PVC pipes",{"$f":"'PART-A'!I3615","v":{"v":0,"d":"0.00"}},"Rm",{"$f":"'PART-A'!K3615","v":{"v":55,"d":"55.00"}},{"v":0,"d":"0.00"},"19-20"]
["58",null,"Labour  for Grooves 2-3mm thick for PVC pipes",{"$f":"'PART-A'!I3839","v":{"v":0,"d":"0.00"}},"Rm",{"$f":"'PART-A'!K3839","v":{"v":55,"d":"55.00"}},{"v":0,"d":"0.00"},"20-21"]
["58",null,"Labour  for Grooves 2-3mm thick for PVC pipes",{"$f":"'PART-A'!I4057","v":{"v":0,"d":"0.00"}},"Rm",{"$f":"'PART-A'!K4057","v":{"v":58,"d":"58.00"}},{"v":0,"d":"0.00"},"21-22"]
["58",null,"Labour  for Grooves 2-3mm thick for PVC pipes",{"$f":"'PART-A'!I4278","v":{"v":0,"d":"0.00"}},"Rm",{"$f":"'PART-A'!K4278","v":{"v":64,"d":"64.00"}},{"v":0,"d":"0.00"},"22-23"]
["145",null,"200/18 SWG Module box w for 12 Module box",{"$f":"'PART-A'!I3620","v":{"v":0,"d":"0.00"}},"No",{"$f":"'PART-A'!K3620","v":{"v":205,"d":"205.00"}},{"v":0,"d":"0.00"},"19-20"]
["145",null,"200/18 SWG Module box w for 12 Module box",{"$f":"'PART-A'!I3844","v":{"v":0,"d":"0.00"}},"No",{"$f":"'PART-A'!K3844","v":{"v":205,"d":"205.00"}},null,"20-21",null,{"$f":"ROUND(D753*F753,0)","v":{"v":0,"d":"0.00"}}]
["145",null,"200/18 SWG Module box w for 12 Module box",{"$f":"'PART-A'!I4062","v":{"v":0,"d":"0.00"}},"No",{"$f":"'PART-A'!K4062","v":{"v":226,"d":"226.00"}},{"$f":"ROUND(D754*F754,0)","v":{"v":0,"d":"0.00"}},"21-22"]
["145",null,"200/18 SWG Module box w for 12 Module box",{"$f":"'PART-A'!I4283","v":{"v":0,"d":"0.00"}},"No",{"$f":"'PART-A'!K4283","v":{"v":245,"d":"245.00"}},{"$f":"ROUND(D755*F755,0)","v":{"v":0,"d":"0.00"}},"22-23"]
["146",null,"200/18 SWG Module box w for 8 Module box",{"$f":"'PART-A'!I3625","v":{"v":0,"d":"0.00"}},"No",{"$f":"'PART-A'!K3625","v":{"v":170,"d":"170.00"}},{"$f":"ROUND(D756*F756,0)","v":{"v":0,"d":"0.00"}},"19-20"]
["146",null,"200/18 SWG Module box w for 8 Module box",{"$f":"'PART-A'!I3849","v":{"v":0,"d":"0.00"}},"No",{"$f":"'PART-A'!K3849","v":{"v":170,"d":"170.00"}},null,"20-21",null,{"$f":"ROUND(D757*F757,0)","v":{"v":0,"d":"0.00"}}]
["146",null,"200/18 SWG Module box w for 8 Module box",{"$f":"'PART-A'!I4067","v":{"v":0,"d":"0.00"}},"No",{"$f":"'PART-A'!K4067","v":{"v":187,"d":"187.00"}},{"$f":"ROUND(D758*F758,0)","v":{"v":0,"d":"0.00"}},"21-22"]
["146",null,"200/18 SWG Module box w for 8 Module box",{"$f":"'PART-A'!I4288","v":{"v":0,"d":"0.00"}},"No",{"$f":"'PART-A'!K4288","v":{"v":203,"d":"203.00"}},{"$f":"ROUND(D759*F759,0)","v":{"v":0,"d":"0.00"}},"22-23"]
["147",null,"200/18 SWG Module box w for 6 Module box",{"$f":"'PART-A'!I3630","v":{"v":0,"d":"0.00"}},"No",{"$f":"'PART-A'!K3630","v":{"v":130,"d":"130.00"}},{"$f":"ROUND(D760*F760,0)","v":{"v":0,"d":"0.00"}},"19-20"]
["147",null,"200/18 SWG Module box w for 6 Module box",{"$f":"'PART-A'!I3854","v":{"v":0,"d":"0.00"}},"No",{"$f":"'PART-A'!K3854","v":{"v":130,"d":"130.00"}},null,"20-21",null,{"$f":"ROUND(D761*F761,0)","v":{"v":0,"d":"0.00"}}]
["147",null,"200/18 SWG Module box w for 6 Module box",{"$f":"'PART-A'!I4072","v":{"v":0,"d":"0.00"}},"No",{"$f":"'PART-A'!K4072","v":{"v":143,"d":"143.00"}},{"$f":"ROUND(D762*F762,0)","v":{"v":0,"d":"0.00"}},"21-22"]
["147",null,"200/18 SWG Module box w for 6 Module box",{"$f":"'PART-A'!I4293","v":{"v":0,"d":"0.00"}},"No",{"$f":"'PART-A'!K4293","v":{"v":155,"d":"155.00"}},{"$f":"ROUND(D763*F763,0)","v":{"v":0,"d":"0.00"}},"22-23"]
["148",null,"200/18 SWG Module box w for 4 Module box",{"$f":"'PART-A'!I3648","v":{"v":0,"d":"0.00"}},"No",{"$f":"'PART-A'!K3648","v":{"v":95,"d":"95.00"}},{"$f":"ROUND(D764*F764,0)","v":{"v":0,"d":"0.00"}},"19-20"]
["148",null,"200/18 SWG Module box w for 4 Module box",{"$f":"'PART-A'!I3872","v":{"v":0,"d":"0.00"}},"No",{"$f":"'PART-A'!K3872","v":{"v":95,"d":"95.00"}},null,"20-21",null,{"$f":"ROUND(D765*F765,0)","v":{"v":0,"d":"0.00"}}]
["148",null,"200/18 SWG Module box w for 4 Module box",{"$f":"'PART-A'!I4090","v":{"v":0,"d":"0.00"}},"No",{"$f":"'PART-A'!K4090","v":{"v":105,"d":"105.00"}},{"$f":"ROUND(D766*F766,0)","v":{"v":0,"d":"0.00"}},"21-22"]
["148",null,"200/18 SWG Module box w for 4 Module box",{"$f":"'PART-A'!I4311","v":{"v":0,"d":"0.00"}},"No",{"$f":"'PART-A'!K4311","v":{"v":114,"d":"114.00"}},{"v":0,"d":"0.00"},"22-23"]
["167",null,"200/18 SWG Module box w for 18 Module box",{"$f":"'PART-A'!I3643","v":{"v":0,"d":"0.00"}},"No",{"$f":"'PART-A'!K3643","v":{"v":335,"d":"335.00"}},{"v":0,"d":"0.00"},"19-20"]
["167",null,"200/18 SWG Module box w for 18 Module box",{"$f":"'PART-A'!I3867","v":{"v":0,"d":"0.00"}},"No",{"$f":"'PART-A'!K3867","v":{"v":335,"d":"335.00"}},{"v":0,"d":"0.00"},"20-21"]
["167",null,"200/18 SWG Module box w for 18 Module box",{"$f":"'PART-A'!I4085","v":{"v":0,"d":"0.00"}},"No",{"$f":"'PART-A'!K4085","v":{"v":369,"d":"369.00"}},{"v":0,"d":"0.00"},"21-22"]
["167",null,"200/18 SWG Module box w for 18 Module box",{"$f":"'PART-A'!I4306","v":{"v":0,"d":"0.00"}},"No",{"$f":"'PART-A'!K4306","v":{"v":400,"d":"400.00"}},{"v":0,"d":"0.00"},"22-23"]
["168",null,"200/18 SWG Module box w for 16 Module box",{"$f":"'PART-A'!I3638","v":{"v":0,"d":"0.00"}},"No",{"$f":"'PART-A'!K3638","v":{"v":300,"d":"300.00"}},{"v":0,"d":"0.00"},"19-20"]
["168",null,"200/18 SWG Module box w for 16 Module box",{"$f":"'PART-A'!I3862","v":{"v":0,"d":"0.00"}},"No",{"$f":"'PART-A'!K3862","v":{"v":300,"d":"300.00"}},{"v":0,"d":"0.00"},"20-21"]
["168",null,"200/18 SWG Module box w for 16 Module box",{"$f":"'PART-A'!I4080","v":{"v":0,"d":"0.00"}},"No",{"$f":"'PART-A'!K4080","v":{"v":331,"d":"331.00"}},{"v":0,"d":"0.00"},"21-22"]
["168",null,"200/18 SWG Module box w for 16 Module box",{"$f":"'PART-A'!I4301","v":{"v":0,"d":"0.00"}},"No",{"$f":"'PART-A'!K4301","v":{"v":359,"d":"359.00"}},{"v":0,"d":"0.00"},"22-23"]
["147",null,"200/18 SWG Module box w for 2 Module box",{"$f":"'PART-A'!I3653","v":{"v":0,"d":"0.00"}},"No",{"$f":"'PART-A'!K3653","v":{"v":57,"d":"57.00"}},{"v":0,"d":"0.00"},"19-20"]
["147",null,"200/18 SWG Module box w for 2 Module box",{"$f":"'PART-A'!I3877","v":{"v":0,"d":"0.00"}},"No",{"$f":"'PART-A'!K3877","v":{"v":57,"d":"57.00"}},null,"20-21",null,{"$f":"ROUND(D777*F777,0)","v":{"v":0,"d":"0.00"}}]
["147",null,"200/18 SWG Module box w for 2 Module box",{"$f":"'PART-A'!I4095","v":{"v":0,"d":"0.00"}},"No",{"$f":"'PART-A'!K4095","v":{"v":63,"d":"63.00"}},{"v":0,"d":"0.00"},"21-22"]
["147",null,"200/18 SWG Module box w for 2 Module box",{"$f":"'PART-A'!I4316","v":{"v":0,"d":"0.00"}},"No",{"$f":"'PART-A'!K4316","v":{"v":68,"d":"68.00"}},{"v":0,"d":"0.00"},"22-23"]
["81","ACT0094","Wiring with run of 2 of 14/0.3mm (1.0 Sq.mm) ",{"$f":"'PART-A'!I3660","v":{"v":0,"d":"0.00"}},"Poi",{"$f":"'PART-A'!K3660","v":{"v":383.5,"d":"383.50"}},{"v":0,"d":"0.00"},"19-20"]
["82","ACT0094","Wiring with run of 2 of 14/0.3mm (1.0 Sq.mm) ",{"$f":"'PART-A'!I3882","v":{"v":0,"d":"0.00"}},"Poi",{"$f":"'PART-A'!K3882","v":{"v":395.5,"d":"395.50"}},{"v":0,"d":"0.00"},"20-21"]
["150","ACT0094","Wiring with run of 2 of 14/0.3mm (1.0 Sq.mm) ",{"$f":"'PART-A'!I4102","v":{"v":0,"d":"0.00"}},"Poi",{"$f":"'PART-A'!K4102","v":436.33},{"v":0,"d":"0.00"},"21-22"]
["150","ACT0094","Wiring with run of 2 of 14/0.3mm (1.0 Sq.mm) ",{"$f":"'PART-A'!I4322","v":{"v":0,"d":"0.00"}},"Poi",{"$f":"'PART-A'!K4322","v":481.67},{"v":0,"d":"0.00"},"22-23"]
["82","ACT0094","Wiring with run of 2 of 14/0.3mm (1.0 Sq.mm) ",{"$f":"'PART-A'!I3667","v":{"v":0,"d":"0.00"}},"Poi",{"$f":"'PART-A'!K3667","v":{"v":402.5,"d":"402.50"}},{"v":0,"d":"0.00"},"19-20"]
["63","ACT0094","Wiring with run of 2 of 14/0.3mm (1.0 Sq.mm) ",{"$f":"'PART-A'!I3889","v":{"v":0,"d":"0.00"}},"Poi",{"$f":"'PART-A'!K3889","v":{"v":414.5,"d":"414.50"}},{"v":0,"d":"0.00"},"20-21"]
["63","ACT0094","Wiring with run of 2 of 14/0.3mm (1.0 Sq.mm) ",{"$f":"'PART-A'!I4109","v":{"v":0,"d":"0.00"}},"Poi",{"$f":"'PART-A'!K4109","v":457.33},{"v":0,"d":"0.00"},"21-22"]
["63","ACT0094","Wiring with run of 2 of 14/0.3mm (1.0 Sq.mm) ",{"$f":"'PART-A'!I4327","v":{"v":0,"d":"0.00"}},"Poi",{"$f":"'PART-A'!K4327","v":503.67},{"v":0,"d":"0.00"},"22-23"]
["152","ACT0091","Supply and  Run of 1 of 14/0.3mm (1.00 Sq.mm)",{"$f":"'PART-A'!I3673","v":{"v":0,"d":"0.00"}},"Rm",{"$f":"'PART-A'!K3673","v":18.59},{"v":0,"d":"0.00"},"19-20"]
["83","ACT0091","Supply and  Run of 1 of 14/0.3mm (1.00 Sq.mm)",{"$f":"'PART-A'!I3895","v":{"v":0,"d":"0.00"}},"Rm",{"$f":"'PART-A'!K3895","v":19.09},{"v":0,"d":"0.00"},"20-21"]
["152","ACT0091","Supply and  Run of 1 of 14/0.3mm (1.00 Sq.mm)",{"$f":"'PART-A'!I4115","v":{"v":0,"d":"0.00"}},"Rm",{"$f":"'PART-A'!K4115","v":21.19},{"v":0,"d":"0.00"},"21-22"]
["152","ACT0091","Supply and  Run of 1 of 14/0.3mm (1.00 Sq.mm)",{"$f":"'PART-A'!I4332","v":{"v":0,"d":"0.00"}},"Rm",{"$f":"'PART-A'!K4332","v":23.55},{"v":0,"d":"0.00"},"22-23"]
["83",null,"Supply and  Run of 2 of 22/0.3mm (1.50 Sq.mm)",{"$f":"'PART-A'!I3678","v":{"v":0,"d":"0.00"}},"Rm",{"$f":"'PART-A'!K3678","v":{"v":60.7,"d":"60.70"}},{"v":0,"d":"0.00"},"19-20"]
["155",null,"Supply and  Run of 2 of 22/0.3mm (1.50 Sq.mm)",{"$f":"'PART-A'!I3900","v":{"v":0,"d":"0.00"}},"Rm",{"$f":"'PART-A'!K3900","v":{"v":60.7,"d":"60.70"}},{"v":0,"d":"0.00"},"20-21"]
["155",null,"Supply and  Run of 2 of 22/0.3mm (1.50 Sq.mm)",{"$f":"'PART-A'!I4120","v":{"v":0,"d":"0.00"}},"Rm",{"$f":"'PART-A'!K4120","v":69.83},{"v":0,"d":"0.00"},"21-22"]
["155",null,"Supply and  Run of 2 of 22/0.3mm (1.50 Sq.mm)",{"$f":"'PART-A'!I4341","v":{"v":0,"d":"0.00"}},"Rm",{"$f":"'PART-A'!K4341","v":79.48},{"v":0,"d":"0.00"},"22-23"]
["84","ACT0092","Supply and  Run of 2 of 36/0.3mm (2.50 Sq.mm)",{"$f":"'PART-A'!I3683","v":{"v":0,"d":"0.00"}},"Rm",{"$f":"'PART-A'!K3683","v":{"v":64.8731,"d":"64.87"}},{"v":0,"d":"0.00"},"19-20"]
["84","ACT0092","Supply and  Run of 2 of 36/0.3mm (2.50 Sq.mm)",{"$f":"'PART-A'!I3905","v":{"v":0,"d":"0.00"}},"Rm",{"$f":"'PART-A'!K3905","v":{"v":65.8685,"d":"65.87"}},{"v":0,"d":"0.00"},"20-21"]
["155","ACT0092","Supply and  Run of 2 of 36/0.3mm (2.50 Sq.mm)",{"$f":"'PART-A'!I4125","v":{"v":0,"d":"0.00"}},"Rm",{"$f":"'PART-A'!K4125","v":{"v":74.22399999999999,"d":"74.22"}},{"v":0,"d":"0.00"},"21-22"]
["155","ACT0092","Supply and  Run of 2 of 36/0.3mm (2.50 Sq.mm)",{"$f":"'PART-A'!I4347","v":{"v":0,"d":"0.00"}},"Rm",{"$f":"'PART-A'!K4347","v":{"v":83.3335,"d":"83.33"}},{"v":0,"d":"0.00"},"22-23"]
["85","ACT0093","Supply and  Run of 2 of 56/0.3mm (4.00 Sq.mm)",{"$f":"'PART-A'!I3688","v":{"v":0,"d":"0.00"}},"Rm",{"$f":"'PART-A'!K3688","v":98.56},{"v":0,"d":"0.00"},"19-20"]
["85","ACT0093","Supply and  Run of 2 of 56/0.3mm (4.00 Sq.mm)",{"$f":"'PART-A'!I3910","v":{"v":0,"d":"0.00"}},"Rm",{"$f":"'PART-A'!K3910","v":100.05},{"v":0,"d":"0.00"},"20-21"]
["155","ACT0093","Supply and  Run of 2 of 56/0.3mm (4.00 Sq.mm)",{"$f":"'PART-A'!I4130","v":{"v":0,"d":"0.00"}},"Rm",{"$f":"'PART-A'!K4130","v":112.78},{"v":0,"d":"0.00"},"21-22"]
["155","ACT0093","Supply and  Run of 2 of 56/0.3mm (4.00 Sq.mm)",{"$f":"'PART-A'!I4352","v":{"v":0,"d":"0.00"}},"Rm",{"$f":"'PART-A'!K4352","v":126.65},{"v":0,"d":"0.00"},"22-23"]
["86",null,"Supply and  Run of  4 of 84/0.3mm (6.0 Sq.mm)",{"$f":"'PART-A'!I3693","v":{"v":0,"d":"0.00"}},"Rm",{"$f":"'PART-A'!K3693","v":{"v":50.795,"d":"50.80"}},{"v":0,"d":"0.00"},"19-20"]
["158",null,"Supply and  Run of  4 of 84/0.3mm (6.0 Sq.mm)",{"$f":"'PART-A'!I3915","v":{"v":0,"d":"0.00"}},"Rm",{"$f":"'PART-A'!K3915","v":{"v":54.465,"d":"54.47"}},null,"20-21",null,{"$f":"ROUND(D805*F805,0)","v":{"v":0,"d":"0.00"}}]
["158",null,"Supply and  Run of  4 of 84/0.3mm (6.0 Sq.mm)",{"$f":"'PART-A'!I4135","v":{"v":0,"d":"0.00"}},"Rm",{"$f":"'PART-A'!K4135","v":{"v":56.31399999999999,"d":"56.31"}},{"$f":"ROUND(D806*F806,0)","v":{"v":0,"d":"0.00"}},"21-22"]
["158",null,"Supply and  Run of  4 of 84/0.3mm (6.0 Sq.mm)",{"$f":"'PART-A'!I4357","v":{"v":0,"d":"0.00"}},"Rm",{"$f":"'PART-A'!K4357","v":{"v":64.563,"d":"64.56"}},{"$f":"ROUND(D807*F807,0)","v":{"v":0,"d":"0.00"}},"22-23"]
["159",null,"Supply of Cover frames for 12 module box",{"$f":"'PART-A'!I3698","v":{"v":0,"d":"0.00"}},"No",{"$f":"'PART-A'!K3698","v":{"v":190,"d":"190.00"}},{"$f":"ROUND(D808*F808,0)","v":{"v":0,"d":"0.00"}},"19-20"]
["159",null,"Supply of Cover frames for 12 module box",{"$f":"'PART-A'!I3920","v":{"v":0,"d":"0.00"}},"No",{"$f":"'PART-A'!K3920","v":{"v":190,"d":"190.00"}},null,"20-21",null,{"$f":"ROUND(D809*F809,0)","v":{"v":0,"d":"0.00"}}]
["159",null,"Supply of Cover frames for 12 module box",{"$f":"'PART-A'!I4140","v":{"v":0,"d":"0.00"}},"No",{"$f":"'PART-A'!K4140","v":{"v":209,"d":"209.00"}},{"$f":"ROUND(D810*F810,0)","v":{"v":0,"d":"0.00"}},"21-22"]
["159",null,"Supply of Cover frames for 12 module box",{"$f":"'PART-A'!I4362","v":{"v":0,"d":"0.00"}},"No",{"$f":"'PART-A'!K4362","v":{"v":209,"d":"209.00"}},{"$f":"ROUND(D811*F811,0)","v":{"v":0,"d":"0.00"}},"22-23"]
["160",null,"Supply of Cover frames for 8 module box",{"$f":"'PART-A'!I3703","v":{"v":0,"d":"0.00"}},"No",{"$f":"'PART-A'!K3703","v":{"v":155,"d":"155.00"}},{"$f":"ROUND(D812*F812,0)","v":{"v":0,"d":"0.00"}},"19-20"]
["160",null,"Supply of Cover frames for 8 module box",{"$f":"'PART-A'!I3925","v":{"v":0,"d":"0.00"}},"No",{"$f":"'PART-A'!K3925","v":{"v":155,"d":"155.00"}},null,"20-21",null,{"$f":"ROUND(D813*F813,0)","v":{"v":0,"d":"0.00"}}]
["160",null,"Supply of Cover frames for 8 module box",{"$f":"'PART-A'!I4145","v":{"v":0,"d":"0.00"}},"No",{"$f":"'PART-A'!K4145","v":{"v":171,"d":"171.00"}},{"$f":"ROUND(D814*F814,0)","v":{"v":0,"d":"0.00"}},"21-22"]
["160",null,"Supply of Cover frames for 8 module box",{"$f":"'PART-A'!I4367","v":{"v":0,"d":"0.00"}},"No",{"$f":"'PART-A'!K4367","v":{"v":171,"d":"171.00"}},{"$f":"ROUND(D815*F815,0)","v":{"v":0,"d":"0.00"}},"22-23"]
["161",null,"Supply of Cover frames for 6 module box",{"$f":"'PART-A'!I3708","v":{"v":0,"d":"0.00"}},"No",{"$f":"'PART-A'!K3708","v":{"v":120,"d":"120.00"}},{"$f":"ROUND(D816*F816,0)","v":{"v":0,"d":"0.00"}},"19-20"]
["161",null,"Supply of Cover frames for 6 module box",{"$f":"'PART-A'!I3930","v":{"v":0,"d":"0.00"}},"No",{"$f":"'PART-A'!K3930","v":{"v":120,"d":"120.00"}},null,"20-21",null,{"$f":"ROUND(D817*F817,0)","v":{"v":0,"d":"0.00"}}]
["161",null,"Supply of Cover frames for 6 module box",{"$f":"'PART-A'!I4150","v":{"v":0,"d":"0.00"}},"No",{"$f":"'PART-A'!K4150","v":{"v":132,"d":"132.00"}},{"$f":"ROUND(D818*F818,0)","v":{"v":0,"d":"0.00"}},"21-22"]
["161",null,"Supply of Cover frames for 6 module box",{"$f":"'PART-A'!I4372","v":{"v":0,"d":"0.00"}},"No",{"$f":"'PART-A'!K4372","v":{"v":132,"d":"132.00"}},{"$f":"ROUND(D819*F819,0)","v":{"v":0,"d":"0.00"}},"22-23"]
["162",null,"Supply of Cover frames for 4 module box",{"$f":"'PART-A'!I3718","v":{"v":0,"d":"0.00"}},"No",{"$f":"'PART-A'!K3718","v":{"v":80,"d":"80.00"}},{"$f":"ROUND(D820*F820,0)","v":{"v":0,"d":"0.00"}},"19-20"]
["162",null,"Supply of Cover frames for 4 module box",{"$f":"'PART-A'!I3940","v":{"v":0,"d":"0.00"}},"No",{"$f":"'PART-A'!K3940","v":{"v":80,"d":"80.00"}},null,"20-21",null,{"$f":"ROUND(D821*F821,0)","v":{"v":0,"d":"0.00"}}]
["162",null,"Supply of Cover frames for 4 module box",{"$f":"'PART-A'!I4160","v":{"v":0,"d":"0.00"}},"No",{"$f":"'PART-A'!K4160","v":{"v":88,"d":"88.00"}},{"$f":"ROUND(D822*F822,0)","v":{"v":0,"d":"0.00"}},"21-22"]
["162",null,"Supply of Cover frames for 4 module box",{"$f":"'PART-A'!I4382","v":{"v":0,"d":"0.00"}},"No",{"$f":"'PART-A'!K4382","v":{"v":88,"d":"88.00"}},{"v":0,"d":"0.00"},"22-23"]
["65",null,"Supply of Cover frames for 18 module box",{"$f":"'PART-A'!I3713","v":{"v":0,"d":"0.00"}},"No",{"$f":"'PART-A'!K3713","v":{"v":310,"d":"310.00"}},{"v":0,"d":"0.00"},"19-20"]
["65",null,"Supply of Cover frames for 18 module box",{"$f":"'PART-A'!I3935","v":{"v":0,"d":"0.00"}},"No",{"$f":"'PART-A'!K3935","v":{"v":310,"d":"310.00"}},{"v":0,"d":"0.00"},"20-21"]
["65",null,"Supply of Cover frames for 18 module box",{"$f":"'PART-A'!I4155","v":{"v":0,"d":"0.00"}},"No",{"$f":"'PART-A'!K4155","v":{"v":341,"d":"341.00"}},{"v":0,"d":"0.00"},"21-22"]
["65",null,"Supply of Cover frames for 18 module box",{"$f":"'PART-A'!I4377","v":{"v":0,"d":"0.00"}},"No",{"$f":"'PART-A'!K4377","v":{"v":341,"d":"341.00"}},{"v":0,"d":"0.00"},"22-23"]
["162",null,"Supply of Cover frames for 2 module box",{"$f":"'PART-A'!I3723","v":{"v":0,"d":"0.00"}},"No",{"$f":"'PART-A'!K3723","v":{"v":60,"d":"60.00"}},{"v":0,"d":"0.00"},"19-20"]
["162",null,"Supply of Cover frames for 2 module box",{"$f":"'PART-A'!I3945","v":{"v":0,"d":"0.00"}},"No",{"$f":"'PART-A'!K3945","v":{"v":60,"d":"60.00"}},null,"20-21",null,{"$f":"ROUND(D829*F829,0)","v":{"v":0,"d":"0.00"}}]
["162",null,"Supply of Cover frames for 2 module box",{"$f":"'PART-A'!I4165","v":{"v":0,"d":"0.00"}},"No",{"$f":"'PART-A'!K4165","v":{"v":66,"d":"66.00"}},{"v":0,"d":"0.00"},"21-22"]
["162",null,"Supply of Cover frames for 2 module box",{"$f":"'PART-A'!I4387","v":{"v":0,"d":"0.00"}},"No",{"$f":"'PART-A'!K4387","v":{"v":66,"d":"66.00"}},{"v":0,"d":"0.00"},"22-23"]
["87","ACT0095","Supply and fixing of 6A 3/2 pin wall plug socket",{"$f":"'PART-A'!I3734","v":{"v":0,"d":"0.00"}},"No",{"$f":"'PART-A'!K3734","v":{"v":105.531,"d":"105.53"}},{"v":0,"d":"0.00"},"19-20"]
["86","ACT0095","Supply and fixing of 6A 3/2 pin wall plug socket",{"$f":"'PART-A'!I3955","v":{"v":0,"d":"0.00"}},"No",{"$f":"'PART-A'!K3955","v":{"v":109.685,"d":"109.69"}},{"v":0,"d":"0.00"},"20-21"]
["164","ACT0095","Supply and fixing of 6A 3/2 pin wall plug socket",{"$f":"'PART-A'!I4176","v":{"v":0,"d":"0.00"}},"No",{"$f":"'PART-A'!K4176","v":118.04},{"v":0,"d":"0.00"},"21-22"]
["164","ACT0095","Supply and fixing of 6A 3/2 pin wall plug socket",{"$f":"'PART-A'!I4397","v":{"v":0,"d":"0.00"}},"No",{"$f":"'PART-A'!K4397","v":{"v":125.73500000000001,"d":"125.74"}},{"v":0,"d":"0.00"},"22-23"]
["165","ACT0096","Supply and fixing of 16A 3/2 pin wall plug socket",{"$f":"'PART-A'!I3728","v":{"v":0,"d":"0.00"}},"No",{"$f":"'PART-A'!K3728","v":{"v":344.3,"d":"344.30"}},{"v":0,"d":"0.00"},"19-20"]
["87","ACT0096","Supply and fixing of 16A 3/2 pin wall plug socket",{"$f":"'PART-A'!I3950","v":{"v":0,"d":"0.00"}},"No",{"$f":"'PART-A'!K3950","v":{"v":375.5,"d":"375.50"}},{"v":0,"d":"0.00"},"20-21"]
["165","ACT0096","Supply and fixing of 16A 3/2 pin wall plug socket",{"$f":"'PART-A'!I4170","v":{"v":0,"d":"0.00"}},"No",{"$f":"'PART-A'!K4170","v":{"v":410,"d":"410.00"}},{"v":0,"d":"0.00"},"21-22"]
["165","ACT0096","Supply and fixing of 16A 3/2 pin wall plug socket",{"$f":"'PART-A'!I4392","v":{"v":0,"d":"0.00"}},"No",{"$f":"'PART-A'!K4392","v":{"v":422.5,"d":"422.50"}},{"v":0,"d":"0.00"},"22-23"]
["89",null,"Supply and fixing of 6A 2 pin wall plug socket",{"$f":"'PART-A'!I3739","v":{"v":0,"d":"0.00"}},"No",{"$f":"'PART-A'!K3739","v":{"v":99.531,"d":"99.53"}},{"v":0,"d":"0.00"},"19-20"]
["89",null,"Supply and fixing of 6A 2 pin wall plug socket",{"$f":"'PART-A'!I3960","v":{"v":0,"d":"0.00"}},"No",{"$f":"'PART-A'!K3960","v":{"v":103.685,"d":"103.69"}},{"v":0,"d":"0.00"},"20-21"]
["89",null,"Supply and fixing of 6A 2 pin wall plug socket",{"$f":"'PART-A'!I4181","v":{"v":0,"d":"0.00"}},"No",{"$f":"'PART-A'!K4181","v":112.04},{"v":0,"d":"0.00"},"21-22"]
["89",null,"Supply and fixing of 6A 2 pin wall plug socket",{"$f":"'PART-A'!I4402","v":{"v":0,"d":"0.00"}},"No",{"$f":"'PART-A'!K4402","v":{"v":119.73500000000001,"d":"119.74"}},{"v":0,"d":"0.00"},"22-23"]
["166",null,"Supply and fixing of 6A flush type Neon Indicator.",{"$f":"'PART-A'!I3744","v":{"v":0,"d":"0.00"}},"No",{"$f":"'PART-A'!K3744","v":{"v":18,"d":"18.00"}},{"v":0,"d":"0.00"},"19-20"]
["166",null,"Supply and fixing of 6A flush type Neon Indicator.",{"$f":"'PART-A'!I3965","v":{"v":0,"d":"0.00"}},"No",{"$f":"'PART-A'!K3965","v":{"v":18,"d":"18.00"}},null,"20-21",null,{"$f":"ROUND(D845*F845,0)","v":{"v":0,"d":"0.00"}}]
["166",null,"Supply and fixing of 6A flush type Neon Indicator.",{"$f":"'PART-A'!I4186","v":{"v":0,"d":"0.00"}},"No",{"$f":"'PART-A'!K4186","v":{"v":20,"d":"20.00"}},{"$f":"ROUND(D846*F846,0)","v":{"v":0,"d":"0.00"}},"21-22"]
["166",null,"Supply and fixing of 6A flush type Neon Indicator.",{"$f":"'PART-A'!I4407","v":{"v":0,"d":"0.00"}},"No",{"$f":"'PART-A'!K4407","v":{"v":21,"d":"21.00"}},{"v":0,"d":"0.00"},"22-23"]
["88","ACT0100","S&F of ISI mark batten holder / angle holder",{"$f":"'PART-A'!I3749","v":{"v":0,"d":"0.00"}},"No",{"$f":"'PART-A'!K3749","v":177.65},{"v":0,"d":"0.00"},"19-20"]
["88","ACT0100","S&F of ISI mark batten holder / angle holder",{"$f":"'PART-A'!I3970","v":{"v":0,"d":"0.00"}},"No",{"$f":"'PART-A'!K3970","v":120.75},{"v":0,"d":"0.00"},"20-21"]
["167","ACT0100","S&F of ISI mark batten holder / angle holder",{"$f":"'PART-A'!I4191","v":{"v":0,"d":"0.00"}},"No",{"$f":"'PART-A'!K4191","v":{"v":122,"d":"122.00"}},{"v":0,"d":"0.00"},"21-22"]
["167","ACT0100","S&F of ISI mark batten holder / angle holder",{"$f":"'PART-A'!I4412","v":{"v":0,"d":"0.00"}},"No",{"$f":"'PART-A'!K4412","v":127.25},{"v":0,"d":"0.00"},"22-23"]
["181","ACT0098","S&F of ceiling fan",{"$f":"'PART-A'!I3754","v":{"v":0,"d":"0.00"}},"No",{"$f":"'PART-A'!K3754","v":{"v":2636.625,"d":"2636.63"}},{"v":0,"d":"0.00"},"19-20"]
["181","ACT0098","S&F of ceiling fan",{"$f":"'PART-A'!I3976","v":{"v":0,"d":"0.00"}},"No",{"$f":"'PART-A'!K3976","v":{"v":2644.375,"d":"2644.38"}},{"v":0,"d":"0.00"},"20-21"]
["181","ACT0098","S&F of ceiling fan",{"$f":"'PART-A'!I4196","v":{"v":0,"d":"0.00"}},"No",{"$f":"'PART-A'!K4196","v":{"v":3020.3799999999997,"d":"3020.38"}},{"v":0,"d":"0.00"},"21-22"]
["181","ACT0098","S&F of ceiling fan",{"$f":"'PART-A'!I4418","v":{"v":0,"d":"0.00"}},"No",{"$f":"'PART-A'!K4418","v":{"v":3312.185,"d":"3312.19"}},{"v":0,"d":"0.00"},"22-23"]
["89","ACT0098","S&F of ceiling fan",{"$f":"'PART-A'!I3764","v":{"v":0,"d":"0.00"}},"No",{"$f":"'PART-A'!K3764","v":{"v":2323,"d":"2323.00"}},{"v":0,"d":"0.00"},"19-20"]
["89","ACT0098","S&F of ceiling fan",{"$f":"'PART-A'!I3986","v":{"v":0,"d":"0.00"}},"No",{"$f":"'PART-A'!K3986","v":{"v":2323,"d":"2323.00"}},{"v":0,"d":"0.00"},"20-21"]
["169","ACT0098","S&F of ceiling fan",{"$f":"'PART-A'!I4206","v":{"v":0,"d":"0.00"}},"No",{"$f":"'PART-A'!K4206","v":2671.45},{"v":0,"d":"0.00"},"21-22"]
["169","ACT0098","S&F of ceiling fan",{"$f":"'PART-A'!I4435","v":{"v":0,"d":"0.00"}},"No",{"$f":"'PART-A'!K4435","v":2941.12},{"v":0,"d":"0.00"},"22-23"]
["90","ACT0097","Fan regulator",{"$f":"'PART-A'!I3769","v":{"v":0,"d":"0.00"}},"No",{"$f":"'PART-A'!K3769","v":{"v":237.5,"d":"237.50"}},{"v":0,"d":"0.00"},"19-20"]
["90","ACT0097","Fan regulator",{"$f":"'PART-A'!I3991","v":{"v":0,"d":"0.00"}},"No",{"$f":"'PART-A'!K3991","v":{"v":241,"d":"241.00"}},{"v":0,"d":"0.00"},"20-21"]
["171","ACT0097","Fan regulator",{"$f":"'PART-A'!I4211","v":{"v":0,"d":"0.00"}},"No",{"$f":"'PART-A'!K4211","v":{"v":263,"d":"263.00"}},{"v":0,"d":"0.00"},"21-22"]
["171","ACT0097","Fan regulator",{"$f":"'PART-A'!I4447","v":{"v":0,"d":"0.00"}},"No",{"$f":"'PART-A'!K4447","v":{"v":278,"d":"278.00"}},{"v":0,"d":"0.00"},"22-23"]
["91",null,"Labour charges for fixing fan",{"$f":"'PART-A'!I3774","v":{"v":0,"d":"0.00"}},"No",{"$f":"'PART-A'!K3774","v":{"v":133.625,"d":"133.63"}},{"v":0,"d":"0.00"},"19-20"]
["173",null,"Labour charges for fixing fan",{"$f":"'PART-A'!I3996","v":{"v":0,"d":"0.00"}},"No",{"$f":"'PART-A'!K3996","v":{"v":141.375,"d":"141.38"}},null,"20-21",null,{"$f":"ROUND(D865*F865,0)","v":{"v":0,"d":"0.00"}}]
["173",null,"Labour charges for fixing fan",{"$f":"'PART-A'!I4216","v":{"v":0,"d":"0.00"}},"No",{"$f":"'PART-A'!K4216","v":158.43},{"$f":"ROUND(D866*F866,0)","v":{"v":0,"d":"0.00"}},"21-22"]
["173",null,"Labour charges for fixing fan",{"$f":"'PART-A'!I4459","v":{"v":0,"d":"0.00"}},"No",{"$f":"'PART-A'!K4459","v":{"v":163.065,"d":"163.07"}},{"v":0,"d":"0.00"},"22-23"]
["92",null," steel tube down rod for ceiling  fan",{"$f":"'PART-A'!I3781","v":{"v":0,"d":"0.00"}},"No",{"$f":"'PART-A'!K3781","v":{"v":126.80000000000001,"d":"126.80"}},{"v":0,"d":"0.00"},"19-20"]
["78",null," steel tube down rod for ceiling  fan",{"$f":"'PART-A'!I4003","v":{"v":0,"d":"0.00"}},"No",{"$f":"'PART-A'!K4003","v":{"v":129.5,"d":"129.50"}},{"v":0,"d":"0.00"},"20-21"]
["78",null," steel tube down rod for ceiling  fan",{"$f":"'PART-A'!I4223","v":{"v":0,"d":"0.00"}},"No",{"$f":"'PART-A'!K4223","v":{"v":147,"d":"147.00"}},{"v":0,"d":"0.00"},"21-22"]
["78",null," steel tube down rod for ceiling  fan",{"$f":"'PART-A'!I4466","v":{"v":0,"d":"0.00"}},"No",{"$f":"'PART-A'!K4466","v":{"v":161.5,"d":"161.50"}},{"v":0,"d":"0.00"},"22-23"]
["175",null,"Fan hook",{"$f":"'PART-A'!I3759","v":{"v":0,"d":"0.00"}},"No",{"$f":"'PART-A'!K3759","v":{"v":252.388,"d":"252.39"}},{"v":0,"d":"0.00"},"19-20"]
["175",null,"Fan hook",{"$f":"'PART-A'!I3981","v":{"v":0,"d":"0.00"}},"No",{"$f":"'PART-A'!K3981","v":{"v":195.17000000000002,"d":"195.17"}},null,"20-21",null,{"$f":"ROUND(D873*F873,0)","v":{"v":0,"d":"0.00"}}]
["175",null,"Fan hook",{"$f":"'PART-A'!I4201","v":{"v":0,"d":"0.00"}},"No",{"$f":"'PART-A'!K4201","v":{"v":208.13000000000002,"d":"208.13"}},{"$f":"ROUND(D874*F874,0)","v":{"v":0,"d":"0.00"}},"21-22"]
["175",null,"Fan hook",{"$f":"'PART-A'!I4423","v":{"v":0,"d":"0.00"}},"No",{"$f":"'PART-A'!K4423","v":{"v":230.73000000000002,"d":"230.73"}},{"v":0,"d":"0.00"},"22-23"]
["93","ACT0099","S&F of Tube light",{"$f":"'PART-A'!I3786","v":{"v":0,"d":"0.00"}},"No",{"$f":"'PART-A'!K3786","v":{"v":404.1,"d":"404.10"}},{"v":0,"d":"0.00"},"19-20"]
["91","ACT0099","S&F of Tube light",{"$f":"'PART-A'!I4008","v":{"v":0,"d":"0.00"}},"No",{"$f":"'PART-A'!K4008","v":{"v":410.5,"d":"410.50"}},{"v":0,"d":"0.00"},"20-21"]
["177","ACT0099","S&F of Tube light",{"$f":"'PART-A'!I4228","v":{"v":0,"d":"0.00"}},"No",{"$f":"'PART-A'!K4228","v":395.93},{"v":0,"d":"0.00"},"21-22"]
["177","ACT0099","S&F of Tube light",{"$f":"'PART-A'!I4471","v":{"v":0,"d":"0.00"}},"No",{"$f":"'PART-A'!K4471","v":406.44},{"v":0,"d":"0.00"},"22-23"]
["199","ACT0102","S&F of street 20 W light ",{"$f":"'PART-A'!I3791","v":{"v":0,"d":"0.00"}},"No",{"$f":"'PART-A'!K3791","v":{"v":1980,"d":"1980.00"}},{"v":0,"d":"0.00"},"19-20"]
["199","ACT0102","S&F of street 20 W light ",{"$f":"'PART-A'!I4013","v":{"v":0,"d":"0.00"}},"No",{"$f":"'PART-A'!K4013","v":{"v":1980,"d":"1980.00"}},{"v":0,"d":"0.00"},"20-21"]
["199","ACT0102","S&F of street 20 W light ",{"$f":"'PART-A'!I4233","v":{"v":0,"d":"0.00"}},"No",{"$f":"'PART-A'!K4233","v":{"v":1822,"d":"1822.00"}},{"v":0,"d":"0.00"},"21-22"]
["199","ACT0102","S&F of street 20 W light ",{"$f":"'PART-A'!I4476","v":{"v":0,"d":"0.00"}},"No",{"$f":"'PART-A'!K4476","v":{"v":1822,"d":"1822.00"}},{"v":0,"d":"0.00"},"22-23"]
["199","ACT0102","S&F of street 60 W light",{"$f":"'PART-A'!I3796","v":{"v":0,"d":"0.00"}},"No",{"$f":"'PART-A'!K3796","v":{"v":5900,"d":"5900.00"}},{"v":0,"d":"0.00"},"19-20"]
["199","ACT0102","S&F of street 60 W light",{"$f":"'PART-A'!I4018","v":{"v":0,"d":"0.00"}},"No",{"$f":"'PART-A'!K4018","v":{"v":5900,"d":"5900.00"}},{"v":0,"d":"0.00"},"20-21"]
["199","ACT0102","S&F of street 60 W light",{"$f":"'PART-A'!I4238","v":{"v":0,"d":"0.00"}},"No",{"$f":"'PART-A'!K4238","v":{"v":5428,"d":"5428.00"}},{"v":0,"d":"0.00"},"21-22"]
["199","ACT0102","S&F of street 60 W light",{"$f":"'PART-A'!I4481","v":{"v":0,"d":"0.00"}},"No",{"$f":"'PART-A'!K4481","v":{"v":5428,"d":"5428.00"}},{"v":0,"d":"0.00"},"22-23"]
["94","ACT0106","Supply and fixing SPN Distribution board",{"$f":"'PART-A'!I3807","v":{"v":0,"d":"0.00"}},"No",{"$f":"'PART-A'!K3807","v":{"v":2936,"d":"2936.00"}},{"v":0,"d":"0.00"},"19-20"]
["92","ACT0106","Supply and fixing SPN Distribution board",{"$f":"'PART-A'!I4028","v":{"v":0,"d":"0.00"}},"No",{"$f":"'PART-A'!K4028","v":{"v":2995,"d":"2995.00"}},{"v":0,"d":"0.00"},"20-21"]
["178","ACT0106","Supply and fixing SPN Distribution board",{"$f":"'PART-A'!I4249","v":{"v":0,"d":"0.00"}},"No",{"$f":"'PART-A'!K4249","v":{"v":3255,"d":"3255.00"}},{"v":0,"d":"0.00"},"21-22"]
["178","ACT0106","Supply and fixing SPN Distribution board",{"$f":"'PART-A'!I4491","v":{"v":0,"d":"0.00"}},"No",{"$f":"'PART-A'!K4491","v":{"v":3662,"d":"3662.00"}},{"v":0,"d":"0.00"},"22-23"]
["95",null,"Light duty exhaust fan",{"$f":"'PART-A'!I3801","v":{"v":0,"d":"0.00"}},"No",{"$f":"'PART-A'!K3801","v":{"v":1290,"d":"1290.00"}},{"v":0,"d":"0.00"},"19-20"]
["81",null,"Light duty exhaust fan",{"$f":"'PART-A'!I4023","v":{"v":0,"d":"0.00"}},"No",{"$f":"'PART-A'!K4023","v":{"v":1290,"d":"1290.00"}},{"v":0,"d":"0.00"},"20-21"]
["81",null,"Light duty exhaust fan",{"$f":"'PART-A'!I4243","v":{"v":0,"d":"0.00"}},"No",{"$f":"'PART-A'!K4243","v":{"v":1484,"d":"1484.00"}},{"v":0,"d":"0.00"},"21-22"]
["81",null,"Light duty exhaust fan",{"$f":"'PART-A'!I4486","v":{"v":0,"d":"0.00"}},"No",{"$f":"'PART-A'!K4486","v":{"v":1634,"d":"1634.00"}},{"v":0,"d":"0.00"},"22-23"]
["182","ACT0103","2 Nos of 32A, 240V Porcelain Rewirable Fuse Units",{"$f":"'PART-A'!I3812","v":{"v":0,"d":"0.00"}},"No",{"$f":"'PART-A'!K3812","v":{"v":886.8000000000001,"d":"886.80"}},{"v":0,"d":"0.00"},"19-20"]
["93","ACT0103","2 Nos of 32A, 240V Porcelain Rewirable Fuse Units",{"$f":"'PART-A'!I4033","v":{"v":0,"d":"0.00"}},"No",{"$f":"'PART-A'!K4033","v":{"v":905,"d":"905.00"}},{"v":0,"d":"0.00"},"20-21"]
["182","ACT0103","2 Nos of 32A, 240V Porcelain Rewirable Fuse Units",{"$f":"'PART-A'!I4254","v":{"v":0,"d":"0.00"}},"No",{"$f":"'PART-A'!K4254","v":{"v":1005.6,"d":"1005.60"}},{"v":0,"d":"0.00"},"21-22"]
["182","ACT0103","2 Nos of 32A, 240V Porcelain Rewirable Fuse Units",{"$f":"'PART-A'!I4496","v":{"v":0,"d":"0.00"}},"No",{"$f":"'PART-A'!K4496","v":1089.96},{"v":0,"d":"0.00"},"22-23"]
["96","ACT0104","Providng Independent earthing",{"$f":"'PART-A'!I3817","v":{"v":0,"d":"0.00"}},"No",{"$f":"'PART-A'!K3817","v":3404.82},{"v":0,"d":"0.00"},"19-20"]
["94","ACT0104","Providng Independent earthing",{"$f":"'PART-A'!I4038","v":{"v":0,"d":"0.00"}},"No",{"$f":"'PART-A'!K4038","v":3432.82},{"v":0,"d":"0.00"},"20-21"]
["184","ACT0104","Providng Independent earthing",{"$f":"'PART-A'!I4259","v":{"v":0,"d":"0.00"}},"No",{"$f":"'PART-A'!K4259","v":{"v":3771.935,"d":"3771.94"}},{"v":0,"d":"0.00"},"21-22"]
["184","ACT0104","Providng Independent earthing",{"$f":"'PART-A'!I4501","v":{"v":0,"d":"0.00"}},"No",{"$f":"'PART-A'!K4501","v":{"v":4142.425,"d":"4142.43"}},{"v":0,"d":"0.00"},"22-23"]
[null,null,"3.60 lakhs"]
["1",null,"Clearing light  jungle ",{"$f":"'PART-B'!I14","v":{"v":0,"d":"0.00"}},"Sqm",{"$f":"'PART-B'!K14","v":6.06},{"$f":"ROUND(D905*F905,0)","v":{"v":0,"d":"0.00"}},"22-23"]
["1",null,"Earthwork excavation for foundation",{"$f":"'PART-B'!I19","v":{"v":0,"d":"0.00"}},"Cum",{"$f":"'PART-B'!K19","v":144.26},{"v":0,"d":"0.00"},"22-23"]
["4",null,"PCC (1:4:8) for bed concrete",{"$f":"'PART-B'!I24","v":{"v":0,"d":"0.00"}},"Cum",{"$f":"'PART-B'!K24","v":4583.31},{"v":0,"d":"0.00"},"22-23"]
["4",null,"PCC (1:5:10) for bed concrete",{"$f":"'PART-B'!I33","v":{"v":0,"d":"0.00"}},"Cum",{"$f":"'PART-B'!K33","v":4431.03},{"v":0,"d":"0.00"},"22-23"]
["3",null,"Filling basement with Selected earth",{"$f":"'PART-B'!I39","v":{"v":0,"d":"0.00"}},"Cum",{"$f":"'PART-B'!K39","v":216.13},{"v":0,"d":"0.00"},"22-23"]
["5",null,"Filling basement with Gravel",{"$f":"'PART-B'!I45","v":{"v":0,"d":"0.00"}},"Cum",{"$f":"'PART-B'!K45","v":272.13},{"v":0,"d":"0.00"},"22-23"]
["7",null,"Filling basement with Sand filling",{"$f":"'PART-B'!I51","v":{"v":0,"d":"0.00"}},"Cum",{"$f":"'PART-B'!K51","v":1603.13},{"v":0,"d":"0.00"},"22-23"]
["10",null,"Refilling with excavated soil",{"$f":"'PART-B'!I58","v":{"v":0,"d":"0.00"}},"Cum",{"$f":"'PART-B'!K58","v":{"v":284.4,"d":"284.40"}},{"v":0,"d":"0.00"},"22-23"]
["6",null,"VRCC M25 design mix Concrete  for column footings",{"$f":"'PART-B'!I63","v":{"v":0,"d":"0.00"}},"Cum",{"$f":"'PART-B'!K63","v":8062.18},{"v":0,"d":"0.00"},"22-23"]
["7",null,"VRCC M25 design mix Concrete  for Pedastal",{"$f":"'PART-B'!I68","v":{"v":0,"d":"0.00"}},"Cum",{"$f":"'PART-B'!K68","v":8501.18},{"v":0,"d":"0.00"},"22-23"]
["8",null,"VRCC M25 design mix Concrete  for Columns",{"$f":"'PART-B'!I80","v":{"v":0,"d":"0.00"}},"Cum",{"$f":"'PART-B'!K80","v":{"v":10417.6,"d":"10417.60"}},{"v":0,"d":"0.00"},"22-23"]
["9",null,"VRCC M25 design mix Concrete  for Plinth beam",{"$f":"'PART-B'!I88","v":{"v":0,"d":"0.00"}},"Cum",{"$f":"'PART-B'!K88","v":10162.18},{"v":0,"d":"0.00"},"22-23"]
["10",null,"VRCC M25 design mix Concrete  for Beams",{"$f":"'PART-B'!I96","v":{"v":0,"d":"0.00"}},"Cum",{"$f":"'PART-B'!K96","v":9921.19},{"v":0,"d":"0.00"},"22-23"]
["11",null,"VRCC M25 design mix Concrete  for Slab 125mm ",{"$f":"'PART-B'!I108","v":{"v":0,"d":"0.00"}},"Sqm",{"$f":"'PART-B'!K108","v":{"v":1202.4,"d":"1202.40"}},{"v":0,"d":"0.00"},"22-23"]
["12",null,"VRCC M25 design mix Concrete  for Slab 150mm ",{"$f":"'PART-B'!I102","v":{"v":0,"d":"0.00"}},"Sqm",{"$f":"'PART-B'!K102","v":1345.28},{"v":0,"d":"0.00"},"22-23"]
["11",null,"VRCC M25 design mix Concrete  for Slab 100mm ",{"$f":"'PART-B'!I114","v":{"v":0,"d":"0.00"}},"Sqm",{"$f":"'PART-B'!K114","v":1059.52},{"v":0,"d":"0.00"},"22-23"]
["11",null,"VRCC M25 design mix Concrete  for Slab 50mm",{"$f":"'PART-B'!I120","v":{"v":0,"d":"0.00"}},"Sqm",{"$f":"'PART-B'!K120","v":{"v":526.3,"d":"526.30"}},{"v":0,"d":"0.00"},"22-23"]
["15",null,"VRCC M25 design mix Concrete  for Slab 25mm",{"$f":"'PART-B'!I127","v":{"v":0,"d":"0.00"}},"Sqm",{"$f":"'PART-B'!K127","v":385.15},{"v":0,"d":"0.00"},"22-23"]
["15",null,"VRCC M25 design mix Concrete  for Lintels",{"$f":"'PART-B'!I136","v":{"v":0,"d":"0.00"}},"Cum",{"$f":"'PART-B'!K136","v":{"v":10584.6,"d":"10584.60"}},{"v":0,"d":"0.00"},"22-23"]
["17",null,"VRCC M25 design mix Concrete  for Sunshades",{"$f":"'PART-B'!I142","v":{"v":0,"d":"0.00"}},"Rm",{"$f":"'PART-B'!K142","v":518.52},{"v":0,"d":"0.00"},"22-23"]
["20",null,"impervious coat over roof slab-12mm",{"$f":"'PART-B'!I148","v":{"v":0,"d":"0.00"}},"Sqm",{"$f":"'PART-B'!K148","v":315.69},{"v":0,"d":"0.00"},"22-23"]
["16",null,"impervious coat over roof slab-20mm",{"$f":"'PART-B'!I154","v":{"v":0,"d":"0.00"}},"Sqm",{"$f":"'PART-B'!K154","v":405.78},{"v":0,"d":"0.00"},"22-23"]
["15",null,"PCC M25 for Steps",{"$f":"'PART-B'!I322","v":{"v":0,"d":"0.00"}},"Cum",{"$f":"'PART-B'!K322","v":5601.67},{"v":0,"d":"0.00"},"22-23"]
["16",null,"RR Masonary in CM (1:6) for basement",{"$f":"'PART-B'!I161","v":{"v":0,"d":"0.00"}},"Cum",{"$f":"'PART-B'!K161","v":{"v":3828.3500000000004,"d":"3828.35"}},{"v":0,"d":"0.00"},"22-23"]
["18",null,"Brick masonery in CM (1:8) for basement",{"$f":"'PART-B'!I169","v":{"v":0,"d":"0.00"}},"Cum",{"$f":"'PART-B'!K169","v":6869.83},{"v":0,"d":"0.00"},"22-23"]
["20",null,"Brick masonery in CM (1:6) for superstructure",{"$f":"'PART-B'!I177","v":{"v":0,"d":"0.00"}},"Cum",{"$f":"'PART-B'!K177","v":{"v":6926.2300000000005,"d":"6926.23"}},{"v":0,"d":"0.00"},"22-23"]
["23",null,"Reinforced Brick Masonry for partition walls (11.5 cm thick) i",{"$f":"'PART-B'!I184","v":{"v":0,"d":"0.00"}},"Sqm",{"$f":"'PART-B'!K184","v":865.32},{"$f":"ROUND(D931*F931/1,0)","v":{"v":0,"d":"0.00"}},"22-23"]
["21",null,"Fly ash cement bricks",{"$f":"'PART-B'!I192","v":{"v":0,"d":"0.00"}},"Sqm",{"$f":"'PART-B'!K192","v":{"v":6281.370000000001,"d":"6281.37"}},{"$f":"ROUND(D932*F932/1,0)","v":{"v":0,"d":"0.00"}},"22-23"]
["18",null,"RCM drop wall",{"$f":"'PART-B'!I199","v":{"v":0,"d":"0.00"}},"Sqm",{"$f":"'PART-B'!K199","v":2232.97},{"$f":"ROUND(D933*F933/1,0)","v":{"v":0,"d":"0.00"}},"22-23"]
["23",null,"Ornamental Plastering 12mm thick to ceiling",{"$f":"'PART-B'!I223","v":{"v":0,"d":"0.00"}},"Sqm",{"$f":"'PART-B'!K223","v":{"v":318.2,"d":"318.20"}},{"$f":"ROUND(D934*F934,0)","v":{"v":0,"d":"0.00"}},"22-23"]
["22",null,"Plastering 12mm thick inside in single coats ",{"$f":"'PART-B'!I233","v":{"v":0,"d":"0.00"}},"Sqm",{"$f":"'PART-B'!K233","v":294.71},{"v":0,"d":"0.00"},"22-23"]
["23",null,"Plastering 20mm thick single coat",{"$f":"'PART-B'!I251","v":{"v":0,"d":"0.00"}},"Sqm",{"$f":"'PART-B'!K251","v":{"v":314.9,"d":"314.90"}},{"v":0,"d":"0.00"},"22-23"]
["25",null,"Plastering 12mm thick double coat",{"$f":"'PART-B'!I297","v":{"v":0,"d":"0.00"}},"Sqm",{"$f":"'PART-B'!K297","v":388.21},{"v":0,"d":"0.00"},"22-23"]
["27",null,"Plastering 20mm thick double coat",{"$f":"'PART-B'!I304","v":{"v":0,"d":"0.00"}},"Sqm",{"$f":"'PART-B'!K304","v":404.02},{"v":0,"d":"0.00"},"22-23"]
["2",null,"Flooring with vitrified tiles ",{"$f":"'PART-B'!I338","v":{"v":0,"d":"0.00"}},"Sqm",{"$f":"'PART-B'!K338","v":1067.36},{"v":0,"d":"0.00"},"22-23"]
["3",null,"Providing skirting to vitrified tiles ",{"$f":"'PART-B'!I354","v":{"v":0,"d":"0.00"}},"Sqm",{"$f":"'PART-B'!K354","v":1062.03},{"v":0,"d":"0.00"},"22-23"]
["32",null,"Flooring with Granite stones",{"$f":"'PART-B'!I361","v":{"v":0,"d":"0.00"}},"sqm",{"$f":"'PART-B'!K361","v":3115.07},{"v":0,"d":"0.00"},"22-23"]
["33",null,"skirting to internal walls  with Granite stones",{"$f":"'PART-B'!I369","v":{"v":0,"d":"0.00"}},"Sqm",{"$f":"'PART-B'!K369","v":2905.43},{"v":0,"d":"0.00"},"22-23"]
["42",null,"Flooring with Terrazo tiles",{"$f":"'PART-B'!I376","v":{"v":0,"d":"0.00"}},"Sqm",{"$f":"'PART-B'!K376","v":{"v":744.7,"d":"744.70"}},{"v":0,"d":"0.00"},"22-23"]
["43",null,"skirting to internal walls  with Terrazo tiles",{"$f":"'PART-B'!I383","v":{"v":0,"d":"0.00"}},"Sqm",{"$f":"'PART-B'!K383","v":750.18},{"v":0,"d":"0.00"},"22-23"]
["4",null,"Flooring with Ceramic non skid tiles",{"$f":"'PART-B'!I395","v":{"v":0,"d":"0.00"}},"Sqm",{"$f":"'PART-B'!K395","v":801.83},{"v":0,"d":"0.00"},"22-23"]
["5",null,"Dadoing with Glazed tiles",{"$f":"'PART-B'!I410","v":{"v":0,"d":"0.00"}},"Sqm",{"$f":"'PART-B'!K410","v":518.15},{"v":0,"d":"0.00"},"22-23"]
["26",null,"Pressed floor tiles",{"$f":"'PART-B'!I416","v":22.14},"Sqm",{"$f":"'PART-B'!K416","v":1017.93},{"v":22537,"d":"22537.00"},"22-23"]
[null,null,"Precasted blocks for flooring",{"$f":"'PART-B'!I423","v":{"v":0,"d":"0.00"}},"Sqm",{"$f":"'PART-B'!K423","v":{"v":610,"d":"610.00"}},{"v":0,"d":"0.00"},"22-23"]
[null,null,"Gronolithic flooring",{"$f":"'PART-B'!I430","v":{"v":0,"d":"0.00"}},"Sqm",{"$f":"'PART-B'!K430","v":345.47},{"v":0,"d":"0.00"},"22-23"]
["30",null,"White washing one coat with whiting ",{"$f":"'PART-B'!I437","v":{"v":0,"d":"0.00"}},"Sqm",{"$f":"'PART-B'!K437","v":24.05},{"v":0,"d":"0.00"},"22-23"]
["35",null,"Providing and applying Wall putty ",{"$f":"'PART-B'!I485","v":{"v":0,"d":"0.00"}},"Sqm",{"$f":"'PART-B'!K485","v":173.73},{"v":0,"d":"0.00"},"22-23"]
["37",null,"Painting  with Emulsion paint for inernal walls GF",{"$f":"'PART-B'!I516","v":{"v":268.64000000000004,"d":"268.64"}},"Sqm",{"$f":"'PART-B'!K516","v":146.82},{"v":39442,"d":"39442.00"},"22-23"]
["39",null,"Painting  with Emulsion paint for external walls  GF",{"$f":"'PART-B'!I537","v":223.53},"Sqm",{"$f":"'PART-B'!K537","v":200.84},{"v":44894,"d":"44894.00"},"22-23"]
["30",null,"Supply & applying Poly-Urethane Water Proof Polish",{"$f":"'PART-B'!I551","v":{"v":14.879999999999999,"d":"14.88"}},"Sqm",{"$f":"'PART-B'!K551","v":968.78},{"v":14415,"d":"14415.00"},"22-23"]
["41",null,"Cost, Supply and Fixing of rolling shutter to Godown ",{"$f":"'PART-B'!I556","v":{"v":0,"d":"0.000"}},"Sqm",{"$f":"'PART-B'!K556","v":{"v":4025,"d":"4025.000"}},{"v":0,"d":"0.00"},"22-23"]
["32",null,"Painting New Wood / iron work with Two coats of ready mixed Synthatic Enamil paint",{"$f":"'PART-B'!I544","v":{"v":0,"d":"0.00"}},"Sqm",{"$f":"'PART-B'!K544","v":149.86},{"v":0,"d":"0.00"},"22-23"]
["32",null,"1200mm dia  2\" thick Precasted rcc hume rings",{"$f":"'PART-B'!I561","v":{"v":0,"d":"0.00"}},"No",{"$f":"'PART-B'!K561","v":{"v":808,"d":"808.00"}},{"v":0,"d":"0.00"},"22-23"]
["6",null,"900mm dia  2\" thick Precasted rcc hume rings",{"$f":"'PART-B'!I566","v":{"v":0,"d":"0.00"}},"No",{"$f":"'PART-B'!K566","v":{"v":500,"d":"500.00"}},{"v":0,"d":"0.00"},"22-23"]
["7",null,"Precasted hume ring slab",{"$f":"'PART-B'!I571","v":{"v":0,"d":"0.00"}},"No",{"$f":"'PART-B'!K571","v":{"v":130,"d":"130.00"}},{"v":0,"d":"0.00"},"22-23"]
["47",null,"Cost of steel",{"$f":"'PART-B'!I578","v":{"v":0,"d":"0.000"}},"MT",{"$f":"'PART-B'!K578","v":{"v":89280,"d":"89280.000"}},{"v":0,"d":"0.00"},"22-23"]
["35",null,"VRCC M25 design mix Concrete  for Columns",{"$f":"'PART-B'!I584","v":{"v":0,"d":"0.00"}},"Cum",{"$f":"'PART-B'!K584","v":11192.01},{"v":0,"d":"0.00"},"22-23"]
["36",null,"VRCC M25 design mix Concrete  for Beams",{"$f":"'PART-B'!I590","v":{"v":0,"d":"0.00"}},"Cum",{"$f":"'PART-B'!K590","v":10490.18},{"v":0,"d":"0.00"},"22-23"]
["37",null,"VRCC M25 design mix Concrete  for Slab 125mm ",{"$f":"'PART-B'!I601","v":{"v":0,"d":"0.00"}},"Sqm",{"$f":"'PART-B'!K601","v":1395.89},{"v":0,"d":"0.00"},"22-23"]
["26",null,"VRCC M25 design mix Concrete  for Slab 100mm ",{"$f":"'PART-B'!I606","v":{"v":0,"d":"0.00"}},"Sqm",{"$f":"'PART-B'!K606","v":1253.01},{"v":0,"d":"0.00"},"22-23"]
["38",null,"VRCC M25 design mix Concrete  for Slab 150mm ",{"$f":"'PART-B'!I595","v":{"v":0,"d":"0.00"}},"Sqm",{"$f":"'PART-B'!K595","v":1538.77},{"v":0,"d":"0.00"},"22-23"]
["58",null,"VRCC M25 design mix Concrete  for Slab 50mm ",{"$f":"'PART-B'!I612","v":{"v":0,"d":"0.00"}},"Sqm",{"$f":"'PART-B'!K612","v":694.54},{"v":0,"d":"0.00"},"22-23"]
["58",null,"VRCC M25 design mix Concrete  for Slab 25mm ",{"$f":"'PART-B'!I618","v":{"v":0,"d":"0.00"}},"Sqm",{"$f":"'PART-B'!K618","v":553.39},{"v":0,"d":"0.00"},"22-23"]
["54",null,"VRCC M25 design mix Concrete  for Lintels",{"$f":"'PART-B'!I624","v":{"v":0,"d":"0.00"}},"Cum",{"$f":"'PART-B'!K624","v":11212.51},{"v":0,"d":"0.00"},"22-23"]
["56",null,"VRCC M25 design mix Concrete  for Sunshades",{"$f":"'PART-B'!I630","v":{"v":0,"d":"0.00"}},"Rm",{"$f":"'PART-B'!K630","v":630.35},{"v":0,"d":"0.00"},"22-23"]
["41",null,"impervious coat over roof slab-12mm",{"$f":"'PART-B'!I636","v":{"v":0,"d":"0.00"}},"Sqm",{"$f":"'PART-B'!K636","v":339.16},{"v":0,"d":"0.00"},"22-23"]
["61",null,"impervious coat over roof slab-20mm",{"$f":"'PART-B'!I642","v":{"v":0,"d":"0.00"}},"Sqm",{"$f":"'PART-B'!K642","v":438.06},{"v":0,"d":"0.00"},"22-23"]
["60",null,"Brick masonery in CM (1:6) for superstructure",{"$f":"'PART-B'!I654","v":{"v":0,"d":"0.00"}},"Cum",{"$f":"'PART-B'!K654","v":7283.96},{"v":0,"d":"0.00"},"22-23"]
["30",null,"Brick masonery in CM (1:8) for basement",{"$f":"'PART-B'!I648","v":{"v":0,"d":"0.00"}},"Cum",{"$f":"'PART-B'!K648","v":{"v":7227.5599999999995,"d":"7227.56"}},{"v":0,"d":"0.00"},"22-23"]
["62",null,"Reinforced Brick Masonry for partition walls (11.5 cm thick) i",{"$f":"'PART-B'!I661","v":{"v":0,"d":"0.00"}},"Sqm",{"$f":"'PART-B'!K661","v":929.28},{"$f":"ROUND(D974*F974/1,0)","v":{"v":0,"d":"0.00"}},"22-23"]
["22",null,"Fly ash cement bricks",{"$f":"'PART-B'!I668","v":{"v":0,"d":"0.00"}},"Sqm",{"$f":"'PART-B'!K668","v":6718.55},{"$f":"ROUND(D975*F975/1,0)","v":{"v":0,"d":"0.00"}},"22-23"]
["23",null,"RCM drop wall",{"$f":"'PART-B'!I674","v":{"v":0,"d":"0.00"}},"Sqm",{"$f":"'PART-B'!K674","v":2346.34},{"$f":"ROUND(D976*F976/1,0)","v":{"v":0,"d":"0.00"}},"22-23"]
["57",null,"Ornamental Plastering 12mm thick to ceiling",{"$f":"'PART-B'!I681","v":{"v":0,"d":"0.00"}},"Sqm",{"$f":"'PART-B'!K681","v":351.17},{"$f":"ROUND(D977*F977,0)","v":{"v":0,"d":"0.00"}},"22-23"]
["57",null,"Plastering 12mm thick inside in single coats ",{"$f":"'PART-B'!I689","v":{"v":0,"d":"0.00"}},"Sqm",{"$f":"'PART-B'!K689","v":323.04},{"v":0,"d":"0.00"},"22-23"]
["58",null,"Plastering 20mm thick inside in single coats ",{"$f":"'PART-B'!I697","v":{"v":0,"d":"0.00"}},"Sqm",{"$f":"'PART-B'!K697","v":343.23},{"v":0,"d":"0.00"},"22-23"]
["59",null,"Plastering 12mm thick double coat",{"$f":"'PART-B'!I704","v":{"v":0,"d":"0.00"}},"Sqm",{"$f":"'PART-B'!K704","v":425.82},{"v":0,"d":"0.00"},"22-23"]
["61",null,"Plastering 20mm thick double coat",{"$f":"'PART-B'!I711","v":{"v":0,"d":"0.00"}},"Sqm",{"$f":"'PART-B'!K711","v":441.63},{"v":0,"d":"0.00"},"22-23"]
["47",null,"PCC M25 for Steps",{"$f":"'PART-B'!I718","v":{"v":0,"d":"0.00"}},"Cum",{"$f":"'PART-B'!K718","v":5722.81},{"v":0,"d":"0.00"},"22-23"]
["63",null,"Flooring with vitrified tiles ",{"$f":"'PART-B'!I725","v":{"v":0,"d":"0.00"}},"Sqm",{"$f":"'PART-B'!K725","v":1103.39},{"v":0,"d":"0.00"},"22-23"]
["65",null,"Providing skirting to internal walls to 15 cm height",{"$f":"'PART-B'!I732","v":{"v":0,"d":"0.00"}},"Sqm",{"$f":"'PART-B'!K732","v":1098.05},{"v":0,"d":"0.00"},"22-23"]
["66",null,"Flooring with Granite stones",{"$f":"'PART-B'!I739","v":{"v":0,"d":"0.00"}},"sqm",{"$f":"'PART-B'!K739","v":3181.62},{"v":0,"d":"0.00"},"22-23"]
["67",null,"Skirting with Granite stones",{"$f":"'PART-B'!I746","v":{"v":0,"d":"0.00"}},"Sqm",{"$f":"'PART-B'!K746","v":2950.54},{"v":0,"d":"0.00"},"22-23"]
["71",null,"Flooring with Terrazo tiles",{"$f":"'PART-B'!I754","v":{"v":0,"d":"0.00"}},"Sqm",{"$f":"'PART-B'!K754","v":780.73},{"v":0,"d":"0.00"},"22-23"]
["72",null,"skirting to internal walls  with Terrazo tiles",{"$f":"'PART-B'!I761","v":{"v":0,"d":"0.00"}},"Sqm",{"$f":"'PART-B'!K761","v":{"v":786.2,"d":"786.20"}},{"v":0,"d":"0.00"},"22-23"]
["69",null,"Flooring with Ceramic non skid tiles",{"$f":"'PART-B'!I768","v":{"v":0,"d":"0.00"}},"Sqm",{"$f":"'PART-B'!K768","v":837.86},{"v":0,"d":"0.00"},"22-23"]
["71",null,"Dadoing with Glazed tiles",{"$f":"'PART-B'!I775","v":{"v":0,"d":"0.00"}},"Sqm",{"$f":"'PART-B'!K775","v":527.21},{"v":0,"d":"0.00"},"22-23"]
["32",null,"Pressed floor tiles",{"$f":"'PART-B'!I783","v":{"v":0,"d":"0.00"}},"Sqm",{"$f":"'PART-B'!K783","v":1059.21},{"v":0,"d":"0.00"},"22-23"]
["76",null,"White washing three coats with whiting ",{"$f":"'PART-B'!I792","v":{"v":0,"d":"0.00"}},"Sqm",{"$f":"'PART-B'!K792","v":25.98},{"v":0,"d":"0.00"},"22-23"]
["72",null,"Providing and applying synthetic plaster putty ",{"$f":"'PART-B'!I802","v":{"v":0,"d":"0.00"}},"Sqm",{"$f":"'PART-B'!K802","v":184.03},{"v":0,"d":"0.00"},"22-23"]
["74",null,"Painting  with Emulsion paint for inernal walls",{"$f":"'PART-B'!I811","v":{"v":0,"d":"0.00"}},"Sqm",{"$f":"'PART-B'!K811","v":158.36},{"v":0,"d":"0.00"},"22-23"]
["76",null,"Painting  with Emulsion paint for external walls",{"$f":"'PART-B'!I818","v":{"v":0,"d":"0.00"}},"Sqm",{"$f":"'PART-B'!K818","v":217.22},{"v":0,"d":"0.00"},"22-23"]
["84",null,"Cost of steel",{"$f":"'PART-B'!I825","v":{"v":0,"d":"0.000"}},"MT",{"$f":"'PART-B'!K825","v":{"v":90555,"d":"90555.000"}},{"v":0,"d":"0.00"},"22-23"]
["85",null,"VRCC M25 design mix Concrete  for Columns",{"$f":"'PART-B'!I831","v":{"v":0,"d":"0.00"}},"Cum",{"$f":"'PART-B'!K831","v":12013.61},{"v":0,"d":"0.00"},"22-23"]
["86",null,"VRCC M25 design mix Concrete  for Beams",{"$f":"'PART-B'!I837","v":{"v":0,"d":"0.00"}},"Cum",{"$f":"'PART-B'!K837","v":{"v":11098.560000000001,"d":"11098.56"}},{"v":0,"d":"0.00"},"22-23"]
["87",null,"VRCC M25 design mix Concrete  for Slab 125mm ",{"$f":"'PART-B'!I848","v":{"v":0,"d":"0.00"}},"Sqm",{"$f":"'PART-B'!K848","v":1594.17},{"v":0,"d":"0.00"},"22-23"]
["26",null,"VRCC M25 design mix Concrete  for Slab 100mm ",{"$f":"'PART-B'!I853","v":{"v":0,"d":"0.00"}},"Sqm",{"$f":"'PART-B'!K853","v":1451.29},{"v":0,"d":"0.00"},"22-23"]
["57",null,"VRCC M25 design mix Concrete  for Slab 150mm ",{"$f":"'PART-B'!I843","v":{"v":0,"d":"0.00"}},"Sqm",{"$f":"'PART-B'!K843","v":1737.05},{"v":0,"d":"0.00"},"22-23"]
["58",null,"VRCC M25 design mix Concrete  for Slab 50mm ",{"$f":"'PART-B'!I859","v":{"v":0,"d":"0.00"}},"Sqm",{"$f":"'PART-B'!K859","v":865.17},{"v":0,"d":"0.00"},"22-23"]
["58",null,"VRCC M25 design mix Concrete  for Slab 25mm ",{"$f":"'PART-B'!I865","v":{"v":0,"d":"0.00"}},"Sqm",{"$f":"'PART-B'!K865","v":724.02},{"v":0,"d":"0.00"},"22-23"]
["59",null,"VRCC M25 design mix Concrete  for Lintels",{"$f":"'PART-B'!I872","v":{"v":0,"d":"0.00"}},"Cum",{"$f":"'PART-B'!K872","v":{"v":11874.810000000001,"d":"11874.81"}},{"v":0,"d":"0.00"},"22-23"]
["60",null,"VRCC M25 design mix Concrete  for Sunshades",{"$f":"'PART-B'!I877","v":{"v":0,"d":"0.00"}},"Rm",{"$f":"'PART-B'!K877","v":{"v":744.7299999999999,"d":"744.73"}},{"v":0,"d":"0.00"},"22-23"]
["60",null,"impervious coat over roof slab-12mm",{"$f":"'PART-B'!I882","v":{"v":0,"d":"0.00"}},"Sqm",{"$f":"'PART-B'!K882","v":362.63},{"v":0,"d":"0.00"},"22-23"]
["61",null,"impervious coat over roof slab-20mm",{"$f":"'PART-B'!I888","v":{"v":0,"d":"0.00"}},"Sqm",{"$f":"'PART-B'!K888","v":470.34},{"v":0,"d":"0.00"},"22-23"]
["88",null,"Brick masonery in CM (1:6) for superstructure",{"$f":"'PART-B'!I901","v":{"v":0,"d":"0.00"}},"Cum",{"$f":"'PART-B'!K901","v":{"v":7673.4,"d":"7673.40"}},{"v":0,"d":"0.00"},"22-23"]
["30",null,"Brick masonery in CM (1:8) for basement",{"$f":"'PART-B'!I896","v":{"v":0,"d":"0.00"}},"Cum",{"$f":"'PART-B'!K896","v":{"v":7616.999999999999,"d":"7617.00"}},{"v":0,"d":"0.00"},"22-23"]
["89",null,"Reinforced Brick Masonry for partition walls (11.5 cm thick) i",{"$f":"'PART-B'!I907","v":{"v":0,"d":"0.00"}},"Sqm",{"$f":"'PART-B'!K907","v":999.57},{"$f":"ROUND(D1010*F1010/1,0)","v":{"v":0,"d":"0.00"}},"22-23"]
["22",null,"Fly ash cement bricks",{"$f":"'PART-B'!I914","v":{"v":0,"d":"0.00"}},"Sqm",{"$f":"'PART-B'!K914","v":{"v":7187.450000000001,"d":"7187.45"}},{"$f":"ROUND(D1011*F1011/1,0)","v":{"v":0,"d":"0.00"}},"22-23"]
["83",null,"Ornamental Plastering 12mm thick to ceiling",{"$f":"'PART-B'!I921","v":{"v":0,"d":"0.00"}},"Sqm",{"$f":"'PART-B'!K921","v":385.55},{"$f":"ROUND(D1012*F1012,0)","v":{"v":0,"d":"0.00"}},"22-23"]
["82",null,"Plastering 12mm thick inside in single coats ",{"$f":"'PART-B'!I929","v":{"v":0,"d":"0.00"}},"Sqm",{"$f":"'PART-B'!K929","v":{"v":352.1,"d":"352.10"}},{"v":0,"d":"0.00"},"22-23"]
["83",null,"Plastering 20mm thick inside in single coats ",{"$f":"'PART-B'!I937","v":{"v":0,"d":"0.00"}},"Sqm",{"$f":"'PART-B'!K937","v":372.29},{"v":0,"d":"0.00"},"22-23"]
["84",null,"Plastering 12mm thick double coat",{"$f":"'PART-B'!I944","v":{"v":0,"d":"0.00"}},"Sqm",{"$f":"'PART-B'!K944","v":464.16},{"v":0,"d":"0.00"},"22-23"]
["85",null,"Plastering 20mm thick double coat",{"$f":"'PART-B'!I951","v":{"v":0,"d":"0.00"}},"Sqm",{"$f":"'PART-B'!K951","v":479.98},{"v":0,"d":"0.00"},"22-23"]
["13",null,"PCC M25 for Steps",{"$f":"'PART-B'!I956","v":{"v":0,"d":"0.00"}},"Cum",{"$f":"'PART-B'!K956","v":{"v":5843.9400000000005,"d":"5843.94"}},{"v":0,"d":"0.00"},"22-23"]
["65",null,"Flooring with vitrified tiles ",{"$f":"'PART-B'!I962","v":{"v":0,"d":"0.00"}},"Sqm",{"$f":"'PART-B'!K962","v":1139.42},{"v":0,"d":"0.00"},"22-23"]
["69",null,"Providing skirting to internal walls to 15 cm height",{"$f":"'PART-B'!I969","v":{"v":0,"d":"0.00"}},"Sqm",{"$f":"'PART-B'!K969","v":1134.08},{"v":0,"d":"0.00"},"22-23"]
["50",null,"Flooring with Granite stones",{"$f":"'PART-B'!I976","v":{"v":0,"d":"0.00"}},"sqm",{"$f":"'PART-B'!K976","v":3248.17},{"v":0,"d":"0.00"},"22-23"]
["51",null,"Skirting with Granite stones",{"$f":"'PART-B'!I983","v":{"v":0,"d":"0.00"}},"Sqm",{"$f":"'PART-B'!K983","v":2995.66},{"v":0,"d":"0.00"},"22-23"]
["71",null,"Flooring with Terrazo tiles",{"$f":"'PART-B'!I990","v":{"v":0,"d":"0.00"}},"Sqm",{"$f":"'PART-B'!K990","v":816.76},{"v":0,"d":"0.00"},"22-23"]
["72",null,"skirting to internal walls  with Terrazo tiles",{"$f":"'PART-B'!I997","v":{"v":0,"d":"0.00"}},"Sqm",{"$f":"'PART-B'!K997","v":822.23},{"v":0,"d":"0.00"},"22-23"]
["73",null,"Flooring with Ceramic non skid tiles",{"$f":"'PART-B'!I1004","v":{"v":0,"d":"0.00"}},"Sqm",{"$f":"'PART-B'!K1004","v":873.89},{"v":0,"d":"0.00"},"22-23"]
["74",null,"Dadoing with Glazed tiles",{"$f":"'PART-B'!I1010","v":{"v":0,"d":"0.00"}},"Sqm",{"$f":"'PART-B'!K1010","v":536.26},{"v":0,"d":"0.00"},"22-23"]
["32",null,"Pressed floor tiles",{"$f":"'PART-B'!I1016","v":{"v":0,"d":"0.00"}},"Sqm",{"$f":"'PART-B'!K1016","v":1100.49},{"v":0,"d":"0.00"},"22-23"]
["76",null,"White washing three coats with whiting ",{"$f":"'PART-B'!I1024","v":{"v":0,"d":"0.00"}},"Sqm",{"$f":"'PART-B'!K1024","v":27.91},{"v":0,"d":"0.00"},"22-23"]
["84",null,"Providing and applying synthetic plaster putty ",{"$f":"'PART-B'!I1032","v":{"v":0,"d":"0.00"}},"Sqm",{"$f":"'PART-B'!K1032","v":194.34},{"v":0,"d":"0.00"},"22-23"]
["86",null,"Painting  with Emulsion paint for inernal walls",{"$f":"'PART-B'!I1040","v":{"v":0,"d":"0.00"}},"Sqm",{"$f":"'PART-B'!K1040","v":169.89},{"v":0,"d":"0.00"},"22-23"]
["87",null,"Painting  with Emulsion paint for external walls",{"$f":"'PART-B'!I1047","v":{"v":0,"d":"0.00"}},"Sqm",{"$f":"'PART-B'!K1047","v":233.59},{"v":0,"d":"0.00"},"22-23"]
["96",null,"Cost of steel",{"$f":"'PART-B'!I1053","v":{"v":0,"d":"0.000"}},"MT",{"$f":"'PART-B'!K1053","v":{"v":91830,"d":"91830.000"}},{"v":0,"d":"0.00"},"22-23"]
["90",null,"Supply and fixing of  Door  of size 1.20 x 2.10mt ",{"$f":"'PART-B'!I1059","v":{"v":1,"d":"1.00"}},"No",{"$f":"'PART-B'!K1059","v":{"v":22903.660000000003,"d":"22903.66"}},{"v":22904,"d":"22904.00"},"22-23"]
["24",null,"Supply and fixing of  Door  of size 0.90 x 2.10mt ",{"$f":"'PART-B'!I1074","v":{"v":0,"d":"0.00"}},"No",{"$f":"'PART-B'!K1074","v":15875.19},{"v":0,"d":"0.00"},"22-23"]
[null,null,"Supply and fixing of  Door  of size 0.80 x 2.10mt ",{"$f":"'PART-B'!I1079","v":{"v":0,"d":"0.00"}},"No",{"$f":"'PART-B'!K1079","v":{"v":15037.220000000001,"d":"15037.22"}},{"v":0,"d":"0.00"},"22-23"]
["90",null,"Supply and fixing of  Door  of size 0.90 x 2.10mt ",{"$f":"'PART-B'!I1084","v":{"v":0,"d":"0.00"}},"No",{"$f":"'PART-B'!K1084","v":{"v":11732.029999999999,"d":"11732.03"}},{"v":0,"d":"0.00"},"22-23"]
["70",null,"Supply and fixing of  Door  of size 0.75 x 2.10mt ",{"$f":"'PART-B'!I1089","v":{"v":1,"d":"1.00"}},"No",{"$f":"'PART-B'!K1089","v":7651.36},{"v":7651,"d":"7651.00"},"22-23"]
["95","ACT0602","Supply and fixing of  Door  of size 1.20 x 2.10mt",{"$f":"'PART-B'!I1064","v":{"v":0,"d":"0.00"}},"No",{"$f":"'PART-B'!K1064","v":7927.96},{"$f":"ROUND(D1037*F1037,0)","v":{"v":0,"d":"0.00"}},"22-23"]
["92",null,"Supply and fixing of  Door  of size 1.20 x 2.10mt",{"$f":"'PART-B'!I1069","v":{"v":0,"d":"0.00"}},"No",{"$f":"'PART-B'!K1069","v":11442.58},{"v":0,"d":"0.00"},"22-23"]
["71",null,"Supply and fixing of  Door  of size 1.05  x 2.10mt GF",{"$f":"'PART-B'!I1094","v":{"v":1,"d":"1.00"}},"No",{"$f":"'PART-B'!K1094","v":8519.25},{"v":8519,"d":"8519.00"},"22-23"]
["96","ACT0056","Supply and fixing of  Door  of size 1.05  x 2.10mt FF",{"$f":"'PART-B'!I1099","v":{"v":0,"d":"0.00"}},"No",{"$f":"'PART-B'!K1099","v":7005.16},{"$f":"ROUND(D1040*F1040,0)","v":{"v":0,"d":"0.00"}},"22-23"]
["8",null,"WPC doors",{"$f":"'PART-B'!I1106","v":{"v":0,"d":"0.00"}},"Sqm",{"$f":"'PART-B'!K1106","v":6846.88},null,"22-23",null,{"$f":"ROUND(D1041*F1041,0)","v":{"v":0,"d":"0.00"}}]
["106",null,"WPC door with without Bottom frame",{"$f":"'PART-B'!I1112","v":{"v":0,"d":"0.00"}},"Sqm",{"$f":"'PART-B'!K1112","v":6132.48},{"v":0,"d":"0.00"},"22-23"]
["63","ACT0526","uPVC  windows 3track",{"$f":"'PART-B'!I1123","v":5.76},"Sqm",{"$f":"'PART-B'!K1123","v":{"v":8622,"d":"8622.00"}},{"v":49663,"d":"49663.00"},"22-23"]
["100",null,"Providing and fixing factory made uPVC  windows 3track",{"$f":"'PART-B'!I1127","v":{"v":0,"d":"0.00"}},"Sqm",{"$f":"'PART-B'!K1127","v":{"v":6460,"d":"6460.00"}},{"v":0,"d":"0.00"},"22-23"]
["98",null,"Providing and fixing factory made uPVC  windows single track",{"$f":"'PART-B'!I1131","v":{"v":0,"d":"0.00"}},"Sqm",{"$f":"'PART-B'!K1131","v":{"v":6238,"d":"6238.00"}},{"v":0,"d":"0.00"},"22-23"]
[null,null,"Single fixed Louvers Ventilator",{"$f":"'PART-B'!I1136","v":{"v":0,"d":"0.00"}},"Sqm",{"$f":"'PART-B'!K1136","v":{"v":4062,"d":"4062.00"}},{"v":0,"d":"0.00"},"22-23"]
["106",null,"Supplying and fixing of  ventilator",{"$f":"'PART-B'!I1141","v":{"v":0,"d":"0.00"}},"No",{"$f":"'PART-B'!K1141","v":577.28},{"v":0,"d":"0.00"},"22-23"]
["99",null,"S&F of Cement Jolleys 50mm thick",{"$f":"'PART-B'!I1146","v":{"v":0,"d":"0.00"}},"Sqm",{"$f":"'PART-B'!K1146","v":{"v":604.0799999999999,"d":"604.08"}},{"v":0,"d":"0.00"},"22-23"]
["76",null,"Supplying  & fixing of Iron  Grills ",{"$f":"'PART-B'!I1151","v":{"v":0,"d":"0.00"}},"kgs",{"$f":"'PART-B'!K1151","v":110.38},{"v":0,"d":"0.00"},"22-23"]
["101",null,"Supplying  & fixing of Iron  Grills ",{"$f":"'PART-B'!I1158","v":{"v":0,"d":"0.00"}},"Sqm",{"$f":"'PART-B'!K1158","v":{"v":3130,"d":"3130.00"}},{"v":0,"d":"0.00"},"22-23"]
["59",null,"Supplying  & fixing of MS tube",{"$f":"'PART-B'!I1163","v":{"v":0,"d":"0.00"}},null,{"$f":"'PART-B'!K1163","v":{"v":126.9,"d":"126.90"}},{"v":0,"d":"0.00"},"22-23"]
["102",null,"Supplying  & fixing of stainless steel hand rail",{"$f":"'PART-B'!I1172","v":{"v":0,"d":"0.00"}},"Sqm",{"$f":"'PART-B'!K1172","v":3345.94},null,"22-23",null,{"$f":"ROUND(D1052*F1052,0)","v":{"v":0,"d":"0.00"}}]
["78",null,"Supplying  & fixing of stainless steel RamP",{"$f":"'PART-B'!I1180","v":{"v":0,"d":"0.00"}},"Sqm",{"$f":"'PART-B'!K1180","v":1514.34},{"v":0,"d":"0.00"},"22-23"]
["78",null,"Supplying  & fixing of stainless steel ",{"$f":"'PART-B'!I1185","v":{"v":0,"d":"0.00"}},"kgs",{"$f":"'PART-B'!K1185","v":568.35},{"v":0,"d":"0.00"},"22-23"]
["110",null,"Full Rounding the edges of  Granite stone slabs",{"$f":"'PART-B'!I1193","v":{"v":0,"d":"0.000"}},"Rm",{"$f":"'PART-B'!K1193","v":{"v":453,"d":"453.000"}},{"v":0,"d":"0.00"},"22-23"]
["64","ACT0125","S&F of 32mm dia CPVC pipes",{"$f":"'PART-B'!I1199","v":{"v":0,"d":"0.00"}},"Rm",{"$f":"'PART-B'!K1199","v":{"v":214,"d":"214.00"}},{"v":0,"d":"0.00"},"22-23"]
["65","ACT0126","S&F of 25mm dia CPVC pipes",{"$f":"'PART-B'!I1205","v":{"v":40,"d":"40.00"}},"Rm",{"$f":"'PART-B'!K1205","v":{"v":136,"d":"136.00"}},{"v":5440,"d":"5440.00"},"22-23"]
["104",null,"S&F of 20mm dia CPVC pipes",{"$f":"'PART-B'!I1210","v":{"v":0,"d":"0.00"}},"Rm",{"$f":"'PART-B'!K1210","v":{"v":94,"d":"94.00"}},{"v":0,"d":"0.00"},"22-23"]
["113",null,"S&F of 25mm dia PVC pies",{"$f":"'PART-B'!I1220","v":{"v":0,"d":"0.00"}},"Rm",{"$f":"'PART-B'!K1220","v":{"v":35,"d":"35.00"}},{"v":0,"d":"0.00"},"22-23"]
["66","ACT0179","Labour charges for CPVC PIPes ",{"$f":"'PART-B'!I1226","v":{"v":40,"d":"40.00"}},"Rm",{"$f":"'PART-B'!K1226","v":{"v":33,"d":"33.00"}},{"v":1320,"d":"1320.00"},"22-23"]
["111",null,"S&F of Bib Type Taps",{"$f":"'PART-B'!I1231","v":{"v":0,"d":"0.00"}},"No",{"$f":"'PART-B'!K1231","v":{"v":387,"d":"387.00"}},{"v":0,"d":"0.00"},"22-23"]
["43",null,"S&F of Bib Type Taps  flange Chromeum plated Jaquar make queen series",{"$f":"'PART-B'!I1236","v":{"v":0,"d":"0.00"}},"No",{"$f":"'PART-B'!K1236","v":{"v":1644,"d":"1644.00"}},{"v":0,"d":"0.00"},"22-23"]
["67","ACT0120","S&F of 110mm dia PVC Pipes",{"$f":"'PART-B'!I1241","v":{"v":10,"d":"10.00"}},"Rm",{"$f":"'PART-B'!K1241","v":{"v":149,"d":"149.00"}},{"v":1490,"d":"1490.00"},"22-23"]
["123",null,"S&F of 90mm dia PVC Pipes",{"$f":"'PART-B'!I1246","v":{"v":0,"d":"0.00"}},"Rm",{"$f":"'PART-B'!K1246","v":{"v":141.66666666666666,"d":"141.67"}},{"v":0,"d":"0.00"},"22-23"]
["68","ACT0121","S&F of 75mm dia PVC Pipes",{"$f":"'PART-B'!I1251","v":{"v":10,"d":"10.00"}},"Rm",{"$f":"'PART-B'!K1251","v":{"v":89,"d":"89.00"}},{"v":890,"d":"890.00"},"22-23"]
["69","ACT0179","Labour charges for PVC PIPes ",{"$f":"'PART-B'!I1257","v":{"v":20,"d":"20.00"}},"Rm",{"$f":"'PART-B'!K1257","v":{"v":79,"d":"79.00"}},{"v":1580,"d":"1580.00"},"22-23"]
["70","ACT0108","S&F of European type water closet",{"$f":"'PART-B'!I1262","v":{"v":2,"d":"2.00"}},"No",{"$f":"'PART-B'!K1262","v":{"v":5297,"d":"5297.00"}},{"v":10594,"d":"10594.00"},"22-23"]
["80",null,"S&F of Indian type water closet",{"$f":"'PART-B'!I1267","v":{"v":0,"d":"0.00"}},"No",{"$f":"'PART-B'!K1267","v":{"v":1036,"d":"1036.00"}},{"v":0,"d":"0.00"},"22-23"]
["16",null,"S&F of Wash basin",{"$f":"'PART-B'!I1277","v":{"v":2,"d":"2.00"}},"No",{"$f":"'PART-B'!K1277","v":{"v":2025,"d":"2025.00"}},{"v":4050,"d":"4050.00"},"22-23"]
["124",null,"S&F of Urinals",{"$f":"'PART-B'!I1272","v":{"v":0,"d":"0.00"}},"No",{"$f":"'PART-B'!K1272","v":{"v":2644,"d":"2644.00"}},{"v":0,"d":"0.00"},"22-23"]
["71","ACT0131","Nahany trap with Jali-  PVC/SWR Pipe fittings",{"$f":"'PART-B'!I1282","v":{"v":0,"d":"0.00"}},"No",{"$f":"'PART-B'!K1282","v":{"v":93,"d":"93.00"}},{"v":0,"d":"0.00"},"22-23"]
["72","ACT0135","S&F of Synthatic Water storage tank",{"$f":"'PART-B'!I1287","v":{"v":500,"d":"500.00"}},"lt",{"$f":"'PART-B'!K1287","v":{"v":9.5,"d":"9.50"}},{"v":4750,"d":"4750.00"},"22-23"]
["140",null,"Drilling with165mm dia borewell",{"$f":"'PART-B'!I1290","v":{"v":0,"d":"0.00"}},"Rm",{"$f":"'PART-B'!K1290","v":{"v":446.4,"d":"446.40"}},{"v":0,"d":"0.00"},"22-23"]
["64",null,"Drilling with165mm dia borewell",{"$f":"'PART-B'!I1291","v":{"v":0,"d":"0.00"}},"Rm",{"$f":"'PART-B'!K1291","v":{"v":477.6,"d":"477.60"}},{"v":0,"d":"0.00"},"22-23"]
["65",null,"Drilling with165mm dia borewell",{"$f":"'PART-B'!I1292","v":{"v":0,"d":"0.00"}},"Rm",{"$f":"'PART-B'!K1292","v":{"v":535.7,"d":"535.70"}},{"v":0,"d":"0.00"},"22-23"]
["142",null,"S&F of 180mm dia casing pipe",{"$f":"'PART-B'!I1298","v":{"v":0,"d":"0.00"}},"Rm",{"$f":"'PART-B'!K1298","v":{"v":325,"d":"325.00"}},{"$f":"ROUND(D1076*F1076,0)","v":{"v":0,"d":"0.00"}},"22-23"]
["144",null,"S&F of 2 HP Submersible mortor",{"$f":"'PART-B'!I1303","v":{"v":0,"d":"0.00"}},"No",{"$f":"'PART-B'!K1303","v":{"v":18370,"d":"18370.00"}},{"v":0,"d":"0.00"},"22-23"]
["146",null,"S& F 40  mm HDPE pip",{"$f":"'PART-B'!I1308","v":{"v":0,"d":"0.00"}},"Rm",{"$f":"'PART-B'!K1308","v":{"v":85,"d":"85.00"}},{"v":0,"d":"0.00"},"22-23"]
["148",null,"S&F of 180mm dia bore cap",{"$f":"'PART-B'!I1313","v":{"v":0,"d":"0.00"}},"No",{"$f":"'PART-B'!K1313","v":{"v":300,"d":"300.00"}},{"v":0,"d":"0.00"},"22-23"]
["150",null,"S&F of 25mm dia GI pipe",{"$f":"'PART-B'!I1318","v":{"v":0,"d":"0.00"}},"No",{"$f":"'PART-B'!K1318","v":{"v":400,"d":"400.00"}},{"v":0,"d":"0.00"},"22-23"]
["154",null,"S&F of 25mm dia GI Bends",{"$f":"'PART-B'!I1323","v":{"v":0,"d":"0.00"}},"No",{"$f":"'PART-B'!K1323","v":{"v":77,"d":"77.00"}},{"v":0,"d":"0.00"},"22-23"]
["156",null,"S&F of 25mm dia Clamp set",{"$f":"'PART-B'!I1328","v":{"v":0,"d":"0.00"}},"No",{"$f":"'PART-B'!K1328","v":{"v":194,"d":"194.00"}},{"v":0,"d":"0.00"},"22-23"]
["154",null,"Supply of 3 core 1.50 sqm flat copper cable",{"$f":"'PART-B'!I1333","v":{"v":0,"d":"0.00"}},"Rm",{"$f":"'PART-B'!K1333","v":{"v":105,"d":"105.00"}},{"v":0,"d":"0.00"},"22-23"]
["156",null,"Supply and Transportation of control panel ",{"$f":"'PART-B'!I1338","v":{"v":0,"d":"0.00"}},"No",{"$f":"'PART-B'!K1338","v":{"v":5445,"d":"5445.00"}},{"v":0,"d":"0.00"},"22-23"]
["142",null,"S&F  of 25mm dia 2.2 mm thick PVC Conduit pipe ",{"$f":"'PART-B'!I1344","v":{"v":0,"d":"0.00"}},"Rm",{"$f":"'PART-B'!K1344","v":73.94},{"v":0,"d":"0.00"},"22-23"]
["73","ACT0090","S&F  of 25mm dia 2.2 mm thick PVC Conduit pipe ",{"$f":"'PART-B'!I1354","v":{"v":40,"d":"40.00"}},"Rm",{"$f":"'PART-B'!K1354","v":89.61},{"v":3584,"d":"3584.00"},"22-23"]
["58",null,"Labour  for Grooves 2-3mm thick for PVC pipes",{"$f":"'PART-B'!I1362","v":{"v":0,"d":"0.00"}},"Rm",{"$f":"'PART-B'!K1362","v":{"v":64,"d":"64.00"}},{"v":0,"d":"0.00"},"22-23"]
["18",null,"200/18 SWG Module box w for 12 Module box",{"$f":"'PART-B'!I1367","v":{"v":3,"d":"3.00"}},"No",{"$f":"'PART-B'!K1367","v":{"v":245,"d":"245.00"}},null,"22-23",null,{"$f":"ROUND(D1088*F1088,0)","v":{"v":735,"d":"735.00"}}]
["146",null,"200/18 SWG Module box w for 8 Module box",{"$f":"'PART-B'!I1372","v":{"v":2,"d":"2.00"}},"No",{"$f":"'PART-B'!K1372","v":{"v":203,"d":"203.00"}},null,"22-23",null,{"$f":"ROUND(D1089*F1089,0)","v":{"v":406,"d":"406.00"}}]
["147",null,"200/18 SWG Module box w for 6 Module box",{"$f":"'PART-B'!I1377","v":{"v":0,"d":"0.00"}},"No",{"$f":"'PART-B'!K1377","v":{"v":155,"d":"155.00"}},{"v":0,"d":"0.00"},"22-23"]
["148",null,"200/18 SWG Module box w for 4 Module box",{"$f":"'PART-B'!I1392","v":{"v":0,"d":"0.00"}},"No",{"$f":"'PART-B'!K1392","v":{"v":114,"d":"114.00"}},{"v":0,"d":"0.00"},"22-23"]
["167",null,"200/18 SWG Module box w for 18 Module box",{"$f":"'PART-B'!I1387","v":{"v":0,"d":"0.00"}},"No",{"$f":"'PART-B'!K1387","v":{"v":400,"d":"400.00"}},{"v":0,"d":"0.00"},"22-23"]
["168",null,"200/18 SWG Module box w for 16 Module box",{"$f":"'PART-B'!I1382","v":{"v":3,"d":"3.00"}},"No",{"$f":"'PART-B'!K1382","v":{"v":359,"d":"359.00"}},{"v":1077,"d":"1077.00"},"22-23"]
["19",null,"200/18 SWG Module box w for 2 Module box",{"$f":"'PART-B'!I1397","v":{"v":0,"d":"0.00"}},"No",{"$f":"'PART-B'!K1397","v":{"v":68,"d":"68.00"}},{"v":0,"d":"0.00"},"22-23"]
["74","ACT0094","Wiring with run of 2 of 14/0.3mm (1.0 Sq.mm) ",{"$f":"'PART-B'!I1403","v":{"v":22,"d":"22.00"}},"Poi",{"$f":"'PART-B'!K1403","v":481.67},{"v":10597,"d":"10597.00"},"22-23"]
["21",null,"Wiring with run of 2 of 14/0.3mm (1.0 Sq.mm) ",{"$f":"'PART-B'!I1408","v":{"v":6,"d":"6.00"}},"Poi",{"$f":"'PART-B'!K1408","v":503.67},null,"22-23",null,{"$f":"ROUND(D1096*F1096,0)","v":{"v":3022,"d":"3022.00"}}]
["152",null,"Supply and  Run of 1 of 14/0.3mm (1.00 Sq.mm)",{"$f":"'PART-B'!I1414","v":{"v":0,"d":"0.00"}},"Rm",{"$f":"'PART-B'!K1414","v":23.55},{"v":0,"d":"0.00"},"22-23"]
["155",null,"Supply and  Run of 2 of 22/0.3mm (1.50 Sq.mm)",{"$f":"'PART-B'!I1419","v":{"v":0,"d":"0.00"}},"Rm",{"$f":"'PART-B'!K1419","v":79.48},{"v":0,"d":"0.00"},"22-23"]
["75","ACT0092","Supply and  Run of 2 of 36/0.3mm (2.50 Sq.mm)",{"$f":"'PART-B'!I1429","v":{"v":40,"d":"40.00"}},"Rm",{"$f":"'PART-B'!K1429","v":{"v":83.3335,"d":"83.33"}},{"v":3333,"d":"3333.00"},"22-23"]
["155",null,"Supply and  Run of 2 of 56/0.3mm (4.00 Sq.mm)",{"$f":"'PART-B'!I1434","v":{"v":0,"d":"0.00"}},"Rm",{"$f":"'PART-B'!K1434","v":126.65},{"v":0,"d":"0.00"},"22-23"]
["158",null,"Supply and  Run of  4 of 84/0.3mm (6.0 Sq.mm)",{"$f":"'PART-B'!I1439","v":{"v":0,"d":"0.00"}},"Rm",{"$f":"'PART-B'!K1439","v":{"v":64.563,"d":"64.56"}},{"v":0,"d":"0.00"},"22-23"]
["23",null,"Supply of Cover frames for 12 module box",{"$f":"'PART-B'!I1444","v":{"v":3,"d":"3.00"}},"No",{"$f":"'PART-B'!K1444","v":{"v":209,"d":"209.00"}},null,"22-23",null,{"$f":"ROUND(D1102*F1102,0)","v":{"v":627,"d":"627.00"}}]
["160",null,"Supply of Cover frames for 8 module box",{"$f":"'PART-B'!I1449","v":{"v":2,"d":"2.00"}},"No",{"$f":"'PART-B'!K1449","v":{"v":171,"d":"171.00"}},null,"22-23",null,{"$f":"ROUND(D1103*F1103,0)","v":{"v":342,"d":"342.00"}}]
["161",null,"Supply of Cover frames for 6 module box",{"$f":"'PART-B'!I1454","v":{"v":0,"d":"0.00"}},"No",{"$f":"'PART-B'!K1454","v":{"v":132,"d":"132.00"}},{"v":0,"d":"0.00"},"22-23"]
["162",null,"Supply of Cover frames for 4 module box",{"$f":"'PART-B'!I1464","v":{"v":0,"d":"0.00"}},"No",{"$f":"'PART-B'!K1464","v":{"v":88,"d":"88.00"}},{"v":0,"d":"0.00"},"22-23"]
["65",null,"Supply of Cover frames for 18 module box",{"$f":"'PART-B'!I1459","v":{"v":3,"d":"3.00"}},"No",{"$f":"'PART-B'!K1459","v":{"v":297,"d":"297.00"}},{"v":891,"d":"891.00"},"22-23"]
["24",null,"Supply of Cover frames for 2 module box",{"$f":"'PART-B'!I1469","v":{"v":0,"d":"0.00"}},"No",{"$f":"'PART-B'!K1469","v":{"v":66,"d":"66.00"}},{"v":0,"d":"0.00"},"22-23"]
["76","ACT0095","Supply and fixing of 6A 3/2 pin wall plug socket",{"$f":"'PART-B'!I1479","v":{"v":11,"d":"11.00"}},"No",{"$f":"'PART-B'!K1479","v":{"v":125.73500000000001,"d":"125.74"}},{"v":1383,"d":"1383.00"},"22-23"]
["165",null,"Supply and fixing of 16A 3/2 pin wall plug socket",{"$f":"'PART-B'!I1474","v":{"v":0,"d":"0.00"}},"No",{"$f":"'PART-B'!K1474","v":{"v":422.5,"d":"422.50"}},{"v":0,"d":"0.00"},"22-23"]
["89",null,"Supply and fixing of 6A 2 pin wall plug socket",{"$f":"'PART-B'!I1484","v":{"v":3,"d":"3.00"}},"No",{"$f":"'PART-B'!K1484","v":{"v":119.73500000000001,"d":"119.74"}},{"v":359,"d":"359.00"},"22-23"]
["166",null,"Supply and fixing of 6A flush type Neon Indicator.",{"$f":"'PART-B'!I1489","v":{"v":0,"d":"0.00"}},"No",{"$f":"'PART-B'!K1489","v":{"v":21,"d":"21.00"}},{"v":0,"d":"0.00"},"22-23"]
["77","ACT0100","S&F of ISI mark batten holder / angle holder",{"$f":"'PART-B'!I1494","v":{"v":14,"d":"14.00"}},"No",{"$f":"'PART-B'!K1494","v":127.25},{"v":1782,"d":"1782.00"},"22-23"]
["78","ACT0098","S&F of ceiling fan",{"$f":"'PART-B'!I1499","v":{"v":6,"d":"6.00"}},"No",{"$f":"'PART-B'!K1499","v":{"v":3312.185,"d":"3312.19"}},{"v":19873,"d":"19873.00"},"22-23"]
["169",null,"S&F of ceiling fan",{"$f":"'PART-B'!I1509","v":{"v":0,"d":"0.00"}},"No",{"$f":"'PART-B'!K1509","v":2941.12},{"v":0,"d":"0.00"},"22-23"]
["171",null,"Fan regulator",{"$f":"'PART-B'!I1514","v":{"v":0,"d":"0.00"}},"No",{"$f":"'PART-B'!K1514","v":{"v":278,"d":"278.00"}},{"v":0,"d":"0.00"},"22-23"]
["173",null,"Labour charges for fixing fan",{"$f":"'PART-B'!I1519","v":{"v":0,"d":"0.00"}},"No",{"$f":"'PART-B'!K1519","v":{"v":163.065,"d":"163.07"}},{"v":0,"d":"0.00"},"22-23"]
["78",null," steel tube down rod for ceiling  fan",{"$f":"'PART-B'!I1526","v":{"v":0,"d":"0.00"}},"No",{"$f":"'PART-B'!K1526","v":{"v":161.5,"d":"161.50"}},{"v":0,"d":"0.00"},"22-23"]
["175",null,"Fan hook",{"$f":"'PART-B'!I1504","v":{"v":0,"d":"0.00"}},"No",{"$f":"'PART-B'!K1504","v":{"v":227.41000000000003,"d":"227.41"}},{"v":0,"d":"0.00"},"22-23"]
["79","ACT0099","S&F of Tube light",{"$f":"'PART-B'!I1531","v":{"v":8,"d":"8.00"}},"No",{"$f":"'PART-B'!K1531","v":399.94},{"v":3200,"d":"3200.00"},"22-23"]
["199",null,"S&F of street 20 W light ",{"$f":"'PART-B'!I1536","v":{"v":0,"d":"0.00"}},"No",{"$f":"'PART-B'!K1536","v":{"v":1822,"d":"1822.00"}},{"v":0,"d":"0.00"},"22-23"]
["199",null,"S&F of street 60 W light",{"$f":"'PART-B'!I1541","v":{"v":0,"d":"0.00"}},"No",{"$f":"'PART-B'!K1541","v":{"v":5428,"d":"5428.00"}},{"v":0,"d":"0.00"},"22-23"]
["80","ACT0106","Supply and fixing SPN Distribution board",{"$f":"'PART-B'!I1551","v":{"v":1,"d":"1.00"}},"No",{"$f":"'PART-B'!K1551","v":{"v":3662,"d":"3662.00"}},{"v":3662,"d":"3662.00"},"22-23"]
["81",null,"Light duty exhaust fan",{"$f":"'PART-B'!I1546","v":{"v":0,"d":"0.00"}},"No",{"$f":"'PART-B'!K1546","v":{"v":1634,"d":"1634.00"}},{"v":0,"d":"0.00"},"22-23"]
["81","ACT0103","Supply and fixing of 2 Nos of 32A, 240V Porcelain Rewirable Fuse Units",{"$f":"'PART-B'!I1556","v":{"v":1,"d":"1.00"}},"No",{"$f":"'PART-B'!K1556","v":1089.96},{"v":1090,"d":"1090.00"},"22-23"]
["82","ACT0104","Providng Independent earthing",{"$f":"'PART-B'!I1561","v":{"v":0,"d":"0.00"}},"No",{"$f":"'PART-B'!K1561","v":{"v":4142.425,"d":"4142.43"}},{"v":0,"d":"0.00"},"22-23"]
["30",null,"Painting, Lettering and Picturing to walls",{"$f":"'PART-B'!I1567","v":{"v":31.746,"d":"31.75"}},"Sqm",{"$f":"'PART-B'!K1567","v":{"v":630,"d":"630.00"}},null,"22-23",null,{"$f":"ROUND(D1126*F1126,0)","v":{"v":20000,"d":"20000.00"}}]
["31",null,"provision for Navaratnalu logo",{"$nulls":3},{"$f":"'PART-B'!M1569","v":{"v":0,"d":"0.00"}}]
["83","ACT0213","Difference in cost of Sand ",{"$nulls":3},{"$f":"'PART-A'!M4503","v":{"v":-53531,"d":"-53531.00"}},"-"]
["84","ACT0213","Difference in cost of Steel rate",{"$nulls":3},{"$f":"'PART-A'!M4502","v":{"v":64528,"d":"64528.00"}},"-"]
["103",null,"Provision for Soil investigation charges",{"$nulls":4},"-",null,{"$f":"'PART-A'!M4504","v":{"v":0,"d":"0.00"}}]
["103","ACT0214","Provision for GST charges",{"$nulls":3},{"v":0,"d":"0.00"},"-"]
["85","ACT0211","Provision for QC @0.5% ",{"$nulls":3},{"$f":"'PART-A'!M4507","v":{"v":8548,"d":"8548.00"}},"-"]
["86","ACT0212","Provision for Seignorage charges",{"$nulls":3},{"$f":"'PART-A'!M4508","v":{"v":21507,"d":"21507.00"}},"-"]
["102","ACT0196","Provision for Name board",{"$nulls":3},{"$f":"abstract!#REF!","v":{"$error":"#REF!"}},"-"]
["87","ACT0210","Provision for Work file",{"$nulls":3},{"$f":"'PART-A'!M4510","v":{"v":0,"d":"0.00"}},"-"]
["88","ACT0216","Unforseen items such as if any",{"$nulls":3},{"$f":"'PART-A'!M4511+J1136","v":{"v":26561,"d":"26561.00"}},"-",null,{"$f":"SUM(J8:J1135)","v":25132}]
[]
[{"$nulls":6},{"$f":"SUM(G7:G1137)","v":{"$error":"#REF!"}}]
[]
[]
[null,null,{"$f":"'lead 19-20'!$H$31","v":"Deputy Executive Engineer"},null,null,{"$f":"'lead 19-20'!K31","v":"Assistant  Engineer"}]
[null,null,{"$f":"'lead 19-20'!$H$32","v":"PRI Sub Division"},null,null,{"$f":"'lead 19-20'!K32","v":"Mandal Praja parishad"}]
[null,null,{"$f":"'lead 19-20'!$H$33","v":"Kanigiri"},null,null,{"$f":"'lead 19-20'!K33","v":"Kanigiri"}]

{"sheet":"INPUT","index":5,"n_rows":130,"n_cols":11,"rows_kept":130,"merged":[[0,0,0,7],[1,0,1,7],[121,0,121,3]]}
["INPUT SHEET"]
[{"$f":"'lead 19-20'!B2&'lead 19-20'!C2","v":"Name of the Work: Providing Additional Space for Health Staff in Grama Sachivalayam of Baduguleru GP of Kanigiri Mandal"}]
[{"$nulls":4},"Est.Rs.",{"$f":"'lead 19-20'!K4","v":"20.80 Lakhs"}]
["S No","Task Code","Task Name","Unit","Qty","Rate per Unit in Rs","Amount","Total tasl Amount"]
[1,34816,"CW-G01.Amount for wage component ",{"$nulls":3},{"v":1,"d":"1.00"}]
[null,null,"AS PER SSR 2019-20"]
[null,null,"Jungle","Sqm",{"$f":"'PART-A'!I14","v":{"v":0,"d":"0.00"}},{"$f":"'PART-A'!K14","v":5.22},{"$f":"ROUND(E7*F7,0)","v":{"v":0,"d":"0.00"}}]
[null,null,"Earthwork","Cum",{"$f":"'PART-A'!I49","v":{"v":71.96999999999998,"d":"71.97"}},{"$f":"'PART-A'!K49","v":124.24},{"$f":"ROUND(E8*F8,0)","v":{"v":8942,"d":"8942.00"}}]
[null,null,"AS PER SSR 2020-21"]
[null,null,"Jungle","Sqm",{"$f":"'PART-A'!I20","v":{"v":0,"d":"0.00"}},{"$f":"'PART-A'!K20","v":5.86},{"$f":"ROUND(E10*F10,0)","v":{"v":0,"d":"0.00"}}]
[null,null,"Earthwork","Cum",{"$f":"'PART-A'!I56","v":{"v":0,"d":"0.00"}},{"$f":"'PART-A'!K56","v":139.55},{"$f":"ROUND(E11*F11,0)","v":{"v":0,"d":"0.00"}}]
[null,null,"AS PER SSR 2021-22"]
[null,null,"Jungle","Sqm",{"$f":"'PART-A'!I26","v":{"v":0,"d":"0.00"}},{"$f":"'PART-A'!K26","v":6.06},{"$f":"ROUND(E13*F13,0)","v":{"v":0,"d":"0.00"}}]
[null,null,"Earthwork","Cum",{"$f":"'PART-A'!I62","v":{"v":0,"d":"0.00"}},{"$f":"'PART-A'!K62","v":144.26},{"$f":"ROUND(E14*F14,0)","v":{"v":0,"d":"0.00"}}]
[null,null,"AS PER SSR 2022-23"]
[null,null,"Jungle","Sqm",{"$f":"'PART-A'!I32","v":{"v":0,"d":"0.00"}},{"$f":"'PART-A'!K32","v":6.06},{"$f":"ROUND(E16*F16,0)","v":{"v":0,"d":"0.00"}}]
[null,null,"Earthwork","Cum",{"$f":"'PART-A'!I72","v":{"v":0,"d":"0.00"}},{"$f":"'PART-A'!K72","v":144.26},{"$f":"ROUND(E17*F17,0)","v":{"v":0,"d":"0.00"}}]
[{"$nulls":6},{"$f":"SUM(G6:G17)","v":{"v":8942,"d":"8942.00"}},{"$f":"SUM(G18)","v":{"v":8942,"d":"8942.00"}}]
[2,34817,"CW-G02.cement",{"$nulls":3},{"v":1,"d":"1.00"}]
[null,null,"As per SSR 2019-20","Bags",{"$f":"'Differ- Material'!C8","v":{"v":498.10999999999996,"d":"498.11"}},{"$f":"'Differ- Material'!D8","v":{"v":235,"d":"235.00"}},{"$f":"ROUND(E20*F20,0)","v":{"v":117056,"d":"117056.00"}}]
[null,null,"As per SSR 2020-21","Bags",{"$f":"'Differ- Material'!C9","v":{"v":0,"d":"0.00"}},{"$f":"'Differ- Material'!D9","v":{"v":235,"d":"235.00"}},{"$f":"ROUND(E21*F21,0)","v":{"v":0,"d":"0.00"}}]
[null,null,"As per SSR 2021-22","Bags",{"$f":"'Differ- Material'!C10","v":{"v":0,"d":"0.00"}},{"$f":"'Differ- Material'!D10","v":{"v":235,"d":"235.00"}},{"v":0,"d":"0.00"}]
[null,null,"As per SSR 2022-23","Bags",{"$f":"'Differ- Material'!C11","v":18.03},{"$f":"'Differ- Material'!D11","v":{"v":235,"d":"235.00"}},{"v":4237,"d":"4237.00"}]
[null,null,"Total",null,{"$f":"SUM(E20:E23)","v":516.14},null,{"$f":"SUM(G20:G23)","v":{"v":121293,"d":"121293.00"}}]
[]
[null,null,"As per  bill","Bags",{"$f":"'Differ- Material'!C14","v":336.14},{"$f":"'Differ- Material'!D14","v":{"v":235,"d":"235.00"}},{"$f":"ROUND(E26*F26,0)","v":{"v":78993,"d":"78993.00"}}]
[null,null,"As per  bill","Bags",{"$f":"'Differ- Material'!C15","v":{"v":180,"d":"180.00"}},{"$f":"'Differ- Material'!D15","v":{"v":260,"d":"260.00"}},{"$f":"ROUND(E27*F27,0)","v":{"v":46800,"d":"46800.00"}}]
[]
[{"$nulls":4},{"$f":"SUM(E26:E28)","v":516.14},null,{"$f":"SUM(G26:G28)","v":{"v":125793,"d":"125793.00"}},{"$f":"SUM(G29)","v":{"v":125793,"d":"125793.00"}}]
[3,null,"Cost of sand",{"$nulls":3},{"v":1,"d":"1.00"}]
[null,null,"Cost of sand","MT",{"$f":"'Differ- Material'!C33","v":{"v":0,"d":"0.00"}},{"$f":"'Differ- Material'!D33","v":{"v":375,"d":"375.00"}},{"$f":"ROUND(E31*F31,0)","v":{"v":0,"d":"0.00"}}]
[null,null,"Conveyance of sand","cum",{"$f":"'Differ- Material'!C34","v":{"v":0,"d":"0.00"}},{"$f":"'Differ- Material'!D34","v":{"v":739.6,"d":"739.60"}},{"$f":"ROUND(E32*F32,0)","v":{"v":0,"d":"0.00"}}]
[]
[{"$nulls":6},{"$f":"SUM(G31:G33)","v":{"v":0,"d":"0.00"}},{"$f":"SUM(G34)","v":{"v":0,"d":"0.00"}}]
[4,34818,"CW03.sand for filling",{"$nulls":3},{"v":1,"d":"1.00"}]
[null,null,"As per SSR 2019-20","cum",{"$f":"'Differ- Material'!C21","v":{"v":87.50999999999999,"d":"87.51"}},{"$f":"'Differ- Material'!D21","v":{"v":1249.7999999999988,"d":"1249.80"}},{"$f":"ROUND(E36*F36,0)","v":{"v":109370,"d":"109370.00"}}]
[null,null,"As per SSR 2020-21","cum",{"$f":"'Differ- Material'!C22","v":{"v":0,"d":"0.00"}},{"$f":"'Differ- Material'!D22","v":{"v":1316.600000000001,"d":"1316.60"}},{"v":0,"d":"0.00"}]
[null,null,"As per SSR 2021-22","cum",{"$f":"'Differ- Material'!C23","v":{"v":0,"d":"0.00"}},{"$f":"'Differ- Material'!D23","v":{"v":1503.400000000002,"d":"1503.40"}},{"v":0,"d":"0.00"}]
[null,null,"As per SSR 2022-23","cum",{"$f":"'Differ- Material'!C24","v":{"v":0,"d":"0.00"}},{"$f":"'Differ- Material'!D24","v":{"v":1575.9999999999998,"d":"1576.00"}},{"v":0,"d":"0.00"}]
[{"$nulls":4},{"$f":"SUM(E36:E39)","v":{"v":87.50999999999999,"d":"87.51"}},null,{"$f":"SUM(G36:G39)","v":{"v":109370,"d":"109370.00"}},{"$nulls":3},{"$f":"E40-J40","v":{"v":87.50999999999999,"d":"87.51"}}]
[]
[null,null,"As per  bill","cum",{"$f":"'Differ- Material'!C27","v":{"v":87.50999999999999,"d":"87.51"}},{"$f":"'Differ- Material'!D27","v":{"v":292.4,"d":"292.40"}},{"$f":"ROUND(E42*F42,0)","v":{"v":25588,"d":"25588.00"}}]
[null,null,"As per  bill","cum",{"$f":"'Differ- Material'!C28","v":{"v":0,"d":"0.00"}},{"$f":"'Differ- Material'!D28","v":{"v":536.4,"d":"536.40"}},{"$f":"ROUND(E43*F43,0)","v":{"v":0,"d":"0.00"}}]
[{"$nulls":6},{"$f":"SUM(G42:G43)","v":{"v":25588,"d":"25588.00"}},{"$f":"SUM(G44)","v":{"v":25588,"d":"25588.00"}}]
[3,34819,"CW-G04.Sand for Mortar",{"$nulls":3},{"v":1,"d":"1.00"}]
[null,null,"As per SSR 2019-20","cum",{"$f":"'Differ- Material'!C39","v":18.57},{"$f":"'Differ- Material'!D39","v":{"v":1464.7999999999988,"d":"1464.80"}},{"$f":"ROUND(E46*F46,0)","v":{"v":27201,"d":"27201.00"}}]
[null,null,"As per SSR 2020-21","cum",{"$f":"'Differ- Material'!C40","v":{"v":0,"d":"0.00"}},{"$f":"'Differ- Material'!D40","v":{"v":1546.600000000001,"d":"1546.60"}},{"v":0,"d":"0.00"}]
[null,null,"As per SSR 2021-22","cum",{"$f":"'Differ- Material'!C41","v":{"v":0,"d":"0.00"}},{"$f":"'Differ- Material'!D41","v":{"v":1743.400000000002,"d":"1743.40"}},{"v":0,"d":"0.00"}]
[null,null,"As per SSR 2022-23","cum",{"$f":"'Differ- Material'!C42","v":1.57},{"$f":"'Differ- Material'!D42","v":{"v":1815.9999999999998,"d":"1816.00"}},{"v":2851,"d":"2851.00"}]
[{"$nulls":4},{"$f":"SUM(E46:E49)","v":20.14},null,{"$f":"SUM(G46:G49)","v":{"v":30052,"d":"30052.00"}}]
[]
[null,null,"As per Paid bill","cum",{"$f":"'Differ- Material'!C46","v":6.07},{"$f":"'Differ- Material'!D46","v":{"v":984.9,"d":"984.90"}},{"$f":"ROUND(E52*F52,0)","v":{"v":5978,"d":"5978.00"}}]
[null,null,"As per Paid bill","cum",{"$f":"'Differ- Material'!C47","v":14.07},{"$f":"'Differ- Material'!D47","v":{"v":2098,"d":"2098.00"}},{"$f":"ROUND(E53*F53,0)","v":{"v":29519,"d":"29519.00"}}]
[null,null,"As per Paid bill","cum",{"$f":"'Differ- Material'!C48","v":{"v":0,"d":"0.00"}},{"$f":"'Differ- Material'!D48","v":{"v":321,"d":"321.00"}},{"$f":"ROUND(E54*F54,0)","v":{"v":0,"d":"0.00"}}]
[{"$nulls":4},{"$f":"SUM(E52:E54)","v":20.14},null,{"$f":"SUM(G52:G54)","v":{"v":35497,"d":"35497.00"}},{"$f":"SUM(G55)","v":{"v":35497,"d":"35497.00"}}]
[]
[4,34832,"CW-G19.Sand for Concrete",{"$nulls":3},{"v":1,"d":"1.00"}]
[null,null,"As per SSR 2019-20","cum",{"$f":"'Differ- Material'!C53","v":28.47},{"$f":"'Differ- Material'!D53","v":{"v":1384.7999999999988,"d":"1384.80"}},{"$f":"ROUND(E58*F58,0)","v":{"v":39425,"d":"39425.00"}}]
[null,null,"As per SSR 2020-21","cum",{"$f":"'Differ- Material'!C54","v":{"v":0,"d":"0.00"}},{"$f":"'Differ- Material'!D54","v":{"v":1451.600000000001,"d":"1451.60"}},{"v":0,"d":"0.00"}]
[null,null,"As per SSR 2021-22","cum",{"$f":"'Differ- Material'!C55","v":{"v":0,"d":"0.00"}},{"$f":"'Differ- Material'!D55","v":{"v":1648.400000000002,"d":"1648.40"}},{"v":0,"d":"0.00"}]
[null,null,"As per SSR 2022-23","cum",{"$f":"'Differ- Material'!C56","v":{"v":0,"d":"0.00"}},{"$f":"'Differ- Material'!D56","v":{"v":1720.9999999999998,"d":"1721.00"}},{"v":0,"d":"0.00"}]
[{"$nulls":4},{"$f":"SUM(E58:E61)","v":28.47},null,{"$f":"SUM(G58:G61)","v":{"v":39425,"d":"39425.00"}}]
[]
[null,null,"As per Paid bill","cum",{"$f":"'Differ- Material'!C60","v":28.47},{"$f":"'Differ- Material'!D60","v":{"v":2098,"d":"2098.00"}},{"$f":"ROUND(E64*F64,0)","v":{"v":59730,"d":"59730.00"}}]
[null,null,"As per Paid bill","cum",{"$f":"'Differ- Material'!C61","v":{"v":0,"d":"0.00"}},{"$f":"'Differ- Material'!D61","v":{"v":1742,"d":"1742.00"}},{"$f":"ROUND(E65*F65,0)","v":{"v":0,"d":"0.00"}}]
[{"$nulls":4},{"$f":"SUM(E64:E65)","v":28.47},null,{"$f":"SUM(G64:G65)","v":{"v":59730,"d":"59730.00"}},{"$f":"SUM(G66)","v":{"v":59730,"d":"59730.00"}}]
[]
[5,34822,"CW.G07.20mm to 12mm HBG ",{"$nulls":3},{"v":1,"d":"1.00"}]
[null,null,"As per SSR 2019-20","cum",{"$f":"'Differ- Material'!C66","v":38.41},{"$f":"'Differ- Material'!D66","v":{"v":1722.2999999999997,"d":"1722.30"}},{"$f":"ROUND(E69*F69,0)","v":{"v":66154,"d":"66154.00"}}]
[null,null,"As per SSR 2020-21","cum",{"$f":"'Differ- Material'!C67","v":{"v":0,"d":"0.00"}},{"$f":"'Differ- Material'!D67","v":1799.05},{"v":0,"d":"0.00"}]
[null,null,"As per SSR 2021-22","cum",{"$f":"'Differ- Material'!C68","v":{"v":0,"d":"0.00"}},{"$f":"'Differ- Material'!D68","v":{"v":1876.2299999999998,"d":"1876.23"}},{"v":0,"d":"0.00"}]
[null,null,"As per SSR 2022-23","cum",{"$f":"'Differ- Material'!C69","v":{"v":0,"d":"0.00"}},{"$f":"'Differ- Material'!D69","v":2046.91},{"v":0,"d":"0.00"}]
[{"$nulls":4},{"$f":"SUM(E69:E72)","v":38.41},null,{"$f":"SUM(G69:G72)","v":{"v":66154,"d":"66154.00"}}]
[null,null,"As per  bill","cum",{"$f":"'Differ- Material'!C73","v":38.41},{"$f":"'Differ- Material'!D73","v":{"v":1722.3,"d":"1722.30"}},{"$f":"ROUND(E74*F74,0)","v":{"v":66154,"d":"66154.00"}}]
[null,null,"As per  bill","cum",{"$f":"'Differ- Material'!C74","v":{"v":0,"d":"0.00"}},{"$f":"'Differ- Material'!D74","v":{"v":2182.9,"d":"2182.90"}},{"$f":"ROUND(E75*F75,0)","v":{"v":0,"d":"0.00"}}]
[{"$nulls":4},{"$f":"SUM(E74:E75)","v":38.41},null,{"$f":"SUM(G74:G75)","v":{"v":66154,"d":"66154.00"}},{"$f":"SUM(G76)","v":{"v":66154,"d":"66154.00"}}]
[6,34824,"CW09.40 mm nominal HBG/HBT Graded Metal",{"$nulls":3},{"v":1,"d":"1.00"}]
[null,null,"As per SSR 2019-20","cum",{"$f":"'Differ- Material'!C79","v":18.53},{"$f":"'Differ- Material'!D79","v":{"v":1375.7999999999997,"d":"1375.80"}},{"$f":"ROUND(E78*F78,0)","v":{"v":25494,"d":"25494.00"}}]
[null,null,"As per SSR 2020-21","cum",{"$f":"'Differ- Material'!C80","v":{"v":0,"d":"0.00"}},{"$f":"'Differ- Material'!D80","v":{"v":1436.7999999999997,"d":"1436.80"}},{"v":0,"d":"0.00"}]
[null,null,"As per SSR 2021-22","cum",{"$f":"'Differ- Material'!C81","v":{"v":0,"d":"0.00"}},{"$f":"'Differ- Material'!D81","v":{"v":1436.7999999999997,"d":"1436.80"}},{"v":0,"d":"0.00"}]
[null,null,"As per SSR 2022-23","cum",{"$f":"'Differ- Material'!C82","v":{"v":0,"d":"0.00"}},{"$f":"'Differ- Material'!D82","v":{"v":1436.7999999999997,"d":"1436.80"}},{"v":0,"d":"0.00"}]
[{"$nulls":4},{"$f":"SUM(E78:E81)","v":18.53},null,{"$f":"SUM(G78:G81)","v":{"v":25494,"d":"25494.00"}}]
[]
[null,null,"As per Paid bill","cum",{"$f":"'Differ- Material'!C85","v":18.53},{"$f":"'Differ- Material'!D85","v":{"v":1375.8,"d":"1375.80"}},{"$f":"ROUND(E84*F84,0)","v":{"v":25494,"d":"25494.00"}}]
[null,null,"As per Paid bill","cum",{"$f":"'Differ- Material'!C86","v":{"v":0,"d":"0.00"}},{"$f":"'Differ- Material'!D86","v":{"v":1730.8,"d":"1730.80"}},{"$f":"ROUND(E85*F85,0)","v":{"v":0,"d":"0.00"}}]
[{"$nulls":4},{"$f":"SUM(E84:E85)","v":18.53},null,{"$f":"SUM(G84:G85)","v":{"v":25494,"d":"25494.00"}},{"$f":"SUM(G86)","v":{"v":25494,"d":"25494.00"}}]
[7,35253,"CW-G20.cost and supply of Steel",{"$nulls":3},{"v":1,"d":"1.00"}]
[null,null,"As per SSR 2019-20-GF","MT",{"$f":"'Differ- Material'!C94","v":4.25},{"$f":"'Differ- Material'!D94","v":{"v":48970,"d":"48970.00"}},{"$f":"ROUND(E88*F88,0)","v":{"v":208123,"d":"208123.00"}}]
[null,null,"As per SSR 2019-20-FF","MT",{"$f":"'Differ- Material'!C95","v":{"v":0,"d":"0.00"}},{"$f":"'Differ- Material'!D95","v":{"v":48970,"d":"48970.00"}},{"$f":"ROUND(E89*F89,0)","v":{"v":0,"d":"0.00"}}]
[null,null,"As per SSR 2019-20-SF","MT",{"$f":"'Differ- Material'!C96","v":{"v":0,"d":"0.00"}},{"$f":"'Differ- Material'!D96","v":{"v":48970,"d":"48970.00"}},{"v":0,"d":"0.00"}]
[null,null,"As per SSR 2020-21-GF","MT",{"$f":"'Differ- Material'!C98","v":{"v":0,"d":"0.00"}},{"$f":"'Differ- Material'!D98","v":{"v":48380,"d":"48380.00"}},{"v":0,"d":"0.00"}]
[null,null,"As per SSR 2020-21-FF","MT",{"$f":"'Differ- Material'!C99","v":{"v":0,"d":"0.00"}},{"$f":"'Differ- Material'!D99","v":{"v":48380,"d":"48380.00"}},{"v":0,"d":"0.00"}]
[null,null,"As per SSR 2020-21-SF","MT",{"$f":"'Differ- Material'!C100","v":{"v":0,"d":"0.00"}},{"$f":"'Differ- Material'!D100","v":{"v":48380,"d":"48380.00"}},{"v":0,"d":"0.00"}]
[null,null,"As per SSR 2021-22-GF","MT",{"$f":"'Differ- Material'!C102","v":{"v":0,"d":"0.00"}},{"$f":"'Differ- Material'!D102","v":{"v":64310,"d":"64310.00"}},{"$f":"ROUND(E94*F94,0)","v":{"v":0,"d":"0.00"}}]
[null,null,"As per SSR 2021-22-FF","MT",{"$f":"'Differ- Material'!C103","v":{"v":0,"d":"0.00"}},{"$f":"'Differ- Material'!D103","v":{"v":64310,"d":"64310.00"}},{"v":0,"d":"0.00"}]
[null,null,"As per SSR 2021-22-SF","MT",{"$f":"'Differ- Material'!C104","v":{"v":0,"d":"0.00"}},{"$f":"'Differ- Material'!D104","v":{"v":64310,"d":"64310.00"}},{"v":0,"d":"0.00"}]
[null,null,"As per SSR 2022-23-GF","MT",{"$f":"'Differ- Material'!C106","v":{"v":0,"d":"0.00"}},{"$f":"'Differ- Material'!D106","v":{"v":75520,"d":"75520.00"}},{"$f":"ROUND(E97*F97,0)","v":{"v":0,"d":"0.00"}}]
[null,null,"As per SSR 2022-23-FF","MT",{"$f":"'Differ- Material'!C107","v":{"v":0,"d":"0.00"}},{"$f":"'Differ- Material'!D107","v":{"v":75520,"d":"75520.00"}},{"v":0,"d":"0.00"}]
[null,null,"As per SSR 2022-23-SF","MT",{"$f":"'Differ- Material'!C108","v":{"v":0,"d":"0.00"}},{"$f":"'Differ- Material'!D108","v":{"v":75520,"d":"75520.00"}},{"v":0,"d":"0.00"}]
[{"$nulls":4},{"$f":"SUM(E88:E99)","v":4.25},null,{"$f":"SUM(G88:G99)","v":{"v":208123,"d":"208123.00"}}]
[]
[null,null,"As per Paid bill","MT",{"$f":"'Differ- Material'!C112","v":{"v":2.22,"d":"2.220"}},{"$f":"'Differ- Material'!D112","v":{"v":62540,"d":"62540.00"}},{"$f":"ROUND(E102*F102,0)","v":{"v":138839,"d":"138839.00"}}]
[{"$nulls":3},"MT",{"$f":"'Differ- Material'!C113","v":{"v":1.82,"d":"1.820"}},{"$f":"'Differ- Material'!D113","v":{"v":63720,"d":"63720.00"}},{"$f":"ROUND(E103*F103,0)","v":{"v":115970,"d":"115970.00"}}]
[{"$nulls":3},"MT",{"$f":"'Differ- Material'!C114","v":{"v":0.20999999999999974,"d":"0.210"}},{"$f":"'Differ- Material'!D114","v":{"v":84960,"d":"84960.00"}},{"v":17842,"d":"17842.00"}]
[{"$nulls":3},"MT",{"$f":"'Differ- Material'!C115","v":{"v":0,"d":"0.000"}},{"$f":"'Differ- Material'!D115","v":{"v":71980,"d":"71980.00"}},{"v":0,"d":"0.00"}]
[{"$nulls":3},"MT",{"$f":"'Differ- Material'!C116","v":{"v":0,"d":"0.000"}},{"$f":"'Differ- Material'!D116","v":{"v":75520,"d":"75520.00"}},{"v":0,"d":"0.00"}]
[{"$nulls":3},"MT",{"$f":"'Differ- Material'!C117","v":{"v":0,"d":"0.000"}},{"$f":"'Differ- Material'!D117","v":{"v":35000,"d":"35000.00"}},{"v":0,"d":"0.00"}]
[{"$nulls":4},{"$f":"SUM(E102:E107)","v":{"v":4.25,"d":"4.250"}},null,{"$f":"SUM(G102:G107)","v":{"v":272651,"d":"272651.00"}},{"$f":"SUM(G108)","v":{"v":272651,"d":"272651.00"}}]
[8,null,"CW-G10.Cost towards engaging skilled labour,semi skilled labour,other materials and equipment charges including all other materials not covered above",{"$nulls":3},{"$f":"J109-H108-H86-H76-H66-H55-H44-H29-H18-H34","v":{"v":1098667,"d":"1098667.00"}},{"v":1098667,"d":"1098667.00"},null,{"$f":"'PART-A'!M4506","v":{"v":1718516,"d":"1718516.00"}}]
[10,null,"CW-21",{"$nulls":4},{"v":0,"d":"0.00"}]
[10,null,"CW-22",{"$nulls":4},{"v":0,"d":"0.00"}]
[9,null,"CW-21",{"$nulls":3},{"v":30000,"d":"30000.00"},{"v":30000,"d":"30000.00"},null,{"$f":"[3]WORK!M4369","v":{"v":0,"d":"0.00"}}]
[10,null,"CW-22",{"$nulls":3},{"v":300000,"d":"300000.00"},{"v":300000,"d":"300000.00"},null,{"$f":"[3]WORK!M4370","v":{"v":100,"d":"100.00"}}]
[]
[{"$nulls":7},{"$f":"SUM(H5:H114)","v":{"v":2048516,"d":"2048516.00"}}]
[11,34826,"CW-G12.QC @0.50%","Rs",{"$nulls":3},{"$f":"'PART-A'!M4507","v":{"v":8548,"d":"8548.00"}}]
[12,34827,"CW-G13.Seigniorage charges","Rs",{"$nulls":3},{"$f":"'PART-A'!M4508","v":{"v":21507,"d":"21507.00"}}]
[15,34828,"CW-G14.cost of NP, other Pipes and Precast chambers etc.,","Rs",0,{"v":0,"d":"0.00"},null,{"v":0,"d":"0.00"}]
[16,34461,"Name Board using Brick Masonary of size 2'0\"X3'0''","days",1,{"$f":"'PART-A'!M4509","v":{"v":0,"d":"0.00"}},null,{"$f":"ROUND(E119*F119,0)","v":{"v":0,"d":"0.00"}}]
[17,35270,"Workwise File","Rs",0,{"v":0,"d":"0.00"},null,{"$f":"'PART-A'!M4510","v":{"v":0,"d":"0.00"}}]
[13,34829,"CW-G15.LS amount for unforcen items.","Rs",{"$nulls":3},{"$f":"'PART-A'!M4511","v":{"v":1429,"d":"1429.00"}}]
["Grand Total :",{"$nulls":6},{"$f":"SUM(H115:H121)","v":{"v":2080000,"d":"2080000.00"}}]
[null,null,"\\"]
[]
[]
[]
[]
[null,null,{"$f":"'lead 19-20'!$H$31","v":"Deputy Executive Engineer"},{"$nulls":3},{"$f":"'lead 19-20'!$K$31","v":"Assistant  Engineer"}]
[null,null,{"$f":"'lead 19-20'!$H$32","v":"PRI Sub Division"},{"$nulls":3},{"$f":"'lead 19-20'!$K$32","v":"Mandal Praja parishad"}]
[null,null,{"$f":"'lead 19-20'!$H$33","v":"Kanigiri"},{"$nulls":3},{"$f":"'lead 19-20'!$K$33","v":"Kanigiri"}]

{"sheet":"abstract","index":6,"n_rows":17,"n_cols":8,"rows_kept":17,"hidden":true,"merged":[[0,0,0,6],[1,0,1,1],[1,2,1,6],[2,0,2,1],[2,2,2,6],[3,2,3,4],[3,5,3,6],[4,0,5,0],[4,1,5,1],[4,2,5,3],[4,4,5,4],[4,5,5,5],[4,6,5,6]]}
["GENERAL ABSTRACT"]
["Name of the  work",null,{"$f":"'lead 19-20'!C2:L2","v":"Providing Additional Space for Health Staff in Grama Sachivalayam of Baduguleru GP of Kanigiri Mandal"}]
["Name of the  Sub work"]
[null,null,"Est Rs.",null,null,{"$f":"'lead 19-20'!K4","v":"20.80 Lakhs"}]
["S.No","Description of Item","Quantity",null,"Rate","Per","Amount"]
[]
[1,2,7,null,8,9,10]
[1,"PART-A Total",{"$nulls":4},{"$f":"'PART-A'!M4512","v":{"v":1750000,"d":"1750000.00"}}]
[2,"PART-B Total",{"$nulls":4},{"$f":"'PART-B'!M1576","v":{"v":330000,"d":"330000.00"}}]
[null,"Grand Total",{"$nulls":4},{"$f":"SUBTOTAL(9,G8:G9)","v":{"v":2080000,"d":"2080000.00"}},4360000]
[]
[]
[]
[]
[null,null,{"$f":"'lead 19-20'!H31","v":"Deputy Executive Engineer"},null,null,{"$f":"'lead 19-20'!K31","v":"Assistant  Engineer"}]
[null,null,{"$f":"'lead 19-20'!H32","v":"PRI Sub Division"},null,null,{"$f":"'lead 19-20'!K32","v":"Mandal Praja parishad"}]
[null,null,{"$f":"'lead 19-20'!H33","v":"Kanigiri"},null,null,{"$f":"'lead 19-20'!K33","v":"Kanigiri"}]

{"sheet":"PART-A","index":7,"n_rows":4518,"n_cols":17,"rows_kept":4518,"merged":[[0,0,0,12],[1,0,1,1],[1,2,1,12],[2,8,2,10],[2,11,2,12],[3,0,4,0],[3,1,4,1],[3,2,4,4],[3,5,3,7],[3,8,4,9],[3,10,4,10],[3,11,4,11],[3,12,4,12],[5,2,5,4],[8,1,8,7],[14,1,14,7],[20,1,20,7],[26,1,26,7],[32,1,32,7],[49,1,49,7],[56,1,56,7],[62,1,62,7],[72,1,72,7],[108,1,108,7],[127,1,127,7],[133,1,133,7],[146,1,146,7],[155,1,155,7],[164,1,164,7],[173,1,173,7],[182,1,182,7],[189,1,189,7],[195,1,195,7],[201,1,201,7],[207,1,207,7],[213,1,213,7],[219,1,219,7],[225,1,225,7],[231,1,231,7],[248,1,248,7],[264,1,264,7],[270,1,270,7],[276,1,276,7],[293,1,293,7],[304,1,304,7],[311,1,311,7],[318,1,318,7],[325,1,325,7],[332,1,332,7],[338,1,338,7],[343,1,343,7],[348,1,348,7],[353,1,353,7],[358,1,358,7],[363,1,363,7],[376,1,376,7],[387,1,387,7],[399,1,399,7],[411,1,411,7],[430,1,430,7],[441,1,441,7],[447,1,447,7],[453,1,453,7],[477,1,477,7],[501,1,501,7],[528,1,528,7],[536,1,536,7],[544,1,544,7],[550,1,550,7],[555,1,555,7],[561,1,561,7],[567,1,567,7],[573,1,573,7],[580,1,580,7],[586,1,586,7],[592,1,592,7],[598,1,598,7],[604,1,604,7],[610,1,610,7],[616,1,616,7],[622,1,622,7],[628,1,628,7],[634,1,634,7],[641,1,641,7],[648,1,648,7],[655,1,655,7],[662,1,662,7],[672,1,672,7],[684,1,684,7],[693,1,693,7],[762,1,762,7],[767,1,767,7],[772,1,772,7],[778,1,778,7],[783,1,783,7],[790,1,790,7],[797,1,797,7],[803,1,803,7],[809,1,809,7],[815,1,815,7],[822,1,822,7],[828,1,828,7],[834,1,834,7],[841,1,841,7],[848,1,848,7],[855,1,855,7],[862,1,862,7],[876,1,876,7],[885,1,885,7],[896,1,896,7],[914,1,914,7],[934,1,934,7],[950,1,950,7],[956,1,956,7],[1010,1,1010,7],[1037,1,1037,7],[1060,1,1060,7],[1067,1,1067,7],[1121,1,1121,7],[1129,1,1129,7],[1137,1,1137,7],[1145,1,1145,7],[1153,1,1153,7],[1159,1,1159,7],[1166,1,1166,7],[1171,1,1171,7],[1178,1,1178,7],[1200,1,1200,7],[1220,1,1220,7],[1247,1,1247,7],[1265,1,1265,7],[1272,1,1272,7],[1279,1,1279,7],[1287,1,1287,7],[1294,1,1294,7],[1299,1,1299,7],[1306,1,1306,7],[1313,1,1313,7],[1318,1,1318,7],[1350,1,1350,7],[1379,1,1379,7],[1431,1,1431,7],[1451,1,1451,7],[1457,1,1457,7],[1463,1,1463,7],[1482,1,1482,7],[1504,1,1504,7],[1509,1,1509,7],[1516,1,1516,7],[1523,1,1523,7],[1528,1,1528,7],[1544,1,1544,7],[1556,1,1556,7],[1563,1,1563,7],[1579,1,1579,7],[1600,1,1600,7],[1625,1,1625,7],[1632,1,1632,7],[1653,1,1653,7],[1671,1,1671,7],[1681,1,1681,7],[1688,1,1688,7],[1706,1,1706,7],[1724,1,1724,7],[1735,1,1735,7],[1743,1,1743,7],[1761,1,1761,7],[1768,1,1768,7],[1777,1,1777,7],[1784,1,1784,7],[1791,1,1791,7],[1798,1,1798,7],[1805,1,1805,7],[1812,1,1812,7],[1819,1,1819,7],[1825,1,1825,7],[1830,1,1830,7],[1836,1,1836,7],[1842,1,1842,7],[1849,1,1849,7],[1856,1,1856,7],[1863,1,1863,7],[1870,1,1870,7],[1876,1,1876,7],[1883,1,1883,7],[1889,1,1889,7],[1896,1,1896,7],[1903,1,1903,7],[1910,1,1910,7],[1917,1,1917,7],[1924,1,1924,7],[1931,1,1931,7],[1938,1,1938,7],[1945,1,1945,7],[1952,1,1952,7],[1959,1,1959,7],[1966,1,1966,7],[1973,1,1973,7],[1980,1,1980,7],[2004,1,2004,7],[2033,1,2033,7],[2054,1,2054,7],[2078,1,2078,7],[2111,1,2111,7],[2147,1,2147,7],[2207,1,2207,7],[2240,1,2240,7],[2251,1,2251,7],[2262,1,2262,7],[2292,1,2292,7],[2317,1,2317,7],[2323,1,2323,7],[2333,1,2333,7],[2339,1,2339,7],[2344,1,2344,7],[2350,1,2350,7],[2356,1,2356,7],[2362,1,2362,7],[2368,1,2368,7],[2373,1,2373,7],[2378,1,2378,7],[2383,1,2383,7],[2388,1,2388,7],[2393,1,2393,7],[2398,1,2398,7],[2403,1,2403,7],[2408,1,2408,7],[2413,1,2413,7],[2418,1,2418,7],[2423,1,2423,7],[2428,1,2428,7],[2433,1,2433,7],[2438,1,2438,7],[2443,1,2443,7],[2448,1,2448,7],[2453,1,2453,7],[2458,1,2458,7],[2463,1,2463,7],[2468,1,2468,7],[2476,1,2476,7],[2482,1,2482,7],[2487,1,2487,7],[2494,1,2494,7],[2499,1,2499,7],[2504,1,2504,7],[2509,1,2509,7],[2514,1,2514,7],[2519,1,2519,7],[2524,1,2524,7],[2529,1,2529,7],[2536,1,2536,7],[2543,1,2543,7],[2548,1,2548,7],[2555,1,2555,7],[2568,1,2568,7],[2573,1,2573,7],[2578,1,2578,7],[2583,1,2583,7],[2588,1,2588,7],[2595,1,2595,7],[2600,1,2600,7],[2605,1,2605,7],[2613,1,2613,7],[2618,1,2618,7],[2627,1,2627,7],[2632,1,2632,7],[2637,1,2637,7],[2642,1,2642,7],[2647,1,2647,7],[2652,1,2652,7],[2657,1,2657,7],[2662,1,2662,7],[2670,1,2670,7],[2678,1,2678,7],[2683,1,2683,7],[2690,1,2690,7],[2706,1,2706,7],[2711,1,2711,7],[2716,1,2716,7],[2721,1,2721,7],[2726,1,2726,7],[2731,1,2731,7],[2736,1,2736,7],[2743,1,2743,7],[2751,1,2751,7],[2756,1,2756,7],[2765,1,2765,7],[2770,1,2770,7],[2775,1,2775,7],[2780,1,2780,7],[2785,1,2785,7],[2790,1,2790,7],[2795,1,2795,7],[2800,1,2800,7],[2807,1,2807,7],[2814,1,2814,7],[2819,1,2819,7],[2826,1,2826,7],[2827,1,2827,7],[2840,1,2840,7],[2845,1,2845,7],[2850,1,2850,7],[2855,1,2855,7],[2861,1,2861,7],[2866,1,2866,7],[2871,1,2871,7],[2876,1,2876,7],[2884,1,2884,7],[2889,1,2889,7],[2898,1,2898,7],[2903,1,2903,7],[2908,1,2908,7],[2913,1,2913,7],[2918,1,2918,7],[2923,1,2923,7],[2928,1,2928,7],[2933,1,2933,7],[2940,1,2940,7],[2947,1,2947,7],[2954,1,2954,7],[2961,1,2961,7],[2974,1,2974,7],[2979,1,2979,7],[2984,1,2984,7],[2990,1,2990,7],[2995,1,2995,7],[3002,1,3002,7],[3007,1,3007,7],[3017,1,3017,7],[3025,1,3025,7],[3030,1,3030,7],[3039,1,3039,7],[3044,1,3044,7],[3049,1,3049,7],[3054,1,3054,7],[3059,1,3059,7],[3064,1,3064,7],[3069,1,3069,7],[3074,1,3074,7],[3079,1,3079,7],[3084,1,3084,7],[3089,1,3089,7],[3095,1,3095,7],[3100,1,3100,7],[3105,1,3105,7],[3110,1,3110,7],[3115,1,3115,7],[3120,1,3120,7],[3125,1,3125,7],[3131,1,3131,7],[3136,1,3136,7],[3141,1,3141,7],[3146,1,3146,7],[3151,1,3151,7],[3156,1,3156,7],[3161,1,3161,7],[3166,1,3166,7],[3171,1,3171,7],[3177,1,3177,7],[3182,1,3182,7],[3187,1,3187,7],[3192,1,3192,7],[3197,1,3197,7],[3202,1,3202,7],[3207,1,3207,7],[3212,1,3212,7],[3217,1,3217,7],[3222,1,3222,7],[3227,1,3227,7],[3233,1,3233,7],[3238,1,3238,7],[3243,1,3243,7],[3248,1,3248,7],[3253,1,3253,7],[3258,1,3258,7],[3263,1,3263,7],[3269,1,3269,7],[3274,1,3274,7],[3279,1,3279,7],[3284,1,3284,7],[3289,1,3289,7],[3294,1,3294,7],[3299,1,3299,7],[3304,1,3304,7],[3309,1,3309,7],[3315,1,3315,7],[3320,1,3320,7],[3325,1,3325,7],[3331,1,3331,7],[3336,1,3336,7],[3342,1,3342,7],[3347,1,3347,7],[3352,1,3352,7],[3358,1,3358,7],[3363,1,3363,7],[3369,1,3369,7],[3375,1,3375,7],[3380,1,3380,7],[3385,1,3385,7],[3390,1,3390,7],[3395,1,3395,7],[3400,1,3400,7],[3405,1,3405,7],[3411,1,3411,7],[3416,1,3416,7],[3421,1,3421,7],[3426,1,3426,7],[3431,1,3431,7],[3436,1,3436,7],[3441,1,3441,7],[3446,1,3446,7],[3451,1,3451,7],[3457,1,3457,7],[3462,1,3462,7],[3467,1,3467,7],[3472,1,3472,7],[3477,1,3477,7],[3482,1,3482,7],[3487,1,3487,7],[3492,1,3492,7],[3497,1,3497,7],[3502,1,3502,7],[3507,1,3507,7],[3513,1,3513,7],[3518,1,3518,7],[3523,1,3523,7],[3528,1,3528,7],[3533,1,3533,7],[3538,1,3538,7],[3543,1,3543,7],[3549,1,3549,7],[3554,1,3554,7],[3559,1,3559,7],[3564,1,3564,7],[3569,1,3569,7],[3574,1,3574,7],[3579,1,3579,7],[3584,1,3584,7],[3589,1,3589,7],[3595,1,3595,7],[3602,1,3602,7],[3607,1,3607,7],[3615,1,3615,7],[3620,1,3620,7],[3625,1,3625,7],[3630,1,3630,7],[3638,1,3638,7],[3643,1,3643,7],[3648,1,3648,7],[3653,1,3653,7],[3660,1,3660,7],[3667,1,3667,7],[3673,1,3673,7],[3678,1,3678,7],[3683,1,3683,7],[3688,1,3688,7],[3693,1,3693,7],[3698,1,3698,7],[3703,1,3703,7],[3708,1,3708,7],[3713,1,3713,7],[3718,1,3718,7],[3723,1,3723,7],[3728,1,3728,7],[3734,1,3734,7],[3739,1,3739,7],[3744,1,3744,7],[3749,1,3749,7],[3754,1,3754,7],[3759,1,3759,7],[3764,1,3764,7],[3769,1,3769,7],[3774,1,3774,7],[3781,1,3781,7],[3786,1,3786,7],[3791,1,3791,7],[3796,1,3796,7],[3801,1,3801,7],[3807,1,3807,7],[3812,1,3812,7],[3818,1,3818,7],[3825,1,3825,7],[3831,1,3831,7],[3839,1,3839,7],[3844,1,3844,7],[3849,1,3849,7],[3854,1,3854,7],[3862,1,3862,7],[3867,1,3867,7],[3872,1,3872,7],[3877,1,3877,7],[3882,1,3882,7],[3889,1,3889,7],[3895,1,3895,7],[3900,1,3900,7],[3905,1,3905,7],[3910,1,3910,7],[3915,1,3915,7],[3920,1,3920,7],[3925,1,3925,7],[3930,1,3930,7],[3935,1,3935,7],[3940,1,3940,7],[3945,1,3945,7],[3950,1,3950,7],[3955,1,3955,7],[3960,1,3960,7],[3965,1,3965,7],[3970,1,3970,7],[3976,1,3976,7],[3981,1,3981,7],[3986,1,3986,7],[3991,1,3991,7],[3996,1,3996,7],[4003,1,4003,7],[4008,1,4008,7],[4013,1,4013,7],[4018,1,4018,7],[4023,1,4023,7],[4028,1,4028,7],[4033,1,4033,7],[4039,1,4039,7],[4044,1,4044,7],[4049,1,4049,7],[4057,1,4057,7],[4062,1,4062,7],[4067,1,4067,7],[4072,1,4072,7],[4080,1,4080,7],[4085,1,4085,7],[4090,1,4090,7],[4095,1,4095,7],[4102,1,4102,7],[4109,1,4109,7],[4115,1,4115,7],[4120,1,4120,7],[4125,1,4125,7],[4130,1,4130,7],[4135,1,4135,7],[4140,1,4140,7],[4145,1,4145,7],[4150,1,4150,7],[4155,1,4155,7],[4160,1,4160,7],[4165,1,4165,7],[4170,1,4170,7],[4176,1,4176,7],[4181,1,4181,7],[4186,1,4186,7],[4191,1,4191,7],[4196,1,4196,7],[4201,1,4201,7],[4206,1,4206,7],[4211,1,4211,7],[4216,1,4216,7],[4223,1,4223,7],[4228,1,4228,7],[4233,1,4233,7],[4238,1,4238,7],[4243,1,4243,7],[4249,1,4249,7],[4254,1,4254,7],[4260,1,4260,7],[4265,1,4265,7],[4270,1,4270,7],[4278,1,4278,7],[4283,1,4283,7],[4288,1,4288,7],[4293,1,4293,7],[4301,1,4301,7],[4306,1,4306,7],[4311,1,4311,7],[4316,1,4316,7],[4322,1,4322,7],[4327,1,4327,7],[4332,1,4332,7],[4341,1,4341,7],[4347,1,4347,7],[4352,1,4352,7],[4357,1,4357,7],[4362,1,4362,7],[4367,1,4367,7],[4372,1,4372,7],[4377,1,4377,7],[4382,1,4382,7],[4387,1,4387,7],[4392,1,4392,7],[4397,1,4397,7],[4402,1,4402,7],[4407,1,4407,7],[4412,1,4412,7],[4418,1,4418,7],[4423,1,4423,7],[4435,1,4435,7],[4447,1,4447,7],[4459,1,4459,7],[4466,1,4466,7],[4471,1,4471,7],[4476,1,4476,7],[4481,1,4481,7],[4486,1,4486,7],[4491,1,4491,7],[4496,1,4496,7],[4501,1,4501,7],[4502,1,4502,7],[4503,1,4503,7],[4505,1,4505,7],[4506,1,4506,7],[4507,1,4507,7],[4508,1,4508,7],[4509,1,4509,7],[4510,1,4510,7]]}
["WORKING ESTIMATE "]
["Name of the  work",null,{"$f":"'lead 19-20'!C2","v":"Providing Additional Space for Health Staff in Grama Sachivalayam of Baduguleru GP of Kanigiri Mandal"}]
[{"$nulls":8},"Est.Rs.",null,null,{"$f":"'lead 19-20'!K4","v":"20.80 Lakhs"}]
["S.No","Description of Item","No",null,null,"Measurements",null,null,"Quantity",null,"Rate","Per","Amount"]
[{"$nulls":5},"L","B","D"]
[1,2,3,null,null,4,5,6,7,null,8,9,10]
[null,"PART-A",{"$nulls":11},"SSR 19-20"]
[null,"GROUND FLOOR",{"$nulls":11},"SSR 19-20"]
[1,"Clearing light  jungle including up-rooting and removing of Juliflora stumps.",{"$nulls":11},"SSR 19-20"]
[null,"Qty.p.1 of M.B.No.800/A/ZP/19",null,"09.07.2020",{"$nulls":9},"SSR 19-20"]
[null,null,1,"x",1,{"v":12,"d":"12.000"},{"v":6,"d":"6.000"},{"v":0,"d":"0.000"},{"$f":"ROUND(IF(AND(F11:H11),C11*E11*F11*G11*H11,IF(AND(F11,G11),C11*E11*F11*G11,IF(AND(F11,H11),C11*E11*F11*H11,IF(AND(G11,H11),C11*E11*G11*H11,IF(F11,C11*E11*F11,IF(G11,C11*E11*G11,IF(H11,C11*E11*H11,C11*E11))))))),2)","v":{"v":72,"d":"72.00"}},"Sqm",{"$nulls":3},"SSR 19-20"]
[{"$nulls":8},{"$f":"SUM(I11:I11)","v":{"v":72,"d":"72.00"}},"Sqm",{"$nulls":3},"SSR 19-20"]
[null,"Deduct Voids @ 40%",{"$nulls":6},{"$f":"-ROUND(I12*40%,2)","v":{"v":-28.8,"d":"-28.80"}},"Sqm",{"$nulls":3},"SSR 19-20"]
[{"$nulls":9},"Sqm",{"$f":"data!G44","v":5.22},"SSR 19-20",{"$f":"ROUND(I14*K14,0)","v":{"v":0,"d":"0.00"}},"SSR 19-20"]
[1,"Clearing light  jungle including up-rooting and removing of Juliflora stumps.",{"$nulls":11},"SSR 20-21"]
[null,"Qty.p.1 of M.B.No.790/A/ZP/19",{"$nulls":11},"SSR 20-21"]
[null,null,1,"x",1,{"v":7.6,"d":"7.600"},{"v":5.24,"d":"5.240"},{"v":0,"d":"0.000"},{"$f":"ROUND(IF(AND(F17:H17),C17*E17*F17*G17*H17,IF(AND(F17,G17),C17*E17*F17*G17,IF(AND(F17,H17),C17*E17*F17*H17,IF(AND(G17,H17),C17*E17*G17*H17,IF(F17,C17*E17*F17,IF(G17,C17*E17*G17,IF(H17,C17*E17*H17,C17*E17))))))),2)","v":39.82},"Sqm",{"$nulls":3},"SSR 20-21"]
[{"$nulls":8},{"$f":"SUM(I17:I17)","v":39.82},"Sqm",{"$nulls":3},"SSR 20-21"]
[null,"Deduct Voids @ 40%",{"$nulls":6},{"$f":"-ROUND(I18*40%,2)","v":-15.93},"Sqm",{"$nulls":3},"SSR 20-21"]
[{"$nulls":9},"Sqm",{"$f":"data!G960","v":5.86},"SSR 20-21",{"$f":"ROUND(I20*K20,0)","v":{"v":0,"d":"0.00"}},"SSR 20-21"]
[1,"Clearing light  jungle including up-rooting and removing of Juliflora stumps.",{"$nulls":11},"SSR 21-22"]
[null,"Qty.p.1 of M.B.No.790/A/ZP/19",{"$nulls":11},"SSR 21-22"]
[null,null,1,"x",1,{"v":7.6,"d":"7.600"},{"v":5.24,"d":"5.240"},{"v":0,"d":"0.000"},{"$f":"ROUND(IF(AND(F23:H23),C23*E23*F23*G23*H23,IF(AND(F23,G23),C23*E23*F23*G23,IF(AND(F23,H23),C23*E23*F23*H23,IF(AND(G23,H23),C23*E23*G23*H23,IF(F23,C23*E23*F23,IF(G23,C23*E23*G23,IF(H23,C23*E23*H23,C23*E23))))))),2)","v":39.82},"Sqm",{"$nulls":3},"SSR 21-22"]
[{"$nulls":8},{"$f":"SUM(I23:I23)","v":39.82},"Sqm",{"$nulls":3},"SSR 21-22"]
[null,"Deduct Voids @ 40%",{"$nulls":6},{"$f":"-ROUND(I24*40%,2)","v":-15.93},"Sqm",{"$nulls":3},"SSR 21-22"]
[{"$nulls":9},"Sqm",{"$f":"data!G1877","v":6.06},"SSR 21-22",{"$f":"ROUND(I26*K26,0)","v":{"v":0,"d":"0.00"}},"SSR 21-22"]
[1,"Clearing light  jungle including up-rooting and removing of Juliflora stumps.",{"$nulls":11},"SSR 22-23"]
[null,"Qty.p.1 of M.B.No.790/A/ZP/19",{"$nulls":11},"SSR 22-23"]
[null,null,1,"x",1,{"v":7.6,"d":"7.600"},{"v":5.24,"d":"5.240"},{"v":0,"d":"0.000"},{"$f":"ROUND(IF(AND(F29:H29),C29*E29*F29*G29*H29,IF(AND(F29,G29),C29*E29*F29*G29,IF(AND(F29,H29),C29*E29*F29*H29,IF(AND(G29,H29),C29*E29*G29*H29,IF(F29,C29*E29*F29,IF(G29,C29*E29*G29,IF(H29,C29*E29*H29,C29*E29))))))),2)","v":39.82},"Sqm",{"$nulls":3},"SSR 22-23"]
[{"$nulls":8},{"$f":"SUM(I29:I29)","v":39.82},"Sqm",{"$nulls":3},"SSR 22-23"]
[null,"Deduct Voids @ 40%",{"$nulls":6},{"$f":"-ROUND(I30*40%,2)","v":-15.93},"Sqm",{"$nulls":3},"SSR 22-23"]
[{"$nulls":9},"Sqm",{"$f":"data!G2794","v":6.06},"SSR 22-23",{"$f":"ROUND(I32*K32,0)","v":{"v":0,"d":"0.00"}},"SSR 22-23"]
[1,"Engaging Unskilled Labour for Earth work excavation & depositing on bank with an initial lead & initial lift in Loamy, Clayey soils like BC Soils, Red Earth & Chodu Soils for Column Foundations RSSR",{"$nulls":11},"SSR 19-20"]
[null,"Qty.p.1 of M.B.No.1198/B/ZP/18",null,"20.07.2020",{"$nulls":9},"SSR 19-20"]
[null,"F1 Footings ",1,"x",3,{"v":1.45,"d":"1.450"},{"v":1.45,"d":"1.450"},{"v":1.5,"d":"1.500"},{"$f":"ROUND(IF(AND(F35:H35),C35*E35*F35*G35*H35,IF(AND(F35,G35),C35*E35*F35*G35,IF(AND(F35,H35),C35*E35*F35*H35,IF(AND(G35,H35),C35*E35*G35*H35,IF(F35,C35*E35*F35,IF(G35,C35*E35*G35,IF(H35,C35*E35*H35,C35*E35))))))),2)","v":9.46},"Cum",{"$nulls":3},"SSR 19-20"]
[null,"F2 Footings ",1,"x",9,{"v":1.7,"d":"1.700"},{"v":1.7,"d":"1.700"},{"v":1.5,"d":"1.500"},39.02,"Cum",{"$nulls":3},"SSR 19-20"]
[null,"F3 Footings ",1,"x",3,{"v":1.85,"d":"1.850"},{"v":1.85,"d":"1.850"},{"v":1.5,"d":"1.500"},{"v":15.4,"d":"15.40"},"Cum",{"$nulls":3},"SSR 19-20"]
[null,"Qty.p.10 & 11 of M.B.No.1198/B/ZP/18",null,"22.02.2021",{"$nulls":9},"SSR 19-20"]
[null,"long walls",1,"x",2,{"v":13.81,"d":"13.810"},{"v":0.5,"d":"0.500"},{"v":0.3,"d":"0.300"},{"$f":"ROUND(IF(AND(F39:H39),C39*E39*F39*G39*H39,IF(AND(F39,G39),C39*E39*F39*G39,IF(AND(F39,H39),C39*E39*F39*H39,IF(AND(G39,H39),C39*E39*G39*H39,IF(F39,C39*E39*F39,IF(G39,C39*E39*G39,IF(H39,C39*E39*H39,C39*E39))))))),2)","v":4.14},"Cum",{"$nulls":3},"SSR 19-20"]
[null,"Cross wall",1,"x",2,{"v":5.66,"d":"5.660"},{"v":0.5,"d":"0.500"},{"v":0.3,"d":"0.300"},{"v":1.7,"d":"1.70"},"Cum",{"$nulls":3},"SSR 19-20"]
[null,"Deduct columns",1,"x",12,{"v":0.23,"d":"0.230"},{"v":0.38,"d":"0.380"},{"v":0.3,"d":"0.300"},{"$f":"-ROUND(IF(AND(F41:H41),C41*E41*F41*G41*H41,IF(AND(F41,G41),C41*E41*F41*G41,IF(AND(F41,H41),C41*E41*F41*H41,IF(AND(G41,H41),C41*E41*G41*H41,IF(F41,C41*E41*F41,IF(G41,C41*E41*G41,IF(H41,C41*E41*H41,C41*E41))))))),2)","v":-0.31},"Cum",{"$nulls":3},"SSR 19-20"]
[null,"Qty.p.1 of M.B.No.111/A/ZP/22",null,"08.11.2023",{"$nulls":9},"SSR 19-20"]
[null,"Verandah",1,"x",1,{"v":1.2,"d":"1.200"},{"v":0.35,"d":"0.350"},{"v":0.3,"d":"0.300"},{"$f":"ROUND(IF(AND(F43:H43),C43*E43*F43*G43*H43,IF(AND(F43,G43),C43*E43*F43*G43,IF(AND(F43,H43),C43*E43*F43*H43,IF(AND(G43,H43),C43*E43*G43*H43,IF(F43,C43*E43*F43,IF(G43,C43*E43*G43,IF(H43,C43*E43*H43,C43*E43))))))),2)","v":0.13},"Cum",{"$nulls":3},"SSR 19-20"]
[null,null,1,"x",1,{"v":4.67,"d":"4.670"},{"v":0.35,"d":"0.350"},{"v":0.3,"d":"0.300"},0.49,"Cum",{"$nulls":3},"SSR 19-20"]
[null,null,1,"x",1,{"v":12.5,"d":"12.500"},{"v":0.35,"d":"0.350"},{"v":0.3,"d":"0.300"},1.31,"Cum",{"$nulls":3},"SSR 19-20"]
[null,null,1,"x",1,{"v":5,"d":"5.000"},{"v":0.35,"d":"0.350"},{"v":0.3,"d":"0.300"},0.53,"Cum",{"$nulls":3},"SSR 19-20"]
[null,null,1,"x",1,{"v":0.97,"d":"0.970"},{"v":0.35,"d":"0.350"},{"v":0.3,"d":"0.300"},{"v":0.1,"d":"0.10"},"Cum",{"$nulls":3},"SSR 19-20"]
[{"$nulls":13},"SSR 19-20"]
[{"$nulls":8},{"$f":"SUM(I35:I48)","v":{"v":71.96999999999998,"d":"71.97"}},"Cum",{"$f":"data!G49","v":124.24},"SSR 19-20",{"$f":"ROUND(I49*K49,0)","v":{"v":8942,"d":"8942.00"}},"SSR 19-20"]
[2,"Engaging Unskilled Labour for Earth work excavation & depositing on bank with an initial lead & initial lift in Loamy, Clayey soils like BC Soils, Red Earth & Chodu Soils for Column Foundations RSSR",{"$nulls":11},"SSR 20-21"]
[null,"Qty.p.26 of M.B.No.478/A/ZP/19",null,"12.07.2021",{"$nulls":9},"SSR 20-21"]
[null,"Verandah front",1,"x",1,{"v":15.95,"d":"15.950"},{"v":0.35,"d":"0.350"},{"v":0.45,"d":"0.450"},{"$f":"ROUND(IF(AND(F52:H52),C52*E52*F52*G52*H52,IF(AND(F52,G52),C52*E52*F52*G52,IF(AND(F52,H52),C52*E52*F52*H52,IF(AND(G52,H52),C52*E52*G52*H52,IF(F52,C52*E52*F52,IF(G52,C52*E52*G52,IF(H52,C52*E52*H52,C52*E52))))))),2)","v":2.51},"Cum",{"$nulls":3},"SSR 20-21"]
[null,"Verandah wall sides",1,"x",1,{"v":9.25,"d":"9.250"},{"v":0.35,"d":"0.350"},{"v":0.4,"d":"0.400"},{"v":1.3,"d":"1.30"},"Cum",{"$nulls":3},"SSR 20-21"]
[null,"steps",1,"x",3,{"v":1.2,"d":"1.200"},{"v":0.6,"d":"0.600"},{"v":0.1,"d":"0.100"},0.22,"Cum",{"$nulls":3},"SSR 20-21"]
[{"$nulls":13},"SSR 20-21"]
[{"$nulls":9},"Cum",{"$f":"data!G965","v":139.55},"SSR 20-21",{"$f":"ROUND(I56*K56,0)","v":{"v":0,"d":"0.00"}},"SSR 20-21"]
[3,"Engaging Unskilled Labour for Earth work excavation & depositing on bank with an initial lead & initial lift in Loamy, Clayey soils like BC Soils, Red Earth & Chodu Soils for Column Foundations RSSR",{"$nulls":11},"SSR 21-22"]
[null,"Qty.p.51 of M.B.No.478/A/ZP/19",null,"16.09.2021",{"$nulls":9},"SSR 21-22"]
[null,"For steps",1,"x",3,{"v":1.2,"d":"1.200"},{"v":1,"d":"1.000"},{"v":0.1,"d":"0.100"},{"$f":"ROUND(IF(AND(F59:H59),C59*E59*F59*G59*H59,IF(AND(F59,G59),C59*E59*F59*G59,IF(AND(F59,H59),C59*E59*F59*H59,IF(AND(G59,H59),C59*E59*G59*H59,IF(F59,C59*E59*F59,IF(G59,C59*E59*G59,IF(H59,C59*E59*H59,C59*E59))))))),2)","v":0.36},"Cum",{"$nulls":3},"SSR 21-22"]
[null,null,1,"x",1,{"v":1.1,"d":"1.100"},{"v":0.7,"d":"0.700"},{"v":0.1,"d":"0.100"},0.08,"Cum",{"$nulls":3},"SSR 21-22"]
[{"$nulls":13},"SSR 21-22"]
[{"$nulls":9},"Cum",{"$f":"data!G1882","v":144.26},"SSR 21-22",{"$f":"ROUND(I62*K62,0)","v":{"v":0,"d":"0.00"}},"SSR 21-22"]
[18,"Engaging Unskilled Labour for Earth work excavation & depositing on bank with an initial lead & initial lift in Loamy, Clayey soils like BC Soils, Red Earth & Chodu Soils for Column Foundations RSSR",{"$nulls":11},"SSR 22-23"]
[null,"Qty.p.6 of M.B.No.790/A/ZP/19",{"$nulls":11},"SSR 22-23"]
[null,null,1,"x",1,{"v":5.5,"d":"5.500"},{"v":0.5,"d":"0.500"},{"v":0.3,"d":"0.300"},{"$f":"ROUND(IF(AND(F65:H65),C65*E65*F65*G65*H65,IF(AND(F65,G65),C65*E65*F65*G65,IF(AND(F65,H65),C65*E65*F65*H65,IF(AND(G65,H65),C65*E65*G65*H65,IF(F65,C65*E65*F65,IF(G65,C65*E65*G65,IF(H65,C65*E65*H65,C65*E65))))))),2)","v":0.83},"Cum",{"$nulls":3},"SSR 22-23"]
[null,null,1,"x",2,{"v":2.25,"d":"2.250"},{"v":0.5,"d":"0.500"},{"v":0.3,"d":"0.300"},0.68,"Cum",{"$nulls":3},"SSR 22-23"]
[null,null,1,"x",1,{"v":3.3,"d":"3.300"},{"v":0.5,"d":"0.500"},{"v":0.3,"d":"0.300"},{"v":0.5,"d":"0.50"},"Cum",{"$nulls":3},"SSR 22-23"]
[null,null,1,"x",1,{"v":2.25,"d":"2.250"},{"v":0.5,"d":"0.500"},{"v":0.3,"d":"0.300"},0.34,"Cum",{"$nulls":3},"SSR 22-23"]
[null,null,1,"x",1,{"v":5.6,"d":"5.600"},{"v":1.2,"d":"1.200"},{"v":0.1,"d":"0.100"},0.67,"Cum",{"$nulls":3},"SSR 22-23"]
[null,null,1,"x",1,{"v":3.6,"d":"3.600"},{"v":1.8,"d":"1.800"},{"v":0.1,"d":"0.100"},0.65,"Cum",{"$nulls":3},"SSR 22-23"]
[{"$nulls":13},"SSR 22-23"]
[{"$nulls":9},"Cum",{"$f":"data!G2799","v":144.26},"SSR 22-23",{"$f":"ROUND(I72*K72,0)","v":{"v":0,"d":"0.00"}},"SSR 22-23"]
[2,"Plain Cement Concrete (1:4:8) proportion Nominal mix for foundations using 40mm size SS-5 metal including c/c of all materials & labour charges, machine mixing & laying concrete in foundations ramming etc complete for Bed Concrete  (APSS No 402)  ",{"$nulls":11},"SSR 19-20"]
[null,"Qty.p.2 & 3 of M.B.No.1198/B/ZP/18",null,"04.02.2021",{"$nulls":9},"SSR 19-20"]
[null,"F1 Footings ",1,"x",3,{"v":1.45,"d":"1.450"},{"v":1.45,"d":"1.450"},{"v":0.15,"d":"0.150"},{"$f":"ROUND(IF(AND(F75:H75),C75*E75*F75*G75*H75,IF(AND(F75,G75),C75*E75*F75*G75,IF(AND(F75,H75),C75*E75*F75*H75,IF(AND(G75,H75),C75*E75*G75*H75,IF(F75,C75*E75*F75,IF(G75,C75*E75*G75,IF(H75,C75*E75*H75,C75*E75))))))),2)","v":0.95},"Cum",{"$nulls":3},"SSR 19-20"]
[null,"F2 Footings ",1,"x",9,{"v":1.7,"d":"1.700"},{"v":1.7,"d":"1.700"},{"v":0.15,"d":"0.150"},{"v":3.9,"d":"3.90"},"Cum",{"$nulls":3},"SSR 19-20"]
[null,"F3 Footings ",1,"x",3,{"v":1.85,"d":"1.850"},{"v":1.85,"d":"1.850"},{"v":0.15,"d":"0.150"},1.54,"Cum",{"$nulls":3},"SSR 19-20"]
[null,"Qty.p.12 & 13 of M.B.No.1198/B/ZP/18",null,"05.03.2021",{"$nulls":9},"SSR 19-20"]
[null,"long walls",1,"x",2,{"v":13.81,"d":"13.810"},{"v":0.5,"d":"0.500"},{"v":0.15,"d":"0.150"},{"$f":"ROUND(IF(AND(F79:H79),C79*E79*F79*G79*H79,IF(AND(F79,G79),C79*E79*F79*G79,IF(AND(F79,H79),C79*E79*F79*H79,IF(AND(G79,H79),C79*E79*G79*H79,IF(F79,C79*E79*F79,IF(G79,C79*E79*G79,IF(H79,C79*E79*H79,C79*E79))))))),2)","v":2.07},"Cum",{"$nulls":3},"SSR 19-20"]
[null,"Cross wall",1,"x",2,{"v":5.66,"d":"5.660"},{"v":0.5,"d":"0.500"},{"v":0.15,"d":"0.150"},0.85,"Cum",{"$nulls":3},"SSR 19-20"]
[null,"Deduct columns",1,"x",12,{"v":0.23,"d":"0.230"},{"v":0.38,"d":"0.380"},{"v":0.15,"d":"0.150"},{"$f":"-ROUND(IF(AND(F81:H81),C81*E81*F81*G81*H81,IF(AND(F81,G81),C81*E81*F81*G81,IF(AND(F81,H81),C81*E81*F81*H81,IF(AND(G81,H81),C81*E81*G81*H81,IF(F81,C81*E81*F81,IF(G81,C81*E81*G81,IF(H81,C81*E81*H81,C81*E81))))))),2)","v":-0.16},"Cum",{"$nulls":3},"SSR 19-20"]
[null,"Qty.p.15 & 16 of M.B.No.1198/B/ZP/18",null,"15.03.2021",{"$nulls":9},"SSR 19-20"]
[null,"PB 104",1,"x",1,{"v":12.96,"d":"12.960"},{"v":0.38,"d":"0.380"},{"v":0.1,"d":"0.100"},{"$f":"ROUND(IF(AND(F83:H83),C83*E83*F83*G83*H83,IF(AND(F83,G83),C83*E83*F83*G83,IF(AND(F83,H83),C83*E83*F83*H83,IF(AND(G83,H83),C83*E83*G83*H83,IF(F83,C83*E83*F83,IF(G83,C83*E83*G83,IF(H83,C83*E83*H83,C83*E83))))))),2)","v":0.49},"Cum",{"$nulls":3},"SSR 19-20"]
[null,"PB 109",1,"x",1,{"v":5.81,"d":"5.810"},{"v":0.38,"d":"0.380"},{"v":0.1,"d":"0.100"},0.22,"Cum",{"$nulls":3},"SSR 19-20"]
[null,"Deduct cross columns",1,"x",1,{"v":0.23,"d":"0.230"},{"v":0.38,"d":"0.380"},{"v":0.1,"d":"0.100"},0.01,"Cum",{"$nulls":3},"SSR 19-20"]
[null,"Under PB 107 108 110 111",1,"x",4,{"v":2.64,"d":"2.640"},{"v":0.38,"d":"0.380"},{"v":0.1,"d":"0.100"},{"v":0.4,"d":"0.40"},"Cum",{"$nulls":3},"SSR 19-20"]
[null,"Pb 102 103",1,"x",2,{"v":1.21,"d":"1.210"},{"v":0.38,"d":"0.380"},{"v":0.1,"d":"0.100"},0.09,"Cum",{"$nulls":3},"SSR 19-20"]
[null,"Qty.p.3 & 4 of M.B.No.604/B/ZP/20",null,"09.06.2021",{"$nulls":9},"SSR 19-20"]
[null,"Examination room",1,"x",1,2.895,{"v":2.82,"d":"2.820"},{"v":0.1,"d":"0.100"},{"$f":"ROUND(IF(AND(F89:H89),C89*E89*F89*G89*H89,IF(AND(F89,G89),C89*E89*F89*G89,IF(AND(F89,H89),C89*E89*F89*H89,IF(AND(G89,H89),C89*E89*G89*H89,IF(F89,C89*E89*F89,IF(G89,C89*E89*G89,IF(H89,C89*E89*H89,C89*E89))))))),2)","v":0.82},"Cum",{"$nulls":3},"SSR 19-20"]
[null,"Tiolet room",1,"x",1,{"v":1.36,"d":"1.360"},{"v":2.82,"d":"2.820"},{"v":0.1,"d":"0.100"},0.38,"Cum",{"$nulls":3},"SSR 19-20"]
[null,"Lab and store room",1,"x",1,{"v":2.34,"d":"2.340"},{"v":2.82,"d":"2.820"},{"v":0.1,"d":"0.100"},0.66,"Cum",{"$nulls":3},"SSR 19-20"]
[null,"Bed room",1,"x",1,{"v":2.75,"d":"2.750"},{"v":2.82,"d":"2.820"},{"v":0.1,"d":"0.100"},0.78,"Cum",{"$nulls":3},"SSR 19-20"]
[null,"Tiolet room",1,"x",1,{"v":1.36,"d":"1.360"},{"v":2.82,"d":"2.820"},{"v":0.1,"d":"0.100"},0.38,"Cum",{"$nulls":3},"SSR 19-20"]
[null,"Kitchen",1,"x",1,{"v":1.83,"d":"1.830"},{"v":2.82,"d":"2.820"},{"v":0.1,"d":"0.100"},0.52,"Cum",{"$nulls":3},"SSR 19-20"]
[null,"Clinic and lab",1,"x",1,{"v":6.67,"d":"6.670"},{"v":3,"d":"3.000"},{"v":0.1,"d":"0.100"},{"v":2,"d":"2.00"},"Cum",{"$nulls":3},"SSR 19-20"]
[null,"Living room",1,"x",1,{"v":6.17,"d":"6.170"},{"v":3,"d":"3.000"},{"v":0.1,"d":"0.100"},1.85,"Cum",{"$nulls":3},"SSR 19-20"]
[null,"Qty.p.2 & 3 of M.B.No.111/A/ZP/22",null,"15.11.2023",{"$nulls":9},"SSR 19-20"]
[null,"Verandah",1,"x",1,{"v":1.2,"d":"1.200"},{"v":0.35,"d":"0.350"},{"v":0.1,"d":"0.100"},{"$f":"ROUND(IF(AND(F98:H98),C98*E98*F98*G98*H98,IF(AND(F98,G98),C98*E98*F98*G98,IF(AND(F98,H98),C98*E98*F98*H98,IF(AND(G98,H98),C98*E98*G98*H98,IF(F98,C98*E98*F98,IF(G98,C98*E98*G98,IF(H98,C98*E98*H98,C98*E98))))))),2)","v":0.04},"Cum",{"$nulls":3},"SSR 19-20"]
[null,null,1,"x",1,{"v":4.67,"d":"4.670"},{"v":0.35,"d":"0.350"},{"v":0.1,"d":"0.100"},0.16,"Cum",{"$nulls":3},"SSR 19-20"]
[null,null,1,"x",1,{"v":12.5,"d":"12.500"},{"v":0.35,"d":"0.350"},{"v":0.1,"d":"0.100"},0.44,"Cum",{"$nulls":3},"SSR 19-20"]
[null,null,1,"x",1,{"v":5,"d":"5.000"},{"v":0.35,"d":"0.350"},{"v":0.1,"d":"0.100"},0.18,"Cum",{"$nulls":3},"SSR 19-20"]
[null,null,1,"x",1,{"v":0.97,"d":"0.970"},{"v":0.35,"d":"0.350"},{"v":0.1,"d":"0.100"},0.03,"Cum",{"$nulls":3},"SSR 19-20"]
[null,"Qty.p.8 & 9 of M.B.No.111/A/ZP/22",null,"23.11.2023",{"$nulls":9},"SSR 19-20"]
[null,"Verandah basement",1,"x",1,{"v":3.24,"d":"3.240"},{"v":0.97,"d":"0.970"},{"v":0.1,"d":"0.100"},{"$f":"ROUND(IF(AND(F104:H104),C104*E104*F104*G104*H104,IF(AND(F104,G104),C104*E104*F104*G104,IF(AND(F104,H104),C104*E104*F104*H104,IF(AND(G104,H104),C104*E104*G104*H104,IF(F104,C104*E104*F104,IF(G104,C104*E104*G104,IF(H104,C104*E104*H104,C104*E104))))))),2)","v":0.31},"Cum",{"$nulls":3},"SSR 19-20"]
[null,null,1,"x",1,{"v":12.29,"d":"12.290"},{"v":0.97,"d":"0.970"},{"v":0.1,"d":"0.100"},1.19,"Cum",{"$nulls":3},"SSR 19-20"]
[null,null,1,"x",1,{"v":5,"d":"5.000"},{"v":0.97,"d":"0.970"},{"v":0.1,"d":"0.100"},0.49,"Cum",{"$nulls":3},"SSR 19-20"]
[{"$nulls":13},"SSR 19-20"]
[{"$nulls":8},{"$f":"SUM(I75:I107)","v":20.59},"Cum",{"$f":"data!G92","v":{"v":3877.2799999999997,"d":"3877.28"}},"SSR 19-20",{"$f":"ROUND(I108*K108,0)","v":{"v":79833,"d":"79833.00"}},"SSR 19-20"]
[5,"Plain Cement Concrete (1:4:8) proportion Nominal mix for foundations using 40mm size SS-5 metal including c/c of all materials & labour charges, machine mixing & laying concrete in foundations ramming etc complete for Bed Concrete  (APSS No 402)  ",{"$nulls":11},"SSR 20-21"]
[null,"Qty.p.32 & 33 of M.B.No.1269/B/ZP/18",null,"11.05.2021",{"$nulls":9},"SSR 19-20"]
[null,"Examination room",1,"x",1,{"v":2.89,"d":"2.890"},{"v":2.82,"d":"2.820"},{"v":0.1,"d":"0.100"},{"$f":"ROUND(IF(AND(F111:H111),C111*E111*F111*G111*H111,IF(AND(F111,G111),C111*E111*F111*G111,IF(AND(F111,H111),C111*E111*F111*H111,IF(AND(G111,H111),C111*E111*G111*H111,IF(F111,C111*E111*F111,IF(G111,C111*E111*G111,IF(H111,C111*E111*H111,C111*E111))))))),2)","v":0.81},"Cum",{"$nulls":3},"SSR 19-20"]
[null,"Tiolet room",1,"x",1,{"v":1.36,"d":"1.360"},{"v":2.82,"d":"2.820"},{"v":0.1,"d":"0.100"},0.38,"Cum",{"$nulls":3},"SSR 19-20"]
[null,"Lab and store room",1,"x",1,{"v":2.34,"d":"2.340"},{"v":2.82,"d":"2.820"},{"v":0.1,"d":"0.100"},0.66,"Cum",{"$nulls":3},"SSR 19-20"]
[null,"Bed room",1,"x",1,{"v":2.75,"d":"2.750"},{"v":2.82,"d":"2.820"},{"v":0.1,"d":"0.100"},0.78,"Cum",{"$nulls":3},"SSR 19-20"]
[null,"Tiolet room",1,"x",1,{"v":1.36,"d":"1.360"},{"v":2.82,"d":"2.820"},{"v":0.1,"d":"0.100"},0.38,"Cum",{"$nulls":3},"SSR 19-20"]
[null,"Kitchen",1,"x",1,{"v":1.83,"d":"1.830"},{"v":2.82,"d":"2.820"},{"v":0.1,"d":"0.100"},0.52,"Cum",{"$nulls":3},"SSR 19-20"]
[null,"Clinic and lab",1,"x",1,{"v":6.67,"d":"6.670"},{"v":3,"d":"3.000"},{"v":0.1,"d":"0.100"},{"v":2,"d":"2.00"},"Cum",{"$nulls":3},"SSR 19-20"]
[null,"Living room",1,"x",1,{"v":6.17,"d":"6.170"},{"v":3,"d":"3.000"},{"v":0.1,"d":"0.100"},1.85,"Cum",{"$nulls":3},"SSR 19-20"]
[null,"Qty.p.27 of M.B.No.478/A/ZP/19",null,"12.07.2021",{"$nulls":9},"SSR 20-21"]
[null,"Verandah front",1,"x",1,{"v":15.95,"d":"15.950"},{"v":0.3,"d":"0.300"},{"v":0.15,"d":"0.150"},{"$f":"ROUND(IF(AND(F120:H120),C120*E120*F120*G120*H120,IF(AND(F120,G120),C120*E120*F120*G120,IF(AND(F120,H120),C120*E120*F120*H120,IF(AND(G120,H120),C120*E120*G120*H120,IF(F120,C120*E120*F120,IF(G120,C120*E120*G120,IF(H120,C120*E120*H120,C120*E120))))))),2)","v":0.72},"Cum",{"$nulls":3},"SSR 20-21"]
[null,"Verandah wall sides",1,"x",1,{"v":9.25,"d":"9.250"},{"v":0.3,"d":"0.300"},{"v":0.15,"d":"0.150"},0.42,"Cum",{"$nulls":3},"SSR 20-21"]
[null,"steps",1,"x",3,{"v":1.2,"d":"1.200"},{"v":0.6,"d":"0.600"},{"v":0.1,"d":"0.100"},0.22,"Cum",{"$nulls":3},"SSR 20-21"]
[null,"Qty.p.30 of M.B.No.478/A/ZP/19",null,"22.07.2021",{"$nulls":9},"SSR 20-21"]
[null,"Verandah portion",1,"x",1,{"v":15.2,"d":"15.200"},{"v":1.2,"d":"1.200"},{"v":0.1,"d":"0.100"},{"$f":"ROUND(IF(AND(F124:H124),C124*E124*F124*G124*H124,IF(AND(F124,G124),C124*E124*F124*G124,IF(AND(F124,H124),C124*E124*F124*H124,IF(AND(G124,H124),C124*E124*G124*H124,IF(F124,C124*E124*F124,IF(G124,C124*E124*G124,IF(H124,C124*E124*H124,C124*E124))))))),2)","v":1.82},"Cum",{"$nulls":3},"SSR 20-21"]
[null,"Ramp portion",1,"x",1,{"v":5.75,"d":"5.750"},{"v":1.2,"d":"1.200"},{"v":0.1,"d":"0.100"},0.69,"Cum",{"$nulls":3},"SSR 20-21"]
[{"$nulls":13},"SSR 20-21"]
[{"$nulls":9},"Cum",{"$f":"data!G1008","v":{"v":4067.8399999999997,"d":"4067.84"}},"SSR 20-21",{"$f":"ROUND(I127*K127,0)","v":{"v":0,"d":"0.00"}},"SSR 20-21"]
[6,"Plain Cement Concrete (1:4:8) proportion Nominal mix for foundations using 40mm size SS-5 metal including c/c of all materials & labour charges, machine mixing & laying concrete in foundations ramming etc complete for Bed Concrete  (APSS No 402)  ",{"$nulls":11},"SSR 21-22"]
[null,"Qty.p.52 of M.B.No.478/A/ZP/19",null,"21.09.2021",{"$nulls":9},"SSR 21-22"]
[null,"For steps",1,"x",3,{"v":1.2,"d":"1.200"},{"v":1,"d":"1.000"},{"v":0.1,"d":"0.100"},{"$f":"ROUND(IF(AND(F130:H130),C130*E130*F130*G130*H130,IF(AND(F130,G130),C130*E130*F130*G130,IF(AND(F130,H130),C130*E130*F130*H130,IF(AND(G130,H130),C130*E130*G130*H130,IF(F130,C130*E130*F130,IF(G130,C130*E130*G130,IF(H130,C130*E130*H130,C130*E130))))))),2)","v":0.36},"Cum",{"$nulls":3},"SSR 21-22"]
[null,null,1,"x",1,{"v":1.1,"d":"1.100"},{"v":0.7,"d":"0.700"},{"v":0.1,"d":"0.100"},0.08,"Cum",{"$nulls":3},"SSR 21-22"]
[]
[{"$nulls":9},"Cum",{"$f":"data!G1925","v":4332.55},"SSR 21-22",{"$f":"ROUND(I133*K133,0)","v":{"v":0,"d":"0.00"}},"SSR 21-22"]
[19,"Plain Cement Concrete (1:4:8) proportion Nominal mix for foundations using 40mm size SS-5 metal including c/c of all materials & labour charges, machine mixing & laying concrete in foundations ramming etc complete for Bed Concrete  (APSS No 402)  ",{"$nulls":11},"SSR 22-23"]
[null,"Qty.p.8 of M.B.No.790/A/ZP/19",{"$nulls":11},"SSR 22-23"]
[null,null,1,"x",1,{"v":5.5,"d":"5.500"},{"v":0.5,"d":"0.500"},{"v":0.1,"d":"0.100"},{"$f":"ROUND(IF(AND(F136:H136),C136*E136*F136*G136*H136,IF(AND(F136,G136),C136*E136*F136*G136,IF(AND(F136,H136),C136*E136*F136*H136,IF(AND(G136,H136),C136*E136*G136*H136,IF(F136,C136*E136*F136,IF(G136,C136*E136*G136,IF(H136,C136*E136*H136,C136*E136))))))),2)","v":0.28},"Cum",{"$nulls":3},"SSR 22-23"]
[null,null,1,"x",2,{"v":2.25,"d":"2.250"},{"v":0.5,"d":"0.500"},{"v":0.1,"d":"0.100"},0.23,"Cum",{"$nulls":3},"SSR 22-23"]
[null,null,1,"x",1,{"v":3.3,"d":"3.300"},{"v":0.5,"d":"0.500"},{"v":0.1,"d":"0.100"},0.17,"Cum",{"$nulls":3},"SSR 22-23"]
[null,null,1,"x",1,{"v":2.25,"d":"2.250"},{"v":0.5,"d":"0.500"},{"v":0.1,"d":"0.100"},0.11,"Cum",{"$nulls":3},"SSR 22-23"]
[null,null,1,"x",1,{"v":5.6,"d":"5.600"},{"v":1.2,"d":"1.200"},{"v":0.1,"d":"0.100"},0.67,"Cum",{"$nulls":3},"SSR 22-23"]
[null,null,1,"x",1,{"v":3.6,"d":"3.600"},{"v":1.8,"d":"1.800"},{"v":0.1,"d":"0.100"},0.65,"Cum",{"$nulls":3},"SSR 22-23"]
[null,"Qty.p.13 of M.B.No.790/A/ZP/19",{"$nulls":11},"SSR 22-23"]
[null,null,1,"x",1,{"v":4.9,"d":"4.900"},{"v":2.3,"d":"2.300"},{"v":0.1,"d":"0.100"},{"$f":"ROUND(IF(AND(F143:H143),C143*E143*F143*G143*H143,IF(AND(F143,G143),C143*E143*F143*G143,IF(AND(F143,H143),C143*E143*F143*H143,IF(AND(G143,H143),C143*E143*G143*H143,IF(F143,C143*E143*F143,IF(G143,C143*E143*G143,IF(H143,C143*E143*H143,C143*E143))))))),2)","v":1.13},"Cum",{"$nulls":3},"SSR 22-23"]
[null,null,1,"x",1,{"v":3,"d":"3.000"},{"v":2.3,"d":"2.300"},{"v":0.1,"d":"0.100"},0.69,"Cum",{"$nulls":3},"SSR 22-23"]
[{"$nulls":13},"SSR 22-23"]
[{"$nulls":9},"Cum",{"$f":"data!G2842","v":4583.31},"SSR 22-23",{"$f":"ROUND(I146*K146,0)","v":{"v":0,"d":"0.00"}},"SSR 22-23"]
[3,"Plain Cement Concrete (1:5:10) proportion Nominal mix for foundations using 40mm size SS-5 metal including cost and conveyance of all materials and curing charges, labour charges, machine mixing and laying concrete in foundations ramming etc complete for Bed Concrete  (APSS No 402)  ",{"$nulls":11},"SSR 19-20"]
[null,"Qty.p.65 of M.B.No.790/A/ZP/19",{"$nulls":11},"SSR 19-20"]
[null,null,1,"x",1,{"v":4.72,"d":"4.720"},{"v":0.45,"d":"0.450"},{"v":0.1,"d":"0.100"},{"$f":"ROUND(IF(AND(F149:H149),C149*E149*F149*G149*H149,IF(AND(F149,G149),C149*E149*F149*G149,IF(AND(F149,H149),C149*E149*F149*H149,IF(AND(G149,H149),C149*E149*G149*H149,IF(F149,C149*E149*F149,IF(G149,C149*E149*G149,IF(H149,C149*E149*H149,C149*E149))))))),2)","v":0.21},"Cum",{"$nulls":3},"SSR 19-20"]
[null,"Front beam",1,"x",1,{"v":5.4,"d":"5.400"},{"v":0.45,"d":"0.450"},{"v":0.1,"d":"0.100"},{"$f":"ROUND(IF(AND(F150:H150),C150*E150*F150*G150*H150,IF(AND(F150,G150),C150*E150*F150*G150,IF(AND(F150,H150),C150*E150*F150*H150,IF(AND(G150,H150),C150*E150*G150*H150,IF(F150,C150*E150*F150,IF(G150,C150*E150*G150,IF(H150,C150*E150*H150,C150*E150))))))),2)","v":0.24},"Cum",{"$nulls":3},"SSR 19-20"]
[null,"Verandah alround",1,"x",1,{"v":10.05,"d":"10.050"},{"v":0.45,"d":"0.450"},{"v":0.1,"d":"0.100"},{"$f":"ROUND(IF(AND(F151:H151),C151*E151*F151*G151*H151,IF(AND(F151,G151),C151*E151*F151*G151,IF(AND(F151,H151),C151*E151*F151*H151,IF(AND(G151,H151),C151*E151*G151*H151,IF(F151,C151*E151*F151,IF(G151,C151*E151*G151,IF(H151,C151*E151*H151,C151*E151))))))),2)","v":0.45},"Cum",{"$nulls":3},"SSR 19-20"]
[null,"Store platform",1,"x",1,{"v":5.46,"d":"5.460"},{"v":0.3,"d":"0.300"},{"v":0.1,"d":"0.100"},{"$f":"ROUND(IF(AND(F152:H152),C152*E152*F152*G152*H152,IF(AND(F152,G152),C152*E152*F152*G152,IF(AND(F152,H152),C152*E152*F152*H152,IF(AND(G152,H152),C152*E152*G152*H152,IF(F152,C152*E152*F152,IF(G152,C152*E152*G152,IF(H152,C152*E152*H152,C152*E152))))))),2)","v":0.16},"Cum",{"$nulls":3},"SSR 19-20"]
[null,"For septic tank",1,"x",1,{"v":4.7,"d":"4.700"},{"v":2.3,"d":"2.300"},{"v":0.15,"d":"0.150"},{"$f":"ROUND(IF(AND(F153:H153),C153*E153*F153*G153*H153,IF(AND(F153,G153),C153*E153*F153*G153,IF(AND(F153,H153),C153*E153*F153*H153,IF(AND(G153,H153),C153*E153*G153*H153,IF(F153,C153*E153*F153,IF(G153,C153*E153*G153,IF(H153,C153*E153*H153,C153*E153))))))),2)","v":1.62},"Cum",{"$nulls":3},"SSR 19-20"]
[{"$nulls":13},"SSR 19-20"]
[{"$nulls":9},"Cum",{"$f":"data!G104","v":{"v":3725,"d":"3725.00"}},"SSR 19-20",{"$f":"ROUND(I155*K155,0)","v":{"v":0,"d":"0.00"}},"SSR 19-20"]
[3,"Plain Cement Concrete (1:5:10) proportion Nominal mix for foundations using 40mm size SS-5 metal including cost and conveyance of all materials and curing charges, labour charges, machine mixing and laying concrete in foundations ramming etc complete for Bed Concrete  (APSS No 402)  ",{"$nulls":11},"SSR 20-21"]
[null,"Qty.p.65 of M.B.No.790/A/ZP/19",{"$nulls":11},"SSR 20-21"]
[null,null,1,"x",1,{"v":4.72,"d":"4.720"},{"v":0.45,"d":"0.450"},{"v":0.1,"d":"0.100"},{"$f":"ROUND(IF(AND(F158:H158),C158*E158*F158*G158*H158,IF(AND(F158,G158),C158*E158*F158*G158,IF(AND(F158,H158),C158*E158*F158*H158,IF(AND(G158,H158),C158*E158*G158*H158,IF(F158,C158*E158*F158,IF(G158,C158*E158*G158,IF(H158,C158*E158*H158,C158*E158))))))),2)","v":0.21},"Cum",{"$nulls":3},"SSR 20-21"]
[null,"Front beam",1,"x",1,{"v":5.4,"d":"5.400"},{"v":0.45,"d":"0.450"},{"v":0.1,"d":"0.100"},{"$f":"ROUND(IF(AND(F159:H159),C159*E159*F159*G159*H159,IF(AND(F159,G159),C159*E159*F159*G159,IF(AND(F159,H159),C159*E159*F159*H159,IF(AND(G159,H159),C159*E159*G159*H159,IF(F159,C159*E159*F159,IF(G159,C159*E159*G159,IF(H159,C159*E159*H159,C159*E159))))))),2)","v":0.24},"Cum",{"$nulls":3},"SSR 20-21"]
[null,"Verandah alround",1,"x",1,{"v":10.05,"d":"10.050"},{"v":0.45,"d":"0.450"},{"v":0.1,"d":"0.100"},{"$f":"ROUND(IF(AND(F160:H160),C160*E160*F160*G160*H160,IF(AND(F160,G160),C160*E160*F160*G160,IF(AND(F160,H160),C160*E160*F160*H160,IF(AND(G160,H160),C160*E160*G160*H160,IF(F160,C160*E160*F160,IF(G160,C160*E160*G160,IF(H160,C160*E160*H160,C160*E160))))))),2)","v":0.45},"Cum",{"$nulls":3},"SSR 20-21"]
[null,"Store platform",1,"x",1,{"v":5.46,"d":"5.460"},{"v":0.3,"d":"0.300"},{"v":0.1,"d":"0.100"},{"$f":"ROUND(IF(AND(F161:H161),C161*E161*F161*G161*H161,IF(AND(F161,G161),C161*E161*F161*G161,IF(AND(F161,H161),C161*E161*F161*H161,IF(AND(G161,H161),C161*E161*G161*H161,IF(F161,C161*E161*F161,IF(G161,C161*E161*G161,IF(H161,C161*E161*H161,C161*E161))))))),2)","v":0.16},"Cum",{"$nulls":3},"SSR 20-21"]
[null,"For septic tank",1,"x",1,{"v":4.7,"d":"4.700"},{"v":2.3,"d":"2.300"},{"v":0.15,"d":"0.150"},{"$f":"ROUND(IF(AND(F162:H162),C162*E162*F162*G162*H162,IF(AND(F162,G162),C162*E162*F162*G162,IF(AND(F162,H162),C162*E162*F162*H162,IF(AND(G162,H162),C162*E162*G162*H162,IF(F162,C162*E162*F162,IF(G162,C162*E162*G162,IF(H162,C162*E162*H162,C162*E162))))))),2)","v":1.62},"Cum",{"$nulls":3},"SSR 20-21"]
[{"$nulls":13},"SSR 20-21"]
[{"$nulls":9},"Cum",{"$f":"data!G1020","v":3915.56},"SSR 20-21",{"$f":"ROUND(I164*K164,0)","v":{"v":0,"d":"0.00"}},"SSR 20-21"]
[3,"Plain Cement Concrete (1:5:10) proportion Nominal mix for foundations using 40mm size SS-5 metal including cost and conveyance of all materials and curing charges, labour charges, machine mixing and laying concrete in foundations ramming etc complete for Bed Concrete  (APSS No 402)  ",{"$nulls":11},"SSR 21-22"]
[null,"Qty.p.65 of M.B.No.790/A/ZP/19",{"$nulls":11},"SSR 21-22"]
[null,null,1,"x",1,{"v":4.72,"d":"4.720"},{"v":0.45,"d":"0.450"},{"v":0.1,"d":"0.100"},{"$f":"ROUND(IF(AND(F167:H167),C167*E167*F167*G167*H167,IF(AND(F167,G167),C167*E167*F167*G167,IF(AND(F167,H167),C167*E167*F167*H167,IF(AND(G167,H167),C167*E167*G167*H167,IF(F167,C167*E167*F167,IF(G167,C167*E167*G167,IF(H167,C167*E167*H167,C167*E167))))))),2)","v":0.21},"Cum",{"$nulls":3},"SSR 21-22"]
[null,"Front beam",1,"x",1,{"v":5.4,"d":"5.400"},{"v":0.45,"d":"0.450"},{"v":0.1,"d":"0.100"},{"$f":"ROUND(IF(AND(F168:H168),C168*E168*F168*G168*H168,IF(AND(F168,G168),C168*E168*F168*G168,IF(AND(F168,H168),C168*E168*F168*H168,IF(AND(G168,H168),C168*E168*G168*H168,IF(F168,C168*E168*F168,IF(G168,C168*E168*G168,IF(H168,C168*E168*H168,C168*E168))))))),2)","v":0.24},"Cum",{"$nulls":3},"SSR 21-22"]
[null,"Verandah alround",1,"x",1,{"v":10.05,"d":"10.050"},{"v":0.45,"d":"0.450"},{"v":0.1,"d":"0.100"},{"$f":"ROUND(IF(AND(F169:H169),C169*E169*F169*G169*H169,IF(AND(F169,G169),C169*E169*F169*G169,IF(AND(F169,H169),C169*E169*F169*H169,IF(AND(G169,H169),C169*E169*G169*H169,IF(F169,C169*E169*F169,IF(G169,C169*E169*G169,IF(H169,C169*E169*H169,C169*E169))))))),2)","v":0.45},"Cum",{"$nulls":3},"SSR 21-22"]
[null,"Store platform",1,"x",1,{"v":5.46,"d":"5.460"},{"v":0.3,"d":"0.300"},{"v":0.1,"d":"0.100"},{"$f":"ROUND(IF(AND(F170:H170),C170*E170*F170*G170*H170,IF(AND(F170,G170),C170*E170*F170*G170,IF(AND(F170,H170),C170*E170*F170*H170,IF(AND(G170,H170),C170*E170*G170*H170,IF(F170,C170*E170*F170,IF(G170,C170*E170*G170,IF(H170,C170*E170*H170,C170*E170))))))),2)","v":0.16},"Cum",{"$nulls":3},"SSR 21-22"]
[null,"For septic tank",1,"x",1,{"v":4.7,"d":"4.700"},{"v":2.3,"d":"2.300"},{"v":0.15,"d":"0.150"},{"$f":"ROUND(IF(AND(F171:H171),C171*E171*F171*G171*H171,IF(AND(F171,G171),C171*E171*F171*G171,IF(AND(F171,H171),C171*E171*F171*H171,IF(AND(G171,H171),C171*E171*G171*H171,IF(F171,C171*E171*F171,IF(G171,C171*E171*G171,IF(H171,C171*E171*H171,C171*E171))))))),2)","v":1.62},"Cum",{"$nulls":3},"SSR 21-22"]
[{"$nulls":13},"SSR 21-22"]
[{"$nulls":9},"Cum",{"$f":"data!G1937","v":4180.27},"SSR 21-22",{"$f":"ROUND(I173*K173,0)","v":{"v":0,"d":"0.00"}},"SSR 21-22"]
[3,"Plain Cement Concrete (1:5:10) proportion Nominal mix for foundations using 40mm size SS-5 metal including cost and conveyance of all materials and curing charges, labour charges, machine mixing and laying concrete in foundations ramming etc complete for Bed Concrete  (APSS No 402)  ",{"$nulls":11},"SSR 22-23"]
[null,"Qty.p.65 of M.B.No.790/A/ZP/19",{"$nulls":11},"SSR 22-23"]
[null,null,1,"x",1,{"v":4.72,"d":"4.720"},{"v":0.45,"d":"0.450"},{"v":0.1,"d":"0.100"},{"$f":"ROUND(IF(AND(F176:H176),C176*E176*F176*G176*H176,IF(AND(F176,G176),C176*E176*F176*G176,IF(AND(F176,H176),C176*E176*F176*H176,IF(AND(G176,H176),C176*E176*G176*H176,IF(F176,C176*E176*F176,IF(G176,C176*E176*G176,IF(H176,C176*E176*H176,C176*E176))))))),2)","v":0.21},"Cum",{"$nulls":3},"SSR 22-23"]
[null,"Front beam",1,"x",1,{"v":5.4,"d":"5.400"},{"v":0.45,"d":"0.450"},{"v":0.1,"d":"0.100"},{"$f":"ROUND(IF(AND(F177:H177),C177*E177*F177*G177*H177,IF(AND(F177,G177),C177*E177*F177*G177,IF(AND(F177,H177),C177*E177*F177*H177,IF(AND(G177,H177),C177*E177*G177*H177,IF(F177,C177*E177*F177,IF(G177,C177*E177*G177,IF(H177,C177*E177*H177,C177*E177))))))),2)","v":0.24},"Cum",{"$nulls":3},"SSR 22-23"]
[null,"Verandah alround",1,"x",1,{"v":10.05,"d":"10.050"},{"v":0.45,"d":"0.450"},{"v":0.1,"d":"0.100"},{"$f":"ROUND(IF(AND(F178:H178),C178*E178*F178*G178*H178,IF(AND(F178,G178),C178*E178*F178*G178,IF(AND(F178,H178),C178*E178*F178*H178,IF(AND(G178,H178),C178*E178*G178*H178,IF(F178,C178*E178*F178,IF(G178,C178*E178*G178,IF(H178,C178*E178*H178,C178*E178))))))),2)","v":0.45},"Cum",{"$nulls":3},"SSR 22-23"]
[null,"Store platform",1,"x",1,{"v":5.46,"d":"5.460"},{"v":0.3,"d":"0.300"},{"v":0.1,"d":"0.100"},{"$f":"ROUND(IF(AND(F179:H179),C179*E179*F179*G179*H179,IF(AND(F179,G179),C179*E179*F179*G179,IF(AND(F179,H179),C179*E179*F179*H179,IF(AND(G179,H179),C179*E179*G179*H179,IF(F179,C179*E179*F179,IF(G179,C179*E179*G179,IF(H179,C179*E179*H179,C179*E179))))))),2)","v":0.16},"Cum",{"$nulls":3},"SSR 22-23"]
[null,"For septic tank",1,"x",1,{"v":4.7,"d":"4.700"},{"v":2.3,"d":"2.300"},{"v":0.15,"d":"0.150"},{"$f":"ROUND(IF(AND(F180:H180),C180*E180*F180*G180*H180,IF(AND(F180,G180),C180*E180*F180*G180,IF(AND(F180,H180),C180*E180*F180*H180,IF(AND(G180,H180),C180*E180*G180*H180,IF(F180,C180*E180*F180,IF(G180,C180*E180*G180,IF(H180,C180*E180*H180,C180*E180))))))),2)","v":1.62},"Cum",{"$nulls":3},"SSR 22-23"]
[{"$nulls":13},"SSR 22-23"]
[{"$nulls":9},"Cum",{"$f":"data!G2854","v":4431.03},"SSR 22-23",{"$f":"ROUND(I182*K182,0)","v":{"v":0,"d":"0.00"}},"SSR 22-23"]
[3,"Filling Basement with Selected earth by watering and ramming including all operational, incidental and including c/c of material and labour charges etc complete for finished item of the work (APSS No 309& 310) per 1 Cum",{"$nulls":11},"SSR 19-20"]
[null,"Qty.p.7 & 8 of M.B.No.111/A/ZP/22",null,"23.11.2023",{"$nulls":9},"SSR 19-20"]
[null,"Verandah basement",1,"x",1,{"v":3.24,"d":"3.240"},{"v":0.97,"d":"0.970"},{"v":0.9,"d":"0.900"},{"$f":"ROUND(IF(AND(F185:H185),C185*E185*F185*G185*H185,IF(AND(F185,G185),C185*E185*F185*G185,IF(AND(F185,H185),C185*E185*F185*H185,IF(AND(G185,H185),C185*E185*G185*H185,IF(F185,C185*E185*F185,IF(G185,C185*E185*G185,IF(H185,C185*E185*H185,C185*E185))))))),2)","v":2.83},"Cum",{"$nulls":3},"SSR 19-20"]
[null,null,1,"x",1,{"v":12.29,"d":"12.290"},{"v":0.97,"d":"0.970"},{"v":0.9,"d":"0.900"},10.73,"Cum",{"$nulls":3},"SSR 19-20"]
[null,null,1,"x",1,{"v":5,"d":"5.000"},{"v":0.97,"d":"0.970"},{"v":0.9,"d":"0.900"},4.37,"Cum",{"$nulls":3},"SSR 19-20"]
[{"$nulls":13},"SSR 19-20"]
[{"$nulls":8},{"$f":"SUM(I185:I188)","v":17.93},"Cum",{"$f":"data!G66","v":{"v":183,"d":"183.00"}},"SSR 19-20",{"$f":"ROUND(I189*K189,0)","v":{"v":3281,"d":"3281.00"}},"SSR 19-20"]
[7,"Filling Basement with Selected earth by watering and ramming including all operational, incidental and including c/c of material and labour charges etc complete for finished item of the work (APSS No 309& 310) per 1 Cum",{"$nulls":11},"SSR 20-21"]
[null,"Qty.p.29 of M.B.No.478/A/ZP/19",null,"12.07.2021",{"$nulls":9},"SSR 20-21"]
[null,"Verandah portion",1,"x",1,{"v":14.2,"d":"14.200"},{"v":0.95,"d":"0.950"},{"v":0.6,"d":"0.600"},{"$f":"ROUND(IF(AND(F192:H192),C192*E192*F192*G192*H192,IF(AND(F192,G192),C192*E192*F192*G192,IF(AND(F192,H192),C192*E192*F192*H192,IF(AND(G192,H192),C192*E192*G192*H192,IF(F192,C192*E192*F192,IF(G192,C192*E192*G192,IF(H192,C192*E192*H192,C192*E192))))))),2)","v":8.09},"Cum",{"$nulls":3},"SSR 20-21"]
[null,"Ramp portion",1,"x",1,{"v":5.5,"d":"5.500"},{"v":0.95,"d":"0.950"},{"v":0.3,"d":"0.300"},1.57,"Cum",{"$nulls":3},"SSR 20-21"]
[{"$nulls":13},"SSR 20-21"]
[{"$nulls":9},"Cum",{"$f":"data!G982","v":205.87},"SSR 20-21",{"$f":"ROUND(I195*K195,0)","v":{"v":0,"d":"0.00"}},"SSR 20-21"]
[3,"Filling Basement with Selected earth by watering and ramming including all operational, incidental and including c/c of material and labour charges etc complete for finished item of the work (APSS No 309& 310) per 1 Cum",{"$nulls":11},"SSR 21-22"]
[null,"Qty.p.34 of M.B.No.790/A/ZP/19",{"$nulls":11},"SSR 21-22"]
[null,"C1/F1",1,"x",1,{"v":1.65,"d":"1.650"},{"v":1.65,"d":"1.650"},{"v":2.25,"d":"2.250"},{"$f":"ROUND(IF(AND(F198:H198),C198*E198*F198*G198*H198,IF(AND(F198,G198),C198*E198*F198*G198,IF(AND(F198,H198),C198*E198*F198*H198,IF(AND(G198,H198),C198*E198*G198*H198,IF(F198,C198*E198*F198,IF(G198,C198*E198*G198,IF(H198,C198*E198*H198,C198*E198))))))),2)","v":6.13},"Cum",{"$nulls":3},"SSR 21-22"]
[null,"Block-8",1,"x",1,{"v":2.17,"d":"2.170"},{"v":5,"d":"5.000"},{"v":0.18,"d":"0.180"},{"$f":"ROUND(IF(AND(F199:H199),C199*E199*F199*G199*H199,IF(AND(F199,G199),C199*E199*F199*G199,IF(AND(F199,H199),C199*E199*F199*H199,IF(AND(G199,H199),C199*E199*G199*H199,IF(F199,C199*E199*F199,IF(G199,C199*E199*G199,IF(H199,C199*E199*H199,C199*E199))))))),2)","v":1.95},"Cum",{"$nulls":3},"SSR 21-22"]
[{"$nulls":13},"SSR 21-22"]
[{"$nulls":9},"Cum",{"$f":"data!G1899","v":199.97},"SSR 21-22",{"$f":"ROUND(I201*K201,0)","v":{"v":0,"d":"0.00"}},"SSR 21-22"]
[3,"Filling Basement with Selected earth by watering and ramming including all operational, incidental and including c/c of material and labour charges etc complete for finished item of the work (APSS No 309& 310) per 1 Cum",{"$nulls":11},"SSR 22-23"]
[null,"Qty.p.12 of M.B.No.790/A/ZP/19",{"$nulls":11},"SSR 22-23"]
[null,null,1,"x",1,{"v":4.9,"d":"4.900"},{"v":2.3,"d":"2.300"},{"v":0.4,"d":"0.400"},{"$f":"ROUND(IF(AND(F204:H204),C204*E204*F204*G204*H204,IF(AND(F204,G204),C204*E204*F204*G204,IF(AND(F204,H204),C204*E204*F204*H204,IF(AND(G204,H204),C204*E204*G204*H204,IF(F204,C204*E204*F204,IF(G204,C204*E204*G204,IF(H204,C204*E204*H204,C204*E204))))))),2)","v":4.51},"Cum",{"$nulls":3},"SSR 22-23"]
[null,null,1,"x",1,{"v":3,"d":"3.000"},{"v":2.3,"d":"2.300"},{"v":0.25,"d":"0.250"},1.73,"Cum",{"$nulls":3},"SSR 22-23"]
[{"$nulls":13},"SSR 22-23"]
[{"$nulls":9},"Cum",{"$f":"data!G2816","v":216.13},"SSR 22-23",{"$f":"ROUND(I207*K207,0)","v":{"v":0,"d":"0.00"}},"SSR 22-23"]
[4,"Filling Basement with Gravel by watering and ramming including all operational, incidental and including c/c of material and labour charges etc complete for finished item of the work (APSS No 309& 310) per 1 Cum",{"$nulls":11},"SSR 19-20"]
[null,"Qty.p.69 of M.B.No.790/A/ZP/19",{"$nulls":11},"SSR 19-20"]
[null,"Back side stair",1,"x",1,{"v":2.72,"d":"2.720"},{"v":0.77,"d":"0.770"},{"v":1.25,"d":"1.250"},{"$f":"ROUND(IF(AND(F210:H210),C210*E210*F210*G210*H210,IF(AND(F210,G210),C210*E210*F210*G210,IF(AND(F210,H210),C210*E210*F210*H210,IF(AND(G210,H210),C210*E210*G210*H210,IF(F210,C210*E210*F210,IF(G210,C210*E210*G210,IF(H210,C210*E210*H210,C210*E210))))))),2)","v":2.62},"Cum",{"$nulls":3},"SSR 19-20"]
[null,"Front ramp",1,"x",1,{"v":3.16,"d":"3.160"},{"v":1.27,"d":"1.270"},{"$f":"(0.1+0.77)/2","v":0.435},{"$f":"ROUND(IF(AND(F211:H211),C211*E211*F211*G211*H211,IF(AND(F211,G211),C211*E211*F211*G211,IF(AND(F211,H211),C211*E211*F211*H211,IF(AND(G211,H211),C211*E211*G211*H211,IF(F211,C211*E211*F211,IF(G211,C211*E211*G211,IF(H211,C211*E211*H211,C211*E211))))))),2)","v":1.75},"Cum",{"$nulls":3},"SSR 19-20"]
[{"$nulls":13},"SSR 19-20"]
[{"$nulls":9},"Cum",{"$f":"data!G74","v":{"v":210,"d":"210.00"}},"SSR 19-20",{"$f":"ROUND(I213*K213,0)","v":{"v":0,"d":"0.00"}},"SSR 19-20"]
[4,"Filling Basement with Gravel by watering and ramming including all operational, incidental and including c/c of material and labour charges etc complete for finished item of the work (APSS No 309& 310) per 1 Cum",{"$nulls":11},"SSR 20-21"]
[null,"Qty.p.69 of M.B.No.790/A/ZP/19",{"$nulls":11},"SSR 20-21"]
[null,"Back side stair",1,"x",1,{"v":2.72,"d":"2.720"},{"v":0.77,"d":"0.770"},{"v":1.25,"d":"1.250"},{"$f":"ROUND(IF(AND(F216:H216),C216*E216*F216*G216*H216,IF(AND(F216,G216),C216*E216*F216*G216,IF(AND(F216,H216),C216*E216*F216*H216,IF(AND(G216,H216),C216*E216*G216*H216,IF(F216,C216*E216*F216,IF(G216,C216*E216*G216,IF(H216,C216*E216*H216,C216*E216))))))),2)","v":2.62},"Cum",{"$nulls":3},"SSR 20-21"]
[null,"Front ramp",1,"x",1,{"v":3.16,"d":"3.160"},{"v":1.27,"d":"1.270"},{"$f":"(0.1+0.77)/2","v":0.435},{"$f":"ROUND(IF(AND(F217:H217),C217*E217*F217*G217*H217,IF(AND(F217,G217),C217*E217*F217*G217,IF(AND(F217,H217),C217*E217*F217*H217,IF(AND(G217,H217),C217*E217*G217*H217,IF(F217,C217*E217*F217,IF(G217,C217*E217*G217,IF(H217,C217*E217*H217,C217*E217))))))),2)","v":1.75},"Cum",{"$nulls":3},"SSR 20-21"]
[{"$nulls":13},"SSR 20-21"]
[{"$nulls":9},"Cum",{"$f":"data!G990","v":234.87},"SSR 20-21",{"$f":"ROUND(I219*K219,0)","v":{"v":0,"d":"0.00"}},"SSR 20-21"]
[4,"Filling Basement with Gravel by watering and ramming including all operational, incidental and including c/c of material and labour charges etc complete for finished item of the work (APSS No 309& 310) per 1 Cum",{"$nulls":11},"SSR 21-22"]
[null,"Qty.p.69 of M.B.No.790/A/ZP/19",{"$nulls":11},"SSR 21-22"]
[null,"Back side stair",1,"x",1,{"v":2.72,"d":"2.720"},{"v":0.77,"d":"0.770"},{"v":1.25,"d":"1.250"},{"$f":"ROUND(IF(AND(F222:H222),C222*E222*F222*G222*H222,IF(AND(F222,G222),C222*E222*F222*G222,IF(AND(F222,H222),C222*E222*F222*H222,IF(AND(G222,H222),C222*E222*G222*H222,IF(F222,C222*E222*F222,IF(G222,C222*E222*G222,IF(H222,C222*E222*H222,C222*E222))))))),2)","v":2.62},"Cum",{"$nulls":3},"SSR 21-22"]
[null,"Front ramp",1,"x",1,{"v":3.16,"d":"3.160"},{"v":1.27,"d":"1.270"},{"$f":"(0.1+0.77)/2","v":0.435},{"$f":"ROUND(IF(AND(F223:H223),C223*E223*F223*G223*H223,IF(AND(F223,G223),C223*E223*F223*G223,IF(AND(F223,H223),C223*E223*F223*H223,IF(AND(G223,H223),C223*E223*G223*H223,IF(F223,C223*E223*F223,IF(G223,C223*E223*G223,IF(H223,C223*E223*H223,C223*E223))))))),2)","v":1.75},"Cum",{"$nulls":3},"SSR 21-22"]
[{"$nulls":13},"SSR 21-22"]
[{"$nulls":9},"Cum",{"$f":"data!G1907","v":253.22},"SSR 21-22",{"$f":"ROUND(I225*K225,0)","v":{"v":0,"d":"0.00"}},"SSR 21-22"]
[4,"Filling Basement with Gravel by watering and ramming including all operational, incidental and including c/c of material and labour charges etc complete for finished item of the work (APSS No 309& 310) per 1 Cum",{"$nulls":11},"SSR 22-23"]
[null,"Qty.p.69 of M.B.No.790/A/ZP/19",{"$nulls":11},"SSR 22-23"]
[null,"Back side stair",1,"x",1,{"v":2.72,"d":"2.720"},{"v":0.77,"d":"0.770"},{"v":1.25,"d":"1.250"},{"$f":"ROUND(IF(AND(F228:H228),C228*E228*F228*G228*H228,IF(AND(F228,G228),C228*E228*F228*G228,IF(AND(F228,H228),C228*E228*F228*H228,IF(AND(G228,H228),C228*E228*G228*H228,IF(F228,C228*E228*F228,IF(G228,C228*E228*G228,IF(H228,C228*E228*H228,C228*E228))))))),2)","v":2.62},"Cum",{"$nulls":3},"SSR 22-23"]
[null,"Front ramp",1,"x",1,{"v":3.16,"d":"3.160"},{"v":1.27,"d":"1.270"},{"$f":"(0.1+0.77)/2","v":0.435},{"$f":"ROUND(IF(AND(F229:H229),C229*E229*F229*G229*H229,IF(AND(F229,G229),C229*E229*F229*G229,IF(AND(F229,H229),C229*E229*F229*H229,IF(AND(G229,H229),C229*E229*G229*H229,IF(F229,C229*E229*F229,IF(G229,C229*E229*G229,IF(H229,C229*E229*H229,C229*E229))))))),2)","v":1.75},"Cum",{"$nulls":3},"SSR 22-23"]
[{"$nulls":13},"SSR 22-23"]
[{"$nulls":9},"Cum",{"$f":"data!G2824","v":272.13},"SSR 22-23",{"$f":"ROUND(I231*K231,0)","v":{"v":0,"d":"0.00"}},"SSR 22-23"]
[4,"Filling with Sand in trenches, sides of foundations & basement by watering and ramming including all operational, incidental, labour charges, hire charges of T&P etc complete including cost and conveyance of material and labour charges etc complete for finished item of the work (APSS No 309& 310) per 1 Cum",{"$nulls":11},"SSR 19-20"]
[null,"Qty.p.15 of M.B.No.1198/B/ZP/18",null,"15.03.2021",{"$nulls":9},"SSR 19-20"]
[null,"Basement",1,"x",1,{"v":12.96,"d":"12.960"},{"v":5.81,"d":"5.810"},{"v":0.9,"d":"0.900"},{"$f":"ROUND(IF(AND(F234:H234),C234*E234*F234*G234*H234,IF(AND(F234,G234),C234*E234*F234*G234,IF(AND(F234,H234),C234*E234*F234*H234,IF(AND(G234,H234),C234*E234*G234*H234,IF(F234,C234*E234*F234,IF(G234,C234*E234*G234,IF(H234,C234*E234*H234,C234*E234))))))),2)","v":67.77},"Cum",{"$nulls":3},"SSR 19-20"]
[null,"Deduct columns",1,"x",3,{"v":0.23,"d":"0.230"},{"v":0.38,"d":"0.380"},{"v":0.9,"d":"0.900"},{"$f":"-ROUND(IF(AND(F235:H235),C235*E235*F235*G235*H235,IF(AND(F235,G235),C235*E235*F235*G235,IF(AND(F235,H235),C235*E235*F235*H235,IF(AND(G235,H235),C235*E235*G235*H235,IF(F235,C235*E235*F235,IF(G235,C235*E235*G235,IF(H235,C235*E235*H235,C235*E235))))))),2)","v":-0.24},"Cum",{"$nulls":3},"SSR 19-20"]
[null,"Qty.p.2 of M.B.No.604/B/ZP/20",null,"20.05.2021",{"$nulls":9},"SSR 19-20"]
[null,"Examination room",1,"x",1,{"v":2.78,"d":"2.780"},{"v":2.7,"d":"2.700"},{"v":0.28,"d":"0.280"},{"$f":"ROUND(IF(AND(F237:H237),C237*E237*F237*G237*H237,IF(AND(F237,G237),C237*E237*F237*G237,IF(AND(F237,H237),C237*E237*F237*H237,IF(AND(G237,H237),C237*E237*G237*H237,IF(F237,C237*E237*F237,IF(G237,C237*E237*G237,IF(H237,C237*E237*H237,C237*E237))))))),2)","v":{"v":2.1,"d":"2.10"}},"Cum",{"$nulls":3},"SSR 19-20"]
[null,"Lab and store room",1,"x",1,{"v":2.08,"d":"2.080"},{"v":2.7,"d":"2.700"},{"v":0.28,"d":"0.280"},{"$f":"ROUND(IF(AND(F238:H238),C238*E238*F238*G238*H238,IF(AND(F238,G238),C238*E238*F238*G238,IF(AND(F238,H238),C238*E238*F238*H238,IF(AND(G238,H238),C238*E238*G238*H238,IF(F238,C238*E238*F238,IF(G238,C238*E238*G238,IF(H238,C238*E238*H238,C238*E238))))))),2)","v":1.57},"Cum",{"$nulls":3},"SSR 19-20"]
[null,"tiolet room",1,"x",1,{"v":1.36,"d":"1.360"},1.745,{"v":0.28,"d":"0.280"},0.66,"Cum",{"$nulls":3},"SSR 19-20"]
[null,null,1,"x",1,{"v":1.36,"d":"1.360"},{"v":0.96,"d":"0.960"},{"v":0.28,"d":"0.280"},0.37,"Cum",{"$nulls":3},"SSR 19-20"]
[null,"Bed room",1,"x",1,{"v":2.75,"d":"2.750"},{"v":2.7,"d":"2.700"},{"v":0.28,"d":"0.280"},2.08,"Cum",{"$nulls":3},"SSR 19-20"]
[null,"tiolet",1,"x",1,{"v":1.36,"d":"1.360"},{"v":2.09,"d":"2.090"},{"v":0.28,"d":"0.280"},{"v":0.8,"d":"0.80"},"Cum",{"$nulls":3},"SSR 19-20"]
[null,null,1,"x",1,{"v":1.36,"d":"1.360"},{"v":0.61,"d":"0.610"},{"v":0.28,"d":"0.280"},0.23,"Cum",{"$nulls":3},"SSR 19-20"]
[null,"Kitchen room",1,"x",1,{"v":1.83,"d":"1.830"},{"v":2.7,"d":"2.700"},{"v":0.28,"d":"0.280"},1.38,"Cum",{"$nulls":3},"SSR 19-20"]
[null,"Clinic & lobby",1,"x",1,{"v":6.68,"d":"6.680"},{"v":3,"d":"3.000"},{"v":0.28,"d":"0.280"},5.61,"Cum",{"$nulls":3},"SSR 19-20"]
[null,"Living room",1,"x",1,{"v":6.17,"d":"6.170"},{"v":3,"d":"3.000"},{"v":0.28,"d":"0.280"},5.18,"Cum",{"$nulls":3},"SSR 19-20"]
[{"$nulls":13},"SSR 19-20"]
[{"$nulls":8},{"$f":"SUM(I234:I247)","v":{"v":87.50999999999999,"d":"87.51"}},"Cum",{"$f":"data!G58","v":{"v":1271.5,"d":"1271.50"}},"SSR 19-20",{"$f":"ROUND(I248*K248,0)","v":{"v":111269,"d":"111269.00"}},"SSR 19-20"]
[4,"Filling with Sand in trenches, sides of foundations & basement by watering and ramming including all operational, incidental, labour charges, hire charges of T&P etc complete including cost and conveyance of material and labour charges etc complete for finished item of the work (APSS No 309& 310) per 1 Cum",{"$nulls":11},"SSR 20-21"]
[null,"Qty.p.19 of M.B.No.790/A/ZP/19",null,"08.05.2021",{"$nulls":9},"SSR 20-21"]
[null,"A1 C1 C5 A5 A1",1,"x",1,{"v":12.94,"d":"12.940"},5.795,{"v":1,"d":"1.000"},{"$f":"ROUND(IF(AND(F251:H251),C251*E251*F251*G251*H251,IF(AND(F251,G251),C251*E251*F251*G251,IF(AND(F251,H251),C251*E251*F251*H251,IF(AND(G251,H251),C251*E251*G251*H251,IF(F251,C251*E251*F251,IF(G251,C251*E251*G251,IF(H251,C251*E251*H251,C251*E251))))))),2)","v":74.99},"Cum",{"$nulls":3},"SSR 20-21"]
[null,"Deduct columns",1,"x",3,{"v":0.23,"d":"0.230"},{"v":0.38,"d":"0.380"},{"v":1,"d":"1.000"},{"$f":"-ROUND(IF(AND(F252:H252),C252*E252*F252*G252*H252,IF(AND(F252,G252),C252*E252*F252*G252,IF(AND(F252,H252),C252*E252*F252*H252,IF(AND(G252,H252),C252*E252*G252*H252,IF(F252,C252*E252*F252,IF(G252,C252*E252*G252,IF(H252,C252*E252*H252,C252*E252))))))),2)","v":-0.26},"Cum",{"$nulls":3},"SSR 20-21"]
[null,"Deduct Plinth beam",1,"x",1,{"v":13.08,"d":"13.080"},{"v":0.45,"d":"0.450"},{"v":0.1,"d":"0.100"},-0.59,"Cum",{"$nulls":3},"SSR 20-21"]
[null,null,1,"x",4,2.705,{"v":0.45,"d":"0.450"},{"v":0.1,"d":"0.100"},-0.49,"Cum",{"$nulls":3},"SSR 20-21"]
[null,null,1,"x",1,{"v":1.38,"d":"1.380"},{"v":0.45,"d":"0.450"},{"v":0.1,"d":"0.100"},-0.06,"Cum",{"$nulls":3},"SSR 20-21"]
[null,null,1,"x",1,{"v":1.36,"d":"1.360"},{"v":0.45,"d":"0.450"},{"v":0.1,"d":"0.100"},-0.06,"Cum",{"$nulls":3},"SSR 20-21"]
[null,null,1,"x",1,5.935,{"v":0.45,"d":"0.450"},{"v":0.1,"d":"0.100"},-0.27,"Cum",{"$nulls":3},"SSR 20-21"]
[null,"Front verandah portion",1,"x",1,{"v":10.3,"d":"10.300"},{"v":0.85,"d":"0.850"},{"v":1.38,"d":"1.380"},{"$f":"ROUND(IF(AND(F258:H258),C258*E258*F258*G258*H258,IF(AND(F258,G258),C258*E258*F258*G258,IF(AND(F258,H258),C258*E258*F258*H258,IF(AND(G258,H258),C258*E258*G258*H258,IF(F258,C258*E258*F258,IF(G258,C258*E258*G258,IF(H258,C258*E258*H258,C258*E258))))))),2)","v":12.08},"Cum",{"$nulls":3},"SSR 20-21"]
[null,null,1,"x",1,{"v":1.5,"d":"1.500"},{"v":0.85,"d":"0.850"},{"v":1.38,"d":"1.380"},1.76,"Cum",{"$nulls":3},"SSR 20-21"]
[null,"Qty.p.26 of M.B.No.790/A/ZP/19",null,"15.05.2021",{"$nulls":9},"SSR 20-21"]
[null,"A1 C1 C5 A5 A1",1,"x",1,{"v":13.54,"d":"13.540"},6.395,{"v":0.38,"d":"0.380"},{"$f":"ROUND(IF(AND(F261:H261),C261*E261*F261*G261*H261,IF(AND(F261,G261),C261*E261*F261*G261,IF(AND(F261,H261),C261*E261*F261*H261,IF(AND(G261,H261),C261*E261*G261*H261,IF(F261,C261*E261*F261,IF(G261,C261*E261*G261,IF(H261,C261*E261*H261,C261*E261))))))),2)","v":{"v":32.9,"d":"32.90"}},"Cum",{"$nulls":3},"SSR 20-21"]
[null,"Deduct Plinth beam",{"$nulls":6},-6.24,"Cum",{"$nulls":3},"SSR 20-21"]
[{"$nulls":13},"SSR 20-21"]
[{"$nulls":9},"Cum",{"$f":"data!G974","v":1340.37},"SSR 20-21",{"$f":"ROUND(I264*K264,0)","v":{"v":0,"d":"0.00"}},"SSR 20-21"]
[4,"Filling with Sand in trenches, sides of foundations & basement by watering and ramming including all operational, incidental, labour charges, hire charges of T&P etc complete including cost and conveyance of material and labour charges etc complete for finished item of the work (APSS No 309& 310) per 1 Cum",{"$nulls":11},"SSR 21-22"]
[null,"Qty.p.4 of M.B.No.790/A/ZP/19",{"$nulls":11},"SSR 21-22"]
[null,"F1 footings",1,"x",1,{"v":1.65,"d":"1.650"},{"v":1.65,"d":"1.650"},{"v":0.15,"d":"0.150"},{"$f":"ROUND(IF(AND(F267:H267),C267*E267*F267*G267*H267,IF(AND(F267,G267),C267*E267*F267*G267,IF(AND(F267,H267),C267*E267*F267*H267,IF(AND(G267,H267),C267*E267*G267*H267,IF(F267,C267*E267*F267,IF(G267,C267*E267*G267,IF(H267,C267*E267*H267,C267*E267))))))),2)","v":0.41},"Cum",{"$nulls":3},"SSR 21-22"]
[null,"F2 footings",1,"x",4,{"v":2,"d":"2.000"},{"v":2,"d":"2.000"},{"v":0.15,"d":"0.150"},{"$f":"ROUND(IF(AND(F268:H268),C268*E268*F268*G268*H268,IF(AND(F268,G268),C268*E268*F268*G268,IF(AND(F268,H268),C268*E268*F268*H268,IF(AND(G268,H268),C268*E268*G268*H268,IF(F268,C268*E268*F268,IF(G268,C268*E268*G268,IF(H268,C268*E268*H268,C268*E268))))))),2)","v":{"v":2.4,"d":"2.40"}},"Cum",{"$nulls":3},"SSR 21-22"]
[{"$nulls":13},"SSR 21-22"]
[{"$nulls":9},"Cum",{"$f":"data!G1891","v":1528.72},"SSR 21-22",{"$f":"ROUND(I270*K270,0)","v":{"v":0,"d":"0.00"}},"SSR 21-22"]
[4,"Filling with Sand in trenches, sides of foundations & basement by watering and ramming including all operational, incidental, labour charges, hire charges of T&P etc complete including cost and conveyance of material and labour charges etc complete for finished item of the work (APSS No 309& 310) per 1 Cum",{"$nulls":11},"SSR 22-23"]
[null,"Qty.p.4 of M.B.No.790/A/ZP/19",{"$nulls":11},"SSR 22-23"]
[null,"F1 footings",1,"x",1,{"v":1.65,"d":"1.650"},{"v":1.65,"d":"1.650"},{"v":0.15,"d":"0.150"},{"$f":"ROUND(IF(AND(F273:H273),C273*E273*F273*G273*H273,IF(AND(F273,G273),C273*E273*F273*G273,IF(AND(F273,H273),C273*E273*F273*H273,IF(AND(G273,H273),C273*E273*G273*H273,IF(F273,C273*E273*F273,IF(G273,C273*E273*G273,IF(H273,C273*E273*H273,C273*E273))))))),2)","v":0.41},"Cum",{"$nulls":3},"SSR 22-23"]
[null,"F2 footings",1,"x",4,{"v":2,"d":"2.000"},{"v":2,"d":"2.000"},{"v":0.15,"d":"0.150"},{"$f":"ROUND(IF(AND(F274:H274),C274*E274*F274*G274*H274,IF(AND(F274,G274),C274*E274*F274*G274,IF(AND(F274,H274),C274*E274*F274*H274,IF(AND(G274,H274),C274*E274*G274*H274,IF(F274,C274*E274*F274,IF(G274,C274*E274*G274,IF(H274,C274*E274*H274,C274*E274))))))),2)","v":{"v":2.4,"d":"2.40"}},"Cum",{"$nulls":3},"SSR 22-23"]
[{"$nulls":13},"SSR 22-23"]
[{"$nulls":9},"Cum",{"$f":"data!G2808","v":1603.13},"SSR 22-23",{"$f":"ROUND(I276*K276,0)","v":{"v":0,"d":"0.00"}},"SSR 22-23"]
[5,"Filling in foundation with excavated soil as per drawing and technical specification Clause 305.3.9 MORD & 304 MORTH.",{"$nulls":11},"SSR 19-20"]
[null,"Qty.p.9 & 10 of M.B.No.1198/B/ZP/18",null,"22.02.2021",{"$nulls":9},"SSR 19-20"]
[null,"F1 Footings ",1,"x",3,{"v":1.45,"d":"1.450"},{"v":1.45,"d":"1.450"},{"v":1.5,"d":"1.500"},{"$f":"ROUND(IF(AND(F279:H279),C279*E279*F279*G279*H279,IF(AND(F279,G279),C279*E279*F279*G279,IF(AND(F279,H279),C279*E279*F279*H279,IF(AND(G279,H279),C279*E279*G279*H279,IF(F279,C279*E279*F279,IF(G279,C279*E279*G279,IF(H279,C279*E279*H279,C279*E279))))))),2)","v":9.46},"Cum",{"$nulls":3},"SSR 19-20"]
[null,"F2 Footings ",1,"x",9,{"v":1.7,"d":"1.700"},{"v":1.7,"d":"1.700"},{"v":1.5,"d":"1.500"},39.02,"Cum",{"$nulls":3},"SSR 19-20"]
[null,"F3 Footings ",1,"x",3,{"v":1.85,"d":"1.850"},{"v":1.85,"d":"1.850"},{"v":1.5,"d":"1.500"},{"v":15.4,"d":"15.40"},"Cum",{"$nulls":3},"SSR 19-20"]
[null,"DEDUCTION"]
[null,"Bed concrete",1,"x",3,{"v":1.45,"d":"1.450"},{"v":1.45,"d":"1.450"},{"v":0.15,"d":"0.150"},{"$f":"-ROUND(IF(AND(F283:H283),C283*E283*F283*G283*H283,IF(AND(F283,G283),C283*E283*F283*G283,IF(AND(F283,H283),C283*E283*F283*H283,IF(AND(G283,H283),C283*E283*G283*H283,IF(F283,C283*E283*F283,IF(G283,C283*E283*G283,IF(H283,C283*E283*H283,C283*E283))))))),2)","v":-0.95},"Cum",{"$nulls":3},"SSR 19-20"]
[null,null,1,"x",9,{"v":1.7,"d":"1.700"},{"v":1.7,"d":"1.700"},{"v":0.15,"d":"0.150"},{"$f":"-ROUND(IF(AND(F284:H284),C284*E284*F284*G284*H284,IF(AND(F284,G284),C284*E284*F284*G284,IF(AND(F284,H284),C284*E284*F284*H284,IF(AND(G284,H284),C284*E284*G284*H284,IF(F284,C284*E284*F284,IF(G284,C284*E284*G284,IF(H284,C284*E284*H284,C284*E284))))))),2)","v":{"v":-3.9,"d":"-3.90"}},"Cum",{"$nulls":3},"SSR 19-20"]
[null,null,1,"x",3,{"v":1.85,"d":"1.850"},{"v":1.85,"d":"1.850"},{"v":0.15,"d":"0.150"},-1.54,"Cum",{"$nulls":3},"SSR 19-20"]
[null,"Column footings",1,"x",3,{"v":1.15,"d":"1.150"},{"v":1.15,"d":"1.150"},{"v":0.3,"d":"0.300"},-1.19,"Cum",{"$nulls":3},"SSR 19-20"]
[null,null,1,"x",9,{"v":1.4,"d":"1.400"},{"v":1.4,"d":"1.400"},0.325,-5.73,"Cum",{"$nulls":3},"SSR 19-20"]
[null,null,1,"x",3,{"v":1.55,"d":"1.550"},{"v":1.55,"d":"1.550"},{"v":0.35,"d":"0.350"},-2.52,"Cum",{"$nulls":3},"SSR 19-20"]
[null,"columns",1,"x",3,{"v":0.23,"d":"0.230"},{"v":0.38,"d":"0.380"},{"v":0.6,"d":"0.600"},-0.16,"Cum",{"$nulls":3},"SSR 19-20"]
[null,null,1,"x",9,{"v":0.23,"d":"0.230"},{"v":0.38,"d":"0.380"},0.575,-0.45,"Cum",{"$nulls":3},"SSR 19-20"]
[null,null,1,"x",3,{"v":0.23,"d":"0.230"},{"v":0.38,"d":"0.380"},{"v":0.55,"d":"0.550"},-0.14,"Cum",{"$nulls":3},"SSR 19-20"]
[{"$nulls":13},"SSR 19-20"]
[{"$nulls":8},{"$f":"SUM(I279:I292)","v":{"v":47.300000000000004,"d":"47.30"}},"Cum",{"$f":"data!G80","v":{"v":228,"d":"228.00"}},"SSR 19-20",{"$f":"ROUND(I293*K293,0)","v":{"v":10784,"d":"10784.00"}},"SSR 19-20"]
[4,"Filling in foundation with excavated soil as per drawing and technical specification Clause 305.3.9 MORD & 304 MORTH.",{"$nulls":11},"SSR 20-21"]
[null,"Qty.p.9  of M.B.No.790/A/ZP/19",null,"20.10.2020",{"$nulls":9},"SSR 20-21"]
[null,"Earthwork",{"$nulls":6},63.88,"Cum",{"$nulls":3},"SSR 20-21"]
[null,"Bed concrete",{"$nulls":6},-6.39,"Cum",{"$nulls":3},"SSR 20-21"]
[null,"Column footings",{"$nulls":6},-9.44,"Cum",{"$nulls":3},"SSR 20-21"]
[null,"Pedastal ",{"$nulls":6},-1.37,"Cum",{"$nulls":3},"SSR 20-21"]
[null,"Columns",1,"x",3,{"v":0.23,"d":"0.230"},{"v":0.38,"d":"0.380"},{"v":0.6,"d":"0.600"},{"$f":"-ROUND(IF(AND(F300:H300),C300*E300*F300*G300*H300,IF(AND(F300,G300),C300*E300*F300*G300,IF(AND(F300,H300),C300*E300*F300*H300,IF(AND(G300,H300),C300*E300*G300*H300,IF(F300,C300*E300*F300,IF(G300,C300*E300*G300,IF(H300,C300*E300*H300,C300*E300))))))),2)","v":-0.16},"Cum",{"$nulls":3},"SSR 20-21"]
[null,null,1,"x",9,{"v":0.23,"d":"0.230"},{"v":0.38,"d":"0.380"},0.575,{"$f":"-ROUND(IF(AND(F301:H301),C301*E301*F301*G301*H301,IF(AND(F301,G301),C301*E301*F301*G301,IF(AND(F301,H301),C301*E301*F301*H301,IF(AND(G301,H301),C301*E301*G301*H301,IF(F301,C301*E301*F301,IF(G301,C301*E301*G301,IF(H301,C301*E301*H301,C301*E301))))))),2)","v":-0.45},"Cum",{"$nulls":3},"SSR 20-21"]
[null,null,1,"x",3,{"v":0.23,"d":"0.230"},{"v":0.38,"d":"0.380"},{"v":0.55,"d":"0.550"},{"$f":"-ROUND(IF(AND(F302:H302),C302*E302*F302*G302*H302,IF(AND(F302,G302),C302*E302*F302*G302,IF(AND(F302,H302),C302*E302*F302*H302,IF(AND(G302,H302),C302*E302*G302*H302,IF(F302,C302*E302*F302,IF(G302,C302*E302*G302,IF(H302,C302*E302*H302,C302*E302))))))),2)","v":-0.14},"Cum",{"$nulls":3},"SSR 20-21"]
[{"$nulls":13},"SSR 20-21"]
[{"$nulls":9},"Cum",{"$f":"data!G996","v":249.16},"SSR 20-21",{"$f":"ROUND(I304*K304,0)","v":{"v":0,"d":"0.00"}},"SSR 20-21"]
[4,"Filling in foundation with excavated soil as per drawing and technical specification Clause 305.3.9 MORD & 304 MORTH.",{"$nulls":11},"SSR 21-22"]
[null,"Qty.p.7 of M.B.No.790/A/ZP/19",{"$nulls":11},"SSR 21-22"]
[null,"F1 footing",1,"x",10,{"v":1.5,"d":"1.500"},{"v":1.5,"d":"1.500"},{"v":1.8,"d":"1.800"},{"$f":"ROUND(IF(AND(F307:H307),C307*E307*F307*G307*H307,IF(AND(F307,G307),C307*E307*F307*G307,IF(AND(F307,H307),C307*E307*F307*H307,IF(AND(G307,H307),C307*E307*G307*H307,IF(F307,C307*E307*F307,IF(G307,C307*E307*G307,IF(H307,C307*E307*H307,C307*E307))))))),2)","v":{"v":40.5,"d":"40.50"}},"Cum",{"$nulls":3},"SSR 21-22"]
[null,"F2 footing",1,"x",4,{"v":1.5,"d":"1.500"},{"v":1.5,"d":"1.500"},{"v":1.8,"d":"1.800"},{"$f":"ROUND(IF(AND(F308:H308),C308*E308*F308*G308*H308,IF(AND(F308,G308),C308*E308*F308*G308,IF(AND(F308,H308),C308*E308*F308*H308,IF(AND(G308,H308),C308*E308*G308*H308,IF(F308,C308*E308*F308,IF(G308,C308*E308*G308,IF(H308,C308*E308*H308,C308*E308))))))),2)","v":{"v":16.2,"d":"16.20"}},"Cum",{"$nulls":3},"SSR 21-22"]
[null,"Deductions",{"$nulls":6},{"v":-16.2,"d":"-16.20"},"Cum",{"$nulls":3},"SSR 21-22"]
[{"$nulls":13},"SSR 21-22"]
[{"$nulls":9},"Cum",{"$f":"data!G1913","v":265.36},"SSR 21-22",{"$f":"ROUND(I311*K311,0)","v":{"v":0,"d":"0.00"}},"SSR 21-22"]
[4,"Filling in foundation with excavated soil as per drawing and technical specification Clause 305.3.9 MORD & 304 MORTH.",{"$nulls":11},"SSR 22-23"]
[null,"Qty.p.7 of M.B.No.790/A/ZP/19",{"$nulls":11},"SSR 22-23"]
[null,"F1 footing",1,"x",10,{"v":1.5,"d":"1.500"},{"v":1.5,"d":"1.500"},{"v":1.8,"d":"1.800"},{"$f":"ROUND(IF(AND(F314:H314),C314*E314*F314*G314*H314,IF(AND(F314,G314),C314*E314*F314*G314,IF(AND(F314,H314),C314*E314*F314*H314,IF(AND(G314,H314),C314*E314*G314*H314,IF(F314,C314*E314*F314,IF(G314,C314*E314*G314,IF(H314,C314*E314*H314,C314*E314))))))),2)","v":{"v":40.5,"d":"40.50"}},"Cum",{"$nulls":3},"SSR 22-23"]
[null,"F2 footing",1,"x",4,{"v":1.5,"d":"1.500"},{"v":1.5,"d":"1.500"},{"v":1.8,"d":"1.800"},{"$f":"ROUND(IF(AND(F315:H315),C315*E315*F315*G315*H315,IF(AND(F315,G315),C315*E315*F315*G315,IF(AND(F315,H315),C315*E315*F315*H315,IF(AND(G315,H315),C315*E315*G315*H315,IF(F315,C315*E315*F315,IF(G315,C315*E315*G315,IF(H315,C315*E315*H315,C315*E315))))))),2)","v":{"v":16.2,"d":"16.20"}},"Cum",{"$nulls":3},"SSR 22-23"]
[null,"Deductions",{"$nulls":6},{"v":-16.2,"d":"-16.20"},"Cum",{"$nulls":3},"SSR 22-23"]
[{"$nulls":13},"SSR 22-23"]
[{"$nulls":9},"Cum",{"$f":"data!G2830","v":{"v":284.4,"d":"284.40"}},"SSR 22-23",{"$f":"ROUND(I318*K318,0)","v":{"v":0,"d":"0.00"}},"SSR 22-23"]
[6,"Reinforced Cement Concrete  M25 Nominal mix (Cement: Sand: Metal) corresponding Table 9 of IS 456 using 20mm size graded machine crushed hard granite metal from approved quarry including c/c of all materials like Cement, Sand, coarse aggregate, water etc to site, all marerials including labour charges such as machine mixing, laying concrete, curing etc complete but excluding cost of steel and its fabrication charges for finished item of work for column footings",{"$nulls":11},"SSR 19-20"]
[null,"Qty.p.6 & 7 of M.B.No.1198/B/ZP/18",null,"15.02.2021",{"$nulls":9},"SSR 19-20"]
[null,"F1 Footings ",1,"x",3,{"v":1.15,"d":"1.150"},{"v":1.15,"d":"1.150"},{"v":0.3,"d":"0.300"},{"$f":"ROUND(IF(AND(F321:H321),C321*E321*F321*G321*H321,IF(AND(F321,G321),C321*E321*F321*G321,IF(AND(F321,H321),C321*E321*F321*H321,IF(AND(G321,H321),C321*E321*G321*H321,IF(F321,C321*E321*F321,IF(G321,C321*E321*G321,IF(H321,C321*E321*H321,C321*E321))))))),2)","v":1.19},"Cum",{"$nulls":3},"SSR 19-20"]
[null,"F2 Footings ",1,"x",9,{"v":1.4,"d":"1.400"},{"v":1.4,"d":"1.400"},0.325,5.73,"Cum",{"$nulls":3},"SSR 19-20"]
[null,"F3 Footings ",1,"x",3,{"v":1.55,"d":"1.550"},{"v":1.55,"d":"1.550"},{"v":0.35,"d":"0.350"},2.52,"Cum",{"$nulls":3},"SSR 19-20"]
[{"$nulls":13},"SSR 19-20"]
[{"$nulls":8},{"$f":"SUM(I321:I324)","v":9.44},"Cum",{"$f":"data!G124","v":6979.88},"SSR 19-20",{"$f":"ROUND(I325*K325,0)","v":{"v":65890,"d":"65890.00"}},"SSR 19-20"]
[5,"Reinforced Cement Concrete  M25 Nominal mix (Cement: Sand: Metal) corresponding Table 9 of IS 456 using 20mm size graded machine crushed hard granite metal from approved quarry including c/c of all materials like Cement, Sand, coarse aggregate, water etc to site, all marerials including labour charges such as machine mixing, laying concrete, curing etc complete but excluding cost of steel and its fabrication charges for finished item of work for column footings",{"$nulls":11},"SSR 20-21"]
[null,"Qty.p.6 & 7 of M.B.No.790/A/ZP/19",null,"15.10.2020",{"$nulls":9},"SSR 20-21"]
[null,"F1 Footings",1,"x",3,{"v":1.15,"d":"1.150"},{"v":1.15,"d":"1.150"},{"v":0.3,"d":"0.300"},{"$f":"ROUND(IF(AND(F328:H328),C328*E328*F328*G328*H328,IF(AND(F328,G328),C328*E328*F328*G328,IF(AND(F328,H328),C328*E328*F328*H328,IF(AND(G328,H328),C328*E328*G328*H328,IF(F328,C328*E328*F328,IF(G328,C328*E328*G328,IF(H328,C328*E328*H328,C328*E328))))))),2)","v":1.19},"Cum",{"$nulls":3},"SSR 20-21"]
[null,"F2 Footings",1,"x",9,{"v":1.4,"d":"1.400"},{"v":1.4,"d":"1.400"},0.325,{"$f":"ROUND(IF(AND(F329:H329),C329*E329*F329*G329*H329,IF(AND(F329,G329),C329*E329*F329*G329,IF(AND(F329,H329),C329*E329*F329*H329,IF(AND(G329,H329),C329*E329*G329*H329,IF(F329,C329*E329*F329,IF(G329,C329*E329*G329,IF(H329,C329*E329*H329,C329*E329))))))),2)","v":5.73},"Cum",{"$nulls":3},"SSR 20-21"]
[null,"F3 Footings",1,"x",3,{"v":1.55,"d":"1.550"},{"v":1.55,"d":"1.550"},{"v":0.35,"d":"0.350"},2.52,"Cum",{"$nulls":3},"SSR 20-21"]
[{"$nulls":13},"SSR 20-21"]
[{"$nulls":9},"Cum",{"$f":"data!G1040","v":7288.23},"SSR 20-21",{"$f":"ROUND(I332*K332,0)","v":{"v":0,"d":"0.00"}},"SSR 20-21"]
[11,"Reinforced Cement Concrete  M25 Nominal mix (Cement: Sand: Metal) corresponding Table 9 of IS 456 using 20mm size graded machine crushed hard granite metal from approved quarry including c/c of all materials like Cement, Sand, coarse aggregate, water etc to site, all marerials including labour charges such as machine mixing, laying concrete, curing etc complete but excluding cost of steel and its fabrication charges for finished item of work for column footings",{"$nulls":11},"SSR 21-22"]
[null,"Qty.p.60 & 61 of M.B.No.478/A/ZP/19",null,"22.10.2021",{"$nulls":9},"SSR 21-22"]
[null,"Platform slab",1,"x",2,{"v":1.2,"d":"1.200"},{"v":0.5,"d":"0.500"},{"v":0.05,"d":"0.050"},{"$f":"ROUND(IF(AND(F335:H335),C335*E335*F335*G335*H335,IF(AND(F335,G335),C335*E335*F335*G335,IF(AND(F335,H335),C335*E335*F335*H335,IF(AND(G335,H335),C335*E335*G335*H335,IF(F335,C335*E335*F335,IF(G335,C335*E335*G335,IF(H335,C335*E335*H335,C335*E335))))))),2)","v":0.06},"Cum",{"$nulls":3},"SSR 21-22"]
[null,null,1,"x",1,{"v":2.15,"d":"2.150"},{"v":0.45,"d":"0.450"},{"v":0.05,"d":"0.050"},0.05,"Cum",{"$nulls":3},"SSR 21-22"]
[{"$nulls":13},"SSR 21-22"]
[{"$nulls":9},"Cum",{"$f":"data!G1957","v":7685.43},"SSR 21-22",{"$f":"ROUND(I338*K338,0)","v":{"v":0,"d":"0.00"}},"SSR 21-22"]
[5,"Reinforced Cement Concrete  M25 Nominal mix (Cement: Sand: Metal) corresponding Table 9 of IS 456 using 20mm size graded machine crushed hard granite metal from approved quarry including c/c of all materials like Cement, Sand, coarse aggregate, water etc to site, all marerials including labour charges such as machine mixing, laying concrete, curing etc complete but excluding cost of steel and its fabrication charges for finished item of work for column footings",{"$nulls":11},"SSR 22-23"]
[null,"Qty.p.21 of M.B.No.790/A/ZP/19",{"$nulls":11},"SSR 22-23"]
[null,"C1/F1",1,"x",1,{"v":1.35,"d":"1.350"},{"v":1.35,"d":"1.350"},{"v":0.3,"d":"0.300"},{"$f":"ROUND(IF(AND(F341:H341),C341*E341*F341*G341*H341,IF(AND(F341,G341),C341*E341*F341*G341,IF(AND(F341,H341),C341*E341*F341*H341,IF(AND(G341,H341),C341*E341*G341*H341,IF(F341,C341*E341*F341,IF(G341,C341*E341*G341,IF(H341,C341*E341*H341,C341*E341))))))),2)","v":0.55},"Cum",{"$nulls":3},"SSR 22-23"]
[{"$nulls":13},"SSR 22-23"]
[{"$nulls":9},"Cum",{"$f":"data!G2874","v":8062.18},"SSR 22-23",{"$f":"ROUND(I343*K343,0)","v":{"v":0,"d":"0.00"}},"SSR 22-23"]
[7,"~do~ for  Pedastal concrete etc., complete",{"$nulls":11},"SSR 19-20"]
[null,"Qty.p.7 of M.B.No.1198/B/ZP/18",null,"15.02.2021",{"$nulls":9},"SSR 19-20"]
[null,null,1,"x",15,{"v":0.45,"d":"0.450"},{"v":0.45,"d":"0.450"},{"v":0.45,"d":"0.450"},{"$f":"ROUND(IF(AND(F346:H346),C346*E346*F346*G346*H346,IF(AND(F346,G346),C346*E346*F346*G346,IF(AND(F346,H346),C346*E346*F346*H346,IF(AND(G346,H346),C346*E346*G346*H346,IF(F346,C346*E346*F346,IF(G346,C346*E346*G346,IF(H346,C346*E346*H346,C346*E346))))))),2)","v":1.37},"Cum",{"$nulls":3},"SSR 19-20"]
[{"$nulls":13},"SSR 19-20"]
[{"$nulls":8},{"$f":"SUM(I346:I347)","v":1.37},"Cum",{"$f":"data!G129","v":7392.88},"SSR 19-20",{"$f":"ROUND(I348*K348,0)","v":{"v":10128,"d":"10128.00"}},"SSR 19-20"]
[6,"~do~ for  Pedastal concrete etc., complete",{"$nulls":11},"SSR 20-21"]
[null,"Qty.p.7 of M.B.No.790/A/ZP/19",null,"15.10.2020",{"$nulls":9},"SSR 20-21"]
[null,null,1,"x",15,{"v":0.45,"d":"0.450"},{"v":0.45,"d":"0.450"},{"v":0.45,"d":"0.450"},{"$f":"ROUND(IF(AND(F351:H351),C351*E351*F351*G351*H351,IF(AND(F351,G351),C351*E351*F351*G351,IF(AND(F351,H351),C351*E351*F351*H351,IF(AND(G351,H351),C351*E351*G351*H351,IF(F351,C351*E351*F351,IF(G351,C351*E351*G351,IF(H351,C351*E351*H351,C351*E351))))))),2)","v":1.37},"Cum",{"$nulls":3},"SSR 20-21"]
[{"$nulls":13},"SSR 20-21"]
[{"$nulls":9},"Cum",{"$f":"data!G1045","v":7701.23},"SSR 20-21",{"$f":"ROUND(I353*K353,0)","v":{"v":0,"d":"0.00"}},"SSR 20-21"]
[6,"~do~ for  Pedastal concrete etc., complete",{"$nulls":11},"SSR 21-22"]
[null,"Qty.p.22 of M.B.No.790/A/ZP/19",{"$nulls":11},"SSR 21-22"]
[null,null,1,"x",18,{"v":0.45,"d":"0.450"},{"v":0.45,"d":"0.450"},{"v":0.45,"d":"0.450"},{"$f":"ROUND(IF(AND(F356:H356),C356*E356*F356*G356*H356,IF(AND(F356,G356),C356*E356*F356*G356,IF(AND(F356,H356),C356*E356*F356*H356,IF(AND(G356,H356),C356*E356*G356*H356,IF(F356,C356*E356*F356,IF(G356,C356*E356*G356,IF(H356,C356*E356*H356,C356*E356))))))),2)","v":1.64},"Cum",{"$nulls":3},"SSR 21-22"]
[{"$nulls":13},"SSR 21-22"]
[{"$nulls":9},"Cum",{"$f":"data!G1962","v":8124.43},"SSR 21-22",{"$f":"ROUND(I358*K358,0)","v":{"v":0,"d":"0.00"}},"SSR 21-22"]
[6,"~do~ for  Pedastal concrete etc., complete",{"$nulls":11},"SSR 22-23"]
[null,"Qty.p.22 of M.B.No.790/A/ZP/19",{"$nulls":11},"SSR 22-23"]
[null,null,1,"x",18,{"v":0.45,"d":"0.450"},{"v":0.45,"d":"0.450"},{"v":0.45,"d":"0.450"},{"$f":"ROUND(IF(AND(F361:H361),C361*E361*F361*G361*H361,IF(AND(F361,G361),C361*E361*F361*G361,IF(AND(F361,H361),C361*E361*F361*H361,IF(AND(G361,H361),C361*E361*G361*H361,IF(F361,C361*E361*F361,IF(G361,C361*E361*G361,IF(H361,C361*E361*H361,C361*E361))))))),2)","v":1.64},"Cum",{"$nulls":3},"SSR 22-23"]
[{"$nulls":13},"SSR 22-23"]
[{"$nulls":9},"Cum",{"$f":"data!G2879","v":8501.18},"SSR 22-23",{"$f":"ROUND(I363*K363,0)","v":{"v":0,"d":"0.00"}},"SSR 22-23"]
[8,"~do~ for  Columns etc., complete",{"$nulls":11},"SSR 19-20"]
[null,"Qty.p.7 & 8 of M.B.No.1198/B/ZP/18",null,"15.02.2021",{"$nulls":9},"SSR 19-20"]
[null,"A3C1",1,"x",1,{"v":0.23,"d":"0.230"},{"v":0.38,"d":"0.380"},{"v":1.2,"d":"1.200"},{"$f":"ROUND(IF(AND(F366:H366),C366*E366*F366*G366*H366,IF(AND(F366,G366),C366*E366*F366*G366,IF(AND(F366,H366),C366*E366*F366*H366,IF(AND(G366,H366),C366*E366*G366*H366,IF(F366,C366*E366*F366,IF(G366,C366*E366*G366,IF(H366,C366*E366*H366,C366*E366))))))),2)","v":{"v":0.1,"d":"0.10"}},"Cum",{"$nulls":3},"SSR 19-20"]
[null,"A1C1 C5C1 A5C1 A1C1 B5C1",1,"x",5,{"v":0.23,"d":"0.230"},{"v":0.38,"d":"0.380"},{"v":1.35,"d":"1.350"},0.59,"Cum",{"$nulls":3},"SSR 19-20"]
[null,"B2C1 B4C1 C4 C1",1,"x",3,{"v":0.23,"d":"0.230"},{"v":0.38,"d":"0.380"},{"v":1.45,"d":"1.450"},0.38,"Cum",{"$nulls":3},"SSR 19-20"]
[null,"C1C1 C3C1",1,"x",2,{"v":0.23,"d":"0.230"},{"v":0.38,"d":"0.380"},{"v":1.5,"d":"1.500"},0.26,"Cum",{"$nulls":3},"SSR 19-20"]
[null,"C2C1",1,"x",1,{"v":0.23,"d":"0.230"},{"v":0.38,"d":"0.380"},{"v":1.65,"d":"1.650"},0.14,"Cum",{"$nulls":3},"SSR 19-20"]
[null,"A2C3 A4C3",1,"x",2,{"v":0.23,"d":"0.230"},{"v":0.38,"d":"0.380"},{"v":1.35,"d":"1.350"},0.24,"Cum",{"$nulls":3},"SSR 19-20"]
[null,"B3C2",1,"x",1,{"v":0.23,"d":"0.230"},{"v":0.38,"d":"0.380"},{"v":1.45,"d":"1.450"},0.13,"Cum",{"$nulls":3},"SSR 19-20"]
[null,"Qty.p.23 of M.B.No.1198/B/ZP/18",null,"19.03.2021",{"$nulls":9},"SSR 19-20"]
[null,"C1 C2 C3",1,"x",15,{"v":0.23,"d":"0.230"},{"v":0.38,"d":"0.380"},{"v":2.9,"d":"2.900"},{"$f":"ROUND(IF(AND(F374:H374),C374*E374*F374*G374*H374,IF(AND(F374,G374),C374*E374*F374*G374,IF(AND(F374,H374),C374*E374*F374*H374,IF(AND(G374,H374),C374*E374*G374*H374,IF(F374,C374*E374*F374,IF(G374,C374*E374*G374,IF(H374,C374*E374*H374,C374*E374))))))),2)","v":{"v":3.8,"d":"3.80"}},"Cum",{"$nulls":3},"SSR 19-20"]
[{"$nulls":13},"SSR 19-20"]
[{"$nulls":8},{"$f":"SUM(I366:I375)","v":5.64},"Cum",{"$f":"data!E155","v":{"v":9116.880000000001,"d":"9116.88"}},"SSR 19-20",{"$f":"ROUND(I376*K376,0)","v":{"v":51419,"d":"51419.00"}},"SSR 19-20"]
[7,"~do~ for  Columns etc., complete",{"$nulls":11},"SSR 20-21"]
[null,"Qty.p.7 & 8  of M.B.No.790/A/ZP/19",null,"15.10.2020",{"$nulls":9},"SSR 20-21"]
[null,"F1",1,"x",3,{"v":0.23,"d":"0.230"},{"v":0.38,"d":"0.380"},{"v":1.4,"d":"1.400"},{"$f":"ROUND(IF(AND(F379:H379),C379*E379*F379*G379*H379,IF(AND(F379,G379),C379*E379*F379*G379,IF(AND(F379,H379),C379*E379*F379*H379,IF(AND(G379,H379),C379*E379*G379*H379,IF(F379,C379*E379*F379,IF(G379,C379*E379*G379,IF(H379,C379*E379*H379,C379*E379))))))),2)","v":0.37},"Cum",{"$nulls":3},"SSR 20-21"]
[null,"F2",1,"x",9,{"v":0.23,"d":"0.230"},{"v":0.38,"d":"0.380"},1.375,1.08,"Cum",{"$nulls":3},"SSR 20-21"]
[null,"F3",1,"x",3,{"v":0.23,"d":"0.230"},{"v":0.38,"d":"0.380"},{"v":1.35,"d":"1.350"},0.35,"Cum",{"$nulls":3},"SSR 20-21"]
[null,"Qty.p.26 of M.B.No.790/A/ZP/19",null,"23.11.2020",{"$nulls":9},"SSR 20-21"]
[null,null,1,"x",15,{"v":0.23,"d":"0.230"},{"v":0.38,"d":"0.380"},2.875,{"$f":"ROUND(IF(AND(F383:H383),C383*E383*F383*G383*H383,IF(AND(F383,G383),C383*E383*F383*G383,IF(AND(F383,H383),C383*E383*F383*H383,IF(AND(G383,H383),C383*E383*G383*H383,IF(F383,C383*E383*F383,IF(G383,C383*E383*G383,IF(H383,C383*E383*H383,C383*E383))))))),2)","v":3.77},"Cum",{"$nulls":3},"SSR 20-21"]
[null,"Qty.p.58 of M.B.No.790/A/ZP/19",null,"03.03.2021",{"$nulls":9},"SSR 20-21"]
[null,"Dummy pillars",1,"x",15,{"v":0.23,"d":"0.230"},{"v":0.38,"d":"0.380"},{"v":0.9,"d":"0.900"},{"$f":"ROUND(IF(AND(F385:H385),C385*E385*F385*G385*H385,IF(AND(F385,G385),C385*E385*F385*G385,IF(AND(F385,H385),C385*E385*F385*H385,IF(AND(G385,H385),C385*E385*G385*H385,IF(F385,C385*E385*F385,IF(G385,C385*E385*G385,IF(H385,C385*E385*H385,C385*E385))))))),2)","v":1.18},"Cum",{"$nulls":3},"SSR 20-21"]
[{"$nulls":13},"SSR 20-21"]
[{"$nulls":9},"Cum",{"$f":"data!E1071","v":9466.93},"SSR 20-21",{"$f":"ROUND(I387*K387,0)","v":{"v":0,"d":"0.00"}},"SSR 20-21"]
[7,"~do~ for  Columns etc., complete",{"$nulls":11},"SSR 21-22"]
[null,"Qty.p.23 of M.B.No.790/A/ZP/19",{"$nulls":11},"SSR 21-22"]
[null,"C1/F1",1,"x",1,{"v":0.23,"d":"0.230"},{"v":0.38,"d":"0.380"},{"v":1.72,"d":"1.720"},{"$f":"ROUND(IF(AND(F390:H390),C390*E390*F390*G390*H390,IF(AND(F390,G390),C390*E390*F390*G390,IF(AND(F390,H390),C390*E390*F390*H390,IF(AND(G390,H390),C390*E390*G390*H390,IF(F390,C390*E390*F390,IF(G390,C390*E390*G390,IF(H390,C390*E390*H390,C390*E390))))))),2)","v":0.15},"Cum",{"$nulls":3},"SSR 21-22"]
[null,"C1/F2",1,"x",1,{"v":0.23,"d":"0.230"},{"v":0.38,"d":"0.380"},{"v":1.79,"d":"1.790"},0.16,"Cum",{"$nulls":3},"SSR 21-22"]
[null,"C1/F2",1,"x",1,{"v":0.23,"d":"0.230"},{"v":0.38,"d":"0.380"},{"v":1.75,"d":"1.750"},0.15,"Cum",{"$nulls":3},"SSR 21-22"]
[null,"C2/F2",1,"x",1,{"v":0.23,"d":"0.230"},{"v":0.38,"d":"0.380"},{"v":1.68,"d":"1.680"},0.15,"Cum",{"$nulls":3},"SSR 21-22"]
[null,"C2/F2",1,"x",1,{"v":0.23,"d":"0.230"},{"v":0.38,"d":"0.380"},{"v":1.74,"d":"1.740"},0.15,"Cum",{"$nulls":3},"SSR 21-22"]
[null,"C1/F1",1,"x",1,{"v":0.23,"d":"0.230"},{"v":0.23,"d":"0.230"},2.795,0.15,"Cum",{"$nulls":3},"SSR 21-22"]
[null,"C2/F2 To C2/F2",1,"x",5,{"v":0.23,"d":"0.230"},{"v":0.38,"d":"0.380"},2.795,1.22,"Cum",{"$nulls":3},"SSR 21-22"]
[null,"C1/F1",1,"x",1,{"v":0.23,"d":"0.230"},{"v":0.23,"d":"0.230"},2.795,0.15,"Cum",{"$nulls":3},"SSR 21-22"]
[{"$nulls":13},"SSR 21-22"]
[{"$nulls":9},"Cum",{"$f":"data!E1988","v":10004.82},"SSR 21-22",{"$f":"ROUND(I399*K399,0)","v":{"v":0,"d":"0.00"}},"SSR 21-22"]
[7,"~do~ for  Columns etc., complete",{"$nulls":11},"SSR 22-23"]
[null,"Qty.p.23 of M.B.No.790/A/ZP/19",{"$nulls":11},"SSR 22-23"]
[null,"C1/F1",1,"x",1,{"v":0.23,"d":"0.230"},{"v":0.38,"d":"0.380"},{"v":1.72,"d":"1.720"},{"$f":"ROUND(IF(AND(F402:H402),C402*E402*F402*G402*H402,IF(AND(F402,G402),C402*E402*F402*G402,IF(AND(F402,H402),C402*E402*F402*H402,IF(AND(G402,H402),C402*E402*G402*H402,IF(F402,C402*E402*F402,IF(G402,C402*E402*G402,IF(H402,C402*E402*H402,C402*E402))))))),2)","v":0.15},"Cum",{"$nulls":3},"SSR 22-23"]
[null,"C1/F2",1,"x",1,{"v":0.23,"d":"0.230"},{"v":0.38,"d":"0.380"},{"v":1.79,"d":"1.790"},0.16,"Cum",{"$nulls":3},"SSR 22-23"]
[null,"C1/F2",1,"x",1,{"v":0.23,"d":"0.230"},{"v":0.38,"d":"0.380"},{"v":1.75,"d":"1.750"},0.15,"Cum",{"$nulls":3},"SSR 22-23"]
[null,"C2/F2",1,"x",1,{"v":0.23,"d":"0.230"},{"v":0.38,"d":"0.380"},{"v":1.68,"d":"1.680"},0.15,"Cum",{"$nulls":3},"SSR 22-23"]
[null,"C2/F2",1,"x",1,{"v":0.23,"d":"0.230"},{"v":0.38,"d":"0.380"},{"v":1.74,"d":"1.740"},0.15,"Cum",{"$nulls":3},"SSR 22-23"]
[null,"C1/F1",1,"x",1,{"v":0.23,"d":"0.230"},{"v":0.23,"d":"0.230"},2.795,0.15,"Cum",{"$nulls":3},"SSR 22-23"]
[null,"C2/F2 To C2/F2",1,"x",5,{"v":0.23,"d":"0.230"},{"v":0.38,"d":"0.380"},2.795,1.22,"Cum",{"$nulls":3},"SSR 22-23"]
[null,"C1/F1",1,"x",1,{"v":0.23,"d":"0.230"},{"v":0.23,"d":"0.230"},2.795,0.15,"Cum",{"$nulls":3},"SSR 22-23"]
[{"$nulls":13},"SSR 22-23"]
[{"$nulls":9},"Cum",{"$f":"data!E2905","v":{"v":10417.6,"d":"10417.60"}},"SSR 22-23",{"$f":"ROUND(I411*K411,0)","v":{"v":0,"d":"0.00"}},"SSR 22-23"]
[9,"~do~ for  Plinth beam etc., complete",{"$nulls":11},"SSR 19-20"]
[null,"Qty.p.21 to 23 of M.B.No.1198/B/ZP/18",null,"19.03.2021",{"$nulls":9},"SSR 19-20"]
[null,"PB 101",1,"x",1,{"v":13.54,"d":"13.540"},{"v":0.23,"d":"0.230"},{"v":0.38,"d":"0.380"},{"$f":"ROUND(IF(AND(F414:H414),C414*E414*F414*G414*H414,IF(AND(F414,G414),C414*E414*F414*G414,IF(AND(F414,H414),C414*E414*F414*H414,IF(AND(G414,H414),C414*E414*G414*H414,IF(F414,C414*E414*F414,IF(G414,C414*E414*G414,IF(H414,C414*E414*H414,C414*E414))))))),2)","v":1.18},"Cum",{"$nulls":3},"SSR 19-20"]
[null,"PB 102",1,"x",1,{"v":1.36,"d":"1.360"},{"v":0.23,"d":"0.230"},{"v":0.38,"d":"0.380"},0.12,"Cum",{"$nulls":3},"SSR 19-20"]
[null,"PB 103",1,"x",1,{"v":1.36,"d":"1.360"},{"v":0.23,"d":"0.230"},{"v":0.38,"d":"0.380"},0.12,"Cum",{"$nulls":3},"SSR 19-20"]
[null,"PB 104",1,"x",1,{"v":13.54,"d":"13.540"},{"v":0.23,"d":"0.230"},{"v":0.38,"d":"0.380"},1.18,"Cum",{"$nulls":3},"SSR 19-20"]
[null,"PB 105",1,"x",1,{"v":13.54,"d":"13.540"},{"v":0.23,"d":"0.230"},{"v":0.38,"d":"0.380"},1.18,"Cum",{"$nulls":3},"SSR 19-20"]
[null,"PB 106",1,"x",1,{"v":5.63,"d":"5.630"},{"v":0.23,"d":"0.230"},{"v":0.38,"d":"0.380"},0.49,"Cum",{"$nulls":3},"SSR 19-20"]
[null,"Deduct crossing",1,"x",1,{"v":0.23,"d":"0.230"},{"v":0.38,"d":"0.380"},{"v":0.38,"d":"0.380"},{"$f":"-ROUND(IF(AND(F420:H420),C420*E420*F420*G420*H420,IF(AND(F420,G420),C420*E420*F420*G420,IF(AND(F420,H420),C420*E420*F420*H420,IF(AND(G420,H420),C420*E420*G420*H420,IF(F420,C420*E420*F420,IF(G420,C420*E420*G420,IF(H420,C420*E420*H420,C420*E420))))))),2)","v":-0.03},"Cum",{"$nulls":3},"SSR 19-20"]
[null,"PB 107",1,"x",1,{"v":2.7,"d":"2.700"},{"v":0.23,"d":"0.230"},{"v":0.38,"d":"0.380"},0.24,"Cum",{"$nulls":3},"SSR 19-20"]
[null,"PB 108",1,"x",1,{"v":2.7,"d":"2.700"},{"v":0.23,"d":"0.230"},{"v":0.38,"d":"0.380"},0.24,"Cum",{"$nulls":3},"SSR 19-20"]
[null,"PB 109",1,"x",1,{"v":5.93,"d":"5.930"},{"v":0.23,"d":"0.230"},{"v":0.35,"d":"0.350"},0.48,"Cum",{"$nulls":3},"SSR 19-20"]
[null,"Deduct crossing",1,"x",1,{"v":0.23,"d":"0.230"},{"v":0.23,"d":"0.230"},{"v":0.38,"d":"0.380"},{"$f":"-ROUND(IF(AND(F424:H424),C424*E424*F424*G424*H424,IF(AND(F424,G424),C424*E424*F424*G424,IF(AND(F424,H424),C424*E424*F424*H424,IF(AND(G424,H424),C424*E424*G424*H424,IF(F424,C424*E424*F424,IF(G424,C424*E424*G424,IF(H424,C424*E424*H424,C424*E424))))))),2)","v":-0.02},"Cum",{"$nulls":3},"SSR 19-20"]
[null,"PB 110",1,"x",1,{"v":2.7,"d":"2.700"},{"v":0.23,"d":"0.230"},{"v":0.38,"d":"0.380"},0.24,"Cum",{"$nulls":3},"SSR 19-20"]
[null,"PB 111",1,"x",1,{"v":2.7,"d":"2.700"},{"v":0.23,"d":"0.230"},{"v":0.38,"d":"0.380"},0.24,"Cum",{"$nulls":3},"SSR 19-20"]
[null,"PB 112",1,"x",1,{"v":5.93,"d":"5.930"},{"v":0.23,"d":"0.230"},{"v":0.38,"d":"0.380"},0.52,"Cum",{"$nulls":3},"SSR 19-20"]
[null,"Deduct crossing",1,"x",1,{"v":0.23,"d":"0.230"},{"v":0.38,"d":"0.380"},{"v":0.38,"d":"0.380"},{"$f":"-ROUND(IF(AND(F428:H428),C428*E428*F428*G428*H428,IF(AND(F428,G428),C428*E428*F428*G428,IF(AND(F428,H428),C428*E428*F428*H428,IF(AND(G428,H428),C428*E428*G428*H428,IF(F428,C428*E428*F428,IF(G428,C428*E428*G428,IF(H428,C428*E428*H428,C428*E428))))))),2)","v":-0.03},"Cum",{"$nulls":3},"SSR 19-20"]
[{"$nulls":13},"SSR 19-20"]
[{"$nulls":8},{"$f":"SUM(I414:I429)","v":{"v":6.1499999999999995,"d":"6.15"}},"Cum",{"$f":"data!G134","v":{"v":8971.880000000001,"d":"8971.88"}},"SSR 19-20",{"$f":"ROUND(I430*K430,0)","v":{"v":55177,"d":"55177.00"}},"SSR 19-20"]
[8,"~do~ for  Plinth beam etc., complete",{"$nulls":11},"SSR 20-21"]
[null,"Qty.p.23 of M.B.No.790/A/ZP/19",null,"15.11.2020",{"$nulls":9},"SSR 20-21"]
[null,"PB 101 104 105",1,"x",3,{"v":13.08,"d":"13.080"},{"v":0.23,"d":"0.230"},{"v":0.38,"d":"0.380"},{"$f":"ROUND(IF(AND(F433:H433),C433*E433*F433*G433*H433,IF(AND(F433,G433),C433*E433*F433*G433,IF(AND(F433,H433),C433*E433*F433*H433,IF(AND(G433,H433),C433*E433*G433*H433,IF(F433,C433*E433*F433,IF(G433,C433*E433*G433,IF(H433,C433*E433*H433,C433*E433))))))),2)","v":3.43},"Cum",{"$nulls":3},"SSR 20-21"]
[null,"PB 106 112",1,"x",2,6.395,{"v":0.23,"d":"0.230"},{"v":0.38,"d":"0.380"},{"$f":"ROUND(IF(AND(F434:H434),C434*E434*F434*G434*H434,IF(AND(F434,G434),C434*E434*F434*G434,IF(AND(F434,H434),C434*E434*F434*H434,IF(AND(G434,H434),C434*E434*G434*H434,IF(F434,C434*E434*F434,IF(G434,C434*E434*G434,IF(H434,C434*E434*H434,C434*E434))))))),2)","v":1.12},"Cum",{"$nulls":3},"SSR 20-21"]
[null,"PB 109",1,"x",1,5.935,{"v":0.23,"d":"0.230"},{"v":0.38,"d":"0.380"},0.52,"Cum",{"$nulls":3},"SSR 20-21"]
[null,"Deduct beam junction",1,"x",1,{"v":0.23,"d":"0.230"},{"v":0.23,"d":"0.230"},{"v":0.38,"d":"0.380"},{"$f":"-ROUND(IF(AND(F436:H436),C436*E436*F436*G436*H436,IF(AND(F436,G436),C436*E436*F436*G436,IF(AND(F436,H436),C436*E436*F436*H436,IF(AND(G436,H436),C436*E436*G436*H436,IF(F436,C436*E436*F436,IF(G436,C436*E436*G436,IF(H436,C436*E436*H436,C436*E436))))))),2)","v":-0.02},"Cum",{"$nulls":3},"SSR 20-21"]
[null,"PB 107 108 110 111",1,"x",4,2.705,{"v":0.23,"d":"0.230"},{"v":0.38,"d":"0.380"},0.95,"Cum",{"$nulls":3},"SSR 20-21"]
[null,"PB 102",1,"x",1,{"v":1.38,"d":"1.380"},{"v":0.23,"d":"0.230"},{"v":0.38,"d":"0.380"},0.12,"Cum",{"$nulls":3},"SSR 20-21"]
[null,"PB 103",1,"x",1,{"v":1.36,"d":"1.360"},{"v":0.23,"d":"0.230"},{"v":0.38,"d":"0.380"},0.12,"Cum",{"$nulls":3},"SSR 20-21"]
[{"$nulls":13},"SSR 20-21"]
[{"$nulls":9},"Cum",{"$f":"data!G1050","v":9280.23},"SSR 20-21",{"$f":"ROUND(I441*K441,0)","v":{"v":0,"d":"0.00"}},"SSR 20-21"]
[8,"~do~ for  Plinth beam etc., complete",{"$nulls":11},"SSR 21-22"]
[null,"Qty.p.49 of M.B.No.790/A/ZP/19",{"$nulls":11},"SSR 21-22"]
[null,"Alround the building",1,"x",1,{"v":48.51,"d":"48.510"},{"v":0.23,"d":"0.230"},{"$f":"(0.36+0.38)/2","v":{"v":0.37,"d":"0.370"}},{"$f":"ROUND(IF(AND(F444:H444),C444*E444*F444*G444*H444,IF(AND(F444,G444),C444*E444*F444*G444,IF(AND(F444,H444),C444*E444*F444*H444,IF(AND(G444,H444),C444*E444*G444*H444,IF(F444,C444*E444*F444,IF(G444,C444*E444*G444,IF(H444,C444*E444*H444,C444*E444))))))),2)","v":4.13},"Cum",{"$nulls":3},"SSR 21-22"]
[null,null,1,"x",1,{"v":6.3,"d":"6.300"},{"v":0.3,"d":"0.300"},{"v":0.2,"d":"0.200"},{"$f":"ROUND(IF(AND(F445:H445),C445*E445*F445*G445*H445,IF(AND(F445,G445),C445*E445*F445*G445,IF(AND(F445,H445),C445*E445*F445*H445,IF(AND(G445,H445),C445*E445*G445*H445,IF(F445,C445*E445*F445,IF(G445,C445*E445*G445,IF(H445,C445*E445*H445,C445*E445))))))),2)","v":0.38},"Cum",{"$nulls":3},"SSR 21-22"]
[{"$nulls":13},"SSR 21-22"]
[{"$nulls":9},"Cum",{"$f":"data!G1967","v":9785.43},"SSR 21-22",{"$f":"ROUND(I447*K447,0)","v":{"v":0,"d":"0.00"}},"SSR 21-22"]
[8,"~do~ for  Plinth beam etc., complete",{"$nulls":11},"SSR 22-23"]
[null,"Qty.p.49 of M.B.No.790/A/ZP/19",{"$nulls":11},"SSR 22-23"]
[null,"Alround the building",1,"x",1,{"v":48.51,"d":"48.510"},{"v":0.23,"d":"0.230"},{"$f":"(0.36+0.38)/2","v":{"v":0.37,"d":"0.370"}},{"$f":"ROUND(IF(AND(F450:H450),C450*E450*F450*G450*H450,IF(AND(F450,G450),C450*E450*F450*G450,IF(AND(F450,H450),C450*E450*F450*H450,IF(AND(G450,H450),C450*E450*G450*H450,IF(F450,C450*E450*F450,IF(G450,C450*E450*G450,IF(H450,C450*E450*H450,C450*E450))))))),2)","v":4.13},"Cum",{"$nulls":3},"SSR 22-23"]
[null,null,1,"x",1,{"v":6.3,"d":"6.300"},{"v":0.3,"d":"0.300"},{"v":0.2,"d":"0.200"},{"$f":"ROUND(IF(AND(F451:H451),C451*E451*F451*G451*H451,IF(AND(F451,G451),C451*E451*F451*G451,IF(AND(F451,H451),C451*E451*F451*H451,IF(AND(G451,H451),C451*E451*G451*H451,IF(F451,C451*E451*F451,IF(G451,C451*E451*G451,IF(H451,C451*E451*H451,C451*E451))))))),2)","v":0.38},"Cum",{"$nulls":3},"SSR 22-23"]
[{"$nulls":13},"SSR 22-23"]
[{"$nulls":9},"Cum",{"$f":"data!G2884","v":10162.18},"SSR 22-23",{"$f":"ROUND(I453*K453,0)","v":{"v":0,"d":"0.00"}},"SSR 22-23"]
[10,"~do~ for  Beams etc., complete",{"$nulls":11},"SSR 19-20"]
[null,"Qty.p.17 to 19 of M.B.No.604/B/ZP/20",null,"23.06.2021",{"$nulls":9},"SSR 19-20"]
[null,"FB 101",1,"x",1,{"v":13.54,"d":"13.540"},{"v":0.23,"d":"0.230"},{"v":0.3,"d":"0.300"},{"$f":"ROUND(IF(AND(F456:H456),C456*E456*F456*G456*H456,IF(AND(F456,G456),C456*E456*F456*G456,IF(AND(F456,H456),C456*E456*F456*H456,IF(AND(G456,H456),C456*E456*G456*H456,IF(F456,C456*E456*F456,IF(G456,C456*E456*G456,IF(H456,C456*E456*H456,C456*E456))))))),2)","v":0.93},"Cum",{"$nulls":3},"SSR 19-20"]
[null,"FB 102",1,"x",1,{"v":13.54,"d":"13.540"},{"v":0.23,"d":"0.230"},{"v":0.3,"d":"0.300"},0.93,"Cum",{"$nulls":3},"SSR 19-20"]
[null,"FB 103",1,"x",1,{"v":15.72,"d":"15.720"},{"v":0.23,"d":"0.230"},{"v":0.3,"d":"0.300"},1.08,"Cum",{"$nulls":3},"SSR 19-20"]
[null,"FB 104",1,"x",1,{"v":15.72,"d":"15.720"},{"v":0.23,"d":"0.230"},{"v":0.3,"d":"0.300"},1.08,"Cum",{"$nulls":3},"SSR 19-20"]
[null,"FB 105",1,"x",2,{"v":3.36,"d":"3.360"},{"v":0.23,"d":"0.230"},{"v":0.3,"d":"0.300"},0.46,"Cum",{"$nulls":3},"SSR 19-20"]
[null,"FB 106",1,"x",1,{"v":7.36,"d":"7.360"},{"v":0.23,"d":"0.230"},{"v":0.3,"d":"0.300"},0.51,"Cum",{"$nulls":3},"SSR 19-20"]
[null,"Deduct crossing",1,"x",1,{"v":0.23,"d":"0.230"},{"v":0.23,"d":"0.230"},{"v":0.3,"d":"0.300"},{"$f":"-ROUND(IF(AND(F462:H462),C462*E462*F462*G462*H462,IF(AND(F462,G462),C462*E462*F462*G462,IF(AND(F462,H462),C462*E462*F462*H462,IF(AND(G462,H462),C462*E462*G462*H462,IF(F462,C462*E462*F462,IF(G462,C462*E462*G462,IF(H462,C462*E462*H462,C462*E462))))))),2)","v":-0.02},"Cum",{"$nulls":3},"SSR 19-20"]
[null,"Deduct crossing",1,"x",1,{"v":0.23,"d":"0.230"},{"v":0.38,"d":"0.380"},{"v":0.3,"d":"0.300"},{"$f":"-ROUND(IF(AND(F463:H463),C463*E463*F463*G463*H463,IF(AND(F463,G463),C463*E463*F463*G463,IF(AND(F463,H463),C463*E463*F463*H463,IF(AND(G463,H463),C463*E463*G463*H463,IF(F463,C463*E463*F463,IF(G463,C463*E463*G463,IF(H463,C463*E463*H463,C463*E463))))))),2)","v":-0.03},"Cum",{"$nulls":3},"SSR 19-20"]
[null,"FB 107",1,"x",1,{"v":1.09,"d":"1.090"},{"v":0.23,"d":"0.230"},{"v":0.3,"d":"0.300"},0.08,"Cum",{"$nulls":3},"SSR 19-20"]
[null,"FB 108",1,"x",1,{"v":2.7,"d":"2.700"},{"v":0.23,"d":"0.230"},{"v":0.3,"d":"0.300"},0.19,"Cum",{"$nulls":3},"SSR 19-20"]
[null,"FB 109",1,"x",1,{"v":2.7,"d":"2.700"},{"v":0.23,"d":"0.230"},{"v":0.3,"d":"0.300"},0.19,"Cum",{"$nulls":3},"SSR 19-20"]
[null,"FB 110",1,"x",1,{"v":7.36,"d":"7.360"},{"v":0.23,"d":"0.230"},{"v":0.3,"d":"0.300"},0.51,"Cum",{"$nulls":3},"SSR 19-20"]
[null,"Deduct crossing",1,"x",2,{"v":0.23,"d":"0.230"},{"v":0.23,"d":"0.230"},{"v":0.3,"d":"0.300"},{"$f":"-ROUND(IF(AND(F468:H468),C468*E468*F468*G468*H468,IF(AND(F468,G468),C468*E468*F468*G468,IF(AND(F468,H468),C468*E468*F468*H468,IF(AND(G468,H468),C468*E468*G468*H468,IF(F468,C468*E468*F468,IF(G468,C468*E468*G468,IF(H468,C468*E468*H468,C468*E468))))))),2)","v":-0.03},"Cum",{"$nulls":3},"SSR 19-20"]
[null,"FB 111",1,"x",1,{"v":1.09,"d":"1.090"},{"v":0.23,"d":"0.230"},{"v":0.3,"d":"0.300"},0.08,"Cum",{"$nulls":3},"SSR 19-20"]
[null,"FB 112",1,"x",1,{"v":2.7,"d":"2.700"},{"v":0.23,"d":"0.230"},{"v":0.3,"d":"0.300"},0.19,"Cum",{"$nulls":3},"SSR 19-20"]
[null,"FB 113",1,"x",1,{"v":2.7,"d":"2.700"},{"v":0.23,"d":"0.230"},{"v":0.3,"d":"0.300"},0.19,"Cum",{"$nulls":3},"SSR 19-20"]
[null,"FB 114",1,"x",1,{"v":7.3,"d":"7.300"},{"v":0.23,"d":"0.230"},{"v":0.3,"d":"0.300"},{"v":0.5,"d":"0.50"},"Cum",{"$nulls":3},"SSR 19-20"]
[null,"Deduct crossing",1,"x",1,{"v":0.23,"d":"0.230"},{"v":0.23,"d":"0.230"},{"v":0.3,"d":"0.300"},{"$f":"-ROUND(IF(AND(F473:H473),C473*E473*F473*G473*H473,IF(AND(F473,G473),C473*E473*F473*G473,IF(AND(F473,H473),C473*E473*F473*H473,IF(AND(G473,H473),C473*E473*G473*H473,IF(F473,C473*E473*F473,IF(G473,C473*E473*G473,IF(H473,C473*E473*H473,C473*E473))))))),2)","v":-0.02},"Cum",{"$nulls":3},"SSR 19-20"]
[null,"Deduct crossing",1,"x",1,{"v":0.23,"d":"0.230"},{"v":0.38,"d":"0.380"},{"v":0.3,"d":"0.300"},-0.03,"Cum",{"$nulls":3},"SSR 19-20"]
[null,"FB 115",1,"x",2,{"v":1.09,"d":"1.090"},{"v":0.23,"d":"0.230"},{"v":0.3,"d":"0.300"},0.15,"Cum",{"$nulls":3},"SSR 19-20"]
[{"$nulls":13},"SSR 19-20"]
[{"$nulls":8},{"$f":"SUM(I456:I476)","v":{"v":6.940000000000002,"d":"6.94"}},"Cum",{"$f":"data!E182","v":8954.36},"SSR 19-20",{"$f":"ROUND(I477*K477,0)","v":{"v":62143,"d":"62143.00"}},"SSR 19-20"]
[15,"~do~ for  Beams etc., complete",{"$nulls":11},"SSR 20-21"]
[null,"Qty.p.46 to 48 of M.B.No.1269/B/ZP/18",null,"28.05.2021",{"$nulls":9},"SSR 20-21"]
[null,"FB 101",1,"x",1,{"v":13.54,"d":"13.540"},{"v":0.23,"d":"0.230"},{"v":0.3,"d":"0.300"},{"$f":"ROUND(IF(AND(F480:H480),C480*E480*F480*G480*H480,IF(AND(F480,G480),C480*E480*F480*G480,IF(AND(F480,H480),C480*E480*F480*H480,IF(AND(G480,H480),C480*E480*G480*H480,IF(F480,C480*E480*F480,IF(G480,C480*E480*G480,IF(H480,C480*E480*H480,C480*E480))))))),2)","v":0.93},"Cum",{"$nulls":3},"SSR 20-21"]
[null,"FB 102",1,"x",1,{"v":13.54,"d":"13.540"},{"v":0.23,"d":"0.230"},{"v":0.3,"d":"0.300"},0.93,"Cum",{"$nulls":3},"SSR 20-21"]
[null,"FB 103",1,"x",1,{"v":15.72,"d":"15.720"},{"v":0.23,"d":"0.230"},{"v":0.3,"d":"0.300"},1.08,"Cum",{"$nulls":3},"SSR 20-21"]
[null,"FB 104",1,"x",1,{"v":15.72,"d":"15.720"},{"v":0.23,"d":"0.230"},{"v":0.3,"d":"0.300"},1.08,"Cum",{"$nulls":3},"SSR 20-21"]
[null,"FB 105",1,"x",2,{"v":3.36,"d":"3.360"},{"v":0.23,"d":"0.230"},{"v":0.3,"d":"0.300"},0.46,"Cum",{"$nulls":3},"SSR 20-21"]
[null,"FB 106",1,"x",1,{"v":7.36,"d":"7.360"},{"v":0.23,"d":"0.230"},{"v":0.3,"d":"0.300"},0.51,"Cum",{"$nulls":3},"SSR 20-21"]
[null,"Deduct crossing",1,"x",1,{"v":0.23,"d":"0.230"},{"v":0.23,"d":"0.230"},{"v":0.3,"d":"0.300"},{"$f":"-ROUND(IF(AND(F486:H486),C486*E486*F486*G486*H486,IF(AND(F486,G486),C486*E486*F486*G486,IF(AND(F486,H486),C486*E486*F486*H486,IF(AND(G486,H486),C486*E486*G486*H486,IF(F486,C486*E486*F486,IF(G486,C486*E486*G486,IF(H486,C486*E486*H486,C486*E486))))))),2)","v":-0.02},"Cum",{"$nulls":3},"SSR 20-21"]
[null,"Deduct crossing",1,"x",1,{"v":0.23,"d":"0.230"},{"v":0.38,"d":"0.380"},{"v":0.3,"d":"0.300"},{"$f":"-ROUND(IF(AND(F487:H487),C487*E487*F487*G487*H487,IF(AND(F487,G487),C487*E487*F487*G487,IF(AND(F487,H487),C487*E487*F487*H487,IF(AND(G487,H487),C487*E487*G487*H487,IF(F487,C487*E487*F487,IF(G487,C487*E487*G487,IF(H487,C487*E487*H487,C487*E487))))))),2)","v":-0.03},"Cum",{"$nulls":3},"SSR 20-21"]
[null,"FB 107",1,"x",1,{"v":1.09,"d":"1.090"},{"v":0.23,"d":"0.230"},{"v":0.3,"d":"0.300"},{"$f":"ROUND(IF(AND(F488:H488),C488*E488*F488*G488*H488,IF(AND(F488,G488),C488*E488*F488*G488,IF(AND(F488,H488),C488*E488*F488*H488,IF(AND(G488,H488),C488*E488*G488*H488,IF(F488,C488*E488*F488,IF(G488,C488*E488*G488,IF(H488,C488*E488*H488,C488*E488))))))),2)","v":0.08},"Cum",{"$nulls":3},"SSR 20-21"]
[null,"FB 108",1,"x",1,{"v":2.7,"d":"2.700"},{"v":0.23,"d":"0.230"},{"v":0.3,"d":"0.300"},0.19,"Cum",{"$nulls":3},"SSR 20-21"]
[null,"FB 109",1,"x",1,{"v":2.7,"d":"2.700"},{"v":0.23,"d":"0.230"},{"v":0.3,"d":"0.300"},0.19,"Cum",{"$nulls":3},"SSR 20-21"]
[null,"FB 110",1,"x",1,{"v":7.36,"d":"7.360"},{"v":0.23,"d":"0.230"},{"v":0.3,"d":"0.300"},0.51,"Cum",{"$nulls":3},"SSR 20-21"]
[null,"Deduct crossing",1,"x",2,{"v":0.23,"d":"0.230"},{"v":0.23,"d":"0.230"},{"v":0.3,"d":"0.300"},{"$f":"-ROUND(IF(AND(F492:H492),C492*E492*F492*G492*H492,IF(AND(F492,G492),C492*E492*F492*G492,IF(AND(F492,H492),C492*E492*F492*H492,IF(AND(G492,H492),C492*E492*G492*H492,IF(F492,C492*E492*F492,IF(G492,C492*E492*G492,IF(H492,C492*E492*H492,C492*E492))))))),2)","v":-0.03},"Cum",{"$nulls":3},"SSR 20-21"]
[null,"FB 111",1,"x",1,{"v":1.09,"d":"1.090"},{"v":0.23,"d":"0.230"},{"v":0.3,"d":"0.300"},{"$f":"ROUND(IF(AND(F493:H493),C493*E493*F493*G493*H493,IF(AND(F493,G493),C493*E493*F493*G493,IF(AND(F493,H493),C493*E493*F493*H493,IF(AND(G493,H493),C493*E493*G493*H493,IF(F493,C493*E493*F493,IF(G493,C493*E493*G493,IF(H493,C493*E493*H493,C493*E493))))))),2)","v":0.08},"Cum",{"$nulls":3},"SSR 20-21"]
[null,"FB 112",1,"x",1,{"v":2.7,"d":"2.700"},{"v":0.23,"d":"0.230"},{"v":0.3,"d":"0.300"},0.19,"Cum",{"$nulls":3},"SSR 20-21"]
[null,"FB 113",1,"x",1,{"v":2.7,"d":"2.700"},{"v":0.23,"d":"0.230"},{"v":0.3,"d":"0.300"},0.19,"Cum",{"$nulls":3},"SSR 20-21"]
[null,"FB 114",1,"x",1,{"v":7.3,"d":"7.300"},{"v":0.23,"d":"0.230"},{"v":0.3,"d":"0.300"},{"v":0.5,"d":"0.50"},"Cum",{"$nulls":3},"SSR 20-21"]
[null,"Deduct crossing",1,"x",1,{"v":0.23,"d":"0.230"},{"v":0.23,"d":"0.230"},{"v":0.3,"d":"0.300"},{"$f":"-ROUND(IF(AND(F497:H497),C497*E497*F497*G497*H497,IF(AND(F497,G497),C497*E497*F497*G497,IF(AND(F497,H497),C497*E497*F497*H497,IF(AND(G497,H497),C497*E497*G497*H497,IF(F497,C497*E497*F497,IF(G497,C497*E497*G497,IF(H497,C497*E497*H497,C497*E497))))))),2)","v":-0.02},"Cum",{"$nulls":3},"SSR 20-21"]
[null,"Deduct crossing",1,"x",1,{"v":0.23,"d":"0.230"},{"v":0.38,"d":"0.380"},{"v":0.3,"d":"0.300"},-0.03,"Cum",{"$nulls":3},"SSR 20-21"]
[null,"FB 115",1,"x",2,{"v":1.09,"d":"1.090"},{"v":0.23,"d":"0.230"},{"v":0.3,"d":"0.300"},{"$f":"ROUND(IF(AND(F499:H499),C499*E499*F499*G499*H499,IF(AND(F499,G499),C499*E499*F499*G499,IF(AND(F499,H499),C499*E499*F499*H499,IF(AND(G499,H499),C499*E499*G499*H499,IF(F499,C499*E499*F499,IF(G499,C499*E499*G499,IF(H499,C499*E499*H499,C499*E499))))))),2)","v":0.15},"Cum",{"$nulls":3},"SSR 20-21"]
[{"$nulls":13},"SSR 20-21"]
[{"$nulls":9},"Cum",{"$f":"data!E1098","v":9169.52},"SSR 20-21",{"$f":"ROUND(I501*K501,0)","v":{"v":0,"d":"0.00"}},"SSR 20-21"]
[9,"~do~ for  Beams etc., complete",{"$nulls":11},"SSR 21-22"]
[null,"Qty.p.15 of M.B.No.790/A/ZP/19",{"$nulls":11},"SSR 21-22"]
[null,null,1,"x",1,3.275,{"v":0.23,"d":"0.230"},{"v":0.3,"d":"0.300"},{"$f":"ROUND(IF(AND(F504:H504),C504*E504*F504*G504*H504,IF(AND(F504,G504),C504*E504*F504*G504,IF(AND(F504,H504),C504*E504*F504*H504,IF(AND(G504,H504),C504*E504*G504*H504,IF(F504,C504*E504*F504,IF(G504,C504*E504*G504,IF(H504,C504*E504*H504,C504*E504))))))),2)","v":0.23},"Cum",{"$nulls":3},"SSR 21-22"]
[null,null,1,"x",1,{"v":5.45,"d":"5.450"},{"v":0.23,"d":"0.230"},{"v":0.38,"d":"0.380"},0.48,"Cum",{"$nulls":3},"SSR 21-22"]
[null,null,1,"x",1,3.275,{"v":0.23,"d":"0.230"},{"v":0.3,"d":"0.300"},0.23,"Cum",{"$nulls":3},"SSR 21-22"]
[null,null,1,"x",1,{"v":5.45,"d":"5.450"},{"v":0.23,"d":"0.230"},{"v":0.38,"d":"0.380"},0.48,"Cum",{"$nulls":3},"SSR 21-22"]
[null,null,1,"x",1,3.275,{"v":0.23,"d":"0.230"},{"v":0.3,"d":"0.300"},0.23,"Cum",{"$nulls":3},"SSR 21-22"]
[null,null,1,"x",1,{"v":5.45,"d":"5.450"},{"v":0.23,"d":"0.230"},{"v":0.38,"d":"0.380"},0.48,"Cum",{"$nulls":3},"SSR 21-22"]
[null,null,1,"x",1,4.275,{"v":0.23,"d":"0.230"},{"v":0.3,"d":"0.300"},0.29,"Cum",{"$nulls":3},"SSR 21-22"]
[null,null,1,"x",1,{"v":5.45,"d":"5.450"},{"v":0.23,"d":"0.230"},{"v":0.38,"d":"0.380"},0.48,"Cum",{"$nulls":3},"SSR 21-22"]
[null,null,1,"x",1,4.275,{"v":0.23,"d":"0.230"},{"v":0.3,"d":"0.300"},0.29,"Cum",{"$nulls":3},"SSR 21-22"]
[null,null,1,"x",1,{"v":5.45,"d":"5.450"},{"v":0.23,"d":"0.230"},{"v":0.38,"d":"0.380"},0.48,"Cum",{"$nulls":3},"SSR 21-22"]
[null,null,1,"x",1,{"v":5.45,"d":"5.450"},{"v":0.15,"d":"0.150"},{"v":0.38,"d":"0.380"},0.31,"Cum",{"$nulls":3},"SSR 21-22"]
[null,null,1,"x",1,{"v":2.75,"d":"2.750"},{"v":0.15,"d":"0.150"},{"v":0.38,"d":"0.380"},0.16,"Cum",{"$nulls":3},"SSR 21-22"]
[null,null,1,"x",1,{"v":9.52,"d":"9.520"},{"v":0.23,"d":"0.230"},{"v":0.3,"d":"0.300"},0.66,"Cum",{"$nulls":3},"SSR 21-22"]
[null,null,1,"x",2,{"v":0.23,"d":"0.230"},{"v":0.23,"d":"0.230"},{"v":0.3,"d":"0.300"},{"$f":"-ROUND(IF(AND(F517:H517),C517*E517*F517*G517*H517,IF(AND(F517,G517),C517*E517*F517*G517,IF(AND(F517,H517),C517*E517*F517*H517,IF(AND(G517,H517),C517*E517*G517*H517,IF(F517,C517*E517*F517,IF(G517,C517*E517*G517,IF(H517,C517*E517*H517,C517*E517))))))),2)","v":-0.03},"Cum",{"$nulls":3},"SSR 21-22"]
[null,null,1,"x",1,{"v":9.16,"d":"9.160"},{"v":0.23,"d":"0.230"},{"v":0.3,"d":"0.300"},0.63,"Cum",{"$nulls":3},"SSR 21-22"]
[null,null,1,"x",1,{"v":1.65,"d":"1.650"},{"v":0.23,"d":"0.230"},{"v":0.38,"d":"0.380"},0.14,"Cum",{"$nulls":3},"SSR 21-22"]
[null,null,1,"x",3,{"v":0.23,"d":"0.230"},{"v":0.23,"d":"0.230"},{"v":0.3,"d":"0.300"},{"$f":"-ROUND(IF(AND(F520:H520),C520*E520*F520*G520*H520,IF(AND(F520,G520),C520*E520*F520*G520,IF(AND(F520,H520),C520*E520*F520*H520,IF(AND(G520,H520),C520*E520*G520*H520,IF(F520,C520*E520*F520,IF(G520,C520*E520*G520,IF(H520,C520*E520*H520,C520*E520))))))),2)","v":-0.05},"Cum",{"$nulls":3},"SSR 21-22"]
[null,null,1,"x",1,{"v":9.16,"d":"9.160"},{"v":0.23,"d":"0.230"},{"v":0.3,"d":"0.300"},0.63,"Cum",{"$nulls":3},"SSR 21-22"]
[null,null,1,"x",1,{"v":1.65,"d":"1.650"},{"v":0.23,"d":"0.230"},{"v":0.38,"d":"0.380"},0.14,"Cum",{"$nulls":3},"SSR 21-22"]
[null,null,1,"x",3,{"v":0.23,"d":"0.230"},{"v":0.23,"d":"0.230"},{"v":0.3,"d":"0.300"},{"$f":"-ROUND(IF(AND(F523:H523),C523*E523*F523*G523*H523,IF(AND(F523,G523),C523*E523*F523*G523,IF(AND(F523,H523),C523*E523*F523*H523,IF(AND(G523,H523),C523*E523*G523*H523,IF(F523,C523*E523*F523,IF(G523,C523*E523*G523,IF(H523,C523*E523*H523,C523*E523))))))),2)","v":-0.05},"Cum",{"$nulls":3},"SSR 21-22"]
[null,null,1,"x",1,{"v":12.01,"d":"12.010"},{"v":0.23,"d":"0.230"},{"v":0.3,"d":"0.300"},0.83,"Cum",{"$nulls":3},"SSR 21-22"]
[null,null,1,"x",1,{"v":1.65,"d":"1.650"},{"v":0.23,"d":"0.230"},{"v":0.38,"d":"0.380"},0.14,"Cum",{"$nulls":3},"SSR 21-22"]
[null,null,1,"x",3,{"v":0.23,"d":"0.230"},{"v":0.23,"d":"0.230"},{"v":0.3,"d":"0.300"},{"$f":"-ROUND(IF(AND(F526:H526),C526*E526*F526*G526*H526,IF(AND(F526,G526),C526*E526*F526*G526,IF(AND(F526,H526),C526*E526*F526*H526,IF(AND(G526,H526),C526*E526*G526*H526,IF(F526,C526*E526*F526,IF(G526,C526*E526*G526,IF(H526,C526*E526*H526,C526*E526))))))),2)","v":-0.05},"Cum",{"$nulls":3},"SSR 21-22"]
[{"$nulls":13},"SSR 21-22"]
[{"$nulls":9},"Cum",{"$f":"data!E2015","v":9635.33},"SSR 21-22",{"$f":"ROUND(I528*K528,0)","v":{"v":0,"d":"0.00"}},"SSR 21-22"]
[9,"~do~ for  Beams etc., complete",{"$nulls":11},"SSR 22-23"]
[null,"Qty.p.68 of M.B.No.790/A/ZP/19",{"$nulls":11},"SSR 22-23"]
[null,"Mid landing beam",1,"x",1,{"v":2.65,"d":"2.650"},{"v":0.23,"d":"0.230"},{"v":0.3,"d":"0.300"},{"$f":"ROUND(IF(AND(F531:H531),C531*E531*F531*G531*H531,IF(AND(F531,G531),C531*E531*F531*G531,IF(AND(F531,H531),C531*E531*F531*H531,IF(AND(G531,H531),C531*E531*G531*H531,IF(F531,C531*E531*F531,IF(G531,C531*E531*G531,IF(H531,C531*E531*H531,C531*E531))))))),2)","v":0.18},"Cum",{"$nulls":3},"SSR 22-23"]
[null,"B1 to B4",1,"x",2,{"v":1,"d":"1.000"},{"v":0.23,"d":"0.230"},{"v":0.3,"d":"0.300"},{"$f":"ROUND(IF(AND(F532:H532),C532*E532*F532*G532*H532,IF(AND(F532,G532),C532*E532*F532*G532,IF(AND(F532,H532),C532*E532*F532*H532,IF(AND(G532,H532),C532*E532*G532*H532,IF(F532,C532*E532*F532,IF(G532,C532*E532*G532,IF(H532,C532*E532*H532,C532*E532))))))),2)","v":0.14},"Cum",{"$nulls":3},"SSR 22-23"]
[null,"FB112",1,"x",1,{"v":15.75,"d":"15.750"},{"v":0.23,"d":"0.230"},{"v":0.3,"d":"0.300"},{"$f":"ROUND(IF(AND(F533:H533),C533*E533*F533*G533*H533,IF(AND(F533,G533),C533*E533*F533*G533,IF(AND(F533,H533),C533*E533*F533*H533,IF(AND(G533,H533),C533*E533*G533*H533,IF(F533,C533*E533*F533,IF(G533,C533*E533*G533,IF(H533,C533*E533*H533,C533*E533))))))),2)","v":1.09},"Cum",{"$nulls":3},"SSR 22-23"]
[null,"Deduction",1,"x",6,{"v":0.23,"d":"0.230"},{"v":0.23,"d":"0.230"},{"v":0.3,"d":"0.300"},{"$f":"-ROUND(IF(AND(F534:H534),C534*E534*F534*G534*H534,IF(AND(F534,G534),C534*E534*F534*G534,IF(AND(F534,H534),C534*E534*F534*H534,IF(AND(G534,H534),C534*E534*G534*H534,IF(F534,C534*E534*F534,IF(G534,C534*E534*G534,IF(H534,C534*E534*H534,C534*E534))))))),2)","v":{"v":-0.1,"d":"-0.10"}},"Cum",{"$nulls":3},"SSR 22-23"]
[{"$nulls":13},"SSR 22-23"]
[{"$nulls":9},"Cum",{"$f":"data!E2932","v":9921.19},"SSR 22-23",{"$f":"ROUND(I536*K536,0)","v":{"v":0,"d":"0.00"}},"SSR 22-23"]
[11,"~do~ for  Waist slab 150mm thick etc., complete",{"$nulls":11},"SSR 19-20"]
[null,"Qty.p.37 of M.B.No.790/A/ZP/19",null,"16.06.2021",{"$nulls":9},"SSR 19-20"]
[null,"Landing slab",1,"x",1,{"v":3.4,"d":"3.400"},{"v":1.3,"d":"1.300"},{"v":0,"d":"0.000"},{"$f":"ROUND(IF(AND(F539:H539),C539*E539*F539*G539*H539,IF(AND(F539,G539),C539*E539*F539*G539,IF(AND(F539,H539),C539*E539*F539*H539,IF(AND(G539,H539),C539*E539*G539*H539,IF(F539,C539*E539*F539,IF(G539,C539*E539*G539,IF(H539,C539*E539*H539,C539*E539))))))),2)","v":4.42},"Sqm",{"$nulls":3},"SSR 19-20"]
[null,"1st flight",1,"x",1,{"v":3.2,"d":"3.200"},{"v":1.3,"d":"1.300"},{"v":0,"d":"0.000"},4.16,"Sqm",{"$nulls":3},"SSR 19-20"]
[null,"Qty.p.16 of M.B.No.790/A/ZP/19",null,"01.06.2022",{"$nulls":9},"SSR 19-20"]
[null,"2nd flight ",1,"x",1,{"v":3.2,"d":"3.200"},{"v":1.35,"d":"1.350"},{"v":0,"d":"0.000"},{"$f":"ROUND(IF(AND(F542:H542),C542*E542*F542*G542*H542,IF(AND(F542,G542),C542*E542*F542*G542,IF(AND(F542,H542),C542*E542*F542*H542,IF(AND(G542,H542),C542*E542*G542*H542,IF(F542,C542*E542*F542,IF(G542,C542*E542*G542,IF(H542,C542*E542*H542,C542*E542))))))),2)","v":4.32},"Sqm",{"$nulls":3},"SSR 19-20"]
[{"$nulls":13},"SSR 19-20"]
[{"$nulls":9},"Sqm",{"$f":"data!E203","v":1195.95},"SSR 19-20",{"$f":"ROUND(I544*K544,0)","v":{"v":0,"d":"0.00"}},"SSR 19-20"]
[10,"~do~ for  Waist slab 150mm thick etc., complete",{"$nulls":11},"SSR 20-21"]
[null,"Qty.p.37 of M.B.No.790/A/ZP/19",{"$nulls":11},"SSR 20-21"]
[null,null,1,"x",1,{"v":3.4,"d":"3.400"},{"v":1.3,"d":"1.300"},{"v":0,"d":"0.000"},{"$f":"ROUND(IF(AND(F547:H547),C547*E547*F547*G547*H547,IF(AND(F547,G547),C547*E547*F547*G547,IF(AND(F547,H547),C547*E547*F547*H547,IF(AND(G547,H547),C547*E547*G547*H547,IF(F547,C547*E547*F547,IF(G547,C547*E547*G547,IF(H547,C547*E547*H547,C547*E547))))))),2)","v":4.42},"Sqm",{"$nulls":3},"SSR 20-21"]
[null,null,1,"x",1,{"v":3.2,"d":"3.200"},{"v":1.3,"d":"1.300"},{"v":0,"d":"0.000"},4.16,"Sqm",{"$nulls":3},"SSR 20-21"]
[{"$nulls":13},"SSR 20-21"]
[{"$nulls":9},"Sqm",{"$f":"data!E1119","v":1239.23},"SSR 20-21",{"$f":"ROUND(I550*K550,0)","v":{"v":0,"d":"0.00"}},"SSR 20-21"]
[10,"~do~ for  Waist slab 150mm thick etc., complete",{"$nulls":11},"SSR 21-22"]
[null,"Qty.p.16 of M.B.No.790/A/ZP/19",{"$nulls":11},"SSR 21-22"]
[null,null,1,"x",1,{"v":3.2,"d":"3.200"},{"v":1.35,"d":"1.350"},{"v":0,"d":"0.000"},{"$f":"ROUND(IF(AND(F553:H553),C553*E553*F553*G553*H553,IF(AND(F553,G553),C553*E553*F553*G553,IF(AND(F553,H553),C553*E553*F553*H553,IF(AND(G553,H553),C553*E553*G553*H553,IF(F553,C553*E553*F553,IF(G553,C553*E553*G553,IF(H553,C553*E553*H553,C553*E553))))))),2)","v":4.32},"Sqm",{"$nulls":3},"SSR 21-22"]
[{"$nulls":13},"SSR 21-22"]
[{"$nulls":9},"Sqm",{"$f":"data!E2036","v":{"v":1302.4,"d":"1302.40"}},"SSR 21-22",{"$f":"ROUND(I555*K555,0)","v":{"v":0,"d":"0.00"}},"SSR 21-22"]
[10,"~do~ for  Waist slab 150mm thick etc., complete",{"$nulls":11},"SSR 22-23"]
[null,"Qty.p.68 of M.B.No.790/A/ZP/19",{"$nulls":11},"SSR 22-23"]
[null,"Dead slab (1st flight)",1,"x",1,{"v":3.2,"d":"3.200"},{"v":1.2,"d":"1.200"},{"v":0,"d":"0.000"},{"$f":"ROUND(IF(AND(F558:H558),C558*E558*F558*G558*H558,IF(AND(F558,G558),C558*E558*F558*G558,IF(AND(F558,H558),C558*E558*F558*H558,IF(AND(G558,H558),C558*E558*G558*H558,IF(F558,C558*E558*F558,IF(G558,C558*E558*G558,IF(H558,C558*E558*H558,C558*E558))))))),2)","v":3.84},"Sqm",{"$nulls":3},"SSR 22-23"]
[null,"Dead slab (2nd flight)",1,"x",1,{"v":3.6,"d":"3.600"},{"v":1.21,"d":"1.210"},{"v":0,"d":"0.000"},{"$f":"ROUND(IF(AND(F559:H559),C559*E559*F559*G559*H559,IF(AND(F559,G559),C559*E559*F559*G559,IF(AND(F559,H559),C559*E559*F559*H559,IF(AND(G559,H559),C559*E559*G559*H559,IF(F559,C559*E559*F559,IF(G559,C559*E559*G559,IF(H559,C559*E559*H559,C559*E559))))))),2)","v":4.36},"Sqm",{"$nulls":3},"SSR 22-23"]
[{"$nulls":13},"SSR 22-23"]
[{"$nulls":9},"Sqm",{"$f":"data!E2953","v":1345.28},"SSR 22-23",{"$f":"ROUND(I561*K561,0)","v":{"v":0,"d":"0.00"}},"SSR 22-23"]
[11,"~do~ for  Roof slab 125mm thick etc., complete",{"$nulls":11},"SSR 19-20"]
[null,"Qty.p.19 of M.B.No.604/B/ZP/20",null,"23.06.2021",{"$nulls":9},"SSR 19-20"]
[null,null,1,"x",1,{"v":14.1,"d":"14.100"},{"v":7.95,"d":"7.950"},{"v":0,"d":"0.000"},{"$f":"ROUND(IF(AND(F564:H564),C564*E564*F564*G564*H564,IF(AND(F564,G564),C564*E564*F564*G564,IF(AND(F564,H564),C564*E564*F564*H564,IF(AND(G564,H564),C564*E564*G564*H564,IF(F564,C564*E564*F564,IF(G564,C564*E564*G564,IF(H564,C564*E564*H564,C564*E564))))))),2)","v":{"v":112.1,"d":"112.10"}},"Sqm",{"$nulls":3},"SSR 19-20"]
[null,null,1,"x",2,{"v":3.15,"d":"3.150"},{"v":0.95,"d":"0.950"},{"v":0,"d":"0.000"},5.99,"Sqm",{"$nulls":3},"SSR 19-20"]
[{"$nulls":13},"SSR 19-20"]
[{"$nulls":8},{"$f":"SUM(I564:I566)","v":{"v":118.08999999999999,"d":"118.09"}},"Sqm",{"$f":"data!E196","v":{"v":1071.8,"d":"1071.80"}},"SSR 19-20",{"$f":"ROUND(I567*K567,0)","v":{"v":126569,"d":"126569.00"}},"SSR 19-20"]
[16,"~do~ for  Roof slab 125mm thick etc., complete",{"$nulls":11},"SSR 20-21"]
[null,"Qty.p.48 of M.B.No.1269/B/ZP/18",null,"28.05.2021",{"$nulls":9},"SSR 20-21"]
[null,null,1,"x",1,{"v":14.2,"d":"14.200"},{"v":4.87,"d":"4.870"},{"v":0,"d":"0.000"},{"$f":"ROUND(IF(AND(F570:H570),C570*E570*F570*G570*H570,IF(AND(F570,G570),C570*E570*F570*G570,IF(AND(F570,H570),C570*E570*F570*H570,IF(AND(G570,H570),C570*E570*G570*H570,IF(F570,C570*E570*F570,IF(G570,C570*E570*G570,IF(H570,C570*E570*H570,C570*E570))))))),2)","v":69.15},"Sqm",{"$nulls":3},"SSR 20-21"]
[null,null,1,"x",1,{"v":16.1,"d":"16.100"},{"v":3.05,"d":"3.050"},{"v":0,"d":"0.000"},49.11,"Sqm",{"$nulls":3},"SSR 20-21"]
[{"$nulls":13},"SSR 20-21"]
[{"$nulls":9},"Sqm",{"$f":"data!E1112","v":1109.69},"SSR 20-21",{"$f":"ROUND(I573*K573,0)","v":{"v":0,"d":"0.00"}},"SSR 20-21"]
[11,"~do~ for  Roof slab 125mm thick etc., complete",{"$nulls":11},"SSR 21-22"]
[null,"Qty.p.16 of M.B.No.790/A/ZP/19",{"$nulls":11},"SSR 21-22"]
[null,null,1,"x",1,{"v":10.45,"d":"10.450"},{"v":9.45,"d":"9.450"},{"v":0,"d":"0.000"},{"$f":"ROUND(IF(AND(F576:H576),C576*E576*F576*G576*H576,IF(AND(F576,G576),C576*E576*F576*G576,IF(AND(F576,H576),C576*E576*F576*H576,IF(AND(G576,H576),C576*E576*G576*H576,IF(F576,C576*E576*F576,IF(G576,C576*E576*G576,IF(H576,C576*E576*H576,C576*E576))))))),2)","v":98.75},"Sqm",{"$nulls":3},"SSR 21-22"]
[null,null,1,"x",1,{"v":5.6,"d":"5.600"},{"v":5.65,"d":"5.650"},{"v":0,"d":"0.000"},31.64,"Sqm",{"$nulls":3},"SSR 21-22"]
[null,null,1,"x",1,{"v":4.5,"d":"4.500"},{"v":0.3,"d":"0.300"},{"v":0,"d":"0.000"},1.35,"Sqm",{"$nulls":3},"SSR 21-22"]
[{"$nulls":13},"SSR 21-22"]
[{"$nulls":9},"Sqm",{"$f":"data!E2029","v":1166.67},"SSR 21-22",{"$f":"ROUND(I580*K580,0)","v":{"v":0,"d":"0.00"}},"SSR 21-22"]
[11,"~do~ for  Roof slab 125mm thick etc., complete",{"$nulls":11},"SSR 22-23"]
[null,"Qty.p.93 of M.B.No.790/A/ZP/19",{"$nulls":11},"SSR 22-23"]
[null,null,1,"x",1,{"v":16.09,"d":"16.090"},{"v":10.19,"d":"10.190"},{"v":0,"d":"0.000"},{"$f":"ROUND(IF(AND(F583:H583),C583*E583*F583*G583*H583,IF(AND(F583,G583),C583*E583*F583*G583,IF(AND(F583,H583),C583*E583*F583*H583,IF(AND(G583,H583),C583*E583*G583*H583,IF(F583,C583*E583*F583,IF(G583,C583*E583*G583,IF(H583,C583*E583*H583,C583*E583))))))),2)","v":163.96},"Sqm",{"$nulls":3},"SSR 22-23"]
[null,null,1,"x",1,{"v":3.86,"d":"3.860"},{"v":2.63,"d":"2.630"},{"v":0,"d":"0.000"},{"$f":"-ROUND(IF(AND(F584:H584),C584*E584*F584*G584*H584,IF(AND(F584,G584),C584*E584*F584*G584,IF(AND(F584,H584),C584*E584*F584*H584,IF(AND(G584,H584),C584*E584*G584*H584,IF(F584,C584*E584*F584,IF(G584,C584*E584*G584,IF(H584,C584*E584*H584,C584*E584))))))),2)","v":-10.15},"Sqm",{"$nulls":3},"SSR 22-23"]
[{"$nulls":13},"SSR 22-23"]
[{"$nulls":9},"Sqm",{"$f":"data!E2946","v":{"v":1202.4,"d":"1202.40"}},"SSR 22-23",{"$f":"ROUND(I586*K586,0)","v":{"v":0,"d":"0.00"}},"SSR 22-23"]
[12,"~do~ for  Roof slab 100mm thick etc., complete",{"$nulls":11},"SSR 19-20"]
[null,"Qty.p.20 of M.B.No.604/B/ZP/20",null,"23.06.2021",{"$nulls":9},"SSR 19-20"]
[null,null,1,"x",2,{"$f":"(3.05+3.65)/2","v":{"v":3.3499999999999996,"d":"3.350"}},{"v":0.95,"d":"0.950"},{"v":0,"d":"0.000"},{"$f":"ROUND(IF(AND(F589:H589),C589*E589*F589*G589*H589,IF(AND(F589,G589),C589*E589*F589*G589,IF(AND(F589,H589),C589*E589*F589*H589,IF(AND(G589,H589),C589*E589*G589*H589,IF(F589,C589*E589*F589,IF(G589,C589*E589*G589,IF(H589,C589*E589*H589,C589*E589))))))),2)","v":6.37},"Sqm",{"$nulls":3},"SSR 19-20"]
[null,null,1,"x",1,{"$f":"(16+17.2)/2","v":{"v":16.6,"d":"16.600"}},{"v":0.95,"d":"0.950"},{"v":0,"d":"0.000"},15.77,"Sqm",{"$nulls":3},"SSR 19-20"]
[{"$nulls":13},"SSR 19-20"]
[{"$nulls":8},{"$f":"SUM(I589:I591)","v":22.14},"Sqm",{"$f":"data!E189","v":947.64},"SSR 19-20",{"$f":"ROUND(I592*K592,0)","v":{"v":20981,"d":"20981.00"}},"SSR 19-20"]
[17,"~do~ for  Roof slab 100mm thick etc., complete",{"$nulls":11},"SSR 20-21"]
[null,"Qty.p.49 of M.B.No.1269/B/ZP/18",null,"28.05.2021",{"$nulls":9},"SSR 20-21"]
[null,null,1,"x",1,{"$f":"(16+17.2)/2","v":{"v":16.6,"d":"16.600"}},{"v":0.9,"d":"0.900"},{"v":0,"d":"0.000"},{"$f":"ROUND(IF(AND(F595:H595),C595*E595*F595*G595*H595,IF(AND(F595,G595),C595*E595*F595*G595,IF(AND(F595,H595),C595*E595*F595*H595,IF(AND(G595,H595),C595*E595*G595*H595,IF(F595,C595*E595*F595,IF(G595,C595*E595*G595,IF(H595,C595*E595*H595,C595*E595))))))),2)","v":14.94},"Sqm",{"$nulls":3},"SSR 20-21"]
[null,null,1,"x",2,{"$f":"(3.05+3.65)/2","v":{"v":3.3499999999999996,"d":"3.350"}},{"v":0.9,"d":"0.900"},{"v":0,"d":"0.000"},6.03,"Sqm",{"$nulls":3},"SSR 20-21"]
[{"$nulls":13},"SSR 20-21"]
[{"$nulls":9},"Sqm",{"$f":"data!E1105","v":980.15},"SSR 20-21",{"$f":"ROUND(I598*K598,0)","v":{"v":0,"d":"0.00"}},"SSR 20-21"]
[11,"~do~ for  Roof slab 100mm thick etc., complete",{"$nulls":11},"SSR 21-22"]
[null,"Qty.p.49 of M.B.No.790/A/ZP/19",{"$nulls":11},"SSR 21-22"]
[null,null,1,"x",2,{"$f":"(3.05+3.65)/2","v":{"v":3.3499999999999996,"d":"3.350"}},{"v":0.95,"d":"0.950"},{"v":0,"d":"0.000"},{"$f":"ROUND(IF(AND(F601:H601),C601*E601*F601*G601*H601,IF(AND(F601,G601),C601*E601*F601*G601,IF(AND(F601,H601),C601*E601*F601*H601,IF(AND(G601,H601),C601*E601*G601*H601,IF(F601,C601*E601*F601,IF(G601,C601*E601*G601,IF(H601,C601*E601*H601,C601*E601))))))),2)","v":6.37},"Sqm",{"$nulls":3},"SSR 21-22"]
[null,null,1,"x",1,{"$f":"(16+17.2)/2","v":{"v":16.6,"d":"16.600"}},{"v":0.95,"d":"0.950"},{"v":0,"d":"0.000"},{"$f":"ROUND(IF(AND(F602:H602),C602*E602*F602*G602*H602,IF(AND(F602,G602),C602*E602*F602*G602,IF(AND(F602,H602),C602*E602*F602*H602,IF(AND(G602,H602),C602*E602*G602*H602,IF(F602,C602*E602*F602,IF(G602,C602*E602*G602,IF(H602,C602*E602*H602,C602*E602))))))),2)","v":15.77},"Sqm",{"$nulls":3},"SSR 21-22"]
[{"$nulls":13},"SSR 21-22"]
[{"$nulls":9},"Sqm",{"$f":"data!E2022","v":{"v":1030.9299999999998,"d":"1030.93"}},"SSR 21-22",{"$f":"ROUND(I604*K604,0)","v":{"v":0,"d":"0.00"}},"SSR 21-22"]
[11,"~do~ for  Roof slab 100mm thick etc., complete",{"$nulls":11},"SSR 22-23"]
[null,"Qty.p.49 of M.B.No.790/A/ZP/19",{"$nulls":11},"SSR 22-23"]
[null,null,1,"x",2,{"$f":"(3.05+3.65)/2","v":{"v":3.3499999999999996,"d":"3.350"}},{"v":0.95,"d":"0.950"},{"v":0,"d":"0.000"},{"$f":"ROUND(IF(AND(F607:H607),C607*E607*F607*G607*H607,IF(AND(F607,G607),C607*E607*F607*G607,IF(AND(F607,H607),C607*E607*F607*H607,IF(AND(G607,H607),C607*E607*G607*H607,IF(F607,C607*E607*F607,IF(G607,C607*E607*G607,IF(H607,C607*E607*H607,C607*E607))))))),2)","v":6.37},"Sqm",{"$nulls":3},"SSR 22-23"]
[null,null,1,"x",1,{"$f":"(16+17.2)/2","v":{"v":16.6,"d":"16.600"}},{"v":0.95,"d":"0.950"},{"v":0,"d":"0.000"},{"$f":"ROUND(IF(AND(F608:H608),C608*E608*F608*G608*H608,IF(AND(F608,G608),C608*E608*F608*G608,IF(AND(F608,H608),C608*E608*F608*H608,IF(AND(G608,H608),C608*E608*G608*H608,IF(F608,C608*E608*F608,IF(G608,C608*E608*G608,IF(H608,C608*E608*H608,C608*E608))))))),2)","v":15.77},"Sqm",{"$nulls":3},"SSR 22-23"]
[{"$nulls":13},"SSR 22-23"]
[{"$nulls":9},"Sqm",{"$f":"data!E2939","v":1059.52},"SSR 22-23",{"$f":"ROUND(I610*K610,0)","v":{"v":0,"d":"0.00"}},"SSR 22-23"]
[11,"~do~ for  Roof slab 50mm thick etc., complete",{"$nulls":11},"SSR 19-20"]
[null,"Qty.p.23 of M.B.No.790/A/ZP/19",{"$nulls":11},"SSR 19-20"]
[null,"50 thick",1,"x",2,{"v":3.33,"d":"3.330"},{"v":1.32,"d":"1.320"},{"v":0,"d":"0.000"},{"$f":"ROUND(IF(AND(F613:H613),C613*E613*F613*G613*H613,IF(AND(F613,G613),C613*E613*F613*G613,IF(AND(F613,H613),C613*E613*F613*H613,IF(AND(G613,H613),C613*E613*G613*H613,IF(F613,C613*E613*F613,IF(G613,C613*E613*G613,IF(H613,C613*E613*H613,C613*E613))))))),2)","v":8.79},"Sqm",{"$nulls":3},"SSR 19-20"]
[null,null,2,"x",0.5,{"v":0.94,"d":"0.940"},{"v":1.35,"d":"1.350"},{"v":0,"d":"0.000"},{"$f":"ROUND(IF(AND(F614:H614),C614*E614*F614*G614*H614,IF(AND(F614,G614),C614*E614*F614*G614,IF(AND(F614,H614),C614*E614*F614*H614,IF(AND(G614,H614),C614*E614*G614*H614,IF(F614,C614*E614*F614,IF(G614,C614*E614*G614,IF(H614,C614*E614*H614,C614*E614))))))),2)","v":1.27},"Sqm",{"$nulls":3},"SSR 19-20"]
[{"$nulls":13},"SSR 19-20"]
[{"$nulls":9},"Sqm",{"$f":"data!E245","v":471.03},"SSR 19-20",{"$f":"ROUND(I616*K616,0)","v":{"v":0,"d":"0.00"}},"SSR 19-20"]
[11,"~do~ for  Roof slab 50mm thick etc., complete",{"$nulls":11},"SSR 20-21"]
[null,"Qty.p.23 of M.B.No.790/A/ZP/19",{"$nulls":11},"SSR 20-21"]
[null,"50 thick",1,"x",2,{"v":3.33,"d":"3.330"},{"v":1.32,"d":"1.320"},{"v":0,"d":"0.000"},{"$f":"ROUND(IF(AND(F619:H619),C619*E619*F619*G619*H619,IF(AND(F619,G619),C619*E619*F619*G619,IF(AND(F619,H619),C619*E619*F619*H619,IF(AND(G619,H619),C619*E619*G619*H619,IF(F619,C619*E619*F619,IF(G619,C619*E619*G619,IF(H619,C619*E619*H619,C619*E619))))))),2)","v":8.79},"Sqm",{"$nulls":3},"SSR 20-21"]
[null,null,2,"x",0.5,{"v":0.94,"d":"0.940"},{"v":1.35,"d":"1.350"},{"v":0,"d":"0.000"},{"$f":"ROUND(IF(AND(F620:H620),C620*E620*F620*G620*H620,IF(AND(F620,G620),C620*E620*F620*G620,IF(AND(F620,H620),C620*E620*F620*H620,IF(AND(G620,H620),C620*E620*G620*H620,IF(F620,C620*E620*F620,IF(G620,C620*E620*G620,IF(H620,C620*E620*H620,C620*E620))))))),2)","v":1.27},"Sqm",{"$nulls":3},"SSR 20-21"]
[{"$nulls":13},"SSR 20-21"]
[{"$nulls":9},"Sqm",{"$f":"data!E1161","v":{"v":487.1,"d":"487.10"}},"SSR 20-21",{"$f":"ROUND(I622*K622,0)","v":{"v":0,"d":"0.00"}},"SSR 20-21"]
[11,"~do~ for  Roof slab 50mm thick etc., complete",{"$nulls":11},"SSR 21-22"]
[null,"Qty.p.23 of M.B.No.790/A/ZP/19",{"$nulls":11},"SSR 21-22"]
[null,"50 thick",1,"x",2,{"v":3.33,"d":"3.330"},{"v":1.32,"d":"1.320"},{"v":0,"d":"0.000"},{"$f":"ROUND(IF(AND(F625:H625),C625*E625*F625*G625*H625,IF(AND(F625,G625),C625*E625*F625*G625,IF(AND(F625,H625),C625*E625*F625*H625,IF(AND(G625,H625),C625*E625*G625*H625,IF(F625,C625*E625*F625,IF(G625,C625*E625*G625,IF(H625,C625*E625*H625,C625*E625))))))),2)","v":8.79},"Sqm",{"$nulls":3},"SSR 21-22"]
[null,null,2,"x",0.5,{"v":0.94,"d":"0.940"},{"v":1.35,"d":"1.350"},{"v":0,"d":"0.000"},{"$f":"ROUND(IF(AND(F626:H626),C626*E626*F626*G626*H626,IF(AND(F626,G626),C626*E626*F626*G626,IF(AND(F626,H626),C626*E626*F626*H626,IF(AND(G626,H626),C626*E626*G626*H626,IF(F626,C626*E626*F626,IF(G626,C626*E626*G626,IF(H626,C626*E626*H626,C626*E626))))))),2)","v":1.27},"Sqm",{"$nulls":3},"SSR 21-22"]
[{"$nulls":13},"SSR 21-22"]
[{"$nulls":9},"Sqm",{"$f":"data!E2078","v":512.26},"SSR 21-22",{"$f":"ROUND(I628*K628,0)","v":{"v":0,"d":"0.00"}},"SSR 21-22"]
[11,"~do~ for  Roof slab 50mm thick etc., complete",{"$nulls":11},"SSR 22-23"]
[null,"Qty.p.23 of M.B.No.790/A/ZP/19",{"$nulls":11},"SSR 22-23"]
[null,"50 thick",1,"x",2,{"v":3.33,"d":"3.330"},{"v":1.32,"d":"1.320"},{"v":0,"d":"0.000"},{"$f":"ROUND(IF(AND(F631:H631),C631*E631*F631*G631*H631,IF(AND(F631,G631),C631*E631*F631*G631,IF(AND(F631,H631),C631*E631*F631*H631,IF(AND(G631,H631),C631*E631*G631*H631,IF(F631,C631*E631*F631,IF(G631,C631*E631*G631,IF(H631,C631*E631*H631,C631*E631))))))),2)","v":8.79},"Sqm",{"$nulls":3},"SSR 22-23"]
[null,null,2,"x",0.5,{"v":0.94,"d":"0.940"},{"v":1.35,"d":"1.350"},{"v":0,"d":"0.000"},{"$f":"ROUND(IF(AND(F632:H632),C632*E632*F632*G632*H632,IF(AND(F632,G632),C632*E632*F632*G632,IF(AND(F632,H632),C632*E632*F632*H632,IF(AND(G632,H632),C632*E632*G632*H632,IF(F632,C632*E632*F632,IF(G632,C632*E632*G632,IF(H632,C632*E632*H632,C632*E632))))))),2)","v":1.27},"Sqm",{"$nulls":3},"SSR 22-23"]
[{"$nulls":13},"SSR 22-23"]
[{"$nulls":9},"Sqm",{"$f":"data!E2995","v":{"v":526.3,"d":"526.30"}},"SSR 22-23",{"$f":"ROUND(I634*K634,0)","v":{"v":0,"d":"0.00"}},"SSR 22-23"]
[16,"~do~ for  Roof slab 25mm thick etc., complete",{"$nulls":11},"SSR 19-20"]
[null,"Qty.p.62 of M.B.No.790/A/ZP/19",{"$nulls":11},"SSR 19-20"]
[null,"50mm thick",1,"x",5,{"v":1.52,"d":"1.520"},{"v":0.23,"d":"0.230"},{"v":0,"d":"0.000"},{"$f":"ROUND(IF(AND(F637:H637),C637*E637*F637*G637*H637,IF(AND(F637,G637),C637*E637*F637*G637,IF(AND(F637,H637),C637*E637*F637*H637,IF(AND(G637,H637),C637*E637*G637*H637,IF(F637,C637*E637*F637,IF(G637,C637*E637*G637,IF(H637,C637*E637*H637,C637*E637))))))),2)","v":1.75},"Sqm",{"$nulls":3},"SSR 19-20"]
[null,null,1,"x",4,{"v":1.83,"d":"1.830"},{"v":0.23,"d":"0.230"},{"v":0,"d":"0.000"},{"$f":"ROUND(IF(AND(F638:H638),C638*E638*F638*G638*H638,IF(AND(F638,G638),C638*E638*F638*G638,IF(AND(F638,H638),C638*E638*F638*H638,IF(AND(G638,H638),C638*E638*G638*H638,IF(F638,C638*E638*F638,IF(G638,C638*E638*G638,IF(H638,C638*E638*H638,C638*E638))))))),2)","v":1.68},"Sqm",{"$nulls":3},"SSR 19-20"]
[null,"For water tank",1,"x",1,{"v":1.4,"d":"1.400"},{"v":1.4,"d":"1.400"},{"v":0,"d":"0.000"},{"$f":"ROUND(IF(AND(F639:H639),C639*E639*F639*G639*H639,IF(AND(F639,G639),C639*E639*F639*G639,IF(AND(F639,H639),C639*E639*F639*H639,IF(AND(G639,H639),C639*E639*G639*H639,IF(F639,C639*E639*F639,IF(G639,C639*E639*G639,IF(H639,C639*E639*H639,C639*E639))))))),2)","v":1.96},"Sqm",{"$nulls":3},"SSR 19-20"]
[{"$nulls":13},"SSR 19-20"]
[{"$nulls":9},"Sqm",{"$f":"data!E252","v":348.26},"SSR 19-20",{"$f":"ROUND(I641*K641,0)","v":{"v":0,"d":"0.00"}},"SSR 19-20"]
[16,"~do~ for  Roof slab 25mm thick etc., complete",{"$nulls":11},"SSR 20-21"]
[null,"Qty.p.62 of M.B.No.790/A/ZP/19",{"$nulls":11},"SSR 20-21"]
[null,"50mm thick",1,"x",5,{"v":1.52,"d":"1.520"},{"v":0.23,"d":"0.230"},{"v":0,"d":"0.000"},{"$f":"ROUND(IF(AND(F644:H644),C644*E644*F644*G644*H644,IF(AND(F644,G644),C644*E644*F644*G644,IF(AND(F644,H644),C644*E644*F644*H644,IF(AND(G644,H644),C644*E644*G644*H644,IF(F644,C644*E644*F644,IF(G644,C644*E644*G644,IF(H644,C644*E644*H644,C644*E644))))))),2)","v":1.75},"Sqm",{"$nulls":3},"SSR 20-21"]
[null,null,1,"x",4,{"v":1.83,"d":"1.830"},{"v":0.23,"d":"0.230"},{"v":0,"d":"0.000"},{"$f":"ROUND(IF(AND(F645:H645),C645*E645*F645*G645*H645,IF(AND(F645,G645),C645*E645*F645*G645,IF(AND(F645,H645),C645*E645*F645*H645,IF(AND(G645,H645),C645*E645*G645*H645,IF(F645,C645*E645*F645,IF(G645,C645*E645*G645,IF(H645,C645*E645*H645,C645*E645))))))),2)","v":1.68},"Sqm",{"$nulls":3},"SSR 20-21"]
[null,"For water tank",1,"x",1,{"v":1.4,"d":"1.400"},{"v":1.4,"d":"1.400"},{"v":0,"d":"0.000"},{"$f":"ROUND(IF(AND(F646:H646),C646*E646*F646*G646*H646,IF(AND(F646,G646),C646*E646*F646*G646,IF(AND(F646,H646),C646*E646*F646*H646,IF(AND(G646,H646),C646*E646*G646*H646,IF(F646,C646*E646*F646,IF(G646,C646*E646*G646,IF(H646,C646*E646*H646,C646*E646))))))),2)","v":1.96},"Sqm",{"$nulls":3},"SSR 20-21"]
[{"$nulls":13},"SSR 20-21"]
[{"$nulls":9},"Sqm",{"$f":"data!E1168","v":359.05},"SSR 20-21",{"$f":"ROUND(I648*K648,0)","v":{"v":0,"d":"0.00"}},"SSR 20-21"]
[16,"~do~ for  Roof slab 25mm thick etc., complete",{"$nulls":11},"SSR 21-22"]
[null,"Qty.p.62 of M.B.No.790/A/ZP/19",{"$nulls":11},"SSR 21-22"]
[null,"50mm thick",1,"x",5,{"v":1.52,"d":"1.520"},{"v":0.23,"d":"0.230"},{"v":0,"d":"0.000"},{"$f":"ROUND(IF(AND(F651:H651),C651*E651*F651*G651*H651,IF(AND(F651,G651),C651*E651*F651*G651,IF(AND(F651,H651),C651*E651*F651*H651,IF(AND(G651,H651),C651*E651*G651*H651,IF(F651,C651*E651*F651,IF(G651,C651*E651*G651,IF(H651,C651*E651*H651,C651*E651))))))),2)","v":1.75},"Sqm",{"$nulls":3},"SSR 21-22"]
[null,null,1,"x",4,{"v":1.83,"d":"1.830"},{"v":0.23,"d":"0.230"},{"v":0,"d":"0.000"},{"$f":"ROUND(IF(AND(F652:H652),C652*E652*F652*G652*H652,IF(AND(F652,G652),C652*E652*F652*G652,IF(AND(F652,H652),C652*E652*F652*H652,IF(AND(G652,H652),C652*E652*G652*H652,IF(F652,C652*E652*F652,IF(G652,C652*E652*G652,IF(H652,C652*E652*H652,C652*E652))))))),2)","v":1.68},"Sqm",{"$nulls":3},"SSR 21-22"]
[null,"For water tank",1,"x",1,{"v":1.4,"d":"1.400"},{"v":1.4,"d":"1.400"},{"v":0,"d":"0.000"},{"$f":"ROUND(IF(AND(F653:H653),C653*E653*F653*G653*H653,IF(AND(F653,G653),C653*E653*F653*G653,IF(AND(F653,H653),C653*E653*F653*H653,IF(AND(G653,H653),C653*E653*G653*H653,IF(F653,C653*E653*F653,IF(G653,C653*E653*G653,IF(H653,C653*E653*H653,C653*E653))))))),2)","v":1.96},"Sqm",{"$nulls":3},"SSR 21-22"]
[{"$nulls":13},"SSR 21-22"]
[{"$nulls":9},"Sqm",{"$f":"data!E2085","v":378.13},"SSR 21-22",{"$f":"ROUND(I655*K655,0)","v":{"v":0,"d":"0.00"}},"SSR 21-22"]
[16,"~do~ for  Roof slab 25mm thick etc., complete",{"$nulls":11},"SSR 22-23"]
[null,"Qty.p.62 of M.B.No.790/A/ZP/19",{"$nulls":11},"SSR 22-23"]
[null,"50mm thick",1,"x",5,{"v":1.52,"d":"1.520"},{"v":0.23,"d":"0.230"},{"v":0,"d":"0.000"},{"$f":"ROUND(IF(AND(F658:H658),C658*E658*F658*G658*H658,IF(AND(F658,G658),C658*E658*F658*G658,IF(AND(F658,H658),C658*E658*F658*H658,IF(AND(G658,H658),C658*E658*G658*H658,IF(F658,C658*E658*F658,IF(G658,C658*E658*G658,IF(H658,C658*E658*H658,C658*E658))))))),2)","v":1.75},"Sqm",{"$nulls":3},"SSR 22-23"]
[null,null,1,"x",4,{"v":1.83,"d":"1.830"},{"v":0.23,"d":"0.230"},{"v":0,"d":"0.000"},{"$f":"ROUND(IF(AND(F659:H659),C659*E659*F659*G659*H659,IF(AND(F659,G659),C659*E659*F659*G659,IF(AND(F659,H659),C659*E659*F659*H659,IF(AND(G659,H659),C659*E659*G659*H659,IF(F659,C659*E659*F659,IF(G659,C659*E659*G659,IF(H659,C659*E659*H659,C659*E659))))))),2)","v":1.68},"Sqm",{"$nulls":3},"SSR 22-23"]
[null,"For water tank",1,"x",1,{"v":1.4,"d":"1.400"},{"v":1.4,"d":"1.400"},{"v":0,"d":"0.000"},{"$f":"ROUND(IF(AND(F660:H660),C660*E660*F660*G660*H660,IF(AND(F660,G660),C660*E660*F660*G660,IF(AND(F660,H660),C660*E660*F660*H660,IF(AND(G660,H660),C660*E660*G660*H660,IF(F660,C660*E660*F660,IF(G660,C660*E660*G660,IF(H660,C660*E660*H660,C660*E660))))))),2)","v":1.96},"Sqm",{"$nulls":3},"SSR 22-23"]
[{"$nulls":13},"SSR 22-23"]
[{"$nulls":9},"Sqm",{"$f":"data!E3002","v":385.15},"SSR 22-23",{"$f":"ROUND(I662*K662,0)","v":{"v":0,"d":"0.00"}},"SSR 22-23"]
[13,"Reinforced Cement Concrete  M25 Nominal mix (Cement: Sand: Metal) corresponding Table 9 of IS 456 using 20mm size graded machine crushed hard granite metal from approved quarry including c/c of all materials like Cement, Sand, coarse aggregate, water etc to site, all marerials including labour charges such as machine mixing, laying concrete, curing etc complete but excluding cost of steel and its fabrication charges for finished item of work for  lintels ",{"$nulls":11},"SSR 19-20"]
[null,"Qty.p.27 & 28 of M.B.No.604/B/ZP/20",null,"15.07.2022",{"$nulls":9},"SSR 19-20"]
[null,"1 to 2",1,"x",2,{"v":2.63,"d":"2.630"},{"v":0.23,"d":"0.230"},{"v":0.15,"d":"0.150"},{"$f":"ROUND(IF(AND(F665:H665),C665*E665*F665*G665*H665,IF(AND(F665,G665),C665*E665*F665*G665,IF(AND(F665,H665),C665*E665*F665*H665,IF(AND(G665,H665),C665*E665*G665*H665,IF(F665,C665*E665*F665,IF(G665,C665*E665*G665,IF(H665,C665*E665*H665,C665*E665))))))),2)","v":0.18},"Cum",{"$nulls":3},"SSR 19-20"]
[null,"2 to 3",1,"x",2,{"v":3.52,"d":"3.520"},{"v":0.23,"d":"0.230"},{"v":0.15,"d":"0.150"},0.24,"Cum",{"$nulls":3},"SSR 19-20"]
[null,"3 to 4",1,"x",2,{"v":2.83,"d":"2.830"},{"v":0.23,"d":"0.230"},{"v":0.15,"d":"0.150"},{"v":0.2,"d":"0.20"},"Cum",{"$nulls":3},"SSR 19-20"]
[null,"4 to 5",1,"x",2,{"v":3.04,"d":"3.040"},{"v":0.23,"d":"0.230"},{"v":0.15,"d":"0.150"},0.21,"Cum",{"$nulls":3},"SSR 19-20"]
[null,"a to b",1,"x",2,{"v":2.85,"d":"2.850"},{"v":0.23,"d":"0.230"},{"v":0.15,"d":"0.150"},{"v":0.2,"d":"0.20"},"Cum",{"$nulls":3},"SSR 19-20"]
[null,"B to C",1,"x",2,{"v":2.55,"d":"2.550"},{"v":0.23,"d":"0.230"},{"v":0.15,"d":"0.150"},0.18,"Cum",{"$nulls":3},"SSR 19-20"]
[{"$nulls":13},"SSR 19-20"]
[{"$nulls":8},{"$f":"SUM(I665:I671)","v":1.21},"Cum",{"$f":"data!E161","v":{"v":9288.880000000001,"d":"9288.88"}},"SSR 19-20",{"$f":"ROUND(I672*K672,0)","v":{"v":11240,"d":"11240.00"}},"SSR 19-20"]
[18,"Reinforced Cement Concrete  M25 Nominal mix (Cement: Sand: Metal) corresponding Table 9 of IS 456 using 20mm size graded machine crushed hard granite metal from approved quarry including c/c of all materials like Cement, Sand, coarse aggregate, water etc to site, all marerials including labour charges such as machine mixing, laying concrete, curing etc complete but excluding cost of steel and its fabrication charges for finished item of work for  lintels etc., complete",{"$nulls":11},"SSR 20-21"]
[null,"Qty.p.7 & 8 of M.B.No.478/A/ZP/20",null,"16.06.2021",{"$nulls":9},"SSR 20-21"]
[null,"1 to 2",1,"x",2,{"v":2.6,"d":"2.600"},{"v":0.23,"d":"0.230"},{"v":0.15,"d":"0.150"},{"$f":"ROUND(IF(AND(F675:H675),C675*E675*F675*G675*H675,IF(AND(F675,G675),C675*E675*F675*G675,IF(AND(F675,H675),C675*E675*F675*H675,IF(AND(G675,H675),C675*E675*G675*H675,IF(F675,C675*E675*F675,IF(G675,C675*E675*G675,IF(H675,C675*E675*H675,C675*E675))))))),2)","v":0.18},"Cum",{"$nulls":3},"SSR 20-21"]
[null,"2 to 3",1,"x",2,{"v":3.52,"d":"3.520"},{"v":0.23,"d":"0.230"},{"v":0.15,"d":"0.150"},0.24,"Cum",{"$nulls":3},"SSR 20-21"]
[null,"3 to 4",1,"x",2,{"v":2.83,"d":"2.830"},{"v":0.23,"d":"0.230"},{"v":0.15,"d":"0.150"},{"v":0.2,"d":"0.20"},"Cum",{"$nulls":3},"SSR 20-21"]
[null,"4 to 5",1,"x",2,{"v":3.04,"d":"3.040"},{"v":0.23,"d":"0.230"},{"v":0.15,"d":"0.150"},0.21,"Cum",{"$nulls":3},"SSR 20-21"]
[null,"A to B",1,"x",1,{"v":2.85,"d":"2.850"},{"v":0.23,"d":"0.230"},{"v":0.15,"d":"0.150"},{"v":0.1,"d":"0.10"},"Cum",{"$nulls":3},"SSR 20-21"]
[null,"B to C",1,"x",1,{"v":2.55,"d":"2.550"},{"v":0.23,"d":"0.230"},{"v":0.15,"d":"0.150"},0.09,"Cum",{"$nulls":3},"SSR 20-21"]
[null,"Over door D2",1,"x",5,{"v":1.2,"d":"1.200"},0.115,{"v":0.15,"d":"0.150"},{"v":0.1,"d":"0.10"},"Cum",{"$nulls":3},"SSR 20-21"]
[null,"Over door D3",1,"x",2,{"v":1.05,"d":"1.050"},0.115,{"v":0.15,"d":"0.150"},0.04,"Cum",{"$nulls":3},"SSR 20-21"]
[{"$nulls":13},"SSR 20-21"]
[{"$nulls":9},"Cum",{"$f":"data!E1077","v":9638.93},"SSR 20-21",{"$f":"ROUND(I684*K684,0)","v":{"v":0,"d":"0.00"}},"SSR 20-21"]
[15,"Reinforced Cement Concrete  M25 Nominal mix (Cement: Sand: Metal) corresponding Table 9 of IS 456 using 20mm size graded machine crushed hard granite metal from approved quarry including c/c of all materials like Cement, Sand, coarse aggregate, water etc to site, all marerials including labour charges such as machine mixing, laying concrete, curing etc complete but excluding cost of steel and its fabrication charges for finished item of work for  lintels etc., complete",{"$nulls":11},"SSR 21-22"]
[null,"Qty.p.67 of M.B.No.790/A/ZP/19",{"$nulls":11},"SSR 21-22"]
[null,"B1E2 A1A2",1,"x",2,{"v":2.86,"d":"2.860"},{"v":0.23,"d":"0.230"},{"v":0.15,"d":"0.150"},{"$f":"ROUND(IF(AND(F687:H687),C687*E687*F687*G687*H687,IF(AND(F687,G687),C687*E687*F687*G687,IF(AND(F687,H687),C687*E687*F687*H687,IF(AND(G687,H687),C687*E687*G687*H687,IF(F687,C687*E687*F687,IF(G687,C687*E687*G687,IF(H687,C687*E687*H687,C687*E687))))))),2)","v":{"v":0.2,"d":"0.20"}},"Cum",{"$nulls":3},"SSR 21-22"]
[null,"E2E3 & A2A3",1,"x",2,{"v":4.84,"d":"4.840"},{"v":0.23,"d":"0.230"},{"v":0.15,"d":"0.150"},{"$f":"ROUND(IF(AND(F688:H688),C688*E688*F688*G688*H688,IF(AND(F688,G688),C688*E688*F688*G688,IF(AND(F688,H688),C688*E688*F688*H688,IF(AND(G688,H688),C688*E688*G688*H688,IF(F688,C688*E688*F688,IF(G688,C688*E688*G688,IF(H688,C688*E688*H688,C688*E688))))))),2)","v":0.33},"Cum",{"$nulls":3},"SSR 21-22"]
[null,"E1D1 & E2D3",1,"x",2,{"v":3.23,"d":"3.230"},{"v":0.23,"d":"0.230"},{"v":0.15,"d":"0.150"},{"$f":"ROUND(IF(AND(F689:H689),C689*E689*F689*G689*H689,IF(AND(F689,G689),C689*E689*F689*G689,IF(AND(F689,H689),C689*E689*F689*H689,IF(AND(G689,H689),C689*E689*G689*H689,IF(F689,C689*E689*F689,IF(G689,C689*E689*G689,IF(H689,C689*E689*H689,C689*E689))))))),2)","v":0.22},"Cum",{"$nulls":3},"SSR 21-22"]
[null,"B2C2",1,"x",1,{"v":2.5,"d":"2.500"},0.115,{"v":0.15,"d":"0.150"},{"$f":"ROUND(IF(AND(F690:H690),C690*E690*F690*G690*H690,IF(AND(F690,G690),C690*E690*F690*G690,IF(AND(F690,H690),C690*E690*F690*H690,IF(AND(G690,H690),C690*E690*G690*H690,IF(F690,C690*E690*F690,IF(G690,C690*E690*G690,IF(H690,C690*E690*H690,C690*E690))))))),2)","v":0.04},"Cum",{"$nulls":3},"SSR 21-22"]
[null,"C2D2",1,"x",1,{"v":2.7,"d":"2.700"},0.115,{"v":0.15,"d":"0.150"},{"$f":"ROUND(IF(AND(F691:H691),C691*E691*F691*G691*H691,IF(AND(F691,G691),C691*E691*F691*G691,IF(AND(F691,H691),C691*E691*F691*H691,IF(AND(G691,H691),C691*E691*G691*H691,IF(F691,C691*E691*F691,IF(G691,C691*E691*G691,IF(H691,C691*E691*H691,C691*E691))))))),2)","v":0.05},"Cum",{"$nulls":3},"SSR 21-22"]
[{"$nulls":13},"SSR 21-22"]
[{"$nulls":9},"Cum",{"$f":"data!E1994","v":10171.82},"SSR 21-22",{"$f":"ROUND(I693*K693,0)","v":{"v":0,"d":"0.00"}},"SSR 21-22"]
[13,"Reinforced Cement Concrete  M25 Nominal mix (Cement: Sand: Metal) corresponding Table 9 of IS 456 using 20mm size graded machine crushed hard granite metal from approved quarry including c/c of all materials like Cement, Sand, coarse aggregate, water etc to site, all marerials including labour charges such as machine mixing, laying concrete, curing etc complete but excluding cost of steel and its fabrication charges for finished item of work for  lintels etc., complete",{"$nulls":11},"SSR 22-23"]
[null,"Qty.p.56 of M.B.No.790/A/ZP/19",null,"13.09.2023",{"$nulls":9},"SSR 22-23"]
[null,"North side wall",1,"x",1,{"v":13.55,"d":"13.550"},{"v":0.23,"d":"0.230"},{"v":0.15,"d":"0.150"},{"$f":"ROUND(IF(AND(F696:H696),C696*E696*F696*G696*H696,IF(AND(F696,G696),C696*E696*F696*G696,IF(AND(F696,H696),C696*E696*F696*H696,IF(AND(G696,H696),C696*E696*G696*H696,IF(F696,C696*E696*F696,IF(G696,C696*E696*G696,IF(H696,C696*E696*H696,C696*E696))))))),2)","v":0.47},"Cum",{"$nulls":3},"SSR 22-23"]
[null,"Deduct door",1,"x",1,{"v":1.05,"d":"1.050"},{"v":0.23,"d":"0.230"},{"v":0.15,"d":"0.150"},{"$f":"-ROUND(IF(AND(F697:H697),C697*E697*F697*G697*H697,IF(AND(F697,G697),C697*E697*F697*G697,IF(AND(F697,H697),C697*E697*F697*H697,IF(AND(G697,H697),C697*E697*G697*H697,IF(F697,C697*E697*F697,IF(G697,C697*E697*G697,IF(H697,C697*E697*H697,C697*E697))))))),2)","v":-0.04},"Cum",{"$nulls":3},"SSR 22-23"]
[null,"Deduct columns",1,"x",4,{"v":0.38,"d":"0.380"},{"v":0.23,"d":"0.230"},{"v":0.15,"d":"0.150"},{"$f":"-ROUND(IF(AND(F698:H698),C698*E698*F698*G698*H698,IF(AND(F698,G698),C698*E698*F698*G698,IF(AND(F698,H698),C698*E698*F698*H698,IF(AND(G698,H698),C698*E698*G698*H698,IF(F698,C698*E698*F698,IF(G698,C698*E698*G698,IF(H698,C698*E698*H698,C698*E698))))))),2)","v":-0.05},"Cum",{"$nulls":3},"SSR 22-23"]
[null,"Deduct columns",1,"x",1,{"v":0.23,"d":"0.230"},{"v":0.23,"d":"0.230"},{"v":0.15,"d":"0.150"},{"$f":"-ROUND(IF(AND(F699:H699),C699*E699*F699*G699*H699,IF(AND(F699,G699),C699*E699*F699*G699,IF(AND(F699,H699),C699*E699*F699*H699,IF(AND(G699,H699),C699*E699*G699*H699,IF(F699,C699*E699*F699,IF(G699,C699*E699*G699,IF(H699,C699*E699*H699,C699*E699))))))),2)","v":-0.01},"Cum",{"$nulls":3},"SSR 22-23"]
[null,"south side wall",1,"x",1,{"v":13.55,"d":"13.550"},{"v":0.23,"d":"0.230"},{"v":0.15,"d":"0.150"},{"$f":"ROUND(IF(AND(F700:H700),C700*E700*F700*G700*H700,IF(AND(F700,G700),C700*E700*F700*G700,IF(AND(F700,H700),C700*E700*F700*H700,IF(AND(G700,H700),C700*E700*G700*H700,IF(F700,C700*E700*F700,IF(G700,C700*E700*G700,IF(H700,C700*E700*H700,C700*E700))))))),2)","v":0.47},"Cum",{"$nulls":3},"SSR 22-23"]
[null,"Deduct door",1,"x",1,{"v":0.8,"d":"0.800"},{"v":0.23,"d":"0.230"},{"v":0.15,"d":"0.150"},{"$f":"-ROUND(IF(AND(F701:H701),C701*E701*F701*G701*H701,IF(AND(F701,G701),C701*E701*F701*G701,IF(AND(F701,H701),C701*E701*F701*H701,IF(AND(G701,H701),C701*E701*G701*H701,IF(F701,C701*E701*F701,IF(G701,C701*E701*G701,IF(H701,C701*E701*H701,C701*E701))))))),2)","v":-0.03},"Cum",{"$nulls":3},"SSR 22-23"]
[null,"Deduct columns",1,"x",3,{"v":0.38,"d":"0.380"},{"v":0.23,"d":"0.230"},{"v":0.15,"d":"0.150"},{"$f":"-ROUND(IF(AND(F702:H702),C702*E702*F702*G702*H702,IF(AND(F702,G702),C702*E702*F702*G702,IF(AND(F702,H702),C702*E702*F702*H702,IF(AND(G702,H702),C702*E702*G702*H702,IF(F702,C702*E702*F702,IF(G702,C702*E702*G702,IF(H702,C702*E702*H702,C702*E702))))))),2)","v":-0.04},"Cum",{"$nulls":3},"SSR 22-23"]
[null,"Deduct columns",1,"x",2,{"v":0.23,"d":"0.230"},{"v":0.23,"d":"0.230"},{"v":0.15,"d":"0.150"},{"$f":"-ROUND(IF(AND(F703:H703),C703*E703*F703*G703*H703,IF(AND(F703,G703),C703*E703*F703*G703,IF(AND(F703,H703),C703*E703*F703*H703,IF(AND(G703,H703),C703*E703*G703*H703,IF(F703,C703*E703*F703,IF(G703,C703*E703*G703,IF(H703,C703*E703*H703,C703*E703))))))),2)","v":-0.02},"Cum",{"$nulls":3},"SSR 22-23"]
[null,"East side wall",1,"x",1,{"v":6.41,"d":"6.410"},{"v":0.23,"d":"0.230"},{"v":0.15,"d":"0.150"},0.22,"Cum",{"$nulls":3},"SSR 22-23"]
[null,"Deduct column",1,"x",3,{"v":0.38,"d":"0.380"},{"v":0.23,"d":"0.230"},{"v":0.15,"d":"0.150"},{"$f":"-ROUND(IF(AND(F705:H705),C705*E705*F705*G705*H705,IF(AND(F705,G705),C705*E705*F705*G705,IF(AND(F705,H705),C705*E705*F705*H705,IF(AND(G705,H705),C705*E705*G705*H705,IF(F705,C705*E705*F705,IF(G705,C705*E705*G705,IF(H705,C705*E705*H705,C705*E705))))))),2)","v":-0.04},"Cum",{"$nulls":3},"SSR 22-23"]
[null,"West side wall",1,"x",1,{"v":6.41,"d":"6.410"},{"v":0.23,"d":"0.230"},{"v":0.15,"d":"0.150"},0.22,"Cum",{"$nulls":3},"SSR 22-23"]
[null,"Deduct door",1,"x",1,{"v":1.05,"d":"1.050"},{"v":0.23,"d":"0.230"},{"v":0.15,"d":"0.150"},{"$f":"-ROUND(IF(AND(F707:H707),C707*E707*F707*G707*H707,IF(AND(F707,G707),C707*E707*F707*G707,IF(AND(F707,H707),C707*E707*F707*H707,IF(AND(G707,H707),C707*E707*G707*H707,IF(F707,C707*E707*F707,IF(G707,C707*E707*G707,IF(H707,C707*E707*H707,C707*E707))))))),2)","v":-0.04},"Cum",{"$nulls":3},"SSR 22-23"]
[null,"Deduct column",1,"x",2,{"v":0.38,"d":"0.380"},{"v":0.23,"d":"0.230"},{"v":0.15,"d":"0.150"},{"$f":"-ROUND(IF(AND(F708:H708),C708*E708*F708*G708*H708,IF(AND(F708,G708),C708*E708*F708*G708,IF(AND(F708,H708),C708*E708*F708*H708,IF(AND(G708,H708),C708*E708*G708*H708,IF(F708,C708*E708*F708,IF(G708,C708*E708*G708,IF(H708,C708*E708*H708,C708*E708))))))),2)","v":-0.03},"Cum",{"$nulls":3},"SSR 22-23"]
[null,"Deduct column",1,"x",1,{"v":0.23,"d":"0.230"},{"v":0.23,"d":"0.230"},{"v":0.15,"d":"0.150"},{"$f":"-ROUND(IF(AND(F709:H709),C709*E709*F709*G709*H709,IF(AND(F709,G709),C709*E709*F709*G709,IF(AND(F709,H709),C709*E709*F709*H709,IF(AND(G709,H709),C709*E709*G709*H709,IF(F709,C709*E709*F709,IF(G709,C709*E709*G709,IF(H709,C709*E709*H709,C709*E709))))))),2)","v":-0.01},"Cum",{"$nulls":3},"SSR 22-23"]
[null,"Examination west side wall",1,"x",1,{"v":2.72,"d":"2.720"},0.115,{"v":0.15,"d":"0.150"},0.05,"Cum",{"$nulls":3},"SSR 22-23"]
[null,"North side wall",1,"x",1,{"v":2.51,"d":"2.510"},0.115,{"v":0.15,"d":"0.150"},0.04,"Cum",{"$nulls":3},"SSR 22-23"]
[null,"Deduct door",1,"x",1,{"v":0.9,"d":"0.900"},0.115,{"v":0.15,"d":"0.150"},{"$f":"-ROUND(IF(AND(F712:H712),C712*E712*F712*G712*H712,IF(AND(F712,G712),C712*E712*F712*G712,IF(AND(F712,H712),C712*E712*F712*H712,IF(AND(G712,H712),C712*E712*G712*H712,IF(F712,C712*E712*F712,IF(G712,C712*E712*G712,IF(H712,C712*E712*H712,C712*E712))))))),2)","v":-0.02},"Cum",{"$nulls":3},"SSR 22-23"]
[null,"tiolet-1 north side wall",1,"x",1,{"v":1.3,"d":"1.300"},0.115,{"v":0.15,"d":"0.150"},0.02,"Cum",{"$nulls":3},"SSR 22-23"]
[null,"Deduct door",1,"x",1,{"v":0.75,"d":"0.750"},0.115,{"v":0.15,"d":"0.150"},{"$f":"-ROUND(IF(AND(F714:H714),C714*E714*F714*G714*H714,IF(AND(F714,G714),C714*E714*F714*G714,IF(AND(F714,H714),C714*E714*F714*H714,IF(AND(G714,H714),C714*E714*G714*H714,IF(F714,C714*E714*F714,IF(G714,C714*E714*G714,IF(H714,C714*E714*H714,C714*E714))))))),2)","v":-0.01},"Cum",{"$nulls":3},"SSR 22-23"]
[null,"Lab and store room east side wall",1,"x",1,{"v":2.95,"d":"2.950"},0.115,{"v":0.15,"d":"0.150"},0.05,"Cum",{"$nulls":3},"SSR 22-23"]
[null,"Deduct door",1,"x",1,{"v":0.9,"d":"0.900"},0.115,{"v":0.15,"d":"0.150"},{"$f":"-ROUND(IF(AND(F716:H716),C716*E716*F716*G716*H716,IF(AND(F716,G716),C716*E716*F716*G716,IF(AND(F716,H716),C716*E716*F716*H716,IF(AND(G716,H716),C716*E716*G716*H716,IF(F716,C716*E716*F716,IF(G716,C716*E716*G716,IF(H716,C716*E716*H716,C716*E716))))))),2)","v":-0.02},"Cum",{"$nulls":3},"SSR 22-23"]
[null,"West side wall",1,"x",1,{"v":2.72,"d":"2.720"},0.115,{"v":0.15,"d":"0.150"},0.05,"Cum",{"$nulls":3},"SSR 22-23"]
[null,"North side wall",1,"x",1,{"v":2,"d":"2.000"},0.115,{"v":0.15,"d":"0.150"},0.03,"Cum",{"$nulls":3},"SSR 22-23"]
[null,"Bed room west side wall",1,"x",1,{"v":2.57,"d":"2.570"},0.115,{"v":0.15,"d":"0.150"},0.04,"Cum",{"$nulls":3},"SSR 22-23"]
[null,"North side wall",1,"x",1,{"v":2.75,"d":"2.750"},0.115,{"v":0.15,"d":"0.150"},0.05,"Cum",{"$nulls":3},"SSR 22-23"]
[null,"Deduct door",1,"x",1,{"v":0.9,"d":"0.900"},0.115,{"v":0.15,"d":"0.150"},{"$f":"-ROUND(IF(AND(F721:H721),C721*E721*F721*G721*H721,IF(AND(F721,G721),C721*E721*F721*G721,IF(AND(F721,H721),C721*E721*F721*H721,IF(AND(G721,H721),C721*E721*G721*H721,IF(F721,C721*E721*F721,IF(G721,C721*E721*G721,IF(H721,C721*E721*H721,C721*E721))))))),2)","v":-0.02},"Cum",{"$nulls":3},"SSR 22-23"]
[null,"tiolet-2 north side wall",1,"x",1,{"v":1.3,"d":"1.300"},0.115,{"v":0.15,"d":"0.150"},0.02,"Cum",{"$nulls":3},"SSR 22-23"]
[null,"Deduct door",1,"x",1,{"v":0.75,"d":"0.750"},0.115,{"v":0.15,"d":"0.150"},{"$f":"-ROUND(IF(AND(F723:H723),C723*E723*F723*G723*H723,IF(AND(F723,G723),C723*E723*F723*G723,IF(AND(F723,H723),C723*E723*F723*H723,IF(AND(G723,H723),C723*E723*G723*H723,IF(F723,C723*E723*F723,IF(G723,C723*E723*G723,IF(H723,C723*E723*H723,C723*E723))))))),2)","v":-0.01},"Cum",{"$nulls":3},"SSR 22-23"]
[null,"Kitchen east side wall",1,"x",1,{"v":2.95,"d":"2.950"},0.115,{"v":0.15,"d":"0.150"},0.05,"Cum",{"$nulls":3},"SSR 22-23"]
[null,"North side wall",1,"x",1,{"v":1.8,"d":"1.800"},0.115,{"v":0.15,"d":"0.150"},0.03,"Cum",{"$nulls":3},"SSR 22-23"]
[null,"Deduct door",1,"x",1,{"v":0.8,"d":"0.800"},0.115,{"v":0.15,"d":"0.150"},{"$f":"-ROUND(IF(AND(F726:H726),C726*E726*F726*G726*H726,IF(AND(F726,G726),C726*E726*F726*G726,IF(AND(F726,H726),C726*E726*F726*H726,IF(AND(G726,H726),C726*E726*G726*H726,IF(F726,C726*E726*F726,IF(G726,C726*E726*G726,IF(H726,C726*E726*H726,C726*E726))))))),2)","v":-0.01},"Cum",{"$nulls":3},"SSR 22-23"]
[null,"Lobby and living room separate wall",1,"x",1,{"v":3,"d":"3.000"},0.115,{"v":0.15,"d":"0.150"},0.05,"Cum",{"$nulls":3},"SSR 22-23"]
[null,"Qty.p.67 of M.B.No.790/A/ZP/19",null,"20.09.2023",{"$nulls":9},"SSR 22-23"]
[null,"North side wall",1,"x",1,{"v":13.55,"d":"13.550"},{"v":0.23,"d":"0.230"},{"v":0.15,"d":"0.150"},{"$f":"ROUND(IF(AND(F729:H729),C729*E729*F729*G729*H729,IF(AND(F729,G729),C729*E729*F729*G729,IF(AND(F729,H729),C729*E729*F729*H729,IF(AND(G729,H729),C729*E729*G729*H729,IF(F729,C729*E729*F729,IF(G729,C729*E729*G729,IF(H729,C729*E729*H729,C729*E729))))))),2)","v":0.47},"Cum",{"$nulls":3},"SSR 22-23"]
[null,"Deduct door",1,"x",1,{"v":1.05,"d":"1.050"},{"v":0.23,"d":"0.230"},{"v":0.15,"d":"0.150"},{"$f":"-ROUND(IF(AND(F730:H730),C730*E730*F730*G730*H730,IF(AND(F730,G730),C730*E730*F730*G730,IF(AND(F730,H730),C730*E730*F730*H730,IF(AND(G730,H730),C730*E730*G730*H730,IF(F730,C730*E730*F730,IF(G730,C730*E730*G730,IF(H730,C730*E730*H730,C730*E730))))))),2)","v":-0.04},"Cum",{"$nulls":3},"SSR 22-23"]
[null,"Deduct columns",1,"x",4,{"v":0.38,"d":"0.380"},{"v":0.23,"d":"0.230"},{"v":0.15,"d":"0.150"},{"$f":"-ROUND(IF(AND(F731:H731),C731*E731*F731*G731*H731,IF(AND(F731,G731),C731*E731*F731*G731,IF(AND(F731,H731),C731*E731*F731*H731,IF(AND(G731,H731),C731*E731*G731*H731,IF(F731,C731*E731*F731,IF(G731,C731*E731*G731,IF(H731,C731*E731*H731,C731*E731))))))),2)","v":-0.05},"Cum",{"$nulls":3},"SSR 22-23"]
[null,"Deduct columns",1,"x",1,{"v":0.23,"d":"0.230"},{"v":0.23,"d":"0.230"},{"v":0.15,"d":"0.150"},{"$f":"-ROUND(IF(AND(F732:H732),C732*E732*F732*G732*H732,IF(AND(F732,G732),C732*E732*F732*G732,IF(AND(F732,H732),C732*E732*F732*H732,IF(AND(G732,H732),C732*E732*G732*H732,IF(F732,C732*E732*F732,IF(G732,C732*E732*G732,IF(H732,C732*E732*H732,C732*E732))))))),2)","v":-0.01},"Cum",{"$nulls":3},"SSR 22-23"]
[null,"south side wall",1,"x",1,{"v":13.55,"d":"13.550"},{"v":0.23,"d":"0.230"},{"v":0.15,"d":"0.150"},{"$f":"ROUND(IF(AND(F733:H733),C733*E733*F733*G733*H733,IF(AND(F733,G733),C733*E733*F733*G733,IF(AND(F733,H733),C733*E733*F733*H733,IF(AND(G733,H733),C733*E733*G733*H733,IF(F733,C733*E733*F733,IF(G733,C733*E733*G733,IF(H733,C733*E733*H733,C733*E733))))))),2)","v":0.47},"Cum",{"$nulls":3},"SSR 22-23"]
[null,"Deduct door",1,"x",1,{"v":0.8,"d":"0.800"},{"v":0.23,"d":"0.230"},{"v":0.15,"d":"0.150"},{"$f":"-ROUND(IF(AND(F734:H734),C734*E734*F734*G734*H734,IF(AND(F734,G734),C734*E734*F734*G734,IF(AND(F734,H734),C734*E734*F734*H734,IF(AND(G734,H734),C734*E734*G734*H734,IF(F734,C734*E734*F734,IF(G734,C734*E734*G734,IF(H734,C734*E734*H734,C734*E734))))))),2)","v":-0.03},"Cum",{"$nulls":3},"SSR 22-23"]
[null,"Deduct columns",1,"x",3,{"v":0.38,"d":"0.380"},{"v":0.23,"d":"0.230"},{"v":0.15,"d":"0.150"},{"$f":"-ROUND(IF(AND(F735:H735),C735*E735*F735*G735*H735,IF(AND(F735,G735),C735*E735*F735*G735,IF(AND(F735,H735),C735*E735*F735*H735,IF(AND(G735,H735),C735*E735*G735*H735,IF(F735,C735*E735*F735,IF(G735,C735*E735*G735,IF(H735,C735*E735*H735,C735*E735))))))),2)","v":-0.04},"Cum",{"$nulls":3},"SSR 22-23"]
[null,"Deduct columns",1,"x",2,{"v":0.23,"d":"0.230"},{"v":0.23,"d":"0.230"},{"v":0.15,"d":"0.150"},{"$f":"-ROUND(IF(AND(F736:H736),C736*E736*F736*G736*H736,IF(AND(F736,G736),C736*E736*F736*G736,IF(AND(F736,H736),C736*E736*F736*H736,IF(AND(G736,H736),C736*E736*G736*H736,IF(F736,C736*E736*F736,IF(G736,C736*E736*G736,IF(H736,C736*E736*H736,C736*E736))))))),2)","v":-0.02},"Cum",{"$nulls":3},"SSR 22-23"]
[null,"East side wall",1,"x",1,{"v":6.41,"d":"6.410"},{"v":0.23,"d":"0.230"},{"v":0.15,"d":"0.150"},{"$f":"ROUND(IF(AND(F737:H737),C737*E737*F737*G737*H737,IF(AND(F737,G737),C737*E737*F737*G737,IF(AND(F737,H737),C737*E737*F737*H737,IF(AND(G737,H737),C737*E737*G737*H737,IF(F737,C737*E737*F737,IF(G737,C737*E737*G737,IF(H737,C737*E737*H737,C737*E737))))))),2)","v":0.22},"Cum",{"$nulls":3},"SSR 22-23"]
[null,"Deduct column",1,"x",3,{"v":0.38,"d":"0.380"},{"v":0.23,"d":"0.230"},{"v":0.15,"d":"0.150"},{"$f":"-ROUND(IF(AND(F738:H738),C738*E738*F738*G738*H738,IF(AND(F738,G738),C738*E738*F738*G738,IF(AND(F738,H738),C738*E738*F738*H738,IF(AND(G738,H738),C738*E738*G738*H738,IF(F738,C738*E738*F738,IF(G738,C738*E738*G738,IF(H738,C738*E738*H738,C738*E738))))))),2)","v":-0.04},"Cum",{"$nulls":3},"SSR 22-23"]
[null,"West side wall",1,"x",1,{"v":6.41,"d":"6.410"},{"v":0.23,"d":"0.230"},{"v":0.15,"d":"0.150"},{"$f":"ROUND(IF(AND(F739:H739),C739*E739*F739*G739*H739,IF(AND(F739,G739),C739*E739*F739*G739,IF(AND(F739,H739),C739*E739*F739*H739,IF(AND(G739,H739),C739*E739*G739*H739,IF(F739,C739*E739*F739,IF(G739,C739*E739*G739,IF(H739,C739*E739*H739,C739*E739))))))),2)","v":0.22},"Cum",{"$nulls":3},"SSR 22-23"]
[null,"Deduct door",1,"x",1,{"v":1.05,"d":"1.050"},{"v":0.23,"d":"0.230"},{"v":0.15,"d":"0.150"},{"$f":"-ROUND(IF(AND(F740:H740),C740*E740*F740*G740*H740,IF(AND(F740,G740),C740*E740*F740*G740,IF(AND(F740,H740),C740*E740*F740*H740,IF(AND(G740,H740),C740*E740*G740*H740,IF(F740,C740*E740*F740,IF(G740,C740*E740*G740,IF(H740,C740*E740*H740,C740*E740))))))),2)","v":-0.04},"Cum",{"$nulls":3},"SSR 22-23"]
[null,"Deduct column",1,"x",2,{"v":0.38,"d":"0.380"},{"v":0.23,"d":"0.230"},{"v":0.15,"d":"0.150"},{"$f":"-ROUND(IF(AND(F741:H741),C741*E741*F741*G741*H741,IF(AND(F741,G741),C741*E741*F741*G741,IF(AND(F741,H741),C741*E741*F741*H741,IF(AND(G741,H741),C741*E741*G741*H741,IF(F741,C741*E741*F741,IF(G741,C741*E741*G741,IF(H741,C741*E741*H741,C741*E741))))))),2)","v":-0.03},"Cum",{"$nulls":3},"SSR 22-23"]
[null,"Deduct column",1,"x",1,{"v":0.23,"d":"0.230"},{"v":0.23,"d":"0.230"},{"v":0.15,"d":"0.150"},{"$f":"-ROUND(IF(AND(F742:H742),C742*E742*F742*G742*H742,IF(AND(F742,G742),C742*E742*F742*G742,IF(AND(F742,H742),C742*E742*F742*H742,IF(AND(G742,H742),C742*E742*G742*H742,IF(F742,C742*E742*F742,IF(G742,C742*E742*G742,IF(H742,C742*E742*H742,C742*E742))))))),2)","v":-0.01},"Cum",{"$nulls":3},"SSR 22-23"]
[null,"Examination west side wall",1,"x",1,{"v":2.72,"d":"2.720"},0.115,{"v":0.15,"d":"0.150"},{"$f":"ROUND(IF(AND(F743:H743),C743*E743*F743*G743*H743,IF(AND(F743,G743),C743*E743*F743*G743,IF(AND(F743,H743),C743*E743*F743*H743,IF(AND(G743,H743),C743*E743*G743*H743,IF(F743,C743*E743*F743,IF(G743,C743*E743*G743,IF(H743,C743*E743*H743,C743*E743))))))),2)","v":0.05},"Cum",{"$nulls":3},"SSR 22-23"]
[null,"North side wall",1,"x",1,{"v":2.51,"d":"2.510"},0.115,{"v":0.15,"d":"0.150"},0.04,"Cum",{"$nulls":3},"SSR 22-23"]
[null,"Deduct door",1,"x",1,{"v":0.9,"d":"0.900"},0.115,{"v":0.15,"d":"0.150"},{"$f":"-ROUND(IF(AND(F745:H745),C745*E745*F745*G745*H745,IF(AND(F745,G745),C745*E745*F745*G745,IF(AND(F745,H745),C745*E745*F745*H745,IF(AND(G745,H745),C745*E745*G745*H745,IF(F745,C745*E745*F745,IF(G745,C745*E745*G745,IF(H745,C745*E745*H745,C745*E745))))))),2)","v":-0.02},"Cum",{"$nulls":3},"SSR 22-23"]
[null,"tiolet-1 north side wall",1,"x",1,{"v":1.3,"d":"1.300"},0.115,{"v":0.15,"d":"0.150"},{"$f":"ROUND(IF(AND(F746:H746),C746*E746*F746*G746*H746,IF(AND(F746,G746),C746*E746*F746*G746,IF(AND(F746,H746),C746*E746*F746*H746,IF(AND(G746,H746),C746*E746*G746*H746,IF(F746,C746*E746*F746,IF(G746,C746*E746*G746,IF(H746,C746*E746*H746,C746*E746))))))),2)","v":0.02},"Cum",{"$nulls":3},"SSR 22-23"]
[null,"Deduct door",1,"x",1,{"v":0.75,"d":"0.750"},0.115,{"v":0.15,"d":"0.150"},{"$f":"-ROUND(IF(AND(F747:H747),C747*E747*F747*G747*H747,IF(AND(F747,G747),C747*E747*F747*G747,IF(AND(F747,H747),C747*E747*F747*H747,IF(AND(G747,H747),C747*E747*G747*H747,IF(F747,C747*E747*F747,IF(G747,C747*E747*G747,IF(H747,C747*E747*H747,C747*E747))))))),2)","v":-0.01},"Cum",{"$nulls":3},"SSR 22-23"]
[null,"Lab and store room east side wall",1,"x",1,{"v":2.95,"d":"2.950"},0.115,{"v":0.15,"d":"0.150"},{"$f":"ROUND(IF(AND(F748:H748),C748*E748*F748*G748*H748,IF(AND(F748,G748),C748*E748*F748*G748,IF(AND(F748,H748),C748*E748*F748*H748,IF(AND(G748,H748),C748*E748*G748*H748,IF(F748,C748*E748*F748,IF(G748,C748*E748*G748,IF(H748,C748*E748*H748,C748*E748))))))),2)","v":0.05},"Cum",{"$nulls":3},"SSR 22-23"]
[null,"Deduct door",1,"x",1,{"v":0.9,"d":"0.900"},0.115,{"v":0.15,"d":"0.150"},{"$f":"-ROUND(IF(AND(F749:H749),C749*E749*F749*G749*H749,IF(AND(F749,G749),C749*E749*F749*G749,IF(AND(F749,H749),C749*E749*F749*H749,IF(AND(G749,H749),C749*E749*G749*H749,IF(F749,C749*E749*F749,IF(G749,C749*E749*G749,IF(H749,C749*E749*H749,C749*E749))))))),2)","v":-0.02},"Cum",{"$nulls":3},"SSR 22-23"]
[null,"West side wall",1,"x",1,{"v":2.72,"d":"2.720"},0.115,{"v":0.15,"d":"0.150"},{"$f":"ROUND(IF(AND(F750:H750),C750*E750*F750*G750*H750,IF(AND(F750,G750),C750*E750*F750*G750,IF(AND(F750,H750),C750*E750*F750*H750,IF(AND(G750,H750),C750*E750*G750*H750,IF(F750,C750*E750*F750,IF(G750,C750*E750*G750,IF(H750,C750*E750*H750,C750*E750))))))),2)","v":0.05},"Cum",{"$nulls":3},"SSR 22-23"]
[null,"North side wall",1,"x",1,{"v":2,"d":"2.000"},0.115,{"v":0.15,"d":"0.150"},0.03,"Cum",{"$nulls":3},"SSR 22-23"]
[null,"Bed room west side wall",1,"x",1,{"v":2.57,"d":"2.570"},0.115,{"v":0.15,"d":"0.150"},0.04,"Cum",{"$nulls":3},"SSR 22-23"]
[null,"North side wall",1,"x",1,{"v":2.75,"d":"2.750"},0.115,{"v":0.15,"d":"0.150"},0.05,"Cum",{"$nulls":3},"SSR 22-23"]
[null,"Deduct door",1,"x",1,{"v":0.9,"d":"0.900"},0.115,{"v":0.15,"d":"0.150"},{"$f":"-ROUND(IF(AND(F754:H754),C754*E754*F754*G754*H754,IF(AND(F754,G754),C754*E754*F754*G754,IF(AND(F754,H754),C754*E754*F754*H754,IF(AND(G754,H754),C754*E754*G754*H754,IF(F754,C754*E754*F754,IF(G754,C754*E754*G754,IF(H754,C754*E754*H754,C754*E754))))))),2)","v":-0.02},"Cum",{"$nulls":3},"SSR 22-23"]
[null,"tiolet-2 north side wall",1,"x",1,{"v":1.3,"d":"1.300"},0.115,{"v":0.15,"d":"0.150"},{"$f":"ROUND(IF(AND(F755:H755),C755*E755*F755*G755*H755,IF(AND(F755,G755),C755*E755*F755*G755,IF(AND(F755,H755),C755*E755*F755*H755,IF(AND(G755,H755),C755*E755*G755*H755,IF(F755,C755*E755*F755,IF(G755,C755*E755*G755,IF(H755,C755*E755*H755,C755*E755))))))),2)","v":0.02},"Cum",{"$nulls":3},"SSR 22-23"]
[null,"Deduct door",1,"x",1,{"v":0.75,"d":"0.750"},0.115,{"v":0.15,"d":"0.150"},{"$f":"-ROUND(IF(AND(F756:H756),C756*E756*F756*G756*H756,IF(AND(F756,G756),C756*E756*F756*G756,IF(AND(F756,H756),C756*E756*F756*H756,IF(AND(G756,H756),C756*E756*G756*H756,IF(F756,C756*E756*F756,IF(G756,C756*E756*G756,IF(H756,C756*E756*H756,C756*E756))))))),2)","v":-0.01},"Cum",{"$nulls":3},"SSR 22-23"]
[null,"Kitchen east side wall",1,"x",1,{"v":2.95,"d":"2.950"},0.115,{"v":0.15,"d":"0.150"},{"$f":"ROUND(IF(AND(F757:H757),C757*E757*F757*G757*H757,IF(AND(F757,G757),C757*E757*F757*G757,IF(AND(F757,H757),C757*E757*F757*H757,IF(AND(G757,H757),C757*E757*G757*H757,IF(F757,C757*E757*F757,IF(G757,C757*E757*G757,IF(H757,C757*E757*H757,C757*E757))))))),2)","v":0.05},"Cum",{"$nulls":3},"SSR 22-23"]
[null,"North side wall",1,"x",1,{"v":1.8,"d":"1.800"},0.115,{"v":0.15,"d":"0.150"},0.03,"Cum",{"$nulls":3},"SSR 22-23"]
[null,"Deduct door",1,"x",1,{"v":0.8,"d":"0.800"},0.115,{"v":0.15,"d":"0.150"},{"$f":"-ROUND(IF(AND(F759:H759),C759*E759*F759*G759*H759,IF(AND(F759,G759),C759*E759*F759*G759,IF(AND(F759,H759),C759*E759*F759*H759,IF(AND(G759,H759),C759*E759*G759*H759,IF(F759,C759*E759*F759,IF(G759,C759*E759*G759,IF(H759,C759*E759*H759,C759*E759))))))),2)","v":-0.01},"Cum",{"$nulls":3},"SSR 22-23"]
[null,"Lobby and living room separate wall",1,"x",1,{"v":3,"d":"3.000"},0.115,{"v":0.15,"d":"0.150"},{"$f":"ROUND(IF(AND(F760:H760),C760*E760*F760*G760*H760,IF(AND(F760,G760),C760*E760*F760*G760,IF(AND(F760,H760),C760*E760*F760*H760,IF(AND(G760,H760),C760*E760*G760*H760,IF(F760,C760*E760*F760,IF(G760,C760*E760*G760,IF(H760,C760*E760*H760,C760*E760))))))),2)","v":0.05},"Cum",{"$nulls":3},"SSR 22-23"]
[{"$nulls":13},"SSR 22-23"]
[{"$nulls":9},"Cum",{"$f":"data!E2911","v":{"v":10584.6,"d":"10584.60"}},"SSR 22-23",{"$f":"ROUND(I762*K762,0)","v":{"v":0,"d":"0.00"}},"SSR 22-23"]
[14,"~do~ for  sunshades etc., complete",{"$nulls":11},"SSR 19-20"]
[null,"Qty.p.28 of M.B.No.604/B/ZP/20",null,"15.07.2022",{"$nulls":9},"SSR 19-20"]
[null,null,1,"x",5,{"v":1.5,"d":"1.500"},{"v":0,"d":"0.000"},{"v":0,"d":"0.000"},{"$f":"ROUND(IF(AND(F765:H765),C765*E765*F765*G765*H765,IF(AND(F765,G765),C765*E765*F765*G765,IF(AND(F765,H765),C765*E765*F765*H765,IF(AND(G765,H765),C765*E765*G765*H765,IF(F765,C765*E765*F765,IF(G765,C765*E765*G765,IF(H765,C765*E765*H765,C765*E765))))))),2)","v":{"v":7.5,"d":"7.50"}},"Rm",{"$nulls":3},"SSR 19-20"]
[{"$nulls":13},"SSR 19-20"]
[{"$nulls":8},{"$f":"SUM(I765:I766)","v":{"v":7.5,"d":"7.50"}},"Rm",{"$f":"data!E224","v":{"v":474.8399999999999,"d":"474.84"}},"SSR 19-20",{"$f":"ROUND(I767*K767,0)","v":{"v":3561,"d":"3561.00"}},"SSR 19-20"]
[19,"~do~ for  sunshades etc., complete",{"$nulls":11},"SSR 20-21"]
[null,"Qty.p.8 & 9 of M.B.No.478/A/ZP/20",null,"16.06.2021",{"$nulls":9},"SSR 20-21"]
[null,null,1,"x",7,{"v":1.5,"d":"1.500"},{"v":0,"d":"0.000"},{"v":0,"d":"0.000"},{"$f":"ROUND(IF(AND(F770:H770),C770*E770*F770*G770*H770,IF(AND(F770,G770),C770*E770*F770*G770,IF(AND(F770,H770),C770*E770*F770*H770,IF(AND(G770,H770),C770*E770*G770*H770,IF(F770,C770*E770*F770,IF(G770,C770*E770*G770,IF(H770,C770*E770*H770,C770*E770))))))),2)","v":{"v":10.5,"d":"10.50"}},"Rm",{"$nulls":3},"SSR 20-21"]
[{"$nulls":13},"SSR 20-21"]
[{"$nulls":9},"Rm",{"$f":"data!E1140","v":{"v":482.90999999999997,"d":"482.91"}},"SSR 20-21",{"$f":"ROUND(I772*K772,0)","v":{"v":0,"d":"0.00"}},"SSR 20-21"]
[16,"~do~ for  sunshades etc., complete",{"$nulls":11},"SSR 21-22"]
[null,"Qty.p.82 of M.B.No.790/A/ZP/19",{"$nulls":11},"SSR 21-22"]
[null,null,1,"x",5,{"v":1.8,"d":"1.800"},{"v":0,"d":"0.000"},{"v":0,"d":"0.000"},{"$f":"ROUND(IF(AND(F775:H775),C775*E775*F775*G775*H775,IF(AND(F775,G775),C775*E775*F775*G775,IF(AND(F775,H775),C775*E775*F775*H775,IF(AND(G775,H775),C775*E775*G775*H775,IF(F775,C775*E775*F775,IF(G775,C775*E775*G775,IF(H775,C775*E775*H775,C775*E775))))))),2)","v":{"v":9,"d":"9.00"}},"Rm",{"$nulls":3},"SSR 21-22"]
[null,null,1,"x",1,{"v":2.7,"d":"2.700"},{"v":0,"d":"0.000"},{"v":0,"d":"0.000"},{"$f":"ROUND(IF(AND(F776:H776),C776*E776*F776*G776*H776,IF(AND(F776,G776),C776*E776*F776*G776,IF(AND(F776,H776),C776*E776*F776*H776,IF(AND(G776,H776),C776*E776*G776*H776,IF(F776,C776*E776*F776,IF(G776,C776*E776*G776,IF(H776,C776*E776*H776,C776*E776))))))),2)","v":{"v":2.7,"d":"2.70"}},"Rm",{"$nulls":3},"SSR 21-22"]
[{"$nulls":13},"SSR 21-22"]
[{"$nulls":9},"Rm",{"$f":"data!E2057","v":{"v":507.79999999999995,"d":"507.80"}},"SSR 21-22",{"$f":"ROUND(I778*K778,0)","v":{"v":0,"d":"0.00"}},"SSR 21-22"]
[14,"~do~ for  sunshades etc., complete",{"$nulls":11},"SSR 22-23"]
[null,"Qty.p.68 of M.B.No.790/A/ZP/19",null,"20.09.2023",{"$nulls":9},"SSR 22-23"]
[null,null,1,"x",4,{"v":1.5,"d":"1.500"},{"v":0,"d":"0.000"},{"v":0,"d":"0.000"},{"$f":"ROUND(IF(AND(F781:H781),C781*E781*F781*G781*H781,IF(AND(F781,G781),C781*E781*F781*G781,IF(AND(F781,H781),C781*E781*F781*H781,IF(AND(G781,H781),C781*E781*G781*H781,IF(F781,C781*E781*F781,IF(G781,C781*E781*G781,IF(H781,C781*E781*H781,C781*E781))))))),2)","v":{"v":6,"d":"6.00"}},"Rm",{"$nulls":3},"SSR 22-23"]
[{"$nulls":13},"SSR 22-23"]
[{"$nulls":9},"Rm",{"$f":"data!E2974","v":518.52},"SSR 22-23",{"$f":"ROUND(I783*K783,0)","v":{"v":0,"d":"0.00"}},"SSR 22-23"]
[15,"Providing impervious coat to exposed RCC Roof Slab surface with CM (1:3) 12mm thick with 1Kg of water proof compound per bag of Cement laid over roof when it is green including c/c of all materials and labour charges for mixing mortar, laying, rendering smooth and thread lining of wall & slab etc complete for finished item of work (APSS 901,903) ",{"$nulls":11},"SSR 19-20"]
[null,"Qty.p.26 & 27 of M.B.No.103/A/ZP/22",null,"27.09.2023",{"$nulls":9},"SSR 19-20"]
[null,null,1,"x",1,{"v":14.1,"d":"14.100"},{"v":8.25,"d":"8.250"},{"v":0,"d":"0.000"},{"$f":"ROUND(IF(AND(F786:H786),C786*E786*F786*G786*H786,IF(AND(F786,G786),C786*E786*F786*G786,IF(AND(F786,H786),C786*E786*F786*H786,IF(AND(G786,H786),C786*E786*G786*H786,IF(F786,C786*E786*F786,IF(G786,C786*E786*G786,IF(H786,C786*E786*H786,C786*E786))))))),2)","v":116.33},"Sqm",{"$nulls":3},"SSR 19-20"]
[null,null,1,"x",2,{"v":3.05,"d":"3.050"},{"v":0.9,"d":"0.900"},{"v":0,"d":"0.000"},5.49,"Sqm",{"$nulls":3},"SSR 19-20"]
[null,"Deduct dummy columns",1,"x",15,{"v":0.3,"d":"0.300"},{"v":0.45,"d":"0.450"},{"v":0,"d":"0.000"},{"$f":"-ROUND(IF(AND(F788:H788),C788*E788*F788*G788*H788,IF(AND(F788,G788),C788*E788*F788*G788,IF(AND(F788,H788),C788*E788*F788*H788,IF(AND(G788,H788),C788*E788*G788*H788,IF(F788,C788*E788*F788,IF(G788,C788*E788*G788,IF(H788,C788*E788*H788,C788*E788))))))),2)","v":-2.03},"Sqm",{"$nulls":3},"SSR 19-20"]
[{"$nulls":13},"SSR 19-20"]
[{"$nulls":9},"Sqm",{"$f":"data!E568","v":259.97},"SSR 19-20",{"$f":"ROUND(I790*K790,0)","v":{"v":0,"d":"0.00"}},"SSR 19-20"]
[20,"Providing impervious coat to exposed RCC Roof Slab surface with CM (1:3) 12mm thick with 1Kg of water proof compound per bag of Cement laid over roof when it is green including c/c of all materials and labour charges for mixing mortar, laying, rendering smooth and thread lining of wall & slab etc complete for finished item of work (APSS 901,903) ",{"$nulls":11},"SSR 20-21"]
[null,"Qty.p.32 & 33 of M.B.No.478/A/ZP/19",null,"22.07.2021",{"$nulls":9},"SSR 20-21"]
[null,"Roof slab center portion",1,"x",1,{"v":14.2,"d":"14.200"},{"v":4.87,"d":"4.870"},{"v":0,"d":"0.000"},{"$f":"ROUND(IF(AND(F793:H793),C793*E793*F793*G793*H793,IF(AND(F793,G793),C793*E793*F793*G793,IF(AND(F793,H793),C793*E793*F793*H793,IF(AND(G793,H793),C793*E793*G793*H793,IF(F793,C793*E793*F793,IF(G793,C793*E793*G793,IF(H793,C793*E793*H793,C793*E793))))))),2)","v":69.15},"Sqm",{"$nulls":3},"SSR 20-21"]
[null,"hall portion",1,"x",1,{"$f":"(3.1+3.05)/2","v":3.075},{"v":16.1,"d":"16.100"},{"v":0,"d":"0.000"},49.51,"Sqm",{"$nulls":3},"SSR 20-21"]
[null,"Deduct dummy columns",1,"x",15,{"v":0.45,"d":"0.450"},{"v":0.3,"d":"0.300"},{"v":0,"d":"0.000"},{"$f":"-ROUND(IF(AND(F795:H795),C795*E795*F795*G795*H795,IF(AND(F795,G795),C795*E795*F795*G795,IF(AND(F795,H795),C795*E795*F795*H795,IF(AND(G795,H795),C795*E795*G795*H795,IF(F795,C795*E795*F795,IF(G795,C795*E795*G795,IF(H795,C795*E795*H795,C795*E795))))))),2)","v":-2.03},"Sqm",{"$nulls":3},"SSR 20-21"]
[{"$nulls":13},"SSR 20-21"]
[{"$nulls":9},"Sqm",{"$f":"data!E1485","v":280.03},"SSR 20-21",{"$f":"ROUND(I797*K797,0)","v":{"v":0,"d":"0.00"}},"SSR 20-21"]
[21,"Providing impervious coat to exposed RCC Roof Slab surface with CM (1:3) 12mm thick with 1Kg of water proof compound per bag of Cement laid over roof when it is green including c/c of all materials and labour charges for mixing mortar, laying, rendering smooth and thread lining of wall & slab etc complete for finished item of work (APSS 901,903) ",{"$nulls":11},"SSR 21-22"]
[null,"Qty.p.97 of M.B.No.790/A/ZP/19",{"$nulls":11},"SSR 21-22"]
[null,"Septic tank sides",1,"x",2,{"v":1.3,"d":"1.300"},{"v":0,"d":"0.000"},{"v":2.4,"d":"2.400"},{"$f":"ROUND(IF(AND(F800:H800),C800*E800*F800*G800*H800,IF(AND(F800,G800),C800*E800*F800*G800,IF(AND(F800,H800),C800*E800*F800*H800,IF(AND(G800,H800),C800*E800*G800*H800,IF(F800,C800*E800*F800,IF(G800,C800*E800*G800,IF(H800,C800*E800*H800,C800*E800))))))),2)","v":6.24},"Sqm",{"$nulls":3},"SSR 21-22"]
[null,null,1,"x",2,{"v":2.3,"d":"2.300"},{"v":0,"d":"0.000"},{"v":2.4,"d":"2.400"},{"$f":"ROUND(IF(AND(F801:H801),C801*E801*F801*G801*H801,IF(AND(F801,G801),C801*E801*F801*G801,IF(AND(F801,H801),C801*E801*F801*H801,IF(AND(G801,H801),C801*E801*G801*H801,IF(F801,C801*E801*F801,IF(G801,C801*E801*G801,IF(H801,C801*E801*H801,C801*E801))))))),2)","v":11.04},"Sqm",{"$nulls":3},"SSR 21-22"]
[{"$nulls":13},"SSR 21-22"]
[{"$nulls":9},"Sqm",{"$f":"data!E2402","v":297.22},"SSR 21-22",{"$f":"ROUND(I803*K803,0)","v":{"v":0,"d":"0.00"}},"SSR 21-22"]
[21,"Providing impervious coat to exposed RCC Roof Slab surface with CM (1:3) 12mm thick with 1Kg of water proof compound per bag of Cement laid over roof when it is green including c/c of all materials and labour charges for mixing mortar, laying, rendering smooth and thread lining of wall & slab etc complete for finished item of work (APSS 901,903) ",{"$nulls":11},"SSR 22-23"]
[null,"Qty.p.97 of M.B.No.790/A/ZP/19",{"$nulls":11},"SSR 22-23"]
[null,"Septic tank sides",1,"x",2,{"v":1.3,"d":"1.300"},{"v":0,"d":"0.000"},{"v":2.4,"d":"2.400"},{"$f":"ROUND(IF(AND(F806:H806),C806*E806*F806*G806*H806,IF(AND(F806,G806),C806*E806*F806*G806,IF(AND(F806,H806),C806*E806*F806*H806,IF(AND(G806,H806),C806*E806*G806*H806,IF(F806,C806*E806*F806,IF(G806,C806*E806*G806,IF(H806,C806*E806*H806,C806*E806))))))),2)","v":6.24},"Sqm",{"$nulls":3},"SSR 22-23"]
[null,null,1,"x",2,{"v":2.3,"d":"2.300"},{"v":0,"d":"0.000"},{"v":2.4,"d":"2.400"},{"$f":"ROUND(IF(AND(F807:H807),C807*E807*F807*G807*H807,IF(AND(F807,G807),C807*E807*F807*G807,IF(AND(F807,H807),C807*E807*F807*H807,IF(AND(G807,H807),C807*E807*G807*H807,IF(F807,C807*E807*F807,IF(G807,C807*E807*G807,IF(H807,C807*E807*H807,C807*E807))))))),2)","v":11.04},"Sqm",{"$nulls":3},"SSR 22-23"]
[{"$nulls":13},"SSR 22-23"]
[{"$nulls":9},"Sqm",{"$f":"data!E3319","v":315.69},"SSR 22-23",{"$f":"ROUND(I809*K809,0)","v":{"v":0,"d":"0.00"}},"SSR 22-23"]
[14,"Providing impervious coat to exposed RCC Roof Slab surface with CM (1:3) 20mm thick with 1Kg of water proof compound per bag of Cement laid over roof when it is green including c/c of all materials and labour charges for mixing mortar, laying, rendering smooth and thread lining of wall & slab etc complete for finished item of work (APSS 901,903) ",{"$nulls":11},"SSR 19-20"]
[null,"Qty.p. 27  of M.B.No.790/A/ZP/19",{"$nulls":11},"SSR 19-20"]
[null,null,1,"x",1,{"v":10.45,"d":"10.450"},{"v":12,"d":"12.000"},{"v":0,"d":"0.000"},{"$f":"ROUND(IF(AND(F812:H812),C812*E812*F812*G812*H812,IF(AND(F812,G812),C812*E812*F812*G812,IF(AND(F812,H812),C812*E812*F812*H812,IF(AND(G812,H812),C812*E812*G812*H812,IF(F812,C812*E812*F812,IF(G812,C812*E812*G812,IF(H812,C812*E812*H812,C812*E812))))))),2)","v":{"v":125.4,"d":"125.40"}},"Sqm",{"$nulls":3},"SSR 19-20"]
[null,null,1,"x",1,{"v":3.52,"d":"3.520"},{"v":0.9,"d":"0.900"},{"v":0,"d":"0.000"},{"$f":"ROUND(IF(AND(F813:H813),C813*E813*F813*G813*H813,IF(AND(F813,G813),C813*E813*F813*G813,IF(AND(F813,H813),C813*E813*F813*H813,IF(AND(G813,H813),C813*E813*G813*H813,IF(F813,C813*E813*F813,IF(G813,C813*E813*G813,IF(H813,C813*E813*H813,C813*E813))))))),2)","v":3.17},"Sqm",{"$nulls":3},"SSR 19-20"]
[{"$nulls":13},"SSR 19-20"]
[{"$nulls":9},"Sqm",{"$f":"data!E583","v":330.39},"SSR 19-20",{"$f":"ROUND(I815*K815,0)","v":{"v":0,"d":"0.00"}},"SSR 19-20"]
[14,"Providing impervious coat to exposed RCC Roof Slab surface with CM (1:3) 20mm thick with 1Kg of water proof compound per bag of Cement laid over roof when it is green including c/c of all materials and labour charges for mixing mortar, laying, rendering smooth and thread lining of wall & slab etc complete for finished item of work (APSS 901,903) ",{"$nulls":11},"SSR 20-21"]
[null,"Qty.p.42 & 43 of M.B.No.790/A/ZP/19",null,"05.01.2021",{"$nulls":9},"SSR 20-21"]
[null,null,1,"x",1,{"v":14.14,"d":"14.140"},{"v":4.6,"d":"4.600"},{"v":0,"d":"0.000"},{"$f":"ROUND(IF(AND(F818:H818),C818*E818*F818*G818*H818,IF(AND(F818,G818),C818*E818*F818*G818,IF(AND(F818,H818),C818*E818*F818*H818,IF(AND(G818,H818),C818*E818*G818*H818,IF(F818,C818*E818*F818,IF(G818,C818*E818*G818,IF(H818,C818*E818*H818,C818*E818))))))),2)","v":65.04},"Sqm",{"$nulls":3},"SSR 20-21"]
[null,null,1,"x",1,{"v":16.15,"d":"16.150"},{"v":3.3,"d":"3.300"},{"v":0,"d":"0.000"},{"$f":"ROUND(IF(AND(F819:H819),C819*E819*F819*G819*H819,IF(AND(F819,G819),C819*E819*F819*G819,IF(AND(F819,H819),C819*E819*F819*H819,IF(AND(G819,H819),C819*E819*G819*H819,IF(F819,C819*E819*F819,IF(G819,C819*E819*G819,IF(H819,C819*E819*H819,C819*E819))))))),2)","v":{"v":53.3,"d":"53.30"}},"Sqm",{"$nulls":3},"SSR 20-21"]
[null,null,1,"x",1,{"$f":"(22.75+25.4)/2","v":24.075},{"v":1.12,"d":"1.120"},{"v":0,"d":"0.000"},{"$f":"ROUND(IF(AND(F820:H820),C820*E820*F820*G820*H820,IF(AND(F820,G820),C820*E820*F820*G820,IF(AND(F820,H820),C820*E820*F820*H820,IF(AND(G820,H820),C820*E820*G820*H820,IF(F820,C820*E820*F820,IF(G820,C820*E820*G820,IF(H820,C820*E820*H820,C820*E820))))))),2)","v":26.96},"Sqm",{"$nulls":3},"SSR 20-21"]
[{"$nulls":13},"SSR 20-21"]
[{"$nulls":9},"Sqm",{"$f":"data!E1500","v":357.62},"SSR 20-21",{"$f":"ROUND(I822*K822,0)","v":{"v":0,"d":"0.00"}},"SSR 20-21"]
[14,"Providing impervious coat to exposed RCC Roof Slab surface with CM (1:3) 20mm thick with 1Kg of water proof compound per bag of Cement laid over roof when it is green including c/c of all materials and labour charges for mixing mortar, laying, rendering smooth and thread lining of wall & slab etc complete for finished item of work (APSS 901,903) ",{"$nulls":11},"SSR 21-22"]
[null,"Qty.p. 27  of M.B.No.790/A/ZP/19",{"$nulls":11},"SSR 21-22"]
[null,null,1,"x",1,{"v":10.45,"d":"10.450"},{"v":12,"d":"12.000"},{"v":0,"d":"0.000"},{"$f":"ROUND(IF(AND(F825:H825),C825*E825*F825*G825*H825,IF(AND(F825,G825),C825*E825*F825*G825,IF(AND(F825,H825),C825*E825*F825*H825,IF(AND(G825,H825),C825*E825*G825*H825,IF(F825,C825*E825*F825,IF(G825,C825*E825*G825,IF(H825,C825*E825*H825,C825*E825))))))),2)","v":{"v":125.4,"d":"125.40"}},"Sqm",{"$nulls":3},"SSR 21-22"]
[null,null,1,"x",1,{"v":3.52,"d":"3.520"},{"v":0.9,"d":"0.900"},{"v":0,"d":"0.000"},{"$f":"ROUND(IF(AND(F826:H826),C826*E826*F826*G826*H826,IF(AND(F826,G826),C826*E826*F826*G826,IF(AND(F826,H826),C826*E826*F826*H826,IF(AND(G826,H826),C826*E826*G826*H826,IF(F826,C826*E826*F826,IF(G826,C826*E826*G826,IF(H826,C826*E826*H826,C826*E826))))))),2)","v":3.17},"Sqm",{"$nulls":3},"SSR 21-22"]
[{"$nulls":13},"SSR 21-22"]
[{"$nulls":9},"Sqm",{"$f":"data!E2417","v":380.75},"SSR 21-22",{"$f":"ROUND(I828*K828,0)","v":{"v":0,"d":"0.00"}},"SSR 21-22"]
[14,"Providing impervious coat to exposed RCC Roof Slab surface with CM (1:3) 20mm thick with 1Kg of water proof compound per bag of Cement laid over roof when it is green including c/c of all materials and labour charges for mixing mortar, laying, rendering smooth and thread lining of wall & slab etc complete for finished item of work (APSS 901,903) ",{"$nulls":11},"SSR 22-23"]
[null,"Qty.p. 27  of M.B.No.790/A/ZP/19",{"$nulls":11},"SSR 22-23"]
[null,null,1,"x",1,{"v":10.45,"d":"10.450"},{"v":12,"d":"12.000"},{"v":0,"d":"0.000"},{"$f":"ROUND(IF(AND(F831:H831),C831*E831*F831*G831*H831,IF(AND(F831,G831),C831*E831*F831*G831,IF(AND(F831,H831),C831*E831*F831*H831,IF(AND(G831,H831),C831*E831*G831*H831,IF(F831,C831*E831*F831,IF(G831,C831*E831*G831,IF(H831,C831*E831*H831,C831*E831))))))),2)","v":{"v":125.4,"d":"125.40"}},"Sqm",{"$nulls":3},"SSR 22-23"]
[null,null,1,"x",1,{"v":3.52,"d":"3.520"},{"v":0.9,"d":"0.900"},{"v":0,"d":"0.000"},{"$f":"ROUND(IF(AND(F832:H832),C832*E832*F832*G832*H832,IF(AND(F832,G832),C832*E832*F832*G832,IF(AND(F832,H832),C832*E832*F832*H832,IF(AND(G832,H832),C832*E832*G832*H832,IF(F832,C832*E832*F832,IF(G832,C832*E832*G832,IF(H832,C832*E832*H832,C832*E832))))))),2)","v":3.17},"Sqm",{"$nulls":3},"SSR 22-23"]
[{"$nulls":13},"SSR 22-23"]
[{"$nulls":9},"Sqm",{"$f":"data!E3334","v":405.78},"SSR 22-23",{"$f":"ROUND(I834*K834,0)","v":{"v":0,"d":"0.00"}},"SSR 22-23"]
[14,"Random Rubble mansonary in CM(1:6)  including Cost and Conveyance of all materials and curing charges but excluding unskilled wages etc., complete for finished item of work",{"$nulls":11},"SSR 19-20"]
[null,"Qty.p.40 of M.B.No.790/A/ZP/19",{"$nulls":11},"SSR 19-20"]
[null,"Alround the building",1,"x",1,{"v":48.51,"d":"48.510"},{"v":0.45,"d":"0.450"},{"v":0.7,"d":"0.700"},{"$f":"ROUND(IF(AND(F837:H837),C837*E837*F837*G837*H837,IF(AND(F837,G837),C837*E837*F837*G837,IF(AND(F837,H837),C837*E837*F837*H837,IF(AND(G837,H837),C837*E837*G837*H837,IF(F837,C837*E837*F837,IF(G837,C837*E837*G837,IF(H837,C837*E837*H837,C837*E837))))))),2)","v":15.28},"Cum",{"$nulls":3},"SSR 19-20"]
[null,"Middle long wall",1,"x",1,{"v":14.37,"d":"14.370"},{"v":0.45,"d":"0.450"},{"v":0.7,"d":"0.700"},{"$f":"ROUND(IF(AND(F838:H838),C838*E838*F838*G838*H838,IF(AND(F838,G838),C838*E838*F838*G838,IF(AND(F838,H838),C838*E838*F838*H838,IF(AND(G838,H838),C838*E838*G838*H838,IF(F838,C838*E838*F838,IF(G838,C838*E838*G838,IF(H838,C838*E838*H838,C838*E838))))))),2)","v":4.53},"Cum",{"$nulls":3},"SSR 19-20"]
[null,"Cross walls long",1,"x",2,{"v":8.38,"d":"8.380"},{"v":0.45,"d":"0.450"},{"v":0.7,"d":"0.700"},{"$f":"ROUND(IF(AND(F839:H839),C839*E839*F839*G839*H839,IF(AND(F839,G839),C839*E839*F839*G839,IF(AND(F839,H839),C839*E839*F839*H839,IF(AND(G839,H839),C839*E839*G839*H839,IF(F839,C839*E839*F839,IF(G839,C839*E839*G839,IF(H839,C839*E839*H839,C839*E839))))))),2)","v":5.28},"Cum",{"$nulls":3},"SSR 19-20"]
[{"$nulls":13},"SSR 19-20"]
[{"$nulls":9},"Cum",{"$f":"data!G359","v":3154.94},"SSR 19-20",{"$f":"ROUND(I841*K841,0)","v":{"v":0,"d":"0.00"}},"SSR 19-20"]
[14,"Random Rubble mansonary in CM(1:6)  including Cost and Conveyance of all materials and curing charges but excluding unskilled wages etc., complete for finished item of work",{"$nulls":11},"SSR 20-21"]
[null,"Qty.p.40 of M.B.No.790/A/ZP/19",{"$nulls":11},"SSR 20-21"]
[null,"Alround the building",1,"x",1,{"v":48.51,"d":"48.510"},{"v":0.45,"d":"0.450"},{"v":0.7,"d":"0.700"},{"$f":"ROUND(IF(AND(F844:H844),C844*E844*F844*G844*H844,IF(AND(F844,G844),C844*E844*F844*G844,IF(AND(F844,H844),C844*E844*F844*H844,IF(AND(G844,H844),C844*E844*G844*H844,IF(F844,C844*E844*F844,IF(G844,C844*E844*G844,IF(H844,C844*E844*H844,C844*E844))))))),2)","v":15.28},"Cum",{"$nulls":3},"SSR 20-21"]
[null,"Middle long wall",1,"x",1,{"v":14.37,"d":"14.370"},{"v":0.45,"d":"0.450"},{"v":0.7,"d":"0.700"},{"$f":"ROUND(IF(AND(F845:H845),C845*E845*F845*G845*H845,IF(AND(F845,G845),C845*E845*F845*G845,IF(AND(F845,H845),C845*E845*F845*H845,IF(AND(G845,H845),C845*E845*G845*H845,IF(F845,C845*E845*F845,IF(G845,C845*E845*G845,IF(H845,C845*E845*H845,C845*E845))))))),2)","v":4.53},"Cum",{"$nulls":3},"SSR 20-21"]
[null,"Cross walls long",1,"x",2,{"v":8.38,"d":"8.380"},{"v":0.45,"d":"0.450"},{"v":0.7,"d":"0.700"},{"$f":"ROUND(IF(AND(F846:H846),C846*E846*F846*G846*H846,IF(AND(F846,G846),C846*E846*F846*G846,IF(AND(F846,H846),C846*E846*F846*H846,IF(AND(G846,H846),C846*E846*G846*H846,IF(F846,C846*E846*F846,IF(G846,C846*E846*G846,IF(H846,C846*E846*H846,C846*E846))))))),2)","v":5.28},"Cum",{"$nulls":3},"SSR 20-21"]
[{"$nulls":13},"SSR 20-21"]
[{"$nulls":9},"Cum",{"$f":"data!G1276","v":3350.54},"SSR 20-21",{"$f":"ROUND(I848*K848,0)","v":{"v":0,"d":"0.00"}},"SSR 20-21"]
[14,"Random Rubble mansonary in CM(1:6)  including Cost and Conveyance of all materials and curing charges but excluding unskilled wages etc., complete for finished item of work",{"$nulls":11},"SSR 21-22"]
[null,"Qty.p.40 of M.B.No.790/A/ZP/19",{"$nulls":11},"SSR 21-22"]
[null,"Alround the building",1,"x",1,{"v":48.51,"d":"48.510"},{"v":0.45,"d":"0.450"},{"v":0.7,"d":"0.700"},{"$f":"ROUND(IF(AND(F851:H851),C851*E851*F851*G851*H851,IF(AND(F851,G851),C851*E851*F851*G851,IF(AND(F851,H851),C851*E851*F851*H851,IF(AND(G851,H851),C851*E851*G851*H851,IF(F851,C851*E851*F851,IF(G851,C851*E851*G851,IF(H851,C851*E851*H851,C851*E851))))))),2)","v":15.28},"Cum",{"$nulls":3},"SSR 21-22"]
[null,"Middle long wall",1,"x",1,{"v":14.37,"d":"14.370"},{"v":0.45,"d":"0.450"},{"v":0.7,"d":"0.700"},{"$f":"ROUND(IF(AND(F852:H852),C852*E852*F852*G852*H852,IF(AND(F852,G852),C852*E852*F852*G852,IF(AND(F852,H852),C852*E852*F852*H852,IF(AND(G852,H852),C852*E852*G852*H852,IF(F852,C852*E852*F852,IF(G852,C852*E852*G852,IF(H852,C852*E852*H852,C852*E852))))))),2)","v":4.53},"Cum",{"$nulls":3},"SSR 21-22"]
[null,"Cross walls long",1,"x",2,{"v":8.38,"d":"8.380"},{"v":0.45,"d":"0.450"},{"v":0.7,"d":"0.700"},{"$f":"ROUND(IF(AND(F853:H853),C853*E853*F853*G853*H853,IF(AND(F853,G853),C853*E853*F853*G853,IF(AND(F853,H853),C853*E853*F853*H853,IF(AND(G853,H853),C853*E853*G853*H853,IF(F853,C853*E853*F853,IF(G853,C853*E853*G853,IF(H853,C853*E853*H853,C853*E853))))))),2)","v":5.28},"Cum",{"$nulls":3},"SSR 21-22"]
[{"$nulls":13},"SSR 21-22"]
[{"$nulls":9},"Cum",{"$f":"data!G2193","v":{"v":3615.1600000000003,"d":"3615.16"}},"SSR 21-22",{"$f":"ROUND(I855*K855,0)","v":{"v":0,"d":"0.00"}},"SSR 21-22"]
[14,"Random Rubble mansonary in CM(1:6)  including Cost and Conveyance of all materials and curing charges but excluding unskilled wages etc., complete for finished item of work",{"$nulls":11},"SSR 22-23"]
[null,"Qty.p.40 of M.B.No.790/A/ZP/19",{"$nulls":11},"SSR 22-23"]
[null,"Alround the building",1,"x",1,{"v":48.51,"d":"48.510"},{"v":0.45,"d":"0.450"},{"v":0.7,"d":"0.700"},{"$f":"ROUND(IF(AND(F858:H858),C858*E858*F858*G858*H858,IF(AND(F858,G858),C858*E858*F858*G858,IF(AND(F858,H858),C858*E858*F858*H858,IF(AND(G858,H858),C858*E858*G858*H858,IF(F858,C858*E858*F858,IF(G858,C858*E858*G858,IF(H858,C858*E858*H858,C858*E858))))))),2)","v":15.28},"Cum",{"$nulls":3},"SSR 22-23"]
[null,"Middle long wall",1,"x",1,{"v":14.37,"d":"14.370"},{"v":0.45,"d":"0.450"},{"v":0.7,"d":"0.700"},{"$f":"ROUND(IF(AND(F859:H859),C859*E859*F859*G859*H859,IF(AND(F859,G859),C859*E859*F859*G859,IF(AND(F859,H859),C859*E859*F859*H859,IF(AND(G859,H859),C859*E859*G859*H859,IF(F859,C859*E859*F859,IF(G859,C859*E859*G859,IF(H859,C859*E859*H859,C859*E859))))))),2)","v":4.53},"Cum",{"$nulls":3},"SSR 22-23"]
[null,"Cross walls long",1,"x",2,{"v":8.38,"d":"8.380"},{"v":0.45,"d":"0.450"},{"v":0.7,"d":"0.700"},{"$f":"ROUND(IF(AND(F860:H860),C860*E860*F860*G860*H860,IF(AND(F860,G860),C860*E860*F860*G860,IF(AND(F860,H860),C860*E860*F860*H860,IF(AND(G860,H860),C860*E860*G860*H860,IF(F860,C860*E860*F860,IF(G860,C860*E860*G860,IF(H860,C860*E860*H860,C860*E860))))))),2)","v":5.28},"Cum",{"$nulls":3},"SSR 22-23"]
[{"$nulls":13},"SSR 22-23"]
[{"$nulls":9},"Cum",{"$f":"data!G3110","v":{"v":3828.3500000000004,"d":"3828.35"}},"SSR 22-23",{"$f":"ROUND(I862*K862,0)","v":{"v":0,"d":"0.00"}},"SSR 22-23"]
[16,"Brick Masonary for Superstructure with CM (1:8) proportion using 2nd class traditional bricks of size 23X11X7 cms having minimum crushing strength of 40kg/cm2  including c/c of all materials like Cement, Sand, Bricks, water etc including  labour charges such as mixing cement mortar, Scaffolding charges etc complete for finished item of work (APSS No 501 & 504) ",{"$nulls":11},"SSR 19-20"]
[null,"Qty.p.13 & 14 of M.B.No.1198/B/ZP/18",null,"05.03.2021",{"$nulls":9},"SSR 19-20"]
[null,"Long walls",1,"x",1,{"v":13.66,"d":"13.660"},{"v":0.35,"d":"0.350"},{"v":1.35,"d":"1.350"},{"$f":"ROUND(IF(AND(F865:H865),C865*E865*F865*G865*H865,IF(AND(F865,G865),C865*E865*F865*G865,IF(AND(F865,H865),C865*E865*F865*H865,IF(AND(G865,H865),C865*E865*G865*H865,IF(F865,C865*E865*F865,IF(G865,C865*E865*G865,IF(H865,C865*E865*H865,C865*E865))))))),2)","v":6.45},"Cum",{"$nulls":3},"SSR 19-20"]
[null,null,1,"x",1,{"v":13.66,"d":"13.660"},{"v":0.35,"d":"0.350"},{"v":1.35,"d":"1.350"},6.45,"Cum",{"$nulls":3},"SSR 19-20"]
[null,"cross wall",1,"x",2,{"v":5.81,"d":"5.810"},{"v":0.35,"d":"0.350"},{"v":1.35,"d":"1.350"},5.49,"Cum",{"$nulls":3},"SSR 19-20"]
[null,"Deduct column",1,"x",12,{"v":0.23,"d":"0.230"},{"v":0.38,"d":"0.380"},{"v":1.35,"d":"1.350"},{"$f":"-ROUND(IF(AND(F868:H868),C868*E868*F868*G868*H868,IF(AND(F868,G868),C868*E868*F868*G868,IF(AND(F868,H868),C868*E868*F868*H868,IF(AND(G868,H868),C868*E868*G868*H868,IF(F868,C868*E868*F868,IF(G868,C868*E868*G868,IF(H868,C868*E868*H868,C868*E868))))))),2)","v":-1.42},"Cum",{"$nulls":3},"SSR 19-20"]
[null,"Qty.p.4 of M.B.No.111/A/ZP/22",null,"15.11.2023",{"$nulls":9},"SSR 19-20"]
[null,"Verandah",1,"x",1,{"v":1.2,"d":"1.200"},{"v":0.23,"d":"0.230"},{"v":1,"d":"1.000"},{"$f":"ROUND(IF(AND(F870:H870),C870*E870*F870*G870*H870,IF(AND(F870,G870),C870*E870*F870*G870,IF(AND(F870,H870),C870*E870*F870*H870,IF(AND(G870,H870),C870*E870*G870*H870,IF(F870,C870*E870*F870,IF(G870,C870*E870*G870,IF(H870,C870*E870*H870,C870*E870))))))),2)","v":0.28},"Cum",{"$nulls":3},"SSR 19-20"]
[null,null,1,"x",1,{"v":4.67,"d":"4.670"},{"v":0.23,"d":"0.230"},{"v":1,"d":"1.000"},1.07,"Cum",{"$nulls":3},"SSR 19-20"]
[null,null,1,"x",1,{"v":12.5,"d":"12.500"},{"v":0.23,"d":"0.230"},{"v":1,"d":"1.000"},2.88,"Cum",{"$nulls":3},"SSR 19-20"]
[null,null,1,"x",1,{"v":5,"d":"5.000"},{"v":0.23,"d":"0.230"},{"v":1,"d":"1.000"},1.15,"Cum",{"$nulls":3},"SSR 19-20"]
[null,null,1,"x",1,{"v":0.97,"d":"0.970"},{"v":0.23,"d":"0.230"},{"v":1,"d":"1.000"},0.22,"Cum",{"$nulls":3},"SSR 19-20"]
[{"$nulls":13},"SSR 19-20"]
[{"$nulls":8},{"$f":"SUM(I865:I875)","v":{"v":22.569999999999997,"d":"22.57"}},"Cum",{"$f":"data!E393","v":{"v":5588.950000000001,"d":"5588.95"}},"SSR 19-20",{"$f":"ROUND(I876*K876,0)","v":{"v":126143,"d":"126143.00"}},"SSR 19-20"]
[22,"Brick Masonary for Superstructure with CM (1:8) proportion using 2nd class traditional bricks of size 23X11X7 cms having minimum crushing strength of 40kg/cm2  including c/c of all materials like Cement, Sand, Bricks, water etc including  labour charges such as mixing cement mortar, Scaffolding charges etc complete for finished item of work (APSS No 501 & 504) ",{"$nulls":11},"SSR 20-21"]
[null,"Qty.p.28  & 29 of M.B.No.478/A/ZP/19",null,"12.07.2021",{"$nulls":9},"SSR 20-21"]
[null,"Verandah portion alround",1,"x",1,{"v":17.85,"d":"17.850"},{"v":0.23,"d":"0.230"},{"v":0.85,"d":"0.850"},{"$f":"ROUND(IF(AND(F879:H879),C879*E879*F879*G879*H879,IF(AND(F879,G879),C879*E879*F879*G879,IF(AND(F879,H879),C879*E879*F879*H879,IF(AND(G879,H879),C879*E879*G879*H879,IF(F879,C879*E879*F879,IF(G879,C879*E879*G879,IF(H879,C879*E879*H879,C879*E879))))))),2)","v":3.49},"Cum",{"$nulls":3},"SSR 20-21"]
[null,"Ramp portion",1,"x",1,{"v":5.75,"d":"5.750"},{"v":0.23,"d":"0.230"},{"v":0.43,"d":"0.430"},0.57,"Cum",{"$nulls":3},"SSR 20-21"]
[null,"For platform",1,"x",4,{"v":0.5,"d":"0.500"},0.115,{"v":0.8,"d":"0.800"},0.18,"Cum",{"$nulls":3},"SSR 20-21"]
[null,"For steps-1",1,"x",3,{"v":1.2,"d":"1.200"},{"v":0.6,"d":"0.600"},{"v":0.15,"d":"0.150"},0.32,"Cum",{"$nulls":3},"SSR 20-21"]
[null,"For steps-2",1,"x",3,{"v":1.2,"d":"1.200"},{"v":0.3,"d":"0.300"},{"v":0.15,"d":"0.150"},0.16,"Cum",{"$nulls":3},"SSR 20-21"]
[{"$nulls":13},"SSR 20-21"]
[{"$nulls":9},"Cum",{"$f":"data!E1310","v":{"v":5751.7699999999995,"d":"5751.77"}},"SSR 20-21",{"$f":"ROUND(I885*K885,0)","v":{"v":0,"d":"0.00"}},"SSR 20-21"]
[23,"Brick Masonary for Superstructure with CM (1:8) proportion using 2nd class traditional bricks of size 23X11X7 cms having minimum crushing strength of 40kg/cm2  including c/c of all materials like Cement, Sand, Bricks, water etc including  labour charges such as mixing cement mortar, Scaffolding charges etc complete for finished item of work (APSS No 501 & 504) ",{"$nulls":11},"SSR 21-22"]
[null,"Qty.p.53 & 54 of M.B.No.478/A/ZP/19",null,"11.10.2021",{"$nulls":9},"SSR 21-22"]
[null,"step-1",1,"x",3,{"v":1.2,"d":"1.200"},{"v":0.9,"d":"0.900"},{"v":0.15,"d":"0.150"},{"$f":"ROUND(IF(AND(F888:H888),C888*E888*F888*G888*H888,IF(AND(F888,G888),C888*E888*F888*G888,IF(AND(F888,H888),C888*E888*F888*H888,IF(AND(G888,H888),C888*E888*G888*H888,IF(F888,C888*E888*F888,IF(G888,C888*E888*G888,IF(H888,C888*E888*H888,C888*E888))))))),2)","v":0.49},"Cum",{"$nulls":3},"SSR 21-22"]
[null,"step-2",1,"x",3,{"v":1.2,"d":"1.200"},{"v":0.6,"d":"0.600"},{"v":0.15,"d":"0.150"},0.32,"Cum",{"$nulls":3},"SSR 21-22"]
[null,"step-3",1,"x",3,{"v":1.2,"d":"1.200"},{"v":0.3,"d":"0.300"},{"v":0.15,"d":"0.150"},0.16,"Cum",{"$nulls":3},"SSR 21-22"]
[null,"step-1",1,"x",2,{"v":1.1,"d":"1.100"},{"v":0.6,"d":"0.600"},{"v":0.15,"d":"0.150"},{"v":0.2,"d":"0.20"},"Cum",{"$nulls":3},"SSR 21-22"]
[null,"step-2",1,"x",2,{"v":1.1,"d":"1.100"},{"v":0.3,"d":"0.300"},{"v":0.15,"d":"0.150"},{"v":0.1,"d":"0.10"},"Cum",{"$nulls":3},"SSR 21-22"]
[null,"Platform for examination room",1,"x",2,{"v":0.5,"d":"0.500"},0.115,{"v":0.8,"d":"0.800"},0.09,"Cum",{"$nulls":3},"SSR 21-22"]
[null,"Platform for lab",1,"x",2,{"v":0.45,"d":"0.450"},0.115,{"v":0.8,"d":"0.800"},0.08,"Cum",{"$nulls":3},"SSR 21-22"]
[{"$nulls":13},"SSR 21-22"]
[{"$nulls":9},"Cum",{"$f":"data!E2227","v":{"v":6154.110000000001,"d":"6154.11"}},"SSR 21-22",{"$f":"ROUND(I896*K896,0)","v":{"v":0,"d":"0.00"}},"SSR 21-22"]
[20,"Brick Masonary for Superstructure with CM (1:8) proportion using 2nd class traditional bricks of size 23X11X7 cms having minimum crushing strength of 40kg/cm2  including c/c of all materials like Cement, Sand, Bricks, water etc including  labour charges such as mixing cement mortar, Scaffolding charges etc complete for finished item of work (APSS No 501 & 504) ",{"$nulls":11},"SSR 22-23"]
[null,"Qty.p.11 of M.B.No.790/A/ZP/19",{"$nulls":11},"SSR 22-23"]
[null,null,1,"x",1,{"v":5.5,"d":"5.500"},{"v":0.35,"d":"0.350"},{"v":0.6,"d":"0.600"},{"$f":"ROUND(IF(AND(F899:H899),C899*E899*F899*G899*H899,IF(AND(F899,G899),C899*E899*F899*G899,IF(AND(F899,H899),C899*E899*F899*H899,IF(AND(G899,H899),C899*E899*G899*H899,IF(F899,C899*E899*F899,IF(G899,C899*E899*G899,IF(H899,C899*E899*H899,C899*E899))))))),2)","v":1.16},"Cum",{"$nulls":3},"SSR 22-23"]
[null,null,1,"x",2,{"v":2.3,"d":"2.300"},{"v":0.35,"d":"0.350"},{"v":0.6,"d":"0.600"},0.97,"Cum",{"$nulls":3},"SSR 22-23"]
[null,null,1,"x",1,{"v":3.3,"d":"3.300"},{"v":0.35,"d":"0.350"},{"v":0.6,"d":"0.600"},0.69,"Cum",{"$nulls":3},"SSR 22-23"]
[null,null,1,"x",1,{"v":2.3,"d":"2.300"},{"v":0.35,"d":"0.350"},{"v":0.3,"d":"0.300"},0.24,"Cum",{"$nulls":3},"SSR 22-23"]
[null,null,1,"x",1,{"v":5.6,"d":"5.600"},{"v":1.2,"d":"1.200"},{"v":0.15,"d":"0.150"},1.01,"Cum",{"$nulls":3},"SSR 22-23"]
[null,null,1,"x",1,{"v":5.6,"d":"5.600"},{"v":0.9,"d":"0.900"},{"v":0.15,"d":"0.150"},0.76,"Cum",{"$nulls":3},"SSR 22-23"]
[null,null,1,"x",1,{"v":5.6,"d":"5.600"},{"v":0.6,"d":"0.600"},{"v":0.15,"d":"0.150"},{"v":0.5,"d":"0.50"},"Cum",{"$nulls":3},"SSR 22-23"]
[null,null,1,"x",1,{"v":5.6,"d":"5.600"},{"v":0.3,"d":"0.300"},{"v":0.15,"d":"0.150"},0.25,"Cum",{"$nulls":3},"SSR 22-23"]
[null,null,1,"x",1,{"v":3.6,"d":"3.600"},{"v":1.8,"d":"1.800"},{"v":0.15,"d":"0.150"},0.97,"Cum",{"$nulls":3},"SSR 22-23"]
[null,null,1,"x",1,{"v":3.6,"d":"3.600"},{"v":1.5,"d":"1.500"},{"v":0.15,"d":"0.150"},0.81,"Cum",{"$nulls":3},"SSR 22-23"]
[null,null,1,"x",1,{"v":3.6,"d":"3.600"},{"v":1.2,"d":"1.200"},{"v":0.15,"d":"0.150"},0.65,"Cum",{"$nulls":3},"SSR 22-23"]
[null,null,1,"x",1,{"v":3.6,"d":"3.600"},{"v":0.9,"d":"0.900"},{"v":0.15,"d":"0.150"},0.49,"Cum",{"$nulls":3},"SSR 22-23"]
[null,null,1,"x",1,{"v":3.6,"d":"3.600"},{"v":0.6,"d":"0.600"},{"v":0.15,"d":"0.150"},0.32,"Cum",{"$nulls":3},"SSR 22-23"]
[null,null,1,"x",1,{"v":3.6,"d":"3.600"},{"v":0.3,"d":"0.300"},{"v":0.15,"d":"0.150"},0.16,"Cum",{"$nulls":3},"SSR 22-23"]
[{"$nulls":13},"SSR 22-23"]
[{"$nulls":9},"Cum",{"$f":"data!E3144","v":6869.83},"SSR 22-23",{"$f":"ROUND(I914*K914,0)","v":{"v":0,"d":"0.00"}},"SSR 22-23"]
[17,"Brick Masonary for Superstructure with CM (1:6) proportion using 2nd class traditional bricks of size 23X11X7 cms having minimum crushing strength of 40kg/cm2  including c/c of all materials like Cement, Sand, Bricks, water etc including  labour charges such as mixing cement mortar, Scaffolding charges etc complete for finished item of work (APSS No 501 & 504) ",{"$nulls":11},"SSR 19-20"]
[null,"Qty.p.21 & 22 of M.B.No.604/B/ZP/20",null,"03.07.2022",{"$nulls":9},"SSR 19-20"]
[null,"Long walls",1,"x",2,{"v":13.54,"d":"13.540"},{"v":0.23,"d":"0.230"},{"v":2.1,"d":"2.100"},{"$f":"ROUND(IF(AND(F917:H917),C917*E917*F917*G917*H917,IF(AND(F917,G917),C917*E917*F917*G917,IF(AND(F917,H917),C917*E917*F917*H917,IF(AND(G917,H917),C917*E917*G917*H917,IF(F917,C917*E917*F917,IF(G917,C917*E917*G917,IF(H917,C917*E917*H917,C917*E917))))))),2)","v":13.08},"Cum",{"$nulls":3},"SSR 19-20"]
[null,"cross wall",1,"x",2,{"v":6.39,"d":"6.390"},{"v":0.23,"d":"0.230"},{"v":2.1,"d":"2.100"},6.17,"Cum",{"$nulls":3},"SSR 19-20"]
[null,"Deduct door",1,"x",1,{"v":1.2,"d":"1.200"},{"v":0.23,"d":"0.230"},{"v":2.1,"d":"2.100"},{"$f":"-ROUND(IF(AND(F919:H919),C919*E919*F919*G919*H919,IF(AND(F919,G919),C919*E919*F919*G919,IF(AND(F919,H919),C919*E919*F919*H919,IF(AND(G919,H919),C919*E919*G919*H919,IF(F919,C919*E919*F919,IF(G919,C919*E919*G919,IF(H919,C919*E919*H919,C919*E919))))))),2)","v":-0.58},"Cum",{"$nulls":3},"SSR 19-20"]
[null,"Deduct door",1,"x",1,{"v":1.05,"d":"1.050"},{"v":0.23,"d":"0.230"},{"v":2.1,"d":"2.100"},-0.51,"Cum",{"$nulls":3},"SSR 19-20"]
[null,"Deduct door",1,"x",1,{"v":0.9,"d":"0.900"},{"v":0.23,"d":"0.230"},{"v":2.1,"d":"2.100"},-0.43,"Cum",{"$nulls":3},"SSR 19-20"]
[null,"Deduct windows",1,"x",8,{"v":1.2,"d":"1.200"},{"v":0.23,"d":"0.230"},{"v":1.2,"d":"1.200"},-2.65,"Cum",{"$nulls":3},"SSR 19-20"]
[null,"Deduct column",1,"x",12,{"v":0.23,"d":"0.230"},{"v":0.38,"d":"0.380"},{"v":2.1,"d":"2.100"},{"v":-2.2,"d":"-2.20"},"Cum",{"$nulls":3},"SSR 19-20"]
[null,"Qty.p.28 to 30 of M.B.No.604/B/ZP/20",null,"15.07.2022",{"$nulls":9},"SSR 19-20"]
[null,"Long walls",1,"x",2,{"v":13.54,"d":"13.540"},{"v":0.23,"d":"0.230"},{"v":0.6,"d":"0.600"},{"$f":"ROUND(IF(AND(F925:H925),C925*E925*F925*G925*H925,IF(AND(F925,G925),C925*E925*F925*G925,IF(AND(F925,H925),C925*E925*F925*H925,IF(AND(G925,H925),C925*E925*G925*H925,IF(F925,C925*E925*F925,IF(G925,C925*E925*G925,IF(H925,C925*E925*H925,C925*E925))))))),2)","v":3.74},"Cum",{"$nulls":3},"SSR 19-20"]
[null,"cross wall",1,"x",2,{"v":6.39,"d":"6.390"},{"v":0.23,"d":"0.230"},{"v":0.6,"d":"0.600"},1.76,"Cum",{"$nulls":3},"SSR 19-20"]
[null,"Deduct ventilators",1,"x",12,{"v":0.6,"d":"0.600"},{"v":0.23,"d":"0.230"},{"v":0.3,"d":"0.300"},{"$f":"-ROUND(IF(AND(F927:H927),C927*E927*F927*G927*H927,IF(AND(F927,G927),C927*E927*F927*G927,IF(AND(F927,H927),C927*E927*F927*H927,IF(AND(G927,H927),C927*E927*G927*H927,IF(F927,C927*E927*F927,IF(G927,C927*E927*G927,IF(H927,C927*E927*H927,C927*E927))))))),2)","v":{"v":-0.5,"d":"-0.50"}},"Cum",{"$nulls":3},"SSR 19-20"]
[null,"Deduct columns",1,"x",12,{"v":0.23,"d":"0.230"},{"v":0.38,"d":"0.380"},{"v":0.6,"d":"0.600"},{"$f":"-ROUND(IF(AND(F928:H928),C928*E928*F928*G928*H928,IF(AND(F928,G928),C928*E928*F928*G928,IF(AND(F928,H928),C928*E928*F928*H928,IF(AND(G928,H928),C928*E928*G928*H928,IF(F928,C928*E928*F928,IF(G928,C928*E928*G928,IF(H928,C928*E928*H928,C928*E928))))))),2)","v":-0.63},"Cum",{"$nulls":3},"SSR 19-20"]
[null,"Qty.p.5 of M.B.No.111/A/ZP/22",null,"15.11.2023",{"$nulls":9},"SSR 19-20"]
[null,"Examination room",1,"x",2,{"v":0.5,"d":"0.500"},0.115,{"v":0.7,"d":"0.700"},{"$f":"ROUND(IF(AND(F930:H930),C930*E930*F930*G930*H930,IF(AND(F930,G930),C930*E930*F930*G930,IF(AND(F930,H930),C930*E930*F930*H930,IF(AND(G930,H930),C930*E930*G930*H930,IF(F930,C930*E930*F930,IF(G930,C930*E930*G930,IF(H930,C930*E930*H930,C930*E930))))))),2)","v":0.08},"Cum",{"$nulls":3},"SSR 19-20"]
[null,"Lab and store room",1,"x",2,{"v":0.6,"d":"0.600"},0.115,{"v":0.7,"d":"0.700"},{"v":0.1,"d":"0.10"},"Cum",{"$nulls":3},"SSR 19-20"]
[null,"Kitchen ",1,"x",3,{"v":0.35,"d":"0.350"},0.115,{"v":0.75,"d":"0.750"},0.09,"Cum",{"$nulls":3},"SSR 19-20"]
[{"$nulls":13},"SSR 19-20"]
[{"$nulls":8},{"$f":"SUM(I917:I933)","v":17.52},"Cum",{"$f":"data!E376","v":5645.35},"SSR 19-20",{"$f":"ROUND(I934*K934,0)","v":{"v":98907,"d":"98907.00"}},"SSR 19-20"]
[24,"Brick Masonary for Superstructure with CM (1:6) proportion using 2nd class traditional bricks of size 23X11X7 cms having minimum crushing strength of 40kg/cm2  including c/c of all materials like Cement, Sand, Bricks, water etc including  labour charges such as mixing cement mortar, Scaffolding charges etc complete for finished item of work (APSS No 501 & 504) ",{"$nulls":11},"SSR 20-21"]
[null,"Qty.p.1 & 2 of M.B.No.478/A/ZP/20",null,"07.06.2021",{"$nulls":9},"SSR 20-21"]
[null,"A1-A5 & C1 - C5",1,"x",2,{"v":13.54,"d":"13.540"},{"v":0.23,"d":"0.230"},{"v":2.1,"d":"2.100"},{"$f":"ROUND(IF(AND(F937:H937),C937*E937*F937*G937*H937,IF(AND(F937,G937),C937*E937*F937*G937,IF(AND(F937,H937),C937*E937*F937*H937,IF(AND(G937,H937),C937*E937*G937*H937,IF(F937,C937*E937*F937,IF(G937,C937*E937*G937,IF(H937,C937*E937*H937,C937*E937))))))),2)","v":13.08},"Cum",{"$nulls":3},"SSR 20-21"]
[null,"Cross wall A1-C1 & A5-C5",1,"x",2,{"v":6.39,"d":"6.390"},{"v":0.23,"d":"0.230"},{"v":2.1,"d":"2.100"},6.17,"Cum",{"$nulls":3},"SSR 20-21"]
[null,"Deduct door",1,"x",1,{"v":1.2,"d":"1.200"},{"v":0.23,"d":"0.230"},{"v":2.1,"d":"2.100"},{"$f":"-ROUND(IF(AND(F939:H939),C939*E939*F939*G939*H939,IF(AND(F939,G939),C939*E939*F939*G939,IF(AND(F939,H939),C939*E939*F939*H939,IF(AND(G939,H939),C939*E939*G939*H939,IF(F939,C939*E939*F939,IF(G939,C939*E939*G939,IF(H939,C939*E939*H939,C939*E939))))))),2)","v":-0.58},"Cum",{"$nulls":3},"SSR 20-21"]
[null,"Deduct door",1,"x",1,{"v":0.9,"d":"0.900"},{"v":0.23,"d":"0.230"},{"v":2.1,"d":"2.100"},-0.43,"Cum",{"$nulls":3},"SSR 20-21"]
[null,"Deduct door",1,"x",1,{"v":0.75,"d":"0.750"},{"v":0.23,"d":"0.230"},{"v":2.1,"d":"2.100"},-0.36,"Cum",{"$nulls":3},"SSR 20-21"]
[null,"Deduct windows",1,"x",8,{"v":1.2,"d":"1.200"},{"v":0.23,"d":"0.230"},{"v":1.2,"d":"1.200"},-2.65,"Cum",{"$nulls":3},"SSR 20-21"]
[null,"Deduct columns",1,"x",12,{"v":0.23,"d":"0.230"},{"v":0.38,"d":"0.380"},{"v":2.1,"d":"2.100"},{"v":-2.2,"d":"-2.20"},"Cum",{"$nulls":3},"SSR 20-21"]
[null,"Qty.p.9 & 10 of M.B.No.478/A/ZP/20",null,"16.06.2021",{"$nulls":9},"SSR 20-21"]
[null,"A1-A5 & C1 - C5",1,"x",2,{"v":13.54,"d":"13.540"},{"v":0.23,"d":"0.230"},{"v":0.64,"d":"0.640"},{"$f":"ROUND(IF(AND(F945:H945),C945*E945*F945*G945*H945,IF(AND(F945,G945),C945*E945*F945*G945,IF(AND(F945,H945),C945*E945*F945*H945,IF(AND(G945,H945),C945*E945*G945*H945,IF(F945,C945*E945*F945,IF(G945,C945*E945*G945,IF(H945,C945*E945*H945,C945*E945))))))),2)","v":3.99},"Cum",{"$nulls":3},"SSR 20-21"]
[null,"Cross wall A1-C1 & A5-C5",1,"x",2,{"v":6.39,"d":"6.390"},{"v":0.23,"d":"0.230"},{"v":0.64,"d":"0.640"},1.88,"Cum",{"$nulls":3},"SSR 20-21"]
[null,"Deduct columns",1,"x",12,{"v":0.23,"d":"0.230"},{"v":0.38,"d":"0.380"},{"v":0.64,"d":"0.640"},{"$f":"-ROUND(IF(AND(F947:H947),C947*E947*F947*G947*H947,IF(AND(F947,G947),C947*E947*F947*G947,IF(AND(F947,H947),C947*E947*F947*H947,IF(AND(G947,H947),C947*E947*G947*H947,IF(F947,C947*E947*F947,IF(G947,C947*E947*G947,IF(H947,C947*E947*H947,C947*E947))))))),2)","v":-0.67},"Cum",{"$nulls":3},"SSR 20-21"]
[null,"Deduct ventilators",1,"x",14,{"v":0.6,"d":"0.600"},{"v":0.23,"d":"0.230"},{"v":0.3,"d":"0.300"},-0.58,"Cum",{"$nulls":3},"SSR 20-21"]
[{"$nulls":13},"SSR 20-21"]
[{"$nulls":9},"Cum",{"$f":"data!E1293","v":{"v":5808.169999999999,"d":"5808.17"}},"SSR 20-21",{"$f":"ROUND(I950*K950,0)","v":{"v":0,"d":"0.00"}},"SSR 20-21"]
[22,"Brick Masonary for Superstructure with CM (1:6) proportion using 2nd class traditional bricks of size 23X11X7 cms having minimum crushing strength of 40kg/cm2  including c/c of all materials like Cement, Sand, Bricks, water etc including  labour charges such as mixing cement mortar, Scaffolding charges etc complete for finished item of work (APSS No 501 & 504) ",{"$nulls":11},"SSR 21-22"]
[null,"Qty.p.59 of M.B.No.790/A/ZP/19",{"$nulls":11},"SSR 21-22"]
[null,"Parapet wall",1,"x",1,{"v":23.4,"d":"23.400"},0.115,{"v":0.75,"d":"0.750"},{"$f":"ROUND(IF(AND(F953:H953),C953*E953*F953*G953*H953,IF(AND(F953,G953),C953*E953*F953*G953,IF(AND(F953,H953),C953*E953*F953*H953,IF(AND(G953,H953),C953*E953*G953*H953,IF(F953,C953*E953*F953,IF(G953,C953*E953*G953,IF(H953,C953*E953*H953,C953*E953))))))),2)","v":2.02},"Cum",{"$nulls":3},"SSR 21-22"]
[null,"Dummy pillar",1,"x",14,{"v":1.2,"d":"1.200"},0.115,{"v":0.45,"d":"0.450"},{"$f":"ROUND(IF(AND(F954:H954),C954*E954*F954*G954*H954,IF(AND(F954,G954),C954*E954*F954*G954,IF(AND(F954,H954),C954*E954*F954*H954,IF(AND(G954,H954),C954*E954*G954*H954,IF(F954,C954*E954*F954,IF(G954,C954*E954*G954,IF(H954,C954*E954*H954,C954*E954))))))),2)","v":0.87},"Cum",{"$nulls":3},"SSR 21-22"]
[{"$nulls":13},"SSR 21-22"]
[{"$nulls":9},"Cum",{"$f":"data!E2210","v":6210.51},"SSR 21-22",{"$f":"ROUND(I956*K956,0)","v":{"v":0,"d":"0.00"}},"SSR 21-22"]
[17,"Brick Masonary for Superstructure with CM (1:6) proportion using 2nd class traditional bricks of size 23X11X7 cms having minimum crushing strength of 40kg/cm2  including c/c of all materials like Cement, Sand, Bricks, water etc including  labour charges such as mixing cement mortar, Scaffolding charges etc complete for finished item of work (APSS No 501 & 504) ",{"$nulls":11},"SSR 22-23"]
[null,"Qty.p.48 of M.B.No.790/A/ZP/19",null,"06.09.2023",{"$nulls":9},"SSR 22-23"]
[null,"North side wall",1,"x",1,{"v":13.55,"d":"13.550"},{"v":0.23,"d":"0.230"},{"v":0.75,"d":"0.750"},{"$f":"ROUND(IF(AND(F959:H959),C959*E959*F959*G959*H959,IF(AND(F959,G959),C959*E959*F959*G959,IF(AND(F959,H959),C959*E959*F959*H959,IF(AND(G959,H959),C959*E959*G959*H959,IF(F959,C959*E959*F959,IF(G959,C959*E959*G959,IF(H959,C959*E959*H959,C959*E959))))))),2)","v":2.34},"Cum",{"$nulls":3},"SSR 22-23"]
[null,"Deduct door",1,"x",1,{"v":1.05,"d":"1.050"},{"v":0.23,"d":"0.230"},{"v":0.75,"d":"0.750"},{"$f":"-ROUND(IF(AND(F960:H960),C960*E960*F960*G960*H960,IF(AND(F960,G960),C960*E960*F960*G960,IF(AND(F960,H960),C960*E960*F960*H960,IF(AND(G960,H960),C960*E960*G960*H960,IF(F960,C960*E960*F960,IF(G960,C960*E960*G960,IF(H960,C960*E960*H960,C960*E960))))))),2)","v":-0.18},"Cum",{"$nulls":3},"SSR 22-23"]
[null,"Deduct column",1,"x",4,{"v":0.38,"d":"0.380"},{"v":0.23,"d":"0.230"},{"v":0.75,"d":"0.750"},{"$f":"-ROUND(IF(AND(F961:H961),C961*E961*F961*G961*H961,IF(AND(F961,G961),C961*E961*F961*G961,IF(AND(F961,H961),C961*E961*F961*H961,IF(AND(G961,H961),C961*E961*G961*H961,IF(F961,C961*E961*F961,IF(G961,C961*E961*G961,IF(H961,C961*E961*H961,C961*E961))))))),2)","v":-0.26},"Cum",{"$nulls":3},"SSR 22-23"]
[null,"Deduct column",1,"x",1,{"v":0.23,"d":"0.230"},{"v":0.23,"d":"0.230"},{"v":0.75,"d":"0.750"},{"$f":"-ROUND(IF(AND(F962:H962),C962*E962*F962*G962*H962,IF(AND(F962,G962),C962*E962*F962*G962,IF(AND(F962,H962),C962*E962*F962*H962,IF(AND(G962,H962),C962*E962*G962*H962,IF(F962,C962*E962*F962,IF(G962,C962*E962*G962,IF(H962,C962*E962*H962,C962*E962))))))),2)","v":-0.04},"Cum",{"$nulls":3},"SSR 22-23"]
[null,"South side wall",1,"x",1,{"v":13.55,"d":"13.550"},{"v":0.23,"d":"0.230"},{"v":0.75,"d":"0.750"},{"$f":"ROUND(IF(AND(F963:H963),C963*E963*F963*G963*H963,IF(AND(F963,G963),C963*E963*F963*G963,IF(AND(F963,H963),C963*E963*F963*H963,IF(AND(G963,H963),C963*E963*G963*H963,IF(F963,C963*E963*F963,IF(G963,C963*E963*G963,IF(H963,C963*E963*H963,C963*E963))))))),2)","v":2.34},"Cum",{"$nulls":3},"SSR 22-23"]
[null,"Deduct door",1,"x",1,{"v":0.8,"d":"0.800"},{"v":0.23,"d":"0.230"},{"v":0.75,"d":"0.750"},{"$f":"-ROUND(IF(AND(F964:H964),C964*E964*F964*G964*H964,IF(AND(F964,G964),C964*E964*F964*G964,IF(AND(F964,H964),C964*E964*F964*H964,IF(AND(G964,H964),C964*E964*G964*H964,IF(F964,C964*E964*F964,IF(G964,C964*E964*G964,IF(H964,C964*E964*H964,C964*E964))))))),2)","v":-0.14},"Cum",{"$nulls":3},"SSR 22-23"]
[null,"Deduct column",1,"x",3,{"v":0.38,"d":"0.380"},{"v":0.23,"d":"0.230"},{"v":0.75,"d":"0.750"},{"$f":"-ROUND(IF(AND(F965:H965),C965*E965*F965*G965*H965,IF(AND(F965,G965),C965*E965*F965*G965,IF(AND(F965,H965),C965*E965*F965*H965,IF(AND(G965,H965),C965*E965*G965*H965,IF(F965,C965*E965*F965,IF(G965,C965*E965*G965,IF(H965,C965*E965*H965,C965*E965))))))),2)","v":{"v":-0.2,"d":"-0.20"}},"Cum",{"$nulls":3},"SSR 22-23"]
[null,"Deduct column",1,"x",2,{"v":0.23,"d":"0.230"},{"v":0.23,"d":"0.230"},{"v":0.75,"d":"0.750"},{"$f":"-ROUND(IF(AND(F966:H966),C966*E966*F966*G966*H966,IF(AND(F966,G966),C966*E966*F966*G966,IF(AND(F966,H966),C966*E966*F966*H966,IF(AND(G966,H966),C966*E966*G966*H966,IF(F966,C966*E966*F966,IF(G966,C966*E966*G966,IF(H966,C966*E966*H966,C966*E966))))))),2)","v":-0.08},"Cum",{"$nulls":3},"SSR 22-23"]
[null,"East side wall",1,"x",1,{"v":6.41,"d":"6.410"},{"v":0.23,"d":"0.230"},{"v":0.75,"d":"0.750"},1.11,"Cum",{"$nulls":3},"SSR 22-23"]
[null,"Deduct column",1,"x",3,{"v":0.38,"d":"0.380"},{"v":0.23,"d":"0.230"},{"v":0.75,"d":"0.750"},{"$f":"-ROUND(IF(AND(F968:H968),C968*E968*F968*G968*H968,IF(AND(F968,G968),C968*E968*F968*G968,IF(AND(F968,H968),C968*E968*F968*H968,IF(AND(G968,H968),C968*E968*G968*H968,IF(F968,C968*E968*F968,IF(G968,C968*E968*G968,IF(H968,C968*E968*H968,C968*E968))))))),2)","v":{"v":-0.2,"d":"-0.20"}},"Cum",{"$nulls":3},"SSR 22-23"]
[null,"West side wall",1,"x",1,{"v":6.41,"d":"6.410"},{"v":0.23,"d":"0.230"},{"v":0.75,"d":"0.750"},1.11,"Cum",{"$nulls":3},"SSR 22-23"]
[null,"Deduct door",1,"x",1,{"v":1.05,"d":"1.050"},{"v":0.23,"d":"0.230"},{"v":0.75,"d":"0.750"},{"$f":"-ROUND(IF(AND(F970:H970),C970*E970*F970*G970*H970,IF(AND(F970,G970),C970*E970*F970*G970,IF(AND(F970,H970),C970*E970*F970*H970,IF(AND(G970,H970),C970*E970*G970*H970,IF(F970,C970*E970*F970,IF(G970,C970*E970*G970,IF(H970,C970*E970*H970,C970*E970))))))),2)","v":-0.18},"Cum",{"$nulls":3},"SSR 22-23"]
[null,"Deduct column",1,"x",2,{"v":0.38,"d":"0.380"},{"v":0.23,"d":"0.230"},{"v":0.75,"d":"0.750"},{"$f":"-ROUND(IF(AND(F971:H971),C971*E971*F971*G971*H971,IF(AND(F971,G971),C971*E971*F971*G971,IF(AND(F971,H971),C971*E971*F971*H971,IF(AND(G971,H971),C971*E971*G971*H971,IF(F971,C971*E971*F971,IF(G971,C971*E971*G971,IF(H971,C971*E971*H971,C971*E971))))))),2)","v":-0.13},"Cum",{"$nulls":3},"SSR 22-23"]
[null,"Deduct column",1,"x",1,{"v":0.23,"d":"0.230"},{"v":0.23,"d":"0.230"},{"v":0.75,"d":"0.750"},{"$f":"-ROUND(IF(AND(F972:H972),C972*E972*F972*G972*H972,IF(AND(F972,G972),C972*E972*F972*G972,IF(AND(F972,H972),C972*E972*F972*H972,IF(AND(G972,H972),C972*E972*G972*H972,IF(F972,C972*E972*F972,IF(G972,C972*E972*G972,IF(H972,C972*E972*H972,C972*E972))))))),2)","v":-0.04},"Cum",{"$nulls":3},"SSR 22-23"]
[null,"Qty.p.58 of M.B.No.790/A/ZP/19",null,"13.09.2023",{"$nulls":9},"SSR 22-23"]
[null,"North side wall",1,"x",1,{"v":13.55,"d":"13.550"},{"v":0.23,"d":"0.230"},{"v":1.2,"d":"1.200"},{"$f":"ROUND(IF(AND(F974:H974),C974*E974*F974*G974*H974,IF(AND(F974,G974),C974*E974*F974*G974,IF(AND(F974,H974),C974*E974*F974*H974,IF(AND(G974,H974),C974*E974*G974*H974,IF(F974,C974*E974*F974,IF(G974,C974*E974*G974,IF(H974,C974*E974*H974,C974*E974))))))),2)","v":3.74},"Cum",{"$nulls":3},"SSR 22-23"]
[null,"Deduct door",1,"x",1,{"v":1.05,"d":"1.050"},{"v":0.23,"d":"0.230"},{"v":1.2,"d":"1.200"},{"$f":"-ROUND(IF(AND(F975:H975),C975*E975*F975*G975*H975,IF(AND(F975,G975),C975*E975*F975*G975,IF(AND(F975,H975),C975*E975*F975*H975,IF(AND(G975,H975),C975*E975*G975*H975,IF(F975,C975*E975*F975,IF(G975,C975*E975*G975,IF(H975,C975*E975*H975,C975*E975))))))),2)","v":-0.29},"Cum",{"$nulls":3},"SSR 22-23"]
[null,"Deduct column",1,"x",4,{"v":0.38,"d":"0.380"},{"v":0.23,"d":"0.230"},{"v":1.2,"d":"1.200"},{"$f":"-ROUND(IF(AND(F976:H976),C976*E976*F976*G976*H976,IF(AND(F976,G976),C976*E976*F976*G976,IF(AND(F976,H976),C976*E976*F976*H976,IF(AND(G976,H976),C976*E976*G976*H976,IF(F976,C976*E976*F976,IF(G976,C976*E976*G976,IF(H976,C976*E976*H976,C976*E976))))))),2)","v":-0.42},"Cum",{"$nulls":3},"SSR 22-23"]
[null,"Deduct column",1,"x",1,{"v":0.23,"d":"0.230"},{"v":0.23,"d":"0.230"},{"v":1.2,"d":"1.200"},{"$f":"-ROUND(IF(AND(F977:H977),C977*E977*F977*G977*H977,IF(AND(F977,G977),C977*E977*F977*G977,IF(AND(F977,H977),C977*E977*F977*H977,IF(AND(G977,H977),C977*E977*G977*H977,IF(F977,C977*E977*F977,IF(G977,C977*E977*G977,IF(H977,C977*E977*H977,C977*E977))))))),2)","v":-0.06},"Cum",{"$nulls":3},"SSR 22-23"]
[null,"Deduct windows",1,"x",1,{"v":1.2,"d":"1.200"},{"v":0.23,"d":"0.230"},{"v":1.2,"d":"1.200"},{"$f":"-ROUND(IF(AND(F978:H978),C978*E978*F978*G978*H978,IF(AND(F978,G978),C978*E978*F978*G978,IF(AND(F978,H978),C978*E978*F978*H978,IF(AND(G978,H978),C978*E978*G978*H978,IF(F978,C978*E978*F978,IF(G978,C978*E978*G978,IF(H978,C978*E978*H978,C978*E978))))))),2)","v":-0.33},"Cum",{"$nulls":3},"SSR 22-23"]
[null,"South side wall",1,"x",1,{"v":13.55,"d":"13.550"},{"v":0.23,"d":"0.230"},{"v":1.2,"d":"1.200"},{"$f":"ROUND(IF(AND(F979:H979),C979*E979*F979*G979*H979,IF(AND(F979,G979),C979*E979*F979*G979,IF(AND(F979,H979),C979*E979*F979*H979,IF(AND(G979,H979),C979*E979*G979*H979,IF(F979,C979*E979*F979,IF(G979,C979*E979*G979,IF(H979,C979*E979*H979,C979*E979))))))),2)","v":3.74},"Cum",{"$nulls":3},"SSR 22-23"]
[null,"Deduct door",1,"x",1,{"v":0.8,"d":"0.800"},{"v":0.23,"d":"0.230"},{"v":1.2,"d":"1.200"},{"$f":"-ROUND(IF(AND(F980:H980),C980*E980*F980*G980*H980,IF(AND(F980,G980),C980*E980*F980*G980,IF(AND(F980,H980),C980*E980*F980*H980,IF(AND(G980,H980),C980*E980*G980*H980,IF(F980,C980*E980*F980,IF(G980,C980*E980*G980,IF(H980,C980*E980*H980,C980*E980))))))),2)","v":-0.22},"Cum",{"$nulls":3},"SSR 22-23"]
[null,"Deduct column",1,"x",3,{"v":0.38,"d":"0.380"},{"v":0.23,"d":"0.230"},{"v":1.2,"d":"1.200"},{"$f":"-ROUND(IF(AND(F981:H981),C981*E981*F981*G981*H981,IF(AND(F981,G981),C981*E981*F981*G981,IF(AND(F981,H981),C981*E981*F981*H981,IF(AND(G981,H981),C981*E981*G981*H981,IF(F981,C981*E981*F981,IF(G981,C981*E981*G981,IF(H981,C981*E981*H981,C981*E981))))))),2)","v":-0.31},"Cum",{"$nulls":3},"SSR 22-23"]
[null,"Deduct column",1,"x",2,{"v":0.23,"d":"0.230"},{"v":0.23,"d":"0.230"},{"v":1.2,"d":"1.200"},{"$f":"-ROUND(IF(AND(F982:H982),C982*E982*F982*G982*H982,IF(AND(F982,G982),C982*E982*F982*G982,IF(AND(F982,H982),C982*E982*F982*H982,IF(AND(G982,H982),C982*E982*G982*H982,IF(F982,C982*E982*F982,IF(G982,C982*E982*G982,IF(H982,C982*E982*H982,C982*E982))))))),2)","v":-0.13},"Cum",{"$nulls":3},"SSR 22-23"]
[null,"Deduct windows",1,"x",3,{"v":1.2,"d":"1.200"},{"v":0.23,"d":"0.230"},{"v":1.2,"d":"1.200"},{"$f":"-ROUND(IF(AND(F983:H983),C983*E983*F983*G983*H983,IF(AND(F983,G983),C983*E983*F983*G983,IF(AND(F983,H983),C983*E983*F983*H983,IF(AND(G983,H983),C983*E983*G983*H983,IF(F983,C983*E983*F983,IF(G983,C983*E983*G983,IF(H983,C983*E983*H983,C983*E983))))))),2)","v":-0.99},"Cum",{"$nulls":3},"SSR 22-23"]
[null,"East side wall",1,"x",1,{"v":6.41,"d":"6.410"},{"v":0.23,"d":"0.230"},{"v":1.2,"d":"1.200"},{"$f":"ROUND(IF(AND(F984:H984),C984*E984*F984*G984*H984,IF(AND(F984,G984),C984*E984*F984*G984,IF(AND(F984,H984),C984*E984*F984*H984,IF(AND(G984,H984),C984*E984*G984*H984,IF(F984,C984*E984*F984,IF(G984,C984*E984*G984,IF(H984,C984*E984*H984,C984*E984))))))),2)","v":1.77},"Cum",{"$nulls":3},"SSR 22-23"]
[null,"Deduct column",1,"x",3,{"v":0.38,"d":"0.380"},{"v":0.23,"d":"0.230"},{"v":1.2,"d":"1.200"},{"$f":"-ROUND(IF(AND(F985:H985),C985*E985*F985*G985*H985,IF(AND(F985,G985),C985*E985*F985*G985,IF(AND(F985,H985),C985*E985*F985*H985,IF(AND(G985,H985),C985*E985*G985*H985,IF(F985,C985*E985*F985,IF(G985,C985*E985*G985,IF(H985,C985*E985*H985,C985*E985))))))),2)","v":-0.31},"Cum",{"$nulls":3},"SSR 22-23"]
[null,"Deduct windows",1,"x",1,{"v":1.2,"d":"1.200"},{"v":0.23,"d":"0.230"},{"v":1.2,"d":"1.200"},{"$f":"-ROUND(IF(AND(F986:H986),C986*E986*F986*G986*H986,IF(AND(F986,G986),C986*E986*F986*G986,IF(AND(F986,H986),C986*E986*F986*H986,IF(AND(G986,H986),C986*E986*G986*H986,IF(F986,C986*E986*F986,IF(G986,C986*E986*G986,IF(H986,C986*E986*H986,C986*E986))))))),2)","v":-0.33},"Cum",{"$nulls":3},"SSR 22-23"]
[null,"West side wall",1,"x",1,{"v":6.41,"d":"6.410"},{"v":0.23,"d":"0.230"},{"v":1.2,"d":"1.200"},{"$f":"ROUND(IF(AND(F987:H987),C987*E987*F987*G987*H987,IF(AND(F987,G987),C987*E987*F987*G987,IF(AND(F987,H987),C987*E987*F987*H987,IF(AND(G987,H987),C987*E987*G987*H987,IF(F987,C987*E987*F987,IF(G987,C987*E987*G987,IF(H987,C987*E987*H987,C987*E987))))))),2)","v":1.77},"Cum",{"$nulls":3},"SSR 22-23"]
[null,"Deduct door",1,"x",1,{"v":1.05,"d":"1.050"},{"v":0.23,"d":"0.230"},{"v":1.2,"d":"1.200"},{"$f":"-ROUND(IF(AND(F988:H988),C988*E988*F988*G988*H988,IF(AND(F988,G988),C988*E988*F988*G988,IF(AND(F988,H988),C988*E988*F988*H988,IF(AND(G988,H988),C988*E988*G988*H988,IF(F988,C988*E988*F988,IF(G988,C988*E988*G988,IF(H988,C988*E988*H988,C988*E988))))))),2)","v":-0.29},"Cum",{"$nulls":3},"SSR 22-23"]
[null,"Deduct column",1,"x",2,{"v":0.38,"d":"0.380"},{"v":0.23,"d":"0.230"},{"v":1.2,"d":"1.200"},{"$f":"-ROUND(IF(AND(F989:H989),C989*E989*F989*G989*H989,IF(AND(F989,G989),C989*E989*F989*G989,IF(AND(F989,H989),C989*E989*F989*H989,IF(AND(G989,H989),C989*E989*G989*H989,IF(F989,C989*E989*F989,IF(G989,C989*E989*G989,IF(H989,C989*E989*H989,C989*E989))))))),2)","v":-0.21},"Cum",{"$nulls":3},"SSR 22-23"]
[null,"Deduct column",1,"x",1,{"v":0.23,"d":"0.230"},{"v":0.23,"d":"0.230"},{"v":1.2,"d":"1.200"},{"$f":"-ROUND(IF(AND(F990:H990),C990*E990*F990*G990*H990,IF(AND(F990,G990),C990*E990*F990*G990,IF(AND(F990,H990),C990*E990*F990*H990,IF(AND(G990,H990),C990*E990*G990*H990,IF(F990,C990*E990*F990,IF(G990,C990*E990*G990,IF(H990,C990*E990*H990,C990*E990))))))),2)","v":-0.06},"Cum",{"$nulls":3},"SSR 22-23"]
[null,"Deduct windows",1,"x",2,{"v":1.2,"d":"1.200"},{"v":0.23,"d":"0.230"},{"v":1.2,"d":"1.200"},{"$f":"-ROUND(IF(AND(F991:H991),C991*E991*F991*G991*H991,IF(AND(F991,G991),C991*E991*F991*G991,IF(AND(F991,H991),C991*E991*F991*H991,IF(AND(G991,H991),C991*E991*G991*H991,IF(F991,C991*E991*F991,IF(G991,C991*E991*G991,IF(H991,C991*E991*H991,C991*E991))))))),2)","v":-0.66},"Cum",{"$nulls":3},"SSR 22-23"]
[null,"Qty.p.71 of M.B.No.790/A/ZP/19",null,"20.09.2023",{"$nulls":9},"SSR 22-23"]
[null,"North side wall",1,"x",1,{"v":13.55,"d":"13.550"},{"v":0.23,"d":"0.230"},0.625,{"$f":"ROUND(IF(AND(F993:H993),C993*E993*F993*G993*H993,IF(AND(F993,G993),C993*E993*F993*G993,IF(AND(F993,H993),C993*E993*F993*H993,IF(AND(G993,H993),C993*E993*G993*H993,IF(F993,C993*E993*F993,IF(G993,C993*E993*G993,IF(H993,C993*E993*H993,C993*E993))))))),2)","v":1.95},"Cum",{"$nulls":3},"SSR 22-23"]
[null,"Deduct column",1,"x",4,{"v":0.38,"d":"0.380"},{"v":0.23,"d":"0.230"},0.625,{"$f":"-ROUND(IF(AND(F994:H994),C994*E994*F994*G994*H994,IF(AND(F994,G994),C994*E994*F994*G994,IF(AND(F994,H994),C994*E994*F994*H994,IF(AND(G994,H994),C994*E994*G994*H994,IF(F994,C994*E994*F994,IF(G994,C994*E994*G994,IF(H994,C994*E994*H994,C994*E994))))))),2)","v":-0.22},"Cum",{"$nulls":3},"SSR 22-23"]
[null,"Deduct column",1,"x",1,{"v":0.23,"d":"0.230"},{"v":0.23,"d":"0.230"},0.625,{"$f":"-ROUND(IF(AND(F995:H995),C995*E995*F995*G995*H995,IF(AND(F995,G995),C995*E995*F995*G995,IF(AND(F995,H995),C995*E995*F995*H995,IF(AND(G995,H995),C995*E995*G995*H995,IF(F995,C995*E995*F995,IF(G995,C995*E995*G995,IF(H995,C995*E995*H995,C995*E995))))))),2)","v":-0.03},"Cum",{"$nulls":3},"SSR 22-23"]
[null,"Deduct ventilators",1,"x",2,{"v":0.6,"d":"0.600"},{"v":0.23,"d":"0.230"},{"v":0.3,"d":"0.300"},{"$f":"-ROUND(IF(AND(F996:H996),C996*E996*F996*G996*H996,IF(AND(F996,G996),C996*E996*F996*G996,IF(AND(F996,H996),C996*E996*F996*H996,IF(AND(G996,H996),C996*E996*G996*H996,IF(F996,C996*E996*F996,IF(G996,C996*E996*G996,IF(H996,C996*E996*H996,C996*E996))))))),2)","v":-0.08},"Cum",{"$nulls":3},"SSR 22-23"]
[null,"South side wall",1,"x",1,{"v":13.55,"d":"13.550"},{"v":0.23,"d":"0.230"},0.625,{"$f":"ROUND(IF(AND(F997:H997),C997*E997*F997*G997*H997,IF(AND(F997,G997),C997*E997*F997*G997,IF(AND(F997,H997),C997*E997*F997*H997,IF(AND(G997,H997),C997*E997*G997*H997,IF(F997,C997*E997*F997,IF(G997,C997*E997*G997,IF(H997,C997*E997*H997,C997*E997))))))),2)","v":1.95},"Cum",{"$nulls":3},"SSR 22-23"]
[null,"Deduct column",1,"x",3,{"v":0.38,"d":"0.380"},{"v":0.23,"d":"0.230"},0.625,{"$f":"-ROUND(IF(AND(F998:H998),C998*E998*F998*G998*H998,IF(AND(F998,G998),C998*E998*F998*G998,IF(AND(F998,H998),C998*E998*F998*H998,IF(AND(G998,H998),C998*E998*G998*H998,IF(F998,C998*E998*F998,IF(G998,C998*E998*G998,IF(H998,C998*E998*H998,C998*E998))))))),2)","v":-0.16},"Cum",{"$nulls":3},"SSR 22-23"]
[null,"Deduct column",1,"x",2,{"v":0.23,"d":"0.230"},{"v":0.23,"d":"0.230"},0.625,{"$f":"-ROUND(IF(AND(F999:H999),C999*E999*F999*G999*H999,IF(AND(F999,G999),C999*E999*F999*G999,IF(AND(F999,H999),C999*E999*F999*H999,IF(AND(G999,H999),C999*E999*G999*H999,IF(F999,C999*E999*F999,IF(G999,C999*E999*G999,IF(H999,C999*E999*H999,C999*E999))))))),2)","v":-0.07},"Cum",{"$nulls":3},"SSR 22-23"]
[null,"Deduct ventilators",1,"x",5,{"v":0.6,"d":"0.600"},{"v":0.23,"d":"0.230"},{"v":0.3,"d":"0.300"},{"$f":"-ROUND(IF(AND(F1000:H1000),C1000*E1000*F1000*G1000*H1000,IF(AND(F1000,G1000),C1000*E1000*F1000*G1000,IF(AND(F1000,H1000),C1000*E1000*F1000*H1000,IF(AND(G1000,H1000),C1000*E1000*G1000*H1000,IF(F1000,C1000*E1000*F1000,IF(G1000,C1000*E1000*G1000,IF(H1000,C1000*E1000*H1000,C1000*E1000))))))),2)","v":-0.21},"Cum",{"$nulls":3},"SSR 22-23"]
[null,"East side wall",1,"x",1,{"v":6.41,"d":"6.410"},{"v":0.23,"d":"0.230"},0.625,{"$f":"ROUND(IF(AND(F1001:H1001),C1001*E1001*F1001*G1001*H1001,IF(AND(F1001,G1001),C1001*E1001*F1001*G1001,IF(AND(F1001,H1001),C1001*E1001*F1001*H1001,IF(AND(G1001,H1001),C1001*E1001*G1001*H1001,IF(F1001,C1001*E1001*F1001,IF(G1001,C1001*E1001*G1001,IF(H1001,C1001*E1001*H1001,C1001*E1001))))))),2)","v":0.92},"Cum",{"$nulls":3},"SSR 22-23"]
[null,"Deduct column",1,"x",3,{"v":0.38,"d":"0.380"},{"v":0.23,"d":"0.230"},0.625,{"$f":"-ROUND(IF(AND(F1002:H1002),C1002*E1002*F1002*G1002*H1002,IF(AND(F1002,G1002),C1002*E1002*F1002*G1002,IF(AND(F1002,H1002),C1002*E1002*F1002*H1002,IF(AND(G1002,H1002),C1002*E1002*G1002*H1002,IF(F1002,C1002*E1002*F1002,IF(G1002,C1002*E1002*G1002,IF(H1002,C1002*E1002*H1002,C1002*E1002))))))),2)","v":-0.16},"Cum",{"$nulls":3},"SSR 22-23"]
[null,"Deduct ventilators",1,"x",1,{"v":0.6,"d":"0.600"},{"v":0.23,"d":"0.230"},0.625,{"$f":"-ROUND(IF(AND(F1003:H1003),C1003*E1003*F1003*G1003*H1003,IF(AND(F1003,G1003),C1003*E1003*F1003*G1003,IF(AND(F1003,H1003),C1003*E1003*F1003*H1003,IF(AND(G1003,H1003),C1003*E1003*G1003*H1003,IF(F1003,C1003*E1003*F1003,IF(G1003,C1003*E1003*G1003,IF(H1003,C1003*E1003*H1003,C1003*E1003))))))),2)","v":-0.09},"Cum",{"$nulls":3},"SSR 22-23"]
[null,"West side wall",1,"x",1,{"v":6.41,"d":"6.410"},{"v":0.23,"d":"0.230"},{"v":0.3,"d":"0.300"},{"$f":"ROUND(IF(AND(F1004:H1004),C1004*E1004*F1004*G1004*H1004,IF(AND(F1004,G1004),C1004*E1004*F1004*G1004,IF(AND(F1004,H1004),C1004*E1004*F1004*H1004,IF(AND(G1004,H1004),C1004*E1004*G1004*H1004,IF(F1004,C1004*E1004*F1004,IF(G1004,C1004*E1004*G1004,IF(H1004,C1004*E1004*H1004,C1004*E1004))))))),2)","v":0.44},"Cum",{"$nulls":3},"SSR 22-23"]
[null,"Deduct column",1,"x",2,{"v":0.38,"d":"0.380"},{"v":0.23,"d":"0.230"},0.625,{"$f":"-ROUND(IF(AND(F1005:H1005),C1005*E1005*F1005*G1005*H1005,IF(AND(F1005,G1005),C1005*E1005*F1005*G1005,IF(AND(F1005,H1005),C1005*E1005*F1005*H1005,IF(AND(G1005,H1005),C1005*E1005*G1005*H1005,IF(F1005,C1005*E1005*F1005,IF(G1005,C1005*E1005*G1005,IF(H1005,C1005*E1005*H1005,C1005*E1005))))))),2)","v":-0.11},"Cum",{"$nulls":3},"SSR 22-23"]
[null,"Deduct column",1,"x",1,{"v":0.23,"d":"0.230"},{"v":0.23,"d":"0.230"},0.625,{"$f":"-ROUND(IF(AND(F1006:H1006),C1006*E1006*F1006*G1006*H1006,IF(AND(F1006,G1006),C1006*E1006*F1006*G1006,IF(AND(F1006,H1006),C1006*E1006*F1006*H1006,IF(AND(G1006,H1006),C1006*E1006*G1006*H1006,IF(F1006,C1006*E1006*F1006,IF(G1006,C1006*E1006*G1006,IF(H1006,C1006*E1006*H1006,C1006*E1006))))))),2)","v":-0.03},"Cum",{"$nulls":3},"SSR 22-23"]
[null,"Deduct ventilators",1,"x",1,{"v":0.6,"d":"0.600"},{"v":0.23,"d":"0.230"},{"v":0.3,"d":"0.300"},{"$f":"-ROUND(IF(AND(F1007:H1007),C1007*E1007*F1007*G1007*H1007,IF(AND(F1007,G1007),C1007*E1007*F1007*G1007,IF(AND(F1007,H1007),C1007*E1007*F1007*H1007,IF(AND(G1007,H1007),C1007*E1007*G1007*H1007,IF(F1007,C1007*E1007*F1007,IF(G1007,C1007*E1007*G1007,IF(H1007,C1007*E1007*H1007,C1007*E1007))))))),2)","v":-0.04},"Cum",{"$nulls":3},"SSR 22-23"]
[null,"Parapet wall",1,"x",1,{"v":38.95,"d":"38.950"},0.115,{"v":0.75,"d":"0.750"},{"$f":"ROUND(IF(AND(F1008:H1008),C1008*E1008*F1008*G1008*H1008,IF(AND(F1008,G1008),C1008*E1008*F1008*G1008,IF(AND(F1008,H1008),C1008*E1008*F1008*H1008,IF(AND(G1008,H1008),C1008*E1008*G1008*H1008,IF(F1008,C1008*E1008*F1008,IF(G1008,C1008*E1008*G1008,IF(H1008,C1008*E1008*H1008,C1008*E1008))))))),2)","v":3.36},"Cum",{"$nulls":3},"SSR 22-23"]
[{"$nulls":13},"SSR 22-23"]
[{"$nulls":9},"Cum",{"$f":"data!E3127","v":{"v":6926.2300000000005,"d":"6926.23"}},"SSR 22-23",{"$f":"ROUND(I1010*K1010,0)","v":{"v":0,"d":"0.00"}},"SSR 22-23"]
[18,"Reinforced Brick Masonry for partition walls (11.0 cm thick) in CM (1:4) prop. (Cement : Sand) using common burnt clay bricks of class as per Table- I of IS:1077-1992, Non- Modular or traditional size    23 x 11 x 7 cms from approved source having minimum crushing strength of 40 Kg/Sq.cm and placing 2 Nos. of 6mm M.S plain rods in every third layer with free ends of the reinforcement pegged into mortar joints of main brick walls where applicable including cost and conveyance of all materials and  all operational, incidental charges such as labour charges for mixing cement mortar, scaffolding charges, lift charges,and all labour charges etc., but excluding cost of steel and its fabrication charges complete for finished item of work. ",{"$nulls":11},"SSR 19-20"]
[null,"Qty.p.22 to 25 of M.B.No.604/B/ZP/20",null,"03.07.2022",{"$nulls":9},"SSR 19-20"]
[null,"B2-C2",1,"x",1,{"v":2.73,"d":"2.730"},{"v":0,"d":"0.000"},{"v":2.1,"d":"2.100"},{"$f":"ROUND(IF(AND(F1013:H1013),C1013*E1013*F1013*G1013*H1013,IF(AND(F1013,G1013),C1013*E1013*F1013*G1013,IF(AND(F1013,H1013),C1013*E1013*F1013*H1013,IF(AND(G1013,H1013),C1013*E1013*G1013*H1013,IF(F1013,C1013*E1013*F1013,IF(G1013,C1013*E1013*G1013,IF(H1013,C1013*E1013*H1013,C1013*E1013))))))),2)","v":5.73},"Sqm",{"$nulls":3},"SSR 19-20"]
[null,"A3-C3",1,"x",1,{"v":5.83,"d":"5.830"},{"v":0,"d":"0.000"},{"v":2.1,"d":"2.100"},12.24,"Sqm",{"$nulls":3},"SSR 19-20"]
[null,"Deduct columns",1,"x",1,{"v":0.23,"d":"0.230"},{"v":0,"d":"0.000"},{"v":2.1,"d":"2.100"},{"$f":"-ROUND(IF(AND(F1015:H1015),C1015*E1015*F1015*G1015*H1015,IF(AND(F1015,G1015),C1015*E1015*F1015*G1015,IF(AND(F1015,H1015),C1015*E1015*F1015*H1015,IF(AND(G1015,H1015),C1015*E1015*G1015*H1015,IF(F1015,C1015*E1015*F1015,IF(G1015,C1015*E1015*G1015,IF(H1015,C1015*E1015*H1015,C1015*E1015))))))),2)","v":-0.48},"Sqm",{"$nulls":3},"SSR 19-20"]
[null,"B4-C4",1,"x",1,{"v":2.72,"d":"2.720"},{"v":0,"d":"0.000"},{"v":2.1,"d":"2.100"},5.71,"Sqm",{"$nulls":3},"SSR 19-20"]
[null,"Tiolet long wall",1,"x",2,{"v":2.72,"d":"2.720"},{"v":0,"d":"0.000"},{"v":2.1,"d":"2.100"},11.42,"Sqm",{"$nulls":3},"SSR 19-20"]
[null,"cross wall",1,"x",2,{"v":1.45,"d":"1.450"},{"v":0,"d":"0.000"},{"v":2.1,"d":"2.100"},6.09,"Sqm",{"$nulls":3},"SSR 19-20"]
[null,"B1-B5",1,"x",1,{"v":13.03,"d":"13.030"},{"v":0,"d":"0.000"},{"v":2.1,"d":"2.100"},27.36,"Sqm",{"$nulls":3},"SSR 19-20"]
[null,"Deduct columns",1,"x",2,{"v":0.38,"d":"0.380"},{"v":0,"d":"0.000"},{"v":2.1,"d":"2.100"},{"$f":"-ROUND(IF(AND(F1020:H1020),C1020*E1020*F1020*G1020*H1020,IF(AND(F1020,G1020),C1020*E1020*F1020*G1020,IF(AND(F1020,H1020),C1020*E1020*F1020*H1020,IF(AND(G1020,H1020),C1020*E1020*G1020*H1020,IF(F1020,C1020*E1020*F1020,IF(G1020,C1020*E1020*G1020,IF(H1020,C1020*E1020*H1020,C1020*E1020))))))),2)","v":{"v":-1.6,"d":"-1.60"}},"Sqm",{"$nulls":3},"SSR 19-20"]
[null,"Deduct columns",1,"x",1,{"v":0.23,"d":"0.230"},{"v":0,"d":"0.000"},{"v":2.1,"d":"2.100"},{"$f":"-ROUND(IF(AND(F1021:H1021),C1021*E1021*F1021*G1021*H1021,IF(AND(F1021,G1021),C1021*E1021*F1021*G1021,IF(AND(F1021,H1021),C1021*E1021*F1021*H1021,IF(AND(G1021,H1021),C1021*E1021*G1021*H1021,IF(F1021,C1021*E1021*F1021,IF(G1021,C1021*E1021*G1021,IF(H1021,C1021*E1021*H1021,C1021*E1021))))))),2)","v":-0.48},"Sqm",{"$nulls":3},"SSR 19-20"]
[null,"Deduct door",1,"x",1,{"v":1.05,"d":"1.050"},{"v":0,"d":"0.000"},{"v":2.1,"d":"2.100"},{"$f":"-ROUND(IF(AND(F1022:H1022),C1022*E1022*F1022*G1022*H1022,IF(AND(F1022,G1022),C1022*E1022*F1022*G1022,IF(AND(F1022,H1022),C1022*E1022*F1022*H1022,IF(AND(G1022,H1022),C1022*E1022*G1022*H1022,IF(F1022,C1022*E1022*F1022,IF(G1022,C1022*E1022*G1022,IF(H1022,C1022*E1022*H1022,C1022*E1022))))))),2)","v":-2.21},"Sqm",{"$nulls":3},"SSR 19-20"]
[null,"Deduct door",1,"x",2,{"v":0.9,"d":"0.900"},{"v":0,"d":"0.000"},{"v":2.1,"d":"2.100"},{"$f":"-ROUND(IF(AND(F1023:H1023),C1023*E1023*F1023*G1023*H1023,IF(AND(F1023,G1023),C1023*E1023*F1023*G1023,IF(AND(F1023,H1023),C1023*E1023*F1023*H1023,IF(AND(G1023,H1023),C1023*E1023*G1023*H1023,IF(F1023,C1023*E1023*F1023,IF(G1023,C1023*E1023*G1023,IF(H1023,C1023*E1023*H1023,C1023*E1023))))))),2)","v":-3.78},"Sqm",{"$nulls":3},"SSR 19-20"]
[null,"Deduct door",1,"x",1,{"v":1,"d":"1.000"},{"v":0,"d":"0.000"},{"v":2.1,"d":"2.100"},{"$f":"-ROUND(IF(AND(F1024:H1024),C1024*E1024*F1024*G1024*H1024,IF(AND(F1024,G1024),C1024*E1024*F1024*G1024,IF(AND(F1024,H1024),C1024*E1024*F1024*H1024,IF(AND(G1024,H1024),C1024*E1024*G1024*H1024,IF(F1024,C1024*E1024*F1024,IF(G1024,C1024*E1024*G1024,IF(H1024,C1024*E1024*H1024,C1024*E1024))))))),2)","v":{"v":-2.1,"d":"-2.10"}},"Sqm",{"$nulls":3},"SSR 19-20"]
[null,"Deduct door",1,"x",2,{"v":0.75,"d":"0.750"},{"v":0,"d":"0.000"},{"v":2.1,"d":"2.100"},{"$f":"-ROUND(IF(AND(F1025:H1025),C1025*E1025*F1025*G1025*H1025,IF(AND(F1025,G1025),C1025*E1025*F1025*G1025,IF(AND(F1025,H1025),C1025*E1025*F1025*H1025,IF(AND(G1025,H1025),C1025*E1025*G1025*H1025,IF(F1025,C1025*E1025*F1025,IF(G1025,C1025*E1025*G1025,IF(H1025,C1025*E1025*H1025,C1025*E1025))))))),2)","v":-3.15},"Sqm",{"$nulls":3},"SSR 19-20"]
[null,"Qty.p.30 to 32 of M.B.No.604/B/ZP/20",null,"15.07.2022",{"$nulls":9},"SSR 19-20"]
[null,"B2-C2",1,"x",1,{"v":2.73,"d":"2.730"},{"v":0,"d":"0.000"},{"v":0.75,"d":"0.750"},{"$f":"ROUND(IF(AND(F1027:H1027),C1027*E1027*F1027*G1027*H1027,IF(AND(F1027,G1027),C1027*E1027*F1027*G1027,IF(AND(F1027,H1027),C1027*E1027*F1027*H1027,IF(AND(G1027,H1027),C1027*E1027*G1027*H1027,IF(F1027,C1027*E1027*F1027,IF(G1027,C1027*E1027*G1027,IF(H1027,C1027*E1027*H1027,C1027*E1027))))))),2)","v":2.05},"Sqm",{"$nulls":3},"SSR 19-20"]
[null,"A3-C3",1,"x",1,{"v":5.83,"d":"5.830"},{"v":0,"d":"0.000"},{"v":0.75,"d":"0.750"},4.37,"Sqm",{"$nulls":3},"SSR 19-20"]
[null,"Deduct columns",1,"x",1,{"v":0.23,"d":"0.230"},{"v":0,"d":"0.000"},{"v":0.75,"d":"0.750"},{"$f":"-ROUND(IF(AND(F1029:H1029),C1029*E1029*F1029*G1029*H1029,IF(AND(F1029,G1029),C1029*E1029*F1029*G1029,IF(AND(F1029,H1029),C1029*E1029*F1029*H1029,IF(AND(G1029,H1029),C1029*E1029*G1029*H1029,IF(F1029,C1029*E1029*F1029,IF(G1029,C1029*E1029*G1029,IF(H1029,C1029*E1029*H1029,C1029*E1029))))))),2)","v":-0.17},"Sqm",{"$nulls":3},"SSR 19-20"]
[null,"B4-C4",1,"x",1,{"v":2.72,"d":"2.720"},{"v":0,"d":"0.000"},{"v":0.75,"d":"0.750"},2.04,"Sqm",{"$nulls":3},"SSR 19-20"]
[null,"Tiolet long wall",1,"x",2,{"v":2.72,"d":"2.720"},{"v":0,"d":"0.000"},{"v":0.75,"d":"0.750"},4.08,"Sqm",{"$nulls":3},"SSR 19-20"]
[null,"cross wall",1,"x",2,{"v":1.45,"d":"1.450"},{"v":0,"d":"0.000"},{"v":0.75,"d":"0.750"},2.18,"Sqm",{"$nulls":3},"SSR 19-20"]
[null,"B1-B5",1,"x",1,{"v":13.03,"d":"13.030"},{"v":0,"d":"0.000"},{"v":0.75,"d":"0.750"},9.77,"Sqm",{"$nulls":3},"SSR 19-20"]
[null,"Deduct columns",1,"x",2,{"v":0.38,"d":"0.380"},{"v":0,"d":"0.000"},{"v":0.75,"d":"0.750"},{"$f":"-ROUND(IF(AND(F1034:H1034),C1034*E1034*F1034*G1034*H1034,IF(AND(F1034,G1034),C1034*E1034*F1034*G1034,IF(AND(F1034,H1034),C1034*E1034*F1034*H1034,IF(AND(G1034,H1034),C1034*E1034*G1034*H1034,IF(F1034,C1034*E1034*F1034,IF(G1034,C1034*E1034*G1034,IF(H1034,C1034*E1034*H1034,C1034*E1034))))))),2)","v":-0.57},"Sqm",{"$nulls":3},"SSR 19-20"]
[null,"Deduct columns",1,"x",1,{"v":0.23,"d":"0.230"},{"v":0,"d":"0.000"},{"v":0.75,"d":"0.750"},-0.17,"Sqm",{"$nulls":3},"SSR 19-20"]
[{"$nulls":13},"SSR 19-20"]
[{"$nulls":8},{"$f":"SUM(I1013:I1036)","v":78.33},"Sqm",{"$f":"data!E411","v":710.66},"SSR 19-20",{"$f":"ROUND(I1037*K1037/1,0)","v":{"v":55666,"d":"55666.00"}},"SSR 19-20"]
[25,"Reinforced Brick Masonry for partition walls (11.0 cm thick) in CM (1:4) prop. (Cement : Sand) using common burnt clay bricks of class as per Table- I of IS:1077-1992, Non- Modular or traditional size    23 x 11 x 7 cms from approved source having minimum crushing strength of 40 Kg/Sq.cm and placing 2 Nos. of 6mm M.S plain rods in every third layer with free ends of the reinforcement pegged into mortar joints of main brick walls where applicable including cost and conveyance of all materials and  all operational, incidental charges such as labour charges for mixing cement mortar, scaffolding charges, lift charges,and all labour charges etc., but excluding cost of steel and its fabrication charges complete for finished item of work. ",{"$nulls":11},"SSR 20-21"]
[null,"Qty.p.4 to 6 of M.B.No.478/A/ZP/20",null,"07.06.2021",{"$nulls":9},"SSR 20-21"]
[null,"B2-C2",1,"x",1,{"v":2.7,"d":"2.700"},{"v":0,"d":"0.000"},{"v":2.1,"d":"2.100"},{"$f":"ROUND(IF(AND(F1040:H1040),C1040*E1040*F1040*G1040*H1040,IF(AND(F1040,G1040),C1040*E1040*F1040*G1040,IF(AND(F1040,H1040),C1040*E1040*F1040*H1040,IF(AND(G1040,H1040),C1040*E1040*G1040*H1040,IF(F1040,C1040*E1040*F1040,IF(G1040,C1040*E1040*G1040,IF(H1040,C1040*E1040*H1040,C1040*E1040))))))),2)","v":5.67},"Sqm",{"$nulls":3},"SSR 20-21"]
[null,"A3-C3",1,"x",1,{"v":5.93,"d":"5.930"},{"v":0,"d":"0.000"},{"v":2.1,"d":"2.100"},12.45,"Sqm",{"$nulls":3},"SSR 20-21"]
[null,"Deduct columns",1,"x",1,{"v":0.23,"d":"0.230"},{"v":0,"d":"0.000"},{"v":2.1,"d":"2.100"},{"$f":"-ROUND(IF(AND(F1042:H1042),C1042*E1042*F1042*G1042*H1042,IF(AND(F1042,G1042),C1042*E1042*F1042*G1042,IF(AND(F1042,H1042),C1042*E1042*F1042*H1042,IF(AND(G1042,H1042),C1042*E1042*G1042*H1042,IF(F1042,C1042*E1042*F1042,IF(G1042,C1042*E1042*G1042,IF(H1042,C1042*E1042*H1042,C1042*E1042))))))),2)","v":-0.48},"Sqm",{"$nulls":3},"SSR 20-21"]
[null,"B4-C4",1,"x",1,{"v":2.7,"d":"2.700"},{"v":0,"d":"0.000"},{"v":2.1,"d":"2.100"},{"$f":"ROUND(IF(AND(F1043:H1043),C1043*E1043*F1043*G1043*H1043,IF(AND(F1043,G1043),C1043*E1043*F1043*G1043,IF(AND(F1043,H1043),C1043*E1043*F1043*H1043,IF(AND(G1043,H1043),C1043*E1043*G1043*H1043,IF(F1043,C1043*E1043*F1043,IF(G1043,C1043*E1043*G1043,IF(H1043,C1043*E1043*H1043,C1043*E1043))))))),2)","v":5.67},"Sqm",{"$nulls":3},"SSR 20-21"]
[null,"Tiolet long wall",1,"x",2,{"v":2.7,"d":"2.700"},{"v":0,"d":"0.000"},{"v":2.1,"d":"2.100"},11.34,"Sqm",{"$nulls":3},"SSR 20-21"]
[null,"Cross wall",1,"x",2,{"v":1.36,"d":"1.360"},{"v":0,"d":"0.000"},{"v":2.1,"d":"2.100"},5.71,"Sqm",{"$nulls":3},"SSR 20-21"]
[null,"Deduct door",1,"x",5,{"v":0.9,"d":"0.900"},{"v":0,"d":"0.000"},{"v":2.1,"d":"2.100"},{"$f":"-ROUND(IF(AND(F1046:H1046),C1046*E1046*F1046*G1046*H1046,IF(AND(F1046,G1046),C1046*E1046*F1046*G1046,IF(AND(F1046,H1046),C1046*E1046*F1046*H1046,IF(AND(G1046,H1046),C1046*E1046*G1046*H1046,IF(F1046,C1046*E1046*F1046,IF(G1046,C1046*E1046*G1046,IF(H1046,C1046*E1046*H1046,C1046*E1046))))))),2)","v":-9.45},"Sqm",{"$nulls":3},"SSR 20-21"]
[null,"Deduct door",1,"x",2,{"v":0.75,"d":"0.750"},{"v":0,"d":"0.000"},{"v":2.1,"d":"2.100"},{"$f":"-ROUND(IF(AND(F1047:H1047),C1047*E1047*F1047*G1047*H1047,IF(AND(F1047,G1047),C1047*E1047*F1047*G1047,IF(AND(F1047,H1047),C1047*E1047*F1047*H1047,IF(AND(G1047,H1047),C1047*E1047*G1047*H1047,IF(F1047,C1047*E1047*F1047,IF(G1047,C1047*E1047*G1047,IF(H1047,C1047*E1047*H1047,C1047*E1047))))))),2)","v":-3.15},"Sqm",{"$nulls":3},"SSR 20-21"]
[null,"Deduct door gap",1,"x",1,{"v":1.36,"d":"1.360"},{"v":0,"d":"0.000"},{"v":2.1,"d":"2.100"},{"$f":"-ROUND(IF(AND(F1048:H1048),C1048*E1048*F1048*G1048*H1048,IF(AND(F1048,G1048),C1048*E1048*F1048*G1048,IF(AND(F1048,H1048),C1048*E1048*F1048*H1048,IF(AND(G1048,H1048),C1048*E1048*G1048*H1048,IF(F1048,C1048*E1048*F1048,IF(G1048,C1048*E1048*G1048,IF(H1048,C1048*E1048*H1048,C1048*E1048))))))),2)","v":-2.86},"Sqm",{"$nulls":3},"SSR 20-21"]
[null,"Qty.p.10 to 12 of M.B.No.478/A/ZP/20",null,"16.06.2021",{"$nulls":9},"SSR 20-21"]
[null,"B2-C2",1,"x",1,{"v":2.7,"d":"2.700"},{"v":0,"d":"0.000"},{"v":0.64,"d":"0.640"},{"$f":"ROUND(IF(AND(F1050:H1050),C1050*E1050*F1050*G1050*H1050,IF(AND(F1050,G1050),C1050*E1050*F1050*G1050,IF(AND(F1050,H1050),C1050*E1050*F1050*H1050,IF(AND(G1050,H1050),C1050*E1050*G1050*H1050,IF(F1050,C1050*E1050*F1050,IF(G1050,C1050*E1050*G1050,IF(H1050,C1050*E1050*H1050,C1050*E1050))))))),2)","v":1.73},"Sqm",{"$nulls":3},"SSR 20-21"]
[null,"A3-C3",1,"x",1,{"v":5.93,"d":"5.930"},{"v":0,"d":"0.000"},{"v":0.64,"d":"0.640"},{"v":3.8,"d":"3.80"},"Sqm",{"$nulls":3},"SSR 20-21"]
[null,"Deduct columns",1,"x",1,{"v":0.23,"d":"0.230"},{"v":0,"d":"0.000"},{"v":0.64,"d":"0.640"},{"$f":"-ROUND(IF(AND(F1052:H1052),C1052*E1052*F1052*G1052*H1052,IF(AND(F1052,G1052),C1052*E1052*F1052*G1052,IF(AND(F1052,H1052),C1052*E1052*F1052*H1052,IF(AND(G1052,H1052),C1052*E1052*G1052*H1052,IF(F1052,C1052*E1052*F1052,IF(G1052,C1052*E1052*G1052,IF(H1052,C1052*E1052*H1052,C1052*E1052))))))),2)","v":-0.15},"Sqm",{"$nulls":3},"SSR 20-21"]
[null,"B4-C4",1,"x",1,{"v":2.7,"d":"2.700"},{"v":0,"d":"0.000"},{"v":0.64,"d":"0.640"},{"$f":"ROUND(IF(AND(F1053:H1053),C1053*E1053*F1053*G1053*H1053,IF(AND(F1053,G1053),C1053*E1053*F1053*G1053,IF(AND(F1053,H1053),C1053*E1053*F1053*H1053,IF(AND(G1053,H1053),C1053*E1053*G1053*H1053,IF(F1053,C1053*E1053*F1053,IF(G1053,C1053*E1053*G1053,IF(H1053,C1053*E1053*H1053,C1053*E1053))))))),2)","v":1.73},"Sqm",{"$nulls":3},"SSR 20-21"]
[null,"Tiolet long wall",1,"x",2,{"v":2.7,"d":"2.700"},{"v":0,"d":"0.000"},{"v":0.64,"d":"0.640"},3.46,"Sqm",{"$nulls":3},"SSR 20-21"]
[null,"Cross wall",1,"x",2,{"v":1.36,"d":"1.360"},{"v":0,"d":"0.000"},{"v":0.64,"d":"0.640"},1.74,"Sqm",{"$nulls":3},"SSR 20-21"]
[null,"Deduct door gap",1,"x",1,{"v":1.36,"d":"1.360"},{"v":0,"d":"0.000"},{"v":0.64,"d":"0.640"},{"$f":"-ROUND(IF(AND(F1056:H1056),C1056*E1056*F1056*G1056*H1056,IF(AND(F1056,G1056),C1056*E1056*F1056*G1056,IF(AND(F1056,H1056),C1056*E1056*F1056*H1056,IF(AND(G1056,H1056),C1056*E1056*G1056*H1056,IF(F1056,C1056*E1056*F1056,IF(G1056,C1056*E1056*G1056,IF(H1056,C1056*E1056*H1056,C1056*E1056))))))),2)","v":-0.87},"Sqm",{"$nulls":3},"SSR 20-21"]
[null,"Qty.p.30 to 32 of M.B.No.478/A/ZP/19",null,"22.07.2021",{"$nulls":9},"SSR 20-21"]
[null,"Parapet wall alround",1,"x",1,{"v":47,"d":"47.000"},{"v":0,"d":"0.000"},{"v":0.75,"d":"0.750"},{"$f":"ROUND(IF(AND(F1058:H1058),C1058*E1058*F1058*G1058*H1058,IF(AND(F1058,G1058),C1058*E1058*F1058*G1058,IF(AND(F1058,H1058),C1058*E1058*F1058*H1058,IF(AND(G1058,H1058),C1058*E1058*G1058*H1058,IF(F1058,C1058*E1058*F1058,IF(G1058,C1058*E1058*G1058,IF(H1058,C1058*E1058*H1058,C1058*E1058))))))),2)","v":35.25},"Sqm",{"$nulls":3},"SSR 20-21"]
[{"$nulls":13},"SSR 20-21"]
[{"$nulls":9},"Sqm",{"$f":"data!E1328","v":732.88},"SSR 20-21",{"$f":"ROUND(I1060*K1060/1,0)","v":{"v":0,"d":"0.00"}},"SSR 20-21"]
[19,"Reinforced Brick Masonry for partition walls (11.0 cm thick) in CM (1:4) prop. (Cement : Sand) using common burnt clay bricks of class as per Table- I of IS:1077-1992, Non- Modular or traditional size    23 x 11 x 7 cms from approved source having minimum crushing strength of 40 Kg/Sq.cm and placing 2 Nos. of 6mm M.S plain rods in every third layer with free ends of the reinforcement pegged into mortar joints of main brick walls where applicable including cost and conveyance of all materials and  all operational, incidental charges such as labour charges for mixing cement mortar, scaffolding charges, lift charges,and all labour charges etc., but excluding cost of steel and its fabrication charges complete for finished item of work. ",{"$nulls":11},"SSR 21-22"]
[null,"Qty.p.60 of M.B.No.790/A/ZP/19",{"$nulls":11},"SSR 21-22"]
[null,"Long walls",1,"x",1,{"v":4.72,"d":"4.720"},{"v":0,"d":"0.000"},{"v":0.6,"d":"0.600"},{"$f":"ROUND(IF(AND(F1063:H1063),C1063*E1063*F1063*G1063*H1063,IF(AND(F1063,G1063),C1063*E1063*F1063*G1063,IF(AND(F1063,H1063),C1063*E1063*F1063*H1063,IF(AND(G1063,H1063),C1063*E1063*G1063*H1063,IF(F1063,C1063*E1063*F1063,IF(G1063,C1063*E1063*G1063,IF(H1063,C1063*E1063*H1063,C1063*E1063))))))),2)","v":2.83},"Sqm",{"$nulls":3},"SSR 21-22"]
[null,"C2D2",1,"x",1,{"v":2.85,"d":"2.850"},{"v":0,"d":"0.000"},{"v":0.62,"d":"0.620"},{"$f":"ROUND(IF(AND(F1064:H1064),C1064*E1064*F1064*G1064*H1064,IF(AND(F1064,G1064),C1064*E1064*F1064*G1064,IF(AND(F1064,H1064),C1064*E1064*F1064*H1064,IF(AND(G1064,H1064),C1064*E1064*G1064*H1064,IF(F1064,C1064*E1064*F1064,IF(G1064,C1064*E1064*G1064,IF(H1064,C1064*E1064*H1064,C1064*E1064))))))),2)","v":1.77},"Sqm",{"$nulls":3},"SSR 21-22"]
[null,"Deduct ventilators",1,"x",2,{"v":0.6,"d":"0.600"},{"v":0,"d":"0.000"},{"v":0.3,"d":"0.300"},{"$f":"-ROUND(IF(AND(F1065:H1065),C1065*E1065*F1065*G1065*H1065,IF(AND(F1065,G1065),C1065*E1065*F1065*G1065,IF(AND(F1065,H1065),C1065*E1065*F1065*H1065,IF(AND(G1065,H1065),C1065*E1065*G1065*H1065,IF(F1065,C1065*E1065*F1065,IF(G1065,C1065*E1065*G1065,IF(H1065,C1065*E1065*H1065,C1065*E1065))))))),2)","v":-0.36},"Sqm",{"$nulls":3},"SSR 21-22"]
[{"$nulls":13},"SSR 21-22"]
[{"$nulls":9},"Sqm",{"$f":"data!E2245","v":782.58},"SSR 21-22",{"$f":"ROUND(I1067*K1067/1,0)","v":{"v":0,"d":"0.00"}},"SSR 21-22"]
[18,"Reinforced Brick Masonry for partition walls (11.0 cm thick) in CM (1:4) prop. (Cement : Sand) using common burnt clay bricks of class as per Table- I of IS:1077-1992, Non- Modular or traditional size    23 x 11 x 7 cms from approved source having minimum crushing strength of 40 Kg/Sq.cm and placing 2 Nos. of 6mm M.S plain rods in every third layer with free ends of the reinforcement pegged into mortar joints of main brick walls where applicable including cost and conveyance of all materials and  all operational, incidental charges such as labour charges for mixing cement mortar, scaffolding charges, lift charges,and all labour charges etc., but excluding cost of steel and its fabrication charges complete for finished item of work. ",{"$nulls":11},"SSR 22-23"]
[null,"Qty.p.51 of M.B.No.790/A/ZP/19",null,"06.09.2023",{"$nulls":9},"SSR 22-23"]
[null,"Examination room West side wall",1,"x",1,{"v":2.72,"d":"2.720"},{"v":0,"d":"0.000"},{"v":0.75,"d":"0.750"},{"$f":"ROUND(IF(AND(F1070:H1070),C1070*E1070*F1070*G1070*H1070,IF(AND(F1070,G1070),C1070*E1070*F1070*G1070,IF(AND(F1070,H1070),C1070*E1070*F1070*H1070,IF(AND(G1070,H1070),C1070*E1070*G1070*H1070,IF(F1070,C1070*E1070*F1070,IF(G1070,C1070*E1070*G1070,IF(H1070,C1070*E1070*H1070,C1070*E1070))))))),2)","v":2.04},"Sqm",{"$nulls":3},"SSR 22-23"]
[null,"North side wall",1,"x",1,{"v":2.51,"d":"2.510"},{"v":0,"d":"0.000"},{"v":0.75,"d":"0.750"},{"$f":"ROUND(IF(AND(F1071:H1071),C1071*E1071*F1071*G1071*H1071,IF(AND(F1071,G1071),C1071*E1071*F1071*G1071,IF(AND(F1071,H1071),C1071*E1071*F1071*H1071,IF(AND(G1071,H1071),C1071*E1071*G1071*H1071,IF(F1071,C1071*E1071*F1071,IF(G1071,C1071*E1071*G1071,IF(H1071,C1071*E1071*H1071,C1071*E1071))))))),2)","v":1.88},"Sqm",{"$nulls":3},"SSR 22-23"]
[null,"Deduct door",1,"x",1,{"v":0.9,"d":"0.900"},{"v":0,"d":"0.000"},{"v":0.75,"d":"0.750"},{"$f":"-ROUND(IF(AND(F1072:H1072),C1072*E1072*F1072*G1072*H1072,IF(AND(F1072,G1072),C1072*E1072*F1072*G1072,IF(AND(F1072,H1072),C1072*E1072*F1072*H1072,IF(AND(G1072,H1072),C1072*E1072*G1072*H1072,IF(F1072,C1072*E1072*F1072,IF(G1072,C1072*E1072*G1072,IF(H1072,C1072*E1072*H1072,C1072*E1072))))))),2)","v":-0.68},"Sqm",{"$nulls":3},"SSR 22-23"]
[null,"tiolet north side wall",1,"x",1,{"v":1.3,"d":"1.300"},{"v":0,"d":"0.000"},{"v":0.75,"d":"0.750"},0.98,"Sqm",{"$nulls":3},"SSR 22-23"]
[null,"Deduct door",1,"x",1,{"v":0.75,"d":"0.750"},{"v":0,"d":"0.000"},{"v":0.75,"d":"0.750"},{"$f":"-ROUND(IF(AND(F1074:H1074),C1074*E1074*F1074*G1074*H1074,IF(AND(F1074,G1074),C1074*E1074*F1074*G1074,IF(AND(F1074,H1074),C1074*E1074*F1074*H1074,IF(AND(G1074,H1074),C1074*E1074*G1074*H1074,IF(F1074,C1074*E1074*F1074,IF(G1074,C1074*E1074*G1074,IF(H1074,C1074*E1074*H1074,C1074*E1074))))))),2)","v":-0.56},"Sqm",{"$nulls":3},"SSR 22-23"]
[null,"Lab and store room east side wall",1,"x",1,{"v":2.95,"d":"2.950"},{"v":0,"d":"0.000"},{"v":0.75,"d":"0.750"},2.21,"Sqm",{"$nulls":3},"SSR 22-23"]
[null,"Deduct door",1,"x",1,{"v":0.9,"d":"0.900"},{"v":0,"d":"0.000"},{"v":0.75,"d":"0.750"},{"$f":"-ROUND(IF(AND(F1076:H1076),C1076*E1076*F1076*G1076*H1076,IF(AND(F1076,G1076),C1076*E1076*F1076*G1076,IF(AND(F1076,H1076),C1076*E1076*F1076*H1076,IF(AND(G1076,H1076),C1076*E1076*G1076*H1076,IF(F1076,C1076*E1076*F1076,IF(G1076,C1076*E1076*G1076,IF(H1076,C1076*E1076*H1076,C1076*E1076))))))),2)","v":-0.68},"Sqm",{"$nulls":3},"SSR 22-23"]
[null,"West side wall",1,"x",1,{"v":2.72,"d":"2.720"},{"v":0,"d":"0.000"},{"v":0.75,"d":"0.750"},2.04,"Sqm",{"$nulls":3},"SSR 22-23"]
[null,"North side wall",1,"x",1,{"v":2,"d":"2.000"},{"v":0,"d":"0.000"},{"v":0.75,"d":"0.750"},{"v":1.5,"d":"1.50"},"Sqm",{"$nulls":3},"SSR 22-23"]
[null,"Bed room west side wall",1,"x",1,{"v":2.57,"d":"2.570"},{"v":0,"d":"0.000"},{"v":0.75,"d":"0.750"},1.93,"Sqm",{"$nulls":3},"SSR 22-23"]
[null,"North side wall",1,"x",1,{"v":2.75,"d":"2.750"},{"v":0,"d":"0.000"},{"v":0.75,"d":"0.750"},2.06,"Sqm",{"$nulls":3},"SSR 22-23"]
[null,"Deduct door",1,"x",1,{"v":0.9,"d":"0.900"},{"v":0,"d":"0.000"},{"v":0.75,"d":"0.750"},{"$f":"-ROUND(IF(AND(F1081:H1081),C1081*E1081*F1081*G1081*H1081,IF(AND(F1081,G1081),C1081*E1081*F1081*G1081,IF(AND(F1081,H1081),C1081*E1081*F1081*H1081,IF(AND(G1081,H1081),C1081*E1081*G1081*H1081,IF(F1081,C1081*E1081*F1081,IF(G1081,C1081*E1081*G1081,IF(H1081,C1081*E1081*H1081,C1081*E1081))))))),2)","v":-0.68},"Sqm",{"$nulls":3},"SSR 22-23"]
[null,"tiolet-2 north side wall",1,"x",1,{"v":1.3,"d":"1.300"},{"v":0,"d":"0.000"},{"v":0.75,"d":"0.750"},0.98,"Sqm",{"$nulls":3},"SSR 22-23"]
[null,"Deduct door",1,"x",1,{"v":0.75,"d":"0.750"},{"v":0,"d":"0.000"},{"v":0.75,"d":"0.750"},{"$f":"-ROUND(IF(AND(F1083:H1083),C1083*E1083*F1083*G1083*H1083,IF(AND(F1083,G1083),C1083*E1083*F1083*G1083,IF(AND(F1083,H1083),C1083*E1083*F1083*H1083,IF(AND(G1083,H1083),C1083*E1083*G1083*H1083,IF(F1083,C1083*E1083*F1083,IF(G1083,C1083*E1083*G1083,IF(H1083,C1083*E1083*H1083,C1083*E1083))))))),2)","v":-0.56},"Sqm",{"$nulls":3},"SSR 22-23"]
[null,"Kitchen east side wall",1,"x",1,{"v":2.95,"d":"2.950"},{"v":0,"d":"0.000"},{"v":0.75,"d":"0.750"},2.21,"Sqm",{"$nulls":3},"SSR 22-23"]
[null,"North side wall",1,"x",1,{"v":1.8,"d":"1.800"},{"v":0,"d":"0.000"},{"v":0.75,"d":"0.750"},1.35,"Sqm",{"$nulls":3},"SSR 22-23"]
[null,"Deduct door",1,"x",1,{"v":0.8,"d":"0.800"},{"v":0,"d":"0.000"},{"v":0.75,"d":"0.750"},{"$f":"-ROUND(IF(AND(F1086:H1086),C1086*E1086*F1086*G1086*H1086,IF(AND(F1086,G1086),C1086*E1086*F1086*G1086,IF(AND(F1086,H1086),C1086*E1086*F1086*H1086,IF(AND(G1086,H1086),C1086*E1086*G1086*H1086,IF(F1086,C1086*E1086*F1086,IF(G1086,C1086*E1086*G1086,IF(H1086,C1086*E1086*H1086,C1086*E1086))))))),2)","v":{"v":-0.6,"d":"-0.60"}},"Sqm",{"$nulls":3},"SSR 22-23"]
[null,"Lobby and living room separate wall",1,"x",1,{"v":3,"d":"3.000"},{"v":0,"d":"0.000"},{"v":0.75,"d":"0.750"},2.25,"Sqm",{"$nulls":3},"SSR 22-23"]
[null,"Qty.p.61 of M.B.No.790/A/ZP/19",null,"13.09.2023",{"$nulls":9},"SSR 22-23"]
[null,"Examination room West side wall",1,"x",1,{"v":2.72,"d":"2.720"},{"v":0,"d":"0.000"},{"v":1.2,"d":"1.200"},{"$f":"ROUND(IF(AND(F1089:H1089),C1089*E1089*F1089*G1089*H1089,IF(AND(F1089,G1089),C1089*E1089*F1089*G1089,IF(AND(F1089,H1089),C1089*E1089*F1089*H1089,IF(AND(G1089,H1089),C1089*E1089*G1089*H1089,IF(F1089,C1089*E1089*F1089,IF(G1089,C1089*E1089*G1089,IF(H1089,C1089*E1089*H1089,C1089*E1089))))))),2)","v":3.26},"Sqm",{"$nulls":3},"SSR 22-23"]
[null,"North side wall",1,"x",1,{"v":2.51,"d":"2.510"},{"v":0,"d":"0.000"},{"v":1.2,"d":"1.200"},3.01,"Sqm",{"$nulls":3},"SSR 22-23"]
[null,"Deduct door",1,"x",1,{"v":0.9,"d":"0.900"},{"v":0,"d":"0.000"},{"v":1.2,"d":"1.200"},{"$f":"-ROUND(IF(AND(F1091:H1091),C1091*E1091*F1091*G1091*H1091,IF(AND(F1091,G1091),C1091*E1091*F1091*G1091,IF(AND(F1091,H1091),C1091*E1091*F1091*H1091,IF(AND(G1091,H1091),C1091*E1091*G1091*H1091,IF(F1091,C1091*E1091*F1091,IF(G1091,C1091*E1091*G1091,IF(H1091,C1091*E1091*H1091,C1091*E1091))))))),2)","v":-1.08},"Sqm",{"$nulls":3},"SSR 22-23"]
[null,"tiolet north side wall",1,"x",1,{"v":1.3,"d":"1.300"},{"v":0,"d":"0.000"},{"v":1.2,"d":"1.200"},{"$f":"ROUND(IF(AND(F1092:H1092),C1092*E1092*F1092*G1092*H1092,IF(AND(F1092,G1092),C1092*E1092*F1092*G1092,IF(AND(F1092,H1092),C1092*E1092*F1092*H1092,IF(AND(G1092,H1092),C1092*E1092*G1092*H1092,IF(F1092,C1092*E1092*F1092,IF(G1092,C1092*E1092*G1092,IF(H1092,C1092*E1092*H1092,C1092*E1092))))))),2)","v":1.56},"Sqm",{"$nulls":3},"SSR 22-23"]
[null,"Deduct door",1,"x",1,{"v":0.75,"d":"0.750"},{"v":0,"d":"0.000"},{"v":1.2,"d":"1.200"},{"$f":"-ROUND(IF(AND(F1093:H1093),C1093*E1093*F1093*G1093*H1093,IF(AND(F1093,G1093),C1093*E1093*F1093*G1093,IF(AND(F1093,H1093),C1093*E1093*F1093*H1093,IF(AND(G1093,H1093),C1093*E1093*G1093*H1093,IF(F1093,C1093*E1093*F1093,IF(G1093,C1093*E1093*G1093,IF(H1093,C1093*E1093*H1093,C1093*E1093))))))),2)","v":{"v":-0.9,"d":"-0.90"}},"Sqm",{"$nulls":3},"SSR 22-23"]
[null,"Lab and store room east side wall",1,"x",1,{"v":2.95,"d":"2.950"},{"v":0,"d":"0.000"},{"v":1.2,"d":"1.200"},{"$f":"ROUND(IF(AND(F1094:H1094),C1094*E1094*F1094*G1094*H1094,IF(AND(F1094,G1094),C1094*E1094*F1094*G1094,IF(AND(F1094,H1094),C1094*E1094*F1094*H1094,IF(AND(G1094,H1094),C1094*E1094*G1094*H1094,IF(F1094,C1094*E1094*F1094,IF(G1094,C1094*E1094*G1094,IF(H1094,C1094*E1094*H1094,C1094*E1094))))))),2)","v":3.54},"Sqm",{"$nulls":3},"SSR 22-23"]
[null,"Deduct door",1,"x",1,{"v":0.9,"d":"0.900"},{"v":0,"d":"0.000"},{"v":1.2,"d":"1.200"},{"$f":"-ROUND(IF(AND(F1095:H1095),C1095*E1095*F1095*G1095*H1095,IF(AND(F1095,G1095),C1095*E1095*F1095*G1095,IF(AND(F1095,H1095),C1095*E1095*F1095*H1095,IF(AND(G1095,H1095),C1095*E1095*G1095*H1095,IF(F1095,C1095*E1095*F1095,IF(G1095,C1095*E1095*G1095,IF(H1095,C1095*E1095*H1095,C1095*E1095))))))),2)","v":-1.08},"Sqm",{"$nulls":3},"SSR 22-23"]
[null,"West side wall",1,"x",1,{"v":2.72,"d":"2.720"},{"v":0,"d":"0.000"},{"v":1.2,"d":"1.200"},{"$f":"ROUND(IF(AND(F1096:H1096),C1096*E1096*F1096*G1096*H1096,IF(AND(F1096,G1096),C1096*E1096*F1096*G1096,IF(AND(F1096,H1096),C1096*E1096*F1096*H1096,IF(AND(G1096,H1096),C1096*E1096*G1096*H1096,IF(F1096,C1096*E1096*F1096,IF(G1096,C1096*E1096*G1096,IF(H1096,C1096*E1096*H1096,C1096*E1096))))))),2)","v":3.26},"Sqm",{"$nulls":3},"SSR 22-23"]
[null,"North side wall",1,"x",1,{"v":2,"d":"2.000"},{"v":0,"d":"0.000"},{"v":1.2,"d":"1.200"},{"v":2.4,"d":"2.40"},"Sqm",{"$nulls":3},"SSR 22-23"]
[null,"Bed room west side wall",1,"x",1,{"v":2.57,"d":"2.570"},{"v":0,"d":"0.000"},{"v":1.2,"d":"1.200"},3.08,"Sqm",{"$nulls":3},"SSR 22-23"]
[null,"North side wall",1,"x",1,{"v":2.75,"d":"2.750"},{"v":0,"d":"0.000"},{"v":1.2,"d":"1.200"},{"v":3.3,"d":"3.30"},"Sqm",{"$nulls":3},"SSR 22-23"]
[null,"Deduct door",1,"x",1,{"v":0.9,"d":"0.900"},{"v":0,"d":"0.000"},{"v":1.2,"d":"1.200"},{"$f":"-ROUND(IF(AND(F1100:H1100),C1100*E1100*F1100*G1100*H1100,IF(AND(F1100,G1100),C1100*E1100*F1100*G1100,IF(AND(F1100,H1100),C1100*E1100*F1100*H1100,IF(AND(G1100,H1100),C1100*E1100*G1100*H1100,IF(F1100,C1100*E1100*F1100,IF(G1100,C1100*E1100*G1100,IF(H1100,C1100*E1100*H1100,C1100*E1100))))))),2)","v":-1.08},"Sqm",{"$nulls":3},"SSR 22-23"]
[null,"tiolet-2 north side wall",1,"x",1,{"v":1.3,"d":"1.300"},{"v":0,"d":"0.000"},{"v":1.2,"d":"1.200"},{"$f":"ROUND(IF(AND(F1101:H1101),C1101*E1101*F1101*G1101*H1101,IF(AND(F1101,G1101),C1101*E1101*F1101*G1101,IF(AND(F1101,H1101),C1101*E1101*F1101*H1101,IF(AND(G1101,H1101),C1101*E1101*G1101*H1101,IF(F1101,C1101*E1101*F1101,IF(G1101,C1101*E1101*G1101,IF(H1101,C1101*E1101*H1101,C1101*E1101))))))),2)","v":1.56},"Sqm",{"$nulls":3},"SSR 22-23"]
[null,"Deduct door",1,"x",1,{"v":0.75,"d":"0.750"},{"v":0,"d":"0.000"},{"v":1.2,"d":"1.200"},{"$f":"-ROUND(IF(AND(F1102:H1102),C1102*E1102*F1102*G1102*H1102,IF(AND(F1102,G1102),C1102*E1102*F1102*G1102,IF(AND(F1102,H1102),C1102*E1102*F1102*H1102,IF(AND(G1102,H1102),C1102*E1102*G1102*H1102,IF(F1102,C1102*E1102*F1102,IF(G1102,C1102*E1102*G1102,IF(H1102,C1102*E1102*H1102,C1102*E1102))))))),2)","v":{"v":-0.9,"d":"-0.90"}},"Sqm",{"$nulls":3},"SSR 22-23"]
[null,"Kitchen east side wall",1,"x",1,{"v":2.95,"d":"2.950"},{"v":0,"d":"0.000"},{"v":1.2,"d":"1.200"},{"$f":"ROUND(IF(AND(F1103:H1103),C1103*E1103*F1103*G1103*H1103,IF(AND(F1103,G1103),C1103*E1103*F1103*G1103,IF(AND(F1103,H1103),C1103*E1103*F1103*H1103,IF(AND(G1103,H1103),C1103*E1103*G1103*H1103,IF(F1103,C1103*E1103*F1103,IF(G1103,C1103*E1103*G1103,IF(H1103,C1103*E1103*H1103,C1103*E1103))))))),2)","v":3.54},"Sqm",{"$nulls":3},"SSR 22-23"]
[null,"North side wall",1,"x",1,{"v":1.8,"d":"1.800"},{"v":0,"d":"0.000"},{"v":1.2,"d":"1.200"},2.16,"Sqm",{"$nulls":3},"SSR 22-23"]
[null,"Deduct door",1,"x",1,{"v":0.8,"d":"0.800"},{"v":0,"d":"0.000"},{"v":1.2,"d":"1.200"},{"$f":"-ROUND(IF(AND(F1105:H1105),C1105*E1105*F1105*G1105*H1105,IF(AND(F1105,G1105),C1105*E1105*F1105*G1105,IF(AND(F1105,H1105),C1105*E1105*F1105*H1105,IF(AND(G1105,H1105),C1105*E1105*G1105*H1105,IF(F1105,C1105*E1105*F1105,IF(G1105,C1105*E1105*G1105,IF(H1105,C1105*E1105*H1105,C1105*E1105))))))),2)","v":-0.96},"Sqm",{"$nulls":3},"SSR 22-23"]
[null,"Lobby and living room separate wall",1,"x",1,{"v":3,"d":"3.000"},{"v":0,"d":"0.000"},{"v":1.2,"d":"1.200"},{"$f":"ROUND(IF(AND(F1106:H1106),C1106*E1106*F1106*G1106*H1106,IF(AND(F1106,G1106),C1106*E1106*F1106*G1106,IF(AND(F1106,H1106),C1106*E1106*F1106*H1106,IF(AND(G1106,H1106),C1106*E1106*G1106*H1106,IF(F1106,C1106*E1106*F1106,IF(G1106,C1106*E1106*G1106,IF(H1106,C1106*E1106*H1106,C1106*E1106))))))),2)","v":{"v":3.6,"d":"3.60"}},"Sqm",{"$nulls":3},"SSR 22-23"]
[null,"Qty.p.73 of M.B.No.790/A/ZP/19",null,"20.09.2023",{"$nulls":9},"SSR 22-23"]
[null,"Examination room West side wall",1,"x",1,{"v":2.72,"d":"2.720"},{"v":0,"d":"0.000"},0.625,{"$f":"ROUND(IF(AND(F1108:H1108),C1108*E1108*F1108*G1108*H1108,IF(AND(F1108,G1108),C1108*E1108*F1108*G1108,IF(AND(F1108,H1108),C1108*E1108*F1108*H1108,IF(AND(G1108,H1108),C1108*E1108*G1108*H1108,IF(F1108,C1108*E1108*F1108,IF(G1108,C1108*E1108*G1108,IF(H1108,C1108*E1108*H1108,C1108*E1108))))))),2)","v":{"v":1.7,"d":"1.70"}},"Sqm",{"$nulls":3},"SSR 22-23"]
[null,"North side wall",1,"x",1,{"v":2.51,"d":"2.510"},{"v":0,"d":"0.000"},0.625,1.57,"Sqm",{"$nulls":3},"SSR 22-23"]
[null,"tiolet north side wall",1,"x",1,{"v":1.3,"d":"1.300"},{"v":0,"d":"0.000"},0.625,{"$f":"ROUND(IF(AND(F1110:H1110),C1110*E1110*F1110*G1110*H1110,IF(AND(F1110,G1110),C1110*E1110*F1110*G1110,IF(AND(F1110,H1110),C1110*E1110*F1110*H1110,IF(AND(G1110,H1110),C1110*E1110*G1110*H1110,IF(F1110,C1110*E1110*F1110,IF(G1110,C1110*E1110*G1110,IF(H1110,C1110*E1110*H1110,C1110*E1110))))))),2)","v":0.81},"Sqm",{"$nulls":3},"SSR 22-23"]
[null,"Lab and store room east side wall",1,"x",1,{"v":2.95,"d":"2.950"},{"v":0,"d":"0.000"},0.625,{"$f":"ROUND(IF(AND(F1111:H1111),C1111*E1111*F1111*G1111*H1111,IF(AND(F1111,G1111),C1111*E1111*F1111*G1111,IF(AND(F1111,H1111),C1111*E1111*F1111*H1111,IF(AND(G1111,H1111),C1111*E1111*G1111*H1111,IF(F1111,C1111*E1111*F1111,IF(G1111,C1111*E1111*G1111,IF(H1111,C1111*E1111*H1111,C1111*E1111))))))),2)","v":1.84},"Sqm",{"$nulls":3},"SSR 22-23"]
[null,"West side wall",1,"x",1,{"v":2.72,"d":"2.720"},{"v":0,"d":"0.000"},0.625,{"$f":"ROUND(IF(AND(F1112:H1112),C1112*E1112*F1112*G1112*H1112,IF(AND(F1112,G1112),C1112*E1112*F1112*G1112,IF(AND(F1112,H1112),C1112*E1112*F1112*H1112,IF(AND(G1112,H1112),C1112*E1112*G1112*H1112,IF(F1112,C1112*E1112*F1112,IF(G1112,C1112*E1112*G1112,IF(H1112,C1112*E1112*H1112,C1112*E1112))))))),2)","v":{"v":1.7,"d":"1.70"}},"Sqm",{"$nulls":3},"SSR 22-23"]
[null,"North side wall",1,"x",1,{"v":2,"d":"2.000"},{"v":0,"d":"0.000"},0.625,1.25,"Sqm",{"$nulls":3},"SSR 22-23"]
[null,"Bed room west side wall",1,"x",1,{"v":2.57,"d":"2.570"},{"v":0,"d":"0.000"},0.625,1.61,"Sqm",{"$nulls":3},"SSR 22-23"]
[null,"North side wall",1,"x",1,{"v":2.75,"d":"2.750"},{"v":0,"d":"0.000"},0.625,1.72,"Sqm",{"$nulls":3},"SSR 22-23"]
[null,"tiolet-2 north side wall",1,"x",1,{"v":1.3,"d":"1.300"},{"v":0,"d":"0.000"},0.625,{"$f":"ROUND(IF(AND(F1116:H1116),C1116*E1116*F1116*G1116*H1116,IF(AND(F1116,G1116),C1116*E1116*F1116*G1116,IF(AND(F1116,H1116),C1116*E1116*F1116*H1116,IF(AND(G1116,H1116),C1116*E1116*G1116*H1116,IF(F1116,C1116*E1116*F1116,IF(G1116,C1116*E1116*G1116,IF(H1116,C1116*E1116*H1116,C1116*E1116))))))),2)","v":0.81},"Sqm",{"$nulls":3},"SSR 22-23"]
[null,"Kitchen east side wall",1,"x",1,{"v":2.95,"d":"2.950"},{"v":0,"d":"0.000"},0.625,{"$f":"ROUND(IF(AND(F1117:H1117),C1117*E1117*F1117*G1117*H1117,IF(AND(F1117,G1117),C1117*E1117*F1117*G1117,IF(AND(F1117,H1117),C1117*E1117*F1117*H1117,IF(AND(G1117,H1117),C1117*E1117*G1117*H1117,IF(F1117,C1117*E1117*F1117,IF(G1117,C1117*E1117*G1117,IF(H1117,C1117*E1117*H1117,C1117*E1117))))))),2)","v":1.84},"Sqm",{"$nulls":3},"SSR 22-23"]
[null,"North side wall",1,"x",1,{"v":1.8,"d":"1.800"},{"v":0,"d":"0.000"},0.625,1.13,"Sqm",{"$nulls":3},"SSR 22-23"]
[null,"Lobby and living room separate wall",1,"x",1,{"v":3,"d":"3.000"},{"v":0,"d":"0.000"},0.625,{"$f":"ROUND(IF(AND(F1119:H1119),C1119*E1119*F1119*G1119*H1119,IF(AND(F1119,G1119),C1119*E1119*F1119*G1119,IF(AND(F1119,H1119),C1119*E1119*F1119*H1119,IF(AND(G1119,H1119),C1119*E1119*G1119*H1119,IF(F1119,C1119*E1119*F1119,IF(G1119,C1119*E1119*G1119,IF(H1119,C1119*E1119*H1119,C1119*E1119))))))),2)","v":1.88},"Sqm",{"$nulls":3},"SSR 22-23"]
[{"$nulls":13},"SSR 22-23"]
[{"$nulls":9},"Sqm",{"$f":"data!E3162","v":865.32},"SSR 22-23",{"$f":"ROUND(I1121*K1121/1,0)","v":{"v":0,"d":"0.00"}},"SSR 22-23"]
[18,"Masonry work in CM (1:8) prop with Flyash Cement solid blocks of size 290 x 150 x 140 mm for manufacturing of flyash solid blocks using flyash of 80 kgs, cement of 15 kgs. Gypsum of 5 kgs. and stone dust including cost and conveyance of all materials, labour charges, seiniorage charges, scaffolding and curing etc., cpomplete with a compresive streangth not lessthan 50 kg/sqm for walls for Superstructure Walls.",{"$nulls":11},"SSR 19-20"]
[null,"Qty.p.39 of M.B.No.790/A/ZP/19",{"$nulls":11},"SSR 19-20"]
[null,null,1,"x",1,{"v":1.02,"d":"1.020"},0.115,{"v":0.83,"d":"0.830"},{"$f":"ROUND(IF(AND(F1124:H1124),C1124*E1124*F1124*G1124*H1124,IF(AND(F1124,G1124),C1124*E1124*F1124*G1124,IF(AND(F1124,H1124),C1124*E1124*F1124*H1124,IF(AND(G1124,H1124),C1124*E1124*G1124*H1124,IF(F1124,C1124*E1124*F1124,IF(G1124,C1124*E1124*G1124,IF(H1124,C1124*E1124*H1124,C1124*E1124))))))),2)","v":{"v":0.1,"d":"0.10"}},"Cum",{"$nulls":3},"SSR 19-20"]
[null,null,1,"x",1,{"v":3.09,"d":"3.090"},0.115,{"v":0.56,"d":"0.560"},{"$f":"ROUND(IF(AND(F1125:H1125),C1125*E1125*F1125*G1125*H1125,IF(AND(F1125,G1125),C1125*E1125*F1125*G1125,IF(AND(F1125,H1125),C1125*E1125*F1125*H1125,IF(AND(G1125,H1125),C1125*E1125*G1125*H1125,IF(F1125,C1125*E1125*F1125,IF(G1125,C1125*E1125*G1125,IF(H1125,C1125*E1125*H1125,C1125*E1125))))))),2)","v":{"v":0.2,"d":"0.20"}},"Cum",{"$nulls":3},"SSR 19-20"]
[null,null,1,"x",1,{"v":0.79,"d":"0.790"},0.115,{"v":0.64,"d":"0.640"},{"$f":"ROUND(IF(AND(F1126:H1126),C1126*E1126*F1126*G1126*H1126,IF(AND(F1126,G1126),C1126*E1126*F1126*G1126,IF(AND(F1126,H1126),C1126*E1126*F1126*H1126,IF(AND(G1126,H1126),C1126*E1126*G1126*H1126,IF(F1126,C1126*E1126*F1126,IF(G1126,C1126*E1126*G1126,IF(H1126,C1126*E1126*H1126,C1126*E1126))))))),2)","v":0.06},"Cum",{"$nulls":3},"SSR 19-20"]
[null,null,1,"x",1,{"v":3.09,"d":"3.090"},0.115,{"v":0.54,"d":"0.540"},{"$f":"ROUND(IF(AND(F1127:H1127),C1127*E1127*F1127*G1127*H1127,IF(AND(F1127,G1127),C1127*E1127*F1127*G1127,IF(AND(F1127,H1127),C1127*E1127*F1127*H1127,IF(AND(G1127,H1127),C1127*E1127*G1127*H1127,IF(F1127,C1127*E1127*F1127,IF(G1127,C1127*E1127*G1127,IF(H1127,C1127*E1127*H1127,C1127*E1127))))))),2)","v":0.19},"Cum",{"$nulls":3},"SSR 19-20"]
[{"$nulls":13},"SSR 19-20"]
[{"$nulls":9},"Cum",{"$f":"data!E428","v":5224.74},"SSR 19-20",{"$f":"ROUND(I1129*K1129,0)","v":{"v":0,"d":"0.00"}},"SSR 19-20"]
[18,"Masonry work in CM (1:8) prop with Flyash Cement solid blocks of size 290 x 150 x 140 mm for manufacturing of flyash solid blocks using flyash of 80 kgs, cement of 15 kgs. Gypsum of 5 kgs. and stone dust including cost and conveyance of all materials, labour charges, seiniorage charges, scaffolding and curing etc., cpomplete with a compresive streangth not lessthan 50 kg/sqm for walls for Superstructure Walls.",{"$nulls":11},"SSR 20-21"]
[null,"Qty.p.39 of M.B.No.790/A/ZP/19",{"$nulls":11},"SSR 20-21"]
[null,null,1,"x",1,{"v":1.02,"d":"1.020"},0.115,{"v":0.83,"d":"0.830"},{"$f":"ROUND(IF(AND(F1132:H1132),C1132*E1132*F1132*G1132*H1132,IF(AND(F1132,G1132),C1132*E1132*F1132*G1132,IF(AND(F1132,H1132),C1132*E1132*F1132*H1132,IF(AND(G1132,H1132),C1132*E1132*G1132*H1132,IF(F1132,C1132*E1132*F1132,IF(G1132,C1132*E1132*G1132,IF(H1132,C1132*E1132*H1132,C1132*E1132))))))),2)","v":{"v":0.1,"d":"0.10"}},"Cum",{"$nulls":3},"SSR 20-21"]
[null,null,1,"x",1,{"v":3.09,"d":"3.090"},0.115,{"v":0.56,"d":"0.560"},{"$f":"ROUND(IF(AND(F1133:H1133),C1133*E1133*F1133*G1133*H1133,IF(AND(F1133,G1133),C1133*E1133*F1133*G1133,IF(AND(F1133,H1133),C1133*E1133*F1133*H1133,IF(AND(G1133,H1133),C1133*E1133*G1133*H1133,IF(F1133,C1133*E1133*F1133,IF(G1133,C1133*E1133*G1133,IF(H1133,C1133*E1133*H1133,C1133*E1133))))))),2)","v":{"v":0.2,"d":"0.20"}},"Cum",{"$nulls":3},"SSR 20-21"]
[null,null,1,"x",1,{"v":0.79,"d":"0.790"},0.115,{"v":0.64,"d":"0.640"},{"$f":"ROUND(IF(AND(F1134:H1134),C1134*E1134*F1134*G1134*H1134,IF(AND(F1134,G1134),C1134*E1134*F1134*G1134,IF(AND(F1134,H1134),C1134*E1134*F1134*H1134,IF(AND(G1134,H1134),C1134*E1134*G1134*H1134,IF(F1134,C1134*E1134*F1134,IF(G1134,C1134*E1134*G1134,IF(H1134,C1134*E1134*H1134,C1134*E1134))))))),2)","v":0.06},"Cum",{"$nulls":3},"SSR 20-21"]
[null,null,1,"x",1,{"v":3.09,"d":"3.090"},0.115,{"v":0.54,"d":"0.540"},{"$f":"ROUND(IF(AND(F1135:H1135),C1135*E1135*F1135*G1135*H1135,IF(AND(F1135,G1135),C1135*E1135*F1135*G1135,IF(AND(F1135,H1135),C1135*E1135*F1135*H1135,IF(AND(G1135,H1135),C1135*E1135*G1135*H1135,IF(F1135,C1135*E1135*F1135,IF(G1135,C1135*E1135*G1135,IF(H1135,C1135*E1135*H1135,C1135*E1135))))))),2)","v":0.19},"Cum",{"$nulls":3},"SSR 20-21"]
[{"$nulls":13},"SSR 20-21"]
[{"$nulls":9},"Cum",{"$f":"data!E1345","v":{"v":5403.929999999999,"d":"5403.93"}},"SSR 20-21",{"$f":"ROUND(I1137*K1137,0)","v":{"v":0,"d":"0.00"}},"SSR 20-21"]
[18,"Masonry work in CM (1:8) prop with Flyash Cement solid blocks of size 290 x 150 x 140 mm for manufacturing of flyash solid blocks using flyash of 80 kgs, cement of 15 kgs. Gypsum of 5 kgs. and stone dust including cost and conveyance of all materials, labour charges, seiniorage charges, scaffolding and curing etc., cpomplete with a compresive streangth not lessthan 50 kg/sqm for walls for Superstructure Walls.",{"$nulls":11},"SSR 21-22"]
[null,"Qty.p.39 of M.B.No.790/A/ZP/19",{"$nulls":11},"SSR 21-22"]
[null,null,1,"x",1,{"v":1.02,"d":"1.020"},0.115,{"v":0.83,"d":"0.830"},{"$f":"ROUND(IF(AND(F1140:H1140),C1140*E1140*F1140*G1140*H1140,IF(AND(F1140,G1140),C1140*E1140*F1140*G1140,IF(AND(F1140,H1140),C1140*E1140*F1140*H1140,IF(AND(G1140,H1140),C1140*E1140*G1140*H1140,IF(F1140,C1140*E1140*F1140,IF(G1140,C1140*E1140*G1140,IF(H1140,C1140*E1140*H1140,C1140*E1140))))))),2)","v":{"v":0.1,"d":"0.10"}},"Cum",{"$nulls":3},"SSR 21-22"]
[null,null,1,"x",1,{"v":3.09,"d":"3.090"},0.115,{"v":0.56,"d":"0.560"},{"$f":"ROUND(IF(AND(F1141:H1141),C1141*E1141*F1141*G1141*H1141,IF(AND(F1141,G1141),C1141*E1141*F1141*G1141,IF(AND(F1141,H1141),C1141*E1141*F1141*H1141,IF(AND(G1141,H1141),C1141*E1141*G1141*H1141,IF(F1141,C1141*E1141*F1141,IF(G1141,C1141*E1141*G1141,IF(H1141,C1141*E1141*H1141,C1141*E1141))))))),2)","v":{"v":0.2,"d":"0.20"}},"Cum",{"$nulls":3},"SSR 21-22"]
[null,null,1,"x",1,{"v":0.79,"d":"0.790"},0.115,{"v":0.64,"d":"0.640"},{"$f":"ROUND(IF(AND(F1142:H1142),C1142*E1142*F1142*G1142*H1142,IF(AND(F1142,G1142),C1142*E1142*F1142*G1142,IF(AND(F1142,H1142),C1142*E1142*F1142*H1142,IF(AND(G1142,H1142),C1142*E1142*G1142*H1142,IF(F1142,C1142*E1142*F1142,IF(G1142,C1142*E1142*G1142,IF(H1142,C1142*E1142*H1142,C1142*E1142))))))),2)","v":0.06},"Cum",{"$nulls":3},"SSR 21-22"]
[null,null,1,"x",1,{"v":3.09,"d":"3.090"},0.115,{"v":0.54,"d":"0.540"},{"$f":"ROUND(IF(AND(F1143:H1143),C1143*E1143*F1143*G1143*H1143,IF(AND(F1143,G1143),C1143*E1143*F1143*G1143,IF(AND(F1143,H1143),C1143*E1143*F1143*H1143,IF(AND(G1143,H1143),C1143*E1143*G1143*H1143,IF(F1143,C1143*E1143*F1143,IF(G1143,C1143*E1143*G1143,IF(H1143,C1143*E1143*H1143,C1143*E1143))))))),2)","v":0.19},"Cum",{"$nulls":3},"SSR 21-22"]
[{"$nulls":13},"SSR 21-22"]
[{"$nulls":9},"Cum",{"$f":"data!E2262","v":5899.35},"SSR 21-22",{"$f":"ROUND(I1145*K1145,0)","v":{"v":0,"d":"0.00"}},"SSR 21-22"]
[18,"Masonry work in CM (1:8) prop with Flyash Cement solid blocks of size 290 x 150 x 140 mm for manufacturing of flyash solid blocks using flyash of 80 kgs, cement of 15 kgs. Gypsum of 5 kgs. and stone dust including cost and conveyance of all materials, labour charges, seiniorage charges, scaffolding and curing etc., cpomplete with a compresive streangth not lessthan 50 kg/sqm for walls for Superstructure Walls.",{"$nulls":11},"SSR 22-23"]
[null,"Qty.p.39 of M.B.No.790/A/ZP/19",{"$nulls":11},"SSR 22-23"]
[null,null,1,"x",1,{"v":1.02,"d":"1.020"},0.115,{"v":0.83,"d":"0.830"},{"$f":"ROUND(IF(AND(F1148:H1148),C1148*E1148*F1148*G1148*H1148,IF(AND(F1148,G1148),C1148*E1148*F1148*G1148,IF(AND(F1148,H1148),C1148*E1148*F1148*H1148,IF(AND(G1148,H1148),C1148*E1148*G1148*H1148,IF(F1148,C1148*E1148*F1148,IF(G1148,C1148*E1148*G1148,IF(H1148,C1148*E1148*H1148,C1148*E1148))))))),2)","v":{"v":0.1,"d":"0.10"}},"Cum",{"$nulls":3},"SSR 22-23"]
[null,null,1,"x",1,{"v":3.09,"d":"3.090"},0.115,{"v":0.56,"d":"0.560"},{"$f":"ROUND(IF(AND(F1149:H1149),C1149*E1149*F1149*G1149*H1149,IF(AND(F1149,G1149),C1149*E1149*F1149*G1149,IF(AND(F1149,H1149),C1149*E1149*F1149*H1149,IF(AND(G1149,H1149),C1149*E1149*G1149*H1149,IF(F1149,C1149*E1149*F1149,IF(G1149,C1149*E1149*G1149,IF(H1149,C1149*E1149*H1149,C1149*E1149))))))),2)","v":{"v":0.2,"d":"0.20"}},"Cum",{"$nulls":3},"SSR 22-23"]
[null,null,1,"x",1,{"v":0.79,"d":"0.790"},0.115,{"v":0.64,"d":"0.640"},{"$f":"ROUND(IF(AND(F1150:H1150),C1150*E1150*F1150*G1150*H1150,IF(AND(F1150,G1150),C1150*E1150*F1150*G1150,IF(AND(F1150,H1150),C1150*E1150*F1150*H1150,IF(AND(G1150,H1150),C1150*E1150*G1150*H1150,IF(F1150,C1150*E1150*F1150,IF(G1150,C1150*E1150*G1150,IF(H1150,C1150*E1150*H1150,C1150*E1150))))))),2)","v":0.06},"Cum",{"$nulls":3},"SSR 22-23"]
[null,null,1,"x",1,{"v":3.09,"d":"3.090"},0.115,{"v":0.54,"d":"0.540"},{"$f":"ROUND(IF(AND(F1151:H1151),C1151*E1151*F1151*G1151*H1151,IF(AND(F1151,G1151),C1151*E1151*F1151*G1151,IF(AND(F1151,H1151),C1151*E1151*F1151*H1151,IF(AND(G1151,H1151),C1151*E1151*G1151*H1151,IF(F1151,C1151*E1151*F1151,IF(G1151,C1151*E1151*G1151,IF(H1151,C1151*E1151*H1151,C1151*E1151))))))),2)","v":0.19},"Cum",{"$nulls":3},"SSR 22-23"]
[{"$nulls":13},"SSR 22-23"]
[{"$nulls":9},"Cum",{"$f":"data!E3179","v":{"v":6281.370000000001,"d":"6281.37"}},"SSR 22-23",{"$f":"ROUND(I1153*K1153,0)","v":{"v":0,"d":"0.00"}},"SSR 22-23"]
[17,"RCM facia 5cm thick in CM (1:3) for drop walls, fins  with rabbit wire mesh & nominal reinforcement as directed by Engineer-in-charge with dubara sponge finishing, including cost & conveyance of all materials to site, seigniorage charges, sales & other taxes on all materials, operational & incidental, cost and conveyance of cement, wire mesh, water to work site, centering, scaffolding and form work, lift charges etc., complete for finished items of work but excluding cost of steel & its fabrication charges, for finished item of work. (APSS No.403 & 903)",{"$nulls":11},"SSR 19-20"]
[null,"Qty.p.50 of M.B.No.477/A/ZP/20",null,"06.12.2022",{"$nulls":9},"SSR 19-20"]
[null,"Slope portion",1,"x",2,{"v":3.6,"d":"3.600"},{"v":1.35,"d":"1.350"},{"v":0,"d":"0.000"},{"$f":"ROUND(IF(AND(F1156:H1156),C1156*E1156*F1156*G1156*H1156,IF(AND(F1156,G1156),C1156*E1156*F1156*G1156,IF(AND(F1156,H1156),C1156*E1156*F1156*H1156,IF(AND(G1156,H1156),C1156*E1156*G1156*H1156,IF(F1156,C1156*E1156*F1156,IF(G1156,C1156*E1156*G1156,IF(H1156,C1156*E1156*H1156,C1156*E1156))))))),2)","v":9.72},"Sqm",{"$nulls":3},"SSR 19-20"]
[null,"Traingle portion",1,"x",2,{"v":1.95,"d":"1.950"},{"v":1.2,"d":"1.200"},{"v":0,"d":"0.000"},4.68,"Sqm",{"$nulls":3},"SSR 19-20"]
[{"$nulls":13},"SSR 19-20"]
[{"$nulls":9},"Sqm",{"$f":"data!E553","v":1815.79},"SSR 19-20",{"$f":"ROUND(I1159*K1159/1,0)","v":{"v":0,"d":"0.00"}},"SSR 19-20"]
[17,"RCM facia 5cm thick in CM (1:3) for drop walls, fins  with rabbit wire mesh & nominal reinforcement as directed by Engineer-in-charge with dubara sponge finishing, including cost & conveyance of all materials to site, seigniorage charges, sales & other taxes on all materials, operational & incidental, cost and conveyance of cement, wire mesh, water to work site, centering, scaffolding and form work, lift charges etc., complete for finished items of work but excluding cost of steel & its fabrication charges, for finished item of work. (APSS No.403 & 903)",{"$nulls":11},"SSR 20-21"]
[null,"Qty.p.60 of M.B.No.790/A/ZP/19",{"$nulls":11},"SSR 20-21"]
[null,"Elevation sides",2,"x",0.5,{"v":1,"d":"1.000"},{"v":0,"d":"0.000"},{"v":1.1,"d":"1.100"},{"$f":"ROUND(IF(AND(F1162:H1162),C1162*E1162*F1162*G1162*H1162,IF(AND(F1162,G1162),C1162*E1162*F1162*G1162,IF(AND(F1162,H1162),C1162*E1162*F1162*H1162,IF(AND(G1162,H1162),C1162*E1162*G1162*H1162,IF(F1162,C1162*E1162*F1162,IF(G1162,C1162*E1162*G1162,IF(H1162,C1162*E1162*H1162,C1162*E1162))))))),2)","v":{"v":1.1,"d":"1.10"}},"Sqm",{"$nulls":3},"SSR 20-21"]
[null,"Middle",1,"x",2,{"v":3.15,"d":"3.150"},{"v":0,"d":"0.000"},{"v":1.1,"d":"1.100"},{"$f":"ROUND(IF(AND(F1163:H1163),C1163*E1163*F1163*G1163*H1163,IF(AND(F1163,G1163),C1163*E1163*F1163*G1163,IF(AND(F1163,H1163),C1163*E1163*F1163*H1163,IF(AND(G1163,H1163),C1163*E1163*G1163*H1163,IF(F1163,C1163*E1163*F1163,IF(G1163,C1163*E1163*G1163,IF(H1163,C1163*E1163*H1163,C1163*E1163))))))),2)","v":6.93},"Sqm",{"$nulls":3},"SSR 20-21"]
[null,"Middle",1,"x",2,{"v":2,"d":"2.000"},{"v":0,"d":"0.000"},{"v":1.9,"d":"1.900"},{"$f":"ROUND(IF(AND(F1164:H1164),C1164*E1164*F1164*G1164*H1164,IF(AND(F1164,G1164),C1164*E1164*F1164*G1164,IF(AND(F1164,H1164),C1164*E1164*F1164*H1164,IF(AND(G1164,H1164),C1164*E1164*G1164*H1164,IF(F1164,C1164*E1164*F1164,IF(G1164,C1164*E1164*G1164,IF(H1164,C1164*E1164*H1164,C1164*E1164))))))),2)","v":{"v":7.6,"d":"7.60"}},"Sqm",{"$nulls":3},"SSR 20-21"]
[{"$nulls":13},"SSR 20-21"]
[{"$nulls":9},"Sqm",{"$f":"data!E1470","v":1966.77},"SSR 20-21",{"$f":"ROUND(I1166*K1166/1,0)","v":{"v":0,"d":"0.00"}},"SSR 20-21"]
[24,"RCM facia 5cm thick in CM (1:3) for drop walls, fins  with rabbit wire mesh & nominal reinforcement as directed by Engineer-in-charge with dubara sponge finishing, including cost & conveyance of all materials to site, seigniorage charges, sales & other taxes on all materials, operational & incidental, cost and conveyance of cement, wire mesh, water to work site, centering, scaffolding and form work, lift charges etc., complete for finished items of work but excluding cost of steel & its fabrication charges, for finished item of work. (APSS No.403 & 903)",{"$nulls":11},"SSR 21-22"]
[null,"Qty.p.60 of M.B.No.790/A/ZP/19",{"$nulls":11},"SSR 21-22"]
[null,null,1,"x",1,{"v":25.8,"d":"25.800"},{"v":0,"d":"0.000"},{"v":0.2,"d":"0.200"},{"$f":"ROUND(IF(AND(F1169:H1169),C1169*E1169*F1169*G1169*H1169,IF(AND(F1169,G1169),C1169*E1169*F1169*G1169,IF(AND(F1169,H1169),C1169*E1169*F1169*H1169,IF(AND(G1169,H1169),C1169*E1169*G1169*H1169,IF(F1169,C1169*E1169*F1169,IF(G1169,C1169*E1169*G1169,IF(H1169,C1169*E1169*H1169,C1169*E1169))))))),2)","v":5.16},"Sqm",{"$nulls":3},"SSR 21-22"]
[{"$nulls":13},"SSR 21-22"]
[{"$nulls":9},"Sqm",{"$f":"data!E2387","v":2093.16},"SSR 21-22",{"$f":"ROUND(I1171*K1171/1,0)","v":{"v":0,"d":"0.00"}},"SSR 21-22"]
[17,"RCM facia 5cm thick in CM (1:3) for drop walls, fins  with rabbit wire mesh & nominal reinforcement as directed by Engineer-in-charge with dubara sponge finishing, including cost & conveyance of all materials to site, seigniorage charges, sales & other taxes on all materials, operational & incidental, cost and conveyance of cement, wire mesh, water to work site, centering, scaffolding and form work, lift charges etc., complete for finished items of work but excluding cost of steel & its fabrication charges, for finished item of work. (APSS No.403 & 903)",{"$nulls":11},"SSR 22-23"]
[null,"Qty.p.60 of M.B.No.790/A/ZP/19",{"$nulls":11},"SSR 22-23"]
[null,"Elevation sides",2,"x",0.5,{"v":1,"d":"1.000"},{"v":0,"d":"0.000"},{"v":1.1,"d":"1.100"},{"$f":"ROUND(IF(AND(F1174:H1174),C1174*E1174*F1174*G1174*H1174,IF(AND(F1174,G1174),C1174*E1174*F1174*G1174,IF(AND(F1174,H1174),C1174*E1174*F1174*H1174,IF(AND(G1174,H1174),C1174*E1174*G1174*H1174,IF(F1174,C1174*E1174*F1174,IF(G1174,C1174*E1174*G1174,IF(H1174,C1174*E1174*H1174,C1174*E1174))))))),2)","v":{"v":1.1,"d":"1.10"}},"Sqm",{"$nulls":3},"SSR 22-23"]
[null,"Middle",1,"x",2,{"v":3.15,"d":"3.150"},{"v":0,"d":"0.000"},{"v":1.1,"d":"1.100"},{"$f":"ROUND(IF(AND(F1175:H1175),C1175*E1175*F1175*G1175*H1175,IF(AND(F1175,G1175),C1175*E1175*F1175*G1175,IF(AND(F1175,H1175),C1175*E1175*F1175*H1175,IF(AND(G1175,H1175),C1175*E1175*G1175*H1175,IF(F1175,C1175*E1175*F1175,IF(G1175,C1175*E1175*G1175,IF(H1175,C1175*E1175*H1175,C1175*E1175))))))),2)","v":6.93},"Sqm",{"$nulls":3},"SSR 22-23"]
[null,"Middle",1,"x",2,{"v":2,"d":"2.000"},{"v":0,"d":"0.000"},{"v":1.9,"d":"1.900"},{"$f":"ROUND(IF(AND(F1176:H1176),C1176*E1176*F1176*G1176*H1176,IF(AND(F1176,G1176),C1176*E1176*F1176*G1176,IF(AND(F1176,H1176),C1176*E1176*F1176*H1176,IF(AND(G1176,H1176),C1176*E1176*G1176*H1176,IF(F1176,C1176*E1176*F1176,IF(G1176,C1176*E1176*G1176,IF(H1176,C1176*E1176*H1176,C1176*E1176))))))),2)","v":{"v":7.6,"d":"7.60"}},"Sqm",{"$nulls":3},"SSR 22-23"]
[{"$nulls":13},"SSR 22-23"]
[{"$nulls":9},"Sqm",{"$f":"data!E3304","v":2232.97},"SSR 22-23",{"$f":"ROUND(I1178*K1178/1,0)","v":{"v":0,"d":"0.00"}},"SSR 22-23"]
[19,"Ceiling Plastering to Ceiling in CM (1:3) 12mm thick with dubara sponge finishing  including c/c of all materials including labour charges such as mixing cement mortar and curing etc complete for finished item of work (APSS 901 & 903) ",{"$nulls":11},"SSR 19-20"]
[null,"Qty.p.33 to 35 of M.B.No.604/B/ZP/20",null,"02.08.2022",{"$nulls":9},"SSR 19-20"]
[null,"Examination room",1,"x",1,{"v":2.7,"d":"2.700"},{"v":2.75,"d":"2.750"},{"v":0,"d":"0.000"},{"$f":"ROUND(IF(AND(F1181:H1181),C1181*E1181*F1181*G1181*H1181,IF(AND(F1181,G1181),C1181*E1181*F1181*G1181,IF(AND(F1181,H1181),C1181*E1181*F1181*H1181,IF(AND(G1181,H1181),C1181*E1181*G1181*H1181,IF(F1181,C1181*E1181*F1181,IF(G1181,C1181*E1181*G1181,IF(H1181,C1181*E1181*H1181,C1181*E1181))))))),2)","v":7.43},"Sqm",{"$nulls":3},"SSR 19-20"]
[null,"Tiolet",1,"x",1,{"v":1.45,"d":"1.450"},{"v":1.45,"d":"1.450"},{"v":0,"d":"0.000"},{"v":2.1,"d":"2.10"},"Sqm",{"$nulls":3},"SSR 19-20"]
[null,null,1,"x",1,{"v":1.45,"d":"1.450"},{"v":1.25,"d":"1.250"},{"v":0,"d":"0.000"},1.81,"Sqm",{"$nulls":3},"SSR 19-20"]
[null,"Lab and store room",1,"x",1,{"v":2.75,"d":"2.750"},{"v":2.19,"d":"2.190"},{"v":0,"d":"0.000"},6.02,"Sqm",{"$nulls":3},"SSR 19-20"]
[null,"Bed room",1,"x",1,{"v":2.74,"d":"2.740"},{"v":2.7,"d":"2.700"},{"v":0,"d":"0.000"},{"v":7.4,"d":"7.40"},"Sqm",{"$nulls":3},"SSR 19-20"]
[null,"Tiolet",1,"x",1,{"v":1.45,"d":"1.450"},{"v":1.45,"d":"1.450"},{"v":0,"d":"0.000"},{"v":2.1,"d":"2.10"},"Sqm",{"$nulls":3},"SSR 19-20"]
[null,null,1,"x",1,{"v":1.45,"d":"1.450"},{"v":1.12,"d":"1.120"},{"v":0,"d":"0.000"},1.62,"Sqm",{"$nulls":3},"SSR 19-20"]
[null,"Kitchen",1,"x",1,{"v":1.65,"d":"1.650"},{"v":2.72,"d":"2.720"},{"v":0,"d":"0.000"},4.49,"Sqm",{"$nulls":3},"SSR 19-20"]
[null,"clinic and lobby",1,"x",1,{"v":6.65,"d":"6.650"},{"v":2.95,"d":"2.950"},{"v":0,"d":"0.000"},19.62,"Sqm",{"$nulls":3},"SSR 19-20"]
[null,"Living roo",1,"x",1,{"v":6.12,"d":"6.120"},{"v":2.96,"d":"2.960"},{"v":0,"d":"0.000"},18.12,"Sqm",{"$nulls":3},"SSR 19-20"]
[null,"Verandah front side",1,"x",1,{"v":16,"d":"16.000"},{"v":0,"d":"0.000"},{"v":0.95,"d":"0.950"},{"v":15.2,"d":"15.20"},"Sqm",{"$nulls":3},"SSR 19-20"]
[null,"Side portion",1,"x",2,{"v":3.15,"d":"3.150"},{"v":2.2,"d":"2.200"},{"v":0,"d":"0.000"},13.86,"Sqm",{"$nulls":3},"SSR 19-20"]
[null,"Slope portion front side",1,"x",1,{"$f":"(16+17.7)/2","v":{"v":16.85,"d":"16.850"}},{"v":0.95,"d":"0.950"},{"v":0,"d":"0.000"},16.01,"Sqm",{"$nulls":3},"SSR 19-20"]
[null,"Side portion",1,"x",2,{"$f":"(3.05+3.65)/2","v":{"v":3.3499999999999996,"d":"3.350"}},{"v":0.95,"d":"0.950"},{"v":0,"d":"0.000"},6.37,"Sqm",{"$nulls":3},"SSR 19-20"]
[null,"Slab projection back side",1,"x",1,{"v":14.1,"d":"14.100"},{"v":0.3,"d":"0.300"},{"v":0,"d":"0.000"},4.23,"Sqm",{"$nulls":3},"SSR 19-20"]
[null,"Two sides",1,"x",2,{"v":3.2,"d":"3.200"},{"v":0.3,"d":"0.300"},{"v":0,"d":"0.000"},1.92,"Sqm",{"$nulls":3},"SSR 19-20"]
[null,"Drop",1,"x",1,{"v":17.7,"d":"17.700"},{"v":0.25,"d":"0.250"},{"v":0,"d":"0.000"},4.43,"Sqm",{"$nulls":3},"SSR 19-20"]
[null,null,1,"x",2,{"v":3.65,"d":"3.650"},{"v":0.25,"d":"0.250"},{"v":0,"d":"0.000"},1.83,"Sqm",{"$nulls":3},"SSR 19-20"]
[{"$nulls":13},"SSR 19-20"]
[{"$nulls":8},{"$f":"SUM(I1181:I1199)","v":{"v":134.56000000000003,"d":"134.56"}},"Sqm",{"$f":"data!E444","v":264.94},"SSR 19-20",{"$f":"ROUND(I1200*K1200,0)","v":{"v":35650,"d":"35650.00"}},"SSR 19-20"]
[26,"Ceiling Plastering to Ceiling in CM (1:3) 12mm thick with dubara sponge finishing  including c/c of all materials including labour charges such as mixing cement mortar and curing etc complete for finished item of work (APSS 901 & 903) ",{"$nulls":11},"SSR 20-21"]
[null,"Qty.p.13 to 15 of M.B.No.478/A/ZP/20",null,"29.06.2021",{"$nulls":9},"SSR 20-21"]
[null,"Examination room",1,"x",1,{"v":2.89,"d":"2.890"},{"v":2.82,"d":"2.820"},{"v":0,"d":"0.000"},{"$f":"ROUND(IF(AND(F1203:H1203),C1203*E1203*F1203*G1203*H1203,IF(AND(F1203,G1203),C1203*E1203*F1203*G1203,IF(AND(F1203,H1203),C1203*E1203*F1203*H1203,IF(AND(G1203,H1203),C1203*E1203*G1203*H1203,IF(F1203,C1203*E1203*F1203,IF(G1203,C1203*E1203*G1203,IF(H1203,C1203*E1203*H1203,C1203*E1203))))))),2)","v":8.15},"Sqm",{"$nulls":3},"SSR 20-21"]
[null,"Tiolet",1,"x",1,{"v":1.36,"d":"1.360"},{"v":1.63,"d":"1.630"},{"v":0,"d":"0.000"},2.22,"Sqm",{"$nulls":3},"SSR 20-21"]
[null,null,1,"x",1,{"v":1.36,"d":"1.360"},{"v":0.95,"d":"0.950"},{"v":0,"d":"0.000"},1.29,"Sqm",{"$nulls":3},"SSR 20-21"]
[null,"Lab and store",1,"x",1,{"v":2.28,"d":"2.280"},{"v":2.82,"d":"2.820"},{"v":0,"d":"0.000"},6.43,"Sqm",{"$nulls":3},"SSR 20-21"]
[null,"Bed room",1,"x",1,{"v":2.75,"d":"2.750"},{"v":2.82,"d":"2.820"},{"v":0,"d":"0.000"},7.76,"Sqm",{"$nulls":3},"SSR 20-21"]
[null,"Tiolet",1,"x",1,{"v":1.36,"d":"1.360"},{"v":1.95,"d":"1.950"},{"v":0,"d":"0.000"},2.65,"Sqm",{"$nulls":3},"SSR 20-21"]
[null,null,1,"x",1,{"v":1.36,"d":"1.360"},{"v":0.6,"d":"0.600"},{"v":0,"d":"0.000"},0.82,"Sqm",{"$nulls":3},"SSR 20-21"]
[null,"Kitchen",1,"x",1,{"v":1.83,"d":"1.830"},{"v":2.82,"d":"2.820"},{"v":0,"d":"0.000"},5.16,"Sqm",{"$nulls":3},"SSR 20-21"]
[null,"clinic and lobby",1,"x",1,{"v":6.68,"d":"6.680"},{"v":3,"d":"3.000"},{"v":0,"d":"0.000"},20.04,"Sqm",{"$nulls":3},"SSR 20-21"]
[null,"Living room",1,"x",1,{"v":6.17,"d":"6.170"},{"v":3,"d":"3.000"},{"v":0,"d":"0.000"},18.51,"Sqm",{"$nulls":3},"SSR 20-21"]
[null,"For window sunshade",1,"x",5,{"v":1.5,"d":"1.500"},{"v":0.6,"d":"0.600"},{"v":0,"d":"0.000"},{"v":4.5,"d":"4.50"},"Sqm",{"$nulls":3},"SSR 20-21"]
[null,"Slab projection",1,"x",1,{"v":14.2,"d":"14.200"},{"v":0.3,"d":"0.300"},{"v":0,"d":"0.000"},4.26,"Sqm",{"$nulls":3},"SSR 20-21"]
[null,null,1,"x",2,{"v":4.87,"d":"4.870"},{"v":0.3,"d":"0.300"},{"v":0,"d":"0.000"},2.92,"Sqm",{"$nulls":3},"SSR 20-21"]
[null,"Vertical projection",1,"x",1,{"v":16.1,"d":"16.100"},{"v":1.2,"d":"1.200"},{"v":0,"d":"0.000"},19.32,"Sqm",{"$nulls":3},"SSR 20-21"]
[null,"Sloped projection front",1,"x",1,{"$f":"(16.1+17.2)/2","v":{"v":16.65,"d":"16.650"}},{"v":0.8,"d":"0.800"},{"v":0,"d":"0.000"},13.32,"Sqm",{"$nulls":3},"SSR 20-21"]
[null,"Sides",1,"x",1,{"$f":"(3.05+3.65)/2","v":{"v":3.3499999999999996,"d":"3.350"}},{"v":0.8,"d":"0.800"},{"v":0,"d":"0.000"},2.68,"Sqm",{"$nulls":3},"SSR 20-21"]
[{"$nulls":13},"SSR 20-21"]
[{"$nulls":9},"Sqm",{"$f":"data!E1361","v":{"v":284,"d":"284.00"}},"SSR 20-21",{"$f":"ROUND(I1220*K1220,0)","v":{"v":0,"d":"0.00"}},"SSR 20-21"]
[25,"Ceiling Plastering to Ceiling in CM (1:3) 12mm thick with dubara sponge finishing  including c/c of all materials including labour charges such as mixing cement mortar and curing etc complete for finished item of work (APSS 901 & 903) ",{"$nulls":11},"SSR 21-22"]
[null,"Qty.p.64 of M.B.No.790/A/ZP/19",{"$nulls":11},"SSR 21-22"]
[null,"Examination room",1,"x",1,{"v":2.85,"d":"2.850"},{"v":2.78,"d":"2.780"},{"v":0,"d":"0.000"},{"$f":"ROUND(IF(AND(F1223:H1223),C1223*E1223*F1223*G1223*H1223,IF(AND(F1223,G1223),C1223*E1223*F1223*G1223,IF(AND(F1223,H1223),C1223*E1223*F1223*H1223,IF(AND(G1223,H1223),C1223*E1223*G1223*H1223,IF(F1223,C1223*E1223*F1223,IF(G1223,C1223*E1223*G1223,IF(H1223,C1223*E1223*H1223,C1223*E1223))))))),2)","v":7.92},"Sqm",{"$nulls":3},"SSR 21-22"]
[null,"Tiolet-1",1,"x",1,{"v":1.34,"d":"1.340"},{"v":1.6,"d":"1.600"},{"v":0,"d":"0.000"},2.14,"Sqm",{"$nulls":3},"SSR 21-22"]
[null,null,1,"x",1,{"v":1.34,"d":"1.340"},{"v":1.09,"d":"1.090"},{"v":0,"d":"0.000"},1.46,"Sqm",{"$nulls":3},"SSR 21-22"]
[null,"Lab room",1,"x",1,{"v":2.27,"d":"2.270"},{"v":2.78,"d":"2.780"},{"v":0,"d":"0.000"},6.31,"Sqm",{"$nulls":3},"SSR 21-22"]
[null,"Hospital hall",1,"x",1,{"v":6.78,"d":"6.780"},{"v":2.95,"d":"2.950"},{"v":0,"d":"0.000"},{"v":20,"d":"20.00"},"Sqm",{"$nulls":3},"SSR 21-22"]
[null,"Bed room",1,"x",1,{"v":2.7,"d":"2.700"},{"v":2.78,"d":"2.780"},{"v":0,"d":"0.000"},7.51,"Sqm",{"$nulls":3},"SSR 21-22"]
[null,"tiolet-2",1,"x",1,{"v":1.31,"d":"1.310"},{"v":1.94,"d":"1.940"},{"v":0,"d":"0.000"},2.54,"Sqm",{"$nulls":3},"SSR 21-22"]
[null,null,1,"x",1,{"v":1.31,"d":"1.310"},{"v":0.7,"d":"0.700"},{"v":0,"d":"0.000"},0.92,"Sqm",{"$nulls":3},"SSR 21-22"]
[null,"Kitchen",1,"x",1,{"v":1.81,"d":"1.810"},{"v":2.78,"d":"2.780"},{"v":0,"d":"0.000"},5.03,"Sqm",{"$nulls":3},"SSR 21-22"]
[null,"Living room",1,"x",1,{"v":6.12,"d":"6.120"},{"v":2.95,"d":"2.950"},{"v":0,"d":"0.000"},18.05,"Sqm",{"$nulls":3},"SSR 21-22"]
[null,"Out side carrdor slab",1,"x",1,{"v":13.54,"d":"13.540"},{"v":1.2,"d":"1.200"},{"v":0,"d":"0.000"},16.25,"Sqm",{"$nulls":3},"SSR 21-22"]
[null,null,1,"x",2,{"v":1.2,"d":"1.200"},{"v":2.77,"d":"2.770"},{"v":0,"d":"0.000"},6.65,"Sqm",{"$nulls":3},"SSR 21-22"]
[null,"Projection @ front",1,"x",1,{"v":23.4,"d":"23.400"},{"v":0.9,"d":"0.900"},{"v":0,"d":"0.000"},21.06,"Sqm",{"$nulls":3},"SSR 21-22"]
[null,"RCM facia drop @ front",1,"x",2,{"v":25.8,"d":"25.800"},{"v":0,"d":"0.000"},{"v":0.2,"d":"0.200"},10.32,"Sqm",{"$nulls":3},"SSR 21-22"]
[null,"Beam sides",1,"x",2,{"v":16.2,"d":"16.200"},{"v":0,"d":"0.000"},{"v":0.3,"d":"0.300"},9.72,"Sqm",{"$nulls":3},"SSR 21-22"]
[null,null,2,"x",2,{"v":2.77,"d":"2.770"},{"v":0,"d":"0.000"},{"v":0.3,"d":"0.300"},3.32,"Sqm",{"$nulls":3},"SSR 21-22"]
[null,null,2,"x",2,{"v":0.97,"d":"0.970"},{"v":0,"d":"0.000"},{"v":0.3,"d":"0.300"},1.16,"Sqm",{"$nulls":3},"SSR 21-22"]
[null,null,2,"x",2,{"v":0.97,"d":"0.970"},{"v":0,"d":"0.000"},{"v":0.3,"d":"0.300"},1.16,"Sqm",{"$nulls":3},"SSR 21-22"]
[null,null,5,"x",2,{"v":0.97,"d":"0.970"},{"v":0,"d":"0.000"},{"v":0.3,"d":"0.300"},2.91,"Sqm",{"$nulls":3},"SSR 21-22"]
[null,"Deduct junctions",1,"x",9,{"v":0.3,"d":"0.300"},{"v":0,"d":"0.000"},{"v":0.3,"d":"0.300"},{"$f":"-ROUND(IF(AND(F1242:H1242),C1242*E1242*F1242*G1242*H1242,IF(AND(F1242,G1242),C1242*E1242*F1242*G1242,IF(AND(F1242,H1242),C1242*E1242*F1242*H1242,IF(AND(G1242,H1242),C1242*E1242*G1242*H1242,IF(F1242,C1242*E1242*F1242,IF(G1242,C1242*E1242*G1242,IF(H1242,C1242*E1242*H1242,C1242*E1242))))))),2)","v":-0.81},"Sqm",{"$nulls":3},"SSR 21-22"]
[null,"Slab projection right and left",1,"x",2,{"v":5,"d":"5.000"},0.425,{"v":0,"d":"0.000"},{"$f":"ROUND(IF(AND(F1243:H1243),C1243*E1243*F1243*G1243*H1243,IF(AND(F1243,G1243),C1243*E1243*F1243*G1243,IF(AND(F1243,H1243),C1243*E1243*F1243*H1243,IF(AND(G1243,H1243),C1243*E1243*G1243*H1243,IF(F1243,C1243*E1243*F1243,IF(G1243,C1243*E1243*G1243,IF(H1243,C1243*E1243*H1243,C1243*E1243))))))),2)","v":4.25},"Sqm",{"$nulls":3},"SSR 21-22"]
[null,"Slab projection @ back",1,"x",1,{"v":14.1,"d":"14.100"},0.425,{"v":0,"d":"0.000"},{"$f":"ROUND(IF(AND(F1244:H1244),C1244*E1244*F1244*G1244*H1244,IF(AND(F1244,G1244),C1244*E1244*F1244*G1244,IF(AND(F1244,H1244),C1244*E1244*F1244*H1244,IF(AND(G1244,H1244),C1244*E1244*G1244*H1244,IF(F1244,C1244*E1244*F1244,IF(G1244,C1244*E1244*G1244,IF(H1244,C1244*E1244*H1244,C1244*E1244))))))),2)","v":5.99},"Sqm",{"$nulls":3},"SSR 21-22"]
[null,"Sunshades",6,"x",2,{"v":1.5,"d":"1.500"},{"v":0.6,"d":"0.600"},{"v":0,"d":"0.000"},{"$f":"ROUND(IF(AND(F1245:H1245),C1245*E1245*F1245*G1245*H1245,IF(AND(F1245,G1245),C1245*E1245*F1245*G1245,IF(AND(F1245,H1245),C1245*E1245*F1245*H1245,IF(AND(G1245,H1245),C1245*E1245*G1245*H1245,IF(F1245,C1245*E1245*F1245,IF(G1245,C1245*E1245*G1245,IF(H1245,C1245*E1245*H1245,C1245*E1245))))))),2)","v":{"v":10.8,"d":"10.80"}},"Sqm",{"$nulls":3},"SSR 21-22"]
[{"$nulls":13},"SSR 21-22"]
[{"$nulls":9},"Sqm",{"$f":"data!E2278","v":300.93},"SSR 21-22",{"$f":"ROUND(I1247*K1247,0)","v":{"v":0,"d":"0.00"}},"SSR 21-22"]
[22,"Ceiling Plastering to Ceiling in CM (1:3) 12mm thick with dubara sponge finishing  including c/c of all materials including labour charges such as mixing cement mortar and curing etc complete for finished item of work (APSS 901 & 903) ",{"$nulls":11},"SSR 22-23"]
[null,"Qty.p.17 of M.B.No.790/A/ZP/19",{"$nulls":11},"SSR 22-23"]
[null,null,1,"x",1,{"v":3.25,"d":"3.250"},{"v":2.64,"d":"2.640"},{"v":0,"d":"0.000"},{"$f":"ROUND(IF(AND(F1250:H1250),C1250*E1250*F1250*G1250*H1250,IF(AND(F1250,G1250),C1250*E1250*F1250*G1250,IF(AND(F1250,H1250),C1250*E1250*F1250*H1250,IF(AND(G1250,H1250),C1250*E1250*G1250*H1250,IF(F1250,C1250*E1250*F1250,IF(G1250,C1250*E1250*G1250,IF(H1250,C1250*E1250*H1250,C1250*E1250))))))),2)","v":8.58},"Sqm",{"$nulls":3},"SSR 22-23"]
[null,null,1,"x",1,{"v":3.25,"d":"3.250"},{"v":2.72,"d":"2.720"},{"v":0,"d":"0.000"},8.84,"Sqm",{"$nulls":3},"SSR 22-23"]
[null,null,1,"x",1,{"v":8.65,"d":"8.650"},{"v":3.2,"d":"3.200"},{"v":0,"d":"0.000"},27.68,"Sqm",{"$nulls":3},"SSR 22-23"]
[null,null,1,"x",2,{"v":3.2,"d":"3.200"},{"v":0,"d":"0.000"},{"v":0.3,"d":"0.300"},1.92,"Sqm",{"$nulls":3},"SSR 22-23"]
[null,null,1,"x",1,{"v":4.98,"d":"4.980"},{"v":8.6,"d":"8.600"},{"v":0,"d":"0.000"},42.83,"Sqm",{"$nulls":3},"SSR 22-23"]
[null,null,1,"x",1,{"v":5.45,"d":"5.450"},{"v":1.8,"d":"1.800"},{"v":0,"d":"0.000"},9.81,"Sqm",{"$nulls":3},"SSR 22-23"]
[null,null,1,"x",4,{"v":1.65,"d":"1.650"},{"v":0,"d":"0.000"},{"v":0.3,"d":"0.300"},1.98,"Sqm",{"$nulls":3},"SSR 22-23"]
[null,null,1,"x",1,{"v":1.8,"d":"1.800"},{"v":0,"d":"0.000"},{"v":0.38,"d":"0.380"},0.68,"Sqm",{"$nulls":3},"SSR 22-23"]
[null,null,1,"x",1,{"v":2.96,"d":"2.960"},{"v":0,"d":"0.000"},{"v":0.3,"d":"0.300"},0.89,"Sqm",{"$nulls":3},"SSR 22-23"]
[null,null,1,"x",2,{"v":8.5,"d":"8.500"},{"v":0,"d":"0.000"},{"v":0.3,"d":"0.300"},{"v":5.1,"d":"5.10"},"Sqm",{"$nulls":3},"SSR 22-23"]
[null,null,1,"x",1,{"v":12.47,"d":"12.470"},{"v":0,"d":"0.000"},{"v":0.3,"d":"0.300"},3.74,"Sqm",{"$nulls":3},"SSR 22-23"]
[null,null,1,"x",1,{"v":9.52,"d":"9.520"},{"v":0,"d":"0.000"},{"v":0.3,"d":"0.300"},2.86,"Sqm",{"$nulls":3},"SSR 22-23"]
[null,null,1,"x",1,{"v":9.44,"d":"9.440"},{"v":0,"d":"0.000"},{"v":0.3,"d":"0.300"},2.83,"Sqm",{"$nulls":3},"SSR 22-23"]
[null,null,1,"x",5,{"v":1.8,"d":"1.800"},{"v":0.6,"d":"0.600"},{"v":0,"d":"0.000"},{"v":5.4,"d":"5.40"},"Sqm",{"$nulls":3},"SSR 22-23"]
[{"$nulls":13},"SSR 22-23"]
[{"$nulls":9},"Sqm",{"$f":"data!E3195","v":{"v":318.2,"d":"318.20"}},"SSR 22-23",{"$f":"ROUND(I1265*K1265,0)","v":{"v":0,"d":"0.00"}},"SSR 22-23"]
[21,"Plastering in CM (1:5) 12mm thick  single coat including c/c of all materials and labour charges such as mixing cement mortar etc and curing etc complete for finished item of work (APSS 901,  903 & 904) ",{"$nulls":11},"SSR 19-20"]
[null,"Qty.p.41 of M.B.No.790/A/ZP/19",{"$nulls":11},"SSR 19-20"]
[null,"Hall alround",1,"x",1,{"v":27,"d":"27.000"},{"v":0,"d":"0.000"},{"v":3.3,"d":"3.300"},{"$f":"ROUND(IF(AND(F1268:H1268),C1268*E1268*F1268*G1268*H1268,IF(AND(F1268,G1268),C1268*E1268*F1268*G1268,IF(AND(F1268,H1268),C1268*E1268*F1268*H1268,IF(AND(G1268,H1268),C1268*E1268*G1268*H1268,IF(F1268,C1268*E1268*F1268,IF(G1268,C1268*E1268*G1268,IF(H1268,C1268*E1268*H1268,C1268*E1268))))))),2)","v":{"v":89.1,"d":"89.10"}},"Sqm",{"$nulls":3},"SSR 19-20"]
[null,"Secretary room alround",1,"x",1,{"v":11.96,"d":"11.960"},{"v":0,"d":"0.000"},{"v":3.3,"d":"3.300"},{"$f":"ROUND(IF(AND(F1269:H1269),C1269*E1269*F1269*G1269*H1269,IF(AND(F1269,G1269),C1269*E1269*F1269*G1269,IF(AND(F1269,H1269),C1269*E1269*F1269*H1269,IF(AND(G1269,H1269),C1269*E1269*G1269*H1269,IF(F1269,C1269*E1269*F1269,IF(G1269,C1269*E1269*G1269,IF(H1269,C1269*E1269*H1269,C1269*E1269))))))),2)","v":39.47},"Sqm",{"$nulls":3},"SSR 19-20"]
[null,"Deduct landing slab",1,"x",1,{"v":2.7,"d":"2.700"},{"v":0,"d":"0.000"},{"v":0.15,"d":"0.150"},{"$f":"-ROUND(IF(AND(F1270:H1270),C1270*E1270*F1270*G1270*H1270,IF(AND(F1270,G1270),C1270*E1270*F1270*G1270,IF(AND(F1270,H1270),C1270*E1270*F1270*H1270,IF(AND(G1270,H1270),C1270*E1270*G1270*H1270,IF(F1270,C1270*E1270*F1270,IF(G1270,C1270*E1270*G1270,IF(H1270,C1270*E1270*H1270,C1270*E1270))))))),2)","v":-0.41},"Sqm",{"$nulls":3},"SSR 19-20"]
[{"$nulls":13},"SSR 19-20"]
[{"$nulls":9},"Sqm",{"$f":"data!E460","v":242.02},"SSR 19-20",{"$f":"ROUND(I1272*K1272,0)","v":{"v":0,"d":"0.00"}},"SSR 19-20"]
[21,"Plastering in CM (1:5) 12mm thick  single coat including c/c of all materials and labour charges such as mixing cement mortar etc and curing etc complete for finished item of work (APSS 901,  903 & 904) ",{"$nulls":11},"SSR 20-21"]
[null,"Qty.p.41 of M.B.No.790/A/ZP/19",{"$nulls":11},"SSR 20-21"]
[null,"Hall alround",1,"x",1,{"v":27,"d":"27.000"},{"v":0,"d":"0.000"},{"v":3.3,"d":"3.300"},{"$f":"ROUND(IF(AND(F1275:H1275),C1275*E1275*F1275*G1275*H1275,IF(AND(F1275,G1275),C1275*E1275*F1275*G1275,IF(AND(F1275,H1275),C1275*E1275*F1275*H1275,IF(AND(G1275,H1275),C1275*E1275*G1275*H1275,IF(F1275,C1275*E1275*F1275,IF(G1275,C1275*E1275*G1275,IF(H1275,C1275*E1275*H1275,C1275*E1275))))))),2)","v":{"v":89.1,"d":"89.10"}},"Sqm",{"$nulls":3},"SSR 20-21"]
[null,"Secretary room alround",1,"x",1,{"v":11.96,"d":"11.960"},{"v":0,"d":"0.000"},{"v":3.3,"d":"3.300"},{"$f":"ROUND(IF(AND(F1276:H1276),C1276*E1276*F1276*G1276*H1276,IF(AND(F1276,G1276),C1276*E1276*F1276*G1276,IF(AND(F1276,H1276),C1276*E1276*F1276*H1276,IF(AND(G1276,H1276),C1276*E1276*G1276*H1276,IF(F1276,C1276*E1276*F1276,IF(G1276,C1276*E1276*G1276,IF(H1276,C1276*E1276*H1276,C1276*E1276))))))),2)","v":39.47},"Sqm",{"$nulls":3},"SSR 20-21"]
[null,"Deduct landing slab",1,"x",1,{"v":2.7,"d":"2.700"},{"v":0,"d":"0.000"},{"v":0.15,"d":"0.150"},{"$f":"-ROUND(IF(AND(F1277:H1277),C1277*E1277*F1277*G1277*H1277,IF(AND(F1277,G1277),C1277*E1277*F1277*G1277,IF(AND(F1277,H1277),C1277*E1277*F1277*H1277,IF(AND(G1277,H1277),C1277*E1277*G1277*H1277,IF(F1277,C1277*E1277*F1277,IF(G1277,C1277*E1277*G1277,IF(H1277,C1277*E1277*H1277,C1277*E1277))))))),2)","v":-0.41},"Sqm",{"$nulls":3},"SSR 20-21"]
[{"$nulls":13},"SSR 20-21"]
[{"$nulls":9},"Sqm",{"$f":"data!E1377","v":261.07},"SSR 20-21",{"$f":"ROUND(I1279*K1279,0)","v":{"v":0,"d":"0.00"}},"SSR 20-21"]
[27,"Plastering in CM (1:5) 12mm thick  single coat including c/c of all materials and labour charges such as mixing cement mortar etc and curing etc complete for finished item of work (APSS 901,  903 & 904) ",{"$nulls":11},"SSR 21-22"]
[null,"Qty.p.60 of M.B.No.478/A/ZP/20",null,"22.10.2021",{"$nulls":9},"SSR 21-22"]
[null,"For steps",1,"x",3,{"v":1.2,"d":"1.200"},{"v":1.35,"d":"1.350"},{"v":0,"d":"0.000"},{"$f":"ROUND(IF(AND(F1282:H1282),C1282*E1282*F1282*G1282*H1282,IF(AND(F1282,G1282),C1282*E1282*F1282*G1282,IF(AND(F1282,H1282),C1282*E1282*F1282*H1282,IF(AND(G1282,H1282),C1282*E1282*G1282*H1282,IF(F1282,C1282*E1282*F1282,IF(G1282,C1282*E1282*G1282,IF(H1282,C1282*E1282*H1282,C1282*E1282))))))),2)","v":4.86},"Sqm",{"$nulls":3},"SSR 21-22"]
[null,null,1,"x",2,{"v":1.1,"d":"1.100"},{"v":0.9,"d":"0.900"},{"v":0,"d":"0.000"},1.98,"Sqm",{"$nulls":3},"SSR 21-22"]
[null,"Platform walls",1,"x",2,{"v":0.62,"d":"0.620"},{"v":0,"d":"0.000"},{"v":0.8,"d":"0.800"},0.99,"Sqm",{"$nulls":3},"SSR 21-22"]
[null,null,1,"x",2,{"v":0.52,"d":"0.520"},{"v":0,"d":"0.000"},{"v":0.8,"d":"0.800"},0.83,"Sqm",{"$nulls":3},"SSR 21-22"]
[{"$nulls":13},"SSR 21-22"]
[{"$nulls":9},"Sqm",{"$f":"data!E2294","v":277.43},"SSR 21-22",{"$f":"ROUND(I1287*K1287,0)","v":{"v":0,"d":"0.00"}},"SSR 21-22"]
[21,"Plastering in CM (1:5) 12mm thick  single coat including c/c of all materials and labour charges such as mixing cement mortar etc and curing etc complete for finished item of work (APSS 901,  903 & 904) ",{"$nulls":11},"SSR 22-23"]
[null,"Qty.p.41 of M.B.No.790/A/ZP/19",{"$nulls":11},"SSR 22-23"]
[null,"Hall alround",1,"x",1,{"v":27,"d":"27.000"},{"v":0,"d":"0.000"},{"v":3.3,"d":"3.300"},{"$f":"ROUND(IF(AND(F1290:H1290),C1290*E1290*F1290*G1290*H1290,IF(AND(F1290,G1290),C1290*E1290*F1290*G1290,IF(AND(F1290,H1290),C1290*E1290*F1290*H1290,IF(AND(G1290,H1290),C1290*E1290*G1290*H1290,IF(F1290,C1290*E1290*F1290,IF(G1290,C1290*E1290*G1290,IF(H1290,C1290*E1290*H1290,C1290*E1290))))))),2)","v":{"v":89.1,"d":"89.10"}},"Sqm",{"$nulls":3},"SSR 22-23"]
[null,"Secretary room alround",1,"x",1,{"v":11.96,"d":"11.960"},{"v":0,"d":"0.000"},{"v":3.3,"d":"3.300"},{"$f":"ROUND(IF(AND(F1291:H1291),C1291*E1291*F1291*G1291*H1291,IF(AND(F1291,G1291),C1291*E1291*F1291*G1291,IF(AND(F1291,H1291),C1291*E1291*F1291*H1291,IF(AND(G1291,H1291),C1291*E1291*G1291*H1291,IF(F1291,C1291*E1291*F1291,IF(G1291,C1291*E1291*G1291,IF(H1291,C1291*E1291*H1291,C1291*E1291))))))),2)","v":39.47},"Sqm",{"$nulls":3},"SSR 22-23"]
[null,"Deduct landing slab",1,"x",1,{"v":2.7,"d":"2.700"},{"v":0,"d":"0.000"},{"v":0.15,"d":"0.150"},{"$f":"-ROUND(IF(AND(F1292:H1292),C1292*E1292*F1292*G1292*H1292,IF(AND(F1292,G1292),C1292*E1292*F1292*G1292,IF(AND(F1292,H1292),C1292*E1292*F1292*H1292,IF(AND(G1292,H1292),C1292*E1292*G1292*H1292,IF(F1292,C1292*E1292*F1292,IF(G1292,C1292*E1292*G1292,IF(H1292,C1292*E1292*H1292,C1292*E1292))))))),2)","v":-0.41},"Sqm",{"$nulls":3},"SSR 22-23"]
[{"$nulls":13},"SSR 22-23"]
[{"$nulls":9},"Sqm",{"$f":"data!E3211","v":294.71},"SSR 22-23",{"$f":"ROUND(I1294*K1294,0)","v":{"v":0,"d":"0.00"}},"SSR 22-23"]
[19,"Plastering in CM (1:5) 20mm thick  single coat including c/c of all materials including all operational, incidental and labour charges such as mixing cement mortar and curing etc complete for finished item of work (APSS 901,  903 & 904)  ",{"$nulls":11},"SSR 19-20"]
[null,"Qty.p.14 of M.B.No.790/A/ZP/19",null,"12.06.2023",{"$nulls":9},"SSR 19-20"]
[null,"Godown flooring",1,"x",1,{"v":8.65,"d":"8.650"},{"v":3.2,"d":"3.200"},{"v":0,"d":"0.000"},{"$f":"ROUND(IF(AND(F1297:H1297),C1297*E1297*F1297*G1297*H1297,IF(AND(F1297,G1297),C1297*E1297*F1297*G1297,IF(AND(F1297,H1297),C1297*E1297*F1297*H1297,IF(AND(G1297,H1297),C1297*E1297*G1297*H1297,IF(F1297,C1297*E1297*F1297,IF(G1297,C1297*E1297*G1297,IF(H1297,C1297*E1297*H1297,C1297*E1297))))))),2)","v":27.68},"Sqm",{"$nulls":3},"SSR 19-20"]
[{"$nulls":13},"SSR 19-20"]
[{"$nulls":9},"Sqm",{"$f":"data!E476","v":259.87},"SSR 19-20",{"$f":"ROUND(I1299*K1299,0)","v":{"v":0,"d":"0.00"}},"SSR 19-20"]
[22,"Plastering in CM (1:5) 20mm thick  single coat including c/c of all materials including all operational, incidental and labour charges such as mixing cement mortar and curing etc complete for finished item of work (APSS 901,  903 & 904)  ",{"$nulls":11},"SSR 20-21"]
[null,"Qty.p.47 of M.B.No.790/A/ZP/19",{"$nulls":11},"SSR 20-21"]
[null,"Left side",1,"x",1,{"v":12.49,"d":"12.490"},{"v":0,"d":"0.000"},{"v":3.93,"d":"3.930"},{"$f":"ROUND(IF(AND(F1302:H1302),C1302*E1302*F1302*G1302*H1302,IF(AND(F1302,G1302),C1302*E1302*F1302*G1302,IF(AND(F1302,H1302),C1302*E1302*F1302*H1302,IF(AND(G1302,H1302),C1302*E1302*G1302*H1302,IF(F1302,C1302*E1302*F1302,IF(G1302,C1302*E1302*G1302,IF(H1302,C1302*E1302*H1302,C1302*E1302))))))),2)","v":49.09},"Sqm",{"$nulls":3},"SSR 20-21"]
[null,"Deduct ventilators",1,"x",8,{"v":0.6,"d":"0.600"},{"v":0,"d":"0.000"},{"v":0.45,"d":"0.450"},{"$f":"-ROUND(IF(AND(F1303:H1303),C1303*E1303*F1303*G1303*H1303,IF(AND(F1303,G1303),C1303*E1303*F1303*G1303,IF(AND(F1303,H1303),C1303*E1303*F1303*H1303,IF(AND(G1303,H1303),C1303*E1303*G1303*H1303,IF(F1303,C1303*E1303*F1303,IF(G1303,C1303*E1303*G1303,IF(H1303,C1303*E1303*H1303,C1303*E1303))))))),2)","v":-2.16},"Sqm",{"$nulls":3},"SSR 20-21"]
[null,"Deduct staircase opening",1,"x",1,{"v":1.2,"d":"1.200"},{"v":0,"d":"0.000"},{"v":1.2,"d":"1.200"},{"$f":"-ROUND(IF(AND(F1304:H1304),C1304*E1304*F1304*G1304*H1304,IF(AND(F1304,G1304),C1304*E1304*F1304*G1304,IF(AND(F1304,H1304),C1304*E1304*F1304*H1304,IF(AND(G1304,H1304),C1304*E1304*G1304*H1304,IF(F1304,C1304*E1304*F1304,IF(G1304,C1304*E1304*G1304,IF(H1304,C1304*E1304*H1304,C1304*E1304))))))),2)","v":-1.44},"Sqm",{"$nulls":3},"SSR 20-21"]
[{"$nulls":13},"SSR 20-21"]
[{"$nulls":9},"Sqm",{"$f":"data!E1393","v":279.49},"SSR 20-21",{"$f":"ROUND(I1306*K1306,0)","v":{"v":0,"d":"0.00"}},"SSR 20-21"]
[22,"Plastering in CM (1:5) 20mm thick  single coat including c/c of all materials including all operational, incidental and labour charges such as mixing cement mortar and curing etc complete for finished item of work (APSS 901,  903 & 904)  ",{"$nulls":11},"SSR 21-22"]
[null,"Qty.p.47 of M.B.No.790/A/ZP/19",{"$nulls":11},"SSR 21-22"]
[null,"Left side",1,"x",1,{"v":12.49,"d":"12.490"},{"v":0,"d":"0.000"},{"v":3.93,"d":"3.930"},{"$f":"ROUND(IF(AND(F1309:H1309),C1309*E1309*F1309*G1309*H1309,IF(AND(F1309,G1309),C1309*E1309*F1309*G1309,IF(AND(F1309,H1309),C1309*E1309*F1309*H1309,IF(AND(G1309,H1309),C1309*E1309*G1309*H1309,IF(F1309,C1309*E1309*F1309,IF(G1309,C1309*E1309*G1309,IF(H1309,C1309*E1309*H1309,C1309*E1309))))))),2)","v":49.09},"Sqm",{"$nulls":3},"SSR 21-22"]
[null,"Deduct ventilators",1,"x",8,{"v":0.6,"d":"0.600"},{"v":0,"d":"0.000"},{"v":0.45,"d":"0.450"},{"$f":"-ROUND(IF(AND(F1310:H1310),C1310*E1310*F1310*G1310*H1310,IF(AND(F1310,G1310),C1310*E1310*F1310*G1310,IF(AND(F1310,H1310),C1310*E1310*F1310*H1310,IF(AND(G1310,H1310),C1310*E1310*G1310*H1310,IF(F1310,C1310*E1310*F1310,IF(G1310,C1310*E1310*G1310,IF(H1310,C1310*E1310*H1310,C1310*E1310))))))),2)","v":-2.16},"Sqm",{"$nulls":3},"SSR 21-22"]
[null,"Deduct staircase opening",1,"x",1,{"v":1.2,"d":"1.200"},{"v":0,"d":"0.000"},{"v":1.2,"d":"1.200"},{"$f":"-ROUND(IF(AND(F1311:H1311),C1311*E1311*F1311*G1311*H1311,IF(AND(F1311,G1311),C1311*E1311*F1311*G1311,IF(AND(F1311,H1311),C1311*E1311*F1311*H1311,IF(AND(G1311,H1311),C1311*E1311*G1311*H1311,IF(F1311,C1311*E1311*F1311,IF(G1311,C1311*E1311*G1311,IF(H1311,C1311*E1311*H1311,C1311*E1311))))))),2)","v":-1.44},"Sqm",{"$nulls":3},"SSR 21-22"]
[{"$nulls":13},"SSR 21-22"]
[{"$nulls":9},"Sqm",{"$f":"data!E2310","v":297.13},"SSR 21-22",{"$f":"ROUND(I1313*K1313,0)","v":{"v":0,"d":"0.00"}},"SSR 21-22"]
[22,"Plastering in CM (1:5) 20mm thick  single coat including c/c of all materials including all operational, incidental and labour charges such as mixing cement mortar and curing etc complete for finished item of work (APSS 901,  903 & 904)  ",{"$nulls":11},"SSR 22-23"]
[null,"Qty.p.14 of M.B.No.790/A/ZP/19",{"$nulls":11},"SSR 22-23"]
[null,null,1,"x",1,{"v":8.65,"d":"8.650"},{"v":3.2,"d":"3.200"},{"v":0,"d":"0.000"},{"$f":"ROUND(IF(AND(F1316:H1316),C1316*E1316*F1316*G1316*H1316,IF(AND(F1316,G1316),C1316*E1316*F1316*G1316,IF(AND(F1316,H1316),C1316*E1316*F1316*H1316,IF(AND(G1316,H1316),C1316*E1316*G1316*H1316,IF(F1316,C1316*E1316*F1316,IF(G1316,C1316*E1316*G1316,IF(H1316,C1316*E1316*H1316,C1316*E1316))))))),2)","v":27.68},"Sqm",{"$nulls":3},"SSR 22-23"]
[{"$nulls":13},"SSR 22-23"]
[{"$nulls":9},"Sqm",{"$f":"data!E3227","v":{"v":314.9,"d":"314.90"}},"SSR 22-23",{"$f":"ROUND(I1318*K1318,0)","v":{"v":0,"d":"0.00"}},"SSR 22-23"]
[20,"Plastering to brick masonary wall with  12mm thick double coat in CM (1:5) 8 mm thick base coat and CM (1:3) of 4mm thick top coat with dubara sponge finish including c/c of all materials including all operational, incidental and labour charges such as mixing cement mortar and curing etc complete for finished item of work (APSS 901,  903 & 904) ",{"$nulls":11},"SSR 19-20"]
[null,"Qty.p.35 to 37 of M.B.No.604/B/ZP/20",null,"02.08.2022",{"$nulls":9},"SSR 19-20"]
[null,"Examination room",1,"x",1,{"v":11.02,"d":"11.020"},{"v":0,"d":"0.000"},{"v":3.15,"d":"3.150"},{"$f":"ROUND(IF(AND(F1321:H1321),C1321*E1321*F1321*G1321*H1321,IF(AND(F1321,G1321),C1321*E1321*F1321*G1321,IF(AND(F1321,H1321),C1321*E1321*F1321*H1321,IF(AND(G1321,H1321),C1321*E1321*G1321*H1321,IF(F1321,C1321*E1321*F1321,IF(G1321,C1321*E1321*G1321,IF(H1321,C1321*E1321*H1321,C1321*E1321))))))),2)","v":34.71},"Sqm",{"$nulls":3},"SSR 19-20"]
[null,"Tiolet room",1,"x",1,{"v":5.8,"d":"5.800"},{"v":0,"d":"0.000"},{"v":1.15,"d":"1.150"},6.67,"Sqm",{"$nulls":3},"SSR 19-20"]
[null,null,1,"x",2,{"v":1.25,"d":"1.250"},{"v":0,"d":"0.000"},{"v":3.15,"d":"3.150"},7.88,"Sqm",{"$nulls":3},"SSR 19-20"]
[null,"Lab and store room",1,"x",1,{"v":9.88,"d":"9.880"},{"v":0,"d":"0.000"},{"v":3.15,"d":"3.150"},31.12,"Sqm",{"$nulls":3},"SSR 19-20"]
[null,"Bed room",1,"x",1,{"v":10.88,"d":"10.880"},{"v":0,"d":"0.000"},{"v":3.15,"d":"3.150"},34.27,"Sqm",{"$nulls":3},"SSR 19-20"]
[null,"Tiolet",1,"x",1,{"v":5.8,"d":"5.800"},{"v":0,"d":"0.000"},{"v":1.15,"d":"1.150"},6.67,"Sqm",{"$nulls":3},"SSR 19-20"]
[null,null,1,"x",1,{"v":1.12,"d":"1.120"},{"v":0,"d":"0.000"},{"v":3.15,"d":"3.150"},3.53,"Sqm",{"$nulls":3},"SSR 19-20"]
[null,"Kitc",1,"x",1,{"v":8.8,"d":"8.800"},{"v":0,"d":"0.000"},{"v":3.15,"d":"3.150"},27.72,"Sqm",{"$nulls":3},"SSR 19-20"]
[null,"clinic and lobby",1,"x",1,{"v":19.2,"d":"19.200"},{"v":0,"d":"0.000"},{"v":3.15,"d":"3.150"},60.48,"Sqm",{"$nulls":3},"SSR 19-20"]
[null,"Living room",1,"x",1,{"v":18.16,"d":"18.160"},{"v":0,"d":"0.000"},{"v":3.15,"d":"3.150"},{"v":57.2,"d":"57.20"},"Sqm",{"$nulls":3},"SSR 19-20"]
[null,"Deduct door",1,"x",1,{"v":1.2,"d":"1.200"},{"v":0,"d":"0.000"},{"v":2.1,"d":"2.100"},{"$f":"-ROUND(IF(AND(F1331:H1331),C1331*E1331*F1331*G1331*H1331,IF(AND(F1331,G1331),C1331*E1331*F1331*G1331,IF(AND(F1331,H1331),C1331*E1331*F1331*H1331,IF(AND(G1331,H1331),C1331*E1331*G1331*H1331,IF(F1331,C1331*E1331*F1331,IF(G1331,C1331*E1331*G1331,IF(H1331,C1331*E1331*H1331,C1331*E1331))))))),2)","v":-2.52},"Sqm",{"$nulls":3},"SSR 19-20"]
[null,"Deduct door",1,"x",2,{"v":1.05,"d":"1.050"},{"v":0,"d":"0.000"},{"v":2.1,"d":"2.100"},-4.41,"Sqm",{"$nulls":3},"SSR 19-20"]
[null,"Deduct door",1,"x",2,{"v":1,"d":"1.000"},{"v":0,"d":"0.000"},{"v":2.1,"d":"2.100"},{"v":-4.2,"d":"-4.20"},"Sqm",{"$nulls":3},"SSR 19-20"]
[null,"Deduct door",1,"x",3,{"v":0.9,"d":"0.900"},{"v":0,"d":"0.000"},{"v":2.1,"d":"2.100"},-5.67,"Sqm",{"$nulls":3},"SSR 19-20"]
[null,"Deduct door",1,"x",2,{"v":0.75,"d":"0.750"},{"v":0,"d":"0.000"},{"v":2.1,"d":"2.100"},-3.15,"Sqm",{"$nulls":3},"SSR 19-20"]
[null,"Deduct windows",1,"x",8,{"v":1.2,"d":"1.200"},{"v":0,"d":"0.000"},{"v":1.2,"d":"1.200"},-11.52,"Sqm",{"$nulls":3},"SSR 19-20"]
[null,"Deduct ventilators",1,"x",12,{"v":0.6,"d":"0.600"},{"v":0,"d":"0.000"},{"v":0.3,"d":"0.300"},-2.16,"Sqm",{"$nulls":3},"SSR 19-20"]
[null,"Qty.p.6 & 7 of M.B.No.111/A/ZP/22",null,"23.11.2023",{"$nulls":9},"SSR 19-20"]
[null,"Examination room",1,"x",1,1.115,{"v":0,"d":"0.000"},{"v":0.7,"d":"0.700"},{"$f":"ROUND(IF(AND(F1339:H1339),C1339*E1339*F1339*G1339*H1339,IF(AND(F1339,G1339),C1339*E1339*F1339*G1339,IF(AND(F1339,H1339),C1339*E1339*F1339*H1339,IF(AND(G1339,H1339),C1339*E1339*G1339*H1339,IF(F1339,C1339*E1339*F1339,IF(G1339,C1339*E1339*G1339,IF(H1339,C1339*E1339*H1339,C1339*E1339))))))),2)","v":0.78},"Sqm",{"$nulls":3},"SSR 19-20"]
[null,null,1,"x",1,0.615,{"v":0,"d":"0.000"},{"v":0.7,"d":"0.700"},0.43,"Sqm",{"$nulls":3},"SSR 19-20"]
[null,"Lab and store room",1,"x",1,{"v":1.3,"d":"1.300"},{"v":0,"d":"0.000"},{"v":0.7,"d":"0.700"},0.91,"Sqm",{"$nulls":3},"SSR 19-20"]
[null,null,1,"x",1,0.715,{"v":0,"d":"0.000"},{"v":0.7,"d":"0.700"},{"v":0.5,"d":"0.50"},"Sqm",{"$nulls":3},"SSR 19-20"]
[null,"Kitchen",1,"x",1,{"v":0.8,"d":"0.800"},{"v":0,"d":"0.000"},{"v":0.75,"d":"0.750"},{"v":0.6,"d":"0.60"},"Sqm",{"$nulls":3},"SSR 19-20"]
[null,null,1,"x",2,{"v":0.46,"d":"0.460"},{"v":0,"d":"0.000"},{"v":0.75,"d":"0.750"},0.69,"Sqm",{"$nulls":3},"SSR 19-20"]
[null,"Verandah",1,"x",1,{"v":1.2,"d":"1.200"},{"v":0,"d":"0.000"},{"v":1,"d":"1.000"},{"v":1.2,"d":"1.20"},"Sqm",{"$nulls":3},"SSR 19-20"]
[null,null,1,"x",1,{"v":3.7,"d":"3.700"},{"v":0,"d":"0.000"},{"v":1,"d":"1.000"},{"v":3.7,"d":"3.70"},"Sqm",{"$nulls":3},"SSR 19-20"]
[null,null,1,"x",1,{"v":12.75,"d":"12.750"},{"v":0,"d":"0.000"},{"v":1,"d":"1.000"},12.75,"Sqm",{"$nulls":3},"SSR 19-20"]
[null,null,1,"x",1,{"v":5,"d":"5.000"},{"v":0,"d":"0.000"},{"v":1,"d":"1.000"},{"v":5,"d":"5.00"},"Sqm",{"$nulls":3},"SSR 19-20"]
[{"$nulls":13},"SSR 19-20"]
[{"$nulls":8},{"$f":"SUM(I1321:I1349)","v":{"v":263.17999999999995,"d":"263.18"}},"Sqm",{"$f":"data!E512","v":{"v":317.8,"d":"317.80"}},"SSR 19-20",{"$f":"ROUND(I1350*K1350,0)","v":{"v":83639,"d":"83639.00"}},"SSR 19-20"]
[28,"Plastering to brick masonary wall with  12mm thick double coat in CM (1:5) 8 mm thick base coat and CM (1:3) of 4mm thick top coat with dubara sponge finish including c/c of all materials including all operational, incidental and labour charges such as mixing cement mortar and curing etc complete for finished item of work (APSS 901,  903 & 904) ",{"$nulls":11},"SSR 20-21"]
[null,"Qty.p.15 to 17 of M.B.No.478/A/ZP/20",null,"29.06.2021",{"$nulls":9},"SSR 20-21"]
[null,"Examination room",1,"x",1,{"v":11.42,"d":"11.420"},{"v":0,"d":"0.000"},{"v":3.2,"d":"3.200"},{"$f":"ROUND(IF(AND(F1353:H1353),C1353*E1353*F1353*G1353*H1353,IF(AND(F1353,G1353),C1353*E1353*F1353*G1353,IF(AND(F1353,H1353),C1353*E1353*F1353*H1353,IF(AND(G1353,H1353),C1353*E1353*G1353*H1353,IF(F1353,C1353*E1353*F1353,IF(G1353,C1353*E1353*G1353,IF(H1353,C1353*E1353*H1353,C1353*E1353))))))),2)","v":36.54},"Sqm",{"$nulls":3},"SSR 20-21"]
[null,"tiolet",1,"x",1,{"v":5.98,"d":"5.980"},{"v":0,"d":"0.000"},{"v":3.2,"d":"3.200"},19.14,"Sqm",{"$nulls":3},"SSR 20-21"]
[null,null,1,"x",1,{"v":4.63,"d":"4.630"},{"v":0,"d":"0.000"},{"v":3.2,"d":"3.200"},14.82,"Sqm",{"$nulls":3},"SSR 20-21"]
[null,"Lobby and store room",1,"x",1,{"v":10.32,"d":"10.320"},{"v":0,"d":"0.000"},{"v":3.2,"d":"3.200"},33.02,"Sqm",{"$nulls":3},"SSR 20-21"]
[null,"bed room",1,"x",1,{"v":11.14,"d":"11.140"},{"v":0,"d":"0.000"},{"v":3.2,"d":"3.200"},35.65,"Sqm",{"$nulls":3},"SSR 20-21"]
[null,"tiolet",1,"x",1,{"v":6.68,"d":"6.680"},{"v":0,"d":"0.000"},{"v":3.2,"d":"3.200"},21.38,"Sqm",{"$nulls":3},"SSR 20-21"]
[null,null,1,"x",1,{"v":3.93,"d":"3.930"},{"v":0,"d":"0.000"},{"v":3.2,"d":"3.200"},12.58,"Sqm",{"$nulls":3},"SSR 20-21"]
[null,"Kitchen",1,"x",1,{"v":9.3,"d":"9.300"},{"v":0,"d":"0.000"},{"v":3.2,"d":"3.200"},29.76,"Sqm",{"$nulls":3},"SSR 20-21"]
[null,"clinic and lobby",1,"x",1,{"v":19.36,"d":"19.360"},{"v":0,"d":"0.000"},{"v":3.2,"d":"3.200"},61.95,"Sqm",{"$nulls":3},"SSR 20-21"]
[null,"Living room",1,"x",1,{"v":18.34,"d":"18.340"},{"v":0,"d":"0.000"},{"v":3.2,"d":"3.200"},58.69,"Sqm",{"$nulls":3},"SSR 20-21"]
[null,"Deduct door",1,"x",1,{"v":1.2,"d":"1.200"},{"v":0,"d":"0.000"},{"v":2.1,"d":"2.100"},{"$f":"-ROUND(IF(AND(F1363:H1363),C1363*E1363*F1363*G1363*H1363,IF(AND(F1363,G1363),C1363*E1363*F1363*G1363,IF(AND(F1363,H1363),C1363*E1363*F1363*H1363,IF(AND(G1363,H1363),C1363*E1363*G1363*H1363,IF(F1363,C1363*E1363*F1363,IF(G1363,C1363*E1363*G1363,IF(H1363,C1363*E1363*H1363,C1363*E1363))))))),2)","v":-2.52},"Sqm",{"$nulls":3},"SSR 20-21"]
[null,"Deduct door",1,"x",1,{"v":0.9,"d":"0.900"},{"v":0,"d":"0.000"},{"v":2.1,"d":"2.100"},-1.89,"Sqm",{"$nulls":3},"SSR 20-21"]
[null,"Deduct door",1,"x",4,{"v":0.9,"d":"0.900"},{"v":0,"d":"0.000"},{"v":2.1,"d":"2.100"},-7.56,"Sqm",{"$nulls":3},"SSR 20-21"]
[null,"Deduct door",1,"x",1,{"v":0.75,"d":"0.750"},{"v":0,"d":"0.000"},{"v":2.1,"d":"2.100"},-1.58,"Sqm",{"$nulls":3},"SSR 20-21"]
[null,"Deduct door",1,"x",2,{"v":0.75,"d":"0.750"},{"v":0,"d":"0.000"},{"v":2.1,"d":"2.100"},-3.15,"Sqm",{"$nulls":3},"SSR 20-21"]
[null,"Deduct windows",1,"x",7,{"v":1.2,"d":"1.200"},{"v":0,"d":"0.000"},{"v":1.2,"d":"1.200"},-10.08,"Sqm",{"$nulls":3},"SSR 20-21"]
[null,"Deduct ventilators",1,"x",14,{"v":0.6,"d":"0.600"},{"v":0,"d":"0.000"},{"v":0.3,"d":"0.300"},-2.52,"Sqm",{"$nulls":3},"SSR 20-21"]
[null,"Qty.p.34  & 35 of M.B.No.478/A/ZP/20",null,"02.08.2021",{"$nulls":9},"SSR 20-21"]
[null,"Parapet wall alround",1,"x",1,{"v":47,"d":"47.000"},{"v":1.7,"d":"1.700"},{"v":0,"d":"0.000"},{"$f":"ROUND(IF(AND(F1371:H1371),C1371*E1371*F1371*G1371*H1371,IF(AND(F1371,G1371),C1371*E1371*F1371*G1371,IF(AND(F1371,H1371),C1371*E1371*F1371*H1371,IF(AND(G1371,H1371),C1371*E1371*G1371*H1371,IF(F1371,C1371*E1371*F1371,IF(G1371,C1371*E1371*G1371,IF(H1371,C1371*E1371*H1371,C1371*E1371))))))),2)","v":{"v":79.9,"d":"79.90"}},"Sqm",{"$nulls":3},"SSR 20-21"]
[null,"Slope portion center",1,"x",1,{"$f":"(17.18+16.1)/2","v":{"v":16.64,"d":"16.640"}},{"v":1,"d":"1.000"},{"v":0,"d":"0.000"},16.64,"Sqm",{"$nulls":3},"SSR 20-21"]
[null,"Slope portion left",1,"x",1,{"$f":"(3.8+3.1)/2","v":{"v":3.45,"d":"3.450"}},{"v":1,"d":"1.000"},{"v":0,"d":"0.000"},3.45,"Sqm",{"$nulls":3},"SSR 20-21"]
[null,"Slope portion Midlle",1,"x",1,{"$f":"(3.8+3.05)/2","v":3.425},{"v":1,"d":"1.000"},{"v":0,"d":"0.000"},3.43,"Sqm",{"$nulls":3},"SSR 20-21"]
[null,"Verandah basement",1,"x",1,{"v":19,"d":"19.000"},{"v":0,"d":"0.000"},{"v":0.6,"d":"0.600"},{"v":11.4,"d":"11.40"},"Sqm",{"$nulls":3},"SSR 20-21"]
[null,"Ramp portion",1,"x",1,{"v":5.75,"d":"5.750"},{"v":0,"d":"0.000"},{"v":0.3,"d":"0.300"},1.73,"Sqm",{"$nulls":3},"SSR 20-21"]
[null,"Deduct step",1,"x",3,{"v":1.2,"d":"1.200"},{"v":0,"d":"0.000"},{"v":0.6,"d":"0.600"},{"$f":"-ROUND(IF(AND(F1377:H1377),C1377*E1377*F1377*G1377*H1377,IF(AND(F1377,G1377),C1377*E1377*F1377*G1377,IF(AND(F1377,H1377),C1377*E1377*F1377*H1377,IF(AND(G1377,H1377),C1377*E1377*G1377*H1377,IF(F1377,C1377*E1377*F1377,IF(G1377,C1377*E1377*G1377,IF(H1377,C1377*E1377*H1377,C1377*E1377))))))),2)","v":-2.16},"Sqm",{"$nulls":3},"SSR 20-21"]
[{"$nulls":13},"SSR 20-21"]
[{"$nulls":9},"Sqm",{"$f":"data!E1429","v":343.65},"SSR 20-21",{"$f":"ROUND(I1379*K1379,0)","v":{"v":0,"d":"0.00"}},"SSR 20-21"]
[26,"Plastering to brick masonary wall with  12mm thick double coat in CM (1:5) 8 mm thick base coat and CM (1:3) of 4mm thick top coat with dubara sponge finish including c/c of all materials including all operational, incidental and labour charges such as mixing cement mortar and curing etc complete for finished item of work (APSS 901,  903 & 904) ",{"$nulls":11},"SSR 21-22"]
[null,"Qty.p.69 of M.B.No.790/A/ZP/19",{"$nulls":11},"SSR 21-22"]
[null,"Examination room",1,"x",1,{"v":11.26,"d":"11.260"},{"v":0,"d":"0.000"},{"v":3.2,"d":"3.200"},{"$f":"ROUND(IF(AND(F1382:H1382),C1382*E1382*F1382*G1382*H1382,IF(AND(F1382,G1382),C1382*E1382*F1382*G1382,IF(AND(F1382,H1382),C1382*E1382*F1382*H1382,IF(AND(G1382,H1382),C1382*E1382*G1382*H1382,IF(F1382,C1382*E1382*F1382,IF(G1382,C1382*E1382*G1382,IF(H1382,C1382*E1382*H1382,C1382*E1382))))))),2)","v":36.03},"Sqm",{"$nulls":3},"SSR 21-22"]
[null,"Deduct windows",1,"x",1,{"v":1.22,"d":"1.220"},{"v":0,"d":"0.000"},{"v":1.26,"d":"1.260"},{"$f":"-ROUND(IF(AND(F1383:H1383),C1383*E1383*F1383*G1383*H1383,IF(AND(F1383,G1383),C1383*E1383*F1383*G1383,IF(AND(F1383,H1383),C1383*E1383*F1383*H1383,IF(AND(G1383,H1383),C1383*E1383*G1383*H1383,IF(F1383,C1383*E1383*F1383,IF(G1383,C1383*E1383*G1383,IF(H1383,C1383*E1383*H1383,C1383*E1383))))))),2)","v":-1.54},"Sqm",{"$nulls":3},"SSR 21-22"]
[null,"Deduct ventilators",1,"x",1,{"v":0.6,"d":"0.600"},{"v":0,"d":"0.000"},{"v":0.3,"d":"0.300"},{"$f":"-ROUND(IF(AND(F1384:H1384),C1384*E1384*F1384*G1384*H1384,IF(AND(F1384,G1384),C1384*E1384*F1384*G1384,IF(AND(F1384,H1384),C1384*E1384*F1384*H1384,IF(AND(G1384,H1384),C1384*E1384*G1384*H1384,IF(F1384,C1384*E1384*F1384,IF(G1384,C1384*E1384*G1384,IF(H1384,C1384*E1384*H1384,C1384*E1384))))))),2)","v":-0.18},"Sqm",{"$nulls":3},"SSR 21-22"]
[null,"Deduct door",1,"x",1,{"v":0.93,"d":"0.930"},{"v":0,"d":"0.000"},{"v":2.1,"d":"2.100"},{"$f":"-ROUND(IF(AND(F1385:H1385),C1385*E1385*F1385*G1385*H1385,IF(AND(F1385,G1385),C1385*E1385*F1385*G1385,IF(AND(F1385,H1385),C1385*E1385*F1385*H1385,IF(AND(G1385,H1385),C1385*E1385*G1385*H1385,IF(F1385,C1385*E1385*F1385,IF(G1385,C1385*E1385*G1385,IF(H1385,C1385*E1385*H1385,C1385*E1385))))))),2)","v":-1.95},"Sqm",{"$nulls":3},"SSR 21-22"]
[null,"Tiolet-1",1,"x",1,{"v":5.88,"d":"5.880"},{"v":0,"d":"0.000"},{"v":3.2,"d":"3.200"},{"$f":"ROUND(IF(AND(F1386:H1386),C1386*E1386*F1386*G1386*H1386,IF(AND(F1386,G1386),C1386*E1386*F1386*G1386,IF(AND(F1386,H1386),C1386*E1386*F1386*H1386,IF(AND(G1386,H1386),C1386*E1386*G1386*H1386,IF(F1386,C1386*E1386*F1386,IF(G1386,C1386*E1386*G1386,IF(H1386,C1386*E1386*H1386,C1386*E1386))))))),2)","v":18.82},"Sqm",{"$nulls":3},"SSR 21-22"]
[null,"Deduct ventilators",1,"x",1,{"v":0.6,"d":"0.600"},{"v":0,"d":"0.000"},{"v":0.3,"d":"0.300"},{"$f":"-ROUND(IF(AND(F1387:H1387),C1387*E1387*F1387*G1387*H1387,IF(AND(F1387,G1387),C1387*E1387*F1387*G1387,IF(AND(F1387,H1387),C1387*E1387*F1387*H1387,IF(AND(G1387,H1387),C1387*E1387*G1387*H1387,IF(F1387,C1387*E1387*F1387,IF(G1387,C1387*E1387*G1387,IF(H1387,C1387*E1387*H1387,C1387*E1387))))))),2)","v":-0.18},"Sqm",{"$nulls":3},"SSR 21-22"]
[null,"Deduct door",1,"x",1,{"v":0.82,"d":"0.820"},{"v":0,"d":"0.000"},{"v":2.1,"d":"2.100"},{"$f":"-ROUND(IF(AND(F1388:H1388),C1388*E1388*F1388*G1388*H1388,IF(AND(F1388,G1388),C1388*E1388*F1388*G1388,IF(AND(F1388,H1388),C1388*E1388*F1388*H1388,IF(AND(G1388,H1388),C1388*E1388*G1388*H1388,IF(F1388,C1388*E1388*F1388,IF(G1388,C1388*E1388*G1388,IF(H1388,C1388*E1388*H1388,C1388*E1388))))))),2)","v":-1.72},"Sqm",{"$nulls":3},"SSR 21-22"]
[null,"space before tiolet-1",1,"x",1,{"v":3.52,"d":"3.520"},{"v":0,"d":"0.000"},{"v":3.2,"d":"3.200"},{"$f":"ROUND(IF(AND(F1389:H1389),C1389*E1389*F1389*G1389*H1389,IF(AND(F1389,G1389),C1389*E1389*F1389*G1389,IF(AND(F1389,H1389),C1389*E1389*F1389*H1389,IF(AND(G1389,H1389),C1389*E1389*G1389*H1389,IF(F1389,C1389*E1389*F1389,IF(G1389,C1389*E1389*G1389,IF(H1389,C1389*E1389*H1389,C1389*E1389))))))),2)","v":11.26},"Sqm",{"$nulls":3},"SSR 21-22"]
[null,"deduct door",1,"x",1,{"v":0.82,"d":"0.820"},{"v":0,"d":"0.000"},{"v":2.1,"d":"2.100"},{"$f":"-ROUND(IF(AND(F1390:H1390),C1390*E1390*F1390*G1390*H1390,IF(AND(F1390,G1390),C1390*E1390*F1390*G1390,IF(AND(F1390,H1390),C1390*E1390*F1390*H1390,IF(AND(G1390,H1390),C1390*E1390*G1390*H1390,IF(F1390,C1390*E1390*F1390,IF(G1390,C1390*E1390*G1390,IF(H1390,C1390*E1390*H1390,C1390*E1390))))))),2)","v":-1.72},"Sqm",{"$nulls":3},"SSR 21-22"]
[null,"deduct door",1,"x",1,{"v":1.05,"d":"1.050"},{"v":0,"d":"0.000"},{"v":2.1,"d":"2.100"},{"$f":"-ROUND(IF(AND(F1391:H1391),C1391*E1391*F1391*G1391*H1391,IF(AND(F1391,G1391),C1391*E1391*F1391*G1391,IF(AND(F1391,H1391),C1391*E1391*F1391*H1391,IF(AND(G1391,H1391),C1391*E1391*G1391*H1391,IF(F1391,C1391*E1391*F1391,IF(G1391,C1391*E1391*G1391,IF(H1391,C1391*E1391*H1391,C1391*E1391))))))),2)","v":-2.21},"Sqm",{"$nulls":3},"SSR 21-22"]
[null,"Deduct ventilators",1,"x",1,{"v":0.6,"d":"0.600"},{"v":0,"d":"0.000"},{"v":0.3,"d":"0.300"},{"$f":"-ROUND(IF(AND(F1392:H1392),C1392*E1392*F1392*G1392*H1392,IF(AND(F1392,G1392),C1392*E1392*F1392*G1392,IF(AND(F1392,H1392),C1392*E1392*F1392*H1392,IF(AND(G1392,H1392),C1392*E1392*G1392*H1392,IF(F1392,C1392*E1392*F1392,IF(G1392,C1392*E1392*G1392,IF(H1392,C1392*E1392*H1392,C1392*E1392))))))),2)","v":-0.18},"Sqm",{"$nulls":3},"SSR 21-22"]
[null,"Lab room",1,"x",1,{"v":10.1,"d":"10.100"},{"v":0,"d":"0.000"},{"v":3.2,"d":"3.200"},{"$f":"ROUND(IF(AND(F1393:H1393),C1393*E1393*F1393*G1393*H1393,IF(AND(F1393,G1393),C1393*E1393*F1393*G1393,IF(AND(F1393,H1393),C1393*E1393*F1393*H1393,IF(AND(G1393,H1393),C1393*E1393*G1393*H1393,IF(F1393,C1393*E1393*F1393,IF(G1393,C1393*E1393*G1393,IF(H1393,C1393*E1393*H1393,C1393*E1393))))))),2)","v":32.32},"Sqm",{"$nulls":3},"SSR 21-22"]
[null,"Deduct door",1,"x",1,{"v":1.05,"d":"1.050"},{"v":0,"d":"0.000"},{"v":2.1,"d":"2.100"},{"$f":"-ROUND(IF(AND(F1394:H1394),C1394*E1394*F1394*G1394*H1394,IF(AND(F1394,G1394),C1394*E1394*F1394*G1394,IF(AND(F1394,H1394),C1394*E1394*F1394*H1394,IF(AND(G1394,H1394),C1394*E1394*G1394*H1394,IF(F1394,C1394*E1394*F1394,IF(G1394,C1394*E1394*G1394,IF(H1394,C1394*E1394*H1394,C1394*E1394))))))),2)","v":-2.21},"Sqm",{"$nulls":3},"SSR 21-22"]
[null,"Deduct ventilators",2,"x",1,{"v":0.6,"d":"0.600"},{"v":0,"d":"0.000"},{"v":0.3,"d":"0.300"},{"$f":"-ROUND(IF(AND(F1395:H1395),C1395*E1395*F1395*G1395*H1395,IF(AND(F1395,G1395),C1395*E1395*F1395*G1395,IF(AND(F1395,H1395),C1395*E1395*F1395*H1395,IF(AND(G1395,H1395),C1395*E1395*G1395*H1395,IF(F1395,C1395*E1395*F1395,IF(G1395,C1395*E1395*G1395,IF(H1395,C1395*E1395*H1395,C1395*E1395))))))),2)","v":-0.36},"Sqm",{"$nulls":3},"SSR 21-22"]
[null,"Deduct windows",1,"x",1,{"v":1.27,"d":"1.270"},{"v":0,"d":"0.000"},{"v":1.23,"d":"1.230"},{"$f":"-ROUND(IF(AND(F1396:H1396),C1396*E1396*F1396*G1396*H1396,IF(AND(F1396,G1396),C1396*E1396*F1396*G1396,IF(AND(F1396,H1396),C1396*E1396*F1396*H1396,IF(AND(G1396,H1396),C1396*E1396*G1396*H1396,IF(F1396,C1396*E1396*F1396,IF(G1396,C1396*E1396*G1396,IF(H1396,C1396*E1396*H1396,C1396*E1396))))))),2)","v":-1.56},"Sqm",{"$nulls":3},"SSR 21-22"]
[null,"Hospital hall",1,"x",1,{"v":19.46,"d":"19.460"},{"v":0,"d":"0.000"},{"v":3.2,"d":"3.200"},{"$f":"ROUND(IF(AND(F1397:H1397),C1397*E1397*F1397*G1397*H1397,IF(AND(F1397,G1397),C1397*E1397*F1397*G1397,IF(AND(F1397,H1397),C1397*E1397*F1397*H1397,IF(AND(G1397,H1397),C1397*E1397*G1397*H1397,IF(F1397,C1397*E1397*F1397,IF(G1397,C1397*E1397*G1397,IF(H1397,C1397*E1397*H1397,C1397*E1397))))))),2)","v":62.27},"Sqm",{"$nulls":3},"SSR 21-22"]
[null,"Deduct door",1,"x",1,{"v":1.2,"d":"1.200"},{"v":0,"d":"0.000"},{"v":2.13,"d":"2.130"},{"$f":"-ROUND(IF(AND(F1398:H1398),C1398*E1398*F1398*G1398*H1398,IF(AND(F1398,G1398),C1398*E1398*F1398*G1398,IF(AND(F1398,H1398),C1398*E1398*F1398*H1398,IF(AND(G1398,H1398),C1398*E1398*G1398*H1398,IF(F1398,C1398*E1398*F1398,IF(G1398,C1398*E1398*G1398,IF(H1398,C1398*E1398*H1398,C1398*E1398))))))),2)","v":-2.56},"Sqm",{"$nulls":3},"SSR 21-22"]
[null,"Deduct door",1,"x",1,{"v":0.93,"d":"0.930"},{"v":0,"d":"0.000"},{"v":2.1,"d":"2.100"},-1.95,"Sqm",{"$nulls":3},"SSR 21-22"]
[null,"deduct tiolet opening",1,"x",1,{"v":1.32,"d":"1.320"},{"v":0,"d":"0.000"},{"v":2.9,"d":"2.900"},-3.83,"Sqm",{"$nulls":3},"SSR 21-22"]
[null,"Deduct ventilators",1,"x",4,{"v":0.6,"d":"0.600"},{"v":0,"d":"0.000"},{"v":0.3,"d":"0.300"},-0.72,"Sqm",{"$nulls":3},"SSR 21-22"]
[null,"Deduct windows",1,"x",1,{"v":1.23,"d":"1.230"},{"v":0,"d":"0.000"},{"v":1.23,"d":"1.230"},-1.51,"Sqm",{"$nulls":3},"SSR 21-22"]
[null,"Deduct windows",1,"x",1,{"v":1.24,"d":"1.240"},{"v":0,"d":"0.000"},{"v":1.27,"d":"1.270"},-1.57,"Sqm",{"$nulls":3},"SSR 21-22"]
[null,"bed room",1,"x",1,{"v":10.96,"d":"10.960"},{"v":0,"d":"0.000"},{"v":3.2,"d":"3.200"},{"$f":"ROUND(IF(AND(F1404:H1404),C1404*E1404*F1404*G1404*H1404,IF(AND(F1404,G1404),C1404*E1404*F1404*G1404,IF(AND(F1404,H1404),C1404*E1404*F1404*H1404,IF(AND(G1404,H1404),C1404*E1404*G1404*H1404,IF(F1404,C1404*E1404*F1404,IF(G1404,C1404*E1404*G1404,IF(H1404,C1404*E1404*H1404,C1404*E1404))))))),2)","v":35.07},"Sqm",{"$nulls":3},"SSR 21-22"]
[null,"Deduct windows",1,"x",1,{"v":1.23,"d":"1.230"},{"v":0,"d":"0.000"},{"v":1.26,"d":"1.260"},{"$f":"-ROUND(IF(AND(F1405:H1405),C1405*E1405*F1405*G1405*H1405,IF(AND(F1405,G1405),C1405*E1405*F1405*G1405,IF(AND(F1405,H1405),C1405*E1405*F1405*H1405,IF(AND(G1405,H1405),C1405*E1405*G1405*H1405,IF(F1405,C1405*E1405*F1405,IF(G1405,C1405*E1405*G1405,IF(H1405,C1405*E1405*H1405,C1405*E1405))))))),2)","v":-1.55},"Sqm",{"$nulls":3},"SSR 21-22"]
[null,"Deduct ventilators",1,"x",2,{"v":0.6,"d":"0.600"},{"v":0,"d":"0.000"},{"v":0.3,"d":"0.300"},{"$f":"-ROUND(IF(AND(F1406:H1406),C1406*E1406*F1406*G1406*H1406,IF(AND(F1406,G1406),C1406*E1406*F1406*G1406,IF(AND(F1406,H1406),C1406*E1406*F1406*H1406,IF(AND(G1406,H1406),C1406*E1406*G1406*H1406,IF(F1406,C1406*E1406*F1406,IF(G1406,C1406*E1406*G1406,IF(H1406,C1406*E1406*H1406,C1406*E1406))))))),2)","v":-0.36},"Sqm",{"$nulls":3},"SSR 21-22"]
[null,"Deduct door",1,"x",1,{"v":0.93,"d":"0.930"},{"v":0,"d":"0.000"},{"v":2.1,"d":"2.100"},{"$f":"-ROUND(IF(AND(F1407:H1407),C1407*E1407*F1407*G1407*H1407,IF(AND(F1407,G1407),C1407*E1407*F1407*G1407,IF(AND(F1407,H1407),C1407*E1407*F1407*H1407,IF(AND(G1407,H1407),C1407*E1407*G1407*H1407,IF(F1407,C1407*E1407*F1407,IF(G1407,C1407*E1407*G1407,IF(H1407,C1407*E1407*H1407,C1407*E1407))))))),2)","v":-1.95},"Sqm",{"$nulls":3},"SSR 21-22"]
[null,"Tiolet-2",1,"x",1,{"v":6.5,"d":"6.500"},{"v":0,"d":"0.000"},{"v":3.2,"d":"3.200"},{"$f":"ROUND(IF(AND(F1408:H1408),C1408*E1408*F1408*G1408*H1408,IF(AND(F1408,G1408),C1408*E1408*F1408*G1408,IF(AND(F1408,H1408),C1408*E1408*F1408*H1408,IF(AND(G1408,H1408),C1408*E1408*G1408*H1408,IF(F1408,C1408*E1408*F1408,IF(G1408,C1408*E1408*G1408,IF(H1408,C1408*E1408*H1408,C1408*E1408))))))),2)","v":{"v":20.8,"d":"20.80"}},"Sqm",{"$nulls":3},"SSR 21-22"]
[null,"Deduct ventilators",1,"x",1,{"v":0.6,"d":"0.600"},{"v":0,"d":"0.000"},{"v":0.3,"d":"0.300"},{"$f":"-ROUND(IF(AND(F1409:H1409),C1409*E1409*F1409*G1409*H1409,IF(AND(F1409,G1409),C1409*E1409*F1409*G1409,IF(AND(F1409,H1409),C1409*E1409*F1409*H1409,IF(AND(G1409,H1409),C1409*E1409*G1409*H1409,IF(F1409,C1409*E1409*F1409,IF(G1409,C1409*E1409*G1409,IF(H1409,C1409*E1409*H1409,C1409*E1409))))))),2)","v":-0.18},"Sqm",{"$nulls":3},"SSR 21-22"]
[null,"Deduct door",1,"x",1,{"v":0.84,"d":"0.840"},{"v":0,"d":"0.000"},{"v":2.1,"d":"2.100"},{"$f":"-ROUND(IF(AND(F1410:H1410),C1410*E1410*F1410*G1410*H1410,IF(AND(F1410,G1410),C1410*E1410*F1410*G1410,IF(AND(F1410,H1410),C1410*E1410*F1410*H1410,IF(AND(G1410,H1410),C1410*E1410*G1410*H1410,IF(F1410,C1410*E1410*F1410,IF(G1410,C1410*E1410*G1410,IF(H1410,C1410*E1410*H1410,C1410*E1410))))))),2)","v":-1.76},"Sqm",{"$nulls":3},"SSR 21-22"]
[null,"space before tiolet-2",1,"x",1,{"v":4.02,"d":"4.020"},{"v":0,"d":"0.000"},{"v":3.2,"d":"3.200"},{"$f":"ROUND(IF(AND(F1411:H1411),C1411*E1411*F1411*G1411*H1411,IF(AND(F1411,G1411),C1411*E1411*F1411*G1411,IF(AND(F1411,H1411),C1411*E1411*F1411*H1411,IF(AND(G1411,H1411),C1411*E1411*G1411*H1411,IF(F1411,C1411*E1411*F1411,IF(G1411,C1411*E1411*G1411,IF(H1411,C1411*E1411*H1411,C1411*E1411))))))),2)","v":12.86},"Sqm",{"$nulls":3},"SSR 21-22"]
[null,"Deduct door",1,"x",1,{"v":0.84,"d":"0.840"},{"v":0,"d":"0.000"},{"v":2.1,"d":"2.100"},{"$f":"-ROUND(IF(AND(F1412:H1412),C1412*E1412*F1412*G1412*H1412,IF(AND(F1412,G1412),C1412*E1412*F1412*G1412,IF(AND(F1412,H1412),C1412*E1412*F1412*H1412,IF(AND(G1412,H1412),C1412*E1412*G1412*H1412,IF(F1412,C1412*E1412*F1412,IF(G1412,C1412*E1412*G1412,IF(H1412,C1412*E1412*H1412,C1412*E1412))))))),2)","v":-1.76},"Sqm",{"$nulls":3},"SSR 21-22"]
[null,"Opening",1,"x",1,{"v":0.93,"d":"0.930"},{"v":0,"d":"0.000"},{"v":2.9,"d":"2.900"},{"$f":"ROUND(IF(AND(F1413:H1413),C1413*E1413*F1413*G1413*H1413,IF(AND(F1413,G1413),C1413*E1413*F1413*G1413,IF(AND(F1413,H1413),C1413*E1413*F1413*H1413,IF(AND(G1413,H1413),C1413*E1413*G1413*H1413,IF(F1413,C1413*E1413*F1413,IF(G1413,C1413*E1413*G1413,IF(H1413,C1413*E1413*H1413,C1413*E1413))))))),2)","v":{"v":2.7,"d":"2.70"}},"Sqm",{"$nulls":3},"SSR 21-22"]
[null,"Kitchen",1,"x",1,{"v":9.18,"d":"9.180"},{"v":0,"d":"0.000"},{"v":3.2,"d":"3.200"},{"$f":"ROUND(IF(AND(F1414:H1414),C1414*E1414*F1414*G1414*H1414,IF(AND(F1414,G1414),C1414*E1414*F1414*G1414,IF(AND(F1414,H1414),C1414*E1414*F1414*H1414,IF(AND(G1414,H1414),C1414*E1414*G1414*H1414,IF(F1414,C1414*E1414*F1414,IF(G1414,C1414*E1414*G1414,IF(H1414,C1414*E1414*H1414,C1414*E1414))))))),2)","v":29.38},"Sqm",{"$nulls":3},"SSR 21-22"]
[null,"Deduct door",1,"x",2,{"v":0.82,"d":"0.820"},{"v":0,"d":"0.000"},{"v":2.12,"d":"2.120"},{"$f":"-ROUND(IF(AND(F1415:H1415),C1415*E1415*F1415*G1415*H1415,IF(AND(F1415,G1415),C1415*E1415*F1415*G1415,IF(AND(F1415,H1415),C1415*E1415*F1415*H1415,IF(AND(G1415,H1415),C1415*E1415*G1415*H1415,IF(F1415,C1415*E1415*F1415,IF(G1415,C1415*E1415*G1415,IF(H1415,C1415*E1415*H1415,C1415*E1415))))))),2)","v":-3.48},"Sqm",{"$nulls":3},"SSR 21-22"]
[null,"Deduct ventilators",1,"x",3,{"v":0.6,"d":"0.600"},{"v":0,"d":"0.000"},{"v":0.3,"d":"0.300"},{"$f":"-ROUND(IF(AND(F1416:H1416),C1416*E1416*F1416*G1416*H1416,IF(AND(F1416,G1416),C1416*E1416*F1416*G1416,IF(AND(F1416,H1416),C1416*E1416*F1416*H1416,IF(AND(G1416,H1416),C1416*E1416*G1416*H1416,IF(F1416,C1416*E1416*F1416,IF(G1416,C1416*E1416*G1416,IF(H1416,C1416*E1416*H1416,C1416*E1416))))))),2)","v":-0.54},"Sqm",{"$nulls":3},"SSR 21-22"]
[null,"Deduct windows",1,"x",1,{"v":1.24,"d":"1.240"},{"v":0,"d":"0.000"},{"v":1.24,"d":"1.240"},{"$f":"-ROUND(IF(AND(F1417:H1417),C1417*E1417*F1417*G1417*H1417,IF(AND(F1417,G1417),C1417*E1417*F1417*G1417,IF(AND(F1417,H1417),C1417*E1417*F1417*H1417,IF(AND(G1417,H1417),C1417*E1417*G1417*H1417,IF(F1417,C1417*E1417*F1417,IF(G1417,C1417*E1417*G1417,IF(H1417,C1417*E1417*H1417,C1417*E1417))))))),2)","v":-1.54},"Sqm",{"$nulls":3},"SSR 21-22"]
[null,"Living room",1,"x",1,{"v":18.14,"d":"18.140"},{"v":0,"d":"0.000"},{"v":3.2,"d":"3.200"},{"$f":"ROUND(IF(AND(F1418:H1418),C1418*E1418*F1418*G1418*H1418,IF(AND(F1418,G1418),C1418*E1418*F1418*G1418,IF(AND(F1418,H1418),C1418*E1418*F1418*H1418,IF(AND(G1418,H1418),C1418*E1418*G1418*H1418,IF(F1418,C1418*E1418*F1418,IF(G1418,C1418*E1418*G1418,IF(H1418,C1418*E1418*H1418,C1418*E1418))))))),2)","v":58.05},"Sqm",{"$nulls":3},"SSR 21-22"]
[null,"Deduct door",1,"x",2,{"v":0.93,"d":"0.930"},{"v":0,"d":"0.000"},{"v":2.13,"d":"2.130"},{"$f":"-ROUND(IF(AND(F1419:H1419),C1419*E1419*F1419*G1419*H1419,IF(AND(F1419,G1419),C1419*E1419*F1419*G1419,IF(AND(F1419,H1419),C1419*E1419*F1419*H1419,IF(AND(G1419,H1419),C1419*E1419*G1419*H1419,IF(F1419,C1419*E1419*F1419,IF(G1419,C1419*E1419*G1419,IF(H1419,C1419*E1419*H1419,C1419*E1419))))))),2)","v":-3.96},"Sqm",{"$nulls":3},"SSR 21-22"]
[null,"Deduct door",1,"x",1,{"v":0.82,"d":"0.820"},{"v":0,"d":"0.000"},{"v":2.12,"d":"2.120"},-1.74,"Sqm",{"$nulls":3},"SSR 21-22"]
[null,"deduct opening",1,"x",1,{"v":0.93,"d":"0.930"},{"v":0,"d":"0.000"},{"v":2.9,"d":"2.900"},{"v":-2.7,"d":"-2.70"},"Sqm",{"$nulls":3},"SSR 21-22"]
[null,"Deduct ventilators",1,"x",5,{"v":0.6,"d":"0.600"},{"v":0,"d":"0.000"},{"v":0.3,"d":"0.300"},{"v":-0.9,"d":"-0.90"},"Sqm",{"$nulls":3},"SSR 21-22"]
[null,"Deduct windows",1,"x",1,{"v":1.23,"d":"1.230"},{"v":0,"d":"0.000"},{"v":1.3,"d":"1.300"},{"v":-1.6,"d":"-1.60"},"Sqm",{"$nulls":3},"SSR 21-22"]
[null,"Deduct windows",1,"x",1,{"v":1.24,"d":"1.240"},{"v":0,"d":"0.000"},{"v":1.23,"d":"1.230"},-1.53,"Sqm",{"$nulls":3},"SSR 21-22"]
[null,"window sides",1,"x",8,{"v":4.8,"d":"4.800"},{"v":0.23,"d":"0.230"},{"v":0,"d":"0.000"},{"$f":"ROUND(IF(AND(F1425:H1425),C1425*E1425*F1425*G1425*H1425,IF(AND(F1425,G1425),C1425*E1425*F1425*G1425,IF(AND(F1425,H1425),C1425*E1425*F1425*H1425,IF(AND(G1425,H1425),C1425*E1425*G1425*H1425,IF(F1425,C1425*E1425*F1425,IF(G1425,C1425*E1425*G1425,IF(H1425,C1425*E1425*H1425,C1425*E1425))))))),2)","v":8.83},"Sqm",{"$nulls":3},"SSR 21-22"]
[null,"Ventilator sides",1,"x",13,{"v":1.8,"d":"1.800"},{"v":0.23,"d":"0.230"},{"v":0,"d":"0.000"},{"$f":"ROUND(IF(AND(F1426:H1426),C1426*E1426*F1426*G1426*H1426,IF(AND(F1426,G1426),C1426*E1426*F1426*G1426,IF(AND(F1426,H1426),C1426*E1426*F1426*H1426,IF(AND(G1426,H1426),C1426*E1426*G1426*H1426,IF(F1426,C1426*E1426*F1426,IF(G1426,C1426*E1426*G1426,IF(H1426,C1426*E1426*H1426,C1426*E1426))))))),2)","v":5.38},"Sqm",{"$nulls":3},"SSR 21-22"]
[null,"Door sides main door",1,"x",1,{"v":5.45,"d":"5.450"},0.115,{"v":0,"d":"0.000"},{"$f":"ROUND(IF(AND(F1427:H1427),C1427*E1427*F1427*G1427*H1427,IF(AND(F1427,G1427),C1427*E1427*F1427*G1427,IF(AND(F1427,H1427),C1427*E1427*F1427*H1427,IF(AND(G1427,H1427),C1427*E1427*G1427*H1427,IF(F1427,C1427*E1427*F1427,IF(G1427,C1427*E1427*G1427,IF(H1427,C1427*E1427*H1427,C1427*E1427))))))),2)","v":0.63},"Sqm",{"$nulls":3},"SSR 21-22"]
[null,"Living room door sides",1,"x",1,{"v":5.15,"d":"5.150"},0.115,{"v":0,"d":"0.000"},{"$f":"ROUND(IF(AND(F1428:H1428),C1428*E1428*F1428*G1428*H1428,IF(AND(F1428,G1428),C1428*E1428*F1428*G1428,IF(AND(F1428,H1428),C1428*E1428*F1428*H1428,IF(AND(G1428,H1428),C1428*E1428*G1428*H1428,IF(F1428,C1428*E1428*F1428,IF(G1428,C1428*E1428*G1428,IF(H1428,C1428*E1428*H1428,C1428*E1428))))))),2)","v":0.59},"Sqm",{"$nulls":3},"SSR 21-22"]
[null,"Kitchen room door sides",1,"x",1,{"v":5,"d":"5.000"},0.115,{"v":0,"d":"0.000"},{"$f":"ROUND(IF(AND(F1429:H1429),C1429*E1429*F1429*G1429*H1429,IF(AND(F1429,G1429),C1429*E1429*F1429*G1429,IF(AND(F1429,H1429),C1429*E1429*F1429*H1429,IF(AND(G1429,H1429),C1429*E1429*G1429*H1429,IF(F1429,C1429*E1429*F1429,IF(G1429,C1429*E1429*G1429,IF(H1429,C1429*E1429*H1429,C1429*E1429))))))),2)","v":0.58},"Sqm",{"$nulls":3},"SSR 21-22"]
[{"$nulls":13},"SSR 21-22"]
[{"$nulls":9},"Sqm",{"$f":"data!E2346","v":364.75},"SSR 21-22",{"$f":"ROUND(I1431*K1431,0)","v":{"v":0,"d":"0.00"}},"SSR 21-22"]
[23,"Plastering to brick masonary wall with  12mm thick double coat in CM (1:5) 8 mm thick base coat and CM (1:3) of 4mm thick top coat with dubara sponge finish including c/c of all materials including all operational, incidental and labour charges such as mixing cement mortar and curing etc complete for finished item of work (APSS 901,  903 & 904) ",{"$nulls":11},"SSR 22-23"]
[null,"Qty.p.20 of M.B.No.790/A/ZP/19",{"$nulls":11},"SSR 22-23"]
[null,null,1,"x",1,{"v":11.78,"d":"11.780"},{"v":0,"d":"0.000"},{"v":3.1,"d":"3.100"},{"$f":"ROUND(IF(AND(F1434:H1434),C1434*E1434*F1434*G1434*H1434,IF(AND(F1434,G1434),C1434*E1434*F1434*G1434,IF(AND(F1434,H1434),C1434*E1434*F1434*H1434,IF(AND(G1434,H1434),C1434*E1434*G1434*H1434,IF(F1434,C1434*E1434*F1434,IF(G1434,C1434*E1434*G1434,IF(H1434,C1434*E1434*H1434,C1434*E1434))))))),2)","v":36.52},"Sqm",{"$nulls":3},"SSR 22-23"]
[null,null,1,"x",1,{"v":11.94,"d":"11.940"},{"v":0,"d":"0.000"},{"v":3.1,"d":"3.100"},37.01,"Sqm",{"$nulls":3},"SSR 22-23"]
[null,null,1,"x",1,{"v":23.7,"d":"23.700"},{"v":0,"d":"0.000"},{"v":3.1,"d":"3.100"},73.47,"Sqm",{"$nulls":3},"SSR 22-23"]
[null,null,1,"x",1,{"v":8.6,"d":"8.600"},{"v":0,"d":"0.000"},{"v":3.1,"d":"3.100"},26.66,"Sqm",{"$nulls":3},"SSR 22-23"]
[null,null,1,"x",1,{"v":4.98,"d":"4.980"},{"v":0,"d":"0.000"},{"v":3.1,"d":"3.100"},15.44,"Sqm",{"$nulls":3},"SSR 22-23"]
[null,null,1,"x",1,{"v":5.55,"d":"5.550"},{"v":0,"d":"0.000"},{"v":3.1,"d":"3.100"},17.21,"Sqm",{"$nulls":3},"SSR 22-23"]
[null,null,1,"x",1,{"v":8.35,"d":"8.350"},{"v":0,"d":"0.000"},{"v":3.1,"d":"3.100"},25.89,"Sqm",{"$nulls":3},"SSR 22-23"]
[null,null,1,"x",1,{"v":2.68,"d":"2.680"},{"v":0,"d":"0.000"},{"v":1.2,"d":"1.200"},3.22,"Sqm",{"$nulls":3},"SSR 22-23"]
[null,null,1,"x",1,{"v":2.9,"d":"2.900"},{"v":0,"d":"0.000"},{"v":1.2,"d":"1.200"},3.48,"Sqm",{"$nulls":3},"SSR 22-23"]
[null,null,1,"x",1,{"v":3.37,"d":"3.370"},{"v":0,"d":"0.000"},{"v":3.1,"d":"3.100"},10.45,"Sqm",{"$nulls":3},"SSR 22-23"]
[null,null,1,"x",1,{"v":3.6,"d":"3.600"},{"v":1.8,"d":"1.800"},{"v":0,"d":"0.000"},6.48,"Sqm",{"$nulls":3},"SSR 22-23"]
[null,null,1,"x",1,{"v":1.2,"d":"1.200"},{"v":0,"d":"0.000"},{"v":2.1,"d":"2.100"},{"$f":"-ROUND(IF(AND(F1445:H1445),C1445*E1445*F1445*G1445*H1445,IF(AND(F1445,G1445),C1445*E1445*F1445*G1445,IF(AND(F1445,H1445),C1445*E1445*F1445*H1445,IF(AND(G1445,H1445),C1445*E1445*G1445*H1445,IF(F1445,C1445*E1445*F1445,IF(G1445,C1445*E1445*G1445,IF(H1445,C1445*E1445*H1445,C1445*E1445))))))),2)","v":-2.52},"Sqm",{"$nulls":3},"SSR 22-23"]
[null,null,2,"x",2,{"v":1.05,"d":"1.050"},{"v":0,"d":"0.000"},{"v":2.1,"d":"2.100"},{"$f":"-ROUND(IF(AND(F1446:H1446),C1446*E1446*F1446*G1446*H1446,IF(AND(F1446,G1446),C1446*E1446*F1446*G1446,IF(AND(F1446,H1446),C1446*E1446*F1446*H1446,IF(AND(G1446,H1446),C1446*E1446*G1446*H1446,IF(F1446,C1446*E1446*F1446,IF(G1446,C1446*E1446*G1446,IF(H1446,C1446*E1446*H1446,C1446*E1446))))))),2)","v":-8.82},"Sqm",{"$nulls":3},"SSR 22-23"]
[null,null,1,"x",6,{"v":1.5,"d":"1.500"},{"v":0,"d":"0.000"},{"v":1.35,"d":"1.350"},{"$f":"-ROUND(IF(AND(F1447:H1447),C1447*E1447*F1447*G1447*H1447,IF(AND(F1447,G1447),C1447*E1447*F1447*G1447,IF(AND(F1447,H1447),C1447*E1447*F1447*H1447,IF(AND(G1447,H1447),C1447*E1447*G1447*H1447,IF(F1447,C1447*E1447*F1447,IF(G1447,C1447*E1447*G1447,IF(H1447,C1447*E1447*H1447,C1447*E1447))))))),2)","v":-12.15},"Sqm",{"$nulls":3},"SSR 22-23"]
[null,null,1,"x",1,{"v":3.2,"d":"3.200"},{"v":0,"d":"0.000"},{"v":3.1,"d":"3.100"},{"$f":"-ROUND(IF(AND(F1448:H1448),C1448*E1448*F1448*G1448*H1448,IF(AND(F1448,G1448),C1448*E1448*F1448*G1448,IF(AND(F1448,H1448),C1448*E1448*F1448*H1448,IF(AND(G1448,H1448),C1448*E1448*G1448*H1448,IF(F1448,C1448*E1448*F1448,IF(G1448,C1448*E1448*G1448,IF(H1448,C1448*E1448*H1448,C1448*E1448))))))),2)","v":-9.92},"Sqm",{"$nulls":3},"SSR 22-23"]
[null,null,1,"x",11,{"v":0.6,"d":"0.600"},{"v":0,"d":"0.000"},{"v":0.3,"d":"0.300"},{"$f":"-ROUND(IF(AND(F1449:H1449),C1449*E1449*F1449*G1449*H1449,IF(AND(F1449,G1449),C1449*E1449*F1449*G1449,IF(AND(F1449,H1449),C1449*E1449*F1449*H1449,IF(AND(G1449,H1449),C1449*E1449*G1449*H1449,IF(F1449,C1449*E1449*F1449,IF(G1449,C1449*E1449*G1449,IF(H1449,C1449*E1449*H1449,C1449*E1449))))))),2)","v":-1.98},"Sqm",{"$nulls":3},"SSR 22-23"]
[{"$nulls":13},"SSR 22-23"]
[{"$nulls":9},"Sqm",{"$f":"data!E3263","v":388.21},"SSR 22-23",{"$f":"ROUND(I1451*K1451,0)","v":{"v":0,"d":"0.00"}},"SSR 22-23"]
[21,"Plastering to brick masonary wall with  20mm thick double coat in CM (1:6) 16 mm thick base coat and CM (1:4) of 4mm thick top coat with dubara sponge finish including c/c of all materials including all operational, incidental and labour charges such as mixing cement mortar and curing etc complete for finished item of work (APSS 901,  903 & 904) ",{"$nulls":11},"SSR 19-20"]
[null,"Qty.p.37 & 38 of M.B.No.604/B/ZP/20",null,"02.08.2022",{"$nulls":9},"SSR 19-20"]
[null,"long walls",1,"x",2,{"v":13.54,"d":"13.540"},{"v":0,"d":"0.000"},{"v":3.15,"d":"3.150"},{"$f":"ROUND(IF(AND(F1454:H1454),C1454*E1454*F1454*G1454*H1454,IF(AND(F1454,G1454),C1454*E1454*F1454*G1454,IF(AND(F1454,H1454),C1454*E1454*F1454*H1454,IF(AND(G1454,H1454),C1454*E1454*G1454*H1454,IF(F1454,C1454*E1454*F1454,IF(G1454,C1454*E1454*G1454,IF(H1454,C1454*E1454*H1454,C1454*E1454))))))),2)","v":{"v":85.3,"d":"85.30"}},"Sqm",{"$nulls":3},"SSR 19-20"]
[null,"Cross wall",1,"x",2,{"v":6.43,"d":"6.430"},{"v":0,"d":"0.000"},{"v":3.15,"d":"3.150"},40.51,"Sqm",{"$nulls":3},"SSR 19-20"]
[{"$nulls":13},"SSR 19-20"]
[{"$nulls":8},{"$f":"SUM(I1454:I1456)","v":125.81},"Sqm",{"$f":"data!E532","v":331.15},"SSR 19-20",{"$f":"ROUND(I1457*K1457,0)","v":{"v":41662,"d":"41662.00"}},"SSR 19-20"]
[29,"Plastering to brick masonary wall with  20mm thick double coat in CM (1:6) 16 mm thick base coat and CM (1:4) of 4mm thick top coat with dubara sponge finish including c/c of all materials including all operational, incidental and labour charges such as mixing cement mortar and curing etc complete for finished item of work (APSS 901,  903 & 904) ",{"$nulls":11},"SSR 20-21"]
[null,"Qty.p.17 of M.B.No.478/A/ZP/20",null,"29.06.2021",{"$nulls":9},"SSR 20-21"]
[null,"long walls",1,"x",2,{"v":13.54,"d":"13.540"},{"v":0,"d":"0.000"},{"v":3.5,"d":"3.500"},{"$f":"ROUND(IF(AND(F1460:H1460),C1460*E1460*F1460*G1460*H1460,IF(AND(F1460,G1460),C1460*E1460*F1460*G1460,IF(AND(F1460,H1460),C1460*E1460*F1460*H1460,IF(AND(G1460,H1460),C1460*E1460*G1460*H1460,IF(F1460,C1460*E1460*F1460,IF(G1460,C1460*E1460*G1460,IF(H1460,C1460*E1460*H1460,C1460*E1460))))))),2)","v":94.78},"Sqm",{"$nulls":3},"SSR 20-21"]
[null,"Cross wall",1,"x",2,{"v":6.81,"d":"6.810"},{"v":0,"d":"0.000"},{"v":3.5,"d":"3.500"},47.67,"Sqm",{"$nulls":3},"SSR 20-21"]
[{"$nulls":13},"SSR 20-21"]
[{"$nulls":9},"Sqm",{"$f":"data!E1449","v":357.58},"SSR 20-21",{"$f":"ROUND(I1463*K1463,0)","v":{"v":0,"d":"0.00"}},"SSR 20-21"]
[27,"Plastering to brick masonary wall with  20mm thick double coat in CM (1:6) 16 mm thick base coat and CM (1:4) of 4mm thick top coat with dubara sponge finish including c/c of all materials including all operational, incidental and labour charges such as mixing cement mortar and curing etc complete for finished item of work (APSS 901,  903 & 904) ",{"$nulls":11},"SSR 21-22"]
[null,"Qty.p.71 of M.B.No.790/A/ZP/19",{"$nulls":11},"SSR 21-22"]
[null,"front side",1,"x",1,{"v":13.54,"d":"13.540"},{"v":0,"d":"0.000"},{"v":3.2,"d":"3.200"},{"$f":"ROUND(IF(AND(F1466:H1466),C1466*E1466*F1466*G1466*H1466,IF(AND(F1466,G1466),C1466*E1466*F1466*G1466,IF(AND(F1466,H1466),C1466*E1466*F1466*H1466,IF(AND(G1466,H1466),C1466*E1466*G1466*H1466,IF(F1466,C1466*E1466*F1466,IF(G1466,C1466*E1466*G1466,IF(H1466,C1466*E1466*H1466,C1466*E1466))))))),2)","v":43.33},"Sqm",{"$nulls":3},"SSR 21-22"]
[null,"Left side",1,"x",1,{"v":6.45,"d":"6.450"},{"v":0,"d":"0.000"},{"v":3.2,"d":"3.200"},{"$f":"ROUND(IF(AND(F1467:H1467),C1467*E1467*F1467*G1467*H1467,IF(AND(F1467,G1467),C1467*E1467*F1467*G1467,IF(AND(F1467,H1467),C1467*E1467*F1467*H1467,IF(AND(G1467,H1467),C1467*E1467*G1467*H1467,IF(F1467,C1467*E1467*F1467,IF(G1467,C1467*E1467*G1467,IF(H1467,C1467*E1467*H1467,C1467*E1467))))))),2)","v":20.64},"Sqm",{"$nulls":3},"SSR 21-22"]
[null,"right side",1,"x",1,{"v":6.45,"d":"6.450"},{"v":0,"d":"0.000"},{"v":3.2,"d":"3.200"},{"$f":"ROUND(IF(AND(F1468:H1468),C1468*E1468*F1468*G1468*H1468,IF(AND(F1468,G1468),C1468*E1468*F1468*G1468,IF(AND(F1468,H1468),C1468*E1468*F1468*H1468,IF(AND(G1468,H1468),C1468*E1468*G1468*H1468,IF(F1468,C1468*E1468*F1468,IF(G1468,C1468*E1468*G1468,IF(H1468,C1468*E1468*H1468,C1468*E1468))))))),2)","v":20.64},"Sqm",{"$nulls":3},"SSR 21-22"]
[null,"Back side",1,"x",1,{"v":13.54,"d":"13.540"},{"v":0,"d":"0.000"},{"v":3.5,"d":"3.500"},{"$f":"ROUND(IF(AND(F1469:H1469),C1469*E1469*F1469*G1469*H1469,IF(AND(F1469,G1469),C1469*E1469*F1469*G1469,IF(AND(F1469,H1469),C1469*E1469*F1469*H1469,IF(AND(G1469,H1469),C1469*E1469*G1469*H1469,IF(F1469,C1469*E1469*F1469,IF(G1469,C1469*E1469*G1469,IF(H1469,C1469*E1469*H1469,C1469*E1469))))))),2)","v":47.39},"Sqm",{"$nulls":3},"SSR 21-22"]
[null,"Deduct windows",1,"x",8,{"v":1.23,"d":"1.230"},{"v":0,"d":"0.000"},{"v":1.3,"d":"1.300"},{"$f":"-ROUND(IF(AND(F1470:H1470),C1470*E1470*F1470*G1470*H1470,IF(AND(F1470,G1470),C1470*E1470*F1470*G1470,IF(AND(F1470,H1470),C1470*E1470*F1470*H1470,IF(AND(G1470,H1470),C1470*E1470*G1470*H1470,IF(F1470,C1470*E1470*F1470,IF(G1470,C1470*E1470*G1470,IF(H1470,C1470*E1470*H1470,C1470*E1470))))))),2)","v":-12.79},"Sqm",{"$nulls":3},"SSR 21-22"]
[null,"Deduct door",1,"x",1,{"v":1.2,"d":"1.200"},{"v":0,"d":"0.000"},{"v":2.13,"d":"2.130"},{"$f":"-ROUND(IF(AND(F1471:H1471),C1471*E1471*F1471*G1471*H1471,IF(AND(F1471,G1471),C1471*E1471*F1471*G1471,IF(AND(F1471,H1471),C1471*E1471*F1471*H1471,IF(AND(G1471,H1471),C1471*E1471*G1471*H1471,IF(F1471,C1471*E1471*F1471,IF(G1471,C1471*E1471*G1471,IF(H1471,C1471*E1471*H1471,C1471*E1471))))))),2)","v":-2.56},"Sqm",{"$nulls":3},"SSR 21-22"]
[null,null,1,"x",1,{"v":0.9,"d":"0.900"},{"v":0,"d":"0.000"},{"v":2.13,"d":"2.130"},{"$f":"-ROUND(IF(AND(F1472:H1472),C1472*E1472*F1472*G1472*H1472,IF(AND(F1472,G1472),C1472*E1472*F1472*G1472,IF(AND(F1472,H1472),C1472*E1472*F1472*H1472,IF(AND(G1472,H1472),C1472*E1472*G1472*H1472,IF(F1472,C1472*E1472*F1472,IF(G1472,C1472*E1472*G1472,IF(H1472,C1472*E1472*H1472,C1472*E1472))))))),2)","v":-1.92},"Sqm",{"$nulls":3},"SSR 21-22"]
[null,"Kitchen",1,"x",1,{"v":0.8,"d":"0.800"},{"v":0,"d":"0.000"},{"v":2.12,"d":"2.120"},{"$f":"-ROUND(IF(AND(F1473:H1473),C1473*E1473*F1473*G1473*H1473,IF(AND(F1473,G1473),C1473*E1473*F1473*G1473,IF(AND(F1473,H1473),C1473*E1473*F1473*H1473,IF(AND(G1473,H1473),C1473*E1473*G1473*H1473,IF(F1473,C1473*E1473*F1473,IF(G1473,C1473*E1473*G1473,IF(H1473,C1473*E1473*H1473,C1473*E1473))))))),2)","v":{"v":-1.7,"d":"-1.70"}},"Sqm",{"$nulls":3},"SSR 21-22"]
[null,"Parapet wall",1,"x",2,{"v":23.4,"d":"23.400"},{"v":0,"d":"0.000"},{"v":0.75,"d":"0.750"},{"$f":"ROUND(IF(AND(F1474:H1474),C1474*E1474*F1474*G1474*H1474,IF(AND(F1474,G1474),C1474*E1474*F1474*G1474,IF(AND(F1474,H1474),C1474*E1474*F1474*H1474,IF(AND(G1474,H1474),C1474*E1474*G1474*H1474,IF(F1474,C1474*E1474*F1474,IF(G1474,C1474*E1474*G1474,IF(H1474,C1474*E1474*H1474,C1474*E1474))))))),2)","v":{"v":35.1,"d":"35.10"}},"Sqm",{"$nulls":3},"SSR 21-22"]
[null,"dummy pillars",1,"x",14,{"v":1.7,"d":"1.700"},{"v":0,"d":"0.000"},{"v":0.45,"d":"0.450"},10.71,"Sqm",{"$nulls":3},"SSR 21-22"]
[null,"Carridor",1,"x",1,{"v":15.2,"d":"15.200"},{"v":0,"d":"0.000"},{"v":0.5,"d":"0.500"},{"v":7.6,"d":"7.60"},"Sqm",{"$nulls":3},"SSR 21-22"]
[null,null,1,"x",1,{"v":5.1,"d":"5.100"},{"v":0,"d":"0.000"},{"$f":"(0.5+0.15)/2","v":0.325},1.66,"Sqm",{"$nulls":3},"SSR 21-22"]
[null,null,1,"x",1,{"v":4.55,"d":"4.550"},{"v":0,"d":"0.000"},{"v":0.5,"d":"0.500"},2.28,"Sqm",{"$nulls":3},"SSR 21-22"]
[null,"Steps sides",2,"x",2,{"v":0.6,"d":"0.600"},{"v":0,"d":"0.000"},{"v":0.15,"d":"0.150"},0.36,"Sqm",{"$nulls":3},"SSR 21-22"]
[null,null,2,"x",2,{"v":0.3,"d":"0.300"},{"v":0,"d":"0.000"},{"v":0.15,"d":"0.150"},0.18,"Sqm",{"$nulls":3},"SSR 21-22"]
[{"$nulls":13},"SSR 21-22"]
[{"$nulls":9},"Sqm",{"$f":"data!E2366","v":380.06},"SSR 21-22",{"$f":"ROUND(I1482*K1482,0)","v":{"v":0,"d":"0.00"}},"SSR 21-22"]
[20,"Plastering to brick masonary wall with  20mm thick double coat in CM (1:6) 16 mm thick base coat and CM (1:4) of 4mm thick top coat with dubara sponge finish including c/c of all materials including all operational, incidental and labour charges such as mixing cement mortar and curing etc complete for finished item of work (APSS 901,  903 & 904) ",{"$nulls":11},"SSR 22-23"]
[null,"Qty.p.77 of M.B.No.790/A/ZP/19",null,"09.10.2023",{"$nulls":9},"SSR 22-23"]
[null,"North side wall",1,"x",1,{"v":13.6,"d":"13.600"},{"v":0,"d":"0.000"},{"v":3.3,"d":"3.300"},{"$f":"ROUND(IF(AND(F1485:H1485),C1485*E1485*F1485*G1485*H1485,IF(AND(F1485,G1485),C1485*E1485*F1485*G1485,IF(AND(F1485,H1485),C1485*E1485*F1485*H1485,IF(AND(G1485,H1485),C1485*E1485*G1485*H1485,IF(F1485,C1485*E1485*F1485,IF(G1485,C1485*E1485*G1485,IF(H1485,C1485*E1485*H1485,C1485*E1485))))))),2)","v":44.88},"Sqm",{"$nulls":3},"SSR 22-23"]
[null,"Deduct door",1,"x",1,{"v":1.07,"d":"1.070"},{"v":0,"d":"0.000"},{"v":2.1,"d":"2.100"},{"$f":"-ROUND(IF(AND(F1486:H1486),C1486*E1486*F1486*G1486*H1486,IF(AND(F1486,G1486),C1486*E1486*F1486*G1486,IF(AND(F1486,H1486),C1486*E1486*F1486*H1486,IF(AND(G1486,H1486),C1486*E1486*G1486*H1486,IF(F1486,C1486*E1486*F1486,IF(G1486,C1486*E1486*G1486,IF(H1486,C1486*E1486*H1486,C1486*E1486))))))),2)","v":-2.25},"Sqm",{"$nulls":3},"SSR 22-23"]
[null,"Deduct windows",1,"x",2,{"v":1.2,"d":"1.200"},{"v":0,"d":"0.000"},{"v":1.2,"d":"1.200"},{"$f":"-ROUND(IF(AND(F1487:H1487),C1487*E1487*F1487*G1487*H1487,IF(AND(F1487,G1487),C1487*E1487*F1487*G1487,IF(AND(F1487,H1487),C1487*E1487*F1487*H1487,IF(AND(G1487,H1487),C1487*E1487*G1487*H1487,IF(F1487,C1487*E1487*F1487,IF(G1487,C1487*E1487*G1487,IF(H1487,C1487*E1487*H1487,C1487*E1487))))))),2)","v":-2.88},"Sqm",{"$nulls":3},"SSR 22-23"]
[null,"Deduct ventilators",1,"x",4,{"v":0.6,"d":"0.600"},{"v":0,"d":"0.000"},{"v":0.3,"d":"0.300"},{"$f":"-ROUND(IF(AND(F1488:H1488),C1488*E1488*F1488*G1488*H1488,IF(AND(F1488,G1488),C1488*E1488*F1488*G1488,IF(AND(F1488,H1488),C1488*E1488*F1488*H1488,IF(AND(G1488,H1488),C1488*E1488*G1488*H1488,IF(F1488,C1488*E1488*F1488,IF(G1488,C1488*E1488*G1488,IF(H1488,C1488*E1488*H1488,C1488*E1488))))))),2)","v":-0.72},"Sqm",{"$nulls":3},"SSR 22-23"]
[null,"South side wall",1,"x",1,{"v":13.6,"d":"13.600"},{"v":0,"d":"0.000"},{"v":4.2,"d":"4.200"},{"$f":"ROUND(IF(AND(F1489:H1489),C1489*E1489*F1489*G1489*H1489,IF(AND(F1489,G1489),C1489*E1489*F1489*G1489,IF(AND(F1489,H1489),C1489*E1489*F1489*H1489,IF(AND(G1489,H1489),C1489*E1489*G1489*H1489,IF(F1489,C1489*E1489*F1489,IF(G1489,C1489*E1489*G1489,IF(H1489,C1489*E1489*H1489,C1489*E1489))))))),2)","v":57.12},"Sqm",{"$nulls":3},"SSR 22-23"]
[null,"Deduct windows",1,"x",3,{"v":1.2,"d":"1.200"},{"v":0,"d":"0.000"},{"v":1.2,"d":"1.200"},{"$f":"-ROUND(IF(AND(F1490:H1490),C1490*E1490*F1490*G1490*H1490,IF(AND(F1490,G1490),C1490*E1490*F1490*G1490,IF(AND(F1490,H1490),C1490*E1490*F1490*H1490,IF(AND(G1490,H1490),C1490*E1490*G1490*H1490,IF(F1490,C1490*E1490*F1490,IF(G1490,C1490*E1490*G1490,IF(H1490,C1490*E1490*H1490,C1490*E1490))))))),2)","v":-4.32},"Sqm",{"$nulls":3},"SSR 22-23"]
[null,"Deduct ventilators",1,"x",6,{"v":0.6,"d":"0.600"},{"v":0,"d":"0.000"},{"v":0.3,"d":"0.300"},{"$f":"-ROUND(IF(AND(F1491:H1491),C1491*E1491*F1491*G1491*H1491,IF(AND(F1491,G1491),C1491*E1491*F1491*G1491,IF(AND(F1491,H1491),C1491*E1491*F1491*H1491,IF(AND(G1491,H1491),C1491*E1491*G1491*H1491,IF(F1491,C1491*E1491*F1491,IF(G1491,C1491*E1491*G1491,IF(H1491,C1491*E1491*H1491,C1491*E1491))))))),2)","v":-1.08},"Sqm",{"$nulls":3},"SSR 22-23"]
[null,"Deduct kitchen door",1,"x",1,{"v":0.8,"d":"0.800"},{"v":0,"d":"0.000"},{"v":2.1,"d":"2.100"},{"$f":"-ROUND(IF(AND(F1492:H1492),C1492*E1492*F1492*G1492*H1492,IF(AND(F1492,G1492),C1492*E1492*F1492*G1492,IF(AND(F1492,H1492),C1492*E1492*F1492*H1492,IF(AND(G1492,H1492),C1492*E1492*G1492*H1492,IF(F1492,C1492*E1492*F1492,IF(G1492,C1492*E1492*G1492,IF(H1492,C1492*E1492*H1492,C1492*E1492))))))),2)","v":-1.68},"Sqm",{"$nulls":3},"SSR 22-23"]
[null,"East side wall",1,"x",1,{"v":6.4,"d":"6.400"},{"v":0,"d":"0.000"},{"v":3.3,"d":"3.300"},21.12,"Sqm",{"$nulls":3},"SSR 22-23"]
[null,"Deduct windows",1,"x",1,{"v":1.2,"d":"1.200"},{"v":0,"d":"0.000"},{"v":1.2,"d":"1.200"},{"$f":"-ROUND(IF(AND(F1494:H1494),C1494*E1494*F1494*G1494*H1494,IF(AND(F1494,G1494),C1494*E1494*F1494*G1494,IF(AND(F1494,H1494),C1494*E1494*F1494*H1494,IF(AND(G1494,H1494),C1494*E1494*G1494*H1494,IF(F1494,C1494*E1494*F1494,IF(G1494,C1494*E1494*G1494,IF(H1494,C1494*E1494*H1494,C1494*E1494))))))),2)","v":-1.44},"Sqm",{"$nulls":3},"SSR 22-23"]
[null,"Deduct ventilators",1,"x",1,{"v":0.6,"d":"0.600"},{"v":0,"d":"0.000"},{"v":0.3,"d":"0.300"},{"$f":"-ROUND(IF(AND(F1495:H1495),C1495*E1495*F1495*G1495*H1495,IF(AND(F1495,G1495),C1495*E1495*F1495*G1495,IF(AND(F1495,H1495),C1495*E1495*F1495*H1495,IF(AND(G1495,H1495),C1495*E1495*G1495*H1495,IF(F1495,C1495*E1495*F1495,IF(G1495,C1495*E1495*G1495,IF(H1495,C1495*E1495*H1495,C1495*E1495))))))),2)","v":-0.18},"Sqm",{"$nulls":3},"SSR 22-23"]
[null,"Slab projection",1,"x",1,{"v":2.94,"d":"2.940"},{"v":0.3,"d":"0.300"},{"v":0,"d":"0.000"},0.88,"Sqm",{"$nulls":3},"SSR 22-23"]
[null,"West side",1,"x",1,{"v":6.4,"d":"6.400"},{"v":0,"d":"0.000"},{"v":3.3,"d":"3.300"},21.12,"Sqm",{"$nulls":3},"SSR 22-23"]
[null,"Deduct windows",1,"x",2,{"v":1.2,"d":"1.200"},{"v":0,"d":"0.000"},{"v":1.2,"d":"1.200"},{"$f":"-ROUND(IF(AND(F1498:H1498),C1498*E1498*F1498*G1498*H1498,IF(AND(F1498,G1498),C1498*E1498*F1498*G1498,IF(AND(F1498,H1498),C1498*E1498*F1498*H1498,IF(AND(G1498,H1498),C1498*E1498*G1498*H1498,IF(F1498,C1498*E1498*F1498,IF(G1498,C1498*E1498*G1498,IF(H1498,C1498*E1498*H1498,C1498*E1498))))))),2)","v":-2.88},"Sqm",{"$nulls":3},"SSR 22-23"]
[null,"Deduct ventilators",1,"x",3,{"v":0.6,"d":"0.600"},{"v":0,"d":"0.000"},{"v":0.3,"d":"0.300"},{"$f":"-ROUND(IF(AND(F1499:H1499),C1499*E1499*F1499*G1499*H1499,IF(AND(F1499,G1499),C1499*E1499*F1499*G1499,IF(AND(F1499,H1499),C1499*E1499*F1499*H1499,IF(AND(G1499,H1499),C1499*E1499*G1499*H1499,IF(F1499,C1499*E1499*F1499,IF(G1499,C1499*E1499*G1499,IF(H1499,C1499*E1499*H1499,C1499*E1499))))))),2)","v":-0.54},"Sqm",{"$nulls":3},"SSR 22-23"]
[null,"Deduct door",1,"x",1,{"v":1.07,"d":"1.070"},{"v":0,"d":"0.000"},{"v":2.1,"d":"2.100"},{"$f":"-ROUND(IF(AND(F1500:H1500),C1500*E1500*F1500*G1500*H1500,IF(AND(F1500,G1500),C1500*E1500*F1500*G1500,IF(AND(F1500,H1500),C1500*E1500*F1500*H1500,IF(AND(G1500,H1500),C1500*E1500*G1500*H1500,IF(F1500,C1500*E1500*F1500,IF(G1500,C1500*E1500*G1500,IF(H1500,C1500*E1500*H1500,C1500*E1500))))))),2)","v":-2.25},"Sqm",{"$nulls":3},"SSR 22-23"]
[null,"Parapet wall",1,"x",2,{"v":38.95,"d":"38.950"},{"v":0,"d":"0.000"},{"v":0.75,"d":"0.750"},58.43,"Sqm",{"$nulls":3},"SSR 22-23"]
[null,"Top",1,"x",1,{"v":38.95,"d":"38.950"},0.115,{"v":0,"d":"0.000"},4.48,"Sqm",{"$nulls":3},"SSR 22-23"]
[{"$nulls":13},"SSR 22-23"]
[{"$nulls":9},"Sqm",{"$f":"data!E3283","v":404.02},"SSR 22-23",{"$f":"ROUND(I1504*K1504,0)","v":{"v":0,"d":"0.00"}},"SSR 22-23"]
[22,"Plain Cement Concrete  M25 Nominal mix (Cement: Sand: Metal) corresponding Table 9 of IS 456 using 20mm size graded machine crushed hard granite metal from approved quarry including c/c of all materials like Cement, Sand, coarse aggregate, water etc to site, all marerials including labour charges such as machine mixing, laying concrete, curing etc complete but excluding cost of steel and its fabrication charges for finished item of work for Steps",{"$nulls":11},"SSR 19-20"]
[null,"Qty.p.11 of M.B.No.790/A/ZP/19",null,"02.06.2023",{"$nulls":9},"SSR 19-20"]
[null,"Godown flooring",1,"x",1,{"v":8.65,"d":"8.650"},{"v":3.2,"d":"3.200"},0.075,{"$f":"ROUND(IF(AND(F1507:H1507),C1507*E1507*F1507*G1507*H1507,IF(AND(F1507,G1507),C1507*E1507*F1507*G1507,IF(AND(F1507,H1507),C1507*E1507*F1507*H1507,IF(AND(G1507,H1507),C1507*E1507*G1507*H1507,IF(F1507,C1507*E1507*F1507,IF(G1507,C1507*E1507*G1507,IF(H1507,C1507*E1507*H1507,C1507*E1507))))))),2)","v":2.08},"Cum",{"$nulls":3},"SSR 19-20"]
[{"$nulls":13},"SSR 19-20"]
[{"$nulls":9},"Cum",{"$f":"data!E272","v":{"v":4946.169999999999,"d":"4946.17"}},"SSR 19-20",{"$f":"ROUND(I1509*K1509,0)","v":{"v":0,"d":"0.00"}},"SSR 19-20"]
[20,"Plain Cement Concrete  M30 Nominal mix (Cement: Sand: Metal) corresponding Table 9 of IS 456 using 20mm size graded machine crushed hard granite metal from approved quarry including c/c of all materials like Cement, Sand, coarse aggregate, water etc to site, all marerials including labour charges such as machine mixing, laying concrete, curing etc complete but excluding cost of steel and its fabrication charges for finished item of work for Steps",{"$nulls":11},"SSR 20-21"]
[null,"Qty.p.77  of M.B.No.790/A/ZP/19",{"$nulls":11},"SSR 20-21"]
[null,"1st landing step",10,"x",0.5,{"v":1.2,"d":"1.200"},{"v":0.17,"d":"0.170"},{"v":0.12,"d":"0.120"},{"$f":"ROUND(IF(AND(F1512:H1512),C1512*E1512*F1512*G1512*H1512,IF(AND(F1512,G1512),C1512*E1512*F1512*G1512,IF(AND(F1512,H1512),C1512*E1512*F1512*H1512,IF(AND(G1512,H1512),C1512*E1512*G1512*H1512,IF(F1512,C1512*E1512*F1512,IF(G1512,C1512*E1512*G1512,IF(H1512,C1512*E1512*H1512,C1512*E1512))))))),2)","v":0.12},"Cum",{"$nulls":3},"SSR 20-21"]
[null,null,1,"x",1,{"v":1.2,"d":"1.200"},{"v":0.37,"d":"0.370"},{"v":0.12,"d":"0.120"},{"$f":"ROUND(IF(AND(F1513:H1513),C1513*E1513*F1513*G1513*H1513,IF(AND(F1513,G1513),C1513*E1513*F1513*G1513,IF(AND(F1513,H1513),C1513*E1513*F1513*H1513,IF(AND(G1513,H1513),C1513*E1513*G1513*H1513,IF(F1513,C1513*E1513*F1513,IF(G1513,C1513*E1513*G1513,IF(H1513,C1513*E1513*H1513,C1513*E1513))))))),2)","v":0.05},"Cum",{"$nulls":3},"SSR 20-21"]
[null,"2nd landing step",11,"x",0.5,{"v":1.2,"d":"1.200"},{"v":0.17,"d":"0.170"},{"v":0.12,"d":"0.120"},{"$f":"ROUND(IF(AND(F1514:H1514),C1514*E1514*F1514*G1514*H1514,IF(AND(F1514,G1514),C1514*E1514*F1514*G1514,IF(AND(F1514,H1514),C1514*E1514*F1514*H1514,IF(AND(G1514,H1514),C1514*E1514*G1514*H1514,IF(F1514,C1514*E1514*F1514,IF(G1514,C1514*E1514*G1514,IF(H1514,C1514*E1514*H1514,C1514*E1514))))))),2)","v":0.13},"Cum",{"$nulls":3},"SSR 20-21"]
[{"$nulls":13},"SSR 20-21"]
[{"$nulls":9},"Cum",{"$f":"data!E1188","v":5115.52},"SSR 20-21",{"$f":"ROUND(I1516*K1516,0)","v":{"v":0,"d":"0.00"}},"SSR 20-21"]
[20,"Plain Cement Concrete  M30 Nominal mix (Cement: Sand: Metal) corresponding Table 9 of IS 456 using 20mm size graded machine crushed hard granite metal from approved quarry including c/c of all materials like Cement, Sand, coarse aggregate, water etc to site, all marerials including labour charges such as machine mixing, laying concrete, curing etc complete but excluding cost of steel and its fabrication charges for finished item of work for Steps",{"$nulls":11},"SSR 21-22"]
[null,"Qty.p.77  of M.B.No.790/A/ZP/19",{"$nulls":11},"SSR 21-22"]
[null,"1st landing step",10,"x",0.5,{"v":1.2,"d":"1.200"},{"v":0.17,"d":"0.170"},{"v":0.12,"d":"0.120"},{"$f":"ROUND(IF(AND(F1519:H1519),C1519*E1519*F1519*G1519*H1519,IF(AND(F1519,G1519),C1519*E1519*F1519*G1519,IF(AND(F1519,H1519),C1519*E1519*F1519*H1519,IF(AND(G1519,H1519),C1519*E1519*G1519*H1519,IF(F1519,C1519*E1519*F1519,IF(G1519,C1519*E1519*G1519,IF(H1519,C1519*E1519*H1519,C1519*E1519))))))),2)","v":0.12},"Cum",{"$nulls":3},"SSR 21-22"]
[null,null,1,"x",1,{"v":1.2,"d":"1.200"},{"v":0.37,"d":"0.370"},{"v":0.12,"d":"0.120"},{"$f":"ROUND(IF(AND(F1520:H1520),C1520*E1520*F1520*G1520*H1520,IF(AND(F1520,G1520),C1520*E1520*F1520*G1520,IF(AND(F1520,H1520),C1520*E1520*F1520*H1520,IF(AND(G1520,H1520),C1520*E1520*G1520*H1520,IF(F1520,C1520*E1520*F1520,IF(G1520,C1520*E1520*G1520,IF(H1520,C1520*E1520*H1520,C1520*E1520))))))),2)","v":0.05},"Cum",{"$nulls":3},"SSR 21-22"]
[null,"2nd landing step",11,"x",0.5,{"v":1.2,"d":"1.200"},{"v":0.17,"d":"0.170"},{"v":0.12,"d":"0.120"},{"$f":"ROUND(IF(AND(F1521:H1521),C1521*E1521*F1521*G1521*H1521,IF(AND(F1521,G1521),C1521*E1521*F1521*G1521,IF(AND(F1521,H1521),C1521*E1521*F1521*H1521,IF(AND(G1521,H1521),C1521*E1521*G1521*H1521,IF(F1521,C1521*E1521*F1521,IF(G1521,C1521*E1521*G1521,IF(H1521,C1521*E1521*H1521,C1521*E1521))))))),2)","v":0.13},"Cum",{"$nulls":3},"SSR 21-22"]
[{"$nulls":13},"SSR 21-22"]
[{"$nulls":9},"Cum",{"$f":"data!E2105","v":{"v":5349.070000000001,"d":"5349.07"}},"SSR 21-22",{"$f":"ROUND(I1523*K1523,0)","v":{"v":0,"d":"0.00"}},"SSR 21-22"]
[20,"Plain Cement Concrete  M25 Nominal mix (Cement: Sand: Metal) corresponding Table 9 of IS 456 using 20mm size graded machine crushed hard granite metal from approved quarry including c/c of all materials like Cement, Sand, coarse aggregate, water etc to site, all marerials including labour charges such as machine mixing, laying concrete, curing etc complete but excluding cost of steel and its fabrication charges for finished item of work for Steps",{"$nulls":11},"SSR 22-23"]
[null,"Qty.p.11 of M.B.No.790/A/ZP/19",{"$nulls":11},"SSR 22-23"]
[null,null,1,"x",1,{"v":8.65,"d":"8.650"},{"v":3.2,"d":"3.200"},0.075,{"$f":"ROUND(IF(AND(F1526:H1526),C1526*E1526*F1526*G1526*H1526,IF(AND(F1526,G1526),C1526*E1526*F1526*G1526,IF(AND(F1526,H1526),C1526*E1526*F1526*H1526,IF(AND(G1526,H1526),C1526*E1526*G1526*H1526,IF(F1526,C1526*E1526*F1526,IF(G1526,C1526*E1526*G1526,IF(H1526,C1526*E1526*H1526,C1526*E1526))))))),2)","v":2.08},"Cum",{"$nulls":3},"SSR 22-23"]
[{"$nulls":13},"SSR 22-23"]
[{"$nulls":9},"Cum",{"$f":"data!E3022","v":5601.67},"SSR 22-23",{"$f":"ROUND(I1528*K1528,0)","v":{"v":0,"d":"0.00"}},"SSR 22-23"]
[25,"Flooring with Porcelain Vitrified tiles stain free double charged of 1st quality and of size not less than 600X600X8mm thickness glossy finish premium colours, set over base coat of CM (1:8), 12mm thick over already laid CC bed / RCC Roof slab, including neat Cement slurry of honey like consistency spread @ 3.30 Kgs per Sqm & jointed with neat white Cement paste to full depth mixed with pigment of matching shade including c/c of all materials like Cement, Sand and Water and tiles etc complete including labour charges etc complete for finished item of work ",{"$nulls":11},"SSR 19-20"]
[null,"Qty.p.35 of M.B.No.103/A/ZP/22",{"$nulls":11},"SSR 19-20"]
[null,null,1,"x",1,{"v":2.85,"d":"2.850"},{"v":2.75,"d":"2.750"},{"v":0,"d":"0.000"},{"$f":"ROUND(IF(AND(F1531:H1531),C1531*E1531*F1531*G1531*H1531,IF(AND(F1531,G1531),C1531*E1531*F1531*G1531,IF(AND(F1531,H1531),C1531*E1531*F1531*H1531,IF(AND(G1531,H1531),C1531*E1531*G1531*H1531,IF(F1531,C1531*E1531*F1531,IF(G1531,C1531*E1531*G1531,IF(H1531,C1531*E1531*H1531,C1531*E1531))))))),2)","v":7.84},"Sqm",{"$nulls":3},"SSR 19-20"]
[null,null,1,"x",2,{"v":0.6,"d":"0.600"},0.115,{"v":0,"d":"0.000"},{"$f":"-ROUND(IF(AND(F1532:H1532),C1532*E1532*F1532*G1532*H1532,IF(AND(F1532,G1532),C1532*E1532*F1532*G1532,IF(AND(F1532,H1532),C1532*E1532*F1532*H1532,IF(AND(G1532,H1532),C1532*E1532*G1532*H1532,IF(F1532,C1532*E1532*F1532,IF(G1532,C1532*E1532*G1532,IF(H1532,C1532*E1532*H1532,C1532*E1532))))))),2)","v":-0.14},"Sqm",{"$nulls":3},"SSR 19-20"]
[null,null,1,"x",1,{"v":2.25,"d":"2.250"},{"v":2.76,"d":"2.760"},{"v":0,"d":"0.000"},{"$f":"ROUND(IF(AND(F1533:H1533),C1533*E1533*F1533*G1533*H1533,IF(AND(F1533,G1533),C1533*E1533*F1533*G1533,IF(AND(F1533,H1533),C1533*E1533*F1533*H1533,IF(AND(G1533,H1533),C1533*E1533*G1533*H1533,IF(F1533,C1533*E1533*F1533,IF(G1533,C1533*E1533*G1533,IF(H1533,C1533*E1533*H1533,C1533*E1533))))))),2)","v":6.21},"Sqm",{"$nulls":3},"SSR 19-20"]
[null,null,1,"x",1,{"v":2.75,"d":"2.750"},{"v":2.76,"d":"2.760"},{"v":0,"d":"0.000"},7.59,"Sqm",{"$nulls":3},"SSR 19-20"]
[null,null,1,"x",1,{"v":1.68,"d":"1.680"},{"v":2.75,"d":"2.750"},{"v":0,"d":"0.000"},4.62,"Sqm",{"$nulls":3},"SSR 19-20"]
[null,null,1,"x",3,{"v":0.5,"d":"0.500"},0.115,{"v":0,"d":"0.000"},{"$f":"-ROUND(IF(AND(F1536:H1536),C1536*E1536*F1536*G1536*H1536,IF(AND(F1536,G1536),C1536*E1536*F1536*G1536,IF(AND(F1536,H1536),C1536*E1536*F1536*H1536,IF(AND(G1536,H1536),C1536*E1536*G1536*H1536,IF(F1536,C1536*E1536*F1536,IF(G1536,C1536*E1536*G1536,IF(H1536,C1536*E1536*H1536,C1536*E1536))))))),2)","v":-0.17},"Sqm",{"$nulls":3},"SSR 19-20"]
[null,null,1,"x",1,{"v":6.75,"d":"6.750"},{"v":2.99,"d":"2.990"},{"v":0,"d":"0.000"},20.18,"Sqm",{"$nulls":3},"SSR 19-20"]
[null,null,1,"x",1,{"v":6.15,"d":"6.150"},{"v":2.99,"d":"2.990"},{"v":0,"d":"0.000"},18.39,"Sqm",{"$nulls":3},"SSR 19-20"]
[null,null,1,"x",1,{"v":1.31,"d":"1.310"},{"v":1.15,"d":"1.150"},{"v":0,"d":"0.000"},1.51,"Sqm",{"$nulls":3},"SSR 19-20"]
[null,null,1,"x",1,{"v":1.45,"d":"1.450"},{"v":0.8,"d":"0.800"},{"v":0,"d":"0.000"},1.16,"Sqm",{"$nulls":3},"SSR 19-20"]
[null,null,1,"x",1,{"v":1.6,"d":"1.600"},{"v":0.6,"d":"0.600"},{"v":0,"d":"0.000"},0.96,"Sqm",{"$nulls":3},"SSR 19-20"]
[null,null,1,"x",1,{"v":2.75,"d":"2.750"},{"v":0.5,"d":"0.500"},{"v":0,"d":"0.000"},1.38,"Sqm",{"$nulls":3},"SSR 19-20"]
[{"$nulls":13},"SSR 19-20"]
[{"$nulls":9},"Sqm",{"$f":"data!E680","v":991.04},"SSR 19-20",{"$f":"ROUND(I1544*K1544,0)","v":{"v":0,"d":"0.00"}},"SSR 19-20"]
[21,"Flooring with Porcelain Vitrified tiles stain free double charged of 1st quality and of size not less than 600X600X8mm thickness glossy finish premium colours, set over base coat of CM (1:8), 12mm thick over already laid CC bed / RCC Roof slab, including neat Cement slurry of honey like consistency spread @ 3.30 Kgs per Sqm & jointed with neat white Cement paste to full depth mixed with pigment of matching shade including c/c of all materials like Cement, Sand and Water and tiles etc complete including labour charges etc complete for finished item of work ",{"$nulls":11},"SSR 20-21"]
[null,"Qty.p.70 & 71 of M.B.No.790/A/ZP/19",null,"10.04.2021",{"$nulls":9},"SSR 20-21"]
[null,"Lobby room",1,"x",1,{"v":6.75,"d":"6.750"},{"v":2.9,"d":"2.900"},{"v":0,"d":"0.000"},{"$f":"ROUND(IF(AND(F1547:H1547),C1547*E1547*F1547*G1547*H1547,IF(AND(F1547,G1547),C1547*E1547*F1547*G1547,IF(AND(F1547,H1547),C1547*E1547*F1547*H1547,IF(AND(G1547,H1547),C1547*E1547*G1547*H1547,IF(F1547,C1547*E1547*F1547,IF(G1547,C1547*E1547*G1547,IF(H1547,C1547*E1547*H1547,C1547*E1547))))))),2)","v":19.58},"Sqm",{"$nulls":3},"SSR 20-21"]
[null,"Examination room",1,"x",1,{"v":2.8,"d":"2.800"},{"v":2.7,"d":"2.700"},{"v":0,"d":"0.000"},{"$f":"ROUND(IF(AND(F1548:H1548),C1548*E1548*F1548*G1548*H1548,IF(AND(F1548,G1548),C1548*E1548*F1548*G1548,IF(AND(F1548,H1548),C1548*E1548*F1548*H1548,IF(AND(G1548,H1548),C1548*E1548*G1548*H1548,IF(F1548,C1548*E1548*F1548,IF(G1548,C1548*E1548*G1548,IF(H1548,C1548*E1548*H1548,C1548*E1548))))))),2)","v":7.56},"Sqm",{"$nulls":3},"SSR 20-21"]
[null,"Lab and store room",1,"x",1,{"v":2.2,"d":"2.200"},{"v":2.7,"d":"2.700"},{"v":0,"d":"0.000"},5.94,"Sqm",{"$nulls":3},"SSR 20-21"]
[null,"Tiolet front carridor",1,"x",1,{"v":1.3,"d":"1.300"},{"v":1.05,"d":"1.050"},{"v":0,"d":"0.000"},1.37,"Sqm",{"$nulls":3},"SSR 20-21"]
[null,"Living room",1,"x",1,{"v":6.05,"d":"6.050"},{"v":2.85,"d":"2.850"},{"v":0,"d":"0.000"},17.24,"Sqm",{"$nulls":3},"SSR 20-21"]
[null,"Bed room",1,"x",1,{"v":2.7,"d":"2.700"},{"v":2.6,"d":"2.600"},{"v":0,"d":"0.000"},7.02,"Sqm",{"$nulls":3},"SSR 20-21"]
[null,"Kitchen",1,"x",1,{"v":1.7,"d":"1.700"},{"v":2.7,"d":"2.700"},{"v":0,"d":"0.000"},4.59,"Sqm",{"$nulls":3},"SSR 20-21"]
[null,"Wash basin room",1,"x",1,{"v":0.9,"d":"0.900"},{"v":1.05,"d":"1.050"},{"v":0,"d":"0.000"},0.95,"Sqm",{"$nulls":3},"SSR 20-21"]
[{"$nulls":13},"SSR 20-21"]
[{"$nulls":9},"Sqm",{"$f":"data!E1597","v":1019.43},"SSR 20-21",{"$f":"ROUND(I1556*K1556,0)","v":{"v":0,"d":"0.00"}},"SSR 20-21"]
[25,"Flooring with Porcelain Vitrified tiles stain free double charged of 1st quality and of size not less than 600X600X8mm thickness glossy finish premium colours, set over base coat of CM (1:8), 12mm thick over already laid CC bed / RCC Roof slab, including neat Cement slurry of honey like consistency spread @ 3.30 Kgs per Sqm & jointed with neat white Cement paste to full depth mixed with pigment of matching shade including c/c of all materials like Cement, Sand and Water and tiles etc complete including labour charges etc complete for finished item of work ",{"$nulls":11},"SSR 21-22"]
[null,"Qty.p.41 of M.B.No.790/A/ZP/19",{"$nulls":11},"SSR 21-22"]
[null,"Hall",1,"x",1,{"v":8.45,"d":"8.450"},{"v":4.92,"d":"4.920"},{"v":0,"d":"0.000"},{"$f":"ROUND(IF(AND(F1559:H1559),C1559*E1559*F1559*G1559*H1559,IF(AND(F1559,G1559),C1559*E1559*F1559*G1559,IF(AND(F1559,H1559),C1559*E1559*F1559*H1559,IF(AND(G1559,H1559),C1559*E1559*G1559*H1559,IF(F1559,C1559*E1559*F1559,IF(G1559,C1559*E1559*G1559,IF(H1559,C1559*E1559*H1559,C1559*E1559))))))),2)","v":41.57},"Sqm",{"$nulls":3},"SSR 21-22"]
[null,"Aqua room",1,"x",1,{"v":3.31,"d":"3.310"},{"v":2.8,"d":"2.800"},{"v":0,"d":"0.000"},{"$f":"ROUND(IF(AND(F1560:H1560),C1560*E1560*F1560*G1560*H1560,IF(AND(F1560,G1560),C1560*E1560*F1560*G1560,IF(AND(F1560,H1560),C1560*E1560*F1560*H1560,IF(AND(G1560,H1560),C1560*E1560*G1560*H1560,IF(F1560,C1560*E1560*F1560,IF(G1560,C1560*E1560*G1560,IF(H1560,C1560*E1560*H1560,C1560*E1560))))))),2)","v":9.27},"Sqm",{"$nulls":3},"SSR 21-22"]
[null,null,1,"x",1,{"v":0.25,"d":"0.250"},{"v":0.15,"d":"0.150"},{"v":0,"d":"0.000"},{"$f":"-ROUND(IF(AND(F1561:H1561),C1561*E1561*F1561*G1561*H1561,IF(AND(F1561,G1561),C1561*E1561*F1561*G1561,IF(AND(F1561,H1561),C1561*E1561*F1561*H1561,IF(AND(G1561,H1561),C1561*E1561*G1561*H1561,IF(F1561,C1561*E1561*F1561,IF(G1561,C1561*E1561*G1561,IF(H1561,C1561*E1561*H1561,C1561*E1561))))))),2)","v":-0.04},"Sqm",{"$nulls":3},"SSR 21-22"]
[{"$nulls":13},"SSR 21-22"]
[{"$nulls":9},"Sqm",{"$f":"data!E2514","v":1041.26},"SSR 21-22",{"$f":"ROUND(I1563*K1563,0)","v":{"v":0,"d":"0.00"}},"SSR 21-22"]
[22,"Flooring with Porcelain Vitrified tiles stain free double charged of 1st quality and of size not less than 600X600X8mm thickness glossy finish premium colours, set over base coat of CM (1:8), 12mm thick over already laid CC bed / RCC Roof slab, including neat Cement slurry of honey like consistency spread @ 3.30 Kgs per Sqm & jointed with neat white Cement paste to full depth mixed with pigment of matching shade including c/c of all materials like Cement, Sand and Water and tiles etc complete including labour charges etc complete for finished item of work ",{"$nulls":11},"SSR 22-23"]
[null,"Qty.p.33 to 35 of M.B.No.103/A/ZP/22",null,"06.10.2023",{"$nulls":9},"SSR 22-23"]
[null,"Examination room",1,"x",1,{"v":2.85,"d":"2.850"},{"v":2.75,"d":"2.750"},{"v":0,"d":"0.000"},{"$f":"ROUND(IF(AND(F1566:H1566),C1566*E1566*F1566*G1566*H1566,IF(AND(F1566,G1566),C1566*E1566*F1566*G1566,IF(AND(F1566,H1566),C1566*E1566*F1566*H1566,IF(AND(G1566,H1566),C1566*E1566*G1566*H1566,IF(F1566,C1566*E1566*F1566,IF(G1566,C1566*E1566*G1566,IF(H1566,C1566*E1566*H1566,C1566*E1566))))))),2)","v":7.84},"Sqm",{"$nulls":3},"SSR 22-23"]
[null,"Deduct platform walls",1,"x",2,{"v":0.6,"d":"0.600"},0.115,{"v":0,"d":"0.000"},{"$f":"-ROUND(IF(AND(F1567:H1567),C1567*E1567*F1567*G1567*H1567,IF(AND(F1567,G1567),C1567*E1567*F1567*G1567,IF(AND(F1567,H1567),C1567*E1567*F1567*H1567,IF(AND(G1567,H1567),C1567*E1567*G1567*H1567,IF(F1567,C1567*E1567*F1567,IF(G1567,C1567*E1567*G1567,IF(H1567,C1567*E1567*H1567,C1567*E1567))))))),2)","v":-0.14},"Sqm",{"$nulls":3},"SSR 22-23"]
[null,"Lab and store room",1,"x",1,{"v":2.25,"d":"2.250"},{"v":2.76,"d":"2.760"},{"v":0,"d":"0.000"},{"$f":"ROUND(IF(AND(F1568:H1568),C1568*E1568*F1568*G1568*H1568,IF(AND(F1568,G1568),C1568*E1568*F1568*G1568,IF(AND(F1568,H1568),C1568*E1568*F1568*H1568,IF(AND(G1568,H1568),C1568*E1568*G1568*H1568,IF(F1568,C1568*E1568*F1568,IF(G1568,C1568*E1568*G1568,IF(H1568,C1568*E1568*H1568,C1568*E1568))))))),2)","v":6.21},"Sqm",{"$nulls":3},"SSR 22-23"]
[null,"Bed room",1,"x",1,{"v":2.75,"d":"2.750"},{"v":2.76,"d":"2.760"},{"v":0,"d":"0.000"},7.59,"Sqm",{"$nulls":3},"SSR 22-23"]
[null,"Kitchen",1,"x",1,{"v":1.68,"d":"1.680"},{"v":2.75,"d":"2.750"},{"v":0,"d":"0.000"},4.62,"Sqm",{"$nulls":3},"SSR 22-23"]
[null,"Deduct platform walls",1,"x",3,{"v":0.5,"d":"0.500"},0.115,{"v":0,"d":"0.000"},{"$f":"-ROUND(IF(AND(F1571:H1571),C1571*E1571*F1571*G1571*H1571,IF(AND(F1571,G1571),C1571*E1571*F1571*G1571,IF(AND(F1571,H1571),C1571*E1571*F1571*H1571,IF(AND(G1571,H1571),C1571*E1571*G1571*H1571,IF(F1571,C1571*E1571*F1571,IF(G1571,C1571*E1571*G1571,IF(H1571,C1571*E1571*H1571,C1571*E1571))))))),2)","v":-0.17},"Sqm",{"$nulls":3},"SSR 22-23"]
[null,"clinic and lobby",1,"x",1,{"v":6.75,"d":"6.750"},{"v":2.99,"d":"2.990"},{"v":0,"d":"0.000"},{"$f":"ROUND(IF(AND(F1572:H1572),C1572*E1572*F1572*G1572*H1572,IF(AND(F1572,G1572),C1572*E1572*F1572*G1572,IF(AND(F1572,H1572),C1572*E1572*F1572*H1572,IF(AND(G1572,H1572),C1572*E1572*G1572*H1572,IF(F1572,C1572*E1572*F1572,IF(G1572,C1572*E1572*G1572,IF(H1572,C1572*E1572*H1572,C1572*E1572))))))),2)","v":20.18},"Sqm",{"$nulls":3},"SSR 22-23"]
[null,"Living room",1,"x",1,{"v":6.15,"d":"6.150"},{"v":2.99,"d":"2.990"},{"v":0,"d":"0.000"},18.39,"Sqm",{"$nulls":3},"SSR 22-23"]
[null,"Tiolet gap",1,"x",1,{"v":1.31,"d":"1.310"},{"v":1.15,"d":"1.150"},{"v":0,"d":"0.000"},1.51,"Sqm",{"$nulls":3},"SSR 22-23"]
[null,null,1,"x",1,{"v":1.45,"d":"1.450"},{"v":0.8,"d":"0.800"},{"v":0,"d":"0.000"},1.16,"Sqm",{"$nulls":3},"SSR 22-23"]
[null,"Over platform E.Room",1,"x",1,{"v":1.6,"d":"1.600"},{"v":0.6,"d":"0.600"},{"v":0,"d":"0.000"},0.96,"Sqm",{"$nulls":3},"SSR 22-23"]
[null,"Kitchen",1,"x",1,{"v":2.75,"d":"2.750"},{"v":0.5,"d":"0.500"},{"v":0,"d":"0.000"},1.38,"Sqm",{"$nulls":3},"SSR 22-23"]
[{"$nulls":13},"SSR 22-23"]
[{"$nulls":9},"Sqm",{"$f":"data!E3431","v":1067.36},"SSR 22-23",{"$f":"ROUND(I1579*K1579,0)","v":{"v":0,"d":"0.00"}},"SSR 22-23"]
[26,"Providing Skirting to internal walls to 15cm height / risers of steps with Porcelain Vitrified tiles length equal to flooring stones, set over base coat of CM (1:5) 12mm thick with Cement slurry of honey like consistency spread @ 3.30 Kgs per Sqm & jointed with white Cement paste mixed with pigment of matching shade to full depth, including c/c of materials like Cement, Sand and Water and tiles etc complete for finished item of work ",{"$nulls":11},"SSR 19-20"]
[null,"Qty.p.37 of M.B.No.103/A/ZP/22",{"$nulls":11},"SSR 19-20"]
[null,null,1,"x",1,{"v":11.06,"d":"11.060"},{"v":0,"d":"0.000"},{"v":0.1,"d":"0.100"},{"$f":"ROUND(IF(AND(F1582:H1582),C1582*E1582*F1582*G1582*H1582,IF(AND(F1582,G1582),C1582*E1582*F1582*G1582,IF(AND(F1582,H1582),C1582*E1582*F1582*H1582,IF(AND(G1582,H1582),C1582*E1582*G1582*H1582,IF(F1582,C1582*E1582*F1582,IF(G1582,C1582*E1582*G1582,IF(H1582,C1582*E1582*H1582,C1582*E1582))))))),2)","v":1.11},"Sqm",{"$nulls":3},"SSR 19-20"]
[null,null,1,"x",1,{"v":10,"d":"10.000"},{"v":0,"d":"0.000"},{"v":0.1,"d":"0.100"},{"v":1,"d":"1.00"},"Sqm",{"$nulls":3},"SSR 19-20"]
[null,null,1,"x",1,{"v":11.02,"d":"11.020"},{"v":0,"d":"0.000"},{"v":0.1,"d":"0.100"},{"v":1.1,"d":"1.10"},"Sqm",{"$nulls":3},"SSR 19-20"]
[null,null,1,"x",1,{"v":8.86,"d":"8.860"},{"v":0,"d":"0.000"},{"v":0.1,"d":"0.100"},0.89,"Sqm",{"$nulls":3},"SSR 19-20"]
[null,null,1,"x",1,{"v":19.48,"d":"19.480"},{"v":0,"d":"0.000"},{"v":0.1,"d":"0.100"},1.95,"Sqm",{"$nulls":3},"SSR 19-20"]
[null,null,1,"x",1,{"v":18.28,"d":"18.280"},{"v":0,"d":"0.000"},{"v":0.1,"d":"0.100"},1.83,"Sqm",{"$nulls":3},"SSR 19-20"]
[null,null,2,"x",2,{"v":0.6,"d":"0.600"},{"v":0,"d":"0.000"},{"v":0.1,"d":"0.100"},0.24,"Sqm",{"$nulls":3},"SSR 19-20"]
[null,null,1,"x",2,{"v":0.5,"d":"0.500"},{"v":0,"d":"0.000"},{"v":0.1,"d":"0.100"},{"v":0.1,"d":"0.10"},"Sqm",{"$nulls":3},"SSR 19-20"]
[null,null,1,"x",2,{"v":0.5,"d":"0.500"},{"v":0,"d":"0.000"},{"v":0.1,"d":"0.100"},{"v":0.1,"d":"0.10"},"Sqm",{"$nulls":3},"SSR 19-20"]
[null,null,1,"x",2,{"v":0.58,"d":"0.580"},{"v":0,"d":"0.000"},{"v":0.1,"d":"0.100"},0.12,"Sqm",{"$nulls":3},"SSR 19-20"]
[null,null,1,"x",1,{"v":1.15,"d":"1.150"},{"v":0,"d":"0.000"},{"v":0.1,"d":"0.100"},0.12,"Sqm",{"$nulls":3},"SSR 19-20"]
[null,null,1,"x",2,{"v":0.8,"d":"0.800"},{"v":0,"d":"0.000"},{"v":0.1,"d":"0.100"},0.16,"Sqm",{"$nulls":3},"SSR 19-20"]
[null,null,1,"x",1,{"v":1.2,"d":"1.200"},{"v":0,"d":"0.000"},{"v":0.1,"d":"0.100"},{"$f":"-ROUND(IF(AND(F1594:H1594),C1594*E1594*F1594*G1594*H1594,IF(AND(F1594,G1594),C1594*E1594*F1594*G1594,IF(AND(F1594,H1594),C1594*E1594*F1594*H1594,IF(AND(G1594,H1594),C1594*E1594*G1594*H1594,IF(F1594,C1594*E1594*F1594,IF(G1594,C1594*E1594*G1594,IF(H1594,C1594*E1594*H1594,C1594*E1594))))))),2)","v":-0.12},"Sqm",{"$nulls":3},"SSR 19-20"]
[null,null,1,"x",2,{"v":0.9,"d":"0.900"},{"v":0,"d":"0.000"},{"v":0.1,"d":"0.100"},{"$f":"-ROUND(IF(AND(F1595:H1595),C1595*E1595*F1595*G1595*H1595,IF(AND(F1595,G1595),C1595*E1595*F1595*G1595,IF(AND(F1595,H1595),C1595*E1595*F1595*H1595,IF(AND(G1595,H1595),C1595*E1595*G1595*H1595,IF(F1595,C1595*E1595*F1595,IF(G1595,C1595*E1595*G1595,IF(H1595,C1595*E1595*H1595,C1595*E1595))))))),2)","v":-0.18},"Sqm",{"$nulls":3},"SSR 19-20"]
[null,null,2,"x",2,{"v":0.9,"d":"0.900"},{"v":0,"d":"0.000"},{"v":0.1,"d":"0.100"},{"$f":"-ROUND(IF(AND(F1596:H1596),C1596*E1596*F1596*G1596*H1596,IF(AND(F1596,G1596),C1596*E1596*F1596*G1596,IF(AND(F1596,H1596),C1596*E1596*F1596*H1596,IF(AND(G1596,H1596),C1596*E1596*G1596*H1596,IF(F1596,C1596*E1596*F1596,IF(G1596,C1596*E1596*G1596,IF(H1596,C1596*E1596*H1596,C1596*E1596))))))),2)","v":-0.36},"Sqm",{"$nulls":3},"SSR 19-20"]
[null,null,1,"x",1,{"v":0.78,"d":"0.780"},{"v":0,"d":"0.000"},{"v":0.1,"d":"0.100"},{"$f":"-ROUND(IF(AND(F1597:H1597),C1597*E1597*F1597*G1597*H1597,IF(AND(F1597,G1597),C1597*E1597*F1597*G1597,IF(AND(F1597,H1597),C1597*E1597*F1597*H1597,IF(AND(G1597,H1597),C1597*E1597*G1597*H1597,IF(F1597,C1597*E1597*F1597,IF(G1597,C1597*E1597*G1597,IF(H1597,C1597*E1597*H1597,C1597*E1597))))))),2)","v":-0.08},"Sqm",{"$nulls":3},"SSR 19-20"]
[null,null,1,"x",1,{"v":0.9,"d":"0.900"},{"v":0,"d":"0.000"},{"v":0.1,"d":"0.100"},{"$f":"-ROUND(IF(AND(F1598:H1598),C1598*E1598*F1598*G1598*H1598,IF(AND(F1598,G1598),C1598*E1598*F1598*G1598,IF(AND(F1598,H1598),C1598*E1598*F1598*H1598,IF(AND(G1598,H1598),C1598*E1598*G1598*H1598,IF(F1598,C1598*E1598*F1598,IF(G1598,C1598*E1598*G1598,IF(H1598,C1598*E1598*H1598,C1598*E1598))))))),2)","v":-0.09},"Sqm",{"$nulls":3},"SSR 19-20"]
[{"$nulls":13},"SSR 19-20"]
[{"$nulls":9},"Sqm",{"$f":"data!E698","v":986.97},"SSR 19-20",{"$f":"ROUND(I1600*K1600,0)","v":{"v":0,"d":"0.00"}},"SSR 19-20"]
[22,"Providing Skirting to internal walls to 15cm height / risers of steps with Porcelain Vitrified tiles length equal to flooring stones, set over base coat of CM (1:5) 12mm thick with Cement slurry of honey like consistency spread @ 3.30 Kgs per Sqm & jointed with white Cement paste mixed with pigment of matching shade to full depth, including c/c of materials like Cement, Sand and Water and tiles etc complete for finished item of work ",{"$nulls":11},"SSR 20-21"]
[null,"Qty.p.71 to 74 of M.B.No.790/A/ZP/19",null,"10.04.2021",{"$nulls":9},"SSR 20-21"]
[null,"Lobby room",1,"x",1,{"v":19.3,"d":"19.300"},{"v":0,"d":"0.000"},{"v":0.1,"d":"0.100"},{"$f":"ROUND(IF(AND(F1603:H1603),C1603*E1603*F1603*G1603*H1603,IF(AND(F1603,G1603),C1603*E1603*F1603*G1603,IF(AND(F1603,H1603),C1603*E1603*F1603*H1603,IF(AND(G1603,H1603),C1603*E1603*G1603*H1603,IF(F1603,C1603*E1603*F1603,IF(G1603,C1603*E1603*G1603,IF(H1603,C1603*E1603*H1603,C1603*E1603))))))),2)","v":1.93},"Sqm",{"$nulls":3},"SSR 20-21"]
[null,"Deduct door",1,"x",1,{"v":1.2,"d":"1.200"},{"v":0,"d":"0.000"},{"v":0.1,"d":"0.100"},{"$f":"-ROUND(IF(AND(F1604:H1604),C1604*E1604*F1604*G1604*H1604,IF(AND(F1604,G1604),C1604*E1604*F1604*G1604,IF(AND(F1604,H1604),C1604*E1604*F1604*H1604,IF(AND(G1604,H1604),C1604*E1604*G1604*H1604,IF(F1604,C1604*E1604*F1604,IF(G1604,C1604*E1604*G1604,IF(H1604,C1604*E1604*H1604,C1604*E1604))))))),2)","v":-0.12},"Sqm",{"$nulls":3},"SSR 20-21"]
[null,"Deduct door",1,"x",1,{"v":0.9,"d":"0.900"},{"v":0,"d":"0.000"},{"v":0.1,"d":"0.100"},{"$f":"-ROUND(IF(AND(F1605:H1605),C1605*E1605*F1605*G1605*H1605,IF(AND(F1605,G1605),C1605*E1605*F1605*G1605,IF(AND(F1605,H1605),C1605*E1605*F1605*H1605,IF(AND(G1605,H1605),C1605*E1605*G1605*H1605,IF(F1605,C1605*E1605*F1605,IF(G1605,C1605*E1605*G1605,IF(H1605,C1605*E1605*H1605,C1605*E1605))))))),2)","v":-0.09},"Sqm",{"$nulls":3},"SSR 20-21"]
[null,"deduct opening",1,"x",1,{"v":1.3,"d":"1.300"},{"v":0,"d":"0.000"},{"v":0.1,"d":"0.100"},{"$f":"-ROUND(IF(AND(F1606:H1606),C1606*E1606*F1606*G1606*H1606,IF(AND(F1606,G1606),C1606*E1606*F1606*G1606,IF(AND(F1606,H1606),C1606*E1606*F1606*H1606,IF(AND(G1606,H1606),C1606*E1606*G1606*H1606,IF(F1606,C1606*E1606*F1606,IF(G1606,C1606*E1606*G1606,IF(H1606,C1606*E1606*H1606,C1606*E1606))))))),2)","v":-0.13},"Sqm",{"$nulls":3},"SSR 20-21"]
[null,"Examination room",1,"x",1,{"v":11,"d":"11.000"},{"v":0,"d":"0.000"},{"v":0.1,"d":"0.100"},{"$f":"ROUND(IF(AND(F1607:H1607),C1607*E1607*F1607*G1607*H1607,IF(AND(F1607,G1607),C1607*E1607*F1607*G1607,IF(AND(F1607,H1607),C1607*E1607*F1607*H1607,IF(AND(G1607,H1607),C1607*E1607*G1607*H1607,IF(F1607,C1607*E1607*F1607,IF(G1607,C1607*E1607*G1607,IF(H1607,C1607*E1607*H1607,C1607*E1607))))))),2)","v":{"v":1.1,"d":"1.10"}},"Sqm",{"$nulls":3},"SSR 20-21"]
[null,"Deduct door",1,"x",1,{"v":0.9,"d":"0.900"},{"v":0,"d":"0.000"},{"v":0.1,"d":"0.100"},{"$f":"-ROUND(IF(AND(F1608:H1608),C1608*E1608*F1608*G1608*H1608,IF(AND(F1608,G1608),C1608*E1608*F1608*G1608,IF(AND(F1608,H1608),C1608*E1608*F1608*H1608,IF(AND(G1608,H1608),C1608*E1608*G1608*H1608,IF(F1608,C1608*E1608*F1608,IF(G1608,C1608*E1608*G1608,IF(H1608,C1608*E1608*H1608,C1608*E1608))))))),2)","v":-0.09},"Sqm",{"$nulls":3},"SSR 20-21"]
[null,"Tiolet front carridor",1,"x",1,{"v":3.4,"d":"3.400"},{"v":0,"d":"0.000"},{"v":0.1,"d":"0.100"},0.34,"Sqm",{"$nulls":3},"SSR 20-21"]
[null,"Deduct door",1,"x",1,{"v":0.9,"d":"0.900"},{"v":0,"d":"0.000"},{"v":0.1,"d":"0.100"},{"$f":"-ROUND(IF(AND(F1610:H1610),C1610*E1610*F1610*G1610*H1610,IF(AND(F1610,G1610),C1610*E1610*F1610*G1610,IF(AND(F1610,H1610),C1610*E1610*F1610*H1610,IF(AND(G1610,H1610),C1610*E1610*G1610*H1610,IF(F1610,C1610*E1610*F1610,IF(G1610,C1610*E1610*G1610,IF(H1610,C1610*E1610*H1610,C1610*E1610))))))),2)","v":-0.09},"Sqm",{"$nulls":3},"SSR 20-21"]
[null,"Lab and store room",1,"x",1,{"v":9.8,"d":"9.800"},{"v":0,"d":"0.000"},{"v":0.1,"d":"0.100"},0.98,"Sqm",{"$nulls":3},"SSR 20-21"]
[null,"Deduct door",1,"x",1,{"v":0.9,"d":"0.900"},{"v":0,"d":"0.000"},{"v":0.1,"d":"0.100"},{"$f":"-ROUND(IF(AND(F1612:H1612),C1612*E1612*F1612*G1612*H1612,IF(AND(F1612,G1612),C1612*E1612*F1612*G1612,IF(AND(F1612,H1612),C1612*E1612*F1612*H1612,IF(AND(G1612,H1612),C1612*E1612*G1612*H1612,IF(F1612,C1612*E1612*F1612,IF(G1612,C1612*E1612*G1612,IF(H1612,C1612*E1612*H1612,C1612*E1612))))))),2)","v":-0.09},"Sqm",{"$nulls":3},"SSR 20-21"]
[null,"Living room",1,"x",1,{"v":17.8,"d":"17.800"},{"v":0,"d":"0.000"},{"v":0.1,"d":"0.100"},1.78,"Sqm",{"$nulls":3},"SSR 20-21"]
[null,"Deduct door",1,"x",1,{"v":1,"d":"1.000"},{"v":0,"d":"0.000"},{"v":0.1,"d":"0.100"},{"$f":"-ROUND(IF(AND(F1614:H1614),C1614*E1614*F1614*G1614*H1614,IF(AND(F1614,G1614),C1614*E1614*F1614*G1614,IF(AND(F1614,H1614),C1614*E1614*F1614*H1614,IF(AND(G1614,H1614),C1614*E1614*G1614*H1614,IF(F1614,C1614*E1614*F1614,IF(G1614,C1614*E1614*G1614,IF(H1614,C1614*E1614*H1614,C1614*E1614))))))),2)","v":{"v":-0.1,"d":"-0.10"}},"Sqm",{"$nulls":3},"SSR 20-21"]
[null,"Deduct door",1,"x",1,{"v":0.9,"d":"0.900"},{"v":0,"d":"0.000"},{"v":0.1,"d":"0.100"},{"$f":"-ROUND(IF(AND(F1615:H1615),C1615*E1615*F1615*G1615*H1615,IF(AND(F1615,G1615),C1615*E1615*F1615*G1615,IF(AND(F1615,H1615),C1615*E1615*F1615*H1615,IF(AND(G1615,H1615),C1615*E1615*G1615*H1615,IF(F1615,C1615*E1615*F1615,IF(G1615,C1615*E1615*G1615,IF(H1615,C1615*E1615*H1615,C1615*E1615))))))),2)","v":-0.09},"Sqm",{"$nulls":3},"SSR 20-21"]
[null,"Deduct door",1,"x",1,{"v":0.75,"d":"0.750"},{"v":0,"d":"0.000"},{"v":0.1,"d":"0.100"},{"$f":"-ROUND(IF(AND(F1616:H1616),C1616*E1616*F1616*G1616*H1616,IF(AND(F1616,G1616),C1616*E1616*F1616*G1616,IF(AND(F1616,H1616),C1616*E1616*F1616*H1616,IF(AND(G1616,H1616),C1616*E1616*G1616*H1616,IF(F1616,C1616*E1616*F1616,IF(G1616,C1616*E1616*G1616,IF(H1616,C1616*E1616*H1616,C1616*E1616))))))),2)","v":-0.08},"Sqm",{"$nulls":3},"SSR 20-21"]
[null,"Deduct opening",1,"x",1,{"v":1.05,"d":"1.050"},{"v":0,"d":"0.000"},{"v":0.1,"d":"0.100"},{"$f":"-ROUND(IF(AND(F1617:H1617),C1617*E1617*F1617*G1617*H1617,IF(AND(F1617,G1617),C1617*E1617*F1617*G1617,IF(AND(F1617,H1617),C1617*E1617*F1617*H1617,IF(AND(G1617,H1617),C1617*E1617*G1617*H1617,IF(F1617,C1617*E1617*F1617,IF(G1617,C1617*E1617*G1617,IF(H1617,C1617*E1617*H1617,C1617*E1617))))))),2)","v":-0.11},"Sqm",{"$nulls":3},"SSR 20-21"]
[null,"Bed room",1,"x",1,{"v":10.6,"d":"10.600"},{"v":0,"d":"0.000"},{"v":0.1,"d":"0.100"},1.06,"Sqm",{"$nulls":3},"SSR 20-21"]
[null,"Deduct door",1,"x",1,{"v":0.9,"d":"0.900"},{"v":0,"d":"0.000"},{"v":0.1,"d":"0.100"},{"$f":"-ROUND(IF(AND(F1619:H1619),C1619*E1619*F1619*G1619*H1619,IF(AND(F1619,G1619),C1619*E1619*F1619*G1619,IF(AND(F1619,H1619),C1619*E1619*F1619*H1619,IF(AND(G1619,H1619),C1619*E1619*G1619*H1619,IF(F1619,C1619*E1619*F1619,IF(G1619,C1619*E1619*G1619,IF(H1619,C1619*E1619*H1619,C1619*E1619))))))),2)","v":-0.09},"Sqm",{"$nulls":3},"SSR 20-21"]
[null,"Wash basin room",1,"x",1,{"v":2.85,"d":"2.850"},{"v":0,"d":"0.000"},{"v":0.1,"d":"0.100"},{"$f":"ROUND(IF(AND(F1620:H1620),C1620*E1620*F1620*G1620*H1620,IF(AND(F1620,G1620),C1620*E1620*F1620*G1620,IF(AND(F1620,H1620),C1620*E1620*F1620*H1620,IF(AND(G1620,H1620),C1620*E1620*G1620*H1620,IF(F1620,C1620*E1620*F1620,IF(G1620,C1620*E1620*G1620,IF(H1620,C1620*E1620*H1620,C1620*E1620))))))),2)","v":0.29},"Sqm",{"$nulls":3},"SSR 20-21"]
[null,"Kitchen room",1,"x",1,{"v":8.8,"d":"8.800"},{"v":0,"d":"0.000"},{"v":0.1,"d":"0.100"},{"$f":"ROUND(IF(AND(F1621:H1621),C1621*E1621*F1621*G1621*H1621,IF(AND(F1621,G1621),C1621*E1621*F1621*G1621,IF(AND(F1621,H1621),C1621*E1621*F1621*H1621,IF(AND(G1621,H1621),C1621*E1621*G1621*H1621,IF(F1621,C1621*E1621*F1621,IF(G1621,C1621*E1621*G1621,IF(H1621,C1621*E1621*H1621,C1621*E1621))))))),2)","v":0.88},"Sqm",{"$nulls":3},"SSR 20-21"]
[null,"Deduct door",1,"x",1,{"v":0.9,"d":"0.900"},{"v":0,"d":"0.000"},{"v":0.1,"d":"0.100"},{"$f":"-ROUND(IF(AND(F1622:H1622),C1622*E1622*F1622*G1622*H1622,IF(AND(F1622,G1622),C1622*E1622*F1622*G1622,IF(AND(F1622,H1622),C1622*E1622*F1622*H1622,IF(AND(G1622,H1622),C1622*E1622*G1622*H1622,IF(F1622,C1622*E1622*F1622,IF(G1622,C1622*E1622*G1622,IF(H1622,C1622*E1622*H1622,C1622*E1622))))))),2)","v":-0.09},"Sqm",{"$nulls":3},"SSR 20-21"]
[null,"Deduct door",1,"x",1,{"v":0.75,"d":"0.750"},{"v":0,"d":"0.000"},{"v":0.1,"d":"0.100"},{"$f":"-ROUND(IF(AND(F1623:H1623),C1623*E1623*F1623*G1623*H1623,IF(AND(F1623,G1623),C1623*E1623*F1623*G1623,IF(AND(F1623,H1623),C1623*E1623*F1623*H1623,IF(AND(G1623,H1623),C1623*E1623*G1623*H1623,IF(F1623,C1623*E1623*F1623,IF(G1623,C1623*E1623*G1623,IF(H1623,C1623*E1623*H1623,C1623*E1623))))))),2)","v":-0.08},"Sqm",{"$nulls":3},"SSR 20-21"]
[{"$nulls":13},"SSR 20-21"]
[{"$nulls":9},"Sqm",{"$f":"data!E1615","v":{"v":1015.1,"d":"1015.10"}},"SSR 20-21",{"$f":"ROUND(I1625*K1625,0)","v":{"v":0,"d":"0.00"}},"SSR 20-21"]
[26,"Providing Skirting to internal walls to 15cm height / risers of steps with Porcelain Vitrified tiles length equal to flooring stones, set over base coat of CM (1:5) 12mm thick with Cement slurry of honey like consistency spread @ 3.30 Kgs per Sqm & jointed with white Cement paste mixed with pigment of matching shade to full depth, including c/c of materials like Cement, Sand and Water and tiles etc complete for finished item of work ",{"$nulls":11},"SSR 21-22"]
[null,"Qty.p.43 of M.B.No.790/A/ZP/19",{"$nulls":11},"SSR 21-22"]
[null,"Hall",1,"x",1,{"v":20.7,"d":"20.700"},{"v":0,"d":"0.000"},{"v":0.1,"d":"0.100"},{"$f":"ROUND(IF(AND(F1628:H1628),C1628*E1628*F1628*G1628*H1628,IF(AND(F1628,G1628),C1628*E1628*F1628*G1628,IF(AND(F1628,H1628),C1628*E1628*F1628*H1628,IF(AND(G1628,H1628),C1628*E1628*G1628*H1628,IF(F1628,C1628*E1628*F1628,IF(G1628,C1628*E1628*G1628,IF(H1628,C1628*E1628*H1628,C1628*E1628))))))),2)","v":2.07},"Sqm",{"$nulls":3},"SSR 21-22"]
[null,"Staircase sides",1,"x",1,{"v":10.52,"d":"10.520"},{"v":0,"d":"0.000"},{"v":0.1,"d":"0.100"},{"$f":"ROUND(IF(AND(F1629:H1629),C1629*E1629*F1629*G1629*H1629,IF(AND(F1629,G1629),C1629*E1629*F1629*G1629,IF(AND(F1629,H1629),C1629*E1629*F1629*H1629,IF(AND(G1629,H1629),C1629*E1629*G1629*H1629,IF(F1629,C1629*E1629*F1629,IF(G1629,C1629*E1629*G1629,IF(H1629,C1629*E1629*H1629,C1629*E1629))))))),2)","v":1.05},"Sqm",{"$nulls":3},"SSR 21-22"]
[null,"Verandah",1,"x",1,{"v":7.6,"d":"7.600"},{"v":0,"d":"0.000"},{"v":0.1,"d":"0.100"},{"$f":"ROUND(IF(AND(F1630:H1630),C1630*E1630*F1630*G1630*H1630,IF(AND(F1630,G1630),C1630*E1630*F1630*G1630,IF(AND(F1630,H1630),C1630*E1630*F1630*H1630,IF(AND(G1630,H1630),C1630*E1630*G1630*H1630,IF(F1630,C1630*E1630*F1630,IF(G1630,C1630*E1630*G1630,IF(H1630,C1630*E1630*H1630,C1630*E1630))))))),2)","v":0.76},"Sqm",{"$nulls":3},"SSR 21-22"]
[{"$nulls":13},"SSR 21-22"]
[{"$nulls":9},"Sqm",{"$f":"data!E2532","v":1036.32},"SSR 21-22",{"$f":"ROUND(I1632*K1632,0)","v":{"v":0,"d":"0.00"}},"SSR 21-22"]
[23,"Providing Skirting to internal walls to 15cm height / risers of steps with Porcelain Vitrified tiles length equal to flooring stones, set over base coat of CM (1:5) 12mm thick with Cement slurry of honey like consistency spread @ 3.30 Kgs per Sqm & jointed with white Cement paste mixed with pigment of matching shade to full depth, including c/c of materials like Cement, Sand and Water and tiles etc complete for finished item of work ",{"$nulls":11},"SSR 22-23"]
[null,"Qty.p.35 to 37 of M.B.No.103/A/ZP/22",null,"06.10.2023",{"$nulls":9},"SSR 22-23"]
[null,"Examination room",1,"x",1,{"v":11.06,"d":"11.060"},{"v":0,"d":"0.000"},{"v":0.1,"d":"0.100"},{"$f":"ROUND(IF(AND(F1635:H1635),C1635*E1635*F1635*G1635*H1635,IF(AND(F1635,G1635),C1635*E1635*F1635*G1635,IF(AND(F1635,H1635),C1635*E1635*F1635*H1635,IF(AND(G1635,H1635),C1635*E1635*G1635*H1635,IF(F1635,C1635*E1635*F1635,IF(G1635,C1635*E1635*G1635,IF(H1635,C1635*E1635*H1635,C1635*E1635))))))),2)","v":1.11},"Sqm",{"$nulls":3},"SSR 22-23"]
[null,"Lab and store room",1,"x",1,{"v":10,"d":"10.000"},{"v":0,"d":"0.000"},{"v":0.1,"d":"0.100"},{"v":1,"d":"1.00"},"Sqm",{"$nulls":3},"SSR 22-23"]
[null,"Bed room",1,"x",1,{"v":11.02,"d":"11.020"},{"v":0,"d":"0.000"},{"v":0.1,"d":"0.100"},{"v":1.1,"d":"1.10"},"Sqm",{"$nulls":3},"SSR 22-23"]
[null,"Kitchen",1,"x",1,{"v":8.86,"d":"8.860"},{"v":0,"d":"0.000"},{"v":0.1,"d":"0.100"},0.89,"Sqm",{"$nulls":3},"SSR 22-23"]
[null,"clinic and lobby",1,"x",1,{"v":19.48,"d":"19.480"},{"v":0,"d":"0.000"},{"v":0.1,"d":"0.100"},1.95,"Sqm",{"$nulls":3},"SSR 22-23"]
[null,"Living room",1,"x",1,{"v":18.28,"d":"18.280"},{"v":0,"d":"0.000"},{"v":0.1,"d":"0.100"},1.83,"Sqm",{"$nulls":3},"SSR 22-23"]
[null,"Platform walls",2,"x",2,{"v":0.6,"d":"0.600"},{"v":0,"d":"0.000"},{"v":0.1,"d":"0.100"},0.24,"Sqm",{"$nulls":3},"SSR 22-23"]
[null,null,1,"x",2,{"v":0.5,"d":"0.500"},{"v":0,"d":"0.000"},{"v":0.1,"d":"0.100"},{"v":0.1,"d":"0.10"},"Sqm",{"$nulls":3},"SSR 22-23"]
[null,null,1,"x",2,{"v":0.5,"d":"0.500"},{"v":0,"d":"0.000"},{"v":0.1,"d":"0.100"},{"v":0.1,"d":"0.10"},"Sqm",{"$nulls":3},"SSR 22-23"]
[null,"Laboratory room E.Wall",1,"x",2,{"v":0.58,"d":"0.580"},{"v":0,"d":"0.000"},{"v":0.1,"d":"0.100"},0.12,"Sqm",{"$nulls":3},"SSR 22-23"]
[null,"Infront of tiolet front",1,"x",1,{"v":1.15,"d":"1.150"},{"v":0,"d":"0.000"},{"v":0.1,"d":"0.100"},0.12,"Sqm",{"$nulls":3},"SSR 22-23"]
[null,null,1,"x",2,{"v":0.8,"d":"0.800"},{"v":0,"d":"0.000"},{"v":0.1,"d":"0.100"},0.16,"Sqm",{"$nulls":3},"SSR 22-23"]
[null,"Deduct door",1,"x",1,{"v":1.2,"d":"1.200"},{"v":0,"d":"0.000"},{"v":0.1,"d":"0.100"},{"$f":"-ROUND(IF(AND(F1647:H1647),C1647*E1647*F1647*G1647*H1647,IF(AND(F1647,G1647),C1647*E1647*F1647*G1647,IF(AND(F1647,H1647),C1647*E1647*F1647*H1647,IF(AND(G1647,H1647),C1647*E1647*G1647*H1647,IF(F1647,C1647*E1647*F1647,IF(G1647,C1647*E1647*G1647,IF(H1647,C1647*E1647*H1647,C1647*E1647))))))),2)","v":-0.12},"Sqm",{"$nulls":3},"SSR 22-23"]
[null,"Deduct door",1,"x",2,{"v":0.9,"d":"0.900"},{"v":0,"d":"0.000"},{"v":0.1,"d":"0.100"},{"$f":"-ROUND(IF(AND(F1648:H1648),C1648*E1648*F1648*G1648*H1648,IF(AND(F1648,G1648),C1648*E1648*F1648*G1648,IF(AND(F1648,H1648),C1648*E1648*F1648*H1648,IF(AND(G1648,H1648),C1648*E1648*G1648*H1648,IF(F1648,C1648*E1648*F1648,IF(G1648,C1648*E1648*G1648,IF(H1648,C1648*E1648*H1648,C1648*E1648))))))),2)","v":-0.18},"Sqm",{"$nulls":3},"SSR 22-23"]
[null,"Deduct door",2,"x",2,{"v":0.9,"d":"0.900"},{"v":0,"d":"0.000"},{"v":0.1,"d":"0.100"},{"$f":"-ROUND(IF(AND(F1649:H1649),C1649*E1649*F1649*G1649*H1649,IF(AND(F1649,G1649),C1649*E1649*F1649*G1649,IF(AND(F1649,H1649),C1649*E1649*F1649*H1649,IF(AND(G1649,H1649),C1649*E1649*G1649*H1649,IF(F1649,C1649*E1649*F1649,IF(G1649,C1649*E1649*G1649,IF(H1649,C1649*E1649*H1649,C1649*E1649))))))),2)","v":-0.36},"Sqm",{"$nulls":3},"SSR 22-23"]
[null,"Deduct door",1,"x",1,{"v":0.78,"d":"0.780"},{"v":0,"d":"0.000"},{"v":0.1,"d":"0.100"},{"$f":"-ROUND(IF(AND(F1650:H1650),C1650*E1650*F1650*G1650*H1650,IF(AND(F1650,G1650),C1650*E1650*F1650*G1650,IF(AND(F1650,H1650),C1650*E1650*F1650*H1650,IF(AND(G1650,H1650),C1650*E1650*G1650*H1650,IF(F1650,C1650*E1650*F1650,IF(G1650,C1650*E1650*G1650,IF(H1650,C1650*E1650*H1650,C1650*E1650))))))),2)","v":-0.08},"Sqm",{"$nulls":3},"SSR 22-23"]
[null,"Deduct door",1,"x",1,{"v":0.9,"d":"0.900"},{"v":0,"d":"0.000"},{"v":0.1,"d":"0.100"},{"$f":"-ROUND(IF(AND(F1651:H1651),C1651*E1651*F1651*G1651*H1651,IF(AND(F1651,G1651),C1651*E1651*F1651*G1651,IF(AND(F1651,H1651),C1651*E1651*F1651*H1651,IF(AND(G1651,H1651),C1651*E1651*G1651*H1651,IF(F1651,C1651*E1651*F1651,IF(G1651,C1651*E1651*G1651,IF(H1651,C1651*E1651*H1651,C1651*E1651))))))),2)","v":-0.09},"Sqm",{"$nulls":3},"SSR 22-23"]
[{"$nulls":13},"SSR 22-23"]
[{"$nulls":9},"Sqm",{"$f":"data!E3449","v":1062.03},"SSR 22-23",{"$f":"ROUND(I1653*K1653,0)","v":{"v":0,"d":"0.00"}},"SSR 22-23"]
[21,"Flooring with high polished granite 16 to 18 mm mm thick slabs other than black set over base coat of cement mortar (1:8), 20 mm thick over CC bed already laid or RCC roof slab, including neat cement slurry of honey like consistency spread @ 3.3.kgs per sqm & jointed neatly with white cement paste mixed with pigment of matching shade to full depth, including cost of all materials like cement, sand water and tilesetc., complete, including seigniorage charges, labour charges for dressing of tilesetc., complete for finished item of work, but excluding the cost of conveyance of all materials",{"$nulls":11},"SSR 19-20"]
[null,"Qty.p.12 to 14 of M.B.No.111/A/ZP/22",{"$nulls":11},"SSR 19-20"]
[null,"Examination room",1,"x",1,{"v":2.7,"d":"2.700"},{"v":2.7,"d":"2.700"},{"v":0,"d":"0.000"},{"$f":"ROUND(IF(AND(F1656:H1656),C1656*E1656*F1656*G1656*H1656,IF(AND(F1656,G1656),C1656*E1656*F1656*G1656,IF(AND(F1656,H1656),C1656*E1656*F1656*H1656,IF(AND(G1656,H1656),C1656*E1656*G1656*H1656,IF(F1656,C1656*E1656*F1656,IF(G1656,C1656*E1656*G1656,IF(H1656,C1656*E1656*H1656,C1656*E1656))))))),2)","v":7.29},"Sqm",{"$nulls":3},"SSR 19-20"]
[null,"Deduct platform walls",1,"x",2,{"v":0.5,"d":"0.500"},{"v":0.15,"d":"0.150"},{"v":0,"d":"0.000"},{"$f":"-ROUND(IF(AND(F1657:H1657),C1657*E1657*F1657*G1657*H1657,IF(AND(F1657,G1657),C1657*E1657*F1657*G1657,IF(AND(F1657,H1657),C1657*E1657*F1657*H1657,IF(AND(G1657,H1657),C1657*E1657*G1657*H1657,IF(F1657,C1657*E1657*F1657,IF(G1657,C1657*E1657*G1657,IF(H1657,C1657*E1657*H1657,C1657*E1657))))))),2)","v":-0.15},"Sqm",{"$nulls":3},"SSR 19-20"]
[null,"Lab and store room",1,"x",1,{"v":2.2,"d":"2.200"},{"v":2.7,"d":"2.700"},{"v":0,"d":"0.000"},{"$f":"ROUND(IF(AND(F1658:H1658),C1658*E1658*F1658*G1658*H1658,IF(AND(F1658,G1658),C1658*E1658*F1658*G1658,IF(AND(F1658,H1658),C1658*E1658*F1658*H1658,IF(AND(G1658,H1658),C1658*E1658*G1658*H1658,IF(F1658,C1658*E1658*F1658,IF(G1658,C1658*E1658*G1658,IF(H1658,C1658*E1658*H1658,C1658*E1658))))))),2)","v":5.94},"Sqm",{"$nulls":3},"SSR 19-20"]
[null,"Deduct platform walls",1,"x",3,{"v":0.5,"d":"0.500"},{"v":0.15,"d":"0.150"},{"v":0,"d":"0.000"},{"$f":"-ROUND(IF(AND(F1659:H1659),C1659*E1659*F1659*G1659*H1659,IF(AND(F1659,G1659),C1659*E1659*F1659*G1659,IF(AND(F1659,H1659),C1659*E1659*F1659*H1659,IF(AND(G1659,H1659),C1659*E1659*G1659*H1659,IF(F1659,C1659*E1659*F1659,IF(G1659,C1659*E1659*G1659,IF(H1659,C1659*E1659*H1659,C1659*E1659))))))),2)","v":-0.23},"Sqm",{"$nulls":3},"SSR 19-20"]
[null,"Bed room",1,"x",1,{"v":2.7,"d":"2.700"},{"v":2.7,"d":"2.700"},{"v":0,"d":"0.000"},7.29,"Sqm",{"$nulls":3},"SSR 19-20"]
[null,"Kitchen",1,"x",1,{"v":1.6,"d":"1.600"},{"v":2.7,"d":"2.700"},{"v":0,"d":"0.000"},4.32,"Sqm",{"$nulls":3},"SSR 19-20"]
[null,"Deduct platform walls",1,"x",3,{"v":0.4,"d":"0.400"},{"v":0.15,"d":"0.150"},{"v":0,"d":"0.000"},{"$f":"-ROUND(IF(AND(F1662:H1662),C1662*E1662*F1662*G1662*H1662,IF(AND(F1662,G1662),C1662*E1662*F1662*G1662,IF(AND(F1662,H1662),C1662*E1662*F1662*H1662,IF(AND(G1662,H1662),C1662*E1662*G1662*H1662,IF(F1662,C1662*E1662*F1662,IF(G1662,C1662*E1662*G1662,IF(H1662,C1662*E1662*H1662,C1662*E1662))))))),2)","v":-0.18},"Sqm",{"$nulls":3},"SSR 19-20"]
[null,"at tiolet",1,"x",1,{"v":1.32,"d":"1.320"},{"v":1.05,"d":"1.050"},{"v":0,"d":"0.000"},1.39,"Sqm",{"$nulls":3},"SSR 19-20"]
[null,null,1,"x",1,{"v":1.32,"d":"1.320"},{"v":1.1,"d":"1.100"},{"v":0,"d":"0.000"},1.45,"Sqm",{"$nulls":3},"SSR 19-20"]
[null,"clinic and lobby",1,"x",1,{"v":6.65,"d":"6.650"},{"v":2.95,"d":"2.950"},{"v":0,"d":"0.000"},19.62,"Sqm",{"$nulls":3},"SSR 19-20"]
[null,"Living room",1,"x",1,{"v":6.1,"d":"6.100"},{"v":2.95,"d":"2.950"},{"v":0,"d":"0.000"},{"v":18,"d":"18.00"},"Sqm",{"$nulls":3},"SSR 19-20"]
[null,"Verandah",1,"x",1,{"v":3.7,"d":"3.700"},{"v":1.2,"d":"1.200"},{"v":0,"d":"0.000"},4.44,"Sqm",{"$nulls":3},"SSR 19-20"]
[null,null,1,"x",1,{"v":12.75,"d":"12.750"},{"v":1.2,"d":"1.200"},{"v":0,"d":"0.000"},{"v":15.3,"d":"15.30"},"Sqm",{"$nulls":3},"SSR 19-20"]
[null,"Medicine center",1,"x",1,{"v":2.65,"d":"2.650"},{"v":1.2,"d":"1.200"},{"v":0,"d":"0.000"},3.18,"Sqm",{"$nulls":3},"SSR 19-20"]
[{"$nulls":13},"SSR 19-20"]
[{"$nulls":9},"Sqm",{"$f":"data!E602","v":{"v":2828.1,"d":"2828.10"}},"SSR 19-20",{"$f":"ROUND(I1671*K1671,0)","v":{"v":0,"d":"0.00"}},"SSR 19-20"]
[25,"Flooring with high polished granite 16 to 18 mm mm thick slabs other than black set over base coat of cement mortar (1:8), 20 mm thick over CC bed already laid or RCC roof slab, including neat cement slurry of honey like consistency spread @ 3.3.kgs per sqm & jointed neatly with white cement paste mixed with pigment of matching shade to full depth, including cost of all materials like cement, sand water and tilesetc., complete, including seigniorage charges, labour charges for dressing of tilesetc., complete for finished item of work, but excluding the cost of conveyance of all materials",{"$nulls":11},"SSR 20-21"]
[null,"Qty.p.19 of M.B.No.113/A/ZP/20",{"$nulls":11},"SSR 20-21"]
[null,"Verandah steps",1,"x",2,{"v":1.4,"d":"1.400"},{"v":0.3,"d":"0.300"},{"v":0,"d":"0.000"},{"$f":"ROUND(IF(AND(F1674:H1674),C1674*E1674*F1674*G1674*H1674,IF(AND(F1674,G1674),C1674*E1674*F1674*G1674,IF(AND(F1674,H1674),C1674*E1674*F1674*H1674,IF(AND(G1674,H1674),C1674*E1674*G1674*H1674,IF(F1674,C1674*E1674*F1674,IF(G1674,C1674*E1674*G1674,IF(H1674,C1674*E1674*H1674,C1674*E1674))))))),2)","v":0.84},"Sqm",{"$nulls":3},"SSR 20-21"]
[null,"1st flight steps",1,"x",11,{"v":1.3,"d":"1.300"},{"v":0.3,"d":"0.300"},{"v":0,"d":"0.000"},4.29,"Sqm",{"$nulls":3},"SSR 20-21"]
[null,null,1,"x",1,{"v":1.35,"d":"1.350"},{"v":0.4,"d":"0.400"},{"v":0,"d":"0.000"},0.54,"Sqm",{"$nulls":3},"SSR 20-21"]
[null,"landing",1,"x",1,{"v":2.93,"d":"2.930"},{"v":0.85,"d":"0.850"},{"v":0,"d":"0.000"},2.49,"Sqm",{"$nulls":3},"SSR 20-21"]
[null,"2nd flight steps",1,"x",11,{"v":1.3,"d":"1.300"},{"v":0.3,"d":"0.300"},{"v":0,"d":"0.000"},4.29,"Sqm",{"$nulls":3},"SSR 20-21"]
[null,null,1,"x",1,{"v":1.3,"d":"1.300"},{"v":0.3,"d":"0.300"},{"v":0,"d":"0.000"},0.39,"Sqm",{"$nulls":3},"SSR 20-21"]
[{"$nulls":13},"SSR 20-21"]
[{"$nulls":9},"Sqm",{"$f":"data!E1519","v":2886.61},"SSR 20-21",{"$f":"ROUND(I1681*K1681,0)","v":{"v":0,"d":"0.00"}},"SSR 20-21"]
[27,"Flooring with high polished granite 16 to 18 mm mm thick slabs other than black set over base coat of cement mortar (1:8), 20 mm thick over CC bed already laid or RCC roof slab, including neat cement slurry of honey like consistency spread @ 3.3.kgs per sqm & jointed neatly with white cement paste mixed with pigment of matching shade to full depth, including cost of all materials like cement, sand water and tilesetc., complete, including seigniorage charges, labour charges for dressing of tilesetc., complete for finished item of work, but excluding the cost of conveyance of all materials",{"$nulls":11},"SSR 21-22"]
[null,"Qty.p.45 of M.B.No.790/A/ZP/19",{"$nulls":11},"SSR 21-22"]
[null,"1st flight steps",1,"x",11,{"v":1.32,"d":"1.320"},{"v":0.3,"d":"0.300"},{"v":0,"d":"0.000"},{"$f":"ROUND(IF(AND(F1684:H1684),C1684*E1684*F1684*G1684*H1684,IF(AND(F1684,G1684),C1684*E1684*F1684*G1684,IF(AND(F1684,H1684),C1684*E1684*F1684*H1684,IF(AND(G1684,H1684),C1684*E1684*G1684*H1684,IF(F1684,C1684*E1684*F1684,IF(G1684,C1684*E1684*G1684,IF(H1684,C1684*E1684*H1684,C1684*E1684))))))),2)","v":4.36},"Sqm",{"$nulls":3},"SSR 21-22"]
[null,null,1,"x",1,{"v":1.42,"d":"1.420"},{"v":0.56,"d":"0.560"},{"v":0,"d":"0.000"},{"$f":"ROUND(IF(AND(F1685:H1685),C1685*E1685*F1685*G1685*H1685,IF(AND(F1685,G1685),C1685*E1685*F1685*G1685,IF(AND(F1685,H1685),C1685*E1685*F1685*H1685,IF(AND(G1685,H1685),C1685*E1685*G1685*H1685,IF(F1685,C1685*E1685*F1685,IF(G1685,C1685*E1685*G1685,IF(H1685,C1685*E1685*H1685,C1685*E1685))))))),2)","v":{"v":0.8,"d":"0.80"}},"Sqm",{"$nulls":3},"SSR 21-22"]
[null,"2nd flight steps",1,"x",12,{"v":1.23,"d":"1.230"},{"v":0.3,"d":"0.300"},{"v":0,"d":"0.000"},{"$f":"ROUND(IF(AND(F1686:H1686),C1686*E1686*F1686*G1686*H1686,IF(AND(F1686,G1686),C1686*E1686*F1686*G1686,IF(AND(F1686,H1686),C1686*E1686*F1686*H1686,IF(AND(G1686,H1686),C1686*E1686*G1686*H1686,IF(F1686,C1686*E1686*F1686,IF(G1686,C1686*E1686*G1686,IF(H1686,C1686*E1686*H1686,C1686*E1686))))))),2)","v":4.43},"Sqm",{"$nulls":3},"SSR 21-22"]
[{"$nulls":13},"SSR 21-22"]
[{"$nulls":9},"Sqm",{"$f":"data!E2436","v":2942.62},"SSR 21-22",{"$f":"ROUND(I1688*K1688,0)","v":{"v":0,"d":"0.00"}},"SSR 21-22"]
[23,"Flooring with high polished granite 16 to 18 mm mm thick slabs other than black set over base coat of cement mortar (1:8), 20 mm thick over CC bed already laid or RCC roof slab, including neat cement slurry of honey like consistency spread @ 3.3.kgs per sqm & jointed neatly with white cement paste mixed with pigment of matching shade to full depth, including cost of all materials like cement, sand water and tilesetc., complete, including seigniorage charges, labour charges for dressing of tilesetc., complete for finished item of work, but excluding the cost of conveyance of all materials",{"$nulls":11},"SSR 22-23"]
[null,"Qty.p.12 to 14 of M.B.No.111/A/ZP/22",null,"07.12.2023",{"$nulls":9},"SSR 22-23"]
[null,"Examination room",1,"x",1,{"v":2.7,"d":"2.700"},{"v":2.7,"d":"2.700"},{"v":0,"d":"0.000"},{"$f":"ROUND(IF(AND(F1691:H1691),C1691*E1691*F1691*G1691*H1691,IF(AND(F1691,G1691),C1691*E1691*F1691*G1691,IF(AND(F1691,H1691),C1691*E1691*F1691*H1691,IF(AND(G1691,H1691),C1691*E1691*G1691*H1691,IF(F1691,C1691*E1691*F1691,IF(G1691,C1691*E1691*G1691,IF(H1691,C1691*E1691*H1691,C1691*E1691))))))),2)","v":7.29},"Sqm",{"$nulls":3},"SSR 22-23"]
[null,"Deduct platform walls",1,"x",2,{"v":0.5,"d":"0.500"},{"v":0.15,"d":"0.150"},{"v":0,"d":"0.000"},{"$f":"-ROUND(IF(AND(F1692:H1692),C1692*E1692*F1692*G1692*H1692,IF(AND(F1692,G1692),C1692*E1692*F1692*G1692,IF(AND(F1692,H1692),C1692*E1692*F1692*H1692,IF(AND(G1692,H1692),C1692*E1692*G1692*H1692,IF(F1692,C1692*E1692*F1692,IF(G1692,C1692*E1692*G1692,IF(H1692,C1692*E1692*H1692,C1692*E1692))))))),2)","v":-0.15},"Sqm",{"$nulls":3},"SSR 22-23"]
[null,"Lab and store room",1,"x",1,{"v":2.2,"d":"2.200"},{"v":2.7,"d":"2.700"},{"v":0,"d":"0.000"},{"$f":"ROUND(IF(AND(F1693:H1693),C1693*E1693*F1693*G1693*H1693,IF(AND(F1693,G1693),C1693*E1693*F1693*G1693,IF(AND(F1693,H1693),C1693*E1693*F1693*H1693,IF(AND(G1693,H1693),C1693*E1693*G1693*H1693,IF(F1693,C1693*E1693*F1693,IF(G1693,C1693*E1693*G1693,IF(H1693,C1693*E1693*H1693,C1693*E1693))))))),2)","v":5.94},"Sqm",{"$nulls":3},"SSR 22-23"]
[null,"Deduct platform walls",1,"x",3,{"v":0.5,"d":"0.500"},{"v":0.15,"d":"0.150"},{"v":0,"d":"0.000"},{"$f":"-ROUND(IF(AND(F1694:H1694),C1694*E1694*F1694*G1694*H1694,IF(AND(F1694,G1694),C1694*E1694*F1694*G1694,IF(AND(F1694,H1694),C1694*E1694*F1694*H1694,IF(AND(G1694,H1694),C1694*E1694*G1694*H1694,IF(F1694,C1694*E1694*F1694,IF(G1694,C1694*E1694*G1694,IF(H1694,C1694*E1694*H1694,C1694*E1694))))))),2)","v":-0.23},"Sqm",{"$nulls":3},"SSR 22-23"]
[null,"Bed room",1,"x",1,{"v":2.7,"d":"2.700"},{"v":2.7,"d":"2.700"},{"v":0,"d":"0.000"},{"$f":"ROUND(IF(AND(F1695:H1695),C1695*E1695*F1695*G1695*H1695,IF(AND(F1695,G1695),C1695*E1695*F1695*G1695,IF(AND(F1695,H1695),C1695*E1695*F1695*H1695,IF(AND(G1695,H1695),C1695*E1695*G1695*H1695,IF(F1695,C1695*E1695*F1695,IF(G1695,C1695*E1695*G1695,IF(H1695,C1695*E1695*H1695,C1695*E1695))))))),2)","v":7.29},"Sqm",{"$nulls":3},"SSR 22-23"]
[null,"Kitchen",1,"x",1,{"v":1.6,"d":"1.600"},{"v":2.7,"d":"2.700"},{"v":0,"d":"0.000"},4.32,"Sqm",{"$nulls":3},"SSR 22-23"]
[null,"Deduct platform walls",1,"x",3,{"v":0.4,"d":"0.400"},{"v":0.15,"d":"0.150"},{"v":0,"d":"0.000"},{"$f":"-ROUND(IF(AND(F1697:H1697),C1697*E1697*F1697*G1697*H1697,IF(AND(F1697,G1697),C1697*E1697*F1697*G1697,IF(AND(F1697,H1697),C1697*E1697*F1697*H1697,IF(AND(G1697,H1697),C1697*E1697*G1697*H1697,IF(F1697,C1697*E1697*F1697,IF(G1697,C1697*E1697*G1697,IF(H1697,C1697*E1697*H1697,C1697*E1697))))))),2)","v":-0.18},"Sqm",{"$nulls":3},"SSR 22-23"]
[null,"at tiolet",1,"x",1,{"v":1.32,"d":"1.320"},{"v":1.05,"d":"1.050"},{"v":0,"d":"0.000"},{"$f":"ROUND(IF(AND(F1698:H1698),C1698*E1698*F1698*G1698*H1698,IF(AND(F1698,G1698),C1698*E1698*F1698*G1698,IF(AND(F1698,H1698),C1698*E1698*F1698*H1698,IF(AND(G1698,H1698),C1698*E1698*G1698*H1698,IF(F1698,C1698*E1698*F1698,IF(G1698,C1698*E1698*G1698,IF(H1698,C1698*E1698*H1698,C1698*E1698))))))),2)","v":1.39},"Sqm",{"$nulls":3},"SSR 22-23"]
[null,null,1,"x",1,{"v":1.32,"d":"1.320"},{"v":1.1,"d":"1.100"},{"v":0,"d":"0.000"},1.45,"Sqm",{"$nulls":3},"SSR 22-23"]
[null,"clinic and lobby",1,"x",1,{"v":6.65,"d":"6.650"},{"v":2.95,"d":"2.950"},{"v":0,"d":"0.000"},19.62,"Sqm",{"$nulls":3},"SSR 22-23"]
[null,"Living room",1,"x",1,{"v":6.1,"d":"6.100"},{"v":2.95,"d":"2.950"},{"v":0,"d":"0.000"},{"v":18,"d":"18.00"},"Sqm",{"$nulls":3},"SSR 22-23"]
[null,"Verandah",1,"x",1,{"v":3.7,"d":"3.700"},{"v":1.2,"d":"1.200"},{"v":0,"d":"0.000"},4.44,"Sqm",{"$nulls":3},"SSR 22-23"]
[null,null,1,"x",1,{"v":12.75,"d":"12.750"},{"v":1.2,"d":"1.200"},{"v":0,"d":"0.000"},{"v":15.3,"d":"15.30"},"Sqm",{"$nulls":3},"SSR 22-23"]
[null,"Medicine center",1,"x",1,{"v":2.65,"d":"2.650"},{"v":1.2,"d":"1.200"},{"v":0,"d":"0.000"},3.18,"Sqm",{"$nulls":3},"SSR 22-23"]
[{"$nulls":13},"SSR 22-23"]
[{"$nulls":8},{"$f":"SUM(I1691:I1705)","v":{"v":87.66000000000001,"d":"87.66"}},"Sqm",{"$f":"data!E3353","v":3115.07},"SSR 22-23",{"$f":"ROUND(I1706*K1706,0)","v":{"v":273067,"d":"273067.00"}},"SSR 22-23"]
[22,"Providing skirting to internal walls to 15 cm height/risers of steps with 16-18 mm thick  polished granite stone length equal to flooring stones, set over base coat of CM (1:3) 12 mm thick with cement slurry of honey like consistency spread at the rate of 3.30 kgs per sqm and jointed with white cement paste mixed with pigment of matching shade to full depth, including cost of all materials like tiles, cement, sand and water etc., complete including seigniorage charges, etc., complete for finished item of work",{"$nulls":11},"SSR 19-20"]
[null,"Qty.p.14 to 16 of M.B.No.111/A/ZP/22",{"$nulls":11},"SSR 19-20"]
[null,"Examination room",1,"x",1,{"v":10.8,"d":"10.800"},{"v":0,"d":"0.000"},{"v":0.1,"d":"0.100"},{"$f":"ROUND(IF(AND(F1709:H1709),C1709*E1709*F1709*G1709*H1709,IF(AND(F1709,G1709),C1709*E1709*F1709*G1709,IF(AND(F1709,H1709),C1709*E1709*F1709*H1709,IF(AND(G1709,H1709),C1709*E1709*G1709*H1709,IF(F1709,C1709*E1709*F1709,IF(G1709,C1709*E1709*G1709,IF(H1709,C1709*E1709*H1709,C1709*E1709))))))),2)","v":1.08},"Sqm",{"$nulls":3},"SSR 19-20"]
[null,"Lab and store room",1,"x",1,{"v":9.8,"d":"9.800"},{"v":0,"d":"0.000"},{"v":0.1,"d":"0.100"},0.98,"Sqm",{"$nulls":3},"SSR 19-20"]
[null,"Bed room",1,"x",1,{"v":10.8,"d":"10.800"},{"v":0,"d":"0.000"},{"v":0.1,"d":"0.100"},1.08,"Sqm",{"$nulls":3},"SSR 19-20"]
[null,"Kitchen",1,"x",1,{"v":8.6,"d":"8.600"},{"v":0,"d":"0.000"},{"v":0.1,"d":"0.100"},0.86,"Sqm",{"$nulls":3},"SSR 19-20"]
[null,"Clinic room",1,"x",1,{"v":19.2,"d":"19.200"},{"v":0,"d":"0.000"},{"v":0.1,"d":"0.100"},1.92,"Sqm",{"$nulls":3},"SSR 19-20"]
[null,"Living room",1,"x",1,{"v":18.1,"d":"18.100"},{"v":0,"d":"0.000"},{"v":0.1,"d":"0.100"},1.81,"Sqm",{"$nulls":3},"SSR 19-20"]
[null,"for platform",1,"x",2,{"v":0.6,"d":"0.600"},{"v":0,"d":"0.000"},{"v":0.1,"d":"0.100"},0.12,"Sqm",{"$nulls":3},"SSR 19-20"]
[null,null,1,"x",2,{"v":0.5,"d":"0.500"},{"v":0,"d":"0.000"},{"v":0.1,"d":"0.100"},{"v":0.1,"d":"0.10"},"Sqm",{"$nulls":3},"SSR 19-20"]
[null,null,1,"x",3,{"v":0.35,"d":"0.350"},{"v":0,"d":"0.000"},{"v":0.1,"d":"0.100"},0.11,"Sqm",{"$nulls":3},"SSR 19-20"]
[null,"Deduct door",1,"x",2,{"v":1.2,"d":"1.200"},{"v":0,"d":"0.000"},{"v":0.1,"d":"0.100"},{"$f":"-ROUND(IF(AND(F1718:H1718),C1718*E1718*F1718*G1718*H1718,IF(AND(F1718,G1718),C1718*E1718*F1718*G1718,IF(AND(F1718,H1718),C1718*E1718*F1718*H1718,IF(AND(G1718,H1718),C1718*E1718*G1718*H1718,IF(F1718,C1718*E1718*F1718,IF(G1718,C1718*E1718*G1718,IF(H1718,C1718*E1718*H1718,C1718*E1718))))))),2)","v":-0.24},"Sqm",{"$nulls":3},"SSR 19-20"]
[null,"Deduct door",2,"x",2,{"v":1.05,"d":"1.050"},{"v":0,"d":"0.000"},{"v":0.1,"d":"0.100"},{"$f":"-ROUND(IF(AND(F1719:H1719),C1719*E1719*F1719*G1719*H1719,IF(AND(F1719,G1719),C1719*E1719*F1719*G1719,IF(AND(F1719,H1719),C1719*E1719*F1719*H1719,IF(AND(G1719,H1719),C1719*E1719*G1719*H1719,IF(F1719,C1719*E1719*F1719,IF(G1719,C1719*E1719*G1719,IF(H1719,C1719*E1719*H1719,C1719*E1719))))))),2)","v":-0.42},"Sqm",{"$nulls":3},"SSR 19-20"]
[null,"Deduct door",1,"x",1,{"v":1.05,"d":"1.050"},{"v":0,"d":"0.000"},{"v":0.1,"d":"0.100"},-0.11,"Sqm",{"$nulls":3},"SSR 19-20"]
[null,"Deduct door",1,"x",2,{"v":1,"d":"1.000"},{"v":0,"d":"0.000"},{"v":0.1,"d":"0.100"},{"v":-0.2,"d":"-0.20"},"Sqm",{"$nulls":3},"SSR 19-20"]
[null,"Deduct door",2,"x",2,{"v":0.9,"d":"0.900"},{"v":0,"d":"0.000"},{"v":0.1,"d":"0.100"},-0.36,"Sqm",{"$nulls":3},"SSR 19-20"]
[{"$nulls":13},"SSR 19-20"]
[{"$nulls":9},"Sqm",{"$f":"data!E621","v":2667.63},"SSR 19-20",{"$f":"ROUND(I1724*K1724,0)","v":{"v":0,"d":"0.00"}},"SSR 19-20"]
[27,"Providing skirting to internal walls to 15 cm height/risers of steps with 16-18 mm thick  polished granite tiles length equal to flooring stones, set over base coat of CM (1:3) 12 mm thick with cement slurry of honey like consistency spread at the rate of 3.30 kgs per sqm and jointed with white cement paste mixed with pigment of matching shade to full depth, including cost of all materials like tiles, cement, sand and water etc., complete including seigniorage charges, etc., complete for finished item of work",{"$nulls":11},"SSR 20-21"]
[null,"Qty.p.46 of M.B.No.108/A/ZP/20",{"$nulls":11},"SSR 20-21"]
[null,"GF 1st flight raisers",1,"x",11,{"v":1.32,"d":"1.320"},{"v":0.15,"d":"0.150"},{"v":0,"d":"0.000"},{"$f":"ROUND(IF(AND(F1727:H1727),C1727*E1727*F1727*G1727*H1727,IF(AND(F1727,G1727),C1727*E1727*F1727*G1727,IF(AND(F1727,H1727),C1727*E1727*F1727*H1727,IF(AND(G1727,H1727),C1727*E1727*G1727*H1727,IF(F1727,C1727*E1727*F1727,IF(G1727,C1727*E1727*G1727,IF(H1727,C1727*E1727*H1727,C1727*E1727))))))),2)","v":2.18},"Sqm",{"$nulls":3},"SSR 20-21"]
[null,"2nd flight raisers",1,"x",12,{"v":1.23,"d":"1.230"},{"v":0.15,"d":"0.150"},{"v":0,"d":"0.000"},{"$f":"ROUND(IF(AND(F1728:H1728),C1728*E1728*F1728*G1728*H1728,IF(AND(F1728,G1728),C1728*E1728*F1728*G1728,IF(AND(F1728,H1728),C1728*E1728*F1728*H1728,IF(AND(G1728,H1728),C1728*E1728*G1728*H1728,IF(F1728,C1728*E1728*F1728,IF(G1728,C1728*E1728*G1728,IF(H1728,C1728*E1728*H1728,C1728*E1728))))))),2)","v":2.21},"Sqm",{"$nulls":3},"SSR 20-21"]
[null,"Qty.p.47 of M.B.No.108/A/ZP/20",{"$nulls":11},"SSR 20-21"]
[null,"1st flight sides",1,"x",11,{"v":0.4,"d":"0.400"},{"v":0,"d":"0.000"},{"v":0.14,"d":"0.140"},{"$f":"ROUND(IF(AND(F1730:H1730),C1730*E1730*F1730*G1730*H1730,IF(AND(F1730,G1730),C1730*E1730*F1730*G1730,IF(AND(F1730,H1730),C1730*E1730*F1730*H1730,IF(AND(G1730,H1730),C1730*E1730*G1730*H1730,IF(F1730,C1730*E1730*F1730,IF(G1730,C1730*E1730*G1730,IF(H1730,C1730*E1730*H1730,C1730*E1730))))))),2)","v":0.62},"Sqm",{"$nulls":3},"SSR 20-21"]
[null,null,1,"x",1,{"v":0.5,"d":"0.500"},{"v":0,"d":"0.000"},{"v":0.14,"d":"0.140"},{"$f":"ROUND(IF(AND(F1731:H1731),C1731*E1731*F1731*G1731*H1731,IF(AND(F1731,G1731),C1731*E1731*F1731*G1731,IF(AND(F1731,H1731),C1731*E1731*F1731*H1731,IF(AND(G1731,H1731),C1731*E1731*G1731*H1731,IF(F1731,C1731*E1731*F1731,IF(G1731,C1731*E1731*G1731,IF(H1731,C1731*E1731*H1731,C1731*E1731))))))),2)","v":0.07},"Sqm",{"$nulls":3},"SSR 20-21"]
[null,"2nd flight",1,"x",1,{"v":4.65,"d":"4.650"},{"v":0,"d":"0.000"},{"v":0.14,"d":"0.140"},{"$f":"ROUND(IF(AND(F1732:H1732),C1732*E1732*F1732*G1732*H1732,IF(AND(F1732,G1732),C1732*E1732*F1732*G1732,IF(AND(F1732,H1732),C1732*E1732*F1732*H1732,IF(AND(G1732,H1732),C1732*E1732*G1732*H1732,IF(F1732,C1732*E1732*F1732,IF(G1732,C1732*E1732*G1732,IF(H1732,C1732*E1732*H1732,C1732*E1732))))))),2)","v":0.65},"Sqm",{"$nulls":3},"SSR 20-21"]
[null,null,1,"x",12,{"v":0.4,"d":"0.400"},{"v":0,"d":"0.000"},{"v":0.14,"d":"0.140"},{"$f":"ROUND(IF(AND(F1733:H1733),C1733*E1733*F1733*G1733*H1733,IF(AND(F1733,G1733),C1733*E1733*F1733*G1733,IF(AND(F1733,H1733),C1733*E1733*F1733*H1733,IF(AND(G1733,H1733),C1733*E1733*G1733*H1733,IF(F1733,C1733*E1733*F1733,IF(G1733,C1733*E1733*G1733,IF(H1733,C1733*E1733*H1733,C1733*E1733))))))),2)","v":0.67},"Sqm",{"$nulls":3},"SSR 20-21"]
[{"$nulls":13},"SSR 20-21"]
[{"$nulls":9},"Sqm",{"$f":"data!E1538","v":2708.07},"SSR 20-21",{"$f":"ROUND(I1735*K1735,0)","v":{"v":0,"d":"0.00"}},"SSR 20-21"]
[28,"Providing skirting to internal walls to 15 cm height/risers of steps with 16-18 mm thick  polished granite tiles length equal to flooring stones, set over base coat of CM (1:3) 12 mm thick with cement slurry of honey like consistency spread at the rate of 3.30 kgs per sqm and jointed with white cement paste mixed with pigment of matching shade to full depth, including cost of all materials like tiles, cement, sand and water etc., complete including seigniorage charges, etc., complete for finished item of work",{"$nulls":11},"SSR 21-22"]
[null,"Qty.p.46 of M.B.No.790/A/ZP/19",{"$nulls":11},"SSR 21-22"]
[null,"GF 1st flight raisers",1,"x",11,{"v":1.32,"d":"1.320"},{"v":0.15,"d":"0.150"},{"v":0,"d":"0.000"},{"$f":"ROUND(IF(AND(F1738:H1738),C1738*E1738*F1738*G1738*H1738,IF(AND(F1738,G1738),C1738*E1738*F1738*G1738,IF(AND(F1738,H1738),C1738*E1738*F1738*H1738,IF(AND(G1738,H1738),C1738*E1738*G1738*H1738,IF(F1738,C1738*E1738*F1738,IF(G1738,C1738*E1738*G1738,IF(H1738,C1738*E1738*H1738,C1738*E1738))))))),2)","v":2.18},"Sqm",{"$nulls":3},"SSR 21-22"]
[null,null,1,"x",1,{"v":0.5,"d":"0.500"},{"v":0,"d":"0.000"},{"v":0.14,"d":"0.140"},{"$f":"ROUND(IF(AND(F1739:H1739),C1739*E1739*F1739*G1739*H1739,IF(AND(F1739,G1739),C1739*E1739*F1739*G1739,IF(AND(F1739,H1739),C1739*E1739*F1739*H1739,IF(AND(G1739,H1739),C1739*E1739*G1739*H1739,IF(F1739,C1739*E1739*F1739,IF(G1739,C1739*E1739*G1739,IF(H1739,C1739*E1739*H1739,C1739*E1739))))))),2)","v":0.07},"Sqm",{"$nulls":3},"SSR 21-22"]
[null,"2nd flight",1,"x",1,{"v":4.65,"d":"4.650"},{"v":0,"d":"0.000"},{"v":0.14,"d":"0.140"},{"$f":"ROUND(IF(AND(F1740:H1740),C1740*E1740*F1740*G1740*H1740,IF(AND(F1740,G1740),C1740*E1740*F1740*G1740,IF(AND(F1740,H1740),C1740*E1740*F1740*H1740,IF(AND(G1740,H1740),C1740*E1740*G1740*H1740,IF(F1740,C1740*E1740*F1740,IF(G1740,C1740*E1740*G1740,IF(H1740,C1740*E1740*H1740,C1740*E1740))))))),2)","v":0.65},"Sqm",{"$nulls":3},"SSR 21-22"]
[null,null,1,"x",12,{"v":0.4,"d":"0.400"},{"v":0,"d":"0.000"},{"v":0.14,"d":"0.140"},{"$f":"ROUND(IF(AND(F1741:H1741),C1741*E1741*F1741*G1741*H1741,IF(AND(F1741,G1741),C1741*E1741*F1741*G1741,IF(AND(F1741,H1741),C1741*E1741*F1741*H1741,IF(AND(G1741,H1741),C1741*E1741*G1741*H1741,IF(F1741,C1741*E1741*F1741,IF(G1741,C1741*E1741*G1741,IF(H1741,C1741*E1741*H1741,C1741*E1741))))))),2)","v":0.67},"Sqm",{"$nulls":3},"SSR 21-22"]
[{"$nulls":13},"SSR 21-22"]
[{"$nulls":9},"Sqm",{"$f":"data!E2455","v":2747.34},"SSR 21-22",{"$f":"ROUND(I1743*K1743,0)","v":{"v":0,"d":"0.00"}},"SSR 21-22"]
[24,"Providing skirting to internal walls to 15 cm height/risers of steps with 16-18 mm thick  polished granite tiles length equal to flooring stones, set over base coat of CM (1:3) 12 mm thick with cement slurry of honey like consistency spread at the rate of 3.30 kgs per sqm and jointed with white cement paste mixed with pigment of matching shade to full depth, including cost of all materials like tiles, cement, sand and water etc., complete including seigniorage charges, etc., complete for finished item of work",{"$nulls":11},"SSR 22-23"]
[null,"Qty.p.14 to 16 of M.B.No.111/A/ZP/22",null,"07.12.2023",{"$nulls":9},"SSR 22-23"]
[null,"Examination room",1,"x",1,{"v":10.8,"d":"10.800"},{"v":0,"d":"0.000"},{"v":0.1,"d":"0.100"},{"$f":"ROUND(IF(AND(F1746:H1746),C1746*E1746*F1746*G1746*H1746,IF(AND(F1746,G1746),C1746*E1746*F1746*G1746,IF(AND(F1746,H1746),C1746*E1746*F1746*H1746,IF(AND(G1746,H1746),C1746*E1746*G1746*H1746,IF(F1746,C1746*E1746*F1746,IF(G1746,C1746*E1746*G1746,IF(H1746,C1746*E1746*H1746,C1746*E1746))))))),2)","v":1.08},"Sqm",{"$nulls":3},"SSR 22-23"]
[null,"Lab and store room",1,"x",1,{"v":9.8,"d":"9.800"},{"v":0,"d":"0.000"},{"v":0.1,"d":"0.100"},0.98,"Sqm",{"$nulls":3},"SSR 22-23"]
[null,"Bed room",1,"x",1,{"v":10.8,"d":"10.800"},{"v":0,"d":"0.000"},{"v":0.1,"d":"0.100"},1.08,"Sqm",{"$nulls":3},"SSR 22-23"]
[null,"Kitchen",1,"x",1,{"v":8.6,"d":"8.600"},{"v":0,"d":"0.000"},{"v":0.1,"d":"0.100"},0.86,"Sqm",{"$nulls":3},"SSR 22-23"]
[null,"Clinic room",1,"x",1,{"v":19.2,"d":"19.200"},{"v":0,"d":"0.000"},{"v":0.1,"d":"0.100"},1.92,"Sqm",{"$nulls":3},"SSR 22-23"]
[null,"Living room",1,"x",1,{"v":18.1,"d":"18.100"},{"v":0,"d":"0.000"},{"v":0.1,"d":"0.100"},1.81,"Sqm",{"$nulls":3},"SSR 22-23"]
[null,"for platform",1,"x",2,{"v":0.6,"d":"0.600"},{"v":0,"d":"0.000"},{"v":0.1,"d":"0.100"},0.12,"Sqm",{"$nulls":3},"SSR 22-23"]
[null,null,1,"x",2,{"v":0.5,"d":"0.500"},{"v":0,"d":"0.000"},{"v":0.1,"d":"0.100"},{"v":0.1,"d":"0.10"},"Sqm",{"$nulls":3},"SSR 22-23"]
[null,null,1,"x",3,{"v":0.35,"d":"0.350"},{"v":0,"d":"0.000"},{"v":0.1,"d":"0.100"},0.11,"Sqm",{"$nulls":3},"SSR 22-23"]
[null,"Deduct door",1,"x",2,{"v":1.2,"d":"1.200"},{"v":0,"d":"0.000"},{"v":0.1,"d":"0.100"},{"$f":"-ROUND(IF(AND(F1755:H1755),C1755*E1755*F1755*G1755*H1755,IF(AND(F1755,G1755),C1755*E1755*F1755*G1755,IF(AND(F1755,H1755),C1755*E1755*F1755*H1755,IF(AND(G1755,H1755),C1755*E1755*G1755*H1755,IF(F1755,C1755*E1755*F1755,IF(G1755,C1755*E1755*G1755,IF(H1755,C1755*E1755*H1755,C1755*E1755))))))),2)","v":-0.24},"Sqm",{"$nulls":3},"SSR 22-23"]
[null,"Deduct door",2,"x",2,{"v":1.05,"d":"1.050"},{"v":0,"d":"0.000"},{"v":0.1,"d":"0.100"},{"$f":"-ROUND(IF(AND(F1756:H1756),C1756*E1756*F1756*G1756*H1756,IF(AND(F1756,G1756),C1756*E1756*F1756*G1756,IF(AND(F1756,H1756),C1756*E1756*F1756*H1756,IF(AND(G1756,H1756),C1756*E1756*G1756*H1756,IF(F1756,C1756*E1756*F1756,IF(G1756,C1756*E1756*G1756,IF(H1756,C1756*E1756*H1756,C1756*E1756))))))),2)","v":-0.42},"Sqm",{"$nulls":3},"SSR 22-23"]
[null,"Deduct door",1,"x",1,{"v":1.05,"d":"1.050"},{"v":0,"d":"0.000"},{"v":0.1,"d":"0.100"},-0.11,"Sqm",{"$nulls":3},"SSR 22-23"]
[null,"Deduct door",1,"x",2,{"v":1,"d":"1.000"},{"v":0,"d":"0.000"},{"v":0.1,"d":"0.100"},{"v":-0.2,"d":"-0.20"},"Sqm",{"$nulls":3},"SSR 22-23"]
[null,"Deduct door",2,"x",2,{"v":0.9,"d":"0.900"},{"v":0,"d":"0.000"},{"v":0.1,"d":"0.100"},-0.36,"Sqm",{"$nulls":3},"SSR 22-23"]
[{"$nulls":13},"SSR 22-23"]
[{"$nulls":8},{"$f":"SUM(I1746:I1760)","v":{"v":6.7299999999999995,"d":"6.73"}},"Sqm",{"$f":"data!E3372","v":2905.43},"SSR 22-23",{"$f":"ROUND(I1761*K1761,0)","v":{"v":19554,"d":"19554.00"}},"SSR 22-23"]
[26,"Flooring with chequrred terrazzo tiles of 22 mm thick (medium shade) set over base coat of cement mortar (1:6) 12 mm thick over CC bed already laid or RCC roof slab, including near cement slurry of honey like consistency spread @ 3.3.kgs per sqm & jointed with neat cement to full depth mixed with pigment of matching shade including cost of all materials like cement, sand water and tiles etc., complete, including seigniorage charges, complete for finished item of work,",{"$nulls":11},"SSR 19-20"]
[null,null,1,"x",1,{"v":2.65,"d":"2.650"},{"v":0.53,"d":"0.530"},{"v":0,"d":"0.000"},{"$f":"ROUND(IF(AND(F1763:H1763),C1763*E1763*F1763*G1763*H1763,IF(AND(F1763,G1763),C1763*E1763*F1763*G1763,IF(AND(F1763,H1763),C1763*E1763*F1763*H1763,IF(AND(G1763,H1763),C1763*E1763*G1763*H1763,IF(F1763,C1763*E1763*F1763,IF(G1763,C1763*E1763*G1763,IF(H1763,C1763*E1763*H1763,C1763*E1763))))))),2)","v":{"v":1.4,"d":"1.40"}},"Sqm",{"$nulls":3},"SSR 19-20"]
[null,null,1,"x",1,{"v":2.65,"d":"2.650"},{"v":0.9,"d":"0.900"},{"v":0,"d":"0.000"},{"$f":"ROUND(IF(AND(F1764:H1764),C1764*E1764*F1764*G1764*H1764,IF(AND(F1764,G1764),C1764*E1764*F1764*G1764,IF(AND(F1764,H1764),C1764*E1764*F1764*H1764,IF(AND(G1764,H1764),C1764*E1764*G1764*H1764,IF(F1764,C1764*E1764*F1764,IF(G1764,C1764*E1764*G1764,IF(H1764,C1764*E1764*H1764,C1764*E1764))))))),2)","v":2.39},"Sqm",{"$nulls":3},"SSR 19-20"]
[null,"Steps godown",1,"x",4,{"v":2.5,"d":"2.500"},{"v":0.38,"d":"0.380"},{"v":0,"d":"0.000"},{"$f":"ROUND(IF(AND(F1765:H1765),C1765*E1765*F1765*G1765*H1765,IF(AND(F1765,G1765),C1765*E1765*F1765*G1765,IF(AND(F1765,H1765),C1765*E1765*F1765*H1765,IF(AND(G1765,H1765),C1765*E1765*G1765*H1765,IF(F1765,C1765*E1765*F1765,IF(G1765,C1765*E1765*G1765,IF(H1765,C1765*E1765*H1765,C1765*E1765))))))),2)","v":{"v":3.8,"d":"3.80"}},"Sqm",{"$nulls":3},"SSR 19-20"]
[null,"Staircase steps",1,"x",21,{"v":1.28,"d":"1.280"},{"v":0.3,"d":"0.300"},{"v":0,"d":"0.000"},{"$f":"ROUND(IF(AND(F1766:H1766),C1766*E1766*F1766*G1766*H1766,IF(AND(F1766,G1766),C1766*E1766*F1766*G1766,IF(AND(F1766,H1766),C1766*E1766*F1766*H1766,IF(AND(G1766,H1766),C1766*E1766*G1766*H1766,IF(F1766,C1766*E1766*F1766,IF(G1766,C1766*E1766*G1766,IF(H1766,C1766*E1766*H1766,C1766*E1766))))))),2)","v":8.06},"Sqm",{"$nulls":3},"SSR 19-20"]
[{"$nulls":13},"SSR 19-20"]
[{"$nulls":9},"Sqm",{"$f":"data!E642","v":605.58},"SSR 19-20",{"$f":"ROUND(I1768*K1768,0)","v":{"v":0,"d":"0.00"}},"SSR 19-20"]
[23,"Flooring with chequrred terrazzo tiles of 22 mm thick (medium shade) set over base coat of cement mortar (1:6) 12 mm thick over CC bed already laid or RCC roof slab, including near cement slurry of honey like consistency spread @ 3.3.kgs per sqm & jointed with neat cement to full depth mixed with pigment of matching shade including cost of all materials like cement, sand water and tiles etc., complete, including seigniorage charges, complete for finished item of work,",{"$nulls":11},"SSR 20-21"]
[null,"Qty.p.81 & 82 of M.B.No.790/A/ZP/19",null,"20.06.2021",{"$nulls":9},"SSR 20-21"]
[null,"Verandah flooring",1,"x",1,{"v":3.3,"d":"3.300"},{"v":1.2,"d":"1.200"},{"v":0,"d":"0.000"},{"$f":"ROUND(IF(AND(F1771:H1771),C1771*E1771*F1771*G1771*H1771,IF(AND(F1771,G1771),C1771*E1771*F1771*G1771,IF(AND(F1771,H1771),C1771*E1771*F1771*H1771,IF(AND(G1771,H1771),C1771*E1771*G1771*H1771,IF(F1771,C1771*E1771*F1771,IF(G1771,C1771*E1771*G1771,IF(H1771,C1771*E1771*H1771,C1771*E1771))))))),2)","v":3.96},"Sqm",{"$nulls":3},"SSR 20-21"]
[null,null,1,"x",1,{"v":9.6,"d":"9.600"},{"v":1.2,"d":"1.200"},{"v":0,"d":"0.000"},{"$f":"ROUND(IF(AND(F1772:H1772),C1772*E1772*F1772*G1772*H1772,IF(AND(F1772,G1772),C1772*E1772*F1772*G1772,IF(AND(F1772,H1772),C1772*E1772*F1772*H1772,IF(AND(G1772,H1772),C1772*E1772*G1772*H1772,IF(F1772,C1772*E1772*F1772,IF(G1772,C1772*E1772*G1772,IF(H1772,C1772*E1772*H1772,C1772*E1772))))))),2)","v":11.52},"Sqm",{"$nulls":3},"SSR 20-21"]
[null,"Ramp flooring",1,"x",1,{"v":4,"d":"4.000"},{"v":1.2,"d":"1.200"},{"v":0,"d":"0.000"},{"v":4.8,"d":"4.80"},"Sqm",{"$nulls":3},"SSR 20-21"]
[null,"Living room steps treads",1,"x",3,{"v":1.15,"d":"1.150"},{"v":0.3,"d":"0.300"},{"v":0,"d":"0.000"},1.04,"Sqm",{"$nulls":3},"SSR 20-21"]
[null,"Kitchen steps treads",1,"x",5,{"v":1.05,"d":"1.050"},{"v":0.3,"d":"0.300"},{"v":0,"d":"0.000"},1.58,"Sqm",{"$nulls":3},"SSR 20-21"]
[{"$nulls":13},"SSR 20-21"]
[{"$nulls":9},"Sqm",{"$f":"data!E1559","v":646.33},"SSR 20-21",{"$f":"ROUND(I1777*K1777,0)","v":{"v":0,"d":"0.00"}},"SSR 20-21"]
[26,"Flooring with chequrred terrazzo tiles of 22 mm thick (medium shade) set over base coat of cement mortar (1:6) 12 mm thick over CC bed already laid or RCC roof slab, including near cement slurry of honey like consistency spread @ 3.3.kgs per sqm & jointed with neat cement to full depth mixed with pigment of matching shade including cost of all materials like cement, sand water and tiles etc., complete, including seigniorage charges, complete for finished item of work,",{"$nulls":11},"SSR 21-22"]
[null,null,1,"x",1,{"v":2.65,"d":"2.650"},{"v":0.53,"d":"0.530"},{"v":0,"d":"0.000"},{"$f":"ROUND(IF(AND(F1779:H1779),C1779*E1779*F1779*G1779*H1779,IF(AND(F1779,G1779),C1779*E1779*F1779*G1779,IF(AND(F1779,H1779),C1779*E1779*F1779*H1779,IF(AND(G1779,H1779),C1779*E1779*G1779*H1779,IF(F1779,C1779*E1779*F1779,IF(G1779,C1779*E1779*G1779,IF(H1779,C1779*E1779*H1779,C1779*E1779))))))),2)","v":{"v":1.4,"d":"1.40"}},"Sqm",{"$nulls":3},"SSR 21-22"]
[null,null,1,"x",1,{"v":2.65,"d":"2.650"},{"v":0.9,"d":"0.900"},{"v":0,"d":"0.000"},{"$f":"ROUND(IF(AND(F1780:H1780),C1780*E1780*F1780*G1780*H1780,IF(AND(F1780,G1780),C1780*E1780*F1780*G1780,IF(AND(F1780,H1780),C1780*E1780*F1780*H1780,IF(AND(G1780,H1780),C1780*E1780*G1780*H1780,IF(F1780,C1780*E1780*F1780,IF(G1780,C1780*E1780*G1780,IF(H1780,C1780*E1780*H1780,C1780*E1780))))))),2)","v":2.39},"Sqm",{"$nulls":3},"SSR 21-22"]
[null,"Steps godown",1,"x",4,{"v":2.5,"d":"2.500"},{"v":0.38,"d":"0.380"},{"v":0,"d":"0.000"},{"$f":"ROUND(IF(AND(F1781:H1781),C1781*E1781*F1781*G1781*H1781,IF(AND(F1781,G1781),C1781*E1781*F1781*G1781,IF(AND(F1781,H1781),C1781*E1781*F1781*H1781,IF(AND(G1781,H1781),C1781*E1781*G1781*H1781,IF(F1781,C1781*E1781*F1781,IF(G1781,C1781*E1781*G1781,IF(H1781,C1781*E1781*H1781,C1781*E1781))))))),2)","v":{"v":3.8,"d":"3.80"}},"Sqm",{"$nulls":3},"SSR 21-22"]
[null,"Staircase steps",1,"x",21,{"v":1.28,"d":"1.280"},{"v":0.3,"d":"0.300"},{"v":0,"d":"0.000"},{"$f":"ROUND(IF(AND(F1782:H1782),C1782*E1782*F1782*G1782*H1782,IF(AND(F1782,G1782),C1782*E1782*F1782*G1782,IF(AND(F1782,H1782),C1782*E1782*F1782*H1782,IF(AND(G1782,H1782),C1782*E1782*G1782*H1782,IF(F1782,C1782*E1782*F1782,IF(G1782,C1782*E1782*G1782,IF(H1782,C1782*E1782*H1782,C1782*E1782))))))),2)","v":8.06},"Sqm",{"$nulls":3},"SSR 21-22"]
[{"$nulls":13},"SSR 21-22"]
[{"$nulls":9},"Sqm",{"$f":"data!E2476","v":653.95},"SSR 21-22",{"$f":"ROUND(I1784*K1784,0)","v":{"v":0,"d":"0.00"}},"SSR 21-22"]
[26,"Flooring with chequrred terrazzo tiles of 22 mm thick (medium shade) set over base coat of cement mortar (1:6) 12 mm thick over CC bed already laid or RCC roof slab, including near cement slurry of honey like consistency spread @ 3.3.kgs per sqm & jointed with neat cement to full depth mixed with pigment of matching shade including cost of all materials like cement, sand water and tiles etc., complete, including seigniorage charges, complete for finished item of work,",{"$nulls":11},"SSR 22-23"]
[null,null,1,"x",1,{"v":2.65,"d":"2.650"},{"v":0.53,"d":"0.530"},{"v":0,"d":"0.000"},{"$f":"ROUND(IF(AND(F1786:H1786),C1786*E1786*F1786*G1786*H1786,IF(AND(F1786,G1786),C1786*E1786*F1786*G1786,IF(AND(F1786,H1786),C1786*E1786*F1786*H1786,IF(AND(G1786,H1786),C1786*E1786*G1786*H1786,IF(F1786,C1786*E1786*F1786,IF(G1786,C1786*E1786*G1786,IF(H1786,C1786*E1786*H1786,C1786*E1786))))))),2)","v":{"v":1.4,"d":"1.40"}},"Sqm",{"$nulls":3},"SSR 22-23"]
[null,null,1,"x",1,{"v":2.65,"d":"2.650"},{"v":0.9,"d":"0.900"},{"v":0,"d":"0.000"},{"$f":"ROUND(IF(AND(F1787:H1787),C1787*E1787*F1787*G1787*H1787,IF(AND(F1787,G1787),C1787*E1787*F1787*G1787,IF(AND(F1787,H1787),C1787*E1787*F1787*H1787,IF(AND(G1787,H1787),C1787*E1787*G1787*H1787,IF(F1787,C1787*E1787*F1787,IF(G1787,C1787*E1787*G1787,IF(H1787,C1787*E1787*H1787,C1787*E1787))))))),2)","v":2.39},"Sqm",{"$nulls":3},"SSR 22-23"]
[null,"Steps godown",1,"x",4,{"v":2.5,"d":"2.500"},{"v":0.38,"d":"0.380"},{"v":0,"d":"0.000"},{"$f":"ROUND(IF(AND(F1788:H1788),C1788*E1788*F1788*G1788*H1788,IF(AND(F1788,G1788),C1788*E1788*F1788*G1788,IF(AND(F1788,H1788),C1788*E1788*F1788*H1788,IF(AND(G1788,H1788),C1788*E1788*G1788*H1788,IF(F1788,C1788*E1788*F1788,IF(G1788,C1788*E1788*G1788,IF(H1788,C1788*E1788*H1788,C1788*E1788))))))),2)","v":{"v":3.8,"d":"3.80"}},"Sqm",{"$nulls":3},"SSR 22-23"]
[null,"Staircase steps",1,"x",21,{"v":1.28,"d":"1.280"},{"v":0.3,"d":"0.300"},{"v":0,"d":"0.000"},{"$f":"ROUND(IF(AND(F1789:H1789),C1789*E1789*F1789*G1789*H1789,IF(AND(F1789,G1789),C1789*E1789*F1789*G1789,IF(AND(F1789,H1789),C1789*E1789*F1789*H1789,IF(AND(G1789,H1789),C1789*E1789*G1789*H1789,IF(F1789,C1789*E1789*F1789,IF(G1789,C1789*E1789*G1789,IF(H1789,C1789*E1789*H1789,C1789*E1789))))))),2)","v":8.06},"Sqm",{"$nulls":3},"SSR 22-23"]
[{"$nulls":13},"SSR 22-23"]
[{"$nulls":9},"Sqm",{"$f":"data!E3393","v":{"v":744.7,"d":"744.70"}},"SSR 22-23",{"$f":"ROUND(I1791*K1791,0)","v":{"v":0,"d":"0.00"}},"SSR 22-23"]
[27,"Providing skirting to internal walls to 15 cm height/risers of steps with chequrred terrazzo tiles length equal to flooring stones, set over base coat of CM (1:5) 12 mm thick with cement slurry of honey like consistency spread at the rate of 3.30 kgs per sqm and jointed with white cement paste mixed with pigment of matching shade to full depth, including cost of all materials like tiles, cement, sand and water etc., complete including seigniorage charges, etc., complete for finished item of work,",{"$nulls":11},"SSR 19-20"]
[null,"Qty.p.14 of M.B.No.790/A/ZP/19",{"$nulls":11},"SSR 19-20"]
[null,"Landing",1,"x",2,{"v":5.25,"d":"5.250"},{"v":0,"d":"0.000"},{"v":0.1,"d":"0.100"},{"$f":"ROUND(IF(AND(F1794:H1794),C1794*E1794*F1794*G1794*H1794,IF(AND(F1794,G1794),C1794*E1794*F1794*G1794,IF(AND(F1794,H1794),C1794*E1794*F1794*H1794,IF(AND(G1794,H1794),C1794*E1794*G1794*H1794,IF(F1794,C1794*E1794*F1794,IF(G1794,C1794*E1794*G1794,IF(H1794,C1794*E1794*H1794,C1794*E1794))))))),2)","v":1.05},"Sqm",{"$nulls":3},"SSR 19-20"]
[null,"Staircase steps",1,"x",22,{"v":1.28,"d":"1.280"},{"v":0,"d":"0.000"},{"v":0.15,"d":"0.150"},{"$f":"ROUND(IF(AND(F1795:H1795),C1795*E1795*F1795*G1795*H1795,IF(AND(F1795,G1795),C1795*E1795*F1795*G1795,IF(AND(F1795,H1795),C1795*E1795*F1795*H1795,IF(AND(G1795,H1795),C1795*E1795*G1795*H1795,IF(F1795,C1795*E1795*F1795,IF(G1795,C1795*E1795*G1795,IF(H1795,C1795*E1795*H1795,C1795*E1795))))))),2)","v":4.22},"Sqm",{"$nulls":3},"SSR 19-20"]
[null,"Waiting room",1,"x",1,{"v":10.53,"d":"10.530"},{"v":0,"d":"0.000"},{"v":0.1,"d":"0.100"},{"$f":"ROUND(IF(AND(F1796:H1796),C1796*E1796*F1796*G1796*H1796,IF(AND(F1796,G1796),C1796*E1796*F1796*G1796,IF(AND(F1796,H1796),C1796*E1796*F1796*H1796,IF(AND(G1796,H1796),C1796*E1796*G1796*H1796,IF(F1796,C1796*E1796*F1796,IF(G1796,C1796*E1796*G1796,IF(H1796,C1796*E1796*H1796,C1796*E1796))))))),2)","v":1.05},"Sqm",{"$nulls":3},"SSR 19-20"]
[{"$nulls":13},"SSR 19-20"]
[{"$nulls":9},"Sqm",{"$f":"data!E660","v":623.67},"SSR 19-20",{"$f":"ROUND(I1798*K1798,0)","v":{"v":0,"d":"0.00"}},"SSR 19-20"]
[24,"Providing skirting to internal walls to 15 cm height/risers of steps with chequrred terrazzo tiles length equal to flooring stones, set over base coat of CM (1:5) 12 mm thick with cement slurry of honey like consistency spread at the rate of 3.30 kgs per sqm and jointed with white cement paste mixed with pigment of matching shade to full depth, including cost of all materials like tiles, cement, sand and water etc., complete including seigniorage charges, etc., complete for finished item of work,",{"$nulls":11},"SSR 20-21"]
[null,"Qty.p.82 & 83 of M.B.No.790/A/ZP/19",null,"20.06.2021",{"$nulls":9},"SSR 20-21"]
[null,"Verandah ",1,"x",1,{"v":15.5,"d":"15.500"},{"v":0,"d":"0.000"},{"v":0.1,"d":"0.100"},{"$f":"ROUND(IF(AND(F1801:H1801),C1801*E1801*F1801*G1801*H1801,IF(AND(F1801,G1801),C1801*E1801*F1801*G1801,IF(AND(F1801,H1801),C1801*E1801*F1801*H1801,IF(AND(G1801,H1801),C1801*E1801*G1801*H1801,IF(F1801,C1801*E1801*F1801,IF(G1801,C1801*E1801*G1801,IF(H1801,C1801*E1801*H1801,C1801*E1801))))))),2)","v":1.55},"Sqm",{"$nulls":3},"SSR 20-21"]
[null,"Living room steps",1,"x",4,{"v":1.15,"d":"1.150"},{"v":0,"d":"0.000"},{"v":0.15,"d":"0.150"},{"$f":"ROUND(IF(AND(F1802:H1802),C1802*E1802*F1802*G1802*H1802,IF(AND(F1802,G1802),C1802*E1802*F1802*G1802,IF(AND(F1802,H1802),C1802*E1802*F1802*H1802,IF(AND(G1802,H1802),C1802*E1802*G1802*H1802,IF(F1802,C1802*E1802*F1802,IF(G1802,C1802*E1802*G1802,IF(H1802,C1802*E1802*H1802,C1802*E1802))))))),2)","v":0.69},"Sqm",{"$nulls":3},"SSR 20-21"]
[null,"Kitchen room steps",1,"x",4,{"v":1.05,"d":"1.050"},{"v":0,"d":"0.000"},{"v":0.15,"d":"0.150"},0.63,"Sqm",{"$nulls":3},"SSR 20-21"]
[{"$nulls":13},"SSR 20-21"]
[{"$nulls":9},"Sqm",{"$f":"data!E1577","v":{"v":651.8,"d":"651.80"}},"SSR 20-21",{"$f":"ROUND(I1805*K1805,0)","v":{"v":0,"d":"0.00"}},"SSR 20-21"]
[27,"Providing skirting to internal walls to 15 cm height/risers of steps with chequrred terrazzo tiles length equal to flooring stones, set over base coat of CM (1:5) 12 mm thick with cement slurry of honey like consistency spread at the rate of 3.30 kgs per sqm and jointed with white cement paste mixed with pigment of matching shade to full depth, including cost of all materials like tiles, cement, sand and water etc., complete including seigniorage charges, etc., complete for finished item of work,",{"$nulls":11},"SSR 21-22"]
[null,"Qty.p.14 of M.B.No.790/A/ZP/19",{"$nulls":11},"SSR 21-22"]
[null,"Landing",1,"x",2,{"v":5.25,"d":"5.250"},{"v":0,"d":"0.000"},{"v":0.1,"d":"0.100"},{"$f":"ROUND(IF(AND(F1808:H1808),C1808*E1808*F1808*G1808*H1808,IF(AND(F1808,G1808),C1808*E1808*F1808*G1808,IF(AND(F1808,H1808),C1808*E1808*F1808*H1808,IF(AND(G1808,H1808),C1808*E1808*G1808*H1808,IF(F1808,C1808*E1808*F1808,IF(G1808,C1808*E1808*G1808,IF(H1808,C1808*E1808*H1808,C1808*E1808))))))),2)","v":1.05},"Sqm",{"$nulls":3},"SSR 21-22"]
[null,"Staircase steps",1,"x",22,{"v":1.28,"d":"1.280"},{"v":0,"d":"0.000"},{"v":0.15,"d":"0.150"},{"$f":"ROUND(IF(AND(F1809:H1809),C1809*E1809*F1809*G1809*H1809,IF(AND(F1809,G1809),C1809*E1809*F1809*G1809,IF(AND(F1809,H1809),C1809*E1809*F1809*H1809,IF(AND(G1809,H1809),C1809*E1809*G1809*H1809,IF(F1809,C1809*E1809*F1809,IF(G1809,C1809*E1809*G1809,IF(H1809,C1809*E1809*H1809,C1809*E1809))))))),2)","v":4.22},"Sqm",{"$nulls":3},"SSR 21-22"]
[null,"Waiting room",1,"x",1,{"v":10.53,"d":"10.530"},{"v":0,"d":"0.000"},{"v":0.1,"d":"0.100"},{"$f":"ROUND(IF(AND(F1810:H1810),C1810*E1810*F1810*G1810*H1810,IF(AND(F1810,G1810),C1810*E1810*F1810*G1810,IF(AND(F1810,H1810),C1810*E1810*F1810*H1810,IF(AND(G1810,H1810),C1810*E1810*G1810*H1810,IF(F1810,C1810*E1810*F1810,IF(G1810,C1810*E1810*G1810,IF(H1810,C1810*E1810*H1810,C1810*E1810))))))),2)","v":1.05},"Sqm",{"$nulls":3},"SSR 21-22"]
[{"$nulls":13},"SSR 21-22"]
[{"$nulls":9},"Sqm",{"$f":"data!E2494","v":673.02},"SSR 21-22",{"$f":"ROUND(I1812*K1812,0)","v":{"v":0,"d":"0.00"}},"SSR 21-22"]
[27,"Providing skirting to internal walls to 15 cm height/risers of steps with chequrred terrazzo tiles length equal to flooring stones, set over base coat of CM (1:5) 12 mm thick with cement slurry of honey like consistency spread at the rate of 3.30 kgs per sqm and jointed with white cement paste mixed with pigment of matching shade to full depth, including cost of all materials like tiles, cement, sand and water etc., complete including seigniorage charges, etc., complete for finished item of work,",{"$nulls":11},"SSR 22-23"]
[null,"Qty.p.14 of M.B.No.790/A/ZP/19",{"$nulls":11},"SSR 22-23"]
[null,"Landing",1,"x",2,{"v":5.25,"d":"5.250"},{"v":0,"d":"0.000"},{"v":0.1,"d":"0.100"},{"$f":"ROUND(IF(AND(F1815:H1815),C1815*E1815*F1815*G1815*H1815,IF(AND(F1815,G1815),C1815*E1815*F1815*G1815,IF(AND(F1815,H1815),C1815*E1815*F1815*H1815,IF(AND(G1815,H1815),C1815*E1815*G1815*H1815,IF(F1815,C1815*E1815*F1815,IF(G1815,C1815*E1815*G1815,IF(H1815,C1815*E1815*H1815,C1815*E1815))))))),2)","v":1.05},"Sqm",{"$nulls":3},"SSR 22-23"]
[null,"Staircase steps",1,"x",22,{"v":1.28,"d":"1.280"},{"v":0,"d":"0.000"},{"v":0.15,"d":"0.150"},{"$f":"ROUND(IF(AND(F1816:H1816),C1816*E1816*F1816*G1816*H1816,IF(AND(F1816,G1816),C1816*E1816*F1816*G1816,IF(AND(F1816,H1816),C1816*E1816*F1816*H1816,IF(AND(G1816,H1816),C1816*E1816*G1816*H1816,IF(F1816,C1816*E1816*F1816,IF(G1816,C1816*E1816*G1816,IF(H1816,C1816*E1816*H1816,C1816*E1816))))))),2)","v":4.22},"Sqm",{"$nulls":3},"SSR 22-23"]
[null,"Waiting room",1,"x",1,{"v":10.53,"d":"10.530"},{"v":0,"d":"0.000"},{"v":0.1,"d":"0.100"},{"$f":"ROUND(IF(AND(F1817:H1817),C1817*E1817*F1817*G1817*H1817,IF(AND(F1817,G1817),C1817*E1817*F1817*G1817,IF(AND(F1817,H1817),C1817*E1817*F1817*H1817,IF(AND(G1817,H1817),C1817*E1817*G1817*H1817,IF(F1817,C1817*E1817*F1817,IF(G1817,C1817*E1817*G1817,IF(H1817,C1817*E1817*H1817,C1817*E1817))))))),2)","v":1.05},"Sqm",{"$nulls":3},"SSR 22-23"]
[{"$nulls":13},"SSR 22-23"]
[{"$nulls":9},"Sqm",{"$f":"data!E3411","v":750.18},"SSR 22-23",{"$f":"ROUND(I1819*K1819,0)","v":{"v":0,"d":"0.00"}},"SSR 22-23"]
[26,"Flooring with Ceramic non skid tiles of not less than 7-8mm thick 1st quality laid over floor bed / VRCC slab set over base coat of CM (1:8), 12mm thick and neat grey Cement slurry of honey like consistency spread @ 3.30 Kgs per Sqm & jointed with neat white Cement paste to full depth mixed with pigment of matching shade including c/c of all materials to site including cost of mixing of mortar and watering and levelling to proper slope and curing including all labour charges etc for finished item of work  ",{"$nulls":11},"SSR 19-20"]
[null,"Qty.p.16 of M.B.No.111/A/ZP/22",{"$nulls":11},"SSR 19-20"]
[null,"for tiolet",1,"x",1,{"v":1.45,"d":"1.450"},{"v":1.45,"d":"1.450"},{"v":0,"d":"0.000"},{"$f":"ROUND(IF(AND(F1822:H1822),C1822*E1822*F1822*G1822*H1822,IF(AND(F1822,G1822),C1822*E1822*F1822*G1822,IF(AND(F1822,H1822),C1822*E1822*F1822*H1822,IF(AND(G1822,H1822),C1822*E1822*G1822*H1822,IF(F1822,C1822*E1822*F1822,IF(G1822,C1822*E1822*G1822,IF(H1822,C1822*E1822*H1822,C1822*E1822))))))),2)","v":{"v":2.1,"d":"2.10"}},"Sqm",{"$nulls":3},"SSR 19-20"]
[null,null,1,"x",1,{"v":1.45,"d":"1.450"},{"v":1.45,"d":"1.450"},{"v":0,"d":"0.000"},{"v":2.1,"d":"2.10"},"Sqm",{"$nulls":3},"SSR 19-20"]
[{"$nulls":13},"SSR 19-20"]
[{"$nulls":9},"Sqm",{"$f":"data!E716","v":726.78},"SSR 19-20",{"$f":"ROUND(I1825*K1825,0)","v":{"v":0,"d":"0.00"}},"SSR 19-20"]
[26,"Flooring with Ceramic non skid tiles of not less than 7-8mm thick 1st quality laid over floor bed / VRCC slab set over base coat of CM (1:8), 12mm thick and neat grey Cement slurry of honey like consistency spread @ 3.30 Kgs per Sqm & jointed with neat white Cement paste to full depth mixed with pigment of matching shade including c/c of all materials to site including cost of mixing of mortar and watering and levelling to proper slope and curing including all labour charges etc for finished item of work  ",{"$nulls":11},"SSR 20-21"]
[null,"Qty.p.17 of M.B.No.113/A/ZP/20",{"$nulls":11},"SSR 20-21"]
[null,"verandah",1,"x",1,{"v":9,"d":"9.000"},{"v":2.45,"d":"2.450"},{"v":0,"d":"0.000"},{"$f":"ROUND(IF(AND(F1828:H1828),C1828*E1828*F1828*G1828*H1828,IF(AND(F1828,G1828),C1828*E1828*F1828*G1828,IF(AND(F1828,H1828),C1828*E1828*F1828*H1828,IF(AND(G1828,H1828),C1828*E1828*G1828*H1828,IF(F1828,C1828*E1828*F1828,IF(G1828,C1828*E1828*G1828,IF(H1828,C1828*E1828*H1828,C1828*E1828))))))),2)","v":22.05},"Sqm",{"$nulls":3},"SSR 20-21"]
[{"$nulls":13},"SSR 20-21"]
[{"$nulls":9},"Sqm",{"$f":"data!E1633","v":754.91},"SSR 20-21",{"$f":"ROUND(I1830*K1830,0)","v":{"v":0,"d":"0.00"}},"SSR 20-21"]
[26,"Flooring with Ceramic non skid tiles of not less than 7-8mm thick 1st quality laid over floor bed / VRCC slab set over base coat of CM (1:8), 12mm thick and neat grey Cement slurry of honey like consistency spread @ 3.30 Kgs per Sqm & jointed with neat white Cement paste to full depth mixed with pigment of matching shade including c/c of all materials to site including cost of mixing of mortar and watering and levelling to proper slope and curing including all labour charges etc for finished item of work  ",{"$nulls":11},"SSR 21-22"]
[null,"Qty.p.31 of M.B.No.790/A/ZP/19",{"$nulls":11},"SSR 21-22"]
[null,"verandah",1,"x",1,{"v":5.56,"d":"5.560"},{"v":3.05,"d":"3.050"},{"v":0,"d":"0.000"},{"$f":"ROUND(IF(AND(F1833:H1833),C1833*E1833*F1833*G1833*H1833,IF(AND(F1833,G1833),C1833*E1833*F1833*G1833,IF(AND(F1833,H1833),C1833*E1833*F1833*H1833,IF(AND(G1833,H1833),C1833*E1833*G1833*H1833,IF(F1833,C1833*E1833*F1833,IF(G1833,C1833*E1833*G1833,IF(H1833,C1833*E1833*H1833,C1833*E1833))))))),2)","v":16.96},"Sqm",{"$nulls":3},"SSR 21-22"]
[null,"ramp",1,"x",1,{"v":3.2,"d":"3.200"},{"v":1.5,"d":"1.500"},{"v":0,"d":"0.000"},{"$f":"ROUND(IF(AND(F1834:H1834),C1834*E1834*F1834*G1834*H1834,IF(AND(F1834,G1834),C1834*E1834*F1834*G1834,IF(AND(F1834,H1834),C1834*E1834*F1834*H1834,IF(AND(G1834,H1834),C1834*E1834*G1834*H1834,IF(F1834,C1834*E1834*F1834,IF(G1834,C1834*E1834*G1834,IF(H1834,C1834*E1834*H1834,C1834*E1834))))))),2)","v":{"v":4.8,"d":"4.80"}},"Sqm",{"$nulls":3},"SSR 21-22"]
[{"$nulls":13},"SSR 21-22"]
[{"$nulls":9},"Sqm",{"$f":"data!E2550","v":776.13},"SSR 21-22",{"$f":"ROUND(I1836*K1836,0)","v":{"v":0,"d":"0.00"}},"SSR 21-22"]
[24,"Flooring with Ceramic non skid tiles of not less than 7-8mm thick 1st quality laid over floor bed / VRCC slab set over base coat of CM (1:8), 12mm thick and neat grey Cement slurry of honey like consistency spread @ 3.30 Kgs per Sqm & jointed with neat white Cement paste to full depth mixed with pigment of matching shade including c/c of all materials to site including cost of mixing of mortar and watering and levelling to proper slope and curing including all labour charges etc for finished item of work  ",{"$nulls":11},"SSR 22-23"]
[null,"Qty.p.16 of M.B.No.111/A/ZP/22",null,"07.12.2023",{"$nulls":9},"SSR 22-23"]
[null,"for tiolet",1,"x",1,{"v":1.45,"d":"1.450"},{"v":1.45,"d":"1.450"},{"v":0,"d":"0.000"},{"$f":"ROUND(IF(AND(F1839:H1839),C1839*E1839*F1839*G1839*H1839,IF(AND(F1839,G1839),C1839*E1839*F1839*G1839,IF(AND(F1839,H1839),C1839*E1839*F1839*H1839,IF(AND(G1839,H1839),C1839*E1839*G1839*H1839,IF(F1839,C1839*E1839*F1839,IF(G1839,C1839*E1839*G1839,IF(H1839,C1839*E1839*H1839,C1839*E1839))))))),2)","v":{"v":2.1,"d":"2.10"}},"Sqm",{"$nulls":3},"SSR 22-23"]
[null,null,1,"x",1,{"v":1.45,"d":"1.450"},{"v":1.45,"d":"1.450"},{"v":0,"d":"0.000"},{"v":2.1,"d":"2.10"},"Sqm",{"$nulls":3},"SSR 22-23"]
[{"$nulls":13},"SSR 22-23"]
[{"$nulls":8},{"$f":"SUM(I1839:I1841)","v":{"v":4.2,"d":"4.20"}},"Sqm",{"$f":"data!E3467","v":801.83},"SSR 22-23",{"$f":"ROUND(I1842*K1842,0)","v":{"v":3368,"d":"3368.00"}},"SSR 22-23"]
[27,"Providing Daddooing to walls with 5 to 7mm thick Glazed Ceramic wall tiles of 1st quality of 6mm thick set over base coat of CM (1:3) 12mm thick with Cement slurry of honey like consistency spread @ 3.30 Kgs per Sqm & jointed with neat white Cement paste to full depth mixed with pigment of matching shade including c/c of all materials to site, cost of all materials like tiles, Cement, sand and water etc complete for finished item of work  ",{"$nulls":11},"SSR 19-20"]
[null,"Qty.p.17 of M.B.No.111/A/ZP/22",{"$nulls":11},"SSR 19-20"]
[null,"tiolets",1,"x",1,{"v":5.8,"d":"5.800"},{"v":0,"d":"0.000"},{"v":1.75,"d":"1.750"},{"$f":"ROUND(IF(AND(F1845:H1845),C1845*E1845*F1845*G1845*H1845,IF(AND(F1845,G1845),C1845*E1845*F1845*G1845,IF(AND(F1845,H1845),C1845*E1845*F1845*H1845,IF(AND(G1845,H1845),C1845*E1845*G1845*H1845,IF(F1845,C1845*E1845*F1845,IF(G1845,C1845*E1845*G1845,IF(H1845,C1845*E1845*H1845,C1845*E1845))))))),2)","v":10.15},"Sqm",{"$nulls":3},"SSR 19-20"]
[null,null,1,"x",1,{"v":5.8,"d":"5.800"},{"v":0,"d":"0.000"},{"v":1.75,"d":"1.750"},10.15,"Sqm",{"$nulls":3},"SSR 19-20"]
[null,"Deduct door",1,"x",2,{"v":0.75,"d":"0.750"},{"v":0,"d":"0.000"},{"v":1.75,"d":"1.750"},{"$f":"-ROUND(IF(AND(F1847:H1847),C1847*E1847*F1847*G1847*H1847,IF(AND(F1847,G1847),C1847*E1847*F1847*G1847,IF(AND(F1847,H1847),C1847*E1847*F1847*H1847,IF(AND(G1847,H1847),C1847*E1847*G1847*H1847,IF(F1847,C1847*E1847*F1847,IF(G1847,C1847*E1847*G1847,IF(H1847,C1847*E1847*H1847,C1847*E1847))))))),2)","v":-2.63},"Sqm",{"$nulls":3},"SSR 19-20"]
[{"$nulls":13},"SSR 19-20"]
[{"$nulls":9},"Sqm",{"$f":"data!E733","v":487.61},"SSR 19-20",{"$f":"ROUND(I1849*K1849,0)","v":{"v":0,"d":"0.00"}},"SSR 19-20"]
[27,"Providing Daddooing to walls with 5 to 7mm thick Glazed Ceramic wall tiles of 1st quality of 6mm thick set over base coat of CM (1:3) 12mm thick with Cement slurry of honey like consistency spread @ 3.30 Kgs per Sqm & jointed with neat white Cement paste to full depth mixed with pigment of matching shade including c/c of all materials to site, cost of all materials like tiles, Cement, sand and water etc complete for finished item of work  ",{"$nulls":11},"SSR 20-21"]
[null,"Qty.p.8 of M.B.No.790/A/ZP/19",{"$nulls":11},"SSR 20-21"]
[null,"Front verandah ",1,"x",1,{"v":5.25,"d":"5.250"},{"v":0,"d":"0.000"},{"v":3.35,"d":"3.350"},{"$f":"ROUND(IF(AND(F1852:H1852),C1852*E1852*F1852*G1852*H1852,IF(AND(F1852,G1852),C1852*E1852*F1852*G1852,IF(AND(F1852,H1852),C1852*E1852*F1852*H1852,IF(AND(G1852,H1852),C1852*E1852*G1852*H1852,IF(F1852,C1852*E1852*F1852,IF(G1852,C1852*E1852*G1852,IF(H1852,C1852*E1852*H1852,C1852*E1852))))))),2)","v":17.59},"Sqm",{"$nulls":3},"SSR 20-21"]
[null,"Deduct beam",1,"x",1,{"v":1.6,"d":"1.600"},{"v":0,"d":"0.000"},{"v":1.3,"d":"1.300"},{"$f":"-ROUND(IF(AND(F1853:H1853),C1853*E1853*F1853*G1853*H1853,IF(AND(F1853,G1853),C1853*E1853*F1853*G1853,IF(AND(F1853,H1853),C1853*E1853*F1853*H1853,IF(AND(G1853,H1853),C1853*E1853*G1853*H1853,IF(F1853,C1853*E1853*F1853,IF(G1853,C1853*E1853*G1853,IF(H1853,C1853*E1853*H1853,C1853*E1853))))))),2)","v":-2.08},"Sqm",{"$nulls":3},"SSR 20-21"]
[null,null,1,"x",3,{"v":0.38,"d":"0.380"},{"v":0,"d":"0.000"},{"v":0.23,"d":"0.230"},{"$f":"-ROUND(IF(AND(F1854:H1854),C1854*E1854*F1854*G1854*H1854,IF(AND(F1854,G1854),C1854*E1854*F1854*G1854,IF(AND(F1854,H1854),C1854*E1854*F1854*H1854,IF(AND(G1854,H1854),C1854*E1854*G1854*H1854,IF(F1854,C1854*E1854*F1854,IF(G1854,C1854*E1854*G1854,IF(H1854,C1854*E1854*H1854,C1854*E1854))))))),2)","v":-0.26},"Sqm",{"$nulls":3},"SSR 20-21"]
[{"$nulls":13},"SSR 20-21"]
[{"$nulls":9},"Sqm",{"$f":"data!E1650","v":496.21},"SSR 20-21",{"$f":"ROUND(I1856*K1856,0)","v":{"v":0,"d":"0.00"}},"SSR 20-21"]
[27,"Providing Daddooing to walls with 5 to 7mm thick Glazed Ceramic wall tiles of 1st quality of 6mm thick set over base coat of CM (1:3) 12mm thick with Cement slurry of honey like consistency spread @ 3.30 Kgs per Sqm & jointed with neat white Cement paste to full depth mixed with pigment of matching shade including c/c of all materials to site, cost of all materials like tiles, Cement, sand and water etc complete for finished item of work  ",{"$nulls":11},"SSR 21-22"]
[null,"Qty.p.8 of M.B.No.790/A/ZP/19",{"$nulls":11},"SSR 21-22"]
[null,"Front verandah ",1,"x",1,{"v":5.25,"d":"5.250"},{"v":0,"d":"0.000"},{"v":3.35,"d":"3.350"},{"$f":"ROUND(IF(AND(F1859:H1859),C1859*E1859*F1859*G1859*H1859,IF(AND(F1859,G1859),C1859*E1859*F1859*G1859,IF(AND(F1859,H1859),C1859*E1859*F1859*H1859,IF(AND(G1859,H1859),C1859*E1859*G1859*H1859,IF(F1859,C1859*E1859*F1859,IF(G1859,C1859*E1859*G1859,IF(H1859,C1859*E1859*H1859,C1859*E1859))))))),2)","v":17.59},"Sqm",{"$nulls":3},"SSR 21-22"]
[null,"Deduct beam",1,"x",1,{"v":1.6,"d":"1.600"},{"v":0,"d":"0.000"},{"v":1.3,"d":"1.300"},{"$f":"-ROUND(IF(AND(F1860:H1860),C1860*E1860*F1860*G1860*H1860,IF(AND(F1860,G1860),C1860*E1860*F1860*G1860,IF(AND(F1860,H1860),C1860*E1860*F1860*H1860,IF(AND(G1860,H1860),C1860*E1860*G1860*H1860,IF(F1860,C1860*E1860*F1860,IF(G1860,C1860*E1860*G1860,IF(H1860,C1860*E1860*H1860,C1860*E1860))))))),2)","v":-2.08},"Sqm",{"$nulls":3},"SSR 21-22"]
[null,null,1,"x",3,{"v":0.38,"d":"0.380"},{"v":0,"d":"0.000"},{"v":0.23,"d":"0.230"},{"$f":"-ROUND(IF(AND(F1861:H1861),C1861*E1861*F1861*G1861*H1861,IF(AND(F1861,G1861),C1861*E1861*F1861*G1861,IF(AND(F1861,H1861),C1861*E1861*F1861*H1861,IF(AND(G1861,H1861),C1861*E1861*G1861*H1861,IF(F1861,C1861*E1861*F1861,IF(G1861,C1861*E1861*G1861,IF(H1861,C1861*E1861*H1861,C1861*E1861))))))),2)","v":-0.26},"Sqm",{"$nulls":3},"SSR 21-22"]
[{"$nulls":13},"SSR 21-22"]
[{"$nulls":9},"Sqm",{"$f":"data!E2567","v":503.67},"SSR 21-22",{"$f":"ROUND(I1863*K1863,0)","v":{"v":0,"d":"0.00"}},"SSR 21-22"]
[25,"Providing Daddooing to walls with 5 to 7mm thick Glazed Ceramic wall tiles of 1st quality of 6mm thick set over base coat of CM (1:3) 12mm thick with Cement slurry of honey like consistency spread @ 3.30 Kgs per Sqm & jointed with neat white Cement paste to full depth mixed with pigment of matching shade including c/c of all materials to site, cost of all materials like tiles, Cement, sand and water etc complete for finished item of work  ",{"$nulls":11},"SSR 22-23"]
[null,"Qty.p.17 of M.B.No.111/A/ZP/22",null,"07.12.2023",{"$nulls":9},"SSR 22-23"]
[null,"tiolets",1,"x",1,{"v":5.8,"d":"5.800"},{"v":0,"d":"0.000"},{"v":1.75,"d":"1.750"},{"$f":"ROUND(IF(AND(F1866:H1866),C1866*E1866*F1866*G1866*H1866,IF(AND(F1866,G1866),C1866*E1866*F1866*G1866,IF(AND(F1866,H1866),C1866*E1866*F1866*H1866,IF(AND(G1866,H1866),C1866*E1866*G1866*H1866,IF(F1866,C1866*E1866*F1866,IF(G1866,C1866*E1866*G1866,IF(H1866,C1866*E1866*H1866,C1866*E1866))))))),2)","v":10.15},"Sqm",{"$nulls":3},"SSR 22-23"]
[null,null,1,"x",1,{"v":5.8,"d":"5.800"},{"v":0,"d":"0.000"},{"v":1.75,"d":"1.750"},10.15,"Sqm",{"$nulls":3},"SSR 22-23"]
[null,"Deduct door",1,"x",2,{"v":0.75,"d":"0.750"},{"v":0,"d":"0.000"},{"v":1.75,"d":"1.750"},{"$f":"-ROUND(IF(AND(F1868:H1868),C1868*E1868*F1868*G1868*H1868,IF(AND(F1868,G1868),C1868*E1868*F1868*G1868,IF(AND(F1868,H1868),C1868*E1868*F1868*H1868,IF(AND(G1868,H1868),C1868*E1868*G1868*H1868,IF(F1868,C1868*E1868*F1868,IF(G1868,C1868*E1868*G1868,IF(H1868,C1868*E1868*H1868,C1868*E1868))))))),2)","v":-2.63},"Sqm",{"$nulls":3},"SSR 22-23"]
[{"$nulls":13},"SSR 22-23"]
[{"$nulls":8},{"$f":"SUM(I1866:I1869)","v":17.67},"Sqm",{"$f":"data!E3484","v":518.15},"SSR 22-23",{"$f":"ROUND(I1870*K1870,0)","v":{"v":9156,"d":"9156.00"}},"SSR 22-23"]
[23,"Flooring with pressed clay flooring tiles, set over base coat of cement mortar (1:8) 12 mm thick over CC bed already laid or RCC roof slab, including neat cement slurry of honey like consistency spread @ 3.3.kgs per sqm & jointed neatly with cement mixed with pigment of matching shade to full depth, including cost of all materials like cement, sand water and tiles etc., complete, for finished item of work,     ",{"$nulls":11},"SSR 19-20"]
[null,"Qty.p.41 of M.B.No.478/A/ZP/19",{"$nulls":11},"SSR 19-20"]
[null,null,1,"x",1,{"$f":"(16+17.2)/2","v":{"v":16.6,"d":"16.600"}},{"v":0,"d":"0.000"},{"v":0.9,"d":"0.900"},{"$f":"ROUND(IF(AND(F1873:H1873),C1873*E1873*F1873*G1873*H1873,IF(AND(F1873,G1873),C1873*E1873*F1873*G1873,IF(AND(F1873,H1873),C1873*E1873*F1873*H1873,IF(AND(G1873,H1873),C1873*E1873*G1873*H1873,IF(F1873,C1873*E1873*F1873,IF(G1873,C1873*E1873*G1873,IF(H1873,C1873*E1873*H1873,C1873*E1873))))))),2)","v":14.94},"Sqm",{"$nulls":3},"SSR 19-20"]
[null,null,1,"x",2,{"$f":"(3.05+3.65)/2","v":{"v":3.3499999999999996,"d":"3.350"}},{"v":0,"d":"0.000"},{"v":0.9,"d":"0.900"},6.03,"Sqm",{"$nulls":3},"SSR 19-20"]
[{"$nulls":13},"SSR 19-20"]
[{"$nulls":9},"Sqm",{"$f":"data!E761","v":911.63},"SSR 19-20",{"$f":"ROUND(I1876*K1876,0)","v":{"v":0,"d":"0.00"}},"SSR 19-20"]
[25,"Flooring with pressed clay flooring tiles, set over base coat of cement mortar (1:8) 12 mm thick over CC bed already laid or RCC roof slab, including neat cement slurry of honey like consistency spread @ 3.3.kgs per sqm & jointed neatly with cement mixed with pigment of matching shade to full depth, including cost of all materials like cement, sand water and tiles etc., complete, for finished item of work,     ",{"$nulls":11},"SSR 20-21"]
[null,"Qty.p.68 of M.B.No.790/A/ZP/19",{"$nulls":11},"SSR 20-21"]
[null,"Elevation sides",1,"x",2,{"v":1,"d":"1.000"},{"v":0,"d":"0.000"},{"v":1,"d":"1.000"},{"$f":"ROUND(IF(AND(F1879:H1879),C1879*E1879*F1879*G1879*H1879,IF(AND(F1879,G1879),C1879*E1879*F1879*G1879,IF(AND(F1879,H1879),C1879*E1879*F1879*H1879,IF(AND(G1879,H1879),C1879*E1879*G1879*H1879,IF(F1879,C1879*E1879*F1879,IF(G1879,C1879*E1879*G1879,IF(H1879,C1879*E1879*H1879,C1879*E1879))))))),2)","v":{"v":2,"d":"2.00"}},"Sqm",{"$nulls":3},"SSR 20-21"]
[null,"Middle",1,"x",2,{"v":3.15,"d":"3.150"},{"v":0,"d":"0.000"},{"v":1,"d":"1.000"},{"$f":"ROUND(IF(AND(F1880:H1880),C1880*E1880*F1880*G1880*H1880,IF(AND(F1880,G1880),C1880*E1880*F1880*G1880,IF(AND(F1880,H1880),C1880*E1880*F1880*H1880,IF(AND(G1880,H1880),C1880*E1880*G1880*H1880,IF(F1880,C1880*E1880*F1880,IF(G1880,C1880*E1880*G1880,IF(H1880,C1880*E1880*H1880,C1880*E1880))))))),2)","v":{"v":6.3,"d":"6.30"}},"Sqm",{"$nulls":3},"SSR 20-21"]
[null,"Middle",1,"x",2,{"v":2,"d":"2.000"},{"v":0,"d":"0.000"},{"v":1.9,"d":"1.900"},{"$f":"ROUND(IF(AND(F1881:H1881),C1881*E1881*F1881*G1881*H1881,IF(AND(F1881,G1881),C1881*E1881*F1881*G1881,IF(AND(F1881,H1881),C1881*E1881*F1881*H1881,IF(AND(G1881,H1881),C1881*E1881*G1881*H1881,IF(F1881,C1881*E1881*F1881,IF(G1881,C1881*E1881*G1881,IF(H1881,C1881*E1881*H1881,C1881*E1881))))))),2)","v":{"v":7.6,"d":"7.60"}},"Sqm",{"$nulls":3},"SSR 20-21"]
[{"$nulls":13},"SSR 20-21"]
[{"$nulls":9},"Sqm",{"$f":"data!E1678","v":950.67},"SSR 20-21",{"$f":"ROUND(I1883*K1883,0)","v":{"v":0,"d":"0.00"}},"SSR 20-21"]
[30,"Flooring with pressed clay flooring tiles, set over base coat of cement mortar (1:8) 12 mm thick over CC bed already laid or RCC roof slab, including neat cement slurry of honey like consistency spread @ 3.3.kgs per sqm & jointed neatly with cement mixed with pigment of matching shade to full depth, including cost of all materials like cement, sand water and tiles etc., complete, for finished item of work,     ",{"$nulls":11},"SSR 21-22"]
[null,"Qty.p.58 & 59 of M.B.No.478/A/ZP/19",null,"11.10.2021",{"$nulls":9},"SSR 21-22"]
[null,null,1,"x",1,{"$f":"(16+17.2)/2","v":{"v":16.6,"d":"16.600"}},{"v":0,"d":"0.000"},{"v":0.9,"d":"0.900"},{"$f":"ROUND(IF(AND(F1886:H1886),C1886*E1886*F1886*G1886*H1886,IF(AND(F1886,G1886),C1886*E1886*F1886*G1886,IF(AND(F1886,H1886),C1886*E1886*F1886*H1886,IF(AND(G1886,H1886),C1886*E1886*G1886*H1886,IF(F1886,C1886*E1886*F1886,IF(G1886,C1886*E1886*G1886,IF(H1886,C1886*E1886*H1886,C1886*E1886))))))),2)","v":14.94},"Sqm",{"$nulls":3},"SSR 21-22"]
[null,null,1,"x",2,{"$f":"(3.05+3.65)/2","v":{"v":3.3499999999999996,"d":"3.350"}},{"v":0,"d":"0.000"},{"v":0.9,"d":"0.900"},6.03,"Sqm",{"$nulls":3},"SSR 21-22"]
[{"$nulls":13},"SSR 21-22"]
[{"$nulls":9},"Sqm",{"$f":"data!E2595","v":981.79},"SSR 21-22",{"$f":"ROUND(I1889*K1889,0)","v":{"v":0,"d":"0.00"}},"SSR 21-22"]
[25,"Flooring with pressed clay flooring tiles, set over base coat of cement mortar (1:8) 12 mm thick over CC bed already laid or RCC roof slab, including neat cement slurry of honey like consistency spread @ 3.3.kgs per sqm & jointed neatly with cement mixed with pigment of matching shade to full depth, including cost of all materials like cement, sand water and tiles etc., complete, for finished item of work,     ",{"$nulls":11},"SSR 22-23"]
[null,"Qty.p.68 of M.B.No.790/A/ZP/19",{"$nulls":11},"SSR 22-23"]
[null,"Elevation sides",1,"x",2,{"v":1,"d":"1.000"},{"v":0,"d":"0.000"},{"v":1,"d":"1.000"},{"$f":"ROUND(IF(AND(F1892:H1892),C1892*E1892*F1892*G1892*H1892,IF(AND(F1892,G1892),C1892*E1892*F1892*G1892,IF(AND(F1892,H1892),C1892*E1892*F1892*H1892,IF(AND(G1892,H1892),C1892*E1892*G1892*H1892,IF(F1892,C1892*E1892*F1892,IF(G1892,C1892*E1892*G1892,IF(H1892,C1892*E1892*H1892,C1892*E1892))))))),2)","v":{"v":2,"d":"2.00"}},"Sqm",{"$nulls":3},"SSR 22-23"]
[null,"Middle",1,"x",2,{"v":3.15,"d":"3.150"},{"v":0,"d":"0.000"},{"v":1,"d":"1.000"},{"$f":"ROUND(IF(AND(F1893:H1893),C1893*E1893*F1893*G1893*H1893,IF(AND(F1893,G1893),C1893*E1893*F1893*G1893,IF(AND(F1893,H1893),C1893*E1893*F1893*H1893,IF(AND(G1893,H1893),C1893*E1893*G1893*H1893,IF(F1893,C1893*E1893*F1893,IF(G1893,C1893*E1893*G1893,IF(H1893,C1893*E1893*H1893,C1893*E1893))))))),2)","v":{"v":6.3,"d":"6.30"}},"Sqm",{"$nulls":3},"SSR 22-23"]
[null,"Middle",1,"x",2,{"v":2,"d":"2.000"},{"v":0,"d":"0.000"},{"v":1.9,"d":"1.900"},{"$f":"ROUND(IF(AND(F1894:H1894),C1894*E1894*F1894*G1894*H1894,IF(AND(F1894,G1894),C1894*E1894*F1894*G1894,IF(AND(F1894,H1894),C1894*E1894*F1894*H1894,IF(AND(G1894,H1894),C1894*E1894*G1894*H1894,IF(F1894,C1894*E1894*F1894,IF(G1894,C1894*E1894*G1894,IF(H1894,C1894*E1894*H1894,C1894*E1894))))))),2)","v":{"v":7.6,"d":"7.60"}},"Sqm",{"$nulls":3},"SSR 22-23"]
[{"$nulls":13},"SSR 22-23"]
[{"$nulls":9},"Sqm",{"$f":"data!E3512","v":1017.93},"SSR 22-23",{"$f":"ROUND(I1896*K1896,0)","v":{"v":0,"d":"0.00"}},"SSR 22-23"]
[25,"Supply of precast concrete blocks for paving of M-35 grade and thickness not less than 60 mm for Light traffic areas conforming to IS 15658:2006 in all shapes and designs for laying & fixing of precast concrete blocks for paving of all grades, any thickness, all sizes & shapes including all labour charges for loading & unloading, laying to desired lines and levels complete",{"$nulls":11},"SSR 19-20"]
[null,"Qty.p.68 of M.B.No.790/A/ZP/19",{"$nulls":11},"SSR 19-20"]
[null,"Elevation sides",1,"x",2,{"v":1,"d":"1.000"},{"v":0,"d":"0.000"},{"v":1,"d":"1.000"},{"$f":"ROUND(IF(AND(F1899:H1899),C1899*E1899*F1899*G1899*H1899,IF(AND(F1899,G1899),C1899*E1899*F1899*G1899,IF(AND(F1899,H1899),C1899*E1899*F1899*H1899,IF(AND(G1899,H1899),C1899*E1899*G1899*H1899,IF(F1899,C1899*E1899*F1899,IF(G1899,C1899*E1899*G1899,IF(H1899,C1899*E1899*H1899,C1899*E1899))))))),2)","v":{"v":2,"d":"2.00"}},"Sqm",{"$nulls":3},"SSR 19-20"]
[null,"Middle",1,"x",2,{"v":3.15,"d":"3.150"},{"v":0,"d":"0.000"},{"v":1,"d":"1.000"},{"$f":"ROUND(IF(AND(F1900:H1900),C1900*E1900*F1900*G1900*H1900,IF(AND(F1900,G1900),C1900*E1900*F1900*G1900,IF(AND(F1900,H1900),C1900*E1900*F1900*H1900,IF(AND(G1900,H1900),C1900*E1900*G1900*H1900,IF(F1900,C1900*E1900*F1900,IF(G1900,C1900*E1900*G1900,IF(H1900,C1900*E1900*H1900,C1900*E1900))))))),2)","v":{"v":6.3,"d":"6.30"}},"Sqm",{"$nulls":3},"SSR 19-20"]
[null,"Middle",1,"x",2,{"v":2,"d":"2.000"},{"v":0,"d":"0.000"},{"v":1.9,"d":"1.900"},{"$f":"ROUND(IF(AND(F1901:H1901),C1901*E1901*F1901*G1901*H1901,IF(AND(F1901,G1901),C1901*E1901*F1901*G1901,IF(AND(F1901,H1901),C1901*E1901*F1901*H1901,IF(AND(G1901,H1901),C1901*E1901*G1901*H1901,IF(F1901,C1901*E1901*F1901,IF(G1901,C1901*E1901*G1901,IF(H1901,C1901*E1901*H1901,C1901*E1901))))))),2)","v":{"v":7.6,"d":"7.60"}},"Sqm",{"$nulls":3},"SSR 19-20"]
[{"$nulls":13},"SSR 19-20"]
[{"$nulls":9},"Sqm",{"$f":"data!G766","v":{"v":489,"d":"489.00"}},"SSR 19-20",{"$f":"ROUND(I1903*K1903,0)","v":{"v":0,"d":"0.00"}},"SSR 19-20"]
[25,"Supply of precast concrete blocks for paving of M-35 grade and thickness not less than 60 mm for Light traffic areas conforming to IS 15658:2006 in all shapes and designs for laying & fixing of precast concrete blocks for paving of all grades, any thickness, all sizes & shapes including all labour charges for loading & unloading, laying to desired lines and levels complete",{"$nulls":11},"SSR 20-21"]
[null,"Qty.p.68 of M.B.No.790/A/ZP/19",{"$nulls":11},"SSR 20-21"]
[null,"Elevation sides",1,"x",2,{"v":1,"d":"1.000"},{"v":0,"d":"0.000"},{"v":1,"d":"1.000"},{"$f":"ROUND(IF(AND(F1906:H1906),C1906*E1906*F1906*G1906*H1906,IF(AND(F1906,G1906),C1906*E1906*F1906*G1906,IF(AND(F1906,H1906),C1906*E1906*F1906*H1906,IF(AND(G1906,H1906),C1906*E1906*G1906*H1906,IF(F1906,C1906*E1906*F1906,IF(G1906,C1906*E1906*G1906,IF(H1906,C1906*E1906*H1906,C1906*E1906))))))),2)","v":{"v":2,"d":"2.00"}},"Sqm",{"$nulls":3},"SSR 20-21"]
[null,"Middle",1,"x",2,{"v":3.15,"d":"3.150"},{"v":0,"d":"0.000"},{"v":1,"d":"1.000"},{"$f":"ROUND(IF(AND(F1907:H1907),C1907*E1907*F1907*G1907*H1907,IF(AND(F1907,G1907),C1907*E1907*F1907*G1907,IF(AND(F1907,H1907),C1907*E1907*F1907*H1907,IF(AND(G1907,H1907),C1907*E1907*G1907*H1907,IF(F1907,C1907*E1907*F1907,IF(G1907,C1907*E1907*G1907,IF(H1907,C1907*E1907*H1907,C1907*E1907))))))),2)","v":{"v":6.3,"d":"6.30"}},"Sqm",{"$nulls":3},"SSR 20-21"]
[null,"Middle",1,"x",2,{"v":2,"d":"2.000"},{"v":0,"d":"0.000"},{"v":1.9,"d":"1.900"},{"$f":"ROUND(IF(AND(F1908:H1908),C1908*E1908*F1908*G1908*H1908,IF(AND(F1908,G1908),C1908*E1908*F1908*G1908,IF(AND(F1908,H1908),C1908*E1908*F1908*H1908,IF(AND(G1908,H1908),C1908*E1908*G1908*H1908,IF(F1908,C1908*E1908*F1908,IF(G1908,C1908*E1908*G1908,IF(H1908,C1908*E1908*H1908,C1908*E1908))))))),2)","v":{"v":7.6,"d":"7.60"}},"Sqm",{"$nulls":3},"SSR 20-21"]
[{"$nulls":13},"SSR 20-21"]
[{"$nulls":9},"Sqm",{"$f":"data!G1683","v":{"v":489,"d":"489.00"}},"SSR 20-21",{"$f":"ROUND(I1910*K1910,0)","v":{"v":0,"d":"0.00"}},"SSR 20-21"]
[25,"Supply of precast concrete blocks for paving of M-35 grade and thickness not less than 60 mm for Light traffic areas conforming to IS 15658:2006 in all shapes and designs for laying & fixing of precast concrete blocks for paving of all grades, any thickness, all sizes & shapes including all labour charges for loading & unloading, laying to desired lines and levels complete",{"$nulls":11},"SSR 21-22"]
[null,"Qty.p.68 of M.B.No.790/A/ZP/19",{"$nulls":11},"SSR 21-22"]
[null,"Elevation sides",1,"x",2,{"v":1,"d":"1.000"},{"v":0,"d":"0.000"},{"v":1,"d":"1.000"},{"$f":"ROUND(IF(AND(F1913:H1913),C1913*E1913*F1913*G1913*H1913,IF(AND(F1913,G1913),C1913*E1913*F1913*G1913,IF(AND(F1913,H1913),C1913*E1913*F1913*H1913,IF(AND(G1913,H1913),C1913*E1913*G1913*H1913,IF(F1913,C1913*E1913*F1913,IF(G1913,C1913*E1913*G1913,IF(H1913,C1913*E1913*H1913,C1913*E1913))))))),2)","v":{"v":2,"d":"2.00"}},"Sqm",{"$nulls":3},"SSR 21-22"]
[null,"Middle",1,"x",2,{"v":3.15,"d":"3.150"},{"v":0,"d":"0.000"},{"v":1,"d":"1.000"},{"$f":"ROUND(IF(AND(F1914:H1914),C1914*E1914*F1914*G1914*H1914,IF(AND(F1914,G1914),C1914*E1914*F1914*G1914,IF(AND(F1914,H1914),C1914*E1914*F1914*H1914,IF(AND(G1914,H1914),C1914*E1914*G1914*H1914,IF(F1914,C1914*E1914*F1914,IF(G1914,C1914*E1914*G1914,IF(H1914,C1914*E1914*H1914,C1914*E1914))))))),2)","v":{"v":6.3,"d":"6.30"}},"Sqm",{"$nulls":3},"SSR 21-22"]
[null,"Middle",1,"x",2,{"v":2,"d":"2.000"},{"v":0,"d":"0.000"},{"v":1.9,"d":"1.900"},{"$f":"ROUND(IF(AND(F1915:H1915),C1915*E1915*F1915*G1915*H1915,IF(AND(F1915,G1915),C1915*E1915*F1915*G1915,IF(AND(F1915,H1915),C1915*E1915*F1915*H1915,IF(AND(G1915,H1915),C1915*E1915*G1915*H1915,IF(F1915,C1915*E1915*F1915,IF(G1915,C1915*E1915*G1915,IF(H1915,C1915*E1915*H1915,C1915*E1915))))))),2)","v":{"v":7.6,"d":"7.60"}},"Sqm",{"$nulls":3},"SSR 21-22"]
[{"$nulls":13},"SSR 21-22"]
[{"$nulls":9},"Sqm",{"$f":"data!G2600","v":{"v":510,"d":"510.00"}},"SSR 21-22",{"$f":"ROUND(I1917*K1917,0)","v":{"v":0,"d":"0.00"}},"SSR 21-22"]
[25,"Supply of precast concrete blocks for paving of M-35 grade and thickness not less than 60 mm for Light traffic areas conforming to IS 15658:2006 in all shapes and designs for laying & fixing of precast concrete blocks for paving of all grades, any thickness, all sizes & shapes including all labour charges for loading & unloading, laying to desired lines and levels complete",{"$nulls":11},"SSR 22-23"]
[null,"Qty.p.68 of M.B.No.790/A/ZP/19",{"$nulls":11},"SSR 22-23"]
[null,"Elevation sides",1,"x",2,{"v":1,"d":"1.000"},{"v":0,"d":"0.000"},{"v":1,"d":"1.000"},{"$f":"ROUND(IF(AND(F1920:H1920),C1920*E1920*F1920*G1920*H1920,IF(AND(F1920,G1920),C1920*E1920*F1920*G1920,IF(AND(F1920,H1920),C1920*E1920*F1920*H1920,IF(AND(G1920,H1920),C1920*E1920*G1920*H1920,IF(F1920,C1920*E1920*F1920,IF(G1920,C1920*E1920*G1920,IF(H1920,C1920*E1920*H1920,C1920*E1920))))))),2)","v":{"v":2,"d":"2.00"}},"Sqm",{"$nulls":3},"SSR 22-23"]
[null,"Middle",1,"x",2,{"v":3.15,"d":"3.150"},{"v":0,"d":"0.000"},{"v":1,"d":"1.000"},{"$f":"ROUND(IF(AND(F1921:H1921),C1921*E1921*F1921*G1921*H1921,IF(AND(F1921,G1921),C1921*E1921*F1921*G1921,IF(AND(F1921,H1921),C1921*E1921*F1921*H1921,IF(AND(G1921,H1921),C1921*E1921*G1921*H1921,IF(F1921,C1921*E1921*F1921,IF(G1921,C1921*E1921*G1921,IF(H1921,C1921*E1921*H1921,C1921*E1921))))))),2)","v":{"v":6.3,"d":"6.30"}},"Sqm",{"$nulls":3},"SSR 22-23"]
[null,"Middle",1,"x",2,{"v":2,"d":"2.000"},{"v":0,"d":"0.000"},{"v":1.9,"d":"1.900"},{"$f":"ROUND(IF(AND(F1922:H1922),C1922*E1922*F1922*G1922*H1922,IF(AND(F1922,G1922),C1922*E1922*F1922*G1922,IF(AND(F1922,H1922),C1922*E1922*F1922*H1922,IF(AND(G1922,H1922),C1922*E1922*G1922*H1922,IF(F1922,C1922*E1922*F1922,IF(G1922,C1922*E1922*G1922,IF(H1922,C1922*E1922*H1922,C1922*E1922))))))),2)","v":{"v":7.6,"d":"7.60"}},"Sqm",{"$nulls":3},"SSR 22-23"]
[{"$nulls":13},"SSR 22-23"]
[{"$nulls":9},"Sqm",{"$f":"data!G3517","v":{"v":610,"d":"610.00"}},"SSR 22-23",{"$f":"ROUND(I1924*K1924,0)","v":{"v":0,"d":"0.00"}},"SSR 22-23"]
[25,"Gronolithie Concrete Flooring 20 mm thick with (1:1:2), using 6mm to 12 mm size hard granite machine crushed metal laid over CC bed already laid or RCC roof slab, in alternate panels of size not exceeding 1.50 m x 1.50 m and finishing the top surface to required smoothness and slopes and thread lining including cost of all materials like cement, metal, sand and water etc., complete, including seigniorage charges, etc., complete for finished item of work, but excluding the cost of conveyance of all materials",{"$nulls":11},"SSR 19-20"]
[null,"Qty.p.68 of M.B.No.790/A/ZP/19",{"$nulls":11},"SSR 19-20"]
[null,"Elevation sides",1,"x",2,{"v":1,"d":"1.000"},{"v":0,"d":"0.000"},{"v":1,"d":"1.000"},{"$f":"ROUND(IF(AND(F1927:H1927),C1927*E1927*F1927*G1927*H1927,IF(AND(F1927,G1927),C1927*E1927*F1927*G1927,IF(AND(F1927,H1927),C1927*E1927*F1927*H1927,IF(AND(G1927,H1927),C1927*E1927*G1927*H1927,IF(F1927,C1927*E1927*F1927,IF(G1927,C1927*E1927*G1927,IF(H1927,C1927*E1927*H1927,C1927*E1927))))))),2)","v":{"v":2,"d":"2.00"}},"Sqm",{"$nulls":3},"SSR 19-20"]
[null,"Middle",1,"x",2,{"v":3.15,"d":"3.150"},{"v":0,"d":"0.000"},{"v":1,"d":"1.000"},{"$f":"ROUND(IF(AND(F1928:H1928),C1928*E1928*F1928*G1928*H1928,IF(AND(F1928,G1928),C1928*E1928*F1928*G1928,IF(AND(F1928,H1928),C1928*E1928*F1928*H1928,IF(AND(G1928,H1928),C1928*E1928*G1928*H1928,IF(F1928,C1928*E1928*F1928,IF(G1928,C1928*E1928*G1928,IF(H1928,C1928*E1928*H1928,C1928*E1928))))))),2)","v":{"v":6.3,"d":"6.30"}},"Sqm",{"$nulls":3},"SSR 19-20"]
[null,"Middle",1,"x",2,{"v":2,"d":"2.000"},{"v":0,"d":"0.000"},{"v":1.9,"d":"1.900"},{"$f":"ROUND(IF(AND(F1929:H1929),C1929*E1929*F1929*G1929*H1929,IF(AND(F1929,G1929),C1929*E1929*F1929*G1929,IF(AND(F1929,H1929),C1929*E1929*F1929*H1929,IF(AND(G1929,H1929),C1929*E1929*G1929*H1929,IF(F1929,C1929*E1929*F1929,IF(G1929,C1929*E1929*G1929,IF(H1929,C1929*E1929*H1929,C1929*E1929))))))),2)","v":{"v":7.6,"d":"7.60"}},"Sqm",{"$nulls":3},"SSR 19-20"]
[{"$nulls":13},"SSR 19-20"]
[{"$nulls":9},"Sqm",{"$f":"data!E782","v":288.71},"SSR 19-20",{"$f":"ROUND(I1931*K1931,0)","v":{"v":0,"d":"0.00"}},"SSR 19-20"]
[25,"Gronolithie Concrete Flooring 20 mm thick with (1:1:2), using 6mm to 12 mm size hard granite machine crushed metal laid over CC bed already laid or RCC roof slab, in alternate panels of size not exceeding 1.50 m x 1.50 m and finishing the top surface to required smoothness and slopes and thread lining including cost of all materials like cement, metal, sand and water etc., complete, including seigniorage charges, etc., complete for finished item of work, but excluding the cost of conveyance of all materials",{"$nulls":11},"SSR 20-21"]
[null,"Qty.p.68 of M.B.No.790/A/ZP/19",{"$nulls":11},"SSR 20-21"]
[null,"Elevation sides",1,"x",2,{"v":1,"d":"1.000"},{"v":0,"d":"0.000"},{"v":1,"d":"1.000"},{"$f":"ROUND(IF(AND(F1934:H1934),C1934*E1934*F1934*G1934*H1934,IF(AND(F1934,G1934),C1934*E1934*F1934*G1934,IF(AND(F1934,H1934),C1934*E1934*F1934*H1934,IF(AND(G1934,H1934),C1934*E1934*G1934*H1934,IF(F1934,C1934*E1934*F1934,IF(G1934,C1934*E1934*G1934,IF(H1934,C1934*E1934*H1934,C1934*E1934))))))),2)","v":{"v":2,"d":"2.00"}},"Sqm",{"$nulls":3},"SSR 20-21"]
[null,"Middle",1,"x",2,{"v":3.15,"d":"3.150"},{"v":0,"d":"0.000"},{"v":1,"d":"1.000"},{"$f":"ROUND(IF(AND(F1935:H1935),C1935*E1935*F1935*G1935*H1935,IF(AND(F1935,G1935),C1935*E1935*F1935*G1935,IF(AND(F1935,H1935),C1935*E1935*F1935*H1935,IF(AND(G1935,H1935),C1935*E1935*G1935*H1935,IF(F1935,C1935*E1935*F1935,IF(G1935,C1935*E1935*G1935,IF(H1935,C1935*E1935*H1935,C1935*E1935))))))),2)","v":{"v":6.3,"d":"6.30"}},"Sqm",{"$nulls":3},"SSR 20-21"]
[null,"Middle",1,"x",2,{"v":2,"d":"2.000"},{"v":0,"d":"0.000"},{"v":1.9,"d":"1.900"},{"$f":"ROUND(IF(AND(F1936:H1936),C1936*E1936*F1936*G1936*H1936,IF(AND(F1936,G1936),C1936*E1936*F1936*G1936,IF(AND(F1936,H1936),C1936*E1936*F1936*H1936,IF(AND(G1936,H1936),C1936*E1936*G1936*H1936,IF(F1936,C1936*E1936*F1936,IF(G1936,C1936*E1936*G1936,IF(H1936,C1936*E1936*H1936,C1936*E1936))))))),2)","v":{"v":7.6,"d":"7.60"}},"Sqm",{"$nulls":3},"SSR 20-21"]
[{"$nulls":13},"SSR 20-21"]
[{"$nulls":9},"Sqm",{"$f":"data!E1699","v":309.07},"SSR 20-21",{"$f":"ROUND(I1938*K1938,0)","v":{"v":0,"d":"0.00"}},"SSR 20-21"]
[25,"Gronolithie Concrete Flooring 20 mm thick with (1:1:2), using 6mm to 12 mm size hard granite machine crushed metal laid over CC bed already laid or RCC roof slab, in alternate panels of size not exceeding 1.50 m x 1.50 m and finishing the top surface to required smoothness and slopes and thread lining including cost of all materials like cement, metal, sand and water etc., complete, including seigniorage charges, etc., complete for finished item of work, but excluding the cost of conveyance of all materials",{"$nulls":11},"SSR 21-22"]
[null,"Qty.p.68 of M.B.No.790/A/ZP/19",{"$nulls":11},"SSR 21-22"]
[null,"Elevation sides",1,"x",2,{"v":1,"d":"1.000"},{"v":0,"d":"0.000"},{"v":1,"d":"1.000"},{"$f":"ROUND(IF(AND(F1941:H1941),C1941*E1941*F1941*G1941*H1941,IF(AND(F1941,G1941),C1941*E1941*F1941*G1941,IF(AND(F1941,H1941),C1941*E1941*F1941*H1941,IF(AND(G1941,H1941),C1941*E1941*G1941*H1941,IF(F1941,C1941*E1941*F1941,IF(G1941,C1941*E1941*G1941,IF(H1941,C1941*E1941*H1941,C1941*E1941))))))),2)","v":{"v":2,"d":"2.00"}},"Sqm",{"$nulls":3},"SSR 21-22"]
[null,"Middle",1,"x",2,{"v":3.15,"d":"3.150"},{"v":0,"d":"0.000"},{"v":1,"d":"1.000"},{"$f":"ROUND(IF(AND(F1942:H1942),C1942*E1942*F1942*G1942*H1942,IF(AND(F1942,G1942),C1942*E1942*F1942*G1942,IF(AND(F1942,H1942),C1942*E1942*F1942*H1942,IF(AND(G1942,H1942),C1942*E1942*G1942*H1942,IF(F1942,C1942*E1942*F1942,IF(G1942,C1942*E1942*G1942,IF(H1942,C1942*E1942*H1942,C1942*E1942))))))),2)","v":{"v":6.3,"d":"6.30"}},"Sqm",{"$nulls":3},"SSR 21-22"]
[null,"Middle",1,"x",2,{"v":2,"d":"2.000"},{"v":0,"d":"0.000"},{"v":1.9,"d":"1.900"},{"$f":"ROUND(IF(AND(F1943:H1943),C1943*E1943*F1943*G1943*H1943,IF(AND(F1943,G1943),C1943*E1943*F1943*G1943,IF(AND(F1943,H1943),C1943*E1943*F1943*H1943,IF(AND(G1943,H1943),C1943*E1943*G1943*H1943,IF(F1943,C1943*E1943*F1943,IF(G1943,C1943*E1943*G1943,IF(H1943,C1943*E1943*H1943,C1943*E1943))))))),2)","v":{"v":7.6,"d":"7.60"}},"Sqm",{"$nulls":3},"SSR 21-22"]
[{"$nulls":13},"SSR 21-22"]
[{"$nulls":9},"Sqm",{"$f":"data!E2616","v":325.58},"SSR 21-22",{"$f":"ROUND(I1945*K1945,0)","v":{"v":0,"d":"0.00"}},"SSR 21-22"]
[25,"Gronolithie Concrete Flooring 20 mm thick with (1:1:2), using 6mm to 12 mm size hard granite machine crushed metal laid over CC bed already laid or RCC roof slab, in alternate panels of size not exceeding 1.50 m x 1.50 m and finishing the top surface to required smoothness and slopes and thread lining including cost of all materials like cement, metal, sand and water etc., complete, including seigniorage charges, etc., complete for finished item of work, but excluding the cost of conveyance of all materials",{"$nulls":11},"SSR 22-23"]
[null,"Qty.p.68 of M.B.No.790/A/ZP/19",{"$nulls":11},"SSR 22-23"]
[null,"Elevation sides",1,"x",2,{"v":1,"d":"1.000"},{"v":0,"d":"0.000"},{"v":1,"d":"1.000"},{"$f":"ROUND(IF(AND(F1948:H1948),C1948*E1948*F1948*G1948*H1948,IF(AND(F1948,G1948),C1948*E1948*F1948*G1948,IF(AND(F1948,H1948),C1948*E1948*F1948*H1948,IF(AND(G1948,H1948),C1948*E1948*G1948*H1948,IF(F1948,C1948*E1948*F1948,IF(G1948,C1948*E1948*G1948,IF(H1948,C1948*E1948*H1948,C1948*E1948))))))),2)","v":{"v":2,"d":"2.00"}},"Sqm",{"$nulls":3},"SSR 22-23"]
[null,"Middle",1,"x",2,{"v":3.15,"d":"3.150"},{"v":0,"d":"0.000"},{"v":1,"d":"1.000"},{"$f":"ROUND(IF(AND(F1949:H1949),C1949*E1949*F1949*G1949*H1949,IF(AND(F1949,G1949),C1949*E1949*F1949*G1949,IF(AND(F1949,H1949),C1949*E1949*F1949*H1949,IF(AND(G1949,H1949),C1949*E1949*G1949*H1949,IF(F1949,C1949*E1949*F1949,IF(G1949,C1949*E1949*G1949,IF(H1949,C1949*E1949*H1949,C1949*E1949))))))),2)","v":{"v":6.3,"d":"6.30"}},"Sqm",{"$nulls":3},"SSR 22-23"]
[null,"Middle",1,"x",2,{"v":2,"d":"2.000"},{"v":0,"d":"0.000"},{"v":1.9,"d":"1.900"},{"$f":"ROUND(IF(AND(F1950:H1950),C1950*E1950*F1950*G1950*H1950,IF(AND(F1950,G1950),C1950*E1950*F1950*G1950,IF(AND(F1950,H1950),C1950*E1950*F1950*H1950,IF(AND(G1950,H1950),C1950*E1950*G1950*H1950,IF(F1950,C1950*E1950*F1950,IF(G1950,C1950*E1950*G1950,IF(H1950,C1950*E1950*H1950,C1950*E1950))))))),2)","v":{"v":7.6,"d":"7.60"}},"Sqm",{"$nulls":3},"SSR 22-23"]
[{"$nulls":13},"SSR 22-23"]
[{"$nulls":9},"Sqm",{"$f":"data!E3533","v":345.47},"SSR 22-23",{"$f":"ROUND(I1952*K1952,0)","v":{"v":0,"d":"0.00"}},"SSR 22-23"]
[26,"White washing one coat with whiting of approved quality to give an even shade after thoroughly brushing the surface to remove all dirt and remains of loose powdered materials including cost of all materials, labour charges and incidental such as scaffolding, lift charges etc., complete for finished item of wor",{"$nulls":11},"SSR 19-20"]
[null,"Qty.p.17 of M.B.No.790/A/ZP/19",{"$nulls":11},"SSR 19-20"]
[null,"Hall",1,"x",1,{"v":8.5,"d":"8.500"},{"v":4.95,"d":"4.950"},{"v":0,"d":"0.000"},{"$f":"ROUND(IF(AND(F1955:H1955),C1955*E1955*F1955*G1955*H1955,IF(AND(F1955,G1955),C1955*E1955*F1955*G1955,IF(AND(F1955,H1955),C1955*E1955*F1955*H1955,IF(AND(G1955,H1955),C1955*E1955*G1955*H1955,IF(F1955,C1955*E1955*F1955,IF(G1955,C1955*E1955*G1955,IF(H1955,C1955*E1955*H1955,C1955*E1955))))))),2)","v":42.08},"Sqm",{"$nulls":3},"SSR 19-20"]
[null,"North side",1,"x",1,{"v":6.25,"d":"6.250"},{"v":0,"d":"0.000"},{"v":3.6,"d":"3.600"},{"$f":"ROUND(IF(AND(F1956:H1956),C1956*E1956*F1956*G1956*H1956,IF(AND(F1956,G1956),C1956*E1956*F1956*G1956,IF(AND(F1956,H1956),C1956*E1956*F1956*H1956,IF(AND(G1956,H1956),C1956*E1956*G1956*H1956,IF(F1956,C1956*E1956*F1956,IF(G1956,C1956*E1956*G1956,IF(H1956,C1956*E1956*H1956,C1956*E1956))))))),2)","v":{"v":22.5,"d":"22.50"}},"Sqm",{"$nulls":3},"SSR 19-20"]
[null,"West side",1,"x",1,{"v":5.45,"d":"5.450"},{"v":0,"d":"0.000"},{"v":3.2,"d":"3.200"},{"$f":"ROUND(IF(AND(F1957:H1957),C1957*E1957*F1957*G1957*H1957,IF(AND(F1957,G1957),C1957*E1957*F1957*G1957,IF(AND(F1957,H1957),C1957*E1957*F1957*H1957,IF(AND(G1957,H1957),C1957*E1957*G1957*H1957,IF(F1957,C1957*E1957*F1957,IF(G1957,C1957*E1957*G1957,IF(H1957,C1957*E1957*H1957,C1957*E1957))))))),2)","v":17.44},"Sqm",{"$nulls":3},"SSR 19-20"]
[{"$nulls":13},"SSR 19-20"]
[{"$nulls":9},"Sqm",{"$f":"data!E796","v":19.87},"SSR 19-20",{"$f":"ROUND(I1959*K1959,0)","v":{"v":0,"d":"0.00"}},"SSR 19-20"]
[26,"White washing one coat with whiting of approved quality to give an even shade after thoroughly brushing the surface to remove all dirt and remains of loose powdered materials including cost of all materials, labour charges and incidental such as scaffolding, lift charges etc., complete for finished item of wor",{"$nulls":11},"SSR 20-21"]
[null,"Qty.p.17 of M.B.No.790/A/ZP/19",{"$nulls":11},"SSR 20-21"]
[null,"Hall",1,"x",1,{"v":8.5,"d":"8.500"},{"v":4.95,"d":"4.950"},{"v":0,"d":"0.000"},{"$f":"ROUND(IF(AND(F1962:H1962),C1962*E1962*F1962*G1962*H1962,IF(AND(F1962,G1962),C1962*E1962*F1962*G1962,IF(AND(F1962,H1962),C1962*E1962*F1962*H1962,IF(AND(G1962,H1962),C1962*E1962*G1962*H1962,IF(F1962,C1962*E1962*F1962,IF(G1962,C1962*E1962*G1962,IF(H1962,C1962*E1962*H1962,C1962*E1962))))))),2)","v":42.08},"Sqm",{"$nulls":3},"SSR 20-21"]
[null,"North side",1,"x",1,{"v":6.25,"d":"6.250"},{"v":0,"d":"0.000"},{"v":3.6,"d":"3.600"},{"$f":"ROUND(IF(AND(F1963:H1963),C1963*E1963*F1963*G1963*H1963,IF(AND(F1963,G1963),C1963*E1963*F1963*G1963,IF(AND(F1963,H1963),C1963*E1963*F1963*H1963,IF(AND(G1963,H1963),C1963*E1963*G1963*H1963,IF(F1963,C1963*E1963*F1963,IF(G1963,C1963*E1963*G1963,IF(H1963,C1963*E1963*H1963,C1963*E1963))))))),2)","v":{"v":22.5,"d":"22.50"}},"Sqm",{"$nulls":3},"SSR 20-21"]
[null,"West side",1,"x",1,{"v":5.45,"d":"5.450"},{"v":0,"d":"0.000"},{"v":3.2,"d":"3.200"},{"$f":"ROUND(IF(AND(F1964:H1964),C1964*E1964*F1964*G1964*H1964,IF(AND(F1964,G1964),C1964*E1964*F1964*G1964,IF(AND(F1964,H1964),C1964*E1964*F1964*H1964,IF(AND(G1964,H1964),C1964*E1964*G1964*H1964,IF(F1964,C1964*E1964*F1964,IF(G1964,C1964*E1964*G1964,IF(H1964,C1964*E1964*H1964,C1964*E1964))))))),2)","v":17.44},"Sqm",{"$nulls":3},"SSR 20-21"]
[{"$nulls":13},"SSR 20-21"]
[{"$nulls":9},"Sqm",{"$f":"data!E1713","v":21.19},"SSR 20-21",{"$f":"ROUND(I1966*K1966,0)","v":{"v":0,"d":"0.00"}},"SSR 20-21"]
[26,"White washing one coat with whiting of approved quality to give an even shade after thoroughly brushing the surface to remove all dirt and remains of loose powdered materials including cost of all materials, labour charges and incidental such as scaffolding, lift charges etc., complete for finished item of wor",{"$nulls":11},"SSR 21-22"]
[null,"Qty.p.17 of M.B.No.790/A/ZP/19",{"$nulls":11},"SSR 21-22"]
[null,"Hall",1,"x",1,{"v":8.5,"d":"8.500"},{"v":4.95,"d":"4.950"},{"v":0,"d":"0.000"},{"$f":"ROUND(IF(AND(F1969:H1969),C1969*E1969*F1969*G1969*H1969,IF(AND(F1969,G1969),C1969*E1969*F1969*G1969,IF(AND(F1969,H1969),C1969*E1969*F1969*H1969,IF(AND(G1969,H1969),C1969*E1969*G1969*H1969,IF(F1969,C1969*E1969*F1969,IF(G1969,C1969*E1969*G1969,IF(H1969,C1969*E1969*H1969,C1969*E1969))))))),2)","v":42.08},"Sqm",{"$nulls":3},"SSR 21-22"]
[null,"North side",1,"x",1,{"v":6.25,"d":"6.250"},{"v":0,"d":"0.000"},{"v":3.6,"d":"3.600"},{"$f":"ROUND(IF(AND(F1970:H1970),C1970*E1970*F1970*G1970*H1970,IF(AND(F1970,G1970),C1970*E1970*F1970*G1970,IF(AND(F1970,H1970),C1970*E1970*F1970*H1970,IF(AND(G1970,H1970),C1970*E1970*G1970*H1970,IF(F1970,C1970*E1970*F1970,IF(G1970,C1970*E1970*G1970,IF(H1970,C1970*E1970*H1970,C1970*E1970))))))),2)","v":{"v":22.5,"d":"22.50"}},"Sqm",{"$nulls":3},"SSR 21-22"]
[null,"West side",1,"x",1,{"v":5.45,"d":"5.450"},{"v":0,"d":"0.000"},{"v":3.2,"d":"3.200"},{"$f":"ROUND(IF(AND(F1971:H1971),C1971*E1971*F1971*G1971*H1971,IF(AND(F1971,G1971),C1971*E1971*F1971*G1971,IF(AND(F1971,H1971),C1971*E1971*F1971*H1971,IF(AND(G1971,H1971),C1971*E1971*G1971*H1971,IF(F1971,C1971*E1971*F1971,IF(G1971,C1971*E1971*G1971,IF(H1971,C1971*E1971*H1971,C1971*E1971))))))),2)","v":17.44},"Sqm",{"$nulls":3},"SSR 21-22"]
[{"$nulls":13},"SSR 21-22"]
[{"$nulls":9},"Sqm",{"$f":"data!E2630","v":22.35},"SSR 21-22",{"$f":"ROUND(I1973*K1973,0)","v":{"v":0,"d":"0.00"}},"SSR 21-22"]
[26,"White washing one coat with whiting of approved quality to give an even shade after thoroughly brushing the surface to remove all dirt and remains of loose powdered materials including cost of all materials, labour charges and incidental such as scaffolding, lift charges etc., complete for finished item of wor",{"$nulls":11},"SSR 22-23"]
[null,"Qty.p.17 of M.B.No.790/A/ZP/19",{"$nulls":11},"SSR 22-23"]
[null,"Hall",1,"x",1,{"v":8.5,"d":"8.500"},{"v":4.95,"d":"4.950"},{"v":0,"d":"0.000"},{"$f":"ROUND(IF(AND(F1976:H1976),C1976*E1976*F1976*G1976*H1976,IF(AND(F1976,G1976),C1976*E1976*F1976*G1976,IF(AND(F1976,H1976),C1976*E1976*F1976*H1976,IF(AND(G1976,H1976),C1976*E1976*G1976*H1976,IF(F1976,C1976*E1976*F1976,IF(G1976,C1976*E1976*G1976,IF(H1976,C1976*E1976*H1976,C1976*E1976))))))),2)","v":42.08},"Sqm",{"$nulls":3},"SSR 22-23"]
[null,"North side",1,"x",1,{"v":6.25,"d":"6.250"},{"v":0,"d":"0.000"},{"v":3.6,"d":"3.600"},{"$f":"ROUND(IF(AND(F1977:H1977),C1977*E1977*F1977*G1977*H1977,IF(AND(F1977,G1977),C1977*E1977*F1977*G1977,IF(AND(F1977,H1977),C1977*E1977*F1977*H1977,IF(AND(G1977,H1977),C1977*E1977*G1977*H1977,IF(F1977,C1977*E1977*F1977,IF(G1977,C1977*E1977*G1977,IF(H1977,C1977*E1977*H1977,C1977*E1977))))))),2)","v":{"v":22.5,"d":"22.50"}},"Sqm",{"$nulls":3},"SSR 22-23"]
[null,"West side",1,"x",1,{"v":5.45,"d":"5.450"},{"v":0,"d":"0.000"},{"v":3.2,"d":"3.200"},{"$f":"ROUND(IF(AND(F1978:H1978),C1978*E1978*F1978*G1978*H1978,IF(AND(F1978,G1978),C1978*E1978*F1978*G1978,IF(AND(F1978,H1978),C1978*E1978*F1978*H1978,IF(AND(G1978,H1978),C1978*E1978*G1978*H1978,IF(F1978,C1978*E1978*F1978,IF(G1978,C1978*E1978*G1978,IF(H1978,C1978*E1978*H1978,C1978*E1978))))))),2)","v":17.44},"Sqm",{"$nulls":3},"SSR 22-23"]
[{"$nulls":13},"SSR 22-23"]
[{"$nulls":9},"Sqm",{"$f":"data!E3547","v":24.05},"SSR 22-23",{"$f":"ROUND(I1980*K1980,0)","v":{"v":0,"d":"0.00"}},"SSR 22-23"]
[24,"Providing and applying Wall putty of White Cement or Polymer or Cement based of average 1 to 2 mm thickness over plastered surface to prepare the surface even and smooth after thoroughly brushing the surface to remove all dirt and remains of loose powdered materials, applying emery paper, Sand the surface, clean & wipe off loose dust, applying knifing paste filler by putty knife / muslin pad, air dry for 2 - 3 hrs, sand with 180 and 320 No., emery paper for the surface preparation including cost and conveyance of all materials and all operational, incidental and all labour charges etc., complete for finished item of work in all floors for internal walls",{"$nulls":11},"SSR 19-20"]
[null,"Qty.p.10 to 12 of M.B.No.111/A/ZP/22",{"$nulls":11},"SSR 19-20"]
[null,"Examination room",1,"x",1,{"v":10.84,"d":"10.840"},{"v":0,"d":"0.000"},{"v":3.05,"d":"3.050"},{"$f":"ROUND(IF(AND(F1983:H1983),C1983*E1983*F1983*G1983*H1983,IF(AND(F1983,G1983),C1983*E1983*F1983*G1983,IF(AND(F1983,H1983),C1983*E1983*F1983*H1983,IF(AND(G1983,H1983),C1983*E1983*G1983*H1983,IF(F1983,C1983*E1983*F1983,IF(G1983,C1983*E1983*G1983,IF(H1983,C1983*E1983*H1983,C1983*E1983))))))),2)","v":33.06},"Sqm",{"$nulls":3},"SSR 19-20"]
[null,"Ceiling",1,"x",1,{"v":2.7,"d":"2.700"},{"v":2.72,"d":"2.720"},{"v":0,"d":"0.000"},7.34,"Sqm",{"$nulls":3},"SSR 19-20"]
[null,"Lab and store room",1,"x",1,{"v":9.84,"d":"9.840"},{"v":0,"d":"0.000"},{"v":3.05,"d":"3.050"},30.01,"Sqm",{"$nulls":3},"SSR 19-20"]
[null,"Ceiling",1,"x",1,{"v":2.2,"d":"2.200"},{"v":2.72,"d":"2.720"},{"v":0,"d":"0.000"},5.98,"Sqm",{"$nulls":3},"SSR 19-20"]
[null,"Bed room ",1,"x",1,{"v":9.84,"d":"9.840"},{"v":0,"d":"0.000"},{"v":3.05,"d":"3.050"},30.01,"Sqm",{"$nulls":3},"SSR 19-20"]
[null,"Ceiling",1,"x",1,{"v":2.2,"d":"2.200"},{"v":2.72,"d":"2.720"},{"v":0,"d":"0.000"},5.98,"Sqm",{"$nulls":3},"SSR 19-20"]
[null,"Kitchen",1,"x",1,{"v":8.64,"d":"8.640"},{"v":0,"d":"0.000"},{"v":3.05,"d":"3.050"},26.35,"Sqm",{"$nulls":3},"SSR 19-20"]
[null,"Ceiling",1,"x",1,{"v":1.6,"d":"1.600"},{"v":2.72,"d":"2.720"},{"v":0,"d":"0.000"},4.35,"Sqm",{"$nulls":3},"SSR 19-20"]
[null,"clinic and lobby",1,"x",1,{"v":19.22,"d":"19.220"},{"v":0,"d":"0.000"},{"v":3.05,"d":"3.050"},58.62,"Sqm",{"$nulls":3},"SSR 19-20"]
[null,"Ceiling",1,"x",1,{"v":6.6,"d":"6.600"},{"v":2.95,"d":"2.950"},{"v":0,"d":"0.000"},19.47,"Sqm",{"$nulls":3},"SSR 19-20"]
[null,"Living room",1,"x",1,{"v":18.1,"d":"18.100"},{"v":0,"d":"0.000"},{"v":3.05,"d":"3.050"},55.21,"Sqm",{"$nulls":3},"SSR 19-20"]
[null,"Ceiling",1,"x",1,{"v":6.1,"d":"6.100"},{"v":2.95,"d":"2.950"},{"v":0,"d":"0.000"},{"v":18,"d":"18.00"},"Sqm",{"$nulls":3},"SSR 19-20"]
[null,"Deduct door",1,"x",1,{"v":1.2,"d":"1.200"},{"v":0,"d":"0.000"},{"v":2.1,"d":"2.100"},{"$f":"-ROUND(IF(AND(F1995:H1995),C1995*E1995*F1995*G1995*H1995,IF(AND(F1995,G1995),C1995*E1995*F1995*G1995,IF(AND(F1995,H1995),C1995*E1995*F1995*H1995,IF(AND(G1995,H1995),C1995*E1995*G1995*H1995,IF(F1995,C1995*E1995*F1995,IF(G1995,C1995*E1995*G1995,IF(H1995,C1995*E1995*H1995,C1995*E1995))))))),2)","v":-2.52},"Sqm",{"$nulls":3},"SSR 19-20"]
[null,"Deduct door",2,"x",2,{"v":1.05,"d":"1.050"},{"v":0,"d":"0.000"},{"v":2.1,"d":"2.100"},{"$f":"-ROUND(IF(AND(F1996:H1996),C1996*E1996*F1996*G1996*H1996,IF(AND(F1996,G1996),C1996*E1996*F1996*G1996,IF(AND(F1996,H1996),C1996*E1996*F1996*H1996,IF(AND(G1996,H1996),C1996*E1996*G1996*H1996,IF(F1996,C1996*E1996*F1996,IF(G1996,C1996*E1996*G1996,IF(H1996,C1996*E1996*H1996,C1996*E1996))))))),2)","v":-8.82},"Sqm",{"$nulls":3},"SSR 19-20"]
[null,"Deduct door",1,"x",1,{"v":1.05,"d":"1.050"},{"v":0,"d":"0.000"},{"v":2.1,"d":"2.100"},-2.21,"Sqm",{"$nulls":3},"SSR 19-20"]
[null,"Deduct door",1,"x",2,{"v":1,"d":"1.000"},{"v":0,"d":"0.000"},{"v":2.1,"d":"2.100"},{"v":-4.2,"d":"-4.20"},"Sqm",{"$nulls":3},"SSR 19-20"]
[null,"Deduct door",2,"x",2,{"v":0.9,"d":"0.900"},{"v":0,"d":"0.000"},{"v":2.1,"d":"2.100"},-7.56,"Sqm",{"$nulls":3},"SSR 19-20"]
[null,"Deduct door",1,"x",1,{"v":0.9,"d":"0.900"},{"v":0,"d":"0.000"},{"v":2.1,"d":"2.100"},-1.89,"Sqm",{"$nulls":3},"SSR 19-20"]
[null,"Deduct windows",1,"x",11,{"v":1.2,"d":"1.200"},{"v":0,"d":"0.000"},{"v":1.2,"d":"1.200"},-15.84,"Sqm",{"$nulls":3},"SSR 19-20"]
[null,"Deduct ventilators",1,"x",12,{"v":0.6,"d":"0.600"},{"v":0,"d":"0.000"},{"v":0.3,"d":"0.300"},-2.16,"Sqm",{"$nulls":3},"SSR 19-20"]
[{"$nulls":13},"SSR 19-20"]
[{"$nulls":9},"Sqm",{"$f":"data!E811","v":148.07},"SSR 19-20",{"$f":"ROUND(I2004*K2004,0)","v":{"v":0,"d":"0.00"}},"SSR 19-20"]
[31,"Providing and applying Wall putty of White Cement or Polymer or Cement based of average 1 to 2 mm thickness over plastered surface to prepare the surface even and smooth after thoroughly brushing the surface to remove all dirt and remains of loose powdered materials, applying emery paper, Sand the surface, clean & wipe off loose dust, applying knifing paste filler by putty knife / muslin pad, air dry for 2 - 3 hrs, sand with 180 and 320 No., emery paper for the surface preparation including cost and conveyance of all materials and all operational, incidental and all labour charges etc., complete for finished item of work in all floors for internal walls",{"$nulls":11},"SSR 20-21"]
[null,"Qty.p.35 to 37 of M.B.No.478/A/ZP/19",null,"02.08.2021",{"$nulls":9},"SSR 20-21"]
[null,"Examination room ceiling",1,"x",1,{"v":2.89,"d":"2.890"},{"v":2.82,"d":"2.820"},{"v":0,"d":"0.000"},{"$f":"ROUND(IF(AND(F2007:H2007),C2007*E2007*F2007*G2007*H2007,IF(AND(F2007,G2007),C2007*E2007*F2007*G2007,IF(AND(F2007,H2007),C2007*E2007*F2007*H2007,IF(AND(G2007,H2007),C2007*E2007*G2007*H2007,IF(F2007,C2007*E2007*F2007,IF(G2007,C2007*E2007*G2007,IF(H2007,C2007*E2007*H2007,C2007*E2007))))))),2)","v":8.15},"Sqm",{"$nulls":3},"SSR 20-21"]
[null,"For walls",1,"x",1,{"v":11.42,"d":"11.420"},{"v":0,"d":"0.000"},{"v":3.2,"d":"3.200"},36.54,"Sqm",{"$nulls":3},"SSR 20-21"]
[null,"tiolet ceiling",1,"x",1,{"v":1.36,"d":"1.360"},{"v":1.63,"d":"1.630"},{"v":0,"d":"0.000"},2.22,"Sqm",{"$nulls":3},"SSR 20-21"]
[null,null,1,"x",1,{"v":1.36,"d":"1.360"},{"v":0.95,"d":"0.950"},{"v":0,"d":"0.000"},1.29,"Sqm",{"$nulls":3},"SSR 20-21"]
[null,"Lab and store room ceiling",1,"x",1,{"v":2.34,"d":"2.340"},{"v":2.82,"d":"2.820"},{"v":0,"d":"0.000"},{"v":6.6,"d":"6.60"},"Sqm",{"$nulls":3},"SSR 20-21"]
[null,"For walls",1,"x",1,{"v":10.32,"d":"10.320"},{"v":0,"d":"0.000"},{"v":3.2,"d":"3.200"},33.02,"Sqm",{"$nulls":3},"SSR 20-21"]
[null,"Bed room ceiling",1,"x",1,{"v":2.75,"d":"2.750"},{"v":2.82,"d":"2.820"},{"v":0,"d":"0.000"},7.76,"Sqm",{"$nulls":3},"SSR 20-21"]
[null,"For walls",1,"x",1,{"v":11.14,"d":"11.140"},{"v":0,"d":"0.000"},{"v":3.2,"d":"3.200"},35.65,"Sqm",{"$nulls":3},"SSR 20-21"]
[null,"tiolet ceiling",1,"x",1,{"v":1.36,"d":"1.360"},{"v":1.95,"d":"1.950"},{"v":0,"d":"0.000"},2.65,"Sqm",{"$nulls":3},"SSR 20-21"]
[null,null,1,"x",1,{"v":1.36,"d":"1.360"},{"v":0.6,"d":"0.600"},{"v":0,"d":"0.000"},0.82,"Sqm",{"$nulls":3},"SSR 20-21"]
[null,"Kitchen ceiling",1,"x",1,{"v":1.83,"d":"1.830"},{"v":2.82,"d":"2.820"},{"v":0,"d":"0.000"},5.16,"Sqm",{"$nulls":3},"SSR 20-21"]
[null,"For walls",1,"x",1,{"v":9.3,"d":"9.300"},{"v":0,"d":"0.000"},{"v":3.2,"d":"3.200"},29.76,"Sqm",{"$nulls":3},"SSR 20-21"]
[null,"tiolet outer walls",1,"x",1,{"v":3.93,"d":"3.930"},{"v":0,"d":"0.000"},{"v":3.2,"d":"3.200"},12.58,"Sqm",{"$nulls":3},"SSR 20-21"]
[null,"clinic and lobby ceiling",1,"x",1,{"v":6.68,"d":"6.680"},{"v":3,"d":"3.000"},{"v":0,"d":"0.000"},20.04,"Sqm",{"$nulls":3},"SSR 20-21"]
[null,"For walls",1,"x",1,{"v":19.36,"d":"19.360"},{"v":0,"d":"0.000"},{"v":3.2,"d":"3.200"},61.95,"Sqm",{"$nulls":3},"SSR 20-21"]
[null,"Living room ceiling",1,"x",1,{"v":6.17,"d":"6.170"},{"v":3,"d":"3.000"},{"v":0,"d":"0.000"},18.51,"Sqm",{"$nulls":3},"SSR 20-21"]
[null,"For walls",1,"x",1,{"v":18.34,"d":"18.340"},{"v":0,"d":"0.000"},{"v":3.2,"d":"3.200"},58.69,"Sqm",{"$nulls":3},"SSR 20-21"]
[null,"Deduct door",1,"x",1,{"v":1.2,"d":"1.200"},{"v":0,"d":"0.000"},{"v":2.1,"d":"2.100"},{"$f":"-ROUND(IF(AND(F2024:H2024),C2024*E2024*F2024*G2024*H2024,IF(AND(F2024,G2024),C2024*E2024*F2024*G2024,IF(AND(F2024,H2024),C2024*E2024*F2024*H2024,IF(AND(G2024,H2024),C2024*E2024*G2024*H2024,IF(F2024,C2024*E2024*F2024,IF(G2024,C2024*E2024*G2024,IF(H2024,C2024*E2024*H2024,C2024*E2024))))))),2)","v":-2.52},"Sqm",{"$nulls":3},"SSR 20-21"]
[null,"Deduct door",1,"x",1,{"v":0.9,"d":"0.900"},{"v":0,"d":"0.000"},{"v":2.1,"d":"2.100"},{"$f":"-ROUND(IF(AND(F2025:H2025),C2025*E2025*F2025*G2025*H2025,IF(AND(F2025,G2025),C2025*E2025*F2025*G2025,IF(AND(F2025,H2025),C2025*E2025*F2025*H2025,IF(AND(G2025,H2025),C2025*E2025*G2025*H2025,IF(F2025,C2025*E2025*F2025,IF(G2025,C2025*E2025*G2025,IF(H2025,C2025*E2025*H2025,C2025*E2025))))))),2)","v":-1.89},"Sqm",{"$nulls":3},"SSR 20-21"]
[null,"Deduct door",2,"x",4,{"v":0.9,"d":"0.900"},{"v":0,"d":"0.000"},{"v":2.1,"d":"2.100"},-15.12,"Sqm",{"$nulls":3},"SSR 20-21"]
[null,"Deduct door",1,"x",1,{"v":0.75,"d":"0.750"},{"v":0,"d":"0.000"},{"v":2.1,"d":"2.100"},-1.58,"Sqm",{"$nulls":3},"SSR 20-21"]
[null,"Deduct door",1,"x",2,{"v":0.75,"d":"0.750"},{"v":0,"d":"0.000"},{"v":2.1,"d":"2.100"},-3.15,"Sqm",{"$nulls":3},"SSR 20-21"]
[null,"Deduct windows",1,"x",8,{"v":1.2,"d":"1.200"},{"v":0,"d":"0.000"},{"v":1.2,"d":"1.200"},-11.52,"Sqm",{"$nulls":3},"SSR 20-21"]
[null,"Deduct ventilators",1,"x",14,{"v":0.6,"d":"0.600"},{"v":0,"d":"0.000"},{"v":0.3,"d":"0.300"},-2.52,"Sqm",{"$nulls":3},"SSR 20-21"]
[null,"tiolet outer walls",1,"x",1,{"v":4.63,"d":"4.630"},{"v":0,"d":"0.000"},{"v":3.2,"d":"3.200"},{"$f":"ROUND(IF(AND(F2031:H2031),C2031*E2031*F2031*G2031*H2031,IF(AND(F2031,G2031),C2031*E2031*F2031*G2031,IF(AND(F2031,H2031),C2031*E2031*F2031*H2031,IF(AND(G2031,H2031),C2031*E2031*G2031*H2031,IF(F2031,C2031*E2031*F2031,IF(G2031,C2031*E2031*G2031,IF(H2031,C2031*E2031*H2031,C2031*E2031))))))),2)","v":14.82},"Sqm",{"$nulls":3},"SSR 20-21"]
[{"$nulls":13},"SSR 20-21"]
[{"$nulls":9},"Sqm",{"$f":"data!E1728","v":155.29},"SSR 20-21",{"$f":"ROUND(I2033*K2033,0)","v":{"v":0,"d":"0.00"}},"SSR 20-21"]
[29,"Providing and applying Wall putty of White Cement or Polymer or Cement based of average 1 to 2 mm thickness over plastered surface to prepare the surface even and smooth after thoroughly brushing the surface to remove all dirt and remains of loose powdered materials, applying emery paper, Sand the surface, clean & wipe off loose dust, applying knifing paste filler by putty knife / muslin pad, air dry for 2 - 3 hrs, sand with 180 and 320 No., emery paper for the surface preparation including cost and conveyance of all materials and all operational, incidental and all labour charges etc., complete for finished item of work in all floors for internal walls",{"$nulls":11},"SSR 21-22"]
[null,"Qty.p.35 of M.B.No.790/A/ZP/19",{"$nulls":11},"SSR 21-22"]
[null,"Examination room",1,"x",1,{"v":11.26,"d":"11.260"},{"v":0,"d":"0.000"},{"v":3.2,"d":"3.200"},{"$f":"ROUND(IF(AND(F2036:H2036),C2036*E2036*F2036*G2036*H2036,IF(AND(F2036,G2036),C2036*E2036*F2036*G2036,IF(AND(F2036,H2036),C2036*E2036*F2036*H2036,IF(AND(G2036,H2036),C2036*E2036*G2036*H2036,IF(F2036,C2036*E2036*F2036,IF(G2036,C2036*E2036*G2036,IF(H2036,C2036*E2036*H2036,C2036*E2036))))))),2)","v":36.03},"Sqm",{"$nulls":3},"SSR 21-22"]
[null,"Deduct windows",1,"x",1,{"v":11.26,"d":"11.260"},{"v":0,"d":"0.000"},{"v":3.2,"d":"3.200"},36.03,"Sqm",{"$nulls":3},"SSR 21-22"]
[null,"Deduct ventilators",1,"x",1,{"v":11.26,"d":"11.260"},{"v":0,"d":"0.000"},{"v":3.2,"d":"3.200"},36.03,"Sqm",{"$nulls":3},"SSR 21-22"]
[null,"Deduct door",1,"x",1,{"v":11.26,"d":"11.260"},{"v":0,"d":"0.000"},{"v":3.2,"d":"3.200"},36.03,"Sqm",{"$nulls":3},"SSR 21-22"]
[null,"space before tiolet-1",1,"x",1,{"v":11.26,"d":"11.260"},{"v":0,"d":"0.000"},{"v":3.2,"d":"3.200"},36.03,"Sqm",{"$nulls":3},"SSR 21-22"]
[null,"deduct door",1,"x",1,{"v":11.26,"d":"11.260"},{"v":0,"d":"0.000"},{"v":3.2,"d":"3.200"},36.03,"Sqm",{"$nulls":3},"SSR 21-22"]
[null,"deduct door",1,"x",1,{"v":11.26,"d":"11.260"},{"v":0,"d":"0.000"},{"v":3.2,"d":"3.200"},36.03,"Sqm",{"$nulls":3},"SSR 21-22"]
[null,"Deduct ventilators",1,"x",1,{"v":11.26,"d":"11.260"},{"v":0,"d":"0.000"},{"v":3.2,"d":"3.200"},36.03,"Sqm",{"$nulls":3},"SSR 21-22"]
[null,"Deduct ventilators",1,"x",1,{"v":11.26,"d":"11.260"},{"v":0,"d":"0.000"},{"v":3.2,"d":"3.200"},36.03,"Sqm",{"$nulls":3},"SSR 21-22"]
[null,"Deduct windows",1,"x",1,{"v":11.26,"d":"11.260"},{"v":0,"d":"0.000"},{"v":3.2,"d":"3.200"},36.03,"Sqm",{"$nulls":3},"SSR 21-22"]
[null,"Living room",1,"x",1,{"v":11.26,"d":"11.260"},{"v":0,"d":"0.000"},{"v":3.2,"d":"3.200"},36.03,"Sqm",{"$nulls":3},"SSR 21-22"]
[null,"Deduct door",1,"x",1,{"v":11.26,"d":"11.260"},{"v":0,"d":"0.000"},{"v":3.2,"d":"3.200"},36.03,"Sqm",{"$nulls":3},"SSR 21-22"]
[null,"Deduct door",1,"x",1,{"v":11.26,"d":"11.260"},{"v":0,"d":"0.000"},{"v":3.2,"d":"3.200"},36.03,"Sqm",{"$nulls":3},"SSR 21-22"]
[null,"deduct opening",1,"x",1,{"v":11.26,"d":"11.260"},{"v":0,"d":"0.000"},{"v":3.2,"d":"3.200"},36.03,"Sqm",{"$nulls":3},"SSR 21-22"]
[null,"Deduct ventilators",1,"x",1,{"v":11.26,"d":"11.260"},{"v":0,"d":"0.000"},{"v":3.2,"d":"3.200"},36.03,"Sqm",{"$nulls":3},"SSR 21-22"]
[null,"Deduct windows",1,"x",1,{"v":11.26,"d":"11.260"},{"v":0,"d":"0.000"},{"v":3.2,"d":"3.200"},36.03,"Sqm",{"$nulls":3},"SSR 21-22"]
[null,"Deduct windows",1,"x",1,{"v":11.26,"d":"11.260"},{"v":0,"d":"0.000"},{"v":3.2,"d":"3.200"},36.03,"Sqm",{"$nulls":3},"SSR 21-22"]
[{"$nulls":13},"SSR 21-22"]
[{"$nulls":9},"Sqm",{"$f":"data!E2645","v":160.76},"SSR 21-22",{"$f":"ROUND(I2054*K2054,0)","v":{"v":0,"d":"0.00"}},"SSR 21-22"]
[26,"Providing and applying Wall putty of White Cement or Polymer or Cement based of average 1 to 2 mm thickness over plastered surface to prepare the surface even and smooth after thoroughly brushing the surface to remove all dirt and remains of loose powdered materials, applying emery paper, Sand the surface, clean & wipe off loose dust, applying knifing paste filler by putty knife / muslin pad, air dry for 2 - 3 hrs, sand with 180 and 320 No., emery paper for the surface preparation including cost and conveyance of all materials and all operational, incidental and all labour charges etc., complete for finished item of work in all floors for internal walls",{"$nulls":11},"SSR 22-23"]
[null,"Qty.p.10 to 12 of M.B.No.111/A/ZP/22",null,"07.12.2023",{"$nulls":9},"SSR 22-23"]
[null,"Examination room",1,"x",1,{"v":10.84,"d":"10.840"},{"v":0,"d":"0.000"},{"v":3.05,"d":"3.050"},{"$f":"ROUND(IF(AND(F2057:H2057),C2057*E2057*F2057*G2057*H2057,IF(AND(F2057,G2057),C2057*E2057*F2057*G2057,IF(AND(F2057,H2057),C2057*E2057*F2057*H2057,IF(AND(G2057,H2057),C2057*E2057*G2057*H2057,IF(F2057,C2057*E2057*F2057,IF(G2057,C2057*E2057*G2057,IF(H2057,C2057*E2057*H2057,C2057*E2057))))))),2)","v":33.06},"Sqm",{"$nulls":3},"SSR 22-23"]
[null,"Ceiling",1,"x",1,{"v":2.7,"d":"2.700"},{"v":2.72,"d":"2.720"},{"v":0,"d":"0.000"},7.34,"Sqm",{"$nulls":3},"SSR 22-23"]
[null,"Lab and store room",1,"x",1,{"v":9.84,"d":"9.840"},{"v":0,"d":"0.000"},{"v":3.05,"d":"3.050"},30.01,"Sqm",{"$nulls":3},"SSR 22-23"]
[null,"Ceiling",1,"x",1,{"v":2.2,"d":"2.200"},{"v":2.72,"d":"2.720"},{"v":0,"d":"0.000"},5.98,"Sqm",{"$nulls":3},"SSR 22-23"]
[null,"Bed room ",1,"x",1,{"v":9.84,"d":"9.840"},{"v":0,"d":"0.000"},{"v":3.05,"d":"3.050"},30.01,"Sqm",{"$nulls":3},"SSR 22-23"]
[null,"Ceiling",1,"x",1,{"v":2.2,"d":"2.200"},{"v":2.72,"d":"2.720"},{"v":0,"d":"0.000"},5.98,"Sqm",{"$nulls":3},"SSR 22-23"]
[null,"Kitchen",1,"x",1,{"v":8.64,"d":"8.640"},{"v":0,"d":"0.000"},{"v":3.05,"d":"3.050"},26.35,"Sqm",{"$nulls":3},"SSR 22-23"]
[null,"Ceiling",1,"x",1,{"v":1.6,"d":"1.600"},{"v":2.72,"d":"2.720"},{"v":0,"d":"0.000"},4.35,"Sqm",{"$nulls":3},"SSR 22-23"]
[null,"clinic and lobby",1,"x",1,{"v":19.22,"d":"19.220"},{"v":0,"d":"0.000"},{"v":3.05,"d":"3.050"},58.62,"Sqm",{"$nulls":3},"SSR 22-23"]
[null,"Ceiling",1,"x",1,{"v":6.6,"d":"6.600"},{"v":2.95,"d":"2.950"},{"v":0,"d":"0.000"},19.47,"Sqm",{"$nulls":3},"SSR 22-23"]
[null,"Living room",1,"x",1,{"v":18.1,"d":"18.100"},{"v":0,"d":"0.000"},{"v":3.05,"d":"3.050"},55.21,"Sqm",{"$nulls":3},"SSR 22-23"]
[null,"Ceiling",1,"x",1,{"v":6.1,"d":"6.100"},{"v":2.95,"d":"2.950"},{"v":0,"d":"0.000"},{"v":18,"d":"18.00"},"Sqm",{"$nulls":3},"SSR 22-23"]
[null,"Deduct door",1,"x",1,{"v":1.2,"d":"1.200"},{"v":0,"d":"0.000"},{"v":2.1,"d":"2.100"},{"$f":"-ROUND(IF(AND(F2069:H2069),C2069*E2069*F2069*G2069*H2069,IF(AND(F2069,G2069),C2069*E2069*F2069*G2069,IF(AND(F2069,H2069),C2069*E2069*F2069*H2069,IF(AND(G2069,H2069),C2069*E2069*G2069*H2069,IF(F2069,C2069*E2069*F2069,IF(G2069,C2069*E2069*G2069,IF(H2069,C2069*E2069*H2069,C2069*E2069))))))),2)","v":-2.52},"Sqm",{"$nulls":3},"SSR 22-23"]
[null,"Deduct door",2,"x",2,{"v":1.05,"d":"1.050"},{"v":0,"d":"0.000"},{"v":2.1,"d":"2.100"},{"$f":"-ROUND(IF(AND(F2070:H2070),C2070*E2070*F2070*G2070*H2070,IF(AND(F2070,G2070),C2070*E2070*F2070*G2070,IF(AND(F2070,H2070),C2070*E2070*F2070*H2070,IF(AND(G2070,H2070),C2070*E2070*G2070*H2070,IF(F2070,C2070*E2070*F2070,IF(G2070,C2070*E2070*G2070,IF(H2070,C2070*E2070*H2070,C2070*E2070))))))),2)","v":-8.82},"Sqm",{"$nulls":3},"SSR 22-23"]
[null,"Deduct door",1,"x",1,{"v":1.05,"d":"1.050"},{"v":0,"d":"0.000"},{"v":2.1,"d":"2.100"},-2.21,"Sqm",{"$nulls":3},"SSR 22-23"]
[null,"Deduct door",1,"x",2,{"v":1,"d":"1.000"},{"v":0,"d":"0.000"},{"v":2.1,"d":"2.100"},{"v":-4.2,"d":"-4.20"},"Sqm",{"$nulls":3},"SSR 22-23"]
[null,"Deduct door",2,"x",2,{"v":0.9,"d":"0.900"},{"v":0,"d":"0.000"},{"v":2.1,"d":"2.100"},-7.56,"Sqm",{"$nulls":3},"SSR 22-23"]
[null,"Deduct door",1,"x",1,{"v":0.9,"d":"0.900"},{"v":0,"d":"0.000"},{"v":2.1,"d":"2.100"},-1.89,"Sqm",{"$nulls":3},"SSR 22-23"]
[null,"Deduct windows",1,"x",11,{"v":1.2,"d":"1.200"},{"v":0,"d":"0.000"},{"v":1.2,"d":"1.200"},-15.84,"Sqm",{"$nulls":3},"SSR 22-23"]
[null,"Deduct ventilators",1,"x",12,{"v":0.6,"d":"0.600"},{"v":0,"d":"0.000"},{"v":0.3,"d":"0.300"},-2.16,"Sqm",{"$nulls":3},"SSR 22-23"]
[{"$nulls":13},"SSR 22-23"]
[{"$nulls":8},{"$f":"SUM(I2057:I2077)","v":{"v":249.18000000000006,"d":"249.18"}},"Sqm",{"$f":"data!E3562","v":173.73},"SSR 22-23",{"$f":"ROUND(I2078*K2078,0)","v":{"v":43290,"d":"43290.00"}},"SSR 22-23"]
[25,"Painting to new walls with 2 coats of acrylic Emulsion paint Asian or equivalent and shade over Priming coat with Cement primer water base interior Gr-1 Asian or equivalent on new plastered surface after throughly brushing the surace remove all dirt and remains of loose powdered materials including cost and conveyance of all materials to worksite and all oparational, incidental, labour charges etc complete for  finished item of work as per SS 911 for internal walls",{"$nulls":11},"SSR 19-20"]
[null,"Qty.p.43 of M.B.No.103/A/ZP/22",{"$nulls":11},"SSR 19-20"]
[null,null,1,"x",1,{"v":11.06,"d":"11.060"},{"v":0,"d":"0.000"},{"v":3,"d":"3.000"},{"$f":"ROUND(IF(AND(F2081:H2081),C2081*E2081*F2081*G2081*H2081,IF(AND(F2081,G2081),C2081*E2081*F2081*G2081,IF(AND(F2081,H2081),C2081*E2081*F2081*H2081,IF(AND(G2081,H2081),C2081*E2081*G2081*H2081,IF(F2081,C2081*E2081*F2081,IF(G2081,C2081*E2081*G2081,IF(H2081,C2081*E2081*H2081,C2081*E2081))))))),2)","v":33.18},"Sqm",{"$nulls":3},"SSR 19-20"]
[null,null,1,"x",1,{"v":2.85,"d":"2.850"},{"v":2.78,"d":"2.780"},{"v":0,"d":"0.000"},7.92,"Sqm",{"$nulls":3},"SSR 19-20"]
[null,null,1,"x",1,{"v":5.8,"d":"5.800"},{"v":0,"d":"0.000"},{"v":0.9,"d":"0.900"},5.22,"Sqm",{"$nulls":3},"SSR 19-20"]
[null,null,1,"x",1,{"v":1.31,"d":"1.310"},{"v":1.59,"d":"1.590"},{"v":0,"d":"0.000"},2.08,"Sqm",{"$nulls":3},"SSR 19-20"]
[null,null,1,"x",1,{"v":1.31,"d":"1.310"},{"v":1.15,"d":"1.150"},{"v":0,"d":"0.000"},1.51,"Sqm",{"$nulls":3},"SSR 19-20"]
[null,null,1,"x",1,{"v":1.15,"d":"1.150"},{"v":0,"d":"0.000"},{"v":3,"d":"3.000"},3.45,"Sqm",{"$nulls":3},"SSR 19-20"]
[null,null,1,"x",1,{"v":10,"d":"10.000"},{"v":0,"d":"0.000"},{"v":3,"d":"3.000"},{"v":30,"d":"30.00"},"Sqm",{"$nulls":3},"SSR 19-20"]
[null,null,1,"x",1,{"v":2.25,"d":"2.250"},{"v":2.76,"d":"2.760"},{"v":0,"d":"0.000"},6.21,"Sqm",{"$nulls":3},"SSR 19-20"]
[null,null,1,"x",1,{"v":6.72,"d":"6.720"},{"v":0,"d":"0.000"},{"v":0.9,"d":"0.900"},6.05,"Sqm",{"$nulls":3},"SSR 19-20"]
[null,null,1,"x",1,{"v":1.45,"d":"1.450"},{"v":1.91,"d":"1.910"},{"v":0,"d":"0.000"},2.77,"Sqm",{"$nulls":3},"SSR 19-20"]
[null,null,1,"x",1,{"v":1.45,"d":"1.450"},{"v":0.8,"d":"0.800"},{"v":0,"d":"0.000"},1.16,"Sqm",{"$nulls":3},"SSR 19-20"]
[null,null,1,"x",2,{"v":0.8,"d":"0.800"},{"v":0,"d":"0.000"},{"v":3,"d":"3.000"},{"v":4.8,"d":"4.80"},"Sqm",{"$nulls":3},"SSR 19-20"]
[null,null,1,"x",1,{"v":8.86,"d":"8.860"},{"v":0,"d":"0.000"},{"v":3,"d":"3.000"},26.58,"Sqm",{"$nulls":3},"SSR 19-20"]
[null,null,1,"x",1,{"v":1.68,"d":"1.680"},{"v":2.75,"d":"2.750"},{"v":0,"d":"0.000"},4.62,"Sqm",{"$nulls":3},"SSR 19-20"]
[null,null,1,"x",1,{"v":19.48,"d":"19.480"},{"v":0,"d":"0.000"},{"v":3,"d":"3.000"},58.44,"Sqm",{"$nulls":3},"SSR 19-20"]
[null,null,1,"x",1,{"v":6.75,"d":"6.750"},{"v":2.99,"d":"2.990"},{"v":0,"d":"0.000"},20.18,"Sqm",{"$nulls":3},"SSR 19-20"]
[null,null,1,"x",1,{"v":18.28,"d":"18.280"},{"v":0,"d":"0.000"},{"v":3,"d":"3.000"},54.84,"Sqm",{"$nulls":3},"SSR 19-20"]
[null,null,1,"x",1,{"v":6.15,"d":"6.150"},{"v":2.99,"d":"2.990"},{"v":0,"d":"0.000"},18.39,"Sqm",{"$nulls":3},"SSR 19-20"]
[null,null,2,"x",2,{"v":0.6,"d":"0.600"},{"v":0,"d":"0.000"},{"v":0.9,"d":"0.900"},2.16,"Sqm",{"$nulls":3},"SSR 19-20"]
[null,null,1,"x",2,{"v":0.5,"d":"0.500"},{"v":0,"d":"0.000"},{"v":0.85,"d":"0.850"},0.85,"Sqm",{"$nulls":3},"SSR 19-20"]
[null,null,1,"x",2,{"v":0.5,"d":"0.500"},{"v":0,"d":"0.000"},{"v":0.85,"d":"0.850"},0.85,"Sqm",{"$nulls":3},"SSR 19-20"]
[null,null,1,"x",2,{"v":0.58,"d":"0.580"},{"v":0,"d":"0.000"},{"v":3,"d":"3.000"},3.48,"Sqm",{"$nulls":3},"SSR 19-20"]
[null,null,1,"x",1,{"v":1.2,"d":"1.200"},{"v":0,"d":"0.000"},{"v":2.1,"d":"2.100"},{"$f":"-ROUND(IF(AND(F2103:H2103),C2103*E2103*F2103*G2103*H2103,IF(AND(F2103,G2103),C2103*E2103*F2103*G2103,IF(AND(F2103,H2103),C2103*E2103*F2103*H2103,IF(AND(G2103,H2103),C2103*E2103*G2103*H2103,IF(F2103,C2103*E2103*F2103,IF(G2103,C2103*E2103*G2103,IF(H2103,C2103*E2103*H2103,C2103*E2103))))))),2)","v":-2.52},"Sqm",{"$nulls":3},"SSR 19-20"]
[null,null,1,"x",2,{"v":0.9,"d":"0.900"},{"v":0,"d":"0.000"},{"v":2.1,"d":"2.100"},-3.78,"Sqm",{"$nulls":3},"SSR 19-20"]
[null,null,2,"x",2,{"v":0.9,"d":"0.900"},{"v":0,"d":"0.000"},{"v":2.1,"d":"2.100"},-7.56,"Sqm",{"$nulls":3},"SSR 19-20"]
[null,null,1,"x",1,{"v":0.78,"d":"0.780"},{"v":0,"d":"0.000"},{"v":2.8,"d":"2.800"},-2.18,"Sqm",{"$nulls":3},"SSR 19-20"]
[null,null,1,"x",2,{"v":0.9,"d":"0.900"},{"v":0,"d":"0.000"},{"v":2.8,"d":"2.800"},-5.04,"Sqm",{"$nulls":3},"SSR 19-20"]
[null,null,1,"x",8,{"v":1.2,"d":"1.200"},{"v":0,"d":"0.000"},{"v":1.2,"d":"1.200"},-11.52,"Sqm",{"$nulls":3},"SSR 19-20"]
[null,null,1,"x",8,{"v":0.6,"d":"0.600"},{"v":0,"d":"0.000"},{"v":0.3,"d":"0.300"},-1.44,"Sqm",{"$nulls":3},"SSR 19-20"]
[{"$nulls":13},"SSR 19-20"]
[{"$nulls":9},"Sqm",{"$f":"data!E846","v":122.02},"SSR 19-20",{"$f":"ROUND(I2111*K2111,0)","v":{"v":0,"d":"0.00"}},"SSR 19-20"]
[32,"Painting to new walls with 2 coats of acrylic Emulsion paint Asian or equivalent and shade over Priming coat with Cement primer water base interior Gr-1 Asian or equivalent on new plastered surface after throughly brushing the surace remove all dirt and remains of loose powdered materials including cost and conveyance of all materials to worksite and all oparational, incidental, labour charges etc complete for  finished item of work as per SS 911 for internal walls",{"$nulls":11},"SSR 20-21"]
[null,"Qty.p.38 to 40 of M.B.No.478/A/ZP/19",null,"11.08.2021",{"$nulls":9},"SSR 20-21"]
[null,"Examination room ceiling",1,"x",1,{"v":2.89,"d":"2.890"},{"v":2.82,"d":"2.820"},{"v":0,"d":"0.000"},{"$f":"ROUND(IF(AND(F2114:H2114),C2114*E2114*F2114*G2114*H2114,IF(AND(F2114,G2114),C2114*E2114*F2114*G2114,IF(AND(F2114,H2114),C2114*E2114*F2114*H2114,IF(AND(G2114,H2114),C2114*E2114*G2114*H2114,IF(F2114,C2114*E2114*F2114,IF(G2114,C2114*E2114*G2114,IF(H2114,C2114*E2114*H2114,C2114*E2114))))))),2)","v":8.15},"Sqm",{"$nulls":3},"SSR 20-21"]
[null,"For walls",1,"x",1,{"v":11.42,"d":"11.420"},{"v":0,"d":"0.000"},{"v":3.2,"d":"3.200"},36.54,"Sqm",{"$nulls":3},"SSR 20-21"]
[null,"tiolet ceiling",1,"x",1,{"v":1.36,"d":"1.360"},{"v":1.63,"d":"1.630"},{"v":0,"d":"0.000"},2.22,"Sqm",{"$nulls":3},"SSR 20-21"]
[null,null,1,"x",1,{"v":1.36,"d":"1.360"},{"v":0.95,"d":"0.950"},{"v":0,"d":"0.000"},1.29,"Sqm",{"$nulls":3},"SSR 20-21"]
[null,"For walls",1,"x",1,{"v":5.98,"d":"5.980"},{"v":0,"d":"0.000"},{"v":1.1,"d":"1.100"},6.58,"Sqm",{"$nulls":3},"SSR 20-21"]
[null,null,1,"x",1,{"v":4.63,"d":"4.630"},{"v":0,"d":"0.000"},{"v":3.2,"d":"3.200"},14.82,"Sqm",{"$nulls":3},"SSR 20-21"]
[null,"Lab and store room ceiling",1,"x",1,{"v":2.34,"d":"2.340"},{"v":2.82,"d":"2.820"},{"v":0,"d":"0.000"},{"v":6.6,"d":"6.60"},"Sqm",{"$nulls":3},"SSR 20-21"]
[null,"For walls",1,"x",1,{"v":10.32,"d":"10.320"},{"v":0,"d":"0.000"},{"v":3.2,"d":"3.200"},33.02,"Sqm",{"$nulls":3},"SSR 20-21"]
[null,"Bed room ceiling",1,"x",1,{"v":2.75,"d":"2.750"},{"v":2.82,"d":"2.820"},{"v":0,"d":"0.000"},7.76,"Sqm",{"$nulls":3},"SSR 20-21"]
[null,"For walls",1,"x",1,{"v":11.14,"d":"11.140"},{"v":0,"d":"0.000"},{"v":3.2,"d":"3.200"},35.65,"Sqm",{"$nulls":3},"SSR 20-21"]
[null,"Bed room tiolet ceiling",1,"x",1,{"v":1.36,"d":"1.360"},{"v":1.95,"d":"1.950"},{"v":0,"d":"0.000"},2.65,"Sqm",{"$nulls":3},"SSR 20-21"]
[null,null,1,"x",1,{"v":1.36,"d":"1.360"},{"v":0.6,"d":"0.600"},{"v":0,"d":"0.000"},0.82,"Sqm",{"$nulls":3},"SSR 20-21"]
[null,"For walls",1,"x",1,{"v":6.68,"d":"6.680"},{"v":0,"d":"0.000"},{"v":1.1,"d":"1.100"},7.35,"Sqm",{"$nulls":3},"SSR 20-21"]
[null,null,1,"x",1,{"v":3.93,"d":"3.930"},{"v":0,"d":"0.000"},{"v":3.2,"d":"3.200"},12.58,"Sqm",{"$nulls":3},"SSR 20-21"]
[null,"Kitchen ceiling",1,"x",1,{"v":1.83,"d":"1.830"},{"v":2.82,"d":"2.820"},{"v":0,"d":"0.000"},5.16,"Sqm",{"$nulls":3},"SSR 20-21"]
[null,"For walls",1,"x",1,{"v":9.3,"d":"9.300"},{"v":0,"d":"0.000"},{"v":3.2,"d":"3.200"},29.76,"Sqm",{"$nulls":3},"SSR 20-21"]
[null,"clinic and lobby ceiling",1,"x",1,{"v":6.68,"d":"6.680"},{"v":3,"d":"3.000"},{"v":0,"d":"0.000"},20.04,"Sqm",{"$nulls":3},"SSR 20-21"]
[null,"Deduct windows",1,"x",8,{"v":1.2,"d":"1.200"},{"v":0,"d":"0.000"},{"v":1.2,"d":"1.200"},{"$f":"-ROUND(IF(AND(F2131:H2131),C2131*E2131*F2131*G2131*H2131,IF(AND(F2131,G2131),C2131*E2131*F2131*G2131,IF(AND(F2131,H2131),C2131*E2131*F2131*H2131,IF(AND(G2131,H2131),C2131*E2131*G2131*H2131,IF(F2131,C2131*E2131*F2131,IF(G2131,C2131*E2131*G2131,IF(H2131,C2131*E2131*H2131,C2131*E2131))))))),2)","v":-11.52},"Sqm",{"$nulls":3},"SSR 20-21"]
[null,"Deduct door",1,"x",1,{"v":1.2,"d":"1.200"},{"v":0,"d":"0.000"},{"v":2.1,"d":"2.100"},{"$f":"-ROUND(IF(AND(F2132:H2132),C2132*E2132*F2132*G2132*H2132,IF(AND(F2132,G2132),C2132*E2132*F2132*G2132,IF(AND(F2132,H2132),C2132*E2132*F2132*H2132,IF(AND(G2132,H2132),C2132*E2132*G2132*H2132,IF(F2132,C2132*E2132*F2132,IF(G2132,C2132*E2132*G2132,IF(H2132,C2132*E2132*H2132,C2132*E2132))))))),2)","v":-2.52},"Sqm",{"$nulls":3},"SSR 20-21"]
[null,"Deduct door",1,"x",1,{"v":0.9,"d":"0.900"},{"v":0,"d":"0.000"},{"v":2.1,"d":"2.100"},{"$f":"-ROUND(IF(AND(F2133:H2133),C2133*E2133*F2133*G2133*H2133,IF(AND(F2133,G2133),C2133*E2133*F2133*G2133,IF(AND(F2133,H2133),C2133*E2133*F2133*H2133,IF(AND(G2133,H2133),C2133*E2133*G2133*H2133,IF(F2133,C2133*E2133*F2133,IF(G2133,C2133*E2133*G2133,IF(H2133,C2133*E2133*H2133,C2133*E2133))))))),2)","v":-1.89},"Sqm",{"$nulls":3},"SSR 20-21"]
[null,"Deduct door",2,"x",4,{"v":0.9,"d":"0.900"},{"v":0,"d":"0.000"},{"v":2.1,"d":"2.100"},{"$f":"-ROUND(IF(AND(F2134:H2134),C2134*E2134*F2134*G2134*H2134,IF(AND(F2134,G2134),C2134*E2134*F2134*G2134,IF(AND(F2134,H2134),C2134*E2134*F2134*H2134,IF(AND(G2134,H2134),C2134*E2134*G2134*H2134,IF(F2134,C2134*E2134*F2134,IF(G2134,C2134*E2134*G2134,IF(H2134,C2134*E2134*H2134,C2134*E2134))))))),2)","v":-15.12},"Sqm",{"$nulls":3},"SSR 20-21"]
[null,"Deduct door",1,"x",3,{"v":0.75,"d":"0.750"},{"v":0,"d":"0.000"},{"v":2.1,"d":"2.100"},{"$f":"-ROUND(IF(AND(F2135:H2135),C2135*E2135*F2135*G2135*H2135,IF(AND(F2135,G2135),C2135*E2135*F2135*G2135,IF(AND(F2135,H2135),C2135*E2135*F2135*H2135,IF(AND(G2135,H2135),C2135*E2135*G2135*H2135,IF(F2135,C2135*E2135*F2135,IF(G2135,C2135*E2135*G2135,IF(H2135,C2135*E2135*H2135,C2135*E2135))))))),2)","v":-4.73},"Sqm",{"$nulls":3},"SSR 20-21"]
[null,"clinic and lobby walls",1,"x",1,{"v":19.36,"d":"19.360"},{"v":0,"d":"0.000"},{"v":3.2,"d":"3.200"},{"$f":"ROUND(IF(AND(F2136:H2136),C2136*E2136*F2136*G2136*H2136,IF(AND(F2136,G2136),C2136*E2136*F2136*G2136,IF(AND(F2136,H2136),C2136*E2136*F2136*H2136,IF(AND(G2136,H2136),C2136*E2136*G2136*H2136,IF(F2136,C2136*E2136*F2136,IF(G2136,C2136*E2136*G2136,IF(H2136,C2136*E2136*H2136,C2136*E2136))))))),2)","v":61.95},"Sqm",{"$nulls":3},"SSR 20-21"]
[null,"Living room ceiling",1,"x",1,{"v":6.17,"d":"6.170"},{"v":3,"d":"3.000"},{"v":0,"d":"0.000"},18.51,"Sqm",{"$nulls":3},"SSR 20-21"]
[null,"For walls",1,"x",1,{"v":18.34,"d":"18.340"},{"v":0,"d":"0.000"},{"v":3.2,"d":"3.200"},58.69,"Sqm",{"$nulls":3},"SSR 20-21"]
[null,"for window sunshades",1,"x",7,{"v":1.5,"d":"1.500"},{"v":0.6,"d":"0.600"},{"v":0,"d":"0.000"},{"v":6.3,"d":"6.30"},"Sqm",{"$nulls":3},"SSR 20-21"]
[null,"Slab projection",1,"x",1,{"v":14.2,"d":"14.200"},{"v":0.3,"d":"0.300"},{"v":0,"d":"0.000"},4.26,"Sqm",{"$nulls":3},"SSR 20-21"]
[null,null,1,"x",2,{"v":4.87,"d":"4.870"},{"v":0.3,"d":"0.300"},{"v":0,"d":"0.000"},2.92,"Sqm",{"$nulls":3},"SSR 20-21"]
[null,"Verandah projection",1,"x",1,{"v":16.1,"d":"16.100"},{"v":1.2,"d":"1.200"},{"v":0,"d":"0.000"},19.32,"Sqm",{"$nulls":3},"SSR 20-21"]
[null,"Slope projection front",1,"x",1,{"$f":"(16.1+17.2)/2","v":{"v":16.65,"d":"16.650"}},{"v":0.8,"d":"0.800"},{"v":0,"d":"0.000"},13.32,"Sqm",{"$nulls":3},"SSR 20-21"]
[null,"Slope projection sides",1,"x",2,{"$f":"(3.05+3.65)/2","v":{"v":3.3499999999999996,"d":"3.350"}},{"v":0.8,"d":"0.800"},{"v":0,"d":"0.000"},5.36,"Sqm",{"$nulls":3},"SSR 20-21"]
[null,"Deduct ventilators",1,"x",14,{"v":0.6,"d":"0.600"},{"v":0,"d":"0.000"},{"v":0.3,"d":"0.300"},{"$f":"-ROUND(IF(AND(F2145:H2145),C2145*E2145*F2145*G2145*H2145,IF(AND(F2145,G2145),C2145*E2145*F2145*G2145,IF(AND(F2145,H2145),C2145*E2145*F2145*H2145,IF(AND(G2145,H2145),C2145*E2145*G2145*H2145,IF(F2145,C2145*E2145*F2145,IF(G2145,C2145*E2145*G2145,IF(H2145,C2145*E2145*H2145,C2145*E2145))))))),2)","v":-2.52},"Sqm",{"$nulls":3},"SSR 20-21"]
[{"$nulls":13},"SSR 20-21"]
[{"$nulls":9},"Sqm",{"$f":"data!E1763","v":129.35},"SSR 20-21",{"$f":"ROUND(I2147*K2147,0)","v":{"v":0,"d":"0.00"}},"SSR 20-21"]
[30,"Painting to new walls with 2 coats of acrylic Emulsion paint Asian or equivalent and shade over Priming coat with Cement primer water base interior Gr-1 Asian or equivalent on new plastered surface after throughly brushing the surace remove all dirt and remains of loose powdered materials including cost and conveyance of all materials to worksite and all oparational, incidental, labour charges etc complete for  finished item of work as per SS 911 for internal walls",{"$nulls":11},"SSR 21-22"]
[null,"Qty.p.82 of M.B.No.790/A/ZP/19",{"$nulls":11},"SSR 21-22"]
[null,"Examination room",1,"x",1,{"v":2.85,"d":"2.850"},{"v":2.78,"d":"2.780"},{"v":0,"d":"0.000"},{"$f":"ROUND(IF(AND(F2150:H2150),C2150*E2150*F2150*G2150*H2150,IF(AND(F2150,G2150),C2150*E2150*F2150*G2150,IF(AND(F2150,H2150),C2150*E2150*F2150*H2150,IF(AND(G2150,H2150),C2150*E2150*G2150*H2150,IF(F2150,C2150*E2150*F2150,IF(G2150,C2150*E2150*G2150,IF(H2150,C2150*E2150*H2150,C2150*E2150))))))),2)","v":7.92},"Sqm",{"$nulls":3},"SSR 21-22"]
[null,"Tiolet-1",1,"x",1,{"v":1.34,"d":"1.340"},{"v":1.6,"d":"1.600"},{"v":0,"d":"0.000"},2.14,"Sqm",{"$nulls":3},"SSR 21-22"]
[null,null,1,"x",1,{"v":1.34,"d":"1.340"},{"v":1.09,"d":"1.090"},{"v":0,"d":"0.000"},1.46,"Sqm",{"$nulls":3},"SSR 21-22"]
[null,"Lab room",1,"x",1,{"v":2.27,"d":"2.270"},{"v":2.78,"d":"2.780"},{"v":0,"d":"0.000"},6.31,"Sqm",{"$nulls":3},"SSR 21-22"]
[null,"Hospital hall",1,"x",1,{"v":6.78,"d":"6.780"},{"v":2.95,"d":"2.950"},{"v":0,"d":"0.000"},{"v":20,"d":"20.00"},"Sqm",{"$nulls":3},"SSR 21-22"]
[null,"Bed room",1,"x",1,{"v":2.7,"d":"2.700"},{"v":2.78,"d":"2.780"},{"v":0,"d":"0.000"},7.51,"Sqm",{"$nulls":3},"SSR 21-22"]
[null,"tiolet-2",1,"x",1,{"v":1.31,"d":"1.310"},{"v":1.94,"d":"1.940"},{"v":0,"d":"0.000"},2.54,"Sqm",{"$nulls":3},"SSR 21-22"]
[null,null,1,"x",1,{"v":1.31,"d":"1.310"},{"v":0.7,"d":"0.700"},{"v":0,"d":"0.000"},0.92,"Sqm",{"$nulls":3},"SSR 21-22"]
[null,"Kitchen",1,"x",1,{"v":1.81,"d":"1.810"},{"v":2.78,"d":"2.780"},{"v":0,"d":"0.000"},5.03,"Sqm",{"$nulls":3},"SSR 21-22"]
[null,"Living room",1,"x",1,{"v":6.12,"d":"6.120"},{"v":2.95,"d":"2.950"},{"v":0,"d":"0.000"},18.05,"Sqm",{"$nulls":3},"SSR 21-22"]
[null,"Examination room",1,"x",1,{"v":11.26,"d":"11.260"},{"v":0,"d":"0.000"},{"v":3.2,"d":"3.200"},36.03,"Sqm",{"$nulls":3},"SSR 21-22"]
[null,"Deduct windows",1,"x",1,{"v":1.22,"d":"1.220"},{"v":0,"d":"0.000"},{"v":1.26,"d":"1.260"},{"$f":"-ROUND(IF(AND(F2161:H2161),C2161*E2161*F2161*G2161*H2161,IF(AND(F2161,G2161),C2161*E2161*F2161*G2161,IF(AND(F2161,H2161),C2161*E2161*F2161*H2161,IF(AND(G2161,H2161),C2161*E2161*G2161*H2161,IF(F2161,C2161*E2161*F2161,IF(G2161,C2161*E2161*G2161,IF(H2161,C2161*E2161*H2161,C2161*E2161))))))),2)","v":-1.54},"Sqm",{"$nulls":3},"SSR 21-22"]
[null,"Deduct ventilators",1,"x",1,{"v":0.6,"d":"0.600"},{"v":0,"d":"0.000"},{"v":0.3,"d":"0.300"},{"$f":"-ROUND(IF(AND(F2162:H2162),C2162*E2162*F2162*G2162*H2162,IF(AND(F2162,G2162),C2162*E2162*F2162*G2162,IF(AND(F2162,H2162),C2162*E2162*F2162*H2162,IF(AND(G2162,H2162),C2162*E2162*G2162*H2162,IF(F2162,C2162*E2162*F2162,IF(G2162,C2162*E2162*G2162,IF(H2162,C2162*E2162*H2162,C2162*E2162))))))),2)","v":-0.18},"Sqm",{"$nulls":3},"SSR 21-22"]
[null,"Deduct door",1,"x",1,{"v":0.93,"d":"0.930"},{"v":0,"d":"0.000"},{"v":2.1,"d":"2.100"},{"$f":"-ROUND(IF(AND(F2163:H2163),C2163*E2163*F2163*G2163*H2163,IF(AND(F2163,G2163),C2163*E2163*F2163*G2163,IF(AND(F2163,H2163),C2163*E2163*F2163*H2163,IF(AND(G2163,H2163),C2163*E2163*G2163*H2163,IF(F2163,C2163*E2163*F2163,IF(G2163,C2163*E2163*G2163,IF(H2163,C2163*E2163*H2163,C2163*E2163))))))),2)","v":-1.95},"Sqm",{"$nulls":3},"SSR 21-22"]
[null,"Tiolet-1",1,"x",1,{"v":5.88,"d":"5.880"},{"v":0,"d":"0.000"},{"v":1.1,"d":"1.100"},{"$f":"ROUND(IF(AND(F2164:H2164),C2164*E2164*F2164*G2164*H2164,IF(AND(F2164,G2164),C2164*E2164*F2164*G2164,IF(AND(F2164,H2164),C2164*E2164*F2164*H2164,IF(AND(G2164,H2164),C2164*E2164*G2164*H2164,IF(F2164,C2164*E2164*F2164,IF(G2164,C2164*E2164*G2164,IF(H2164,C2164*E2164*H2164,C2164*E2164))))))),2)","v":6.47},"Sqm",{"$nulls":3},"SSR 21-22"]
[null,"Deduct ventilators",1,"x",1,{"v":0.6,"d":"0.600"},{"v":0,"d":"0.000"},{"v":0.3,"d":"0.300"},{"$f":"-ROUND(IF(AND(F2165:H2165),C2165*E2165*F2165*G2165*H2165,IF(AND(F2165,G2165),C2165*E2165*F2165*G2165,IF(AND(F2165,H2165),C2165*E2165*F2165*H2165,IF(AND(G2165,H2165),C2165*E2165*G2165*H2165,IF(F2165,C2165*E2165*F2165,IF(G2165,C2165*E2165*G2165,IF(H2165,C2165*E2165*H2165,C2165*E2165))))))),2)","v":-0.18},"Sqm",{"$nulls":3},"SSR 21-22"]
[null,"space before tiolet-1",1,"x",1,{"v":3.52,"d":"3.520"},{"v":0,"d":"0.000"},{"v":3.2,"d":"3.200"},{"$f":"ROUND(IF(AND(F2166:H2166),C2166*E2166*F2166*G2166*H2166,IF(AND(F2166,G2166),C2166*E2166*F2166*G2166,IF(AND(F2166,H2166),C2166*E2166*F2166*H2166,IF(AND(G2166,H2166),C2166*E2166*G2166*H2166,IF(F2166,C2166*E2166*F2166,IF(G2166,C2166*E2166*G2166,IF(H2166,C2166*E2166*H2166,C2166*E2166))))))),2)","v":11.26},"Sqm",{"$nulls":3},"SSR 21-22"]
[null,"deduct door",1,"x",1,{"v":0.82,"d":"0.820"},{"v":0,"d":"0.000"},{"v":2.1,"d":"2.100"},{"$f":"-ROUND(IF(AND(F2167:H2167),C2167*E2167*F2167*G2167*H2167,IF(AND(F2167,G2167),C2167*E2167*F2167*G2167,IF(AND(F2167,H2167),C2167*E2167*F2167*H2167,IF(AND(G2167,H2167),C2167*E2167*G2167*H2167,IF(F2167,C2167*E2167*F2167,IF(G2167,C2167*E2167*G2167,IF(H2167,C2167*E2167*H2167,C2167*E2167))))))),2)","v":-1.72},"Sqm",{"$nulls":3},"SSR 21-22"]
[null,"deduct door",1,"x",1,{"v":1.05,"d":"1.050"},{"v":0,"d":"0.000"},{"v":2.1,"d":"2.100"},{"$f":"-ROUND(IF(AND(F2168:H2168),C2168*E2168*F2168*G2168*H2168,IF(AND(F2168,G2168),C2168*E2168*F2168*G2168,IF(AND(F2168,H2168),C2168*E2168*F2168*H2168,IF(AND(G2168,H2168),C2168*E2168*G2168*H2168,IF(F2168,C2168*E2168*F2168,IF(G2168,C2168*E2168*G2168,IF(H2168,C2168*E2168*H2168,C2168*E2168))))))),2)","v":-2.21},"Sqm",{"$nulls":3},"SSR 21-22"]
[null,"Deduct ventilators",1,"x",1,{"v":0.6,"d":"0.600"},{"v":0,"d":"0.000"},{"v":0.3,"d":"0.300"},{"$f":"-ROUND(IF(AND(F2169:H2169),C2169*E2169*F2169*G2169*H2169,IF(AND(F2169,G2169),C2169*E2169*F2169*G2169,IF(AND(F2169,H2169),C2169*E2169*F2169*H2169,IF(AND(G2169,H2169),C2169*E2169*G2169*H2169,IF(F2169,C2169*E2169*F2169,IF(G2169,C2169*E2169*G2169,IF(H2169,C2169*E2169*H2169,C2169*E2169))))))),2)","v":-0.18},"Sqm",{"$nulls":3},"SSR 21-22"]
[null,"Lab room",1,"x",1,{"v":10.1,"d":"10.100"},{"v":0,"d":"0.000"},{"v":3.2,"d":"3.200"},{"$f":"ROUND(IF(AND(F2170:H2170),C2170*E2170*F2170*G2170*H2170,IF(AND(F2170,G2170),C2170*E2170*F2170*G2170,IF(AND(F2170,H2170),C2170*E2170*F2170*H2170,IF(AND(G2170,H2170),C2170*E2170*G2170*H2170,IF(F2170,C2170*E2170*F2170,IF(G2170,C2170*E2170*G2170,IF(H2170,C2170*E2170*H2170,C2170*E2170))))))),2)","v":32.32},"Sqm",{"$nulls":3},"SSR 21-22"]
[null,"Deduct door",1,"x",1,{"v":1.05,"d":"1.050"},{"v":0,"d":"0.000"},{"v":2.1,"d":"2.100"},{"$f":"-ROUND(IF(AND(F2171:H2171),C2171*E2171*F2171*G2171*H2171,IF(AND(F2171,G2171),C2171*E2171*F2171*G2171,IF(AND(F2171,H2171),C2171*E2171*F2171*H2171,IF(AND(G2171,H2171),C2171*E2171*G2171*H2171,IF(F2171,C2171*E2171*F2171,IF(G2171,C2171*E2171*G2171,IF(H2171,C2171*E2171*H2171,C2171*E2171))))))),2)","v":-2.21},"Sqm",{"$nulls":3},"SSR 21-22"]
[null,"Deduct ventilators",2,"x",1,{"v":0.6,"d":"0.600"},{"v":0,"d":"0.000"},{"v":0.3,"d":"0.300"},{"$f":"-ROUND(IF(AND(F2172:H2172),C2172*E2172*F2172*G2172*H2172,IF(AND(F2172,G2172),C2172*E2172*F2172*G2172,IF(AND(F2172,H2172),C2172*E2172*F2172*H2172,IF(AND(G2172,H2172),C2172*E2172*G2172*H2172,IF(F2172,C2172*E2172*F2172,IF(G2172,C2172*E2172*G2172,IF(H2172,C2172*E2172*H2172,C2172*E2172))))))),2)","v":-0.36},"Sqm",{"$nulls":3},"SSR 21-22"]
[null,"Deduct windows",1,"x",1,{"v":1.27,"d":"1.270"},{"v":0,"d":"0.000"},{"v":1.23,"d":"1.230"},{"$f":"-ROUND(IF(AND(F2173:H2173),C2173*E2173*F2173*G2173*H2173,IF(AND(F2173,G2173),C2173*E2173*F2173*G2173,IF(AND(F2173,H2173),C2173*E2173*F2173*H2173,IF(AND(G2173,H2173),C2173*E2173*G2173*H2173,IF(F2173,C2173*E2173*F2173,IF(G2173,C2173*E2173*G2173,IF(H2173,C2173*E2173*H2173,C2173*E2173))))))),2)","v":-1.56},"Sqm",{"$nulls":3},"SSR 21-22"]
[null,"Hospital hall",1,"x",1,{"v":19.46,"d":"19.460"},{"v":0,"d":"0.000"},{"v":3.2,"d":"3.200"},{"$f":"ROUND(IF(AND(F2174:H2174),C2174*E2174*F2174*G2174*H2174,IF(AND(F2174,G2174),C2174*E2174*F2174*G2174,IF(AND(F2174,H2174),C2174*E2174*F2174*H2174,IF(AND(G2174,H2174),C2174*E2174*G2174*H2174,IF(F2174,C2174*E2174*F2174,IF(G2174,C2174*E2174*G2174,IF(H2174,C2174*E2174*H2174,C2174*E2174))))))),2)","v":62.27},"Sqm",{"$nulls":3},"SSR 21-22"]
[null,"Deduct door",1,"x",1,{"v":1.2,"d":"1.200"},{"v":0,"d":"0.000"},{"v":2.13,"d":"2.130"},{"$f":"-ROUND(IF(AND(F2175:H2175),C2175*E2175*F2175*G2175*H2175,IF(AND(F2175,G2175),C2175*E2175*F2175*G2175,IF(AND(F2175,H2175),C2175*E2175*F2175*H2175,IF(AND(G2175,H2175),C2175*E2175*G2175*H2175,IF(F2175,C2175*E2175*F2175,IF(G2175,C2175*E2175*G2175,IF(H2175,C2175*E2175*H2175,C2175*E2175))))))),2)","v":-2.56},"Sqm",{"$nulls":3},"SSR 21-22"]
[null,"Deduct door",1,"x",1,{"v":0.93,"d":"0.930"},{"v":0,"d":"0.000"},{"v":2.1,"d":"2.100"},-1.95,"Sqm",{"$nulls":3},"SSR 21-22"]
[null,"tiolet opening",1,"x",1,{"v":1.32,"d":"1.320"},{"v":0,"d":"0.000"},{"v":2.9,"d":"2.900"},-3.83,"Sqm",{"$nulls":3},"SSR 21-22"]
[null,"Deduct ventilators",1,"x",4,{"v":0.6,"d":"0.600"},{"v":0,"d":"0.000"},{"v":0.3,"d":"0.300"},-0.72,"Sqm",{"$nulls":3},"SSR 21-22"]
[null,"Deduct windows",1,"x",1,{"v":1.23,"d":"1.230"},{"v":0,"d":"0.000"},{"v":1.23,"d":"1.230"},-1.51,"Sqm",{"$nulls":3},"SSR 21-22"]
[null,"Deduct windows",1,"x",1,{"v":1.24,"d":"1.240"},{"v":0,"d":"0.000"},{"v":1.27,"d":"1.270"},-1.57,"Sqm",{"$nulls":3},"SSR 21-22"]
[null,"bed room",1,"x",1,{"v":10.96,"d":"10.960"},{"v":0,"d":"0.000"},{"v":3.2,"d":"3.200"},{"$f":"ROUND(IF(AND(F2181:H2181),C2181*E2181*F2181*G2181*H2181,IF(AND(F2181,G2181),C2181*E2181*F2181*G2181,IF(AND(F2181,H2181),C2181*E2181*F2181*H2181,IF(AND(G2181,H2181),C2181*E2181*G2181*H2181,IF(F2181,C2181*E2181*F2181,IF(G2181,C2181*E2181*G2181,IF(H2181,C2181*E2181*H2181,C2181*E2181))))))),2)","v":35.07},"Sqm",{"$nulls":3},"SSR 21-22"]
[null,"Deduct windows",1,"x",1,{"v":1.23,"d":"1.230"},{"v":0,"d":"0.000"},{"v":1.26,"d":"1.260"},{"$f":"-ROUND(IF(AND(F2182:H2182),C2182*E2182*F2182*G2182*H2182,IF(AND(F2182,G2182),C2182*E2182*F2182*G2182,IF(AND(F2182,H2182),C2182*E2182*F2182*H2182,IF(AND(G2182,H2182),C2182*E2182*G2182*H2182,IF(F2182,C2182*E2182*F2182,IF(G2182,C2182*E2182*G2182,IF(H2182,C2182*E2182*H2182,C2182*E2182))))))),2)","v":-1.55},"Sqm",{"$nulls":3},"SSR 21-22"]
[null,"Deduct ventilators",1,"x",2,{"v":0.6,"d":"0.600"},{"v":0,"d":"0.000"},{"v":0.3,"d":"0.300"},{"$f":"-ROUND(IF(AND(F2183:H2183),C2183*E2183*F2183*G2183*H2183,IF(AND(F2183,G2183),C2183*E2183*F2183*G2183,IF(AND(F2183,H2183),C2183*E2183*F2183*H2183,IF(AND(G2183,H2183),C2183*E2183*G2183*H2183,IF(F2183,C2183*E2183*F2183,IF(G2183,C2183*E2183*G2183,IF(H2183,C2183*E2183*H2183,C2183*E2183))))))),2)","v":-0.36},"Sqm",{"$nulls":3},"SSR 21-22"]
[null,"Deduct door",1,"x",1,{"v":0.93,"d":"0.930"},{"v":0,"d":"0.000"},{"v":2.1,"d":"2.100"},{"$f":"-ROUND(IF(AND(F2184:H2184),C2184*E2184*F2184*G2184*H2184,IF(AND(F2184,G2184),C2184*E2184*F2184*G2184,IF(AND(F2184,H2184),C2184*E2184*F2184*H2184,IF(AND(G2184,H2184),C2184*E2184*G2184*H2184,IF(F2184,C2184*E2184*F2184,IF(G2184,C2184*E2184*G2184,IF(H2184,C2184*E2184*H2184,C2184*E2184))))))),2)","v":-1.95},"Sqm",{"$nulls":3},"SSR 21-22"]
[null,"tiolet-2",1,"x",1,{"v":6.5,"d":"6.500"},{"v":0,"d":"0.000"},{"v":1.1,"d":"1.100"},{"$f":"ROUND(IF(AND(F2185:H2185),C2185*E2185*F2185*G2185*H2185,IF(AND(F2185,G2185),C2185*E2185*F2185*G2185,IF(AND(F2185,H2185),C2185*E2185*F2185*H2185,IF(AND(G2185,H2185),C2185*E2185*G2185*H2185,IF(F2185,C2185*E2185*F2185,IF(G2185,C2185*E2185*G2185,IF(H2185,C2185*E2185*H2185,C2185*E2185))))))),2)","v":7.15},"Sqm",{"$nulls":3},"SSR 21-22"]
[null,"Deduct ventilators",1,"x",1,{"v":0.6,"d":"0.600"},{"v":0,"d":"0.000"},{"v":0.3,"d":"0.300"},{"$f":"-ROUND(IF(AND(F2186:H2186),C2186*E2186*F2186*G2186*H2186,IF(AND(F2186,G2186),C2186*E2186*F2186*G2186,IF(AND(F2186,H2186),C2186*E2186*F2186*H2186,IF(AND(G2186,H2186),C2186*E2186*G2186*H2186,IF(F2186,C2186*E2186*F2186,IF(G2186,C2186*E2186*G2186,IF(H2186,C2186*E2186*H2186,C2186*E2186))))))),2)","v":-0.18},"Sqm",{"$nulls":3},"SSR 21-22"]
[null,"space before tiolet-2",1,"x",1,{"v":4.02,"d":"4.020"},{"v":0,"d":"0.000"},{"v":3.2,"d":"3.200"},{"$f":"ROUND(IF(AND(F2187:H2187),C2187*E2187*F2187*G2187*H2187,IF(AND(F2187,G2187),C2187*E2187*F2187*G2187,IF(AND(F2187,H2187),C2187*E2187*F2187*H2187,IF(AND(G2187,H2187),C2187*E2187*G2187*H2187,IF(F2187,C2187*E2187*F2187,IF(G2187,C2187*E2187*G2187,IF(H2187,C2187*E2187*H2187,C2187*E2187))))))),2)","v":12.86},"Sqm",{"$nulls":3},"SSR 21-22"]
[null,"Deduct door",1,"x",1,{"v":0.84,"d":"0.840"},{"v":0,"d":"0.000"},{"v":2.1,"d":"2.100"},{"$f":"-ROUND(IF(AND(F2188:H2188),C2188*E2188*F2188*G2188*H2188,IF(AND(F2188,G2188),C2188*E2188*F2188*G2188,IF(AND(F2188,H2188),C2188*E2188*F2188*H2188,IF(AND(G2188,H2188),C2188*E2188*G2188*H2188,IF(F2188,C2188*E2188*F2188,IF(G2188,C2188*E2188*G2188,IF(H2188,C2188*E2188*H2188,C2188*E2188))))))),2)","v":-1.76},"Sqm",{"$nulls":3},"SSR 21-22"]
[null,"Opening",1,"x",1,{"v":0.93,"d":"0.930"},{"v":0,"d":"0.000"},{"v":2.9,"d":"2.900"},{"$f":"-ROUND(IF(AND(F2189:H2189),C2189*E2189*F2189*G2189*H2189,IF(AND(F2189,G2189),C2189*E2189*F2189*G2189,IF(AND(F2189,H2189),C2189*E2189*F2189*H2189,IF(AND(G2189,H2189),C2189*E2189*G2189*H2189,IF(F2189,C2189*E2189*F2189,IF(G2189,C2189*E2189*G2189,IF(H2189,C2189*E2189*H2189,C2189*E2189))))))),2)","v":{"v":-2.7,"d":"-2.70"}},"Sqm",{"$nulls":3},"SSR 21-22"]
[null,"Kitchen",1,"x",1,{"v":9.18,"d":"9.180"},{"v":0,"d":"0.000"},{"v":3.2,"d":"3.200"},{"$f":"ROUND(IF(AND(F2190:H2190),C2190*E2190*F2190*G2190*H2190,IF(AND(F2190,G2190),C2190*E2190*F2190*G2190,IF(AND(F2190,H2190),C2190*E2190*F2190*H2190,IF(AND(G2190,H2190),C2190*E2190*G2190*H2190,IF(F2190,C2190*E2190*F2190,IF(G2190,C2190*E2190*G2190,IF(H2190,C2190*E2190*H2190,C2190*E2190))))))),2)","v":29.38},"Sqm",{"$nulls":3},"SSR 21-22"]
[null,"Deduct door",1,"x",2,{"v":0.82,"d":"0.820"},{"v":0,"d":"0.000"},{"v":2.12,"d":"2.120"},{"$f":"-ROUND(IF(AND(F2191:H2191),C2191*E2191*F2191*G2191*H2191,IF(AND(F2191,G2191),C2191*E2191*F2191*G2191,IF(AND(F2191,H2191),C2191*E2191*F2191*H2191,IF(AND(G2191,H2191),C2191*E2191*G2191*H2191,IF(F2191,C2191*E2191*F2191,IF(G2191,C2191*E2191*G2191,IF(H2191,C2191*E2191*H2191,C2191*E2191))))))),2)","v":-3.48},"Sqm",{"$nulls":3},"SSR 21-22"]
[null,"Deduct ventilators",1,"x",3,{"v":0.6,"d":"0.600"},{"v":0,"d":"0.000"},{"v":0.3,"d":"0.300"},{"$f":"-ROUND(IF(AND(F2192:H2192),C2192*E2192*F2192*G2192*H2192,IF(AND(F2192,G2192),C2192*E2192*F2192*G2192,IF(AND(F2192,H2192),C2192*E2192*F2192*H2192,IF(AND(G2192,H2192),C2192*E2192*G2192*H2192,IF(F2192,C2192*E2192*F2192,IF(G2192,C2192*E2192*G2192,IF(H2192,C2192*E2192*H2192,C2192*E2192))))))),2)","v":-0.54},"Sqm",{"$nulls":3},"SSR 21-22"]
[null,"Deduct windows",1,"x",1,{"v":1.24,"d":"1.240"},{"v":0,"d":"0.000"},{"v":1.24,"d":"1.240"},{"$f":"-ROUND(IF(AND(F2193:H2193),C2193*E2193*F2193*G2193*H2193,IF(AND(F2193,G2193),C2193*E2193*F2193*G2193,IF(AND(F2193,H2193),C2193*E2193*F2193*H2193,IF(AND(G2193,H2193),C2193*E2193*G2193*H2193,IF(F2193,C2193*E2193*F2193,IF(G2193,C2193*E2193*G2193,IF(H2193,C2193*E2193*H2193,C2193*E2193))))))),2)","v":-1.54},"Sqm",{"$nulls":3},"SSR 21-22"]
[null,"Living room",1,"x",1,{"v":18.14,"d":"18.140"},{"v":0,"d":"0.000"},{"v":3.2,"d":"3.200"},{"$f":"ROUND(IF(AND(F2194:H2194),C2194*E2194*F2194*G2194*H2194,IF(AND(F2194,G2194),C2194*E2194*F2194*G2194,IF(AND(F2194,H2194),C2194*E2194*F2194*H2194,IF(AND(G2194,H2194),C2194*E2194*G2194*H2194,IF(F2194,C2194*E2194*F2194,IF(G2194,C2194*E2194*G2194,IF(H2194,C2194*E2194*H2194,C2194*E2194))))))),2)","v":58.05},"Sqm",{"$nulls":3},"SSR 21-22"]
[null,"Deduct door",1,"x",2,{"v":0.93,"d":"0.930"},{"v":0,"d":"0.000"},{"v":2.13,"d":"2.130"},{"$f":"-ROUND(IF(AND(F2195:H2195),C2195*E2195*F2195*G2195*H2195,IF(AND(F2195,G2195),C2195*E2195*F2195*G2195,IF(AND(F2195,H2195),C2195*E2195*F2195*H2195,IF(AND(G2195,H2195),C2195*E2195*G2195*H2195,IF(F2195,C2195*E2195*F2195,IF(G2195,C2195*E2195*G2195,IF(H2195,C2195*E2195*H2195,C2195*E2195))))))),2)","v":-3.96},"Sqm",{"$nulls":3},"SSR 21-22"]
[null,"Deduct door",1,"x",1,{"v":0.82,"d":"0.820"},{"v":0,"d":"0.000"},{"v":2.12,"d":"2.120"},-1.74,"Sqm",{"$nulls":3},"SSR 21-22"]
[null,"deduct opening",1,"x",1,{"v":0.93,"d":"0.930"},{"v":0,"d":"0.000"},{"v":2.9,"d":"2.900"},{"v":-2.7,"d":"-2.70"},"Sqm",{"$nulls":3},"SSR 21-22"]
[null,"Deduct ventilators",1,"x",5,{"v":0.6,"d":"0.600"},{"v":0,"d":"0.000"},{"v":0.3,"d":"0.300"},{"v":-0.9,"d":"-0.90"},"Sqm",{"$nulls":3},"SSR 21-22"]
[null,"Deduct windows",1,"x",1,{"v":1.23,"d":"1.230"},{"v":0,"d":"0.000"},{"v":1.3,"d":"1.300"},{"v":-1.6,"d":"-1.60"},"Sqm",{"$nulls":3},"SSR 21-22"]
[null,"Deduct windows",1,"x",1,{"v":1.24,"d":"1.240"},{"v":0,"d":"0.000"},{"v":1.23,"d":"1.230"},-1.53,"Sqm",{"$nulls":3},"SSR 21-22"]
[null,"window sides",1,"x",8,{"v":4.8,"d":"4.800"},{"v":0.23,"d":"0.230"},{"v":0,"d":"0.000"},{"$f":"ROUND(IF(AND(F2201:H2201),C2201*E2201*F2201*G2201*H2201,IF(AND(F2201,G2201),C2201*E2201*F2201*G2201,IF(AND(F2201,H2201),C2201*E2201*F2201*H2201,IF(AND(G2201,H2201),C2201*E2201*G2201*H2201,IF(F2201,C2201*E2201*F2201,IF(G2201,C2201*E2201*G2201,IF(H2201,C2201*E2201*H2201,C2201*E2201))))))),2)","v":8.83},"Sqm",{"$nulls":3},"SSR 21-22"]
[null,"Ventilator sides",1,"x",13,{"v":1.8,"d":"1.800"},{"v":0.23,"d":"0.230"},{"v":0,"d":"0.000"},{"$f":"ROUND(IF(AND(F2202:H2202),C2202*E2202*F2202*G2202*H2202,IF(AND(F2202,G2202),C2202*E2202*F2202*G2202,IF(AND(F2202,H2202),C2202*E2202*F2202*H2202,IF(AND(G2202,H2202),C2202*E2202*G2202*H2202,IF(F2202,C2202*E2202*F2202,IF(G2202,C2202*E2202*G2202,IF(H2202,C2202*E2202*H2202,C2202*E2202))))))),2)","v":5.38},"Sqm",{"$nulls":3},"SSR 21-22"]
[null,"Door sides main door",1,"x",1,{"v":5.45,"d":"5.450"},0.115,{"v":0,"d":"0.000"},{"$f":"ROUND(IF(AND(F2203:H2203),C2203*E2203*F2203*G2203*H2203,IF(AND(F2203,G2203),C2203*E2203*F2203*G2203,IF(AND(F2203,H2203),C2203*E2203*F2203*H2203,IF(AND(G2203,H2203),C2203*E2203*G2203*H2203,IF(F2203,C2203*E2203*F2203,IF(G2203,C2203*E2203*G2203,IF(H2203,C2203*E2203*H2203,C2203*E2203))))))),2)","v":0.63},"Sqm",{"$nulls":3},"SSR 21-22"]
[null,"Living room door sides",1,"x",1,{"v":5.15,"d":"5.150"},0.115,{"v":0,"d":"0.000"},{"$f":"ROUND(IF(AND(F2204:H2204),C2204*E2204*F2204*G2204*H2204,IF(AND(F2204,G2204),C2204*E2204*F2204*G2204,IF(AND(F2204,H2204),C2204*E2204*F2204*H2204,IF(AND(G2204,H2204),C2204*E2204*G2204*H2204,IF(F2204,C2204*E2204*F2204,IF(G2204,C2204*E2204*G2204,IF(H2204,C2204*E2204*H2204,C2204*E2204))))))),2)","v":0.59},"Sqm",{"$nulls":3},"SSR 21-22"]
[null,"Kitchen room door sides",1,"x",1,{"v":5,"d":"5.000"},0.115,{"v":0,"d":"0.000"},{"$f":"ROUND(IF(AND(F2205:H2205),C2205*E2205*F2205*G2205*H2205,IF(AND(F2205,G2205),C2205*E2205*F2205*G2205,IF(AND(F2205,H2205),C2205*E2205*F2205*H2205,IF(AND(G2205,H2205),C2205*E2205*G2205*H2205,IF(F2205,C2205*E2205*F2205,IF(G2205,C2205*E2205*G2205,IF(H2205,C2205*E2205*H2205,C2205*E2205))))))),2)","v":0.58},"Sqm",{"$nulls":3},"SSR 21-22"]
[{"$nulls":13},"SSR 21-22"]
[{"$nulls":9},"Sqm",{"$f":"data!E2680","v":134.97},"SSR 21-22",{"$f":"ROUND(I2207*K2207,0)","v":{"v":0,"d":"0.00"}},"SSR 21-22"]
[27,"Painting to new walls with 2 coats of acrylic Emulsion paint Asian or equivalent and shade over Priming coat with Cement primer water base interior Gr-1 Asian or equivalent on new plastered surface after throughly brushing the surace remove all dirt and remains of loose powdered materials including cost and conveyance of all materials to worksite and all oparational, incidental, labour charges etc complete for  finished item of work as per SS 911 for internal walls",{"$nulls":11},"SSR 22-23"]
[null,"Qty.p.41 to 43 of M.B.No.103/A/ZP/22",null,"17.10.2023",{"$nulls":9},"SSR 22-23"]
[null,"Examination room",1,"x",1,{"v":11.06,"d":"11.060"},{"v":0,"d":"0.000"},{"v":3,"d":"3.000"},{"$f":"ROUND(IF(AND(F2210:H2210),C2210*E2210*F2210*G2210*H2210,IF(AND(F2210,G2210),C2210*E2210*F2210*G2210,IF(AND(F2210,H2210),C2210*E2210*F2210*H2210,IF(AND(G2210,H2210),C2210*E2210*G2210*H2210,IF(F2210,C2210*E2210*F2210,IF(G2210,C2210*E2210*G2210,IF(H2210,C2210*E2210*H2210,C2210*E2210))))))),2)","v":33.18},"Sqm",{"$nulls":3},"SSR 22-23"]
[null,"ceiling",1,"x",1,{"v":2.85,"d":"2.850"},{"v":2.78,"d":"2.780"},{"v":0,"d":"0.000"},7.92,"Sqm",{"$nulls":3},"SSR 22-23"]
[null,"Tiolet room walls",1,"x",1,{"v":5.8,"d":"5.800"},{"v":0,"d":"0.000"},{"v":0.9,"d":"0.900"},5.22,"Sqm",{"$nulls":3},"SSR 22-23"]
[null,"ceiling",1,"x",1,{"v":1.31,"d":"1.310"},{"v":1.59,"d":"1.590"},{"v":0,"d":"0.000"},2.08,"Sqm",{"$nulls":3},"SSR 22-23"]
[null,null,1,"x",1,{"v":1.31,"d":"1.310"},{"v":1.15,"d":"1.150"},{"v":0,"d":"0.000"},1.51,"Sqm",{"$nulls":3},"SSR 22-23"]
[null,"Walls",1,"x",1,{"v":1.15,"d":"1.150"},{"v":0,"d":"0.000"},{"v":3,"d":"3.000"},3.45,"Sqm",{"$nulls":3},"SSR 22-23"]
[null,"Lab and store room walls",1,"x",1,{"v":10,"d":"10.000"},{"v":0,"d":"0.000"},{"v":3,"d":"3.000"},{"v":30,"d":"30.00"},"Sqm",{"$nulls":3},"SSR 22-23"]
[null,"ceiling",1,"x",1,{"v":2.25,"d":"2.250"},{"v":2.76,"d":"2.760"},{"v":0,"d":"0.000"},6.21,"Sqm",{"$nulls":3},"SSR 22-23"]
[null,"tiolet walls",1,"x",1,{"v":6.72,"d":"6.720"},{"v":0,"d":"0.000"},{"v":0.9,"d":"0.900"},6.05,"Sqm",{"$nulls":3},"SSR 22-23"]
[null,"ceiling",1,"x",1,{"v":1.45,"d":"1.450"},{"v":1.91,"d":"1.910"},{"v":0,"d":"0.000"},2.77,"Sqm",{"$nulls":3},"SSR 22-23"]
[null,null,1,"x",1,{"v":1.45,"d":"1.450"},{"v":0.8,"d":"0.800"},{"v":0,"d":"0.000"},1.16,"Sqm",{"$nulls":3},"SSR 22-23"]
[null,"Walls",1,"x",2,{"v":0.8,"d":"0.800"},{"v":0,"d":"0.000"},{"v":3,"d":"3.000"},{"v":4.8,"d":"4.80"},"Sqm",{"$nulls":3},"SSR 22-23"]
[null,"Kitchen walls",1,"x",1,{"v":8.86,"d":"8.860"},{"v":0,"d":"0.000"},{"v":3,"d":"3.000"},26.58,"Sqm",{"$nulls":3},"SSR 22-23"]
[null,"ceiling",1,"x",1,{"v":1.68,"d":"1.680"},{"v":2.75,"d":"2.750"},{"v":0,"d":"0.000"},4.62,"Sqm",{"$nulls":3},"SSR 22-23"]
[null,"Clinic and lobby ",1,"x",1,{"v":19.48,"d":"19.480"},{"v":0,"d":"0.000"},{"v":3,"d":"3.000"},58.44,"Sqm",{"$nulls":3},"SSR 22-23"]
[null,"ceiling",1,"x",1,{"v":6.75,"d":"6.750"},{"v":2.99,"d":"2.990"},{"v":0,"d":"0.000"},20.18,"Sqm",{"$nulls":3},"SSR 22-23"]
[null,"Living room",1,"x",1,{"v":18.28,"d":"18.280"},{"v":0,"d":"0.000"},{"v":3,"d":"3.000"},54.84,"Sqm",{"$nulls":3},"SSR 22-23"]
[null,"ceiling",1,"x",1,{"v":6.15,"d":"6.150"},{"v":2.99,"d":"2.990"},{"v":0,"d":"0.000"},18.39,"Sqm",{"$nulls":3},"SSR 22-23"]
[null,"Platform wall",2,"x",2,{"v":0.6,"d":"0.600"},{"v":0,"d":"0.000"},{"v":0.9,"d":"0.900"},2.16,"Sqm",{"$nulls":3},"SSR 22-23"]
[null,null,1,"x",2,{"v":0.5,"d":"0.500"},{"v":0,"d":"0.000"},{"v":0.85,"d":"0.850"},0.85,"Sqm",{"$nulls":3},"SSR 22-23"]
[null,null,1,"x",2,{"v":0.5,"d":"0.500"},{"v":0,"d":"0.000"},{"v":0.85,"d":"0.850"},0.85,"Sqm",{"$nulls":3},"SSR 22-23"]
[null,"Laboratory e.wall",1,"x",2,{"v":0.58,"d":"0.580"},{"v":0,"d":"0.000"},{"v":3,"d":"3.000"},3.48,"Sqm",{"$nulls":3},"SSR 22-23"]
[null,"Deduct door",1,"x",1,{"v":1.2,"d":"1.200"},{"v":0,"d":"0.000"},{"v":2.1,"d":"2.100"},{"$f":"-ROUND(IF(AND(F2232:H2232),C2232*E2232*F2232*G2232*H2232,IF(AND(F2232,G2232),C2232*E2232*F2232*G2232,IF(AND(F2232,H2232),C2232*E2232*F2232*H2232,IF(AND(G2232,H2232),C2232*E2232*G2232*H2232,IF(F2232,C2232*E2232*F2232,IF(G2232,C2232*E2232*G2232,IF(H2232,C2232*E2232*H2232,C2232*E2232))))))),2)","v":-2.52},"Sqm",{"$nulls":3},"SSR 22-23"]
[null,"Deduct door",1,"x",2,{"v":0.9,"d":"0.900"},{"v":0,"d":"0.000"},{"v":2.1,"d":"2.100"},-3.78,"Sqm",{"$nulls":3},"SSR 22-23"]
[null,"Deduct door",2,"x",2,{"v":0.9,"d":"0.900"},{"v":0,"d":"0.000"},{"v":2.1,"d":"2.100"},-7.56,"Sqm",{"$nulls":3},"SSR 22-23"]
[null,"deduct open door",1,"x",1,{"v":0.78,"d":"0.780"},{"v":0,"d":"0.000"},{"v":2.8,"d":"2.800"},-2.18,"Sqm",{"$nulls":3},"SSR 22-23"]
[null,"deduct open door",1,"x",2,{"v":0.9,"d":"0.900"},{"v":0,"d":"0.000"},{"v":2.8,"d":"2.800"},-5.04,"Sqm",{"$nulls":3},"SSR 22-23"]
[null,"Deduct windows",1,"x",8,{"v":1.2,"d":"1.200"},{"v":0,"d":"0.000"},{"v":1.2,"d":"1.200"},-11.52,"Sqm",{"$nulls":3},"SSR 22-23"]
[null,"Deduct ventilators",1,"x",8,{"v":0.6,"d":"0.600"},{"v":0,"d":"0.000"},{"v":0.3,"d":"0.300"},-1.44,"Sqm",{"$nulls":3},"SSR 22-23"]
[{"$nulls":13},"SSR 22-23"]
[{"$nulls":9},"Sqm",{"$f":"data!E3597","v":146.82},"SSR 22-23",{"$f":"ROUND(I2240*K2240,0)","v":{"v":0,"d":"0.00"}},"SSR 22-23"]
[26,"Painting to new walls with 2 coats of acrylic Emulsion paint Asian or equivalent and shade over Priming coat with Cement primer water base interior Gr-1 Asian or equivalent on new plastered surface after throughly brushing the surace remove all dirt and remains of loose powdered materials including cost and conveyance of all materials to worksite and all oparational, incidental, labour charges etc complete for  finished item of work as per SS 911 for external walls",{"$nulls":11},"SSR 19-20"]
[null,"Qty.p.41 of M.B.No.478/A/ZP/19",{"$nulls":11},"SSR 19-20"]
[null,null,1,"x",1,{"v":13.54,"d":"13.540"},{"v":0,"d":"0.000"},{"v":3.7,"d":"3.700"},{"$f":"ROUND(IF(AND(F2243:H2243),C2243*E2243*F2243*G2243*H2243,IF(AND(F2243,G2243),C2243*E2243*F2243*G2243,IF(AND(F2243,H2243),C2243*E2243*F2243*H2243,IF(AND(G2243,H2243),C2243*E2243*G2243*H2243,IF(F2243,C2243*E2243*F2243,IF(G2243,C2243*E2243*G2243,IF(H2243,C2243*E2243*H2243,C2243*E2243))))))),2)","v":{"v":50.1,"d":"50.10"}},"Sqm",{"$nulls":3},"SSR 19-20"]
[null,null,1,"x",1,{"v":13.54,"d":"13.540"},{"v":0,"d":"0.000"},{"v":3.2,"d":"3.200"},43.33,"Sqm",{"$nulls":3},"SSR 19-20"]
[null,null,1,"x",2,{"v":6.81,"d":"6.810"},{"v":0,"d":"0.000"},{"v":3.7,"d":"3.700"},50.39,"Sqm",{"$nulls":3},"SSR 19-20"]
[null,null,1,"x",1,{"v":19,"d":"19.000"},{"v":0,"d":"0.000"},{"v":0.6,"d":"0.600"},{"v":11.4,"d":"11.40"},"Sqm",{"$nulls":3},"SSR 19-20"]
[null,null,1,"x",1,{"v":5.7,"d":"5.700"},{"v":0,"d":"0.000"},{"v":0.3,"d":"0.300"},1.71,"Sqm",{"$nulls":3},"SSR 19-20"]
[null,null,1,"x",3,{"v":1.2,"d":"1.200"},{"v":0,"d":"0.000"},{"v":0.6,"d":"0.600"},{"$f":"-ROUND(IF(AND(F2248:H2248),C2248*E2248*F2248*G2248*H2248,IF(AND(F2248,G2248),C2248*E2248*F2248*G2248,IF(AND(F2248,H2248),C2248*E2248*F2248*H2248,IF(AND(G2248,H2248),C2248*E2248*G2248*H2248,IF(F2248,C2248*E2248*F2248,IF(G2248,C2248*E2248*G2248,IF(H2248,C2248*E2248*H2248,C2248*E2248))))))),2)","v":-2.16},"Sqm",{"$nulls":3},"SSR 19-20"]
[null,null,1,"x",1,{"v":47,"d":"47.000"},{"v":1.7,"d":"1.700"},{"v":0,"d":"0.000"},{"$f":"ROUND(IF(AND(F2249:H2249),C2249*E2249*F2249*G2249*H2249,IF(AND(F2249,G2249),C2249*E2249*F2249*G2249,IF(AND(F2249,H2249),C2249*E2249*F2249*H2249,IF(AND(G2249,H2249),C2249*E2249*G2249*H2249,IF(F2249,C2249*E2249*F2249,IF(G2249,C2249*E2249*G2249,IF(H2249,C2249*E2249*H2249,C2249*E2249))))))),2)","v":{"v":79.9,"d":"79.90"}},"Sqm",{"$nulls":3},"SSR 19-20"]
[{"$nulls":13},"SSR 19-20"]
[{"$nulls":9},"Sqm",{"$f":"data!E860","v":166.22},"SSR 19-20",{"$f":"ROUND(I2251*K2251,0)","v":{"v":0,"d":"0.00"}},"SSR 19-20"]
[33,"Painting to new walls with 2 coats of acrylic Emulsion paint Asian or equivalent and shade over Priming coat with Cement primer water base interior Gr-1 Asian or equivalent on new plastered surface after throughly brushing the surace remove all dirt and remains of loose powdered materials including cost and conveyance of all materials to worksite and all oparational, incidental, labour charges etc complete for  finished item of work as per SS 911 for external walls",{"$nulls":11},"SSR 20-21"]
[null,"Qty.p.40  & 41 of M.B.No.478/A/ZP/19",null,"11.08.2021",{"$nulls":9},"SSR 20-21"]
[null,"Long walls",1,"x",1,{"v":13.54,"d":"13.540"},{"v":0,"d":"0.000"},{"v":3.7,"d":"3.700"},{"$f":"ROUND(IF(AND(F2254:H2254),C2254*E2254*F2254*G2254*H2254,IF(AND(F2254,G2254),C2254*E2254*F2254*G2254,IF(AND(F2254,H2254),C2254*E2254*F2254*H2254,IF(AND(G2254,H2254),C2254*E2254*G2254*H2254,IF(F2254,C2254*E2254*F2254,IF(G2254,C2254*E2254*G2254,IF(H2254,C2254*E2254*H2254,C2254*E2254))))))),2)","v":{"v":50.1,"d":"50.10"}},"Sqm",{"$nulls":3},"SSR 20-21"]
[null,"Front face",1,"x",1,{"v":13.54,"d":"13.540"},{"v":0,"d":"0.000"},{"v":3.2,"d":"3.200"},43.33,"Sqm",{"$nulls":3},"SSR 20-21"]
[null,"For short walls",1,"x",2,{"v":6.81,"d":"6.810"},{"v":0,"d":"0.000"},{"v":3.7,"d":"3.700"},50.39,"Sqm",{"$nulls":3},"SSR 20-21"]
[null,"For verandah basement",1,"x",1,{"v":19,"d":"19.000"},{"v":0,"d":"0.000"},{"v":0.6,"d":"0.600"},{"v":11.4,"d":"11.40"},"Sqm",{"$nulls":3},"SSR 20-21"]
[null,"Ramp portion",1,"x",1,{"v":5.7,"d":"5.700"},{"v":0,"d":"0.000"},{"v":0.3,"d":"0.300"},1.71,"Sqm",{"$nulls":3},"SSR 20-21"]
[null,"Deduct steps",1,"x",3,{"v":1.2,"d":"1.200"},{"v":0,"d":"0.000"},{"v":0.6,"d":"0.600"},{"$f":"-ROUND(IF(AND(F2259:H2259),C2259*E2259*F2259*G2259*H2259,IF(AND(F2259,G2259),C2259*E2259*F2259*G2259,IF(AND(F2259,H2259),C2259*E2259*F2259*H2259,IF(AND(G2259,H2259),C2259*E2259*G2259*H2259,IF(F2259,C2259*E2259*F2259,IF(G2259,C2259*E2259*G2259,IF(H2259,C2259*E2259*H2259,C2259*E2259))))))),2)","v":-2.16},"Sqm",{"$nulls":3},"SSR 20-21"]
[null,"Projection wall alround",1,"x",1,{"v":47,"d":"47.000"},{"v":1.7,"d":"1.700"},{"v":0,"d":"0.000"},{"$f":"ROUND(IF(AND(F2260:H2260),C2260*E2260*F2260*G2260*H2260,IF(AND(F2260,G2260),C2260*E2260*F2260*G2260,IF(AND(F2260,H2260),C2260*E2260*F2260*H2260,IF(AND(G2260,H2260),C2260*E2260*G2260*H2260,IF(F2260,C2260*E2260*F2260,IF(G2260,C2260*E2260*G2260,IF(H2260,C2260*E2260*H2260,C2260*E2260))))))),2)","v":{"v":79.9,"d":"79.90"}},"Sqm",{"$nulls":3},"SSR 20-21"]
[{"$nulls":13},"SSR 20-21"]
[{"$nulls":9},"Sqm",{"$f":"data!E1777","v":177.63},"SSR 20-21",{"$f":"ROUND(I2262*K2262,0)","v":{"v":0,"d":"0.00"}},"SSR 20-21"]
[31,"Painting to new walls with 2 coats of acrylic Emulsion paint Asian or equivalent and shade over Priming coat with Cement primer water base interior Gr-1 Asian or equivalent on new plastered surface after throughly brushing the surace remove all dirt and remains of loose powdered materials including cost and conveyance of all materials to worksite and all oparational, incidental, labour charges etc complete for  finished item of work as per SS 911 for external walls",{"$nulls":11},"SSR 21-22"]
[null,"Qty.p.85 of M.B.No.790/A/ZP/19",{"$nulls":11},"SSR 21-22"]
[null,"Out side carrdor slab",1,"x",1,{"v":13.54,"d":"13.540"},{"v":1.2,"d":"1.200"},{"v":0,"d":"0.000"},{"$f":"ROUND(IF(AND(F2265:H2265),C2265*E2265*F2265*G2265*H2265,IF(AND(F2265,G2265),C2265*E2265*F2265*G2265,IF(AND(F2265,H2265),C2265*E2265*F2265*H2265,IF(AND(G2265,H2265),C2265*E2265*G2265*H2265,IF(F2265,C2265*E2265*F2265,IF(G2265,C2265*E2265*G2265,IF(H2265,C2265*E2265*H2265,C2265*E2265))))))),2)","v":16.25},"Sqm",{"$nulls":3},"SSR 21-22"]
[null,null,1,"x",2,{"v":1.2,"d":"1.200"},{"v":2.77,"d":"2.770"},{"v":0,"d":"0.000"},6.65,"Sqm",{"$nulls":3},"SSR 21-22"]
[null,"Projection @ front",1,"x",1,{"v":23.4,"d":"23.400"},{"v":0.9,"d":"0.900"},{"v":0,"d":"0.000"},21.06,"Sqm",{"$nulls":3},"SSR 21-22"]
[null,"RCM facia drop @ front",1,"x",2,{"v":25.8,"d":"25.800"},{"v":0,"d":"0.000"},{"v":0.2,"d":"0.200"},10.32,"Sqm",{"$nulls":3},"SSR 21-22"]
[null,"Beam sides",1,"x",2,{"v":16.2,"d":"16.200"},{"v":0,"d":"0.000"},{"v":0.3,"d":"0.300"},9.72,"Sqm",{"$nulls":3},"SSR 21-22"]
[null,null,2,"x",2,{"v":2.77,"d":"2.770"},{"v":0,"d":"0.000"},{"v":0.3,"d":"0.300"},3.32,"Sqm",{"$nulls":3},"SSR 21-22"]
[null,null,2,"x",2,{"v":0.97,"d":"0.970"},{"v":0,"d":"0.000"},{"v":0.3,"d":"0.300"},1.16,"Sqm",{"$nulls":3},"SSR 21-22"]
[null,null,2,"x",2,{"v":0.97,"d":"0.970"},{"v":0,"d":"0.000"},{"v":0.3,"d":"0.300"},1.16,"Sqm",{"$nulls":3},"SSR 21-22"]
[null,null,5,"x",2,{"v":0.97,"d":"0.970"},{"v":0,"d":"0.000"},{"v":0.3,"d":"0.300"},2.91,"Sqm",{"$nulls":3},"SSR 21-22"]
[null,"Deduct junctions",1,"x",9,{"v":0.3,"d":"0.300"},{"v":0,"d":"0.000"},{"v":0.3,"d":"0.300"},{"$f":"-ROUND(IF(AND(F2274:H2274),C2274*E2274*F2274*G2274*H2274,IF(AND(F2274,G2274),C2274*E2274*F2274*G2274,IF(AND(F2274,H2274),C2274*E2274*F2274*H2274,IF(AND(G2274,H2274),C2274*E2274*G2274*H2274,IF(F2274,C2274*E2274*F2274,IF(G2274,C2274*E2274*G2274,IF(H2274,C2274*E2274*H2274,C2274*E2274))))))),2)","v":-0.81},"Sqm",{"$nulls":3},"SSR 21-22"]
[null,"Slab projection right and left",1,"x",2,{"v":5,"d":"5.000"},0.425,{"v":0,"d":"0.000"},{"$f":"ROUND(IF(AND(F2275:H2275),C2275*E2275*F2275*G2275*H2275,IF(AND(F2275,G2275),C2275*E2275*F2275*G2275,IF(AND(F2275,H2275),C2275*E2275*F2275*H2275,IF(AND(G2275,H2275),C2275*E2275*G2275*H2275,IF(F2275,C2275*E2275*F2275,IF(G2275,C2275*E2275*G2275,IF(H2275,C2275*E2275*H2275,C2275*E2275))))))),2)","v":4.25},"Sqm",{"$nulls":3},"SSR 21-22"]
[null,"Slab projection @ back",1,"x",1,{"v":14.1,"d":"14.100"},0.425,{"v":0,"d":"0.000"},5.99,"Sqm",{"$nulls":3},"SSR 21-22"]
[null,"Sunshades",6,"x",2,{"v":1.5,"d":"1.500"},{"v":0.6,"d":"0.600"},{"v":0,"d":"0.000"},{"v":10.8,"d":"10.80"},"Sqm",{"$nulls":3},"SSR 21-22"]
[null,"front side",1,"x",1,{"v":13.54,"d":"13.540"},{"v":0,"d":"0.000"},{"v":3.2,"d":"3.200"},43.33,"Sqm",{"$nulls":3},"SSR 21-22"]
[null,"Left side",1,"x",1,{"v":6.45,"d":"6.450"},{"v":0,"d":"0.000"},{"v":3.2,"d":"3.200"},20.64,"Sqm",{"$nulls":3},"SSR 21-22"]
[null,"right side",1,"x",1,{"v":6.45,"d":"6.450"},{"v":0,"d":"0.000"},{"v":3.2,"d":"3.200"},20.64,"Sqm",{"$nulls":3},"SSR 21-22"]
[null,"Back side",1,"x",1,{"v":13.54,"d":"13.540"},{"v":0,"d":"0.000"},{"v":3.5,"d":"3.500"},47.39,"Sqm",{"$nulls":3},"SSR 21-22"]
[null,"Deduct windows",1,"x",8,{"v":1.23,"d":"1.230"},{"v":0,"d":"0.000"},{"v":1.3,"d":"1.300"},{"$f":"-ROUND(IF(AND(F2282:H2282),C2282*E2282*F2282*G2282*H2282,IF(AND(F2282,G2282),C2282*E2282*F2282*G2282,IF(AND(F2282,H2282),C2282*E2282*F2282*H2282,IF(AND(G2282,H2282),C2282*E2282*G2282*H2282,IF(F2282,C2282*E2282*F2282,IF(G2282,C2282*E2282*G2282,IF(H2282,C2282*E2282*H2282,C2282*E2282))))))),2)","v":-12.79},"Sqm",{"$nulls":3},"SSR 21-22"]
[null,"deduct ventilators",1,"x",13,{"v":0.6,"d":"0.600"},{"v":0,"d":"0.000"},{"v":0.3,"d":"0.300"},{"$f":"-ROUND(IF(AND(F2283:H2283),C2283*E2283*F2283*G2283*H2283,IF(AND(F2283,G2283),C2283*E2283*F2283*G2283,IF(AND(F2283,H2283),C2283*E2283*F2283*H2283,IF(AND(G2283,H2283),C2283*E2283*G2283*H2283,IF(F2283,C2283*E2283*F2283,IF(G2283,C2283*E2283*G2283,IF(H2283,C2283*E2283*H2283,C2283*E2283))))))),2)","v":-2.34},"Sqm",{"$nulls":3},"SSR 21-22"]
[null,"Deduct door",1,"x",1,{"v":1.2,"d":"1.200"},{"v":0,"d":"0.000"},{"v":2.13,"d":"2.130"},{"$f":"-ROUND(IF(AND(F2284:H2284),C2284*E2284*F2284*G2284*H2284,IF(AND(F2284,G2284),C2284*E2284*F2284*G2284,IF(AND(F2284,H2284),C2284*E2284*F2284*H2284,IF(AND(G2284,H2284),C2284*E2284*G2284*H2284,IF(F2284,C2284*E2284*F2284,IF(G2284,C2284*E2284*G2284,IF(H2284,C2284*E2284*H2284,C2284*E2284))))))),2)","v":-2.56},"Sqm",{"$nulls":3},"SSR 21-22"]
[null,null,1,"x",1,{"v":0.9,"d":"0.900"},{"v":0,"d":"0.000"},{"v":2.13,"d":"2.130"},{"$f":"-ROUND(IF(AND(F2285:H2285),C2285*E2285*F2285*G2285*H2285,IF(AND(F2285,G2285),C2285*E2285*F2285*G2285,IF(AND(F2285,H2285),C2285*E2285*F2285*H2285,IF(AND(G2285,H2285),C2285*E2285*G2285*H2285,IF(F2285,C2285*E2285*F2285,IF(G2285,C2285*E2285*G2285,IF(H2285,C2285*E2285*H2285,C2285*E2285))))))),2)","v":-1.92},"Sqm",{"$nulls":3},"SSR 21-22"]
[null,"Kitchen",1,"x",1,{"v":0.8,"d":"0.800"},{"v":0,"d":"0.000"},{"v":2.12,"d":"2.120"},{"$f":"-ROUND(IF(AND(F2286:H2286),C2286*E2286*F2286*G2286*H2286,IF(AND(F2286,G2286),C2286*E2286*F2286*G2286,IF(AND(F2286,H2286),C2286*E2286*F2286*H2286,IF(AND(G2286,H2286),C2286*E2286*G2286*H2286,IF(F2286,C2286*E2286*F2286,IF(G2286,C2286*E2286*G2286,IF(H2286,C2286*E2286*H2286,C2286*E2286))))))),2)","v":{"v":-1.7,"d":"-1.70"}},"Sqm",{"$nulls":3},"SSR 21-22"]
[null,"Parapet wall",1,"x",2,{"v":23.43,"d":"23.430"},{"v":0,"d":"0.000"},{"v":0.75,"d":"0.750"},{"$f":"ROUND(IF(AND(F2287:H2287),C2287*E2287*F2287*G2287*H2287,IF(AND(F2287,G2287),C2287*E2287*F2287*G2287,IF(AND(F2287,H2287),C2287*E2287*F2287*H2287,IF(AND(G2287,H2287),C2287*E2287*G2287*H2287,IF(F2287,C2287*E2287*F2287,IF(G2287,C2287*E2287*G2287,IF(H2287,C2287*E2287*H2287,C2287*E2287))))))),2)","v":35.15},"Sqm",{"$nulls":3},"SSR 21-22"]
[null,"Carridor",1,"x",1,{"v":15.2,"d":"15.200"},{"v":0,"d":"0.000"},{"v":0.5,"d":"0.500"},{"$f":"ROUND(IF(AND(F2288:H2288),C2288*E2288*F2288*G2288*H2288,IF(AND(F2288,G2288),C2288*E2288*F2288*G2288,IF(AND(F2288,H2288),C2288*E2288*F2288*H2288,IF(AND(G2288,H2288),C2288*E2288*G2288*H2288,IF(F2288,C2288*E2288*F2288,IF(G2288,C2288*E2288*G2288,IF(H2288,C2288*E2288*H2288,C2288*E2288))))))),2)","v":{"v":7.6,"d":"7.60"}},"Sqm",{"$nulls":3},"SSR 21-22"]
[null,null,1,"x",1,{"v":5.1,"d":"5.100"},{"v":0,"d":"0.000"},{"$f":"(0.5+0.15)/2","v":0.325},{"$f":"ROUND(IF(AND(F2289:H2289),C2289*E2289*F2289*G2289*H2289,IF(AND(F2289,G2289),C2289*E2289*F2289*G2289,IF(AND(F2289,H2289),C2289*E2289*F2289*H2289,IF(AND(G2289,H2289),C2289*E2289*G2289*H2289,IF(F2289,C2289*E2289*F2289,IF(G2289,C2289*E2289*G2289,IF(H2289,C2289*E2289*H2289,C2289*E2289))))))),2)","v":1.66},"Sqm",{"$nulls":3},"SSR 21-22"]
[null,null,1,"x",1,{"v":23.8,"d":"23.800"},{"v":0.95,"d":"0.950"},{"v":0,"d":"0.000"},{"$f":"ROUND(IF(AND(F2290:H2290),C2290*E2290*F2290*G2290*H2290,IF(AND(F2290,G2290),C2290*E2290*F2290*G2290,IF(AND(F2290,H2290),C2290*E2290*F2290*H2290,IF(AND(G2290,H2290),C2290*E2290*G2290*H2290,IF(F2290,C2290*E2290*F2290,IF(G2290,C2290*E2290*G2290,IF(H2290,C2290*E2290*H2290,C2290*E2290))))))),2)","v":22.61},"Sqm",{"$nulls":3},"SSR 21-22"]
[{"$nulls":13},"SSR 21-22"]
[{"$nulls":9},"Sqm",{"$f":"data!E2694","v":186.27},"SSR 21-22",{"$f":"ROUND(I2292*K2292,0)","v":{"v":0,"d":"0.00"}},"SSR 21-22"]
[26,"Painting to new walls with 2 coats of acrylic Emulsion paint Asian or equivalent and shade over Priming coat with Cement primer water base interior Gr-1 Asian or equivalent on new plastered surface after throughly brushing the surace remove all dirt and remains of loose powdered materials including cost and conveyance of all materials to worksite and all oparational, incidental, labour charges etc complete for  finished item of work as per SS 911 for external walls",{"$nulls":11},"SSR 22-23"]
[null,"Qty.p.90 to 92 of M.B.No.790/A/ZP/19",null,"04.12.2023",{"$nulls":9},"SSR 22-23"]
[null,"South side wall",1,"x",1,{"v":6.45,"d":"6.450"},{"v":0,"d":"0.000"},{"v":3.3,"d":"3.300"},{"$f":"ROUND(IF(AND(F2295:H2295),C2295*E2295*F2295*G2295*H2295,IF(AND(F2295,G2295),C2295*E2295*F2295*G2295,IF(AND(F2295,H2295),C2295*E2295*F2295*H2295,IF(AND(G2295,H2295),C2295*E2295*G2295*H2295,IF(F2295,C2295*E2295*F2295,IF(G2295,C2295*E2295*G2295,IF(H2295,C2295*E2295*H2295,C2295*E2295))))))),2)","v":21.29},"Sqm",{"$nulls":3},"SSR 22-23"]
[null,"Deduct windows",1,"x",2,{"v":1.2,"d":"1.200"},{"v":0,"d":"0.000"},{"v":1.2,"d":"1.200"},{"$f":"-ROUND(IF(AND(F2296:H2296),C2296*E2296*F2296*G2296*H2296,IF(AND(F2296,G2296),C2296*E2296*F2296*G2296,IF(AND(F2296,H2296),C2296*E2296*F2296*H2296,IF(AND(G2296,H2296),C2296*E2296*G2296*H2296,IF(F2296,C2296*E2296*F2296,IF(G2296,C2296*E2296*G2296,IF(H2296,C2296*E2296*H2296,C2296*E2296))))))),2)","v":-2.88},"Sqm",{"$nulls":3},"SSR 22-23"]
[null,"Deduct door",1,"x",1,{"v":1.05,"d":"1.050"},{"v":0,"d":"0.000"},{"v":2.1,"d":"2.100"},{"$f":"-ROUND(IF(AND(F2297:H2297),C2297*E2297*F2297*G2297*H2297,IF(AND(F2297,G2297),C2297*E2297*F2297*G2297,IF(AND(F2297,H2297),C2297*E2297*F2297*H2297,IF(AND(G2297,H2297),C2297*E2297*G2297*H2297,IF(F2297,C2297*E2297*F2297,IF(G2297,C2297*E2297*G2297,IF(H2297,C2297*E2297*H2297,C2297*E2297))))))),2)","v":-2.21},"Sqm",{"$nulls":3},"SSR 22-23"]
[null,"West side wall",1,"x",1,{"v":13.6,"d":"13.600"},{"v":0,"d":"0.000"},{"v":3.3,"d":"3.300"},{"$f":"ROUND(IF(AND(F2298:H2298),C2298*E2298*F2298*G2298*H2298,IF(AND(F2298,G2298),C2298*E2298*F2298*G2298,IF(AND(F2298,H2298),C2298*E2298*F2298*H2298,IF(AND(G2298,H2298),C2298*E2298*G2298*H2298,IF(F2298,C2298*E2298*F2298,IF(G2298,C2298*E2298*G2298,IF(H2298,C2298*E2298*H2298,C2298*E2298))))))),2)","v":44.88},"Sqm",{"$nulls":3},"SSR 22-23"]
[null,"Deduct windows",1,"x",2,{"v":1.2,"d":"1.200"},{"v":0,"d":"0.000"},{"v":1.2,"d":"1.200"},{"$f":"-ROUND(IF(AND(F2299:H2299),C2299*E2299*F2299*G2299*H2299,IF(AND(F2299,G2299),C2299*E2299*F2299*G2299,IF(AND(F2299,H2299),C2299*E2299*F2299*H2299,IF(AND(G2299,H2299),C2299*E2299*G2299*H2299,IF(F2299,C2299*E2299*F2299,IF(G2299,C2299*E2299*G2299,IF(H2299,C2299*E2299*H2299,C2299*E2299))))))),2)","v":-2.88},"Sqm",{"$nulls":3},"SSR 22-23"]
[null,"Deduct door",1,"x",1,{"v":1.2,"d":"1.200"},{"v":0,"d":"0.000"},{"v":2.1,"d":"2.100"},{"$f":"-ROUND(IF(AND(F2300:H2300),C2300*E2300*F2300*G2300*H2300,IF(AND(F2300,G2300),C2300*E2300*F2300*G2300,IF(AND(F2300,H2300),C2300*E2300*F2300*H2300,IF(AND(G2300,H2300),C2300*E2300*G2300*H2300,IF(F2300,C2300*E2300*F2300,IF(G2300,C2300*E2300*G2300,IF(H2300,C2300*E2300*H2300,C2300*E2300))))))),2)","v":-2.52},"Sqm",{"$nulls":3},"SSR 22-23"]
[null,"North side wall",1,"x",1,{"v":6.45,"d":"6.450"},{"v":0,"d":"0.000"},{"v":3.8,"d":"3.800"},24.51,"Sqm",{"$nulls":3},"SSR 22-23"]
[null,"Deduct windows",1,"x",1,{"v":1.2,"d":"1.200"},{"v":0,"d":"0.000"},{"v":1.2,"d":"1.200"},{"$f":"-ROUND(IF(AND(F2302:H2302),C2302*E2302*F2302*G2302*H2302,IF(AND(F2302,G2302),C2302*E2302*F2302*G2302,IF(AND(F2302,H2302),C2302*E2302*F2302*H2302,IF(AND(G2302,H2302),C2302*E2302*G2302*H2302,IF(F2302,C2302*E2302*F2302,IF(G2302,C2302*E2302*G2302,IF(H2302,C2302*E2302*H2302,C2302*E2302))))))),2)","v":-1.44},"Sqm",{"$nulls":3},"SSR 22-23"]
[null,"East side wall",1,"x",1,{"v":13.6,"d":"13.600"},{"v":0,"d":"0.000"},{"v":3.8,"d":"3.800"},51.68,"Sqm",{"$nulls":3},"SSR 22-23"]
[null,"Deduct windows",1,"x",3,{"v":1.2,"d":"1.200"},{"v":0,"d":"0.000"},{"v":1.2,"d":"1.200"},{"$f":"-ROUND(IF(AND(F2304:H2304),C2304*E2304*F2304*G2304*H2304,IF(AND(F2304,G2304),C2304*E2304*F2304*G2304,IF(AND(F2304,H2304),C2304*E2304*F2304*H2304,IF(AND(G2304,H2304),C2304*E2304*G2304*H2304,IF(F2304,C2304*E2304*F2304,IF(G2304,C2304*E2304*G2304,IF(H2304,C2304*E2304*H2304,C2304*E2304))))))),2)","v":-4.32},"Sqm",{"$nulls":3},"SSR 22-23"]
[null,"deduct ventilators",1,"x",6,{"v":0.6,"d":"0.600"},{"v":0,"d":"0.000"},{"v":0.3,"d":"0.300"},{"$f":"-ROUND(IF(AND(F2305:H2305),C2305*E2305*F2305*G2305*H2305,IF(AND(F2305,G2305),C2305*E2305*F2305*G2305,IF(AND(F2305,H2305),C2305*E2305*F2305*H2305,IF(AND(G2305,H2305),C2305*E2305*G2305*H2305,IF(F2305,C2305*E2305*F2305,IF(G2305,C2305*E2305*G2305,IF(H2305,C2305*E2305*H2305,C2305*E2305))))))),2)","v":-1.08},"Sqm",{"$nulls":3},"SSR 22-23"]
[null,"Deduct door",1,"x",1,{"v":0.73,"d":"0.730"},{"v":0,"d":"0.000"},{"v":2.1,"d":"2.100"},{"$f":"-ROUND(IF(AND(F2306:H2306),C2306*E2306*F2306*G2306*H2306,IF(AND(F2306,G2306),C2306*E2306*F2306*G2306,IF(AND(F2306,H2306),C2306*E2306*F2306*H2306,IF(AND(G2306,H2306),C2306*E2306*G2306*H2306,IF(F2306,C2306*E2306*F2306,IF(G2306,C2306*E2306*G2306,IF(H2306,C2306*E2306*H2306,C2306*E2306))))))),2)","v":-1.53},"Sqm",{"$nulls":3},"SSR 22-23"]
[null,"East side slab projection",1,"x",1,{"v":13.6,"d":"13.600"},{"v":0.3,"d":"0.300"},{"v":0,"d":"0.000"},4.08,"Sqm",{"$nulls":3},"SSR 22-23"]
[null,"North and south side slab projection",1,"x",2,{"v":4.75,"d":"4.750"},{"v":0.3,"d":"0.300"},{"v":0,"d":"0.000"},2.85,"Sqm",{"$nulls":3},"SSR 22-23"]
[null,"West side slab projection",1,"x",1,{"v":13.6,"d":"13.600"},{"v":1.22,"d":"1.220"},{"v":0,"d":"0.000"},16.59,"Sqm",{"$nulls":3},"SSR 22-23"]
[null,"North & south side slab projection",1,"x",2,{"v":2.85,"d":"2.850"},{"v":1.22,"d":"1.220"},{"v":0,"d":"0.000"},6.95,"Sqm",{"$nulls":3},"SSR 22-23"]
[null,"Beam sides",2,"x",9,{"v":1.2,"d":"1.200"},{"v":0,"d":"0.000"},{"v":0.3,"d":"0.300"},6.48,"Sqm",{"$nulls":3},"SSR 22-23"]
[null,"Beam sides",1,"x",2,{"v":14.85,"d":"14.850"},{"v":0,"d":"0.000"},{"v":0.3,"d":"0.300"},8.91,"Sqm",{"$nulls":3},"SSR 22-23"]
[null,"Beam side south & north side",2,"x",2,{"v":2.85,"d":"2.850"},{"v":0,"d":"0.000"},{"v":0.3,"d":"0.300"},3.42,"Sqm",{"$nulls":3},"SSR 22-23"]
[null,"Parapet wall alround",1,"x",2,{"v":44.92,"d":"44.920"},{"v":0,"d":"0.000"},{"v":0.75,"d":"0.750"},67.38,"Sqm",{"$nulls":3},"SSR 22-23"]
[null,"Sunshades",2,"x",4,{"v":1.52,"d":"1.520"},{"v":0,"d":"0.000"},{"v":0.45,"d":"0.450"},5.47,"Sqm",{"$nulls":3},"SSR 22-23"]
[{"$nulls":13},"SSR 22-23"]
[{"$nulls":9},"Sqm",{"$f":"data!E3611","v":200.84},"SSR 22-23",{"$f":"ROUND(I2317*K2317,0)","v":{"v":0,"d":"0.00"}},"SSR 22-23"]
[28,"Painting New Wood / iron work with Two coats of ready mixed Synthatic Enamil paint first quality of shades over primary coat of wood primary making Three coats in all given as even shade after thoroughly brushes the surface to remove all remains of loose provided materials including c/c of all materials and labour charges etc complete for finished item of work ",{"$nulls":11},"SSR 19-20"]
[null,"Qty.p.19  of M.B.No.790/A/ZP/19",{"$nulls":11},"SSR 19-20"]
[null,"Staff room windows grills",1,"x",4,{"v":1.5,"d":"1.500"},{"v":0,"d":"0.000"},{"v":1.35,"d":"1.350"},{"$f":"ROUND(IF(AND(F2320:H2320),C2320*E2320*F2320*G2320*H2320,IF(AND(F2320,G2320),C2320*E2320*F2320*G2320,IF(AND(F2320,H2320),C2320*E2320*F2320*H2320,IF(AND(G2320,H2320),C2320*E2320*G2320*H2320,IF(F2320,C2320*E2320*F2320,IF(G2320,C2320*E2320*G2320,IF(H2320,C2320*E2320*H2320,C2320*E2320))))))),2)","v":{"v":8.1,"d":"8.10"}},"Sqm",{"$nulls":3},"SSR 19-20"]
[null,"Carridor",1,"x",1,{"v":1.5,"d":"1.500"},{"v":0,"d":"0.000"},{"v":1.35,"d":"1.350"},{"$f":"ROUND(IF(AND(F2321:H2321),C2321*E2321*F2321*G2321*H2321,IF(AND(F2321,G2321),C2321*E2321*F2321*G2321,IF(AND(F2321,H2321),C2321*E2321*F2321*H2321,IF(AND(G2321,H2321),C2321*E2321*G2321*H2321,IF(F2321,C2321*E2321*F2321,IF(G2321,C2321*E2321*G2321,IF(H2321,C2321*E2321*H2321,C2321*E2321))))))),2)","v":2.03},"Sqm",{"$nulls":3},"SSR 19-20"]
[{"$nulls":13},"SSR 19-20"]
[{"$nulls":9},"Sqm",{"$f":"data!G877","v":172.75},"SSR 19-20",{"$f":"ROUND(I2323*K2323,0)","v":{"v":0,"d":"0.00"}},"SSR 19-20"]
[28,"Painting New Wood / iron work with Two coats of ready mixed Synthatic Enamil paint first quality of shades over primary coat of wood primary making Three coats in all given as even shade after thoroughly brushes the surface to remove all remains of loose provided materials including c/c of all materials and labour charges etc complete for finished item of work ",{"$nulls":11},"SSR 20-21"]
[null,"Qty.p.42 of M.B.No.790/A/ZP/19",{"$nulls":11},"SSR 20-21"]
[null,"GF windows",5,"x",0.25,{"v":1.4,"d":"1.400"},{"v":0,"d":"0.000"},{"v":1.4,"d":"1.400"},{"$f":"ROUND(IF(AND(F2326:H2326),C2326*E2326*F2326*G2326*H2326,IF(AND(F2326,G2326),C2326*E2326*F2326*G2326,IF(AND(F2326,H2326),C2326*E2326*F2326*H2326,IF(AND(G2326,H2326),C2326*E2326*G2326*H2326,IF(F2326,C2326*E2326*F2326,IF(G2326,C2326*E2326*G2326,IF(H2326,C2326*E2326*H2326,C2326*E2326))))))),2)","v":2.45},"Sqm",{"$nulls":3},"SSR 20-21"]
[null,"spandana counter",1,"x",0.25,{"v":1.8,"d":"1.800"},{"v":0,"d":"0.000"},{"v":1.4,"d":"1.400"},0.63,"Sqm",{"$nulls":3},"SSR 20-21"]
[null,"FF Windows",7,"x",0.25,{"v":1.4,"d":"1.400"},{"v":0,"d":"0.000"},{"v":1.35,"d":"1.350"},3.31,"Sqm",{"$nulls":3},"SSR 20-21"]
[null,"Elevation grills",1,"x",0.25,{"v":1.2,"d":"1.200"},{"v":0,"d":"0.000"},{"v":1,"d":"1.000"},{"v":0.3,"d":"0.30"},"Sqm",{"$nulls":3},"SSR 20-21"]
[null,"Elevation grills",1,"x",0.25,{"v":1.2,"d":"1.200"},{"v":0,"d":"0.000"},{"v":1.1,"d":"1.100"},0.33,"Sqm",{"$nulls":3},"SSR 20-21"]
[null,"Elevation grills",2,"x",0.25,{"v":1.2,"d":"1.200"},{"v":0,"d":"0.000"},{"v":1.5,"d":"1.500"},{"v":0.9,"d":"0.90"},"Sqm",{"$nulls":3},"SSR 20-21"]
[{"$nulls":13},"SSR 20-21"]
[{"$nulls":9},"Sqm",{"$f":"data!G1794","v":132.55},"SSR 20-21",{"$f":"ROUND(I2333*K2333,0)","v":{"v":0,"d":"0.00"}},"SSR 20-21"]
[28,"Painting New Wood / iron work with Two coats of ready mixed Synthatic Enamil paint first quality of shades over primary coat of wood primary making Three coats in all given as even shade after thoroughly brushes the surface to remove all remains of loose provided materials including c/c of all materials and labour charges etc complete for finished item of work ",{"$nulls":11},"SSR 21-22"]
[null,"Qty.p.19  of M.B.No.790/A/ZP/19",{"$nulls":11},"SSR 21-22"]
[null,"Staff room windows grills",1,"x",4,{"v":1.5,"d":"1.500"},{"v":0,"d":"0.000"},{"v":1.35,"d":"1.350"},{"$f":"ROUND(IF(AND(F2336:H2336),C2336*E2336*F2336*G2336*H2336,IF(AND(F2336,G2336),C2336*E2336*F2336*G2336,IF(AND(F2336,H2336),C2336*E2336*F2336*H2336,IF(AND(G2336,H2336),C2336*E2336*G2336*H2336,IF(F2336,C2336*E2336*F2336,IF(G2336,C2336*E2336*G2336,IF(H2336,C2336*E2336*H2336,C2336*E2336))))))),2)","v":{"v":8.1,"d":"8.10"}},"Sqm",{"$nulls":3},"SSR 21-22"]
[null,"Carridor",1,"x",1,{"v":1.5,"d":"1.500"},{"v":0,"d":"0.000"},{"v":1.35,"d":"1.350"},{"$f":"ROUND(IF(AND(F2337:H2337),C2337*E2337*F2337*G2337*H2337,IF(AND(F2337,G2337),C2337*E2337*F2337*G2337,IF(AND(F2337,H2337),C2337*E2337*F2337*H2337,IF(AND(G2337,H2337),C2337*E2337*G2337*H2337,IF(F2337,C2337*E2337*F2337,IF(G2337,C2337*E2337*G2337,IF(H2337,C2337*E2337*H2337,C2337*E2337))))))),2)","v":2.03},"Sqm",{"$nulls":3},"SSR 21-22"]
[{"$nulls":13},"SSR 21-22"]
[{"$nulls":9},"Sqm",{"$f":"data!G2711","v":{"v":137.6,"d":"137.60"}},"SSR 21-22",{"$f":"ROUND(I2339*K2339,0)","v":{"v":0,"d":"0.00"}},"SSR 21-22"]
[27,"Painting New Wood / iron work with Two coats of ready mixed Synthatic Enamil paint first quality of shades over primary coat of wood primary making Three coats in all given as even shade after thoroughly brushes the surface to remove all remains of loose provided materials including c/c of all materials and labour charges etc complete for finished item of work ",{"$nulls":11},"SSR 22-23"]
[null,"Qty.p.     of M.B.No.790/A/ZP/19",{"$nulls":11},"SSR 22-23"]
[null,"Window grills",8,"x",0.25,{"v":1.2,"d":"1.200"},{"v":0,"d":"0.000"},{"v":1.2,"d":"1.200"},{"$f":"ROUND(IF(AND(F2342:H2342),C2342*E2342*F2342*G2342*H2342,IF(AND(F2342,G2342),C2342*E2342*F2342*G2342,IF(AND(F2342,H2342),C2342*E2342*F2342*H2342,IF(AND(G2342,H2342),C2342*E2342*G2342*H2342,IF(F2342,C2342*E2342*F2342,IF(G2342,C2342*E2342*G2342,IF(H2342,C2342*E2342*H2342,C2342*E2342))))))),2)","v":2.88},"Sqm",{"$nulls":3},"SSR 22-23"]
[{"$nulls":13},"SSR 22-23"]
[{"$nulls":9},"Sqm",{"$f":"data!G3628","v":149.86},"SSR 22-23",{"$f":"ROUND(I2344*K2344,0)","v":{"v":0,"d":"0.00"}},"SSR 22-23"]
[28,"Painting, Lettering and Picturing to walls with  two coats over primary coat with Emulsion paint (Like Birds, Animals, Cartoons, Numbers etc.,) to Angnwadi center building as per the instructions of Engineer - in - charge including cost and conveyance of all paints and all labour charges etc complete. ",{"$nulls":11},"SSR 19-20"]
[null,"Qty.p.19  of M.B.No.790/A/ZP/19",{"$nulls":11},"SSR 19-20"]
[null,"Staff room windows grills",1,"x",4,{"v":1.5,"d":"1.500"},{"v":0,"d":"0.000"},{"v":1.35,"d":"1.350"},{"$f":"ROUND(IF(AND(F2347:H2347),C2347*E2347*F2347*G2347*H2347,IF(AND(F2347,G2347),C2347*E2347*F2347*G2347,IF(AND(F2347,H2347),C2347*E2347*F2347*H2347,IF(AND(G2347,H2347),C2347*E2347*G2347*H2347,IF(F2347,C2347*E2347*F2347,IF(G2347,C2347*E2347*G2347,IF(H2347,C2347*E2347*H2347,C2347*E2347))))))),2)","v":{"v":8.1,"d":"8.10"}},"Sqm",{"$nulls":3},"SSR 19-20"]
[null,"Carridor",1,"x",1,{"v":1.5,"d":"1.500"},{"v":0,"d":"0.000"},{"v":1.35,"d":"1.350"},{"$f":"ROUND(IF(AND(F2348:H2348),C2348*E2348*F2348*G2348*H2348,IF(AND(F2348,G2348),C2348*E2348*F2348*G2348,IF(AND(F2348,H2348),C2348*E2348*F2348*H2348,IF(AND(G2348,H2348),C2348*E2348*G2348*H2348,IF(F2348,C2348*E2348*F2348,IF(G2348,C2348*E2348*G2348,IF(H2348,C2348*E2348*H2348,C2348*E2348))))))),2)","v":2.03},"Sqm",{"$nulls":3},"SSR 19-20"]
[{"$nulls":13},"SSR 19-20"]
[{"$nulls":9},"Sqm",{"$f":"data!G891","v":{"v":630,"d":"630.00"}},"SSR 19-20",{"$f":"ROUND(I2350*K2350,0)","v":{"v":0,"d":"0.00"}},"SSR 19-20"]
[28,"Painting, Lettering and Picturing to walls with  two coats over primary coat with Emulsion paint (Like Birds, Animals, Cartoons, Numbers etc.,) to Angnwadi center building as per the instructions of Engineer - in - charge including cost and conveyance of all paints and all labour charges etc complete. ",{"$nulls":11},"SSR 20-21"]
[null,"Qty.p.19  of M.B.No.790/A/ZP/19",{"$nulls":11},"SSR 20-21"]
[null,"Staff room windows grills",1,"x",4,{"v":1.5,"d":"1.500"},{"v":0,"d":"0.000"},{"v":1.35,"d":"1.350"},{"$f":"ROUND(IF(AND(F2353:H2353),C2353*E2353*F2353*G2353*H2353,IF(AND(F2353,G2353),C2353*E2353*F2353*G2353,IF(AND(F2353,H2353),C2353*E2353*F2353*H2353,IF(AND(G2353,H2353),C2353*E2353*G2353*H2353,IF(F2353,C2353*E2353*F2353,IF(G2353,C2353*E2353*G2353,IF(H2353,C2353*E2353*H2353,C2353*E2353))))))),2)","v":{"v":8.1,"d":"8.10"}},"Sqm",{"$nulls":3},"SSR 20-21"]
[null,"Carridor",1,"x",1,{"v":1.5,"d":"1.500"},{"v":0,"d":"0.000"},{"v":1.35,"d":"1.350"},{"$f":"ROUND(IF(AND(F2354:H2354),C2354*E2354*F2354*G2354*H2354,IF(AND(F2354,G2354),C2354*E2354*F2354*G2354,IF(AND(F2354,H2354),C2354*E2354*F2354*H2354,IF(AND(G2354,H2354),C2354*E2354*G2354*H2354,IF(F2354,C2354*E2354*F2354,IF(G2354,C2354*E2354*G2354,IF(H2354,C2354*E2354*H2354,C2354*E2354))))))),2)","v":2.03},"Sqm",{"$nulls":3},"SSR 20-21"]
[{"$nulls":13},"SSR 20-21"]
[{"$nulls":9},"Sqm",{"$f":"data!G1808","v":{"v":630,"d":"630.00"}},"SSR 20-21",{"$f":"ROUND(I2356*K2356,0)","v":{"v":0,"d":"0.00"}},"SSR 20-21"]
[28,"Painting, Lettering and Picturing to walls with  two coats over primary coat with Emulsion paint (Like Birds, Animals, Cartoons, Numbers etc.,) to Angnwadi center building as per the instructions of Engineer - in - charge including cost and conveyance of all paints and all labour charges etc complete. ",{"$nulls":11},"SSR 21-22"]
[null,"Qty.p.19  of M.B.No.790/A/ZP/19",{"$nulls":11},"SSR 21-22"]
[null,"Staff room windows grills",1,"x",4,{"v":1.5,"d":"1.500"},{"v":0,"d":"0.000"},{"v":1.35,"d":"1.350"},{"$f":"ROUND(IF(AND(F2359:H2359),C2359*E2359*F2359*G2359*H2359,IF(AND(F2359,G2359),C2359*E2359*F2359*G2359,IF(AND(F2359,H2359),C2359*E2359*F2359*H2359,IF(AND(G2359,H2359),C2359*E2359*G2359*H2359,IF(F2359,C2359*E2359*F2359,IF(G2359,C2359*E2359*G2359,IF(H2359,C2359*E2359*H2359,C2359*E2359))))))),2)","v":{"v":8.1,"d":"8.10"}},"Sqm",{"$nulls":3},"SSR 21-22"]
[null,"Carridor",1,"x",1,{"v":1.5,"d":"1.500"},{"v":0,"d":"0.000"},{"v":1.35,"d":"1.350"},{"$f":"ROUND(IF(AND(F2360:H2360),C2360*E2360*F2360*G2360*H2360,IF(AND(F2360,G2360),C2360*E2360*F2360*G2360,IF(AND(F2360,H2360),C2360*E2360*F2360*H2360,IF(AND(G2360,H2360),C2360*E2360*G2360*H2360,IF(F2360,C2360*E2360*F2360,IF(G2360,C2360*E2360*G2360,IF(H2360,C2360*E2360*H2360,C2360*E2360))))))),2)","v":2.03},"Sqm",{"$nulls":3},"SSR 21-22"]
[{"$nulls":13},"SSR 21-22"]
[{"$nulls":9},"Sqm",{"$f":"data!G2725","v":{"v":630,"d":"630.00"}},"SSR 21-22",{"$f":"ROUND(I2362*K2362,0)","v":{"v":0,"d":"0.00"}},"SSR 21-22"]
[31,"Painting, Lettering and Picturing to walls with  two coats over primary coat with Emulsion paint (Like Birds, Animals, Cartoons, Numbers etc.,) to Angnwadi center building as per the instructions of Engineer - in - charge including cost and conveyance of all paints and all labour charges etc complete. ",{"$nulls":11},"SSR 22-23"]
[null,"Qty.p.       of M.B.No.824/B/ZP/19",{"$nulls":11},"SSR 22-23"]
[null,"Name board",1,"x",1,{"v":5.4,"d":"5.400"},{"v":0,"d":"0.000"},{"v":1,"d":"1.000"},{"$f":"ROUND(IF(AND(F2365:H2365),C2365*E2365*F2365*G2365*H2365,IF(AND(F2365,G2365),C2365*E2365*F2365*G2365,IF(AND(F2365,H2365),C2365*E2365*F2365*H2365,IF(AND(G2365,H2365),C2365*E2365*G2365*H2365,IF(F2365,C2365*E2365*F2365,IF(G2365,C2365*E2365*G2365,IF(H2365,C2365*E2365*H2365,C2365*E2365))))))),2)","v":{"v":5.4,"d":"5.40"}},"Sqm",{"$nulls":3},"SSR 22-23"]
[null,"Wall art",1,"x",1,{"v":30.8,"d":"30.800"},{"v":0,"d":"0.000"},{"v":0.3,"d":"0.300"},{"$f":"ROUND(IF(AND(F2366:H2366),C2366*E2366*F2366*G2366*H2366,IF(AND(F2366,G2366),C2366*E2366*F2366*G2366,IF(AND(F2366,H2366),C2366*E2366*F2366*H2366,IF(AND(G2366,H2366),C2366*E2366*G2366*H2366,IF(F2366,C2366*E2366*F2366,IF(G2366,C2366*E2366*G2366,IF(H2366,C2366*E2366*H2366,C2366*E2366))))))),2)","v":9.24},"Sqm",{"$nulls":3},"SSR 22-23"]
[{"$nulls":13},"SSR 22-23"]
[{"$nulls":9},"Sqm",{"$f":"data!G3642","v":{"v":630,"d":"630.00"}},"SSR 22-23",{"$f":"ROUND(I2368*K2368,0)","v":{"v":0,"d":"0.00"}},"SSR 22-23"]
[29,"Supply & applying Poly-Urethane Water Proof Polish Glossy/ Matt finish to the wood works duly cleaning the surface and applying emery paper, Sand the wood with 180 No., emery paper and then with 320 No., emery paper, clean & wipe off loose dust, applying suitable knifing paste filler / wood filler by putty knife / muslin pad, air dry for 2 - 3 hrs, sand with 180 and 320 No., emery paper, applying two component wood sealer, after the surface preparation applying one coat of approved spraying PU thinner (for spraying) / applying one coat of approved brushing PU thinner or general purpose thinner (for brushing) and apply one coat of PU by brush or spray, air-dry overnight, Sand again with 180 No. emery paper and removing dust, applying second coat of PU, air drying for 4 - 6 Hrs, Sand with 320 No emery paper, and applying (either with spray or brush) two coats of approved brand PU including cost & labour charges, emery papers, cost of thinner & PU of approved brands such as Jenson & Nicholson, Asian Paints, Berger Paints or equivalent etc., complete for finished item",{"$nulls":11},"SSR 19-20"]
[null,"Qty.p.76  of M.B.No.790/A/ZP/19",{"$nulls":11},"SSR 19-20"]
[null,"Door frame and shutter",1,"x",2.25,{"v":1.2,"d":"1.200"},{"v":0,"d":"0.000"},{"v":2.1,"d":"2.100"},{"$f":"ROUND(IF(AND(F2371:H2371),C2371*E2371*F2371*G2371*H2371,IF(AND(F2371,G2371),C2371*E2371*F2371*G2371,IF(AND(F2371,H2371),C2371*E2371*F2371*H2371,IF(AND(G2371,H2371),C2371*E2371*G2371*H2371,IF(F2371,C2371*E2371*F2371,IF(G2371,C2371*E2371*G2371,IF(H2371,C2371*E2371*H2371,C2371*E2371))))))),2)","v":5.67},"Sqm",{"$nulls":3},"SSR 19-20"]
[{"$nulls":13},"SSR 19-20"]
[{"$nulls":9},"Sqm",{"$f":"data!G888","v":786.87},"SSR 19-20",{"$f":"ROUND(I2373*K2373,0)","v":{"v":0,"d":"0.00"}},"SSR 19-20"]
[29,"Supply & applying Poly-Urethane Water Proof Polish Glossy/ Matt finish to the wood works duly cleaning the surface and applying emery paper, Sand the wood with 180 No., emery paper and then with 320 No., emery paper, clean & wipe off loose dust, applying suitable knifing paste filler / wood filler by putty knife / muslin pad, air dry for 2 - 3 hrs, sand with 180 and 320 No., emery paper, applying two component wood sealer, after the surface preparation applying one coat of approved spraying PU thinner (for spraying) / applying one coat of approved brushing PU thinner or general purpose thinner (for brushing) and apply one coat of PU by brush or spray, air-dry overnight, Sand again with 180 No. emery paper and removing dust, applying second coat of PU, air drying for 4 - 6 Hrs, Sand with 320 No emery paper, and applying (either with spray or brush) two coats of approved brand PU including cost & labour charges, emery papers, cost of thinner & PU of approved brands such as Jenson & Nicholson, Asian Paints, Berger Paints or equivalent etc., complete for finished item",{"$nulls":11},"SSR 20-21"]
[null,"Qty.p.76  of M.B.No.790/A/ZP/19",{"$nulls":11},"SSR 20-21"]
[null,"Door frame and shutter",1,"x",2.25,{"v":1.2,"d":"1.200"},{"v":0,"d":"0.000"},{"v":2.1,"d":"2.100"},{"$f":"ROUND(IF(AND(F2376:H2376),C2376*E2376*F2376*G2376*H2376,IF(AND(F2376,G2376),C2376*E2376*F2376*G2376,IF(AND(F2376,H2376),C2376*E2376*F2376*H2376,IF(AND(G2376,H2376),C2376*E2376*G2376*H2376,IF(F2376,C2376*E2376*F2376,IF(G2376,C2376*E2376*G2376,IF(H2376,C2376*E2376*H2376,C2376*E2376))))))),2)","v":5.67},"Sqm",{"$nulls":3},"SSR 20-21"]
[{"$nulls":13},"SSR 20-21"]
[{"$nulls":9},"Sqm",{"$f":"data!G1805","v":{"v":849.6700000000001,"d":"849.67"}},"SSR 20-21",{"$f":"ROUND(I2378*K2378,0)","v":{"v":0,"d":"0.00"}},"SSR 20-21"]
[29,"Supply & applying Poly-Urethane Water Proof Polish Glossy/ Matt finish to the wood works duly cleaning the surface and applying emery paper, Sand the wood with 180 No., emery paper and then with 320 No., emery paper, clean & wipe off loose dust, applying suitable knifing paste filler / wood filler by putty knife / muslin pad, air dry for 2 - 3 hrs, sand with 180 and 320 No., emery paper, applying two component wood sealer, after the surface preparation applying one coat of approved spraying PU thinner (for spraying) / applying one coat of approved brushing PU thinner or general purpose thinner (for brushing) and apply one coat of PU by brush or spray, air-dry overnight, Sand again with 180 No. emery paper and removing dust, applying second coat of PU, air drying for 4 - 6 Hrs, Sand with 320 No emery paper, and applying (either with spray or brush) two coats of approved brand PU including cost & labour charges, emery papers, cost of thinner & PU of approved brands such as Jenson & Nicholson, Asian Paints, Berger Paints or equivalent etc., complete for finished item",{"$nulls":11},"SSR 21-22"]
[null,"Qty.p.76  of M.B.No.790/A/ZP/19",{"$nulls":11},"SSR 21-22"]
[null,"Door frame and shutter",1,"x",2.25,{"v":1.2,"d":"1.200"},{"v":0,"d":"0.000"},{"v":2.1,"d":"2.100"},{"$f":"ROUND(IF(AND(F2381:H2381),C2381*E2381*F2381*G2381*H2381,IF(AND(F2381,G2381),C2381*E2381*F2381*G2381,IF(AND(F2381,H2381),C2381*E2381*F2381*H2381,IF(AND(G2381,H2381),C2381*E2381*G2381*H2381,IF(F2381,C2381*E2381*F2381,IF(G2381,C2381*E2381*G2381,IF(H2381,C2381*E2381*H2381,C2381*E2381))))))),2)","v":5.67},"Sqm",{"$nulls":3},"SSR 21-22"]
[{"$nulls":13},"SSR 21-22"]
[{"$nulls":9},"Sqm",{"$f":"data!G2722","v":897.27},"SSR 21-22",{"$f":"ROUND(I2383*K2383,0)","v":{"v":0,"d":"0.00"}},"SSR 21-22"]
[29,"Supply & applying Poly-Urethane Water Proof Polish Glossy/ Matt finish to the wood works duly cleaning the surface and applying emery paper, Sand the wood with 180 No., emery paper and then with 320 No., emery paper, clean & wipe off loose dust, applying suitable knifing paste filler / wood filler by putty knife / muslin pad, air dry for 2 - 3 hrs, sand with 180 and 320 No., emery paper, applying two component wood sealer, after the surface preparation applying one coat of approved spraying PU thinner (for spraying) / applying one coat of approved brushing PU thinner or general purpose thinner (for brushing) and apply one coat of PU by brush or spray, air-dry overnight, Sand again with 180 No. emery paper and removing dust, applying second coat of PU, air drying for 4 - 6 Hrs, Sand with 320 No emery paper, and applying (either with spray or brush) two coats of approved brand PU including cost & labour charges, emery papers, cost of thinner & PU of approved brands such as Jenson & Nicholson, Asian Paints, Berger Paints or equivalent etc., complete for finished item",{"$nulls":11},"SSR 22-23"]
[null,"Qty.p.76  of M.B.No.790/A/ZP/19",{"$nulls":11},"SSR 22-23"]
[null,"Door frame and shutter",1,"x",2.25,{"v":1.2,"d":"1.200"},{"v":0,"d":"0.000"},{"v":2.1,"d":"2.100"},{"$f":"ROUND(IF(AND(F2386:H2386),C2386*E2386*F2386*G2386*H2386,IF(AND(F2386,G2386),C2386*E2386*F2386*G2386,IF(AND(F2386,H2386),C2386*E2386*F2386*H2386,IF(AND(G2386,H2386),C2386*E2386*G2386*H2386,IF(F2386,C2386*E2386*F2386,IF(G2386,C2386*E2386*G2386,IF(H2386,C2386*E2386*H2386,C2386*E2386))))))),2)","v":5.67},"Sqm",{"$nulls":3},"SSR 22-23"]
[{"$nulls":13},"SSR 22-23"]
[{"$nulls":9},"Sqm",{"$f":"data!G3639","v":968.78},"SSR 22-23",{"$f":"ROUND(I2388*K2388,0)","v":{"v":0,"d":"0.00"}},"SSR 22-23"]
[32,"Supply & fixing of Rolling shutter made of 80 x 1.25 mm machine rolled CRCA laths, interlocked together through their entire length and jointed together at the ends by endlocks, mounted on specially designed pipe shaft of 50mm dia nominal bore MS B class pipe with brackets, plates, guide channels, stoppers, bottom locking plates and arrangements for inside & outside locking with push-pull operations including cost of hood cover and springs complete, painted with one coat of approved steel primer, locks, ball bearings, all accessories etc complete for finished item of work as per special spn: 1108",{"$nulls":11},"SSR 19-20"]
[null,"Qty.p.51 of M.B.No.790/A/ZP/19",{"$nulls":11},"SSR 19-20"]
[null,null,1,"x",1,{"v":2.4,"d":"2.40"},{"v":0,"d":"0.000"},{"v":2.1,"d":"2.100"},{"$f":"ROUND(IF(AND(F2391:H2391),C2391*E2391*F2391*G2391*H2391,IF(AND(F2391,G2391),C2391*E2391*F2391*G2391,IF(AND(F2391,H2391),C2391*E2391*F2391*H2391,IF(AND(G2391,H2391),C2391*E2391*G2391*H2391,IF(F2391,C2391*E2391*F2391,IF(G2391,C2391*E2391*G2391,IF(H2391,C2391*E2391*H2391,C2391*E2391))))))),2)","v":5.04},"Sqm",{"$nulls":3},"SSR 19-20"]
[{"$nulls":13},"SSR 19-20"]
[{"$nulls":9},"Sqm",{"$f":"data!G894","v":{"v":3198,"d":"3198.00"}},"SSR 19-20",{"$f":"ROUND(I2393*K2393,0)","v":{"v":0,"d":"0.00"}},"SSR 19-20"]
[30,"Supply & fixing of Rolling shutter made of 80 x 1.25 mm machine rolled CRCA laths, interlocked together through their entire length and jointed together at the ends by endlocks, mounted on specially designed pipe shaft of 50mm dia nominal bore MS B class pipe with brackets, plates, guide channels, stoppers, bottom locking plates and arrangements for inside & outside locking with push-pull operations including cost of hood cover and springs complete, painted with one coat of approved steel primer, locks, ball bearings, all accessories etc complete for finished item of work as per special spn: 1108",{"$nulls":11},"SSR 20-21"]
[null,"Qty.p.43 of M.B.No.113/A/ZP/20",{"$nulls":11},"SSR 20-21"]
[null,null,1,"x",1,2.45,{"v":0,"d":"0.000"},{"v":2.1,"d":"2.100"},{"$f":"ROUND(IF(AND(F2396:H2396),C2396*E2396*F2396*G2396*H2396,IF(AND(F2396,G2396),C2396*E2396*F2396*G2396,IF(AND(F2396,H2396),C2396*E2396*F2396*H2396,IF(AND(G2396,H2396),C2396*E2396*G2396*H2396,IF(F2396,C2396*E2396*F2396,IF(G2396,C2396*E2396*G2396,IF(H2396,C2396*E2396*H2396,C2396*E2396))))))),2)","v":5.15},"Sqm",{"$nulls":3},"SSR 20-21"]
[{"$nulls":13},"SSR 20-21"]
[{"$nulls":9},"Sqm",{"$f":"data!G1811","v":{"v":3198,"d":"3198.00"}},"SSR 20-21",{"$f":"ROUND(I2398*K2398,0)","v":{"v":0,"d":"0.00"}},"SSR 20-21"]
[32,"Supply & fixing of Rolling shutter made of 80 x 1.25 mm machine rolled CRCA laths, interlocked together through their entire length and jointed together at the ends by endlocks, mounted on specially designed pipe shaft of 50mm dia nominal bore MS B class pipe with brackets, plates, guide channels, stoppers, bottom locking plates and arrangements for inside & outside locking with push-pull operations including cost of hood cover and springs complete, painted with one coat of approved steel primer, locks, ball bearings, all accessories etc complete for finished item of work as per special spn: 1108",{"$nulls":11},"SSR 21-22"]
[null,"Qty.p.51 of M.B.No.790/A/ZP/19",{"$nulls":11},"SSR 21-22"]
[null,null,1,"x",1,{"v":2.4,"d":"2.40"},{"v":0,"d":"0.000"},{"v":2.1,"d":"2.100"},{"$f":"ROUND(IF(AND(F2401:H2401),C2401*E2401*F2401*G2401*H2401,IF(AND(F2401,G2401),C2401*E2401*F2401*G2401,IF(AND(F2401,H2401),C2401*E2401*F2401*H2401,IF(AND(G2401,H2401),C2401*E2401*G2401*H2401,IF(F2401,C2401*E2401*F2401,IF(G2401,C2401*E2401*G2401,IF(H2401,C2401*E2401*H2401,C2401*E2401))))))),2)","v":5.04},"Sqm",{"$nulls":3},"SSR 21-22"]
[{"$nulls":13},"SSR 21-22"]
[{"$nulls":9},"Sqm",{"$f":"data!G2728","v":{"v":3500,"d":"3500.00"}},"SSR 21-22",{"$f":"ROUND(I2403*K2403,0)","v":{"v":0,"d":"0.00"}},"SSR 21-22"]
[28,"Supply & fixing of Rolling shutter made of 80 x 1.25 mm machine rolled CRCA laths, interlocked together through their entire length and jointed together at the ends by endlocks, mounted on specially designed pipe shaft of 50mm dia nominal bore MS B class pipe with brackets, plates, guide channels, stoppers, bottom locking plates and arrangements for inside & outside locking with push-pull operations including cost of hood cover and springs complete, painted with one coat of approved steel primer, locks, ball bearings, all accessories etc complete for finished item of work as per special spn: 1108",{"$nulls":11},"SSR 22-23"]
[null,"Qty.p.36 of M.B.No.790/A/ZP/19",null,"10.07.2023",{"$nulls":9},"SSR 22-23"]
[null,null,1,"x",1,{"v":3.15,"d":"3.150"},{"v":2.85,"d":"2.850"},{"v":0,"d":"0.000"},{"$f":"ROUND(IF(AND(F2406:H2406),C2406*E2406*F2406*G2406*H2406,IF(AND(F2406,G2406),C2406*E2406*F2406*G2406,IF(AND(F2406,H2406),C2406*E2406*F2406*H2406,IF(AND(G2406,H2406),C2406*E2406*G2406*H2406,IF(F2406,C2406*E2406*F2406,IF(G2406,C2406*E2406*G2406,IF(H2406,C2406*E2406*H2406,C2406*E2406))))))),2)","v":8.98},"Sqm",{"$nulls":3},"SSR 22-23"]
[{"$nulls":13},"SSR 22-23"]
[{"$nulls":9},"Sqm",{"$f":"data!G3645","v":{"v":4025,"d":"4025.00"}},"SSR 22-23",{"$f":"ROUND(I2408*K2408,0)","v":{"v":0,"d":"0.00"}},"SSR 22-23"]
[33,"S&F of 1200 mm dia 2\" thick Precasted  cc cover for hume pipe including cost and conveyance of all material and labour charges etc., complete for septic Tank ",{"$nulls":11},"SSR 19-20"]
[null,"Qty.p.       of M.B.No.790/A/ZP/19",{"$nulls":11},"SSR 19-20"]
[null,null,1,"x",4,{"v":0,"d":"0.000"},{"v":0,"d":"0.000"},{"v":0,"d":"0.000"},{"$f":"ROUND(IF(AND(F2411:H2411),C2411*E2411*F2411*G2411*H2411,IF(AND(F2411,G2411),C2411*E2411*F2411*G2411,IF(AND(F2411,H2411),C2411*E2411*F2411*H2411,IF(AND(G2411,H2411),C2411*E2411*G2411*H2411,IF(F2411,C2411*E2411*F2411,IF(G2411,C2411*E2411*G2411,IF(H2411,C2411*E2411*H2411,C2411*E2411))))))),2)","v":{"v":4,"d":"4.00"}},"No",{"$nulls":3},"SSR 19-20"]
[{"$nulls":13},"SSR 19-20"]
[{"$nulls":9},"No",{"$f":"data!G903","v":666.66},"SSR 19-20",{"$f":"ROUND(I2413*K2413,0)","v":{"v":0,"d":"0.00"}},"SSR 19-20"]
[33,"S&F of 1200 mm dia 2\" thick Precasted  cc cover for hume pipe including cost and conveyance of all material and labour charges etc., complete for septic Tank ",{"$nulls":11},"SSR 20-21"]
[null,"Qty.p.78 of M.B.No.790/A/ZP/19",{"$nulls":11},"SSR 20-21"]
[null,null,1,"x",8,{"v":0,"d":"0.000"},{"v":0,"d":"0.000"},{"v":0,"d":"0.000"},{"$f":"ROUND(IF(AND(F2416:H2416),C2416*E2416*F2416*G2416*H2416,IF(AND(F2416,G2416),C2416*E2416*F2416*G2416,IF(AND(F2416,H2416),C2416*E2416*F2416*H2416,IF(AND(G2416,H2416),C2416*E2416*G2416*H2416,IF(F2416,C2416*E2416*F2416,IF(G2416,C2416*E2416*G2416,IF(H2416,C2416*E2416*H2416,C2416*E2416))))))),2)","v":{"v":8,"d":"8.00"}},"No",{"$nulls":3},"SSR 20-21"]
[{"$nulls":13},"SSR 20-21"]
[{"$nulls":9},"No",{"$f":"data!G1820","v":666.66},"SSR 20-21",{"$f":"ROUND(I2418*K2418,0)","v":{"v":0,"d":"0.00"}},"SSR 20-21"]
[33,"S&F of 1200 mm dia 2\" thick Precasted  cc cover for hume pipe including cost and conveyance of all material and labour charges etc., complete for septic Tank ",{"$nulls":11},"SSR 21-22"]
[null,"Qty.p.       of M.B.No.790/A/ZP/19",{"$nulls":11},"SSR 21-22"]
[null,null,1,"x",8,{"v":0,"d":"0.000"},{"v":0,"d":"0.000"},{"v":0,"d":"0.000"},{"$f":"ROUND(IF(AND(F2421:H2421),C2421*E2421*F2421*G2421*H2421,IF(AND(F2421,G2421),C2421*E2421*F2421*G2421,IF(AND(F2421,H2421),C2421*E2421*F2421*H2421,IF(AND(G2421,H2421),C2421*E2421*G2421*H2421,IF(F2421,C2421*E2421*F2421,IF(G2421,C2421*E2421*G2421,IF(H2421,C2421*E2421*H2421,C2421*E2421))))))),2)","v":{"v":8,"d":"8.00"}},"No",{"$nulls":3},"SSR 21-22"]
[{"$nulls":13},"SSR 21-22"]
[{"$nulls":9},"No",{"$f":"data!G2737","v":733.33},"SSR 21-22",{"$f":"ROUND(I2423*K2423,0)","v":{"v":0,"d":"0.00"}},"SSR 21-22"]
[28,"S&F of 1200 mm dia 2\" thick Precasted  cc cover for hume pipe including cost and conveyance of all material and labour charges etc., complete for septic Tank ",{"$nulls":11},"SSR 22-23"]
[null,"Qty.p.       of M.B.No.790/A/ZP/19",{"$nulls":11},"SSR 22-23"]
[null,null,1,"x",4,{"v":0,"d":"0.000"},{"v":0,"d":"0.000"},{"v":0,"d":"0.000"},{"$f":"ROUND(IF(AND(F2426:H2426),C2426*E2426*F2426*G2426*H2426,IF(AND(F2426,G2426),C2426*E2426*F2426*G2426,IF(AND(F2426,H2426),C2426*E2426*F2426*H2426,IF(AND(G2426,H2426),C2426*E2426*G2426*H2426,IF(F2426,C2426*E2426*F2426,IF(G2426,C2426*E2426*G2426,IF(H2426,C2426*E2426*H2426,C2426*E2426))))))),2)","v":4},"No",{"$nulls":3},"SSR 22-23"]
[{"$nulls":13},"SSR 22-23"]
[{"$nulls":9},"No",{"$f":"data!G3654","v":{"v":808,"d":"808.00"}},"SSR 22-23",{"$f":"ROUND(I2428*K2428,0)","v":{"v":0,"d":"0.00"}},"SSR 22-23"]
[32,"S&F of 36\" dia(0.90Mts) 2\" thick Precasted rcc hume rings including cost and conveyance of all material and labour charges etc., complete for septic Tank ",{"$nulls":11},"SSR 19-20"]
[null,"Qty.p.78 of M.B.No.790/A/ZP/19",{"$nulls":11},"SSR 19-20"]
[null,null,1,"x",1,{"v":0,"d":"0.000"},{"v":0,"d":"0.000"},{"v":0,"d":"0.000"},{"$f":"ROUND(IF(AND(F2431:H2431),C2431*E2431*F2431*G2431*H2431,IF(AND(F2431,G2431),C2431*E2431*F2431*G2431,IF(AND(F2431,H2431),C2431*E2431*F2431*H2431,IF(AND(G2431,H2431),C2431*E2431*G2431*H2431,IF(F2431,C2431*E2431*F2431,IF(G2431,C2431*E2431*G2431,IF(H2431,C2431*E2431*H2431,C2431*E2431))))))),2)","v":{"v":1,"d":"1.00"}},"No",{"$nulls":3},"SSR 19-20"]
[{"$nulls":13},"SSR 19-20"]
[{"$nulls":9},"No",{"$f":"data!G912","v":{"v":500,"d":"500.00"}},"SSR 19-20",{"$f":"ROUND(I2433*K2433,0)","v":{"v":0,"d":"0.00"}},"SSR 19-20"]
[32,"S&F of 36\" dia(0.90Mts) 2\" thick Precasted rcc hume rings including cost and conveyance of all material and labour charges etc., complete for septic Tank ",{"$nulls":11},"SSR 20-21"]
[null,"Qty.p.78 of M.B.No.790/A/ZP/19",{"$nulls":11},"SSR 20-21"]
[null,null,1,"x",1,{"v":0,"d":"0.000"},{"v":0,"d":"0.000"},{"v":0,"d":"0.000"},{"$f":"ROUND(IF(AND(F2436:H2436),C2436*E2436*F2436*G2436*H2436,IF(AND(F2436,G2436),C2436*E2436*F2436*G2436,IF(AND(F2436,H2436),C2436*E2436*F2436*H2436,IF(AND(G2436,H2436),C2436*E2436*G2436*H2436,IF(F2436,C2436*E2436*F2436,IF(G2436,C2436*E2436*G2436,IF(H2436,C2436*E2436*H2436,C2436*E2436))))))),2)","v":{"v":1,"d":"1.00"}},"No",{"$nulls":3},"SSR 20-21"]
[{"$nulls":13},"SSR 20-21"]
[{"$nulls":9},"No",{"$f":"data!G1829","v":{"v":500,"d":"500.00"}},"SSR 20-21",{"$f":"ROUND(I2438*K2438,0)","v":{"v":0,"d":"0.00"}},"SSR 20-21"]
[32,"S&F of 36\" dia(0.90Mts) 2\" thick Precasted rcc hume rings including cost and conveyance of all material and labour charges etc., complete for septic Tank ",{"$nulls":11},"SSR 21-22"]
[null,"Qty.p.78 of M.B.No.790/A/ZP/19",{"$nulls":11},"SSR 21-22"]
[null,null,1,"x",1,{"v":0,"d":"0.000"},{"v":0,"d":"0.000"},{"v":0,"d":"0.000"},{"$f":"ROUND(IF(AND(F2441:H2441),C2441*E2441*F2441*G2441*H2441,IF(AND(F2441,G2441),C2441*E2441*F2441*G2441,IF(AND(F2441,H2441),C2441*E2441*F2441*H2441,IF(AND(G2441,H2441),C2441*E2441*G2441*H2441,IF(F2441,C2441*E2441*F2441,IF(G2441,C2441*E2441*G2441,IF(H2441,C2441*E2441*H2441,C2441*E2441))))))),2)","v":{"v":1,"d":"1.00"}},"No",{"$nulls":3},"SSR 21-22"]
[{"$nulls":13},"SSR 21-22"]
[{"$nulls":9},"No",{"$f":"data!G2746","v":{"v":550,"d":"550.00"}},"SSR 21-22",{"$f":"ROUND(I2443*K2443,0)","v":{"v":0,"d":"0.00"}},"SSR 21-22"]
[32,"S&F of 36\" dia(0.90Mts) 2\" thick Precasted rcc hume rings including cost and conveyance of all material and labour charges etc., complete for septic Tank ",{"$nulls":11},"SSR 22-23"]
[null,"Qty.p.78 of M.B.No.790/A/ZP/19",{"$nulls":11},"SSR 22-23"]
[null,null,1,"x",1,{"v":0,"d":"0.000"},{"v":0,"d":"0.000"},{"v":0,"d":"0.000"},{"$f":"ROUND(IF(AND(F2446:H2446),C2446*E2446*F2446*G2446*H2446,IF(AND(F2446,G2446),C2446*E2446*F2446*G2446,IF(AND(F2446,H2446),C2446*E2446*F2446*H2446,IF(AND(G2446,H2446),C2446*E2446*G2446*H2446,IF(F2446,C2446*E2446*F2446,IF(G2446,C2446*E2446*G2446,IF(H2446,C2446*E2446*H2446,C2446*E2446))))))),2)","v":{"v":1,"d":"1.00"}},"No",{"$nulls":3},"SSR 22-23"]
[{"$nulls":13},"SSR 22-23"]
[{"$nulls":9},"No",{"$f":"data!G3663","v":{"v":606,"d":"606.00"}},"SSR 22-23",{"$f":"ROUND(I2448*K2448,0)","v":{"v":0,"d":"0.00"}},"SSR 22-23"]
[33,"S&F of 1200 & 900 mm dia 2\" thick Precasted  cc cover for hume pipe including cost and conveyance of all material and labour charges etc., complete for septic Tank ",{"$nulls":11},"SSR 19-20"]
[null,"Qty.p.78 of M.B.No.790/A/ZP/19",{"$nulls":11},"SSR 19-20"]
[null,null,1,"x",1,{"v":0,"d":"0.000"},{"v":0,"d":"0.000"},{"v":0,"d":"0.000"},{"$f":"ROUND(IF(AND(F2451:H2451),C2451*E2451*F2451*G2451*H2451,IF(AND(F2451,G2451),C2451*E2451*F2451*G2451,IF(AND(F2451,H2451),C2451*E2451*F2451*H2451,IF(AND(G2451,H2451),C2451*E2451*G2451*H2451,IF(F2451,C2451*E2451*F2451,IF(G2451,C2451*E2451*G2451,IF(H2451,C2451*E2451*H2451,C2451*E2451))))))),2)","v":{"v":1,"d":"1.00"}},"No",{"$nulls":3},"SSR 19-20"]
[{"$nulls":13},"SSR 19-20"]
[{"$nulls":9},"No",{"$f":"data!G916","v":{"v":130,"d":"130.00"}},"SSR 19-20",{"$f":"ROUND(I2453*K2453,0)","v":{"v":0,"d":"0.00"}},"SSR 19-20"]
[33,"S&F of 1200 & 900 mm dia 2\" thick Precasted  cc cover for hume pipe including cost and conveyance of all material and labour charges etc., complete for septic Tank ",{"$nulls":11},"SSR 20-21"]
[null,"Qty.p.78 of M.B.No.790/A/ZP/19",{"$nulls":11},"SSR 20-21"]
[null,null,1,"x",1,{"v":0,"d":"0.000"},{"v":0,"d":"0.000"},{"v":0,"d":"0.000"},{"$f":"ROUND(IF(AND(F2456:H2456),C2456*E2456*F2456*G2456*H2456,IF(AND(F2456,G2456),C2456*E2456*F2456*G2456,IF(AND(F2456,H2456),C2456*E2456*F2456*H2456,IF(AND(G2456,H2456),C2456*E2456*G2456*H2456,IF(F2456,C2456*E2456*F2456,IF(G2456,C2456*E2456*G2456,IF(H2456,C2456*E2456*H2456,C2456*E2456))))))),2)","v":{"v":1,"d":"1.00"}},"No",{"$nulls":3},"SSR 20-21"]
[{"$nulls":13},"SSR 20-21"]
[{"$nulls":9},"No",{"$f":"data!G1833","v":{"v":130,"d":"130.00"}},"SSR 20-21",{"$f":"ROUND(I2458*K2458,0)","v":{"v":0,"d":"0.00"}},"SSR 20-21"]
[33,"S&F of 1200 & 900 mm dia 2\" thick Precasted  cc cover for hume pipe including cost and conveyance of all material and labour charges etc., complete for septic Tank ",{"$nulls":11},"SSR 21-22"]
[null,"Qty.p.78 of M.B.No.790/A/ZP/19",{"$nulls":11},"SSR 21-22"]
[null,null,1,"x",1,{"v":0,"d":"0.000"},{"v":0,"d":"0.000"},{"v":0,"d":"0.000"},{"$f":"ROUND(IF(AND(F2461:H2461),C2461*E2461*F2461*G2461*H2461,IF(AND(F2461,G2461),C2461*E2461*F2461*G2461,IF(AND(F2461,H2461),C2461*E2461*F2461*H2461,IF(AND(G2461,H2461),C2461*E2461*G2461*H2461,IF(F2461,C2461*E2461*F2461,IF(G2461,C2461*E2461*G2461,IF(H2461,C2461*E2461*H2461,C2461*E2461))))))),2)","v":{"v":1,"d":"1.00"}},"No",{"$nulls":3},"SSR 21-22"]
[{"$nulls":13},"SSR 21-22"]
[{"$nulls":9},"No",{"$f":"data!G2750","v":{"v":143,"d":"143.00"}},"SSR 21-22",{"$f":"ROUND(I2463*K2463,0)","v":{"v":0,"d":"0.00"}},"SSR 21-22"]
[29,"S&F of 1200 & 900 mm dia 2\" thick Precasted  cc cover for hume pipe including cost and conveyance of all material and labour charges etc., complete for septic Tank ",{"$nulls":11},"SSR 22-23"]
[null,"Qty.p.       of M.B.No.790/A/ZP/19",{"$nulls":11},"SSR 22-23"]
[null,null,1,"x",1,{"v":0,"d":"0.000"},{"v":0,"d":"0.000"},{"v":0,"d":"0.000"},{"$f":"ROUND(IF(AND(F2466:H2466),C2466*E2466*F2466*G2466*H2466,IF(AND(F2466,G2466),C2466*E2466*F2466*G2466,IF(AND(F2466,H2466),C2466*E2466*F2466*H2466,IF(AND(G2466,H2466),C2466*E2466*G2466*H2466,IF(F2466,C2466*E2466*F2466,IF(G2466,C2466*E2466*G2466,IF(H2466,C2466*E2466*H2466,C2466*E2466))))))),2)","v":1},"No",{"$nulls":3},"SSR 22-23"]
[{"$nulls":13},"SSR 22-23"]
[{"$nulls":9},"No",{"$f":"data!G3667","v":{"v":157,"d":"157.00"}},"SSR 22-23",{"$f":"ROUND(I2468*K2468,0)","v":{"v":0,"d":"0.00"}},"SSR 22-23"]
[28,"Supplying, fitting & placing HYSD bar reinforcement in foundation complete including labour charges for cutting, bending to required sizes and shapes, placing in position and tying with binding wire, forming grills for reinforcement work including c/c of steel bars below 36mm dia including overlaps and wastage, where they are not welded ",{"$nulls":11},"SSR 19-20"]
[null,"Qty.p.3 to 5 of M.B.No.1198/B/ZP/18","Footings",{"$nulls":3},"04.02.2021",null,1559.75,"Kgs",{"$nulls":3},"SSR 19-20"]
[null,"Qty.p.16 to 20 of M.B.No.1198/B/ZP/18","Plinth Beam",{"$nulls":3},"15.03.2021",null,665.23,"Kgs",{"$nulls":3},"SSR 19-20"]
[null,"Qty.p.4 to 15 of M.B.No.604/B/ZP/20","beam and slab",{"$nulls":3},"09.06.2021",null,{"v":1810.9,"d":"1810.90"},"Kgs",{"$nulls":3},"SSR 19-20"]
[null,"Qty.p.25 & 26 of M.B.No.604/B/ZP/20","Lintels",{"$nulls":3},"03.07.2022",null,218.01,"Kgs",{"$nulls":3},"SSR 19-20"]
[{"$nulls":13},"SSR 19-20"]
[{"$nulls":8},{"$f":"SUM(I2470:I2474)","v":4253.89},"Kgs",{"$nulls":3},"SSR 19-20"]
[{"$nulls":7},"Or",{"$f":"ROUND(I2475/1000,2)","v":4.25},"MT",{"$f":"data!E286","v":{"v":62198.5,"d":"62198.50"}},"SSR 19-20",{"$f":"ROUND(I2476*K2476,0)","v":{"v":264344,"d":"264344.00"}},"SSR 19-20"]
[35,"Supplying, fitting & placing HYSD bar reinforcement in foundation complete including labour charges for cutting, bending to required sizes and shapes, placing in position and tying with binding wire, forming grills for reinforcement work including c/c of steel bars below 36mm dia including overlaps and wastage, where they are not welded ",{"$nulls":11},"SSR 20-21"]
[null,"Qty.p.33 to 44 of M.B.No.1269/B/ZP/18","Beam and slab",{"$nulls":3},"11.05.2021",null,1805.23,"Kgs",{"$nulls":3},"SSR 19-20"]
[null,"Qty.p.2 to 4  of M.B.No.478/A/ZP/20","Lintels",{"$nulls":3},"07.06.2021",null,258.09,"Kgs",{"$nulls":3},"SSR 20-21"]
[{"$nulls":13},"SSR 20-21"]
[{"$nulls":8},{"$f":"SUM(I2478:I2480)","v":2063.32},"Kgs",{"$nulls":3},"SSR 20-21"]
[{"$nulls":7},"Or",null,"MT",{"$f":"data!E1202","v":{"v":62385,"d":"62385.00"}},"SSR 20-21",{"$f":"ROUND(I2482*K2482,0)","v":{"v":0,"d":"0.00"}},"SSR 20-21"]
[31,"Supplying, fitting & placing HYSD bar reinforcement in foundation complete including labour charges for cutting, bending to required sizes and shapes, placing in position and tying with binding wire, forming grills for reinforcement work including c/c of steel bars below 36mm dia including overlaps and wastage, where they are not welded ",{"$nulls":11},"SSR 21-22"]
[null,"Qty.p.11 of M.B.No.790/A/ZP/19","Beam and slab",{"$nulls":5},2595.52,"Kgs",{"$nulls":3},"SSR 21-22"]
[{"$nulls":13},"SSR 21-22"]
[{"$nulls":9},"Kgs",{"$nulls":3},"SSR 21-22"]
[{"$nulls":7},"Or",{"$f":"ROUND(I2486/1000,2)","v":{"v":0,"d":"0.00"}},"MT",{"$f":"data!E2119","v":{"v":79809.5,"d":"79809.50"}},"SSR 21-22",{"$f":"ROUND(I2487*K2487,0)","v":{"v":0,"d":"0.00"}},"SSR 21-22"]
[22,"Supplying, fitting & placing HYSD bar reinforcement in foundation complete including labour charges for cutting, bending to required sizes and shapes, placing in position and tying with binding wire, forming grills for reinforcement work including c/c of steel bars below 36mm dia including overlaps and wastage, where they are not welded ",{"$nulls":11},"SSR 22-23"]
[null,"Qty.p.52 of M.B.No.790/A/ZP/19","Sill level concrete",{"$nulls":3},"06.09.2023",null,{"v":85.9,"d":"85.90"},"Kgs",{"$nulls":3},"SSR 22-23"]
[null,"Qty.p.63 of M.B.No.790/A/ZP/19","Lintels",{"$nulls":5},223.68,"Kgs",{"$nulls":3},"SSR 22-23"]
[{"$nulls":13},"SSR 22-23"]
[{"$nulls":8},{"$f":"SUM(I2489:I2491)","v":{"v":309.58000000000004,"d":"309.58"}},"Kgs",{"$nulls":3},"SSR 22-23"]
[{"$nulls":7},"Or",null,"MT",{"$f":"data!E3036","v":{"v":92466,"d":"92466.00"}},"SSR 22-23",{"$f":"ROUND(I2493*K2493,0)","v":{"v":0,"d":"0.00"}},"SSR 22-23"]
[null,"DOORS, WINDOWS, GRILLS"]
[1,"Supplying and fixing of  Door of size 1.20X2.10M with two panels of frames made with teak wood and Shutter made with medium Teak wood including  MS Z hold fasts , Alluminium tower bolts, handle and butt hinges with all furniture fittings including c/c of all materials and furniture fittings etc complete as per specification  (APSS No 1001 & 1002) Door Frame with Shutters",{"$nulls":11},"SSR 19-20"]
[null,"Qty.p.55 of M.B.No.478/A/ZP/19",{"$nulls":11},"SSR 19-20"]
[null,"Ground floor",1,"x",1,{"v":0,"d":"0.000"},{"v":0,"d":"0.000"},{"v":0,"d":"0.000"},{"$f":"ROUND(IF(AND(F2497:H2497),C2497*E2497*F2497*G2497*H2497,IF(AND(F2497,G2497),C2497*E2497*F2497*G2497,IF(AND(F2497,H2497),C2497*E2497*F2497*H2497,IF(AND(G2497,H2497),C2497*E2497*G2497*H2497,IF(F2497,C2497*E2497*F2497,IF(G2497,C2497*E2497*G2497,IF(H2497,C2497*E2497*H2497,C2497*E2497))))))),2)","v":1},"No",{"$nulls":3},"SSR 19-20"]
[{"$nulls":13},"SSR 19-20"]
[{"$nulls":9},"No",{"$f":"'D&W data'!H25","v":{"v":20396.340000000004,"d":"20396.34"}},"SSR 19-20",{"$f":"ROUND(I2499*K2499,0)","v":{"v":0,"d":"0.00"}},"SSR 19-20"]
[2,"Supplying and fixing of  Door of size 1.20X2.10M with single panels of frames made with teak wood and Shutter made with flush door shutters including  MS Z hold fasts , Alluminium tower bolts, handle and butt hinges with all furniture fittings including c/c of all materials and furniture fittings etc complete as per specification  (APSS No 1001 & 1002) Door Frame with Shutters",{"$nulls":11},"SSR 19-20"]
[null,"Qty.p.54 of M.B.No.299/A/ZP/19",{"$nulls":11},"SSR 19-20"]
[null,null,1,"x",3,{"v":0,"d":"0.000"},{"v":0,"d":"0.000"},{"v":0,"d":"0.000"},{"$f":"ROUND(IF(AND(F2502:H2502),C2502*E2502*F2502*G2502*H2502,IF(AND(F2502,G2502),C2502*E2502*F2502*G2502,IF(AND(F2502,H2502),C2502*E2502*F2502*H2502,IF(AND(G2502,H2502),C2502*E2502*G2502*H2502,IF(F2502,C2502*E2502*F2502,IF(G2502,C2502*E2502*G2502,IF(H2502,C2502*E2502*H2502,C2502*E2502))))))),2)","v":3},"No",{"$nulls":3},"SSR 19-20"]
[{"$nulls":13},"SSR 19-20"]
[{"$nulls":9},"No",{"$f":"'D&W data'!H43","v":10891.57},"SSR 19-20",{"$f":"ROUND(I2504*K2504,0)","v":{"v":0,"d":"0.00"}},"SSR 19-20"]
[3,"Supplying and fixing of  Door of size 1.20X2.10M with single panels of frames made with sal wood and Shutter made with flush door shutters including  MS Z hold fasts , Alluminium tower bolts, handle and butt hinges with all furniture fittings including c/c of all materials and furniture fittings etc complete as per specification  (APSS No 1001 & 1002) Door Frame with Shutters",{"$nulls":11},"SSR 19-20"]
[null,"Qty.p.55 of M.B.No.299/A/ZP/19",{"$nulls":11},"SSR 19-20"]
[null,null,1,"x",1,{"v":0,"d":"0.000"},{"v":0,"d":"0.000"},{"v":0,"d":"0.000"},{"$f":"ROUND(IF(AND(F2507:H2507),C2507*E2507*F2507*G2507*H2507,IF(AND(F2507,G2507),C2507*E2507*F2507*G2507,IF(AND(F2507,H2507),C2507*E2507*F2507*H2507,IF(AND(G2507,H2507),C2507*E2507*G2507*H2507,IF(F2507,C2507*E2507*F2507,IF(G2507,C2507*E2507*G2507,IF(H2507,C2507*E2507*H2507,C2507*E2507))))))),2)","v":1},"No",{"$nulls":3},"SSR 19-20"]
[{"$nulls":13},"SSR 19-20"]
[{"$nulls":9},"No",{"$f":"'D&W data'!H61","v":{"v":9855.779999999999,"d":"9855.78"}},"SSR 19-20",{"$f":"ROUND(I2509*K2509,0)","v":{"v":0,"d":"0.00"}},"SSR 19-20"]
[2,"Supplying and fixing of  Door of size 0.90X2.10M with single panels of frames made with teak wood and Shutter made with medium Teak wood including  MS Z hold fasts , Alluminium tower bolts, handle and butt hinges with all furniture fittings including c/c of all materials and furniture fittings etc complete as per specification  (APSS No 1001 & 1002) Door Frame with Shutters",{"$nulls":11},"SSR 19-20"]
[null,"Qty.p.55 of M.B.No.478/A/ZP/19",{"$nulls":11},"SSR 19-20"]
[null,"Head room",1,"x",1,{"v":0,"d":"0.000"},{"v":0,"d":"0.000"},{"v":0,"d":"0.000"},{"$f":"ROUND(IF(AND(F2512:H2512),C2512*E2512*F2512*G2512*H2512,IF(AND(F2512,G2512),C2512*E2512*F2512*G2512,IF(AND(F2512,H2512),C2512*E2512*F2512*H2512,IF(AND(G2512,H2512),C2512*E2512*G2512*H2512,IF(F2512,C2512*E2512*F2512,IF(G2512,C2512*E2512*G2512,IF(H2512,C2512*E2512*H2512,C2512*E2512))))))),2)","v":1},"No",{"$nulls":3},"SSR 19-20"]
[{"$nulls":13},"SSR 19-20"]
[{"$nulls":9},"No",{"$f":"'D&W data'!H80","v":14099.53},"SSR 19-20",{"$f":"ROUND(I2514*K2514,0)","v":{"v":0,"d":"0.00"}},"SSR 19-20"]
[3,"Supplying and fixing of  Door of size 0.80X2.10M with single panels of frames made with teak wood and Shutter made with medium Teak wood including  MS Z hold fasts , Alluminium tower bolts, handle and butt hinges with all furniture fittings including c/c of all materials and furniture fittings etc complete as per specification  (APSS No 1001 & 1002) Door Frame with Shutters",{"$nulls":11},"SSR 19-20"]
[null,"Qty.p.56 of M.B.No.478/A/ZP/19",{"$nulls":11},"SSR 19-20"]
[null,null,1,"x",1,{"v":0,"d":"0.000"},{"v":0,"d":"0.000"},{"v":0,"d":"0.000"},{"$f":"ROUND(IF(AND(F2517:H2517),C2517*E2517*F2517*G2517*H2517,IF(AND(F2517,G2517),C2517*E2517*F2517*G2517,IF(AND(F2517,H2517),C2517*E2517*F2517*H2517,IF(AND(G2517,H2517),C2517*E2517*G2517*H2517,IF(F2517,C2517*E2517*F2517,IF(G2517,C2517*E2517*G2517,IF(H2517,C2517*E2517*H2517,C2517*E2517))))))),2)","v":{"v":1,"d":"1.00"}},"No",{"$nulls":3},"SSR 19-20"]
[{"$nulls":13},"SSR 19-20"]
[{"$nulls":9},"No",{"$f":"'D&W data'!H99","v":{"v":13359.1,"d":"13359.10"}},"SSR 19-20",{"$f":"ROUND(I2519*K2519,0)","v":{"v":0,"d":"0.00"}},"SSR 19-20"]
[3,"Supplying and fixing of  Door of size 0.90X2.10M with single panels of frames made with teak wood and Shutter made with Flush door shutters including  MS Z hold fasts , Alluminium tower bolts, handle and butt hinges with all furniture fittings including c/c of all materials and furniture fittings etc complete as per specification  (APSS No 1001 & 1002) Door Frame with Shutters",{"$nulls":11},"SSR 19-20"]
[null,"Qty.p.      of M.B.No.",{"$nulls":11},"SSR 19-20"]
[null,"GF & FF",1,"x",5,{"v":0,"d":"0.000"},{"v":0,"d":"0.000"},{"v":0,"d":"0.000"},{"$f":"ROUND(IF(AND(F2522:H2522),C2522*E2522*F2522*G2522*H2522,IF(AND(F2522,G2522),C2522*E2522*F2522*G2522,IF(AND(F2522,H2522),C2522*E2522*F2522*H2522,IF(AND(G2522,H2522),C2522*E2522*G2522*H2522,IF(F2522,C2522*E2522*F2522,IF(G2522,C2522*E2522*G2522,IF(H2522,C2522*E2522*H2522,C2522*E2522))))))),2)","v":{"v":5,"d":"5.00"}},"No",{"$nulls":3},"SSR 19-20"]
[{"$nulls":13},"SSR 19-20"]
[{"$nulls":9},"No",{"$f":"'D&W data'!H194","v":8905.99},"SSR 19-20",{"$f":"ROUND(I2524*K2524,0)","v":{"v":0,"d":"0.00"}},"SSR 19-20"]
[3,"Supplying and fixing of  Door of size 0.80X2.10M with single panels of frames made with sal wood and Shutter made with sal wood including  MS Z hold fasts , Alluminium tower bolts, handle and butt hinges with all furniture fittings including c/c of all materials and furniture fittings etc complete as per specification  (APSS No 1001 & 1002) Door Frame with Shutters",{"$nulls":11},"SSR 19-20"]
[null,"Qty.p.72   of M.B.No.299/A/ZP/19",{"$nulls":11},"SSR 19-20"]
[null,"Ground floor",1,"x",1,{"v":0,"d":"0.000"},{"v":0,"d":"0.000"},{"v":0,"d":"0.000"},{"$f":"ROUND(IF(AND(F2527:H2527),C2527*E2527*F2527*G2527*H2527,IF(AND(F2527,G2527),C2527*E2527*F2527*G2527,IF(AND(F2527,H2527),C2527*E2527*F2527*H2527,IF(AND(G2527,H2527),C2527*E2527*G2527*H2527,IF(F2527,C2527*E2527*F2527,IF(G2527,C2527*E2527*G2527,IF(H2527,C2527*E2527*H2527,C2527*E2527))))))),2)","v":{"v":1,"d":"1.00"}},"No",{"$nulls":3},"SSR 19-20"]
[{"$nulls":13},"SSR 19-20"]
[{"$nulls":9},"No",{"$f":"'D&W data'!H137","v":6334.76},"SSR 19-20",{"$f":"ROUND(I2529*K2529,0)","v":{"v":0,"d":"0.00"}},"SSR 19-20"]
[40,"Supplying and fixing of  Door of size 1.05X2.10M with single panels of frames made with teak wood and Shutter made with medium Teak wood including  MS Z hold fasts , Alluminium tower bolts, handle and butt hinges with all furniture fittings including c/c of all materials and furniture fittings etc complete as per specification  (APSS No 1001 & 1002) Door Frame with Shutters",{"$nulls":11},"SSR 19-20"]
[null,"Qty.p.60 of M.B.No.299/A/ZP/19",{"$nulls":11},"SSR 19-20"]
[null,"Ground floor",2,"x",1,{"v":0,"d":"0.000"},{"v":0,"d":"0.000"},{"v":0,"d":"0.000"},{"$f":"ROUND(IF(AND(F2532:H2532),C2532*E2532*F2532*G2532*H2532,IF(AND(F2532,G2532),C2532*E2532*F2532*G2532,IF(AND(F2532,H2532),C2532*E2532*F2532*H2532,IF(AND(G2532,H2532),C2532*E2532*G2532*H2532,IF(F2532,C2532*E2532*F2532,IF(G2532,C2532*E2532*G2532,IF(H2532,C2532*E2532*H2532,C2532*E2532))))))),2)","v":2},"No",{"$nulls":3},"SSR 19-20"]
[null,"Qty.p.66 of M.B.No.299/A/ZP/19",{"$nulls":11},"SSR 19-20"]
[null,"First floor",3,"x",1,{"v":0,"d":"0.000"},{"v":0,"d":"0.000"},{"v":0,"d":"0.000"},{"$f":"ROUND(IF(AND(F2534:H2534),C2534*E2534*F2534*G2534*H2534,IF(AND(F2534,G2534),C2534*E2534*F2534*G2534,IF(AND(F2534,H2534),C2534*E2534*F2534*H2534,IF(AND(G2534,H2534),C2534*E2534*G2534*H2534,IF(F2534,C2534*E2534*F2534,IF(G2534,C2534*E2534*G2534,IF(H2534,C2534*E2534*H2534,C2534*E2534))))))),2)","v":3},"No",{"$nulls":3},"SSR 19-20"]
[{"$nulls":13},"SSR 19-20"]
[{"$nulls":9},"No",{"$f":"'D&W data'!H156","v":15555.64},"SSR 19-20",{"$f":"ROUND(I2536*K2536,0)","v":{"v":0,"d":"0.00"}},"SSR 19-20"]
[4,"Supplying and fixing of  Door of size 1.05X2.10M with single panels of frames made with teak wood and Shutter made with Flush door shutters including  MS Z hold fasts , Alluminium tower bolts, handle and butt hinges with all furniture fittings including c/c of all materials and furniture fittings etc complete as per specification  (APSS No 1001 & 1002) Door Frame with Shutters",{"$nulls":11},"SSR 19-20"]
[null,"Qty.p.54 of M.B.No.299/A/ZP/19",{"$nulls":11},"SSR 19-20"]
[null,"Ground floor",1,"x",2,{"v":0,"d":"0.000"},{"v":0,"d":"0.000"},{"v":0,"d":"0.000"},{"$f":"ROUND(IF(AND(F2539:H2539),C2539*E2539*F2539*G2539*H2539,IF(AND(F2539,G2539),C2539*E2539*F2539*G2539,IF(AND(F2539,H2539),C2539*E2539*F2539*H2539,IF(AND(G2539,H2539),C2539*E2539*G2539*H2539,IF(F2539,C2539*E2539*F2539,IF(G2539,C2539*E2539*G2539,IF(H2539,C2539*E2539*H2539,C2539*E2539))))))),2)","v":2},"No",{"$nulls":3},"SSR 19-20"]
[null,"Qty.p.54 of M.B.No.299/A/ZP/19",{"$nulls":11},"SSR 19-20"]
[null,"First floor",1,"x",3,{"v":0,"d":"0.000"},{"v":0,"d":"0.000"},{"v":0,"d":"0.000"},{"$f":"ROUND(IF(AND(F2541:H2541),C2541*E2541*F2541*G2541*H2541,IF(AND(F2541,G2541),C2541*E2541*F2541*G2541,IF(AND(F2541,H2541),C2541*E2541*F2541*H2541,IF(AND(G2541,H2541),C2541*E2541*G2541*H2541,IF(F2541,C2541*E2541*F2541,IF(G2541,C2541*E2541*G2541,IF(H2541,C2541*E2541*H2541,C2541*E2541))))))),2)","v":3},"No",{"$nulls":3},"SSR 19-20"]
[{"$nulls":13},"SSR 19-20"]
[{"$nulls":9},"No",{"$f":"'D&W data'!H175","v":9631.65},"SSR 19-20",{"$f":"ROUND(I2543*K2543,0)","v":{"v":0,"d":"0.00"}},"SSR 19-20"]
[5,"Supply and fixing of  Wood Polymer Composite(WPC)  Door Frame section of 63.5x100 MM .The two Vertical members are to be joined together with the horizontal member using 8x75 MM long MS Star full thread screws to be used with reverse forward speed control hand drilling machine. The ready/assembled door frame is fixed to the wall using hold fast or bolt fasteners. A minimum of 4 No.s of screws to be provided for each vertical member & minimum 2no.s for horizontal member, and fixing 28 -30 MM thick solid Wood Polymer Composite (WPC)  double extruded door shutter with 3MM top and bottom rigid layer with an overall density of 750kg/Cum. It will be fixed to the frame using 3 inch /4 inch hinges. A minimum of 4 hinges will be required for fixing the door with the frame 1200 x 2130mm",{"$nulls":11},"SSR 19-20"]
[null,"Qty.p.      of M.B.No.",{"$nulls":11},"SSR 19-20"]
[null,"tiolet doors",1,"x",3,{"v":0.72,"d":"0.720"},{"v":0,"d":"0.000"},{"v":1.99,"d":"1.990"},{"$f":"ROUND(IF(AND(F2546:H2546),C2546*E2546*F2546*G2546*H2546,IF(AND(F2546,G2546),C2546*E2546*F2546*G2546,IF(AND(F2546,H2546),C2546*E2546*F2546*H2546,IF(AND(G2546,H2546),C2546*E2546*G2546*H2546,IF(F2546,C2546*E2546*F2546,IF(G2546,C2546*E2546*G2546,IF(H2546,C2546*E2546*H2546,C2546*E2546))))))),2)","v":{"v":4.3,"d":"4.30"}},"Sqm",{"$nulls":3},"SSR 19-20",2]
[{"$nulls":13},"SSR 19-20"]
[{"$nulls":9},"Sqm",{"$f":"'D&W data'!H218","v":{"v":6011.2,"d":"6011.20"}},"SSR 19-20",{"$f":"ROUND(I2548*K2548,0)","v":{"v":0,"d":"0.00"}},"SSR 19-20"]
[2,"Supply and fixing of  Wood Polymer Composite(WPC)  Door Frame section of 63.5x100 MM .The two Vertical members are to be joined together with the horizontal member using 8x75 MM long MS Star full thread screws to be used with reverse forward speed control hand drilling machine. The ready/assembled door frame is fixed to the wall using hold fast or bolt fasteners. A minimum of 4 No.s of screws to be provided for each vertical member & minimum 2no.s for horizontal member, and fixing 28 -30 MM thick solid Wood Polymer Composite (WPC)  double extruded door shutter with 3MM top and bottom rigid layer with an overall density of 750kg/Cum. It will be fixed to the frame using 3 inch /4 inch hinges. A minimum of 4 hinges will be required for fixing the door with the frame 1200 x 2130mm",{"$nulls":11},"SSR 19-20"]
[null,"Qty.p. 28 of M.B.No.299/A/ZP/19",{"$nulls":11},"SSR 19-20"]
[null,null,1,"x",2,{"v":1.01,"d":"1.010"},{"v":0,"d":"0.000"},{"v":2.09,"d":"2.090"},{"$f":"ROUND(IF(AND(F2551:H2551),C2551*E2551*F2551*G2551*H2551,IF(AND(F2551,G2551),C2551*E2551*F2551*G2551,IF(AND(F2551,H2551),C2551*E2551*F2551*H2551,IF(AND(G2551,H2551),C2551*E2551*G2551*H2551,IF(F2551,C2551*E2551*F2551,IF(G2551,C2551*E2551*G2551,IF(H2551,C2551*E2551*H2551,C2551*E2551))))))),2)","v":4.22},"Sqm",{"$nulls":3},"SSR 19-20",2]
[null,null,1,"x",2,{"v":1.02,"d":"1.020"},{"v":0,"d":"0.000"},{"v":2.02,"d":"2.020"},{"$f":"ROUND(IF(AND(F2552:H2552),C2552*E2552*F2552*G2552*H2552,IF(AND(F2552,G2552),C2552*E2552*F2552*G2552,IF(AND(F2552,H2552),C2552*E2552*F2552*H2552,IF(AND(G2552,H2552),C2552*E2552*G2552*H2552,IF(F2552,C2552*E2552*F2552,IF(G2552,C2552*E2552*G2552,IF(H2552,C2552*E2552*H2552,C2552*E2552))))))),2)","v":4.12},"Sqm",{"$nulls":3},"SSR 19-20",2]
[null,null,1,"x",1,{"v":1,"d":"1.000"},{"v":0,"d":"0.000"},{"v":2.02,"d":"2.020"},{"$f":"ROUND(IF(AND(F2553:H2553),C2553*E2553*F2553*G2553*H2553,IF(AND(F2553,G2553),C2553*E2553*F2553*G2553,IF(AND(F2553,H2553),C2553*E2553*F2553*H2553,IF(AND(G2553,H2553),C2553*E2553*G2553*H2553,IF(F2553,C2553*E2553*F2553,IF(G2553,C2553*E2553*G2553,IF(H2553,C2553*E2553*H2553,C2553*E2553))))))),2)","v":2.02},"Sqm",{"$nulls":3},"SSR 19-20",2]
[{"$nulls":13},"SSR 19-20"]
[{"$nulls":9},"Sqm",{"$f":"'D&W data'!H230","v":5617.52},"SSR 19-20",{"$f":"ROUND(I2555*K2555,0)","v":{"v":0,"d":"0.00"}},"SSR 19-20"]
[5,"Providing and fixing factory made uPVC white colour sliding glazed windowupto 1.50 m in height dimension comprising of uPVC multi-chamberedframe with in-built roller track and sash extruded profiles duly reinforcedwith 1.60 ± 0.2 mm thick galvanized mild steel section made from rollforming process of required length (shape & size according to uPVCprofile), appropriate dimension of uPVC extruded glazing beads anduPVC extruded interlocks, EPDM gasket, wool pile, zinc alloy (whitepowder coated) touch locks withhook, zinc alloy body with single nylonrollers (weight bearing capacity to be 40 kg), G.I fasteners 100 x 8 mmsize for fixing frame to finished wall and necessary stainless steel screwsetc. Profile of frame & sash shall be mitred cut and fusion welded at allcorners, including drilling of holes for fixing hardware's and drainage ofwater etc. After fixing frame the gap between frame and adjacent finishedwall shall be filled with weather proof silicon sealent over backer rod ofrequired size and of approved quality, all complete as per approved drawing& direction of Engineer-in-Charge",{"$nulls":11},"SSR 19-20"]
[null,"Qty.p.58 of M.B.No.478/A/ZP/19",{"$nulls":11},"SSR 19-20"]
[null,null,1,"x",8,{"v":1.2,"d":"1.200"},{"v":0,"d":"0.000"},{"v":1.2,"d":"1.200"},{"$f":"ROUND(IF(AND(F2558:H2558),C2558*E2558*F2558*G2558*H2558,IF(AND(F2558,G2558),C2558*E2558*F2558*G2558,IF(AND(F2558,H2558),C2558*E2558*F2558*H2558,IF(AND(G2558,H2558),C2558*E2558*G2558*H2558,IF(F2558,C2558*E2558*F2558,IF(G2558,C2558*E2558*G2558,IF(H2558,C2558*E2558*H2558,C2558*E2558))))))),2)","v":11.52},"Sqm",{"$nulls":3},"SSR 19-20"]
[{"$nulls":13},"SSR 19-20"]
[{"$nulls":9},"Sqm",{"$f":"'D&W data'!H235","v":{"v":8058,"d":"8058.00"}},"SSR 19-20",{"$f":"ROUND(I2560*K2560,0)","v":{"v":0,"d":"0.00"}},"SSR 19-20"]
[6,"Qty.p.53 of M.B.No.299/A/ZP/19","two tracks",{"$nulls":10},"SSR 19-20"]
[null,null,1,"x",2,{"v":1.5,"d":"1.500"},{"v":0,"d":"0.000"},{"v":1.35,"d":"1.350"},{"$f":"ROUND(IF(AND(F2562:H2562),C2562*E2562*F2562*G2562*H2562,IF(AND(F2562,G2562),C2562*E2562*F2562*G2562,IF(AND(F2562,H2562),C2562*E2562*F2562*H2562,IF(AND(G2562,H2562),C2562*E2562*G2562*H2562,IF(F2562,C2562*E2562*F2562,IF(G2562,C2562*E2562*G2562,IF(H2562,C2562*E2562*H2562,C2562*E2562))))))),2)","v":4.05},"Sqm",{"$nulls":3},"SSR 19-20"]
[{"$nulls":13},"SSR 19-20"]
[{"$nulls":9},"Sqm",{"$f":"'D&W data'!H233","v":{"v":6038,"d":"6038.00"}},"SSR 19-20",{"$f":"ROUND(I2564*K2564,0)","v":{"v":0,"d":"0.00"}},"SSR 19-20"]
[3,"Qty.p. 31 of M.B.No.299/A/ZP/19","( Single Tracks)",{"$nulls":10},"SSR 19-20"]
[null,null,1,"x",1,{"v":1.51,"d":"1.510"},{"v":0,"d":"0.000"},{"v":1.2,"d":"1.200"},{"$f":"ROUND(IF(AND(F2566:H2566),C2566*E2566*F2566*G2566*H2566,IF(AND(F2566,G2566),C2566*E2566*F2566*G2566,IF(AND(F2566,H2566),C2566*E2566*F2566*H2566,IF(AND(G2566,H2566),C2566*E2566*G2566*H2566,IF(F2566,C2566*E2566*F2566,IF(G2566,C2566*E2566*G2566,IF(H2566,C2566*E2566*H2566,C2566*E2566))))))),2)","v":1.81},"Sqm",{"$nulls":3},"SSR 19-20",1]
[{"$nulls":13},"SSR 19-20"]
[{"$nulls":9},"Sqm",{"$f":"'D&W data'!H237","v":{"v":5830,"d":"5830.00"}},"SSR 19-20",{"$f":"ROUND(I2568*K2568,0)","v":{"v":0,"d":"0.00"}},"SSR 19-20"]
[6,"supply and fixing of Single fixed Louvers Ventilator including cost and labour charges etc., complete",{"$nulls":11},"SSR 19-20"]
[null,"Qty.P.No. 72 of M.B.No.299/A/ZP/19",{"$nulls":11},"SSR 19-20"]
[null,null,1,"x",1,{"v":1.2,"d":"1.200"},{"v":0,"d":"0.000"},{"v":0.3,"d":"0.300"},{"$f":"ROUND(IF(AND(F2571:H2571),C2571*E2571*F2571*G2571*H2571,IF(AND(F2571,G2571),C2571*E2571*F2571*G2571,IF(AND(F2571,H2571),C2571*E2571*F2571*H2571,IF(AND(G2571,H2571),C2571*E2571*G2571*H2571,IF(F2571,C2571*E2571*F2571,IF(G2571,C2571*E2571*G2571,IF(H2571,C2571*E2571*H2571,C2571*E2571))))))),2)","v":0.36},"Sqm",{"$nulls":3},"SSR 19-20"]
[{"$nulls":13},"SSR 19-20"]
[{"$nulls":9},"Sqm",{"$f":"'D&W data'!H240","v":{"v":3797,"d":"3797.00"}},"SSR 19-20",{"$f":"ROUND(I2573*K2573,0)","v":{"v":0,"d":"0.00"}},"SSR 19-20"]
[6,"Supplying and fixing of  ventilator of size 0.60 x 0.45 Mts including fixing of 8mm dia roads and 4mm plain glass including all labour charges etc., complete",{"$nulls":11},"SSR 19-20"]
[null,"Qty.P.No. 72 of M.B.No.299/A/ZP/19",{"$nulls":11},"SSR 19-20"]
[null,null,1,"x",16,{"v":0,"d":"0.000"},{"v":0,"d":"0.000"},{"v":0,"d":"0.000"},{"$f":"ROUND(IF(AND(F2576:H2576),C2576*E2576*F2576*G2576*H2576,IF(AND(F2576,G2576),C2576*E2576*F2576*G2576,IF(AND(F2576,H2576),C2576*E2576*F2576*H2576,IF(AND(G2576,H2576),C2576*E2576*G2576*H2576,IF(F2576,C2576*E2576*F2576,IF(G2576,C2576*E2576*G2576,IF(H2576,C2576*E2576*H2576,C2576*E2576))))))),2)","v":16},"No",{"$nulls":3},"SSR 19-20"]
[{"$nulls":13},"SSR 19-20"]
[{"$nulls":9},"No",{"$f":"'D&W data'!H200","v":494.94},"SSR 19-20",{"$f":"ROUND(I2578*K2578,0)","v":{"v":0,"d":"0.00"}},"SSR 19-20"]
[4,"S&F of Cement Jolleys 50mm thick",{"$nulls":11},"SSR 19-20"]
[null,"Qty.p. 32 of M.B.No.299/A/ZP/19",{"$nulls":11},"SSR 19-20"]
[null,null,1,"x",19,{"v":0.6,"d":"0.600"},{"v":0,"d":"0.000"},{"v":0.3,"d":"0.300"},{"$f":"ROUND(IF(AND(F2581:H2581),C2581*E2581*F2581*G2581*H2581,IF(AND(F2581,G2581),C2581*E2581*F2581*G2581,IF(AND(F2581,H2581),C2581*E2581*F2581*H2581,IF(AND(G2581,H2581),C2581*E2581*G2581*H2581,IF(F2581,C2581*E2581*F2581,IF(G2581,C2581*E2581*G2581,IF(H2581,C2581*E2581*H2581,C2581*E2581))))))),2)","v":3.42},"Sqm",{"$nulls":3},"SSR 19-20"]
[{"$nulls":13},"SSR 19-20"]
[{"$nulls":9},"Sqm",{"$f":"'D&W data'!H206","v":{"v":513.1,"d":"513.10"}},"SSR 19-20",{"$f":"ROUND(I2583*K2583,0)","v":{"v":0,"d":"0.00"}},"SSR 19-20"]
[29,"Supplying  & fixing of Iron Doors and Windows Grills including labour charges for fabricating steel including cost of welding rods, power charges & fixing the grill in position etc complete",{"$nulls":11},"SSR 19-20"]
[null,"Qty.p.38 of M.B.No.604/B/ZP/20",null,"02.08.2022",{"$nulls":9},"SSR 19-20"]
[null,"For windows",1,"x",8,{"v":40,"d":"40.00"},{"v":0,"d":"0.000"},{"v":0,"d":"0.000"},{"$f":"ROUND(IF(AND(F2586:H2586),C2586*E2586*F2586*G2586*H2586,IF(AND(F2586,G2586),C2586*E2586*F2586*G2586,IF(AND(F2586,H2586),C2586*E2586*F2586*H2586,IF(AND(G2586,H2586),C2586*E2586*G2586*H2586,IF(F2586,C2586*E2586*F2586,IF(G2586,C2586*E2586*G2586,IF(H2586,C2586*E2586*H2586,C2586*E2586))))))),2)","v":{"v":320,"d":"320.00"}},"Kgs",{"$nulls":3},"SSR 19-20"]
[{"$nulls":13},"SSR 19-20"]
[{"$nulls":8},{"$f":"SUM(I2586:I2587)","v":{"v":320,"d":"320.00"}},"Kg",{"$f":"data!G306","v":{"v":84.00999999999999,"d":"84.01"}},"SSR 19-20",{"$f":"ROUND(I2588*K2588,0)","v":{"v":26883,"d":"26883.00"}},"SSR 19-20"]
[7,"Supply and fixing of ornamental grill made of 25mm x 10mm MS flats for fixing in fan light portion and side fixed panels for door cum window as per the approved drawing including cutting the flat to required length, welding, painting with red oxide single coat including cost and conveyance of all materials, labour charges etc., complete for finished otem of work.",{"$nulls":11},"SSR 19-20"]
[null,"Qty.p.5 of M.B.No.299/A/ZP/19",{"$nulls":11},"SSR 19-20"]
[null,"windows grills",1,"x",11,{"v":1.5,"d":"1.500"},{"v":0,"d":"0.000"},{"v":1.35,"d":"1.350"},{"$f":"ROUND(IF(AND(F2591:H2591),C2591*E2591*F2591*G2591*H2591,IF(AND(F2591,G2591),C2591*E2591*F2591*G2591,IF(AND(F2591,H2591),C2591*E2591*F2591*H2591,IF(AND(G2591,H2591),C2591*E2591*G2591*H2591,IF(F2591,C2591*E2591*F2591,IF(G2591,C2591*E2591*G2591,IF(H2591,C2591*E2591*H2591,C2591*E2591))))))),2)","v":22.28},"Sqm",{"$nulls":3},"SSR 19-20"]
[null,null,1,"x",1,{"v":1.59,"d":"1.590"},{"v":0,"d":"0.000"},{"v":1.35,"d":"1.350"},{"$f":"ROUND(IF(AND(F2592:H2592),C2592*E2592*F2592*G2592*H2592,IF(AND(F2592,G2592),C2592*E2592*F2592*G2592,IF(AND(F2592,H2592),C2592*E2592*F2592*H2592,IF(AND(G2592,H2592),C2592*E2592*G2592*H2592,IF(F2592,C2592*E2592*F2592,IF(G2592,C2592*E2592*G2592,IF(H2592,C2592*E2592*H2592,C2592*E2592))))))),2)","v":2.15},"Sqm",{"$nulls":3},"SSR 19-20"]
[null,null,1,"x",2,{"v":1.5,"d":"1.500"},{"v":0,"d":"0.000"},{"v":1.35,"d":"1.350"},{"$f":"ROUND(IF(AND(F2593:H2593),C2593*E2593*F2593*G2593*H2593,IF(AND(F2593,G2593),C2593*E2593*F2593*G2593,IF(AND(F2593,H2593),C2593*E2593*F2593*H2593,IF(AND(G2593,H2593),C2593*E2593*G2593*H2593,IF(F2593,C2593*E2593*F2593,IF(G2593,C2593*E2593*G2593,IF(H2593,C2593*E2593*H2593,C2593*E2593))))))),2)","v":4.05},"Sqm",{"$nulls":3},"SSR 19-20"]
[{"$nulls":13},"SSR 19-20"]
[{"$nulls":9},"Sqm",{"$f":"data!G313","v":2353.58},"SSR 19-20",{"$f":"ROUND(I2595*K2595,0)","v":{"v":0,"d":"0.00"}},"SSR 19-20"]
[51,"Supplying  & fixing of MS tubes of any design including labour charges for fabricating steel including cost of welding rods, power charges & fixing the grill in position etc complete",{"$nulls":11},"SSR 19-20"]
[null,"Qty.P.No. 99 of M.B.No.299/A/ZP/19",{"$nulls":11},"SSR 19-20"]
[null,"Staircase ventilators",1,"x",1,{"v":58.6,"d":"58.60"},{"v":0,"d":"0.000"},{"v":0,"d":"0.000"},{"$f":"ROUND(IF(AND(F2598:H2598),C2598*E2598*F2598*G2598*H2598,IF(AND(F2598,G2598),C2598*E2598*F2598*G2598,IF(AND(F2598,H2598),C2598*E2598*F2598*H2598,IF(AND(G2598,H2598),C2598*E2598*G2598*H2598,IF(F2598,C2598*E2598*F2598,IF(G2598,C2598*E2598*G2598,IF(H2598,C2598*E2598*H2598,C2598*E2598))))))),2)","v":{"v":58.6,"d":"58.60"}},"Kgs",{"$nulls":3},"SSR 19-20"]
[{"$nulls":13},"SSR 19-20"]
[{"$nulls":9},"Kgs",{"$f":"data!G320","v":{"v":106.5,"d":"106.50"}},"SSR 19-20",{"$f":"ROUND(I2600*K2600,0)","v":{"v":0,"d":"0.00"}},"SSR 19-20"]
[8,"Supplying and fixing of stainless steel (grade 304) hand railing as per approved drawing with top rail of 50mm dia pipe and 2mm thick medium class and vertical posts of  25mm dia and 1.6mm thick medium class  1 No for each step fixed with base plate of  75mm dia using bonding agent and anchor fastner and welding,  drilling of 25mm dia holes with pneumatic compressor for fixing railing, buffing, polishing all members of the railing  thouroughly  , lacquer finishing to present seamless finish including cost and conveyance of all materials, electrodes, welding charges, cost of all consumables, labour charges , overheads & contractors profit etc., complete for finished item of work.",{"$nulls":11},"SSR 19-20"]
[null,"Qty.p.11 of M.B.No.299/A/ZP/19",{"$nulls":11},"SSR 19-20"]
[null,null,1,"x",1,19.53,{"v":0,"d":"0.000"},{"v":0.8,"d":"0.800"},{"$f":"ROUND(IF(AND(F2603:H2603),C2603*E2603*F2603*G2603*H2603,IF(AND(F2603,G2603),C2603*E2603*F2603*G2603,IF(AND(F2603,H2603),C2603*E2603*F2603*H2603,IF(AND(G2603,H2603),C2603*E2603*G2603*H2603,IF(F2603,C2603*E2603*F2603,IF(G2603,C2603*E2603*G2603,IF(H2603,C2603*E2603*H2603,C2603*E2603))))))),2)","v":15.62},"Sqm",{"$nulls":3},"SSR 19-20"]
[{"$nulls":13},"SSR 19-20"]
[{"$nulls":9},"Sqm",{"$f":"data!G334","v":2839.34},"SSR 19-20",{"$f":"ROUND(I2605*K2605,0)","v":{"v":0,"d":"0.00"}},"SSR 19-20"]
[4,"Supplying and fixing of stainless steel (grade 304) railing for ramp as per approved drawing with top rail of 50mm dia pipe and 2mm thick medium class fixed in to wall with 25mm dia pipe of 0.30m length @ 1m centre to centre and welding, buffing, polishing all members of the railing  thouroughly  , lacquer finishing to present seamless finish including cost and conveyance of all materials, electrodes, welding charges, cost of all consumables, labour charges , overheads & contractors profit etc., complete for finished item of work.",{"$nulls":11},"SSR 19-20"]
[null,"Qty.p.22  of M.B.No.299/A/ZP/19",{"$nulls":11},"SSR 19-20"]
[null,"Verandah",1,"x",1,{"v":3.3,"d":"3.30"},{"v":0,"d":"0.000"},{"v":0.87,"d":"0.870"},{"$f":"ROUND(IF(AND(F2608:H2608),C2608*E2608*F2608*G2608*H2608,IF(AND(F2608,G2608),C2608*E2608*F2608*G2608,IF(AND(F2608,H2608),C2608*E2608*F2608*H2608,IF(AND(G2608,H2608),C2608*E2608*G2608*H2608,IF(F2608,C2608*E2608*F2608,IF(G2608,C2608*E2608*G2608,IF(H2608,C2608*E2608*H2608,C2608*E2608))))))),2)","v":2.87},"Sqm",{"$nulls":3},"SSR 19-20"]
[null,null,1,"x",1,{"v":1,"d":"1.00"},{"v":0,"d":"0.000"},{"v":0.87,"d":"0.870"},{"$f":"ROUND(IF(AND(F2609:H2609),C2609*E2609*F2609*G2609*H2609,IF(AND(F2609,G2609),C2609*E2609*F2609*G2609,IF(AND(F2609,H2609),C2609*E2609*F2609*H2609,IF(AND(G2609,H2609),C2609*E2609*G2609*H2609,IF(F2609,C2609*E2609*F2609,IF(G2609,C2609*E2609*G2609,IF(H2609,C2609*E2609*H2609,C2609*E2609))))))),2)","v":0.87},"Sqm",{"$nulls":3},"SSR 19-20"]
[null,"Ramp",1,"x",1,1.45,{"v":0,"d":"0.000"},{"v":0.87,"d":"0.870"},{"$f":"ROUND(IF(AND(F2610:H2610),C2610*E2610*F2610*G2610*H2610,IF(AND(F2610,G2610),C2610*E2610*F2610*G2610,IF(AND(F2610,H2610),C2610*E2610*F2610*H2610,IF(AND(G2610,H2610),C2610*E2610*G2610*H2610,IF(F2610,C2610*E2610*F2610,IF(G2610,C2610*E2610*G2610,IF(H2610,C2610*E2610*H2610,C2610*E2610))))))),2)","v":1.26},"Sqm",{"$nulls":3},"SSR 19-20"]
[null,null,1,"x",1,2.57,{"v":0,"d":"0.000"},{"v":0.87,"d":"0.870"},{"$f":"ROUND(IF(AND(F2611:H2611),C2611*E2611*F2611*G2611*H2611,IF(AND(F2611,G2611),C2611*E2611*F2611*G2611,IF(AND(F2611,H2611),C2611*E2611*F2611*H2611,IF(AND(G2611,H2611),C2611*E2611*G2611*H2611,IF(F2611,C2611*E2611*F2611,IF(G2611,C2611*E2611*G2611,IF(H2611,C2611*E2611*H2611,C2611*E2611))))))),2)","v":2.24},"Sqm",{"$nulls":3},"SSR 19-20"]
[{"$nulls":13},"SSR 19-20"]
[{"$nulls":9},"Sqm",{"$f":"data!G345","v":1258.89},"SSR 19-20",{"$f":"ROUND(I2613*K2613,0)","v":{"v":0,"d":"0.00"}},"SSR 19-20"]
[4,"Supplying  & fixing of Stainless Steel Tubes using stainless steel welding rods including buffing, polishing, lacquer finishing, to present seamless finish",{"$nulls":11},"SSR 19-20"]
[null,"Qty.p.22  of M.B.No.299/A/ZP/19",{"$nulls":11},"SSR 19-20"]
[null,null,1,"x",1,{"v":0.5,"d":"0.50"},{"v":0,"d":"0.000"},{"v":0,"d":"0.000"},{"$f":"ROUND(IF(AND(F2616:H2616),C2616*E2616*F2616*G2616*H2616,IF(AND(F2616,G2616),C2616*E2616*F2616*G2616,IF(AND(F2616,H2616),C2616*E2616*F2616*H2616,IF(AND(G2616,H2616),C2616*E2616*G2616*H2616,IF(F2616,C2616*E2616*F2616,IF(G2616,C2616*E2616*G2616,IF(H2616,C2616*E2616*H2616,C2616*E2616))))))),2)","v":{"v":0.5,"d":"0.50"}},"Kg",{"$nulls":3},"SSR 19-20"]
[{"$nulls":13},"SSR 19-20"]
[{"$nulls":9},"Kg",{"$f":"data!G349","v":470.28},"SSR 19-20",{"$f":"ROUND(I2618*K2618,0)","v":{"v":0,"d":"0.00"}},"SSR 19-20"]
[7,"Full Rounding the edges of  Granite stone slabs of all thicknesses including polishing the same.",{"$nulls":11},"SSR 19-20"]
[null,"Qty.p.     of M.B.No.",{"$nulls":11},"SSR 19-20"]
[null,"Staircase 1st flight",1,"x",11,1.25,{"v":0,"d":"0.000"},{"v":0,"d":"0.000"},{"$f":"ROUND(IF(AND(F2621:H2621),C2621*E2621*F2621*G2621*H2621,IF(AND(F2621,G2621),C2621*E2621*F2621*G2621,IF(AND(F2621,H2621),C2621*E2621*F2621*H2621,IF(AND(G2621,H2621),C2621*E2621*G2621*H2621,IF(F2621,C2621*E2621*F2621,IF(G2621,C2621*E2621*G2621,IF(H2621,C2621*E2621*H2621,C2621*E2621))))))),2)","v":13.75},"Rm",{"$nulls":3},"SSR 19-20"]
[null,"Staircase 2nd flight",1,"x",11,1.25,{"v":0,"d":"0.000"},{"v":0,"d":"0.000"},{"$f":"ROUND(IF(AND(F2622:H2622),C2622*E2622*F2622*G2622*H2622,IF(AND(F2622,G2622),C2622*E2622*F2622*G2622,IF(AND(F2622,H2622),C2622*E2622*F2622*H2622,IF(AND(G2622,H2622),C2622*E2622*G2622*H2622,IF(F2622,C2622*E2622*F2622,IF(G2622,C2622*E2622*G2622,IF(H2622,C2622*E2622*H2622,C2622*E2622))))))),2)","v":13.75},"Rm",{"$nulls":3},"SSR 19-20"]
[null,"First floor",{"$nulls":11},"SSR 19-20"]
[null,"Staircase 1st flight",1,"x",7,1.25,{"v":0,"d":"0.000"},{"v":0,"d":"0.000"},{"$f":"ROUND(IF(AND(F2624:H2624),C2624*E2624*F2624*G2624*H2624,IF(AND(F2624,G2624),C2624*E2624*F2624*G2624,IF(AND(F2624,H2624),C2624*E2624*F2624*H2624,IF(AND(G2624,H2624),C2624*E2624*G2624*H2624,IF(F2624,C2624*E2624*F2624,IF(G2624,C2624*E2624*G2624,IF(H2624,C2624*E2624*H2624,C2624*E2624))))))),2)","v":8.75},"Rm",{"$nulls":3},"SSR 19-20"]
[{"$nulls":13},"SSR 19-20"]
[{"$nulls":9},"Rm",{"$f":"data!G624","v":{"v":412,"d":"412.00"}},"SSR 19-20",{"$f":"ROUND(I2626*K2626,0)","v":{"v":0,"d":"0.00"}},"SSR 19-20"]
[null,"As per SSR 2020-21",{"$nulls":11},"SSR 20-21"]
[1,"Supplying and fixing of  Door of size 1.20X2.10M with two panels of frames made with teak wood and Shutter made with medium Teak wood including  MS Z hold fasts , Alluminium tower bolts, handle and butt hinges with all furniture fittings including c/c of all materials and furniture fittings etc complete as per specification  (APSS No 1001 & 1002) Door Frame with Shutters",{"$nulls":11},"SSR 20-21"]
[null,"Qty.p.42 of M.B.No.558/B/ZP/20","Frame and shutter",{"$nulls":10},"SSR 20-21"]
[null,"Ground floor",1,"x",1,{"v":0,"d":"0.000"},{"v":0,"d":"0.000"},{"v":0,"d":"0.000"},{"$f":"ROUND(IF(AND(F2630:H2630),C2630*E2630*F2630*G2630*H2630,IF(AND(F2630,G2630),C2630*E2630*F2630*G2630,IF(AND(F2630,H2630),C2630*E2630*F2630*H2630,IF(AND(G2630,H2630),C2630*E2630*G2630*H2630,IF(F2630,C2630*E2630*F2630,IF(G2630,C2630*E2630*G2630,IF(H2630,C2630*E2630*H2630,C2630*E2630))))))),2)","v":1},"No",{"$nulls":3},"SSR 20-21"]
[{"$nulls":13},"SSR 20-21"]
[{"$nulls":9},"No",{"$f":"'D&W data'!H260","v":{"v":20396.340000000004,"d":"20396.34"}},"SSR 20-21",{"$f":"ROUND(I2632*K2632,0)","v":{"v":0,"d":"0.00"}},"SSR 20-21"]
[2,"Supplying and fixing of  Door of size 1.20X2.10M with single panels of frames made with teak wood  including c/c of all materials and furniture fittings etc complete as per specification  (APSS No 1001 & 1002) Door Frames only",{"$nulls":11},"SSR 20-21"]
[null,"Qty.p.43 of M.B.No.558/B/ZP/20","Frame",{"$nulls":10},"SSR 20-21"]
[null,null,1,"x",3,{"v":0,"d":"0.000"},{"v":0,"d":"0.000"},{"v":0,"d":"0.000"},{"$f":"ROUND(IF(AND(F2635:H2635),C2635*E2635*F2635*G2635*H2635,IF(AND(F2635,G2635),C2635*E2635*F2635*G2635,IF(AND(F2635,H2635),C2635*E2635*F2635*H2635,IF(AND(G2635,H2635),C2635*E2635*G2635*H2635,IF(F2635,C2635*E2635*F2635,IF(G2635,C2635*E2635*G2635,IF(H2635,C2635*E2635*H2635,C2635*E2635))))))),2)","v":3},"No",{"$nulls":3},"SSR 20-21"]
[{"$nulls":13},"SSR 20-21"]
[{"$nulls":9},"No",{"$f":"'D&W data'!H278","v":4180.61},"SSR 20-21",{"$f":"ROUND(I2637*K2637,0)","v":{"v":0,"d":"0.00"}},"SSR 20-21"]
[3,"Supplying and fixing of  Door of size 1.20X2.10M with single panels of frames made with sal wood and Shutter made with flush door shutters including  MS Z hold fasts , Alluminium tower bolts, handle and butt hinges with all furniture fittings including c/c of all materials and furniture fittings etc complete as per specification  (APSS No 1001 & 1002) Door Frame with Shutters",{"$nulls":11},"SSR 20-21"]
[null,"Qty.p.55 of M.B.No.108/A/ZP/20",{"$nulls":11},"SSR 20-21"]
[null,null,1,"x",1,{"v":0,"d":"0.000"},{"v":0,"d":"0.000"},{"v":0,"d":"0.000"},{"$f":"ROUND(IF(AND(F2640:H2640),C2640*E2640*F2640*G2640*H2640,IF(AND(F2640,G2640),C2640*E2640*F2640*G2640,IF(AND(F2640,H2640),C2640*E2640*F2640*H2640,IF(AND(G2640,H2640),C2640*E2640*G2640*H2640,IF(F2640,C2640*E2640*F2640,IF(G2640,C2640*E2640*G2640,IF(H2640,C2640*E2640*H2640,C2640*E2640))))))),2)","v":1},"No",{"$nulls":3},"SSR 20-21"]
[{"$nulls":13},"SSR 20-21"]
[{"$nulls":9},"No",{"$f":"'D&W data'!H296","v":{"v":9855.779999999999,"d":"9855.78"}},"SSR 20-21",{"$f":"ROUND(I2642*K2642,0)","v":{"v":0,"d":"0.00"}},"SSR 20-21"]
[2,"Supplying and fixing of  Door of size 0.90X2.10M with single panels of frames made with teak wood and Shutter made with medium Teak wood including  MS Z hold fasts , Alluminium tower bolts, handle and butt hinges with all furniture fittings including c/c of all materials and furniture fittings etc complete as per specification  (APSS No 1001 & 1002) Door Frame with Shutters",{"$nulls":11},"SSR 20-21"]
[null,"Qty.p.61 of M.B.No.299/A/ZP/19",{"$nulls":11},"SSR 20-21"]
[null,"Ground floor",1,"x",1,{"v":0,"d":"0.000"},{"v":0,"d":"0.000"},{"v":0,"d":"0.000"},{"$f":"ROUND(IF(AND(F2645:H2645),C2645*E2645*F2645*G2645*H2645,IF(AND(F2645,G2645),C2645*E2645*F2645*G2645,IF(AND(F2645,H2645),C2645*E2645*F2645*H2645,IF(AND(G2645,H2645),C2645*E2645*G2645*H2645,IF(F2645,C2645*E2645*F2645,IF(G2645,C2645*E2645*G2645,IF(H2645,C2645*E2645*H2645,C2645*E2645))))))),2)","v":{"v":1,"d":"1.00"}},"No",{"$nulls":3},"SSR 20-21"]
[{"$nulls":13},"SSR 20-21"]
[{"$nulls":9},"No",{"$f":"'D&W data'!H315","v":14099.53},"SSR 20-21",{"$f":"ROUND(I2647*K2647,0)","v":{"v":0,"d":"0.00"}},"SSR 20-21"]
[3,"Supplying and fixing of  Door of size 0.80X2.10M with single panels of frames made with teak wood and Shutter made with medium Teak wood including  MS Z hold fasts , Alluminium tower bolts, handle and butt hinges with all furniture fittings including c/c of all materials and furniture fittings etc complete as per specification  (APSS No 1001 & 1002) Door Frame with Shutters",{"$nulls":11},"SSR 20-21"]
[null,"Qty.p.62 of M.B.No.299/A/ZP/19",{"$nulls":11},"SSR 20-21"]
[null,"Ground floor",1,"x",1,{"v":0,"d":"0.000"},{"v":0,"d":"0.000"},{"v":0,"d":"0.000"},{"$f":"ROUND(IF(AND(F2650:H2650),C2650*E2650*F2650*G2650*H2650,IF(AND(F2650,G2650),C2650*E2650*F2650*G2650,IF(AND(F2650,H2650),C2650*E2650*F2650*H2650,IF(AND(G2650,H2650),C2650*E2650*G2650*H2650,IF(F2650,C2650*E2650*F2650,IF(G2650,C2650*E2650*G2650,IF(H2650,C2650*E2650*H2650,C2650*E2650))))))),2)","v":{"v":1,"d":"1.00"}},"No",{"$nulls":3},"SSR 20-21"]
[{"$nulls":13},"SSR 20-21"]
[{"$nulls":9},"No",{"$f":"'D&W data'!H334","v":{"v":13359.1,"d":"13359.10"}},"SSR 20-21",{"$f":"ROUND(I2652*K2652,0)","v":{"v":0,"d":"0.00"}},"SSR 20-21"]
[3,"Supplying and fixing of  Door of size 0.90X2.10M with single panels of frames made with teak wood and Shutter made with Flush door shutters including  MS Z hold fasts , Alluminium tower bolts, handle and butt hinges with all furniture fittings including c/c of all materials and furniture fittings etc complete as per specification  (APSS No 1001 & 1002) Door Frame with Shutters",{"$nulls":11},"SSR 20-21"]
[null,"Qty.p.      of M.B.No.",{"$nulls":11},"SSR 20-21"]
[null,"GF & FF",1,"x",5,{"v":0,"d":"0.000"},{"v":0,"d":"0.000"},{"v":0,"d":"0.000"},{"$f":"ROUND(IF(AND(F2655:H2655),C2655*E2655*F2655*G2655*H2655,IF(AND(F2655,G2655),C2655*E2655*F2655*G2655,IF(AND(F2655,H2655),C2655*E2655*F2655*H2655,IF(AND(G2655,H2655),C2655*E2655*G2655*H2655,IF(F2655,C2655*E2655*F2655,IF(G2655,C2655*E2655*G2655,IF(H2655,C2655*E2655*H2655,C2655*E2655))))))),2)","v":{"v":5,"d":"5.00"}},"No",{"$nulls":3},"SSR 20-21"]
[{"$nulls":13},"SSR 20-21"]
[{"$nulls":9},"No",{"$f":"'D&W data'!H429","v":8905.99},"SSR 20-21",{"$f":"ROUND(I2657*K2657,0)","v":{"v":0,"d":"0.00"}},"SSR 20-21"]
[3,"Supplying and fixing of  Door of size 0.80X2.10M with single panels of frames made with sal wood and Shutter made with sal wood including  MS Z hold fasts , Alluminium tower bolts, handle and butt hinges with all furniture fittings including c/c of all materials and furniture fittings etc complete as per specification  (APSS No 1001 & 1002) Door Frame with Shutters",{"$nulls":11},"SSR 20-21"]
[null,"Qty.p.72   of M.B.No.299/A/ZP/19",{"$nulls":11},"SSR 20-21"]
[null,"Ground floor",1,"x",1,{"v":0,"d":"0.000"},{"v":0,"d":"0.000"},{"v":0,"d":"0.000"},{"$f":"ROUND(IF(AND(F2660:H2660),C2660*E2660*F2660*G2660*H2660,IF(AND(F2660,G2660),C2660*E2660*F2660*G2660,IF(AND(F2660,H2660),C2660*E2660*F2660*H2660,IF(AND(G2660,H2660),C2660*E2660*G2660*H2660,IF(F2660,C2660*E2660*F2660,IF(G2660,C2660*E2660*G2660,IF(H2660,C2660*E2660*H2660,C2660*E2660))))))),2)","v":{"v":1,"d":"1.00"}},"No",{"$nulls":3},"SSR 20-21"]
[{"$nulls":13},"SSR 20-21"]
[{"$nulls":9},"No",{"$f":"'D&W data'!H372","v":6334.76},"SSR 20-21",{"$f":"ROUND(I2662*K2662,0)","v":{"v":0,"d":"0.00"}},"SSR 20-21"]
[40,"Supplying and fixing of  Door of size 1.05X2.10M with single panels of frames made with teak wood and Shutter made with medium Teak wood including  MS Z hold fasts , Alluminium tower bolts, handle and butt hinges with all furniture fittings including c/c of all materials and furniture fittings etc complete as per specification  (APSS No 1001 & 1002) Door Frame with Shutters",{"$nulls":11},"SSR 20-21"]
[null,"Qty.p.43 of M.B.No.113/A/ZP/20","Frame",{"$nulls":10},"SSR 20-21"]
[null,null,1,"x",1,{"v":0,"d":"0.000"},{"v":0,"d":"0.000"},{"v":0,"d":"0.000"},{"$f":"ROUND(IF(AND(F2665:H2665),C2665*E2665*F2665*G2665*H2665,IF(AND(F2665,G2665),C2665*E2665*F2665*G2665,IF(AND(F2665,H2665),C2665*E2665*F2665*H2665,IF(AND(G2665,H2665),C2665*E2665*G2665*H2665,IF(F2665,C2665*E2665*F2665,IF(G2665,C2665*E2665*G2665,IF(H2665,C2665*E2665*H2665,C2665*E2665))))))),2)","v":1},"No",{"$nulls":3},"SSR 20-21"]
[null,null,1,"x",1,{"v":0,"d":"0.000"},{"v":0,"d":"0.000"},{"v":0,"d":"0.000"},{"$f":"ROUND(IF(AND(F2666:H2666),C2666*E2666*F2666*G2666*H2666,IF(AND(F2666,G2666),C2666*E2666*F2666*G2666,IF(AND(F2666,H2666),C2666*E2666*F2666*H2666,IF(AND(G2666,H2666),C2666*E2666*G2666*H2666,IF(F2666,C2666*E2666*F2666,IF(G2666,C2666*E2666*G2666,IF(H2666,C2666*E2666*H2666,C2666*E2666))))))),2)","v":1},"No",{"$nulls":3},"SSR 20-21"]
[null,"Qty.p.43 of M.B.No.113/A/ZP/20","Frame",{"$nulls":10},"SSR 20-21"]
[null,null,1,"x",3,{"v":0,"d":"0.000"},{"v":0,"d":"0.000"},{"v":0,"d":"0.000"},{"$f":"ROUND(IF(AND(F2668:H2668),C2668*E2668*F2668*G2668*H2668,IF(AND(F2668,G2668),C2668*E2668*F2668*G2668,IF(AND(F2668,H2668),C2668*E2668*F2668*H2668,IF(AND(G2668,H2668),C2668*E2668*G2668*H2668,IF(F2668,C2668*E2668*F2668,IF(G2668,C2668*E2668*G2668,IF(H2668,C2668*E2668*H2668,C2668*E2668))))))),2)","v":3},"No",{"$nulls":3},"SSR 20-21"]
[{"$nulls":13},"SSR 20-21"]
[{"$nulls":9},"No",{"$f":"'D&W data'!H391","v":15555.64},"SSR 20-21",{"$f":"ROUND(I2670*K2670,0)","v":{"v":0,"d":"0.00"}},"SSR 20-21"]
[3,"Supplying and fixing of  Door of size 1.05X2.10M with single panels of frames made with teak wood  including c/c of all materials and furniture fittings etc complete as per specification  (APSS No 1001 & 1002) Door Frames only",{"$nulls":11},"SSR 20-21"]
[null,"Qty.p.43 of M.B.No.558/B/ZP/20","Frame",{"$nulls":10},"SSR 20-21"]
[null,null,1,"x",1,{"v":0,"d":"0.000"},{"v":0,"d":"0.000"},{"v":0,"d":"0.000"},{"$f":"ROUND(IF(AND(F2673:H2673),C2673*E2673*F2673*G2673*H2673,IF(AND(F2673,G2673),C2673*E2673*F2673*G2673,IF(AND(F2673,H2673),C2673*E2673*F2673*H2673,IF(AND(G2673,H2673),C2673*E2673*G2673*H2673,IF(F2673,C2673*E2673*F2673,IF(G2673,C2673*E2673*G2673,IF(H2673,C2673*E2673*H2673,C2673*E2673))))))),2)","v":1},"No",{"$nulls":3},"SSR 20-21"]
[null,null,1,"x",1,{"v":0,"d":"0.000"},{"v":0,"d":"0.000"},{"v":0,"d":"0.000"},{"$f":"ROUND(IF(AND(F2674:H2674),C2674*E2674*F2674*G2674*H2674,IF(AND(F2674,G2674),C2674*E2674*F2674*G2674,IF(AND(F2674,H2674),C2674*E2674*F2674*H2674,IF(AND(G2674,H2674),C2674*E2674*G2674*H2674,IF(F2674,C2674*E2674*F2674,IF(G2674,C2674*E2674*G2674,IF(H2674,C2674*E2674*H2674,C2674*E2674))))))),2)","v":1},"No",{"$nulls":3},"SSR 20-21"]
[null,"Qty.p.43 of M.B.No.558/B/ZP/20","Frame",{"$nulls":10},"SSR 20-21"]
[null,null,1,"x",3,{"v":0,"d":"0.000"},{"v":0,"d":"0.000"},{"v":0,"d":"0.000"},{"$f":"ROUND(IF(AND(F2676:H2676),C2676*E2676*F2676*G2676*H2676,IF(AND(F2676,G2676),C2676*E2676*F2676*G2676,IF(AND(F2676,H2676),C2676*E2676*F2676*H2676,IF(AND(G2676,H2676),C2676*E2676*G2676*H2676,IF(F2676,C2676*E2676*F2676,IF(G2676,C2676*E2676*G2676,IF(H2676,C2676*E2676*H2676,C2676*E2676))))))),2)","v":3},"No",{"$nulls":3},"SSR 20-21"]
[{"$nulls":13},"SSR 20-21"]
[{"$nulls":9},"No",{"$f":"'D&W data'!H410","v":4472.53},"SSR 20-21",{"$f":"ROUND(I2678*K2678,0)","v":{"v":0,"d":"0.00"}},"SSR 20-21"]
[5,"Supply and fixing of  Wood Polymer Composite(WPC)  Door Frame section of 63.5x100 MM .The two Vertical members are to be joined together with the horizontal member using 8x75 MM long MS Star full thread screws to be used with reverse forward speed control hand drilling machine. The ready/assembled door frame is fixed to the wall using hold fast or bolt fasteners. A minimum of 4 No.s of screws to be provided for each vertical member & minimum 2no.s for horizontal member, and fixing 28 -30 MM thick solid Wood Polymer Composite (WPC)  double extruded door shutter with 3MM top and bottom rigid layer with an overall density of 750kg/Cum. It will be fixed to the frame using 3 inch /4 inch hinges. A minimum of 4 hinges will be required for fixing the door with the frame 1200 x 2130mm",{"$nulls":11},"SSR 20-21"]
[null,"Qty.p.      of M.B.No.",{"$nulls":11},"SSR 20-21"]
[null,"tiolet doors",1,"x",3,{"v":0.72,"d":"0.720"},{"v":0,"d":"0.000"},{"v":1.99,"d":"1.990"},{"$f":"ROUND(IF(AND(F2681:H2681),C2681*E2681*F2681*G2681*H2681,IF(AND(F2681,G2681),C2681*E2681*F2681*G2681,IF(AND(F2681,H2681),C2681*E2681*F2681*H2681,IF(AND(G2681,H2681),C2681*E2681*G2681*H2681,IF(F2681,C2681*E2681*F2681,IF(G2681,C2681*E2681*G2681,IF(H2681,C2681*E2681*H2681,C2681*E2681))))))),2)","v":{"v":4.3,"d":"4.30"}},"Sqm",{"$nulls":3},"SSR 20-21",2]
[{"$nulls":13},"SSR 20-21"]
[{"$nulls":9},"Sqm",{"$f":"'D&W data'!H453","v":{"v":6011.2,"d":"6011.20"}},"SSR 20-21",{"$f":"ROUND(I2683*K2683,0)","v":{"v":0,"d":"0.00"}},"SSR 20-21"]
[2,"Supply and fixing of  Wood Polymer Composite(WPC)  Door Frame section of 63.5x100 MM .The two Vertical members are to be joined together with the horizontal member using 8x75 MM long MS Star full thread screws to be used with reverse forward speed control hand drilling machine. The ready/assembled door frame is fixed to the wall using hold fast or bolt fasteners. A minimum of 4 No.s of screws to be provided for each vertical member & minimum 2no.s for horizontal member, and fixing 28 -30 MM thick solid Wood Polymer Composite (WPC)  double extruded door shutter with 3MM top and bottom rigid layer with an overall density of 750kg/Cum. It will be fixed to the frame using 3 inch /4 inch hinges. A minimum of 4 hinges will be required for fixing the door with the frame 1200 x 2130mm",{"$nulls":11},"SSR 20-21"]
[null,"Qty.p. 28 of M.B.No.299/A/ZP/19",{"$nulls":11},"SSR 20-21"]
[null,null,1,"x",2,{"v":1.01,"d":"1.010"},{"v":0,"d":"0.000"},{"v":2.09,"d":"2.090"},{"$f":"ROUND(IF(AND(F2686:H2686),C2686*E2686*F2686*G2686*H2686,IF(AND(F2686,G2686),C2686*E2686*F2686*G2686,IF(AND(F2686,H2686),C2686*E2686*F2686*H2686,IF(AND(G2686,H2686),C2686*E2686*G2686*H2686,IF(F2686,C2686*E2686*F2686,IF(G2686,C2686*E2686*G2686,IF(H2686,C2686*E2686*H2686,C2686*E2686))))))),2)","v":4.22},"Sqm",{"$nulls":3},"SSR 20-21",2]
[null,null,1,"x",2,{"v":1.02,"d":"1.020"},{"v":0,"d":"0.000"},{"v":2.02,"d":"2.020"},{"$f":"ROUND(IF(AND(F2687:H2687),C2687*E2687*F2687*G2687*H2687,IF(AND(F2687,G2687),C2687*E2687*F2687*G2687,IF(AND(F2687,H2687),C2687*E2687*F2687*H2687,IF(AND(G2687,H2687),C2687*E2687*G2687*H2687,IF(F2687,C2687*E2687*F2687,IF(G2687,C2687*E2687*G2687,IF(H2687,C2687*E2687*H2687,C2687*E2687))))))),2)","v":4.12},"Sqm",{"$nulls":3},"SSR 20-21",2]
[null,null,1,"x",1,{"v":1,"d":"1.000"},{"v":0,"d":"0.000"},{"v":2.02,"d":"2.020"},{"$f":"ROUND(IF(AND(F2688:H2688),C2688*E2688*F2688*G2688*H2688,IF(AND(F2688,G2688),C2688*E2688*F2688*G2688,IF(AND(F2688,H2688),C2688*E2688*F2688*H2688,IF(AND(G2688,H2688),C2688*E2688*G2688*H2688,IF(F2688,C2688*E2688*F2688,IF(G2688,C2688*E2688*G2688,IF(H2688,C2688*E2688*H2688,C2688*E2688))))))),2)","v":2.02},"Sqm",{"$nulls":3},"SSR 20-21",2]
[{"$nulls":13},"SSR 20-21"]
[{"$nulls":9},"Sqm",{"$f":"'D&W data'!H465","v":5617.52},"SSR 20-21",{"$f":"ROUND(I2690*K2690,0)","v":{"v":0,"d":"0.00"}},"SSR 20-21"]
[5,"Providing and fixing factory made uPVC white colour sliding glazed windowupto 1.50 m in height dimension comprising of uPVC multi-chamberedframe with in-built roller track and sash extruded profiles duly reinforcedwith 1.60 ± 0.2 mm thick galvanized mild steel section made from rollforming process of required length (shape & size according to uPVCprofile), appropriate dimension of uPVC extruded glazing beads anduPVC extruded interlocks, EPDM gasket, wool pile, zinc alloy (whitepowder coated) touch locks withhook, zinc alloy body with single nylonrollers (weight bearing capacity to be 40 kg), G.I fasteners 100 x 8 mmsize for fixing frame to finished wall and necessary stainless steel screwsetc. Profile of frame & sash shall be mitred cut and fusion welded at allcorners, including drilling of holes for fixing hardware's and drainage ofwater etc. After fixing frame the gap between frame and adjacent finishedwall shall be filled with weather proof silicon sealent over backer rod ofrequired size and of approved quality, all complete as per approved drawing& direction of Engineer-in-Charge inclusive of cost of Single / double glass panes,and silicon sealent Two track two panels sliding window made of (small series) frame 52 x 44 mm &sash 32 x 60 mm both having wall thickness of 1.9 ± 0.2 mm and single glazing bead of appropriate dimension. (Area of window upto 1.75 sqm)",{"$nulls":11},"SSR 20-21"]
[null,"Qty.p.34 of M.B.No.790/A/ZP/19","( Three Tracks)",{"$nulls":10},"SSR 20-21"]
[null,"GF windows",1,"x",5,{"v":1.4,"d":"1.400"},{"v":1.4,"d":"1.400"},{"v":0,"d":"0.000"},{"$f":"ROUND(IF(AND(F2693:H2693),C2693*E2693*F2693*G2693*H2693,IF(AND(F2693,G2693),C2693*E2693*F2693*G2693,IF(AND(F2693,H2693),C2693*E2693*F2693*H2693,IF(AND(G2693,H2693),C2693*E2693*G2693*H2693,IF(F2693,C2693*E2693*F2693,IF(G2693,C2693*E2693*G2693,IF(H2693,C2693*E2693*H2693,C2693*E2693))))))),2)","v":{"v":9.8,"d":"9.80"}},"Sqm",{"$nulls":3},"SSR 20-21"]
[null,"FF windows",1,"x",7,{"v":1.35,"d":"1.350"},{"v":1.4,"d":"1.400"},{"v":0,"d":"0.000"},{"$f":"ROUND(IF(AND(F2694:H2694),C2694*E2694*F2694*G2694*H2694,IF(AND(F2694,G2694),C2694*E2694*F2694*G2694,IF(AND(F2694,H2694),C2694*E2694*F2694*H2694,IF(AND(G2694,H2694),C2694*E2694*G2694*H2694,IF(F2694,C2694*E2694*F2694,IF(G2694,C2694*E2694*G2694,IF(H2694,C2694*E2694*H2694,C2694*E2694))))))),2)","v":13.23},"Sqm",{"$nulls":3},"SSR 20-21"]
[{"$nulls":13},"SSR 20-21"]
[{"$nulls":9},"Sqm",{"$f":"'D&W data'!H470","v":{"v":8058,"d":"8058.00"}},"SSR 20-21",{"$f":"ROUND(I2696*K2696,0)","v":{"v":0,"d":"0.00"}},"SSR 20-21"]
[6,"Qty.p.35 of M.B.No.790/A/ZP/19","two tracks",{"$nulls":10},"SSR 20-21"]
[null,"Spandana counter",1,"x",1,{"v":1.8,"d":"1.800"},{"v":1.4,"d":"1.400"},{"v":0,"d":"0.000"},{"$f":"ROUND(IF(AND(F2698:H2698),C2698*E2698*F2698*G2698*H2698,IF(AND(F2698,G2698),C2698*E2698*F2698*G2698,IF(AND(F2698,H2698),C2698*E2698*F2698*H2698,IF(AND(G2698,H2698),C2698*E2698*G2698*H2698,IF(F2698,C2698*E2698*F2698,IF(G2698,C2698*E2698*G2698,IF(H2698,C2698*E2698*H2698,C2698*E2698))))))),2)","v":2.52},"Sqm",{"$nulls":3},"SSR 20-21"]
[{"$nulls":13},"SSR 20-21"]
[{"$nulls":9},"Sqm",{"$f":"'D&W data'!H468","v":{"v":6038,"d":"6038.00"}},"SSR 20-21",{"$f":"ROUND(I2700*K2700,0)","v":{"v":0,"d":"0.00"}},"SSR 20-21"]
[3,"Qty.p.35 of M.B.No.790/A/ZP/19","( Single Tracks)",{"$nulls":10},"SSR 20-21"]
[null,"Elevation opening fixing panel",1,"x",1,{"v":1.2,"d":"1.200"},{"v":0,"d":"0.000"},{"v":1,"d":"1.000"},{"$f":"ROUND(IF(AND(F2702:H2702),C2702*E2702*F2702*G2702*H2702,IF(AND(F2702,G2702),C2702*E2702*F2702*G2702,IF(AND(F2702,H2702),C2702*E2702*F2702*H2702,IF(AND(G2702,H2702),C2702*E2702*G2702*H2702,IF(F2702,C2702*E2702*F2702,IF(G2702,C2702*E2702*G2702,IF(H2702,C2702*E2702*H2702,C2702*E2702))))))),2)","v":{"v":1.2,"d":"1.20"}},"Sqm",{"$nulls":3},"SSR 20-21",1]
[null,null,1,"x",1,{"v":1.2,"d":"1.200"},{"v":0,"d":"0.000"},{"v":1.1,"d":"1.100"},{"$f":"ROUND(IF(AND(F2703:H2703),C2703*E2703*F2703*G2703*H2703,IF(AND(F2703,G2703),C2703*E2703*F2703*G2703,IF(AND(F2703,H2703),C2703*E2703*F2703*H2703,IF(AND(G2703,H2703),C2703*E2703*G2703*H2703,IF(F2703,C2703*E2703*F2703,IF(G2703,C2703*E2703*G2703,IF(H2703,C2703*E2703*H2703,C2703*E2703))))))),2)","v":1.32},"Sqm",{"$nulls":3},"SSR 20-21",1]
[null,null,1,"x",2,{"v":1.2,"d":"1.200"},{"v":0,"d":"0.000"},{"v":1.5,"d":"1.500"},{"$f":"ROUND(IF(AND(F2704:H2704),C2704*E2704*F2704*G2704*H2704,IF(AND(F2704,G2704),C2704*E2704*F2704*G2704,IF(AND(F2704,H2704),C2704*E2704*F2704*H2704,IF(AND(G2704,H2704),C2704*E2704*G2704*H2704,IF(F2704,C2704*E2704*F2704,IF(G2704,C2704*E2704*G2704,IF(H2704,C2704*E2704*H2704,C2704*E2704))))))),2)","v":{"v":3.6,"d":"3.60"}},"Sqm",{"$nulls":3},"SSR 20-21",1]
[{"$nulls":13},"SSR 20-21"]
[{"$nulls":9},"Sqm",{"$f":"'D&W data'!H472","v":{"v":5830,"d":"5830.00"}},"SSR 20-21",{"$f":"ROUND(I2706*K2706,0)","v":{"v":0,"d":"0.00"}},"SSR 20-21"]
[6,"supply and fixing of Single fixed Louvers Ventilator including cost and labour charges etc., complete",{"$nulls":11},"SSR 20-21"]
[null,"Qty.P.No. 72 of M.B.No.299/A/ZP/19",{"$nulls":11},"SSR 20-21"]
[null,null,1,"x",1,{"v":1.2,"d":"1.200"},{"v":0,"d":"0.000"},{"v":0.3,"d":"0.300"},{"$f":"ROUND(IF(AND(F2709:H2709),C2709*E2709*F2709*G2709*H2709,IF(AND(F2709,G2709),C2709*E2709*F2709*G2709,IF(AND(F2709,H2709),C2709*E2709*F2709*H2709,IF(AND(G2709,H2709),C2709*E2709*G2709*H2709,IF(F2709,C2709*E2709*F2709,IF(G2709,C2709*E2709*G2709,IF(H2709,C2709*E2709*H2709,C2709*E2709))))))),2)","v":0.36},"Sqm",{"$nulls":3},"SSR 20-21"]
[{"$nulls":13},"SSR 20-21"]
[{"$nulls":9},"Sqm",{"$f":"'D&W data'!H475","v":{"v":3797,"d":"3797.00"}},"SSR 20-21",{"$f":"ROUND(I2711*K2711,0)","v":{"v":0,"d":"0.00"}},"SSR 20-21"]
[6,"Supplying and fixing of  ventilator of size 0.60 x 0.45 Mts including fixing of 8mm dia roads and 4mm plain glass including all labour charges etc., complete",{"$nulls":11},"SSR 20-21"]
[null,"Qty.P.No. 72 of M.B.No.299/A/ZP/19",{"$nulls":11},"SSR 20-21"]
[null,null,1,"x",16,{"v":0,"d":"0.000"},{"v":0,"d":"0.000"},{"v":0,"d":"0.000"},{"$f":"ROUND(IF(AND(F2714:H2714),C2714*E2714*F2714*G2714*H2714,IF(AND(F2714,G2714),C2714*E2714*F2714*G2714,IF(AND(F2714,H2714),C2714*E2714*F2714*H2714,IF(AND(G2714,H2714),C2714*E2714*G2714*H2714,IF(F2714,C2714*E2714*F2714,IF(G2714,C2714*E2714*G2714,IF(H2714,C2714*E2714*H2714,C2714*E2714))))))),2)","v":16},"No",{"$nulls":3},"SSR 20-21"]
[{"$nulls":13},"SSR 20-21"]
[{"$nulls":9},"No",{"$f":"'D&W data'!H435","v":494.64},"SSR 20-21",{"$f":"ROUND(I2716*K2716,0)","v":{"v":0,"d":"0.00"}},"SSR 20-21"]
[4,"S&F of Cement Jolleys 50mm thick",{"$nulls":11},"SSR 20-21"]
[null,"Qty.p. 32 of M.B.No.299/A/ZP/19",{"$nulls":11},"SSR 20-21"]
[null,null,1,"x",19,{"v":0.6,"d":"0.600"},{"v":0,"d":"0.000"},{"v":0.3,"d":"0.300"},{"$f":"ROUND(IF(AND(F2719:H2719),C2719*E2719*F2719*G2719*H2719,IF(AND(F2719,G2719),C2719*E2719*F2719*G2719,IF(AND(F2719,H2719),C2719*E2719*F2719*H2719,IF(AND(G2719,H2719),C2719*E2719*G2719*H2719,IF(F2719,C2719*E2719*F2719,IF(G2719,C2719*E2719*G2719,IF(H2719,C2719*E2719*H2719,C2719*E2719))))))),2)","v":3.42},"Sqm",{"$nulls":3},"SSR 20-21"]
[{"$nulls":13},"SSR 20-21"]
[{"$nulls":9},"Sqm",{"$f":"'D&W data'!H441","v":{"v":529.5,"d":"529.50"}},"SSR 20-21",{"$f":"ROUND(I2721*K2721,0)","v":{"v":0,"d":"0.00"}},"SSR 20-21"]
[36,"Supplying  & fixing of Iron Doors and Windows Grills including labour charges for fabricating steel including cost of welding rods, power charges & fixing the grill in position etc complete",{"$nulls":11},"SSR 20-21"]
[null,"Qty.p.41 of M.B.No.478/A/ZP/19",null,"11.08.2021",{"$nulls":9},"SSR 20-21"]
[null,"For windows",1,"x",8,{"v":40,"d":"40.00"},{"v":0,"d":"0.000"},{"v":0,"d":"0.000"},{"$f":"ROUND(IF(AND(F2724:H2724),C2724*E2724*F2724*G2724*H2724,IF(AND(F2724,G2724),C2724*E2724*F2724*G2724,IF(AND(F2724,H2724),C2724*E2724*F2724*H2724,IF(AND(G2724,H2724),C2724*E2724*G2724*H2724,IF(F2724,C2724*E2724*F2724,IF(G2724,C2724*E2724*G2724,IF(H2724,C2724*E2724*H2724,C2724*E2724))))))),2)","v":{"v":320,"d":"320.00"}},"Kgs",{"$nulls":3},"SSR 20-21"]
[{"$nulls":13},"SSR 20-21"]
[{"$nulls":9},"Kg",{"$f":"data!G1222","v":{"v":82.8,"d":"82.80"}},"SSR 20-21",{"$f":"ROUND(I2726*K2726,0)","v":{"v":0,"d":"0.00"}},"SSR 20-21"]
[31,"Supply and fixing of ornamental grill made of 25mm x 10mm MS flats for fixing in fan light portion and side fixed panels for door cum window as per the approved drawing including cutting the flat to required length, welding, painting with red oxide single coat including cost and conveyance of all materials, labour charges etc., complete for finished otem of work.",{"$nulls":11},"SSR 20-21"]
[null,"Qty.p.58 & 59 of M.B.No.790/A/ZP/20",null,"03.03.2021",{"$nulls":9},"SSR 20-21"]
[null,null,1,"x",8,{"v":1.2,"d":"1.200"},{"v":1.2,"d":"1.200"},{"v":0,"d":"0.000"},{"$f":"ROUND(IF(AND(F2729:H2729),C2729*E2729*F2729*G2729*H2729,IF(AND(F2729,G2729),C2729*E2729*F2729*G2729,IF(AND(F2729,H2729),C2729*E2729*F2729*H2729,IF(AND(G2729,H2729),C2729*E2729*G2729*H2729,IF(F2729,C2729*E2729*F2729,IF(G2729,C2729*E2729*G2729,IF(H2729,C2729*E2729*H2729,C2729*E2729))))))),2)","v":11.52},"Sqm",{"$nulls":3},"SSR 20-21"]
[{"$nulls":13},"SSR 20-21"]
[{"$nulls":9},"Sqm",{"$f":"data!G1230","v":2324.02},"SSR 20-21",{"$f":"ROUND(I2731*K2731,0)","v":{"v":0,"d":"0.00"}},"SSR 20-21"]
[51,"Supplying  & fixing of MS tubes of any design including labour charges for fabricating steel including cost of welding rods, power charges & fixing the grill in position etc complete",{"$nulls":11},"SSR 20-21"]
[null,"Qty.P.No. 99 of M.B.No.299/A/ZP/19",{"$nulls":11},"SSR 20-21"]
[null,"Staircase ventilators",1,"x",1,{"v":58.6,"d":"58.60"},{"v":0,"d":"0.000"},{"v":0,"d":"0.000"},{"$f":"ROUND(IF(AND(F2734:H2734),C2734*E2734*F2734*G2734*H2734,IF(AND(F2734,G2734),C2734*E2734*F2734*G2734,IF(AND(F2734,H2734),C2734*E2734*F2734*H2734,IF(AND(G2734,H2734),C2734*E2734*G2734*H2734,IF(F2734,C2734*E2734*F2734,IF(G2734,C2734*E2734*G2734,IF(H2734,C2734*E2734*H2734,C2734*E2734))))))),2)","v":{"v":58.6,"d":"58.60"}},"Kgs",{"$nulls":3},"SSR 20-21"]
[{"$nulls":13},"SSR 20-21"]
[{"$nulls":9},"Kgs",{"$f":"data!G1237","v":{"v":106.5,"d":"106.50"}},"SSR 20-21",{"$f":"ROUND(I2736*K2736,0)","v":{"v":0,"d":"0.00"}},"SSR 20-21"]
[5,"Supplying and fixing of stainless steel (grade 304) hand railing as per approved drawing with top rail of 50mm dia pipe and 2mm thick medium class and vertical posts of  25mm dia and 1.6mm thick medium class  1 No for each step fixed with base plate of  75mm dia using bonding agent and anchor fastner and welding,  drilling of 25mm dia holes with pneumatic compressor for fixing railing, buffing, polishing all members of the railing  thouroughly  , lacquer finishing to present seamless finish including cost and conveyance of all materials, electrodes, welding charges, cost of all consumables, labour charges , overheads & contractors profit etc., complete for finished item of work.",{"$nulls":11},"SSR 20-21"]
[null,"Qty.p.41 of M.B.No.558/B/ZP/20",{"$nulls":11},"SSR 20-21"]
[null,"Verandah",1,"x",1,11.15,{"v":0,"d":"0.000"},{"v":0.85,"d":"0.850"},{"$f":"ROUND(IF(AND(F2739:H2739),C2739*E2739*F2739*G2739*H2739,IF(AND(F2739,G2739),C2739*E2739*F2739*G2739,IF(AND(F2739,H2739),C2739*E2739*F2739*H2739,IF(AND(G2739,H2739),C2739*E2739*G2739*H2739,IF(F2739,C2739*E2739*F2739,IF(G2739,C2739*E2739*G2739,IF(H2739,C2739*E2739*H2739,C2739*E2739))))))),2)","v":9.48},"Sqm",{"$nulls":3},"SSR 20-21"]
[null,"GF 1st and 2nd flight",1,"x",1,{"v":7.5,"d":"7.50"},{"v":0,"d":"0.000"},{"v":0.85,"d":"0.850"},{"$f":"ROUND(IF(AND(F2740:H2740),C2740*E2740*F2740*G2740*H2740,IF(AND(F2740,G2740),C2740*E2740*F2740*G2740,IF(AND(F2740,H2740),C2740*E2740*F2740*H2740,IF(AND(G2740,H2740),C2740*E2740*G2740*H2740,IF(F2740,C2740*E2740*F2740,IF(G2740,C2740*E2740*G2740,IF(H2740,C2740*E2740*H2740,C2740*E2740))))))),2)","v":6.38},"Sqm",{"$nulls":3},"SSR 20-21"]
[null,"FF 1st and 2nd flight",1,"x",1,{"v":7.5,"d":"7.50"},{"v":0,"d":"0.000"},{"v":0.85,"d":"0.850"},{"$f":"ROUND(IF(AND(F2741:H2741),C2741*E2741*F2741*G2741*H2741,IF(AND(F2741,G2741),C2741*E2741*F2741*G2741,IF(AND(F2741,H2741),C2741*E2741*F2741*H2741,IF(AND(G2741,H2741),C2741*E2741*G2741*H2741,IF(F2741,C2741*E2741*F2741,IF(G2741,C2741*E2741*G2741,IF(H2741,C2741*E2741*H2741,C2741*E2741))))))),2)","v":6.38},"Sqm",{"$nulls":3},"SSR 20-21"]
[{"$nulls":13},"SSR 20-21"]
[{"$nulls":9},"Sqm",{"$f":"data!G1251","v":2839.34},"SSR 20-21",{"$f":"ROUND(I2743*K2743,0)","v":{"v":0,"d":"0.00"}},"SSR 20-21"]
[4,"Supplying and fixing of stainless steel (grade 304) railing for ramp as per approved drawing with top rail of 50mm dia pipe and 2mm thick medium class fixed in to wall with 25mm dia pipe of 0.30m length @ 1m centre to centre and welding, buffing, polishing all members of the railing  thouroughly  , lacquer finishing to present seamless finish including cost and conveyance of all materials, electrodes, welding charges, cost of all consumables, labour charges , overheads & contractors profit etc., complete for finished item of work.",{"$nulls":11},"SSR 20-21"]
[null,"Qty.p.22  of M.B.No.299/A/ZP/19",{"$nulls":11},"SSR 20-21"]
[null,"Verandah",1,"x",1,{"v":3.3,"d":"3.30"},{"v":0,"d":"0.000"},{"v":0.87,"d":"0.870"},{"$f":"ROUND(IF(AND(F2746:H2746),C2746*E2746*F2746*G2746*H2746,IF(AND(F2746,G2746),C2746*E2746*F2746*G2746,IF(AND(F2746,H2746),C2746*E2746*F2746*H2746,IF(AND(G2746,H2746),C2746*E2746*G2746*H2746,IF(F2746,C2746*E2746*F2746,IF(G2746,C2746*E2746*G2746,IF(H2746,C2746*E2746*H2746,C2746*E2746))))))),2)","v":2.87},"Sqm",{"$nulls":3},"SSR 20-21"]
[null,null,1,"x",1,{"v":1,"d":"1.00"},{"v":0,"d":"0.000"},{"v":0.87,"d":"0.870"},{"$f":"ROUND(IF(AND(F2747:H2747),C2747*E2747*F2747*G2747*H2747,IF(AND(F2747,G2747),C2747*E2747*F2747*G2747,IF(AND(F2747,H2747),C2747*E2747*F2747*H2747,IF(AND(G2747,H2747),C2747*E2747*G2747*H2747,IF(F2747,C2747*E2747*F2747,IF(G2747,C2747*E2747*G2747,IF(H2747,C2747*E2747*H2747,C2747*E2747))))))),2)","v":0.87},"Sqm",{"$nulls":3},"SSR 20-21"]
[null,"Ramp",1,"x",1,1.45,{"v":0,"d":"0.000"},{"v":0.87,"d":"0.870"},{"$f":"ROUND(IF(AND(F2748:H2748),C2748*E2748*F2748*G2748*H2748,IF(AND(F2748,G2748),C2748*E2748*F2748*G2748,IF(AND(F2748,H2748),C2748*E2748*F2748*H2748,IF(AND(G2748,H2748),C2748*E2748*G2748*H2748,IF(F2748,C2748*E2748*F2748,IF(G2748,C2748*E2748*G2748,IF(H2748,C2748*E2748*H2748,C2748*E2748))))))),2)","v":1.26},"Sqm",{"$nulls":3},"SSR 20-21"]
[null,null,1,"x",1,2.57,{"v":0,"d":"0.000"},{"v":0.87,"d":"0.870"},{"$f":"ROUND(IF(AND(F2749:H2749),C2749*E2749*F2749*G2749*H2749,IF(AND(F2749,G2749),C2749*E2749*F2749*G2749,IF(AND(F2749,H2749),C2749*E2749*F2749*H2749,IF(AND(G2749,H2749),C2749*E2749*G2749*H2749,IF(F2749,C2749*E2749*F2749,IF(G2749,C2749*E2749*G2749,IF(H2749,C2749*E2749*H2749,C2749*E2749))))))),2)","v":2.24},"Sqm",{"$nulls":3},"SSR 20-21"]
[{"$nulls":13},"SSR 20-21"]
[{"$nulls":9},"Sqm",{"$f":"data!G1262","v":1258.89},"SSR 20-21",{"$f":"ROUND(I2751*K2751,0)","v":{"v":0,"d":"0.00"}},"SSR 20-21"]
[4,"Supplying  & fixing of Stainless Steel Tubes using stainless steel welding rods including buffing, polishing, lacquer finishing, to present seamless finish",{"$nulls":11},"SSR 20-21"]
[null,"Qty.p.22  of M.B.No.299/A/ZP/19",{"$nulls":11},"SSR 20-21"]
[null,null,1,"x",1,{"v":0.5,"d":"0.50"},{"v":0,"d":"0.000"},{"v":0,"d":"0.000"},{"$f":"ROUND(IF(AND(F2754:H2754),C2754*E2754*F2754*G2754*H2754,IF(AND(F2754,G2754),C2754*E2754*F2754*G2754,IF(AND(F2754,H2754),C2754*E2754*F2754*H2754,IF(AND(G2754,H2754),C2754*E2754*G2754*H2754,IF(F2754,C2754*E2754*F2754,IF(G2754,C2754*E2754*G2754,IF(H2754,C2754*E2754*H2754,C2754*E2754))))))),2)","v":{"v":0.5,"d":"0.50"}},"Kg",{"$nulls":3},"SSR 20-21"]
[{"$nulls":13},"SSR 20-21"]
[{"$nulls":9},"Kg",{"$f":"data!G1266","v":470.28},"SSR 20-21",{"$f":"ROUND(I2756*K2756,0)","v":{"v":0,"d":"0.00"}},"SSR 20-21"]
[7,"Full Rounding the edges of  Granite stone slabs of all thicknesses including polishing the same.",{"$nulls":11},"SSR 20-21"]
[null,"Qty.p.     of M.B.No.",{"$nulls":11},"SSR 20-21"]
[null,"Staircase 1st flight",1,"x",11,1.25,{"v":0,"d":"0.000"},{"v":0,"d":"0.000"},{"$f":"ROUND(IF(AND(F2759:H2759),C2759*E2759*F2759*G2759*H2759,IF(AND(F2759,G2759),C2759*E2759*F2759*G2759,IF(AND(F2759,H2759),C2759*E2759*F2759*H2759,IF(AND(G2759,H2759),C2759*E2759*G2759*H2759,IF(F2759,C2759*E2759*F2759,IF(G2759,C2759*E2759*G2759,IF(H2759,C2759*E2759*H2759,C2759*E2759))))))),2)","v":13.75},"Rm",{"$nulls":3},"SSR 20-21"]
[null,"Staircase 2nd flight",1,"x",11,1.25,{"v":0,"d":"0.000"},{"v":0,"d":"0.000"},{"$f":"ROUND(IF(AND(F2760:H2760),C2760*E2760*F2760*G2760*H2760,IF(AND(F2760,G2760),C2760*E2760*F2760*G2760,IF(AND(F2760,H2760),C2760*E2760*F2760*H2760,IF(AND(G2760,H2760),C2760*E2760*G2760*H2760,IF(F2760,C2760*E2760*F2760,IF(G2760,C2760*E2760*G2760,IF(H2760,C2760*E2760*H2760,C2760*E2760))))))),2)","v":13.75},"Rm",{"$nulls":3},"SSR 20-21"]
[null,"First floor",{"$nulls":11},"SSR 20-21"]
[null,"Staircase 1st flight",1,"x",7,1.25,{"v":0,"d":"0.000"},{"v":0,"d":"0.000"},{"$f":"ROUND(IF(AND(F2762:H2762),C2762*E2762*F2762*G2762*H2762,IF(AND(F2762,G2762),C2762*E2762*F2762*G2762,IF(AND(F2762,H2762),C2762*E2762*F2762*H2762,IF(AND(G2762,H2762),C2762*E2762*G2762*H2762,IF(F2762,C2762*E2762*F2762,IF(G2762,C2762*E2762*G2762,IF(H2762,C2762*E2762*H2762,C2762*E2762))))))),2)","v":8.75},"Rm",{"$nulls":3},"SSR 20-21"]
[{"$nulls":13},"SSR 20-21"]
[{"$nulls":9},"Rm",{"$f":"data!G1541","v":{"v":412,"d":"412.00"}},"SSR 20-21",{"$f":"ROUND(I2764*K2764,0)","v":{"v":0,"d":"0.00"}},"SSR 20-21"]
[null,"As per SSR 2021-22",{"$nulls":11},"SSR 21-22"]
[37,"Supplying and fixing of  Door of size 1.20X2.10M with two panels of frames made with teak wood and Shutter made with medium Teak wood including  MS Z hold fasts , alluminium tower bolts, handle and butt hinges with all furniture fittings including c/c of all materials and furniture fittings etc complete as per specification  (APSS No 1001 & 1002) Door Frame with Shutters",{"$nulls":11},"SSR 21-22"]
[null,"Qty.p.54 & 55 of M.B.No.478/A/ZP/19",null,"11.10.2021",{"$nulls":9},"SSR 21-22"]
[null,"Main door",1,"x",1,{"v":0,"d":"0.000"},{"v":0,"d":"0.000"},{"v":0,"d":"0.000"},{"$f":"ROUND(IF(AND(F2768:H2768),C2768*E2768*F2768*G2768*H2768,IF(AND(F2768,G2768),C2768*E2768*F2768*G2768,IF(AND(F2768,H2768),C2768*E2768*F2768*H2768,IF(AND(G2768,H2768),C2768*E2768*G2768*H2768,IF(F2768,C2768*E2768*F2768,IF(G2768,C2768*E2768*G2768,IF(H2768,C2768*E2768*H2768,C2768*E2768))))))),2)","v":1},"No",{"$nulls":3},"SSR 21-22"]
[{"$nulls":13},"SSR 21-22"]
[{"$nulls":9},"No",{"$f":"'D&W data'!H495","v":18903.09},"SSR 21-22",{"$f":"ROUND(I2770*K2770,0)","v":{"v":0,"d":"0.00"}},"SSR 21-22"]
[2,"Supplying and fixing of  Door of size 1.20X2.10M with single panels of frames made with teak wood and Shutter made with flush door shutters including  MS Z hold fasts , Alluminium tower bolts, handle and butt hinges with all furniture fittings including c/c of all materials and furniture fittings etc complete as per specification  (APSS No 1001 & 1002) Door Frame with Shutters",{"$nulls":11},"SSR 21-22"]
[null,"Qty.p.54 of M.B.No.299/A/ZP/19",{"$nulls":11},"SSR 21-22"]
[null,null,1,"x",3,{"v":0,"d":"0.000"},{"v":0,"d":"0.000"},{"v":0,"d":"0.000"},{"$f":"ROUND(IF(AND(F2773:H2773),C2773*E2773*F2773*G2773*H2773,IF(AND(F2773,G2773),C2773*E2773*F2773*G2773,IF(AND(F2773,H2773),C2773*E2773*F2773*H2773,IF(AND(G2773,H2773),C2773*E2773*G2773*H2773,IF(F2773,C2773*E2773*F2773,IF(G2773,C2773*E2773*G2773,IF(H2773,C2773*E2773*H2773,C2773*E2773))))))),2)","v":3},"No",{"$nulls":3},"SSR 21-22"]
[{"$nulls":13},"SSR 21-22"]
[{"$nulls":9},"No",{"$f":"'D&W data'!H513","v":11215.33},"SSR 21-22",{"$f":"ROUND(I2775*K2775,0)","v":{"v":0,"d":"0.00"}},"SSR 21-22"]
[3,"Supplying and fixing of  Door of size 1.20X2.10M with single panels of frames made with sal wood and Shutter made with flush door shutters including  MS Z hold fasts , Alluminium tower bolts, handle and butt hinges with all furniture fittings including c/c of all materials and furniture fittings etc complete as per specification  (APSS No 1001 & 1002) Door Frame with Shutters",{"$nulls":11},"SSR 21-22"]
[null,"Qty.p.55 of M.B.No.299/A/ZP/19",{"$nulls":11},"SSR 21-22"]
[null,null,1,"x",1,{"v":0,"d":"0.000"},{"v":0,"d":"0.000"},{"v":0,"d":"0.000"},{"$f":"ROUND(IF(AND(F2778:H2778),C2778*E2778*F2778*G2778*H2778,IF(AND(F2778,G2778),C2778*E2778*F2778*G2778,IF(AND(F2778,H2778),C2778*E2778*F2778*H2778,IF(AND(G2778,H2778),C2778*E2778*G2778*H2778,IF(F2778,C2778*E2778*F2778,IF(G2778,C2778*E2778*G2778,IF(H2778,C2778*E2778*H2778,C2778*E2778))))))),2)","v":1},"No",{"$nulls":3},"SSR 21-22"]
[{"$nulls":13},"SSR 21-22"]
[{"$nulls":9},"No",{"$f":"'D&W data'!H531","v":10134.49},"SSR 21-22",{"$f":"ROUND(I2780*K2780,0)","v":{"v":0,"d":"0.00"}},"SSR 21-22"]
[38,"Supplying and fixing of  Door of size 0.90X2.10M with double panels of frames made with teak wood and Shutter made with Teak wood including  MS Z hold fasts , Alluminium tower bolts, handle and butt hinges with all furniture fittings including c/c of all materials and furniture fittings etc complete as per specification  (APSS No 1001 & 1002) Door Frame with Shutters",{"$nulls":11},"SSR 21-22"]
[null,"Qty.p.55 of M.B.No.478/A/ZP/19",null,"11.10.2021",{"$nulls":9},"SSR 21-22"]
[null,null,1,"x",1,{"v":0,"d":"0.000"},{"v":0,"d":"0.000"},{"v":0,"d":"0.000"},{"$f":"ROUND(IF(AND(F2783:H2783),C2783*E2783*F2783*G2783*H2783,IF(AND(F2783,G2783),C2783*E2783*F2783*G2783,IF(AND(F2783,H2783),C2783*E2783*F2783*H2783,IF(AND(G2783,H2783),C2783*E2783*G2783*H2783,IF(F2783,C2783*E2783*F2783,IF(G2783,C2783*E2783*G2783,IF(H2783,C2783*E2783*H2783,C2783*E2783))))))),2)","v":1},"No",{"$nulls":3},"SSR 21-22"]
[{"$nulls":13},"SSR 21-22"]
[{"$nulls":9},"No",{"$f":"'D&W data'!H550","v":{"v":12770.460000000001,"d":"12770.46"}},"SSR 21-22",{"$f":"ROUND(I2785*K2785,0)","v":{"v":0,"d":"0.00"}},"SSR 21-22"]
[39,"Supplying and fixing of  Door of size 0.75X2.10M with single panels of frames made with teak wood and Shutter made with teak wood including  MS Z hold fasts , Alluminium tower bolts, handle and butt hinges with all furniture fittings including c/c of all materials and furniture fittings etc complete as per specification  (APSS No 1001 & 1002) Door Frame with Shutters",{"$nulls":11},"SSR 21-22"]
[null,"Qty.p.55 & 56 of M.B.No.478/A/ZP/19",null,"11.10.2021",{"$nulls":9},"SSR 21-22"]
[null,null,1,"x",1,{"v":0,"d":"0.000"},{"v":0,"d":"0.000"},{"v":0,"d":"0.000"},{"$f":"ROUND(IF(AND(F2788:H2788),C2788*E2788*F2788*G2788*H2788,IF(AND(F2788,G2788),C2788*E2788*F2788*G2788,IF(AND(F2788,H2788),C2788*E2788*F2788*H2788,IF(AND(G2788,H2788),C2788*E2788*G2788*H2788,IF(F2788,C2788*E2788*F2788,IF(G2788,C2788*E2788*G2788,IF(H2788,C2788*E2788*H2788,C2788*E2788))))))),2)","v":{"v":1,"d":"1.00"}},"No",{"$nulls":3},"SSR 21-22"]
[{"$nulls":13},"SSR 21-22"]
[{"$nulls":9},"No",{"$f":"'D&W data'!H569","v":{"v":10756.689999999999,"d":"10756.69"}},"SSR 21-22",{"$f":"ROUND(I2790*K2790,0)","v":{"v":0,"d":"0.00"}},"SSR 21-22"]
[36,"Supplying and fixing of  Door of size 0.90X2.10M with single panels of frames made with teak wood and Shutter made with Flush door shutters including  MS Z hold fasts , Alluminium tower bolts, handle and butt hinges with all furniture fittings including c/c of all materials and furniture fittings etc complete as per specification  (APSS No 1001 & 1002) Door Frame with Shutters",{"$nulls":11},"SSR 21-22"]
[null,"Qty.p.87 of M.B.No.790/A/ZP/19",{"$nulls":11},"SSR 21-22"]
[null,"Ground floor",1,"x",1,{"v":0,"d":"0.000"},{"v":0,"d":"0.000"},{"v":0,"d":"0.000"},{"$f":"ROUND(IF(AND(F2793:H2793),C2793*E2793*F2793*G2793*H2793,IF(AND(F2793,G2793),C2793*E2793*F2793*G2793,IF(AND(F2793,H2793),C2793*E2793*F2793*H2793,IF(AND(G2793,H2793),C2793*E2793*G2793*H2793,IF(F2793,C2793*E2793*F2793,IF(G2793,C2793*E2793*G2793,IF(H2793,C2793*E2793*H2793,C2793*E2793))))))),2)","v":1},"No",{"$nulls":3},"SSR 21-22"]
[{"$nulls":13},"SSR 21-22"]
[{"$nulls":9},"No",{"$f":"'D&W data'!H664","v":9185.38},"SSR 21-22",{"$f":"ROUND(I2795*K2795,0)","v":{"v":0,"d":"0.00"}},"SSR 21-22"]
[3,"Supplying and fixing of  Door of size 0.80X2.10M with single panels of frames made with sal wood and Shutter made with sal wood including  MS Z hold fasts , Alluminium tower bolts, handle and butt hinges with all furniture fittings including c/c of all materials and furniture fittings etc complete as per specification  (APSS No 1001 & 1002) Door Frame with Shutters",{"$nulls":11},"SSR 21-22"]
[null,"Qty.p.56 of M.B.No.478/A/ZP/19",{"$nulls":11},"SSR 21-22"]
[null,null,1,"x",1,{"v":0,"d":"0.000"},{"v":0,"d":"0.000"},{"v":0,"d":"0.000"},{"$f":"ROUND(IF(AND(F2798:H2798),C2798*E2798*F2798*G2798*H2798,IF(AND(F2798,G2798),C2798*E2798*F2798*G2798,IF(AND(F2798,H2798),C2798*E2798*F2798*H2798,IF(AND(G2798,H2798),C2798*E2798*G2798*H2798,IF(F2798,C2798*E2798*F2798,IF(G2798,C2798*E2798*G2798,IF(H2798,C2798*E2798*H2798,C2798*E2798))))))),2)","v":{"v":1,"d":"1.00"}},"No",{"$nulls":3},"SSR 21-22"]
[{"$nulls":13},"SSR 21-22"]
[{"$nulls":9},"No",{"$f":"'D&W data'!H607","v":6584.41},"SSR 21-22",{"$f":"ROUND(I2800*K2800,0)","v":{"v":0,"d":"0.00"}},"SSR 21-22"]
[40,"Supplying and fixing of  Door of size 1.05X2.10M with single panels of frames made with teak wood and Shutter made with medium Teak wood including  MS Z hold fasts , Alluminium tower bolts, handle and butt hinges with all furniture fittings including c/c of all materials and furniture fittings etc complete as per specification  (APSS No 1001 & 1002) Door Frame with Shutters",{"$nulls":11},"SSR 21-22"]
[null,"Qty.p.60 of M.B.No.299/A/ZP/19",{"$nulls":11},"SSR 21-22"]
[null,"Ground floor",2,"x",1,{"v":0,"d":"0.000"},{"v":0,"d":"0.000"},{"v":0,"d":"0.000"},{"$f":"ROUND(IF(AND(F2803:H2803),C2803*E2803*F2803*G2803*H2803,IF(AND(F2803,G2803),C2803*E2803*F2803*G2803,IF(AND(F2803,H2803),C2803*E2803*F2803*H2803,IF(AND(G2803,H2803),C2803*E2803*G2803*H2803,IF(F2803,C2803*E2803*F2803,IF(G2803,C2803*E2803*G2803,IF(H2803,C2803*E2803*H2803,C2803*E2803))))))),2)","v":2},"No",{"$nulls":3},"SSR 21-22"]
[null,"Qty.p.66 of M.B.No.299/A/ZP/19",{"$nulls":11},"SSR 21-22"]
[null,"First floor",3,"x",1,{"v":0,"d":"0.000"},{"v":0,"d":"0.000"},{"v":0,"d":"0.000"},{"$f":"ROUND(IF(AND(F2805:H2805),C2805*E2805*F2805*G2805*H2805,IF(AND(F2805,G2805),C2805*E2805*F2805*G2805,IF(AND(F2805,H2805),C2805*E2805*F2805*H2805,IF(AND(G2805,H2805),C2805*E2805*G2805*H2805,IF(F2805,C2805*E2805*F2805,IF(G2805,C2805*E2805*G2805,IF(H2805,C2805*E2805*H2805,C2805*E2805))))))),2)","v":3},"No",{"$nulls":3},"SSR 21-22"]
[{"$nulls":13},"SSR 21-22"]
[{"$nulls":9},"No",{"$f":"'D&W data'!H626","v":{"v":13789.809999999998,"d":"13789.81"}},"SSR 21-22",{"$f":"ROUND(I2807*K2807,0)","v":{"v":0,"d":"0.00"}},"SSR 21-22"]
[4,"Supplying and fixing of  Door of size 1.05X2.10M with single panels of frames made with teak wood and Shutter made with Flush door shutters including  MS Z hold fasts , Alluminium tower bolts, handle and butt hinges with all furniture fittings including c/c of all materials and furniture fittings etc complete as per specification  (APSS No 1001 & 1002) Door Frame with Shutters",{"$nulls":11},"SSR 21-22"]
[null,"Qty.p.54 of M.B.No.299/A/ZP/19",{"$nulls":11},"SSR 21-22"]
[null,"Ground floor",1,"x",2,{"v":0,"d":"0.000"},{"v":0,"d":"0.000"},{"v":0,"d":"0.000"},{"$f":"ROUND(IF(AND(F2810:H2810),C2810*E2810*F2810*G2810*H2810,IF(AND(F2810,G2810),C2810*E2810*F2810*G2810,IF(AND(F2810,H2810),C2810*E2810*F2810*H2810,IF(AND(G2810,H2810),C2810*E2810*G2810*H2810,IF(F2810,C2810*E2810*F2810,IF(G2810,C2810*E2810*G2810,IF(H2810,C2810*E2810*H2810,C2810*E2810))))))),2)","v":2},"No",{"$nulls":3},"SSR 21-22"]
[null,"Qty.p.54 of M.B.No.299/A/ZP/19",{"$nulls":11},"SSR 21-22"]
[null,"First floor",1,"x",3,{"v":0,"d":"0.000"},{"v":0,"d":"0.000"},{"v":0,"d":"0.000"},{"$f":"ROUND(IF(AND(F2812:H2812),C2812*E2812*F2812*G2812*H2812,IF(AND(F2812,G2812),C2812*E2812*F2812*G2812,IF(AND(F2812,H2812),C2812*E2812*F2812*H2812,IF(AND(G2812,H2812),C2812*E2812*G2812*H2812,IF(F2812,C2812*E2812*F2812,IF(G2812,C2812*E2812*G2812,IF(H2812,C2812*E2812*H2812,C2812*E2812))))))),2)","v":3},"No",{"$nulls":3},"SSR 21-22"]
[{"$nulls":13},"SSR 21-22"]
[{"$nulls":9},"No",{"$f":"'D&W data'!H645","v":{"v":9936.039999999999,"d":"9936.04"}},"SSR 21-22",{"$f":"ROUND(I2814*K2814,0)","v":{"v":0,"d":"0.00"}},"SSR 21-22"]
[5,"Supply and fixing of  Wood Polymer Composite(WPC)  Door Frame section of 63.5x100 MM .The two Vertical members are to be joined together with the horizontal member using 8x75 MM long MS Star full thread screws to be used with reverse forward speed control hand drilling machine. The ready/assembled door frame is fixed to the wall using hold fast or bolt fasteners. A minimum of 4 No.s of screws to be provided for each vertical member & minimum 2no.s for horizontal member, and fixing 28 -30 MM thick solid Wood Polymer Composite (WPC)  double extruded door shutter with 3MM top and bottom rigid layer with an overall density of 750kg/Cum. It will be fixed to the frame using 3 inch /4 inch hinges. A minimum of 4 hinges will be required for fixing the door with the frame 1200 x 2130mm",{"$nulls":11},"SSR 21-22"]
[null,"Qty.p.      of M.B.No.",{"$nulls":11},"SSR 21-22"]
[null,"tiolet doors",1,"x",3,{"v":0.72,"d":"0.720"},{"v":0,"d":"0.000"},{"v":1.99,"d":"1.990"},{"$f":"ROUND(IF(AND(F2817:H2817),C2817*E2817*F2817*G2817*H2817,IF(AND(F2817,G2817),C2817*E2817*F2817*G2817,IF(AND(F2817,H2817),C2817*E2817*F2817*H2817,IF(AND(G2817,H2817),C2817*E2817*G2817*H2817,IF(F2817,C2817*E2817*F2817,IF(G2817,C2817*E2817*G2817,IF(H2817,C2817*E2817*H2817,C2817*E2817))))))),2)","v":{"v":4.3,"d":"4.30"}},"Sqm",{"$nulls":3},"SSR 21-22",2]
[{"$nulls":13},"SSR 21-22"]
[{"$nulls":9},"Sqm",{"$f":"'D&W data'!H688","v":{"v":6057.2,"d":"6057.20"}},"SSR 21-22",{"$f":"ROUND(I2819*K2819,0)","v":{"v":0,"d":"0.00"}},"SSR 21-22"]
[2,"Supply and fixing of  Wood Polymer Composite(WPC)  Door Frame section of 63.5x100 MM .The two Vertical members are to be joined together with the horizontal member using 8x75 MM long MS Star full thread screws to be used with reverse forward speed control hand drilling machine. The ready/assembled door frame is fixed to the wall using hold fast or bolt fasteners. A minimum of 4 No.s of screws to be provided for each vertical member & minimum 2no.s for horizontal member, and fixing 28 -30 MM thick solid Wood Polymer Composite (WPC)  double extruded door shutter with 3MM top and bottom rigid layer with an overall density of 750kg/Cum. It will be fixed to the frame using 3 inch /4 inch hinges. A minimum of 4 hinges will be required for fixing the door with the frame 1200 x 2130mm",{"$nulls":11},"SSR 21-22"]
[null,"Qty.p. 28 of M.B.No.299/A/ZP/19",{"$nulls":11},"SSR 21-22"]
[null,null,1,"x",2,{"v":1.01,"d":"1.010"},{"v":0,"d":"0.000"},{"v":2.09,"d":"2.090"},{"$f":"ROUND(IF(AND(F2822:H2822),C2822*E2822*F2822*G2822*H2822,IF(AND(F2822,G2822),C2822*E2822*F2822*G2822,IF(AND(F2822,H2822),C2822*E2822*F2822*H2822,IF(AND(G2822,H2822),C2822*E2822*G2822*H2822,IF(F2822,C2822*E2822*F2822,IF(G2822,C2822*E2822*G2822,IF(H2822,C2822*E2822*H2822,C2822*E2822))))))),2)","v":4.22},"Sqm",{"$nulls":3},"SSR 21-22",2]
[null,null,1,"x",2,{"v":1.02,"d":"1.020"},{"v":0,"d":"0.000"},{"v":2.02,"d":"2.020"},{"$f":"ROUND(IF(AND(F2823:H2823),C2823*E2823*F2823*G2823*H2823,IF(AND(F2823,G2823),C2823*E2823*F2823*G2823,IF(AND(F2823,H2823),C2823*E2823*F2823*H2823,IF(AND(G2823,H2823),C2823*E2823*G2823*H2823,IF(F2823,C2823*E2823*F2823,IF(G2823,C2823*E2823*G2823,IF(H2823,C2823*E2823*H2823,C2823*E2823))))))),2)","v":4.12},"Sqm",{"$nulls":3},"SSR 21-22",2]
[null,null,1,"x",1,{"v":1,"d":"1.000"},{"v":0,"d":"0.000"},{"v":2.02,"d":"2.020"},{"$f":"ROUND(IF(AND(F2824:H2824),C2824*E2824*F2824*G2824*H2824,IF(AND(F2824,G2824),C2824*E2824*F2824*G2824,IF(AND(F2824,H2824),C2824*E2824*F2824*H2824,IF(AND(G2824,H2824),C2824*E2824*G2824*H2824,IF(F2824,C2824*E2824*F2824,IF(G2824,C2824*E2824*G2824,IF(H2824,C2824*E2824*H2824,C2824*E2824))))))),2)","v":2.02},"Sqm",{"$nulls":3},"SSR 21-22",2]
[{"$nulls":13},"SSR 21-22"]
[{"$nulls":9},"Sqm",{"$f":"'D&W data'!H700","v":5663.52},"SSR 21-22",{"$f":"ROUND(I2826*K2826,0)","v":{"v":0,"d":"0.00"}},"SSR 21-22"]
[40,"Providing and fixing factory made uPVC white colour sliding glazed windowupto 1.50 m in height dimension comprising of uPVC multi-chamberedframe with in-built roller track and sash extruded profiles duly reinforcedwith 1.60 ± 0.2 mm thick galvanized mild steel section made from rollforming process of required length (shape & size according to uPVCprofile), appropriate dimension of uPVC extruded glazing beads anduPVC extruded interlocks, EPDM gasket, wool pile, zinc alloy (whitepowder coated) touch locks withhook, zinc alloy body with single nylonrollers (weight bearing capacity to be 40 kg), G.I fasteners 100 x 8 mmsize for fixing frame to finished wall and necessary stainless steel screwsetc. Profile of frame & sash shall be mitred cut and fusion welded at allcorners, including drilling of holes for fixing hardware's and drainage ofwater etc. After fixing frame the gap between frame and adjacent finishedwall shall be filled with weather proof silicon sealent over backer rod ofrequired size and of approved quality, all complete as per approved drawing& direction of Engineer-in-Charge",{"$nulls":11},"SSR 21-22"]
[null,"Three track three panels sliding window  with fly proof SS wire mesh (Two nos. glazed & one no.  wire mesh panels) made of (small series) frame 92 x 44  mm & sash 32 x 60 mmboth having wall  thickness of 1.9 ± 0.2 mm and single  glazingbead of appropriate dimension  (Area of window upto 1.75 sqm)."]
[null,"Qty.p.56 to 58 of M.B.No.478/A/ZP/19",null,"11.10.2021",{"$nulls":9},"SSR 21-22"]
[null,null,1,"x",8,{"v":1.2,"d":"1.200"},{"v":0,"d":"0.000"},{"v":1.2,"d":"1.200"},{"$f":"ROUND(IF(AND(F2830:H2830),C2830*E2830*F2830*G2830*H2830,IF(AND(F2830,G2830),C2830*E2830*F2830*G2830,IF(AND(F2830,H2830),C2830*E2830*F2830*H2830,IF(AND(G2830,H2830),C2830*E2830*G2830*H2830,IF(F2830,C2830*E2830*F2830,IF(G2830,C2830*E2830*G2830,IF(H2830,C2830*E2830*H2830,C2830*E2830))))))),2)","v":11.52},"Sqm",{"$nulls":3},"SSR 21-22"]
[{"$nulls":13},"SSR 21-22"]
[{"$nulls":9},"Sqm",{"$f":"'D&W data'!H705","v":{"v":8058,"d":"8058.00"}},"SSR 21-22",{"$f":"ROUND(I2832*K2832,0)","v":{"v":0,"d":"0.00"}},"SSR 21-22"]
[6,"Qty.p.53 of M.B.No.299/A/ZP/19","two tracks",{"$nulls":10},"SSR 21-22"]
[null,null,1,"x",2,{"v":1.5,"d":"1.500"},{"v":0,"d":"0.000"},{"v":1.35,"d":"1.350"},{"$f":"ROUND(IF(AND(F2834:H2834),C2834*E2834*F2834*G2834*H2834,IF(AND(F2834,G2834),C2834*E2834*F2834*G2834,IF(AND(F2834,H2834),C2834*E2834*F2834*H2834,IF(AND(G2834,H2834),C2834*E2834*G2834*H2834,IF(F2834,C2834*E2834*F2834,IF(G2834,C2834*E2834*G2834,IF(H2834,C2834*E2834*H2834,C2834*E2834))))))),2)","v":4.05},"Sqm",{"$nulls":3},"SSR 21-22"]
[{"$nulls":13},"SSR 21-22"]
[{"$nulls":9},"Sqm",{"$f":"'D&W data'!H703","v":{"v":6038,"d":"6038.00"}},"SSR 21-22",{"$f":"ROUND(I2836*K2836,0)","v":{"v":0,"d":"0.00"}},"SSR 21-22"]
[3,"Qty.p. 31 of M.B.No.299/A/ZP/19","( Single Tracks)",{"$nulls":10},"SSR 21-22"]
[null,null,1,"x",1,{"v":1.51,"d":"1.510"},{"v":0,"d":"0.000"},{"v":1.2,"d":"1.200"},{"$f":"ROUND(IF(AND(F2838:H2838),C2838*E2838*F2838*G2838*H2838,IF(AND(F2838,G2838),C2838*E2838*F2838*G2838,IF(AND(F2838,H2838),C2838*E2838*F2838*H2838,IF(AND(G2838,H2838),C2838*E2838*G2838*H2838,IF(F2838,C2838*E2838*F2838,IF(G2838,C2838*E2838*G2838,IF(H2838,C2838*E2838*H2838,C2838*E2838))))))),2)","v":1.81},"Sqm",{"$nulls":3},"SSR 21-22",1]
[{"$nulls":13},"SSR 21-22"]
[{"$nulls":9},"Sqm",{"$f":"'D&W data'!H707","v":{"v":5830,"d":"5830.00"}},"SSR 21-22",{"$f":"ROUND(I2840*K2840,0)","v":{"v":0,"d":"0.00"}},"SSR 21-22"]
[6,"supply and fixing of Single fixed Louvers Ventilator including cost and labour charges etc., complete",{"$nulls":11},"SSR 21-22"]
[null,"Qty.P.No. 72 of M.B.No.299/A/ZP/19",{"$nulls":11},"SSR 21-22"]
[null,null,1,"x",1,{"v":1.2,"d":"1.200"},{"v":0,"d":"0.000"},{"v":0.3,"d":"0.300"},{"$f":"ROUND(IF(AND(F2843:H2843),C2843*E2843*F2843*G2843*H2843,IF(AND(F2843,G2843),C2843*E2843*F2843*G2843,IF(AND(F2843,H2843),C2843*E2843*F2843*H2843,IF(AND(G2843,H2843),C2843*E2843*G2843*H2843,IF(F2843,C2843*E2843*F2843,IF(G2843,C2843*E2843*G2843,IF(H2843,C2843*E2843*H2843,C2843*E2843))))))),2)","v":0.36},"Sqm",{"$nulls":3},"SSR 21-22"]
[{"$nulls":13},"SSR 21-22"]
[{"$nulls":9},"Sqm",{"$f":"'D&W data'!H710","v":{"v":3797,"d":"3797.00"}},"SSR 21-22",{"$f":"ROUND(I2845*K2845,0)","v":{"v":0,"d":"0.00"}},"SSR 21-22"]
[6,"Supplying and fixing of  ventilator of size 0.60 x 0.45 Mts including fixing of 8mm dia roads and 4mm plain glass including all labour charges etc., complete",{"$nulls":11},"SSR 21-22"]
[null,"Qty.P.No. 72 of M.B.No.299/A/ZP/19",{"$nulls":11},"SSR 21-22"]
[null,null,1,"x",16,{"v":0,"d":"0.000"},{"v":0,"d":"0.000"},{"v":0,"d":"0.000"},{"$f":"ROUND(IF(AND(F2848:H2848),C2848*E2848*F2848*G2848*H2848,IF(AND(F2848,G2848),C2848*E2848*F2848*G2848,IF(AND(F2848,H2848),C2848*E2848*F2848*H2848,IF(AND(G2848,H2848),C2848*E2848*G2848*H2848,IF(F2848,C2848*E2848*F2848,IF(G2848,C2848*E2848*G2848,IF(H2848,C2848*E2848*H2848,C2848*E2848))))))),2)","v":16},"No",{"$nulls":3},"SSR 21-22"]
[{"$nulls":13},"SSR 21-22"]
[{"$nulls":9},"No",{"$f":"'D&W data'!H670","v":520.87},"SSR 21-22",{"$f":"ROUND(I2850*K2850,0)","v":{"v":0,"d":"0.00"}},"SSR 21-22"]
[4,"S&F of Cement Jolleys 50mm thick",{"$nulls":11},"SSR 21-22"]
[null,"Qty.p. 32 of M.B.No.299/A/ZP/19",{"$nulls":11},"SSR 21-22"]
[null,null,1,"x",19,{"v":0.6,"d":"0.600"},{"v":0,"d":"0.000"},{"v":0.3,"d":"0.300"},{"$f":"ROUND(IF(AND(F2853:H2853),C2853*E2853*F2853*G2853*H2853,IF(AND(F2853,G2853),C2853*E2853*F2853*G2853,IF(AND(F2853,H2853),C2853*E2853*F2853*H2853,IF(AND(G2853,H2853),C2853*E2853*G2853*H2853,IF(F2853,C2853*E2853*F2853,IF(G2853,C2853*E2853*G2853,IF(H2853,C2853*E2853*H2853,C2853*E2853))))))),2)","v":3.42},"Sqm",{"$nulls":3},"SSR 21-22"]
[{"$nulls":13},"SSR 21-22"]
[{"$nulls":9},"Sqm",{"$f":"'D&W data'!H676","v":554.35},"SSR 21-22",{"$f":"ROUND(I2855*K2855,0)","v":{"v":0,"d":"0.00"}},"SSR 21-22"]
[2,"Supplying  & fixing of Iron Doors and Windows Grills including labour charges for fabricating steel including cost of welding rods, power charges & fixing the grill in position etc complete",{"$nulls":11},"SSR 21-22"]
[null,"Qty.p.50 of M.B.No.790/A/ZP/19",{"$nulls":11},"SSR 21-22"]
[null,null,1,"x",6,{"v":40,"d":"40.000"},{"v":0,"d":"0.000"},{"v":0,"d":"0.000"},{"$f":"ROUND(IF(AND(F2858:H2858),C2858*E2858*F2858*G2858*H2858,IF(AND(F2858,G2858),C2858*E2858*F2858*G2858,IF(AND(F2858,H2858),C2858*E2858*F2858*H2858,IF(AND(G2858,H2858),C2858*E2858*G2858*H2858,IF(F2858,C2858*E2858*F2858,IF(G2858,C2858*E2858*G2858,IF(H2858,C2858*E2858*H2858,C2858*E2858))))))),2)","v":{"v":240,"d":"240.00"}},"Kgs",{"$nulls":3},"SSR 21-22"]
[null,null,1,"x",7,{"v":40,"d":"40.000"},{"v":0,"d":"0.000"},{"v":0,"d":"0.000"},{"$f":"ROUND(IF(AND(F2859:H2859),C2859*E2859*F2859*G2859*H2859,IF(AND(F2859,G2859),C2859*E2859*F2859*G2859,IF(AND(F2859,H2859),C2859*E2859*F2859*H2859,IF(AND(G2859,H2859),C2859*E2859*G2859*H2859,IF(F2859,C2859*E2859*F2859,IF(G2859,C2859*E2859*G2859,IF(H2859,C2859*E2859*H2859,C2859*E2859))))))),2)","v":{"v":280,"d":"280.00"}},"Kgs",{"$nulls":3},"SSR 21-22"]
[{"$nulls":13},"SSR 21-22"]
[{"$nulls":9},"Kg",{"$f":"data!G2139","v":95.89},"SSR 21-22",{"$f":"ROUND(I2861*K2861,0)","v":{"v":0,"d":"0.00"}},"SSR 21-22"]
[2,"Supply and fixing of ornamental grill made of 25mm x 10mm MS flats for fixing in fan light portion and side fixed panels for door cum window as per the approved drawing including cutting the flat to required length, welding, painting with red oxide single coat including cost and conveyance of all materials, labour charges etc., complete for finished otem of work.",{"$nulls":11},"SSR 21-22"]
[null,"Qty.p.61 of M.B.No.299/A/ZP/19",{"$nulls":11},"SSR 21-22"]
[null,"windows grills",1,"x",8,{"v":1.2,"d":"1.200"},{"v":0,"d":"0.000"},{"v":1.2,"d":"1.200"},{"$f":"ROUND(IF(AND(F2864:H2864),C2864*E2864*F2864*G2864*H2864,IF(AND(F2864,G2864),C2864*E2864*F2864*G2864,IF(AND(F2864,H2864),C2864*E2864*F2864*H2864,IF(AND(G2864,H2864),C2864*E2864*G2864*H2864,IF(F2864,C2864*E2864*F2864,IF(G2864,C2864*E2864*G2864,IF(H2864,C2864*E2864*H2864,C2864*E2864))))))),2)","v":11.52},"Sqm",{"$nulls":3},"SSR 21-22"]
[{"$nulls":13},"SSR 21-22"]
[{"$nulls":9},"Sqm",{"$f":"data!G2147","v":2719.44},"SSR 21-22",{"$f":"ROUND(I2866*K2866,0)","v":{"v":0,"d":"0.00"}},"SSR 21-22"]
[51,"Supplying  & fixing of MS tubes of any design including labour charges for fabricating steel including cost of welding rods, power charges & fixing the grill in position etc complete",{"$nulls":11},"SSR 21-22"]
[null,"Qty.P.No. 99 of M.B.No.299/A/ZP/19",{"$nulls":11},"SSR 21-22"]
[null,"Staircase ventilators",1,"x",1,{"v":58.6,"d":"58.60"},{"v":0,"d":"0.000"},{"v":0,"d":"0.000"},{"$f":"ROUND(IF(AND(F2869:H2869),C2869*E2869*F2869*G2869*H2869,IF(AND(F2869,G2869),C2869*E2869*F2869*G2869,IF(AND(F2869,H2869),C2869*E2869*F2869*H2869,IF(AND(G2869,H2869),C2869*E2869*G2869*H2869,IF(F2869,C2869*E2869*F2869,IF(G2869,C2869*E2869*G2869,IF(H2869,C2869*E2869*H2869,C2869*E2869))))))),2)","v":{"v":58.6,"d":"58.60"}},"Kgs",{"$nulls":3},"SSR 21-22"]
[{"$nulls":13},"SSR 21-22"]
[{"$nulls":9},"Kgs",{"$f":"data!G2154","v":114.65},"SSR 21-22",{"$f":"ROUND(I2871*K2871,0)","v":{"v":0,"d":"0.00"}},"SSR 21-22"]
[8,"Supplying and fixing of stainless steel (grade 304) hand railing as per approved drawing with top rail of 50mm dia pipe and 2mm thick medium class and vertical posts of  25mm dia and 1.6mm thick medium class  1 No for each step fixed with base plate of  75mm dia using bonding agent and anchor fastner and welding,  drilling of 25mm dia holes with pneumatic compressor for fixing railing, buffing, polishing all members of the railing  thouroughly  , lacquer finishing to present seamless finish including cost and conveyance of all materials, electrodes, welding charges, cost of all consumables, labour charges , overheads & contractors profit etc., complete for finished item of work.",{"$nulls":11},"SSR 21-22"]
[null,"Qty.p.11 of M.B.No.299/A/ZP/19",{"$nulls":11},"SSR 21-22"]
[null,null,1,"x",1,19.53,{"v":0,"d":"0.000"},{"v":0.8,"d":"0.800"},{"$f":"ROUND(IF(AND(F2874:H2874),C2874*E2874*F2874*G2874*H2874,IF(AND(F2874,G2874),C2874*E2874*F2874*G2874,IF(AND(F2874,H2874),C2874*E2874*F2874*H2874,IF(AND(G2874,H2874),C2874*E2874*G2874*H2874,IF(F2874,C2874*E2874*F2874,IF(G2874,C2874*E2874*G2874,IF(H2874,C2874*E2874*H2874,C2874*E2874))))))),2)","v":15.62},"Sqm",{"$nulls":3},"SSR 21-22"]
[{"$nulls":13},"SSR 21-22"]
[{"$nulls":9},"Sqm",{"$f":"data!G2168","v":3034.69},"SSR 21-22",{"$f":"ROUND(I2876*K2876,0)","v":{"v":0,"d":"0.00"}},"SSR 21-22"]
[4,"Supplying and fixing of stainless steel (grade 304) railing for ramp as per approved drawing with top rail of 50mm dia pipe and 2mm thick medium class fixed in to wall with 25mm dia pipe of 0.30m length @ 1m centre to centre and welding, buffing, polishing all members of the railing  thouroughly  , lacquer finishing to present seamless finish including cost and conveyance of all materials, electrodes, welding charges, cost of all consumables, labour charges , overheads & contractors profit etc., complete for finished item of work.",{"$nulls":11},"SSR 21-22"]
[null,"Qty.p.22  of M.B.No.299/A/ZP/19",{"$nulls":11},"SSR 21-22"]
[null,"Verandah",1,"x",1,{"v":3.3,"d":"3.30"},{"v":0,"d":"0.000"},{"v":0.87,"d":"0.870"},{"$f":"ROUND(IF(AND(F2879:H2879),C2879*E2879*F2879*G2879*H2879,IF(AND(F2879,G2879),C2879*E2879*F2879*G2879,IF(AND(F2879,H2879),C2879*E2879*F2879*H2879,IF(AND(G2879,H2879),C2879*E2879*G2879*H2879,IF(F2879,C2879*E2879*F2879,IF(G2879,C2879*E2879*G2879,IF(H2879,C2879*E2879*H2879,C2879*E2879))))))),2)","v":2.87},"Sqm",{"$nulls":3},"SSR 21-22"]
[null,null,1,"x",1,{"v":1,"d":"1.00"},{"v":0,"d":"0.000"},{"v":0.87,"d":"0.870"},{"$f":"ROUND(IF(AND(F2880:H2880),C2880*E2880*F2880*G2880*H2880,IF(AND(F2880,G2880),C2880*E2880*F2880*G2880,IF(AND(F2880,H2880),C2880*E2880*F2880*H2880,IF(AND(G2880,H2880),C2880*E2880*G2880*H2880,IF(F2880,C2880*E2880*F2880,IF(G2880,C2880*E2880*G2880,IF(H2880,C2880*E2880*H2880,C2880*E2880))))))),2)","v":0.87},"Sqm",{"$nulls":3},"SSR 21-22"]
[null,"Ramp",1,"x",1,1.45,{"v":0,"d":"0.000"},{"v":0.87,"d":"0.870"},{"$f":"ROUND(IF(AND(F2881:H2881),C2881*E2881*F2881*G2881*H2881,IF(AND(F2881,G2881),C2881*E2881*F2881*G2881,IF(AND(F2881,H2881),C2881*E2881*F2881*H2881,IF(AND(G2881,H2881),C2881*E2881*G2881*H2881,IF(F2881,C2881*E2881*F2881,IF(G2881,C2881*E2881*G2881,IF(H2881,C2881*E2881*H2881,C2881*E2881))))))),2)","v":1.26},"Sqm",{"$nulls":3},"SSR 21-22"]
[null,null,1,"x",1,2.57,{"v":0,"d":"0.000"},{"v":0.87,"d":"0.870"},{"$f":"ROUND(IF(AND(F2882:H2882),C2882*E2882*F2882*G2882*H2882,IF(AND(F2882,G2882),C2882*E2882*F2882*G2882,IF(AND(F2882,H2882),C2882*E2882*F2882*H2882,IF(AND(G2882,H2882),C2882*E2882*G2882*H2882,IF(F2882,C2882*E2882*F2882,IF(G2882,C2882*E2882*G2882,IF(H2882,C2882*E2882*H2882,C2882*E2882))))))),2)","v":2.24},"Sqm",{"$nulls":3},"SSR 21-22"]
[{"$nulls":13},"SSR 21-22"]
[{"$nulls":9},"Sqm",{"$f":"data!G2179","v":1357.37},"SSR 21-22",{"$f":"ROUND(I2884*K2884,0)","v":{"v":0,"d":"0.00"}},"SSR 21-22"]
[4,"Supplying  & fixing of Stainless Steel Tubes using stainless steel welding rods including buffing, polishing, lacquer finishing, to present seamless finish",{"$nulls":11},"SSR 21-22"]
[null,"Qty.p.22  of M.B.No.299/A/ZP/19",{"$nulls":11},"SSR 21-22"]
[null,null,1,"x",1,{"v":0.5,"d":"0.50"},{"v":0,"d":"0.000"},{"v":0,"d":"0.000"},{"$f":"ROUND(IF(AND(F2887:H2887),C2887*E2887*F2887*G2887*H2887,IF(AND(F2887,G2887),C2887*E2887*F2887*G2887,IF(AND(F2887,H2887),C2887*E2887*F2887*H2887,IF(AND(G2887,H2887),C2887*E2887*G2887*H2887,IF(F2887,C2887*E2887*F2887,IF(G2887,C2887*E2887*G2887,IF(H2887,C2887*E2887*H2887,C2887*E2887))))))),2)","v":{"v":0.5,"d":"0.50"}},"Kg",{"$nulls":3},"SSR 21-22"]
[{"$nulls":13},"SSR 21-22"]
[{"$nulls":9},"Kg",{"$f":"data!G2183","v":{"v":508,"d":"508.00"}},"SSR 21-22",{"$f":"ROUND(I2889*K2889,0)","v":{"v":0,"d":"0.00"}},"SSR 21-22"]
[7,"Full Rounding the edges of  Granite stone slabs of all thicknesses including polishing the same.",{"$nulls":11},"SSR 21-22"]
[null,"Qty.p.     of M.B.No.",{"$nulls":11},"SSR 21-22"]
[null,"Staircase 1st flight",1,"x",11,1.25,{"v":0,"d":"0.000"},{"v":0,"d":"0.000"},{"$f":"ROUND(IF(AND(F2892:H2892),C2892*E2892*F2892*G2892*H2892,IF(AND(F2892,G2892),C2892*E2892*F2892*G2892,IF(AND(F2892,H2892),C2892*E2892*F2892*H2892,IF(AND(G2892,H2892),C2892*E2892*G2892*H2892,IF(F2892,C2892*E2892*F2892,IF(G2892,C2892*E2892*G2892,IF(H2892,C2892*E2892*H2892,C2892*E2892))))))),2)","v":13.75},"Rm",{"$nulls":3},"SSR 21-22"]
[null,"Staircase 2nd flight",1,"x",11,1.25,{"v":0,"d":"0.000"},{"v":0,"d":"0.000"},{"$f":"ROUND(IF(AND(F2893:H2893),C2893*E2893*F2893*G2893*H2893,IF(AND(F2893,G2893),C2893*E2893*F2893*G2893,IF(AND(F2893,H2893),C2893*E2893*F2893*H2893,IF(AND(G2893,H2893),C2893*E2893*G2893*H2893,IF(F2893,C2893*E2893*F2893,IF(G2893,C2893*E2893*G2893,IF(H2893,C2893*E2893*H2893,C2893*E2893))))))),2)","v":13.75},"Rm",{"$nulls":3},"SSR 21-22"]
[null,"First floor",{"$nulls":11},"SSR 21-22"]
[null,"Staircase 1st flight",1,"x",7,1.25,{"v":0,"d":"0.000"},{"v":0,"d":"0.000"},{"$f":"ROUND(IF(AND(F2895:H2895),C2895*E2895*F2895*G2895*H2895,IF(AND(F2895,G2895),C2895*E2895*F2895*G2895,IF(AND(F2895,H2895),C2895*E2895*F2895*H2895,IF(AND(G2895,H2895),C2895*E2895*G2895*H2895,IF(F2895,C2895*E2895*F2895,IF(G2895,C2895*E2895*G2895,IF(H2895,C2895*E2895*H2895,C2895*E2895))))))),2)","v":8.75},"Rm",{"$nulls":3},"SSR 21-22"]
[{"$nulls":13},"SSR 21-22"]
[{"$nulls":9},"Rm",{"$f":"data!G2458","v":{"v":438,"d":"438.00"}},"SSR 21-22",{"$f":"ROUND(I2897*K2897,0)","v":{"v":0,"d":"0.00"}},"SSR 21-22"]
[null,"As per SSR 2022-23",{"$nulls":11},"SSR 22-23"]
[29,"Supplying and fixing of  Door of size 1.20X2.10M with two panels of frames made with teak wood and Shutter made with medium Teak wood including  MS Z hold fasts , Alluminium tower bolts, handle and butt hinges with all furniture fittings including c/c of all materials and furniture fittings etc complete as per specification  (APSS No 1001 & 1002) Door Frame with Shutters",{"$nulls":11},"SSR 22-23"]
[null,"Qty.p.9 of M.B.No.1581/B/ZP/22","Frame and shutter",{"$nulls":10},"SSR 22-23"]
[null,"Ground floor",1,"x",1,{"v":0,"d":"0.000"},{"v":0,"d":"0.000"},{"v":0,"d":"0.000"},{"$f":"ROUND(IF(AND(F2901:H2901),C2901*E2901*F2901*G2901*H2901,IF(AND(F2901,G2901),C2901*E2901*F2901*G2901,IF(AND(F2901,H2901),C2901*E2901*F2901*H2901,IF(AND(G2901,H2901),C2901*E2901*G2901*H2901,IF(F2901,C2901*E2901*F2901,IF(G2901,C2901*E2901*G2901,IF(H2901,C2901*E2901*H2901,C2901*E2901))))))),2)","v":1},"No",{"$nulls":3},"SSR 22-23"]
[{"$nulls":13},"SSR 22-23"]
[{"$nulls":9},"No",{"$f":"'D&W data'!H730","v":{"v":22903.660000000003,"d":"22903.66"}},"SSR 22-23",{"$f":"ROUND(I2903*K2903,0)","v":{"v":0,"d":"0.00"}},"SSR 22-23"]
[3,"Supplying and fixing of  Door of size 1.20X2.10M with single panels of frames made with Sal wood and Shutter made with flush door shutters including  MS Z hold fasts , Alluminium tower bolts, handle and butt hinges with all furniture fittings including c/c of all materials and furniture fittings etc complete as per specification  (APSS No 1001 & 1002) Door Frame with Shutters",{"$nulls":11},"SSR 22-23"]
[null,"Qty.p.37 of M.B.No.790/A/ZP/19",null,"10.07.2023",{"$nulls":9},"SSR 22-23"]
[null,"First floor",1,"x",2,{"v":0,"d":"0.000"},{"v":0,"d":"0.000"},{"v":0,"d":"0.000"},{"$f":"ROUND(IF(AND(F2906:H2906),C2906*E2906*F2906*G2906*H2906,IF(AND(F2906,G2906),C2906*E2906*F2906*G2906,IF(AND(F2906,H2906),C2906*E2906*F2906*H2906,IF(AND(G2906,H2906),C2906*E2906*G2906*H2906,IF(F2906,C2906*E2906*F2906,IF(G2906,C2906*E2906*G2906,IF(H2906,C2906*E2906*H2906,C2906*E2906))))))),2)","v":2},"No",{"$nulls":3},"SSR 22-23"]
[{"$nulls":13},"SSR 22-23"]
[{"$nulls":9},"No",{"$f":"'D&W data'!H748","v":11464.42},"SSR 22-23",{"$f":"ROUND(I2908*K2908,0)","v":{"v":0,"d":"0.00"}},"SSR 22-23"]
[3,"Supplying and fixing of  Door of size 1.20X2.10M with single panels of frames made with sal wood and Shutter made with flush door shutters including  MS Z hold fasts , Alluminium tower bolts, handle and butt hinges with all furniture fittings including c/c of all materials and furniture fittings etc complete as per specification  (APSS No 1001 & 1002) Door Frame with Shutters",{"$nulls":11},"SSR 22-23"]
[null,"Qty.p.55 of M.B.No.299/A/ZP/19",{"$nulls":11},"SSR 22-23"]
[null,null,1,"x",1,{"v":0,"d":"0.000"},{"v":0,"d":"0.000"},{"v":0,"d":"0.000"},{"$f":"ROUND(IF(AND(F2911:H2911),C2911*E2911*F2911*G2911*H2911,IF(AND(F2911,G2911),C2911*E2911*F2911*G2911,IF(AND(F2911,H2911),C2911*E2911*F2911*H2911,IF(AND(G2911,H2911),C2911*E2911*G2911*H2911,IF(F2911,C2911*E2911*F2911,IF(G2911,C2911*E2911*G2911,IF(H2911,C2911*E2911*H2911,C2911*E2911))))))),2)","v":1},"No",{"$nulls":3},"SSR 22-23"]
[{"$nulls":13},"SSR 22-23"]
[{"$nulls":9},"No",{"$f":"'D&W data'!H766","v":11442.58},"SSR 22-23",{"$f":"ROUND(I2913*K2913,0)","v":{"v":0,"d":"0.00"}},"SSR 22-23"]
[2,"Supplying and fixing of  Door of size 0.90X2.10M with single panels of frames made with teak wood and Shutter made with medium Teak wood including  MS Z hold fasts , Alluminium tower bolts, handle and butt hinges with all furniture fittings including c/c of all materials and furniture fittings etc complete as per specification  (APSS No 1001 & 1002) Door Frame with Shutters",{"$nulls":11},"SSR 22-23"]
[null,"Qty.p.61 of M.B.No.299/A/ZP/19",{"$nulls":11},"SSR 22-23"]
[null,"Ground floor",1,"x",1,{"v":0,"d":"0.000"},{"v":0,"d":"0.000"},{"v":0,"d":"0.000"},{"$f":"ROUND(IF(AND(F2916:H2916),C2916*E2916*F2916*G2916*H2916,IF(AND(F2916,G2916),C2916*E2916*F2916*G2916,IF(AND(F2916,H2916),C2916*E2916*F2916*H2916,IF(AND(G2916,H2916),C2916*E2916*G2916*H2916,IF(F2916,C2916*E2916*F2916,IF(G2916,C2916*E2916*G2916,IF(H2916,C2916*E2916*H2916,C2916*E2916))))))),2)","v":{"v":1,"d":"1.00"}},"No",{"$nulls":3},"SSR 22-23"]
[{"$nulls":13},"SSR 22-23"]
[{"$nulls":9},"No",{"$f":"'D&W data'!H785","v":15875.19},"SSR 22-23",{"$f":"ROUND(I2918*K2918,0)","v":{"v":0,"d":"0.00"}},"SSR 22-23"]
[3,"Supplying and fixing of  Door of size 0.80X2.10M with single panels of frames made with teak wood and Shutter made with medium Teak wood including  MS Z hold fasts , Alluminium tower bolts, handle and butt hinges with all furniture fittings including c/c of all materials and furniture fittings etc complete as per specification  (APSS No 1001 & 1002) Door Frame with Shutters",{"$nulls":11},"SSR 22-23"]
[null,"Qty.p.62 of M.B.No.299/A/ZP/19",{"$nulls":11},"SSR 22-23"]
[null,"Ground floor",1,"x",1,{"v":0,"d":"0.000"},{"v":0,"d":"0.000"},{"v":0,"d":"0.000"},{"$f":"ROUND(IF(AND(F2921:H2921),C2921*E2921*F2921*G2921*H2921,IF(AND(F2921,G2921),C2921*E2921*F2921*G2921,IF(AND(F2921,H2921),C2921*E2921*F2921*H2921,IF(AND(G2921,H2921),C2921*E2921*G2921*H2921,IF(F2921,C2921*E2921*F2921,IF(G2921,C2921*E2921*G2921,IF(H2921,C2921*E2921*H2921,C2921*E2921))))))),2)","v":{"v":1,"d":"1.00"}},"No",{"$nulls":3},"SSR 22-23"]
[{"$nulls":13},"SSR 22-23"]
[{"$nulls":9},"No",{"$f":"'D&W data'!H804","v":{"v":15037.220000000001,"d":"15037.22"}},"SSR 22-23",{"$f":"ROUND(I2923*K2923,0)","v":{"v":0,"d":"0.00"}},"SSR 22-23"]
[3,"Supplying and fixing of  Door of size 0.90X2.10M with single panels of frames made with teak wood and Shutter made with Flush door shutters including  MS Z hold fasts , Alluminium tower bolts, handle and butt hinges with all furniture fittings including c/c of all materials and furniture fittings etc complete as per specification  (APSS No 1001 & 1002) Door Frame with Shutters",{"$nulls":11},"SSR 22-23"]
[null,"Qty.p.      of M.B.No.",{"$nulls":11},"SSR 22-23"]
[null,"GF & FF",1,"x",5,{"v":0,"d":"0.000"},{"v":0,"d":"0.000"},{"v":0,"d":"0.000"},{"$f":"ROUND(IF(AND(F2926:H2926),C2926*E2926*F2926*G2926*H2926,IF(AND(F2926,G2926),C2926*E2926*F2926*G2926,IF(AND(F2926,H2926),C2926*E2926*F2926*H2926,IF(AND(G2926,H2926),C2926*E2926*G2926*H2926,IF(F2926,C2926*E2926*F2926,IF(G2926,C2926*E2926*G2926,IF(H2926,C2926*E2926*H2926,C2926*E2926))))))),2)","v":{"v":5,"d":"5.00"}},"No",{"$nulls":3},"SSR 22-23"]
[{"$nulls":13},"SSR 22-23"]
[{"$nulls":9},"No",{"$f":"'D&W data'!H899","v":10330.61},"SSR 22-23",{"$f":"ROUND(I2928*K2928,0)","v":{"v":0,"d":"0.00"}},"SSR 22-23"]
[3,"Supplying and fixing of  Door of size 0.80X2.10M with single panels of frames made with sal wood and Shutter made with sal wood including  MS Z hold fasts , Alluminium tower bolts, handle and butt hinges with all furniture fittings including c/c of all materials and furniture fittings etc complete as per specification  (APSS No 1001 & 1002) Door Frame with Shutters",{"$nulls":11},"SSR 22-23"]
[null,"Qty.p.72   of M.B.No.299/A/ZP/19",{"$nulls":11},"SSR 22-23"]
[null,"Ground floor",1,"x",1,{"v":0,"d":"0.000"},{"v":0,"d":"0.000"},{"v":0,"d":"0.000"},{"$f":"ROUND(IF(AND(F2931:H2931),C2931*E2931*F2931*G2931*H2931,IF(AND(F2931,G2931),C2931*E2931*F2931*G2931,IF(AND(F2931,H2931),C2931*E2931*F2931*H2931,IF(AND(G2931,H2931),C2931*E2931*G2931*H2931,IF(F2931,C2931*E2931*F2931,IF(G2931,C2931*E2931*G2931,IF(H2931,C2931*E2931*H2931,C2931*E2931))))))),2)","v":{"v":1,"d":"1.00"}},"No",{"$nulls":3},"SSR 22-23"]
[{"$nulls":13},"SSR 22-23"]
[{"$nulls":9},"No",{"$f":"'D&W data'!H842","v":7015.49},"SSR 22-23",{"$f":"ROUND(I2933*K2933,0)","v":{"v":0,"d":"0.00"}},"SSR 22-23"]
[40,"Supplying and fixing of  Door of size 1.05X2.10M with single panels of frames made with teak wood and Shutter made with medium Teak wood including  MS Z hold fasts , Alluminium tower bolts, handle and butt hinges with all furniture fittings including c/c of all materials and furniture fittings etc complete as per specification  (APSS No 1001 & 1002) Door Frame with Shutters",{"$nulls":11},"SSR 22-23"]
[null,"Qty.p.60 of M.B.No.299/A/ZP/19",{"$nulls":11},"SSR 22-23"]
[null,"Ground floor",2,"x",1,{"v":0,"d":"0.000"},{"v":0,"d":"0.000"},{"v":0,"d":"0.000"},{"$f":"ROUND(IF(AND(F2936:H2936),C2936*E2936*F2936*G2936*H2936,IF(AND(F2936,G2936),C2936*E2936*F2936*G2936,IF(AND(F2936,H2936),C2936*E2936*F2936*H2936,IF(AND(G2936,H2936),C2936*E2936*G2936*H2936,IF(F2936,C2936*E2936*F2936,IF(G2936,C2936*E2936*G2936,IF(H2936,C2936*E2936*H2936,C2936*E2936))))))),2)","v":2},"No",{"$nulls":3},"SSR 22-23"]
[null,"Qty.p.66 of M.B.No.299/A/ZP/19",{"$nulls":11},"SSR 22-23"]
[null,"First floor",3,"x",1,{"v":0,"d":"0.000"},{"v":0,"d":"0.000"},{"v":0,"d":"0.000"},{"$f":"ROUND(IF(AND(F2938:H2938),C2938*E2938*F2938*G2938*H2938,IF(AND(F2938,G2938),C2938*E2938*F2938*G2938,IF(AND(F2938,H2938),C2938*E2938*F2938*H2938,IF(AND(G2938,H2938),C2938*E2938*G2938*H2938,IF(F2938,C2938*E2938*F2938,IF(G2938,C2938*E2938*G2938,IF(H2938,C2938*E2938*H2938,C2938*E2938))))))),2)","v":3},"No",{"$nulls":3},"SSR 22-23"]
[{"$nulls":13},"SSR 22-23"]
[{"$nulls":9},"No",{"$f":"'D&W data'!H861","v":17517.36},"SSR 22-23",{"$f":"ROUND(I2940*K2940,0)","v":{"v":0,"d":"0.00"}},"SSR 22-23"]
[4,"Supplying and fixing of  Door of size 1.05X2.10M with single panels of frames made with teak wood and Shutter made with Flush door shutters including  MS Z hold fasts , Alluminium tower bolts, handle and butt hinges with all furniture fittings including c/c of all materials and furniture fittings etc complete as per specification  (APSS No 1001 & 1002) Door Frame with Shutters",{"$nulls":11},"SSR 22-23"]
[null,"Qty.p.54 of M.B.No.299/A/ZP/19",{"$nulls":11},"SSR 22-23"]
[null,"Ground floor",1,"x",2,{"v":0,"d":"0.000"},{"v":0,"d":"0.000"},{"v":0,"d":"0.000"},{"$f":"ROUND(IF(AND(F2943:H2943),C2943*E2943*F2943*G2943*H2943,IF(AND(F2943,G2943),C2943*E2943*F2943*G2943,IF(AND(F2943,H2943),C2943*E2943*F2943*H2943,IF(AND(G2943,H2943),C2943*E2943*G2943*H2943,IF(F2943,C2943*E2943*F2943,IF(G2943,C2943*E2943*G2943,IF(H2943,C2943*E2943*H2943,C2943*E2943))))))),2)","v":2},"No",{"$nulls":3},"SSR 22-23"]
[null,"Qty.p.54 of M.B.No.299/A/ZP/19",{"$nulls":11},"SSR 22-23"]
[null,"First floor",1,"x",3,{"v":0,"d":"0.000"},{"v":0,"d":"0.000"},{"v":0,"d":"0.000"},{"$f":"ROUND(IF(AND(F2945:H2945),C2945*E2945*F2945*G2945*H2945,IF(AND(F2945,G2945),C2945*E2945*F2945*G2945,IF(AND(F2945,H2945),C2945*E2945*F2945*H2945,IF(AND(G2945,H2945),C2945*E2945*G2945*H2945,IF(F2945,C2945*E2945*F2945,IF(G2945,C2945*E2945*G2945,IF(H2945,C2945*E2945*H2945,C2945*E2945))))))),2)","v":3},"No",{"$nulls":3},"SSR 22-23"]
[{"$nulls":13},"SSR 22-23"]
[{"$nulls":9},"No",{"$f":"'D&W data'!H880","v":{"v":11186.3,"d":"11186.30"}},"SSR 22-23",{"$f":"ROUND(I2947*K2947,0)","v":{"v":0,"d":"0.00"}},"SSR 22-23"]
[5,"Supply and fixing of  Wood Polymer Composite(WPC)  Door Frame section of 63.5x100 MM .The two Vertical members are to be joined together with the horizontal member using 8x75 MM long MS Star full thread screws to be used with reverse forward speed control hand drilling machine. The ready/assembled door frame is fixed to the wall using hold fast or bolt fasteners. A minimum of 4 No.s of screws to be provided for each vertical member & minimum 2no.s for horizontal member, and fixing 28 -30 MM thick solid Wood Polymer Composite (WPC)  double extruded door shutter with 3MM top and bottom rigid layer with an overall density of 750kg/Cum. It will be fixed to the frame using 3 inch /4 inch hinges. A minimum of 4 hinges will be required for fixing the door with the frame 1200 x 2130mm",{"$nulls":11},"SSR 22-23"]
[null,"Qty.p.58 of M.B.No.790/A/ZP/19",{"$nulls":11},"SSR 22-23"]
[null,"GF doors",1,"x",2,{"v":1.05,"d":"1.050"},{"v":0,"d":"0.000"},{"v":2.1,"d":"2.100"},{"$f":"ROUND(IF(AND(F2950:H2950),C2950*E2950*F2950*G2950*H2950,IF(AND(F2950,G2950),C2950*E2950*F2950*G2950,IF(AND(F2950,H2950),C2950*E2950*F2950*H2950,IF(AND(G2950,H2950),C2950*E2950*G2950*H2950,IF(F2950,C2950*E2950*F2950,IF(G2950,C2950*E2950*G2950,IF(H2950,C2950*E2950*H2950,C2950*E2950))))))),2)","v":4.41},"Sqm",{"$nulls":3},"SSR 22-23",2]
[null,"FF doors",1,"x",3,{"v":1.05,"d":"1.050"},{"v":0,"d":"0.000"},{"v":2.1,"d":"2.100"},{"$f":"ROUND(IF(AND(F2951:H2951),C2951*E2951*F2951*G2951*H2951,IF(AND(F2951,G2951),C2951*E2951*F2951*G2951,IF(AND(F2951,H2951),C2951*E2951*F2951*H2951,IF(AND(G2951,H2951),C2951*E2951*G2951*H2951,IF(F2951,C2951*E2951*F2951,IF(G2951,C2951*E2951*G2951,IF(H2951,C2951*E2951*H2951,C2951*E2951))))))),2)","v":6.62},"Sqm",{"$nulls":3},"SSR 22-23",2]
[null,"Tiolet doors",1,"x",4,{"v":0.75,"d":"0.750"},{"v":0,"d":"0.000"},{"v":1.9,"d":"1.900"},{"$f":"ROUND(IF(AND(F2952:H2952),C2952*E2952*F2952*G2952*H2952,IF(AND(F2952,G2952),C2952*E2952*F2952*G2952,IF(AND(F2952,H2952),C2952*E2952*F2952*H2952,IF(AND(G2952,H2952),C2952*E2952*G2952*H2952,IF(F2952,C2952*E2952*F2952,IF(G2952,C2952*E2952*G2952,IF(H2952,C2952*E2952*H2952,C2952*E2952))))))),2)","v":{"v":5.7,"d":"5.70"}},"Sqm",{"$nulls":3},"SSR 22-23",2]
[{"$nulls":13},"SSR 22-23"]
[{"$nulls":9},"Sqm",{"$f":"'D&W data'!H923","v":6958.78},"SSR 22-23",{"$f":"ROUND(I2954*K2954,0)","v":{"v":0,"d":"0.00"}},"SSR 22-23"]
[2,"Supply and fixing of  Wood Polymer Composite(WPC)  Door Frame section of 63.5x100 MM .The two Vertical members are to be joined together with the horizontal member using 8x75 MM long MS Star full thread screws to be used with reverse forward speed control hand drilling machine. The ready/assembled door frame is fixed to the wall using hold fast or bolt fasteners. A minimum of 4 No.s of screws to be provided for each vertical member & minimum 2no.s for horizontal member, and fixing 28 -30 MM thick solid Wood Polymer Composite (WPC)  double extruded door shutter with 3MM top and bottom rigid layer with an overall density of 750kg/Cum. It will be fixed to the frame using 3 inch /4 inch hinges. A minimum of 4 hinges will be required for fixing the door with the frame 1200 x 2130mm",{"$nulls":11},"SSR 22-23"]
[null,"Qty.p. 28 of M.B.No.299/A/ZP/19",{"$nulls":11},"SSR 22-23"]
[null,null,1,"x",2,{"v":1.01,"d":"1.010"},{"v":0,"d":"0.000"},{"v":2.09,"d":"2.090"},{"$f":"ROUND(IF(AND(F2957:H2957),C2957*E2957*F2957*G2957*H2957,IF(AND(F2957,G2957),C2957*E2957*F2957*G2957,IF(AND(F2957,H2957),C2957*E2957*F2957*H2957,IF(AND(G2957,H2957),C2957*E2957*G2957*H2957,IF(F2957,C2957*E2957*F2957,IF(G2957,C2957*E2957*G2957,IF(H2957,C2957*E2957*H2957,C2957*E2957))))))),2)","v":4.22},"Sqm",{"$nulls":3},"SSR 22-23",2]
[null,null,1,"x",2,{"v":1.02,"d":"1.020"},{"v":0,"d":"0.000"},{"v":2.02,"d":"2.020"},{"$f":"ROUND(IF(AND(F2958:H2958),C2958*E2958*F2958*G2958*H2958,IF(AND(F2958,G2958),C2958*E2958*F2958*G2958,IF(AND(F2958,H2958),C2958*E2958*F2958*H2958,IF(AND(G2958,H2958),C2958*E2958*G2958*H2958,IF(F2958,C2958*E2958*F2958,IF(G2958,C2958*E2958*G2958,IF(H2958,C2958*E2958*H2958,C2958*E2958))))))),2)","v":4.12},"Sqm",{"$nulls":3},"SSR 22-23",2]
[null,null,1,"x",1,{"v":1,"d":"1.000"},{"v":0,"d":"0.000"},{"v":2.02,"d":"2.020"},{"$f":"ROUND(IF(AND(F2959:H2959),C2959*E2959*F2959*G2959*H2959,IF(AND(F2959,G2959),C2959*E2959*F2959*G2959,IF(AND(F2959,H2959),C2959*E2959*F2959*H2959,IF(AND(G2959,H2959),C2959*E2959*G2959*H2959,IF(F2959,C2959*E2959*F2959,IF(G2959,C2959*E2959*G2959,IF(H2959,C2959*E2959*H2959,C2959*E2959))))))),2)","v":2.02},"Sqm",{"$nulls":3},"SSR 22-23",2]
[{"$nulls":13},"SSR 22-23"]
[{"$nulls":9},"Sqm",{"$f":"'D&W data'!H935","v":6508.85},"SSR 22-23",{"$f":"ROUND(I2961*K2961,0)","v":{"v":0,"d":"0.00"}},"SSR 22-23"]
[30,"Providing and fixing factory made uPVC white colour sliding glazed windowupto 1.50 m in height dimension comprising of uPVC multi-chamberedframe with in-built roller track and sash extruded profiles duly reinforcedwith 1.60 ± 0.2 mm thick galvanized mild steel section made from rollforming process of required length (shape & size according to uPVCprofile), appropriate dimension of uPVC extruded glazing beads anduPVC extruded interlocks, EPDM gasket, wool pile, zinc alloy (whitepowder coated) touch locks withhook, zinc alloy body with single nylonrollers (weight bearing capacity to be 40 kg), G.I fasteners 100 x 8 mmsize for fixing frame to finished wall and necessary stainless steel screwsetc. Profile of frame & sash shall be mitred cut and fusion welded at allcorners, including drilling of holes for fixing hardware's and drainage ofwater etc. After fixing frame the gap between frame and adjacent finishedwall shall be filled with weather proof silicon sealent over backer rod ofrequired size and of approved quality, all complete as per approved drawing& direction of Engineer-in-Charge inclusive of cost of Single / double glass panes,and silicon sealent Two track two panels sliding window made of (small series) frame 52 x 44 mm &sash 32 x 60 mm both having wall thickness of 1.9 ± 0.2 mm and single glazing bead of appropriate dimension. (Area of window upto 1.75 sqm)",{"$nulls":11},"SSR 22-23"]
[null,"Qty.p.3 of M.B.No.158/B/ZP/22","( Three Tracks)",{"$nulls":10},"SSR 22-23"]
[null,"GF windows",1,"x",10,{"v":1.2,"d":"1.200"},{"v":0,"d":"0.000"},{"v":1.2,"d":"1.200"},{"$f":"ROUND(IF(AND(F2964:H2964),C2964*E2964*F2964*G2964*H2964,IF(AND(F2964,G2964),C2964*E2964*F2964*G2964,IF(AND(F2964,H2964),C2964*E2964*F2964*H2964,IF(AND(G2964,H2964),C2964*E2964*G2964*H2964,IF(F2964,C2964*E2964*F2964,IF(G2964,C2964*E2964*G2964,IF(H2964,C2964*E2964*H2964,C2964*E2964))))))),2)","v":{"v":14.4,"d":"14.40"}},"Sqm",{"$nulls":3},"SSR 22-23"]
[{"$nulls":13},"SSR 22-23"]
[{"$nulls":9},"Sqm",{"$f":"'D&W data'!H940","v":{"v":8622,"d":"8622.00"}},"SSR 22-23",{"$f":"ROUND(I2966*K2966,0)","v":{"v":0,"d":"0.00"}},"SSR 22-23"]
[6,"Qty.p.53 of M.B.No.299/A/ZP/19","two tracks",{"$nulls":10},"SSR 22-23"]
[null,null,1,"x",2,{"v":1.5,"d":"1.500"},{"v":0,"d":"0.000"},{"v":1.35,"d":"1.350"},{"$f":"ROUND(IF(AND(F2968:H2968),C2968*E2968*F2968*G2968*H2968,IF(AND(F2968,G2968),C2968*E2968*F2968*G2968,IF(AND(F2968,H2968),C2968*E2968*F2968*H2968,IF(AND(G2968,H2968),C2968*E2968*G2968*H2968,IF(F2968,C2968*E2968*F2968,IF(G2968,C2968*E2968*G2968,IF(H2968,C2968*E2968*H2968,C2968*E2968))))))),2)","v":4.05},"Sqm",{"$nulls":3},"SSR 22-23"]
[{"$nulls":13},"SSR 22-23"]
[{"$nulls":9},"Sqm",{"$f":"'D&W data'!H938","v":{"v":6460,"d":"6460.00"}},"SSR 22-23",{"$f":"ROUND(I2970*K2970,0)","v":{"v":0,"d":"0.00"}},"SSR 22-23"]
[3,"Qty.p. 48     of M.B.No.790/A/ZP/19",{"$nulls":11},"SSR 22-23"]
[null,"Spandana desk",1,"x",1,{"v":1.5,"d":"1.500"},{"v":0,"d":"0.000"},{"v":1.35,"d":"1.350"},{"$f":"ROUND(IF(AND(F2972:H2972),C2972*E2972*F2972*G2972*H2972,IF(AND(F2972,G2972),C2972*E2972*F2972*G2972,IF(AND(F2972,H2972),C2972*E2972*F2972*H2972,IF(AND(G2972,H2972),C2972*E2972*G2972*H2972,IF(F2972,C2972*E2972*F2972,IF(G2972,C2972*E2972*G2972,IF(H2972,C2972*E2972*H2972,C2972*E2972))))))),2)","v":2.03},"Sqm",{"$nulls":3},"SSR 22-23",1]
[{"$nulls":13},"SSR 22-23"]
[{"$nulls":9},"Sqm",{"$f":"'D&W data'!H942","v":{"v":6238,"d":"6238.00"}},"SSR 22-23",{"$f":"ROUND(I2974*K2974,0)","v":{"v":0,"d":"0.00"}},"SSR 22-23"]
[6,"supply and fixing of Single fixed Louvers Ventilator including cost and labour charges etc., complete",{"$nulls":11},"SSR 22-23"]
[null,"Qty.P.No. 72 of M.B.No.299/A/ZP/19",{"$nulls":11},"SSR 22-23"]
[null,null,1,"x",1,{"v":1.2,"d":"1.200"},{"v":0,"d":"0.000"},{"v":0.3,"d":"0.300"},{"$f":"ROUND(IF(AND(F2977:H2977),C2977*E2977*F2977*G2977*H2977,IF(AND(F2977,G2977),C2977*E2977*F2977*G2977,IF(AND(F2977,H2977),C2977*E2977*F2977*H2977,IF(AND(G2977,H2977),C2977*E2977*G2977*H2977,IF(F2977,C2977*E2977*F2977,IF(G2977,C2977*E2977*G2977,IF(H2977,C2977*E2977*H2977,C2977*E2977))))))),2)","v":0.36},"Sqm",{"$nulls":3},"SSR 22-23"]
[{"$nulls":13},"SSR 22-23"]
[{"$nulls":9},"Sqm",{"$f":"'D&W data'!H945","v":{"v":4062,"d":"4062.00"}},"SSR 22-23",{"$f":"ROUND(I2979*K2979,0)","v":{"v":0,"d":"0.00"}},"SSR 22-23"]
[6,"Supplying and fixing of  ventilator of size 0.60 x 0.45 Mts including fixing of 8mm dia roads and 4mm plain glass including all labour charges etc., complete",{"$nulls":11},"SSR 22-23"]
[null,"Qty.P.No. 72 of M.B.No.299/A/ZP/19",{"$nulls":11},"SSR 22-23"]
[null,null,1,"x",16,{"v":0,"d":"0.000"},{"v":0,"d":"0.000"},{"v":0,"d":"0.000"},{"$f":"ROUND(IF(AND(F2982:H2982),C2982*E2982*F2982*G2982*H2982,IF(AND(F2982,G2982),C2982*E2982*F2982*G2982,IF(AND(F2982,H2982),C2982*E2982*F2982*H2982,IF(AND(G2982,H2982),C2982*E2982*G2982*H2982,IF(F2982,C2982*E2982*F2982,IF(G2982,C2982*E2982*G2982,IF(H2982,C2982*E2982*H2982,C2982*E2982))))))),2)","v":16},"No",{"$nulls":3},"SSR 22-23"]
[{"$nulls":13},"SSR 22-23"]
[{"$nulls":9},"No",{"$f":"'D&W data'!H905","v":576.98},"SSR 22-23",{"$f":"ROUND(I2984*K2984,0)","v":{"v":0,"d":"0.00"}},"SSR 22-23"]
[32,"S&F of Cement Jolleys 50mm thick",{"$nulls":11},"SSR 22-23"]
[null,"Qty.p.84 of M.B.No.790/A/ZP/19",null,"13.02.2023",{"$nulls":9},"SSR 22-23"]
[null,null,1,"x",11,{"v":0.6,"d":"0.600"},{"v":0,"d":"0.000"},{"v":0.3,"d":"0.300"},{"$f":"ROUND(IF(AND(F2987:H2987),C2987*E2987*F2987*G2987*H2987,IF(AND(F2987,G2987),C2987*E2987*F2987*G2987,IF(AND(F2987,H2987),C2987*E2987*F2987*H2987,IF(AND(G2987,H2987),C2987*E2987*G2987*H2987,IF(F2987,C2987*E2987*F2987,IF(G2987,C2987*E2987*G2987,IF(H2987,C2987*E2987*H2987,C2987*E2987))))))),2)","v":1.98},"Sqm",{"$nulls":3},"SSR 22-23"]
[null,null,1,"x",2,{"v":0.3,"d":"0.300"},{"v":0,"d":"0.000"},{"v":0.3,"d":"0.300"},{"$f":"ROUND(IF(AND(F2988:H2988),C2988*E2988*F2988*G2988*H2988,IF(AND(F2988,G2988),C2988*E2988*F2988*G2988,IF(AND(F2988,H2988),C2988*E2988*F2988*H2988,IF(AND(G2988,H2988),C2988*E2988*G2988*H2988,IF(F2988,C2988*E2988*F2988,IF(G2988,C2988*E2988*G2988,IF(H2988,C2988*E2988*H2988,C2988*E2988))))))),2)","v":0.18},"Sqm",{"$nulls":3},"SSR 22-23"]
[{"$nulls":13},"SSR 22-23"]
[{"$nulls":9},"Sqm",{"$f":"'D&W data'!H911","v":{"v":604.0799999999999,"d":"604.08"}},"SSR 22-23",{"$f":"ROUND(I2990*K2990,0)","v":{"v":0,"d":"0.00"}},"SSR 22-23"]
[24,"Supplying  & fixing of Iron Doors and Windows Grills including labour charges for fabricating steel including cost of welding rods, power charges & fixing the grill in position etc complete",{"$nulls":11},"SSR 22-23"]
[null,"Qty.p.74 of M.B.No.790/A/ZP/19",null,"27.09.2023",{"$nulls":9},"SSR 22-23"]
[null,null,1,"x",3,{"v":32.14,"d":"32.140"},{"v":0,"d":"0.000"},{"v":0,"d":"0.000"},{"$f":"ROUND(IF(AND(F2993:H2993),C2993*E2993*F2993*G2993*H2993,IF(AND(F2993,G2993),C2993*E2993*F2993*G2993,IF(AND(F2993,H2993),C2993*E2993*F2993*H2993,IF(AND(G2993,H2993),C2993*E2993*G2993*H2993,IF(F2993,C2993*E2993*F2993,IF(G2993,C2993*E2993*G2993,IF(H2993,C2993*E2993*H2993,C2993*E2993))))))),2)","v":96.42},"Kgs",{"$nulls":3},"SSR 22-23"]
[{"$nulls":13},"SSR 22-23"]
[{"$nulls":7},"Ltd to",null,"Kgs",{"$f":"data!G3056","v":110.99},"SSR 22-23",{"$f":"ROUND(I2995*K2995,0)","v":{"v":0,"d":"0.00"}},"SSR 22-23"]
[7,"Supply and fixing of ornamental grill made of 25mm x 10mm MS flats for fixing in fan light portion and side fixed panels for door cum window as per the approved drawing including cutting the flat to required length, welding, painting with red oxide single coat including cost and conveyance of all materials, labour charges etc., complete for finished otem of work.",{"$nulls":11},"SSR 22-23"]
[null,"Qty.p.5 of M.B.No.299/A/ZP/19",{"$nulls":11},"SSR 22-23"]
[null,"windows grills",1,"x",11,{"v":1.5,"d":"1.500"},{"v":0,"d":"0.000"},{"v":1.35,"d":"1.350"},{"$f":"ROUND(IF(AND(F2998:H2998),C2998*E2998*F2998*G2998*H2998,IF(AND(F2998,G2998),C2998*E2998*F2998*G2998,IF(AND(F2998,H2998),C2998*E2998*F2998*H2998,IF(AND(G2998,H2998),C2998*E2998*G2998*H2998,IF(F2998,C2998*E2998*F2998,IF(G2998,C2998*E2998*G2998,IF(H2998,C2998*E2998*H2998,C2998*E2998))))))),2)","v":22.28},"Sqm",{"$nulls":3},"SSR 22-23"]
[null,null,1,"x",1,{"v":1.59,"d":"1.590"},{"v":0,"d":"0.000"},{"v":1.35,"d":"1.350"},{"$f":"ROUND(IF(AND(F2999:H2999),C2999*E2999*F2999*G2999*H2999,IF(AND(F2999,G2999),C2999*E2999*F2999*G2999,IF(AND(F2999,H2999),C2999*E2999*F2999*H2999,IF(AND(G2999,H2999),C2999*E2999*G2999*H2999,IF(F2999,C2999*E2999*F2999,IF(G2999,C2999*E2999*G2999,IF(H2999,C2999*E2999*H2999,C2999*E2999))))))),2)","v":2.15},"Sqm",{"$nulls":3},"SSR 22-23"]
[null,null,1,"x",2,{"v":1.5,"d":"1.500"},{"v":0,"d":"0.000"},{"v":1.35,"d":"1.350"},{"$f":"ROUND(IF(AND(F3000:H3000),C3000*E3000*F3000*G3000*H3000,IF(AND(F3000,G3000),C3000*E3000*F3000*G3000,IF(AND(F3000,H3000),C3000*E3000*F3000*H3000,IF(AND(G3000,H3000),C3000*E3000*G3000*H3000,IF(F3000,C3000*E3000*F3000,IF(G3000,C3000*E3000*G3000,IF(H3000,C3000*E3000*H3000,C3000*E3000))))))),2)","v":4.05},"Sqm",{"$nulls":3},"SSR 22-23"]
[{"$nulls":13},"SSR 22-23"]
[{"$nulls":9},"Sqm",{"$f":"data!G3064","v":3138.49},"SSR 22-23",{"$f":"ROUND(I3002*K3002,0)","v":{"v":0,"d":"0.00"}},"SSR 22-23"]
[51,"Supplying  & fixing of MS tubes of any design including labour charges for fabricating steel including cost of welding rods, power charges & fixing the grill in position etc complete",{"$nulls":11},"SSR 22-23"]
[null,"Qty.P.No. 99 of M.B.No.299/A/ZP/19",{"$nulls":11},"SSR 22-23"]
[null,"Staircase ventilators",1,"x",1,{"v":58.6,"d":"58.60"},{"v":0,"d":"0.000"},{"v":0,"d":"0.000"},{"$f":"ROUND(IF(AND(F3005:H3005),C3005*E3005*F3005*G3005*H3005,IF(AND(F3005,G3005),C3005*E3005*F3005*G3005,IF(AND(F3005,H3005),C3005*E3005*F3005*H3005,IF(AND(G3005,H3005),C3005*E3005*G3005*H3005,IF(F3005,C3005*E3005*F3005,IF(G3005,C3005*E3005*G3005,IF(H3005,C3005*E3005*H3005,C3005*E3005))))))),2)","v":{"v":58.6,"d":"58.60"}},"Kgs",{"$nulls":3},"SSR 22-23"]
[{"$nulls":13},"SSR 22-23"]
[{"$nulls":9},"Kgs",{"$f":"data!G3071","v":{"v":126.9,"d":"126.90"}},"SSR 22-23",{"$f":"ROUND(I3007*K3007,0)","v":{"v":0,"d":"0.00"}},"SSR 22-23"]
[6,"Supplying and fixing of stainless steel (grade 304) hand railing as per approved drawing with top rail of 50mm dia pipe and 2mm thick medium class and vertical posts of  25mm dia and 1.6mm thick medium class  1 No for each step fixed with base plate of  75mm dia using bonding agent and anchor fastner and welding,  drilling of 25mm dia holes with pneumatic compressor for fixing railing, buffing, polishing all members of the railing  thouroughly  , lacquer finishing to present seamless finish including cost and conveyance of all materials, electrodes, welding charges, cost of all consumables, labour charges , overheads & contractors profit etc., complete for finished item of work.",{"$nulls":11},"SSR 22-23"]
[null,"Qty.p. 53  of M.B.No.790/A/ZP/19",null,"12.12.2023",{"$nulls":9},"SSR 22-23"]
[null,null,1,"x",1,{"v":3.8,"d":"3.80"},{"v":0,"d":"0.000"},{"v":0.9,"d":"0.900"},{"$f":"ROUND(IF(AND(F3010:H3010),C3010*E3010*F3010*G3010*H3010,IF(AND(F3010,G3010),C3010*E3010*F3010*G3010,IF(AND(F3010,H3010),C3010*E3010*F3010*H3010,IF(AND(G3010,H3010),C3010*E3010*G3010*H3010,IF(F3010,C3010*E3010*F3010,IF(G3010,C3010*E3010*G3010,IF(H3010,C3010*E3010*H3010,C3010*E3010))))))),2)","v":3.42},"Sqm",{"$nulls":3},"SSR 22-23"]
[null,null,1,"x",1,{"v":3.9,"d":"3.90"},{"v":0,"d":"0.000"},{"v":0.9,"d":"0.900"},3.51,"Sqm",{"$nulls":3},"SSR 22-23"]
[null,null,1,"x",1,4.25,{"v":0,"d":"0.000"},{"v":0.9,"d":"0.900"},3.83,"Sqm",{"$nulls":3},"SSR 22-23"]
[null,null,1,"x",1,{"v":5,"d":"5.00"},{"v":0,"d":"0.000"},{"v":0.9,"d":"0.900"},{"v":4.5,"d":"4.50"},"Sqm",{"$nulls":3},"SSR 22-23"]
[null,null,1,"x",1,3.85,{"v":0,"d":"0.000"},{"v":0.9,"d":"0.900"},3.47,"Sqm",{"$nulls":3},"SSR 22-23"]
[null,null,1,"x",1,{"v":3.5,"d":"3.50"},{"v":0,"d":"0.000"},{"v":0.9,"d":"0.900"},3.15,"Sqm",{"$nulls":3},"SSR 22-23"]
[{"$nulls":13},"SSR 22-23"]
[{"$nulls":9},"Sqm",{"$f":"data!G3085","v":3345.94},"SSR 22-23",{"$f":"ROUND(I3017*K3017,0)","v":{"v":0,"d":"0.00"}},"SSR 22-23"]
[4,"Supplying and fixing of stainless steel (grade 304) railing for ramp as per approved drawing with top rail of 50mm dia pipe and 2mm thick medium class fixed in to wall with 25mm dia pipe of 0.30m length @ 1m centre to centre and welding, buffing, polishing all members of the railing  thouroughly  , lacquer finishing to present seamless finish including cost and conveyance of all materials, electrodes, welding charges, cost of all consumables, labour charges , overheads & contractors profit etc., complete for finished item of work.",{"$nulls":11},"SSR 22-23"]
[null,"Qty.p.22  of M.B.No.299/A/ZP/19",{"$nulls":11},"SSR 22-23"]
[null,"Verandah",1,"x",1,{"v":3.3,"d":"3.30"},{"v":0,"d":"0.000"},{"v":0.87,"d":"0.870"},{"$f":"ROUND(IF(AND(F3020:H3020),C3020*E3020*F3020*G3020*H3020,IF(AND(F3020,G3020),C3020*E3020*F3020*G3020,IF(AND(F3020,H3020),C3020*E3020*F3020*H3020,IF(AND(G3020,H3020),C3020*E3020*G3020*H3020,IF(F3020,C3020*E3020*F3020,IF(G3020,C3020*E3020*G3020,IF(H3020,C3020*E3020*H3020,C3020*E3020))))))),2)","v":2.87},"Sqm",{"$nulls":3},"SSR 22-23"]
[null,null,1,"x",1,{"v":1,"d":"1.00"},{"v":0,"d":"0.000"},{"v":0.87,"d":"0.870"},{"$f":"ROUND(IF(AND(F3021:H3021),C3021*E3021*F3021*G3021*H3021,IF(AND(F3021,G3021),C3021*E3021*F3021*G3021,IF(AND(F3021,H3021),C3021*E3021*F3021*H3021,IF(AND(G3021,H3021),C3021*E3021*G3021*H3021,IF(F3021,C3021*E3021*F3021,IF(G3021,C3021*E3021*G3021,IF(H3021,C3021*E3021*H3021,C3021*E3021))))))),2)","v":0.87},"Sqm",{"$nulls":3},"SSR 22-23"]
[null,"Ramp",1,"x",1,1.45,{"v":0,"d":"0.000"},{"v":0.87,"d":"0.870"},{"$f":"ROUND(IF(AND(F3022:H3022),C3022*E3022*F3022*G3022*H3022,IF(AND(F3022,G3022),C3022*E3022*F3022*G3022,IF(AND(F3022,H3022),C3022*E3022*F3022*H3022,IF(AND(G3022,H3022),C3022*E3022*G3022*H3022,IF(F3022,C3022*E3022*F3022,IF(G3022,C3022*E3022*G3022,IF(H3022,C3022*E3022*H3022,C3022*E3022))))))),2)","v":1.26},"Sqm",{"$nulls":3},"SSR 22-23"]
[null,null,1,"x",1,2.57,{"v":0,"d":"0.000"},{"v":0.87,"d":"0.870"},{"$f":"ROUND(IF(AND(F3023:H3023),C3023*E3023*F3023*G3023*H3023,IF(AND(F3023,G3023),C3023*E3023*F3023*G3023,IF(AND(F3023,H3023),C3023*E3023*F3023*H3023,IF(AND(G3023,H3023),C3023*E3023*G3023*H3023,IF(F3023,C3023*E3023*F3023,IF(G3023,C3023*E3023*G3023,IF(H3023,C3023*E3023*H3023,C3023*E3023))))))),2)","v":2.24},"Sqm",{"$nulls":3},"SSR 22-23"]
[{"$nulls":13},"SSR 22-23"]
[{"$nulls":9},"Sqm",{"$f":"data!G3096","v":1514.34},"SSR 22-23",{"$f":"ROUND(I3025*K3025,0)","v":{"v":0,"d":"0.00"}},"SSR 22-23"]
[4,"Supplying  & fixing of Stainless Steel Tubes using stainless steel welding rods including buffing, polishing, lacquer finishing, to present seamless finish",{"$nulls":11},"SSR 22-23"]
[null,"Qty.p.22  of M.B.No.299/A/ZP/19",{"$nulls":11},"SSR 22-23"]
[null,null,1,"x",1,{"v":0.5,"d":"0.50"},{"v":0,"d":"0.000"},{"v":0,"d":"0.000"},{"$f":"ROUND(IF(AND(F3028:H3028),C3028*E3028*F3028*G3028*H3028,IF(AND(F3028,G3028),C3028*E3028*F3028*G3028,IF(AND(F3028,H3028),C3028*E3028*F3028*H3028,IF(AND(G3028,H3028),C3028*E3028*G3028*H3028,IF(F3028,C3028*E3028*F3028,IF(G3028,C3028*E3028*G3028,IF(H3028,C3028*E3028*H3028,C3028*E3028))))))),2)","v":{"v":0.5,"d":"0.50"}},"Kg",{"$nulls":3},"SSR 22-23"]
[{"$nulls":13},"SSR 22-23"]
[{"$nulls":9},"Kg",{"$f":"data!G3100","v":568.35},"SSR 22-23",{"$f":"ROUND(I3030*K3030,0)","v":{"v":0,"d":"0.00"}},"SSR 22-23"]
[7,"Full Rounding the edges of  Granite stone slabs of all thicknesses including polishing the same.",{"$nulls":11},"SSR 22-23"]
[null,"Qty.p.     of M.B.No.",{"$nulls":11},"SSR 22-23"]
[null,"Staircase 1st flight",1,"x",11,1.25,{"v":0,"d":"0.000"},{"v":0,"d":"0.000"},{"$f":"ROUND(IF(AND(F3033:H3033),C3033*E3033*F3033*G3033*H3033,IF(AND(F3033,G3033),C3033*E3033*F3033*G3033,IF(AND(F3033,H3033),C3033*E3033*F3033*H3033,IF(AND(G3033,H3033),C3033*E3033*G3033*H3033,IF(F3033,C3033*E3033*F3033,IF(G3033,C3033*E3033*G3033,IF(H3033,C3033*E3033*H3033,C3033*E3033))))))),2)","v":13.75},"Rm",{"$nulls":3},"SSR 22-23"]
[null,"Staircase 2nd flight",1,"x",11,1.25,{"v":0,"d":"0.000"},{"v":0,"d":"0.000"},{"$f":"ROUND(IF(AND(F3034:H3034),C3034*E3034*F3034*G3034*H3034,IF(AND(F3034,G3034),C3034*E3034*F3034*G3034,IF(AND(F3034,H3034),C3034*E3034*F3034*H3034,IF(AND(G3034,H3034),C3034*E3034*G3034*H3034,IF(F3034,C3034*E3034*F3034,IF(G3034,C3034*E3034*G3034,IF(H3034,C3034*E3034*H3034,C3034*E3034))))))),2)","v":13.75},"Rm",{"$nulls":3},"SSR 22-23"]
[null,"First floor",{"$nulls":11},"SSR 22-23"]
[null,"Staircase 1st flight",1,"x",7,1.25,{"v":0,"d":"0.000"},{"v":0,"d":"0.000"},{"$f":"ROUND(IF(AND(F3036:H3036),C3036*E3036*F3036*G3036*H3036,IF(AND(F3036,G3036),C3036*E3036*F3036*G3036,IF(AND(F3036,H3036),C3036*E3036*F3036*H3036,IF(AND(G3036,H3036),C3036*E3036*G3036*H3036,IF(F3036,C3036*E3036*F3036,IF(G3036,C3036*E3036*G3036,IF(H3036,C3036*E3036*H3036,C3036*E3036))))))),2)","v":8.75},"Rm",{"$nulls":3},"SSR 22-23"]
[{"$nulls":13},"SSR 22-23"]
[{"$nulls":9},"Rm",{"$f":"data!G3375","v":{"v":453,"d":"453.00"}},"SSR 22-23",{"$f":"ROUND(I3038*K3038,0)","v":{"v":0,"d":"0.00"}},"SSR 22-23"]
[null,"Water and Sanitation items"]
[1,"Supply and Fixing of Premium make CPVC Pipes and Fittings to meet the requirement of ASTM-D 2846 and are produced in CTS (Copper Tube Sizes 1/2\" ton 2\" Ashirvad  lowgurard SDR 11 and SDR 13.5 pipes are made from  dential CPVC compounds having the same physical  roperties for Hot and Cold Water (IS 15778:2007)for  32mm dia",{"$nulls":11},"SSR 19-20"]
[null,"Qty.p. 53  of M.B.No.790/A/ZP/19",{"$nulls":11},"SSR 19-20"]
[null,null,1,"x",1,{"v":10,"d":"10.000"},{"v":0,"d":"0.000"},{"v":0,"d":"0.000"},{"$f":"ROUND(IF(AND(F3042:H3042),C3042*E3042*F3042*G3042*H3042,IF(AND(F3042,G3042),C3042*E3042*F3042*G3042,IF(AND(F3042,H3042),C3042*E3042*F3042*H3042,IF(AND(G3042,H3042),C3042*E3042*G3042*H3042,IF(F3042,C3042*E3042*F3042,IF(G3042,C3042*E3042*G3042,IF(H3042,C3042*E3042*H3042,C3042*E3042))))))),2)","v":{"v":10,"d":"10.00"}},"Rm",{"$nulls":3},"SSR 19-20"]
[{"$nulls":13},"SSR 19-20"]
[{"$nulls":9},"Rm",{"$f":"'SANITATION DTA'!G82","v":{"v":193,"d":"193.00"}},"SSR 19-20",{"$f":"ROUND(I3044*K3044,0)","v":{"v":0,"d":"0.00"}},"SSR 19-20"]
[1,"Supply and Fixing of Premium make CPVC Pipes and Fittings to meet the requirement of ASTM-D 2846 and are produced in CTS (Copper Tube Sizes 1/2\" ton 2\" Ashirvad  lowgurard SDR 11 and SDR 13.5 pipes are made from  dential CPVC compounds having the same physical  roperties for Hot and Cold Water (IS 15778:2007)for  25mm dia",{"$nulls":11},"SSR 19-20"]
[null,"Qty.p.    of M.B.No.299/A/ZP/19",{"$nulls":11},"SSR 19-20"]
[null,null,1,"x",1,{"v":45,"d":"45.00"},{"v":0,"d":"0.000"},{"v":0,"d":"0.000"},{"$f":"ROUND(IF(AND(F3047:H3047),C3047*E3047*F3047*G3047*H3047,IF(AND(F3047,G3047),C3047*E3047*F3047*G3047,IF(AND(F3047,H3047),C3047*E3047*F3047*H3047,IF(AND(G3047,H3047),C3047*E3047*G3047*H3047,IF(F3047,C3047*E3047*F3047,IF(G3047,C3047*E3047*G3047,IF(H3047,C3047*E3047*H3047,C3047*E3047))))))),2)","v":{"v":45,"d":"45.00"}},"Rm",{"$nulls":3},"SSR 19-20"]
[{"$nulls":13},"SSR 19-20"]
[{"$nulls":9},"Rm",{"$f":"'SANITATION DTA'!G79","v":{"v":123,"d":"123.00"}},"SSR 19-20",{"$f":"ROUND(I3049*K3049,0)","v":{"v":0,"d":"0.00"}},"SSR 19-20"]
[10,"Supply and Fixing of Premium make CPVC Pipes and Fittings to meet the requirement of ASTM-D 2846 and are produced in CTS (Copper Tube Sizes 1/2\" ton 2\" Ashirvad  lowgurard SDR 11 and SDR 13.5 pipes are made from  dential CPVC compounds having the same physical  roperties for Hot and Cold Water (IS 15778:2007)for  20mm dia",{"$nulls":11},"SSR 19-20"]
[null,"Qty.p.15 of M.B.No.299/A/ZP/19",{"$nulls":11},"SSR 19-20"]
[null,null,1,"x",1,{"v":11,"d":"11.00"},{"v":0,"d":"0.000"},{"v":0,"d":"0.000"},{"$f":"ROUND(IF(AND(F3052:H3052),C3052*E3052*F3052*G3052*H3052,IF(AND(F3052,G3052),C3052*E3052*F3052*G3052,IF(AND(F3052,H3052),C3052*E3052*F3052*H3052,IF(AND(G3052,H3052),C3052*E3052*G3052*H3052,IF(F3052,C3052*E3052*F3052,IF(G3052,C3052*E3052*G3052,IF(H3052,C3052*E3052*H3052,C3052*E3052))))))),2)","v":{"v":11,"d":"11.00"}},"Rm",{"$nulls":3},"SSR 19-20"]
[{"$nulls":13},"SSR 19-20"]
[{"$nulls":9},"Rm",{"$f":"'SANITATION DTA'!G76","v":{"v":85,"d":"85.00"}},"SSR 19-20",{"$f":"ROUND(I3054*K3054,0)","v":{"v":0,"d":"0.00"}},"SSR 19-20"]
[2,"Manufacture, Supply and Delivery of Unplasticised PVCs Pipes for potable water supplies conforming to IS : 4985/2000 (3rd revision) with bell ends (Socket) as per specification.",{"$nulls":11},"SSR 19-20"]
[null,"Qty.p.23 of M.B.No.299/A/ZP/19",{"$nulls":11},"SSR 19-20"]
[null,null,1,"x",1,{"v":85,"d":"85.000"},{"v":0,"d":"0.000"},{"v":0,"d":"0.000"},{"$f":"ROUND(IF(AND(F3057:H3057),C3057*E3057*F3057*G3057*H3057,IF(AND(F3057,G3057),C3057*E3057*F3057*G3057,IF(AND(F3057,H3057),C3057*E3057*F3057*H3057,IF(AND(G3057,H3057),C3057*E3057*G3057*H3057,IF(F3057,C3057*E3057*F3057,IF(G3057,C3057*E3057*G3057,IF(H3057,C3057*E3057*H3057,C3057*E3057))))))),2)","v":{"v":85,"d":"85.00"}},"Rm",{"$nulls":3},"SSR 19-20"]
[{"$nulls":13},"SSR 19-20"]
[{"$nulls":9},"Rm",{"$f":"'SANITATION DTA'!G86","v":{"v":24,"d":"24.00"}},"SSR 19-20",{"$f":"ROUND(I3059*K3059,0)","v":{"v":0,"d":"0.00"}},"SSR 19-20"]
[2,"Labour charges for laying, joining, welding, fixing and commissioning the C-PVC pipes including all specials such ascouplers/ bends/ tees etc including fixing necessary fittings like bends, plugs, couplers, junctions, tees, etc with welding the joint as per standard practice - up to 40 mm dia",{"$nulls":11},"SSR 19-20"]
[null,"Qty.p.    of M.B.No.299/A/ZP/19",{"$nulls":11},"SSR 19-20"]
[null,"25mm dia",1,"x",1,{"$f":"I3049","v":{"v":0,"d":"0.00"}},{"v":0,"d":"0.000"},{"v":0,"d":"0.000"},{"$f":"ROUND(IF(AND(F3062:H3062),C3062*E3062*F3062*G3062*H3062,IF(AND(F3062,G3062),C3062*E3062*F3062*G3062,IF(AND(F3062,H3062),C3062*E3062*F3062*H3062,IF(AND(G3062,H3062),C3062*E3062*G3062*H3062,IF(F3062,C3062*E3062*F3062,IF(G3062,C3062*E3062*G3062,IF(H3062,C3062*E3062*H3062,C3062*E3062))))))),2)","v":{"v":1,"d":"1.00"}},"Rm",{"$nulls":3},"SSR 19-20"]
[{"$nulls":13},"SSR 19-20"]
[{"$nulls":9},"Rm",{"$f":"'SANITATION DTA'!G90","v":{"v":31,"d":"31.00"}},"SSR 19-20",{"$f":"ROUND(I3064*K3064,0)","v":{"v":0,"d":"0.00"}},"SSR 19-20"]
[3,"Supply & fixing of tested NP bib taps at all levels of 12.70mm dia of Indian make 400g first quality including cost & conveyance of all materials, labour charges for finished item of work, and all taxes complete for all floors",{"$nulls":11},"SSR 19-20"]
[null,"Qty.p.    of M.B.No.299/A/ZP/19",{"$nulls":11},"SSR 19-20"]
[null,null,1,"x",9,{"$f":"I3061","v":{"v":0,"d":"0.000"}},{"v":0,"d":"0.000"},{"v":0,"d":"0.000"},{"$f":"ROUND(IF(AND(F3067:H3067),C3067*E3067*F3067*G3067*H3067,IF(AND(F3067,G3067),C3067*E3067*F3067*G3067,IF(AND(F3067,H3067),C3067*E3067*F3067*H3067,IF(AND(G3067,H3067),C3067*E3067*G3067*H3067,IF(F3067,C3067*E3067*F3067,IF(G3067,C3067*E3067*G3067,IF(H3067,C3067*E3067*H3067,C3067*E3067))))))),2)","v":9},"No",{"$nulls":3},"SSR 19-20"]
[{"$nulls":13},"SSR 19-20"]
[{"$nulls":9},"No",{"$f":"'SANITATION DTA'!G59","v":{"v":349,"d":"349.00"}},"SSR 19-20",{"$f":"ROUND(I3069*K3069,0)","v":{"v":0,"d":"0.00"}},"SSR 19-20"]
[4,"Supplying & fixing 15 mm bib tap with flange Chromeum plated Jaquar make queen series",{"$nulls":11},"SSR 19-20"]
[null,"Qty.P.No.     of M.B.No.",{"$nulls":11},"SSR 19-20"]
[null,null,1,"x",2,{"$f":"I3065","v":{"v":0,"d":"0.000"}},{"v":0,"d":"0.000"},{"v":0,"d":"0.000"},{"$f":"ROUND(IF(AND(F3072:H3072),C3072*E3072*F3072*G3072*H3072,IF(AND(F3072,G3072),C3072*E3072*F3072*G3072,IF(AND(F3072,H3072),C3072*E3072*F3072*H3072,IF(AND(G3072,H3072),C3072*E3072*G3072*H3072,IF(F3072,C3072*E3072*F3072,IF(G3072,C3072*E3072*G3072,IF(H3072,C3072*E3072*H3072,C3072*E3072))))))),2)","v":2},"No",{"$nulls":3},"SSR 19-20"]
[{"$nulls":13},"SSR 19-20"]
[{"$nulls":9},"No",{"$f":"'SANITATION DTA'!G55","v":{"v":1483,"d":"1483.00"}},"SSR 19-20",{"$f":"ROUND(I3074*K3074,0)","v":{"v":0,"d":"0.00"}},"SSR 19-20"]
[4,"Prince/ Sudhakar make or equivalent quality PVC /SWR pipes & fittings ( as per ISI standards) 4kg/cm2 110mm dia. double socket ",{"$nulls":11},"SSR 19-20"]
[null,"Qty.p.    of M.B.No.299/A/ZP/19",{"$nulls":11},"SSR 19-20"]
[null,null,1,"x",1,{"v":17,"d":"17.000"},{"v":0,"d":"0.000"},{"v":0,"d":"0.000"},{"$f":"ROUND(IF(AND(F3077:H3077),C3077*E3077*F3077*G3077*H3077,IF(AND(F3077,G3077),C3077*E3077*F3077*G3077,IF(AND(F3077,H3077),C3077*E3077*F3077*H3077,IF(AND(G3077,H3077),C3077*E3077*G3077*H3077,IF(F3077,C3077*E3077*F3077,IF(G3077,C3077*E3077*G3077,IF(H3077,C3077*E3077*H3077,C3077*E3077))))))),2)","v":{"v":17,"d":"17.00"}},"Rm",{"$nulls":3},"SSR 19-20"]
[{"$nulls":13},"SSR 19-20"]
[{"$nulls":9},"Rm",{"$f":"'SANITATION DTA'!G35","v":{"v":136.66666666666666,"d":"136.67"}},"SSR 19-20",{"$f":"ROUND(I3079*K3079,0)","v":{"v":0,"d":"0.00"}},"SSR 19-20"]
[4,"Prince/ Sudhakar make or equivalent quality PVC /SWR pipes & fittings ( as per ISI standards) 4kg/cm2 90mm dia. double socket ",{"$nulls":11},"SSR 19-20"]
[null,"Qty.p.12 of M.B.No.299/A/ZP/19",{"$nulls":11},"SSR 19-20"]
[null,null,1,"x",1,{"v":18,"d":"18.000"},{"v":0,"d":"0.000"},{"v":0,"d":"0.000"},{"$f":"ROUND(IF(AND(F3082:H3082),C3082*E3082*F3082*G3082*H3082,IF(AND(F3082,G3082),C3082*E3082*F3082*G3082,IF(AND(F3082,H3082),C3082*E3082*F3082*H3082,IF(AND(G3082,H3082),C3082*E3082*G3082*H3082,IF(F3082,C3082*E3082*F3082,IF(G3082,C3082*E3082*G3082,IF(H3082,C3082*E3082*H3082,C3082*E3082))))))),2)","v":{"v":18,"d":"18.00"}},"Rm",{"$nulls":3},"SSR 19-20"]
[{"$nulls":13},"SSR 19-20"]
[{"$nulls":9},"Rm",{"$f":"'SANITATION DTA'!G41","v":{"v":129.66666666666666,"d":"129.67"}},"SSR 19-20",{"$f":"ROUND(I3084*K3084,0)","v":{"v":0,"d":"0.00"}},"SSR 19-20"]
[5,"Prince/ Sudhakar make or equivalent quality PVC /SWR pipes & fittings ( as per ISI standards) 4kg/cm2 75mm dia. double socket ",{"$nulls":11},"SSR 19-20"]
[null,"Qty.p.    of M.B.No.299/A/ZP/19",{"$nulls":11},"SSR 19-20"]
[null,null,1,"x",1,{"v":22,"d":"22.00"},{"v":0,"d":"0.000"},{"v":0,"d":"0.000"},{"$f":"ROUND(IF(AND(F3087:H3087),C3087*E3087*F3087*G3087*H3087,IF(AND(F3087,G3087),C3087*E3087*F3087*G3087,IF(AND(F3087,H3087),C3087*E3087*F3087*H3087,IF(AND(G3087,H3087),C3087*E3087*G3087*H3087,IF(F3087,C3087*E3087*F3087,IF(G3087,C3087*E3087*G3087,IF(H3087,C3087*E3087*H3087,C3087*E3087))))))),2)","v":{"v":22,"d":"22.00"}},"Rm",{"$nulls":3},"SSR 19-20"]
[{"$nulls":13},"SSR 19-20"]
[{"$nulls":9},"Rm",{"$f":"'SANITATION DTA'!G47","v":{"v":81.33333333333333,"d":"81.33"}},"SSR 19-20",{"$f":"ROUND(I3089*K3089,0)","v":{"v":0,"d":"0.00"}},"SSR 19-20"]
[6,"Labour charges for laying, fixing and commissioning the PVC pipes including couplers/ bends/ tees etc any diameter including fixing necessary fittings like bends, plugs, couplers, junctions, tees, etc with solvent jointing as per standard practice",{"$nulls":11},"SSR 19-20"]
[null,"Qty.p.    of M.B.No.299/A/ZP/19",{"$nulls":11},"SSR 19-20"]
[null,"110mm dia",1,"x",1,{"$f":"I3079","v":{"v":0,"d":"0.000"}},{"v":0,"d":"0.000"},{"v":0,"d":"0.000"},{"$f":"ROUND(IF(AND(F3092:H3092),C3092*E3092*F3092*G3092*H3092,IF(AND(F3092,G3092),C3092*E3092*F3092*G3092,IF(AND(F3092,H3092),C3092*E3092*F3092*H3092,IF(AND(G3092,H3092),C3092*E3092*G3092*H3092,IF(F3092,C3092*E3092*F3092,IF(G3092,C3092*E3092*G3092,IF(H3092,C3092*E3092*H3092,C3092*E3092))))))),2)","v":{"v":1,"d":"1.00"}},"Rm",{"$nulls":3},"SSR 19-20"]
[null,"75mm dia",1,"x",1,{"$f":"I3089","v":{"v":0,"d":"0.000"}},{"v":0,"d":"0.000"},{"v":0,"d":"0.000"},{"$f":"ROUND(IF(AND(F3093:H3093),C3093*E3093*F3093*G3093*H3093,IF(AND(F3093,G3093),C3093*E3093*F3093*G3093,IF(AND(F3093,H3093),C3093*E3093*F3093*H3093,IF(AND(G3093,H3093),C3093*E3093*G3093*H3093,IF(F3093,C3093*E3093*F3093,IF(G3093,C3093*E3093*G3093,IF(H3093,C3093*E3093*H3093,C3093*E3093))))))),2)","v":{"v":1,"d":"1.00"}},"Rm",{"$nulls":3},"SSR 19-20"]
[{"$nulls":13},"SSR 19-20"]
[{"$nulls":9},"Rm",{"$f":"'SANITATION DTA'!G51","v":{"v":70,"d":"70.00"}},"SSR 19-20",{"$f":"ROUND(I3095*K3095,0)","v":{"v":0,"d":"0.00"}},"SSR 19-20"]
[7,"Supplying and Fixing European Water Closet of 1st quality make white glazed with 'P' trap with low down porcelain flushing tank 10 Lit Capacity internal components and Fixing best Indian make plastic seat and lid for European water closets with rubber or plastic Buffers including all labour charges for fixing etc., complete.",{"$nulls":11},"SSR 19-20"]
[null,"Qty.p.    of M.B.No.299/A/ZP/19",{"$nulls":11},"SSR 19-20"]
[null,"Tiolets",1,"x",3,{"v":0,"d":"0.000"},{"v":0,"d":"0.000"},{"v":0,"d":"0.000"},{"$f":"ROUND(IF(AND(F3098:H3098),C3098*E3098*F3098*G3098*H3098,IF(AND(F3098,G3098),C3098*E3098*F3098*G3098,IF(AND(F3098,H3098),C3098*E3098*F3098*H3098,IF(AND(G3098,H3098),C3098*E3098*G3098*H3098,IF(F3098,C3098*E3098*F3098,IF(G3098,C3098*E3098*G3098,IF(H3098,C3098*E3098*H3098,C3098*E3098))))))),2)","v":3},"No",{"$nulls":3},"SSR 19-20"]
[{"$nulls":13},"SSR 19-20"]
[{"$nulls":9},"No",{"$f":"'SANITATION DTA'!G11","v":{"v":4776,"d":"4776.00"}},"SSR 19-20",{"$f":"ROUND(I3100*K3100,0)","v":{"v":0,"d":"0.00"}},"SSR 19-20"]
[8,"Supplying & Fixing Indian pattern white glazed W.C 1st quality ISI marked conforming to IS:2556-Part-3-1981 with\"P\" or \"S\" trap: 630 mm Long",{"$nulls":11},"SSR 19-20"]
[null,"Qty.P.No.     of M.B.No.",{"$nulls":11},"SSR 19-20"]
[null,"Tiolets",1,"x",1,{"v":0,"d":"0.000"},{"v":0,"d":"0.000"},{"v":0,"d":"0.000"},{"$f":"ROUND(IF(AND(F3103:H3103),C3103*E3103*F3103*G3103*H3103,IF(AND(F3103,G3103),C3103*E3103*F3103*G3103,IF(AND(F3103,H3103),C3103*E3103*F3103*H3103,IF(AND(G3103,H3103),C3103*E3103*G3103*H3103,IF(F3103,C3103*E3103*F3103,IF(G3103,C3103*E3103*G3103,IF(H3103,C3103*E3103*H3103,C3103*E3103))))))),2)","v":1},"No",{"$nulls":3},"SSR 19-20"]
[{"$nulls":13},"SSR 19-20"]
[{"$nulls":9},"No",{"$f":"'SANITATION DTA'!G14","v":{"v":934,"d":"934.00"}},"SSR 19-20",{"$f":"ROUND(I3105*K3105,0)","v":{"v":0,"d":"0.00"}},"SSR 19-20"]
[8,"Supplying & Fixing white glazed flat back half stall urinals 1st quality conforming to IS:2556-1995 with standard C.P. Spreader of overall size 95 x 95 x 57 mm conforming to IS:2556-Part6, Sec-6-1974 fixed with screws complete Indian make : 410 x 265 x 305 mm",{"$nulls":11},"SSR 19-20"]
[null,"Qty.p.    of M.B.No.299/A/ZP/19",{"$nulls":11},"SSR 19-20"]
[null,"Gents tiolet",1,"x",1,{"v":0,"d":"0.000"},{"v":0,"d":"0.000"},{"v":0,"d":"0.000"},{"$f":"ROUND(IF(AND(F3108:H3108),C3108*E3108*F3108*G3108*H3108,IF(AND(F3108,G3108),C3108*E3108*F3108*G3108,IF(AND(F3108,H3108),C3108*E3108*F3108*H3108,IF(AND(G3108,H3108),C3108*E3108*G3108*H3108,IF(F3108,C3108*E3108*F3108,IF(G3108,C3108*E3108*G3108,IF(H3108,C3108*E3108*H3108,C3108*E3108))))))),2)","v":1},"No",{"$nulls":3},"SSR 19-20"]
[{"$nulls":13},"SSR 19-20"]
[{"$nulls":9},"No",{"$f":"'SANITATION DTA'!G17","v":{"v":2385,"d":"2385.00"}},"SSR 19-20",{"$f":"ROUND(I3110*K3110,0)","v":{"v":0,"d":"0.00"}},"SSR 19-20"]
[9,"Supplying and fixing Indian make Flat Back Wash Hand Basin (HSW/Parryware/ Neycer) 1st quality conforming to IS:2556-Part-4:1972 of size 450mm x 300mm with 32 mm nominal size C.P. Fitting with parallel pipe thread onforming to IS:2963-1979 and fitted with 15 mm nominal bore Chromium Plated Pillar Tap of 1st quality Indian make 400 grams Seiko/Senior/Nice or equivalent complete with  tandard CI brackets including wooden blocks ,1 No.12.70mm PVC connection with brass union nuts CP  oated , 1 No.12.70mm NP bib tap 400 gms Seiko or equivalent , 31.75mm dia. PVC flexible waste pipe 914.4mm length of 1st quality including cost and  onveyance of all materials to site, labour charges , overheads & contractors profit for finished item of work",{"$nulls":11},"SSR 19-20"]
[null,"Qty.p.    of M.B.No.299/A/ZP/19",{"$nulls":11},"SSR 19-20"]
[null,null,1,"x",3,{"v":0,"d":"0.000"},{"v":0,"d":"0.000"},{"v":0,"d":"0.000"},{"$f":"ROUND(IF(AND(F3113:H3113),C3113*E3113*F3113*G3113*H3113,IF(AND(F3113,G3113),C3113*E3113*F3113*G3113,IF(AND(F3113,H3113),C3113*E3113*F3113*H3113,IF(AND(G3113,H3113),C3113*E3113*G3113*H3113,IF(F3113,C3113*E3113*F3113,IF(G3113,C3113*E3113*G3113,IF(H3113,C3113*E3113*H3113,C3113*E3113))))))),2)","v":3},"No",{"$nulls":3},"SSR 19-20"]
[{"$nulls":13},"SSR 19-20"]
[{"$nulls":9},"No",{"$f":"'SANITATION DTA'!G25","v":{"v":1827,"d":"1827.00"}},"SSR 19-20",{"$f":"ROUND(I3115*K3115,0)","v":{"v":0,"d":"0.00"}},"SSR 19-20"]
[10,"Supplying & fixing 4\" (101.6 mm ) Nahany trap with Jali-  PVC/SWR Pipe fittings",{"$nulls":11},"SSR 19-20"]
[null,"Qty.p.    of M.B.No.299/A/ZP/19",{"$nulls":11},"SSR 19-20"]
[null,null,1,"x",3,{"v":0,"d":"0.000"},{"v":0,"d":"0.000"},{"v":0,"d":"0.000"},{"$f":"ROUND(IF(AND(F3118:H3118),C3118*E3118*F3118*G3118*H3118,IF(AND(F3118,G3118),C3118*E3118*F3118*G3118,IF(AND(F3118,H3118),C3118*E3118*F3118*H3118,IF(AND(G3118,H3118),C3118*E3118*G3118*H3118,IF(F3118,C3118*E3118*F3118,IF(G3118,C3118*E3118*G3118,IF(H3118,C3118*E3118*H3118,C3118*E3118))))))),2)","v":3},"No",{"$nulls":3},"SSR 19-20"]
[{"$nulls":13},"SSR 19-20"]
[{"$nulls":9},"No",{"$f":"'SANITATION DTA'!G152","v":{"v":122,"d":"122.00"}},"SSR 19-20",{"$f":"ROUND(I3120*K3120,0)","v":{"v":0,"d":"0.00"}},"SSR 19-20"]
[11,"Providing & placing on Terrace polyethylene water storage tank with Double layer approved brand & manufacture with cover and suitable locking arrangement & making necessary holes for inlet & outlets and overflow pipes but without fittings & base support for tanks",{"$nulls":11},"SSR 19-20"]
[null,"Qty.p.    of M.B.No.299/A/ZP/19",{"$nulls":11},"SSR 19-20"]
[null,null,1,"x",1,1000,{"v":0,"d":"0.000"},{"v":0,"d":"0.000"},{"$f":"ROUND(IF(AND(F3123:H3123),C3123*E3123*F3123*G3123*H3123,IF(AND(F3123,G3123),C3123*E3123*F3123*G3123,IF(AND(F3123,H3123),C3123*E3123*F3123*H3123,IF(AND(G3123,H3123),C3123*E3123*G3123*H3123,IF(F3123,C3123*E3123*F3123,IF(G3123,C3123*E3123*G3123,IF(H3123,C3123*E3123*H3123,C3123*E3123))))))),2)","v":{"v":1000,"d":"1000.00"}},"Ltr",{"$nulls":3},"SSR 19-20"]
[{"$nulls":13},"SSR 19-20"]
[{"$nulls":9},"Ltr",{"$f":"'SANITATION DTA'!G69","v":{"v":6,"d":"6.00"}},"SSR 19-20",{"$f":"ROUND(I3125*K3125,0)","v":{"v":0,"d":"0.00"}},"SSR 19-20"]
[7,"Drilling of 165mm dia Bore well by down the hole hammer at a fiished dia of 165mm dia in all formations suitable for down the hole hammer drilling such as meduim hard rock formation, all consolidated frormation etc and reaming the borewell to subinsertation of required casing pipe etc including insertion of casing pipe with couplings, caps any other relevant materials upto required depth as directed by the dept, transportation of drilling rigs and supporting vehicle and including bore development. Flushing of Borewell at an avarage pressure of 150PSI conducting yield test, crew charegs required in fixation of pipe assembly completely done to the satisfaction of the dept and incuding all labour charges, but excluding the cost of casing pipe etc. The entire work should be carried out as per IS-2800 part I and II 1979",{"$nulls":11},"SSR 19-20"]
[null,"Qty.p.3 of M.B.No.790/A/ZP/19",null,"21.02.2021",{"$nulls":9},"SSR 19-20"]
[null,"Upto 90 Mts",1,"x",1,90,{"v":0,"d":"0.000"},{"v":0,"d":"0.000"},null,"Rm",{"$f":"'SANITATION DTA'!G108","v":{"v":446.4,"d":"446.40"}},"SSR 19-20",{"$f":"ROUND(I3128*K3128,0)","v":{"v":0,"d":"0.00"}},"SSR 19-20"]
[null,"90Mts to 150 Mts",1,"x",1,30,{"v":0,"d":"0.000"},{"v":0,"d":"0.000"},null,"Rm",{"$f":"'SANITATION DTA'!G110","v":{"v":477.6,"d":"477.60"}},"SSR 19-20",{"$f":"ROUND(I3129*K3129,0)","v":{"v":0,"d":"0.00"}},"SSR 19-20"]
[null,"150Mts to 240 Mts",1,"x",1,60,{"v":0,"d":"0.000"},{"v":0,"d":"0.000"},null,"Rm",{"$f":"'SANITATION DTA'!G112","v":{"v":600,"d":"600.00"}},"SSR 19-20",{"$f":"ROUND(I3130*K3130,0)","v":{"v":0,"d":"0.00"}},"SSR 19-20"]
[{"$nulls":13},"SSR 19-20"]
[8,"Providing PVC Casing pipe 180mm dia of 6 Kgs/cm2 including cost and conveyance of Pipe and labour charges etc complete for Borewell of 165mm dia. Item No 20 of PH items in SoR 2019-20 Page 67 Rs 636-00 per 1.00 RM",{"$nulls":11},"SSR 19-20"]
[null,"Qty.p.3 of M.B.No.790/A/ZP/19",null,"21.02.2021",{"$nulls":9},"SSR 19-20"]
[null,null,1,"x",1,{"v":18,"d":"18.00"},{"v":0,"d":"0.000"},{"v":0,"d":"0.000"},{"$f":"ROUND(IF(AND(F3134:H3134),C3134*E3134*F3134*G3134*H3134,IF(AND(F3134,G3134),C3134*E3134*F3134*G3134,IF(AND(F3134,H3134),C3134*E3134*F3134*H3134,IF(AND(G3134,H3134),C3134*E3134*G3134*H3134,IF(F3134,C3134*E3134*F3134,IF(G3134,C3134*E3134*G3134,IF(H3134,C3134*E3134*H3134,C3134*E3134))))))),2)","v":{"v":18,"d":"18.00"}},"Rm",{"$nulls":3},"SSR 19-20"]
[{"$nulls":13},"SSR 19-20"]
[{"$nulls":9},"Rm",{"$f":"'SANITATION DTA'!G127","v":{"v":325,"d":"325.00"}},"SSR 19-20",{"$f":"ROUND(I3136*K3136,0)","v":{"v":0,"d":"0.00"}},"SSR 19-20"]
[9,"Supply and erecting, ISI mark submersible 1.0 HP,Single Phase  18stages pumpset suitable for 106 / 156mm dia borewell with high quality water resistant and dynamically balanced bronze impeller with stainless steel shaft sleeves, pump coupling and pivot of Single phase 250V, 50Hz.. A.C. power supply copper winding with water proof insulation and high precision strength not  to be effected by chemical in water and suitable bronze bearings with nut and bolts etc., with  necessary H-type clamp of suitable size and strength.",{"$nulls":11},"SSR 19-20"," ",null," "]
[null,"Qty.p.3 of M.B.No.790/A/ZP/19",null,"21.02.2021",{"$nulls":9},"SSR 19-20"]
[null,null,1,"x",1,{"v":0,"d":"0.000"},{"v":0,"d":"0.00"},{"v":0,"d":"0.000"},{"$f":"ROUND(IF(AND(F3139:H3139),C3139*E3139*F3139*G3139*H3139,IF(AND(F3139,G3139),C3139*E3139*F3139*G3139,IF(AND(F3139,H3139),C3139*E3139*F3139*H3139,IF(AND(G3139,H3139),C3139*E3139*G3139*H3139,IF(F3139,C3139*E3139*F3139,IF(G3139,C3139*E3139*G3139,IF(H3139,C3139*E3139*H3139,C3139*E3139))))))),2)","v":1},"No",{"$nulls":3},"SSR 19-20"]
[{"$nulls":13},"SSR 19-20"]
[{"$nulls":9},"No",{"$f":"'SANITATION DTA'!G124","v":{"v":18409,"d":"18409.00"}},"SSR 19-20",{"$f":"ROUND(I3141*K3141,0)","v":{"v":0,"d":"0.00"}},"SSR 19-20"," "]
[10,"S& F 40  mm HDPE pipe pipe properties & weight as per IS 1239 ISI mark with GI fittings including the cost of pipe & its fittings & labour charges.",{"$nulls":11},"SSR 19-20"," ",null," "]
[null,"Qty.p.4 of M.B.No.790/A/ZP/19",null,"21.02.2021",{"$nulls":9},"SSR 19-20"]
[null,null,1,"x",1,{"v":85,"d":"85.0"},{"v":0,"d":"0.00"},{"v":0,"d":"0.000"},{"$f":"ROUND(IF(AND(F3144:H3144),C3144*E3144*F3144*G3144*H3144,IF(AND(F3144,G3144),C3144*E3144*F3144*G3144,IF(AND(F3144,H3144),C3144*E3144*F3144*H3144,IF(AND(G3144,H3144),C3144*E3144*G3144*H3144,IF(F3144,C3144*E3144*F3144,IF(G3144,C3144*E3144*G3144,IF(H3144,C3144*E3144*H3144,C3144*E3144))))))),2)","v":{"v":85,"d":"85.00"}},"Rm",{"$nulls":3},"SSR 19-20"]
[{"$nulls":13},"SSR 19-20"]
[{"$nulls":9},"Rm",{"$f":"'SANITATION DTA'!G130","v":{"v":64,"d":"64.00"}},"SSR 19-20",{"$f":"ROUND(I3146*K3146,0)","v":{"v":0,"d":"0.00"}},"SSR 19-20"," "]
[11,"S&F of 180mm dia bore cap",{"$nulls":11},"SSR 19-20"," ",null," "]
[null,"Qty.p.4 of M.B.No.790/A/ZP/19",null,"21.02.2021",{"$nulls":9},"SSR 19-20"]
[null,null,1,"x",1,{"v":0,"d":"0.000"},{"v":0,"d":"0.00"},{"v":0,"d":"0.000"},{"$f":"ROUND(IF(AND(F3149:H3149),C3149*E3149*F3149*G3149*H3149,IF(AND(F3149,G3149),C3149*E3149*F3149*G3149,IF(AND(F3149,H3149),C3149*E3149*F3149*H3149,IF(AND(G3149,H3149),C3149*E3149*G3149*H3149,IF(F3149,C3149*E3149*F3149,IF(G3149,C3149*E3149*G3149,IF(H3149,C3149*E3149*H3149,C3149*E3149))))))),2)","v":1},"No",{"$nulls":3},"SSR 19-20"]
[{"$nulls":13},"SSR 19-20"]
[{"$nulls":9},"No",{"$f":"'SANITATION DTA'!G136","v":{"v":109,"d":"109.00"}},"SSR 19-20",{"$f":"ROUND(I3151*K3151,0)","v":{"v":0,"d":"0.00"}},"SSR 19-20"," "]
[12,"S&F of 25mm dia GI pipe",{"$nulls":11},"SSR 19-20"," ",null," "]
[null,"Qty.p.4 of M.B.No.790/A/ZP/19",null,"21.02.2021",{"$nulls":9},"SSR 19-20"]
[null,null,1,"x",1,{"v":0.5,"d":"0.500"},{"v":0,"d":"0.00"},{"v":0,"d":"0.000"},{"$f":"ROUND(IF(AND(F3154:H3154),C3154*E3154*F3154*G3154*H3154,IF(AND(F3154,G3154),C3154*E3154*F3154*G3154,IF(AND(F3154,H3154),C3154*E3154*F3154*H3154,IF(AND(G3154,H3154),C3154*E3154*G3154*H3154,IF(F3154,C3154*E3154*F3154,IF(G3154,C3154*E3154*G3154,IF(H3154,C3154*E3154*H3154,C3154*E3154))))))),2)","v":{"v":0.5,"d":"0.50"}},"Rm",{"$nulls":3},"SSR 19-20"]
[{"$nulls":13},"SSR 19-20"]
[{"$nulls":9},"Rm",{"$f":"'SANITATION DTA'!G139","v":{"v":198,"d":"198.00"}},"SSR 19-20",{"$f":"ROUND(I3156*K3156,0)","v":{"v":0,"d":"0.00"}},"SSR 19-20"," "]
[13,"S&F of 25mm dia GI Bends",{"$nulls":11},"SSR 19-20"," ",null," "]
[null,"Qty.p.4 of M.B.No.790/A/ZP/19",null,"21.02.2021",{"$nulls":9},"SSR 19-20"]
[null,null,1,"x",1,{"v":0,"d":"0.000"},{"v":0,"d":"0.00"},{"v":0,"d":"0.000"},{"$f":"ROUND(IF(AND(F3159:H3159),C3159*E3159*F3159*G3159*H3159,IF(AND(F3159,G3159),C3159*E3159*F3159*G3159,IF(AND(F3159,H3159),C3159*E3159*F3159*H3159,IF(AND(G3159,H3159),C3159*E3159*G3159*H3159,IF(F3159,C3159*E3159*F3159,IF(G3159,C3159*E3159*G3159,IF(H3159,C3159*E3159*H3159,C3159*E3159))))))),2)","v":1},"No",{"$nulls":3},"SSR 19-20"]
[{"$nulls":13},"SSR 19-20"]
[{"$nulls":9},"No",{"$f":"'SANITATION DTA'!G142","v":{"v":22,"d":"22.00"}},"SSR 19-20",{"$f":"ROUND(I3161*K3161,0)","v":{"v":0,"d":"0.00"}},"SSR 19-20"," "]
[14,"S&F of 25mm dia Clamp set",{"$nulls":11},"SSR 19-20"," ",null," "]
[null,"Qty.p.4 of M.B.No.790/A/ZP/19",null,"21.02.2021",{"$nulls":9},"SSR 19-20"]
[null,null,1,"x",1,{"v":0,"d":"0.000"},{"v":0,"d":"0.00"},{"v":0,"d":"0.000"},{"$f":"ROUND(IF(AND(F3164:H3164),C3164*E3164*F3164*G3164*H3164,IF(AND(F3164,G3164),C3164*E3164*F3164*G3164,IF(AND(F3164,H3164),C3164*E3164*F3164*H3164,IF(AND(G3164,H3164),C3164*E3164*G3164*H3164,IF(F3164,C3164*E3164*F3164,IF(G3164,C3164*E3164*G3164,IF(H3164,C3164*E3164*H3164,C3164*E3164))))))),2)","v":1},"No",{"$nulls":3},"SSR 19-20"]
[{"$nulls":13},"SSR 19-20"]
[{"$nulls":9},"No",{"$f":"'SANITATION DTA'!G133","v":{"v":145.2,"d":"145.20"}},"SSR 19-20",{"$f":"ROUND(I3166*K3166,0)","v":{"v":0,"d":"0.00"}},"SSR 19-20"," "]
[15,"Supply of 3 core 1.50 sqm flat copper cable as per for submersible motors of makes polycab for service mains including cost of material and labour charges and taxes etc., complete.",{"$nulls":11},"SSR 19-20"," ",null," "]
[null,"Qty.p.6 of M.B.No.790/A/ZP/19",null,"21.02.2021",{"$nulls":9},"SSR 19-20"]
[null,null,1,"x",1,{"v":90,"d":"90.00"},{"v":0,"d":"0.00"},{"v":0,"d":"0.000"},{"$f":"ROUND(IF(AND(F3169:H3169),C3169*E3169*F3169*G3169*H3169,IF(AND(F3169,G3169),C3169*E3169*F3169*G3169,IF(AND(F3169,H3169),C3169*E3169*F3169*H3169,IF(AND(G3169,H3169),C3169*E3169*G3169*H3169,IF(F3169,C3169*E3169*F3169,IF(G3169,C3169*E3169*G3169,IF(H3169,C3169*E3169*H3169,C3169*E3169))))))),2)","v":{"v":90,"d":"90.00"}},"Rm",{"$nulls":3},"SSR 19-20"]
[{"$nulls":13},"SSR 19-20"]
[{"$nulls":9},"Rm",{"$f":"'SANITATION DTA'!G145","v":{"v":80,"d":"80.00"}},"SSR 19-20",{"$f":"ROUND(I3171*K3171,0)","v":{"v":0,"d":"0.00"}},"SSR 19-20"," "]
[16,"Supply and Transportation of control panel for single phasesubmersible motors up to 3 HP @ 220V 50Hz operating range between 80 to 240V including supply and fixing of Direct - on - Line LTLK / SIEMENS / CROMPTON make Volt meter and Ammeter with starting and running capacitors assembled with ISI mark contactors and fitted with Legrand make ISI mark MCB etc., complete. \n",{"$nulls":11},"SSR 19-20"," ",null," "]
[null,"Qty.p.6 of M.B.No.790/A/ZP/19",null,"21.02.2021",{"$nulls":9},"SSR 19-20"]
[null,null,1,"x",1,{"v":0,"d":"0.000"},{"v":0,"d":"0.00"},{"v":0,"d":"0.000"},{"$f":"ROUND(IF(AND(F3174:H3174),C3174*E3174*F3174*G3174*H3174,IF(AND(F3174,G3174),C3174*E3174*F3174*G3174,IF(AND(F3174,H3174),C3174*E3174*F3174*H3174,IF(AND(G3174,H3174),C3174*E3174*G3174*H3174,IF(F3174,C3174*E3174*F3174,IF(G3174,C3174*E3174*G3174,IF(H3174,C3174*E3174*H3174,C3174*E3174))))))),2)","v":1},"No",{"$nulls":3},"SSR 19-20"]
[{"$nulls":13},"SSR 19-20"]
[{"$nulls":9},"No",{"$f":"'SANITATION DTA'!G148","v":{"v":4500,"d":"4500.00"}},"SSR 19-20",{"$f":"ROUND(I3176*K3176,0)","v":{"v":0,"d":"0.00"}},"SSR 19-20"," "]
[null,"As per SSR 2020-21",{"$nulls":11},"SSR 20-21"]
[1,"Supply and Fixing of Premium make CPVC Pipes and Fittings to meet the requirement of ASTM-D 2846 and are produced in CTS (Copper Tube Sizes 1/2\" ton 2\" Ashirvad  lowgurard SDR 11 and SDR 13.5 pipes are made from  dential CPVC compounds having the same physical  roperties for Hot and Cold Water (IS 15778:2007)for  32mm dia",{"$nulls":11},"SSR 20-21"]
[null,"Qty.p.9 of M.B.No.299/A/ZP/19",{"$nulls":11},"SSR 20-21"]
[null,null,1,"x",1,{"v":28,"d":"28.000"},{"v":0,"d":"0.000"},{"v":0,"d":"0.000"},{"$f":"ROUND(IF(AND(F3180:H3180),C3180*E3180*F3180*G3180*H3180,IF(AND(F3180,G3180),C3180*E3180*F3180*G3180,IF(AND(F3180,H3180),C3180*E3180*F3180*H3180,IF(AND(G3180,H3180),C3180*E3180*G3180*H3180,IF(F3180,C3180*E3180*F3180,IF(G3180,C3180*E3180*G3180,IF(H3180,C3180*E3180*H3180,C3180*E3180))))))),2)","v":{"v":28,"d":"28.00"}},"Rm",{"$nulls":3},"SSR 20-21"]
[{"$nulls":13},"SSR 20-21"]
[{"$nulls":9},"Rm",{"$f":"'SANITATION DTA'!G231","v":{"v":193,"d":"193.00"}},"SSR 20-21",{"$f":"ROUND(I3182*K3182,0)","v":{"v":0,"d":"0.00"}},"SSR 20-21"]
[9,"Supply and Fixing of Premium make CPVC Pipes and Fittings to meet the requirement of ASTM-D 2846 and are produced in CTS (Copper Tube Sizes 1/2\" ton 2\" Ashirvad  lowgurard SDR 11 and SDR 13.5 pipes are made from  dential CPVC compounds having the same physical  roperties for Hot and Cold Water (IS 15778:2007)for  25mm dia",{"$nulls":11},"SSR 20-21"]
[null,"Qty.p.    of M.B.No.824/B/ZP/19",{"$nulls":11},"SSR 20-21"]
[null,null,1,"x",1,{"v":45,"d":"45.00"},{"v":0,"d":"0.000"},{"v":0,"d":"0.000"},{"$f":"ROUND(IF(AND(F3185:H3185),C3185*E3185*F3185*G3185*H3185,IF(AND(F3185,G3185),C3185*E3185*F3185*G3185,IF(AND(F3185,H3185),C3185*E3185*F3185*H3185,IF(AND(G3185,H3185),C3185*E3185*G3185*H3185,IF(F3185,C3185*E3185*F3185,IF(G3185,C3185*E3185*G3185,IF(H3185,C3185*E3185*H3185,C3185*E3185))))))),2)","v":{"v":45,"d":"45.00"}},"Rm",{"$nulls":3},"SSR 20-21"]
[{"$nulls":13},"SSR 20-21"]
[{"$nulls":9},"Rm",{"$f":"'SANITATION DTA'!G228","v":{"v":123,"d":"123.00"}},"SSR 20-21",{"$f":"ROUND(I3187*K3187,0)","v":{"v":0,"d":"0.00"}},"SSR 20-21"]
[7,"Supply and Fixing of Premium make CPVC Pipes and Fittings to meet the requirement of ASTM-D 2846 and are produced in CTS (Copper Tube Sizes 1/2\" ton 2\" Ashirvad  lowgurard SDR 11 and SDR 13.5 pipes are made from  dential CPVC compounds having the same physical  roperties for Hot and Cold Water (IS 15778:2007)for  20mm dia",{"$nulls":11},"SSR 20-21"]
[null,"Qty.p.15 of M.B.No.558/B/ZP/20",{"$nulls":11},"SSR 20-21"]
[null,null,1,"x",1,{"v":44,"d":"44.00"},{"v":0,"d":"0.000"},{"v":0,"d":"0.000"},{"$f":"ROUND(IF(AND(F3190:H3190),C3190*E3190*F3190*G3190*H3190,IF(AND(F3190,G3190),C3190*E3190*F3190*G3190,IF(AND(F3190,H3190),C3190*E3190*F3190*H3190,IF(AND(G3190,H3190),C3190*E3190*G3190*H3190,IF(F3190,C3190*E3190*F3190,IF(G3190,C3190*E3190*G3190,IF(H3190,C3190*E3190*H3190,C3190*E3190))))))),2)","v":{"v":44,"d":"44.00"}},"Rm",{"$nulls":3},"SSR 20-21"]
[{"$nulls":13},"SSR 20-21"]
[{"$nulls":9},"Rm",{"$f":"'SANITATION DTA'!G225","v":{"v":85,"d":"85.00"}},"SSR 20-21",{"$f":"ROUND(I3192*K3192,0)","v":{"v":0,"d":"0.00"}},"SSR 20-21"]
[2,"Manufacture, Supply and Delivery of Unplasticised PVCs Pipes for potable water supplies conforming to IS : 4985/2000 (3rd revision) with bell ends (Socket) as per specification.",{"$nulls":11},"SSR 20-21"]
[null,"Qty.p.23 of M.B.No.299/A/ZP/19",{"$nulls":11},"SSR 20-21"]
[null,null,1,"x",1,{"v":85,"d":"85.000"},{"v":0,"d":"0.000"},{"v":0,"d":"0.000"},{"$f":"ROUND(IF(AND(F3195:H3195),C3195*E3195*F3195*G3195*H3195,IF(AND(F3195,G3195),C3195*E3195*F3195*G3195,IF(AND(F3195,H3195),C3195*E3195*F3195*H3195,IF(AND(G3195,H3195),C3195*E3195*G3195*H3195,IF(F3195,C3195*E3195*F3195,IF(G3195,C3195*E3195*G3195,IF(H3195,C3195*E3195*H3195,C3195*E3195))))))),2)","v":{"v":85,"d":"85.00"}},"Rm",{"$nulls":3},"SSR 20-21"]
[{"$nulls":13},"SSR 20-21"]
[{"$nulls":9},"Rm",{"$f":"'SANITATION DTA'!G235","v":{"v":24,"d":"24.00"}},"SSR 20-21",{"$f":"ROUND(I3197*K3197,0)","v":{"v":0,"d":"0.00"}},"SSR 20-21"]
[8,"Labour charges for laying, joining, welding, fixing and commissioning the C-PVC pipes including all specials such ascouplers/ bends/ tees etc including fixing necessary fittings like bends, plugs, couplers, junctions, tees, etc with welding the joint as per standard practice - up to 40 mm dia",{"$nulls":11},"SSR 20-21"]
[null,"Qty.p.16 of M.B.No.558/B/ZP/20",{"$nulls":11},"SSR 20-21"]
[null,null,1,"x",1,{"v":44,"d":"44.00"},{"v":0,"d":"0.000"},{"v":0,"d":"0.000"},{"$f":"ROUND(IF(AND(F3200:H3200),C3200*E3200*F3200*G3200*H3200,IF(AND(F3200,G3200),C3200*E3200*F3200*G3200,IF(AND(F3200,H3200),C3200*E3200*F3200*H3200,IF(AND(G3200,H3200),C3200*E3200*G3200*H3200,IF(F3200,C3200*E3200*F3200,IF(G3200,C3200*E3200*G3200,IF(H3200,C3200*E3200*H3200,C3200*E3200))))))),2)","v":{"v":44,"d":"44.00"}},"Rm",{"$nulls":3},"SSR 20-21"]
[{"$nulls":13},"SSR 20-21"]
[{"$nulls":9},"Rm",{"$f":"'SANITATION DTA'!G239","v":{"v":31,"d":"31.00"}},"SSR 20-21",{"$f":"ROUND(I3202*K3202,0)","v":{"v":0,"d":"0.00"}},"SSR 20-21"]
[9,"Supply & fixing of tested NP bib taps at all levels of 12.70mm dia of Indian make 400g first quality including cost & conveyance of all materials, labour charges for finished item of work, and all taxes complete for all floors",{"$nulls":11},"SSR 20-21"]
[null,"Qty.p.      of M.B.No.558/B/ZP/20",{"$nulls":11},"SSR 20-21"]
[null,null,1,"x",6,{"$f":"I3199","v":{"v":0,"d":"0.000"}},{"v":0,"d":"0.000"},{"v":0,"d":"0.000"},{"$f":"ROUND(IF(AND(F3205:H3205),C3205*E3205*F3205*G3205*H3205,IF(AND(F3205,G3205),C3205*E3205*F3205*G3205,IF(AND(F3205,H3205),C3205*E3205*F3205*H3205,IF(AND(G3205,H3205),C3205*E3205*G3205*H3205,IF(F3205,C3205*E3205*F3205,IF(G3205,C3205*E3205*G3205,IF(H3205,C3205*E3205*H3205,C3205*E3205))))))),2)","v":6},"No",{"$nulls":3},"SSR 20-21"]
[{"$nulls":13},"SSR 20-21"]
[{"$nulls":9},"No",{"$f":"'SANITATION DTA'!G208","v":{"v":349,"d":"349.00"}},"SSR 20-21",{"$f":"ROUND(I3207*K3207,0)","v":{"v":0,"d":"0.00"}},"SSR 20-21"]
[12,"Supply & Fixing of Bibcock cum Health Faucet with 1m long tube and wall hook",{"$nulls":11},"SSR 20-21"]
[null,"Qty.p.    of M.B.No.824/B/ZP/19",{"$nulls":11},"SSR 20-21"]
[null,null,1,"x",3,{"$f":"I3203","v":{"v":0,"d":"0.000"}},{"v":0,"d":"0.000"},{"v":0,"d":"0.000"},{"$f":"ROUND(IF(AND(F3210:H3210),C3210*E3210*F3210*G3210*H3210,IF(AND(F3210,G3210),C3210*E3210*F3210*G3210,IF(AND(F3210,H3210),C3210*E3210*F3210*H3210,IF(AND(G3210,H3210),C3210*E3210*G3210*H3210,IF(F3210,C3210*E3210*F3210,IF(G3210,C3210*E3210*G3210,IF(H3210,C3210*E3210*H3210,C3210*E3210))))))),2)","v":3},"No",{"$nulls":3},"SSR 20-21"]
[{"$nulls":13},"SSR 20-21"]
[{"$nulls":9},"No",{"$f":"'SANITATION DTA'!G204","v":{"v":2769,"d":"2769.00"}},"SSR 20-21",{"$f":"ROUND(I3212*K3212,0)","v":{"v":0,"d":"0.00"}},"SSR 20-21"]
[10,"Prince/ Sudhakar make or equivalent quality PVC /SWR pipes & fittings ( as per ISI standards) 4kg/cm2 110mm dia. double socket ",{"$nulls":11},"SSR 20-21"]
[null,"Qty.p.11 of M.B.No.558/B/ZP/20",{"$nulls":11},"SSR 20-21"]
[null,null,1,"x",1,{"v":11.5,"d":"11.500"},{"v":0,"d":"0.000"},{"v":0,"d":"0.000"},{"$f":"ROUND(IF(AND(F3215:H3215),C3215*E3215*F3215*G3215*H3215,IF(AND(F3215,G3215),C3215*E3215*F3215*G3215,IF(AND(F3215,H3215),C3215*E3215*F3215*H3215,IF(AND(G3215,H3215),C3215*E3215*G3215*H3215,IF(F3215,C3215*E3215*F3215,IF(G3215,C3215*E3215*G3215,IF(H3215,C3215*E3215*H3215,C3215*E3215))))))),2)","v":{"v":11.5,"d":"11.50"}},"Rm",{"$nulls":3},"SSR 20-21"]
[{"$nulls":13},"SSR 20-21"]
[{"$nulls":9},"Rm",{"$f":"'SANITATION DTA'!G184","v":{"v":136.66666666666666,"d":"136.67"}},"SSR 20-21",{"$f":"ROUND(I3217*K3217,0)","v":{"v":0,"d":"0.00"}},"SSR 20-21"]
[4,"Prince/ Sudhakar make or equivalent quality PVC /SWR pipes & fittings ( as per ISI standards) 4kg/cm2 90mm dia. double socket ",{"$nulls":11},"SSR 20-21"]
[null,"Qty.p.12 of M.B.No.299/A/ZP/19",{"$nulls":11},"SSR 20-21"]
[null,null,1,"x",1,{"v":18,"d":"18.000"},{"v":0,"d":"0.000"},{"v":0,"d":"0.000"},{"$f":"ROUND(IF(AND(F3220:H3220),C3220*E3220*F3220*G3220*H3220,IF(AND(F3220,G3220),C3220*E3220*F3220*G3220,IF(AND(F3220,H3220),C3220*E3220*F3220*H3220,IF(AND(G3220,H3220),C3220*E3220*G3220*H3220,IF(F3220,C3220*E3220*F3220,IF(G3220,C3220*E3220*G3220,IF(H3220,C3220*E3220*H3220,C3220*E3220))))))),2)","v":{"v":18,"d":"18.00"}},"Rm",{"$nulls":3},"SSR 20-21"]
[{"$nulls":13},"SSR 20-21"]
[{"$nulls":9},"Rm",{"$f":"'SANITATION DTA'!G190","v":{"v":129.66666666666666,"d":"129.67"}},"SSR 20-21",{"$f":"ROUND(I3222*K3222,0)","v":{"v":0,"d":"0.00"}},"SSR 20-21"]
[11,"Prince/ Sudhakar make or equivalent quality PVC /SWR pipes & fittings ( as per ISI standards) 4kg/cm2 75mm dia. double socket ",{"$nulls":11},"SSR 20-21"]
[null,"Qty.p.11 of M.B.No.558/B/ZP/20",{"$nulls":11},"SSR 20-21"]
[null,null,1,"x",1,{"v":18,"d":"18.00"},{"v":0,"d":"0.000"},{"v":0,"d":"0.000"},{"$f":"ROUND(IF(AND(F3225:H3225),C3225*E3225*F3225*G3225*H3225,IF(AND(F3225,G3225),C3225*E3225*F3225*G3225,IF(AND(F3225,H3225),C3225*E3225*F3225*H3225,IF(AND(G3225,H3225),C3225*E3225*G3225*H3225,IF(F3225,C3225*E3225*F3225,IF(G3225,C3225*E3225*G3225,IF(H3225,C3225*E3225*H3225,C3225*E3225))))))),2)","v":{"v":18,"d":"18.00"}},"Rm",{"$nulls":3},"SSR 20-21"]
[{"$nulls":13},"SSR 20-21"]
[{"$nulls":9},"Rm",{"$f":"'SANITATION DTA'!G196","v":{"v":81.33333333333333,"d":"81.33"}},"SSR 20-21",{"$f":"ROUND(I3227*K3227,0)","v":{"v":0,"d":"0.00"}},"SSR 20-21"]
[12,"Labour charges for laying, fixing and commissioning the PVC pipes including couplers/ bends/ tees etc any diameter including fixing necessary fittings like bends, plugs, couplers, junctions, tees, etc with solvent jointing as per standard practice",{"$nulls":11},"SSR 20-21"]
[null,"Qty.p.12 of M.B.No.558/B/ZP/20",{"$nulls":11},"SSR 20-21"]
[null,"110mm dia",1,"x",1,{"v":11.5,"d":"11.500"},{"v":0,"d":"0.000"},{"v":0,"d":"0.000"},{"$f":"ROUND(IF(AND(F3230:H3230),C3230*E3230*F3230*G3230*H3230,IF(AND(F3230,G3230),C3230*E3230*F3230*G3230,IF(AND(F3230,H3230),C3230*E3230*F3230*H3230,IF(AND(G3230,H3230),C3230*E3230*G3230*H3230,IF(F3230,C3230*E3230*F3230,IF(G3230,C3230*E3230*G3230,IF(H3230,C3230*E3230*H3230,C3230*E3230))))))),2)","v":{"v":11.5,"d":"11.50"}},"Rm",{"$nulls":3},"SSR 20-21"]
[null,"75mm dia",1,"x",1,{"v":18,"d":"18.000"},{"v":0,"d":"0.000"},{"v":0,"d":"0.000"},{"$f":"ROUND(IF(AND(F3231:H3231),C3231*E3231*F3231*G3231*H3231,IF(AND(F3231,G3231),C3231*E3231*F3231*G3231,IF(AND(F3231,H3231),C3231*E3231*F3231*H3231,IF(AND(G3231,H3231),C3231*E3231*G3231*H3231,IF(F3231,C3231*E3231*F3231,IF(G3231,C3231*E3231*G3231,IF(H3231,C3231*E3231*H3231,C3231*E3231))))))),2)","v":{"v":18,"d":"18.00"}},"Rm",{"$nulls":3},"SSR 20-21"]
[{"$nulls":13},"SSR 20-21"]
[{"$nulls":9},"Rm",{"$f":"'SANITATION DTA'!G200","v":{"v":70,"d":"70.00"}},"SSR 20-21",{"$f":"ROUND(I3233*K3233,0)","v":{"v":0,"d":"0.00"}},"SSR 20-21"]
[13,"Supplying and Fixing European Water Closet of 1st quality make white glazed with 'P' trap with low down porcelain flushing tank 10 Lit Capacity internal components and Fixing best Indian make plastic seat and lid for European water closets with rubber or plastic Buffers including all labour charges for fixing etc., complete.",{"$nulls":11},"SSR 20-21"]
[null,"Qty.p.13 of M.B.No.558/B/ZP/20",{"$nulls":11},"SSR 20-21"]
[null,"Tiolets",1,"x",3,{"v":0,"d":"0.000"},{"v":0,"d":"0.000"},{"v":0,"d":"0.000"},{"$f":"ROUND(IF(AND(F3236:H3236),C3236*E3236*F3236*G3236*H3236,IF(AND(F3236,G3236),C3236*E3236*F3236*G3236,IF(AND(F3236,H3236),C3236*E3236*F3236*H3236,IF(AND(G3236,H3236),C3236*E3236*G3236*H3236,IF(F3236,C3236*E3236*F3236,IF(G3236,C3236*E3236*G3236,IF(H3236,C3236*E3236*H3236,C3236*E3236))))))),2)","v":3},"No",{"$nulls":3},"SSR 20-21"]
[{"$nulls":13},"SSR 20-21"]
[{"$nulls":9},"No",{"$f":"'SANITATION DTA'!G160","v":{"v":4776,"d":"4776.00"}},"SSR 20-21",{"$f":"ROUND(I3238*K3238,0)","v":{"v":0,"d":"0.00"}},"SSR 20-21"]
[8,"Supplying & Fixing Indian pattern white glazed W.C 1st quality ISI marked conforming to IS:2556-Part-3-1981 with\"P\" or \"S\" trap: 630 mm Long",{"$nulls":11},"SSR 20-21"]
[null,"Qty.P.No.     of M.B.No.",{"$nulls":11},"SSR 20-21"]
[null,"Tiolets",1,"x",1,{"v":0,"d":"0.000"},{"v":0,"d":"0.000"},{"v":0,"d":"0.000"},{"$f":"ROUND(IF(AND(F3241:H3241),C3241*E3241*F3241*G3241*H3241,IF(AND(F3241,G3241),C3241*E3241*F3241*G3241,IF(AND(F3241,H3241),C3241*E3241*F3241*H3241,IF(AND(G3241,H3241),C3241*E3241*G3241*H3241,IF(F3241,C3241*E3241*F3241,IF(G3241,C3241*E3241*G3241,IF(H3241,C3241*E3241*H3241,C3241*E3241))))))),2)","v":1},"No",{"$nulls":3},"SSR 20-21"]
[{"$nulls":13},"SSR 20-21"]
[{"$nulls":9},"No",{"$f":"'SANITATION DTA'!G163","v":{"v":934,"d":"934.00"}},"SSR 20-21",{"$f":"ROUND(I3243*K3243,0)","v":{"v":0,"d":"0.00"}},"SSR 20-21"]
[17,"Supplying & Fixing white glazed flat back half stall urinals 1st quality conforming to IS:2556-1995 with standard C.P. Spreader of overall size 95 x 95 x 57 mm conforming to IS:2556-Part6, Sec-6-1974 fixed with screws complete Indian make : 410 x 265 x 305 mm",{"$nulls":11},"SSR 20-21"]
[null,"Qty.p.    of M.B.No.824/B/ZP/19",{"$nulls":11},"SSR 20-21"]
[null,"Gents tiolet",1,"x",1,{"v":0,"d":"0.000"},{"v":0,"d":"0.000"},{"v":0,"d":"0.000"},{"$f":"ROUND(IF(AND(F3246:H3246),C3246*E3246*F3246*G3246*H3246,IF(AND(F3246,G3246),C3246*E3246*F3246*G3246,IF(AND(F3246,H3246),C3246*E3246*F3246*H3246,IF(AND(G3246,H3246),C3246*E3246*G3246*H3246,IF(F3246,C3246*E3246*F3246,IF(G3246,C3246*E3246*G3246,IF(H3246,C3246*E3246*H3246,C3246*E3246))))))),2)","v":{"v":1,"d":"1.00"}},"No",{"$nulls":3},"SSR 20-21"]
[{"$nulls":13},"SSR 20-21"]
[{"$nulls":9},"No",{"$f":"'SANITATION DTA'!G166","v":{"v":2385,"d":"2385.00"}},"SSR 20-21",{"$f":"ROUND(I3248*K3248,0)","v":{"v":0,"d":"0.00"}},"SSR 20-21"]
[14,"Supplying and fixing Indian make Flat Back Wash Hand Basin (HSW/Parryware/ Neycer) 1st quality conforming to IS:2556-Part-4:1972 of size 450mm x 300mm with 32 mm nominal size C.P. Fitting with parallel pipe thread onforming to IS:2963-1979 and fitted with 15 mm nominal bore Chromium Plated Pillar Tap of 1st quality Indian make 400 grams Seiko/Senior/Nice or equivalent complete with  tandard CI brackets including wooden blocks ,1 No.12.70mm PVC connection with brass union nuts CP  oated , 1 No.12.70mm NP bib tap 400 gms Seiko or equivalent , 31.75mm dia. PVC flexible waste pipe 914.4mm length of 1st quality including cost and  onveyance of all materials to site, labour charges , overheads & contractors profit for finished item of work",{"$nulls":11},"SSR 20-21"]
[null,"Qty.p.14 of M.B.No.558/B/ZP/20",{"$nulls":11},"SSR 20-21"]
[null,null,1,"x",3,{"v":0,"d":"0.000"},{"v":0,"d":"0.000"},{"v":0,"d":"0.000"},{"$f":"ROUND(IF(AND(F3251:H3251),C3251*E3251*F3251*G3251*H3251,IF(AND(F3251,G3251),C3251*E3251*F3251*G3251,IF(AND(F3251,H3251),C3251*E3251*F3251*H3251,IF(AND(G3251,H3251),C3251*E3251*G3251*H3251,IF(F3251,C3251*E3251*F3251,IF(G3251,C3251*E3251*G3251,IF(H3251,C3251*E3251*H3251,C3251*E3251))))))),2)","v":3},"No",{"$nulls":3},"SSR 20-21"]
[{"$nulls":13},"SSR 20-21"]
[{"$nulls":9},"No",{"$f":"'SANITATION DTA'!G174","v":{"v":1827,"d":"1827.00"}},"SSR 20-21",{"$f":"ROUND(I3253*K3253,0)","v":{"v":0,"d":"0.00"}},"SSR 20-21"]
[15,"Supplying & fixing 4\" (101.6 mm ) Nahany trap with Jali-  PVC/SWR Pipe fittings",{"$nulls":11},"SSR 20-21"]
[null,"Qty.p.      of M.B.No.558/B/ZP/20",{"$nulls":11},"SSR 20-21"]
[null,null,1,"x",4,{"v":0,"d":"0.000"},{"v":0,"d":"0.000"},{"v":0,"d":"0.000"},{"$f":"ROUND(IF(AND(F3256:H3256),C3256*E3256*F3256*G3256*H3256,IF(AND(F3256,G3256),C3256*E3256*F3256*G3256,IF(AND(F3256,H3256),C3256*E3256*F3256*H3256,IF(AND(G3256,H3256),C3256*E3256*G3256*H3256,IF(F3256,C3256*E3256*F3256,IF(G3256,C3256*E3256*G3256,IF(H3256,C3256*E3256*H3256,C3256*E3256))))))),2)","v":4},"No",{"$nulls":3},"SSR 20-21"]
[{"$nulls":13},"SSR 20-21"]
[{"$nulls":9},"No",{"$f":"'SANITATION DTA'!G302","v":{"v":86,"d":"86.00"}},"SSR 20-21",{"$f":"ROUND(I3258*K3258,0)","v":{"v":0,"d":"0.00"}},"SSR 20-21"]
[16,"Providing & placing on Terrace polyethylene water storage tank with Double layer approved brand & manufacture with cover and suitable locking arrangement & making necessary holes for inlet & outlets and overflow pipes but without fittings & base support for tanks",{"$nulls":11},"SSR 20-21"]
[null,"Qty.p.15 of M.B.No.558/B/ZP/20",{"$nulls":11},"SSR 20-21"]
[null,null,1,"x",1,1000,{"v":0,"d":"0.000"},{"v":0,"d":"0.000"},{"$f":"ROUND(IF(AND(F3261:H3261),C3261*E3261*F3261*G3261*H3261,IF(AND(F3261,G3261),C3261*E3261*F3261*G3261,IF(AND(F3261,H3261),C3261*E3261*F3261*H3261,IF(AND(G3261,H3261),C3261*E3261*G3261*H3261,IF(F3261,C3261*E3261*F3261,IF(G3261,C3261*E3261*G3261,IF(H3261,C3261*E3261*H3261,C3261*E3261))))))),2)","v":{"v":1000,"d":"1000.00"}},"Ltr",{"$nulls":3},"SSR 20-21"]
[{"$nulls":13},"SSR 20-21"]
[{"$nulls":9},"Ltr",{"$f":"'SANITATION DTA'!G218","v":{"v":6,"d":"6.00"}},"SSR 20-21",{"$f":"ROUND(I3263*K3263,0)","v":{"v":0,"d":"0.00"}},"SSR 20-21"]
[17,"Drilling of 165mm dia Bore well by down the hole hammer at a fiished dia of 165mm dia in all formations suitable for down the hole hammer drilling such as meduim hard rock formation, all consolidated frormation etc and reaming the borewell to subinsertation of required casing pipe etc including insertion of casing pipe with couplings, caps any other relevant materials upto required depth as directed by the dept, transportation of drilling rigs and supporting vehicle and including bore development. Flushing of Borewell at an avarage pressure of 150PSI conducting yield test, crew charegs required in fixation of pipe assembly completely done to the satisfaction of the dept and incuding all labour charges, but excluding the cost of casing pipe etc. The entire work should be carried out as per IS-2800 part I and II 1979",{"$nulls":11},"SSR 20-21"]
[null,"Qty.p.3 of M.B.No.790/A/ZP/19",{"$nulls":11},"SSR 20-21"]
[null,"Upto 90 Mts",null,"x",1,90,{"v":0,"d":"0.000"},{"v":0,"d":"0.000"},{"$f":"ROUND(IF(AND(F3266:H3266),C3266*E3266*F3266*G3266*H3266,IF(AND(F3266,G3266),C3266*E3266*F3266*G3266,IF(AND(F3266,H3266),C3266*E3266*F3266*H3266,IF(AND(G3266,H3266),C3266*E3266*G3266*H3266,IF(F3266,C3266*E3266*F3266,IF(G3266,C3266*E3266*G3266,IF(H3266,C3266*E3266*H3266,C3266*E3266))))))),2)","v":{"v":0,"d":"0.00"}},"Rm",{"$f":"'SANITATION DTA'!G257","v":{"v":446.4,"d":"446.40"}},"SSR 20-21",{"$f":"ROUND(I3266*K3266,0)","v":{"v":0,"d":"0.00"}},"SSR 20-21"]
[null,"90Mts to 150 Mts",null,"x",1,30,{"v":0,"d":"0.000"},{"v":0,"d":"0.000"},{"$f":"ROUND(IF(AND(F3267:H3267),C3267*E3267*F3267*G3267*H3267,IF(AND(F3267,G3267),C3267*E3267*F3267*G3267,IF(AND(F3267,H3267),C3267*E3267*F3267*H3267,IF(AND(G3267,H3267),C3267*E3267*G3267*H3267,IF(F3267,C3267*E3267*F3267,IF(G3267,C3267*E3267*G3267,IF(H3267,C3267*E3267*H3267,C3267*E3267))))))),2)","v":{"v":0,"d":"0.00"}},"Rm",{"$f":"'SANITATION DTA'!G259","v":{"v":477.6,"d":"477.60"}},"SSR 20-21",{"$f":"ROUND(I3267*K3267,0)","v":{"v":0,"d":"0.00"}},"SSR 20-21"]
[null,"150Mts to 240 Mts",1,"x",1,60,{"v":0,"d":"0.000"},{"v":0,"d":"0.000"},null,"Rm",{"$f":"'SANITATION DTA'!G261","v":{"v":535.7,"d":"535.70"}},"SSR 20-21",{"$f":"ROUND(I3268*K3268,0)","v":{"v":0,"d":"0.00"}},"SSR 20-21"]
[{"$nulls":13},"SSR 20-21"]
[18,"Providing PVC Casing pipe 180mm dia of 6 Kgs/cm2 including cost and conveyance of Pipe and labour charges etc complete for Borewell of 165mm dia. Item No 20 of PH items in SoR 2019-20 Page 67 Rs 636-00 per 1.00 RM",{"$nulls":11},"SSR 20-21"]
[null,"Qty.p.3 of M.B.No.790/A/ZP/19",{"$nulls":11},"SSR 20-21"]
[{"$nulls":3},"x",1,{"v":18,"d":"18.00"},{"v":0,"d":"0.000"},{"v":0,"d":"0.000"},{"$f":"ROUND(IF(AND(F3272:H3272),C3272*E3272*F3272*G3272*H3272,IF(AND(F3272,G3272),C3272*E3272*F3272*G3272,IF(AND(F3272,H3272),C3272*E3272*F3272*H3272,IF(AND(G3272,H3272),C3272*E3272*G3272*H3272,IF(F3272,C3272*E3272*F3272,IF(G3272,C3272*E3272*G3272,IF(H3272,C3272*E3272*H3272,C3272*E3272))))))),2)","v":{"v":0,"d":"0.00"}},"Rm",{"$nulls":3},"SSR 20-21"]
[{"$nulls":13},"SSR 20-21"]
[{"$nulls":8},{"$f":"SUM(I3272:I3273)","v":{"v":0,"d":"0.00"}},"Rm",{"$f":"'SANITATION DTA'!G277","v":{"v":325,"d":"325.00"}},"SSR 20-21",{"$f":"ROUND(I3274*K3274,0)","v":{"v":0,"d":"0.00"}},"SSR 20-21"]
[19,"Supply and erecting, ISI mark submersible 1.0 HP,Single Phase  18stages pumpset suitable for 106 / 156mm dia borewell with high quality water resistant and dynamically balanced bronze impeller with stainless steel shaft sleeves, pump coupling and pivot of Single phase 250V, 50Hz.. A.C. power supply copper winding with water proof insulation and high precision strength not  to be effected by chemical in water and suitable bronze bearings with nut and bolts etc., with  necessary H-type clamp of suitable size and strength.",{"$nulls":11},"SSR 20-21"," ",null," "]
[null,"Qty.p.3 of M.B.No.790/A/ZP/19",{"$nulls":11},"SSR 20-21"]
[{"$nulls":3},"x",1,{"v":0,"d":"0.000"},{"v":0,"d":"0.00"},{"v":0,"d":"0.000"},{"$f":"ROUND(IF(AND(F3277:H3277),C3277*E3277*F3277*G3277*H3277,IF(AND(F3277,G3277),C3277*E3277*F3277*G3277,IF(AND(F3277,H3277),C3277*E3277*F3277*H3277,IF(AND(G3277,H3277),C3277*E3277*G3277*H3277,IF(F3277,C3277*E3277*F3277,IF(G3277,C3277*E3277*G3277,IF(H3277,C3277*E3277*H3277,C3277*E3277))))))),2)","v":0},"No",{"$nulls":3},"SSR 20-21"]
[{"$nulls":13},"SSR 20-21"]
[{"$nulls":8},{"$f":"SUM(I3277:I3278)","v":0},"No",{"$f":"'SANITATION DTA'!G274","v":{"v":18526,"d":"18526.00"}},"SSR 20-21",{"$f":"ROUND(I3279*K3279,0)","v":{"v":0,"d":"0.00"}},"SSR 20-21"," "]
[20,"S& F 40  mm HDPE pipe pipe properties & weight as per IS 1239 ISI mark with GI fittings including the cost of pipe & its fittings & labour charges.",{"$nulls":11},"SSR 20-21"," ",null," "]
[null,"Qty.p.4 of M.B.No.790/A/ZP/19",{"$nulls":11},"SSR 20-21"]
[{"$nulls":3},"x",1,{"v":85,"d":"85.0"},{"v":0,"d":"0.00"},{"v":0,"d":"0.000"},{"$f":"ROUND(IF(AND(F3282:H3282),C3282*E3282*F3282*G3282*H3282,IF(AND(F3282,G3282),C3282*E3282*F3282*G3282,IF(AND(F3282,H3282),C3282*E3282*F3282*H3282,IF(AND(G3282,H3282),C3282*E3282*G3282*H3282,IF(F3282,C3282*E3282*F3282,IF(G3282,C3282*E3282*G3282,IF(H3282,C3282*E3282*H3282,C3282*E3282))))))),2)","v":{"v":0,"d":"0.00"}},"Rm",{"$nulls":3},"SSR 20-21"]
[{"$nulls":13},"SSR 20-21"]
[{"$nulls":8},{"$f":"SUM(I3282:I3283)","v":{"v":0,"d":"0.00"}},"Rm",{"$f":"'SANITATION DTA'!G280","v":{"v":59,"d":"59.00"}},"SSR 20-21",{"$f":"ROUND(I3284*K3284,0)","v":{"v":0,"d":"0.00"}},"SSR 20-21"," "]
[21,"S&F of 180mm dia bore cap",{"$nulls":11},"SSR 20-21"," ",null," "]
[null,"Qty.p.4 of M.B.No.790/A/ZP/19",{"$nulls":11},"SSR 20-21"]
[{"$nulls":3},"x",1,{"v":0,"d":"0.000"},{"v":0,"d":"0.00"},{"v":0,"d":"0.000"},{"$f":"ROUND(IF(AND(F3287:H3287),C3287*E3287*F3287*G3287*H3287,IF(AND(F3287,G3287),C3287*E3287*F3287*G3287,IF(AND(F3287,H3287),C3287*E3287*F3287*H3287,IF(AND(G3287,H3287),C3287*E3287*G3287*H3287,IF(F3287,C3287*E3287*F3287,IF(G3287,C3287*E3287*G3287,IF(H3287,C3287*E3287*H3287,C3287*E3287))))))),2)","v":0},"No",{"$nulls":3},"SSR 20-21"]
[{"$nulls":13},"SSR 20-21"]
[{"$nulls":8},{"$f":"SUM(I3287:I3288)","v":0},"No",{"$f":"'SANITATION DTA'!G286","v":{"v":300,"d":"300.00"}},"SSR 20-21",{"$f":"ROUND(I3289*K3289,0)","v":{"v":0,"d":"0.00"}},"SSR 20-21"," "]
[22,"S&F of 25mm dia GI pipe",{"$nulls":11},"SSR 20-21"," ",null," "]
[null,"Qty.p.4 of M.B.No.790/A/ZP/19",{"$nulls":11},"SSR 20-21"]
[{"$nulls":3},"x",1,{"v":0.5,"d":"0.500"},{"v":0,"d":"0.00"},{"v":0,"d":"0.000"},{"$f":"ROUND(IF(AND(F3292:H3292),C3292*E3292*F3292*G3292*H3292,IF(AND(F3292,G3292),C3292*E3292*F3292*G3292,IF(AND(F3292,H3292),C3292*E3292*F3292*H3292,IF(AND(G3292,H3292),C3292*E3292*G3292*H3292,IF(F3292,C3292*E3292*F3292,IF(G3292,C3292*E3292*G3292,IF(H3292,C3292*E3292*H3292,C3292*E3292))))))),2)","v":{"v":0,"d":"0.00"}},"Rm",{"$nulls":3},"SSR 20-21"]
[{"$nulls":13},"SSR 20-21"]
[{"$nulls":8},{"$f":"SUM(I3292:I3293)","v":{"v":0,"d":"0.00"}},"Rm",{"$f":"'SANITATION DTA'!G289","v":{"v":400,"d":"400.00"}},"SSR 20-21",{"$f":"ROUND(I3294*K3294,0)","v":{"v":0,"d":"0.00"}},"SSR 20-21"," "]
[23,"S&F of 25mm dia GI Bends",{"$nulls":11},"SSR 20-21"," ",null," "]
[null,"Qty.p.4 of M.B.No.790/A/ZP/19",{"$nulls":11},"SSR 20-21"]
[{"$nulls":3},"x",1,{"v":0,"d":"0.000"},{"v":0,"d":"0.00"},{"v":0,"d":"0.000"},{"$f":"ROUND(IF(AND(F3297:H3297),C3297*E3297*F3297*G3297*H3297,IF(AND(F3297,G3297),C3297*E3297*F3297*G3297,IF(AND(F3297,H3297),C3297*E3297*F3297*H3297,IF(AND(G3297,H3297),C3297*E3297*G3297*H3297,IF(F3297,C3297*E3297*F3297,IF(G3297,C3297*E3297*G3297,IF(H3297,C3297*E3297*H3297,C3297*E3297))))))),2)","v":0},"No",{"$nulls":3},"SSR 20-21"]
[{"$nulls":13},"SSR 20-21"]
[{"$nulls":8},{"$f":"SUM(I3297:I3298)","v":0},"No",{"$f":"'SANITATION DTA'!G292","v":{"v":70,"d":"70.00"}},"SSR 20-21",{"$f":"ROUND(I3299*K3299,0)","v":{"v":0,"d":"0.00"}},"SSR 20-21"," "]
[24,"S&F of 25mm dia Clamp set",{"$nulls":11},"SSR 20-21"," ",null," "]
[null,"Qty.p.4 of M.B.No.790/A/ZP/19",{"$nulls":11},"SSR 20-21"]
[{"$nulls":3},"x",1,{"v":0,"d":"0.000"},{"v":0,"d":"0.00"},{"v":0,"d":"0.000"},{"$f":"ROUND(IF(AND(F3302:H3302),C3302*E3302*F3302*G3302*H3302,IF(AND(F3302,G3302),C3302*E3302*F3302*G3302,IF(AND(F3302,H3302),C3302*E3302*F3302*H3302,IF(AND(G3302,H3302),C3302*E3302*G3302*H3302,IF(F3302,C3302*E3302*F3302,IF(G3302,C3302*E3302*G3302,IF(H3302,C3302*E3302*H3302,C3302*E3302))))))),2)","v":0},"No",{"$nulls":3},"SSR 20-21"]
[{"$nulls":13},"SSR 20-21"]
[{"$nulls":8},{"$f":"SUM(I3302:I3303)","v":0},"No",{"$f":"'SANITATION DTA'!G283","v":{"v":175,"d":"175.00"}},"SSR 20-21",{"$f":"ROUND(I3304*K3304,0)","v":{"v":0,"d":"0.00"}},"SSR 20-21"," "]
[25,"Supply of 3 core 1.50 sqm flat copper cable as per for submersible motors of makes polycab for service mains including cost of material and labour charges and taxes etc., complete.",{"$nulls":11},"SSR 20-21"," ",null," "]
[null,"Qty.p.6 of M.B.No.790/A/ZP/19",{"$nulls":11},"SSR 20-21"]
[{"$nulls":3},"x",1,{"v":90,"d":"90.00"},{"v":0,"d":"0.00"},{"v":0,"d":"0.000"},{"$f":"ROUND(IF(AND(F3307:H3307),C3307*E3307*F3307*G3307*H3307,IF(AND(F3307,G3307),C3307*E3307*F3307*G3307,IF(AND(F3307,H3307),C3307*E3307*F3307*H3307,IF(AND(G3307,H3307),C3307*E3307*G3307*H3307,IF(F3307,C3307*E3307*F3307,IF(G3307,C3307*E3307*G3307,IF(H3307,C3307*E3307*H3307,C3307*E3307))))))),2)","v":{"v":0,"d":"0.00"}},"Rm",{"$nulls":3},"SSR 20-21"]
[{"$nulls":13},"SSR 20-21"]
[{"$nulls":8},{"$f":"SUM(I3307:I3308)","v":{"v":0,"d":"0.00"}},"Rm",{"$f":"'SANITATION DTA'!G295","v":{"v":80,"d":"80.00"}},"SSR 20-21",{"$f":"ROUND(I3309*K3309,0)","v":{"v":0,"d":"0.00"}},"SSR 20-21"," "]
[26,"Supply and Transportation of control panel for single phasesubmersible motors up to 3 HP @ 220V 50Hz operating range between 80 to 240V including supply and fixing of Direct - on - Line LTLK / SIEMENS / CROMPTON make Volt meter and Ammeter with starting and running capacitors assembled with ISI mark contactors and fitted with Legrand make ISI mark MCB etc., complete. \n",{"$nulls":11},"SSR 20-21"," ",null," "]
[null,"Qty.p.6 of M.B.No.790/A/ZP/19",{"$nulls":11},"SSR 20-21"]
[{"$nulls":3},"x",1,{"v":0,"d":"0.000"},{"v":0,"d":"0.00"},{"v":0,"d":"0.000"},{"$f":"ROUND(IF(AND(F3312:H3312),C3312*E3312*F3312*G3312*H3312,IF(AND(F3312,G3312),C3312*E3312*F3312*G3312,IF(AND(F3312,H3312),C3312*E3312*F3312*H3312,IF(AND(G3312,H3312),C3312*E3312*G3312*H3312,IF(F3312,C3312*E3312*F3312,IF(G3312,C3312*E3312*G3312,IF(H3312,C3312*E3312*H3312,C3312*E3312))))))),2)","v":0},"No",{"$nulls":3},"SSR 20-21"]
[{"$nulls":13},"SSR 20-21"]
[{"$nulls":8},{"$f":"SUM(I3312:I3313)","v":0},"No",{"$f":"'SANITATION DTA'!G298","v":{"v":4500,"d":"4500.00"}},"SSR 20-21",{"$f":"ROUND(I3314*K3314,0)","v":{"v":0,"d":"0.00"}},"SSR 20-21"," "]
[null,"As per SSR 2021-22",{"$nulls":11},"SSR 21-22"]
[1,"Supply and Fixing of Premium make CPVC Pipes and Fittings to meet the requirement of ASTM-D 2846 and are produced in CTS (Copper Tube Sizes 1/2\" ton 2\" Ashirvad  lowgurard SDR 11 and SDR 13.5 pipes are made from  dential CPVC compounds having the same physical  roperties for Hot and Cold Water (IS 15778:2007)for  32mm dia",{"$nulls":11},"SSR 21-22"]
[null,"Qty.p.9 of M.B.No.299/A/ZP/19",{"$nulls":11},"SSR 21-22"]
[null,null,1,"x",1,{"v":28,"d":"28.000"},{"v":0,"d":"0.000"},{"v":0,"d":"0.000"},{"$f":"ROUND(IF(AND(F3318:H3318),C3318*E3318*F3318*G3318*H3318,IF(AND(F3318,G3318),C3318*E3318*F3318*G3318,IF(AND(F3318,H3318),C3318*E3318*F3318*H3318,IF(AND(G3318,H3318),C3318*E3318*G3318*H3318,IF(F3318,C3318*E3318*F3318,IF(G3318,C3318*E3318*G3318,IF(H3318,C3318*E3318*H3318,C3318*E3318))))))),2)","v":{"v":28,"d":"28.00"}},"Rm",{"$nulls":3},"SSR 21-22"]
[{"$nulls":13},"SSR 21-22"]
[{"$nulls":9},"Rm",{"$f":"'SANITATION DTA'!G381","v":{"v":202,"d":"202.00"}},"SSR 21-22",{"$f":"ROUND(I3320*K3320,0)","v":{"v":0,"d":"0.00"}},"SSR 21-22"]
[1,"Supply and Fixing of Premium make CPVC Pipes and Fittings to meet the requirement of ASTM-D 2846 and are produced in CTS (Copper Tube Sizes 1/2\" ton 2\" Ashirvad  lowgurard SDR 11 and SDR 13.5 pipes are made from  dential CPVC compounds having the same physical  roperties for Hot and Cold Water (IS 15778:2007)for  25mm dia",{"$nulls":11},"SSR 21-22"]
[null,"Qty.p.    of M.B.No.299/A/ZP/19",{"$nulls":11},"SSR 21-22"]
[null,null,1,"x",1,{"v":45,"d":"45.00"},{"v":0,"d":"0.000"},{"v":0,"d":"0.000"},{"$f":"ROUND(IF(AND(F3323:H3323),C3323*E3323*F3323*G3323*H3323,IF(AND(F3323,G3323),C3323*E3323*F3323*G3323,IF(AND(F3323,H3323),C3323*E3323*F3323*H3323,IF(AND(G3323,H3323),C3323*E3323*G3323*H3323,IF(F3323,C3323*E3323*F3323,IF(G3323,C3323*E3323*G3323,IF(H3323,C3323*E3323*H3323,C3323*E3323))))))),2)","v":{"v":45,"d":"45.00"}},"Rm",{"$nulls":3},"SSR 21-22"]
[{"$nulls":13},"SSR 21-22"]
[{"$nulls":9},"Rm",{"$f":"'SANITATION DTA'!G378","v":{"v":129,"d":"129.00"}},"SSR 21-22",{"$f":"ROUND(I3325*K3325,0)","v":{"v":0,"d":"0.00"}},"SSR 21-22"]
[1,"Supply and Fixing of Premium make CPVC Pipes and Fittings to meet the requirement of ASTM-D 2846 and are produced in CTS (Copper Tube Sizes 1/2\" ton 2\" Ashirvad  lowgurard SDR 11 and SDR 13.5 pipes are made from  dential CPVC compounds having the same physical  roperties for Hot and Cold Water (IS 15778:2007)for  20mm dia",{"$nulls":11},"SSR 21-22"]
[null,"Qty.p.60 of M.B.No.299/A/ZP/19",{"$nulls":11},"SSR 21-22"]
[null,"Staff wash room",1,"x",1,{"v":9.1,"d":"9.10"},{"v":0,"d":"0.000"},{"v":0,"d":"0.000"},{"$f":"ROUND(IF(AND(F3328:H3328),C3328*E3328*F3328*G3328*H3328,IF(AND(F3328,G3328),C3328*E3328*F3328*G3328,IF(AND(F3328,H3328),C3328*E3328*F3328*H3328,IF(AND(G3328,H3328),C3328*E3328*G3328*H3328,IF(F3328,C3328*E3328*F3328,IF(G3328,C3328*E3328*G3328,IF(H3328,C3328*E3328*H3328,C3328*E3328))))))),2)","v":{"v":9.1,"d":"9.10"}},"Rm",{"$nulls":3},"SSR 21-22"]
[null,"Clinic wash room",1,"x",1,{"v":5.5,"d":"5.50"},{"v":0,"d":"0.000"},{"v":0,"d":"0.000"},{"$f":"ROUND(IF(AND(F3329:H3329),C3329*E3329*F3329*G3329*H3329,IF(AND(F3329,G3329),C3329*E3329*F3329*G3329,IF(AND(F3329,H3329),C3329*E3329*F3329*H3329,IF(AND(G3329,H3329),C3329*E3329*G3329*H3329,IF(F3329,C3329*E3329*F3329,IF(G3329,C3329*E3329*G3329,IF(H3329,C3329*E3329*H3329,C3329*E3329))))))),2)","v":{"v":5.5,"d":"5.50"}},"Rm",{"$nulls":3},"SSR 21-22"]
[{"$nulls":13},"SSR 21-22"]
[{"$nulls":9},"Rm",{"$f":"'SANITATION DTA'!G375","v":{"v":89,"d":"89.00"}},"SSR 21-22",{"$f":"ROUND(I3331*K3331,0)","v":{"v":0,"d":"0.00"}},"SSR 21-22"]
[2,"Manufacture, Supply and Delivery of Unplasticised PVCs Pipes for potable water supplies conforming to IS : 4985/2000 (3rd revision) with bell ends (Socket) as per specification.",{"$nulls":11},"SSR 21-22"]
[null,"Qty.p.23 of M.B.No.299/A/ZP/19",{"$nulls":11},"SSR 21-22"]
[null,null,1,"x",1,{"v":85,"d":"85.000"},{"v":0,"d":"0.000"},{"v":0,"d":"0.000"},{"$f":"ROUND(IF(AND(F3334:H3334),C3334*E3334*F3334*G3334*H3334,IF(AND(F3334,G3334),C3334*E3334*F3334*G3334,IF(AND(F3334,H3334),C3334*E3334*F3334*H3334,IF(AND(G3334,H3334),C3334*E3334*G3334*H3334,IF(F3334,C3334*E3334*F3334,IF(G3334,C3334*E3334*G3334,IF(H3334,C3334*E3334*H3334,C3334*E3334))))))),2)","v":{"v":85,"d":"85.00"}},"Rm",{"$nulls":3},"SSR 21-22"]
[{"$nulls":13},"SSR 21-22"]
[{"$nulls":9},"Rm",{"$f":"'SANITATION DTA'!G385","v":{"v":33,"d":"33.00"}},"SSR 21-22",{"$f":"ROUND(I3336*K3336,0)","v":{"v":0,"d":"0.00"}},"SSR 21-22"]
[2,"Labour charges for laying, joining, welding, fixing and commissioning the C-PVC pipes including all specials such ascouplers/ bends/ tees etc including fixing necessary fittings like bends, plugs, couplers, junctions, tees, etc with welding the joint as per standard practice - up to 40 mm dia",{"$nulls":11},"SSR 21-22"]
[null,"Qty.p.60 of M.B.No.299/A/ZP/19",{"$nulls":11},"SSR 21-22"]
[null,"20mm dia",1,"x",1,{"v":9.1,"d":"9.10"},{"v":0,"d":"0.000"},{"v":0,"d":"0.000"},{"$f":"ROUND(IF(AND(F3339:H3339),C3339*E3339*F3339*G3339*H3339,IF(AND(F3339,G3339),C3339*E3339*F3339*G3339,IF(AND(F3339,H3339),C3339*E3339*F3339*H3339,IF(AND(G3339,H3339),C3339*E3339*G3339*H3339,IF(F3339,C3339*E3339*F3339,IF(G3339,C3339*E3339*G3339,IF(H3339,C3339*E3339*H3339,C3339*E3339))))))),2)","v":{"v":9.1,"d":"9.10"}},"Rm",{"$nulls":3},"SSR 21-22"]
[null,null,1,"x",1,{"v":5.5,"d":"5.50"},{"v":0,"d":"0.000"},{"v":0,"d":"0.000"},{"$f":"ROUND(IF(AND(F3340:H3340),C3340*E3340*F3340*G3340*H3340,IF(AND(F3340,G3340),C3340*E3340*F3340*G3340,IF(AND(F3340,H3340),C3340*E3340*F3340*H3340,IF(AND(G3340,H3340),C3340*E3340*G3340*H3340,IF(F3340,C3340*E3340*F3340,IF(G3340,C3340*E3340*G3340,IF(H3340,C3340*E3340*H3340,C3340*E3340))))))),2)","v":{"v":5.5,"d":"5.50"}},"Rm"]
[{"$nulls":13},"SSR 21-22"]
[{"$nulls":9},"Rm",{"$f":"'SANITATION DTA'!G389","v":{"v":33,"d":"33.00"}},"SSR 21-22",{"$f":"ROUND(I3342*K3342,0)","v":{"v":0,"d":"0.00"}},"SSR 21-22"]
[3,"Supply & fixing of tested NP bib taps at all levels of 12.70mm dia of Indian make 400g first quality including cost & conveyance of all materials, labour charges for finished item of work, and all taxes complete for all floors",{"$nulls":11},"SSR 21-22"]
[null,"Qty.p.    of M.B.No.299/A/ZP/19",{"$nulls":11},"SSR 21-22"]
[null,null,1,"x",9,{"$f":"I3338","v":{"v":0,"d":"0.000"}},{"v":0,"d":"0.000"},{"v":0,"d":"0.000"},{"$f":"ROUND(IF(AND(F3345:H3345),C3345*E3345*F3345*G3345*H3345,IF(AND(F3345,G3345),C3345*E3345*F3345*G3345,IF(AND(F3345,H3345),C3345*E3345*F3345*H3345,IF(AND(G3345,H3345),C3345*E3345*G3345*H3345,IF(F3345,C3345*E3345*F3345,IF(G3345,C3345*E3345*G3345,IF(H3345,C3345*E3345*H3345,C3345*E3345))))))),2)","v":9},"No",{"$nulls":3},"SSR 21-22"]
[{"$nulls":13},"SSR 21-22"]
[{"$nulls":9},"No",{"$f":"'SANITATION DTA'!G358","v":{"v":366,"d":"366.00"}},"SSR 21-22",{"$f":"ROUND(I3347*K3347,0)","v":{"v":0,"d":"0.00"}},"SSR 21-22"]
[4,"Supplying & fixing 15 mm bib tap with flange Chromeum plated Jaquar make queen series",{"$nulls":11},"SSR 21-22"]
[null,"Qty.P.No.     of M.B.No.",{"$nulls":11},"SSR 21-22"]
[null,null,1,"x",2,{"$f":"I3343","v":{"v":0,"d":"0.000"}},{"v":0,"d":"0.000"},{"v":0,"d":"0.000"},{"$f":"ROUND(IF(AND(F3350:H3350),C3350*E3350*F3350*G3350*H3350,IF(AND(F3350,G3350),C3350*E3350*F3350*G3350,IF(AND(F3350,H3350),C3350*E3350*F3350*H3350,IF(AND(G3350,H3350),C3350*E3350*G3350*H3350,IF(F3350,C3350*E3350*F3350,IF(G3350,C3350*E3350*G3350,IF(H3350,C3350*E3350*H3350,C3350*E3350))))))),2)","v":2},"No",{"$nulls":3},"SSR 21-22"]
[{"$nulls":13},"SSR 21-22"]
[{"$nulls":9},"No",{"$f":"'SANITATION DTA'!G354","v":{"v":1554,"d":"1554.00"}},"SSR 21-22",{"$f":"ROUND(I3352*K3352,0)","v":{"v":0,"d":"0.00"}},"SSR 21-22"]
[3,"Prince/ Sudhakar make or equivalent quality PVC /SWR pipes & fittings ( as per ISI standards) 4kg/cm2 110mm dia. double socket ",{"$nulls":11},"SSR 21-22"]
[null,"Qty.p.58  of M.B.No.299/A/ZP/19",{"$nulls":11},"SSR 21-22"]
[null,"Staff wash room",1,"x",1,{"v":2.1,"d":"2.100"},{"v":0,"d":"0.000"},{"v":0,"d":"0.000"},{"$f":"ROUND(IF(AND(F3355:H3355),C3355*E3355*F3355*G3355*H3355,IF(AND(F3355,G3355),C3355*E3355*F3355*G3355,IF(AND(F3355,H3355),C3355*E3355*F3355*H3355,IF(AND(G3355,H3355),C3355*E3355*G3355*H3355,IF(F3355,C3355*E3355*F3355,IF(G3355,C3355*E3355*G3355,IF(H3355,C3355*E3355*H3355,C3355*E3355))))))),2)","v":{"v":2.1,"d":"2.10"}},"Rm",{"$nulls":3},"SSR 21-22"]
[null,"Clinic wash room",1,"x",1,{"v":2.1,"d":"2.100"},{"v":0,"d":"0.000"},{"v":0,"d":"0.000"},{"$f":"ROUND(IF(AND(F3356:H3356),C3356*E3356*F3356*G3356*H3356,IF(AND(F3356,G3356),C3356*E3356*F3356*G3356,IF(AND(F3356,H3356),C3356*E3356*F3356*H3356,IF(AND(G3356,H3356),C3356*E3356*G3356*H3356,IF(F3356,C3356*E3356*F3356,IF(G3356,C3356*E3356*G3356,IF(H3356,C3356*E3356*H3356,C3356*E3356))))))),2)","v":{"v":2.1,"d":"2.10"}},"Rm",{"$nulls":3},"SSR 21-22"]
[{"$nulls":13},"SSR 21-22"]
[{"$nulls":9},"Rm",{"$f":"'SANITATION DTA'!G334","v":{"v":142,"d":"142.00"}},"SSR 21-22",{"$f":"ROUND(I3358*K3358,0)","v":{"v":0,"d":"0.00"}},"SSR 21-22"]
[4,"Prince/ Sudhakar make or equivalent quality PVC /SWR pipes & fittings ( as per ISI standards) 4kg/cm2 90mm dia. double socket ",{"$nulls":11},"SSR 21-22"]
[null,"Qty.p.12 of M.B.No.299/A/ZP/19",{"$nulls":11},"SSR 21-22"]
[null,null,1,"x",1,{"v":18,"d":"18.000"},{"v":0,"d":"0.000"},{"v":0,"d":"0.000"},{"$f":"ROUND(IF(AND(F3361:H3361),C3361*E3361*F3361*G3361*H3361,IF(AND(F3361,G3361),C3361*E3361*F3361*G3361,IF(AND(F3361,H3361),C3361*E3361*F3361*H3361,IF(AND(G3361,H3361),C3361*E3361*G3361*H3361,IF(F3361,C3361*E3361*F3361,IF(G3361,C3361*E3361*G3361,IF(H3361,C3361*E3361*H3361,C3361*E3361))))))),2)","v":{"v":18,"d":"18.00"}},"Rm",{"$nulls":3},"SSR 21-22"]
[{"$nulls":13},"SSR 21-22"]
[{"$nulls":9},"Rm",{"$f":"'SANITATION DTA'!G340","v":{"v":135,"d":"135.00"}},"SSR 21-22",{"$f":"ROUND(I3363*K3363,0)","v":{"v":0,"d":"0.00"}},"SSR 21-22"]
[4,"Prince/ Sudhakar make or equivalent quality PVC /SWR pipes & fittings ( as per ISI standards) 4kg/cm2 75mm dia. double socket ",{"$nulls":11},"SSR 21-22"]
[null,"Qty.p.58  of M.B.No.299/A/ZP/19",{"$nulls":11},"SSR 21-22"]
[null,"Staff wash room",1,"x",1,{"v":3.9,"d":"3.90"},{"v":0,"d":"0.000"},{"v":0,"d":"0.000"},{"$f":"ROUND(IF(AND(F3366:H3366),C3366*E3366*F3366*G3366*H3366,IF(AND(F3366,G3366),C3366*E3366*F3366*G3366,IF(AND(F3366,H3366),C3366*E3366*F3366*H3366,IF(AND(G3366,H3366),C3366*E3366*G3366*H3366,IF(F3366,C3366*E3366*F3366,IF(G3366,C3366*E3366*G3366,IF(H3366,C3366*E3366*H3366,C3366*E3366))))))),2)","v":{"v":3.9,"d":"3.90"}},"Rm",{"$nulls":3},"SSR 21-22"]
[null,"Clinic wash room",1,"x",1,{"v":3.6,"d":"3.60"},{"v":0,"d":"0.000"},{"v":0,"d":"0.000"},{"$f":"ROUND(IF(AND(F3367:H3367),C3367*E3367*F3367*G3367*H3367,IF(AND(F3367,G3367),C3367*E3367*F3367*G3367,IF(AND(F3367,H3367),C3367*E3367*F3367*H3367,IF(AND(G3367,H3367),C3367*E3367*G3367*H3367,IF(F3367,C3367*E3367*F3367,IF(G3367,C3367*E3367*G3367,IF(H3367,C3367*E3367*H3367,C3367*E3367))))))),2)","v":{"v":3.6,"d":"3.60"}},"Rm",{"$nulls":3},"SSR 21-22"]
[{"$nulls":13},"SSR 21-22"]
[{"$nulls":9},"Rm",{"$f":"'SANITATION DTA'!G346","v":{"v":84.66666666666667,"d":"84.67"}},"SSR 21-22",{"$f":"ROUND(I3369*K3369,0)","v":{"v":0,"d":"0.00"}},"SSR 21-22"]
[5,"Labour charges for laying, fixing and commissioning the PVC pipes including couplers/ bends/ tees etc any diameter including fixing necessary fittings like bends, plugs, couplers, junctions, tees, etc with solvent jointing as per standard practice",{"$nulls":11},"SSR 21-22"]
[null,"Qty.p.59  of M.B.No.299/A/ZP/19",{"$nulls":11},"SSR 21-22"]
[null,"110mm dia",1,"x",1,{"$f":"I3358","v":{"v":0,"d":"0.000"}},{"v":0,"d":"0.000"},{"v":0,"d":"0.000"},{"$f":"ROUND(IF(AND(F3372:H3372),C3372*E3372*F3372*G3372*H3372,IF(AND(F3372,G3372),C3372*E3372*F3372*G3372,IF(AND(F3372,H3372),C3372*E3372*F3372*H3372,IF(AND(G3372,H3372),C3372*E3372*G3372*H3372,IF(F3372,C3372*E3372*F3372,IF(G3372,C3372*E3372*G3372,IF(H3372,C3372*E3372*H3372,C3372*E3372))))))),2)","v":{"v":1,"d":"1.00"}},"Rm",{"$nulls":3},"SSR 21-22"]
[null,"75mm dia",1,"x",1,{"$f":"I3369","v":{"v":0,"d":"0.000"}},{"v":0,"d":"0.000"},{"v":0,"d":"0.000"},{"$f":"ROUND(IF(AND(F3373:H3373),C3373*E3373*F3373*G3373*H3373,IF(AND(F3373,G3373),C3373*E3373*F3373*G3373,IF(AND(F3373,H3373),C3373*E3373*F3373*H3373,IF(AND(G3373,H3373),C3373*E3373*G3373*H3373,IF(F3373,C3373*E3373*F3373,IF(G3373,C3373*E3373*G3373,IF(H3373,C3373*E3373*H3373,C3373*E3373))))))),2)","v":{"v":1,"d":"1.00"}},"Rm",{"$nulls":3},"SSR 21-22"]
[{"$nulls":13},"SSR 21-22"]
[{"$nulls":9},"Rm",{"$f":"'SANITATION DTA'!G350","v":{"v":74,"d":"74.00"}},"SSR 21-22",{"$f":"ROUND(I3375*K3375,0)","v":{"v":0,"d":"0.00"}},"SSR 21-22"]
[7,"Supplying and Fixing European Water Closet of 1st quality make white glazed with 'P' trap with low down porcelain flushing tank 10 Lit Capacity internal components and Fixing best Indian make plastic seat and lid for European water closets with rubber or plastic Buffers including all labour charges for fixing etc., complete.",{"$nulls":11},"SSR 21-22"]
[null,"Qty.p.    of M.B.No.299/A/ZP/19",{"$nulls":11},"SSR 21-22"]
[null,"Tiolets",1,"x",3,{"v":0,"d":"0.000"},{"v":0,"d":"0.000"},{"v":0,"d":"0.000"},{"$f":"ROUND(IF(AND(F3378:H3378),C3378*E3378*F3378*G3378*H3378,IF(AND(F3378,G3378),C3378*E3378*F3378*G3378,IF(AND(F3378,H3378),C3378*E3378*F3378*H3378,IF(AND(G3378,H3378),C3378*E3378*G3378*H3378,IF(F3378,C3378*E3378*F3378,IF(G3378,C3378*E3378*G3378,IF(H3378,C3378*E3378*H3378,C3378*E3378))))))),2)","v":3},"No",{"$nulls":3},"SSR 21-22"]
[{"$nulls":13},"SSR 21-22"]
[{"$nulls":9},"No",{"$f":"'SANITATION DTA'!G310","v":{"v":5006,"d":"5006.00"}},"SSR 21-22",{"$f":"ROUND(I3380*K3380,0)","v":{"v":0,"d":"0.00"}},"SSR 21-22"]
[8,"Supplying & Fixing Indian pattern white glazed W.C 1st quality ISI marked conforming to IS:2556-Part-3-1981 with\"P\" or \"S\" trap: 630 mm Long",{"$nulls":11},"SSR 21-22"]
[null,"Qty.P.No.     of M.B.No.",{"$nulls":11},"SSR 21-22"]
[null,"Tiolets",1,"x",1,{"v":0,"d":"0.000"},{"v":0,"d":"0.000"},{"v":0,"d":"0.000"},{"$f":"ROUND(IF(AND(F3383:H3383),C3383*E3383*F3383*G3383*H3383,IF(AND(F3383,G3383),C3383*E3383*F3383*G3383,IF(AND(F3383,H3383),C3383*E3383*F3383*H3383,IF(AND(G3383,H3383),C3383*E3383*G3383*H3383,IF(F3383,C3383*E3383*F3383,IF(G3383,C3383*E3383*G3383,IF(H3383,C3383*E3383*H3383,C3383*E3383))))))),2)","v":1},"No",{"$nulls":3},"SSR 21-22"]
[{"$nulls":13},"SSR 21-22"]
[{"$nulls":9},"No",{"$f":"'SANITATION DTA'!G313","v":{"v":979,"d":"979.00"}},"SSR 21-22",{"$f":"ROUND(I3385*K3385,0)","v":{"v":0,"d":"0.00"}},"SSR 21-22"]
[8,"Supplying & Fixing white glazed flat back half stall urinals 1st quality conforming to IS:2556-1995 with standard C.P. Spreader of overall size 95 x 95 x 57 mm conforming to IS:2556-Part6, Sec-6-1974 fixed with screws complete Indian make : 410 x 265 x 305 mm",{"$nulls":11},"SSR 21-22"]
[null,"Qty.p.    of M.B.No.299/A/ZP/19",{"$nulls":11},"SSR 21-22"]
[null,"Gents tiolet",1,"x",1,{"v":0,"d":"0.000"},{"v":0,"d":"0.000"},{"v":0,"d":"0.000"},{"$f":"ROUND(IF(AND(F3388:H3388),C3388*E3388*F3388*G3388*H3388,IF(AND(F3388,G3388),C3388*E3388*F3388*G3388,IF(AND(F3388,H3388),C3388*E3388*F3388*H3388,IF(AND(G3388,H3388),C3388*E3388*G3388*H3388,IF(F3388,C3388*E3388*F3388,IF(G3388,C3388*E3388*G3388,IF(H3388,C3388*E3388*H3388,C3388*E3388))))))),2)","v":1},"No",{"$nulls":3},"SSR 21-22"]
[{"$nulls":13},"SSR 21-22"]
[{"$nulls":9},"No",{"$f":"'SANITATION DTA'!G316","v":{"v":2499,"d":"2499.00"}},"SSR 21-22",{"$f":"ROUND(I3390*K3390,0)","v":{"v":0,"d":"0.00"}},"SSR 21-22"]
[9,"Supplying and fixing Indian make Flat Back Wash Hand Basin (HSW/Parryware/ Neycer) 1st quality conforming to IS:2556-Part-4:1972 of size 450mm x 300mm with 32 mm nominal size C.P. Fitting with parallel pipe thread onforming to IS:2963-1979 and fitted with 15 mm nominal bore Chromium Plated Pillar Tap of 1st quality Indian make 400 grams Seiko/Senior/Nice or equivalent complete with  tandard CI brackets including wooden blocks ,1 No.12.70mm PVC connection with brass union nuts CP  oated , 1 No.12.70mm NP bib tap 400 gms Seiko or equivalent , 31.75mm dia. PVC flexible waste pipe 914.4mm length of 1st quality including cost and  onveyance of all materials to site, labour charges , overheads & contractors profit for finished item of work",{"$nulls":11},"SSR 21-22"]
[null,"Qty.p.    of M.B.No.299/A/ZP/19",{"$nulls":11},"SSR 21-22"]
[null,null,1,"x",3,{"v":0,"d":"0.000"},{"v":0,"d":"0.000"},{"v":0,"d":"0.000"},{"$f":"ROUND(IF(AND(F3393:H3393),C3393*E3393*F3393*G3393*H3393,IF(AND(F3393,G3393),C3393*E3393*F3393*G3393,IF(AND(F3393,H3393),C3393*E3393*F3393*H3393,IF(AND(G3393,H3393),C3393*E3393*G3393*H3393,IF(F3393,C3393*E3393*F3393,IF(G3393,C3393*E3393*G3393,IF(H3393,C3393*E3393*H3393,C3393*E3393))))))),2)","v":3},"No",{"$nulls":3},"SSR 21-22"]
[{"$nulls":13},"SSR 21-22"]
[{"$nulls":9},"No",{"$f":"'SANITATION DTA'!G324","v":{"v":1915,"d":"1915.00"}},"SSR 21-22",{"$f":"ROUND(I3395*K3395,0)","v":{"v":0,"d":"0.00"}},"SSR 21-22"]
[10,"Supplying & fixing 4\" (101.6 mm ) Nahany trap with Jali-  PVC/SWR Pipe fittings",{"$nulls":11},"SSR 21-22"]
[null,"Qty.p.    of M.B.No.299/A/ZP/19",{"$nulls":11},"SSR 21-22"]
[null,null,1,"x",3,{"v":0,"d":"0.000"},{"v":0,"d":"0.000"},{"v":0,"d":"0.000"},{"$f":"ROUND(IF(AND(F3398:H3398),C3398*E3398*F3398*G3398*H3398,IF(AND(F3398,G3398),C3398*E3398*F3398*G3398,IF(AND(F3398,H3398),C3398*E3398*F3398*H3398,IF(AND(G3398,H3398),C3398*E3398*G3398*H3398,IF(F3398,C3398*E3398*F3398,IF(G3398,C3398*E3398*G3398,IF(H3398,C3398*E3398*H3398,C3398*E3398))))))),2)","v":3},"No",{"$nulls":3},"SSR 21-22"]
[{"$nulls":13},"SSR 21-22"]
[{"$nulls":9},"No",{"$f":"'SANITATION DTA'!G446","v":{"v":89,"d":"89.00"}},"SSR 21-22",{"$f":"ROUND(I3400*K3400,0)","v":{"v":0,"d":"0.00"}},"SSR 21-22"]
[11,"Providing & placing on Terrace polyethylene water storage tank with Double layer approved brand & manufacture with cover and suitable locking arrangement & making necessary holes for inlet & outlets and overflow pipes but without fittings & base support for tanks",{"$nulls":11},"SSR 21-22"]
[null,"Qty.p.    of M.B.No.299/A/ZP/19",{"$nulls":11},"SSR 21-22"]
[null,null,1,"x",1,1000,{"v":0,"d":"0.000"},{"v":0,"d":"0.000"},{"$f":"ROUND(IF(AND(F3403:H3403),C3403*E3403*F3403*G3403*H3403,IF(AND(F3403,G3403),C3403*E3403*F3403*G3403,IF(AND(F3403,H3403),C3403*E3403*F3403*H3403,IF(AND(G3403,H3403),C3403*E3403*G3403*H3403,IF(F3403,C3403*E3403*F3403,IF(G3403,C3403*E3403*G3403,IF(H3403,C3403*E3403*H3403,C3403*E3403))))))),2)","v":{"v":1000,"d":"1000.00"}},"Ltr",{"$nulls":3},"SSR 21-22"]
[{"$nulls":13},"SSR 21-22"]
[{"$nulls":9},"Ltr",{"$f":"'SANITATION DTA'!G368","v":{"v":6,"d":"6.00"}},"SSR 21-22",{"$f":"ROUND(I3405*K3405,0)","v":{"v":0,"d":"0.00"}},"SSR 21-22"]
[10,"Drilling of 165mm dia Bore well by down the hole hammer at a fiished dia of 165mm dia in all formations suitable for down the hole hammer drilling such as meduim hard rock formation, all consolidated frormation etc and reaming the borewell to subinsertation of required casing pipe etc including insertion of casing pipe with couplings, caps any other relevant materials upto required depth as directed by the dept, transportation of drilling rigs and supporting vehicle and including bore development. Flushing of Borewell at an avarage pressure of 150PSI conducting yield test, crew charegs required in fixation of pipe assembly completely done to the satisfaction of the dept and incuding all labour charges, but excluding the cost of casing pipe etc. The entire work should be carried out as per IS-2800 part I and II 1979",{"$nulls":11},"SSR 21-22"]
[null,"Qty.p. 1 of M.B.No.299/A/ZP/19",{"$nulls":11},"SSR 21-22"]
[null,"Upto 90 Mts",1,"x",1,58.85,{"v":0,"d":"0.000"},{"v":0,"d":"0.000"},null,"Rm",{"$f":"'SANITATION DTA'!G407","v":{"v":470,"d":"470.00"}},"SSR 21-22",{"$f":"ROUND(I3408*K3408,0)","v":{"v":0,"d":"0.00"}},"SSR 21-22"]
[null,"90Mts to 150 Mts",1,"x",1,60,{"v":0,"d":"0.000"},{"v":0,"d":"0.000"},null,"Rm",{"$f":"'SANITATION DTA'!G409","v":{"v":502,"d":"502.00"}},"SSR 21-22",{"$f":"ROUND(I3409*K3409,0)","v":{"v":0,"d":"0.00"}},"SSR 21-22"]
[null,"150Mts to 240 Mts",1,"x",1,60,{"v":0,"d":"0.000"},{"v":0,"d":"0.000"},null,"Rm",{"$f":"'SANITATION DTA'!G411","v":{"v":563,"d":"563.00"}},"SSR 21-22",{"$f":"ROUND(I3410*K3410,0)","v":{"v":0,"d":"0.00"}},"SSR 21-22"]
[{"$nulls":13},"SSR 21-22"]
[11,"Providing PVC Casing pipe 180mm dia of 6 Kgs/cm2 including cost and conveyance of Pipe and labour charges etc complete for Borewell of 165mm dia. Item No 20 of PH items in SoR 2019-20 Page 67 Rs 636-00 per 1.00 RM",{"$nulls":11},"SSR 21-22"]
[null,"Qty.p. 1 of M.B.No.299/A/ZP/19",{"$nulls":11},"SSR 21-22"]
[null,null,1,"x",1,{"v":6,"d":"6.00"},{"v":0,"d":"0.000"},{"v":0,"d":"0.000"},{"$f":"ROUND(IF(AND(F3414:H3414),C3414*E3414*F3414*G3414*H3414,IF(AND(F3414,G3414),C3414*E3414*F3414*G3414,IF(AND(F3414,H3414),C3414*E3414*F3414*H3414,IF(AND(G3414,H3414),C3414*E3414*G3414*H3414,IF(F3414,C3414*E3414*F3414,IF(G3414,C3414*E3414*G3414,IF(H3414,C3414*E3414*H3414,C3414*E3414))))))),2)","v":{"v":6,"d":"6.00"}},"Rm",{"$nulls":3},"SSR 21-22"]
[{"$nulls":13},"SSR 21-22"]
[{"$nulls":9},"Rm",{"$f":"'SANITATION DTA'!G421","v":{"v":342,"d":"342.00"}},"SSR 21-22",{"$f":"ROUND(I3416*K3416,0)","v":{"v":0,"d":"0.00"}},"SSR 21-22"]
[12,"Supply and Transportation of 1.00HP single phase ISI  submersible mortor Pumpset subitable for 4\" bore well Makes:Kirloskar/ Crompton/ CRI/ KSB/ Texmo/Aryan Varsha",{"$nulls":11},"SSR 21-22"," ",null," "]
[null,"Qty.p. 2 of M.B.No.299/A/ZP/19",{"$nulls":11},"SSR 21-22"]
[null,null,1,"x",1,{"v":0,"d":"0.000"},{"v":0,"d":"0.00"},{"v":0,"d":"0.000"},{"$f":"ROUND(IF(AND(F3419:H3419),C3419*E3419*F3419*G3419*H3419,IF(AND(F3419,G3419),C3419*E3419*F3419*G3419,IF(AND(F3419,H3419),C3419*E3419*F3419*H3419,IF(AND(G3419,H3419),C3419*E3419*G3419*H3419,IF(F3419,C3419*E3419*F3419,IF(G3419,C3419*E3419*G3419,IF(H3419,C3419*E3419*H3419,C3419*E3419))))))),2)","v":1},"No",{"$nulls":3},"SSR 21-22"]
[{"$nulls":13},"SSR 21-22"]
[{"$nulls":9},"No",{"$f":"'SANITATION DTA'!G418","v":{"v":18370,"d":"18370.00"}},"SSR 21-22",{"$f":"ROUND(I3421*K3421,0)","v":{"v":0,"d":"0.00"}},"SSR 21-22"," "]
[13,"S& F 40  mm HDPE pipe pipe properties & weight as per IS 1239 ISI mark with GI fittings including the cost of pipe & its fittings & labour charges.",{"$nulls":11},"SSR 21-22"," ",null," "]
[null,"Qty.p. 2 of M.B.No.299/A/ZP/19",{"$nulls":11},"SSR 21-22"]
[null,null,1,"x",1,{"v":58,"d":"58.0"},{"v":0,"d":"0.00"},{"v":0,"d":"0.000"},{"$f":"ROUND(IF(AND(F3424:H3424),C3424*E3424*F3424*G3424*H3424,IF(AND(F3424,G3424),C3424*E3424*F3424*G3424,IF(AND(F3424,H3424),C3424*E3424*F3424*H3424,IF(AND(G3424,H3424),C3424*E3424*G3424*H3424,IF(F3424,C3424*E3424*F3424,IF(G3424,C3424*E3424*G3424,IF(H3424,C3424*E3424*H3424,C3424*E3424))))))),2)","v":{"v":58,"d":"58.00"}},"Rm",{"$nulls":3},"SSR 21-22"]
[{"$nulls":13},"SSR 21-22"]
[{"$nulls":9},"Rm",{"$f":"'SANITATION DTA'!G424","v":{"v":73,"d":"73.00"}},"SSR 21-22",{"$f":"ROUND(I3426*K3426,0)","v":{"v":0,"d":"0.00"}},"SSR 21-22"," "]
[14,"S&F of 180mm dia bore cap",{"$nulls":11},"SSR 21-22"," ",null," "]
[null,"Qty.p. 2 of M.B.No.299/A/ZP/19",{"$nulls":11},"SSR 21-22"]
[null,null,1,"x",1,{"v":0,"d":"0.000"},{"v":0,"d":"0.00"},{"v":0,"d":"0.000"},{"$f":"ROUND(IF(AND(F3429:H3429),C3429*E3429*F3429*G3429*H3429,IF(AND(F3429,G3429),C3429*E3429*F3429*G3429,IF(AND(F3429,H3429),C3429*E3429*F3429*H3429,IF(AND(G3429,H3429),C3429*E3429*G3429*H3429,IF(F3429,C3429*E3429*F3429,IF(G3429,C3429*E3429*G3429,IF(H3429,C3429*E3429*H3429,C3429*E3429))))))),2)","v":1},"No",{"$nulls":3},"SSR 21-22"]
[{"$nulls":13},"SSR 21-22"]
[{"$nulls":9},"No",{"$f":"'SANITATION DTA'!G430","v":{"v":315,"d":"315.00"}},"SSR 21-22",{"$f":"ROUND(I3431*K3431,0)","v":{"v":0,"d":"0.00"}},"SSR 21-22"," "]
[15,"S&F of 25mm dia GI pipe",{"$nulls":11},"SSR 21-22"," ",null," "]
[null,"Qty.p.2 of M.B.No.114/A/ZP/20",{"$nulls":11},"SSR 21-22"]
[null,null,1,"x",1,{"v":0.5,"d":"0.500"},{"v":0,"d":"0.00"},{"v":0,"d":"0.000"},{"$f":"ROUND(IF(AND(F3434:H3434),C3434*E3434*F3434*G3434*H3434,IF(AND(F3434,G3434),C3434*E3434*F3434*G3434,IF(AND(F3434,H3434),C3434*E3434*F3434*H3434,IF(AND(G3434,H3434),C3434*E3434*G3434*H3434,IF(F3434,C3434*E3434*F3434,IF(G3434,C3434*E3434*G3434,IF(H3434,C3434*E3434*H3434,C3434*E3434))))))),2)","v":{"v":0.5,"d":"0.50"}},"Rm",{"$nulls":3},"SSR 21-22"]
[{"$nulls":13},"SSR 21-22"]
[{"$nulls":9},"Rm",{"$f":"'SANITATION DTA'!G433","v":{"v":420,"d":"420.00"}},"SSR 21-22",{"$f":"ROUND(I3436*K3436,0)","v":{"v":0,"d":"0.00"}},"SSR 21-22"," "]
[17,"S&F of 25mm dia GI Bends",{"$nulls":11},"SSR 21-22"," ",null," "]
[null,"Qty.p.90 of M.B.No.299/A/ZP/19",{"$nulls":11},"SSR 21-22"]
[null,null,1,"x",1,{"v":0,"d":"0.000"},{"v":0,"d":"0.00"},{"v":0,"d":"0.000"},{"$f":"ROUND(IF(AND(F3439:H3439),C3439*E3439*F3439*G3439*H3439,IF(AND(F3439,G3439),C3439*E3439*F3439*G3439,IF(AND(F3439,H3439),C3439*E3439*F3439*H3439,IF(AND(G3439,H3439),C3439*E3439*G3439*H3439,IF(F3439,C3439*E3439*F3439,IF(G3439,C3439*E3439*G3439,IF(H3439,C3439*E3439*H3439,C3439*E3439))))))),2)","v":1},"No",{"$nulls":3},"SSR 21-22"]
[{"$nulls":13},"SSR 21-22"]
[{"$nulls":9},"No",{"$f":"'SANITATION DTA'!G436","v":{"v":73,"d":"73.00"}},"SSR 21-22",{"$f":"ROUND(I3441*K3441,0)","v":{"v":0,"d":"0.00"}},"SSR 21-22"," "]
[18,"S&F of 25mm dia Clamp set",{"$nulls":11},"SSR 21-22"," ",null," "]
[null,"Qty.p. 3 of M.B.No.299/A/ZP/19",{"$nulls":11},"SSR 21-22"]
[null,null,1,"x",1,{"v":0,"d":"0.000"},{"v":0,"d":"0.00"},{"v":0,"d":"0.000"},{"$f":"ROUND(IF(AND(F3444:H3444),C3444*E3444*F3444*G3444*H3444,IF(AND(F3444,G3444),C3444*E3444*F3444*G3444,IF(AND(F3444,H3444),C3444*E3444*F3444*H3444,IF(AND(G3444,H3444),C3444*E3444*G3444*H3444,IF(F3444,C3444*E3444*F3444,IF(G3444,C3444*E3444*G3444,IF(H3444,C3444*E3444*H3444,C3444*E3444))))))),2)","v":1},"No",{"$nulls":3},"SSR 21-22"]
[{"$nulls":13},"SSR 21-22"]
[{"$nulls":9},"No",{"$f":"'SANITATION DTA'!G427","v":{"v":177,"d":"177.00"}},"SSR 21-22",{"$f":"ROUND(I3446*K3446,0)","v":{"v":0,"d":"0.00"}},"SSR 21-22"," "]
[16,"Supply of 3 core 1.50 sqm flat copper cable as per for submersible motors of makes polycab for service mains including cost of material and labour charges and taxes etc., complete.",{"$nulls":11},"SSR 21-22"," ",null," "]
[null,"Qty.p. 2 of M.B.No.299/A/ZP/19",{"$nulls":11},"SSR 21-22"]
[null,null,1,"x",1,{"v":96,"d":"96.00"},{"v":0,"d":"0.00"},{"v":0,"d":"0.000"},{"$f":"ROUND(IF(AND(F3449:H3449),C3449*E3449*F3449*G3449*H3449,IF(AND(F3449,G3449),C3449*E3449*F3449*G3449,IF(AND(F3449,H3449),C3449*E3449*F3449*H3449,IF(AND(G3449,H3449),C3449*E3449*G3449*H3449,IF(F3449,C3449*E3449*F3449,IF(G3449,C3449*E3449*G3449,IF(H3449,C3449*E3449*H3449,C3449*E3449))))))),2)","v":{"v":96,"d":"96.00"}},"Rm",{"$nulls":3},"SSR 21-22"]
[{"$nulls":13},"SSR 21-22"]
[{"$nulls":9},"Rm",{"$f":"'SANITATION DTA'!G439","v":{"v":92,"d":"92.00"}},"SSR 21-22",{"$f":"ROUND(I3451*K3451,0)","v":{"v":0,"d":"0.00"}},"SSR 21-22"," "]
[17,"Supply and Transportation of control panel for single phasesubmersible motors up to 3 HP @ 220V 50Hz operating range between 80 to 240V including supply and fixing of Direct - on - Line LTLK / SIEMENS / CROMPTON make Volt meter and Ammeter with starting and running capacitors assembled with ISI mark contactors and fitted with Legrand make ISI mark MCB etc., complete. \n",{"$nulls":11},"SSR 21-22"," ",null," "]
[null,"Qty.p. 3 of M.B.No.299/A/ZP/19",{"$nulls":11},"SSR 21-22"]
[null,null,1,"x",1,{"v":0,"d":"0.000"},{"v":0,"d":"0.00"},{"v":0,"d":"0.000"},{"$f":"ROUND(IF(AND(F3454:H3454),C3454*E3454*F3454*G3454*H3454,IF(AND(F3454,G3454),C3454*E3454*F3454*G3454,IF(AND(F3454,H3454),C3454*E3454*F3454*H3454,IF(AND(G3454,H3454),C3454*E3454*G3454*H3454,IF(F3454,C3454*E3454*F3454,IF(G3454,C3454*E3454*G3454,IF(H3454,C3454*E3454*H3454,C3454*E3454))))))),2)","v":1},"No",{"$nulls":3},"SSR 21-22"]
[{"$nulls":13},"SSR 21-22"]
[{"$nulls":9},"No",{"$f":"'SANITATION DTA'!G442","v":{"v":4950,"d":"4950.00"}},"SSR 21-22",{"$f":"ROUND(I3456*K3456,0)","v":{"v":0,"d":"0.00"}},"SSR 21-22"," "]
[null,"As per SSR 2022-23",{"$nulls":11},"SSR 22-23"]
[17,"Supply and Fixing of Premium make CPVC Pipes and Fittings to meet the requirement of ASTM-D 2846 and are produced in CTS (Copper Tube Sizes 1/2\" ton 2\" Ashirvad  lowgurard SDR 11 and SDR 13.5 pipes are made from  dential CPVC compounds having the same physical  roperties for Hot and Cold Water (IS 15778:2007)for  32mm dia",{"$nulls":11},"SSR 22-23"]
[null,"Qty.p. 53  of M.B.No.790/A/ZP/19",null,"21.12.2023",{"$nulls":9},"SSR 22-23"]
[null,null,1,"x",1,{"v":10,"d":"10.000"},{"v":0,"d":"0.000"},{"v":0,"d":"0.000"},{"$f":"ROUND(IF(AND(F3460:H3460),C3460*E3460*F3460*G3460*H3460,IF(AND(F3460,G3460),C3460*E3460*F3460*G3460,IF(AND(F3460,H3460),C3460*E3460*F3460*H3460,IF(AND(G3460,H3460),C3460*E3460*G3460*H3460,IF(F3460,C3460*E3460*F3460,IF(G3460,C3460*E3460*G3460,IF(H3460,C3460*E3460*H3460,C3460*E3460))))))),2)","v":{"v":10,"d":"10.00"}},"Rm",{"$nulls":3},"SSR 22-23"]
[{"$nulls":13},"SSR 22-23"]
[{"$nulls":9},"Rm",{"$f":"'SANITATION DTA'!G525","v":{"v":214,"d":"214.00"}},"SSR 22-23",{"$f":"ROUND(I3462*K3462,0)","v":{"v":0,"d":"0.00"}},"SSR 22-23"]
[18,"Supply and Fixing of Premium make CPVC Pipes and Fittings to meet the requirement of ASTM-D 2846 and are produced in CTS (Copper Tube Sizes 1/2\" ton 2\" Ashirvad  lowgurard SDR 11 and SDR 13.5 pipes are made from  dential CPVC compounds having the same physical  roperties for Hot and Cold Water (IS 15778:2007)for  25mm dia",{"$nulls":11},"SSR 22-23"]
[null,"Qty.p. 54  of M.B.No.790/A/ZP/19",null,"21.12.2023",{"$nulls":9},"SSR 22-23"]
[null,null,1,"x",1,{"v":10,"d":"10.00"},{"v":0,"d":"0.000"},{"v":0,"d":"0.000"},{"$f":"ROUND(IF(AND(F3465:H3465),C3465*E3465*F3465*G3465*H3465,IF(AND(F3465,G3465),C3465*E3465*F3465*G3465,IF(AND(F3465,H3465),C3465*E3465*F3465*H3465,IF(AND(G3465,H3465),C3465*E3465*G3465*H3465,IF(F3465,C3465*E3465*F3465,IF(G3465,C3465*E3465*G3465,IF(H3465,C3465*E3465*H3465,C3465*E3465))))))),2)","v":{"v":10,"d":"10.00"}},"Rm",{"$nulls":3},"SSR 22-23"]
[{"$nulls":13},"SSR 22-23"]
[{"$nulls":9},"Rm",{"$f":"'SANITATION DTA'!G522","v":{"v":136,"d":"136.00"}},"SSR 22-23",{"$f":"ROUND(I3467*K3467,0)","v":{"v":0,"d":"0.00"}},"SSR 22-23"]
[10,"Supply and Fixing of Premium make CPVC Pipes and Fittings to meet the requirement of ASTM-D 2846 and are produced in CTS (Copper Tube Sizes 1/2\" ton 2\" Ashirvad  lowgurard SDR 11 and SDR 13.5 pipes are made from  dential CPVC compounds having the same physical  roperties for Hot and Cold Water (IS 15778:2007)for  20mm dia",{"$nulls":11},"SSR 22-23"]
[null,"Qty.p.15 of M.B.No.299/A/ZP/19",{"$nulls":11},"SSR 22-23"]
[null,null,1,"x",1,{"v":11,"d":"11.00"},{"v":0,"d":"0.000"},{"v":0,"d":"0.000"},{"$f":"ROUND(IF(AND(F3470:H3470),C3470*E3470*F3470*G3470*H3470,IF(AND(F3470,G3470),C3470*E3470*F3470*G3470,IF(AND(F3470,H3470),C3470*E3470*F3470*H3470,IF(AND(G3470,H3470),C3470*E3470*G3470*H3470,IF(F3470,C3470*E3470*F3470,IF(G3470,C3470*E3470*G3470,IF(H3470,C3470*E3470*H3470,C3470*E3470))))))),2)","v":{"v":11,"d":"11.00"}},"Rm",{"$nulls":3},"SSR 22-23"]
[{"$nulls":13},"SSR 22-23"]
[{"$nulls":9},"Rm",{"$f":"'SANITATION DTA'!G519","v":{"v":94,"d":"94.00"}},"SSR 22-23",{"$f":"ROUND(I3472*K3472,0)","v":{"v":0,"d":"0.00"}},"SSR 22-23"]
[2,"Manufacture, Supply and Delivery of Unplasticised PVCs Pipes for potable water supplies conforming to IS : 4985/2000 (3rd revision) with bell ends (Socket) as per specification.",{"$nulls":11},"SSR 22-23"]
[null,"Qty.p.23 of M.B.No.299/A/ZP/19",{"$nulls":11},"SSR 22-23"]
[null,null,1,"x",1,{"v":85,"d":"85.000"},{"v":0,"d":"0.000"},{"v":0,"d":"0.000"},{"$f":"ROUND(IF(AND(F3475:H3475),C3475*E3475*F3475*G3475*H3475,IF(AND(F3475,G3475),C3475*E3475*F3475*G3475,IF(AND(F3475,H3475),C3475*E3475*F3475*H3475,IF(AND(G3475,H3475),C3475*E3475*G3475*H3475,IF(F3475,C3475*E3475*F3475,IF(G3475,C3475*E3475*G3475,IF(H3475,C3475*E3475*H3475,C3475*E3475))))))),2)","v":{"v":85,"d":"85.00"}},"Rm",{"$nulls":3},"SSR 22-23"]
[{"$nulls":13},"SSR 22-23"]
[{"$nulls":9},"Rm",{"$f":"'SANITATION DTA'!G529","v":{"v":35,"d":"35.00"}},"SSR 22-23",{"$f":"ROUND(I3477*K3477,0)","v":{"v":0,"d":"0.00"}},"SSR 22-23"]
[19,"Labour charges for laying, joining, welding, fixing and commissioning the C-PVC pipes including all specials such ascouplers/ bends/ tees etc including fixing necessary fittings like bends, plugs, couplers, junctions, tees, etc with welding the joint as per standard practice - up to 40 mm dia",{"$nulls":11},"SSR 22-23"]
[null,"Qty.p. 55  of M.B.No.790/A/ZP/19",null,"21.12.2023",{"$nulls":9},"SSR 22-23"]
[null,"25mm",1,"x",1,{"v":10,"d":"10.00"},{"v":0,"d":"0.000"},{"v":0,"d":"0.000"},{"$f":"ROUND(IF(AND(F3480:H3480),C3480*E3480*F3480*G3480*H3480,IF(AND(F3480,G3480),C3480*E3480*F3480*G3480,IF(AND(F3480,H3480),C3480*E3480*F3480*H3480,IF(AND(G3480,H3480),C3480*E3480*G3480*H3480,IF(F3480,C3480*E3480*F3480,IF(G3480,C3480*E3480*G3480,IF(H3480,C3480*E3480*H3480,C3480*E3480))))))),2)","v":{"v":10,"d":"10.00"}},"Rm",{"$nulls":3},"SSR 22-23"]
[null,"32mm",1,"x",1,{"v":10,"d":"10.00"},{"v":0,"d":"0.000"},{"v":0,"d":"0.000"},{"$f":"ROUND(IF(AND(F3481:H3481),C3481*E3481*F3481*G3481*H3481,IF(AND(F3481,G3481),C3481*E3481*F3481*G3481,IF(AND(F3481,H3481),C3481*E3481*F3481*H3481,IF(AND(G3481,H3481),C3481*E3481*G3481*H3481,IF(F3481,C3481*E3481*F3481,IF(G3481,C3481*E3481*G3481,IF(H3481,C3481*E3481*H3481,C3481*E3481))))))),2)","v":{"v":10,"d":"10.00"}},"Rm",{"$nulls":3},"SSR 22-23"]
[{"$nulls":9},"Rm",{"$f":"'SANITATION DTA'!G533","v":{"v":33,"d":"33.00"}},"SSR 22-23",{"$f":"ROUND(I3482*K3482,0)","v":{"v":0,"d":"0.00"}},"SSR 22-23"]
[3,"Supply & fixing of tested NP bib taps at all levels of 12.70mm dia of Indian make 400g first quality including cost & conveyance of all materials, labour charges for finished item of work, and all taxes complete for all floors",{"$nulls":11},"SSR 22-23"]
[null,"Qty.p.    of M.B.No.299/A/ZP/19",{"$nulls":11},"SSR 22-23"]
[null,null,1,"x",9,{"$f":"I3479","v":{"v":0,"d":"0.000"}},{"v":0,"d":"0.000"},{"v":0,"d":"0.000"},{"$f":"ROUND(IF(AND(F3485:H3485),C3485*E3485*F3485*G3485*H3485,IF(AND(F3485,G3485),C3485*E3485*F3485*G3485,IF(AND(F3485,H3485),C3485*E3485*F3485*H3485,IF(AND(G3485,H3485),C3485*E3485*G3485*H3485,IF(F3485,C3485*E3485*F3485,IF(G3485,C3485*E3485*G3485,IF(H3485,C3485*E3485*H3485,C3485*E3485))))))),2)","v":9},"No",{"$nulls":3},"SSR 22-23"]
[{"$nulls":13},"SSR 22-23"]
[{"$nulls":9},"No",{"$f":"'SANITATION DTA'!G502","v":{"v":387,"d":"387.00"}},"SSR 22-23",{"$f":"ROUND(I3487*K3487,0)","v":{"v":0,"d":"0.00"}},"SSR 22-23"]
[4,"Supplying & fixing 15 mm bib tap with flange Chromeum plated Jaquar make queen series",{"$nulls":11},"SSR 22-23"]
[null,"Qty.P.No.     of M.B.No.",{"$nulls":11},"SSR 22-23"]
[null,null,1,"x",2,{"$f":"I3483","v":{"v":0,"d":"0.000"}},{"v":0,"d":"0.000"},{"v":0,"d":"0.000"},{"$f":"ROUND(IF(AND(F3490:H3490),C3490*E3490*F3490*G3490*H3490,IF(AND(F3490,G3490),C3490*E3490*F3490*G3490,IF(AND(F3490,H3490),C3490*E3490*F3490*H3490,IF(AND(G3490,H3490),C3490*E3490*G3490*H3490,IF(F3490,C3490*E3490*F3490,IF(G3490,C3490*E3490*G3490,IF(H3490,C3490*E3490*H3490,C3490*E3490))))))),2)","v":2},"No",{"$nulls":3},"SSR 22-23"]
[{"$nulls":13},"SSR 22-23"]
[{"$nulls":9},"No",{"$f":"'SANITATION DTA'!G498","v":{"v":1644,"d":"1644.00"}},"SSR 22-23",{"$f":"ROUND(I3492*K3492,0)","v":{"v":0,"d":"0.00"}},"SSR 22-23"]
[20,"Prince/ Sudhakar make or equivalent quality PVC /SWR pipes & fittings ( as per ISI standards) 4kg/cm2 110mm dia. double socket ",{"$nulls":11},"SSR 22-23"]
[null,"Qty.p. 55  of M.B.No.790/A/ZP/19",null,"21.12.2023",{"$nulls":9},"SSR 22-23"]
[null,null,1,"x",1,{"v":20,"d":"20.000"},{"v":0,"d":"0.000"},{"v":0,"d":"0.000"},{"$f":"ROUND(IF(AND(F3495:H3495),C3495*E3495*F3495*G3495*H3495,IF(AND(F3495,G3495),C3495*E3495*F3495*G3495,IF(AND(F3495,H3495),C3495*E3495*F3495*H3495,IF(AND(G3495,H3495),C3495*E3495*G3495*H3495,IF(F3495,C3495*E3495*F3495,IF(G3495,C3495*E3495*G3495,IF(H3495,C3495*E3495*H3495,C3495*E3495))))))),2)","v":{"v":20,"d":"20.00"}},"Rm",{"$nulls":3},"SSR 22-23"]
[{"$nulls":13},"SSR 22-23"]
[{"$nulls":9},"Rm",{"$f":"'SANITATION DTA'!G478","v":{"v":149,"d":"149.00"}},"SSR 22-23",{"$f":"ROUND(I3497*K3497,0)","v":{"v":0,"d":"0.00"}},"SSR 22-23"]
[4,"Prince/ Sudhakar make or equivalent quality PVC /SWR pipes & fittings ( as per ISI standards) 4kg/cm2 90mm dia. double socket ",{"$nulls":11},"SSR 22-23"]
[null,"Qty.p. 55  of M.B.No.790/A/ZP/19",{"$nulls":11},"SSR 22-23"]
[null,null,1,"x",1,{"v":25,"d":"25.00"},{"v":0,"d":"0.000"},{"v":0,"d":"0.000"},{"$f":"ROUND(IF(AND(F3500:H3500),C3500*E3500*F3500*G3500*H3500,IF(AND(F3500,G3500),C3500*E3500*F3500*G3500,IF(AND(F3500,H3500),C3500*E3500*F3500*H3500,IF(AND(G3500,H3500),C3500*E3500*G3500*H3500,IF(F3500,C3500*E3500*F3500,IF(G3500,C3500*E3500*G3500,IF(H3500,C3500*E3500*H3500,C3500*E3500))))))),2)","v":{"v":25,"d":"25.00"}},"Rm",{"$nulls":3},"SSR 22-23"]
[{"$nulls":13},"SSR 22-23"]
[{"$nulls":9},"Rm",{"$f":"'SANITATION DTA'!G484","v":{"v":141.66666666666666,"d":"141.67"}},"SSR 22-23",{"$f":"ROUND(I3502*K3502,0)","v":{"v":0,"d":"0.00"}},"SSR 22-23"]
[21,"Prince/ Sudhakar make or equivalent quality PVC /SWR pipes & fittings ( as per ISI standards) 4kg/cm2 75mm dia. double socket ",{"$nulls":11},"SSR 22-23"]
[null,"Qty.p. 55  of M.B.No.790/A/ZP/19",null,"21.12.2023",{"$nulls":9},"SSR 22-23"]
[null,null,1,"x",1,{"v":25,"d":"25.00"},{"v":0,"d":"0.000"},{"v":0,"d":"0.000"},{"$f":"ROUND(IF(AND(F3505:H3505),C3505*E3505*F3505*G3505*H3505,IF(AND(F3505,G3505),C3505*E3505*F3505*G3505,IF(AND(F3505,H3505),C3505*E3505*F3505*H3505,IF(AND(G3505,H3505),C3505*E3505*G3505*H3505,IF(F3505,C3505*E3505*F3505,IF(G3505,C3505*E3505*G3505,IF(H3505,C3505*E3505*H3505,C3505*E3505))))))),2)","v":{"v":25,"d":"25.00"}},"Rm",{"$nulls":3},"SSR 22-23"]
[{"$nulls":13},"SSR 22-23"]
[{"$nulls":9},"Rm",{"$f":"'SANITATION DTA'!G490","v":{"v":89,"d":"89.00"}},"SSR 22-23",{"$f":"ROUND(I3507*K3507,0)","v":{"v":0,"d":"0.00"}},"SSR 22-23"]
[22,"Labour charges for laying, fixing and commissioning the PVC pipes including couplers/ bends/ tees etc any diameter including fixing necessary fittings like bends, plugs, couplers, junctions, tees, etc with solvent jointing as per standard practice",{"$nulls":11},"SSR 22-23"]
[null,"Qty.p. 55  of M.B.No.790/A/ZP/19",null,"21.12.2023",{"$nulls":9},"SSR 22-23"]
[null,"110mm dia",1,"x",1,{"v":20,"d":"20.000"},{"v":0,"d":"0.000"},{"v":0,"d":"0.000"},{"$f":"ROUND(IF(AND(F3510:H3510),C3510*E3510*F3510*G3510*H3510,IF(AND(F3510,G3510),C3510*E3510*F3510*G3510,IF(AND(F3510,H3510),C3510*E3510*F3510*H3510,IF(AND(G3510,H3510),C3510*E3510*G3510*H3510,IF(F3510,C3510*E3510*F3510,IF(G3510,C3510*E3510*G3510,IF(H3510,C3510*E3510*H3510,C3510*E3510))))))),2)","v":{"v":20,"d":"20.00"}},"Rm",{"$nulls":3},"SSR 22-23"]
[null,"75mm dia",1,"x",1,{"v":25,"d":"25.000"},{"v":0,"d":"0.000"},{"v":0,"d":"0.000"},{"$f":"ROUND(IF(AND(F3511:H3511),C3511*E3511*F3511*G3511*H3511,IF(AND(F3511,G3511),C3511*E3511*F3511*G3511,IF(AND(F3511,H3511),C3511*E3511*F3511*H3511,IF(AND(G3511,H3511),C3511*E3511*G3511*H3511,IF(F3511,C3511*E3511*F3511,IF(G3511,C3511*E3511*G3511,IF(H3511,C3511*E3511*H3511,C3511*E3511))))))),2)","v":{"v":25,"d":"25.00"}},"Rm",{"$nulls":3},"SSR 22-23"]
[{"$nulls":13},"SSR 22-23"]
[{"$nulls":9},"Rm",{"$f":"'SANITATION DTA'!G494","v":{"v":79,"d":"79.00"}},"SSR 22-23",{"$f":"ROUND(I3513*K3513,0)","v":{"v":0,"d":"0.00"}},"SSR 22-23"]
[23,"Supplying and Fixing European Water Closet of 1st quality make white glazed with 'P' trap with low down porcelain flushing tank 10 Lit Capacity internal components and Fixing best Indian make plastic seat and lid for European water closets with rubber or plastic Buffers including all labour charges for fixing etc., complete.",{"$nulls":11},"SSR 22-23"]
[null,"Qty.p. 56  of M.B.No.790/A/ZP/19",null,"21.12.2023",{"$nulls":9},"SSR 22-23"]
[null,"Tiolets",1,"x",3,{"v":0,"d":"0.000"},{"v":0,"d":"0.000"},{"v":0,"d":"0.000"},{"$f":"ROUND(IF(AND(F3516:H3516),C3516*E3516*F3516*G3516*H3516,IF(AND(F3516,G3516),C3516*E3516*F3516*G3516,IF(AND(F3516,H3516),C3516*E3516*F3516*H3516,IF(AND(G3516,H3516),C3516*E3516*G3516*H3516,IF(F3516,C3516*E3516*F3516,IF(G3516,C3516*E3516*G3516,IF(H3516,C3516*E3516*H3516,C3516*E3516))))))),2)","v":3},"No",{"$nulls":3},"SSR 22-23"]
[{"$nulls":13},"SSR 22-23"]
[{"$nulls":9},"No",{"$f":"'SANITATION DTA'!G454","v":{"v":5297,"d":"5297.00"}},"SSR 22-23",{"$f":"ROUND(I3518*K3518,0)","v":{"v":0,"d":"0.00"}},"SSR 22-23"]
[8,"Supplying & Fixing Indian pattern white glazed W.C 1st quality ISI marked conforming to IS:2556-Part-3-1981 with\"P\" or \"S\" trap: 630 mm Long",{"$nulls":11},"SSR 22-23"]
[null,"Qty.P.No.     of M.B.No.",{"$nulls":11},"SSR 22-23"]
[null,"Tiolets",1,"x",1,{"v":0,"d":"0.000"},{"v":0,"d":"0.000"},{"v":0,"d":"0.000"},{"$f":"ROUND(IF(AND(F3521:H3521),C3521*E3521*F3521*G3521*H3521,IF(AND(F3521,G3521),C3521*E3521*F3521*G3521,IF(AND(F3521,H3521),C3521*E3521*F3521*H3521,IF(AND(G3521,H3521),C3521*E3521*G3521*H3521,IF(F3521,C3521*E3521*F3521,IF(G3521,C3521*E3521*G3521,IF(H3521,C3521*E3521*H3521,C3521*E3521))))))),2)","v":1},"No",{"$nulls":3},"SSR 22-23"]
[{"$nulls":13},"SSR 22-23"]
[{"$nulls":9},"No",{"$f":"'SANITATION DTA'!G457","v":{"v":1036,"d":"1036.00"}},"SSR 22-23",{"$f":"ROUND(I3523*K3523,0)","v":{"v":0,"d":"0.00"}},"SSR 22-23"]
[8,"Supplying & Fixing white glazed flat back half stall urinals 1st quality conforming to IS:2556-1995 with standard C.P. Spreader of overall size 95 x 95 x 57 mm conforming to IS:2556-Part6, Sec-6-1974 fixed with screws complete Indian make : 410 x 265 x 305 mm",{"$nulls":11},"SSR 22-23"]
[null,"Qty.p.    of M.B.No.299/A/ZP/19",{"$nulls":11},"SSR 22-23"]
[null,"Gents tiolet",1,"x",1,{"v":0,"d":"0.000"},{"v":0,"d":"0.000"},{"v":0,"d":"0.000"},{"$f":"ROUND(IF(AND(F3526:H3526),C3526*E3526*F3526*G3526*H3526,IF(AND(F3526,G3526),C3526*E3526*F3526*G3526,IF(AND(F3526,H3526),C3526*E3526*F3526*H3526,IF(AND(G3526,H3526),C3526*E3526*G3526*H3526,IF(F3526,C3526*E3526*F3526,IF(G3526,C3526*E3526*G3526,IF(H3526,C3526*E3526*H3526,C3526*E3526))))))),2)","v":1},"No",{"$nulls":3},"SSR 22-23"]
[{"$nulls":13},"SSR 22-23"]
[{"$nulls":9},"No",{"$f":"'SANITATION DTA'!G460","v":{"v":2644,"d":"2644.00"}},"SSR 22-23",{"$f":"ROUND(I3528*K3528,0)","v":{"v":0,"d":"0.00"}},"SSR 22-23"]
[9,"Supplying and fixing Indian make Flat Back Wash Hand Basin (HSW/Parryware/ Neycer) 1st quality conforming to IS:2556-Part-4:1972 of size 450mm x 300mm with 32 mm nominal size C.P. Fitting with parallel pipe thread onforming to IS:2963-1979 and fitted with 15 mm nominal bore Chromium Plated Pillar Tap of 1st quality Indian make 400 grams Seiko/Senior/Nice or equivalent complete with  tandard CI brackets including wooden blocks ,1 No.12.70mm PVC connection with brass union nuts CP  oated , 1 No.12.70mm NP bib tap 400 gms Seiko or equivalent , 31.75mm dia. PVC flexible waste pipe 914.4mm length of 1st quality including cost and  onveyance of all materials to site, labour charges , overheads & contractors profit for finished item of work",{"$nulls":11},"SSR 22-23"]
[null,"Qty.p.    of M.B.No.299/A/ZP/19",{"$nulls":11},"SSR 22-23"]
[null,null,1,"x",3,{"v":0,"d":"0.000"},{"v":0,"d":"0.000"},{"v":0,"d":"0.000"},{"$f":"ROUND(IF(AND(F3531:H3531),C3531*E3531*F3531*G3531*H3531,IF(AND(F3531,G3531),C3531*E3531*F3531*G3531,IF(AND(F3531,H3531),C3531*E3531*F3531*H3531,IF(AND(G3531,H3531),C3531*E3531*G3531*H3531,IF(F3531,C3531*E3531*F3531,IF(G3531,C3531*E3531*G3531,IF(H3531,C3531*E3531*H3531,C3531*E3531))))))),2)","v":3},"No",{"$nulls":3},"SSR 22-23"]
[{"$nulls":13},"SSR 22-23"]
[{"$nulls":9},"No",{"$f":"'SANITATION DTA'!G468","v":{"v":2025,"d":"2025.00"}},"SSR 22-23",{"$f":"ROUND(I3533*K3533,0)","v":{"v":0,"d":"0.00"}},"SSR 22-23"]
[24,"Supplying & fixing 4\" (101.6 mm ) Nahany trap with Jali-  PVC/SWR Pipe fittings",{"$nulls":11},"SSR 22-23"]
[null,"Qty.p. 57  of M.B.No.790/A/ZP/19",null,"21.12.2023",{"$nulls":9},"SSR 22-23"]
[null,null,1,"x",3,{"v":0,"d":"0.000"},{"v":0,"d":"0.000"},{"v":0,"d":"0.000"},{"$f":"ROUND(IF(AND(F3536:H3536),C3536*E3536*F3536*G3536*H3536,IF(AND(F3536,G3536),C3536*E3536*F3536*G3536,IF(AND(F3536,H3536),C3536*E3536*F3536*H3536,IF(AND(G3536,H3536),C3536*E3536*G3536*H3536,IF(F3536,C3536*E3536*F3536,IF(G3536,C3536*E3536*G3536,IF(H3536,C3536*E3536*H3536,C3536*E3536))))))),2)","v":3},"No",{"$nulls":3},"SSR 22-23"]
[{"$nulls":13},"SSR 22-23"]
[{"$nulls":9},"No",{"$f":"'SANITATION DTA'!G590","v":{"v":93,"d":"93.00"}},"SSR 22-23",{"$f":"ROUND(I3538*K3538,0)","v":{"v":0,"d":"0.00"}},"SSR 22-23"]
[25,"Providing & placing on Terrace polyethylene water storage tank with Double layer approved brand & manufacture with cover and suitable locking arrangement & making necessary holes for inlet & outlets and overflow pipes but without fittings & base support for tanks",{"$nulls":11},"SSR 22-23"]
[null,"Qty.p. 57  of M.B.No.790/A/ZP/19",null,"21.12.2023",{"$nulls":9},"SSR 22-23"]
[null,null,1,"x",1,500,{"v":0,"d":"0.000"},{"v":0,"d":"0.000"},{"$f":"ROUND(IF(AND(F3541:H3541),C3541*E3541*F3541*G3541*H3541,IF(AND(F3541,G3541),C3541*E3541*F3541*G3541,IF(AND(F3541,H3541),C3541*E3541*F3541*H3541,IF(AND(G3541,H3541),C3541*E3541*G3541*H3541,IF(F3541,C3541*E3541*F3541,IF(G3541,C3541*E3541*G3541,IF(H3541,C3541*E3541*H3541,C3541*E3541))))))),2)","v":{"v":500,"d":"500.00"}},"Ltr",{"$nulls":3},"SSR 22-23"]
[{"$nulls":13},"SSR 22-23"]
[{"$nulls":9},"Ltr",{"$f":"'SANITATION DTA'!G512","v":{"v":9.5,"d":"9.50"}},"SSR 22-23",{"$f":"ROUND(I3543*K3543,0)","v":{"v":0,"d":"0.00"}},"SSR 22-23"]
[10,"Drilling of 165mm dia Bore well by down the hole hammer at a fiished dia of 165mm dia in all formations suitable for down the hole hammer drilling such as meduim hard rock formation, all consolidated frormation etc and reaming the borewell to subinsertation of required casing pipe etc including insertion of casing pipe with couplings, caps any other relevant materials upto required depth as directed by the dept, transportation of drilling rigs and supporting vehicle and including bore development. Flushing of Borewell at an avarage pressure of 150PSI conducting yield test, crew charegs required in fixation of pipe assembly completely done to the satisfaction of the dept and incuding all labour charges, but excluding the cost of casing pipe etc. The entire work should be carried out as per IS-2800 part I and II 1979",{"$nulls":11},"SSR 22-23"]
[null,"Qty.p. 1 of M.B.No.299/A/ZP/19",{"$nulls":11},"SSR 22-23"]
[null,"Upto 90 Mts",1,"x",1,58.85,{"v":0,"d":"0.000"},{"v":0,"d":"0.000"},null,"Rm",{"$f":"'SANITATION DTA'!G551","v":{"v":446.4,"d":"446.40"}},"SSR 22-23",{"$f":"ROUND(I3546*K3546,0)","v":{"v":0,"d":"0.00"}},"SSR 22-23"]
[null,"90Mts to 150 Mts",1,"x",1,60,{"v":0,"d":"0.000"},{"v":0,"d":"0.000"},null,"Rm",{"$f":"'SANITATION DTA'!G553","v":{"v":477.6,"d":"477.60"}},"SSR 22-23",{"$f":"ROUND(I3547*K3547,0)","v":{"v":0,"d":"0.00"}},"SSR 22-23"]
[null,"150Mts to 240 Mts",1,"x",1,60,{"v":0,"d":"0.000"},{"v":0,"d":"0.000"},null,"Rm",{"$f":"'SANITATION DTA'!G555","v":{"v":535.7,"d":"535.70"}},"SSR 22-23",{"$f":"ROUND(I3548*K3548,0)","v":{"v":0,"d":"0.00"}},"SSR 22-23"]
[{"$nulls":13},"SSR 22-23"]
[11,"Providing PVC Casing pipe 180mm dia of 6 Kgs/cm2 including cost and conveyance of Pipe and labour charges etc complete for Borewell of 165mm dia. Item No 20 of PH items in SoR 2019-20 Page 67 Rs 636-00 per 1.00 RM",{"$nulls":11},"SSR 22-23"]
[null,"Qty.p. 1 of M.B.No.299/A/ZP/19",{"$nulls":11},"SSR 22-23"]
[null,null,1,"x",1,{"v":6,"d":"6.00"},{"v":0,"d":"0.000"},{"v":0,"d":"0.000"},{"$f":"ROUND(IF(AND(F3552:H3552),C3552*E3552*F3552*G3552*H3552,IF(AND(F3552,G3552),C3552*E3552*F3552*G3552,IF(AND(F3552,H3552),C3552*E3552*F3552*H3552,IF(AND(G3552,H3552),C3552*E3552*G3552*H3552,IF(F3552,C3552*E3552*F3552,IF(G3552,C3552*E3552*G3552,IF(H3552,C3552*E3552*H3552,C3552*E3552))))))),2)","v":{"v":6,"d":"6.00"}},"Rm",{"$nulls":3},"SSR 22-23"]
[{"$nulls":13},"SSR 22-23"]
[{"$nulls":9},"Rm",{"$f":"'SANITATION DTA'!G565","v":{"v":325,"d":"325.00"}},"SSR 22-23",{"$f":"ROUND(I3554*K3554,0)","v":{"v":0,"d":"0.00"}},"SSR 22-23"]
[12,"Supply and Transportation of 1.00HP single phase ISI  submersible mortor Pumpset subitable for 4\" bore well Makes:Kirloskar/ Crompton/ CRI/ KSB/ Texmo/Aryan Varsha",{"$nulls":11},"SSR 22-23"," ",null," "]
[null,"Qty.p. 2 of M.B.No.299/A/ZP/19",{"$nulls":11},"SSR 22-23"]
[null,null,1,"x",1,{"v":0,"d":"0.000"},{"v":0,"d":"0.00"},{"v":0,"d":"0.000"},{"$f":"ROUND(IF(AND(F3557:H3557),C3557*E3557*F3557*G3557*H3557,IF(AND(F3557,G3557),C3557*E3557*F3557*G3557,IF(AND(F3557,H3557),C3557*E3557*F3557*H3557,IF(AND(G3557,H3557),C3557*E3557*G3557*H3557,IF(F3557,C3557*E3557*F3557,IF(G3557,C3557*E3557*G3557,IF(H3557,C3557*E3557*H3557,C3557*E3557))))))),2)","v":1},"No",{"$nulls":3},"SSR 22-23"]
[{"$nulls":13},"SSR 22-23"]
[{"$nulls":9},"No",{"$f":"'SANITATION DTA'!G562","v":{"v":18370,"d":"18370.00"}},"SSR 22-23",{"$f":"ROUND(I3559*K3559,0)","v":{"v":0,"d":"0.00"}},"SSR 22-23"," "]
[13,"S& F 40  mm HDPE pipe pipe properties & weight as per IS 1239 ISI mark with GI fittings including the cost of pipe & its fittings & labour charges.",{"$nulls":11},"SSR 22-23"," ",null," "]
[null,"Qty.p. 2 of M.B.No.299/A/ZP/19",{"$nulls":11},"SSR 22-23"]
[null,null,1,"x",1,{"v":58,"d":"58.0"},{"v":0,"d":"0.00"},{"v":0,"d":"0.000"},{"$f":"ROUND(IF(AND(F3562:H3562),C3562*E3562*F3562*G3562*H3562,IF(AND(F3562,G3562),C3562*E3562*F3562*G3562,IF(AND(F3562,H3562),C3562*E3562*F3562*H3562,IF(AND(G3562,H3562),C3562*E3562*G3562*H3562,IF(F3562,C3562*E3562*F3562,IF(G3562,C3562*E3562*G3562,IF(H3562,C3562*E3562*H3562,C3562*E3562))))))),2)","v":{"v":58,"d":"58.00"}},"Rm",{"$nulls":3},"SSR 22-23"]
[{"$nulls":13},"SSR 22-23"]
[{"$nulls":9},"Rm",{"$f":"'SANITATION DTA'!G568","v":{"v":85,"d":"85.00"}},"SSR 22-23",{"$f":"ROUND(I3564*K3564,0)","v":{"v":0,"d":"0.00"}},"SSR 22-23"," "]
[14,"S&F of 180mm dia bore cap",{"$nulls":11},"SSR 22-23"," ",null," "]
[null,"Qty.p. 2 of M.B.No.299/A/ZP/19",{"$nulls":11},"SSR 22-23"]
[null,null,1,"x",1,{"v":0,"d":"0.000"},{"v":0,"d":"0.00"},{"v":0,"d":"0.000"},{"$f":"ROUND(IF(AND(F3567:H3567),C3567*E3567*F3567*G3567*H3567,IF(AND(F3567,G3567),C3567*E3567*F3567*G3567,IF(AND(F3567,H3567),C3567*E3567*F3567*H3567,IF(AND(G3567,H3567),C3567*E3567*G3567*H3567,IF(F3567,C3567*E3567*F3567,IF(G3567,C3567*E3567*G3567,IF(H3567,C3567*E3567*H3567,C3567*E3567))))))),2)","v":1},"No",{"$nulls":3},"SSR 22-23"]
[{"$nulls":13},"SSR 22-23"]
[{"$nulls":9},"No",{"$f":"'SANITATION DTA'!G574","v":{"v":300,"d":"300.00"}},"SSR 22-23",{"$f":"ROUND(I3569*K3569,0)","v":{"v":0,"d":"0.00"}},"SSR 22-23"," "]
[15,"S&F of 25mm dia GI pipe",{"$nulls":11},"SSR 22-23"," ",null," "]
[null,"Qty.p.2 of M.B.No.114/A/ZP/20",{"$nulls":11},"SSR 22-23"]
[null,null,1,"x",1,{"v":0.5,"d":"0.500"},{"v":0,"d":"0.00"},{"v":0,"d":"0.000"},{"$f":"ROUND(IF(AND(F3572:H3572),C3572*E3572*F3572*G3572*H3572,IF(AND(F3572,G3572),C3572*E3572*F3572*G3572,IF(AND(F3572,H3572),C3572*E3572*F3572*H3572,IF(AND(G3572,H3572),C3572*E3572*G3572*H3572,IF(F3572,C3572*E3572*F3572,IF(G3572,C3572*E3572*G3572,IF(H3572,C3572*E3572*H3572,C3572*E3572))))))),2)","v":{"v":0.5,"d":"0.50"}},"Rm",{"$nulls":3},"SSR 22-23"]
[{"$nulls":13},"SSR 22-23"]
[{"$nulls":9},"Rm",{"$f":"'SANITATION DTA'!G577","v":{"v":400,"d":"400.00"}},"SSR 22-23",{"$f":"ROUND(I3574*K3574,0)","v":{"v":0,"d":"0.00"}},"SSR 22-23"," "]
[17,"S&F of 25mm dia GI Bends",{"$nulls":11},"SSR 22-23"," ",null," "]
[null,"Qty.p.90 of M.B.No.299/A/ZP/19",{"$nulls":11},"SSR 22-23"]
[null,null,1,"x",1,{"v":0,"d":"0.000"},{"v":0,"d":"0.00"},{"v":0,"d":"0.000"},{"$f":"ROUND(IF(AND(F3577:H3577),C3577*E3577*F3577*G3577*H3577,IF(AND(F3577,G3577),C3577*E3577*F3577*G3577,IF(AND(F3577,H3577),C3577*E3577*F3577*H3577,IF(AND(G3577,H3577),C3577*E3577*G3577*H3577,IF(F3577,C3577*E3577*F3577,IF(G3577,C3577*E3577*G3577,IF(H3577,C3577*E3577*H3577,C3577*E3577))))))),2)","v":1},"No",{"$nulls":3},"SSR 22-23"]
[{"$nulls":13},"SSR 22-23"]
[{"$nulls":9},"No",{"$f":"'SANITATION DTA'!G580","v":{"v":77,"d":"77.00"}},"SSR 22-23",{"$f":"ROUND(I3579*K3579,0)","v":{"v":0,"d":"0.00"}},"SSR 22-23"," "]
[18,"S&F of 25mm dia Clamp set",{"$nulls":11},"SSR 22-23"," ",null," "]
[null,"Qty.p. 3 of M.B.No.299/A/ZP/19",{"$nulls":11},"SSR 22-23"]
[null,null,1,"x",1,{"v":0,"d":"0.000"},{"v":0,"d":"0.00"},{"v":0,"d":"0.000"},{"$f":"ROUND(IF(AND(F3582:H3582),C3582*E3582*F3582*G3582*H3582,IF(AND(F3582,G3582),C3582*E3582*F3582*G3582,IF(AND(F3582,H3582),C3582*E3582*F3582*H3582,IF(AND(G3582,H3582),C3582*E3582*G3582*H3582,IF(F3582,C3582*E3582*F3582,IF(G3582,C3582*E3582*G3582,IF(H3582,C3582*E3582*H3582,C3582*E3582))))))),2)","v":1},"No",{"$nulls":3},"SSR 22-23"]
[{"$nulls":13},"SSR 22-23"]
[{"$nulls":9},"No",{"$f":"'SANITATION DTA'!G571","v":{"v":194,"d":"194.00"}},"SSR 22-23",{"$f":"ROUND(I3584*K3584,0)","v":{"v":0,"d":"0.00"}},"SSR 22-23"," "]
[16,"Supply of 3 core 1.50 sqm flat copper cable as per for submersible motors of makes polycab for service mains including cost of material and labour charges and taxes etc., complete.",{"$nulls":11},"SSR 22-23"," ",null," "]
[null,"Qty.p. 2 of M.B.No.299/A/ZP/19",{"$nulls":11},"SSR 22-23"]
[null,null,1,"x",1,{"v":96,"d":"96.00"},{"v":0,"d":"0.00"},{"v":0,"d":"0.000"},{"$f":"ROUND(IF(AND(F3587:H3587),C3587*E3587*F3587*G3587*H3587,IF(AND(F3587,G3587),C3587*E3587*F3587*G3587,IF(AND(F3587,H3587),C3587*E3587*F3587*H3587,IF(AND(G3587,H3587),C3587*E3587*G3587*H3587,IF(F3587,C3587*E3587*F3587,IF(G3587,C3587*E3587*G3587,IF(H3587,C3587*E3587*H3587,C3587*E3587))))))),2)","v":{"v":96,"d":"96.00"}},"Rm",{"$nulls":3},"SSR 22-23"]
[{"$nulls":13},"SSR 22-23"]
[{"$nulls":9},"Rm",{"$f":"'SANITATION DTA'!G583","v":{"v":105,"d":"105.00"}},"SSR 22-23",{"$f":"ROUND(I3589*K3589,0)","v":{"v":0,"d":"0.00"}},"SSR 22-23"," "]
[17,"Supply and Transportation of control panel for single phasesubmersible motors up to 3 HP @ 220V 50Hz operating range between 80 to 240V including supply and fixing of Direct - on - Line LTLK / SIEMENS / CROMPTON make Volt meter and Ammeter with starting and running capacitors assembled with ISI mark contactors and fitted with Legrand make ISI mark MCB etc., complete. \n",{"$nulls":11},"SSR 22-23"," ",null," "]
[null,"Qty.p. 3 of M.B.No.299/A/ZP/19",{"$nulls":11},"SSR 22-23"]
[null,null,1,"x",1,{"v":0,"d":"0.000"},{"v":0,"d":"0.00"},{"v":0,"d":"0.000"},{"$f":"ROUND(IF(AND(F3592:H3592),C3592*E3592*F3592*G3592*H3592,IF(AND(F3592,G3592),C3592*E3592*F3592*G3592,IF(AND(F3592,H3592),C3592*E3592*F3592*H3592,IF(AND(G3592,H3592),C3592*E3592*G3592*H3592,IF(F3592,C3592*E3592*F3592,IF(G3592,C3592*E3592*G3592,IF(H3592,C3592*E3592*H3592,C3592*E3592))))))),2)","v":1},"No",{"$nulls":3},"SSR 22-23"]
[{"$nulls":13},"SSR 22-23"]
[{"$nulls":9},"No",{"$f":"'SANITATION DTA'!G586","v":{"v":5445,"d":"5445.00"}},"SSR 22-23",{"$f":"ROUND(I3594*K3594,0)","v":{"v":0,"d":"0.00"}},"SSR 22-23"," "]
[null,"Electrification items",{"$nulls":11},"SSR 19-20"]
[30,"Supply and Fixing of ISI  25mm outer dia medium (1.80mm thickness) grade with IS:9537 part 3 regid PVC pipe with PVC / Metallic Junction boxes and all accessories  including Fixing of existing suitable size Consealed box PVC / MS with hook for fan including all labour charges etc., complete.",{"$nulls":11},"SSR 19-20"]
[null,"Qty.p.15 & 16 of M.B.No.604/B/ZP/20",null,"23.06.2021",{"$nulls":9},"SSR 19-20"]
[null,"Ground floor",2,"x",1,{"v":15,"d":"15.00"},{"v":0,"d":"0.000"},{"v":0,"d":"0.000"},{"$f":"ROUND(IF(AND(F3598:H3598),C3598*E3598*F3598*G3598*H3598,IF(AND(F3598,G3598),C3598*E3598*F3598*G3598,IF(AND(F3598,H3598),C3598*E3598*F3598*H3598,IF(AND(G3598,H3598),C3598*E3598*G3598*H3598,IF(F3598,C3598*E3598*F3598,IF(G3598,C3598*E3598*G3598,IF(H3598,C3598*E3598*H3598,C3598*E3598))))))),2)","v":{"v":30,"d":"30.00"}},"Rm",{"$nulls":3},"SSR 19-20"]
[null,null,4,"x",1,{"v":5,"d":"5.00"},{"v":0,"d":"0.000"},{"v":0,"d":"0.000"},{"v":20,"d":"20.00"},"Rm",{"$nulls":3},"SSR 19-20"]
[null,null,2,"x",1,{"v":10,"d":"10.00"},{"v":0,"d":"0.000"},{"v":0,"d":"0.000"},{"v":20,"d":"20.00"},"Rm",{"$nulls":3},"SSR 19-20"]
[{"$nulls":13},"SSR 19-20"]
[{"$nulls":8},{"$f":"SUM(I3598:I3601)","v":{"v":70,"d":"70.00"}},"Rm",{"$f":"'Ele Data'!I16","v":71.04},"SSR 19-20",{"$f":"ROUND(I3602*K3602,0)","v":{"v":4973,"d":"4973.00"}},"SSR 19-20"]
[2,"Supplying and Fixing of 25mm dia 2.2 mm thick PVC Conduit pipe concealed in wall with all required accessories including chiseling the wall wherever necessity including masonry work for Light, Fan and separate plug point with wooden.Deep box including all labour charges etc ",{"$nulls":11},"SSR 19-20"]
[null,"Qty.p.61 of M.B.No.478/A/ZP/19",{"$nulls":11},"SSR 19-20"]
[null,null,1,"x",1,{"v":40,"d":"40.000"},{"v":0,"d":"0.000"},{"v":0,"d":"0.000"},{"$f":"ROUND(IF(AND(F3605:H3605),C3605*E3605*F3605*G3605*H3605,IF(AND(F3605,G3605),C3605*E3605*F3605*G3605,IF(AND(F3605,H3605),C3605*E3605*F3605*H3605,IF(AND(G3605,H3605),C3605*E3605*G3605*H3605,IF(F3605,C3605*E3605*F3605,IF(G3605,C3605*E3605*G3605,IF(H3605,C3605*E3605*H3605,C3605*E3605))))))),2)","v":{"v":40,"d":"40.00"}},"Rm",{"$nulls":3},"SSR 19-20"]
[{"$nulls":13},"SSR 19-20"]
[{"$nulls":9},"Rm",{"$f":"'Ele Data'!I31","v":79.19},"SSR 19-20",{"$f":"ROUND(I3607*K3607,0)","v":{"v":0,"d":"0.00"}},"SSR 19-20"]
[3,"Labour charges for Grooves 2-3mm thick for PVC pipes",{"$nulls":11},"SSR 19-20"]
[null,"Qty.p. 2 of M.B.No.435-C/2017-18",{"$nulls":11},"SSR 19-20"]
[null,"For water pipes",{"$nulls":11},"SSR 19-20"]
[null,"Ladies tiolet",1,"x",1,{"v":4,"d":"4.000"},{"v":0,"d":"0.000"},{"v":0,"d":"0.000"},{"$f":"ROUND(IF(AND(F3611:H3611),C3611*E3611*F3611*G3611*H3611,IF(AND(F3611,G3611),C3611*E3611*F3611*G3611,IF(AND(F3611,H3611),C3611*E3611*F3611*H3611,IF(AND(G3611,H3611),C3611*E3611*G3611*H3611,IF(F3611,C3611*E3611*F3611,IF(G3611,C3611*E3611*G3611,IF(H3611,C3611*E3611*H3611,C3611*E3611))))))),2)","v":{"v":4,"d":"4.00"}},"Rm",{"$nulls":3},"SSR 19-20"]
[null,"Gents tiolet",1,"x",1,{"v":1.8,"d":"1.800"},{"v":0,"d":"0.000"},{"v":0,"d":"0.000"},{"$f":"ROUND(IF(AND(F3612:H3612),C3612*E3612*F3612*G3612*H3612,IF(AND(F3612,G3612),C3612*E3612*F3612*G3612,IF(AND(F3612,H3612),C3612*E3612*F3612*H3612,IF(AND(G3612,H3612),C3612*E3612*G3612*H3612,IF(F3612,C3612*E3612*F3612,IF(G3612,C3612*E3612*G3612,IF(H3612,C3612*E3612*H3612,C3612*E3612))))))),2)","v":{"v":1.8,"d":"1.80"}},"Rm",{"$nulls":3},"SSR 19-20"]
[null,"Sarpanch tiolet",1,"x",1,{"v":2,"d":"2.000"},{"v":0,"d":"0.000"},{"v":0,"d":"0.000"},{"$f":"ROUND(IF(AND(F3613:H3613),C3613*E3613*F3613*G3613*H3613,IF(AND(F3613,G3613),C3613*E3613*F3613*G3613,IF(AND(F3613,H3613),C3613*E3613*F3613*H3613,IF(AND(G3613,H3613),C3613*E3613*G3613*H3613,IF(F3613,C3613*E3613*F3613,IF(G3613,C3613*E3613*G3613,IF(H3613,C3613*E3613*H3613,C3613*E3613))))))),2)","v":{"v":2,"d":"2.00"}},"Rm",{"$nulls":3},"SSR 19-20"]
[{"$nulls":13},"SSR 19-20"]
[{"$nulls":9},"Rm",{"$f":"'Ele Data'!I35","v":{"v":55,"d":"55.00"}},"SSR 19-20",{"$f":"ROUND(I3615*K3615,0)","v":{"v":0,"d":"0.00"}},"SSR 19-20"]
[3,"Supply of  Hot Dip galvanized 20/18 SWG Module box with earthing terminal for 12 Module box",{"$nulls":11},"SSR 19-20"]
[null,"Qty.p.61 of M.B.No.478/A/ZP/19",{"$nulls":11},"SSR 19-20"]
[null,"First floor",1,"x",11,{"v":0,"d":"0.000"},{"v":0,"d":"0.000"},{"v":0,"d":"0.000"},{"$f":"ROUND(IF(AND(F3618:H3618),C3618*E3618*F3618*G3618*H3618,IF(AND(F3618,G3618),C3618*E3618*F3618*G3618,IF(AND(F3618,H3618),C3618*E3618*F3618*H3618,IF(AND(G3618,H3618),C3618*E3618*G3618*H3618,IF(F3618,C3618*E3618*F3618,IF(G3618,C3618*E3618*G3618,IF(H3618,C3618*E3618*H3618,C3618*E3618))))))),2)","v":11},"No",{"$nulls":3},"SSR 19-20"]
[{"$nulls":13},"SSR 19-20"]
[{"$nulls":9},"No",{"$f":"'Ele Data'!I38","v":{"v":205,"d":"205.00"}},"SSR 19-20",{"$f":"ROUND(I3620*K3620,0)","v":{"v":0,"d":"0.00"}},"SSR 19-20"]
[4,"Supply of  Hot Dip galvanized 20/18 SWG Module box with earthing terminal for 8 Module box",{"$nulls":11},"SSR 19-20"]
[null,"Qty.p.7 of M.B.No.299/A/ZP/19",{"$nulls":11},"SSR 19-20"]
[null,"GF and FF",1,"x",4,{"v":0,"d":"0.000"},{"v":0,"d":"0.000"},{"v":0,"d":"0.000"},{"$f":"ROUND(IF(AND(F3623:H3623),C3623*E3623*F3623*G3623*H3623,IF(AND(F3623,G3623),C3623*E3623*F3623*G3623,IF(AND(F3623,H3623),C3623*E3623*F3623*H3623,IF(AND(G3623,H3623),C3623*E3623*G3623*H3623,IF(F3623,C3623*E3623*F3623,IF(G3623,C3623*E3623*G3623,IF(H3623,C3623*E3623*H3623,C3623*E3623))))))),2)","v":4},"No",{"$nulls":3},"SSR 19-20"]
[{"$nulls":13},"SSR 19-20"]
[{"$nulls":9},"No",{"$f":"'Ele Data'!I41","v":{"v":170,"d":"170.00"}},"SSR 19-20",{"$f":"ROUND(I3625*K3625,0)","v":{"v":0,"d":"0.00"}},"SSR 19-20"]
[5,"Supply of  Hot Dip galvanized 20/18 SWG Module box with earthing terminal for 6 Module box",{"$nulls":11},"SSR 19-20"]
[null,"Qty.p.6 of M.B.No.299/A/ZP/19",{"$nulls":11},"SSR 19-20"]
[null,"GF and FF",1,"x",14,{"v":0,"d":"0.000"},{"v":0,"d":"0.000"},{"v":0,"d":"0.000"},{"$f":"ROUND(IF(AND(F3628:H3628),C3628*E3628*F3628*G3628*H3628,IF(AND(F3628,G3628),C3628*E3628*F3628*G3628,IF(AND(F3628,H3628),C3628*E3628*F3628*H3628,IF(AND(G3628,H3628),C3628*E3628*G3628*H3628,IF(F3628,C3628*E3628*F3628,IF(G3628,C3628*E3628*G3628,IF(H3628,C3628*E3628*H3628,C3628*E3628))))))),2)","v":14},"No",{"$nulls":3},"SSR 19-20"]
[{"$nulls":13},"SSR 19-20"]
[{"$nulls":9},"No",{"$f":"'Ele Data'!I44","v":{"v":130,"d":"130.00"}},"SSR 19-20",{"$f":"ROUND(I3630*K3630,0)","v":{"v":0,"d":"0.00"}},"SSR 19-20"]
[4,"Supply of  Hot Dip galvanized 20/18 SWG Module box with earthing terminal for 16 Module box",{"$nulls":11},"SSR 19-20"]
[null,"Qty.p.3 of M.B.No.299/A/ZP/19",{"$nulls":11},"SSR 19-20"]
[null,"Carridor",1,"x",1,{"v":0,"d":"0.000"},{"v":0,"d":"0.000"},{"v":0,"d":"0.000"},{"$f":"ROUND(IF(AND(F3633:H3633),C3633*E3633*F3633*G3633*H3633,IF(AND(F3633,G3633),C3633*E3633*F3633*G3633,IF(AND(F3633,H3633),C3633*E3633*F3633*H3633,IF(AND(G3633,H3633),C3633*E3633*G3633*H3633,IF(F3633,C3633*E3633*F3633,IF(G3633,C3633*E3633*G3633,IF(H3633,C3633*E3633*H3633,C3633*E3633))))))),2)","v":1},"No",{"$nulls":3},"SSR 19-20"]
[null,"Agristore",1,"x",1,{"v":0,"d":"0.000"},{"v":0,"d":"0.000"},{"v":0,"d":"0.000"},{"$f":"ROUND(IF(AND(F3634:H3634),C3634*E3634*F3634*G3634*H3634,IF(AND(F3634,G3634),C3634*E3634*F3634*G3634,IF(AND(F3634,H3634),C3634*E3634*F3634*H3634,IF(AND(G3634,H3634),C3634*E3634*G3634*H3634,IF(F3634,C3634*E3634*F3634,IF(G3634,C3634*E3634*G3634,IF(H3634,C3634*E3634*H3634,C3634*E3634))))))),2)","v":1},"No",{"$nulls":3},"SSR 19-20"]
[null,"Demo quipment",1,"x",1,{"v":0,"d":"0.000"},{"v":0,"d":"0.000"},{"v":0,"d":"0.000"},{"$f":"ROUND(IF(AND(F3635:H3635),C3635*E3635*F3635*G3635*H3635,IF(AND(F3635,G3635),C3635*E3635*F3635*G3635,IF(AND(F3635,H3635),C3635*E3635*F3635*H3635,IF(AND(G3635,H3635),C3635*E3635*G3635*H3635,IF(F3635,C3635*E3635*F3635,IF(G3635,C3635*E3635*G3635,IF(H3635,C3635*E3635*H3635,C3635*E3635))))))),2)","v":1},"No",{"$nulls":3},"SSR 19-20"]
[null,"Meeting Hall",1,"x",2,{"v":0,"d":"0.000"},{"v":0,"d":"0.000"},{"v":0,"d":"0.000"},{"$f":"ROUND(IF(AND(F3636:H3636),C3636*E3636*F3636*G3636*H3636,IF(AND(F3636,G3636),C3636*E3636*F3636*G3636,IF(AND(F3636,H3636),C3636*E3636*F3636*H3636,IF(AND(G3636,H3636),C3636*E3636*G3636*H3636,IF(F3636,C3636*E3636*F3636,IF(G3636,C3636*E3636*G3636,IF(H3636,C3636*E3636*H3636,C3636*E3636))))))),2)","v":2},"No",{"$nulls":3},"SSR 19-20"]
[{"$nulls":13},"SSR 19-20"]
[{"$nulls":9},"No",{"$f":"'Ele Data'!I55","v":{"v":300,"d":"300.00"}},"SSR 19-20",{"$f":"ROUND(I3638*K3638,0)","v":{"v":0,"d":"0.00"}},"SSR 19-20"]
[6,"Supply of  Hot Dip galvanized 20/18 SWG Module box with earthing terminal for 18 Module box",{"$nulls":11},"SSR 19-20"]
[null,"Qty.P.No.     of M.B.No.",{"$nulls":11},"SSR 19-20"]
[null,"VKC",2,"x",1,{"v":0,"d":"0.000"},{"v":0,"d":"0.000"},{"v":0,"d":"0.000"},{"$f":"ROUND(IF(AND(F3641:H3641),C3641*E3641*F3641*G3641*H3641,IF(AND(F3641,G3641),C3641*E3641*F3641*G3641,IF(AND(F3641,H3641),C3641*E3641*F3641*H3641,IF(AND(G3641,H3641),C3641*E3641*G3641*H3641,IF(F3641,C3641*E3641*F3641,IF(G3641,C3641*E3641*G3641,IF(H3641,C3641*E3641*H3641,C3641*E3641))))))),2)","v":2},"No",{"$nulls":3},"SSR 19-20"]
[{"$nulls":13},"SSR 19-20"]
[{"$nulls":9},"No",{"$f":"'Ele Data'!I51","v":{"v":335,"d":"335.00"}},"SSR 19-20",{"$f":"ROUND(I3643*K3643,0)","v":{"v":0,"d":"0.00"}},"SSR 19-20"]
[6,"Supply of  Hot Dip galvanized 20/18 SWG Module box with earthing terminal for 4 Module box",{"$nulls":11},"SSR 19-20"]
[null,"Qty.p.62 of M.B.No.478/A/ZP/19",{"$nulls":11},"SSR 19-20"]
[null,null,1,"x",4,{"v":0,"d":"0.000"},{"v":0,"d":"0.000"},{"v":0,"d":"0.000"},{"$f":"ROUND(IF(AND(F3646:H3646),C3646*E3646*F3646*G3646*H3646,IF(AND(F3646,G3646),C3646*E3646*F3646*G3646,IF(AND(F3646,H3646),C3646*E3646*F3646*H3646,IF(AND(G3646,H3646),C3646*E3646*G3646*H3646,IF(F3646,C3646*E3646*F3646,IF(G3646,C3646*E3646*G3646,IF(H3646,C3646*E3646*H3646,C3646*E3646))))))),2)","v":4},"No",{"$nulls":3},"SSR 19-20"]
[{"$nulls":13},"SSR 19-20"]
[{"$nulls":9},"No",{"$f":"'Ele Data'!I47","v":{"v":95,"d":"95.00"}},"SSR 19-20",{"$f":"ROUND(I3648*K3648,0)","v":{"v":0,"d":"0.00"}},"SSR 19-20"]
[7,"Supply of  Hot Dip galvanized 20/18 SWG Module box with earthing terminal for 2 Module box",{"$nulls":11},"SSR 19-20"]
[null,"Qty.p.     of M.B.No.",{"$nulls":11},"SSR 19-20"]
[null,"GF and FF",1,"x",12,{"v":0,"d":"0.000"},{"v":0,"d":"0.000"},{"v":0,"d":"0.000"},{"$f":"ROUND(IF(AND(F3651:H3651),C3651*E3651*F3651*G3651*H3651,IF(AND(F3651,G3651),C3651*E3651*F3651*G3651,IF(AND(F3651,H3651),C3651*E3651*F3651*H3651,IF(AND(G3651,H3651),C3651*E3651*G3651*H3651,IF(F3651,C3651*E3651*F3651,IF(G3651,C3651*E3651*G3651,IF(H3651,C3651*E3651*H3651,C3651*E3651))))))),2)","v":12},"No",{"$nulls":3},"SSR 19-20"]
[{"$nulls":13},"SSR 19-20"]
[{"$nulls":9},"No",{"$f":"'Ele Data'!I58","v":{"v":57,"d":"57.00"}},"SSR 19-20",{"$f":"ROUND(I3653*K3653,0)","v":{"v":0,"d":"0.00"}},"SSR 19-20"]
[7,"Wiring with run of 2 of 14/0.3mm (1.0 Sq.mm) FRLS / HFFR PVC insulated flexible ISI mark copper cable in existing PVC conduit pipe including Supply and fixing of Jumbo Ceiling rose and 6A/10A ISI Mark 1way flush type switch  in existing Surface or Concealed pipe wiring including cost and conveyance of all material and all labour charges etc., complete for light and bell  points",{"$nulls":11},"SSR 19-20"]
[null,"Qty.p.5 of M.B.No.299/A/ZP/19",{"$nulls":11},"SSR 19-20"]
[null,"GF secretary room",1,"x",3,{"v":0,"d":"0.000"},{"v":0,"d":"0.000"},{"v":0,"d":"0.000"},{"$f":"ROUND(IF(AND(F3656:H3656),C3656*E3656*F3656*G3656*H3656,IF(AND(F3656,G3656),C3656*E3656*F3656*G3656,IF(AND(F3656,H3656),C3656*E3656*F3656*H3656,IF(AND(G3656,H3656),C3656*E3656*G3656*H3656,IF(F3656,C3656*E3656*F3656,IF(G3656,C3656*E3656*G3656,IF(H3656,C3656*E3656*H3656,C3656*E3656))))))),2)","v":3},"Point",{"$nulls":3},"SSR 19-20"]
[null,"Carridor",1,"x",4,{"v":0,"d":"0.000"},{"v":0,"d":"0.000"},{"v":0,"d":"0.000"},{"$f":"ROUND(IF(AND(F3657:H3657),C3657*E3657*F3657*G3657*H3657,IF(AND(F3657,G3657),C3657*E3657*F3657*G3657,IF(AND(F3657,H3657),C3657*E3657*F3657*H3657,IF(AND(G3657,H3657),C3657*E3657*G3657*H3657,IF(F3657,C3657*E3657*F3657,IF(G3657,C3657*E3657*G3657,IF(H3657,C3657*E3657*H3657,C3657*E3657))))))),2)","v":4},"Point",{"$nulls":3},"SSR 19-20"]
[null,"Verandah",1,"x",4,{"v":0,"d":"0.000"},{"v":0,"d":"0.000"},{"v":0,"d":"0.000"},{"$f":"ROUND(IF(AND(F3658:H3658),C3658*E3658*F3658*G3658*H3658,IF(AND(F3658,G3658),C3658*E3658*F3658*G3658,IF(AND(F3658,H3658),C3658*E3658*F3658*H3658,IF(AND(G3658,H3658),C3658*E3658*G3658*H3658,IF(F3658,C3658*E3658*F3658,IF(G3658,C3658*E3658*G3658,IF(H3658,C3658*E3658*H3658,C3658*E3658))))))),2)","v":4},"Point",{"$nulls":3},"SSR 19-20"]
[{"$nulls":13},"SSR 19-20"]
[{"$nulls":9},"Point",{"$f":"'Ele Data'!I96","v":{"v":383.5,"d":"383.50"}},"SSR 19-20",{"$f":"ROUND(I3660*K3660,0)","v":{"v":0,"d":"0.00"}},"SSR 19-20"]
[7,"Wiring with run of 2 of 14/0.3mm (1.0 Sq.mm) FRLS / HFFR PVC insulated flexible ISI mark copper cable in existing PVC conduit pipe including Supply and fixing of Jumbo Ceiling rose and 6A/10A ISI Mark 1way flush type switch  in existing Surface or Concealed pipe wiring including cost and conveyance of all material and all labour charges etc., complete for Fan points",{"$nulls":11},"SSR 19-20"]
[null,"Qty.p.86 of M.B.No.299/A/ZP/19",{"$nulls":11},"SSR 19-20"]
[null,"Hall",1,"x",6,{"v":0,"d":"0.000"},{"v":0,"d":"0.000"},{"v":0,"d":"0.000"},{"$f":"ROUND(IF(AND(F3663:H3663),C3663*E3663*F3663*G3663*H3663,IF(AND(F3663,G3663),C3663*E3663*F3663*G3663,IF(AND(F3663,H3663),C3663*E3663*F3663*H3663,IF(AND(G3663,H3663),C3663*E3663*G3663*H3663,IF(F3663,C3663*E3663*F3663,IF(G3663,C3663*E3663*G3663,IF(H3663,C3663*E3663*H3663,C3663*E3663))))))),2)","v":6},"Point",{"$nulls":3},"SSR 19-20"]
[null,"Lab",1,"x",1,{"v":0,"d":"0.000"},{"v":0,"d":"0.000"},{"v":0,"d":"0.000"},{"$f":"ROUND(IF(AND(F3664:H3664),C3664*E3664*F3664*G3664*H3664,IF(AND(F3664,G3664),C3664*E3664*F3664*G3664,IF(AND(F3664,H3664),C3664*E3664*F3664*H3664,IF(AND(G3664,H3664),C3664*E3664*G3664*H3664,IF(F3664,C3664*E3664*F3664,IF(G3664,C3664*E3664*G3664,IF(H3664,C3664*E3664*H3664,C3664*E3664))))))),2)","v":1},"Point",{"$nulls":3},"SSR 19-20"]
[null,"Carridor",1,"x",1,{"v":0,"d":"0.000"},{"v":0,"d":"0.000"},{"v":0,"d":"0.000"},{"$f":"ROUND(IF(AND(F3665:H3665),C3665*E3665*F3665*G3665*H3665,IF(AND(F3665,G3665),C3665*E3665*F3665*G3665,IF(AND(F3665,H3665),C3665*E3665*F3665*H3665,IF(AND(G3665,H3665),C3665*E3665*G3665*H3665,IF(F3665,C3665*E3665*F3665,IF(G3665,C3665*E3665*G3665,IF(H3665,C3665*E3665*H3665,C3665*E3665))))))),2)","v":1},"Point",{"$nulls":3},"SSR 19-20"]
[{"$nulls":13},"SSR 19-20"]
[{"$nulls":9},"Point",{"$f":"'Ele Data'!I109","v":{"v":402.5,"d":"402.50"}},"SSR 19-20",{"$f":"ROUND(I3667*K3667,0)","v":{"v":0,"d":"0.00"}},"SSR 19-20"]
[8,"Supply and  run of 1 of 14 /0.3mm (1.0 Sq.mm) FR P.V.C. insulated flexible copper cable in existing pipe for earth and invertor continuity including all labour charges etc., complete.",{"$nulls":11},"SSR 19-20"]
[null,"Qty.p.10 of M.B.No.299/A/ZP/19",{"$nulls":11},"SSR 19-20"]
[null,"For Earthing & invertor",{"$nulls":11},"SSR 19-20"]
[null,null,1,"x",1,{"v":55,"d":"55.00"},{"v":0,"d":"0.000"},{"v":0,"d":"0.000"},{"$f":"ROUND(IF(AND(F3671:H3671),C3671*E3671*F3671*G3671*H3671,IF(AND(F3671,G3671),C3671*E3671*F3671*G3671,IF(AND(F3671,H3671),C3671*E3671*F3671*H3671,IF(AND(G3671,H3671),C3671*E3671*G3671*H3671,IF(F3671,C3671*E3671*F3671,IF(G3671,C3671*E3671*G3671,IF(H3671,C3671*E3671*H3671,C3671*E3671))))))),2)","v":{"v":55,"d":"55.00"}},"Rm",{"$nulls":3},"SSR 19-20"]
[{"$nulls":13},"SSR 19-20"]
[{"$nulls":9},"Rm",{"$f":"'Ele Data'!I154","v":18.59},"SSR 19-20",{"$f":"ROUND(I3673*K3673,0)","v":{"v":0,"d":"0.00"}},"SSR 19-20"]
[9,"Supply and  Run of 2 of 22/0.3mm (1.50 Sq.mm) with  Run 1 of 22/0.3mm(1.5Sqmm)  FRLS / HFFR PVC insulated flexible ISI mark copper cable in existing pipe for run of mains inlcuding all labour charges etc., complete.",{"$nulls":11},"SSR 19-20"]
[null,"Qty.p.10 of M.B.No.299/A/ZP/19",{"$nulls":11},"SSR 19-20"]
[null,null,1,"x",1,{"v":150,"d":"150.00"},{"v":0,"d":"0.000"},{"v":0,"d":"0.000"},{"$f":"ROUND(IF(AND(F3676:H3676),C3676*E3676*F3676*G3676*H3676,IF(AND(F3676,G3676),C3676*E3676*F3676*G3676,IF(AND(F3676,H3676),C3676*E3676*F3676*H3676,IF(AND(G3676,H3676),C3676*E3676*G3676*H3676,IF(F3676,C3676*E3676*F3676,IF(G3676,C3676*E3676*G3676,IF(H3676,C3676*E3676*H3676,C3676*E3676))))))),2)","v":{"v":150,"d":"150.00"}},"Rm",{"$nulls":3},"SSR 19-20"]
[{"$nulls":13},"SSR 19-20"]
[{"$nulls":9},"Rm",{"$f":"'Ele Data'!I146","v":{"v":60.7,"d":"60.70"}},"SSR 19-20",{"$f":"ROUND(I3678*K3678,0)","v":{"v":0,"d":"0.00"}},"SSR 19-20"]
[9,"Supply and  Run of 2 of 36/0.3mm (2.50 Sq.mm) with  Run 1 of 22/0.3mm(1.5Sqmm)  FRLS / HFFR PVC insulated flexible ISI mark copper cable in existing pipe for run of mains inlcuding all labour charges etc., complete.",{"$nulls":11},"SSR 19-20"]
[null,"Qty.p.10 of M.B.No.299/A/ZP/19",{"$nulls":11},"SSR 19-20"]
[null,null,1,"x",1,{"v":150,"d":"150.00"},{"v":0,"d":"0.000"},{"v":0,"d":"0.000"},{"$f":"ROUND(IF(AND(F3681:H3681),C3681*E3681*F3681*G3681*H3681,IF(AND(F3681,G3681),C3681*E3681*F3681*G3681,IF(AND(F3681,H3681),C3681*E3681*F3681*H3681,IF(AND(G3681,H3681),C3681*E3681*G3681*H3681,IF(F3681,C3681*E3681*F3681,IF(G3681,C3681*E3681*G3681,IF(H3681,C3681*E3681*H3681,C3681*E3681))))))),2)","v":{"v":150,"d":"150.00"}},"Rm",{"$nulls":3},"SSR 19-20"]
[{"$nulls":13},"SSR 19-20"]
[{"$nulls":9},"Rm",{"$f":"'Ele Data'!I164","v":{"v":64.8731,"d":"64.87"}},"SSR 19-20",{"$f":"ROUND(I3683*K3683,0)","v":{"v":0,"d":"0.00"}},"SSR 19-20"]
[10,"Supply and  Run of 2 of 56/0.3mm (4.00 Sq.mm) with  Run 1 of 22/0.3mm(1.5Sqmm)  FRLS / HFFR PVC insulated flexible ISI mark copper cable in existing pipe for run of mains inlcuding all labour charges etc., complete",{"$nulls":11},"SSR 19-20"]
[null,"Qty.p.     of M.B.No.",{"$nulls":11},"SSR 19-20"]
[null,null,1,"x",1,{"v":25,"d":"25.00"},{"v":0,"d":"0.000"},{"v":0,"d":"0.000"},{"$f":"ROUND(IF(AND(F3686:H3686),C3686*E3686*F3686*G3686*H3686,IF(AND(F3686,G3686),C3686*E3686*F3686*G3686,IF(AND(F3686,H3686),C3686*E3686*F3686*H3686,IF(AND(G3686,H3686),C3686*E3686*G3686*H3686,IF(F3686,C3686*E3686*F3686,IF(G3686,C3686*E3686*G3686,IF(H3686,C3686*E3686*H3686,C3686*E3686))))))),2)","v":{"v":25,"d":"25.00"}},"Rm",{"$nulls":3},"SSR 19-20"]
[{"$nulls":13},"SSR 19-20"]
[{"$nulls":9},"Rm",{"$f":"'Ele Data'!I174","v":98.56},"SSR 19-20",{"$f":"ROUND(I3688*K3688,0)","v":{"v":0,"d":"0.00"}},"SSR 19-20"]
[10,"Supply and Run of 2 of 6 Sq.mm WPSC Aluminium cable along with No.10 SWG G.I bearer wire through PVC cleats with all accessories including labour charges etc., complete for service mains.",{"$nulls":11},"SSR 19-20"]
[null,"Qty.p.6 of M.B.No.299/A/ZP/19",{"$nulls":11},"SSR 19-20"]
[null,null,1,"x",1,{"v":30,"d":"30.00"},{"v":0,"d":"0.000"},{"v":0,"d":"0.000"},{"$f":"ROUND(IF(AND(F3691:H3691),C3691*E3691*F3691*G3691*H3691,IF(AND(F3691,G3691),C3691*E3691*F3691*G3691,IF(AND(F3691,H3691),C3691*E3691*F3691*H3691,IF(AND(G3691,H3691),C3691*E3691*G3691*H3691,IF(F3691,C3691*E3691*F3691,IF(G3691,C3691*E3691*G3691,IF(H3691,C3691*E3691*H3691,C3691*E3691))))))),2)","v":{"v":30,"d":"30.00"}},"Rm",{"$nulls":3},"SSR 19-20"]
[{"$nulls":13},"SSR 19-20"]
[{"$nulls":9},"Rm",{"$f":"'Ele Data'!I185","v":{"v":50.795,"d":"50.80"}},"SSR 19-20",{"$f":"ROUND(I3693*K3693,0)","v":{"v":0,"d":"0.00"}},"SSR 19-20"]
[11,"Supply of Cover frames for 12 module box",{"$nulls":11},"SSR 19-20"]
[null,"Qty.p.       of M.B.No.299/A/ZP/19",{"$nulls":11},"SSR 19-20"]
[null,"GF and FF",1,"x",13,{"v":0,"d":"0.000"},{"v":0,"d":"0.000"},{"v":0,"d":"0.000"},{"$f":"ROUND(IF(AND(F3696:H3696),C3696*E3696*F3696*G3696*H3696,IF(AND(F3696,G3696),C3696*E3696*F3696*G3696,IF(AND(F3696,H3696),C3696*E3696*F3696*H3696,IF(AND(G3696,H3696),C3696*E3696*G3696*H3696,IF(F3696,C3696*E3696*F3696,IF(G3696,C3696*E3696*G3696,IF(H3696,C3696*E3696*H3696,C3696*E3696))))))),2)","v":13},"No",{"$nulls":3},"SSR 19-20"]
[{"$nulls":13},"SSR 19-20"]
[{"$nulls":9},"No",{"$f":"'Ele Data'!I61","v":{"v":190,"d":"190.00"}},"SSR 19-20",{"$f":"ROUND(I3698*K3698,0)","v":{"v":0,"d":"0.00"}},"SSR 19-20"]
[12,"Supply of Cover frames for 8 module box",{"$nulls":11},"SSR 19-20"]
[null,"Qty.p.       of M.B.No.299/A/ZP/19",{"$nulls":11},"SSR 19-20"]
[null,"GF and FF",1,"x",4,{"v":0,"d":"0.000"},{"v":0,"d":"0.000"},{"v":0,"d":"0.000"},{"$f":"ROUND(IF(AND(F3701:H3701),C3701*E3701*F3701*G3701*H3701,IF(AND(F3701,G3701),C3701*E3701*F3701*G3701,IF(AND(F3701,H3701),C3701*E3701*F3701*H3701,IF(AND(G3701,H3701),C3701*E3701*G3701*H3701,IF(F3701,C3701*E3701*F3701,IF(G3701,C3701*E3701*G3701,IF(H3701,C3701*E3701*H3701,C3701*E3701))))))),2)","v":4},"No",{"$nulls":3},"SSR 19-20"]
[{"$nulls":13},"SSR 19-20"]
[{"$nulls":9},"No",{"$f":"'Ele Data'!I64","v":{"v":155,"d":"155.00"}},"SSR 19-20",{"$f":"ROUND(I3703*K3703,0)","v":{"v":0,"d":"0.00"}},"SSR 19-20"]
[13,"Supply of Cover frames for 6 module box",{"$nulls":11},"SSR 19-20"]
[null,"Qty.p.       of M.B.No.299/A/ZP/19",{"$nulls":11},"SSR 19-20"]
[null,"GF and FF",1,"x",14,{"v":0,"d":"0.000"},{"v":0,"d":"0.000"},{"v":0,"d":"0.000"},{"$f":"ROUND(IF(AND(F3706:H3706),C3706*E3706*F3706*G3706*H3706,IF(AND(F3706,G3706),C3706*E3706*F3706*G3706,IF(AND(F3706,H3706),C3706*E3706*F3706*H3706,IF(AND(G3706,H3706),C3706*E3706*G3706*H3706,IF(F3706,C3706*E3706*F3706,IF(G3706,C3706*E3706*G3706,IF(H3706,C3706*E3706*H3706,C3706*E3706))))))),2)","v":14},"No",{"$nulls":3},"SSR 19-20"]
[{"$nulls":13},"SSR 19-20"]
[{"$nulls":9},"No",{"$f":"'Ele Data'!I67","v":{"v":120,"d":"120.00"}},"SSR 19-20",{"$f":"ROUND(I3708*K3708,0)","v":{"v":0,"d":"0.00"}},"SSR 19-20"]
[14,"Supply of Cover frames for 18 module box",{"$nulls":11},"SSR 19-20"]
[null,"Qty.P.No.     of M.B.No.",{"$nulls":11},"SSR 19-20"]
[null,"VKC",2,"x",1,{"v":0,"d":"0.000"},{"v":0,"d":"0.000"},{"v":0,"d":"0.000"},{"$f":"ROUND(IF(AND(F3711:H3711),C3711*E3711*F3711*G3711*H3711,IF(AND(F3711,G3711),C3711*E3711*F3711*G3711,IF(AND(F3711,H3711),C3711*E3711*F3711*H3711,IF(AND(G3711,H3711),C3711*E3711*G3711*H3711,IF(F3711,C3711*E3711*F3711,IF(G3711,C3711*E3711*G3711,IF(H3711,C3711*E3711*H3711,C3711*E3711))))))),2)","v":2},"No",{"$nulls":3},"SSR 19-20"]
[{"$nulls":13},"SSR 19-20"]
[{"$nulls":9},"No",{"$f":"'Ele Data'!I74","v":{"v":310,"d":"310.00"}},"SSR 19-20",{"$f":"ROUND(I3713*K3713,0)","v":{"v":0,"d":"0.00"}},"SSR 19-20"]
[14,"Supply of Cover frames for 4 module box",{"$nulls":11},"SSR 19-20"]
[null,"Qty.p.       of M.B.No.299/A/ZP/19",{"$nulls":11},"SSR 19-20"]
[null,"GF and FF",1,"x",3,{"v":0,"d":"0.000"},{"v":0,"d":"0.000"},{"v":0,"d":"0.000"},{"$f":"ROUND(IF(AND(F3716:H3716),C3716*E3716*F3716*G3716*H3716,IF(AND(F3716,G3716),C3716*E3716*F3716*G3716,IF(AND(F3716,H3716),C3716*E3716*F3716*H3716,IF(AND(G3716,H3716),C3716*E3716*G3716*H3716,IF(F3716,C3716*E3716*F3716,IF(G3716,C3716*E3716*G3716,IF(H3716,C3716*E3716*H3716,C3716*E3716))))))),2)","v":3},"No",{"$nulls":3},"SSR 19-20"]
[{"$nulls":13},"SSR 19-20"]
[{"$nulls":9},"No",{"$f":"'Ele Data'!I70","v":{"v":80,"d":"80.00"}},"SSR 19-20",{"$f":"ROUND(I3718*K3718,0)","v":{"v":0,"d":"0.00"}},"SSR 19-20"]
[16,"Supply of Cover frames for 2 module box",{"$nulls":11},"SSR 19-20"]
[null,"Qty.p.     of M.B.No.",{"$nulls":11},"SSR 19-20"]
[null,"GF and FF",1,"x",12,{"v":0,"d":"0.000"},{"v":0,"d":"0.000"},{"v":0,"d":"0.000"},{"$f":"ROUND(IF(AND(F3721:H3721),C3721*E3721*F3721*G3721*H3721,IF(AND(F3721,G3721),C3721*E3721*F3721*G3721,IF(AND(F3721,H3721),C3721*E3721*F3721*H3721,IF(AND(G3721,H3721),C3721*E3721*G3721*H3721,IF(F3721,C3721*E3721*F3721,IF(G3721,C3721*E3721*G3721,IF(H3721,C3721*E3721*H3721,C3721*E3721))))))),2)","v":12},"No",{"$nulls":3},"SSR 19-20"]
[{"$nulls":13},"SSR 19-20"]
[{"$nulls":9},"No",{"$f":"'Ele Data'!I77","v":{"v":60,"d":"60.00"}},"SSR 19-20",{"$f":"ROUND(I3723*K3723,0)","v":{"v":0,"d":"0.00"}},"SSR 19-20"]
[17,"Supply and fixing of 16A 3pin / 6A 3pin  plug socket with indicator lamp and 16Amps  fuse unit and 16 Amps  switch control (5 in one) on decolam sheet covered board including earth connection and all labour charges etc., complete on wall.",{"$nulls":11},"SSR 19-20"]
[null,"Qty.p.     of M.B.No.",{"$nulls":11},"SSR 19-20"]
[null,"GF & FF ",1,"x",17,{"v":0,"d":"0.000"},{"v":0,"d":"0.000"},{"v":0,"d":"0.000"},{"$f":"ROUND(IF(AND(F3726:H3726),C3726*E3726*F3726*G3726*H3726,IF(AND(F3726,G3726),C3726*E3726*F3726*G3726,IF(AND(F3726,H3726),C3726*E3726*F3726*H3726,IF(AND(G3726,H3726),C3726*E3726*G3726*H3726,IF(F3726,C3726*E3726*F3726,IF(G3726,C3726*E3726*G3726,IF(H3726,C3726*E3726*H3726,C3726*E3726))))))),2)","v":17},"No",{"$nulls":3},"SSR 19-20"]
[{"$nulls":13},"SSR 19-20"]
[{"$nulls":9},"No",{"$f":"'Ele Data'!I126","v":{"v":344.3,"d":"344.30"}},"SSR 19-20",{"$f":"ROUND(I3728*K3728,0)","v":{"v":0,"d":"0.00"}},"SSR 19-20"]
[15,"Supply and fixing of 6A 3/2 pin wall plug socket with 6A switch control on a common switch board with earth continuity including wire leads, earth connections along with all labour charges etc., complete.",{"$nulls":11},"SSR 19-20"]
[null,"Qty.p.7 of M.B.No.299/A/ZP/19",{"$nulls":11},"SSR 19-20"]
[null,"Ground floor",1,"x",30,{"v":0,"d":"0.000"},{"v":0,"d":"0.000"},{"v":0,"d":"0.000"},{"$f":"ROUND(IF(AND(F3731:H3731),C3731*E3731*F3731*G3731*H3731,IF(AND(F3731,G3731),C3731*E3731*F3731*G3731,IF(AND(F3731,H3731),C3731*E3731*F3731*H3731,IF(AND(G3731,H3731),C3731*E3731*G3731*H3731,IF(F3731,C3731*E3731*F3731,IF(G3731,C3731*E3731*G3731,IF(H3731,C3731*E3731*H3731,C3731*E3731))))))),2)","v":30},"No",{"$nulls":3},"SSR 19-20"]
[null,"First floor",1,"x",15,{"v":0,"d":"0.000"},{"v":0,"d":"0.000"},{"v":0,"d":"0.000"},{"$f":"ROUND(IF(AND(F3732:H3732),C3732*E3732*F3732*G3732*H3732,IF(AND(F3732,G3732),C3732*E3732*F3732*G3732,IF(AND(F3732,H3732),C3732*E3732*F3732*H3732,IF(AND(G3732,H3732),C3732*E3732*G3732*H3732,IF(F3732,C3732*E3732*F3732,IF(G3732,C3732*E3732*G3732,IF(H3732,C3732*E3732*H3732,C3732*E3732))))))),2)","v":15},"No",{"$nulls":3},"SSR 19-20"]
[{"$nulls":13},"SSR 19-20"]
[{"$nulls":9},"No",{"$f":"'Ele Data'!I117","v":{"v":105.531,"d":"105.53"}},"SSR 19-20",{"$f":"ROUND(I3734*K3734,0)","v":{"v":0,"d":"0.00"}},"SSR 19-20"]
[18,"Supply and fixing of 6A 2 pin wall plug socket with 6A switch control on a common switch board with earth continuity including wire leads, earth connections along with all labour charges etc., complete.",{"$nulls":11},"SSR 19-20"]
[null,"Qty.P.No.     of M.B.No.",{"$nulls":11},"SSR 19-20"]
[null,null,1,"x",4,{"v":0,"d":"0.000"},{"v":0,"d":"0.000"},{"v":0,"d":"0.000"},{"$f":"ROUND(IF(AND(F3737:H3737),C3737*E3737*F3737*G3737*H3737,IF(AND(F3737,G3737),C3737*E3737*F3737*G3737,IF(AND(F3737,H3737),C3737*E3737*F3737*H3737,IF(AND(G3737,H3737),C3737*E3737*G3737*H3737,IF(F3737,C3737*E3737*F3737,IF(G3737,C3737*E3737*G3737,IF(H3737,C3737*E3737*H3737,C3737*E3737))))))),2)","v":4},"No",{"$nulls":3},"SSR 19-20"]
[{"$nulls":13},"SSR 19-20"]
[{"$nulls":9},"No",{"$f":"'Ele Data'!I134","v":{"v":99.531,"d":"99.53"}},"SSR 19-20",{"$f":"ROUND(I3739*K3739,0)","v":{"v":0,"d":"0.00"}},"SSR 19-20"]
[19,"Supply and fixing of 6A flush type Neon Indicator.",{"$nulls":11},"SSR 19-20"]
[null,"Qty.p.     of M.B.No.",{"$nulls":11},"SSR 19-20"]
[null,"GF and FF",1,"x",7,{"v":0,"d":"0.000"},{"v":0,"d":"0.000"},{"v":0,"d":"0.000"},{"$f":"ROUND(IF(AND(F3742:H3742),C3742*E3742*F3742*G3742*H3742,IF(AND(F3742,G3742),C3742*E3742*F3742*G3742,IF(AND(F3742,H3742),C3742*E3742*F3742*H3742,IF(AND(G3742,H3742),C3742*E3742*G3742*H3742,IF(F3742,C3742*E3742*F3742,IF(G3742,C3742*E3742*G3742,IF(H3742,C3742*E3742*H3742,C3742*E3742))))))),2)","v":7},"No",{"$nulls":3},"SSR 19-20"]
[{"$nulls":13},"SSR 19-20"]
[{"$nulls":9},"No",{"$f":"'Ele Data'!I81","v":{"v":18,"d":"18.00"}},"SSR 19-20",{"$f":"ROUND(I3744*K3744,0)","v":{"v":0,"d":"0.00"}},"SSR 19-20"]
[17,"Supply and fixing of ISI mark batten holder / angle holder on existing block, but with bulb including all connections etc., complete ",{"$nulls":11},"SSR 19-20"]
[null,"Qty.p.8 of M.B.No.299/A/ZP/19",{"$nulls":11},"SSR 19-20"]
[null,"GF and FF",1,"x",21,{"v":0,"d":"0.000"},{"v":0,"d":"0.000"},{"v":0,"d":"0.000"},{"$f":"ROUND(IF(AND(F3747:H3747),C3747*E3747*F3747*G3747*H3747,IF(AND(F3747,G3747),C3747*E3747*F3747*G3747,IF(AND(F3747,H3747),C3747*E3747*F3747*H3747,IF(AND(G3747,H3747),C3747*E3747*G3747*H3747,IF(F3747,C3747*E3747*F3747,IF(G3747,C3747*E3747*G3747,IF(H3747,C3747*E3747*H3747,C3747*E3747))))))),2)","v":21},"No",{"$nulls":3},"SSR 19-20"]
[{"$nulls":13},"SSR 19-20"]
[{"$nulls":9},"No",{"$f":"'Ele Data'!I194","v":177.65},"SSR 19-20",{"$f":"ROUND(I3749*K3749,0)","v":{"v":0,"d":"0.00"}},"SSR 19-20"]
[8,"Supply, Transportation and Fixing of 48\" (1200mm) Sweep 5 Star rated Ceiling Fan with double ball bearings but with regulator including all standard accessories and all labour charges etc., complete.",{"$nulls":11},"SSR 19-20"]
[null,"Qty.p.9 of M.B.No.299/A/ZP/19",{"$nulls":11},"SSR 19-20"]
[null,null,1,"x",12,{"v":0,"d":"0.000"},{"v":0,"d":"0.000"},{"v":0,"d":"0.000"},{"$f":"ROUND(IF(AND(F3752:H3752),C3752*E3752*F3752*G3752*H3752,IF(AND(F3752,G3752),C3752*E3752*F3752*G3752,IF(AND(F3752,H3752),C3752*E3752*F3752*H3752,IF(AND(G3752,H3752),C3752*E3752*G3752*H3752,IF(F3752,C3752*E3752*F3752,IF(G3752,C3752*E3752*G3752,IF(H3752,C3752*E3752*H3752,C3752*E3752))))))),2)","v":12},"No",{"$nulls":3},"SSR 19-20"]
[{"$nulls":13},"SSR 19-20"]
[{"$nulls":9},"No",{"$f":"'Ele Data'!I206","v":{"v":2636.625,"d":"2636.63"}},"SSR 19-20",{"$f":"ROUND(I3754*K3754,0)","v":{"v":0,"d":"0.00"}},"SSR 19-20"]
[18,"S&F of 12 / 15 MS plain rod fan hook",{"$nulls":11},"SSR 19-20"]
[null,"Qty.p.9 of M.B.No.299/A/ZP/19",{"$nulls":11},"SSR 19-20"]
[null,null,1,"x",12,{"v":0,"d":"0.000"},{"v":0,"d":"0.000"},{"v":0,"d":"0.000"},{"$f":"ROUND(IF(AND(F3757:H3757),C3757*E3757*F3757*G3757*H3757,IF(AND(F3757,G3757),C3757*E3757*F3757*G3757,IF(AND(F3757,H3757),C3757*E3757*F3757*H3757,IF(AND(G3757,H3757),C3757*E3757*G3757*H3757,IF(F3757,C3757*E3757*F3757,IF(G3757,C3757*E3757*G3757,IF(H3757,C3757*E3757*H3757,C3757*E3757))))))),2)","v":12},"No",{"$nulls":3},"SSR 19-20"]
[{"$nulls":13},"SSR 19-20"]
[{"$nulls":9},"No",{"$f":"'Ele Data'!I233","v":{"v":252.388,"d":"252.39"}},"SSR 19-20",{"$f":"ROUND(I3759*K3759,0)","v":{"v":0,"d":"0.00"}},"SSR 19-20"]
[19,"Supply and Transportation of 48\" (1200mm) Sweep 5 star rated Ceiling Fan , with double ball bearings, air delivery more than 200 cubic meter/min but without Regulator.",{"$nulls":11},"SSR 19-20"]
[null,"Qty.p.8 of M.B.No.299/A/ZP/19",{"$nulls":11},"SSR 19-20"]
[null,"GF and FF",1,"x",7,{"v":0,"d":"0.000"},{"v":0,"d":"0.000"},{"v":0,"d":"0.000"},{"$f":"ROUND(IF(AND(F3762:H3762),C3762*E3762*F3762*G3762*H3762,IF(AND(F3762,G3762),C3762*E3762*F3762*G3762,IF(AND(F3762,H3762),C3762*E3762*F3762*H3762,IF(AND(G3762,H3762),C3762*E3762*G3762*H3762,IF(F3762,C3762*E3762*F3762,IF(G3762,C3762*E3762*G3762,IF(H3762,C3762*E3762*H3762,C3762*E3762))))))),2)","v":7},"No",{"$nulls":3},"SSR 19-20"]
[{"$nulls":13},"SSR 19-20"]
[{"$nulls":9},"No",{"$f":"'Ele Data'!I210","v":{"v":2323,"d":"2323.00"}},"SSR 19-20",{"$f":"ROUND(I3764*K3764,0)","v":{"v":0,"d":"0.00"}},"SSR 19-20"]
[20,"Supply and fixing of Modular type Electronic fan regulator hum free step type socket size in the existing switch board.",{"$nulls":11},"SSR 19-20"]
[null,"Qty.p.8 of M.B.No.299/A/ZP/19",{"$nulls":11},"SSR 19-20"]
[null,null,1,"x",12,{"v":0,"d":"0.000"},{"v":0,"d":"0.000"},{"v":0,"d":"0.000"},{"$f":"ROUND(IF(AND(F3767:H3767),C3767*E3767*F3767*G3767*H3767,IF(AND(F3767,G3767),C3767*E3767*F3767*G3767,IF(AND(F3767,H3767),C3767*E3767*F3767*H3767,IF(AND(G3767,H3767),C3767*E3767*G3767*H3767,IF(F3767,C3767*E3767*F3767,IF(G3767,C3767*E3767*G3767,IF(H3767,C3767*E3767*H3767,C3767*E3767))))))),2)","v":12},"No",{"$nulls":3},"SSR 19-20"]
[{"$nulls":13},"SSR 19-20"]
[{"$nulls":9},"No",{"$f":"'Ele Data'!I215","v":{"v":237.5,"d":"237.50"}},"SSR 19-20",{"$f":"ROUND(I3769*K3769,0)","v":{"v":0,"d":"0.00"}},"SSR 19-20"]
[21,"Labour charges for fixing of ceiling fan with regulator including transportation, 3 core  wire leads etc complete",{"$nulls":11},"SSR 19-20"]
[null,"Qty.p.8 of M.B.No.299/A/ZP/19",{"$nulls":11},"SSR 19-20"]
[null,null,1,"x",7,{"v":0,"d":"0.000"},{"v":0,"d":"0.000"},{"v":0,"d":"0.000"},{"$f":"ROUND(IF(AND(F3772:H3772),C3772*E3772*F3772*G3772*H3772,IF(AND(F3772,G3772),C3772*E3772*F3772*G3772,IF(AND(F3772,H3772),C3772*E3772*F3772*H3772,IF(AND(G3772,H3772),C3772*E3772*G3772*H3772,IF(F3772,C3772*E3772*F3772,IF(G3772,C3772*E3772*G3772,IF(H3772,C3772*E3772*H3772,C3772*E3772))))))),2)","v":7},"No",{"$nulls":3},"SSR 19-20"]
[{"$nulls":13},"SSR 19-20"]
[{"$nulls":9},"No",{"$f":"'Ele Data'!I222","v":{"v":133.625,"d":"133.63"}},"SSR 19-20",{"$f":"ROUND(I3774*K3774,0)","v":{"v":0,"d":"0.00"}},"SSR 19-20"]
[15,"Supply and erecting 19/20mm steel tube down rod of one meter length with bolts & nuts duly painted with matching colour of  fan complete",{"$nulls":11},"SSR 19-20"]
[null,"Qty.p.88 of M.B.No.299/A/ZP/19",{"$nulls":11},"SSR 19-20"]
[null,"Godown",1,"x",2,{"v":0,"d":"0.000"},{"v":0,"d":"0.000"},{"v":0,"d":"0.000"},{"$f":"ROUND(IF(AND(F3777:H3777),C3777*E3777*F3777*G3777*H3777,IF(AND(F3777,G3777),C3777*E3777*F3777*G3777,IF(AND(F3777,H3777),C3777*E3777*F3777*H3777,IF(AND(G3777,H3777),C3777*E3777*G3777*H3777,IF(F3777,C3777*E3777*F3777,IF(G3777,C3777*E3777*G3777,IF(H3777,C3777*E3777*H3777,C3777*E3777))))))),2)","v":2},"No",{"$nulls":3},"SSR 19-20"]
[null,"Secretary room",1,"x",1,{"v":0,"d":"0.000"},{"v":0,"d":"0.000"},{"v":0,"d":"0.000"},{"$f":"ROUND(IF(AND(F3778:H3778),C3778*E3778*F3778*G3778*H3778,IF(AND(F3778,G3778),C3778*E3778*F3778*G3778,IF(AND(F3778,H3778),C3778*E3778*F3778*H3778,IF(AND(G3778,H3778),C3778*E3778*G3778*H3778,IF(F3778,C3778*E3778*F3778,IF(G3778,C3778*E3778*G3778,IF(H3778,C3778*E3778*H3778,C3778*E3778))))))),2)","v":1},"No",{"$nulls":3},"SSR 19-20"]
[null,"Visting Waiting area",1,"x",1,{"v":0,"d":"0.000"},{"v":0,"d":"0.000"},{"v":0,"d":"0.000"},{"$f":"ROUND(IF(AND(F3779:H3779),C3779*E3779*F3779*G3779*H3779,IF(AND(F3779,G3779),C3779*E3779*F3779*G3779,IF(AND(F3779,H3779),C3779*E3779*F3779*H3779,IF(AND(G3779,H3779),C3779*E3779*G3779*H3779,IF(F3779,C3779*E3779*F3779,IF(G3779,C3779*E3779*G3779,IF(H3779,C3779*E3779*H3779,C3779*E3779))))))),2)","v":1},"No",{"$nulls":3},"SSR 19-20"]
[{"$nulls":13},"SSR 19-20"]
[{"$nulls":9},"No",{"$f":"'Ele Data'!I228","v":{"v":126.80000000000001,"d":"126.80"}},"SSR 19-20",{"$f":"ROUND(I3781*K3781,0)","v":{"v":0,"d":"0.00"}},"SSR 19-20"]
[22,"Supply and Transportation and fixing of 1200 mm length,Box type powder coatedtube light luminaire with necessary wiring suitable for fixing 2 Nos retrofit T8 LED tubes but without tube and choke",{"$nulls":11},"SSR 19-20"]
[null,"Qty.p.9 of M.B.No.299/A/ZP/19",{"$nulls":11},"SSR 19-20"]
[null,null,1,"x",14,{"v":0,"d":"0.000"},{"v":0,"d":"0.000"},{"v":0,"d":"0.000"},{"$f":"ROUND(IF(AND(F3784:H3784),C3784*E3784*F3784*G3784*H3784,IF(AND(F3784,G3784),C3784*E3784*F3784*G3784,IF(AND(F3784,H3784),C3784*E3784*F3784*H3784,IF(AND(G3784,H3784),C3784*E3784*G3784*H3784,IF(F3784,C3784*E3784*F3784,IF(G3784,C3784*E3784*G3784,IF(H3784,C3784*E3784*H3784,C3784*E3784))))))),2)","v":14},"No",{"$nulls":3},"SSR 19-20"]
[{"$nulls":13},"SSR 19-20"]
[{"$nulls":9},"No",{"$f":"'Ele Data'!I241","v":{"v":404.1,"d":"404.10"}},"SSR 19-20",{"$f":"ROUND(I3786*K3786,0)","v":{"v":0,"d":"0.00"}},"SSR 19-20"]
[23,"Supply, transportation and fixing of 20Watt LED Street light Luminaire made of pressure diecast alluminium body with powder coated, having protective toughned glass, Supply Input voltage 120 - 270 V AC, P.F > 0.90, high power LED's System efficacy >110 lm/W and junction temprature < 70°C, with Ingrees protection IP66,",{"$nulls":11},"SSR 19-20"]
[null,"Qty.p.     of M.B.No.",{"$nulls":11},"SSR 19-20"]
[null,null,1,"x",1,{"v":0,"d":"0.000"},{"v":0,"d":"0.000"},{"v":0,"d":"0.000"},{"$f":"ROUND(IF(AND(F3789:H3789),C3789*E3789*F3789*G3789*H3789,IF(AND(F3789,G3789),C3789*E3789*F3789*G3789,IF(AND(F3789,H3789),C3789*E3789*F3789*H3789,IF(AND(G3789,H3789),C3789*E3789*G3789*H3789,IF(F3789,C3789*E3789*F3789,IF(G3789,C3789*E3789*G3789,IF(H3789,C3789*E3789*H3789,C3789*E3789))))))),2)","v":1},"No",{"$nulls":3},"SSR 19-20"]
[{"$nulls":13},"SSR 19-20"]
[{"$nulls":9},"No",{"$f":"'Ele Data'!I284","v":{"v":1980,"d":"1980.00"}},"SSR 19-20",{"$f":"ROUND(I3791*K3791,0)","v":{"v":0,"d":"0.00"}},"SSR 19-20"]
[23,"Supply and transportation of 60 W LED Street light Luminaire made of pressure diecast alluminium body with powder coated, having protective toughned glass, Supply Input voltage 120 - 270 V AC, P.F > 0.90, high power LED's having System efficacy > 100 lm/W and junction temprature < 70°C, with Ingrees protection IP66, Luminaire performance complies to IS 10322 (Part 5 / Sec-3), Driver surge protection 4KV, external Surge protection 10 KV with optics distribution , THD<10% at 110 Volts AC, driver efficiency >90%, CCT: 3000K - 5700K, minimum CRI>70, etc.,",{"$nulls":11},"SSR 19-20"]
[null,"Qty.p.     of M.B.No.",{"$nulls":11},"SSR 19-20"]
[null,null,1,"x",1,{"v":0,"d":"0.000"},{"v":0,"d":"0.000"},{"v":0,"d":"0.000"},{"$f":"ROUND(IF(AND(F3794:H3794),C3794*E3794*F3794*G3794*H3794,IF(AND(F3794,G3794),C3794*E3794*F3794*G3794,IF(AND(F3794,H3794),C3794*E3794*F3794*H3794,IF(AND(G3794,H3794),C3794*E3794*G3794*H3794,IF(F3794,C3794*E3794*F3794,IF(G3794,C3794*E3794*G3794,IF(H3794,C3794*E3794*H3794,C3794*E3794))))))),2)","v":1},"No",{"$nulls":3},"SSR 19-20"]
[{"$nulls":13},"SSR 19-20"]
[{"$nulls":9},"No",{"$f":"'Ele Data'!I287","v":{"v":5900,"d":"5900.00"}},"SSR 19-20",{"$f":"ROUND(I3796*K3796,0)","v":{"v":0,"d":"0.00"}},"SSR 19-20"]
[16,"Supply of 9\" (225mm), Light duty exhaust fan with double ball bearing and wire guard etc complete.",{"$nulls":11},"SSR 19-20"]
[null,"To be done",{"$nulls":11},"SSR 19-20"]
[null,null,1,"x",1,{"v":0,"d":"0.000"},{"v":0,"d":"0.000"},{"v":0,"d":"0.000"},{"$f":"ROUND(IF(AND(F3799:H3799),C3799*E3799*F3799*G3799*H3799,IF(AND(F3799,G3799),C3799*E3799*F3799*G3799,IF(AND(F3799,H3799),C3799*E3799*F3799*H3799,IF(AND(G3799,H3799),C3799*E3799*G3799*H3799,IF(F3799,C3799*E3799*F3799,IF(G3799,C3799*E3799*G3799,IF(H3799,C3799*E3799*H3799,C3799*E3799))))))),2)","v":1},"No",{"$nulls":3},"SSR 19-20"]
[{"$nulls":13},"SSR 19-20"]
[{"$nulls":9},"No",{"$f":"'Ele Data'!I84","v":{"v":1290,"d":"1290.00"}},"SSR 19-20",{"$f":"ROUND(I3801*K3801,0)","v":{"v":0,"d":"0.00"}},"SSR 19-20"]
[23,"Supply and fixing SPN Distribution board with IP-20 protection suitable for single phase Earth Leakage Circute Braker (ELCB) / Residual Current Circute Braker (RCCB) / Double Pole (DP) Isolator as incomer and 10kA SP MCBs as out going including internal connections and labour charges for surface / flush mounting etc., complete.",{"$nulls":11},"SSR 19-20"]
[null,"Qty.p.     of M.B.No.",{"$nulls":11},"SSR 19-20"]
[null,"Ground floor",1,"x",1,{"v":0,"d":"0.000"},{"v":0,"d":"0.000"},{"v":0,"d":"0.000"},{"$f":"ROUND(IF(AND(F3804:H3804),C3804*E3804*F3804*G3804*H3804,IF(AND(F3804,G3804),C3804*E3804*F3804*G3804,IF(AND(F3804,H3804),C3804*E3804*F3804*H3804,IF(AND(G3804,H3804),C3804*E3804*G3804*H3804,IF(F3804,C3804*E3804*F3804,IF(G3804,C3804*E3804*G3804,IF(H3804,C3804*E3804*H3804,C3804*E3804))))))),2)","v":1},"No",{"$nulls":3},"SSR 19-20"]
[null,"First floor",1,"x",1,{"v":0,"d":"0.000"},{"v":0,"d":"0.000"},{"v":0,"d":"0.000"},{"$f":"ROUND(IF(AND(F3805:H3805),C3805*E3805*F3805*G3805*H3805,IF(AND(F3805,G3805),C3805*E3805*F3805*G3805,IF(AND(F3805,H3805),C3805*E3805*F3805*H3805,IF(AND(G3805,H3805),C3805*E3805*G3805*H3805,IF(F3805,C3805*E3805*F3805,IF(G3805,C3805*E3805*G3805,IF(H3805,C3805*E3805*H3805,C3805*E3805))))))),2)","v":1},"No",{"$nulls":3},"SSR 19-20"]
[{"$nulls":13},"SSR 19-20"]
[{"$nulls":9},"No",{"$f":"'Ele Data'!I252","v":{"v":2936,"d":"2936.00"}},"SSR 19-20",{"$f":"ROUND(I3807*K3807,0)","v":{"v":0,"d":"0.00"}},"SSR 19-20"]
[24,"Supply and fixing of 2 Nos of 32A, 240V Porcelain Rewirable Fuse Units of  makes : GM / Sputnik / Kundancab / Million / Gold Medal  / Vimal / Star / Benlo on 12\" x 18\" peta board with connections and labour charges etc complete.",{"$nulls":11},"SSR 19-20"]
[null,"Qty.p.     of M.B.No.299/A/ZP/19",{"$nulls":11},"SSR 19-20"]
[null,null,1,"x",1,{"v":0,"d":"0.000"},{"v":0,"d":"0.000"},{"v":0,"d":"0.000"},{"$f":"ROUND(IF(AND(F3810:H3810),C3810*E3810*F3810*G3810*H3810,IF(AND(F3810,G3810),C3810*E3810*F3810*G3810,IF(AND(F3810,H3810),C3810*E3810*F3810*H3810,IF(AND(G3810,H3810),C3810*E3810*G3810*H3810,IF(F3810,C3810*E3810*F3810,IF(G3810,C3810*E3810*G3810,IF(H3810,C3810*E3810*H3810,C3810*E3810))))))),2)","v":1},"No",{"$nulls":3},"SSR 19-20"]
[{"$nulls":13},"SSR 19-20"]
[{"$nulls":9},"No",{"$f":"'Ele Data'!I262","v":{"v":886.8000000000001,"d":"886.80"}},"SSR 19-20",{"$f":"ROUND(I3812*K3812,0)","v":{"v":0,"d":"0.00"}},"SSR 19-20"]
[25,"Providing independent earthling by excavating a pit to a depth of 2.25Mt in all soils, as per size specified in the Data, using 40mm dia 'B' class GI pipe of 2.5 Mtrs length with necessary No.8 G.I. double earth wire and accessories with 18\" dia 2\" thick hume pipe ring duly providing staggered holes  including filling with 20Kg Salt and 40Kg Charcoal or 40Kg bentonite powder in layers and all labour charges etc., complete.",{"$nulls":11},"SSR 19-20"]
[null,"Qty.p.10 of M.B.No.299/A/ZP/19",{"$nulls":11},"SSR 19-20"]
[null,null,1,"x",1,{"v":0,"d":"0.000"},{"v":0,"d":"0.000"},{"v":0,"d":"0.000"},{"$f":"ROUND(IF(AND(F3815:H3815),C3815*E3815*F3815*G3815*H3815,IF(AND(F3815,G3815),C3815*E3815*F3815*G3815,IF(AND(F3815,H3815),C3815*E3815*F3815*H3815,IF(AND(G3815,H3815),C3815*E3815*G3815*H3815,IF(F3815,C3815*E3815*F3815,IF(G3815,C3815*E3815*G3815,IF(H3815,C3815*E3815*H3815,C3815*E3815))))))),2)","v":1},"No",{"$nulls":3},"SSR 19-20"]
[{"$nulls":13},"SSR 19-20"]
[{"$nulls":9},"No",{"$f":"'Ele Data'!I281","v":3404.82},"SSR 19-20",{"$f":"ROUND(I3817*K3817,0)","v":{"v":0,"d":"0.00"}},"SSR 19-20"]
[null,"As per SSR 2020-21",{"$nulls":11},"SSR 19-20"]
[41,"Supply and Fixing of ISI  25mm outer dia medium (1.80mm thickness) grade with IS:9537 part 3 regid PVC pipe with PVC / Metallic Junction boxes and all accessories  including Fixing of existing suitable size Consealed box PVC / MS with hook for fan including all labour charges etc., complete.",{"$nulls":11},"SSR 20-21"]
[null,"Qty.p.44  & 45 of M.B.No.1269/B/ZP/18",null,"11.05.2021",{"$nulls":9},"SSR 20-21"]
[null,null,1,"x",2,{"v":15,"d":"15.00"},{"v":0,"d":"0.000"},{"v":0,"d":"0.000"},{"$f":"ROUND(IF(AND(F3821:H3821),C3821*E3821*F3821*G3821*H3821,IF(AND(F3821,G3821),C3821*E3821*F3821*G3821,IF(AND(F3821,H3821),C3821*E3821*F3821*H3821,IF(AND(G3821,H3821),C3821*E3821*G3821*H3821,IF(F3821,C3821*E3821*F3821,IF(G3821,C3821*E3821*G3821,IF(H3821,C3821*E3821*H3821,C3821*E3821))))))),2)","v":{"v":30,"d":"30.00"}},"Rm",{"$nulls":3},"SSR 20-21"]
[null,null,1,"x",4,{"v":5,"d":"5.00"},{"v":0,"d":"0.000"},{"v":0,"d":"0.000"},{"v":20,"d":"20.00"},"Rm",{"$nulls":3},"SSR 20-21"]
[null,null,1,"x",2,{"v":10,"d":"10.00"},{"v":0,"d":"0.000"},{"v":0,"d":"0.000"},{"v":20,"d":"20.00"},"Rm",{"$nulls":3},"SSR 20-21"]
[{"$nulls":13},"SSR 20-21"]
[{"$nulls":9},"Rm",{"$f":"'Ele Data'!I300","v":64.86},"SSR 20-21",{"$f":"ROUND(I3825*K3825,0)","v":{"v":0,"d":"0.00"}},"SSR 20-21"]
[28,"Supplying and Fixing of 25mm dia 2.2 mm thick PVC Conduit pipe concealed in wall with all required accessories including chiseling the wall wherever necessity including masonry work for Light, Fan and separate plug point with wooden.Deep box including all labour charges etc ",{"$nulls":11},"SSR 20-21"]
[null,"Qty.p.3 of M.B.No.558/A/ZP/20",{"$nulls":11},"SSR 20-21"]
[null,"Ground floor",1,"x",1,{"v":67,"d":"67.00"},{"v":0,"d":"0.000"},{"v":0,"d":"0.000"},{"$f":"ROUND(IF(AND(F3828:H3828),C3828*E3828*F3828*G3828*H3828,IF(AND(F3828,G3828),C3828*E3828*F3828*G3828,IF(AND(F3828,H3828),C3828*E3828*F3828*H3828,IF(AND(G3828,H3828),C3828*E3828*G3828*H3828,IF(F3828,C3828*E3828*F3828,IF(G3828,C3828*E3828*G3828,IF(H3828,C3828*E3828*H3828,C3828*E3828))))))),2)","v":{"v":67,"d":"67.00"}},"Rm",{"$nulls":3},"SSR 20-21"]
[null,"First floor",1,"x",1,{"v":83,"d":"83.00"},{"v":0,"d":"0.000"},{"v":0,"d":"0.000"},{"$f":"ROUND(IF(AND(F3829:H3829),C3829*E3829*F3829*G3829*H3829,IF(AND(F3829,G3829),C3829*E3829*F3829*G3829,IF(AND(F3829,H3829),C3829*E3829*F3829*H3829,IF(AND(G3829,H3829),C3829*E3829*G3829*H3829,IF(F3829,C3829*E3829*F3829,IF(G3829,C3829*E3829*G3829,IF(H3829,C3829*E3829*H3829,C3829*E3829))))))),2)","v":{"v":83,"d":"83.00"}},"Rm",{"$nulls":3},"SSR 20-21"]
[{"$nulls":13},"SSR 20-21"]
[{"$nulls":9},"Rm",{"$f":"'Ele Data'!I315","v":73.41},"SSR 20-21",{"$f":"ROUND(I3831*K3831,0)","v":{"v":0,"d":"0.00"}},"SSR 20-21"]
[3,"Labour charges for Grooves 2-3mm thick for PVC pipes",{"$nulls":11},"SSR 20-21"]
[null,"Qty.p. 2 of M.B.No.435-C/2017-18",{"$nulls":11},"SSR 20-21"]
[null,"For water pipes",{"$nulls":11},"SSR 20-21"]
[null,"Ladies tiolet",1,"x",1,{"v":4,"d":"4.000"},{"v":0,"d":"0.000"},{"v":0,"d":"0.000"},{"$f":"ROUND(IF(AND(F3835:H3835),C3835*E3835*F3835*G3835*H3835,IF(AND(F3835,G3835),C3835*E3835*F3835*G3835,IF(AND(F3835,H3835),C3835*E3835*F3835*H3835,IF(AND(G3835,H3835),C3835*E3835*G3835*H3835,IF(F3835,C3835*E3835*F3835,IF(G3835,C3835*E3835*G3835,IF(H3835,C3835*E3835*H3835,C3835*E3835))))))),2)","v":{"v":4,"d":"4.00"}},"Rm",{"$nulls":3},"SSR 20-21"]
[null,"Gents tiolet",1,"x",1,{"v":1.8,"d":"1.800"},{"v":0,"d":"0.000"},{"v":0,"d":"0.000"},{"$f":"ROUND(IF(AND(F3836:H3836),C3836*E3836*F3836*G3836*H3836,IF(AND(F3836,G3836),C3836*E3836*F3836*G3836,IF(AND(F3836,H3836),C3836*E3836*F3836*H3836,IF(AND(G3836,H3836),C3836*E3836*G3836*H3836,IF(F3836,C3836*E3836*F3836,IF(G3836,C3836*E3836*G3836,IF(H3836,C3836*E3836*H3836,C3836*E3836))))))),2)","v":{"v":1.8,"d":"1.80"}},"Rm",{"$nulls":3},"SSR 20-21"]
[null,"Sarpanch tiolet",1,"x",1,{"v":2,"d":"2.000"},{"v":0,"d":"0.000"},{"v":0,"d":"0.000"},{"$f":"ROUND(IF(AND(F3837:H3837),C3837*E3837*F3837*G3837*H3837,IF(AND(F3837,G3837),C3837*E3837*F3837*G3837,IF(AND(F3837,H3837),C3837*E3837*F3837*H3837,IF(AND(G3837,H3837),C3837*E3837*G3837*H3837,IF(F3837,C3837*E3837*F3837,IF(G3837,C3837*E3837*G3837,IF(H3837,C3837*E3837*H3837,C3837*E3837))))))),2)","v":{"v":2,"d":"2.00"}},"Rm",{"$nulls":3},"SSR 20-21"]
[{"$nulls":13},"SSR 20-21"]
[{"$nulls":9},"Rm",{"$f":"'Ele Data'!I319","v":{"v":55,"d":"55.00"}},"SSR 20-21",{"$f":"ROUND(I3839*K3839,0)","v":{"v":0,"d":"0.00"}},"SSR 20-21"]
[29,"Supply of  Hot Dip galvanized 20/18 SWG Module box with earthing terminal for 12 Module box",{"$nulls":11},"SSR 20-21"]
[null,"Qty.p.     of M.B.No.558/A/ZP/20",{"$nulls":11},"SSR 20-21"]
[null,"GF and FF",1,"x",14,{"v":0,"d":"0.000"},{"v":0,"d":"0.000"},{"v":0,"d":"0.000"},{"$f":"ROUND(IF(AND(F3842:H3842),C3842*E3842*F3842*G3842*H3842,IF(AND(F3842,G3842),C3842*E3842*F3842*G3842,IF(AND(F3842,H3842),C3842*E3842*F3842*H3842,IF(AND(G3842,H3842),C3842*E3842*G3842*H3842,IF(F3842,C3842*E3842*F3842,IF(G3842,C3842*E3842*G3842,IF(H3842,C3842*E3842*H3842,C3842*E3842))))))),2)","v":14},"No",{"$nulls":3},"SSR 20-21"]
[{"$nulls":13},"SSR 20-21"]
[{"$nulls":9},"No",{"$f":"'Ele Data'!I322","v":{"v":205,"d":"205.00"}},"SSR 20-21",{"$f":"ROUND(I3844*K3844,0)","v":{"v":0,"d":"0.00"}},"SSR 20-21"]
[30,"Supply of  Hot Dip galvanized 20/18 SWG Module box with earthing terminal for 8 Module box",{"$nulls":11},"SSR 20-21"]
[null,"Qty.p.     of M.B.No.558/A/ZP/20",{"$nulls":11},"SSR 20-21"]
[null,"GF and FF",1,"x",3,{"v":0,"d":"0.000"},{"v":0,"d":"0.000"},{"v":0,"d":"0.000"},{"$f":"ROUND(IF(AND(F3847:H3847),C3847*E3847*F3847*G3847*H3847,IF(AND(F3847,G3847),C3847*E3847*F3847*G3847,IF(AND(F3847,H3847),C3847*E3847*F3847*H3847,IF(AND(G3847,H3847),C3847*E3847*G3847*H3847,IF(F3847,C3847*E3847*F3847,IF(G3847,C3847*E3847*G3847,IF(H3847,C3847*E3847*H3847,C3847*E3847))))))),2)","v":3},"No",{"$nulls":3},"SSR 20-21"]
[{"$nulls":13},"SSR 20-21"]
[{"$nulls":9},"No",{"$f":"'Ele Data'!I325","v":{"v":170,"d":"170.00"}},"SSR 20-21",{"$f":"ROUND(I3849*K3849,0)","v":{"v":0,"d":"0.00"}},"SSR 20-21"]
[31,"Supply of  Hot Dip galvanized 20/18 SWG Module box with earthing terminal for 6 Module box",{"$nulls":11},"SSR 20-21"]
[null,"Qty.p.     of M.B.No.558/A/ZP/20",{"$nulls":11},"SSR 20-21"]
[null,"GF and FF",1,"x",12,{"v":0,"d":"0.000"},{"v":0,"d":"0.000"},{"v":0,"d":"0.000"},{"$f":"ROUND(IF(AND(F3852:H3852),C3852*E3852*F3852*G3852*H3852,IF(AND(F3852,G3852),C3852*E3852*F3852*G3852,IF(AND(F3852,H3852),C3852*E3852*F3852*H3852,IF(AND(G3852,H3852),C3852*E3852*G3852*H3852,IF(F3852,C3852*E3852*F3852,IF(G3852,C3852*E3852*G3852,IF(H3852,C3852*E3852*H3852,C3852*E3852))))))),2)","v":12},"No",{"$nulls":3},"SSR 20-21"]
[{"$nulls":13},"SSR 20-21"]
[{"$nulls":9},"No",{"$f":"'Ele Data'!I328","v":{"v":130,"d":"130.00"}},"SSR 20-21",{"$f":"ROUND(I3854*K3854,0)","v":{"v":0,"d":"0.00"}},"SSR 20-21"]
[4,"Supply of  Hot Dip galvanized 20/18 SWG Module box with earthing terminal for 16 Module box",{"$nulls":11},"SSR 20-21"]
[null,"Qty.p.3 of M.B.No.299/A/ZP/19",{"$nulls":11},"SSR 20-21"]
[null,"Carridor",1,"x",1,{"v":0,"d":"0.000"},{"v":0,"d":"0.000"},{"v":0,"d":"0.000"},{"$f":"ROUND(IF(AND(F3857:H3857),C3857*E3857*F3857*G3857*H3857,IF(AND(F3857,G3857),C3857*E3857*F3857*G3857,IF(AND(F3857,H3857),C3857*E3857*F3857*H3857,IF(AND(G3857,H3857),C3857*E3857*G3857*H3857,IF(F3857,C3857*E3857*F3857,IF(G3857,C3857*E3857*G3857,IF(H3857,C3857*E3857*H3857,C3857*E3857))))))),2)","v":1},"No",{"$nulls":3},"SSR 20-21"]
[null,"Agristore",1,"x",1,{"v":0,"d":"0.000"},{"v":0,"d":"0.000"},{"v":0,"d":"0.000"},{"$f":"ROUND(IF(AND(F3858:H3858),C3858*E3858*F3858*G3858*H3858,IF(AND(F3858,G3858),C3858*E3858*F3858*G3858,IF(AND(F3858,H3858),C3858*E3858*F3858*H3858,IF(AND(G3858,H3858),C3858*E3858*G3858*H3858,IF(F3858,C3858*E3858*F3858,IF(G3858,C3858*E3858*G3858,IF(H3858,C3858*E3858*H3858,C3858*E3858))))))),2)","v":1},"No",{"$nulls":3},"SSR 20-21"]
[null,"Demo quipment",1,"x",1,{"v":0,"d":"0.000"},{"v":0,"d":"0.000"},{"v":0,"d":"0.000"},{"$f":"ROUND(IF(AND(F3859:H3859),C3859*E3859*F3859*G3859*H3859,IF(AND(F3859,G3859),C3859*E3859*F3859*G3859,IF(AND(F3859,H3859),C3859*E3859*F3859*H3859,IF(AND(G3859,H3859),C3859*E3859*G3859*H3859,IF(F3859,C3859*E3859*F3859,IF(G3859,C3859*E3859*G3859,IF(H3859,C3859*E3859*H3859,C3859*E3859))))))),2)","v":1},"No",{"$nulls":3},"SSR 20-21"]
[null,"Meeting Hall",1,"x",2,{"v":0,"d":"0.000"},{"v":0,"d":"0.000"},{"v":0,"d":"0.000"},{"$f":"ROUND(IF(AND(F3860:H3860),C3860*E3860*F3860*G3860*H3860,IF(AND(F3860,G3860),C3860*E3860*F3860*G3860,IF(AND(F3860,H3860),C3860*E3860*F3860*H3860,IF(AND(G3860,H3860),C3860*E3860*G3860*H3860,IF(F3860,C3860*E3860*F3860,IF(G3860,C3860*E3860*G3860,IF(H3860,C3860*E3860*H3860,C3860*E3860))))))),2)","v":2},"No",{"$nulls":3},"SSR 20-21"]
[{"$nulls":13},"SSR 20-21"]
[{"$nulls":9},"No",{"$f":"'Ele Data'!I339","v":{"v":300,"d":"300.00"}},"SSR 20-21",{"$f":"ROUND(I3862*K3862,0)","v":{"v":0,"d":"0.00"}},"SSR 20-21"]
[6,"Supply of  Hot Dip galvanized 20/18 SWG Module box with earthing terminal for 18 Module box",{"$nulls":11},"SSR 20-21"]
[null,"Qty.P.No.     of M.B.No.",{"$nulls":11},"SSR 20-21"]
[null,"VKC",2,"x",1,{"v":0,"d":"0.000"},{"v":0,"d":"0.000"},{"v":0,"d":"0.000"},{"$f":"ROUND(IF(AND(F3865:H3865),C3865*E3865*F3865*G3865*H3865,IF(AND(F3865,G3865),C3865*E3865*F3865*G3865,IF(AND(F3865,H3865),C3865*E3865*F3865*H3865,IF(AND(G3865,H3865),C3865*E3865*G3865*H3865,IF(F3865,C3865*E3865*F3865,IF(G3865,C3865*E3865*G3865,IF(H3865,C3865*E3865*H3865,C3865*E3865))))))),2)","v":2},"No",{"$nulls":3},"SSR 20-21"]
[{"$nulls":13},"SSR 20-21"]
[{"$nulls":9},"No",{"$f":"'Ele Data'!I335","v":{"v":335,"d":"335.00"}},"SSR 20-21",{"$f":"ROUND(I3867*K3867,0)","v":{"v":0,"d":"0.00"}},"SSR 20-21"]
[26,"Supply of  Hot Dip galvanized 20/18 SWG Module box with earthing terminal for 4 Module box",{"$nulls":11},"SSR 20-21"]
[null,"Qty.p.6 of M.B.No.824/B/ZP/19",{"$nulls":11},"SSR 20-21"]
[null,"GF and FF",1,"x",3,{"v":0,"d":"0.000"},{"v":0,"d":"0.000"},{"v":0,"d":"0.000"},{"$f":"ROUND(IF(AND(F3870:H3870),C3870*E3870*F3870*G3870*H3870,IF(AND(F3870,G3870),C3870*E3870*F3870*G3870,IF(AND(F3870,H3870),C3870*E3870*F3870*H3870,IF(AND(G3870,H3870),C3870*E3870*G3870*H3870,IF(F3870,C3870*E3870*F3870,IF(G3870,C3870*E3870*G3870,IF(H3870,C3870*E3870*H3870,C3870*E3870))))))),2)","v":3},"No",{"$nulls":3},"SSR 20-21"]
[{"$nulls":13},"SSR 20-21"]
[{"$nulls":9},"No",{"$f":"'Ele Data'!I331","v":{"v":95,"d":"95.00"}},"SSR 20-21",{"$f":"ROUND(I3872*K3872,0)","v":{"v":0,"d":"0.00"}},"SSR 20-21"]
[32,"Supply of  Hot Dip galvanized 20/18 SWG Module box with earthing terminal for 2 Module box",{"$nulls":11},"SSR 20-21"]
[null,"Qty.p.     of M.B.No.558/A/ZP/20",{"$nulls":11},"SSR 20-21"]
[null,"GF and FF",1,"x",2,{"v":0,"d":"0.000"},{"v":0,"d":"0.000"},{"v":0,"d":"0.000"},{"$f":"ROUND(IF(AND(F3875:H3875),C3875*E3875*F3875*G3875*H3875,IF(AND(F3875,G3875),C3875*E3875*F3875*G3875,IF(AND(F3875,H3875),C3875*E3875*F3875*H3875,IF(AND(G3875,H3875),C3875*E3875*G3875*H3875,IF(F3875,C3875*E3875*F3875,IF(G3875,C3875*E3875*G3875,IF(H3875,C3875*E3875*H3875,C3875*E3875))))))),2)","v":2},"No",{"$nulls":3},"SSR 20-21"]
[{"$nulls":13},"SSR 20-21"]
[{"$nulls":9},"No",{"$f":"'Ele Data'!I342","v":{"v":57,"d":"57.00"}},"SSR 20-21",{"$f":"ROUND(I3877*K3877,0)","v":{"v":0,"d":"0.00"}},"SSR 20-21"]
[33,"Wiring with run of 2 of 14/0.3mm (1.0 Sq.mm) FRLS / HFFR PVC insulated flexible ISI mark copper cable in existing PVC conduit pipe including Supply and fixing of Jumbo Ceiling rose and 6A/10A ISI Mark 1way flush type switch  in existing Surface or Concealed pipe wiring including cost and conveyance of all material and all labour charges etc., complete for light and bell  points",{"$nulls":11},"SSR 20-21"]
[null,"Qty.p.4 of M.B.No.558/A/ZP/20",{"$nulls":11},"SSR 20-21"]
[null,null,1,"x",44,{"v":0,"d":"0.000"},{"v":0,"d":"0.000"},{"v":0,"d":"0.000"},{"$f":"ROUND(IF(AND(F3880:H3880),C3880*E3880*F3880*G3880*H3880,IF(AND(F3880,G3880),C3880*E3880*F3880*G3880,IF(AND(F3880,H3880),C3880*E3880*F3880*H3880,IF(AND(G3880,H3880),C3880*E3880*G3880*H3880,IF(F3880,C3880*E3880*F3880,IF(G3880,C3880*E3880*G3880,IF(H3880,C3880*E3880*H3880,C3880*E3880))))))),2)","v":44},"Point",{"$nulls":3},"SSR 20-21"]
[{"$nulls":13},"SSR 20-21"]
[{"$nulls":9},"Point",{"$f":"'Ele Data'!I380","v":{"v":395.5,"d":"395.50"}},"SSR 20-21",{"$f":"ROUND(I3882*K3882,0)","v":{"v":0,"d":"0.00"}},"SSR 20-21"]
[7,"Wiring with run of 2 of 14/0.3mm (1.0 Sq.mm) FRLS / HFFR PVC insulated flexible ISI mark copper cable in existing PVC conduit pipe including Supply and fixing of Jumbo Ceiling rose and 6A/10A ISI Mark 1way flush type switch  in existing Surface or Concealed pipe wiring including cost and conveyance of all material and all labour charges etc., complete for Fan points",{"$nulls":11},"SSR 20-21"]
[null,"Qty.p.86 of M.B.No.299/A/ZP/19",{"$nulls":11},"SSR 20-21"]
[null,"Hall",1,"x",6,{"v":0,"d":"0.000"},{"v":0,"d":"0.000"},{"v":0,"d":"0.000"},{"$f":"ROUND(IF(AND(F3885:H3885),C3885*E3885*F3885*G3885*H3885,IF(AND(F3885,G3885),C3885*E3885*F3885*G3885,IF(AND(F3885,H3885),C3885*E3885*F3885*H3885,IF(AND(G3885,H3885),C3885*E3885*G3885*H3885,IF(F3885,C3885*E3885*F3885,IF(G3885,C3885*E3885*G3885,IF(H3885,C3885*E3885*H3885,C3885*E3885))))))),2)","v":6},"Point",{"$nulls":3},"SSR 20-21"]
[null,"Lab",1,"x",1,{"v":0,"d":"0.000"},{"v":0,"d":"0.000"},{"v":0,"d":"0.000"},{"$f":"ROUND(IF(AND(F3886:H3886),C3886*E3886*F3886*G3886*H3886,IF(AND(F3886,G3886),C3886*E3886*F3886*G3886,IF(AND(F3886,H3886),C3886*E3886*F3886*H3886,IF(AND(G3886,H3886),C3886*E3886*G3886*H3886,IF(F3886,C3886*E3886*F3886,IF(G3886,C3886*E3886*G3886,IF(H3886,C3886*E3886*H3886,C3886*E3886))))))),2)","v":1},"Point",{"$nulls":3},"SSR 20-21"]
[null,"Carridor",1,"x",1,{"v":0,"d":"0.000"},{"v":0,"d":"0.000"},{"v":0,"d":"0.000"},{"$f":"ROUND(IF(AND(F3887:H3887),C3887*E3887*F3887*G3887*H3887,IF(AND(F3887,G3887),C3887*E3887*F3887*G3887,IF(AND(F3887,H3887),C3887*E3887*F3887*H3887,IF(AND(G3887,H3887),C3887*E3887*G3887*H3887,IF(F3887,C3887*E3887*F3887,IF(G3887,C3887*E3887*G3887,IF(H3887,C3887*E3887*H3887,C3887*E3887))))))),2)","v":1},"Point",{"$nulls":3},"SSR 20-21"]
[{"$nulls":13},"SSR 20-21"]
[{"$nulls":9},"Point",{"$f":"'Ele Data'!I393","v":{"v":414.5,"d":"414.50"}},"SSR 20-21",{"$f":"ROUND(I3889*K3889,0)","v":{"v":0,"d":"0.00"}},"SSR 20-21"]
[34,"Supply and  run of 1 of 14 /0.3mm (1.0 Sq.mm) FR P.V.C. insulated flexible copper cable in existing pipe for earth and invertor continuity including all labour charges etc., complete.",{"$nulls":11},"SSR 20-21"]
[null,"Qty.p.     of M.B.No.558/A/ZP/20",{"$nulls":11},"SSR 20-21"]
[null,"For Earthing & invertor",{"$nulls":11},"SSR 20-21"]
[null,null,1,"x",1,{"v":60,"d":"60.00"},{"v":0,"d":"0.000"},{"v":0,"d":"0.000"},{"$f":"ROUND(IF(AND(F3893:H3893),C3893*E3893*F3893*G3893*H3893,IF(AND(F3893,G3893),C3893*E3893*F3893*G3893,IF(AND(F3893,H3893),C3893*E3893*F3893*H3893,IF(AND(G3893,H3893),C3893*E3893*G3893*H3893,IF(F3893,C3893*E3893*F3893,IF(G3893,C3893*E3893*G3893,IF(H3893,C3893*E3893*H3893,C3893*E3893))))))),2)","v":{"v":60,"d":"60.00"}},"Rm",{"$nulls":3},"SSR 20-21"]
[{"$nulls":13},"SSR 20-21"]
[{"$nulls":9},"Rm",{"$f":"'Ele Data'!I438","v":19.09},"SSR 20-21",{"$f":"ROUND(I3895*K3895,0)","v":{"v":0,"d":"0.00"}},"SSR 20-21"]
[9,"Supply and  Run of 2 of 22/0.3mm (1.50 Sq.mm) with  Run 1 of 22/0.3mm(1.5Sqmm)  FRLS / HFFR PVC insulated flexible ISI mark copper cable in existing pipe for run of mains inlcuding all labour charges etc., complete.",{"$nulls":11},"SSR 20-21"]
[null,"Qty.p.10 of M.B.No.299/A/ZP/19",{"$nulls":11},"SSR 20-21"]
[null,null,1,"x",1,{"v":150,"d":"150.00"},{"v":0,"d":"0.000"},{"v":0,"d":"0.000"},{"$f":"ROUND(IF(AND(F3898:H3898),C3898*E3898*F3898*G3898*H3898,IF(AND(F3898,G3898),C3898*E3898*F3898*G3898,IF(AND(F3898,H3898),C3898*E3898*F3898*H3898,IF(AND(G3898,H3898),C3898*E3898*G3898*H3898,IF(F3898,C3898*E3898*F3898,IF(G3898,C3898*E3898*G3898,IF(H3898,C3898*E3898*H3898,C3898*E3898))))))),2)","v":{"v":150,"d":"150.00"}},"Rm",{"$nulls":3},"SSR 20-21"]
[{"$nulls":13},"SSR 20-21"]
[{"$nulls":9},"Rm",{"$f":"'Ele Data'!I430","v":{"v":60.7,"d":"60.70"}},"SSR 20-21",{"$f":"ROUND(I3900*K3900,0)","v":{"v":0,"d":"0.00"}},"SSR 20-21"]
[35,"Supply and  Run of 2 of 36/0.3mm (2.50 Sq.mm) with  Run 1 of 22/0.3mm(1.5Sqmm)  FRLS / HFFR PVC insulated flexible ISI mark copper cable in existing pipe for run of mains inlcuding all labour charges etc., complete.",{"$nulls":11},"SSR 20-21"]
[null,"Qty.p.6 of M.B.No.558/A/ZP/20",{"$nulls":11},"SSR 20-21"]
[null,"GF & FF ",1,"x",1,{"v":200,"d":"200.00"},{"v":0,"d":"0.000"},{"v":0,"d":"0.000"},{"$f":"ROUND(IF(AND(F3903:H3903),C3903*E3903*F3903*G3903*H3903,IF(AND(F3903,G3903),C3903*E3903*F3903*G3903,IF(AND(F3903,H3903),C3903*E3903*F3903*H3903,IF(AND(G3903,H3903),C3903*E3903*G3903*H3903,IF(F3903,C3903*E3903*F3903,IF(G3903,C3903*E3903*G3903,IF(H3903,C3903*E3903*H3903,C3903*E3903))))))),2)","v":{"v":200,"d":"200.00"}},"Rm",{"$nulls":3},"SSR 20-21"]
[{"$nulls":13},"SSR 20-21"]
[{"$nulls":9},"Rm",{"$f":"'Ele Data'!I448","v":{"v":65.8685,"d":"65.87"}},"SSR 20-21",{"$f":"ROUND(I3905*K3905,0)","v":{"v":0,"d":"0.00"}},"SSR 20-21"]
[36,"Supply and  Run of 2 of 56/0.3mm (4.00 Sq.mm) with  Run 1 of 22/0.3mm(1.5Sqmm)  FRLS / HFFR PVC insulated flexible ISI mark copper cable in existing pipe for run of mains inlcuding all labour charges etc., complete",{"$nulls":11},"SSR 20-21"]
[null,"Qty.p.10 of M.B.No.558/A/ZP/20",{"$nulls":11},"SSR 20-21"]
[null,null,1,"x",1,{"v":100,"d":"100.00"},{"v":0,"d":"0.000"},{"v":0,"d":"0.000"},{"$f":"ROUND(IF(AND(F3908:H3908),C3908*E3908*F3908*G3908*H3908,IF(AND(F3908,G3908),C3908*E3908*F3908*G3908,IF(AND(F3908,H3908),C3908*E3908*F3908*H3908,IF(AND(G3908,H3908),C3908*E3908*G3908*H3908,IF(F3908,C3908*E3908*F3908,IF(G3908,C3908*E3908*G3908,IF(H3908,C3908*E3908*H3908,C3908*E3908))))))),2)","v":{"v":100,"d":"100.00"}},"Rm",{"$nulls":3},"SSR 20-21"]
[{"$nulls":13},"SSR 20-21"]
[{"$nulls":9},"Rm",{"$f":"'Ele Data'!I458","v":100.05},"SSR 20-21",{"$f":"ROUND(I3910*K3910,0)","v":{"v":0,"d":"0.00"}},"SSR 20-21"]
[37,"Supply and Run of 2 of 6 Sq.mm WPSC Aluminium cable along with No.10 SWG G.I bearer wire through PVC cleats with all accessories including labour charges etc., complete for service mains.",{"$nulls":11},"SSR 20-21"]
[null,"Qty.p.     of M.B.No.558/A/ZP/20",{"$nulls":11},"SSR 20-21"]
[null,null,1,"x",1,{"v":40,"d":"40.00"},{"v":0,"d":"0.000"},{"v":0,"d":"0.000"},{"$f":"ROUND(IF(AND(F3913:H3913),C3913*E3913*F3913*G3913*H3913,IF(AND(F3913,G3913),C3913*E3913*F3913*G3913,IF(AND(F3913,H3913),C3913*E3913*F3913*H3913,IF(AND(G3913,H3913),C3913*E3913*G3913*H3913,IF(F3913,C3913*E3913*F3913,IF(G3913,C3913*E3913*G3913,IF(H3913,C3913*E3913*H3913,C3913*E3913))))))),2)","v":{"v":40,"d":"40.00"}},"Rm",{"$nulls":3},"SSR 20-21"]
[{"$nulls":13},"SSR 20-21"]
[{"$nulls":9},"Rm",{"$f":"'Ele Data'!I469","v":{"v":54.465,"d":"54.47"}},"SSR 20-21",{"$f":"ROUND(I3915*K3915,0)","v":{"v":0,"d":"0.00"}},"SSR 20-21"]
[38,"Supply of Cover frames for 12 module box",{"$nulls":11},"SSR 20-21"]
[null,"Qty.p.     of M.B.No.558/A/ZP/20",{"$nulls":11},"SSR 20-21"]
[null,"GF and FF",1,"x",14,{"v":0,"d":"0.000"},{"v":0,"d":"0.000"},{"v":0,"d":"0.000"},{"$f":"ROUND(IF(AND(F3918:H3918),C3918*E3918*F3918*G3918*H3918,IF(AND(F3918,G3918),C3918*E3918*F3918*G3918,IF(AND(F3918,H3918),C3918*E3918*F3918*H3918,IF(AND(G3918,H3918),C3918*E3918*G3918*H3918,IF(F3918,C3918*E3918*F3918,IF(G3918,C3918*E3918*G3918,IF(H3918,C3918*E3918*H3918,C3918*E3918))))))),2)","v":14},"No",{"$nulls":3},"SSR 20-21"]
[{"$nulls":13},"SSR 20-21"]
[{"$nulls":9},"No",{"$f":"'Ele Data'!I345","v":{"v":190,"d":"190.00"}},"SSR 20-21",{"$f":"ROUND(I3920*K3920,0)","v":{"v":0,"d":"0.00"}},"SSR 20-21"]
[39,"Supply of Cover frames for 8 module box",{"$nulls":11},"SSR 20-21"]
[null,"Qty.p.     of M.B.No.558/A/ZP/20",{"$nulls":11},"SSR 20-21"]
[null,"GF and FF",1,"x",3,{"v":0,"d":"0.000"},{"v":0,"d":"0.000"},{"v":0,"d":"0.000"},{"$f":"ROUND(IF(AND(F3923:H3923),C3923*E3923*F3923*G3923*H3923,IF(AND(F3923,G3923),C3923*E3923*F3923*G3923,IF(AND(F3923,H3923),C3923*E3923*F3923*H3923,IF(AND(G3923,H3923),C3923*E3923*G3923*H3923,IF(F3923,C3923*E3923*F3923,IF(G3923,C3923*E3923*G3923,IF(H3923,C3923*E3923*H3923,C3923*E3923))))))),2)","v":3},"No",{"$nulls":3},"SSR 20-21"]
[{"$nulls":13},"SSR 20-21"]
[{"$nulls":9},"No",{"$f":"'Ele Data'!I348","v":{"v":155,"d":"155.00"}},"SSR 20-21",{"$f":"ROUND(I3925*K3925,0)","v":{"v":0,"d":"0.00"}},"SSR 20-21"]
[40,"Supply of Cover frames for 6 module box",{"$nulls":11},"SSR 20-21"]
[null,"Qty.p.     of M.B.No.558/A/ZP/20",{"$nulls":11},"SSR 20-21"]
[null,"GF and FF",1,"x",12,{"v":0,"d":"0.000"},{"v":0,"d":"0.000"},{"v":0,"d":"0.000"},{"$f":"ROUND(IF(AND(F3928:H3928),C3928*E3928*F3928*G3928*H3928,IF(AND(F3928,G3928),C3928*E3928*F3928*G3928,IF(AND(F3928,H3928),C3928*E3928*F3928*H3928,IF(AND(G3928,H3928),C3928*E3928*G3928*H3928,IF(F3928,C3928*E3928*F3928,IF(G3928,C3928*E3928*G3928,IF(H3928,C3928*E3928*H3928,C3928*E3928))))))),2)","v":12},"No",{"$nulls":3},"SSR 20-21"]
[{"$nulls":13},"SSR 20-21"]
[{"$nulls":9},"No",{"$f":"'Ele Data'!I351","v":{"v":120,"d":"120.00"}},"SSR 20-21",{"$f":"ROUND(I3930*K3930,0)","v":{"v":0,"d":"0.00"}},"SSR 20-21"]
[14,"Supply of Cover frames for 18 module box",{"$nulls":11},"SSR 20-21"]
[null,"Qty.P.No.     of M.B.No.",{"$nulls":11},"SSR 20-21"]
[null,"VKC",2,"x",1,{"v":0,"d":"0.000"},{"v":0,"d":"0.000"},{"v":0,"d":"0.000"},{"$f":"ROUND(IF(AND(F3933:H3933),C3933*E3933*F3933*G3933*H3933,IF(AND(F3933,G3933),C3933*E3933*F3933*G3933,IF(AND(F3933,H3933),C3933*E3933*F3933*H3933,IF(AND(G3933,H3933),C3933*E3933*G3933*H3933,IF(F3933,C3933*E3933*F3933,IF(G3933,C3933*E3933*G3933,IF(H3933,C3933*E3933*H3933,C3933*E3933))))))),2)","v":2},"No",{"$nulls":3},"SSR 20-21"]
[{"$nulls":13},"SSR 20-21"]
[{"$nulls":9},"No",{"$f":"'Ele Data'!I358","v":{"v":310,"d":"310.00"}},"SSR 20-21",{"$f":"ROUND(I3935*K3935,0)","v":{"v":0,"d":"0.00"}},"SSR 20-21"]
[34,"Supply of Cover frames for 4 module box",{"$nulls":11},"SSR 20-21"]
[null,"Qty.p.       of M.B.No.824/B/ZP/19",{"$nulls":11},"SSR 20-21"]
[null,"GF and FF",1,"x",3,{"v":0,"d":"0.000"},{"v":0,"d":"0.000"},{"v":0,"d":"0.000"},{"$f":"ROUND(IF(AND(F3938:H3938),C3938*E3938*F3938*G3938*H3938,IF(AND(F3938,G3938),C3938*E3938*F3938*G3938,IF(AND(F3938,H3938),C3938*E3938*F3938*H3938,IF(AND(G3938,H3938),C3938*E3938*G3938*H3938,IF(F3938,C3938*E3938*F3938,IF(G3938,C3938*E3938*G3938,IF(H3938,C3938*E3938*H3938,C3938*E3938))))))),2)","v":3},"No",{"$nulls":3},"SSR 20-21"]
[{"$nulls":13},"SSR 20-21"]
[{"$nulls":9},"No",{"$f":"'Ele Data'!I354","v":{"v":80,"d":"80.00"}},"SSR 20-21",{"$f":"ROUND(I3940*K3940,0)","v":{"v":0,"d":"0.00"}},"SSR 20-21"]
[41,"Supply of Cover frames for 2 module box",{"$nulls":11},"SSR 20-21"]
[null,"Qty.p.     of M.B.No.558/A/ZP/20",{"$nulls":11},"SSR 20-21"]
[null,"GF and FF",1,"x",2,{"v":0,"d":"0.000"},{"v":0,"d":"0.000"},{"v":0,"d":"0.000"},{"$f":"ROUND(IF(AND(F3943:H3943),C3943*E3943*F3943*G3943*H3943,IF(AND(F3943,G3943),C3943*E3943*F3943*G3943,IF(AND(F3943,H3943),C3943*E3943*F3943*H3943,IF(AND(G3943,H3943),C3943*E3943*G3943*H3943,IF(F3943,C3943*E3943*F3943,IF(G3943,C3943*E3943*G3943,IF(H3943,C3943*E3943*H3943,C3943*E3943))))))),2)","v":2},"No",{"$nulls":3},"SSR 20-21"]
[{"$nulls":13},"SSR 20-21"]
[{"$nulls":9},"No",{"$f":"'Ele Data'!I361","v":{"v":60,"d":"60.00"}},"SSR 20-21",{"$f":"ROUND(I3945*K3945,0)","v":{"v":0,"d":"0.00"}},"SSR 20-21"]
[42,"Supply and fixing of 16A 3pin / 6A 3pin  plug socket with indicator lamp and 16Amps  fuse unit and 16 Amps  switch control (5 in one) on decolam sheet covered board including earth connection and all labour charges etc., complete on wall.",{"$nulls":11},"SSR 20-21"]
[null,"Qty.p.       of M.B.No.558/A/ZP/20",{"$nulls":11},"SSR 20-21"]
[null,"GF & FF ",1,"x",21,{"v":0,"d":"0.000"},{"v":0,"d":"0.000"},{"v":0,"d":"0.000"},{"$f":"ROUND(IF(AND(F3948:H3948),C3948*E3948*F3948*G3948*H3948,IF(AND(F3948,G3948),C3948*E3948*F3948*G3948,IF(AND(F3948,H3948),C3948*E3948*F3948*H3948,IF(AND(G3948,H3948),C3948*E3948*G3948*H3948,IF(F3948,C3948*E3948*F3948,IF(G3948,C3948*E3948*G3948,IF(H3948,C3948*E3948*H3948,C3948*E3948))))))),2)","v":21},"No",{"$nulls":3},"SSR 20-21"]
[{"$nulls":13},"SSR 20-21"]
[{"$nulls":9},"No",{"$f":"'Ele Data'!I410","v":{"v":375.5,"d":"375.50"}},"SSR 20-21",{"$f":"ROUND(I3950*K3950,0)","v":{"v":0,"d":"0.00"}},"SSR 20-21"]
[43,"Supply and fixing of 6A 3/2 pin wall plug socket with 6A switch control on a common switch board with earth continuity including wire leads, earth connections along with all labour charges etc., complete.",{"$nulls":11},"SSR 20-21"]
[null,"Qty.p.5 of M.B.No.558/A/ZP/20",{"$nulls":11},"SSR 20-21"]
[null,"GF & FF ",1,"x",28,{"v":0,"d":"0.000"},{"v":0,"d":"0.000"},{"v":0,"d":"0.000"},{"$f":"ROUND(IF(AND(F3953:H3953),C3953*E3953*F3953*G3953*H3953,IF(AND(F3953,G3953),C3953*E3953*F3953*G3953,IF(AND(F3953,H3953),C3953*E3953*F3953*H3953,IF(AND(G3953,H3953),C3953*E3953*G3953*H3953,IF(F3953,C3953*E3953*F3953,IF(G3953,C3953*E3953*G3953,IF(H3953,C3953*E3953*H3953,C3953*E3953))))))),2)","v":28},"No",{"$nulls":3},"SSR 20-21"]
[{"$nulls":13},"SSR 20-21"]
[{"$nulls":9},"No",{"$f":"'Ele Data'!I401","v":{"v":109.685,"d":"109.69"}},"SSR 20-21",{"$f":"ROUND(I3955*K3955,0)","v":{"v":0,"d":"0.00"}},"SSR 20-21"]
[18,"Supply and fixing of 6A 2 pin wall plug socket with 6A switch control on a common switch board with earth continuity including wire leads, earth connections along with all labour charges etc., complete.",{"$nulls":11},"SSR 20-21"]
[null,"Qty.P.No.     of M.B.No.",{"$nulls":11},"SSR 20-21"]
[null,null,1,"x",4,{"v":0,"d":"0.000"},{"v":0,"d":"0.000"},{"v":0,"d":"0.000"},{"$f":"ROUND(IF(AND(F3958:H3958),C3958*E3958*F3958*G3958*H3958,IF(AND(F3958,G3958),C3958*E3958*F3958*G3958,IF(AND(F3958,H3958),C3958*E3958*F3958*H3958,IF(AND(G3958,H3958),C3958*E3958*G3958*H3958,IF(F3958,C3958*E3958*F3958,IF(G3958,C3958*E3958*G3958,IF(H3958,C3958*E3958*H3958,C3958*E3958))))))),2)","v":4},"No",{"$nulls":3},"SSR 20-21"]
[{"$nulls":13},"SSR 20-21"]
[{"$nulls":9},"No",{"$f":"'Ele Data'!I418","v":{"v":103.685,"d":"103.69"}},"SSR 20-21",{"$f":"ROUND(I3960*K3960,0)","v":{"v":0,"d":"0.00"}},"SSR 20-21"]
[44,"Supply and fixing of 6A flush type Neon Indicator.",{"$nulls":11},"SSR 20-21"]
[null,"Qty.p.       of M.B.No.558/A/ZP/20",{"$nulls":11},"SSR 20-21"]
[null,null,1,"x",10,{"v":0,"d":"0.000"},{"v":0,"d":"0.000"},{"v":0,"d":"0.000"},{"$f":"ROUND(IF(AND(F3963:H3963),C3963*E3963*F3963*G3963*H3963,IF(AND(F3963,G3963),C3963*E3963*F3963*G3963,IF(AND(F3963,H3963),C3963*E3963*F3963*H3963,IF(AND(G3963,H3963),C3963*E3963*G3963*H3963,IF(F3963,C3963*E3963*F3963,IF(G3963,C3963*E3963*G3963,IF(H3963,C3963*E3963*H3963,C3963*E3963))))))),2)","v":10},"No",{"$nulls":3},"SSR 20-21"]
[{"$nulls":13},"SSR 20-21"]
[{"$nulls":9},"No",{"$f":"'Ele Data'!I365","v":{"v":18,"d":"18.00"}},"SSR 20-21",{"$f":"ROUND(I3965*K3965,0)","v":{"v":0,"d":"0.00"}},"SSR 20-21"]
[45,"Supply and fixing of ISI mark batten holder / angle holder on existing block, but with bulb including all connections etc., complete ",{"$nulls":11},"SSR 20-21"]
[null,"Qty.p.6 of M.B.No.558/A/ZP/20",{"$nulls":11},"SSR 20-21"]
[null,"GF and FF",1,"x",23,{"v":0,"d":"0.000"},{"v":0,"d":"0.000"},{"v":0,"d":"0.000"},{"$f":"ROUND(IF(AND(F3968:H3968),C3968*E3968*F3968*G3968*H3968,IF(AND(F3968,G3968),C3968*E3968*F3968*G3968,IF(AND(F3968,H3968),C3968*E3968*F3968*H3968,IF(AND(G3968,H3968),C3968*E3968*G3968*H3968,IF(F3968,C3968*E3968*F3968,IF(G3968,C3968*E3968*G3968,IF(H3968,C3968*E3968*H3968,C3968*E3968))))))),2)","v":23},"No",{"$nulls":3},"SSR 20-21"]
[{"$nulls":13},"SSR 20-21"]
[{"$nulls":9},"No",{"$f":"'Ele Data'!I478","v":120.75},"SSR 20-21",{"$f":"ROUND(I3970*K3970,0)","v":{"v":0,"d":"0.00"}},"SSR 20-21"]
[8,"Supply, Transportation and Fixing of 48\" (1200mm) Sweep 5 Star rated Ceiling Fan with double ball bearings but with regulator including all standard accessories and all labour charges etc., complete.",{"$nulls":11},"SSR 20-21"]
[null,"Qty.p.8 of M.B.No.824/B/ZP/19",{"$nulls":11},"SSR 20-21"]
[null,"GF",1,"x",7,{"v":0,"d":"0.000"},{"v":0,"d":"0.000"},{"v":0,"d":"0.000"},{"$f":"ROUND(IF(AND(F3973:H3973),C3973*E3973*F3973*G3973*H3973,IF(AND(F3973,G3973),C3973*E3973*F3973*G3973,IF(AND(F3973,H3973),C3973*E3973*F3973*H3973,IF(AND(G3973,H3973),C3973*E3973*G3973*H3973,IF(F3973,C3973*E3973*F3973,IF(G3973,C3973*E3973*G3973,IF(H3973,C3973*E3973*H3973,C3973*E3973))))))),2)","v":7},"No",{"$nulls":3},"SSR 20-21"]
[null,"FF",1,"x",5,{"v":0,"d":"0.000"},{"v":0,"d":"0.000"},{"v":0,"d":"0.000"},{"$f":"ROUND(IF(AND(F3974:H3974),C3974*E3974*F3974*G3974*H3974,IF(AND(F3974,G3974),C3974*E3974*F3974*G3974,IF(AND(F3974,H3974),C3974*E3974*F3974*H3974,IF(AND(G3974,H3974),C3974*E3974*G3974*H3974,IF(F3974,C3974*E3974*F3974,IF(G3974,C3974*E3974*G3974,IF(H3974,C3974*E3974*H3974,C3974*E3974))))))),2)","v":5},"No",{"$nulls":3},"SSR 20-21"]
[{"$nulls":13},"SSR 20-21"]
[{"$nulls":9},"No",{"$f":"'Ele Data'!I490","v":{"v":2644.375,"d":"2644.38"}},"SSR 20-21",{"$f":"ROUND(I3976*K3976,0)","v":{"v":0,"d":"0.00"}},"SSR 20-21"]
[46,"S&F of 12 / 15 MS plain rod fan hook",{"$nulls":11},"SSR 20-21"]
[null,"Qty.p.8 of M.B.No.558/A/ZP/20",{"$nulls":11},"SSR 20-21"]
[null,null,1,"x",13,{"v":0,"d":"0.000"},{"v":0,"d":"0.000"},{"v":0,"d":"0.000"},{"$f":"ROUND(IF(AND(F3979:H3979),C3979*E3979*F3979*G3979*H3979,IF(AND(F3979,G3979),C3979*E3979*F3979*G3979,IF(AND(F3979,H3979),C3979*E3979*F3979*H3979,IF(AND(G3979,H3979),C3979*E3979*G3979*H3979,IF(F3979,C3979*E3979*F3979,IF(G3979,C3979*E3979*G3979,IF(H3979,C3979*E3979*H3979,C3979*E3979))))))),2)","v":13},"No",{"$nulls":3},"SSR 20-21"]
[{"$nulls":13},"SSR 20-21"]
[{"$nulls":9},"No",{"$f":"'Ele Data'!I517","v":{"v":195.17000000000002,"d":"195.17"}},"SSR 20-21",{"$f":"ROUND(I3981*K3981,0)","v":{"v":0,"d":"0.00"}},"SSR 20-21"]
[47,"Supply and Transportation of 48\" (1200mm) Sweep 5 star rated Ceiling Fan , with double ball bearings, air delivery more than 200 cubic meter/min but without Regulator.",{"$nulls":11},"SSR 20-21"]
[null,"Qty.p.7 of M.B.No.558/A/ZP/20",{"$nulls":11},"SSR 20-21"]
[null,"GF & FF ",1,"x",13,{"v":0,"d":"0.000"},{"v":0,"d":"0.000"},{"v":0,"d":"0.000"},{"$f":"ROUND(IF(AND(F3984:H3984),C3984*E3984*F3984*G3984*H3984,IF(AND(F3984,G3984),C3984*E3984*F3984*G3984,IF(AND(F3984,H3984),C3984*E3984*F3984*H3984,IF(AND(G3984,H3984),C3984*E3984*G3984*H3984,IF(F3984,C3984*E3984*F3984,IF(G3984,C3984*E3984*G3984,IF(H3984,C3984*E3984*H3984,C3984*E3984))))))),2)","v":13},"No",{"$nulls":3},"SSR 20-21"]
[{"$nulls":13},"SSR 20-21"]
[{"$nulls":9},"No",{"$f":"'Ele Data'!I494","v":{"v":2323,"d":"2323.00"}},"SSR 20-21",{"$f":"ROUND(I3986*K3986,0)","v":{"v":0,"d":"0.00"}},"SSR 20-21"]
[48,"Supply and fixing of Modular type Electronic fan regulator hum free step type socket size in the existing switch board.",{"$nulls":11},"SSR 20-21"]
[null,"Qty.p.7 of M.B.No.558/A/ZP/20",{"$nulls":11},"SSR 20-21"]
[null,null,1,"x",13,{"v":0,"d":"0.000"},{"v":0,"d":"0.000"},{"v":0,"d":"0.000"},{"$f":"ROUND(IF(AND(F3989:H3989),C3989*E3989*F3989*G3989*H3989,IF(AND(F3989,G3989),C3989*E3989*F3989*G3989,IF(AND(F3989,H3989),C3989*E3989*F3989*H3989,IF(AND(G3989,H3989),C3989*E3989*G3989*H3989,IF(F3989,C3989*E3989*F3989,IF(G3989,C3989*E3989*G3989,IF(H3989,C3989*E3989*H3989,C3989*E3989))))))),2)","v":13},"No",{"$nulls":3},"SSR 20-21"]
[{"$nulls":13},"SSR 20-21"]
[{"$nulls":9},"No",{"$f":"'Ele Data'!I499","v":{"v":241,"d":"241.00"}},"SSR 20-21",{"$f":"ROUND(I3991*K3991,0)","v":{"v":0,"d":"0.00"}},"SSR 20-21"]
[49,"Labour charges for fixing of ceiling fan with regulator including transportation, 3 core  wire leads etc complete",{"$nulls":11},"SSR 20-21"]
[null,"Qty.p.7 of M.B.No.558/A/ZP/20",{"$nulls":11},"SSR 20-21"]
[null,null,1,"x",13,{"v":0,"d":"0.000"},{"v":0,"d":"0.000"},{"v":0,"d":"0.000"},{"$f":"ROUND(IF(AND(F3994:H3994),C3994*E3994*F3994*G3994*H3994,IF(AND(F3994,G3994),C3994*E3994*F3994*G3994,IF(AND(F3994,H3994),C3994*E3994*F3994*H3994,IF(AND(G3994,H3994),C3994*E3994*G3994*H3994,IF(F3994,C3994*E3994*F3994,IF(G3994,C3994*E3994*G3994,IF(H3994,C3994*E3994*H3994,C3994*E3994))))))),2)","v":13},"No",{"$nulls":3},"SSR 20-21"]
[{"$nulls":13},"SSR 20-21"]
[{"$nulls":9},"No",{"$f":"'Ele Data'!I506","v":{"v":141.375,"d":"141.38"}},"SSR 20-21",{"$f":"ROUND(I3996*K3996,0)","v":{"v":0,"d":"0.00"}},"SSR 20-21"]
[15,"Supply and erecting 19/20mm steel tube down rod of one meter length with bolts & nuts duly painted with matching colour of  fan complete",{"$nulls":11},"SSR 20-21"]
[null,"Qty.p.88 of M.B.No.299/A/ZP/19",{"$nulls":11},"SSR 20-21"]
[null,"Godown",1,"x",2,{"v":0,"d":"0.000"},{"v":0,"d":"0.000"},{"v":0,"d":"0.000"},{"$f":"ROUND(IF(AND(F3999:H3999),C3999*E3999*F3999*G3999*H3999,IF(AND(F3999,G3999),C3999*E3999*F3999*G3999,IF(AND(F3999,H3999),C3999*E3999*F3999*H3999,IF(AND(G3999,H3999),C3999*E3999*G3999*H3999,IF(F3999,C3999*E3999*F3999,IF(G3999,C3999*E3999*G3999,IF(H3999,C3999*E3999*H3999,C3999*E3999))))))),2)","v":2},"No",{"$nulls":3},"SSR 20-21"]
[null,"Secretary room",1,"x",1,{"v":0,"d":"0.000"},{"v":0,"d":"0.000"},{"v":0,"d":"0.000"},{"$f":"ROUND(IF(AND(F4000:H4000),C4000*E4000*F4000*G4000*H4000,IF(AND(F4000,G4000),C4000*E4000*F4000*G4000,IF(AND(F4000,H4000),C4000*E4000*F4000*H4000,IF(AND(G4000,H4000),C4000*E4000*G4000*H4000,IF(F4000,C4000*E4000*F4000,IF(G4000,C4000*E4000*G4000,IF(H4000,C4000*E4000*H4000,C4000*E4000))))))),2)","v":1},"No",{"$nulls":3},"SSR 20-21"]
[null,"Visting Waiting area",1,"x",1,{"v":0,"d":"0.000"},{"v":0,"d":"0.000"},{"v":0,"d":"0.000"},{"$f":"ROUND(IF(AND(F4001:H4001),C4001*E4001*F4001*G4001*H4001,IF(AND(F4001,G4001),C4001*E4001*F4001*G4001,IF(AND(F4001,H4001),C4001*E4001*F4001*H4001,IF(AND(G4001,H4001),C4001*E4001*G4001*H4001,IF(F4001,C4001*E4001*F4001,IF(G4001,C4001*E4001*G4001,IF(H4001,C4001*E4001*H4001,C4001*E4001))))))),2)","v":1},"No",{"$nulls":3},"SSR 20-21"]
[{"$nulls":13},"SSR 20-21"]
[{"$nulls":9},"No",{"$f":"'Ele Data'!I512","v":{"v":129.5,"d":"129.50"}},"SSR 20-21",{"$f":"ROUND(I4003*K4003,0)","v":{"v":0,"d":"0.00"}},"SSR 20-21"]
[50,"Supply and Transportation and fixing of 1200 mm length,Box type powder coatedtube light luminaire with necessary wiring suitable for fixing 2 Nos retrofit T8 LED tubes but without tube and choke",{"$nulls":11},"SSR 20-21"]
[null,"Qty.p.7 of M.B.No.558/A/ZP/20",{"$nulls":11},"SSR 20-21"]
[null,null,1,"x",21,{"v":0,"d":"0.000"},{"v":0,"d":"0.000"},{"v":0,"d":"0.000"},{"$f":"ROUND(IF(AND(F4006:H4006),C4006*E4006*F4006*G4006*H4006,IF(AND(F4006,G4006),C4006*E4006*F4006*G4006,IF(AND(F4006,H4006),C4006*E4006*F4006*H4006,IF(AND(G4006,H4006),C4006*E4006*G4006*H4006,IF(F4006,C4006*E4006*F4006,IF(G4006,C4006*E4006*G4006,IF(H4006,C4006*E4006*H4006,C4006*E4006))))))),2)","v":21},"No",{"$nulls":3},"SSR 20-21"]
[{"$nulls":13},"SSR 20-21"]
[{"$nulls":9},"No",{"$f":"'Ele Data'!I525","v":{"v":410.5,"d":"410.50"}},"SSR 20-21",{"$f":"ROUND(I4008*K4008,0)","v":{"v":0,"d":"0.00"}},"SSR 20-21"]
[23,"Supply, transportation and fixing of 20Watt LED Street light Luminaire made of pressure diecast alluminium body with powder coated, having protective toughned glass, Supply Input voltage 120 - 270 V AC, P.F > 0.90, high power LED's System efficacy >110 lm/W and junction temprature < 70°C, with Ingrees protection IP66,",{"$nulls":11},"SSR 20-21"]
[null,"Qty.p.     of M.B.No.",{"$nulls":11},"SSR 20-21"]
[null,null,1,"x",1,{"v":0,"d":"0.000"},{"v":0,"d":"0.000"},{"v":0,"d":"0.000"},{"$f":"ROUND(IF(AND(F4011:H4011),C4011*E4011*F4011*G4011*H4011,IF(AND(F4011,G4011),C4011*E4011*F4011*G4011,IF(AND(F4011,H4011),C4011*E4011*F4011*H4011,IF(AND(G4011,H4011),C4011*E4011*G4011*H4011,IF(F4011,C4011*E4011*F4011,IF(G4011,C4011*E4011*G4011,IF(H4011,C4011*E4011*H4011,C4011*E4011))))))),2)","v":1},"No",{"$nulls":3},"SSR 20-21"]
[{"$nulls":13},"SSR 20-21"]
[{"$nulls":9},"No",{"$f":"'Ele Data'!I568","v":{"v":1980,"d":"1980.00"}},"SSR 20-21",{"$f":"ROUND(I4013*K4013,0)","v":{"v":0,"d":"0.00"}},"SSR 20-21"]
[23,"Supply and transportation of 60 W LED Street light Luminaire made of pressure diecast alluminium body with powder coated, having protective toughned glass, Supply Input voltage 120 - 270 V AC, P.F > 0.90, high power LED's having System efficacy > 100 lm/W and junction temprature < 70°C, with Ingrees protection IP66, Luminaire performance complies to IS 10322 (Part 5 / Sec-3), Driver surge protection 4KV, external Surge protection 10 KV with optics distribution , THD<10% at 110 Volts AC, driver efficiency >90%, CCT: 3000K - 5700K, minimum CRI>70, etc.,",{"$nulls":11},"SSR 20-21"]
[null,"Qty.p.     of M.B.No.",{"$nulls":11},"SSR 20-21"]
[null,null,1,"x",1,{"v":0,"d":"0.000"},{"v":0,"d":"0.000"},{"v":0,"d":"0.000"},{"$f":"ROUND(IF(AND(F4016:H4016),C4016*E4016*F4016*G4016*H4016,IF(AND(F4016,G4016),C4016*E4016*F4016*G4016,IF(AND(F4016,H4016),C4016*E4016*F4016*H4016,IF(AND(G4016,H4016),C4016*E4016*G4016*H4016,IF(F4016,C4016*E4016*F4016,IF(G4016,C4016*E4016*G4016,IF(H4016,C4016*E4016*H4016,C4016*E4016))))))),2)","v":1},"No",{"$nulls":3},"SSR 20-21"]
[{"$nulls":13},"SSR 20-21"]
[{"$nulls":9},"No",{"$f":"'Ele Data'!I571","v":{"v":5900,"d":"5900.00"}},"SSR 20-21",{"$f":"ROUND(I4018*K4018,0)","v":{"v":0,"d":"0.00"}},"SSR 20-21"]
[16,"Supply of 9\" (225mm), Light duty exhaust fan with double ball bearing and wire guard etc complete.",{"$nulls":11},"SSR 20-21"]
[null,"To be done",{"$nulls":11},"SSR 20-21"]
[null,null,1,"x",1,{"v":0,"d":"0.000"},{"v":0,"d":"0.000"},{"v":0,"d":"0.000"},{"$f":"ROUND(IF(AND(F4021:H4021),C4021*E4021*F4021*G4021*H4021,IF(AND(F4021,G4021),C4021*E4021*F4021*G4021,IF(AND(F4021,H4021),C4021*E4021*F4021*H4021,IF(AND(G4021,H4021),C4021*E4021*G4021*H4021,IF(F4021,C4021*E4021*F4021,IF(G4021,C4021*E4021*G4021,IF(H4021,C4021*E4021*H4021,C4021*E4021))))))),2)","v":1},"No",{"$nulls":3},"SSR 20-21"]
[{"$nulls":13},"SSR 20-21"]
[{"$nulls":9},"No",{"$f":"'Ele Data'!I368","v":{"v":1290,"d":"1290.00"}},"SSR 20-21",{"$f":"ROUND(I4023*K4023,0)","v":{"v":0,"d":"0.00"}},"SSR 20-21"]
[51,"Supply and fixing SPN Distribution board with IP-20 protection suitable for single phase Earth Leakage Circute Braker (ELCB) / Residual Current Circute Braker (RCCB) / Double Pole (DP) Isolator as incomer and 10kA SP MCBs as out going including internal connections and labour charges for surface / flush mounting etc., complete.",{"$nulls":11},"SSR 20-21"]
[null,"Qty.p.       of M.B.No.558/A/ZP/20",{"$nulls":11},"SSR 20-21"]
[null,null,1,"x",2,{"v":0,"d":"0.000"},{"v":0,"d":"0.000"},{"v":0,"d":"0.000"},{"$f":"ROUND(IF(AND(F4026:H4026),C4026*E4026*F4026*G4026*H4026,IF(AND(F4026,G4026),C4026*E4026*F4026*G4026,IF(AND(F4026,H4026),C4026*E4026*F4026*H4026,IF(AND(G4026,H4026),C4026*E4026*G4026*H4026,IF(F4026,C4026*E4026*F4026,IF(G4026,C4026*E4026*G4026,IF(H4026,C4026*E4026*H4026,C4026*E4026))))))),2)","v":2},"No",{"$nulls":3},"SSR 20-21"]
[{"$nulls":13},"SSR 20-21"]
[{"$nulls":9},"No",{"$f":"'Ele Data'!I536","v":{"v":2995,"d":"2995.00"}},"SSR 20-21",{"$f":"ROUND(I4028*K4028,0)","v":{"v":0,"d":"0.00"}},"SSR 20-21"]
[52,"Supply and fixing of 2 Nos of 32A, 240V Porcelain Rewirable Fuse Units of  makes : GM / Sputnik / Kundancab / Million / Gold Medal  / Vimal / Star / Benlo on 12\" x 18\" peta board with connections and labour charges etc complete.",{"$nulls":11},"SSR 20-21"]
[null,"Qty.p.       of M.B.No.558/A/ZP/20",{"$nulls":11},"SSR 20-21"]
[null,null,1,"x",1,{"v":0,"d":"0.000"},{"v":0,"d":"0.000"},{"v":0,"d":"0.000"},{"$f":"ROUND(IF(AND(F4031:H4031),C4031*E4031*F4031*G4031*H4031,IF(AND(F4031,G4031),C4031*E4031*F4031*G4031,IF(AND(F4031,H4031),C4031*E4031*F4031*H4031,IF(AND(G4031,H4031),C4031*E4031*G4031*H4031,IF(F4031,C4031*E4031*F4031,IF(G4031,C4031*E4031*G4031,IF(H4031,C4031*E4031*H4031,C4031*E4031))))))),2)","v":1},"No",{"$nulls":3},"SSR 20-21"]
[{"$nulls":13},"SSR 20-21"]
[{"$nulls":9},"No",{"$f":"'Ele Data'!I546","v":{"v":905,"d":"905.00"}},"SSR 20-21",{"$f":"ROUND(I4033*K4033,0)","v":{"v":0,"d":"0.00"}},"SSR 20-21"]
[53,"Providing independent earthling by excavating a pit to a depth of 2.25Mt in all soils, as per size specified in the Data, using 40mm dia 'B' class GI pipe of 2.5 Mtrs length with necessary No.8 G.I. double earth wire and accessories with 18\" dia 2\" thick hume pipe ring duly providing staggered holes  including filling with 20Kg Salt and 40Kg Charcoal or 40Kg bentonite powder in layers and all labour charges etc., complete.",{"$nulls":11},"SSR 20-21"]
[null,"Qty.p.9 of M.B.No.558/A/ZP/20",{"$nulls":11},"SSR 20-21"]
[null,null,1,"x",1,{"v":0,"d":"0.000"},{"v":0,"d":"0.000"},{"v":0,"d":"0.000"},{"$f":"ROUND(IF(AND(F4036:H4036),C4036*E4036*F4036*G4036*H4036,IF(AND(F4036,G4036),C4036*E4036*F4036*G4036,IF(AND(F4036,H4036),C4036*E4036*F4036*H4036,IF(AND(G4036,H4036),C4036*E4036*G4036*H4036,IF(F4036,C4036*E4036*F4036,IF(G4036,C4036*E4036*G4036,IF(H4036,C4036*E4036*H4036,C4036*E4036))))))),2)","v":1},"No",{"$nulls":3},"SSR 20-21"]
[{"$nulls":13},"SSR 20-21"]
[{"$nulls":9},"No",{"$f":"'Ele Data'!I565","v":3432.82},"SSR 20-21",{"$f":"ROUND(I4038*K4038,0)","v":{"v":0,"d":"0.00"}},"SSR 20-21"]
[null,"As per SSR 2021-22",{"$nulls":11},"SSR 21-22"]
[2,"Supply and Fixing of ISI  25mm outer dia medium (1.80mm thickness) grade with IS:9537 part 3 regid PVC pipe with PVC / Metallic Junction boxes and all accessories  including Fixing of existing suitable size Consealed box PVC / MS with hook for fan including all labour charges etc., complete.",{"$nulls":11},"SSR 21-22"]
[null,"Qty.p.4 of M.B.No.299/A/ZP/19",{"$nulls":11},"SSR 21-22"]
[null,"Secretary room",1,"x",1,{"v":8.5,"d":"8.50"},{"v":0,"d":"0.000"},{"v":0,"d":"0.000"},{"$f":"ROUND(IF(AND(F4042:H4042),C4042*E4042*F4042*G4042*H4042,IF(AND(F4042,G4042),C4042*E4042*F4042*G4042,IF(AND(F4042,H4042),C4042*E4042*F4042*H4042,IF(AND(G4042,H4042),C4042*E4042*G4042*H4042,IF(F4042,C4042*E4042*F4042,IF(G4042,C4042*E4042*G4042,IF(H4042,C4042*E4042*H4042,C4042*E4042))))))),2)","v":{"v":8.5,"d":"8.50"}},"Rm",{"$nulls":3},"SSR 21-22"]
[{"$nulls":13},"SSR 21-22"]
[{"$nulls":9},"Rm",{"$f":"'Ele Data'!I584","v":69.88},"SSR 21-22",{"$f":"ROUND(I4044*K4044,0)","v":{"v":0,"d":"0.00"}},"SSR 21-22"]
[42,"Supplying and Fixing of 25mm dia 2.2 mm thick PVC Conduit pipe concealed in wall with all required accessories including chiseling the wall wherever necessity including masonry work for Light, Fan and separate plug point with wooden.Deep box including all labour charges etc ",{"$nulls":11},"SSR 21-22"]
[null,"Qty.p.61 of M.B.No.478/A/ZP/19",null,"22.10.2021",{"$nulls":9},"SSR 21-22"]
[null,null,1,"x",1,{"v":40,"d":"40.000"},{"v":0,"d":"0.000"},{"v":0,"d":"0.000"},{"$f":"ROUND(IF(AND(F4047:H4047),C4047*E4047*F4047*G4047*H4047,IF(AND(F4047,G4047),C4047*E4047*F4047*G4047,IF(AND(F4047,H4047),C4047*E4047*F4047*H4047,IF(AND(G4047,H4047),C4047*E4047*G4047*H4047,IF(F4047,C4047*E4047*F4047,IF(G4047,C4047*E4047*G4047,IF(H4047,C4047*E4047*H4047,C4047*E4047))))))),2)","v":{"v":40,"d":"40.00"}},"Rm",{"$nulls":3},"SSR 21-22"]
[{"$nulls":13},"SSR 21-22"]
[{"$nulls":9},"Rm",{"$f":"'Ele Data'!I599","v":79.43},"SSR 21-22",{"$f":"ROUND(I4049*K4049,0)","v":{"v":0,"d":"0.00"}},"SSR 21-22"]
[3,"Labour charges for Grooves 2-3mm thick for PVC pipes",{"$nulls":11},"SSR 21-22"]
[null,"Qty.p. 2 of M.B.No.435-C/2017-18",{"$nulls":11},"SSR 21-22"]
[null,"For water pipes",{"$nulls":11},"SSR 21-22"]
[null,"Ladies tiolet",1,"x",1,{"v":4,"d":"4.000"},{"v":0,"d":"0.000"},{"v":0,"d":"0.000"},{"$f":"ROUND(IF(AND(F4053:H4053),C4053*E4053*F4053*G4053*H4053,IF(AND(F4053,G4053),C4053*E4053*F4053*G4053,IF(AND(F4053,H4053),C4053*E4053*F4053*H4053,IF(AND(G4053,H4053),C4053*E4053*G4053*H4053,IF(F4053,C4053*E4053*F4053,IF(G4053,C4053*E4053*G4053,IF(H4053,C4053*E4053*H4053,C4053*E4053))))))),2)","v":{"v":4,"d":"4.00"}},"Rm",{"$nulls":3},"SSR 21-22"]
[null,"Gents tiolet",1,"x",1,{"v":1.8,"d":"1.800"},{"v":0,"d":"0.000"},{"v":0,"d":"0.000"},{"$f":"ROUND(IF(AND(F4054:H4054),C4054*E4054*F4054*G4054*H4054,IF(AND(F4054,G4054),C4054*E4054*F4054*G4054,IF(AND(F4054,H4054),C4054*E4054*F4054*H4054,IF(AND(G4054,H4054),C4054*E4054*G4054*H4054,IF(F4054,C4054*E4054*F4054,IF(G4054,C4054*E4054*G4054,IF(H4054,C4054*E4054*H4054,C4054*E4054))))))),2)","v":{"v":1.8,"d":"1.80"}},"Rm",{"$nulls":3},"SSR 21-22"]
[null,"Sarpanch tiolet",1,"x",1,{"v":2,"d":"2.000"},{"v":0,"d":"0.000"},{"v":0,"d":"0.000"},{"$f":"ROUND(IF(AND(F4055:H4055),C4055*E4055*F4055*G4055*H4055,IF(AND(F4055,G4055),C4055*E4055*F4055*G4055,IF(AND(F4055,H4055),C4055*E4055*F4055*H4055,IF(AND(G4055,H4055),C4055*E4055*G4055*H4055,IF(F4055,C4055*E4055*F4055,IF(G4055,C4055*E4055*G4055,IF(H4055,C4055*E4055*H4055,C4055*E4055))))))),2)","v":{"v":2,"d":"2.00"}},"Rm",{"$nulls":3},"SSR 21-22"]
[{"$nulls":13},"SSR 21-22"]
[{"$nulls":9},"Rm",{"$f":"'Ele Data'!I603","v":{"v":58,"d":"58.00"}},"SSR 21-22",{"$f":"ROUND(I4057*K4057,0)","v":{"v":0,"d":"0.00"}},"SSR 21-22"]
[43,"Supply of  Hot Dip galvanized 20/18 SWG Module box with earthing terminal for 12 Module box",{"$nulls":11},"SSR 21-22"]
[null,"Qty.p.61 of M.B.No.478/A/ZP/19",null,"22.10.2021",{"$nulls":9},"SSR 21-22"]
[null,"First floor",1,"x",11,{"v":0,"d":"0.000"},{"v":0,"d":"0.000"},{"v":0,"d":"0.000"},{"$f":"ROUND(IF(AND(F4060:H4060),C4060*E4060*F4060*G4060*H4060,IF(AND(F4060,G4060),C4060*E4060*F4060*G4060,IF(AND(F4060,H4060),C4060*E4060*F4060*H4060,IF(AND(G4060,H4060),C4060*E4060*G4060*H4060,IF(F4060,C4060*E4060*F4060,IF(G4060,C4060*E4060*G4060,IF(H4060,C4060*E4060*H4060,C4060*E4060))))))),2)","v":11},"No",{"$nulls":3},"SSR 21-22"]
[{"$nulls":13},"SSR 21-22"]
[{"$nulls":9},"No",{"$f":"'Ele Data'!I606","v":{"v":226,"d":"226.00"}},"SSR 21-22",{"$f":"ROUND(I4062*K4062,0)","v":{"v":0,"d":"0.00"}},"SSR 21-22"]
[4,"Supply of  Hot Dip galvanized 20/18 SWG Module box with earthing terminal for 8 Module box",{"$nulls":11},"SSR 21-22"]
[null,"Qty.p.7 of M.B.No.299/A/ZP/19",{"$nulls":11},"SSR 21-22"]
[null,"GF and FF",1,"x",4,{"v":0,"d":"0.000"},{"v":0,"d":"0.000"},{"v":0,"d":"0.000"},{"$f":"ROUND(IF(AND(F4065:H4065),C4065*E4065*F4065*G4065*H4065,IF(AND(F4065,G4065),C4065*E4065*F4065*G4065,IF(AND(F4065,H4065),C4065*E4065*F4065*H4065,IF(AND(G4065,H4065),C4065*E4065*G4065*H4065,IF(F4065,C4065*E4065*F4065,IF(G4065,C4065*E4065*G4065,IF(H4065,C4065*E4065*H4065,C4065*E4065))))))),2)","v":4},"No",{"$nulls":3},"SSR 21-22"]
[{"$nulls":13},"SSR 21-22"]
[{"$nulls":9},"No",{"$f":"'Ele Data'!I609","v":{"v":187,"d":"187.00"}},"SSR 21-22",{"$f":"ROUND(I4067*K4067,0)","v":{"v":0,"d":"0.00"}},"SSR 21-22"]
[5,"Supply of  Hot Dip galvanized 20/18 SWG Module box with earthing terminal for 6 Module box",{"$nulls":11},"SSR 21-22"]
[null,"Qty.p.6 of M.B.No.299/A/ZP/19",{"$nulls":11},"SSR 21-22"]
[null,"GF and FF",1,"x",14,{"v":0,"d":"0.000"},{"v":0,"d":"0.000"},{"v":0,"d":"0.000"},{"$f":"ROUND(IF(AND(F4070:H4070),C4070*E4070*F4070*G4070*H4070,IF(AND(F4070,G4070),C4070*E4070*F4070*G4070,IF(AND(F4070,H4070),C4070*E4070*F4070*H4070,IF(AND(G4070,H4070),C4070*E4070*G4070*H4070,IF(F4070,C4070*E4070*F4070,IF(G4070,C4070*E4070*G4070,IF(H4070,C4070*E4070*H4070,C4070*E4070))))))),2)","v":14},"No",{"$nulls":3},"SSR 21-22"]
[{"$nulls":13},"SSR 21-22"]
[{"$nulls":9},"No",{"$f":"'Ele Data'!I612","v":{"v":143,"d":"143.00"}},"SSR 21-22",{"$f":"ROUND(I4072*K4072,0)","v":{"v":0,"d":"0.00"}},"SSR 21-22"]
[4,"Supply of  Hot Dip galvanized 20/18 SWG Module box with earthing terminal for 16 Module box",{"$nulls":11},"SSR 21-22"]
[null,"Qty.p.3 of M.B.No.299/A/ZP/19",{"$nulls":11},"SSR 21-22"]
[null,"Carridor",1,"x",1,{"v":0,"d":"0.000"},{"v":0,"d":"0.000"},{"v":0,"d":"0.000"},{"$f":"ROUND(IF(AND(F4075:H4075),C4075*E4075*F4075*G4075*H4075,IF(AND(F4075,G4075),C4075*E4075*F4075*G4075,IF(AND(F4075,H4075),C4075*E4075*F4075*H4075,IF(AND(G4075,H4075),C4075*E4075*G4075*H4075,IF(F4075,C4075*E4075*F4075,IF(G4075,C4075*E4075*G4075,IF(H4075,C4075*E4075*H4075,C4075*E4075))))))),2)","v":1},"No",{"$nulls":3},"SSR 21-22"]
[null,"Agristore",1,"x",1,{"v":0,"d":"0.000"},{"v":0,"d":"0.000"},{"v":0,"d":"0.000"},{"$f":"ROUND(IF(AND(F4076:H4076),C4076*E4076*F4076*G4076*H4076,IF(AND(F4076,G4076),C4076*E4076*F4076*G4076,IF(AND(F4076,H4076),C4076*E4076*F4076*H4076,IF(AND(G4076,H4076),C4076*E4076*G4076*H4076,IF(F4076,C4076*E4076*F4076,IF(G4076,C4076*E4076*G4076,IF(H4076,C4076*E4076*H4076,C4076*E4076))))))),2)","v":1},"No",{"$nulls":3},"SSR 21-22"]
[null,"Demo quipment",1,"x",1,{"v":0,"d":"0.000"},{"v":0,"d":"0.000"},{"v":0,"d":"0.000"},{"$f":"ROUND(IF(AND(F4077:H4077),C4077*E4077*F4077*G4077*H4077,IF(AND(F4077,G4077),C4077*E4077*F4077*G4077,IF(AND(F4077,H4077),C4077*E4077*F4077*H4077,IF(AND(G4077,H4077),C4077*E4077*G4077*H4077,IF(F4077,C4077*E4077*F4077,IF(G4077,C4077*E4077*G4077,IF(H4077,C4077*E4077*H4077,C4077*E4077))))))),2)","v":1},"No",{"$nulls":3},"SSR 21-22"]
[null,"Meeting Hall",1,"x",2,{"v":0,"d":"0.000"},{"v":0,"d":"0.000"},{"v":0,"d":"0.000"},{"$f":"ROUND(IF(AND(F4078:H4078),C4078*E4078*F4078*G4078*H4078,IF(AND(F4078,G4078),C4078*E4078*F4078*G4078,IF(AND(F4078,H4078),C4078*E4078*F4078*H4078,IF(AND(G4078,H4078),C4078*E4078*G4078*H4078,IF(F4078,C4078*E4078*F4078,IF(G4078,C4078*E4078*G4078,IF(H4078,C4078*E4078*H4078,C4078*E4078))))))),2)","v":2},"No",{"$nulls":3},"SSR 21-22"]
[{"$nulls":13},"SSR 21-22"]
[{"$nulls":9},"No",{"$f":"'Ele Data'!I623","v":{"v":331,"d":"331.00"}},"SSR 21-22",{"$f":"ROUND(I4080*K4080,0)","v":{"v":0,"d":"0.00"}},"SSR 21-22"]
[6,"Supply of  Hot Dip galvanized 20/18 SWG Module box with earthing terminal for 18 Module box",{"$nulls":11},"SSR 21-22"]
[null,"Qty.P.No.     of M.B.No.",{"$nulls":11},"SSR 21-22"]
[null,"VKC",2,"x",1,{"v":0,"d":"0.000"},{"v":0,"d":"0.000"},{"v":0,"d":"0.000"},{"$f":"ROUND(IF(AND(F4083:H4083),C4083*E4083*F4083*G4083*H4083,IF(AND(F4083,G4083),C4083*E4083*F4083*G4083,IF(AND(F4083,H4083),C4083*E4083*F4083*H4083,IF(AND(G4083,H4083),C4083*E4083*G4083*H4083,IF(F4083,C4083*E4083*F4083,IF(G4083,C4083*E4083*G4083,IF(H4083,C4083*E4083*H4083,C4083*E4083))))))),2)","v":2},"No",{"$nulls":3},"SSR 21-22"]
[{"$nulls":13},"SSR 21-22"]
[{"$nulls":9},"No",{"$f":"'Ele Data'!I619","v":{"v":369,"d":"369.00"}},"SSR 21-22",{"$f":"ROUND(I4085*K4085,0)","v":{"v":0,"d":"0.00"}},"SSR 21-22"]
[44,"Supply of  Hot Dip galvanized 20/18 SWG Module box with earthing terminal for 4 Module box",{"$nulls":11},"SSR 21-22"]
[null,"Qty.p.62 of M.B.No.478/A/ZP/19",null,"22.10.2021",{"$nulls":9},"SSR 21-22"]
[null,null,1,"x",4,{"v":0,"d":"0.000"},{"v":0,"d":"0.000"},{"v":0,"d":"0.000"},{"$f":"ROUND(IF(AND(F4088:H4088),C4088*E4088*F4088*G4088*H4088,IF(AND(F4088,G4088),C4088*E4088*F4088*G4088,IF(AND(F4088,H4088),C4088*E4088*F4088*H4088,IF(AND(G4088,H4088),C4088*E4088*G4088*H4088,IF(F4088,C4088*E4088*F4088,IF(G4088,C4088*E4088*G4088,IF(H4088,C4088*E4088*H4088,C4088*E4088))))))),2)","v":4},"No",{"$nulls":3},"SSR 21-22"]
[{"$nulls":13},"SSR 21-22"]
[{"$nulls":9},"No",{"$f":"'Ele Data'!I615","v":{"v":105,"d":"105.00"}},"SSR 21-22",{"$f":"ROUND(I4090*K4090,0)","v":{"v":0,"d":"0.00"}},"SSR 21-22"]
[7,"Supply of  Hot Dip galvanized 20/18 SWG Module box with earthing terminal for 2 Module box",{"$nulls":11},"SSR 21-22"]
[null,"Qty.p.     of M.B.No.",{"$nulls":11},"SSR 21-22"]
[null,"GF and FF",1,"x",12,{"v":0,"d":"0.000"},{"v":0,"d":"0.000"},{"v":0,"d":"0.000"},{"$f":"ROUND(IF(AND(F4093:H4093),C4093*E4093*F4093*G4093*H4093,IF(AND(F4093,G4093),C4093*E4093*F4093*G4093,IF(AND(F4093,H4093),C4093*E4093*F4093*H4093,IF(AND(G4093,H4093),C4093*E4093*G4093*H4093,IF(F4093,C4093*E4093*F4093,IF(G4093,C4093*E4093*G4093,IF(H4093,C4093*E4093*H4093,C4093*E4093))))))),2)","v":12},"No",{"$nulls":3},"SSR 21-22"]
[{"$nulls":13},"SSR 21-22"]
[{"$nulls":9},"No",{"$f":"'Ele Data'!I626","v":{"v":63,"d":"63.00"}},"SSR 21-22",{"$f":"ROUND(I4095*K4095,0)","v":{"v":0,"d":"0.00"}},"SSR 21-22"]
[7,"Wiring with run of 2 of 14/0.3mm (1.0 Sq.mm) FRLS / HFFR PVC insulated flexible ISI mark copper cable in existing PVC conduit pipe including Supply and fixing of Jumbo Ceiling rose and 6A/10A ISI Mark 1way flush type switch  in existing Surface or Concealed pipe wiring including cost and conveyance of all material and all labour charges etc., complete for light and bell  points",{"$nulls":11},"SSR 21-22"]
[null,"Qty.p.5 of M.B.No.299/A/ZP/19",{"$nulls":11},"SSR 21-22"]
[null,"GF secretary room",1,"x",3,{"v":0,"d":"0.000"},{"v":0,"d":"0.000"},{"v":0,"d":"0.000"},{"$f":"ROUND(IF(AND(F4098:H4098),C4098*E4098*F4098*G4098*H4098,IF(AND(F4098,G4098),C4098*E4098*F4098*G4098,IF(AND(F4098,H4098),C4098*E4098*F4098*H4098,IF(AND(G4098,H4098),C4098*E4098*G4098*H4098,IF(F4098,C4098*E4098*F4098,IF(G4098,C4098*E4098*G4098,IF(H4098,C4098*E4098*H4098,C4098*E4098))))))),2)","v":3},"Point",{"$nulls":3},"SSR 21-22"]
[null,"Carridor",1,"x",4,{"v":0,"d":"0.000"},{"v":0,"d":"0.000"},{"v":0,"d":"0.000"},{"$f":"ROUND(IF(AND(F4099:H4099),C4099*E4099*F4099*G4099*H4099,IF(AND(F4099,G4099),C4099*E4099*F4099*G4099,IF(AND(F4099,H4099),C4099*E4099*F4099*H4099,IF(AND(G4099,H4099),C4099*E4099*G4099*H4099,IF(F4099,C4099*E4099*F4099,IF(G4099,C4099*E4099*G4099,IF(H4099,C4099*E4099*H4099,C4099*E4099))))))),2)","v":4},"Point",{"$nulls":3},"SSR 21-22"]
[null,"Verandah",1,"x",4,{"v":0,"d":"0.000"},{"v":0,"d":"0.000"},{"v":0,"d":"0.000"},{"$f":"ROUND(IF(AND(F4100:H4100),C4100*E4100*F4100*G4100*H4100,IF(AND(F4100,G4100),C4100*E4100*F4100*G4100,IF(AND(F4100,H4100),C4100*E4100*F4100*H4100,IF(AND(G4100,H4100),C4100*E4100*G4100*H4100,IF(F4100,C4100*E4100*F4100,IF(G4100,C4100*E4100*G4100,IF(H4100,C4100*E4100*H4100,C4100*E4100))))))),2)","v":4},"Point",{"$nulls":3},"SSR 21-22"]
[{"$nulls":13},"SSR 21-22"]
[{"$nulls":9},"Point",{"$f":"'Ele Data'!I664","v":436.33},"SSR 21-22",{"$f":"ROUND(I4102*K4102,0)","v":{"v":0,"d":"0.00"}},"SSR 21-22"]
[7,"Wiring with run of 2 of 14/0.3mm (1.0 Sq.mm) FRLS / HFFR PVC insulated flexible ISI mark copper cable in existing PVC conduit pipe including Supply and fixing of Jumbo Ceiling rose and 6A/10A ISI Mark 1way flush type switch  in existing Surface or Concealed pipe wiring including cost and conveyance of all material and all labour charges etc., complete for Fan points",{"$nulls":11},"SSR 21-22"]
[null,"Qty.p.86 of M.B.No.299/A/ZP/19",{"$nulls":11},"SSR 21-22"]
[null,"Hall",1,"x",6,{"v":0,"d":"0.000"},{"v":0,"d":"0.000"},{"v":0,"d":"0.000"},{"$f":"ROUND(IF(AND(F4105:H4105),C4105*E4105*F4105*G4105*H4105,IF(AND(F4105,G4105),C4105*E4105*F4105*G4105,IF(AND(F4105,H4105),C4105*E4105*F4105*H4105,IF(AND(G4105,H4105),C4105*E4105*G4105*H4105,IF(F4105,C4105*E4105*F4105,IF(G4105,C4105*E4105*G4105,IF(H4105,C4105*E4105*H4105,C4105*E4105))))))),2)","v":6},"Point",{"$nulls":3},"SSR 21-22"]
[null,"Lab",1,"x",1,{"v":0,"d":"0.000"},{"v":0,"d":"0.000"},{"v":0,"d":"0.000"},{"$f":"ROUND(IF(AND(F4106:H4106),C4106*E4106*F4106*G4106*H4106,IF(AND(F4106,G4106),C4106*E4106*F4106*G4106,IF(AND(F4106,H4106),C4106*E4106*F4106*H4106,IF(AND(G4106,H4106),C4106*E4106*G4106*H4106,IF(F4106,C4106*E4106*F4106,IF(G4106,C4106*E4106*G4106,IF(H4106,C4106*E4106*H4106,C4106*E4106))))))),2)","v":1},"Point",{"$nulls":3},"SSR 21-22"]
[null,"Carridor",1,"x",1,{"v":0,"d":"0.000"},{"v":0,"d":"0.000"},{"v":0,"d":"0.000"},{"$f":"ROUND(IF(AND(F4107:H4107),C4107*E4107*F4107*G4107*H4107,IF(AND(F4107,G4107),C4107*E4107*F4107*G4107,IF(AND(F4107,H4107),C4107*E4107*F4107*H4107,IF(AND(G4107,H4107),C4107*E4107*G4107*H4107,IF(F4107,C4107*E4107*F4107,IF(G4107,C4107*E4107*G4107,IF(H4107,C4107*E4107*H4107,C4107*E4107))))))),2)","v":1},"Point",{"$nulls":3},"SSR 21-22"]
[{"$nulls":13},"SSR 21-22"]
[{"$nulls":9},"Point",{"$f":"'Ele Data'!I677","v":457.33},"SSR 21-22",{"$f":"ROUND(I4109*K4109,0)","v":{"v":0,"d":"0.00"}},"SSR 21-22"]
[8,"Supply and  run of 1 of 14 /0.3mm (1.0 Sq.mm) FR P.V.C. insulated flexible copper cable in existing pipe for earth and invertor continuity including all labour charges etc., complete.",{"$nulls":11},"SSR 21-22"]
[null,"Qty.p.10 of M.B.No.299/A/ZP/19",{"$nulls":11},"SSR 21-22"]
[null,"For Earthing & invertor",{"$nulls":11},"SSR 21-22"]
[null,null,1,"x",1,{"v":55,"d":"55.00"},{"v":0,"d":"0.000"},{"v":0,"d":"0.000"},{"$f":"ROUND(IF(AND(F4113:H4113),C4113*E4113*F4113*G4113*H4113,IF(AND(F4113,G4113),C4113*E4113*F4113*G4113,IF(AND(F4113,H4113),C4113*E4113*F4113*H4113,IF(AND(G4113,H4113),C4113*E4113*G4113*H4113,IF(F4113,C4113*E4113*F4113,IF(G4113,C4113*E4113*G4113,IF(H4113,C4113*E4113*H4113,C4113*E4113))))))),2)","v":{"v":55,"d":"55.00"}},"Rm",{"$nulls":3},"SSR 21-22"]
[{"$nulls":13},"SSR 21-22"]
[{"$nulls":9},"Rm",{"$f":"'Ele Data'!I722","v":21.19},"SSR 21-22",{"$f":"ROUND(I4115*K4115,0)","v":{"v":0,"d":"0.00"}},"SSR 21-22"]
[9,"Supply and  Run of 2 of 22/0.3mm (1.50 Sq.mm) with  Run 1 of 22/0.3mm(1.5Sqmm)  FRLS / HFFR PVC insulated flexible ISI mark copper cable in existing pipe for run of mains inlcuding all labour charges etc., complete.",{"$nulls":11},"SSR 21-22"]
[null,"Qty.p.10 of M.B.No.299/A/ZP/19",{"$nulls":11},"SSR 21-22"]
[null,null,1,"x",1,{"v":150,"d":"150.00"},{"v":0,"d":"0.000"},{"v":0,"d":"0.000"},{"$f":"ROUND(IF(AND(F4118:H4118),C4118*E4118*F4118*G4118*H4118,IF(AND(F4118,G4118),C4118*E4118*F4118*G4118,IF(AND(F4118,H4118),C4118*E4118*F4118*H4118,IF(AND(G4118,H4118),C4118*E4118*G4118*H4118,IF(F4118,C4118*E4118*F4118,IF(G4118,C4118*E4118*G4118,IF(H4118,C4118*E4118*H4118,C4118*E4118))))))),2)","v":{"v":150,"d":"150.00"}},"Rm",{"$nulls":3},"SSR 21-22"]
[{"$nulls":13},"SSR 21-22"]
[{"$nulls":9},"Rm",{"$f":"'Ele Data'!I714","v":69.83},"SSR 21-22",{"$f":"ROUND(I4120*K4120,0)","v":{"v":0,"d":"0.00"}},"SSR 21-22"]
[9,"Supply and  Run of 2 of 36/0.3mm (2.50 Sq.mm) with  Run 1 of 22/0.3mm(1.5Sqmm)  FRLS / HFFR PVC insulated flexible ISI mark copper cable in existing pipe for run of mains inlcuding all labour charges etc., complete.",{"$nulls":11},"SSR 21-22"]
[null,"Qty.p.10 of M.B.No.299/A/ZP/19",{"$nulls":11},"SSR 21-22"]
[null,null,1,"x",1,{"v":150,"d":"150.00"},{"v":0,"d":"0.000"},{"v":0,"d":"0.000"},{"$f":"ROUND(IF(AND(F4123:H4123),C4123*E4123*F4123*G4123*H4123,IF(AND(F4123,G4123),C4123*E4123*F4123*G4123,IF(AND(F4123,H4123),C4123*E4123*F4123*H4123,IF(AND(G4123,H4123),C4123*E4123*G4123*H4123,IF(F4123,C4123*E4123*F4123,IF(G4123,C4123*E4123*G4123,IF(H4123,C4123*E4123*H4123,C4123*E4123))))))),2)","v":{"v":150,"d":"150.00"}},"Rm",{"$nulls":3},"SSR 21-22"]
[{"$nulls":13},"SSR 21-22"]
[{"$nulls":9},"Rm",{"$f":"'Ele Data'!I732","v":{"v":74.22399999999999,"d":"74.22"}},"SSR 21-22",{"$f":"ROUND(I4125*K4125,0)","v":{"v":0,"d":"0.00"}},"SSR 21-22"]
[10,"Supply and  Run of 2 of 56/0.3mm (4.00 Sq.mm) with  Run 1 of 22/0.3mm(1.5Sqmm)  FRLS / HFFR PVC insulated flexible ISI mark copper cable in existing pipe for run of mains inlcuding all labour charges etc., complete",{"$nulls":11},"SSR 21-22"]
[null,"Qty.p.     of M.B.No.",{"$nulls":11},"SSR 21-22"]
[null,null,1,"x",1,{"v":25,"d":"25.00"},{"v":0,"d":"0.000"},{"v":0,"d":"0.000"},{"$f":"ROUND(IF(AND(F4128:H4128),C4128*E4128*F4128*G4128*H4128,IF(AND(F4128,G4128),C4128*E4128*F4128*G4128,IF(AND(F4128,H4128),C4128*E4128*F4128*H4128,IF(AND(G4128,H4128),C4128*E4128*G4128*H4128,IF(F4128,C4128*E4128*F4128,IF(G4128,C4128*E4128*G4128,IF(H4128,C4128*E4128*H4128,C4128*E4128))))))),2)","v":{"v":25,"d":"25.00"}},"Rm",{"$nulls":3},"SSR 21-22"]
[{"$nulls":13},"SSR 21-22"]
[{"$nulls":9},"Rm",{"$f":"'Ele Data'!I742","v":112.78},"SSR 21-22",{"$f":"ROUND(I4130*K4130,0)","v":{"v":0,"d":"0.00"}},"SSR 21-22"]
[10,"Supply and Run of 2 of 6 Sq.mm WPSC Aluminium cable along with No.10 SWG G.I bearer wire through PVC cleats with all accessories including labour charges etc., complete for service mains.",{"$nulls":11},"SSR 21-22"]
[null,"Qty.p.6 of M.B.No.299/A/ZP/19",{"$nulls":11},"SSR 21-22"]
[null,null,1,"x",1,{"v":30,"d":"30.00"},{"v":0,"d":"0.000"},{"v":0,"d":"0.000"},{"$f":"ROUND(IF(AND(F4133:H4133),C4133*E4133*F4133*G4133*H4133,IF(AND(F4133,G4133),C4133*E4133*F4133*G4133,IF(AND(F4133,H4133),C4133*E4133*F4133*H4133,IF(AND(G4133,H4133),C4133*E4133*G4133*H4133,IF(F4133,C4133*E4133*F4133,IF(G4133,C4133*E4133*G4133,IF(H4133,C4133*E4133*H4133,C4133*E4133))))))),2)","v":{"v":30,"d":"30.00"}},"Rm",{"$nulls":3},"SSR 21-22"]
[{"$nulls":13},"SSR 21-22"]
[{"$nulls":9},"Rm",{"$f":"'Ele Data'!I753","v":{"v":56.31399999999999,"d":"56.31"}},"SSR 21-22",{"$f":"ROUND(I4135*K4135,0)","v":{"v":0,"d":"0.00"}},"SSR 21-22"]
[11,"Supply of Cover frames for 12 module box",{"$nulls":11},"SSR 21-22"]
[null,"Qty.p.       of M.B.No.299/A/ZP/19",{"$nulls":11},"SSR 21-22"]
[null,"GF and FF",1,"x",13,{"v":0,"d":"0.000"},{"v":0,"d":"0.000"},{"v":0,"d":"0.000"},{"$f":"ROUND(IF(AND(F4138:H4138),C4138*E4138*F4138*G4138*H4138,IF(AND(F4138,G4138),C4138*E4138*F4138*G4138,IF(AND(F4138,H4138),C4138*E4138*F4138*H4138,IF(AND(G4138,H4138),C4138*E4138*G4138*H4138,IF(F4138,C4138*E4138*F4138,IF(G4138,C4138*E4138*G4138,IF(H4138,C4138*E4138*H4138,C4138*E4138))))))),2)","v":13},"No",{"$nulls":3},"SSR 21-22"]
[{"$nulls":13},"SSR 21-22"]
[{"$nulls":9},"No",{"$f":"'Ele Data'!I629","v":{"v":209,"d":"209.00"}},"SSR 21-22",{"$f":"ROUND(I4140*K4140,0)","v":{"v":0,"d":"0.00"}},"SSR 21-22"]
[12,"Supply of Cover frames for 8 module box",{"$nulls":11},"SSR 21-22"]
[null,"Qty.p.       of M.B.No.299/A/ZP/19",{"$nulls":11},"SSR 21-22"]
[null,"GF and FF",1,"x",4,{"v":0,"d":"0.000"},{"v":0,"d":"0.000"},{"v":0,"d":"0.000"},{"$f":"ROUND(IF(AND(F4143:H4143),C4143*E4143*F4143*G4143*H4143,IF(AND(F4143,G4143),C4143*E4143*F4143*G4143,IF(AND(F4143,H4143),C4143*E4143*F4143*H4143,IF(AND(G4143,H4143),C4143*E4143*G4143*H4143,IF(F4143,C4143*E4143*F4143,IF(G4143,C4143*E4143*G4143,IF(H4143,C4143*E4143*H4143,C4143*E4143))))))),2)","v":4},"No",{"$nulls":3},"SSR 21-22"]
[{"$nulls":13},"SSR 21-22"]
[{"$nulls":9},"No",{"$f":"'Ele Data'!I632","v":{"v":171,"d":"171.00"}},"SSR 21-22",{"$f":"ROUND(I4145*K4145,0)","v":{"v":0,"d":"0.00"}},"SSR 21-22"]
[13,"Supply of Cover frames for 6 module box",{"$nulls":11},"SSR 21-22"]
[null,"Qty.p.       of M.B.No.299/A/ZP/19",{"$nulls":11},"SSR 21-22"]
[null,"GF and FF",1,"x",14,{"v":0,"d":"0.000"},{"v":0,"d":"0.000"},{"v":0,"d":"0.000"},{"$f":"ROUND(IF(AND(F4148:H4148),C4148*E4148*F4148*G4148*H4148,IF(AND(F4148,G4148),C4148*E4148*F4148*G4148,IF(AND(F4148,H4148),C4148*E4148*F4148*H4148,IF(AND(G4148,H4148),C4148*E4148*G4148*H4148,IF(F4148,C4148*E4148*F4148,IF(G4148,C4148*E4148*G4148,IF(H4148,C4148*E4148*H4148,C4148*E4148))))))),2)","v":14},"No",{"$nulls":3},"SSR 21-22"]
[{"$nulls":13},"SSR 21-22"]
[{"$nulls":9},"No",{"$f":"'Ele Data'!I635","v":{"v":132,"d":"132.00"}},"SSR 21-22",{"$f":"ROUND(I4150*K4150,0)","v":{"v":0,"d":"0.00"}},"SSR 21-22"]
[14,"Supply of Cover frames for 18 module box",{"$nulls":11},"SSR 21-22"]
[null,"Qty.P.No.     of M.B.No.",{"$nulls":11},"SSR 21-22"]
[null,"VKC",2,"x",1,{"v":0,"d":"0.000"},{"v":0,"d":"0.000"},{"v":0,"d":"0.000"},{"$f":"ROUND(IF(AND(F4153:H4153),C4153*E4153*F4153*G4153*H4153,IF(AND(F4153,G4153),C4153*E4153*F4153*G4153,IF(AND(F4153,H4153),C4153*E4153*F4153*H4153,IF(AND(G4153,H4153),C4153*E4153*G4153*H4153,IF(F4153,C4153*E4153*F4153,IF(G4153,C4153*E4153*G4153,IF(H4153,C4153*E4153*H4153,C4153*E4153))))))),2)","v":2},"No",{"$nulls":3},"SSR 21-22"]
[{"$nulls":13},"SSR 21-22"]
[{"$nulls":9},"No",{"$f":"'Ele Data'!I642","v":{"v":341,"d":"341.00"}},"SSR 21-22",{"$f":"ROUND(I4155*K4155,0)","v":{"v":0,"d":"0.00"}},"SSR 21-22"]
[14,"Supply of Cover frames for 4 module box",{"$nulls":11},"SSR 21-22"]
[null,"Qty.p.       of M.B.No.299/A/ZP/19",{"$nulls":11},"SSR 21-22"]
[null,"GF and FF",1,"x",3,{"v":0,"d":"0.000"},{"v":0,"d":"0.000"},{"v":0,"d":"0.000"},{"$f":"ROUND(IF(AND(F4158:H4158),C4158*E4158*F4158*G4158*H4158,IF(AND(F4158,G4158),C4158*E4158*F4158*G4158,IF(AND(F4158,H4158),C4158*E4158*F4158*H4158,IF(AND(G4158,H4158),C4158*E4158*G4158*H4158,IF(F4158,C4158*E4158*F4158,IF(G4158,C4158*E4158*G4158,IF(H4158,C4158*E4158*H4158,C4158*E4158))))))),2)","v":3},"No",{"$nulls":3},"SSR 21-22"]
[{"$nulls":13},"SSR 21-22"]
[{"$nulls":9},"No",{"$f":"'Ele Data'!I638","v":{"v":88,"d":"88.00"}},"SSR 21-22",{"$f":"ROUND(I4160*K4160,0)","v":{"v":0,"d":"0.00"}},"SSR 21-22"]
[16,"Supply of Cover frames for 2 module box",{"$nulls":11},"SSR 21-22"]
[null,"Qty.p.     of M.B.No.",{"$nulls":11},"SSR 21-22"]
[null,"GF and FF",1,"x",12,{"v":0,"d":"0.000"},{"v":0,"d":"0.000"},{"v":0,"d":"0.000"},{"$f":"ROUND(IF(AND(F4163:H4163),C4163*E4163*F4163*G4163*H4163,IF(AND(F4163,G4163),C4163*E4163*F4163*G4163,IF(AND(F4163,H4163),C4163*E4163*F4163*H4163,IF(AND(G4163,H4163),C4163*E4163*G4163*H4163,IF(F4163,C4163*E4163*F4163,IF(G4163,C4163*E4163*G4163,IF(H4163,C4163*E4163*H4163,C4163*E4163))))))),2)","v":12},"No",{"$nulls":3},"SSR 21-22"]
[{"$nulls":13},"SSR 21-22"]
[{"$nulls":9},"No",{"$f":"'Ele Data'!I645","v":{"v":66,"d":"66.00"}},"SSR 21-22",{"$f":"ROUND(I4165*K4165,0)","v":{"v":0,"d":"0.00"}},"SSR 21-22"]
[17,"Supply and fixing of 16A 3pin / 6A 3pin  plug socket with indicator lamp and 16Amps  fuse unit and 16 Amps  switch control (5 in one) on decolam sheet covered board including earth connection and all labour charges etc., complete on wall.",{"$nulls":11},"SSR 21-22"]
[null,"Qty.p.     of M.B.No.",{"$nulls":11},"SSR 21-22"]
[null,"GF & FF ",1,"x",17,{"v":0,"d":"0.000"},{"v":0,"d":"0.000"},{"v":0,"d":"0.000"},{"$f":"ROUND(IF(AND(F4168:H4168),C4168*E4168*F4168*G4168*H4168,IF(AND(F4168,G4168),C4168*E4168*F4168*G4168,IF(AND(F4168,H4168),C4168*E4168*F4168*H4168,IF(AND(G4168,H4168),C4168*E4168*G4168*H4168,IF(F4168,C4168*E4168*F4168,IF(G4168,C4168*E4168*G4168,IF(H4168,C4168*E4168*H4168,C4168*E4168))))))),2)","v":17},"No",{"$nulls":3},"SSR 21-22"]
[{"$nulls":13},"SSR 21-22"]
[{"$nulls":9},"No",{"$f":"'Ele Data'!I694","v":{"v":410,"d":"410.00"}},"SSR 21-22",{"$f":"ROUND(I4170*K4170,0)","v":{"v":0,"d":"0.00"}},"SSR 21-22"]
[15,"Supply and fixing of 6A 3/2 pin wall plug socket with 6A switch control on a common switch board with earth continuity including wire leads, earth connections along with all labour charges etc., complete.",{"$nulls":11},"SSR 21-22"]
[null,"Qty.p.7 of M.B.No.299/A/ZP/19",{"$nulls":11},"SSR 21-22"]
[null,"Ground floor",1,"x",30,{"v":0,"d":"0.000"},{"v":0,"d":"0.000"},{"v":0,"d":"0.000"},{"$f":"ROUND(IF(AND(F4173:H4173),C4173*E4173*F4173*G4173*H4173,IF(AND(F4173,G4173),C4173*E4173*F4173*G4173,IF(AND(F4173,H4173),C4173*E4173*F4173*H4173,IF(AND(G4173,H4173),C4173*E4173*G4173*H4173,IF(F4173,C4173*E4173*F4173,IF(G4173,C4173*E4173*G4173,IF(H4173,C4173*E4173*H4173,C4173*E4173))))))),2)","v":30},"No",{"$nulls":3},"SSR 21-22"]
[null,"First floor",1,"x",15,{"v":0,"d":"0.000"},{"v":0,"d":"0.000"},{"v":0,"d":"0.000"},{"$f":"ROUND(IF(AND(F4174:H4174),C4174*E4174*F4174*G4174*H4174,IF(AND(F4174,G4174),C4174*E4174*F4174*G4174,IF(AND(F4174,H4174),C4174*E4174*F4174*H4174,IF(AND(G4174,H4174),C4174*E4174*G4174*H4174,IF(F4174,C4174*E4174*F4174,IF(G4174,C4174*E4174*G4174,IF(H4174,C4174*E4174*H4174,C4174*E4174))))))),2)","v":15},"No",{"$nulls":3},"SSR 21-22"]
[{"$nulls":13},"SSR 21-22"]
[{"$nulls":9},"No",{"$f":"'Ele Data'!I685","v":118.04},"SSR 21-22",{"$f":"ROUND(I4176*K4176,0)","v":{"v":0,"d":"0.00"}},"SSR 21-22"]
[18,"Supply and fixing of 6A 2 pin wall plug socket with 6A switch control on a common switch board with earth continuity including wire leads, earth connections along with all labour charges etc., complete.",{"$nulls":11},"SSR 21-22"]
[null,"Qty.P.No.     of M.B.No.",{"$nulls":11},"SSR 21-22"]
[null,null,1,"x",4,{"v":0,"d":"0.000"},{"v":0,"d":"0.000"},{"v":0,"d":"0.000"},{"$f":"ROUND(IF(AND(F4179:H4179),C4179*E4179*F4179*G4179*H4179,IF(AND(F4179,G4179),C4179*E4179*F4179*G4179,IF(AND(F4179,H4179),C4179*E4179*F4179*H4179,IF(AND(G4179,H4179),C4179*E4179*G4179*H4179,IF(F4179,C4179*E4179*F4179,IF(G4179,C4179*E4179*G4179,IF(H4179,C4179*E4179*H4179,C4179*E4179))))))),2)","v":4},"No",{"$nulls":3},"SSR 21-22"]
[{"$nulls":13},"SSR 21-22"]
[{"$nulls":9},"No",{"$f":"'Ele Data'!I702","v":112.04},"SSR 21-22",{"$f":"ROUND(I4181*K4181,0)","v":{"v":0,"d":"0.00"}},"SSR 21-22"]
[19,"Supply and fixing of 6A flush type Neon Indicator.",{"$nulls":11},"SSR 21-22"]
[null,"Qty.p.     of M.B.No.",{"$nulls":11},"SSR 21-22"]
[null,"GF and FF",1,"x",7,{"v":0,"d":"0.000"},{"v":0,"d":"0.000"},{"v":0,"d":"0.000"},{"$f":"ROUND(IF(AND(F4184:H4184),C4184*E4184*F4184*G4184*H4184,IF(AND(F4184,G4184),C4184*E4184*F4184*G4184,IF(AND(F4184,H4184),C4184*E4184*F4184*H4184,IF(AND(G4184,H4184),C4184*E4184*G4184*H4184,IF(F4184,C4184*E4184*F4184,IF(G4184,C4184*E4184*G4184,IF(H4184,C4184*E4184*H4184,C4184*E4184))))))),2)","v":7},"No",{"$nulls":3},"SSR 21-22"]
[{"$nulls":13},"SSR 21-22"]
[{"$nulls":9},"No",{"$f":"'Ele Data'!I649","v":{"v":20,"d":"20.00"}},"SSR 21-22",{"$f":"ROUND(I4186*K4186,0)","v":{"v":0,"d":"0.00"}},"SSR 21-22"]
[17,"Supply and fixing of ISI mark batten holder / angle holder on existing block, but with bulb including all connections etc., complete ",{"$nulls":11},"SSR 21-22"]
[null,"Qty.p.8 of M.B.No.299/A/ZP/19",{"$nulls":11},"SSR 21-22"]
[null,"GF and FF",1,"x",21,{"v":0,"d":"0.000"},{"v":0,"d":"0.000"},{"v":0,"d":"0.000"},{"$f":"ROUND(IF(AND(F4189:H4189),C4189*E4189*F4189*G4189*H4189,IF(AND(F4189,G4189),C4189*E4189*F4189*G4189,IF(AND(F4189,H4189),C4189*E4189*F4189*H4189,IF(AND(G4189,H4189),C4189*E4189*G4189*H4189,IF(F4189,C4189*E4189*F4189,IF(G4189,C4189*E4189*G4189,IF(H4189,C4189*E4189*H4189,C4189*E4189))))))),2)","v":21},"No",{"$nulls":3},"SSR 21-22"]
[{"$nulls":13},"SSR 21-22"]
[{"$nulls":9},"No",{"$f":"'Ele Data'!I762","v":{"v":122,"d":"122.00"}},"SSR 21-22",{"$f":"ROUND(I4191*K4191,0)","v":{"v":0,"d":"0.00"}},"SSR 21-22"]
[8,"Supply, Transportation and Fixing of 48\" (1200mm) Sweep 5 Star rated Ceiling Fan with double ball bearings but with regulator including all standard accessories and all labour charges etc., complete.",{"$nulls":11},"SSR 21-22"]
[null,"Qty.p.9 of M.B.No.299/A/ZP/19",{"$nulls":11},"SSR 21-22"]
[null,null,1,"x",12,{"v":0,"d":"0.000"},{"v":0,"d":"0.000"},{"v":0,"d":"0.000"},{"$f":"ROUND(IF(AND(F4194:H4194),C4194*E4194*F4194*G4194*H4194,IF(AND(F4194,G4194),C4194*E4194*F4194*G4194,IF(AND(F4194,H4194),C4194*E4194*F4194*H4194,IF(AND(G4194,H4194),C4194*E4194*G4194*H4194,IF(F4194,C4194*E4194*F4194,IF(G4194,C4194*E4194*G4194,IF(H4194,C4194*E4194*H4194,C4194*E4194))))))),2)","v":12},"No",{"$nulls":3},"SSR 21-22"]
[{"$nulls":13},"SSR 21-22"]
[{"$nulls":9},"No",{"$f":"'Ele Data'!I774","v":{"v":3020.3799999999997,"d":"3020.38"}},"SSR 21-22",{"$f":"ROUND(I4196*K4196,0)","v":{"v":0,"d":"0.00"}},"SSR 21-22"]
[18,"S&F of 12 / 15 MS plain rod fan hook",{"$nulls":11},"SSR 21-22"]
[null,"Qty.p.9 of M.B.No.299/A/ZP/19",{"$nulls":11},"SSR 21-22"]
[null,null,1,"x",12,{"v":0,"d":"0.000"},{"v":0,"d":"0.000"},{"v":0,"d":"0.000"},{"$f":"ROUND(IF(AND(F4199:H4199),C4199*E4199*F4199*G4199*H4199,IF(AND(F4199,G4199),C4199*E4199*F4199*G4199,IF(AND(F4199,H4199),C4199*E4199*F4199*H4199,IF(AND(G4199,H4199),C4199*E4199*G4199*H4199,IF(F4199,C4199*E4199*F4199,IF(G4199,C4199*E4199*G4199,IF(H4199,C4199*E4199*H4199,C4199*E4199))))))),2)","v":12},"No",{"$nulls":3},"SSR 21-22"]
[{"$nulls":13},"SSR 21-22"]
[{"$nulls":9},"No",{"$f":"'Ele Data'!I801","v":{"v":208.13000000000002,"d":"208.13"}},"SSR 21-22",{"$f":"ROUND(I4201*K4201,0)","v":{"v":0,"d":"0.00"}},"SSR 21-22"]
[19,"Supply and Transportation of 48\" (1200mm) Sweep 5 star rated Ceiling Fan , with double ball bearings, air delivery more than 200 cubic meter/min but without Regulator.",{"$nulls":11},"SSR 21-22"]
[null,"Qty.p.8 of M.B.No.299/A/ZP/19",{"$nulls":11},"SSR 21-22"]
[null,"GF and FF",1,"x",7,{"v":0,"d":"0.000"},{"v":0,"d":"0.000"},{"v":0,"d":"0.000"},{"$f":"ROUND(IF(AND(F4204:H4204),C4204*E4204*F4204*G4204*H4204,IF(AND(F4204,G4204),C4204*E4204*F4204*G4204,IF(AND(F4204,H4204),C4204*E4204*F4204*H4204,IF(AND(G4204,H4204),C4204*E4204*G4204*H4204,IF(F4204,C4204*E4204*F4204,IF(G4204,C4204*E4204*G4204,IF(H4204,C4204*E4204*H4204,C4204*E4204))))))),2)","v":7},"No",{"$nulls":3},"SSR 21-22"]
[{"$nulls":13},"SSR 21-22"]
[{"$nulls":9},"No",{"$f":"'Ele Data'!I778","v":2671.45},"SSR 21-22",{"$f":"ROUND(I4206*K4206,0)","v":{"v":0,"d":"0.00"}},"SSR 21-22"]
[20,"Supply and fixing of Modular type Electronic fan regulator hum free step type socket size in the existing switch board.",{"$nulls":11},"SSR 21-22"]
[null,"Qty.p.8 of M.B.No.299/A/ZP/19",{"$nulls":11},"SSR 21-22"]
[null,null,1,"x",12,{"v":0,"d":"0.000"},{"v":0,"d":"0.000"},{"v":0,"d":"0.000"},{"$f":"ROUND(IF(AND(F4209:H4209),C4209*E4209*F4209*G4209*H4209,IF(AND(F4209,G4209),C4209*E4209*F4209*G4209,IF(AND(F4209,H4209),C4209*E4209*F4209*H4209,IF(AND(G4209,H4209),C4209*E4209*G4209*H4209,IF(F4209,C4209*E4209*F4209,IF(G4209,C4209*E4209*G4209,IF(H4209,C4209*E4209*H4209,C4209*E4209))))))),2)","v":12},"No",{"$nulls":3},"SSR 21-22"]
[{"$nulls":13},"SSR 21-22"]
[{"$nulls":9},"No",{"$f":"'Ele Data'!I783","v":{"v":263,"d":"263.00"}},"SSR 21-22",{"$f":"ROUND(I4211*K4211,0)","v":{"v":0,"d":"0.00"}},"SSR 21-22"]
[21,"Labour charges for fixing of ceiling fan with regulator including transportation, 3 core  wire leads etc complete",{"$nulls":11},"SSR 21-22"]
[null,"Qty.p.8 of M.B.No.299/A/ZP/19",{"$nulls":11},"SSR 21-22"]
[null,null,1,"x",7,{"v":0,"d":"0.000"},{"v":0,"d":"0.000"},{"v":0,"d":"0.000"},{"$f":"ROUND(IF(AND(F4214:H4214),C4214*E4214*F4214*G4214*H4214,IF(AND(F4214,G4214),C4214*E4214*F4214*G4214,IF(AND(F4214,H4214),C4214*E4214*F4214*H4214,IF(AND(G4214,H4214),C4214*E4214*G4214*H4214,IF(F4214,C4214*E4214*F4214,IF(G4214,C4214*E4214*G4214,IF(H4214,C4214*E4214*H4214,C4214*E4214))))))),2)","v":7},"No",{"$nulls":3},"SSR 21-22"]
[{"$nulls":13},"SSR 21-22"]
[{"$nulls":9},"No",{"$f":"'Ele Data'!I790","v":158.43},"SSR 21-22",{"$f":"ROUND(I4216*K4216,0)","v":{"v":0,"d":"0.00"}},"SSR 21-22"]
[15,"Supply and erecting 19/20mm steel tube down rod of one meter length with bolts & nuts duly painted with matching colour of  fan complete",{"$nulls":11},"SSR 21-22"]
[null,"Qty.p.88 of M.B.No.299/A/ZP/19",{"$nulls":11},"SSR 21-22"]
[null,"Godown",1,"x",2,{"v":0,"d":"0.000"},{"v":0,"d":"0.000"},{"v":0,"d":"0.000"},{"$f":"ROUND(IF(AND(F4219:H4219),C4219*E4219*F4219*G4219*H4219,IF(AND(F4219,G4219),C4219*E4219*F4219*G4219,IF(AND(F4219,H4219),C4219*E4219*F4219*H4219,IF(AND(G4219,H4219),C4219*E4219*G4219*H4219,IF(F4219,C4219*E4219*F4219,IF(G4219,C4219*E4219*G4219,IF(H4219,C4219*E4219*H4219,C4219*E4219))))))),2)","v":2},"No",{"$nulls":3},"SSR 21-22"]
[null,"Secretary room",1,"x",1,{"v":0,"d":"0.000"},{"v":0,"d":"0.000"},{"v":0,"d":"0.000"},{"$f":"ROUND(IF(AND(F4220:H4220),C4220*E4220*F4220*G4220*H4220,IF(AND(F4220,G4220),C4220*E4220*F4220*G4220,IF(AND(F4220,H4220),C4220*E4220*F4220*H4220,IF(AND(G4220,H4220),C4220*E4220*G4220*H4220,IF(F4220,C4220*E4220*F4220,IF(G4220,C4220*E4220*G4220,IF(H4220,C4220*E4220*H4220,C4220*E4220))))))),2)","v":1},"No",{"$nulls":3},"SSR 21-22"]
[null,"Visting Waiting area",1,"x",1,{"v":0,"d":"0.000"},{"v":0,"d":"0.000"},{"v":0,"d":"0.000"},{"$f":"ROUND(IF(AND(F4221:H4221),C4221*E4221*F4221*G4221*H4221,IF(AND(F4221,G4221),C4221*E4221*F4221*G4221,IF(AND(F4221,H4221),C4221*E4221*F4221*H4221,IF(AND(G4221,H4221),C4221*E4221*G4221*H4221,IF(F4221,C4221*E4221*F4221,IF(G4221,C4221*E4221*G4221,IF(H4221,C4221*E4221*H4221,C4221*E4221))))))),2)","v":1},"No",{"$nulls":3},"SSR 21-22"]
[{"$nulls":13},"SSR 21-22"]
[{"$nulls":9},"No",{"$f":"'Ele Data'!I796","v":{"v":147,"d":"147.00"}},"SSR 21-22",{"$f":"ROUND(I4223*K4223,0)","v":{"v":0,"d":"0.00"}},"SSR 21-22"]
[22,"Supply and Transportation and fixing of 1200 mm length,Box type powder coatedtube light luminaire with necessary wiring suitable for fixing 2 Nos retrofit T8 LED tubes but without tube and choke",{"$nulls":11},"SSR 21-22"]
[null,"Qty.p.9 of M.B.No.299/A/ZP/19",{"$nulls":11},"SSR 21-22"]
[null,null,1,"x",14,{"v":0,"d":"0.000"},{"v":0,"d":"0.000"},{"v":0,"d":"0.000"},{"$f":"ROUND(IF(AND(F4226:H4226),C4226*E4226*F4226*G4226*H4226,IF(AND(F4226,G4226),C4226*E4226*F4226*G4226,IF(AND(F4226,H4226),C4226*E4226*F4226*H4226,IF(AND(G4226,H4226),C4226*E4226*G4226*H4226,IF(F4226,C4226*E4226*F4226,IF(G4226,C4226*E4226*G4226,IF(H4226,C4226*E4226*H4226,C4226*E4226))))))),2)","v":14},"No",{"$nulls":3},"SSR 21-22"]
[{"$nulls":13},"SSR 21-22"]
[{"$nulls":9},"No",{"$f":"'Ele Data'!I809","v":395.93},"SSR 21-22",{"$f":"ROUND(I4228*K4228,0)","v":{"v":0,"d":"0.00"}},"SSR 21-22"]
[23,"Supply, transportation and fixing of 20Watt LED Street light Luminaire made of pressure diecast alluminium body with powder coated, having protective toughned glass, Supply Input voltage 120 - 270 V AC, P.F > 0.90, high power LED's System efficacy >110 lm/W and junction temprature < 70°C, with Ingrees protection IP66,",{"$nulls":11},"SSR 21-22"]
[null,"Qty.p.     of M.B.No.",{"$nulls":11},"SSR 21-22"]
[null,null,1,"x",1,{"v":0,"d":"0.000"},{"v":0,"d":"0.000"},{"v":0,"d":"0.000"},{"$f":"ROUND(IF(AND(F4231:H4231),C4231*E4231*F4231*G4231*H4231,IF(AND(F4231,G4231),C4231*E4231*F4231*G4231,IF(AND(F4231,H4231),C4231*E4231*F4231*H4231,IF(AND(G4231,H4231),C4231*E4231*G4231*H4231,IF(F4231,C4231*E4231*F4231,IF(G4231,C4231*E4231*G4231,IF(H4231,C4231*E4231*H4231,C4231*E4231))))))),2)","v":1},"No",{"$nulls":3},"SSR 21-22"]
[{"$nulls":13},"SSR 21-22"]
[{"$nulls":9},"No",{"$f":"'Ele Data'!I852","v":{"v":1822,"d":"1822.00"}},"SSR 21-22",{"$f":"ROUND(I4233*K4233,0)","v":{"v":0,"d":"0.00"}},"SSR 21-22"]
[23,"Supply and transportation of 60 W LED Street light Luminaire made of pressure diecast alluminium body with powder coated, having protective toughned glass, Supply Input voltage 120 - 270 V AC, P.F > 0.90, high power LED's having System efficacy > 100 lm/W and junction temprature < 70°C, with Ingrees protection IP66, Luminaire performance complies to IS 10322 (Part 5 / Sec-3), Driver surge protection 4KV, external Surge protection 10 KV with optics distribution , THD<10% at 110 Volts AC, driver efficiency >90%, CCT: 3000K - 5700K, minimum CRI>70, etc.,",{"$nulls":11},"SSR 21-22"]
[null,"Qty.p.     of M.B.No.",{"$nulls":11},"SSR 21-22"]
[null,null,1,"x",1,{"v":0,"d":"0.000"},{"v":0,"d":"0.000"},{"v":0,"d":"0.000"},{"$f":"ROUND(IF(AND(F4236:H4236),C4236*E4236*F4236*G4236*H4236,IF(AND(F4236,G4236),C4236*E4236*F4236*G4236,IF(AND(F4236,H4236),C4236*E4236*F4236*H4236,IF(AND(G4236,H4236),C4236*E4236*G4236*H4236,IF(F4236,C4236*E4236*F4236,IF(G4236,C4236*E4236*G4236,IF(H4236,C4236*E4236*H4236,C4236*E4236))))))),2)","v":1},"No",{"$nulls":3},"SSR 21-22"]
[{"$nulls":13},"SSR 21-22"]
[{"$nulls":9},"No",{"$f":"'Ele Data'!I855","v":{"v":5428,"d":"5428.00"}},"SSR 21-22",{"$f":"ROUND(I4238*K4238,0)","v":{"v":0,"d":"0.00"}},"SSR 21-22"]
[16,"Supply of 9\" (225mm), Light duty exhaust fan with double ball bearing and wire guard etc complete.",{"$nulls":11},"SSR 21-22"]
[null,"To be done",{"$nulls":11},"SSR 21-22"]
[null,null,1,"x",1,{"v":0,"d":"0.000"},{"v":0,"d":"0.000"},{"v":0,"d":"0.000"},{"$f":"ROUND(IF(AND(F4241:H4241),C4241*E4241*F4241*G4241*H4241,IF(AND(F4241,G4241),C4241*E4241*F4241*G4241,IF(AND(F4241,H4241),C4241*E4241*F4241*H4241,IF(AND(G4241,H4241),C4241*E4241*G4241*H4241,IF(F4241,C4241*E4241*F4241,IF(G4241,C4241*E4241*G4241,IF(H4241,C4241*E4241*H4241,C4241*E4241))))))),2)","v":1},"No",{"$nulls":3},"SSR 21-22"]
[{"$nulls":13},"SSR 21-22"]
[{"$nulls":9},"No",{"$f":"'Ele Data'!I652","v":{"v":1484,"d":"1484.00"}},"SSR 21-22",{"$f":"ROUND(I4243*K4243,0)","v":{"v":0,"d":"0.00"}},"SSR 21-22"]
[23,"Supply and fixing SPN Distribution board with IP-20 protection suitable for single phase Earth Leakage Circute Braker (ELCB) / Residual Current Circute Braker (RCCB) / Double Pole (DP) Isolator as incomer and 10kA SP MCBs as out going including internal connections and labour charges for surface / flush mounting etc., complete.",{"$nulls":11},"SSR 21-22"]
[null,"Qty.p.     of M.B.No.",{"$nulls":11},"SSR 21-22"]
[null,"Ground floor",1,"x",1,{"v":0,"d":"0.000"},{"v":0,"d":"0.000"},{"v":0,"d":"0.000"},{"$f":"ROUND(IF(AND(F4246:H4246),C4246*E4246*F4246*G4246*H4246,IF(AND(F4246,G4246),C4246*E4246*F4246*G4246,IF(AND(F4246,H4246),C4246*E4246*F4246*H4246,IF(AND(G4246,H4246),C4246*E4246*G4246*H4246,IF(F4246,C4246*E4246*F4246,IF(G4246,C4246*E4246*G4246,IF(H4246,C4246*E4246*H4246,C4246*E4246))))))),2)","v":1},"No",{"$nulls":3},"SSR 21-22"]
[null,"First floor",1,"x",1,{"v":0,"d":"0.000"},{"v":0,"d":"0.000"},{"v":0,"d":"0.000"},{"$f":"ROUND(IF(AND(F4247:H4247),C4247*E4247*F4247*G4247*H4247,IF(AND(F4247,G4247),C4247*E4247*F4247*G4247,IF(AND(F4247,H4247),C4247*E4247*F4247*H4247,IF(AND(G4247,H4247),C4247*E4247*G4247*H4247,IF(F4247,C4247*E4247*F4247,IF(G4247,C4247*E4247*G4247,IF(H4247,C4247*E4247*H4247,C4247*E4247))))))),2)","v":1},"No",{"$nulls":3},"SSR 21-22"]
[{"$nulls":13},"SSR 21-22"]
[{"$nulls":9},"No",{"$f":"'Ele Data'!I820","v":{"v":3255,"d":"3255.00"}},"SSR 21-22",{"$f":"ROUND(I4249*K4249,0)","v":{"v":0,"d":"0.00"}},"SSR 21-22"]
[24,"Supply and fixing of 2 Nos of 32A, 240V Porcelain Rewirable Fuse Units of  makes : GM / Sputnik / Kundancab / Million / Gold Medal  / Vimal / Star / Benlo on 12\" x 18\" peta board with connections and labour charges etc complete.",{"$nulls":11},"SSR 21-22"]
[null,"Qty.p.     of M.B.No.299/A/ZP/19",{"$nulls":11},"SSR 21-22"]
[null,null,1,"x",1,{"v":0,"d":"0.000"},{"v":0,"d":"0.000"},{"v":0,"d":"0.000"},{"$f":"ROUND(IF(AND(F4252:H4252),C4252*E4252*F4252*G4252*H4252,IF(AND(F4252,G4252),C4252*E4252*F4252*G4252,IF(AND(F4252,H4252),C4252*E4252*F4252*H4252,IF(AND(G4252,H4252),C4252*E4252*G4252*H4252,IF(F4252,C4252*E4252*F4252,IF(G4252,C4252*E4252*G4252,IF(H4252,C4252*E4252*H4252,C4252*E4252))))))),2)","v":1},"No",{"$nulls":3},"SSR 21-22"]
[{"$nulls":13},"SSR 21-22"]
[{"$nulls":9},"No",{"$f":"'Ele Data'!I830","v":{"v":1005.6,"d":"1005.60"}},"SSR 21-22",{"$f":"ROUND(I4254*K4254,0)","v":{"v":0,"d":"0.00"}},"SSR 21-22"]
[25,"Providing independent earthling by excavating a pit to a depth of 2.25Mt in all soils, as per size specified in the Data, using 40mm dia 'B' class GI pipe of 2.5 Mtrs length with necessary No.8 G.I. double earth wire and accessories with 18\" dia 2\" thick hume pipe ring duly providing staggered holes  including filling with 20Kg Salt and 40Kg Charcoal or 40Kg bentonite powder in layers and all labour charges etc., complete.",{"$nulls":11},"SSR 21-22"]
[null,"Qty.p.10 of M.B.No.299/A/ZP/19",{"$nulls":11},"SSR 21-22"]
[null,null,1,"x",1,{"v":0,"d":"0.000"},{"v":0,"d":"0.000"},{"v":0,"d":"0.000"},{"$f":"ROUND(IF(AND(F4257:H4257),C4257*E4257*F4257*G4257*H4257,IF(AND(F4257,G4257),C4257*E4257*F4257*G4257,IF(AND(F4257,H4257),C4257*E4257*F4257*H4257,IF(AND(G4257,H4257),C4257*E4257*G4257*H4257,IF(F4257,C4257*E4257*F4257,IF(G4257,C4257*E4257*G4257,IF(H4257,C4257*E4257*H4257,C4257*E4257))))))),2)","v":1},"No",{"$nulls":3},"SSR 21-22"]
[{"$nulls":13},"SSR 21-22"]
[{"$nulls":9},"No",{"$f":"'Ele Data'!I849","v":{"v":3771.935,"d":"3771.94"}},"SSR 21-22",{"$f":"ROUND(I4259*K4259,0)","v":{"v":0,"d":"0.00"}},"SSR 21-22"]
[null,"As per SSR 2022-23",{"$nulls":11},"SSR 22-23"]
[2,"Supply and Fixing of ISI  25mm outer dia medium (1.80mm thickness) grade with IS:9537 part 3 regid PVC pipe with PVC / Metallic Junction boxes and all accessories  including Fixing of existing suitable size Consealed box PVC / MS with hook for fan including all labour charges etc., complete.",{"$nulls":11},"SSR 22-23"]
[null,"Qty.p.4 of M.B.No.299/A/ZP/19",{"$nulls":11},"SSR 22-23"]
[null,"Secretary room",1,"x",1,{"v":8.5,"d":"8.50"},{"v":0,"d":"0.000"},{"v":0,"d":"0.000"},{"$f":"ROUND(IF(AND(F4263:H4263),C4263*E4263*F4263*G4263*H4263,IF(AND(F4263,G4263),C4263*E4263*F4263*G4263,IF(AND(F4263,H4263),C4263*E4263*F4263*H4263,IF(AND(G4263,H4263),C4263*E4263*G4263*H4263,IF(F4263,C4263*E4263*F4263,IF(G4263,C4263*E4263*G4263,IF(H4263,C4263*E4263*H4263,C4263*E4263))))))),2)","v":{"v":8.5,"d":"8.50"}},"Rm",{"$nulls":3},"SSR 22-23"]
[{"$nulls":13},"SSR 22-23"]
[{"$nulls":9},"Rm",{"$f":"'Ele Data'!I868","v":80.18},"SSR 22-23",{"$f":"ROUND(I4265*K4265,0)","v":{"v":0,"d":"0.00"}},"SSR 22-23"]
[26,"Supplying and Fixing of 25mm dia 2.2 mm thick PVC Conduit pipe concealed in wall with all required accessories including chiseling the wall wherever necessity including masonry work for Light, Fan and separate plug point with wooden.Deep box including all labour charges etc ",{"$nulls":11},"SSR 22-23"]
[null,"Qty.p.74 of M.B.No.790/A/ZP/19",null,"27.09.2023",{"$nulls":9},"SSR 22-23"]
[null,null,1,"x",1,{"v":90,"d":"90.000"},{"v":0,"d":"0.000"},{"v":0,"d":"0.000"},{"$f":"ROUND(IF(AND(F4268:H4268),C4268*E4268*F4268*G4268*H4268,IF(AND(F4268,G4268),C4268*E4268*F4268*G4268,IF(AND(F4268,H4268),C4268*E4268*F4268*H4268,IF(AND(G4268,H4268),C4268*E4268*G4268*H4268,IF(F4268,C4268*E4268*F4268,IF(G4268,C4268*E4268*G4268,IF(H4268,C4268*E4268*H4268,C4268*E4268))))))),2)","v":{"v":90,"d":"90.00"}},"Rm",{"$nulls":3},"SSR 22-23"]
[{"$nulls":13},"SSR 22-23"]
[{"$nulls":9},"Rm",{"$f":"'Ele Data'!I883","v":89.61},"SSR 22-23",{"$f":"ROUND(I4270*K4270,0)","v":{"v":0,"d":"0.00"}},"SSR 22-23"]
[3,"Labour charges for Grooves 2-3mm thick for PVC pipes",{"$nulls":11},"SSR 22-23"]
[null,"Qty.p. 2 of M.B.No.435-C/2017-18",{"$nulls":11},"SSR 22-23"]
[null,"For water pipes",{"$nulls":11},"SSR 22-23"]
[null,"Ladies tiolet",1,"x",1,{"v":4,"d":"4.000"},{"v":0,"d":"0.000"},{"v":0,"d":"0.000"},{"$f":"ROUND(IF(AND(F4274:H4274),C4274*E4274*F4274*G4274*H4274,IF(AND(F4274,G4274),C4274*E4274*F4274*G4274,IF(AND(F4274,H4274),C4274*E4274*F4274*H4274,IF(AND(G4274,H4274),C4274*E4274*G4274*H4274,IF(F4274,C4274*E4274*F4274,IF(G4274,C4274*E4274*G4274,IF(H4274,C4274*E4274*H4274,C4274*E4274))))))),2)","v":{"v":4,"d":"4.00"}},"Rm",{"$nulls":3},"SSR 22-23"]
[null,"Gents tiolet",1,"x",1,{"v":1.8,"d":"1.800"},{"v":0,"d":"0.000"},{"v":0,"d":"0.000"},{"$f":"ROUND(IF(AND(F4275:H4275),C4275*E4275*F4275*G4275*H4275,IF(AND(F4275,G4275),C4275*E4275*F4275*G4275,IF(AND(F4275,H4275),C4275*E4275*F4275*H4275,IF(AND(G4275,H4275),C4275*E4275*G4275*H4275,IF(F4275,C4275*E4275*F4275,IF(G4275,C4275*E4275*G4275,IF(H4275,C4275*E4275*H4275,C4275*E4275))))))),2)","v":{"v":1.8,"d":"1.80"}},"Rm",{"$nulls":3},"SSR 22-23"]
[null,"Sarpanch tiolet",1,"x",1,{"v":2,"d":"2.000"},{"v":0,"d":"0.000"},{"v":0,"d":"0.000"},{"$f":"ROUND(IF(AND(F4276:H4276),C4276*E4276*F4276*G4276*H4276,IF(AND(F4276,G4276),C4276*E4276*F4276*G4276,IF(AND(F4276,H4276),C4276*E4276*F4276*H4276,IF(AND(G4276,H4276),C4276*E4276*G4276*H4276,IF(F4276,C4276*E4276*F4276,IF(G4276,C4276*E4276*G4276,IF(H4276,C4276*E4276*H4276,C4276*E4276))))))),2)","v":{"v":2,"d":"2.00"}},"Rm",{"$nulls":3},"SSR 22-23"]
[{"$nulls":13},"SSR 22-23"]
[{"$nulls":9},"Rm",{"$f":"'Ele Data'!I887","v":{"v":64,"d":"64.00"}},"SSR 22-23",{"$f":"ROUND(I4278*K4278,0)","v":{"v":0,"d":"0.00"}},"SSR 22-23"]
[33,"Supply of  Hot Dip galvanized 20/18 SWG Module box with earthing terminal for 12 Module box",{"$nulls":11},"SSR 22-23"]
[null,"Qty.p.5 of M.B.No.158/B/ZP/22",{"$nulls":11},"SSR 22-23"]
[null,null,1,"x",9,{"v":0,"d":"0.000"},{"v":0,"d":"0.000"},{"v":0,"d":"0.000"},{"$f":"ROUND(IF(AND(F4281:H4281),C4281*E4281*F4281*G4281*H4281,IF(AND(F4281,G4281),C4281*E4281*F4281*G4281,IF(AND(F4281,H4281),C4281*E4281*F4281*H4281,IF(AND(G4281,H4281),C4281*E4281*G4281*H4281,IF(F4281,C4281*E4281*F4281,IF(G4281,C4281*E4281*G4281,IF(H4281,C4281*E4281*H4281,C4281*E4281))))))),2)","v":9},"No",{"$nulls":3},"SSR 22-23"]
[{"$nulls":13},"SSR 22-23"]
[{"$nulls":9},"No",{"$f":"'Ele Data'!I890","v":{"v":245,"d":"245.00"}},"SSR 22-23",{"$f":"ROUND(I4283*K4283,0)","v":{"v":0,"d":"0.00"}},"SSR 22-23"]
[34,"Supply of  Hot Dip galvanized 20/18 SWG Module box with earthing terminal for 8 Module box",{"$nulls":11},"SSR 22-23"]
[null,"Qty.p.5 of M.B.No.158/B/ZP/22",{"$nulls":11},"SSR 22-23"]
[null,null,1,"x",1,{"v":0,"d":"0.000"},{"v":0,"d":"0.000"},{"v":0,"d":"0.000"},{"$f":"ROUND(IF(AND(F4286:H4286),C4286*E4286*F4286*G4286*H4286,IF(AND(F4286,G4286),C4286*E4286*F4286*G4286,IF(AND(F4286,H4286),C4286*E4286*F4286*H4286,IF(AND(G4286,H4286),C4286*E4286*G4286*H4286,IF(F4286,C4286*E4286*F4286,IF(G4286,C4286*E4286*G4286,IF(H4286,C4286*E4286*H4286,C4286*E4286))))))),2)","v":1},"No",{"$nulls":3},"SSR 22-23"]
[{"$nulls":13},"SSR 22-23"]
[{"$nulls":9},"No",{"$f":"'Ele Data'!I893","v":{"v":203,"d":"203.00"}},"SSR 22-23",{"$f":"ROUND(I4288*K4288,0)","v":{"v":0,"d":"0.00"}},"SSR 22-23"]
[5,"Supply of  Hot Dip galvanized 20/18 SWG Module box with earthing terminal for 6 Module box",{"$nulls":11},"SSR 22-23"]
[null,"Qty.p.6 of M.B.No.299/A/ZP/19",{"$nulls":11},"SSR 22-23"]
[null,"GF and FF",1,"x",14,{"v":0,"d":"0.000"},{"v":0,"d":"0.000"},{"v":0,"d":"0.000"},{"$f":"ROUND(IF(AND(F4291:H4291),C4291*E4291*F4291*G4291*H4291,IF(AND(F4291,G4291),C4291*E4291*F4291*G4291,IF(AND(F4291,H4291),C4291*E4291*F4291*H4291,IF(AND(G4291,H4291),C4291*E4291*G4291*H4291,IF(F4291,C4291*E4291*F4291,IF(G4291,C4291*E4291*G4291,IF(H4291,C4291*E4291*H4291,C4291*E4291))))))),2)","v":14},"No",{"$nulls":3},"SSR 22-23"]
[{"$nulls":13},"SSR 22-23"]
[{"$nulls":9},"No",{"$f":"'Ele Data'!I896","v":{"v":155,"d":"155.00"}},"SSR 22-23",{"$f":"ROUND(I4293*K4293,0)","v":{"v":0,"d":"0.00"}},"SSR 22-23"]
[4,"Supply of  Hot Dip galvanized 20/18 SWG Module box with earthing terminal for 16 Module box",{"$nulls":11},"SSR 22-23"]
[null,"Qty.p.3 of M.B.No.299/A/ZP/19",{"$nulls":11},"SSR 22-23"]
[null,"Carridor",1,"x",1,{"v":0,"d":"0.000"},{"v":0,"d":"0.000"},{"v":0,"d":"0.000"},{"$f":"ROUND(IF(AND(F4296:H4296),C4296*E4296*F4296*G4296*H4296,IF(AND(F4296,G4296),C4296*E4296*F4296*G4296,IF(AND(F4296,H4296),C4296*E4296*F4296*H4296,IF(AND(G4296,H4296),C4296*E4296*G4296*H4296,IF(F4296,C4296*E4296*F4296,IF(G4296,C4296*E4296*G4296,IF(H4296,C4296*E4296*H4296,C4296*E4296))))))),2)","v":1},"No",{"$nulls":3},"SSR 22-23"]
[null,"Agristore",1,"x",1,{"v":0,"d":"0.000"},{"v":0,"d":"0.000"},{"v":0,"d":"0.000"},{"$f":"ROUND(IF(AND(F4297:H4297),C4297*E4297*F4297*G4297*H4297,IF(AND(F4297,G4297),C4297*E4297*F4297*G4297,IF(AND(F4297,H4297),C4297*E4297*F4297*H4297,IF(AND(G4297,H4297),C4297*E4297*G4297*H4297,IF(F4297,C4297*E4297*F4297,IF(G4297,C4297*E4297*G4297,IF(H4297,C4297*E4297*H4297,C4297*E4297))))))),2)","v":1},"No",{"$nulls":3},"SSR 22-23"]
[null,"Demo quipment",1,"x",1,{"v":0,"d":"0.000"},{"v":0,"d":"0.000"},{"v":0,"d":"0.000"},{"$f":"ROUND(IF(AND(F4298:H4298),C4298*E4298*F4298*G4298*H4298,IF(AND(F4298,G4298),C4298*E4298*F4298*G4298,IF(AND(F4298,H4298),C4298*E4298*F4298*H4298,IF(AND(G4298,H4298),C4298*E4298*G4298*H4298,IF(F4298,C4298*E4298*F4298,IF(G4298,C4298*E4298*G4298,IF(H4298,C4298*E4298*H4298,C4298*E4298))))))),2)","v":1},"No",{"$nulls":3},"SSR 22-23"]
[null,"Meeting Hall",1,"x",2,{"v":0,"d":"0.000"},{"v":0,"d":"0.000"},{"v":0,"d":"0.000"},{"$f":"ROUND(IF(AND(F4299:H4299),C4299*E4299*F4299*G4299*H4299,IF(AND(F4299,G4299),C4299*E4299*F4299*G4299,IF(AND(F4299,H4299),C4299*E4299*F4299*H4299,IF(AND(G4299,H4299),C4299*E4299*G4299*H4299,IF(F4299,C4299*E4299*F4299,IF(G4299,C4299*E4299*G4299,IF(H4299,C4299*E4299*H4299,C4299*E4299))))))),2)","v":2},"No",{"$nulls":3},"SSR 22-23"]
[{"$nulls":13},"SSR 22-23"]
[{"$nulls":9},"No",{"$f":"'Ele Data'!I907","v":{"v":359,"d":"359.00"}},"SSR 22-23",{"$f":"ROUND(I4301*K4301,0)","v":{"v":0,"d":"0.00"}},"SSR 22-23"]
[6,"Supply of  Hot Dip galvanized 20/18 SWG Module box with earthing terminal for 18 Module box",{"$nulls":11},"SSR 22-23"]
[null,"Qty.P.No.     of M.B.No.",{"$nulls":11},"SSR 22-23"]
[null,"VKC",2,"x",1,{"v":0,"d":"0.000"},{"v":0,"d":"0.000"},{"v":0,"d":"0.000"},{"$f":"ROUND(IF(AND(F4304:H4304),C4304*E4304*F4304*G4304*H4304,IF(AND(F4304,G4304),C4304*E4304*F4304*G4304,IF(AND(F4304,H4304),C4304*E4304*F4304*H4304,IF(AND(G4304,H4304),C4304*E4304*G4304*H4304,IF(F4304,C4304*E4304*F4304,IF(G4304,C4304*E4304*G4304,IF(H4304,C4304*E4304*H4304,C4304*E4304))))))),2)","v":2},"No",{"$nulls":3},"SSR 22-23"]
[{"$nulls":13},"SSR 22-23"]
[{"$nulls":9},"No",{"$f":"'Ele Data'!I903","v":{"v":400,"d":"400.00"}},"SSR 22-23",{"$f":"ROUND(I4306*K4306,0)","v":{"v":0,"d":"0.00"}},"SSR 22-23"]
[6,"Supply of  Hot Dip galvanized 20/18 SWG Module box with earthing terminal for 4 Module box",{"$nulls":11},"SSR 22-23"]
[null,"Qty.p.6 of M.B.No.299/A/ZP/19",{"$nulls":11},"SSR 22-23"]
[null,"GF and FF",1,"x",3,{"v":0,"d":"0.000"},{"v":0,"d":"0.000"},{"v":0,"d":"0.000"},{"$f":"ROUND(IF(AND(F4309:H4309),C4309*E4309*F4309*G4309*H4309,IF(AND(F4309,G4309),C4309*E4309*F4309*G4309,IF(AND(F4309,H4309),C4309*E4309*F4309*H4309,IF(AND(G4309,H4309),C4309*E4309*G4309*H4309,IF(F4309,C4309*E4309*F4309,IF(G4309,C4309*E4309*G4309,IF(H4309,C4309*E4309*H4309,C4309*E4309))))))),2)","v":3},"No",{"$nulls":3},"SSR 22-23"]
[{"$nulls":13},"SSR 22-23"]
[{"$nulls":9},"No",{"$f":"'Ele Data'!I899","v":{"v":114,"d":"114.00"}},"SSR 22-23",{"$f":"ROUND(I4311*K4311,0)","v":{"v":0,"d":"0.00"}},"SSR 22-23"]
[7,"Supply of  Hot Dip galvanized 20/18 SWG Module box with earthing terminal for 2 Module box",{"$nulls":11},"SSR 22-23"]
[null,"Qty.p.     of M.B.No.",{"$nulls":11},"SSR 22-23"]
[null,"GF and FF",1,"x",12,{"v":0,"d":"0.000"},{"v":0,"d":"0.000"},{"v":0,"d":"0.000"},{"$f":"ROUND(IF(AND(F4314:H4314),C4314*E4314*F4314*G4314*H4314,IF(AND(F4314,G4314),C4314*E4314*F4314*G4314,IF(AND(F4314,H4314),C4314*E4314*F4314*H4314,IF(AND(G4314,H4314),C4314*E4314*G4314*H4314,IF(F4314,C4314*E4314*F4314,IF(G4314,C4314*E4314*G4314,IF(H4314,C4314*E4314*H4314,C4314*E4314))))))),2)","v":12},"No",{"$nulls":3},"SSR 22-23"]
[{"$nulls":13},"SSR 22-23"]
[{"$nulls":9},"No",{"$f":"'Ele Data'!I910","v":{"v":68,"d":"68.00"}},"SSR 22-23",{"$f":"ROUND(I4316*K4316,0)","v":{"v":0,"d":"0.00"}},"SSR 22-23"]
[35,"Wiring with run of 2 of 14/0.3mm (1.0 Sq.mm) FRLS / HFFR PVC insulated flexible ISI mark copper cable in existing PVC conduit pipe including Supply and fixing of Jumbo Ceiling rose and 6A/10A ISI Mark 1way flush type switch  in existing Surface or Concealed pipe wiring including cost and conveyance of all material and all labour charges etc., complete for light and bell  points",{"$nulls":11},"SSR 22-23"]
[null,"Qty.p.6 of M.B.No.158/B/ZP/22",{"$nulls":11},"SSR 22-23"]
[null,"tube light",1,"x",7,{"v":0,"d":"0.000"},{"v":0,"d":"0.000"},{"v":0,"d":"0.000"},{"$f":"ROUND(IF(AND(F4319:H4319),C4319*E4319*F4319*G4319*H4319,IF(AND(F4319,G4319),C4319*E4319*F4319*G4319,IF(AND(F4319,H4319),C4319*E4319*F4319*H4319,IF(AND(G4319,H4319),C4319*E4319*G4319*H4319,IF(F4319,C4319*E4319*F4319,IF(G4319,C4319*E4319*G4319,IF(H4319,C4319*E4319*H4319,C4319*E4319))))))),2)","v":7},"Point",{"$nulls":3},"SSR 22-23"]
[null,"bulb point",1,"x",10,{"v":0,"d":"0.000"},{"v":0,"d":"0.000"},{"v":0,"d":"0.000"},{"$f":"ROUND(IF(AND(F4320:H4320),C4320*E4320*F4320*G4320*H4320,IF(AND(F4320,G4320),C4320*E4320*F4320*G4320,IF(AND(F4320,H4320),C4320*E4320*F4320*H4320,IF(AND(G4320,H4320),C4320*E4320*G4320*H4320,IF(F4320,C4320*E4320*F4320,IF(G4320,C4320*E4320*G4320,IF(H4320,C4320*E4320*H4320,C4320*E4320))))))),2)","v":10},"Point",{"$nulls":3},"SSR 22-23"]
[{"$nulls":13},"SSR 22-23"]
[{"$nulls":9},"Point",{"$f":"'Ele Data'!I948","v":481.67},"SSR 22-23",{"$f":"ROUND(I4322*K4322,0)","v":{"v":0,"d":"0.00"}},"SSR 22-23"]
[34,"Wiring with run of 2 of 14/0.3mm (1.0 Sq.mm) FRLS / HFFR PVC insulated flexible ISI mark copper cable in existing PVC conduit pipe including Supply and fixing of Jumbo Ceiling rose and 6A/10A ISI Mark 1way flush type switch  in existing Surface or Concealed pipe wiring including cost and conveyance of all material and all labour charges etc., complete for Fan points",{"$nulls":11},"SSR 22-23"]
[null,"Qty.p.     of M.B.No.790/A/ZP/19",{"$nulls":11},"SSR 22-23"]
[null,"Fan point",1,"x",5,{"v":0,"d":"0.000"},{"v":0,"d":"0.000"},{"v":0,"d":"0.000"},{"$f":"ROUND(IF(AND(F4325:H4325),C4325*E4325*F4325*G4325*H4325,IF(AND(F4325,G4325),C4325*E4325*F4325*G4325,IF(AND(F4325,H4325),C4325*E4325*F4325*H4325,IF(AND(G4325,H4325),C4325*E4325*G4325*H4325,IF(F4325,C4325*E4325*F4325,IF(G4325,C4325*E4325*G4325,IF(H4325,C4325*E4325*H4325,C4325*E4325))))))),2)","v":5},"Point",{"$nulls":3},"SSR 22-23"]
[{"$nulls":13},"SSR 22-23"]
[{"$nulls":9},"Point",{"$f":"'Ele Data'!I961","v":503.67},"SSR 22-23",{"$f":"ROUND(I4327*K4327,0)","v":{"v":0,"d":"0.00"}},"SSR 22-23"]
[35,"Supply and  run of 1 of 14 /0.3mm (1.0 Sq.mm) FR P.V.C. insulated flexible copper cable in existing pipe for earth and invertor continuity including all labour charges etc., complete.",{"$nulls":11},"SSR 22-23"]
[null,"Qty.p.     of M.B.No.790/A/ZP/19",{"$nulls":11},"SSR 22-23"]
[null,"For Earthing & invertor",1,"x",2,{"v":70,"d":"70.00"},{"v":0,"d":"0.000"},{"v":0,"d":"0.000"},{"$f":"ROUND(IF(AND(F4330:H4330),C4330*E4330*F4330*G4330*H4330,IF(AND(F4330,G4330),C4330*E4330*F4330*G4330,IF(AND(F4330,H4330),C4330*E4330*F4330*H4330,IF(AND(G4330,H4330),C4330*E4330*G4330*H4330,IF(F4330,C4330*E4330*F4330,IF(G4330,C4330*E4330*G4330,IF(H4330,C4330*E4330*H4330,C4330*E4330))))))),2)","v":{"v":140,"d":"140.00"}},"Rm",{"$nulls":3},"SSR 22-23"]
[{"$nulls":13},"SSR 22-23"]
[{"$nulls":9},"Rm",{"$f":"'Ele Data'!I1006","v":23.55},"SSR 22-23",{"$f":"ROUND(I4332*K4332,0)","v":{"v":0,"d":"0.00"}},"SSR 22-23"]
[36,"Supply and  Run of 2 of 22/0.3mm (1.50 Sq.mm) with  Run 1 of 22/0.3mm(1.5Sqmm)  FRLS / HFFR PVC insulated flexible ISI mark copper cable in existing pipe for run of mains inlcuding all labour charges etc., complete.",{"$nulls":11},"SSR 22-23"]
[null,"Qty.p.6 of M.B.No.158/B/ZP/22",{"$nulls":11},"SSR 22-23"]
[null,"examination room",1,"x",1,{"v":25,"d":"25.000"},{"v":0,"d":"0.000"},{"v":0,"d":"0.000"},{"$f":"ROUND(IF(AND(F4335:H4335),C4335*E4335*F4335*G4335*H4335,IF(AND(F4335,G4335),C4335*E4335*F4335*G4335,IF(AND(F4335,H4335),C4335*E4335*F4335*H4335,IF(AND(G4335,H4335),C4335*E4335*G4335*H4335,IF(F4335,C4335*E4335*F4335,IF(G4335,C4335*E4335*G4335,IF(H4335,C4335*E4335*H4335,C4335*E4335))))))),2)","v":{"v":25,"d":"25.00"}},"Rm",{"$nulls":3},"SSR 22-23"]
[null,"Agri input",1,"x",1,{"v":10,"d":"10.000"},{"v":0,"d":"0.000"},{"v":0,"d":"0.000"},{"$f":"ROUND(IF(AND(F4336:H4336),C4336*E4336*F4336*G4336*H4336,IF(AND(F4336,G4336),C4336*E4336*F4336*G4336,IF(AND(F4336,H4336),C4336*E4336*F4336*H4336,IF(AND(G4336,H4336),C4336*E4336*G4336*H4336,IF(F4336,C4336*E4336*F4336,IF(G4336,C4336*E4336*G4336,IF(H4336,C4336*E4336*H4336,C4336*E4336))))))),2)","v":{"v":10,"d":"10.00"}},"Rm",{"$nulls":3},"SSR 22-23"]
[null,"Carridor",1,"x",1,{"v":10,"d":"10.000"},{"v":0,"d":"0.000"},{"v":0,"d":"0.000"},{"$f":"ROUND(IF(AND(F4337:H4337),C4337*E4337*F4337*G4337*H4337,IF(AND(F4337,G4337),C4337*E4337*F4337*G4337,IF(AND(F4337,H4337),C4337*E4337*F4337*H4337,IF(AND(G4337,H4337),C4337*E4337*G4337*H4337,IF(F4337,C4337*E4337*F4337,IF(G4337,C4337*E4337*G4337,IF(H4337,C4337*E4337*H4337,C4337*E4337))))))),2)","v":{"v":10,"d":"10.00"}},"Rm",{"$nulls":3},"SSR 22-23"]
[null,"Demo quipment",1,"x",1,{"v":10,"d":"10.000"},{"v":0,"d":"0.000"},{"v":0,"d":"0.000"},{"$f":"ROUND(IF(AND(F4338:H4338),C4338*E4338*F4338*G4338*H4338,IF(AND(F4338,G4338),C4338*E4338*F4338*G4338,IF(AND(F4338,H4338),C4338*E4338*F4338*H4338,IF(AND(G4338,H4338),C4338*E4338*G4338*H4338,IF(F4338,C4338*E4338*F4338,IF(G4338,C4338*E4338*G4338,IF(H4338,C4338*E4338*H4338,C4338*E4338))))))),2)","v":{"v":10,"d":"10.00"}},"Rm",{"$nulls":3},"SSR 22-23"]
[null,"Verandah",1,"x",1,{"v":5,"d":"5.000"},{"v":0,"d":"0.000"},{"v":0,"d":"0.000"},{"$f":"ROUND(IF(AND(F4339:H4339),C4339*E4339*F4339*G4339*H4339,IF(AND(F4339,G4339),C4339*E4339*F4339*G4339,IF(AND(F4339,H4339),C4339*E4339*F4339*H4339,IF(AND(G4339,H4339),C4339*E4339*G4339*H4339,IF(F4339,C4339*E4339*F4339,IF(G4339,C4339*E4339*G4339,IF(H4339,C4339*E4339*H4339,C4339*E4339))))))),2)","v":{"v":5,"d":"5.00"}},"Rm",{"$nulls":3},"SSR 22-23"]
[{"$nulls":13},"SSR 22-23"]
[{"$nulls":9},"Rm",{"$f":"'Ele Data'!I998","v":79.48},"SSR 22-23",{"$f":"ROUND(I4341*K4341,0)","v":{"v":0,"d":"0.00"}},"SSR 22-23"]
[32,"Supply and  Run of 2 of 36/0.3mm (2.50 Sq.mm) with  Run 1 of 22/0.3mm(1.5Sqmm)  FRLS / HFFR PVC insulated flexible ISI mark copper cable in existing pipe for run of mains inlcuding all labour charges etc., complete.",{"$nulls":11},"SSR 22-23"]
[null,"Qty.p. 62  of M.B.No.790/A/ZP/19",null,"29.12.2023",{"$nulls":9},"SSR 22-23"]
[null,null,1,"x",1,{"v":60,"d":"60.00"},{"v":0,"d":"0.000"},{"v":0,"d":"0.000"},{"$f":"ROUND(IF(AND(F4344:H4344),C4344*E4344*F4344*G4344*H4344,IF(AND(F4344,G4344),C4344*E4344*F4344*G4344,IF(AND(F4344,H4344),C4344*E4344*F4344*H4344,IF(AND(G4344,H4344),C4344*E4344*G4344*H4344,IF(F4344,C4344*E4344*F4344,IF(G4344,C4344*E4344*G4344,IF(H4344,C4344*E4344*H4344,C4344*E4344))))))),2)","v":{"v":60,"d":"60.00"}},"Rm",{"$nulls":3},"SSR 22-23"]
[null,null,1,"x",1,{"v":80,"d":"80.00"},{"v":0,"d":"0.000"},{"v":0,"d":"0.000"},{"$f":"ROUND(IF(AND(F4345:H4345),C4345*E4345*F4345*G4345*H4345,IF(AND(F4345,G4345),C4345*E4345*F4345*G4345,IF(AND(F4345,H4345),C4345*E4345*F4345*H4345,IF(AND(G4345,H4345),C4345*E4345*G4345*H4345,IF(F4345,C4345*E4345*F4345,IF(G4345,C4345*E4345*G4345,IF(H4345,C4345*E4345*H4345,C4345*E4345))))))),2)","v":{"v":80,"d":"80.00"}},"Rm",{"$nulls":3},"SSR 22-23"]
[{"$nulls":13},"SSR 22-23"]
[{"$nulls":9},"Rm",{"$f":"'Ele Data'!I1016","v":{"v":83.3335,"d":"83.33"}},"SSR 22-23",{"$f":"ROUND(I4347*K4347,0)","v":{"v":0,"d":"0.00"}},"SSR 22-23"]
[10,"Supply and  Run of 2 of 56/0.3mm (4.00 Sq.mm) with  Run 1 of 22/0.3mm(1.5Sqmm)  FRLS / HFFR PVC insulated flexible ISI mark copper cable in existing pipe for run of mains inlcuding all labour charges etc., complete",{"$nulls":11},"SSR 22-23"]
[null,"Qty.p.5 of M.B.No.148/B/ZP/22",{"$nulls":11},"SSR 22-23"]
[null,null,1,"x",1,{"v":25,"d":"25.00"},{"v":0,"d":"0.000"},{"v":0,"d":"0.000"},{"$f":"ROUND(IF(AND(F4350:H4350),C4350*E4350*F4350*G4350*H4350,IF(AND(F4350,G4350),C4350*E4350*F4350*G4350,IF(AND(F4350,H4350),C4350*E4350*F4350*H4350,IF(AND(G4350,H4350),C4350*E4350*G4350*H4350,IF(F4350,C4350*E4350*F4350,IF(G4350,C4350*E4350*G4350,IF(H4350,C4350*E4350*H4350,C4350*E4350))))))),2)","v":{"v":25,"d":"25.00"}},"Rm",{"$nulls":3},"SSR 22-23"]
[{"$nulls":13},"SSR 22-23"]
[{"$nulls":9},"Rm",{"$f":"'Ele Data'!I1026","v":126.65},"SSR 22-23",{"$f":"ROUND(I4352*K4352,0)","v":{"v":0,"d":"0.00"}},"SSR 22-23"]
[36,"Supply and Run of 2 of 6 Sq.mm WPSC Aluminium cable along with No.10 SWG G.I bearer wire through PVC cleats with all accessories including labour charges etc., complete for service mains.",{"$nulls":11},"SSR 22-23"]
[null,"Qty.p.     of M.B.No.790/A/ZP/19",{"$nulls":11},"SSR 22-23"]
[null,null,1,"x",1,{"v":20,"d":"20.00"},{"v":0,"d":"0.000"},{"v":0,"d":"0.000"},{"$f":"ROUND(IF(AND(F4355:H4355),C4355*E4355*F4355*G4355*H4355,IF(AND(F4355,G4355),C4355*E4355*F4355*G4355,IF(AND(F4355,H4355),C4355*E4355*F4355*H4355,IF(AND(G4355,H4355),C4355*E4355*G4355*H4355,IF(F4355,C4355*E4355*F4355,IF(G4355,C4355*E4355*G4355,IF(H4355,C4355*E4355*H4355,C4355*E4355))))))),2)","v":{"v":20,"d":"20.00"}},"Rm",{"$nulls":3},"SSR 22-23"]
[{"$nulls":13},"SSR 22-23"]
[{"$nulls":9},"Rm",{"$f":"'Ele Data'!I1037","v":{"v":64.563,"d":"64.56"}},"SSR 22-23",{"$f":"ROUND(I4357*K4357,0)","v":{"v":0,"d":"0.00"}},"SSR 22-23"]
[37,"Supply of Cover frames for 12 module box",{"$nulls":11},"SSR 22-23"]
[null,"Qty.p.6 of M.B.No.158/B/ZP/22",{"$nulls":11},"SSR 22-23"]
[null,null,1,"x",9,{"v":0,"d":"0.000"},{"v":0,"d":"0.000"},{"v":0,"d":"0.000"},{"$f":"ROUND(IF(AND(F4360:H4360),C4360*E4360*F4360*G4360*H4360,IF(AND(F4360,G4360),C4360*E4360*F4360*G4360,IF(AND(F4360,H4360),C4360*E4360*F4360*H4360,IF(AND(G4360,H4360),C4360*E4360*G4360*H4360,IF(F4360,C4360*E4360*F4360,IF(G4360,C4360*E4360*G4360,IF(H4360,C4360*E4360*H4360,C4360*E4360))))))),2)","v":9},"No",{"$nulls":3},"SSR 22-23"]
[{"$nulls":13},"SSR 22-23"]
[{"$nulls":9},"No",{"$f":"'Ele Data'!I913","v":{"v":209,"d":"209.00"}},"SSR 22-23",{"$f":"ROUND(I4362*K4362,0)","v":{"v":0,"d":"0.00"}},"SSR 22-23"]
[38,"Supply of Cover frames for 8 module box",{"$nulls":11},"SSR 22-23"]
[null,"Qty.p.7 of M.B.No.158/B/ZP/22",{"$nulls":11},"SSR 22-23"]
[null,null,1,"x",1,{"v":0,"d":"0.000"},{"v":0,"d":"0.000"},{"v":0,"d":"0.000"},{"$f":"ROUND(IF(AND(F4365:H4365),C4365*E4365*F4365*G4365*H4365,IF(AND(F4365,G4365),C4365*E4365*F4365*G4365,IF(AND(F4365,H4365),C4365*E4365*F4365*H4365,IF(AND(G4365,H4365),C4365*E4365*G4365*H4365,IF(F4365,C4365*E4365*F4365,IF(G4365,C4365*E4365*G4365,IF(H4365,C4365*E4365*H4365,C4365*E4365))))))),2)","v":1},"No",{"$nulls":3},"SSR 22-23"]
[{"$nulls":13},"SSR 22-23"]
[{"$nulls":9},"No",{"$f":"'Ele Data'!I916","v":{"v":171,"d":"171.00"}},"SSR 22-23",{"$f":"ROUND(I4367*K4367,0)","v":{"v":0,"d":"0.00"}},"SSR 22-23"]
[13,"Supply of Cover frames for 6 module box",{"$nulls":11},"SSR 22-23"]
[null,"Qty.p.       of M.B.No.299/A/ZP/19",{"$nulls":11},"SSR 22-23"]
[null,"GF and FF",1,"x",14,{"v":0,"d":"0.000"},{"v":0,"d":"0.000"},{"v":0,"d":"0.000"},{"$f":"ROUND(IF(AND(F4370:H4370),C4370*E4370*F4370*G4370*H4370,IF(AND(F4370,G4370),C4370*E4370*F4370*G4370,IF(AND(F4370,H4370),C4370*E4370*F4370*H4370,IF(AND(G4370,H4370),C4370*E4370*G4370*H4370,IF(F4370,C4370*E4370*F4370,IF(G4370,C4370*E4370*G4370,IF(H4370,C4370*E4370*H4370,C4370*E4370))))))),2)","v":14},"No",{"$nulls":3},"SSR 22-23"]
[{"$nulls":13},"SSR 22-23"]
[{"$nulls":9},"No",{"$f":"'Ele Data'!I919","v":{"v":132,"d":"132.00"}},"SSR 22-23",{"$f":"ROUND(I4372*K4372,0)","v":{"v":0,"d":"0.00"}},"SSR 22-23"]
[14,"Supply of Cover frames for 18 module box",{"$nulls":11},"SSR 22-23"]
[null,"Qty.P.No.     of M.B.No.",{"$nulls":11},"SSR 22-23"]
[null,"VKC",2,"x",1,{"v":0,"d":"0.000"},{"v":0,"d":"0.000"},{"v":0,"d":"0.000"},{"$f":"ROUND(IF(AND(F4375:H4375),C4375*E4375*F4375*G4375*H4375,IF(AND(F4375,G4375),C4375*E4375*F4375*G4375,IF(AND(F4375,H4375),C4375*E4375*F4375*H4375,IF(AND(G4375,H4375),C4375*E4375*G4375*H4375,IF(F4375,C4375*E4375*F4375,IF(G4375,C4375*E4375*G4375,IF(H4375,C4375*E4375*H4375,C4375*E4375))))))),2)","v":2},"No",{"$nulls":3},"SSR 22-23"]
[{"$nulls":13},"SSR 22-23"]
[{"$nulls":9},"No",{"$f":"'Ele Data'!I926","v":{"v":341,"d":"341.00"}},"SSR 22-23",{"$f":"ROUND(I4377*K4377,0)","v":{"v":0,"d":"0.00"}},"SSR 22-23"]
[14,"Supply of Cover frames for 4 module box",{"$nulls":11},"SSR 22-23"]
[null,"Qty.p.       of M.B.No.299/A/ZP/19",{"$nulls":11},"SSR 22-23"]
[null,"GF and FF",1,"x",3,{"v":0,"d":"0.000"},{"v":0,"d":"0.000"},{"v":0,"d":"0.000"},{"$f":"ROUND(IF(AND(F4380:H4380),C4380*E4380*F4380*G4380*H4380,IF(AND(F4380,G4380),C4380*E4380*F4380*G4380,IF(AND(F4380,H4380),C4380*E4380*F4380*H4380,IF(AND(G4380,H4380),C4380*E4380*G4380*H4380,IF(F4380,C4380*E4380*F4380,IF(G4380,C4380*E4380*G4380,IF(H4380,C4380*E4380*H4380,C4380*E4380))))))),2)","v":3},"No",{"$nulls":3},"SSR 22-23"]
[{"$nulls":13},"SSR 22-23"]
[{"$nulls":9},"No",{"$f":"'Ele Data'!I922","v":{"v":88,"d":"88.00"}},"SSR 22-23",{"$f":"ROUND(I4382*K4382,0)","v":{"v":0,"d":"0.00"}},"SSR 22-23"]
[16,"Supply of Cover frames for 2 module box",{"$nulls":11},"SSR 22-23"]
[null,"Qty.p.     of M.B.No.",{"$nulls":11},"SSR 22-23"]
[null,"GF and FF",1,"x",12,{"v":0,"d":"0.000"},{"v":0,"d":"0.000"},{"v":0,"d":"0.000"},{"$f":"ROUND(IF(AND(F4385:H4385),C4385*E4385*F4385*G4385*H4385,IF(AND(F4385,G4385),C4385*E4385*F4385*G4385,IF(AND(F4385,H4385),C4385*E4385*F4385*H4385,IF(AND(G4385,H4385),C4385*E4385*G4385*H4385,IF(F4385,C4385*E4385*F4385,IF(G4385,C4385*E4385*G4385,IF(H4385,C4385*E4385*H4385,C4385*E4385))))))),2)","v":12},"No",{"$nulls":3},"SSR 22-23"]
[{"$nulls":13},"SSR 22-23"]
[{"$nulls":9},"No",{"$f":"'Ele Data'!I929","v":{"v":66,"d":"66.00"}},"SSR 22-23",{"$f":"ROUND(I4387*K4387,0)","v":{"v":0,"d":"0.00"}},"SSR 22-23"]
[17,"Supply and fixing of 16A 3pin / 6A 3pin  plug socket with indicator lamp and 16Amps  fuse unit and 16 Amps  switch control (5 in one) on decolam sheet covered board including earth connection and all labour charges etc., complete on wall.",{"$nulls":11},"SSR 22-23"]
[null,"Qty.p.     of M.B.No.",{"$nulls":11},"SSR 22-23"]
[null,"GF & FF ",1,"x",17,{"v":0,"d":"0.000"},{"v":0,"d":"0.000"},{"v":0,"d":"0.000"},{"$f":"ROUND(IF(AND(F4390:H4390),C4390*E4390*F4390*G4390*H4390,IF(AND(F4390,G4390),C4390*E4390*F4390*G4390,IF(AND(F4390,H4390),C4390*E4390*F4390*H4390,IF(AND(G4390,H4390),C4390*E4390*G4390*H4390,IF(F4390,C4390*E4390*F4390,IF(G4390,C4390*E4390*G4390,IF(H4390,C4390*E4390*H4390,C4390*E4390))))))),2)","v":17},"No",{"$nulls":3},"SSR 22-23"]
[{"$nulls":13},"SSR 22-23"]
[{"$nulls":9},"No",{"$f":"'Ele Data'!I978","v":{"v":422.5,"d":"422.50"}},"SSR 22-23",{"$f":"ROUND(I4392*K4392,0)","v":{"v":0,"d":"0.00"}},"SSR 22-23"]
[39,"Supply and fixing of 6A 3/2 pin wall plug socket with 6A switch control on a common switch board with earth continuity including wire leads, earth connections along with all labour charges etc., complete.",{"$nulls":11},"SSR 22-23"]
[null,"Qty.p.7 of M.B.No.158/B/ZP/22",{"$nulls":11},"SSR 22-23"]
[null,null,1,"x",18,{"v":0,"d":"0.000"},{"v":0,"d":"0.000"},{"v":0,"d":"0.000"},{"$f":"ROUND(IF(AND(F4395:H4395),C4395*E4395*F4395*G4395*H4395,IF(AND(F4395,G4395),C4395*E4395*F4395*G4395,IF(AND(F4395,H4395),C4395*E4395*F4395*H4395,IF(AND(G4395,H4395),C4395*E4395*G4395*H4395,IF(F4395,C4395*E4395*F4395,IF(G4395,C4395*E4395*G4395,IF(H4395,C4395*E4395*H4395,C4395*E4395))))))),2)","v":18},"No",{"$nulls":3},"SSR 22-23"]
[{"$nulls":13},"SSR 22-23"]
[{"$nulls":9},"No",{"$f":"'Ele Data'!I969","v":{"v":125.73500000000001,"d":"125.74"}},"SSR 22-23",{"$f":"ROUND(I4397*K4397,0)","v":{"v":0,"d":"0.00"}},"SSR 22-23"]
[18,"Supply and fixing of 6A 2 pin wall plug socket with 6A switch control on a common switch board with earth continuity including wire leads, earth connections along with all labour charges etc., complete.",{"$nulls":11},"SSR 22-23"]
[null,"Qty.P.No.     of M.B.No.",{"$nulls":11},"SSR 22-23"]
[null,null,1,"x",4,{"v":0,"d":"0.000"},{"v":0,"d":"0.000"},{"v":0,"d":"0.000"},{"$f":"ROUND(IF(AND(F4400:H4400),C4400*E4400*F4400*G4400*H4400,IF(AND(F4400,G4400),C4400*E4400*F4400*G4400,IF(AND(F4400,H4400),C4400*E4400*F4400*H4400,IF(AND(G4400,H4400),C4400*E4400*G4400*H4400,IF(F4400,C4400*E4400*F4400,IF(G4400,C4400*E4400*G4400,IF(H4400,C4400*E4400*H4400,C4400*E4400))))))),2)","v":4},"No",{"$nulls":3},"SSR 22-23"]
[{"$nulls":13},"SSR 22-23"]
[{"$nulls":9},"No",{"$f":"'Ele Data'!I986","v":{"v":119.73500000000001,"d":"119.74"}},"SSR 22-23",{"$f":"ROUND(I4402*K4402,0)","v":{"v":0,"d":"0.00"}},"SSR 22-23"]
[19,"Supply and fixing of 6A flush type Neon Indicator.",{"$nulls":11},"SSR 22-23"]
[null,"Qty.p.     of M.B.No.",{"$nulls":11},"SSR 22-23"]
[null,"GF and FF",1,"x",7,{"v":0,"d":"0.000"},{"v":0,"d":"0.000"},{"v":0,"d":"0.000"},{"$f":"ROUND(IF(AND(F4405:H4405),C4405*E4405*F4405*G4405*H4405,IF(AND(F4405,G4405),C4405*E4405*F4405*G4405,IF(AND(F4405,H4405),C4405*E4405*F4405*H4405,IF(AND(G4405,H4405),C4405*E4405*G4405*H4405,IF(F4405,C4405*E4405*F4405,IF(G4405,C4405*E4405*G4405,IF(H4405,C4405*E4405*H4405,C4405*E4405))))))),2)","v":7},"No",{"$nulls":3},"SSR 22-23"]
[{"$nulls":13},"SSR 22-23"]
[{"$nulls":9},"No",{"$f":"'Ele Data'!I933","v":{"v":21,"d":"21.00"}},"SSR 22-23",{"$f":"ROUND(I4407*K4407,0)","v":{"v":0,"d":"0.00"}},"SSR 22-23"]
[40,"Supply and fixing of ISI mark batten holder / angle holder on existing block, but with bulb including all connections etc., complete ",{"$nulls":11},"SSR 22-23"]
[null,"Qty.p.7 of M.B.No.158/B/ZP/22",{"$nulls":11},"SSR 22-23"]
[null,null,1,"x",10,{"v":0,"d":"0.000"},{"v":0,"d":"0.000"},{"v":0,"d":"0.000"},{"$f":"ROUND(IF(AND(F4410:H4410),C4410*E4410*F4410*G4410*H4410,IF(AND(F4410,G4410),C4410*E4410*F4410*G4410,IF(AND(F4410,H4410),C4410*E4410*F4410*H4410,IF(AND(G4410,H4410),C4410*E4410*G4410*H4410,IF(F4410,C4410*E4410*F4410,IF(G4410,C4410*E4410*G4410,IF(H4410,C4410*E4410*H4410,C4410*E4410))))))),2)","v":10},"No",{"$nulls":3},"SSR 22-23"]
[{"$nulls":13},"SSR 22-23"]
[{"$nulls":9},"No",{"$f":"'Ele Data'!I1046","v":127.25},"SSR 22-23",{"$f":"ROUND(I4412*K4412,0)","v":{"v":0,"d":"0.00"}},"SSR 22-23"]
[37,"Supply, Transportation and Fixing of 48\" (1200mm) Sweep 5 Star rated Ceiling Fan with double ball bearings but with regulator including all standard accessories and all labour charges etc., complete.",{"$nulls":11},"SSR 22-23"]
[null,"Qty.p. 65  of M.B.No.790/A/ZP/19",null,"29.12.2023",{"$nulls":9},"SSR 22-23"]
[null,"GF",1,"x",7,{"v":0,"d":"0.000"},{"v":0,"d":"0.000"},{"v":0,"d":"0.000"},{"$f":"ROUND(IF(AND(F4415:H4415),C4415*E4415*F4415*G4415*H4415,IF(AND(F4415,G4415),C4415*E4415*F4415*G4415,IF(AND(F4415,H4415),C4415*E4415*F4415*H4415,IF(AND(G4415,H4415),C4415*E4415*G4415*H4415,IF(F4415,C4415*E4415*F4415,IF(G4415,C4415*E4415*G4415,IF(H4415,C4415*E4415*H4415,C4415*E4415))))))),2)","v":7},"No",{"$nulls":3},"SSR 22-23"]
[null,"FF",1,"x",3,{"v":0,"d":"0.000"},{"v":0,"d":"0.000"},{"v":0,"d":"0.000"},{"$f":"ROUND(IF(AND(F4416:H4416),C4416*E4416*F4416*G4416*H4416,IF(AND(F4416,G4416),C4416*E4416*F4416*G4416,IF(AND(F4416,H4416),C4416*E4416*F4416*H4416,IF(AND(G4416,H4416),C4416*E4416*G4416*H4416,IF(F4416,C4416*E4416*F4416,IF(G4416,C4416*E4416*G4416,IF(H4416,C4416*E4416*H4416,C4416*E4416))))))),2)","v":3},"No",{"$nulls":3},"SSR 22-23"]
[{"$nulls":13},"SSR 22-23"]
[{"$nulls":9},"No",{"$f":"'Ele Data'!I1058","v":{"v":3312.185,"d":"3312.19"}},"SSR 22-23",{"$f":"ROUND(I4418*K4418,0)","v":{"v":0,"d":"0.00"}},"SSR 22-23"]
[18,"S&F of 12 / 15 MS plain rod fan hook",{"$nulls":11},"SSR 22-23"]
[null,"Qty.p.9 of M.B.No.299/A/ZP/19",{"$nulls":11},"SSR 22-23"]
[null,null,1,"x",12,{"v":0,"d":"0.000"},{"v":0,"d":"0.000"},{"v":0,"d":"0.000"},{"$f":"ROUND(IF(AND(F4421:H4421),C4421*E4421*F4421*G4421*H4421,IF(AND(F4421,G4421),C4421*E4421*F4421*G4421,IF(AND(F4421,H4421),C4421*E4421*F4421*H4421,IF(AND(G4421,H4421),C4421*E4421*G4421*H4421,IF(F4421,C4421*E4421*F4421,IF(G4421,C4421*E4421*G4421,IF(H4421,C4421*E4421*H4421,C4421*E4421))))))),2)","v":12},"No",{"$nulls":3},"SSR 22-23"]
[{"$nulls":13},"SSR 22-23"]
[{"$nulls":9},"No",{"$f":"'Ele Data'!I1085","v":{"v":230.73000000000002,"d":"230.73"}},"SSR 22-23",{"$f":"ROUND(I4423*K4423,0)","v":{"v":0,"d":"0.00"}},"SSR 22-23"]
[19,"Supply and Transportation of 48\" (1200mm) Sweep 5 star rated Ceiling Fan , with double ball bearings, air delivery more than 200 cubic meter/min but without Regulator.",{"$nulls":11},"SSR 22-23"]
[null,"Qty.p.12 of M.B.No.148/B/ZP/22",{"$nulls":11},"SSR 22-23"]
[null,"PS room",1,"x",1,{"v":0,"d":"0.000"},{"v":0,"d":"0.000"},{"v":0,"d":"0.000"},{"$f":"ROUND(IF(AND(F4426:H4426),C4426*E4426*F4426*G4426*H4426,IF(AND(F4426,G4426),C4426*E4426*F4426*G4426,IF(AND(F4426,H4426),C4426*E4426*F4426*H4426,IF(AND(G4426,H4426),C4426*E4426*G4426*H4426,IF(F4426,C4426*E4426*F4426,IF(G4426,C4426*E4426*G4426,IF(H4426,C4426*E4426*H4426,C4426*E4426))))))),2)","v":1},"No",{"$nulls":3},"SSR 22-23"]
[null,"Agri cum and aqua store",1,"x",1,{"v":0,"d":"0.000"},{"v":0,"d":"0.000"},{"v":0,"d":"0.000"},1,"No",{"$nulls":3},"SSR 22-23"]
[null,"Hall",1,"x",6,{"v":0,"d":"0.000"},{"v":0,"d":"0.000"},{"v":0,"d":"0.000"},6,"No",{"$nulls":3},"SSR 22-23"]
[null,"First floor digital asst room",1,"x",1,{"v":0,"d":"0.000"},{"v":0,"d":"0.000"},{"v":0,"d":"0.000"},1,"No",{"$nulls":3},"SSR 22-23"]
[null,"Staff room",1,"x",1,{"v":0,"d":"0.000"},{"v":0,"d":"0.000"},{"v":0,"d":"0.000"},1,"No",{"$nulls":3},"SSR 22-23"]
[null,"Sarpa",1,"x",1,{"v":0,"d":"0.000"},{"v":0,"d":"0.000"},{"v":0,"d":"0.000"},1,"No",{"$nulls":3},"SSR 22-23"]
[null,"Meeting Hall",1,"x",3,{"v":0,"d":"0.000"},{"v":0,"d":"0.000"},{"v":0,"d":"0.000"},3,"No",{"$nulls":3},"SSR 22-23"]
[null,"Visitor Waiting Hall",1,"x",1,{"v":0,"d":"0.000"},{"v":0,"d":"0.000"},{"v":0,"d":"0.000"},1,"No",{"$nulls":3},"SSR 22-23"]
[{"$nulls":13},"SSR 22-23"]
[{"$nulls":9},"No",{"$f":"'Ele Data'!I1062","v":2941.12},"SSR 22-23",{"$f":"ROUND(I4435*K4435,0)","v":{"v":0,"d":"0.00"}},"SSR 22-23"]
[20,"Supply and fixing of Modular type Electronic fan regulator hum free step type socket size in the existing switch board.",{"$nulls":11},"SSR 22-23"]
[null,"Qty.p.13 of M.B.No.148/B/ZP/22",{"$nulls":11},"SSR 22-23"]
[null,"PS room",1,"x",1,{"v":0,"d":"0.000"},{"v":0,"d":"0.000"},{"v":0,"d":"0.000"},{"$f":"ROUND(IF(AND(F4438:H4438),C4438*E4438*F4438*G4438*H4438,IF(AND(F4438,G4438),C4438*E4438*F4438*G4438,IF(AND(F4438,H4438),C4438*E4438*F4438*H4438,IF(AND(G4438,H4438),C4438*E4438*G4438*H4438,IF(F4438,C4438*E4438*F4438,IF(G4438,C4438*E4438*G4438,IF(H4438,C4438*E4438*H4438,C4438*E4438))))))),2)","v":1},"No",{"$nulls":3},"SSR 22-23"]
[null,"Agri cum and aqua store",1,"x",1,{"v":0,"d":"0.000"},{"v":0,"d":"0.000"},{"v":0,"d":"0.000"},1,"No",{"$nulls":3},"SSR 22-23"]
[null,"Hall",1,"x",6,{"v":0,"d":"0.000"},{"v":0,"d":"0.000"},{"v":0,"d":"0.000"},6,"No",{"$nulls":3},"SSR 22-23"]
[null,"First floor digital asst room",1,"x",1,{"v":0,"d":"0.000"},{"v":0,"d":"0.000"},{"v":0,"d":"0.000"},1,"No",{"$nulls":3},"SSR 22-23"]
[null,"Staff room",1,"x",1,{"v":0,"d":"0.000"},{"v":0,"d":"0.000"},{"v":0,"d":"0.000"},1,"No",{"$nulls":3},"SSR 22-23"]
[null,"Sarpa",1,"x",1,{"v":0,"d":"0.000"},{"v":0,"d":"0.000"},{"v":0,"d":"0.000"},1,"No",{"$nulls":3},"SSR 22-23"]
[null,"Meeting Hall",1,"x",3,{"v":0,"d":"0.000"},{"v":0,"d":"0.000"},{"v":0,"d":"0.000"},3,"No",{"$nulls":3},"SSR 22-23"]
[null,"Visitor Waiting Hall",1,"x",1,{"v":0,"d":"0.000"},{"v":0,"d":"0.000"},{"v":0,"d":"0.000"},1,"No",{"$nulls":3},"SSR 22-23"]
[{"$nulls":13},"SSR 22-23"]
[{"$nulls":9},"No",{"$f":"'Ele Data'!I1067","v":{"v":278,"d":"278.00"}},"SSR 22-23",{"$f":"ROUND(I4447*K4447,0)","v":{"v":0,"d":"0.00"}},"SSR 22-23"]
[21,"Labour charges for fixing of ceiling fan with regulator including transportation, 3 core  wire leads etc complete",{"$nulls":11},"SSR 22-23"]
[null,"Qty.p.14 of M.B.No.148/B/ZP/22",{"$nulls":11},"SSR 22-23"]
[null,"PS room",1,"x",1,{"v":0,"d":"0.000"},{"v":0,"d":"0.000"},{"v":0,"d":"0.000"},{"$f":"ROUND(IF(AND(F4450:H4450),C4450*E4450*F4450*G4450*H4450,IF(AND(F4450,G4450),C4450*E4450*F4450*G4450,IF(AND(F4450,H4450),C4450*E4450*F4450*H4450,IF(AND(G4450,H4450),C4450*E4450*G4450*H4450,IF(F4450,C4450*E4450*F4450,IF(G4450,C4450*E4450*G4450,IF(H4450,C4450*E4450*H4450,C4450*E4450))))))),2)","v":1},"No",{"$nulls":3},"SSR 22-23"]
[null,"Agri cum and aqua store",1,"x",1,{"v":0,"d":"0.000"},{"v":0,"d":"0.000"},{"v":0,"d":"0.000"},1,"No",{"$nulls":3},"SSR 22-23"]
[null,"Hall",1,"x",6,{"v":0,"d":"0.000"},{"v":0,"d":"0.000"},{"v":0,"d":"0.000"},6,"No",{"$nulls":3},"SSR 22-23"]
[null,"First floor digital asst room",1,"x",1,{"v":0,"d":"0.000"},{"v":0,"d":"0.000"},{"v":0,"d":"0.000"},1,"No",{"$nulls":3},"SSR 22-23"]
[null,"Staff room",1,"x",1,{"v":0,"d":"0.000"},{"v":0,"d":"0.000"},{"v":0,"d":"0.000"},1,"No",{"$nulls":3},"SSR 22-23"]
[null,"Sarpa",1,"x",1,{"v":0,"d":"0.000"},{"v":0,"d":"0.000"},{"v":0,"d":"0.000"},1,"No",{"$nulls":3},"SSR 22-23"]
[null,"Meeting Hall",1,"x",3,{"v":0,"d":"0.000"},{"v":0,"d":"0.000"},{"v":0,"d":"0.000"},3,"No",{"$nulls":3},"SSR 22-23"]
[null,"Visitor Waiting Hall",1,"x",1,{"v":0,"d":"0.000"},{"v":0,"d":"0.000"},{"v":0,"d":"0.000"},1,"No",{"$nulls":3},"SSR 22-23"]
[{"$nulls":13},"SSR 22-23"]
[{"$nulls":9},"No",{"$f":"'Ele Data'!I1074","v":{"v":163.065,"d":"163.07"}},"SSR 22-23",{"$f":"ROUND(I4459*K4459,0)","v":{"v":0,"d":"0.00"}},"SSR 22-23"]
[15,"Supply and erecting 19/20mm steel tube down rod of one meter length with bolts & nuts duly painted with matching colour of  fan complete",{"$nulls":11},"SSR 22-23"]
[null,"Qty.p.88 of M.B.No.299/A/ZP/19",{"$nulls":11},"SSR 22-23"]
[null,"Godown",1,"x",2,{"v":0,"d":"0.000"},{"v":0,"d":"0.000"},{"v":0,"d":"0.000"},{"$f":"ROUND(IF(AND(F4462:H4462),C4462*E4462*F4462*G4462*H4462,IF(AND(F4462,G4462),C4462*E4462*F4462*G4462,IF(AND(F4462,H4462),C4462*E4462*F4462*H4462,IF(AND(G4462,H4462),C4462*E4462*G4462*H4462,IF(F4462,C4462*E4462*F4462,IF(G4462,C4462*E4462*G4462,IF(H4462,C4462*E4462*H4462,C4462*E4462))))))),2)","v":2},"No",{"$nulls":3},"SSR 22-23"]
[null,"Secretary room",1,"x",1,{"v":0,"d":"0.000"},{"v":0,"d":"0.000"},{"v":0,"d":"0.000"},{"$f":"ROUND(IF(AND(F4463:H4463),C4463*E4463*F4463*G4463*H4463,IF(AND(F4463,G4463),C4463*E4463*F4463*G4463,IF(AND(F4463,H4463),C4463*E4463*F4463*H4463,IF(AND(G4463,H4463),C4463*E4463*G4463*H4463,IF(F4463,C4463*E4463*F4463,IF(G4463,C4463*E4463*G4463,IF(H4463,C4463*E4463*H4463,C4463*E4463))))))),2)","v":1},"No",{"$nulls":3},"SSR 22-23"]
[null,"Visting Waiting area",1,"x",1,{"v":0,"d":"0.000"},{"v":0,"d":"0.000"},{"v":0,"d":"0.000"},{"$f":"ROUND(IF(AND(F4464:H4464),C4464*E4464*F4464*G4464*H4464,IF(AND(F4464,G4464),C4464*E4464*F4464*G4464,IF(AND(F4464,H4464),C4464*E4464*F4464*H4464,IF(AND(G4464,H4464),C4464*E4464*G4464*H4464,IF(F4464,C4464*E4464*F4464,IF(G4464,C4464*E4464*G4464,IF(H4464,C4464*E4464*H4464,C4464*E4464))))))),2)","v":1},"No",{"$nulls":3},"SSR 22-23"]
[{"$nulls":13},"SSR 22-23"]
[{"$nulls":9},"No",{"$f":"'Ele Data'!I1080","v":{"v":161.5,"d":"161.50"}},"SSR 22-23",{"$f":"ROUND(I4466*K4466,0)","v":{"v":0,"d":"0.00"}},"SSR 22-23"]
[41,"Supply and Transportation and fixing of 1200 mm length,Box type powder coatedtube light luminaire with necessary wiring suitable for fixing 2 Nos retrofit T8 LED tubes but without tube and choke",{"$nulls":11},"SSR 22-23"]
[null,"Qty.p.8 of M.B.No.158/B/ZP/22",{"$nulls":11},"SSR 22-23"]
[null,null,1,"x",7,{"v":0,"d":"0.000"},{"v":0,"d":"0.000"},{"v":0,"d":"0.000"},{"$f":"ROUND(IF(AND(F4469:H4469),C4469*E4469*F4469*G4469*H4469,IF(AND(F4469,G4469),C4469*E4469*F4469*G4469,IF(AND(F4469,H4469),C4469*E4469*F4469*H4469,IF(AND(G4469,H4469),C4469*E4469*G4469*H4469,IF(F4469,C4469*E4469*F4469,IF(G4469,C4469*E4469*G4469,IF(H4469,C4469*E4469*H4469,C4469*E4469))))))),2)","v":7},"No",{"$nulls":3},"SSR 22-23"]
[{"$nulls":13},"SSR 22-23"]
[{"$nulls":9},"No",{"$f":"'Ele Data'!I1093","v":406.44},"SSR 22-23",{"$f":"ROUND(I4471*K4471,0)","v":{"v":0,"d":"0.00"}},"SSR 22-23"]
[23,"Supply, transportation and fixing of 20Watt LED Street light Luminaire made of pressure diecast alluminium body with powder coated, having protective toughned glass, Supply Input voltage 120 - 270 V AC, P.F > 0.90, high power LED's System efficacy >110 lm/W and junction temprature < 70°C, with Ingrees protection IP66,",{"$nulls":11},"SSR 22-23"]
[null,"Qty.p.15 of M.B.No.148/B/ZP/22",{"$nulls":11},"SSR 22-23"]
[null,null,1,"x",1,{"v":0,"d":"0.000"},{"v":0,"d":"0.000"},{"v":0,"d":"0.000"},{"$f":"ROUND(IF(AND(F4474:H4474),C4474*E4474*F4474*G4474*H4474,IF(AND(F4474,G4474),C4474*E4474*F4474*G4474,IF(AND(F4474,H4474),C4474*E4474*F4474*H4474,IF(AND(G4474,H4474),C4474*E4474*G4474*H4474,IF(F4474,C4474*E4474*F4474,IF(G4474,C4474*E4474*G4474,IF(H4474,C4474*E4474*H4474,C4474*E4474))))))),2)","v":1},"No",{"$nulls":3},"SSR 22-23"]
[{"$nulls":13},"SSR 22-23"]
[{"$nulls":9},"No",{"$f":"'Ele Data'!I1136","v":{"v":1822,"d":"1822.00"}},"SSR 22-23",{"$f":"ROUND(I4476*K4476,0)","v":{"v":0,"d":"0.00"}},"SSR 22-23"]
[23,"Supply and transportation of 60 W LED Street light Luminaire made of pressure diecast alluminium body with powder coated, having protective toughned glass, Supply Input voltage 120 - 270 V AC, P.F > 0.90, high power LED's having System efficacy > 100 lm/W and junction temprature < 70°C, with Ingrees protection IP66, Luminaire performance complies to IS 10322 (Part 5 / Sec-3), Driver surge protection 4KV, external Surge protection 10 KV with optics distribution , THD<10% at 110 Volts AC, driver efficiency >90%, CCT: 3000K - 5700K, minimum CRI>70, etc.,",{"$nulls":11},"SSR 22-23"]
[null,"Qty.p.     of M.B.No.",{"$nulls":11},"SSR 22-23"]
[null,null,1,"x",1,{"v":0,"d":"0.000"},{"v":0,"d":"0.000"},{"v":0,"d":"0.000"},{"$f":"ROUND(IF(AND(F4479:H4479),C4479*E4479*F4479*G4479*H4479,IF(AND(F4479,G4479),C4479*E4479*F4479*G4479,IF(AND(F4479,H4479),C4479*E4479*F4479*H4479,IF(AND(G4479,H4479),C4479*E4479*G4479*H4479,IF(F4479,C4479*E4479*F4479,IF(G4479,C4479*E4479*G4479,IF(H4479,C4479*E4479*H4479,C4479*E4479))))))),2)","v":1},"No",{"$nulls":3},"SSR 22-23"]
[{"$nulls":13},"SSR 22-23"]
[{"$nulls":9},"No",{"$f":"'Ele Data'!I1139","v":{"v":5428,"d":"5428.00"}},"SSR 22-23",{"$f":"ROUND(I4481*K4481,0)","v":{"v":0,"d":"0.00"}},"SSR 22-23"]
[16,"Supply of 9\" (225mm), Light duty exhaust fan with double ball bearing and wire guard etc complete.",{"$nulls":11},"SSR 22-23"]
[null,"To be done",{"$nulls":11},"SSR 22-23"]
[null,null,1,"x",1,{"v":0,"d":"0.000"},{"v":0,"d":"0.000"},{"v":0,"d":"0.000"},{"$f":"ROUND(IF(AND(F4484:H4484),C4484*E4484*F4484*G4484*H4484,IF(AND(F4484,G4484),C4484*E4484*F4484*G4484,IF(AND(F4484,H4484),C4484*E4484*F4484*H4484,IF(AND(G4484,H4484),C4484*E4484*G4484*H4484,IF(F4484,C4484*E4484*F4484,IF(G4484,C4484*E4484*G4484,IF(H4484,C4484*E4484*H4484,C4484*E4484))))))),2)","v":1},"No",{"$nulls":3},"SSR 22-23"]
[{"$nulls":13},"SSR 22-23"]
[{"$nulls":9},"No",{"$f":"'Ele Data'!I936","v":{"v":1634,"d":"1634.00"}},"SSR 22-23",{"$f":"ROUND(I4486*K4486,0)","v":{"v":0,"d":"0.00"}},"SSR 22-23"]
[42,"Supply and fixing SPN Distribution board with IP-20 protection suitable for single phase Earth Leakage Circute Braker (ELCB) / Residual Current Circute Braker (RCCB) / Double Pole (DP) Isolator as incomer and 10kA SP MCBs as out going including internal connections and labour charges for surface / flush mounting etc., complete.",{"$nulls":11},"SSR 22-23"]
[null,"Qty.p.8 of M.B.No.158/B/ZP/22",{"$nulls":11},"SSR 22-23"]
[null,null,1,"x",1,{"v":0,"d":"0.000"},{"v":0,"d":"0.000"},{"v":0,"d":"0.000"},{"$f":"ROUND(IF(AND(F4489:H4489),C4489*E4489*F4489*G4489*H4489,IF(AND(F4489,G4489),C4489*E4489*F4489*G4489,IF(AND(F4489,H4489),C4489*E4489*F4489*H4489,IF(AND(G4489,H4489),C4489*E4489*G4489*H4489,IF(F4489,C4489*E4489*F4489,IF(G4489,C4489*E4489*G4489,IF(H4489,C4489*E4489*H4489,C4489*E4489))))))),2)","v":1},"No",{"$nulls":3},"SSR 22-23"]
[{"$nulls":13},"SSR 22-23"]
[{"$nulls":9},"No",{"$f":"'Ele Data'!I1104","v":{"v":3662,"d":"3662.00"}},"SSR 22-23",{"$f":"ROUND(I4491*K4491,0)","v":{"v":0,"d":"0.00"}},"SSR 22-23"]
[43,"Supply and fixing of 2 Nos of 32A, 240V Porcelain Rewirable Fuse Units of  makes : GM / Sputnik / Kundancab / Million / Gold Medal  / Vimal / Star / Benlo on 12\" x 18\" peta board with connections and labour charges etc complete.",{"$nulls":11},"SSR 22-23"]
[null,"Qty.p.9 of M.B.No.158/B/ZP/22",{"$nulls":11},"SSR 22-23"]
[null,null,1,"x",1,{"v":0,"d":"0.000"},{"v":0,"d":"0.000"},{"v":0,"d":"0.000"},{"$f":"ROUND(IF(AND(F4494:H4494),C4494*E4494*F4494*G4494*H4494,IF(AND(F4494,G4494),C4494*E4494*F4494*G4494,IF(AND(F4494,H4494),C4494*E4494*F4494*H4494,IF(AND(G4494,H4494),C4494*E4494*G4494*H4494,IF(F4494,C4494*E4494*F4494,IF(G4494,C4494*E4494*G4494,IF(H4494,C4494*E4494*H4494,C4494*E4494))))))),2)","v":1},"No",{"$nulls":3},"SSR 22-23"]
[{"$nulls":13},"SSR 22-23"]
[{"$nulls":9},"No",{"$f":"'Ele Data'!I1114","v":1089.96},"SSR 22-23",{"$f":"ROUND(I4496*K4496,0)","v":{"v":0,"d":"0.00"}},"SSR 22-23"]
[41,"Providing independent earthling by excavating a pit to a depth of 2.25Mt in all soils, as per size specified in the Data, using 40mm dia 'B' class GI pipe of 2.5 Mtrs length with necessary No.8 G.I. double earth wire and accessories with 18\" dia 2\" thick hume pipe ring duly providing staggered holes  including filling with 20Kg Salt and 40Kg Charcoal or 40Kg bentonite powder in layers and all labour charges etc., complete.",{"$nulls":11},"SSR 22-23"]
[null,"Qty.p. 65  of M.B.No.790/A/ZP/19",null,"29.12.2023",{"$nulls":9},"SSR 22-23"]
[null,null,1,"x",1,{"v":0,"d":"0.000"},{"v":0,"d":"0.000"},{"v":0,"d":"0.000"},{"$f":"ROUND(IF(AND(F4499:H4499),C4499*E4499*F4499*G4499*H4499,IF(AND(F4499,G4499),C4499*E4499*F4499*G4499,IF(AND(F4499,H4499),C4499*E4499*F4499*H4499,IF(AND(G4499,H4499),C4499*E4499*G4499*H4499,IF(F4499,C4499*E4499*F4499,IF(G4499,C4499*E4499*G4499,IF(H4499,C4499*E4499*H4499,C4499*E4499))))))),2)","v":1},"No",{"$nulls":3},"SSR 22-23"]
[{"$nulls":13},"SSR 22-23"]
[{"$nulls":9},"No",{"$f":"'Ele Data'!I1133","v":{"v":4142.425,"d":"4142.43"}},"SSR 22-23",{"$f":"ROUND(I4501*K4501,0)","v":{"v":0,"d":"0.00"}},"SSR 22-23"]
[31,"Difference in cost of Steel rate",{"$nulls":10},{"$f":"'Differ- Material'!F120","v":{"v":64528,"d":"64528.00"}}]
[32,"Difference in cost of Sand rate",{"$nulls":10},{"$f":"'Differ- Material'!F89","v":{"v":-53531,"d":"-53531.00"}}]
[35,"Provision for Soil investigation charges"]
[]
[null,"TOTAL",{"$nulls":10},{"$f":"SUM(M8:M4505)","v":{"v":1718516,"d":"1718516.00"}}]
[33,"Provision for QC charges @ 0.50%",{"$nulls":6},{"$f":"M4506-INPUT!G18","v":1709574},{"$nulls":3},{"$f":"ROUND(I4507*0.5%,0)","v":{"v":8548,"d":"8548.00"}}]
[34,"Provision for Seignorage charges",{"$nulls":10},{"$f":"'SEIG P-A '!H187","v":{"v":21507,"d":"21507.00"}}]
[70,"Provision for Name board "]
[48,"Workwise File",{"$nulls":10},{"v":0,"d":"0.00"}]
[35,"Unforseen items such as if any",{"$nulls":10},{"$f":"N4511","v":{"v":1429,"d":"1429.00"}},{"$f":"N4512-M4506-M4507-M4508-M4509-M4510","v":{"v":1429,"d":"1429.00"}}]
[null,"PART-A Total",{"$nulls":10},{"$f":"SUBTOTAL(9,M4506:M4511)","v":{"v":1750000,"d":"1750000.00"}},1750000]
[]
[]
[]
[{"$nulls":7},{"$f":"'lead 19-20'!$H$31","v":"Deputy Executive Engineer"},{"$nulls":3},{"$f":"'lead 19-20'!$K$31","v":"Assistant  Engineer"}]
[{"$nulls":7},{"$f":"'lead 19-20'!$H$32","v":"PRI Sub Division"},{"$nulls":3},{"$f":"'lead 19-20'!$K$32","v":"Mandal Praja parishad"}]
[{"$nulls":7},{"$f":"'lead 19-20'!$H$33","v":"Kanigiri"},{"$nulls":3},{"$f":"'lead 19-20'!$K$33","v":"Kanigiri"}]

{"sheet":"FF","index":8,"n_rows":1551,"n_cols":14,"rows_kept":1551,"hidden":true,"merged":[[0,0,0,12],[1,0,1,1],[1,2,1,12],[2,0,2,1],[2,2,2,12],[3,1,3,6],[3,8,3,10],[3,11,3,12],[4,0,5,0],[4,1,5,1],[4,2,5,4],[4,5,4,7],[4,8,5,9],[4,10,5,10],[4,11,5,11],[4,12,5,12],[6,2,6,4],[7,1,7,7],[16,1,16,7],[21,1,21,7],[30,1,30,7],[35,1,35,7],[59,1,59,7],[74,1,74,7],[98,1,98,7],[104,1,104,7],[112,1,112,7],[120,1,120,7],[128,1,128,7],[133,1,133,7],[140,1,140,7],[146,1,146,7],[153,1,153,7],[159,1,159,7],[164,1,164,7],[169,1,169,7],[174,1,174,7],[179,1,179,7],[185,1,185,7],[191,1,191,7],[197,1,197,7],[203,1,203,7],[209,1,209,7],[215,1,215,7],[221,1,221,7],[227,1,227,7],[238,1,238,7],[259,1,259,7],[270,1,270,7],[276,1,276,7],[282,1,282,7],[288,1,288,7],[295,1,295,7],[301,1,301,7],[307,1,307,7],[314,1,314,7],[320,1,320,7],[326,1,326,7],[332,1,332,7],[338,1,338,7],[344,1,344,7],[350,1,350,7],[356,1,356,7],[362,1,362,7],[368,1,368,7],[374,1,374,7],[396,1,396,7],[435,1,435,7],[454,1,454,7],[460,1,460,7],[487,1,487,7],[520,1,520,7],[541,1,541,7],[550,1,550,7],[557,1,557,7],[564,1,564,7],[571,1,571,7],[578,1,578,7],[584,1,584,7],[590,1,590,7],[596,1,596,7],[602,1,602,7],[621,1,621,7],[652,1,652,7],[659,1,659,7],[678,1,678,7],[686,1,686,7],[694,1,694,7],[702,1,702,7],[710,1,710,7],[718,1,718,7],[726,1,726,7],[734,1,734,7],[742,1,742,7],[770,1,770,7],[823,1,823,7],[830,1,830,7],[858,1,858,7],[865,1,865,7],[890,1,890,7],[897,1,897,7],[904,1,904,7],[911,1,911,7],[918,1,918,7],[925,1,925,7],[932,1,932,7],[939,1,939,7],[949,1,949,7],[956,1,956,7],[963,1,963,7],[970,1,970,7],[988,1,988,7],[995,1,995,7],[1002,1,1002,7],[1009,1,1009,7],[1017,1,1017,7],[1024,1,1024,7],[1041,1,1041,7],[1048,1,1048,7],[1057,1,1057,7],[1064,1,1064,7],[1081,1,1081,7],[1089,1,1089,7],[1100,1,1100,7],[1108,1,1108,7],[1116,1,1116,7],[1123,1,1123,7],[1134,1,1134,7],[1141,1,1141,7],[1148,1,1148,7],[1155,1,1155,7],[1163,1,1163,7],[1170,1,1170,7],[1175,1,1175,7],[1182,1,1182,7],[1190,1,1190,7],[1197,1,1197,7],[1209,1,1209,7],[1217,1,1217,7],[1225,1,1225,7],[1233,1,1233,7],[1241,1,1241,7],[1250,1,1250,7],[1259,1,1259,7],[1268,1,1268,7],[1277,1,1277,7],[1302,1,1302,7],[1334,1,1334,7],[1344,1,1344,7],[1369,1,1369,7],[1378,1,1378,7],[1420,1,1420,7],[1429,1,1429,7],[1454,1,1454,7],[1461,1,1461,7],[1493,1,1493,7],[1500,1,1500,7],[1514,1,1514,7],[1522,1,1522,7],[1527,1,1527,7],[1535,1,1535,7]]}
["WORKING ESTIMATE "]
["Name of the  work",null,{"$f":"'lead 19-20'!C2","v":"Providing Additional Space for Health Staff in Grama Sachivalayam of Baduguleru GP of Kanigiri Mandal"}]
["Name of the  Sub work",null,"Construction of First Floor"]
[]
["S.No","Description of Item","No",null,null,"Measurements",null,null,"Quantity",null,"Rate","Per","Amount"]
[{"$nulls":5},"L","B","D"]
[1,2,3,null,null,4,5,6,7,null,8,9,10]
[1,"Reinforced Cement Concrete  M25 Nominal mix (Cement: Sand: Metal) corresponding Table 9 of IS 456 using 20mm size graded machine crushed hard granite metal from approved quarry including c/c of all materials like Cement, Sand, coarse aggregate, water etc to site, all marerials including labour charges such as machine mixing, laying concrete, curing etc complete but excluding cost of steel and its fabrication charges for finished item of work for Columns etc., complete",{"$nulls":11},"SSR 19-20"]
[null,"Qty.p.20 of M.B.No.605/B/ZP/20",null,"21.06.2022",{"$nulls":9},"SSR 19-20"]
[null,null,1,"x",2,{"v":0.23,"d":"0.230"},{"v":0.38,"d":"0.380"},{"v":1.2,"d":"1.200"},{"$f":"ROUND(IF(AND(F10:H10),C10*E10*F10*G10*H10,IF(AND(F10,G10),C10*E10*F10*G10,IF(AND(F10,H10),C10*E10*F10*H10,IF(AND(G10,H10),C10*E10*G10*H10,IF(F10,C10*E10*F10,IF(G10,C10*E10*G10,IF(H10,C10*E10*H10,C10*E10))))))),2)","v":0.21},"Cum",{"$nulls":3},"SSR 19-20"]
[null,null,1,"x",3,{"v":0.23,"d":"0.230"},{"v":0.38,"d":"0.380"},{"v":2.87,"d":"2.870"},0.75,"Cum",{"$nulls":3},"SSR 19-20"]
[null,null,1,"x",10,{"v":0.23,"d":"0.230"},{"v":0.38,"d":"0.380"},{"v":2.8,"d":"2.800"},2.45,"Cum",{"$nulls":3},"SSR 19-20"]
[null,"Qty.p.23 of M.B.No.605/B/ZP/20",null,"01.07.22",{"$nulls":9},"SSR 19-20"]
[null,null,1,"x",2,{"v":0.23,"d":"0.230"},{"v":0.38,"d":"0.380"},{"v":1.22,"d":"1.220"},{"$f":"ROUND(IF(AND(F14:H14),C14*E14*F14*G14*H14,IF(AND(F14,G14),C14*E14*F14*G14,IF(AND(F14,H14),C14*E14*F14*H14,IF(AND(G14,H14),C14*E14*G14*H14,IF(F14,C14*E14*F14,IF(G14,C14*E14*G14,IF(H14,C14*E14*H14,C14*E14))))))),2)","v":0.21},"Cum",{"$nulls":3},"SSR 19-20"]
[{"$nulls":13},"SSR 19-20"]
[{"$nulls":9},"Cum",{"$f":"data!F155","v":{"v":9806.810000000001,"d":"9806.81"}},"SSR 19-20",{"$f":"ROUND(I16*K16,0)","v":{"v":0,"d":"0.00"}},"SSR 19-20"]
[1,"Reinforced Cement Concrete  M25 Nominal mix (Cement: Sand: Metal) corresponding Table 9 of IS 456 using 20mm size graded machine crushed hard granite metal from approved quarry including c/c of all materials like Cement, Sand, coarse aggregate, water etc to site, all marerials including labour charges such as machine mixing, laying concrete, curing etc complete but excluding cost of steel and its fabrication charges for finished item of work for Columns etc., complete",{"$nulls":11},"SSR 20-21"]
[null,"Qty.p.14  of M.B.No.441/A/ZP/19",{"$nulls":11},"SSR 20-21"]
[null,"Dummy columns",1,"x",11,{"v":0.36,"d":"0.360"},{"v":0.48,"d":"0.480"},{"v":0.05,"d":"0.050"},{"$f":"ROUND(IF(AND(F19:H19),C19*E19*F19*G19*H19,IF(AND(F19,G19),C19*E19*F19*G19,IF(AND(F19,H19),C19*E19*F19*H19,IF(AND(G19,H19),C19*E19*G19*H19,IF(F19,C19*E19*F19,IF(G19,C19*E19*G19,IF(H19,C19*E19*H19,C19*E19))))))),2)","v":{"v":0.1,"d":"0.10"}},"Cum",{"$nulls":3},"SSR 20-21"]
[{"$nulls":13},"SSR 20-21"]
[{"$nulls":9},"Cum",{"$f":"data!F1071","v":10177.17},"SSR 20-21",{"$f":"ROUND(I21*K21,0)","v":{"v":0,"d":"0.00"}},"SSR 20-21"]
[1,"Reinforced Cement Concrete  M25 Nominal mix (Cement: Sand: Metal) corresponding Table 9 of IS 456 using 20mm size graded machine crushed hard granite metal from approved quarry including c/c of all materials like Cement, Sand, coarse aggregate, water etc to site, all marerials including labour charges such as machine mixing, laying concrete, curing etc complete but excluding cost of steel and its fabrication charges for finished item of work for Columns etc., complete",{"$nulls":11},"SSR 21-22"]
[null,"Qty.p.20 of M.B.No.605/B/ZP/20",{"$nulls":11},"SSR 21-22"]
[null,null,1,"x",2,{"v":0.23,"d":"0.230"},{"v":0.38,"d":"0.380"},{"v":1.2,"d":"1.200"},{"$f":"ROUND(IF(AND(F24:H24),C24*E24*F24*G24*H24,IF(AND(F24,G24),C24*E24*F24*G24,IF(AND(F24,H24),C24*E24*F24*H24,IF(AND(G24,H24),C24*E24*G24*H24,IF(F24,C24*E24*F24,IF(G24,C24*E24*G24,IF(H24,C24*E24*H24,C24*E24))))))),2)","v":0.21},"Cum",{"$nulls":3},"SSR 21-22"]
[null,null,1,"x",3,{"v":0.23,"d":"0.230"},{"v":0.38,"d":"0.380"},{"v":2.87,"d":"2.870"},0.75,"Cum",{"$nulls":3},"SSR 21-22"]
[null,null,1,"x",10,{"v":0.23,"d":"0.230"},{"v":0.38,"d":"0.380"},{"v":2.8,"d":"2.800"},2.45,"Cum",{"$nulls":3},"SSR 21-22"]
[null,"Qty.p.23 of M.B.No.605/B/ZP/20",{"$nulls":11},"SSR 21-22"]
[null,null,1,"x",2,{"v":0.23,"d":"0.230"},{"v":0.38,"d":"0.380"},{"v":1.22,"d":"1.220"},{"$f":"ROUND(IF(AND(F28:H28),C28*E28*F28*G28*H28,IF(AND(F28,G28),C28*E28*F28*G28,IF(AND(F28,H28),C28*E28*F28*H28,IF(AND(G28,H28),C28*E28*G28*H28,IF(F28,C28*E28*F28,IF(G28,C28*E28*G28,IF(H28,C28*E28*H28,C28*E28))))))),2)","v":0.21},"Cum",{"$nulls":3},"SSR 21-22"]
[{"$nulls":13},"SSR 21-22"]
[{"$nulls":9},"Cum",{"$f":"data!F1988","v":10761.36},"SSR 21-22",{"$f":"ROUND(I30*K30,0)","v":{"v":0,"d":"0.00"}},"SSR 21-22"]
[1,"Reinforced Cement Concrete  M25 Nominal mix (Cement: Sand: Metal) corresponding Table 9 of IS 456 using 20mm size graded machine crushed hard granite metal from approved quarry including c/c of all materials like Cement, Sand, coarse aggregate, water etc to site, all marerials including labour charges such as machine mixing, laying concrete, curing etc complete but excluding cost of steel and its fabrication charges for finished item of work for Columns etc., complete",{"$nulls":11},"SSR 22-23"]
[null,"Qty.p.14  of M.B.No.441/A/ZP/19",{"$nulls":11},"SSR 22-23"]
[null,"Dummy columns",1,"x",11,{"v":0.36,"d":"0.360"},{"v":0.48,"d":"0.480"},{"v":0.05,"d":"0.050"},{"$f":"ROUND(IF(AND(F33:H33),C33*E33*F33*G33*H33,IF(AND(F33,G33),C33*E33*F33*G33,IF(AND(F33,H33),C33*E33*F33*H33,IF(AND(G33,H33),C33*E33*G33*H33,IF(F33,C33*E33*F33,IF(G33,C33*E33*G33,IF(H33,C33*E33*H33,C33*E33))))))),2)","v":{"v":0.1,"d":"0.10"}},"Cum",{"$nulls":3},"SSR 22-23"]
[{"$nulls":13},"SSR 22-23"]
[{"$nulls":9},"Cum",{"$f":"data!F2905","v":11192.01},"SSR 22-23",{"$f":"ROUND(I35*K35,0)","v":{"v":0,"d":"0.00"}},"SSR 22-23"]
[2,"~do~ for  Beams etc., complete",{"$nulls":11},"SSR 19-20"]
[null,"Qty.p.23 of M.B.No.605/B/ZP/20",null,"01.07.22",{"$nulls":9},"SSR 19-20"]
[null,null,1,"x",1,{"v":2.72,"d":"2.720"},{"v":0.23,"d":"0.230"},{"v":0.3,"d":"0.300"},{"$f":"ROUND(IF(AND(F38:H38),C38*E38*F38*G38*H38,IF(AND(F38,G38),C38*E38*F38*G38,IF(AND(F38,H38),C38*E38*F38*H38,IF(AND(G38,H38),C38*E38*G38*H38,IF(F38,C38*E38*F38,IF(G38,C38*E38*G38,IF(H38,C38*E38*H38,C38*E38))))))),2)","v":0.19},"Cum",{"$nulls":3},"SSR 19-20"]
[null,"Extra beam",1,"x",2,{"v":1,"d":"1.000"},{"v":0.23,"d":"0.230"},{"v":0.3,"d":"0.300"},0.14,"Cum",{"$nulls":3},"SSR 19-20"]
[null,"Qty.p.33 of M.B.No.605/B/ZP/20",null,"06.07.22",{"$nulls":9},"SSR 19-20"]
[null,"FB 201",1,"x",1,{"v":3.27,"d":"3.270"},{"v":0.23,"d":"0.230"},{"v":0.3,"d":"0.300"},{"$f":"ROUND(IF(AND(F41:H41),C41*E41*F41*G41*H41,IF(AND(F41,G41),C41*E41*F41*G41,IF(AND(F41,H41),C41*E41*F41*H41,IF(AND(G41,H41),C41*E41*G41*H41,IF(F41,C41*E41*F41,IF(G41,C41*E41*G41,IF(H41,C41*E41*H41,C41*E41))))))),2)","v":0.23},"Cum",{"$nulls":3},"SSR 19-20"]
[null,null,1,"x",1,{"v":5.45,"d":"5.450"},{"v":0.23,"d":"0.230"},{"v":0.38,"d":"0.380"},0.48,"Cum",{"$nulls":3},"SSR 19-20"]
[null,"FB 202",1,"x",1,{"v":3.27,"d":"3.270"},{"v":0.23,"d":"0.230"},{"v":0.3,"d":"0.300"},0.23,"Cum",{"$nulls":3},"SSR 19-20"]
[null,null,1,"x",1,{"v":5.45,"d":"5.450"},{"v":0.23,"d":"0.230"},{"v":0.38,"d":"0.380"},0.48,"Cum",{"$nulls":3},"SSR 19-20"]
[null,"FB 203",1,"x",1,{"v":3.27,"d":"3.270"},{"v":0.23,"d":"0.230"},{"v":0.3,"d":"0.300"},0.23,"Cum",{"$nulls":3},"SSR 19-20"]
[null,null,1,"x",1,{"v":5.45,"d":"5.450"},{"v":0.23,"d":"0.230"},{"v":0.38,"d":"0.380"},0.48,"Cum",{"$nulls":3},"SSR 19-20"]
[null,"FB 204",1,"x",1,{"v":4.27,"d":"4.270"},{"v":0.23,"d":"0.230"},{"v":0.3,"d":"0.300"},0.29,"Cum",{"$nulls":3},"SSR 19-20"]
[null,null,1,"x",1,{"v":5.45,"d":"5.450"},{"v":0.23,"d":"0.230"},{"v":0.38,"d":"0.380"},0.48,"Cum",{"$nulls":3},"SSR 19-20"]
[null,"FB 205",1,"x",1,{"v":4.27,"d":"4.270"},{"v":0.23,"d":"0.230"},{"v":0.3,"d":"0.300"},0.29,"Cum",{"$nulls":3},"SSR 19-20"]
[null,null,1,"x",1,{"v":5.45,"d":"5.450"},{"v":0.23,"d":"0.230"},{"v":0.38,"d":"0.380"},0.48,"Cum",{"$nulls":3},"SSR 19-20"]
[null,"FB 206",1,"x",1,{"v":2.72,"d":"2.720"},{"v":0.23,"d":"0.230"},{"v":0.38,"d":"0.380"},0.24,"Cum",{"$nulls":3},"SSR 19-20"]
[null,"FB 207",1,"x",1,{"v":10.42,"d":"10.420"},{"v":0.23,"d":"0.230"},{"v":0.3,"d":"0.300"},0.72,"Cum",{"$nulls":3},"SSR 19-20"]
[null,"Deduct column",1,"x",5,{"v":0.23,"d":"0.230"},{"v":0.23,"d":"0.230"},{"v":0.3,"d":"0.300"},{"$f":"-ROUND(IF(AND(F53:H53),C53*E53*F53*G53*H53,IF(AND(F53,G53),C53*E53*F53*G53,IF(AND(F53,H53),C53*E53*F53*H53,IF(AND(G53,H53),C53*E53*G53*H53,IF(F53,C53*E53*F53,IF(G53,C53*E53*G53,IF(H53,C53*E53*H53,C53*E53))))))),2)","v":-0.08},"Cum",{"$nulls":3},"SSR 19-20"]
[null,"FB 208",1,"x",1,{"v":13.37,"d":"13.370"},{"v":0.23,"d":"0.230"},{"v":0.3,"d":"0.300"},{"$f":"ROUND(IF(AND(F54:H54),C54*E54*F54*G54*H54,IF(AND(F54,G54),C54*E54*F54*G54,IF(AND(F54,H54),C54*E54*F54*H54,IF(AND(G54,H54),C54*E54*G54*H54,IF(F54,C54*E54*F54,IF(G54,C54*E54*G54,IF(H54,C54*E54*H54,C54*E54))))))),2)","v":0.92},"Cum",{"$nulls":3},"SSR 19-20"]
[null,"Deduct column",1,"x",5,{"v":0.23,"d":"0.230"},{"v":0.23,"d":"0.230"},{"v":0.3,"d":"0.300"},{"$f":"-ROUND(IF(AND(F55:H55),C55*E55*F55*G55*H55,IF(AND(F55,G55),C55*E55*F55*G55,IF(AND(F55,H55),C55*E55*F55*H55,IF(AND(G55,H55),C55*E55*G55*H55,IF(F55,C55*E55*F55,IF(G55,C55*E55*G55,IF(H55,C55*E55*H55,C55*E55))))))),2)","v":-0.08},"Cum",{"$nulls":3},"SSR 19-20"]
[null,"FB 209",1,"x",1,{"v":13.37,"d":"13.370"},{"v":0.23,"d":"0.230"},{"v":0.3,"d":"0.300"},{"$f":"ROUND(IF(AND(F56:H56),C56*E56*F56*G56*H56,IF(AND(F56,G56),C56*E56*F56*G56,IF(AND(F56,H56),C56*E56*F56*H56,IF(AND(G56,H56),C56*E56*G56*H56,IF(F56,C56*E56*F56,IF(G56,C56*E56*G56,IF(H56,C56*E56*H56,C56*E56))))))),2)","v":0.92},"Cum",{"$nulls":3},"SSR 19-20"]
[null,"Deduct column",1,"x",5,{"v":0.23,"d":"0.230"},{"v":0.23,"d":"0.230"},{"v":0.3,"d":"0.300"},{"$f":"-ROUND(IF(AND(F57:H57),C57*E57*F57*G57*H57,IF(AND(F57,G57),C57*E57*F57*G57,IF(AND(F57,H57),C57*E57*F57*H57,IF(AND(G57,H57),C57*E57*G57*H57,IF(F57,C57*E57*F57,IF(G57,C57*E57*G57,IF(H57,C57*E57*H57,C57*E57))))))),2)","v":-0.08},"Cum",{"$nulls":3},"SSR 19-20"]
[{"$nulls":13},"SSR 19-20"]
[{"$nulls":9},"Cum",{"$f":"data!F182","v":{"v":9468.130000000001,"d":"9468.13"}},"SSR 19-20",{"$f":"ROUND(I59*K59,0)","v":{"v":0,"d":"0.00"}},"SSR 19-20"]
[2,"~do~ for  Beams etc., complete",{"$nulls":11},"SSR 20-21"]
[null,"Qty.p.44  of M.B.No.441/A/ZP/19",{"$nulls":11},"SSR 20-21"]
[null,"Mid landing beam-1",1,"x",1,{"v":2.72,"d":"2.720"},{"v":0.23,"d":"0.230"},{"v":0.3,"d":"0.300"},{"$f":"ROUND(IF(AND(F62:H62),C62*E62*F62*G62*H62,IF(AND(F62,G62),C62*E62*F62*G62,IF(AND(F62,H62),C62*E62*F62*H62,IF(AND(G62,H62),C62*E62*G62*H62,IF(F62,C62*E62*F62,IF(G62,C62*E62*G62,IF(H62,C62*E62*H62,C62*E62))))))),2)","v":0.19},"Cum",{"$nulls":3},"SSR 20-21"]
[null,"Mid landing beam-2",1,"x",2,{"v":1,"d":"1.000"},{"v":0.23,"d":"0.230"},{"v":0.3,"d":"0.300"},0.14,"Cum",{"$nulls":3},"SSR 20-21"]
[null,"Steps for 1st flight",11,"x",0.5,{"v":1.3,"d":"1.300"},{"v":0.3,"d":"0.300"},{"v":0.15,"d":"0.150"},0.32,"Cum",{"$nulls":3},"SSR 20-21"]
[null,"Qty.p.52  of M.B.No.441/A/ZP/19",{"$nulls":11},"SSR 20-21"]
[null,"FB 201, 202",1,"x",5,{"v":3.16,"d":"3.160"},{"v":0.23,"d":"0.230"},{"v":0.3,"d":"0.300"},{"$f":"ROUND(IF(AND(F66:H66),C66*E66*F66*G66*H66,IF(AND(F66,G66),C66*E66*F66*G66,IF(AND(F66,H66),C66*E66*F66*H66,IF(AND(G66,H66),C66*E66*G66*H66,IF(F66,C66*E66*F66,IF(G66,C66*E66*G66,IF(H66,C66*E66*H66,C66*E66))))))),2)","v":1.09},"Cum",{"$nulls":3},"SSR 20-21"]
[null,"FB 203, 204, 205",1,"x",5,{"v":4.99,"d":"4.990"},{"v":0.23,"d":"0.230"},{"v":0.38,"d":"0.380"},2.18,"Cum",{"$nulls":3},"SSR 20-21"]
[null,"FB 208, 209",1,"x",2,12.475,{"v":0.23,"d":"0.230"},{"v":0.3,"d":"0.300"},1.72,"Cum",{"$nulls":3},"SSR 20-21"]
[null,"FB 207",1,"x",1,{"v":9.52,"d":"9.520"},{"v":0.23,"d":"0.230"},{"v":0.3,"d":"0.300"},0.66,"Cum",{"$nulls":3},"SSR 20-21"]
[null,"FB 206",1,"x",1,{"v":4.95,"d":"4.950"},{"v":0.23,"d":"0.230"},{"v":0.3,"d":"0.300"},0.34,"Cum",{"$nulls":3},"SSR 20-21"]
[null,"Qty.p.55  of M.B.No.441/A/ZP/19",{"$nulls":11},"SSR 20-21"]
[null,"Steps for 1st flight",11,"x",0.5,{"v":1.3,"d":"1.300"},{"v":0.3,"d":"0.300"},{"v":0.15,"d":"0.150"},{"$f":"ROUND(IF(AND(F72:H72),C72*E72*F72*G72*H72,IF(AND(F72,G72),C72*E72*F72*G72,IF(AND(F72,H72),C72*E72*F72*H72,IF(AND(G72,H72),C72*E72*G72*H72,IF(F72,C72*E72*F72,IF(G72,C72*E72*G72,IF(H72,C72*E72*H72,C72*E72))))))),2)","v":0.32},"Cum",{"$nulls":3},"SSR 20-21"]
[{"$nulls":13},"SSR 20-21"]
[{"$nulls":9},"Cum",{"$f":"data!F1098","v":9694.16},"SSR 20-21",{"$f":"ROUND(I74*K74,0)","v":{"v":0,"d":"0.00"}},"SSR 20-21"]
[2,"~do~ for  Beams etc., complete",{"$nulls":11},"SSR 21-22"]
[null,"Qty.p.23 of M.B.No.605/B/ZP/20",{"$nulls":11},"SSR 21-22"]
[null,null,1,"x",1,{"v":2.72,"d":"2.720"},{"v":0.23,"d":"0.230"},{"v":0.3,"d":"0.300"},{"$f":"ROUND(IF(AND(F77:H77),C77*E77*F77*G77*H77,IF(AND(F77,G77),C77*E77*F77*G77,IF(AND(F77,H77),C77*E77*F77*H77,IF(AND(G77,H77),C77*E77*G77*H77,IF(F77,C77*E77*F77,IF(G77,C77*E77*G77,IF(H77,C77*E77*H77,C77*E77))))))),2)","v":0.19},"Cum",{"$nulls":3},"SSR 21-22"]
[null,null,1,"x",2,{"v":1,"d":"1.000"},{"v":0.23,"d":"0.230"},{"v":0.3,"d":"0.300"},0.14,"Cum",{"$nulls":3},"SSR 21-22"]
[null,"Qty.p.33 of M.B.No.605/B/ZP/20",{"$nulls":11},"SSR 21-22"]
[null,null,1,"x",1,{"v":3.27,"d":"3.270"},{"v":0.23,"d":"0.230"},{"v":0.3,"d":"0.300"},{"$f":"ROUND(IF(AND(F80:H80),C80*E80*F80*G80*H80,IF(AND(F80,G80),C80*E80*F80*G80,IF(AND(F80,H80),C80*E80*F80*H80,IF(AND(G80,H80),C80*E80*G80*H80,IF(F80,C80*E80*F80,IF(G80,C80*E80*G80,IF(H80,C80*E80*H80,C80*E80))))))),2)","v":0.23},"Cum",{"$nulls":3},"SSR 21-22"]
[null,null,1,"x",1,{"v":5.45,"d":"5.450"},{"v":0.23,"d":"0.230"},{"v":0.38,"d":"0.380"},0.48,"Cum",{"$nulls":3},"SSR 21-22"]
[null,null,1,"x",1,{"v":3.27,"d":"3.270"},{"v":0.23,"d":"0.230"},{"v":0.3,"d":"0.300"},0.23,"Cum",{"$nulls":3},"SSR 21-22"]
[null,null,1,"x",1,{"v":5.45,"d":"5.450"},{"v":0.23,"d":"0.230"},{"v":0.38,"d":"0.380"},0.48,"Cum",{"$nulls":3},"SSR 21-22"]
[null,null,1,"x",1,{"v":3.27,"d":"3.270"},{"v":0.23,"d":"0.230"},{"v":0.3,"d":"0.300"},0.23,"Cum",{"$nulls":3},"SSR 21-22"]
[null,null,1,"x",1,{"v":5.45,"d":"5.450"},{"v":0.23,"d":"0.230"},{"v":0.38,"d":"0.380"},0.48,"Cum",{"$nulls":3},"SSR 21-22"]
[null,null,1,"x",1,{"v":4.27,"d":"4.270"},{"v":0.23,"d":"0.230"},{"v":0.3,"d":"0.300"},0.29,"Cum",{"$nulls":3},"SSR 21-22"]
[null,null,1,"x",1,{"v":5.45,"d":"5.450"},{"v":0.23,"d":"0.230"},{"v":0.38,"d":"0.380"},0.48,"Cum",{"$nulls":3},"SSR 21-22"]
[null,null,1,"x",1,{"v":4.27,"d":"4.270"},{"v":0.23,"d":"0.230"},{"v":0.3,"d":"0.300"},0.29,"Cum",{"$nulls":3},"SSR 21-22"]
[null,null,1,"x",1,{"v":5.45,"d":"5.450"},{"v":0.23,"d":"0.230"},{"v":0.38,"d":"0.380"},0.48,"Cum",{"$nulls":3},"SSR 21-22"]
[null,null,1,"x",1,{"v":2.72,"d":"2.720"},{"v":0.23,"d":"0.230"},{"v":0.38,"d":"0.380"},0.24,"Cum",{"$nulls":3},"SSR 21-22"]
[null,null,1,"x",1,{"v":10.42,"d":"10.420"},{"v":0.23,"d":"0.230"},{"v":0.3,"d":"0.300"},0.72,"Cum",{"$nulls":3},"SSR 21-22"]
[null,null,1,"x",5,{"v":0.23,"d":"0.230"},{"v":0.23,"d":"0.230"},{"v":0.3,"d":"0.300"},{"$f":"-ROUND(IF(AND(F92:H92),C92*E92*F92*G92*H92,IF(AND(F92,G92),C92*E92*F92*G92,IF(AND(F92,H92),C92*E92*F92*H92,IF(AND(G92,H92),C92*E92*G92*H92,IF(F92,C92*E92*F92,IF(G92,C92*E92*G92,IF(H92,C92*E92*H92,C92*E92))))))),2)","v":-0.08},"Cum",{"$nulls":3},"SSR 21-22"]
[null,null,1,"x",1,{"v":13.37,"d":"13.370"},{"v":0.23,"d":"0.230"},{"v":0.3,"d":"0.300"},{"$f":"ROUND(IF(AND(F93:H93),C93*E93*F93*G93*H93,IF(AND(F93,G93),C93*E93*F93*G93,IF(AND(F93,H93),C93*E93*F93*H93,IF(AND(G93,H93),C93*E93*G93*H93,IF(F93,C93*E93*F93,IF(G93,C93*E93*G93,IF(H93,C93*E93*H93,C93*E93))))))),2)","v":0.92},"Cum",{"$nulls":3},"SSR 21-22"]
[null,null,1,"x",5,{"v":0.23,"d":"0.230"},{"v":0.23,"d":"0.230"},{"v":0.3,"d":"0.300"},{"$f":"-ROUND(IF(AND(F94:H94),C94*E94*F94*G94*H94,IF(AND(F94,G94),C94*E94*F94*G94,IF(AND(F94,H94),C94*E94*F94*H94,IF(AND(G94,H94),C94*E94*G94*H94,IF(F94,C94*E94*F94,IF(G94,C94*E94*G94,IF(H94,C94*E94*H94,C94*E94))))))),2)","v":-0.08},"Cum",{"$nulls":3},"SSR 21-22"]
[null,null,1,"x",1,{"v":13.37,"d":"13.370"},{"v":0.23,"d":"0.230"},{"v":0.3,"d":"0.300"},{"$f":"ROUND(IF(AND(F95:H95),C95*E95*F95*G95*H95,IF(AND(F95,G95),C95*E95*F95*G95,IF(AND(F95,H95),C95*E95*F95*H95,IF(AND(G95,H95),C95*E95*G95*H95,IF(F95,C95*E95*F95,IF(G95,C95*E95*G95,IF(H95,C95*E95*H95,C95*E95))))))),2)","v":0.92},"Cum",{"$nulls":3},"SSR 21-22"]
[null,null,1,"x",5,{"v":0.23,"d":"0.230"},{"v":0.23,"d":"0.230"},{"v":0.3,"d":"0.300"},{"$f":"-ROUND(IF(AND(F96:H96),C96*E96*F96*G96*H96,IF(AND(F96,G96),C96*E96*F96*G96,IF(AND(F96,H96),C96*E96*F96*H96,IF(AND(G96,H96),C96*E96*G96*H96,IF(F96,C96*E96*F96,IF(G96,C96*E96*G96,IF(H96,C96*E96*H96,C96*E96))))))),2)","v":-0.08},"Cum",{"$nulls":3},"SSR 21-22"]
[{"$nulls":13},"SSR 21-22"]
[{"$nulls":9},"Cum",{"$f":"data!F2015","v":10194.73},"SSR 21-22",{"$f":"ROUND(I98*K98,0)","v":{"v":0,"d":"0.00"}},"SSR 21-22"]
[2,"~do~ for  Beams etc., complete",{"$nulls":11},"SSR 22-23"]
[null,"Qty.p.17  of M.B.No.441/A/ZP/19",{"$nulls":11},"SSR 22-23"]
[null,"Mid landing beam-1",1,"x",1,{"v":2.65,"d":"2.650"},{"v":0.23,"d":"0.230"},{"v":0.3,"d":"0.300"},{"$f":"ROUND(IF(AND(F101:H101),C101*E101*F101*G101*H101,IF(AND(F101,G101),C101*E101*F101*G101,IF(AND(F101,H101),C101*E101*F101*H101,IF(AND(G101,H101),C101*E101*G101*H101,IF(F101,C101*E101*F101,IF(G101,C101*E101*G101,IF(H101,C101*E101*H101,C101*E101))))))),2)","v":0.18},"Cum",{"$nulls":3},"SSR 22-23"]
[null,"Mid landing beam-2",1,"x",2,{"v":1,"d":"1.000"},{"v":0.23,"d":"0.230"},{"v":0.3,"d":"0.300"},{"$f":"ROUND(IF(AND(F102:H102),C102*E102*F102*G102*H102,IF(AND(F102,G102),C102*E102*F102*G102,IF(AND(F102,H102),C102*E102*F102*H102,IF(AND(G102,H102),C102*E102*G102*H102,IF(F102,C102*E102*F102,IF(G102,C102*E102*G102,IF(H102,C102*E102*H102,C102*E102))))))),2)","v":0.14},"Cum",{"$nulls":3},"SSR 22-23"]
[{"$nulls":13},"SSR 22-23"]
[{"$nulls":9},"Cum",{"$f":"data!F2932","v":10490.18},"SSR 22-23",{"$f":"ROUND(I104*K104,0)","v":{"v":0,"d":"0.00"}},"SSR 22-23"]
[3,"~do~ for  Waist slab 150mm thick etc., complete",{"$nulls":11},"SSR 19-20"]
[null,"Qty.p.23 of M.B.No.605/B/ZP/20",null,"01.07.2022",{"$nulls":9},"SSR 19-20"]
[null,"3rd flight",1,"x",1,{"v":3.25,"d":"3.250"},{"v":1.35,"d":"1.350"},{"v":0,"d":"0.000"},{"$f":"ROUND(IF(AND(F107:H107),C107*E107*F107*G107*H107,IF(AND(F107,G107),C107*E107*F107*G107,IF(AND(F107,H107),C107*E107*F107*H107,IF(AND(G107,H107),C107*E107*G107*H107,IF(F107,C107*E107*F107,IF(G107,C107*E107*G107,IF(H107,C107*E107*H107,C107*E107))))))),2)","v":4.39},"Sqm",{"$nulls":3},"SSR 19-20"]
[null,"Landing slab",1,"x",1,{"v":3.4,"d":"3.400"},{"v":1.35,"d":"1.350"},{"v":0,"d":"0.000"},4.59,"Sqm",{"$nulls":3},"SSR 19-20"]
[null,"Qty.p.31 of M.B.No.605/B/ZP/20",null,"06.07.22",{"$nulls":9},"SSR 19-20"]
[null,"4th flight",1,"x",1,{"v":3.25,"d":"3.250"},{"v":1.35,"d":"1.350"},{"v":0,"d":"0.000"},{"$f":"ROUND(IF(AND(F110:H110),C110*E110*F110*G110*H110,IF(AND(F110,G110),C110*E110*F110*G110,IF(AND(F110,H110),C110*E110*F110*H110,IF(AND(G110,H110),C110*E110*G110*H110,IF(F110,C110*E110*F110,IF(G110,C110*E110*G110,IF(H110,C110*E110*H110,C110*E110))))))),2)","v":4.39},"Sqm",{"$nulls":3},"SSR 19-20"]
[{"$nulls":13},"SSR 19-20"]
[{"$nulls":9},"Sqm",{"$f":"data!F203","v":{"v":1356.1200000000001,"d":"1356.12"}},"SSR 19-20",{"$f":"ROUND(I112*K112,0)","v":{"v":0,"d":"0.00"}},"SSR 19-20"]
[3,"~do~ for  Waist slab 150mm thick etc., complete",{"$nulls":11},"SSR 20-21"]
[null,"Qty.p.44  of M.B.No.441/A/ZP/19",{"$nulls":11},"SSR 20-21"]
[null,"1st flight",1,"x",1,{"v":3.56,"d":"3.560"},{"v":1.3,"d":"1.300"},{"v":0,"d":"0.000"},{"$f":"ROUND(IF(AND(F115:H115),C115*E115*F115*G115*H115,IF(AND(F115,G115),C115*E115*F115*G115,IF(AND(F115,H115),C115*E115*F115*H115,IF(AND(G115,H115),C115*E115*G115*H115,IF(F115,C115*E115*F115,IF(G115,C115*E115*G115,IF(H115,C115*E115*H115,C115*E115))))))),2)","v":4.63},"Sqm",{"$nulls":3},"SSR 20-21"]
[null,"Landing slab",1,"x",1,{"v":3.18,"d":"3.180"},{"v":1.38,"d":"1.380"},{"v":0,"d":"0.000"},4.39,"Sqm",{"$nulls":3},"SSR 20-21"]
[null,"Qty.p.52  of M.B.No.441/A/ZP/19",{"$nulls":11},"SSR 20-21"]
[null,"2nd flight",1,"x",1,{"v":3.56,"d":"3.560"},{"v":1.3,"d":"1.300"},{"v":0,"d":"0.000"},{"$f":"ROUND(IF(AND(F118:H118),C118*E118*F118*G118*H118,IF(AND(F118,G118),C118*E118*F118*G118,IF(AND(F118,H118),C118*E118*F118*H118,IF(AND(G118,H118),C118*E118*G118*H118,IF(F118,C118*E118*F118,IF(G118,C118*E118*G118,IF(H118,C118*E118*H118,C118*E118))))))),2)","v":4.63},"Sqm",{"$nulls":3},"SSR 20-21"]
[{"$nulls":13},"SSR 20-21"]
[{"$nulls":9},"Sqm",{"$f":"data!F1119","v":1399.27},"SSR 20-21",{"$f":"ROUND(I120*K120,0)","v":{"v":0,"d":"0.00"}},"SSR 20-21"]
[3,"~do~ for  Waist slab 150mm thick etc., complete",{"$nulls":11},"SSR 21-22"]
[null,"Qty.p.23 of M.B.No.605/B/ZP/20",{"$nulls":11},"SSR 21-22"]
[null,null,1,"x",1,{"v":3.25,"d":"3.250"},{"v":1.35,"d":"1.350"},{"v":0,"d":"0.000"},{"$f":"ROUND(IF(AND(F123:H123),C123*E123*F123*G123*H123,IF(AND(F123,G123),C123*E123*F123*G123,IF(AND(F123,H123),C123*E123*F123*H123,IF(AND(G123,H123),C123*E123*G123*H123,IF(F123,C123*E123*F123,IF(G123,C123*E123*G123,IF(H123,C123*E123*H123,C123*E123))))))),2)","v":4.39},"Sqm",{"$nulls":3},"SSR 21-22"]
[null,null,1,"x",1,{"v":3.4,"d":"3.400"},{"v":1.35,"d":"1.350"},{"v":0,"d":"0.000"},4.59,"Sqm",{"$nulls":3},"SSR 21-22"]
[null,"Qty.p.31 of M.B.No.605/B/ZP/20",{"$nulls":11},"SSR 21-22"]
[null,null,1,"x",1,{"v":3.25,"d":"3.250"},{"v":1.35,"d":"1.350"},{"v":0,"d":"0.000"},{"$f":"ROUND(IF(AND(F126:H126),C126*E126*F126*G126*H126,IF(AND(F126,G126),C126*E126*F126*G126,IF(AND(F126,H126),C126*E126*F126*H126,IF(AND(G126,H126),C126*E126*G126*H126,IF(F126,C126*E126*F126,IF(G126,C126*E126*G126,IF(H126,C126*E126*H126,C126*E126))))))),2)","v":4.39},"Sqm",{"$nulls":3},"SSR 21-22"]
[{"$nulls":13},"SSR 21-22"]
[{"$nulls":9},"Sqm",{"$f":"data!F2036","v":{"v":1486.3000000000002,"d":"1486.30"}},"SSR 21-22",{"$f":"ROUND(I128*K128,0)","v":{"v":0,"d":"0.00"}},"SSR 21-22"]
[3,"~do~ for  Waist slab 150mm thick etc., complete",{"$nulls":11},"SSR 22-23"]
[null,"Qty.p.17  of M.B.No.441/A/ZP/19",{"$nulls":11},"SSR 22-23"]
[null,"1st flight (dead slab)",1,"x",1,{"v":3.2,"d":"3.200"},{"v":1.22,"d":"1.220"},{"v":0,"d":"0.000"},{"$f":"ROUND(IF(AND(F131:H131),C131*E131*F131*G131*H131,IF(AND(F131,G131),C131*E131*F131*G131,IF(AND(F131,H131),C131*E131*F131*H131,IF(AND(G131,H131),C131*E131*G131*H131,IF(F131,C131*E131*F131,IF(G131,C131*E131*G131,IF(H131,C131*E131*H131,C131*E131))))))),2)","v":{"v":3.9,"d":"3.90"}},"Sqm",{"$nulls":3},"SSR 22-23"]
[{"$nulls":13},"SSR 22-23"]
[{"$nulls":9},"Sqm",{"$f":"data!F2953","v":1538.77},"SSR 22-23",{"$f":"ROUND(I133*K133,0)","v":{"v":0,"d":"0.00"}},"SSR 22-23"]
[4,"~do~ for  Roof slab 125mm thick etc., complete",{"$nulls":11},"SSR 19-20"]
[null,"Qty.p.33 of M.B.No.605/B/ZP/20",null,"06.07.22",{"$nulls":9},"SSR 19-20"]
[null,null,1,"x",1,{"v":9.45,"d":"9.450"},{"v":10.45,"d":"10.450"},{"v":0,"d":"0.000"},{"$f":"ROUND(IF(AND(F136:H136),C136*E136*F136*G136*H136,IF(AND(F136,G136),C136*E136*F136*G136,IF(AND(F136,H136),C136*E136*F136*H136,IF(AND(G136,H136),C136*E136*G136*H136,IF(F136,C136*E136*F136,IF(G136,C136*E136*G136,IF(H136,C136*E136*H136,C136*E136))))))),2)","v":98.75},"Sqm",{"$nulls":3},"SSR 19-20"]
[null,null,1,"x",1,{"v":5.6,"d":"5.600"},{"v":3.6,"d":"3.600"},{"v":0,"d":"0.000"},20.16,"Sqm",{"$nulls":3},"SSR 19-20"]
[null,null,1,"x",1,{"v":4.3,"d":"4.300"},{"v":0.3,"d":"0.300"},{"v":0,"d":"0.000"},1.29,"Sqm",{"$nulls":3},"SSR 19-20"]
[{"$nulls":13},"SSR 19-20"]
[{"$nulls":9},"Sqm",{"$f":"data!F196","v":1231.97},"SSR 19-20",{"$f":"ROUND(I140*K140,0)","v":{"v":0,"d":"0.00"}},"SSR 19-20"]
[4,"~do~ for  Roof slab 125mm thick etc., complete",{"$nulls":11},"SSR 20-21"]
[null,"Qty.p.52  of M.B.No.441/A/ZP/19",{"$nulls":11},"SSR 20-21"]
[null,null,1,"x",1,{"v":13.25,"d":"13.250"},{"v":9.65,"d":"9.650"},{"v":0,"d":"0.000"},{"$f":"ROUND(IF(AND(F143:H143),C143*E143*F143*G143*H143,IF(AND(F143,G143),C143*E143*F143*G143,IF(AND(F143,H143),C143*E143*F143*H143,IF(AND(G143,H143),C143*E143*G143*H143,IF(F143,C143*E143*F143,IF(G143,C143*E143*G143,IF(H143,C143*E143*H143,C143*E143))))))),2)","v":127.86},"Sqm",{"$nulls":3},"SSR 20-21"]
[null,"deduct staircase",1,"x",1,{"v":2.72,"d":"2.720"},{"v":3.77,"d":"3.770"},{"v":0,"d":"0.000"},{"$f":"-ROUND(IF(AND(F144:H144),C144*E144*F144*G144*H144,IF(AND(F144,G144),C144*E144*F144*G144,IF(AND(F144,H144),C144*E144*F144*H144,IF(AND(G144,H144),C144*E144*G144*H144,IF(F144,C144*E144*F144,IF(G144,C144*E144*G144,IF(H144,C144*E144*H144,C144*E144))))))),2)","v":-10.25},"Sqm",{"$nulls":3},"SSR 20-21"]
[{"$nulls":13},"SSR 20-21"]
[{"$nulls":9},"Sqm",{"$f":"data!F1112","v":1269.73},"SSR 20-21",{"$f":"ROUND(I146*K146,0)","v":{"v":0,"d":"0.00"}},"SSR 20-21"]
[4,"~do~ for  Roof slab 125mm thick etc., complete",{"$nulls":11},"SSR 21-22"]
[null,"Qty.p.33 of M.B.No.605/B/ZP/20",{"$nulls":11},"SSR 21-22"]
[null,null,1,"x",1,{"v":9.45,"d":"9.450"},{"v":10.45,"d":"10.450"},{"v":0,"d":"0.000"},{"$f":"ROUND(IF(AND(F149:H149),C149*E149*F149*G149*H149,IF(AND(F149,G149),C149*E149*F149*G149,IF(AND(F149,H149),C149*E149*F149*H149,IF(AND(G149,H149),C149*E149*G149*H149,IF(F149,C149*E149*F149,IF(G149,C149*E149*G149,IF(H149,C149*E149*H149,C149*E149))))))),2)","v":98.75},"Sqm",{"$nulls":3},"SSR 21-22"]
[null,null,1,"x",1,{"v":5.6,"d":"5.600"},{"v":3.6,"d":"3.600"},{"v":0,"d":"0.000"},20.16,"Sqm",{"$nulls":3},"SSR 21-22"]
[null,null,1,"x",1,{"v":4.3,"d":"4.300"},{"v":0.3,"d":"0.300"},{"v":0,"d":"0.000"},1.29,"Sqm",{"$nulls":3},"SSR 21-22"]
[{"$nulls":13},"SSR 21-22"]
[{"$nulls":9},"Sqm",{"$f":"data!F2029","v":{"v":1350.5700000000002,"d":"1350.57"}},"SSR 21-22",{"$f":"ROUND(I153*K153,0)","v":{"v":0,"d":"0.00"}},"SSR 21-22"]
[4,"~do~ for  Roof slab 125mm thick etc., complete",{"$nulls":11},"SSR 22-23"]
[null,"Qty.p.45  of M.B.No.441/A/ZP/19",{"$nulls":11},"SSR 22-23"]
[null,null,1,"x",1,{"v":16.1,"d":"16.100"},{"v":10.15,"d":"10.150"},{"v":0,"d":"0.000"},{"$f":"ROUND(IF(AND(F156:H156),C156*E156*F156*G156*H156,IF(AND(F156,G156),C156*E156*F156*G156,IF(AND(F156,H156),C156*E156*F156*H156,IF(AND(G156,H156),C156*E156*G156*H156,IF(F156,C156*E156*F156,IF(G156,C156*E156*G156,IF(H156,C156*E156*H156,C156*E156))))))),2)","v":163.42},"Sqm",{"$nulls":3},"SSR 22-23"]
[null,"Deduct staircase",1,"x",1,{"v":3.87,"d":"3.870"},{"v":2.65,"d":"2.650"},{"v":0,"d":"0.000"},{"$f":"-ROUND(IF(AND(F157:H157),C157*E157*F157*G157*H157,IF(AND(F157,G157),C157*E157*F157*G157,IF(AND(F157,H157),C157*E157*F157*H157,IF(AND(G157,H157),C157*E157*G157*H157,IF(F157,C157*E157*F157,IF(G157,C157*E157*G157,IF(H157,C157*E157*H157,C157*E157))))))),2)","v":-10.26},"Sqm",{"$nulls":3},"SSR 22-23"]
[{"$nulls":13},"SSR 22-23"]
[{"$nulls":9},"Sqm",{"$f":"data!F2946","v":1395.89},"SSR 22-23",{"$f":"ROUND(I159*K159,0)","v":{"v":0,"d":"0.00"}},"SSR 22-23"]
[13,"~do~ for  Roof slab 100mm thick etc., complete",{"$nulls":11},"SSR 19-20"]
[null,"Qty.p.95 of M.B.No.441/A/ZP/19",{"$nulls":11},"SSR 19-20"]
[null,"Septic tank",1,"x",1,{"v":3.95,"d":"3.950"},{"v":2.1,"d":"2.100"},{"v":0,"d":"0.000"},{"$f":"ROUND(IF(AND(F162:H162),C162*E162*F162*G162*H162,IF(AND(F162,G162),C162*E162*F162*G162,IF(AND(F162,H162),C162*E162*F162*H162,IF(AND(G162,H162),C162*E162*G162*H162,IF(F162,C162*E162*F162,IF(G162,C162*E162*G162,IF(H162,C162*E162*H162,C162*E162))))))),2)","v":{"v":8.3,"d":"8.30"}},"Sqm",{"$nulls":3},"SSR 19-20"]
[{"$nulls":13},"SSR 19-20"]
[{"$nulls":9},"Sqm",{"$f":"data!F189","v":1107.81},"SSR 19-20",{"$f":"ROUND(I164*K164,0)","v":{"v":0,"d":"0.00"}},"SSR 19-20"]
[13,"~do~ for  Roof slab 100mm thick etc., complete",{"$nulls":11},"SSR 20-21"]
[null,"Qty.p.95 of M.B.No.441/A/ZP/19",{"$nulls":11},"SSR 20-21"]
[null,"Septic tank",1,"x",1,{"v":3.95,"d":"3.950"},{"v":2.1,"d":"2.100"},{"v":0,"d":"0.000"},{"$f":"ROUND(IF(AND(F167:H167),C167*E167*F167*G167*H167,IF(AND(F167,G167),C167*E167*F167*G167,IF(AND(F167,H167),C167*E167*F167*H167,IF(AND(G167,H167),C167*E167*G167*H167,IF(F167,C167*E167*F167,IF(G167,C167*E167*G167,IF(H167,C167*E167*H167,C167*E167))))))),2)","v":{"v":8.3,"d":"8.30"}},"Sqm",{"$nulls":3},"SSR 20-21"]
[{"$nulls":13},"SSR 20-21"]
[{"$nulls":9},"Sqm",{"$f":"data!F1105","v":1140.19},"SSR 20-21",{"$f":"ROUND(I169*K169,0)","v":{"v":0,"d":"0.00"}},"SSR 20-21"]
[13,"~do~ for  Roof slab 100mm thick etc., complete",{"$nulls":11},"SSR 21-22"]
[null,"Qty.p.95 of M.B.No.441/A/ZP/19",{"$nulls":11},"SSR 21-22"]
[null,"Septic tank",1,"x",1,{"v":3.95,"d":"3.950"},{"v":2.1,"d":"2.100"},{"v":0,"d":"0.000"},{"$f":"ROUND(IF(AND(F172:H172),C172*E172*F172*G172*H172,IF(AND(F172,G172),C172*E172*F172*G172,IF(AND(F172,H172),C172*E172*F172*H172,IF(AND(G172,H172),C172*E172*G172*H172,IF(F172,C172*E172*F172,IF(G172,C172*E172*G172,IF(H172,C172*E172*H172,C172*E172))))))),2)","v":{"v":8.3,"d":"8.30"}},"Sqm",{"$nulls":3},"SSR 21-22"]
[{"$nulls":13},"SSR 21-22"]
[{"$nulls":9},"Sqm",{"$f":"data!F2022","v":1214.83},"SSR 21-22",{"$f":"ROUND(I174*K174,0)","v":{"v":0,"d":"0.00"}},"SSR 21-22"]
[13,"~do~ for  Roof slab 100mm thick etc., complete",{"$nulls":11},"SSR 22-23"]
[null,"Qty.p.95 of M.B.No.441/A/ZP/19",{"$nulls":11},"SSR 22-23"]
[null,"Septic tank",1,"x",1,{"v":3.95,"d":"3.950"},{"v":2.1,"d":"2.100"},{"v":0,"d":"0.000"},{"$f":"ROUND(IF(AND(F177:H177),C177*E177*F177*G177*H177,IF(AND(F177,G177),C177*E177*F177*G177,IF(AND(F177,H177),C177*E177*F177*H177,IF(AND(G177,H177),C177*E177*G177*H177,IF(F177,C177*E177*F177,IF(G177,C177*E177*G177,IF(H177,C177*E177*H177,C177*E177))))))),2)","v":{"v":8.3,"d":"8.30"}},"Sqm",{"$nulls":3},"SSR 22-23"]
[{"$nulls":13},"SSR 22-23"]
[{"$nulls":9},"Sqm",{"$f":"data!F2939","v":1253.01},"SSR 22-23",{"$f":"ROUND(I179*K179,0)","v":{"v":0,"d":"0.00"}},"SSR 22-23"]
[16,"~do~ for  Roof slab 50mm thick etc., complete",{"$nulls":11},"SSR 19-20"]
[null,"Qty.p.62 of M.B.No.441/A/ZP/19",{"$nulls":11},"SSR 19-20"]
[null,"50mm thick",1,"x",5,{"v":1.52,"d":"1.520"},{"v":0.23,"d":"0.230"},{"v":0,"d":"0.000"},{"$f":"ROUND(IF(AND(F182:H182),C182*E182*F182*G182*H182,IF(AND(F182,G182),C182*E182*F182*G182,IF(AND(F182,H182),C182*E182*F182*H182,IF(AND(G182,H182),C182*E182*G182*H182,IF(F182,C182*E182*F182,IF(G182,C182*E182*G182,IF(H182,C182*E182*H182,C182*E182))))))),2)","v":1.75},"Sqm",{"$nulls":3},"SSR 19-20"]
[null,"For water tank",1,"x",1,{"v":1.4,"d":"1.400"},{"v":1.4,"d":"1.400"},{"v":0,"d":"0.000"},{"$f":"ROUND(IF(AND(F183:H183),C183*E183*F183*G183*H183,IF(AND(F183,G183),C183*E183*F183*G183,IF(AND(F183,H183),C183*E183*F183*H183,IF(AND(G183,H183),C183*E183*G183*H183,IF(F183,C183*E183*F183,IF(G183,C183*E183*G183,IF(H183,C183*E183*H183,C183*E183))))))),2)","v":1.96},"Sqm",{"$nulls":3},"SSR 19-20"]
[{"$nulls":13},"SSR 19-20"]
[{"$nulls":9},"Sqm",{"$f":"data!F245","v":{"v":608.3499999999999,"d":"608.35"}},"SSR 19-20",{"$f":"ROUND(I185*K185,0)","v":{"v":0,"d":"0.00"}},"SSR 19-20"]
[16,"~do~ for  Roof slab 50mm thick etc., complete",{"$nulls":11},"SSR 20-21"]
[null,"Qty.p.62 of M.B.No.441/A/ZP/19",{"$nulls":11},"SSR 20-21"]
[null,"50mm thick",1,"x",5,{"v":1.52,"d":"1.520"},{"v":0.23,"d":"0.230"},{"v":0,"d":"0.000"},{"$f":"ROUND(IF(AND(F188:H188),C188*E188*F188*G188*H188,IF(AND(F188,G188),C188*E188*F188*G188,IF(AND(F188,H188),C188*E188*F188*H188,IF(AND(G188,H188),C188*E188*G188*H188,IF(F188,C188*E188*F188,IF(G188,C188*E188*G188,IF(H188,C188*E188*H188,C188*E188))))))),2)","v":1.75},"Sqm",{"$nulls":3},"SSR 20-21"]
[null,"For water tank",1,"x",1,{"v":1.4,"d":"1.400"},{"v":1.4,"d":"1.400"},{"v":0,"d":"0.000"},{"$f":"ROUND(IF(AND(F189:H189),C189*E189*F189*G189*H189,IF(AND(F189,G189),C189*E189*F189*G189,IF(AND(F189,H189),C189*E189*F189*H189,IF(AND(G189,H189),C189*E189*G189*H189,IF(F189,C189*E189*F189,IF(G189,C189*E189*G189,IF(H189,C189*E189*H189,C189*E189))))))),2)","v":1.96},"Sqm",{"$nulls":3},"SSR 20-21"]
[{"$nulls":13},"SSR 20-21"]
[{"$nulls":9},"Sqm",{"$f":"data!F1161","v":629.79},"SSR 20-21",{"$f":"ROUND(I191*K191,0)","v":{"v":0,"d":"0.00"}},"SSR 20-21"]
[16,"~do~ for  Roof slab 50mm thick etc., complete",{"$nulls":11},"SSR 21-22"]
[null,"Qty.p.62 of M.B.No.441/A/ZP/19",{"$nulls":11},"SSR 21-22"]
[null,"50mm thick",1,"x",5,{"v":1.52,"d":"1.520"},{"v":0.23,"d":"0.230"},{"v":0,"d":"0.000"},{"$f":"ROUND(IF(AND(F194:H194),C194*E194*F194*G194*H194,IF(AND(F194,G194),C194*E194*F194*G194,IF(AND(F194,H194),C194*E194*F194*H194,IF(AND(G194,H194),C194*E194*G194*H194,IF(F194,C194*E194*F194,IF(G194,C194*E194*G194,IF(H194,C194*E194*H194,C194*E194))))))),2)","v":1.75},"Sqm",{"$nulls":3},"SSR 21-22"]
[null,"For water tank",1,"x",1,{"v":1.4,"d":"1.400"},{"v":1.4,"d":"1.400"},{"v":0,"d":"0.000"},{"$f":"ROUND(IF(AND(F195:H195),C195*E195*F195*G195*H195,IF(AND(F195,G195),C195*E195*F195*G195,IF(AND(F195,H195),C195*E195*F195*H195,IF(AND(G195,H195),C195*E195*G195*H195,IF(F195,C195*E195*F195,IF(G195,C195*E195*G195,IF(H195,C195*E195*H195,C195*E195))))))),2)","v":1.96},"Sqm",{"$nulls":3},"SSR 21-22"]
[{"$nulls":13},"SSR 21-22"]
[{"$nulls":9},"Sqm",{"$f":"data!F2078","v":670.91},"SSR 21-22",{"$f":"ROUND(I197*K197,0)","v":{"v":0,"d":"0.00"}},"SSR 21-22"]
[16,"~do~ for  Roof slab 50mm thick etc., complete",{"$nulls":11},"SSR 22-23"]
[null,"Qty.p.62 of M.B.No.441/A/ZP/19",{"$nulls":11},"SSR 22-23"]
[null,"50mm thick",1,"x",5,{"v":1.52,"d":"1.520"},{"v":0.23,"d":"0.230"},{"v":0,"d":"0.000"},{"$f":"ROUND(IF(AND(F200:H200),C200*E200*F200*G200*H200,IF(AND(F200,G200),C200*E200*F200*G200,IF(AND(F200,H200),C200*E200*F200*H200,IF(AND(G200,H200),C200*E200*G200*H200,IF(F200,C200*E200*F200,IF(G200,C200*E200*G200,IF(H200,C200*E200*H200,C200*E200))))))),2)","v":1.75},"Sqm",{"$nulls":3},"SSR 22-23"]
[null,"For water tank",1,"x",1,{"v":1.4,"d":"1.400"},{"v":1.4,"d":"1.400"},{"v":0,"d":"0.000"},{"$f":"ROUND(IF(AND(F201:H201),C201*E201*F201*G201*H201,IF(AND(F201,G201),C201*E201*F201*G201,IF(AND(F201,H201),C201*E201*F201*H201,IF(AND(G201,H201),C201*E201*G201*H201,IF(F201,C201*E201*F201,IF(G201,C201*E201*G201,IF(H201,C201*E201*H201,C201*E201))))))),2)","v":1.96},"Sqm",{"$nulls":3},"SSR 22-23"]
[{"$nulls":13},"SSR 22-23"]
[{"$nulls":9},"Sqm",{"$f":"data!F2995","v":694.54},"SSR 22-23",{"$f":"ROUND(I203*K203,0)","v":{"v":0,"d":"0.00"}},"SSR 22-23"]
[16,"~do~ for  Roof slab 25mm thick etc., complete",{"$nulls":11},"SSR 19-20"]
[null,"Qty.p.62 of M.B.No.441/A/ZP/19",{"$nulls":11},"SSR 19-20"]
[null,"50mm thick",1,"x",5,{"v":1.52,"d":"1.520"},{"v":0.23,"d":"0.230"},{"v":0,"d":"0.000"},{"$f":"ROUND(IF(AND(F206:H206),C206*E206*F206*G206*H206,IF(AND(F206,G206),C206*E206*F206*G206,IF(AND(F206,H206),C206*E206*F206*H206,IF(AND(G206,H206),C206*E206*G206*H206,IF(F206,C206*E206*F206,IF(G206,C206*E206*G206,IF(H206,C206*E206*H206,C206*E206))))))),2)","v":1.75},"Sqm",{"$nulls":3},"SSR 19-20"]
[null,null,1,"x",4,{"v":1.83,"d":"1.830"},{"v":0.23,"d":"0.230"},{"v":0,"d":"0.000"},{"$f":"ROUND(IF(AND(F207:H207),C207*E207*F207*G207*H207,IF(AND(F207,G207),C207*E207*F207*G207,IF(AND(F207,H207),C207*E207*F207*H207,IF(AND(G207,H207),C207*E207*G207*H207,IF(F207,C207*E207*F207,IF(G207,C207*E207*G207,IF(H207,C207*E207*H207,C207*E207))))))),2)","v":1.68},"Sqm",{"$nulls":3},"SSR 19-20"]
[{"$nulls":13},"SSR 19-20"]
[{"$nulls":9},"Sqm",{"$f":"data!F252","v":485.58},"SSR 19-20",{"$f":"ROUND(I209*K209,0)","v":{"v":0,"d":"0.00"}},"SSR 19-20"]
[16,"~do~ for  Roof slab 25mm thick etc., complete",{"$nulls":11},"SSR 20-21"]
[null,"Qty.p.62 of M.B.No.441/A/ZP/19",{"$nulls":11},"SSR 20-21"]
[null,"50mm thick",1,"x",5,{"v":1.52,"d":"1.520"},{"v":0.23,"d":"0.230"},{"v":0,"d":"0.000"},{"$f":"ROUND(IF(AND(F212:H212),C212*E212*F212*G212*H212,IF(AND(F212,G212),C212*E212*F212*G212,IF(AND(F212,H212),C212*E212*F212*H212,IF(AND(G212,H212),C212*E212*G212*H212,IF(F212,C212*E212*F212,IF(G212,C212*E212*G212,IF(H212,C212*E212*H212,C212*E212))))))),2)","v":1.75},"Sqm",{"$nulls":3},"SSR 20-21"]
[null,null,1,"x",4,{"v":1.83,"d":"1.830"},{"v":0.23,"d":"0.230"},{"v":0,"d":"0.000"},{"$f":"ROUND(IF(AND(F213:H213),C213*E213*F213*G213*H213,IF(AND(F213,G213),C213*E213*F213*G213,IF(AND(F213,H213),C213*E213*F213*H213,IF(AND(G213,H213),C213*E213*G213*H213,IF(F213,C213*E213*F213,IF(G213,C213*E213*G213,IF(H213,C213*E213*H213,C213*E213))))))),2)","v":1.68},"Sqm",{"$nulls":3},"SSR 20-21"]
[{"$nulls":13},"SSR 20-21"]
[{"$nulls":9},"Sqm",{"$f":"data!F1168","v":501.74},"SSR 20-21",{"$f":"ROUND(I215*K215,0)","v":{"v":0,"d":"0.00"}},"SSR 20-21"]
[16,"~do~ for  Roof slab 25mm thick etc., complete",{"$nulls":11},"SSR 21-22"]
[null,"Qty.p.62 of M.B.No.441/A/ZP/19",{"$nulls":11},"SSR 21-22"]
[null,"50mm thick",1,"x",5,{"v":1.52,"d":"1.520"},{"v":0.23,"d":"0.230"},{"v":0,"d":"0.000"},{"$f":"ROUND(IF(AND(F218:H218),C218*E218*F218*G218*H218,IF(AND(F218,G218),C218*E218*F218*G218,IF(AND(F218,H218),C218*E218*F218*H218,IF(AND(G218,H218),C218*E218*G218*H218,IF(F218,C218*E218*F218,IF(G218,C218*E218*G218,IF(H218,C218*E218*H218,C218*E218))))))),2)","v":1.75},"Sqm",{"$nulls":3},"SSR 21-22"]
[null,null,1,"x",4,{"v":1.83,"d":"1.830"},{"v":0.23,"d":"0.230"},{"v":0,"d":"0.000"},{"$f":"ROUND(IF(AND(F219:H219),C219*E219*F219*G219*H219,IF(AND(F219,G219),C219*E219*F219*G219,IF(AND(F219,H219),C219*E219*F219*H219,IF(AND(G219,H219),C219*E219*G219*H219,IF(F219,C219*E219*F219,IF(G219,C219*E219*G219,IF(H219,C219*E219*H219,C219*E219))))))),2)","v":1.68},"Sqm",{"$nulls":3},"SSR 21-22"]
[{"$nulls":13},"SSR 21-22"]
[{"$nulls":9},"Sqm",{"$f":"data!F2085","v":536.78},"SSR 21-22",{"$f":"ROUND(I221*K221,0)","v":{"v":0,"d":"0.00"}},"SSR 21-22"]
[16,"~do~ for  Roof slab 25mm thick etc., complete",{"$nulls":11},"SSR 22-23"]
[null,"Qty.p.62 of M.B.No.441/A/ZP/19",{"$nulls":11},"SSR 22-23"]
[null,"50mm thick",1,"x",5,{"v":1.52,"d":"1.520"},{"v":0.23,"d":"0.230"},{"v":0,"d":"0.000"},{"$f":"ROUND(IF(AND(F224:H224),C224*E224*F224*G224*H224,IF(AND(F224,G224),C224*E224*F224*G224,IF(AND(F224,H224),C224*E224*F224*H224,IF(AND(G224,H224),C224*E224*G224*H224,IF(F224,C224*E224*F224,IF(G224,C224*E224*G224,IF(H224,C224*E224*H224,C224*E224))))))),2)","v":1.75},"Sqm",{"$nulls":3},"SSR 22-23"]
[null,null,1,"x",4,{"v":1.83,"d":"1.830"},{"v":0.23,"d":"0.230"},{"v":0,"d":"0.000"},{"$f":"ROUND(IF(AND(F225:H225),C225*E225*F225*G225*H225,IF(AND(F225,G225),C225*E225*F225*G225,IF(AND(F225,H225),C225*E225*F225*H225,IF(AND(G225,H225),C225*E225*G225*H225,IF(F225,C225*E225*F225,IF(G225,C225*E225*G225,IF(H225,C225*E225*H225,C225*E225))))))),2)","v":1.68},"Sqm",{"$nulls":3},"SSR 22-23"]
[{"$nulls":13},"SSR 22-23"]
[{"$nulls":9},"Sqm",{"$f":"data!F3002","v":553.39},"SSR 22-23",{"$f":"ROUND(I227*K227,0)","v":{"v":0,"d":"0.00"}},"SSR 22-23"]
[5,"Reinforced Cement Concrete  M25 Nominal mix (Cement: Sand: Metal) corresponding Table 9 of IS 456 using 20mm size graded machine crushed hard granite metal from approved quarry including c/c of all materials like Cement, Sand, coarse aggregate, water etc to site, all marerials including labour charges such as machine mixing, laying concrete, curing etc complete but excluding cost of steel and its fabrication charges for finished item of work for Lintels etc., complete",{"$nulls":11},"SSR 19-20"]
[null,"Qty.p.47 of M.B.No.605/B/ZP/20",null,"17.08.2022",{"$nulls":9},"SSR 19-20"]
[null,"Front wall",1,"x",1,{"v":4.99,"d":"4.990"},{"v":0.23,"d":"0.230"},{"v":0.15,"d":"0.150"},{"$f":"ROUND(IF(AND(F230:H230),C230*E230*F230*G230*H230,IF(AND(F230,G230),C230*E230*F230*G230,IF(AND(F230,H230),C230*E230*F230*H230,IF(AND(G230,H230),C230*E230*G230*H230,IF(F230,C230*E230*F230,IF(G230,C230*E230*G230,IF(H230,C230*E230*H230,C230*E230))))))),2)","v":0.17},"Cum",{"$nulls":3},"SSR 19-20"]
[null,"back wall",1,"x",1,{"v":3.12,"d":"3.120"},{"v":0.23,"d":"0.230"},{"v":0.15,"d":"0.150"},0.11,"Cum",{"$nulls":3},"SSR 19-20"]
[null,null,1,"x",1,{"v":3.16,"d":"3.160"},{"v":0.23,"d":"0.230"},{"v":0.15,"d":"0.150"},0.11,"Cum",{"$nulls":3},"SSR 19-20"]
[null,"Side wall",1,"x",1,{"v":2.72,"d":"2.720"},{"v":0.23,"d":"0.230"},{"v":0.15,"d":"0.150"},0.09,"Cum",{"$nulls":3},"SSR 19-20"]
[null,null,1,"x",2,{"v":2.59,"d":"2.590"},{"v":0.23,"d":"0.230"},{"v":0.15,"d":"0.150"},0.18,"Cum",{"$nulls":3},"SSR 19-20"]
[null,null,1,"x",2,{"v":2.78,"d":"2.780"},{"v":0.23,"d":"0.230"},{"v":0.15,"d":"0.150"},0.19,"Cum",{"$nulls":3},"SSR 19-20"]
[null,null,1,"x",1,{"v":3.23,"d":"3.230"},{"v":0.23,"d":"0.230"},{"v":0.15,"d":"0.150"},0.11,"Cum",{"$nulls":3},"SSR 19-20"]
[{"$nulls":13},"SSR 19-20"]
[{"$nulls":9},"Cum",{"$f":"data!F161","v":9842.01},"SSR 19-20",{"$f":"ROUND(I238*K238,0)","v":{"v":0,"d":"0.00"}},"SSR 19-20"]
[5,"Reinforced Cement Concrete  M25 Nominal mix (Cement: Sand: Metal) corresponding Table 9 of IS 456 using 20mm size graded machine crushed hard granite metal from approved quarry including c/c of all materials like Cement, Sand, coarse aggregate, water etc to site, all marerials including labour charges such as machine mixing, laying concrete, curing etc complete but excluding cost of steel and its fabrication charges for finished item of work for Lintels etc., complete",{"$nulls":11},"SSR 20-21"]
[null,"Qty.p.80 of M.B.No.441/A/ZP/19",{"$nulls":11},"SSR 20-21"]
[null,"B1-E1",1,"x",1,{"v":9.06,"d":"9.060"},{"v":0.23,"d":"0.230"},{"v":0.15,"d":"0.150"},{"$f":"ROUND(IF(AND(F241:H241),C241*E241*F241*G241*H241,IF(AND(F241,G241),C241*E241*F241*G241,IF(AND(F241,H241),C241*E241*F241*H241,IF(AND(G241,H241),C241*E241*G241*H241,IF(F241,C241*E241*F241,IF(G241,C241*E241*G241,IF(H241,C241*E241*H241,C241*E241))))))),2)","v":0.31},"Cum",{"$nulls":3},"SSR 20-21"]
[null,"Deduct column",1,"x",2,{"v":0.23,"d":"0.230"},{"v":0.23,"d":"0.230"},{"v":0.15,"d":"0.150"},{"$f":"-ROUND(IF(AND(F242:H242),C242*E242*F242*G242*H242,IF(AND(F242,G242),C242*E242*F242*G242,IF(AND(F242,H242),C242*E242*F242*H242,IF(AND(G242,H242),C242*E242*G242*H242,IF(F242,C242*E242*F242,IF(G242,C242*E242*G242,IF(H242,C242*E242*H242,C242*E242))))))),2)","v":-0.02},"Cum",{"$nulls":3},"SSR 20-21"]
[null,"E1-E3",1,"x",1,{"v":8.08,"d":"8.080"},{"v":0.23,"d":"0.230"},{"v":0.15,"d":"0.150"},{"$f":"ROUND(IF(AND(F243:H243),C243*E243*F243*G243*H243,IF(AND(F243,G243),C243*E243*F243*G243,IF(AND(F243,H243),C243*E243*F243*H243,IF(AND(G243,H243),C243*E243*G243*H243,IF(F243,C243*E243*F243,IF(G243,C243*E243*G243,IF(H243,C243*E243*H243,C243*E243))))))),2)","v":0.28},"Cum",{"$nulls":3},"SSR 20-21"]
[null,"Deduct column",1,"x",1,{"v":0.38,"d":"0.380"},{"v":0.23,"d":"0.230"},{"v":0.15,"d":"0.150"},{"$f":"-ROUND(IF(AND(F244:H244),C244*E244*F244*G244*H244,IF(AND(F244,G244),C244*E244*F244*G244,IF(AND(F244,H244),C244*E244*F244*H244,IF(AND(G244,H244),C244*E244*G244*H244,IF(F244,C244*E244*F244,IF(G244,C244*E244*G244,IF(H244,C244*E244*H244,C244*E244))))))),2)","v":-0.01},"Cum",{"$nulls":3},"SSR 20-21"]
[null,"E3-B3",1,"x",1,{"v":8.91,"d":"8.910"},{"v":0.23,"d":"0.230"},{"v":0.15,"d":"0.150"},0.31,"Cum",{"$nulls":3},"SSR 20-21"]
[null,"Deduct column",1,"x",1,{"v":0.23,"d":"0.230"},{"v":0.23,"d":"0.230"},{"v":0.15,"d":"0.150"},{"$f":"-ROUND(IF(AND(F246:H246),C246*E246*F246*G246*H246,IF(AND(F246,G246),C246*E246*F246*G246,IF(AND(F246,H246),C246*E246*F246*H246,IF(AND(G246,H246),C246*E246*G246*H246,IF(F246,C246*E246*F246,IF(G246,C246*E246*G246,IF(H246,C246*E246*H246,C246*E246))))))),2)","v":-0.01},"Cum",{"$nulls":3},"SSR 20-21"]
[null,null,1,"x",1,{"v":0.38,"d":"0.380"},{"v":0.23,"d":"0.230"},{"v":0.15,"d":"0.150"},{"$f":"-ROUND(IF(AND(F247:H247),C247*E247*F247*G247*H247,IF(AND(F247,G247),C247*E247*F247*G247,IF(AND(F247,H247),C247*E247*F247*H247,IF(AND(G247,H247),C247*E247*G247*H247,IF(F247,C247*E247*F247,IF(G247,C247*E247*G247,IF(H247,C247*E247*H247,C247*E247))))))),2)","v":-0.01},"Cum",{"$nulls":3},"SSR 20-21"]
[null,"A1-A2",1,"x",1,{"v":2.86,"d":"2.860"},{"v":0.23,"d":"0.230"},{"v":0.15,"d":"0.150"},{"v":0.1,"d":"0.10"},"Cum",{"$nulls":3},"SSR 20-21"]
[null,"B1-B2 C1-C2 D1-D2",1,"x",3,{"v":2.86,"d":"2.860"},0.115,{"v":0.15,"d":"0.150"},0.15,"Cum",{"$nulls":3},"SSR 20-21"]
[null,"B2-B3",1,"x",1,{"v":4.84,"d":"4.840"},0.115,{"v":0.15,"d":"0.150"},0.08,"Cum",{"$nulls":3},"SSR 20-21"]
[null,"B2-C2",1,"x",1,{"v":2.6,"d":"2.600"},0.115,{"v":0.15,"d":"0.150"},0.04,"Cum",{"$nulls":3},"SSR 20-21"]
[null,"C2-D2",1,"x",1,{"v":2.78,"d":"2.780"},0.115,{"v":0.15,"d":"0.150"},0.05,"Cum",{"$nulls":3},"SSR 20-21"]
[null,"D2-E2",1,"x",1,{"v":3.24,"d":"3.240"},0.115,{"v":0.15,"d":"0.150"},0.06,"Cum",{"$nulls":3},"SSR 20-21"]
[null,"B2-E2",1,"x",1,{"v":8.93,"d":"8.930"},0.115,{"v":0.15,"d":"0.150"},0.15,"Cum",{"$nulls":3},"SSR 20-21"]
[null,"D2-D3",1,"x",2,{"v":3.02,"d":"3.020"},0.115,{"v":0.15,"d":"0.150"},{"v":0.1,"d":"0.10"},"Cum",{"$nulls":3},"SSR 20-21"]
[null,"Over tiolet cross wall",1,"x",1,{"v":1.62,"d":"1.620"},0.115,{"v":0.15,"d":"0.150"},{"$f":"ROUND(IF(AND(F256:H256),C256*E256*F256*G256*H256,IF(AND(F256,G256),C256*E256*F256*G256,IF(AND(F256,H256),C256*E256*F256*H256,IF(AND(G256,H256),C256*E256*G256*H256,IF(F256,C256*E256*F256,IF(G256,C256*E256*G256,IF(H256,C256*E256*H256,C256*E256))))))),2)","v":0.03},"Cum",{"$nulls":3},"SSR 20-21"]
[null,null,1,"x",1,{"v":1.55,"d":"1.550"},0.115,{"v":0.15,"d":"0.150"},{"$f":"ROUND(IF(AND(F257:H257),C257*E257*F257*G257*H257,IF(AND(F257,G257),C257*E257*F257*G257,IF(AND(F257,H257),C257*E257*F257*H257,IF(AND(G257,H257),C257*E257*G257*H257,IF(F257,C257*E257*F257,IF(G257,C257*E257*G257,IF(H257,C257*E257*H257,C257*E257))))))),2)","v":0.03},"Cum",{"$nulls":3},"SSR 20-21"]
[{"$nulls":13},"SSR 20-21"]
[{"$nulls":9},"Cum",{"$f":"data!F1077","v":10212.37},"SSR 20-21",{"$f":"ROUND(I259*K259,0)","v":{"v":0,"d":"0.00"}},"SSR 20-21"]
[7,"Reinforced Cement Concrete  M25 Nominal mix (Cement: Sand: Metal) corresponding Table 9 of IS 456 using 20mm size graded machine crushed hard granite metal from approved quarry including c/c of all materials like Cement, Sand, coarse aggregate, water etc to site, all marerials including labour charges such as machine mixing, laying concrete, curing etc complete but excluding cost of steel and its fabrication charges for finished item of work for Lintels etc., complete",{"$nulls":11},"SSR 21-22"]
[null,"Qty.p.47 of M.B.No.605/B/ZP/20",{"$nulls":11},"SSR 21-22"]
[null,null,1,"x",1,{"v":4.99,"d":"4.990"},{"v":0.23,"d":"0.230"},{"v":0.15,"d":"0.150"},{"$f":"ROUND(IF(AND(F262:H262),C262*E262*F262*G262*H262,IF(AND(F262,G262),C262*E262*F262*G262,IF(AND(F262,H262),C262*E262*F262*H262,IF(AND(G262,H262),C262*E262*G262*H262,IF(F262,C262*E262*F262,IF(G262,C262*E262*G262,IF(H262,C262*E262*H262,C262*E262))))))),2)","v":0.17},"Cum",{"$nulls":3},"SSR 21-22"]
[null,null,1,"x",1,{"v":3.12,"d":"3.120"},{"v":0.23,"d":"0.230"},{"v":0.15,"d":"0.150"},0.11,"Cum",{"$nulls":3},"SSR 21-22"]
[null,null,1,"x",1,{"v":3.16,"d":"3.160"},{"v":0.23,"d":"0.230"},{"v":0.15,"d":"0.150"},0.11,"Cum",{"$nulls":3},"SSR 21-22"]
[null,null,1,"x",1,{"v":2.72,"d":"2.720"},{"v":0.23,"d":"0.230"},{"v":0.15,"d":"0.150"},0.09,"Cum",{"$nulls":3},"SSR 21-22"]
[null,null,1,"x",2,{"v":2.59,"d":"2.590"},{"v":0.23,"d":"0.230"},{"v":0.15,"d":"0.150"},0.18,"Cum",{"$nulls":3},"SSR 21-22"]
[null,null,1,"x",2,{"v":2.78,"d":"2.780"},{"v":0.23,"d":"0.230"},{"v":0.15,"d":"0.150"},0.19,"Cum",{"$nulls":3},"SSR 21-22"]
[null,null,1,"x",1,{"v":3.23,"d":"3.230"},{"v":0.23,"d":"0.230"},{"v":0.15,"d":"0.150"},0.11,"Cum",{"$nulls":3},"SSR 21-22"]
[{"$nulls":13},"SSR 21-22"]
[{"$nulls":9},"Cum",{"$f":"data!F1994","v":10781.86},"SSR 21-22",{"$f":"ROUND(I270*K270,0)","v":{"v":0,"d":"0.00"}},"SSR 21-22"]
[7,"Reinforced Cement Concrete  M25 Nominal mix (Cement: Sand: Metal) corresponding Table 9 of IS 456 using 20mm size graded machine crushed hard granite metal from approved quarry including c/c of all materials like Cement, Sand, coarse aggregate, water etc to site, all marerials including labour charges such as machine mixing, laying concrete, curing etc complete but excluding cost of steel and its fabrication charges for finished item of work for Lintels etc., complete",{"$nulls":11},"SSR 22-23"]
[null,"Qty.p.68 of M.B.No.441/A/ZP/19",{"$nulls":11},"SSR 22-23"]
[null,null,1,"x",2,{"v":2.8,"d":"2.800"},{"v":0.23,"d":"0.230"},{"v":0.15,"d":"0.150"},{"$f":"ROUND(IF(AND(F273:H273),C273*E273*F273*G273*H273,IF(AND(F273,G273),C273*E273*F273*G273,IF(AND(F273,H273),C273*E273*F273*H273,IF(AND(G273,H273),C273*E273*G273*H273,IF(F273,C273*E273*F273,IF(G273,C273*E273*G273,IF(H273,C273*E273*H273,C273*E273))))))),2)","v":0.19},"Cum",{"$nulls":3},"SSR 22-23"]
[null,null,1,"x",2,{"v":2.8,"d":"2.800"},{"v":0.23,"d":"0.230"},{"v":0.15,"d":"0.150"},{"$f":"ROUND(IF(AND(F274:H274),C274*E274*F274*G274*H274,IF(AND(F274,G274),C274*E274*F274*G274,IF(AND(F274,H274),C274*E274*F274*H274,IF(AND(G274,H274),C274*E274*G274*H274,IF(F274,C274*E274*F274,IF(G274,C274*E274*G274,IF(H274,C274*E274*H274,C274*E274))))))),2)","v":0.19},"Cum",{"$nulls":3},"SSR 22-23"]
[{"$nulls":13},"SSR 22-23"]
[{"$nulls":9},"Cum",{"$f":"data!F2911","v":11212.51},"SSR 22-23",{"$f":"ROUND(I276*K276,0)","v":{"v":0,"d":"0.00"}},"SSR 22-23"]
[6,"~do~ for  sunshades etc., complete",{"$nulls":11},"SSR 19-20"]
[null,"Qty.p.48 of M.B.No.605/B/ZP/20",null,"17.08.2022",{"$nulls":9},"SSR 19-20"]
[null,"First floor",1,"x",6,{"v":1.8,"d":"1.800"},{"v":0,"d":"0.000"},{"v":0,"d":"0.000"},{"$f":"ROUND(IF(AND(F279:H279),C279*E279*F279*G279*H279,IF(AND(F279,G279),C279*E279*F279*G279,IF(AND(F279,H279),C279*E279*F279*H279,IF(AND(G279,H279),C279*E279*G279*H279,IF(F279,C279*E279*F279,IF(G279,C279*E279*G279,IF(H279,C279*E279*H279,C279*E279))))))),2)","v":{"v":10.8,"d":"10.80"}},"Rm",{"$nulls":3},"SSR 19-20"]
[null,"Back side",1,"x",1,{"v":8.38,"d":"8.380"},{"v":0,"d":"0.000"},{"v":0,"d":"0.000"},8.38,"Rm",{"$nulls":3},"SSR 19-20"]
[{"$nulls":13},"SSR 19-20"]
[{"$nulls":9},"Rm",{"$f":"data!F224","v":{"v":568.3499999999999,"d":"568.35"}},"SSR 19-20",{"$f":"ROUND(I282*K282,0)","v":{"v":0,"d":"0.00"}},"SSR 19-20"]
[6,"~do~ for  sunshades etc., complete",{"$nulls":11},"SSR 20-21"]
[null,"Qty.p.81 of M.B.No.441/A/ZP/19",{"$nulls":11},"SSR 20-21"]
[null,null,1,"x",7,{"v":1.65,"d":"1.650"},{"v":0,"d":"0.000"},{"v":0,"d":"0.000"},{"$f":"ROUND(IF(AND(F285:H285),C285*E285*F285*G285*H285,IF(AND(F285,G285),C285*E285*F285*G285,IF(AND(F285,H285),C285*E285*F285*H285,IF(AND(G285,H285),C285*E285*G285*H285,IF(F285,C285*E285*F285,IF(G285,C285*E285*G285,IF(H285,C285*E285*H285,C285*E285))))))),2)","v":11.55},"Rm",{"$nulls":3},"SSR 20-21"]
[null,null,1,"x",1,{"v":1.05,"d":"1.050"},{"v":0,"d":"0.000"},{"v":0,"d":"0.000"},{"$f":"ROUND(IF(AND(F286:H286),C286*E286*F286*G286*H286,IF(AND(F286,G286),C286*E286*F286*G286,IF(AND(F286,H286),C286*E286*F286*H286,IF(AND(G286,H286),C286*E286*G286*H286,IF(F286,C286*E286*F286,IF(G286,C286*E286*G286,IF(H286,C286*E286*H286,C286*E286))))))),2)","v":1.05},"Rm",{"$nulls":3},"SSR 20-21"]
[{"$nulls":13},"SSR 20-21"]
[{"$nulls":9},"Rm",{"$f":"data!F1140","v":{"v":582.9399999999999,"d":"582.94"}},"SSR 20-21",{"$f":"ROUND(I288*K288,0)","v":{"v":0,"d":"0.00"}},"SSR 20-21"]
[8,"~do~ for  sunshades etc., complete",{"$nulls":11},"SSR 21-22"]
[null,"Qty.p.48 of M.B.No.605/B/ZP/20",{"$nulls":11},"SSR 21-22"]
[null,null,1,"x",5,{"v":1.8,"d":"1.800"},{"v":0,"d":"0.000"},{"v":0,"d":"0.000"},{"$f":"ROUND(IF(AND(F291:H291),C291*E291*F291*G291*H291,IF(AND(F291,G291),C291*E291*F291*G291,IF(AND(F291,H291),C291*E291*F291*H291,IF(AND(G291,H291),C291*E291*G291*H291,IF(F291,C291*E291*F291,IF(G291,C291*E291*G291,IF(H291,C291*E291*H291,C291*E291))))))),2)","v":{"v":9,"d":"9.00"}},"Rm",{"$nulls":3},"SSR 21-22"]
[null,null,1,"x",6,{"v":1.8,"d":"1.800"},{"v":0,"d":"0.000"},{"v":0,"d":"0.000"},{"v":10.8,"d":"10.80"},"Rm",{"$nulls":3},"SSR 21-22"]
[null,null,1,"x",1,{"v":8.38,"d":"8.380"},{"v":0,"d":"0.000"},{"v":0,"d":"0.000"},8.38,"Rm",{"$nulls":3},"SSR 21-22"]
[{"$nulls":13},"SSR 21-22"]
[{"$nulls":9},"Rm",{"$f":"data!F2057","v":613.88},"SSR 21-22",{"$f":"ROUND(I295*K295,0)","v":{"v":0,"d":"0.00"}},"SSR 21-22"]
[8,"~do~ for  sunshades etc., complete",{"$nulls":11},"SSR 22-23"]
[null,"Qty.p.83 of M.B.No.441/A/ZP/19",{"$nulls":11},"SSR 22-23"]
[null,null,1,"x",7,{"v":1.8,"d":"1.800"},{"v":0,"d":"0.000"},{"v":0,"d":"0.000"},{"$f":"ROUND(IF(AND(F298:H298),C298*E298*F298*G298*H298,IF(AND(F298,G298),C298*E298*F298*G298,IF(AND(F298,H298),C298*E298*F298*H298,IF(AND(G298,H298),C298*E298*G298*H298,IF(F298,C298*E298*F298,IF(G298,C298*E298*G298,IF(H298,C298*E298*H298,C298*E298))))))),2)","v":{"v":12.6,"d":"12.60"}},"Rm",{"$nulls":3},"SSR 22-23"]
[null,null,1,"x",1,{"v":3,"d":"3.000"},{"v":0,"d":"0.000"},{"v":0,"d":"0.000"},{"$f":"ROUND(IF(AND(F299:H299),C299*E299*F299*G299*H299,IF(AND(F299,G299),C299*E299*F299*G299,IF(AND(F299,H299),C299*E299*F299*H299,IF(AND(G299,H299),C299*E299*G299*H299,IF(F299,C299*E299*F299,IF(G299,C299*E299*G299,IF(H299,C299*E299*H299,C299*E299))))))),2)","v":{"v":3,"d":"3.00"}},"Rm",{"$nulls":3},"SSR 22-23"]
[{"$nulls":13},"SSR 22-23"]
[{"$nulls":9},"Rm",{"$f":"data!F2974","v":630.35},"SSR 22-23",{"$f":"ROUND(I301*K301,0)","v":{"v":0,"d":"0.00"}},"SSR 22-23"]
[7,"Providing impervious coat to exposed RCC Roof Slab surface with CM (1:3) 12mm thick with 1Kg of water proof compound per bag of Cement laid over roof when it is green including c/c of all materials and labour charges for mixing mortar, laying, rendering smooth and thread lining of wall & slab etc complete for finished item of work (APSS 901,903) ",{"$nulls":11},"SSR 19-20"]
[null,"Qty.p.72 of M.B.No.441/A/ZP/19",{"$nulls":11},"SSR 19-20"]
[null,null,1,"x",1,{"v":13.25,"d":"13.250"},{"v":9.65,"d":"9.650"},{"v":0,"d":"0.000"},{"$f":"ROUND(IF(AND(F304:H304),C304*E304*F304*G304*H304,IF(AND(F304,G304),C304*E304*F304*G304,IF(AND(F304,H304),C304*E304*F304*H304,IF(AND(G304,H304),C304*E304*G304*H304,IF(F304,C304*E304*F304,IF(G304,C304*E304*G304,IF(H304,C304*E304*H304,C304*E304))))))),2)","v":127.86},"Sqm",{"$nulls":3},"SSR 19-20"]
[null,"deduct staircase",1,"x",1,{"v":2.72,"d":"2.720"},{"v":3.77,"d":"3.770"},{"v":0,"d":"0.000"},{"$f":"-ROUND(IF(AND(F305:H305),C305*E305*F305*G305*H305,IF(AND(F305,G305),C305*E305*F305*G305,IF(AND(F305,H305),C305*E305*F305*H305,IF(AND(G305,H305),C305*E305*G305*H305,IF(F305,C305*E305*F305,IF(G305,C305*E305*G305,IF(H305,C305*E305*H305,C305*E305))))))),2)","v":-10.25},"Sqm",{"$nulls":3},"SSR 19-20"]
[{"$nulls":13},"SSR 19-20"]
[{"$nulls":9},"Sqm",{"$f":"data!F568","v":278.81},"SSR 19-20",{"$f":"ROUND(I307*K307,0)","v":{"v":0,"d":"0.00"}},"SSR 19-20"]
[7,"Providing impervious coat to exposed RCC Roof Slab surface with CM (1:3) 12mm thick with 1Kg of water proof compound per bag of Cement laid over roof when it is green including c/c of all materials and labour charges for mixing mortar, laying, rendering smooth and thread lining of wall & slab etc complete for finished item of work (APSS 901,903) ",{"$nulls":11},"SSR 20-21"]
[null,"Qty.p.93  of M.B.No.441/A/ZP/19",{"$nulls":11},"SSR 20-21"]
[null,null,1,"x",1,{"v":13.28,"d":"13.280"},{"v":9.87,"d":"9.870"},{"v":0,"d":"0.000"},{"$f":"ROUND(IF(AND(F310:H310),C310*E310*F310*G310*H310,IF(AND(F310,G310),C310*E310*F310*G310,IF(AND(F310,H310),C310*E310*F310*H310,IF(AND(G310,H310),C310*E310*G310*H310,IF(F310,C310*E310*F310,IF(G310,C310*E310*G310,IF(H310,C310*E310*H310,C310*E310))))))),2)","v":131.07},"Sqm",{"$nulls":3},"SSR 20-21"]
[null,"deduct staircase portion",1,"x",1,{"v":3.18,"d":"3.180"},{"v":3.92,"d":"3.920"},{"v":0,"d":"0.000"},{"$f":"-ROUND(IF(AND(F311:H311),C311*E311*F311*G311*H311,IF(AND(F311,G311),C311*E311*F311*G311,IF(AND(F311,H311),C311*E311*F311*H311,IF(AND(G311,H311),C311*E311*G311*H311,IF(F311,C311*E311*F311,IF(G311,C311*E311*G311,IF(H311,C311*E311*H311,C311*E311))))))),2)","v":-12.47},"Sqm",{"$nulls":3},"SSR 20-21"]
[null,"Portico portion",1,"x",1,{"v":6.17,"d":"6.170"},{"v":0.88,"d":"0.880"},{"v":0,"d":"0.000"},{"$f":"ROUND(IF(AND(F312:H312),C312*E312*F312*G312*H312,IF(AND(F312,G312),C312*E312*F312*G312,IF(AND(F312,H312),C312*E312*F312*H312,IF(AND(G312,H312),C312*E312*G312*H312,IF(F312,C312*E312*F312,IF(G312,C312*E312*G312,IF(H312,C312*E312*H312,C312*E312))))))),2)","v":5.43},"Sqm",{"$nulls":3},"SSR 20-21"]
[{"$nulls":13},"SSR 20-21"]
[{"$nulls":9},"Sqm",{"$f":"data!F1485","v":300.63},"SSR 20-21",{"$f":"ROUND(I314*K314,0)","v":{"v":0,"d":"0.00"}},"SSR 20-21"]
[7,"Providing impervious coat to exposed RCC Roof Slab surface with CM (1:3) 12mm thick with 1Kg of water proof compound per bag of Cement laid over roof when it is green including c/c of all materials and labour charges for mixing mortar, laying, rendering smooth and thread lining of wall & slab etc complete for finished item of work (APSS 901,903) ",{"$nulls":11},"SSR 21-22"]
[null,"Qty.p.12  of M.B.No.441/A/ZP/19",{"$nulls":11},"SSR 21-22"]
[null,"Over first slab",1,"x",1,{"v":10.45,"d":"10.450"},{"v":8.85,"d":"8.850"},{"v":0,"d":"0.000"},{"$f":"ROUND(IF(AND(F317:H317),C317*E317*F317*G317*H317,IF(AND(F317,G317),C317*E317*F317*G317,IF(AND(F317,H317),C317*E317*F317*H317,IF(AND(G317,H317),C317*E317*G317*H317,IF(F317,C317*E317*F317,IF(G317,C317*E317*G317,IF(H317,C317*E317*H317,C317*E317))))))),2)","v":92.48},"Sqm",{"$nulls":3},"SSR 21-22"]
[null,null,1,"x",1,{"v":5.5,"d":"5.500"},{"v":5.5,"d":"5.500"},{"v":0,"d":"0.000"},{"$f":"ROUND(IF(AND(F318:H318),C318*E318*F318*G318*H318,IF(AND(F318,G318),C318*E318*F318*G318,IF(AND(F318,H318),C318*E318*F318*H318,IF(AND(G318,H318),C318*E318*G318*H318,IF(F318,C318*E318*F318,IF(G318,C318*E318*G318,IF(H318,C318*E318*H318,C318*E318))))))),2)","v":30.25},"Sqm",{"$nulls":3},"SSR 21-22"]
[{"$nulls":13},"SSR 21-22"]
[{"$nulls":9},"Sqm",{"$f":"data!F2402","v":319.08},"SSR 21-22",{"$f":"ROUND(I320*K320,0)","v":{"v":0,"d":"0.00"}},"SSR 21-22"]
[7,"Providing impervious coat to exposed RCC Roof Slab surface with CM (1:3) 12mm thick with 1Kg of water proof compound per bag of Cement laid over roof when it is green including c/c of all materials and labour charges for mixing mortar, laying, rendering smooth and thread lining of wall & slab etc complete for finished item of work (APSS 901,903) ",{"$nulls":11},"SSR 22-23"]
[null,"Qty.p.12  of M.B.No.441/A/ZP/19",{"$nulls":11},"SSR 22-23"]
[null,"Over first slab",1,"x",1,{"v":10.45,"d":"10.450"},{"v":8.85,"d":"8.850"},{"v":0,"d":"0.000"},{"$f":"ROUND(IF(AND(F323:H323),C323*E323*F323*G323*H323,IF(AND(F323,G323),C323*E323*F323*G323,IF(AND(F323,H323),C323*E323*F323*H323,IF(AND(G323,H323),C323*E323*G323*H323,IF(F323,C323*E323*F323,IF(G323,C323*E323*G323,IF(H323,C323*E323*H323,C323*E323))))))),2)","v":92.48},"Sqm",{"$nulls":3},"SSR 22-23"]
[null,null,1,"x",1,{"v":5.5,"d":"5.500"},{"v":5.5,"d":"5.500"},{"v":0,"d":"0.000"},{"$f":"ROUND(IF(AND(F324:H324),C324*E324*F324*G324*H324,IF(AND(F324,G324),C324*E324*F324*G324,IF(AND(F324,H324),C324*E324*F324*H324,IF(AND(G324,H324),C324*E324*G324*H324,IF(F324,C324*E324*F324,IF(G324,C324*E324*G324,IF(H324,C324*E324*H324,C324*E324))))))),2)","v":30.25},"Sqm",{"$nulls":3},"SSR 22-23"]
[{"$nulls":13},"SSR 22-23"]
[{"$nulls":9},"Sqm",{"$f":"data!F3319","v":339.16},"SSR 22-23",{"$f":"ROUND(I326*K326,0)","v":{"v":0,"d":"0.00"}},"SSR 22-23"]
[13,"Providing impervious coat to exposed RCC Roof Slab surface with CM (1:3) 20mm thick with 1Kg of water proof compound per bag of Cement laid over roof when it is green including c/c of all materials and labour charges for mixing mortar, laying, rendering smooth and thread lining of wall & slab etc complete for finished item of work (APSS 901,903) ",{"$nulls":11},"SSR 19-20"]
[null,"Qty.p.     of M.B.No.441/A/ZP/19",{"$nulls":11},"SSR 19-20"]
[null,null,1,"x",1,{"v":10.45,"d":"10.450"},{"v":12,"d":"12.000"},{"v":0,"d":"0.000"},{"$f":"ROUND(IF(AND(F329:H329),C329*E329*F329*G329*H329,IF(AND(F329,G329),C329*E329*F329*G329,IF(AND(F329,H329),C329*E329*F329*H329,IF(AND(G329,H329),C329*E329*G329*H329,IF(F329,C329*E329*F329,IF(G329,C329*E329*G329,IF(H329,C329*E329*H329,C329*E329))))))),2)","v":{"v":125.4,"d":"125.40"}},"Sqm",{"$nulls":3},"SSR 19-20"]
[null,null,1,"x",1,{"v":3.52,"d":"3.520"},{"v":0.92,"d":"0.920"},{"v":0,"d":"0.000"},{"$f":"ROUND(IF(AND(F330:H330),C330*E330*F330*G330*H330,IF(AND(F330,G330),C330*E330*F330*G330,IF(AND(F330,H330),C330*E330*F330*H330,IF(AND(G330,H330),C330*E330*G330*H330,IF(F330,C330*E330*F330,IF(G330,C330*E330*G330,IF(H330,C330*E330*H330,C330*E330))))))),2)","v":3.24},"Sqm",{"$nulls":3},"SSR 19-20"]
[{"$nulls":13},"SSR 19-20"]
[{"$nulls":9},"Sqm",{"$f":"data!F583","v":356.32},"SSR 19-20",{"$f":"ROUND(I332*K332,0)","v":{"v":0,"d":"0.00"}},"SSR 19-20"]
[13,"Providing impervious coat to exposed RCC Roof Slab surface with CM (1:3) 20mm thick with 1Kg of water proof compound per bag of Cement laid over roof when it is green including c/c of all materials and labour charges for mixing mortar, laying, rendering smooth and thread lining of wall & slab etc complete for finished item of work (APSS 901,903) ",{"$nulls":11},"SSR 20-21"]
[null,"Qty.p.     of M.B.No.441/A/ZP/19",{"$nulls":11},"SSR 20-21"]
[null,null,1,"x",1,{"v":10.45,"d":"10.450"},{"v":12,"d":"12.000"},{"v":0,"d":"0.000"},{"$f":"ROUND(IF(AND(F335:H335),C335*E335*F335*G335*H335,IF(AND(F335,G335),C335*E335*F335*G335,IF(AND(F335,H335),C335*E335*F335*H335,IF(AND(G335,H335),C335*E335*G335*H335,IF(F335,C335*E335*F335,IF(G335,C335*E335*G335,IF(H335,C335*E335*H335,C335*E335))))))),2)","v":{"v":125.4,"d":"125.40"}},"Sqm",{"$nulls":3},"SSR 20-21"]
[null,null,1,"x",1,{"v":3.52,"d":"3.520"},{"v":0.92,"d":"0.920"},{"v":0,"d":"0.000"},{"$f":"ROUND(IF(AND(F336:H336),C336*E336*F336*G336*H336,IF(AND(F336,G336),C336*E336*F336*G336,IF(AND(F336,H336),C336*E336*F336*H336,IF(AND(G336,H336),C336*E336*G336*H336,IF(F336,C336*E336*F336,IF(G336,C336*E336*G336,IF(H336,C336*E336*H336,C336*E336))))))),2)","v":3.24},"Sqm",{"$nulls":3},"SSR 20-21"]
[{"$nulls":13},"SSR 20-21"]
[{"$nulls":9},"Sqm",{"$f":"data!F1500","v":385.97},"SSR 20-21",{"$f":"ROUND(I338*K338,0)","v":{"v":0,"d":"0.00"}},"SSR 20-21"]
[13,"Providing impervious coat to exposed RCC Roof Slab surface with CM (1:3) 20mm thick with 1Kg of water proof compound per bag of Cement laid over roof when it is green including c/c of all materials and labour charges for mixing mortar, laying, rendering smooth and thread lining of wall & slab etc complete for finished item of work (APSS 901,903) ",{"$nulls":11},"SSR 21-22"]
[null,"Qty.p.     of M.B.No.441/A/ZP/19",{"$nulls":11},"SSR 21-22"]
[null,null,1,"x",1,{"v":10.45,"d":"10.450"},{"v":12,"d":"12.000"},{"v":0,"d":"0.000"},{"$f":"ROUND(IF(AND(F341:H341),C341*E341*F341*G341*H341,IF(AND(F341,G341),C341*E341*F341*G341,IF(AND(F341,H341),C341*E341*F341*H341,IF(AND(G341,H341),C341*E341*G341*H341,IF(F341,C341*E341*F341,IF(G341,C341*E341*G341,IF(H341,C341*E341*H341,C341*E341))))))),2)","v":{"v":125.4,"d":"125.40"}},"Sqm",{"$nulls":3},"SSR 21-22"]
[null,null,1,"x",1,{"v":3.52,"d":"3.520"},{"v":0.92,"d":"0.920"},{"v":0,"d":"0.000"},{"$f":"ROUND(IF(AND(F342:H342),C342*E342*F342*G342*H342,IF(AND(F342,G342),C342*E342*F342*G342,IF(AND(F342,H342),C342*E342*F342*H342,IF(AND(G342,H342),C342*E342*G342*H342,IF(F342,C342*E342*F342,IF(G342,C342*E342*G342,IF(H342,C342*E342*H342,C342*E342))))))),2)","v":3.24},"Sqm",{"$nulls":3},"SSR 21-22"]
[{"$nulls":13},"SSR 21-22"]
[{"$nulls":9},"Sqm",{"$f":"data!F2417","v":410.82},"SSR 21-22",{"$f":"ROUND(I344*K344,0)","v":{"v":0,"d":"0.00"}},"SSR 21-22"]
[13,"Providing impervious coat to exposed RCC Roof Slab surface with CM (1:3) 20mm thick with 1Kg of water proof compound per bag of Cement laid over roof when it is green including c/c of all materials and labour charges for mixing mortar, laying, rendering smooth and thread lining of wall & slab etc complete for finished item of work (APSS 901,903) ",{"$nulls":11},"SSR 22-23"]
[null,"Qty.p.     of M.B.No.441/A/ZP/19",{"$nulls":11},"SSR 22-23"]
[null,null,1,"x",1,{"v":10.45,"d":"10.450"},{"v":12,"d":"12.000"},{"v":0,"d":"0.000"},{"$f":"ROUND(IF(AND(F347:H347),C347*E347*F347*G347*H347,IF(AND(F347,G347),C347*E347*F347*G347,IF(AND(F347,H347),C347*E347*F347*H347,IF(AND(G347,H347),C347*E347*G347*H347,IF(F347,C347*E347*F347,IF(G347,C347*E347*G347,IF(H347,C347*E347*H347,C347*E347))))))),2)","v":{"v":125.4,"d":"125.40"}},"Sqm",{"$nulls":3},"SSR 22-23"]
[null,null,1,"x",1,{"v":3.52,"d":"3.520"},{"v":0.92,"d":"0.920"},{"v":0,"d":"0.000"},{"$f":"ROUND(IF(AND(F348:H348),C348*E348*F348*G348*H348,IF(AND(F348,G348),C348*E348*F348*G348,IF(AND(F348,H348),C348*E348*F348*H348,IF(AND(G348,H348),C348*E348*G348*H348,IF(F348,C348*E348*F348,IF(G348,C348*E348*G348,IF(H348,C348*E348*H348,C348*E348))))))),2)","v":3.24},"Sqm",{"$nulls":3},"SSR 22-23"]
[{"$nulls":13},"SSR 22-23"]
[{"$nulls":9},"Sqm",{"$f":"data!F3334","v":438.06},"SSR 22-23",{"$f":"ROUND(I350*K350,0)","v":{"v":0,"d":"0.00"}},"SSR 22-23"]
[15,"Brick Masonary for Superstructure with CM (1:8) proportion using 2nd class traditional bricks of size 23X11X7 cms having minimum crushing strength of 40kg/cm2  including c/c of all materials like Cement, Sand, Bricks, water etc including  labour charges such as mixing cement mortar, Scaffolding charges etc complete for finished item of work (APSS No 501 & 504) ",{"$nulls":11},"SSR 19-20"]
[null,"Qty.p.78  of M.B.No.441/A/ZP/19",{"$nulls":11},"SSR 19-20"]
[null,"Front side",1,"x",1,{"v":2.89,"d":"2.890"},{"v":0.23,"d":"0.230"},{"v":1.38,"d":"1.380"},{"$f":"ROUND(IF(AND(F353:H353),C353*E353*F353*G353*H353,IF(AND(F353,G353),C353*E353*F353*G353,IF(AND(F353,H353),C353*E353*F353*H353,IF(AND(G353,H353),C353*E353*G353*H353,IF(F353,C353*E353*F353,IF(G353,C353*E353*G353,IF(H353,C353*E353*H353,C353*E353))))))),2)","v":0.92},"Cum",{"$nulls":3},"SSR 19-20"]
[null,"East side",1,"x",1,{"v":12.47,"d":"12.470"},{"v":0.23,"d":"0.230"},{"v":1.38,"d":"1.380"},{"$f":"ROUND(IF(AND(F354:H354),C354*E354*F354*G354*H354,IF(AND(F354,G354),C354*E354*F354*G354,IF(AND(F354,H354),C354*E354*F354*H354,IF(AND(G354,H354),C354*E354*G354*H354,IF(F354,C354*E354*F354,IF(G354,C354*E354*G354,IF(H354,C354*E354*H354,C354*E354))))))),2)","v":3.96},"Cum",{"$nulls":3},"SSR 19-20"]
[{"$nulls":13},"SSR 19-20"]
[{"$nulls":9},"Cum",{"$f":"data!F393","v":{"v":5904.870000000001,"d":"5904.87"}},"SSR 19-20",{"$f":"ROUND(I356*K356,0)","v":{"v":0,"d":"0.00"}},"SSR 19-20"]
[15,"Brick Masonary for Superstructure with CM (1:8) proportion using 2nd class traditional bricks of size 23X11X7 cms having minimum crushing strength of 40kg/cm2  including c/c of all materials like Cement, Sand, Bricks, water etc including  labour charges such as mixing cement mortar, Scaffolding charges etc complete for finished item of work (APSS No 501 & 504) ",{"$nulls":11},"SSR 20-21"]
[null,"Qty.p.78  of M.B.No.441/A/ZP/19",{"$nulls":11},"SSR 20-21"]
[null,"Front side",1,"x",1,{"v":2.89,"d":"2.890"},{"v":0.23,"d":"0.230"},{"v":1.38,"d":"1.380"},{"$f":"ROUND(IF(AND(F359:H359),C359*E359*F359*G359*H359,IF(AND(F359,G359),C359*E359*F359*G359,IF(AND(F359,H359),C359*E359*F359*H359,IF(AND(G359,H359),C359*E359*G359*H359,IF(F359,C359*E359*F359,IF(G359,C359*E359*G359,IF(H359,C359*E359*H359,C359*E359))))))),2)","v":0.92},"Cum",{"$nulls":3},"SSR 20-21"]
[null,"East side",1,"x",1,{"v":12.47,"d":"12.470"},{"v":0.23,"d":"0.230"},{"v":1.38,"d":"1.380"},{"$f":"ROUND(IF(AND(F360:H360),C360*E360*F360*G360*H360,IF(AND(F360,G360),C360*E360*F360*G360,IF(AND(F360,H360),C360*E360*F360*H360,IF(AND(G360,H360),C360*E360*G360*H360,IF(F360,C360*E360*F360,IF(G360,C360*E360*G360,IF(H360,C360*E360*H360,C360*E360))))))),2)","v":3.96},"Cum",{"$nulls":3},"SSR 20-21"]
[{"$nulls":13},"SSR 20-21"]
[{"$nulls":9},"Cum",{"$f":"data!F1310","v":6078.69},"SSR 20-21",{"$f":"ROUND(I362*K362,0)","v":{"v":0,"d":"0.00"}},"SSR 20-21"]
[15,"Brick Masonary for Superstructure with CM (1:8) proportion using 2nd class traditional bricks of size 23X11X7 cms having minimum crushing strength of 40kg/cm2  including c/c of all materials like Cement, Sand, Bricks, water etc including  labour charges such as mixing cement mortar, Scaffolding charges etc complete for finished item of work (APSS No 501 & 504) ",{"$nulls":11},"SSR 21-22"]
[null,"Qty.p.78  of M.B.No.441/A/ZP/19",{"$nulls":11},"SSR 21-22"]
[null,"Front side",1,"x",1,{"v":2.89,"d":"2.890"},{"v":0.23,"d":"0.230"},{"v":1.38,"d":"1.380"},{"$f":"ROUND(IF(AND(F365:H365),C365*E365*F365*G365*H365,IF(AND(F365,G365),C365*E365*F365*G365,IF(AND(F365,H365),C365*E365*F365*H365,IF(AND(G365,H365),C365*E365*G365*H365,IF(F365,C365*E365*F365,IF(G365,C365*E365*G365,IF(H365,C365*E365*H365,C365*E365))))))),2)","v":0.92},"Cum",{"$nulls":3},"SSR 21-22"]
[null,"East side",1,"x",1,{"v":12.47,"d":"12.470"},{"v":0.23,"d":"0.230"},{"v":1.38,"d":"1.380"},{"$f":"ROUND(IF(AND(F366:H366),C366*E366*F366*G366*H366,IF(AND(F366,G366),C366*E366*F366*G366,IF(AND(F366,H366),C366*E366*F366*H366,IF(AND(G366,H366),C366*E366*G366*H366,IF(F366,C366*E366*F366,IF(G366,C366*E366*G366,IF(H366,C366*E366*H366,C366*E366))))))),2)","v":3.96},"Cum",{"$nulls":3},"SSR 21-22"]
[{"$nulls":13},"SSR 21-22"]
[{"$nulls":9},"Cum",{"$f":"data!F2227","v":{"v":6501.900000000001,"d":"6501.90"}},"SSR 21-22",{"$f":"ROUND(I368*K368,0)","v":{"v":0,"d":"0.00"}},"SSR 21-22"]
[15,"Brick Masonary for Superstructure with CM (1:8) proportion using 2nd class traditional bricks of size 23X11X7 cms having minimum crushing strength of 40kg/cm2  including c/c of all materials like Cement, Sand, Bricks, water etc including  labour charges such as mixing cement mortar, Scaffolding charges etc complete for finished item of work (APSS No 501 & 504) ",{"$nulls":11},"SSR 22-23"]
[null,"Qty.p.78  of M.B.No.441/A/ZP/19",{"$nulls":11},"SSR 22-23"]
[null,"Front side",1,"x",1,{"v":2.89,"d":"2.890"},{"v":0.23,"d":"0.230"},{"v":1.38,"d":"1.380"},{"$f":"ROUND(IF(AND(F371:H371),C371*E371*F371*G371*H371,IF(AND(F371,G371),C371*E371*F371*G371,IF(AND(F371,H371),C371*E371*F371*H371,IF(AND(G371,H371),C371*E371*G371*H371,IF(F371,C371*E371*F371,IF(G371,C371*E371*G371,IF(H371,C371*E371*H371,C371*E371))))))),2)","v":0.92},"Cum",{"$nulls":3},"SSR 22-23"]
[null,"East side",1,"x",1,{"v":12.47,"d":"12.470"},{"v":0.23,"d":"0.230"},{"v":1.38,"d":"1.380"},{"$f":"ROUND(IF(AND(F372:H372),C372*E372*F372*G372*H372,IF(AND(F372,G372),C372*E372*F372*G372,IF(AND(F372,H372),C372*E372*F372*H372,IF(AND(G372,H372),C372*E372*G372*H372,IF(F372,C372*E372*F372,IF(G372,C372*E372*G372,IF(H372,C372*E372*H372,C372*E372))))))),2)","v":3.96},"Cum",{"$nulls":3},"SSR 22-23"]
[{"$nulls":13},"SSR 22-23"]
[{"$nulls":9},"Cum",{"$f":"data!F3144","v":{"v":7227.5599999999995,"d":"7227.56"}},"SSR 22-23",{"$f":"ROUND(I374*K374,0)","v":{"v":0,"d":"0.00"}},"SSR 22-23"]
[7,"Brick Masonary for Superstructure with CM (1:6) proportion using 2nd class traditional bricks of size 23X11X7 cms having minimum crushing strength of 40kg/cm2  including c/c of all materials like Cement, Sand, Bricks, water etc including  labour charges such as mixing cement mortar, Scaffolding charges etc complete for finished item of work (APSS No 501 & 504) ",{"$nulls":11},"SSR 19-20"]
[null,"Qty.p.42 of M.B.No.605/B/ZP/20",null,"05.08.2022",{"$nulls":9},"SSR 19-20"]
[null,"Long walls",1,"x",1,{"v":9.29,"d":"9.290"},{"v":0.23,"d":"0.230"},{"v":2.1,"d":"2.100"},{"$f":"ROUND(IF(AND(F377:H377),C377*E377*F377*G377*H377,IF(AND(F377,G377),C377*E377*F377*G377,IF(AND(F377,H377),C377*E377*F377*H377,IF(AND(G377,H377),C377*E377*G377*H377,IF(F377,C377*E377*F377,IF(G377,C377*E377*G377,IF(H377,C377*E377*H377,C377*E377))))))),2)","v":4.49},"Cum",{"$nulls":3},"SSR 19-20"]
[null,null,1,"x",1,{"v":12.47,"d":"12.470"},{"v":0.23,"d":"0.230"},{"v":2.1,"d":"2.100"},6.02,"Cum",{"$nulls":3},"SSR 19-20"]
[null,"Cross wall front side",1,"x",1,{"v":8.38,"d":"8.380"},{"v":0.23,"d":"0.230"},{"v":2.1,"d":"2.100"},4.05,"Cum",{"$nulls":3},"SSR 19-20"]
[null,"Back side",1,"x",1,{"v":8.38,"d":"8.380"},{"v":0.23,"d":"0.230"},{"v":2.1,"d":"2.100"},4.05,"Cum",{"$nulls":3},"SSR 19-20"]
[null,"Deduct door",1,"x",1,{"v":1.2,"d":"1.200"},{"v":0.23,"d":"0.230"},{"v":2.1,"d":"2.100"},{"$f":"-ROUND(IF(AND(F381:H381),C381*E381*F381*G381*H381,IF(AND(F381,G381),C381*E381*F381*G381,IF(AND(F381,H381),C381*E381*F381*H381,IF(AND(G381,H381),C381*E381*G381*H381,IF(F381,C381*E381*F381,IF(G381,C381*E381*G381,IF(H381,C381*E381*H381,C381*E381))))))),2)","v":-0.58},"Cum",{"$nulls":3},"SSR 19-20"]
[null,"Deduct windows",1,"x",7,{"v":1.5,"d":"1.500"},{"v":0.23,"d":"0.230"},{"v":1.35,"d":"1.350"},{"$f":"-ROUND(IF(AND(F382:H382),C382*E382*F382*G382*H382,IF(AND(F382,G382),C382*E382*F382*G382,IF(AND(F382,H382),C382*E382*F382*H382,IF(AND(G382,H382),C382*E382*G382*H382,IF(F382,C382*E382*F382,IF(G382,C382*E382*G382,IF(H382,C382*E382*H382,C382*E382))))))),2)","v":-3.26},"Cum",{"$nulls":3},"SSR 19-20"]
[null,"Deduct door",1,"x",1,{"v":1.2,"d":"1.200"},{"v":0.23,"d":"0.230"},{"v":2.1,"d":"2.100"},{"$f":"-ROUND(IF(AND(F383:H383),C383*E383*F383*G383*H383,IF(AND(F383,G383),C383*E383*F383*G383,IF(AND(F383,H383),C383*E383*F383*H383,IF(AND(G383,H383),C383*E383*G383*H383,IF(F383,C383*E383*F383,IF(G383,C383*E383*G383,IF(H383,C383*E383*H383,C383*E383))))))),2)","v":-0.58},"Cum",{"$nulls":3},"SSR 19-20"]
[null,"Deduct door",1,"x",2,{"v":0.75,"d":"0.750"},{"v":0.23,"d":"0.230"},{"v":2.1,"d":"2.100"},{"$f":"-ROUND(IF(AND(F384:H384),C384*E384*F384*G384*H384,IF(AND(F384,G384),C384*E384*F384*G384,IF(AND(F384,H384),C384*E384*F384*H384,IF(AND(G384,H384),C384*E384*G384*H384,IF(F384,C384*E384*F384,IF(G384,C384*E384*G384,IF(H384,C384*E384*H384,C384*E384))))))),2)","v":-0.72},"Cum",{"$nulls":3},"SSR 19-20"]
[null,"Qty.p.49 of M.B.No.605/B/ZP/20",null,"17.08.2022",{"$nulls":9},"SSR 19-20"]
[null,"Long walls",1,"x",1,{"v":9.29,"d":"9.290"},{"v":0.23,"d":"0.230"},{"v":0.62,"d":"0.620"},{"$f":"ROUND(IF(AND(F386:H386),C386*E386*F386*G386*H386,IF(AND(F386,G386),C386*E386*F386*G386,IF(AND(F386,H386),C386*E386*F386*H386,IF(AND(G386,H386),C386*E386*G386*H386,IF(F386,C386*E386*F386,IF(G386,C386*E386*G386,IF(H386,C386*E386*H386,C386*E386))))))),2)","v":1.32},"Cum",{"$nulls":3},"SSR 19-20"]
[null,null,1,"x",1,{"v":12.47,"d":"12.470"},{"v":0.23,"d":"0.230"},{"v":0.62,"d":"0.620"},1.78,"Cum",{"$nulls":3},"SSR 19-20"]
[null,"Cross wall front side",1,"x",2,{"v":4.99,"d":"4.990"},{"v":0.23,"d":"0.230"},{"v":0.55,"d":"0.550"},1.26,"Cum",{"$nulls":3},"SSR 19-20"]
[null,"Back side",1,"x",2,{"v":3.16,"d":"3.160"},{"v":0.23,"d":"0.230"},{"v":0.7,"d":"0.700"},1.02,"Cum",{"$nulls":3},"SSR 19-20"]
[null,"Deduct columns",1,"x",1,{"v":0.23,"d":"0.230"},{"v":0.38,"d":"0.380"},{"v":0.62,"d":"0.620"},{"$f":"-ROUND(IF(AND(F390:H390),C390*E390*F390*G390*H390,IF(AND(F390,G390),C390*E390*F390*G390,IF(AND(F390,H390),C390*E390*F390*H390,IF(AND(G390,H390),C390*E390*G390*H390,IF(F390,C390*E390*F390,IF(G390,C390*E390*G390,IF(H390,C390*E390*H390,C390*E390))))))),2)","v":-0.05},"Cum",{"$nulls":3},"SSR 19-20"]
[null,"Deduct ventilators",1,"x",12,{"v":0.6,"d":"0.600"},{"v":0.23,"d":"0.230"},{"v":0.3,"d":"0.300"},{"$f":"-ROUND(IF(AND(F391:H391),C391*E391*F391*G391*H391,IF(AND(F391,G391),C391*E391*F391*G391,IF(AND(F391,H391),C391*E391*F391*H391,IF(AND(G391,H391),C391*E391*G391*H391,IF(F391,C391*E391*F391,IF(G391,C391*E391*G391,IF(H391,C391*E391*H391,C391*E391))))))),2)","v":{"v":-0.5,"d":"-0.50"}},"Cum",{"$nulls":3},"SSR 19-20"]
[null,"Qty.p.2 of M.B.No.1186/A/ZP/20",null,"16.05.2023",{"$nulls":9},"SSR 19-20"]
[null,"Above landing",1,"x",1,{"v":2.68,"d":"2.680"},{"v":0.23,"d":"0.230"},{"v":1.2,"d":"1.200"},{"$f":"ROUND(IF(AND(F393:H393),C393*E393*F393*G393*H393,IF(AND(F393,G393),C393*E393*F393*G393,IF(AND(F393,H393),C393*E393*F393*H393,IF(AND(G393,H393),C393*E393*G393*H393,IF(F393,C393*E393*F393,IF(G393,C393*E393*G393,IF(H393,C393*E393*H393,C393*E393))))))),2)","v":0.74},"Cum",{"$nulls":3},"SSR 19-20"]
[null,"Deduct opening",1,"x",1,{"v":1.2,"d":"1.200"},{"v":0.23,"d":"0.230"},{"v":1.1,"d":"1.100"},{"$f":"-ROUND(IF(AND(F394:H394),C394*E394*F394*G394*H394,IF(AND(F394,G394),C394*E394*F394*G394,IF(AND(F394,H394),C394*E394*F394*H394,IF(AND(G394,H394),C394*E394*G394*H394,IF(F394,C394*E394*F394,IF(G394,C394*E394*G394,IF(H394,C394*E394*H394,C394*E394))))))),2)","v":{"v":-0.3,"d":"-0.30"}},"Cum",{"$nulls":3},"SSR 19-20"]
[{"$nulls":13},"SSR 19-20"]
[{"$nulls":9},"Cum",{"$f":"data!F376","v":5961.27},"SSR 19-20",{"$f":"ROUND(I396*K396,0)","v":{"v":0,"d":"0.00"}},"SSR 19-20"]
[8,"Brick Masonary for Superstructure with CM (1:6) proportion using 2nd class traditional bricks of size 23X11X7 cms having minimum crushing strength of 40kg/cm2  including c/c of all materials like Cement, Sand, Bricks, water etc including  labour charges such as mixing cement mortar, Scaffolding charges etc complete for finished item of work (APSS No 501 & 504) ",{"$nulls":11},"SSR 20-21"]
[null,"Qty.p.68 of M.B.No.441/A/ZP/19",{"$nulls":11},"SSR 20-21"]
[null,"B3 - E3 I/I",1,"x",1,{"v":8.91,"d":"8.910"},{"v":0.23,"d":"0.230"},{"v":2.1,"d":"2.100"},{"$f":"ROUND(IF(AND(F399:H399),C399*E399*F399*G399*H399,IF(AND(F399,G399),C399*E399*F399*G399,IF(AND(F399,H399),C399*E399*F399*H399,IF(AND(G399,H399),C399*E399*G399*H399,IF(F399,C399*E399*F399,IF(G399,C399*E399*G399,IF(H399,C399*E399*H399,C399*E399))))))),2)","v":{"v":4.3,"d":"4.30"}},"Cum",{"$nulls":3},"SSR 20-21"]
[null,"Deduct column portion",1,"x",1,{"v":0.38,"d":"0.380"},{"v":0.23,"d":"0.230"},{"v":2.1,"d":"2.100"},{"$f":"-ROUND(IF(AND(F400:H400),C400*E400*F400*G400*H400,IF(AND(F400,G400),C400*E400*F400*G400,IF(AND(F400,H400),C400*E400*F400*H400,IF(AND(G400,H400),C400*E400*G400*H400,IF(F400,C400*E400*F400,IF(G400,C400*E400*G400,IF(H400,C400*E400*H400,C400*E400))))))),2)","v":-0.18},"Cum",{"$nulls":3},"SSR 20-21"]
[null,"Deduct column portion",1,"x",1,{"v":0.23,"d":"0.230"},{"v":0.23,"d":"0.230"},{"v":2.1,"d":"2.100"},{"$f":"-ROUND(IF(AND(F401:H401),C401*E401*F401*G401*H401,IF(AND(F401,G401),C401*E401*F401*G401,IF(AND(F401,H401),C401*E401*F401*H401,IF(AND(G401,H401),C401*E401*G401*H401,IF(F401,C401*E401*F401,IF(G401,C401*E401*G401,IF(H401,C401*E401*H401,C401*E401))))))),2)","v":-0.11},"Cum",{"$nulls":3},"SSR 20-21"]
[null,"Deduct windows",1,"x",2,{"v":1.4,"d":"1.400"},{"v":0.23,"d":"0.230"},{"v":1.45,"d":"1.450"},{"$f":"-ROUND(IF(AND(F402:H402),C402*E402*F402*G402*H402,IF(AND(F402,G402),C402*E402*F402*G402,IF(AND(F402,H402),C402*E402*F402*H402,IF(AND(G402,H402),C402*E402*G402*H402,IF(F402,C402*E402*F402,IF(G402,C402*E402*G402,IF(H402,C402*E402*H402,C402*E402))))))),2)","v":-0.93},"Cum",{"$nulls":3},"SSR 20-21"]
[null,"Deduct door",1,"x",1,{"v":0.75,"d":"0.750"},{"v":0.23,"d":"0.230"},{"v":2.1,"d":"2.100"},{"$f":"-ROUND(IF(AND(F403:H403),C403*E403*F403*G403*H403,IF(AND(F403,G403),C403*E403*F403*G403,IF(AND(F403,H403),C403*E403*F403*H403,IF(AND(G403,H403),C403*E403*G403*H403,IF(F403,C403*E403*F403,IF(G403,C403*E403*G403,IF(H403,C403*E403*H403,C403*E403))))))),2)","v":-0.36},"Cum",{"$nulls":3},"SSR 20-21"]
[null,"E3-E1 I/I",1,"x",1,{"v":8.08,"d":"8.080"},{"v":0.23,"d":"0.230"},{"v":2.1,"d":"2.100"},{"$f":"ROUND(IF(AND(F404:H404),C404*E404*F404*G404*H404,IF(AND(F404,G404),C404*E404*F404*G404,IF(AND(F404,H404),C404*E404*F404*H404,IF(AND(G404,H404),C404*E404*G404*H404,IF(F404,C404*E404*F404,IF(G404,C404*E404*G404,IF(H404,C404*E404*H404,C404*E404))))))),2)","v":{"v":3.9,"d":"3.90"}},"Cum",{"$nulls":3},"SSR 20-21"]
[null,"Deduct columns",1,"x",1,{"v":0.38,"d":"0.380"},{"v":0.23,"d":"0.230"},{"v":2.1,"d":"2.100"},{"$f":"-ROUND(IF(AND(F405:H405),C405*E405*F405*G405*H405,IF(AND(F405,G405),C405*E405*F405*G405,IF(AND(F405,H405),C405*E405*F405*H405,IF(AND(G405,H405),C405*E405*G405*H405,IF(F405,C405*E405*F405,IF(G405,C405*E405*G405,IF(H405,C405*E405*H405,C405*E405))))))),2)","v":-0.18},"Cum",{"$nulls":3},"SSR 20-21"]
[null,"Deduct windows",1,"x",2,{"v":1.4,"d":"1.400"},{"v":0.23,"d":"0.230"},{"v":1.45,"d":"1.450"},{"$f":"-ROUND(IF(AND(F406:H406),C406*E406*F406*G406*H406,IF(AND(F406,G406),C406*E406*F406*G406,IF(AND(F406,H406),C406*E406*F406*H406,IF(AND(G406,H406),C406*E406*G406*H406,IF(F406,C406*E406*F406,IF(G406,C406*E406*G406,IF(H406,C406*E406*H406,C406*E406))))))),2)","v":-0.93},"Cum",{"$nulls":3},"SSR 20-21"]
[null,"E1-B1 I/I",1,"x",1,{"v":9.06,"d":"9.060"},{"v":0.23,"d":"0.230"},{"v":2.1,"d":"2.100"},4.38,"Cum",{"$nulls":3},"SSR 20-21"]
[null,"Deduct columns",1,"x",2,{"v":0.23,"d":"0.230"},{"v":0.23,"d":"0.230"},{"v":2.1,"d":"2.100"},{"$f":"-ROUND(IF(AND(F408:H408),C408*E408*F408*G408*H408,IF(AND(F408,G408),C408*E408*F408*G408,IF(AND(F408,H408),C408*E408*F408*H408,IF(AND(G408,H408),C408*E408*G408*H408,IF(F408,C408*E408*F408,IF(G408,C408*E408*G408,IF(H408,C408*E408*H408,C408*E408))))))),2)","v":-0.22},"Cum",{"$nulls":3},"SSR 20-21"]
[null,"Deduct windows",1,"x",3,{"v":1.4,"d":"1.400"},{"v":0.23,"d":"0.230"},{"v":1.45,"d":"1.450"},{"$f":"-ROUND(IF(AND(F409:H409),C409*E409*F409*G409*H409,IF(AND(F409,G409),C409*E409*F409*G409,IF(AND(F409,H409),C409*E409*F409*H409,IF(AND(G409,H409),C409*E409*G409*H409,IF(F409,C409*E409*F409,IF(G409,C409*E409*G409,IF(H409,C409*E409*H409,C409*E409))))))),2)","v":{"v":-1.4,"d":"-1.40"}},"Cum",{"$nulls":3},"SSR 20-21"]
[null,"A1-A1 & B1-B1",1,"x",2,{"v":1,"d":"1.000"},{"v":0.23,"d":"0.230"},{"v":1.2,"d":"1.200"},0.55,"Cum",{"$nulls":3},"SSR 20-21"]
[null,"A1-B1",1,"x",1,{"v":2.72,"d":"2.720"},{"v":0.23,"d":"0.230"},{"v":1.5,"d":"1.500"},0.94,"Cum",{"$nulls":3},"SSR 20-21"]
[null,"Deduct Elevation opening",1,"x",1,{"v":1.27,"d":"1.270"},{"v":0.23,"d":"0.230"},{"v":1.5,"d":"1.500"},{"$f":"-ROUND(IF(AND(F412:H412),C412*E412*F412*G412*H412,IF(AND(F412,G412),C412*E412*F412*G412,IF(AND(F412,H412),C412*E412*F412*H412,IF(AND(G412,H412),C412*E412*G412*H412,IF(F412,C412*E412*F412,IF(G412,C412*E412*G412,IF(H412,C412*E412*H412,C412*E412))))))),2)","v":-0.44},"Cum",{"$nulls":3},"SSR 20-21"]
[null,"A1-A2",1,"x",1,{"v":2.86,"d":"2.860"},{"v":0.23,"d":"0.230"},{"v":2.1,"d":"2.100"},{"$f":"ROUND(IF(AND(F413:H413),C413*E413*F413*G413*H413,IF(AND(F413,G413),C413*E413*F413*G413,IF(AND(F413,H413),C413*E413*F413*H413,IF(AND(G413,H413),C413*E413*G413*H413,IF(F413,C413*E413*F413,IF(G413,C413*E413*G413,IF(H413,C413*E413*H413,C413*E413))))))),2)","v":1.38},"Cum",{"$nulls":3},"SSR 20-21"]
[null,"A2-A3",1,"x",1,{"v":4.84,"d":"4.840"},{"v":0.23,"d":"0.230"},{"v":0.9,"d":"0.900"},{"v":1,"d":"1.00"},"Cum",{"$nulls":3},"SSR 20-21"]
[null,"A3-B3",1,"x",1,{"v":2.72,"d":"2.720"},{"v":0.23,"d":"0.230"},{"v":0.9,"d":"0.900"},0.56,"Cum",{"$nulls":3},"SSR 20-21"]
[null,"Deduct door opening",1,"x",1,{"v":1.2,"d":"1.200"},{"v":0.23,"d":"0.230"},{"v":0.9,"d":"0.900"},{"$f":"-ROUND(IF(AND(F416:H416),C416*E416*F416*G416*H416,IF(AND(F416,G416),C416*E416*F416*G416,IF(AND(F416,H416),C416*E416*F416*H416,IF(AND(G416,H416),C416*E416*G416*H416,IF(F416,C416*E416*F416,IF(G416,C416*E416*G416,IF(H416,C416*E416*H416,C416*E416))))))),2)","v":-0.25},"Cum",{"$nulls":3},"SSR 20-21"]
[null,"Qty.p.85 of M.B.No.441/A/ZP/19",{"$nulls":11},"SSR 20-21"]
[null,"A1-B1",1,"x",1,{"v":2.72,"d":"2.720"},{"v":0.23,"d":"0.230"},1.225,{"$f":"ROUND(IF(AND(F418:H418),C418*E418*F418*G418*H418,IF(AND(F418,G418),C418*E418*F418*G418,IF(AND(F418,H418),C418*E418*F418*H418,IF(AND(G418,H418),C418*E418*G418*H418,IF(F418,C418*E418*F418,IF(G418,C418*E418*G418,IF(H418,C418*E418*H418,C418*E418))))))),2)","v":0.77},"Cum",{"$nulls":3},"SSR 20-21"]
[null,"A1-A1 & B1-B1",1,"x",2,{"v":1,"d":"1.000"},{"v":0.23,"d":"0.230"},1.225,{"$f":"ROUND(IF(AND(F419:H419),C419*E419*F419*G419*H419,IF(AND(F419,G419),C419*E419*F419*G419,IF(AND(F419,H419),C419*E419*F419*H419,IF(AND(G419,H419),C419*E419*G419*H419,IF(F419,C419*E419*F419,IF(G419,C419*E419*G419,IF(H419,C419*E419*H419,C419*E419))))))),2)","v":0.56},"Cum",{"$nulls":3},"SSR 20-21"]
[null,"Deduct Elevation opening",1,"x",1,{"v":1.27,"d":"1.270"},{"v":0.23,"d":"0.230"},{"v":1.2,"d":"1.200"},{"$f":"-ROUND(IF(AND(F420:H420),C420*E420*F420*G420*H420,IF(AND(F420,G420),C420*E420*F420*G420,IF(AND(F420,H420),C420*E420*F420*H420,IF(AND(G420,H420),C420*E420*G420*H420,IF(F420,C420*E420*F420,IF(G420,C420*E420*G420,IF(H420,C420*E420*H420,C420*E420))))))),2)","v":-0.35},"Cum",{"$nulls":3},"SSR 20-21"]
[null,"B1-E1",1,"x",1,{"v":9.06,"d":"9.060"},{"v":0.23,"d":"0.230"},0.625,{"v":1.3,"d":"1.30"},"Cum",{"$nulls":3},"SSR 20-21"]
[null,"Deduct columns",1,"x",2,{"v":0.23,"d":"0.230"},{"v":0.23,"d":"0.230"},0.625,{"$f":"-ROUND(IF(AND(F422:H422),C422*E422*F422*G422*H422,IF(AND(F422,G422),C422*E422*F422*G422,IF(AND(F422,H422),C422*E422*F422*H422,IF(AND(G422,H422),C422*E422*G422*H422,IF(F422,C422*E422*F422,IF(G422,C422*E422*G422,IF(H422,C422*E422*H422,C422*E422))))))),2)","v":-0.07},"Cum",{"$nulls":3},"SSR 20-21"]
[null,"E1-E2",1,"x",1,{"v":2.86,"d":"2.860"},{"v":0.23,"d":"0.230"},0.625,0.41,"Cum",{"$nulls":3},"SSR 20-21"]
[null,"E2-E3",1,"x",1,{"v":4.84,"d":"4.840"},{"v":0.23,"d":"0.230"},0.545,0.61,"Cum",{"$nulls":3},"SSR 20-21"]
[null,"E3-B3",1,"x",1,{"v":8.91,"d":"8.910"},{"v":0.23,"d":"0.230"},0.625,1.28,"Cum",{"$nulls":3},"SSR 20-21"]
[null,"Deduct columns",1,"x",1,{"v":0.23,"d":"0.230"},{"v":0.23,"d":"0.230"},0.625,{"$f":"-ROUND(IF(AND(F426:H426),C426*E426*F426*G426*H426,IF(AND(F426,G426),C426*E426*F426*G426,IF(AND(F426,H426),C426*E426*F426*H426,IF(AND(G426,H426),C426*E426*G426*H426,IF(F426,C426*E426*F426,IF(G426,C426*E426*G426,IF(H426,C426*E426*H426,C426*E426))))))),2)","v":-0.03},"Cum",{"$nulls":3},"SSR 20-21"]
[null,null,1,"x",1,{"v":0.38,"d":"0.380"},{"v":0.23,"d":"0.230"},0.625,{"$f":"-ROUND(IF(AND(F427:H427),C427*E427*F427*G427*H427,IF(AND(F427,G427),C427*E427*F427*G427,IF(AND(F427,H427),C427*E427*F427*H427,IF(AND(G427,H427),C427*E427*G427*H427,IF(F427,C427*E427*F427,IF(G427,C427*E427*G427,IF(H427,C427*E427*H427,C427*E427))))))),2)","v":-0.05},"Cum",{"$nulls":3},"SSR 20-21"]
[null,"A1-A2",1,"x",1,{"v":2.86,"d":"2.860"},{"v":0.23,"d":"0.230"},0.625,0.41,"Cum",{"$nulls":3},"SSR 20-21"]
[null,"Deduct ventilators",1,"x",6,{"v":0.6,"d":"0.600"},{"v":0.23,"d":"0.230"},{"v":0.3,"d":"0.300"},{"$f":"-ROUND(IF(AND(F429:H429),C429*E429*F429*G429*H429,IF(AND(F429,G429),C429*E429*F429*G429,IF(AND(F429,H429),C429*E429*F429*H429,IF(AND(G429,H429),C429*E429*G429*H429,IF(F429,C429*E429*F429,IF(G429,C429*E429*G429,IF(H429,C429*E429*H429,C429*E429))))))),2)","v":-0.25},"Cum",{"$nulls":3},"SSR 20-21"]
[null,"Tiolet block ventilators",1,"x",3,{"v":0.3,"d":"0.300"},{"v":0.23,"d":"0.230"},{"v":0.3,"d":"0.300"},{"$f":"-ROUND(IF(AND(F430:H430),C430*E430*F430*G430*H430,IF(AND(F430,G430),C430*E430*F430*G430,IF(AND(F430,H430),C430*E430*F430*H430,IF(AND(G430,H430),C430*E430*G430*H430,IF(F430,C430*E430*F430,IF(G430,C430*E430*G430,IF(H430,C430*E430*H430,C430*E430))))))),2)","v":-0.06},"Cum",{"$nulls":3},"SSR 20-21"]
[null,"Qty.p.85 of M.B.No.441/A/ZP/19",{"$nulls":11},"SSR 20-21"]
[null,"1st flight",0.5,"x",11,{"v":1.3,"d":"1.300"},{"v":0.3,"d":"0.300"},{"v":0.15,"d":"0.150"},{"$f":"ROUND(IF(AND(F432:H432),C432*E432*F432*G432*H432,IF(AND(F432,G432),C432*E432*F432*G432,IF(AND(F432,H432),C432*E432*F432*H432,IF(AND(G432,H432),C432*E432*G432*H432,IF(F432,C432*E432*F432,IF(G432,C432*E432*G432,IF(H432,C432*E432*H432,C432*E432))))))),2)","v":0.32},"Cum",{"$nulls":3},"SSR 20-21"]
[null,"2nd flight",0.5,"x",10,{"v":1.3,"d":"1.300"},{"v":0.3,"d":"0.300"},{"v":0.15,"d":"0.150"},{"$f":"ROUND(IF(AND(F433:H433),C433*E433*F433*G433*H433,IF(AND(F433,G433),C433*E433*F433*G433,IF(AND(F433,H433),C433*E433*F433*H433,IF(AND(G433,H433),C433*E433*G433*H433,IF(F433,C433*E433*F433,IF(G433,C433*E433*G433,IF(H433,C433*E433*H433,C433*E433))))))),2)","v":0.29},"Cum",{"$nulls":3},"SSR 20-21"]
[{"$nulls":13},"SSR 20-21"]
[{"$nulls":9},"Cum",{"$f":"data!F1293","v":{"v":6135.089999999999,"d":"6135.09"}},"SSR 20-21",{"$f":"ROUND(I435*K435,0)","v":{"v":0,"d":"0.00"}},"SSR 20-21"]
[9,"Brick Masonary for Superstructure with CM (1:6) proportion using 2nd class traditional bricks of size 23X11X7 cms having minimum crushing strength of 40kg/cm2  including c/c of all materials like Cement, Sand, Bricks, water etc including  labour charges such as mixing cement mortar, Scaffolding charges etc complete for finished item of work (APSS No 501 & 504) ",{"$nulls":11},"SSR 21-22"]
[null,"Qty.p.42 of M.B.No.605/B/ZP/20",{"$nulls":11},"SSR 21-22"]
[null,null,1,"x",1,{"v":9.29,"d":"9.290"},{"v":0.23,"d":"0.230"},{"v":2.1,"d":"2.100"},{"$f":"ROUND(IF(AND(F438:H438),C438*E438*F438*G438*H438,IF(AND(F438,G438),C438*E438*F438*G438,IF(AND(F438,H438),C438*E438*F438*H438,IF(AND(G438,H438),C438*E438*G438*H438,IF(F438,C438*E438*F438,IF(G438,C438*E438*G438,IF(H438,C438*E438*H438,C438*E438))))))),2)","v":4.49},"Cum",{"$nulls":3},"SSR 21-22"]
[null,null,1,"x",1,{"v":12.47,"d":"12.470"},{"v":0.23,"d":"0.230"},{"v":2.1,"d":"2.100"},6.02,"Cum",{"$nulls":3},"SSR 21-22"]
[null,null,1,"x",1,{"v":8.38,"d":"8.380"},{"v":0.23,"d":"0.230"},{"v":2.1,"d":"2.100"},4.05,"Cum",{"$nulls":3},"SSR 21-22"]
[null,null,1,"x",1,{"v":8.38,"d":"8.380"},{"v":0.23,"d":"0.230"},{"v":2.1,"d":"2.100"},4.05,"Cum",{"$nulls":3},"SSR 21-22"]
[null,null,1,"x",1,{"v":1.2,"d":"1.200"},{"v":0.23,"d":"0.230"},{"v":2.1,"d":"2.100"},{"$f":"-ROUND(IF(AND(F442:H442),C442*E442*F442*G442*H442,IF(AND(F442,G442),C442*E442*F442*G442,IF(AND(F442,H442),C442*E442*F442*H442,IF(AND(G442,H442),C442*E442*G442*H442,IF(F442,C442*E442*F442,IF(G442,C442*E442*G442,IF(H442,C442*E442*H442,C442*E442))))))),2)","v":-0.58},"Cum",{"$nulls":3},"SSR 21-22"]
[null,null,1,"x",7,{"v":1.5,"d":"1.500"},{"v":0.23,"d":"0.230"},{"v":1.35,"d":"1.350"},{"$f":"-ROUND(IF(AND(F443:H443),C443*E443*F443*G443*H443,IF(AND(F443,G443),C443*E443*F443*G443,IF(AND(F443,H443),C443*E443*F443*H443,IF(AND(G443,H443),C443*E443*G443*H443,IF(F443,C443*E443*F443,IF(G443,C443*E443*G443,IF(H443,C443*E443*H443,C443*E443))))))),2)","v":-3.26},"Cum",{"$nulls":3},"SSR 21-22"]
[null,null,1,"x",1,{"v":1.2,"d":"1.200"},{"v":0.23,"d":"0.230"},{"v":2.1,"d":"2.100"},{"$f":"-ROUND(IF(AND(F444:H444),C444*E444*F444*G444*H444,IF(AND(F444,G444),C444*E444*F444*G444,IF(AND(F444,H444),C444*E444*F444*H444,IF(AND(G444,H444),C444*E444*G444*H444,IF(F444,C444*E444*F444,IF(G444,C444*E444*G444,IF(H444,C444*E444*H444,C444*E444))))))),2)","v":-0.58},"Cum",{"$nulls":3},"SSR 21-22"]
[null,null,1,"x",2,{"v":0.75,"d":"0.750"},{"v":0.23,"d":"0.230"},{"v":2.1,"d":"2.100"},{"$f":"-ROUND(IF(AND(F445:H445),C445*E445*F445*G445*H445,IF(AND(F445,G445),C445*E445*F445*G445,IF(AND(F445,H445),C445*E445*F445*H445,IF(AND(G445,H445),C445*E445*G445*H445,IF(F445,C445*E445*F445,IF(G445,C445*E445*G445,IF(H445,C445*E445*H445,C445*E445))))))),2)","v":-0.72},"Cum",{"$nulls":3},"SSR 21-22"]
[null,"Qty.p.49 of M.B.No.605/B/ZP/20",{"$nulls":11},"SSR 21-22"]
[null,null,1,"x",1,{"v":9.29,"d":"9.290"},{"v":0.23,"d":"0.230"},{"v":0.62,"d":"0.620"},{"$f":"ROUND(IF(AND(F447:H447),C447*E447*F447*G447*H447,IF(AND(F447,G447),C447*E447*F447*G447,IF(AND(F447,H447),C447*E447*F447*H447,IF(AND(G447,H447),C447*E447*G447*H447,IF(F447,C447*E447*F447,IF(G447,C447*E447*G447,IF(H447,C447*E447*H447,C447*E447))))))),2)","v":1.32},"Cum",{"$nulls":3},"SSR 21-22"]
[null,null,1,"x",1,{"v":12.47,"d":"12.470"},{"v":0.23,"d":"0.230"},{"v":0.62,"d":"0.620"},1.78,"Cum",{"$nulls":3},"SSR 21-22"]
[null,null,1,"x",2,{"v":4.99,"d":"4.990"},{"v":0.23,"d":"0.230"},{"v":0.55,"d":"0.550"},1.26,"Cum",{"$nulls":3},"SSR 21-22"]
[null,null,1,"x",2,{"v":3.16,"d":"3.160"},{"v":0.23,"d":"0.230"},{"v":0.7,"d":"0.700"},1.02,"Cum",{"$nulls":3},"SSR 21-22"]
[null,null,1,"x",1,{"v":0.23,"d":"0.230"},{"v":0.38,"d":"0.380"},{"v":0.62,"d":"0.620"},{"$f":"-ROUND(IF(AND(F451:H451),C451*E451*F451*G451*H451,IF(AND(F451,G451),C451*E451*F451*G451,IF(AND(F451,H451),C451*E451*F451*H451,IF(AND(G451,H451),C451*E451*G451*H451,IF(F451,C451*E451*F451,IF(G451,C451*E451*G451,IF(H451,C451*E451*H451,C451*E451))))))),2)","v":-0.05},"Cum",{"$nulls":3},"SSR 21-22"]
[null,null,1,"x",12,{"v":0.6,"d":"0.600"},{"v":0.23,"d":"0.230"},{"v":0.3,"d":"0.300"},{"$f":"-ROUND(IF(AND(F452:H452),C452*E452*F452*G452*H452,IF(AND(F452,G452),C452*E452*F452*G452,IF(AND(F452,H452),C452*E452*F452*H452,IF(AND(G452,H452),C452*E452*G452*H452,IF(F452,C452*E452*F452,IF(G452,C452*E452*G452,IF(H452,C452*E452*H452,C452*E452))))))),2)","v":{"v":-0.5,"d":"-0.50"}},"Cum",{"$nulls":3},"SSR 21-22"]
[{"$nulls":13},"SSR 21-22"]
[{"$nulls":9},"Cum",{"$f":"data!F2210","v":{"v":6558.3,"d":"6558.30"}},"SSR 21-22",{"$f":"ROUND(I454*K454,0)","v":{"v":0,"d":"0.00"}},"SSR 21-22"]
[9,"Brick Masonary for Superstructure with CM (1:6) proportion using 2nd class traditional bricks of size 23X11X7 cms having minimum crushing strength of 40kg/cm2  including c/c of all materials like Cement, Sand, Bricks, water etc including  labour charges such as mixing cement mortar, Scaffolding charges etc complete for finished item of work (APSS No 501 & 504) ",{"$nulls":11},"SSR 22-23"]
[null,"Qty.p.2 of M.B.No.1186/A/ZP/20",{"$nulls":11},"SSR 22-23"]
[null,null,1,"x",1,{"v":2.68,"d":"2.680"},{"v":0.23,"d":"0.230"},{"v":1.2,"d":"1.200"},{"$f":"ROUND(IF(AND(F457:H457),C457*E457*F457*G457*H457,IF(AND(F457,G457),C457*E457*F457*G457,IF(AND(F457,H457),C457*E457*F457*H457,IF(AND(G457,H457),C457*E457*G457*H457,IF(F457,C457*E457*F457,IF(G457,C457*E457*G457,IF(H457,C457*E457*H457,C457*E457))))))),2)","v":0.74},"Cum",{"$nulls":3},"SSR 22-23"]
[null,null,1,"x",1,{"v":1.2,"d":"1.200"},{"v":0.23,"d":"0.230"},{"v":1.1,"d":"1.100"},{"$f":"-ROUND(IF(AND(F458:H458),C458*E458*F458*G458*H458,IF(AND(F458,G458),C458*E458*F458*G458,IF(AND(F458,H458),C458*E458*F458*H458,IF(AND(G458,H458),C458*E458*G458*H458,IF(F458,C458*E458*F458,IF(G458,C458*E458*G458,IF(H458,C458*E458*H458,C458*E458))))))),2)","v":{"v":-0.3,"d":"-0.30"}},"Cum",{"$nulls":3},"SSR 22-23"]
[{"$nulls":13},"SSR 22-23"]
[{"$nulls":9},"Cum",{"$f":"data!F3127","v":7283.96},"SSR 22-23",{"$f":"ROUND(I460*K460,0)","v":{"v":0,"d":"0.00"}},"SSR 22-23"]
[8,"Reinforced Brick Masonry for partition walls (11.0 cm thick) in CM (1:6) prop. (Cement : Sand) using common burnt clay bricks of class as per Table- I of IS:1077-1992, Non- Modular or traditional size    23 x 11 x 7 cms from approved source having minimum crushing strength of 40 Kg/Sq.cm and placing 2 Nos. of 6mm M.S plain rods in every third layer with free ends of the reinforcement pegged into mortar joints of main brick walls where applicable including cost and conveyance of all materials and  all operational, incidental charges such as labour charges for mixing cement mortar, scaffolding charges, lift charges,and all labour charges etc., but excluding cost of steel and its fabrication charges complete for finished item of work. ",{"$nulls":11},"SSR 19-20"]
[null,"Qty.p.44 of M.B.No.605/B/ZP/20",null,"05.08.2022",{"$nulls":9},"SSR 19-20"]
[null,"Two walls",1,"x",1,{"v":12,"d":"12.000"},{"v":0,"d":"0.000"},{"v":2.1,"d":"2.100"},{"$f":"ROUND(IF(AND(F463:H463),C463*E463*F463*G463*H463,IF(AND(F463,G463),C463*E463*F463*G463,IF(AND(F463,H463),C463*E463*F463*H463,IF(AND(G463,H463),C463*E463*G463*H463,IF(F463,C463*E463*F463,IF(G463,C463*E463*G463,IF(H463,C463*E463*H463,C463*E463))))))),2)","v":{"v":25.2,"d":"25.20"}},"Sqm",{"$nulls":3},"SSR 19-20"]
[null,null,1,"x",1,{"v":9.06,"d":"9.060"},{"v":0,"d":"0.000"},{"v":2.1,"d":"2.100"},19.03,"Sqm",{"$nulls":3},"SSR 19-20"]
[null,"Cross wall between PS and Digital steps",1,"x",3,{"v":2.86,"d":"2.860"},{"v":0,"d":"0.000"},{"v":2.1,"d":"2.100"},18.02,"Sqm",{"$nulls":3},"SSR 19-20"]
[null,"Between tiole and meeting hall",1,"x",1,{"v":3.12,"d":"3.120"},{"v":0,"d":"0.000"},{"v":2.1,"d":"2.100"},6.55,"Sqm",{"$nulls":3},"SSR 19-20"]
[null,"At bath room",1,"x",1,{"v":3.3,"d":"3.300"},{"v":0,"d":"0.000"},{"v":2.1,"d":"2.100"},6.93,"Sqm",{"$nulls":3},"SSR 19-20"]
[null,null,1,"x",2,{"v":1.5,"d":"1.500"},{"v":0,"d":"0.000"},{"v":2.1,"d":"2.100"},{"v":6.3,"d":"6.30"},"Sqm",{"$nulls":3},"SSR 19-20"]
[null,"Parapet wall at back side",1,"x",1,{"v":10.53,"d":"10.530"},{"v":0,"d":"0.000"},{"v":0.9,"d":"0.900"},9.48,"Sqm",{"$nulls":3},"SSR 19-20"]
[null,"Deduct door",1,"x",4,{"v":1.2,"d":"1.200"},{"v":0,"d":"0.000"},{"v":2.1,"d":"2.100"},{"$f":"-ROUND(IF(AND(F470:H470),C470*E470*F470*G470*H470,IF(AND(F470,G470),C470*E470*F470*G470,IF(AND(F470,H470),C470*E470*F470*H470,IF(AND(G470,H470),C470*E470*G470*H470,IF(F470,C470*E470*F470,IF(G470,C470*E470*G470,IF(H470,C470*E470*H470,C470*E470))))))),2)","v":-10.08},"Sqm",{"$nulls":3},"SSR 19-20"]
[null,"Deduct door",1,"x",3,{"v":1.05,"d":"1.050"},{"v":0,"d":"0.000"},{"v":2.1,"d":"2.100"},{"$f":"-ROUND(IF(AND(F471:H471),C471*E471*F471*G471*H471,IF(AND(F471,G471),C471*E471*F471*G471,IF(AND(F471,H471),C471*E471*F471*H471,IF(AND(G471,H471),C471*E471*G471*H471,IF(F471,C471*E471*F471,IF(G471,C471*E471*G471,IF(H471,C471*E471*H471,C471*E471))))))),2)","v":-6.62},"Sqm",{"$nulls":3},"SSR 19-20"]
[null,"Deduct tiolet door",1,"x",3,{"v":0.75,"d":"0.750"},{"v":0,"d":"0.000"},{"v":2.1,"d":"2.100"},{"$f":"-ROUND(IF(AND(F472:H472),C472*E472*F472*G472*H472,IF(AND(F472,G472),C472*E472*F472*G472,IF(AND(F472,H472),C472*E472*F472*H472,IF(AND(G472,H472),C472*E472*G472*H472,IF(F472,C472*E472*F472,IF(G472,C472*E472*G472,IF(H472,C472*E472*H472,C472*E472))))))),2)","v":-4.73},"Sqm",{"$nulls":3},"SSR 19-20"]
[null,"Qty.p.50 of M.B.No.605/B/ZP/20",null,"17.08.2022",{"$nulls":9},"SSR 19-20"]
[null,"Two walls",1,"x",1,{"v":12,"d":"12.000"},{"v":0,"d":"0.000"},{"v":0.62,"d":"0.620"},{"$f":"ROUND(IF(AND(F474:H474),C474*E474*F474*G474*H474,IF(AND(F474,G474),C474*E474*F474*G474,IF(AND(F474,H474),C474*E474*F474*H474,IF(AND(G474,H474),C474*E474*G474*H474,IF(F474,C474*E474*F474,IF(G474,C474*E474*G474,IF(H474,C474*E474*H474,C474*E474))))))),2)","v":7.44},"Sqm",{"$nulls":3},"SSR 19-20"]
[null,null,1,"x",1,{"v":9.06,"d":"9.060"},{"v":0,"d":"0.000"},{"v":0.62,"d":"0.620"},5.62,"Sqm",{"$nulls":3},"SSR 19-20"]
[null,"Cross wall between PS and Digital steps",1,"x",3,{"v":2.86,"d":"2.860"},{"v":0,"d":"0.000"},{"v":0.77,"d":"0.770"},6.61,"Sqm",{"$nulls":3},"SSR 19-20"]
[null,"Between tiole and meeting hall",1,"x",1,{"v":3.12,"d":"3.120"},{"v":0,"d":"0.000"},{"v":0.7,"d":"0.700"},2.18,"Sqm",{"$nulls":3},"SSR 19-20"]
[null,"At bath room",1,"x",1,{"v":3.3,"d":"3.300"},{"v":0,"d":"0.000"},{"v":0.9,"d":"0.900"},2.97,"Sqm",{"$nulls":3},"SSR 19-20"]
[null,null,1,"x",2,{"v":1.5,"d":"1.500"},{"v":0,"d":"0.000"},{"v":0.6,"d":"0.600"},{"v":1.8,"d":"1.80"},"Sqm",{"$nulls":3},"SSR 19-20"]
[null,"Qty.p.4 of M.B.No.1186/A/ZP/20",null,"16.05.2023",{"$nulls":9},"SSR 19-20"]
[null,"below landing",1,"x",1,{"v":2.68,"d":"2.680"},{"v":0,"d":"0.000"},{"v":1.2,"d":"1.200"},{"$f":"ROUND(IF(AND(F481:H481),C481*E481*F481*G481*H481,IF(AND(F481,G481),C481*E481*F481*G481,IF(AND(F481,H481),C481*E481*F481*H481,IF(AND(G481,H481),C481*E481*G481*H481,IF(F481,C481*E481*F481,IF(G481,C481*E481*G481,IF(H481,C481*E481*H481,C481*E481))))))),2)","v":3.22},"Sqm",{"$nulls":3},"SSR 19-20"]
[null,"Side wall",1,"x",2,{"v":0.85,"d":"0.850"},{"v":0,"d":"0.000"},{"v":1.2,"d":"1.200"},2.04,"Sqm",{"$nulls":3},"SSR 19-20"]
[null,"Above landing",1,"x",2,{"v":0.85,"d":"0.850"},{"v":0,"d":"0.000"},{"v":1.2,"d":"1.200"},2.04,"Sqm",{"$nulls":3},"SSR 19-20"]
[null,"Front side parapet front wall",1,"x",1,{"v":5.5,"d":"5.500"},{"v":0,"d":"0.000"},{"v":0.9,"d":"0.900"},4.95,"Sqm",{"$nulls":3},"SSR 19-20"]
[null,"Side wall",1,"x",2,{"v":2.5,"d":"2.500"},{"v":0,"d":"0.000"},{"v":0.9,"d":"0.900"},{"v":4.5,"d":"4.50"},"Sqm",{"$nulls":3},"SSR 19-20"]
[{"$nulls":13},"SSR 19-20"]
[{"$nulls":9},"Sqm",{"$f":"data!F411","v":767.73},"SSR 19-20",{"$f":"ROUND(I487*K487/1,0)","v":{"v":0,"d":"0.00"}},"SSR 19-20"]
[9,"Reinforced Brick Masonry for partition walls (11.0 cm thick) in CM (1:6) prop. (Cement : Sand) using common burnt clay bricks of class as per Table- I of IS:1077-1992, Non- Modular or traditional size    23 x 11 x 7 cms from approved source having minimum crushing strength of 40 Kg/Sq.cm and placing 2 Nos. of 6mm M.S plain rods in every third layer with free ends of the reinforcement pegged into mortar joints of main brick walls where applicable including cost and conveyance of all materials and  all operational, incidental charges such as labour charges for mixing cement mortar, scaffolding charges, lift charges,and all labour charges etc., but excluding cost of steel and its fabrication charges complete for finished item of work. ",{"$nulls":11},"SSR 20-21"]
[null,"Qty.p.71 of M.B.No.441/A/ZP/19",{"$nulls":11},"SSR 20-21"]
[null,"B1-B3 I/I",1,"x",1,{"v":8.23,"d":"8.230"},{"v":0,"d":"0.000"},{"v":2.1,"d":"2.100"},{"$f":"ROUND(IF(AND(F490:H490),C490*E490*F490*G490*H490,IF(AND(F490,G490),C490*E490*F490*G490,IF(AND(F490,H490),C490*E490*F490*H490,IF(AND(G490,H490),C490*E490*G490*H490,IF(F490,C490*E490*F490,IF(G490,C490*E490*G490,IF(H490,C490*E490*H490,C490*E490))))))),2)","v":17.28},"Sqm",{"$nulls":3},"SSR 20-21"]
[null,"Deduct columns",1,"x",1,{"v":0.38,"d":"0.380"},{"v":0,"d":"0.000"},{"v":2.1,"d":"2.100"},{"$f":"-ROUND(IF(AND(F491:H491),C491*E491*F491*G491*H491,IF(AND(F491,G491),C491*E491*F491*G491,IF(AND(F491,H491),C491*E491*F491*H491,IF(AND(G491,H491),C491*E491*G491*H491,IF(F491,C491*E491*F491,IF(G491,C491*E491*G491,IF(H491,C491*E491*H491,C491*E491))))))),2)","v":{"v":-0.8,"d":"-0.80"}},"Sqm",{"$nulls":3},"SSR 20-21"]
[null,"Deduct doors",1,"x",1,{"v":1.2,"d":"1.200"},{"v":0,"d":"0.000"},{"v":2.1,"d":"2.100"},{"$f":"-ROUND(IF(AND(F492:H492),C492*E492*F492*G492*H492,IF(AND(F492,G492),C492*E492*F492*G492,IF(AND(F492,H492),C492*E492*F492*H492,IF(AND(G492,H492),C492*E492*G492*H492,IF(F492,C492*E492*F492,IF(G492,C492*E492*G492,IF(H492,C492*E492*H492,C492*E492))))))),2)","v":-2.52},"Sqm",{"$nulls":3},"SSR 20-21"]
[null,"Deduct doors",1,"x",1,{"v":1,"d":"1.000"},{"v":0,"d":"0.000"},{"v":2.1,"d":"2.100"},{"$f":"-ROUND(IF(AND(F493:H493),C493*E493*F493*G493*H493,IF(AND(F493,G493),C493*E493*F493*G493,IF(AND(F493,H493),C493*E493*F493*H493,IF(AND(G493,H493),C493*E493*G493*H493,IF(F493,C493*E493*F493,IF(G493,C493*E493*G493,IF(H493,C493*E493*H493,C493*E493))))))),2)","v":{"v":-2.1,"d":"-2.10"}},"Sqm",{"$nulls":3},"SSR 20-21"]
[null,"C1-C2 D1-D2",1,"x",2,{"v":2.84,"d":"2.840"},{"v":0,"d":"0.000"},{"v":2.1,"d":"2.100"},{"$f":"ROUND(IF(AND(F494:H494),C494*E494*F494*G494*H494,IF(AND(F494,G494),C494*E494*F494*G494,IF(AND(F494,H494),C494*E494*F494*H494,IF(AND(G494,H494),C494*E494*G494*H494,IF(F494,C494*E494*F494,IF(G494,C494*E494*G494,IF(H494,C494*E494*H494,C494*E494))))))),2)","v":11.93},"Sqm",{"$nulls":3},"SSR 20-21"]
[null,"B2-E2",1,"x",1,{"v":8.93,"d":"8.930"},{"v":0,"d":"0.000"},{"v":2.1,"d":"2.100"},{"$f":"ROUND(IF(AND(F495:H495),C495*E495*F495*G495*H495,IF(AND(F495,G495),C495*E495*F495*G495,IF(AND(F495,H495),C495*E495*F495*H495,IF(AND(G495,H495),C495*E495*G495*H495,IF(F495,C495*E495*F495,IF(G495,C495*E495*G495,IF(H495,C495*E495*H495,C495*E495))))))),2)","v":18.75},"Sqm",{"$nulls":3},"SSR 20-21"]
[null,"Deduct columns",1,"x",2,{"v":0.23,"d":"0.230"},{"v":0,"d":"0.000"},{"v":2.1,"d":"2.100"},{"$f":"-ROUND(IF(AND(F496:H496),C496*E496*F496*G496*H496,IF(AND(F496,G496),C496*E496*F496*G496,IF(AND(F496,H496),C496*E496*F496*H496,IF(AND(G496,H496),C496*E496*G496*H496,IF(F496,C496*E496*F496,IF(G496,C496*E496*G496,IF(H496,C496*E496*H496,C496*E496))))))),2)","v":-0.97},"Sqm",{"$nulls":3},"SSR 20-21"]
[null,"Deduct doors",1,"x",3,{"v":1,"d":"1.000"},{"v":0,"d":"0.000"},{"v":2.1,"d":"2.100"},{"$f":"-ROUND(IF(AND(F497:H497),C497*E497*F497*G497*H497,IF(AND(F497,G497),C497*E497*F497*G497,IF(AND(F497,H497),C497*E497*F497*H497,IF(AND(G497,H497),C497*E497*G497*H497,IF(F497,C497*E497*F497,IF(G497,C497*E497*G497,IF(H497,C497*E497*H497,C497*E497))))))),2)","v":{"v":-6.3,"d":"-6.30"}},"Sqm",{"$nulls":3},"SSR 20-21"]
[null,"B2-E2 I/I",1,"x",1,{"v":8.93,"d":"8.930"},{"v":0,"d":"0.000"},{"v":2.1,"d":"2.100"},18.75,"Sqm",{"$nulls":3},"SSR 20-21"]
[null,"Deduct door",1,"x",1,{"v":1,"d":"1.000"},{"v":0,"d":"0.000"},{"v":2.1,"d":"2.100"},{"$f":"-ROUND(IF(AND(F499:H499),C499*E499*F499*G499*H499,IF(AND(F499,G499),C499*E499*F499*G499,IF(AND(F499,H499),C499*E499*F499*H499,IF(AND(G499,H499),C499*E499*G499*H499,IF(F499,C499*E499*F499,IF(G499,C499*E499*G499,IF(H499,C499*E499*H499,C499*E499))))))),2)","v":{"v":-2.1,"d":"-2.10"}},"Sqm",{"$nulls":3},"SSR 20-21"]
[null,"Deduct bathroom door",1,"x",2,{"v":0.75,"d":"0.750"},{"v":0,"d":"0.000"},{"v":2.1,"d":"2.100"},{"$f":"-ROUND(IF(AND(F500:H500),C500*E500*F500*G500*H500,IF(AND(F500,G500),C500*E500*F500*G500,IF(AND(F500,H500),C500*E500*F500*H500,IF(AND(G500,H500),C500*E500*G500*H500,IF(F500,C500*E500*F500,IF(G500,C500*E500*G500,IF(H500,C500*E500*H500,C500*E500))))))),2)","v":-3.15},"Sqm",{"$nulls":3},"SSR 20-21"]
[null,"D2-D3",1,"x",1,{"v":3.02,"d":"3.020"},{"v":0,"d":"0.000"},{"v":2.1,"d":"2.100"},6.34,"Sqm",{"$nulls":3},"SSR 20-21"]
[null,"Tiolet long wall D2-D3",1,"x",1,{"v":3.02,"d":"3.020"},{"v":0,"d":"0.000"},{"v":2.1,"d":"2.100"},6.34,"Sqm",{"$nulls":3},"SSR 20-21"]
[null,"Deduct door",1,"x",1,{"v":0.75,"d":"0.750"},{"v":0,"d":"0.000"},{"v":2.1,"d":"2.100"},{"$f":"-ROUND(IF(AND(F503:H503),C503*E503*F503*G503*H503,IF(AND(F503,G503),C503*E503*F503*G503,IF(AND(F503,H503),C503*E503*F503*H503,IF(AND(G503,H503),C503*E503*G503*H503,IF(F503,C503*E503*F503,IF(G503,C503*E503*G503,IF(H503,C503*E503*H503,C503*E503))))))),2)","v":-1.58},"Sqm",{"$nulls":3},"SSR 20-21"]
[null,"Tiolet block cross wall",1,"x",1,{"v":1.62,"d":"1.620"},{"v":0,"d":"0.000"},{"v":2.1,"d":"2.100"},{"v":3.4,"d":"3.40"},"Sqm",{"$nulls":3},"SSR 20-21"]
[null,null,1,"x",1,{"v":1.55,"d":"1.550"},{"v":0,"d":"0.000"},{"v":2.1,"d":"2.100"},3.26,"Sqm",{"$nulls":3},"SSR 20-21"]
[null,"Qty.p.87 of M.B.No.441/A/ZP/19",{"$nulls":11},"SSR 20-21"]
[null,"B1B2 C1C2 D1D2",1,"x",3,{"v":2.86,"d":"2.860"},{"v":0,"d":"0.000"},0.625,{"$f":"ROUND(IF(AND(F507:H507),C507*E507*F507*G507*H507,IF(AND(F507,G507),C507*E507*F507*G507,IF(AND(F507,H507),C507*E507*F507*H507,IF(AND(G507,H507),C507*E507*G507*H507,IF(F507,C507*E507*F507,IF(G507,C507*E507*G507,IF(H507,C507*E507*H507,C507*E507))))))),2)","v":5.36},"Sqm",{"$nulls":3},"SSR 20-21"]
[null,"B2E3",1,"x",1,{"v":4.99,"d":"4.990"},{"v":0,"d":"0.000"},0.545,{"$f":"ROUND(IF(AND(F508:H508),C508*E508*F508*G508*H508,IF(AND(F508,G508),C508*E508*F508*G508,IF(AND(F508,H508),C508*E508*F508*H508,IF(AND(G508,H508),C508*E508*G508*H508,IF(F508,C508*E508*F508,IF(G508,C508*E508*G508,IF(H508,C508*E508*H508,C508*E508))))))),2)","v":2.72},"Sqm",{"$nulls":3},"SSR 20-21"]
[null,"B2E2",1,"x",1,{"v":8.93,"d":"8.930"},{"v":0,"d":"0.000"},0.625,5.58,"Sqm",{"$nulls":3},"SSR 20-21"]
[null,"Deduct column",1,"x",2,{"v":0.23,"d":"0.230"},{"v":0,"d":"0.000"},0.625,{"$f":"-ROUND(IF(AND(F510:H510),C510*E510*F510*G510*H510,IF(AND(F510,G510),C510*E510*F510*G510,IF(AND(F510,H510),C510*E510*F510*H510,IF(AND(G510,H510),C510*E510*G510*H510,IF(F510,C510*E510*F510,IF(G510,C510*E510*G510,IF(H510,C510*E510*H510,C510*E510))))))),2)","v":-0.29},"Sqm",{"$nulls":3},"SSR 20-21"]
[null,"B2E2",1,"x",1,{"v":8.93,"d":"8.930"},{"v":0,"d":"0.000"},0.925,8.26,"Sqm",{"$nulls":3},"SSR 20-21"]
[null,"Deduct beam portion",1,"x",2,{"v":0.23,"d":"0.230"},{"v":0,"d":"0.000"},{"v":0.38,"d":"0.380"},{"$f":"-ROUND(IF(AND(F512:H512),C512*E512*F512*G512*H512,IF(AND(F512,G512),C512*E512*F512*G512,IF(AND(F512,H512),C512*E512*F512*H512,IF(AND(G512,H512),C512*E512*G512*H512,IF(F512,C512*E512*F512,IF(G512,C512*E512*G512,IF(H512,C512*E512*H512,C512*E512))))))),2)","v":-0.17},"Sqm",{"$nulls":3},"SSR 20-21"]
[null,"D2D3",1,"x",1,{"v":3.02,"d":"3.020"},{"v":0,"d":"0.000"},0.545,1.65,"Sqm",{"$nulls":3},"SSR 20-21"]
[null,"Tiolet block long wall to D2-D3",1,"x",1,{"v":3.02,"d":"3.020"},{"v":0,"d":"0.000"},0.925,2.79,"Sqm",{"$nulls":3},"SSR 20-21"]
[null,"cross wall left",1,"x",1,{"v":1.62,"d":"1.620"},{"v":0,"d":"0.000"},0.925,{"v":1.5,"d":"1.50"},"Sqm",{"$nulls":3},"SSR 20-21"]
[null,null,1,"x",1,{"v":1.55,"d":"1.550"},{"v":0,"d":"0.000"},0.925,1.43,"Sqm",{"$nulls":3},"SSR 20-21"]
[null,"Parapet wall",1,"x",1,{"v":10.3,"d":"10.300"},{"v":0,"d":"0.000"},{"v":0.6,"d":"0.600"},6.18,"Sqm",{"$nulls":3},"SSR 20-21"]
[null,null,1,"x",1,{"v":24,"d":"24.000"},{"v":0,"d":"0.000"},{"v":0.9,"d":"0.900"},{"v":21.6,"d":"21.60"},"Sqm",{"$nulls":3},"SSR 20-21"]
[{"$nulls":13},"SSR 20-21"]
[{"$nulls":9},"Sqm",{"$f":"data!F1328","v":791.59},"SSR 20-21",{"$f":"ROUND(I520*K520/1,0)","v":{"v":0,"d":"0.00"}},"SSR 20-21"]
[10,"Reinforced Brick Masonry for partition walls (11.0 cm thick) in CM (1:6) prop. (Cement : Sand) using common burnt clay bricks of class as per Table- I of IS:1077-1992, Non- Modular or traditional size    23 x 11 x 7 cms from approved source having minimum crushing strength of 40 Kg/Sq.cm and placing 2 Nos. of 6mm M.S plain rods in every third layer with free ends of the reinforcement pegged into mortar joints of main brick walls where applicable including cost and conveyance of all materials and  all operational, incidental charges such as labour charges for mixing cement mortar, scaffolding charges, lift charges,and all labour charges etc., but excluding cost of steel and its fabrication charges complete for finished item of work. ",{"$nulls":11},"SSR 21-22"]
[null,"Qty.p.44 of M.B.No.605/B/ZP/20",{"$nulls":11},"SSR 21-22"]
[null,null,1,"x",1,{"v":12,"d":"12.000"},{"v":0,"d":"0.000"},{"v":2.1,"d":"2.100"},{"$f":"ROUND(IF(AND(F523:H523),C523*E523*F523*G523*H523,IF(AND(F523,G523),C523*E523*F523*G523,IF(AND(F523,H523),C523*E523*F523*H523,IF(AND(G523,H523),C523*E523*G523*H523,IF(F523,C523*E523*F523,IF(G523,C523*E523*G523,IF(H523,C523*E523*H523,C523*E523))))))),2)","v":{"v":25.2,"d":"25.20"}},"Sqm",{"$nulls":3},"SSR 21-22"]
[null,null,1,"x",1,{"v":9.06,"d":"9.060"},{"v":0,"d":"0.000"},{"v":2.1,"d":"2.100"},19.03,"Sqm",{"$nulls":3},"SSR 21-22"]
[null,null,1,"x",3,{"v":2.86,"d":"2.860"},{"v":0,"d":"0.000"},{"v":2.1,"d":"2.100"},18.02,"Sqm",{"$nulls":3},"SSR 21-22"]
[null,null,1,"x",1,{"v":3.12,"d":"3.120"},{"v":0,"d":"0.000"},{"v":2.1,"d":"2.100"},6.55,"Sqm",{"$nulls":3},"SSR 21-22"]
[null,null,1,"x",1,{"v":3.3,"d":"3.300"},{"v":0,"d":"0.000"},{"v":2.1,"d":"2.100"},6.93,"Sqm",{"$nulls":3},"SSR 21-22"]
[null,null,1,"x",2,{"v":1.5,"d":"1.500"},{"v":0,"d":"0.000"},{"v":2.1,"d":"2.100"},{"v":6.3,"d":"6.30"},"Sqm",{"$nulls":3},"SSR 21-22"]
[null,null,1,"x",1,{"v":10.53,"d":"10.530"},{"v":0,"d":"0.000"},{"v":0.9,"d":"0.900"},9.48,"Sqm",{"$nulls":3},"SSR 21-22"]
[null,null,1,"x",4,{"v":1.2,"d":"1.200"},{"v":0,"d":"0.000"},{"v":2.1,"d":"2.100"},{"$f":"-ROUND(IF(AND(F530:H530),C530*E530*F530*G530*H530,IF(AND(F530,G530),C530*E530*F530*G530,IF(AND(F530,H530),C530*E530*F530*H530,IF(AND(G530,H530),C530*E530*G530*H530,IF(F530,C530*E530*F530,IF(G530,C530*E530*G530,IF(H530,C530*E530*H530,C530*E530))))))),2)","v":-10.08},"Sqm",{"$nulls":3},"SSR 21-22"]
[null,null,1,"x",3,{"v":1.05,"d":"1.050"},{"v":0,"d":"0.000"},{"v":2.1,"d":"2.100"},{"$f":"-ROUND(IF(AND(F531:H531),C531*E531*F531*G531*H531,IF(AND(F531,G531),C531*E531*F531*G531,IF(AND(F531,H531),C531*E531*F531*H531,IF(AND(G531,H531),C531*E531*G531*H531,IF(F531,C531*E531*F531,IF(G531,C531*E531*G531,IF(H531,C531*E531*H531,C531*E531))))))),2)","v":-6.62},"Sqm",{"$nulls":3},"SSR 21-22"]
[null,null,1,"x",3,{"v":0.75,"d":"0.750"},{"v":0,"d":"0.000"},{"v":2.1,"d":"2.100"},{"$f":"-ROUND(IF(AND(F532:H532),C532*E532*F532*G532*H532,IF(AND(F532,G532),C532*E532*F532*G532,IF(AND(F532,H532),C532*E532*F532*H532,IF(AND(G532,H532),C532*E532*G532*H532,IF(F532,C532*E532*F532,IF(G532,C532*E532*G532,IF(H532,C532*E532*H532,C532*E532))))))),2)","v":-4.73},"Sqm",{"$nulls":3},"SSR 21-22"]
[null,"Qty.p.50 of M.B.No.605/B/ZP/20",{"$nulls":11},"SSR 21-22"]
[null,null,1,"x",1,{"v":12,"d":"12.000"},{"v":0,"d":"0.000"},{"v":0.62,"d":"0.620"},{"$f":"ROUND(IF(AND(F534:H534),C534*E534*F534*G534*H534,IF(AND(F534,G534),C534*E534*F534*G534,IF(AND(F534,H534),C534*E534*F534*H534,IF(AND(G534,H534),C534*E534*G534*H534,IF(F534,C534*E534*F534,IF(G534,C534*E534*G534,IF(H534,C534*E534*H534,C534*E534))))))),2)","v":7.44},"Sqm",{"$nulls":3},"SSR 21-22"]
[null,null,1,"x",1,{"v":9.06,"d":"9.060"},{"v":0,"d":"0.000"},{"v":0.62,"d":"0.620"},5.62,"Sqm",{"$nulls":3},"SSR 21-22"]
[null,null,1,"x",3,{"v":2.86,"d":"2.860"},{"v":0,"d":"0.000"},{"v":0.77,"d":"0.770"},6.61,"Sqm",{"$nulls":3},"SSR 21-22"]
[null,null,1,"x",1,{"v":3.12,"d":"3.120"},{"v":0,"d":"0.000"},{"v":0.7,"d":"0.700"},2.18,"Sqm",{"$nulls":3},"SSR 21-22"]
[null,null,1,"x",1,{"v":3.3,"d":"3.300"},{"v":0,"d":"0.000"},{"v":0.9,"d":"0.900"},2.97,"Sqm",{"$nulls":3},"SSR 21-22"]
[null,null,1,"x",2,{"v":1.5,"d":"1.500"},{"v":0,"d":"0.000"},{"v":0.6,"d":"0.600"},{"v":1.8,"d":"1.80"},"Sqm",{"$nulls":3},"SSR 21-22"]
[{"$nulls":13},"SSR 21-22"]
[{"$nulls":9},"Sqm",{"$f":"data!F2245","v":845.07},"SSR 21-22",{"$f":"ROUND(I541*K541/1,0)","v":{"v":0,"d":"0.00"}},"SSR 21-22"]
[10,"Reinforced Brick Masonry for partition walls (11.0 cm thick) in CM (1:6) prop. (Cement : Sand) using common burnt clay bricks of class as per Table- I of IS:1077-1992, Non- Modular or traditional size    23 x 11 x 7 cms from approved source having minimum crushing strength of 40 Kg/Sq.cm and placing 2 Nos. of 6mm M.S plain rods in every third layer with free ends of the reinforcement pegged into mortar joints of main brick walls where applicable including cost and conveyance of all materials and  all operational, incidental charges such as labour charges for mixing cement mortar, scaffolding charges, lift charges,and all labour charges etc., but excluding cost of steel and its fabrication charges complete for finished item of work. ",{"$nulls":11},"SSR 22-23"]
[null,"Qty.p.4 of M.B.No.1186/A/ZP/20",{"$nulls":11},"SSR 22-23"]
[null,null,1,"x",1,{"v":2.68,"d":"2.680"},{"v":0,"d":"0.000"},{"v":1.2,"d":"1.200"},{"$f":"ROUND(IF(AND(F544:H544),C544*E544*F544*G544*H544,IF(AND(F544,G544),C544*E544*F544*G544,IF(AND(F544,H544),C544*E544*F544*H544,IF(AND(G544,H544),C544*E544*G544*H544,IF(F544,C544*E544*F544,IF(G544,C544*E544*G544,IF(H544,C544*E544*H544,C544*E544))))))),2)","v":3.22},"Sqm",{"$nulls":3},"SSR 22-23"]
[null,null,1,"x",2,{"v":0.85,"d":"0.850"},{"v":0,"d":"0.000"},{"v":1.2,"d":"1.200"},2.04,"Sqm",{"$nulls":3},"SSR 22-23"]
[null,null,1,"x",2,{"v":0.85,"d":"0.850"},{"v":0,"d":"0.000"},{"v":1.2,"d":"1.200"},2.04,"Sqm",{"$nulls":3},"SSR 22-23"]
[null,null,1,"x",1,{"v":5.5,"d":"5.500"},{"v":0,"d":"0.000"},{"v":0.9,"d":"0.900"},4.95,"Sqm",{"$nulls":3},"SSR 22-23"]
[null,null,1,"x",2,{"v":2.5,"d":"2.500"},{"v":0,"d":"0.000"},{"v":0.9,"d":"0.900"},{"v":4.5,"d":"4.50"},"Sqm",{"$nulls":3},"SSR 22-23"]
[{"$nulls":13},"SSR 22-23"]
[{"$nulls":9},"Sqm",{"$f":"data!F3162","v":929.28},"SSR 22-23",{"$f":"ROUND(I550*K550/1,0)","v":{"v":0,"d":"0.00"}},"SSR 22-23"]
[20,"Masonry work in CM (1:8) prop with Flyash Cement solid blocks of size 290 x 150 x 140 mm for manufacturing of flyash solid blocks using flyash of 80 kgs, cement of 15 kgs. Gypsum of 5 kgs. and stone dust including cost and conveyance of all materials, labour charges, seiniorage charges, scaffolding and curing etc., cpomplete with a compresive streangth not lessthan 50 kg/sqm for walls for Superstructure Walls.",{"$nulls":11},"SSR 19-20"]
[null,"Qty.p.91 of M.B.No.441/A/ZP/19",{"$nulls":11},"SSR 19-20"]
[null,"Plantation walls",1,"x",2,{"v":0.75,"d":"0.750"},{"v":0.15,"d":"0.150"},{"v":1.05,"d":"1.050"},{"$f":"ROUND(IF(AND(F553:H553),C553*E553*F553*G553*H553,IF(AND(F553,G553),C553*E553*F553*G553,IF(AND(F553,H553),C553*E553*F553*H553,IF(AND(G553,H553),C553*E553*G553*H553,IF(F553,C553*E553*F553,IF(G553,C553*E553*G553,IF(H553,C553*E553*H553,C553*E553))))))),2)","v":0.24},"Cum",{"$nulls":3},"SSR 19-20"]
[null,null,1,"x",1,{"v":2.65,"d":"2.650"},{"v":0.15,"d":"0.150"},{"v":1.2,"d":"1.200"},0.48,"Cum",{"$nulls":3},"SSR 19-20"]
[null,null,1,"x",1,{"v":2.85,"d":"2.850"},{"v":0.15,"d":"0.150"},{"v":1.2,"d":"1.200"},0.51,"Cum",{"$nulls":3},"SSR 19-20"]
[{"$nulls":13},"SSR 19-20"]
[{"$nulls":9},"Cum",{"$f":"data!F428","v":5604.44},"SSR 19-20",{"$f":"ROUND(I557*K557,0)","v":{"v":0,"d":"0.00"}},"SSR 19-20"]
[20,"Masonry work in CM (1:8) prop with Flyash Cement solid blocks of size 290 x 150 x 140 mm for manufacturing of flyash solid blocks using flyash of 80 kgs, cement of 15 kgs. Gypsum of 5 kgs. and stone dust including cost and conveyance of all materials, labour charges, seiniorage charges, scaffolding and curing etc., cpomplete with a compresive streangth not lessthan 50 kg/sqm for walls for Superstructure Walls.",{"$nulls":11},"SSR 20-21"]
[null,"Qty.p.91 of M.B.No.441/A/ZP/19",{"$nulls":11},"SSR 20-21"]
[null,"Plantation walls",1,"x",2,{"v":0.75,"d":"0.750"},{"v":0.15,"d":"0.150"},{"v":1.05,"d":"1.050"},{"$f":"ROUND(IF(AND(F560:H560),C560*E560*F560*G560*H560,IF(AND(F560,G560),C560*E560*F560*G560,IF(AND(F560,H560),C560*E560*F560*H560,IF(AND(G560,H560),C560*E560*G560*H560,IF(F560,C560*E560*F560,IF(G560,C560*E560*G560,IF(H560,C560*E560*H560,C560*E560))))))),2)","v":0.24},"Cum",{"$nulls":3},"SSR 20-21"]
[null,null,1,"x",1,{"v":2.65,"d":"2.650"},{"v":0.15,"d":"0.150"},{"v":1.2,"d":"1.200"},{"$f":"ROUND(IF(AND(F561:H561),C561*E561*F561*G561*H561,IF(AND(F561,G561),C561*E561*F561*G561,IF(AND(F561,H561),C561*E561*F561*H561,IF(AND(G561,H561),C561*E561*G561*H561,IF(F561,C561*E561*F561,IF(G561,C561*E561*G561,IF(H561,C561*E561*H561,C561*E561))))))),2)","v":0.48},"Cum",{"$nulls":3},"SSR 20-21"]
[null,null,1,"x",1,{"v":2.85,"d":"2.850"},{"v":0.15,"d":"0.150"},{"v":1.2,"d":"1.200"},{"$f":"ROUND(IF(AND(F562:H562),C562*E562*F562*G562*H562,IF(AND(F562,G562),C562*E562*F562*G562,IF(AND(F562,H562),C562*E562*F562*H562,IF(AND(G562,H562),C562*E562*G562*H562,IF(F562,C562*E562*F562,IF(G562,C562*E562*G562,IF(H562,C562*E562*H562,C562*E562))))))),2)","v":0.51},"Cum",{"$nulls":3},"SSR 20-21"]
[{"$nulls":13},"SSR 20-21"]
[{"$nulls":9},"Cum",{"$f":"data!F1345","v":5800.61},"SSR 20-21",{"$f":"ROUND(I564*K564,0)","v":{"v":0,"d":"0.00"}},"SSR 20-21"]
[20,"Masonry work in CM (1:8) prop with Flyash Cement solid blocks of size 290 x 150 x 140 mm for manufacturing of flyash solid blocks using flyash of 80 kgs, cement of 15 kgs. Gypsum of 5 kgs. and stone dust including cost and conveyance of all materials, labour charges, seiniorage charges, scaffolding and curing etc., cpomplete with a compresive streangth not lessthan 50 kg/sqm for walls for Superstructure Walls.",{"$nulls":11},"SSR 21-22"]
[null,"Qty.p.91 of M.B.No.441/A/ZP/19",{"$nulls":11},"SSR 21-22"]
[null,"Plantation walls",1,"x",2,{"v":0.75,"d":"0.750"},{"v":0.15,"d":"0.150"},{"v":1.05,"d":"1.050"},{"$f":"ROUND(IF(AND(F567:H567),C567*E567*F567*G567*H567,IF(AND(F567,G567),C567*E567*F567*G567,IF(AND(F567,H567),C567*E567*F567*H567,IF(AND(G567,H567),C567*E567*G567*H567,IF(F567,C567*E567*F567,IF(G567,C567*E567*G567,IF(H567,C567*E567*H567,C567*E567))))))),2)","v":0.24},"Cum",{"$nulls":3},"SSR 21-22"]
[null,null,1,"x",1,{"v":2.65,"d":"2.650"},{"v":0.15,"d":"0.150"},{"v":1.2,"d":"1.200"},{"$f":"ROUND(IF(AND(F568:H568),C568*E568*F568*G568*H568,IF(AND(F568,G568),C568*E568*F568*G568,IF(AND(F568,H568),C568*E568*F568*H568,IF(AND(G568,H568),C568*E568*G568*H568,IF(F568,C568*E568*F568,IF(G568,C568*E568*G568,IF(H568,C568*E568*H568,C568*E568))))))),2)","v":0.48},"Cum",{"$nulls":3},"SSR 21-22"]
[null,null,1,"x",1,{"v":2.85,"d":"2.850"},{"v":0.15,"d":"0.150"},{"v":1.2,"d":"1.200"},{"$f":"ROUND(IF(AND(F569:H569),C569*E569*F569*G569*H569,IF(AND(F569,G569),C569*E569*F569*G569,IF(AND(F569,H569),C569*E569*F569*H569,IF(AND(G569,H569),C569*E569*G569*H569,IF(F569,C569*E569*F569,IF(G569,C569*E569*G569,IF(H569,C569*E569*H569,C569*E569))))))),2)","v":0.51},"Cum",{"$nulls":3},"SSR 21-22"]
[{"$nulls":13},"SSR 21-22"]
[{"$nulls":9},"Cum",{"$f":"data!F2262","v":6321.16},"SSR 21-22",{"$f":"ROUND(I571*K571,0)","v":{"v":0,"d":"0.00"}},"SSR 21-22"]
[20,"Masonry work in CM (1:8) prop with Flyash Cement solid blocks of size 290 x 150 x 140 mm for manufacturing of flyash solid blocks using flyash of 80 kgs, cement of 15 kgs. Gypsum of 5 kgs. and stone dust including cost and conveyance of all materials, labour charges, seiniorage charges, scaffolding and curing etc., cpomplete with a compresive streangth not lessthan 50 kg/sqm for walls for Superstructure Walls.",{"$nulls":11},"SSR 22-23"]
[null,"Qty.p.91 of M.B.No.441/A/ZP/19",{"$nulls":11},"SSR 22-23"]
[null,"Plantation walls",1,"x",2,{"v":0.75,"d":"0.750"},{"v":0.15,"d":"0.150"},{"v":1.05,"d":"1.050"},{"$f":"ROUND(IF(AND(F574:H574),C574*E574*F574*G574*H574,IF(AND(F574,G574),C574*E574*F574*G574,IF(AND(F574,H574),C574*E574*F574*H574,IF(AND(G574,H574),C574*E574*G574*H574,IF(F574,C574*E574*F574,IF(G574,C574*E574*G574,IF(H574,C574*E574*H574,C574*E574))))))),2)","v":0.24},"Cum",{"$nulls":3},"SSR 22-23"]
[null,null,1,"x",1,{"v":2.65,"d":"2.650"},{"v":0.15,"d":"0.150"},{"v":1.2,"d":"1.200"},{"$f":"ROUND(IF(AND(F575:H575),C575*E575*F575*G575*H575,IF(AND(F575,G575),C575*E575*F575*G575,IF(AND(F575,H575),C575*E575*F575*H575,IF(AND(G575,H575),C575*E575*G575*H575,IF(F575,C575*E575*F575,IF(G575,C575*E575*G575,IF(H575,C575*E575*H575,C575*E575))))))),2)","v":0.48},"Cum",{"$nulls":3},"SSR 22-23"]
[null,null,1,"x",1,{"v":2.85,"d":"2.850"},{"v":0.15,"d":"0.150"},{"v":1.2,"d":"1.200"},{"$f":"ROUND(IF(AND(F576:H576),C576*E576*F576*G576*H576,IF(AND(F576,G576),C576*E576*F576*G576,IF(AND(F576,H576),C576*E576*F576*H576,IF(AND(G576,H576),C576*E576*G576*H576,IF(F576,C576*E576*F576,IF(G576,C576*E576*G576,IF(H576,C576*E576*H576,C576*E576))))))),2)","v":0.51},"Cum",{"$nulls":3},"SSR 22-23"]
[{"$nulls":13},"SSR 22-23"]
[{"$nulls":9},"Cum",{"$f":"data!F3179","v":6718.55},"SSR 22-23",{"$f":"ROUND(I578*K578,0)","v":{"v":0,"d":"0.00"}},"SSR 22-23"]
[19,"RCM facia 5cm thick in CM (1:3) for drop walls, fins  with rabbit wire mesh & nominal reinforcement as directed by Engineer-in-charge with dubara sponge finishing, including cost & conveyance of all materials to site, seigniorage charges, sales & other taxes on all materials, operational & incidental, cost and conveyance of cement, wire mesh, water to work site, centering, scaffolding and form work, lift charges etc., complete for finished items of work but excluding cost of steel & its fabrication charges, for finished item of work. (APSS No.403 & 903)",{"$nulls":11},"SSR 19-20"]
[null,"Qty.p.65 of M.B.No.441/A/ZP/19",{"$nulls":11},"SSR 19-20"]
[null,null,1,"x",2,{"v":2.05,"d":"2.050"},{"v":1.7,"d":"1.700"},{"v":0,"d":"0.000"},{"$f":"ROUND(IF(AND(F581:H581),C581*E581*F581*G581*H581,IF(AND(F581,G581),C581*E581*F581*G581,IF(AND(F581,H581),C581*E581*F581*H581,IF(AND(G581,H581),C581*E581*G581*H581,IF(F581,C581*E581*F581,IF(G581,C581*E581*G581,IF(H581,C581*E581*H581,C581*E581))))))),2)","v":6.97},"Sqm",{"$nulls":3},"SSR 19-20"]
[null,null,1,"x",2,{"v":3.6,"d":"3.600"},{"v":0.95,"d":"0.950"},{"v":0,"d":"0.000"},{"$f":"ROUND(IF(AND(F582:H582),C582*E582*F582*G582*H582,IF(AND(F582,G582),C582*E582*F582*G582,IF(AND(F582,H582),C582*E582*F582*H582,IF(AND(G582,H582),C582*E582*G582*H582,IF(F582,C582*E582*F582,IF(G582,C582*E582*G582,IF(H582,C582*E582*H582,C582*E582))))))),2)","v":6.84},"Sqm",{"$nulls":3},"SSR 19-20"]
[{"$nulls":13},"SSR 19-20"]
[{"$nulls":9},"Sqm",{"$f":"data!F553","v":1906.95},"SSR 19-20",{"$f":"ROUND(I584*K584/1,0)","v":{"v":0,"d":"0.00"}},"SSR 19-20"]
[19,"RCM facia 5cm thick in CM (1:3) for drop walls, fins  with rabbit wire mesh & nominal reinforcement as directed by Engineer-in-charge with dubara sponge finishing, including cost & conveyance of all materials to site, seigniorage charges, sales & other taxes on all materials, operational & incidental, cost and conveyance of cement, wire mesh, water to work site, centering, scaffolding and form work, lift charges etc., complete for finished items of work but excluding cost of steel & its fabrication charges, for finished item of work. (APSS No.403 & 903)",{"$nulls":11},"SSR 20-21"]
[null,"Qty.p.65 of M.B.No.441/A/ZP/19",{"$nulls":11},"SSR 20-21"]
[null,null,1,"x",2,{"v":2.05,"d":"2.050"},{"v":1.7,"d":"1.700"},{"v":0,"d":"0.000"},{"$f":"ROUND(IF(AND(F587:H587),C587*E587*F587*G587*H587,IF(AND(F587,G587),C587*E587*F587*G587,IF(AND(F587,H587),C587*E587*F587*H587,IF(AND(G587,H587),C587*E587*G587*H587,IF(F587,C587*E587*F587,IF(G587,C587*E587*G587,IF(H587,C587*E587*H587,C587*E587))))))),2)","v":6.97},"Sqm",{"$nulls":3},"SSR 20-21"]
[null,null,1,"x",2,{"v":3.6,"d":"3.600"},{"v":0.95,"d":"0.950"},{"v":0,"d":"0.000"},{"$f":"ROUND(IF(AND(F588:H588),C588*E588*F588*G588*H588,IF(AND(F588,G588),C588*E588*F588*G588,IF(AND(F588,H588),C588*E588*F588*H588,IF(AND(G588,H588),C588*E588*G588*H588,IF(F588,C588*E588*F588,IF(G588,C588*E588*G588,IF(H588,C588*E588*H588,C588*E588))))))),2)","v":6.84},"Sqm",{"$nulls":3},"SSR 20-21"]
[{"$nulls":13},"SSR 20-21"]
[{"$nulls":9},"Sqm",{"$f":"data!F1470","v":2066.33},"SSR 20-21",{"$f":"ROUND(I590*K590/1,0)","v":{"v":0,"d":"0.00"}},"SSR 20-21"]
[19,"RCM facia 5cm thick in CM (1:3) for drop walls, fins  with rabbit wire mesh & nominal reinforcement as directed by Engineer-in-charge with dubara sponge finishing, including cost & conveyance of all materials to site, seigniorage charges, sales & other taxes on all materials, operational & incidental, cost and conveyance of cement, wire mesh, water to work site, centering, scaffolding and form work, lift charges etc., complete for finished items of work but excluding cost of steel & its fabrication charges, for finished item of work. (APSS No.403 & 903)",{"$nulls":11},"SSR 21-22"]
[null,"Qty.p.65 of M.B.No.441/A/ZP/19",{"$nulls":11},"SSR 21-22"]
[null,null,1,"x",2,{"v":2.05,"d":"2.050"},{"v":1.7,"d":"1.700"},{"v":0,"d":"0.000"},{"$f":"ROUND(IF(AND(F593:H593),C593*E593*F593*G593*H593,IF(AND(F593,G593),C593*E593*F593*G593,IF(AND(F593,H593),C593*E593*F593*H593,IF(AND(G593,H593),C593*E593*G593*H593,IF(F593,C593*E593*F593,IF(G593,C593*E593*G593,IF(H593,C593*E593*H593,C593*E593))))))),2)","v":6.97},"Sqm",{"$nulls":3},"SSR 21-22"]
[null,null,1,"x",2,{"v":3.6,"d":"3.600"},{"v":0.95,"d":"0.950"},{"v":0,"d":"0.000"},{"$f":"ROUND(IF(AND(F594:H594),C594*E594*F594*G594*H594,IF(AND(F594,G594),C594*E594*F594*G594,IF(AND(F594,H594),C594*E594*F594*H594,IF(AND(G594,H594),C594*E594*G594*H594,IF(F594,C594*E594*F594,IF(G594,C594*E594*G594,IF(H594,C594*E594*H594,C594*E594))))))),2)","v":6.84},"Sqm",{"$nulls":3},"SSR 21-22"]
[{"$nulls":13},"SSR 21-22"]
[{"$nulls":9},"Sqm",{"$f":"data!F2387","v":2199.03},"SSR 21-22",{"$f":"ROUND(I596*K596/1,0)","v":{"v":0,"d":"0.00"}},"SSR 21-22"]
[19,"RCM facia 5cm thick in CM (1:3) for drop walls, fins  with rabbit wire mesh & nominal reinforcement as directed by Engineer-in-charge with dubara sponge finishing, including cost & conveyance of all materials to site, seigniorage charges, sales & other taxes on all materials, operational & incidental, cost and conveyance of cement, wire mesh, water to work site, centering, scaffolding and form work, lift charges etc., complete for finished items of work but excluding cost of steel & its fabrication charges, for finished item of work. (APSS No.403 & 903)",{"$nulls":11},"SSR 22-23"]
[null,"Qty.p.65 of M.B.No.441/A/ZP/19",{"$nulls":11},"SSR 22-23"]
[null,null,1,"x",2,{"v":2.05,"d":"2.050"},{"v":1.7,"d":"1.700"},{"v":0,"d":"0.000"},{"$f":"ROUND(IF(AND(F599:H599),C599*E599*F599*G599*H599,IF(AND(F599,G599),C599*E599*F599*G599,IF(AND(F599,H599),C599*E599*F599*H599,IF(AND(G599,H599),C599*E599*G599*H599,IF(F599,C599*E599*F599,IF(G599,C599*E599*G599,IF(H599,C599*E599*H599,C599*E599))))))),2)","v":6.97},"Sqm",{"$nulls":3},"SSR 22-23"]
[null,null,1,"x",2,{"v":3.6,"d":"3.600"},{"v":0.95,"d":"0.950"},{"v":0,"d":"0.000"},{"$f":"ROUND(IF(AND(F600:H600),C600*E600*F600*G600*H600,IF(AND(F600,G600),C600*E600*F600*G600,IF(AND(F600,H600),C600*E600*F600*H600,IF(AND(G600,H600),C600*E600*G600*H600,IF(F600,C600*E600*F600,IF(G600,C600*E600*G600,IF(H600,C600*E600*H600,C600*E600))))))),2)","v":6.84},"Sqm",{"$nulls":3},"SSR 22-23"]
[{"$nulls":13},"SSR 22-23"]
[{"$nulls":9},"Sqm",{"$f":"data!F3304","v":2346.34},"SSR 22-23",{"$f":"ROUND(I602*K602/1,0)","v":{"v":0,"d":"0.00"}},"SSR 22-23"]
[9,"Ceiling Plastering to Ceiling in CM (1:3) 12mm thick with dubara sponge finishing  including c/c of all materials including labour charges such as mixing cement mortar and curing etc complete for finished item of work (APSS 901 & 903) ",{"$nulls":11},"SSR 19-20"]
[null,"Qty.p.18 of M.B.No.1186/A/ZP/20",null,"26.06.2023",{"$nulls":9},"SSR 19-20"]
[null,"Staff room",1,"x",1,{"v":3.35,"d":"3.350"},{"v":2.49,"d":"2.490"},{"v":0,"d":"0.000"},{"$f":"ROUND(IF(AND(F605:H605),C605*E605*F605*G605*H605,IF(AND(F605,G605),C605*E605*F605*G605,IF(AND(F605,H605),C605*E605*F605*H605,IF(AND(G605,H605),C605*E605*G605*H605,IF(F605,C605*E605*F605,IF(G605,C605*E605*G605,IF(H605,C605*E605*H605,C605*E605))))))),2)","v":8.34},"Sqm",{"$nulls":3},"SSR 19-20"]
[null,"Digital room",1,"x",1,{"v":3.35,"d":"3.350"},{"v":2.88,"d":"2.880"},{"v":0,"d":"0.000"},9.65,"Sqm",{"$nulls":3},"SSR 19-20"]
[null,"Sarpanch room",1,"x",1,{"v":3.35,"d":"3.350"},{"v":3.12,"d":"3.120"},{"v":0,"d":"0.000"},10.45,"Sqm",{"$nulls":3},"SSR 19-20"]
[null,"Carridor",1,"x",1,{"v":11.93,"d":"11.930"},{"v":1.8,"d":"1.800"},{"v":0,"d":"0.000"},21.47,"Sqm",{"$nulls":3},"SSR 19-20"]
[null,"tiolet room",1,"x",1,{"v":3.3,"d":"3.300"},{"v":1.4,"d":"1.400"},{"v":0,"d":"0.000"},4.62,"Sqm",{"$nulls":3},"SSR 19-20"]
[null,null,1,"x",1,{"v":1.45,"d":"1.450"},{"v":1.5,"d":"1.500"},{"v":0,"d":"0.000"},2.18,"Sqm",{"$nulls":3},"SSR 19-20"]
[null,null,1,"x",1,{"v":1.45,"d":"1.450"},{"v":1.5,"d":"1.500"},{"v":0,"d":"0.000"},2.18,"Sqm",{"$nulls":3},"SSR 19-20"]
[null,"meeting Hall",1,"x",1,{"v":4.98,"d":"4.980"},{"v":8.6,"d":"8.600"},{"v":0,"d":"0.000"},42.83,"Sqm",{"$nulls":3},"SSR 19-20"]
[null,"Front projecton",1,"x",1,{"v":5.45,"d":"5.450"},{"v":0.6,"d":"0.600"},{"v":0,"d":"0.000"},3.27,"Sqm",{"$nulls":3},"SSR 19-20"]
[null,"back projection",1,"x",1,{"v":8.8,"d":"8.800"},{"v":0.9,"d":"0.900"},{"v":0,"d":"0.000"},7.92,"Sqm",{"$nulls":3},"SSR 19-20"]
[null,"Sides",1,"x",1,{"v":12,"d":"12.000"},{"v":0,"d":"0.000"},{"v":0.3,"d":"0.300"},{"v":3.6,"d":"3.60"},"Sqm",{"$nulls":3},"SSR 19-20"]
[null,null,1,"x",1,{"v":9.25,"d":"9.250"},{"v":0.3,"d":"0.300"},{"v":0,"d":"0.000"},2.78,"Sqm",{"$nulls":3},"SSR 19-20"]
[null,"Sunshades",1,"x",6,{"v":1.8,"d":"1.800"},{"v":0.6,"d":"0.600"},{"v":0,"d":"0.000"},6.48,"Sqm",{"$nulls":3},"SSR 19-20"]
[null,null,1,"x",1,{"v":5.2,"d":"5.200"},{"v":0.6,"d":"0.600"},{"v":0,"d":"0.000"},3.12,"Sqm",{"$nulls":3},"SSR 19-20"]
[null,"Sides of beam in carridor",2,"x",2,{"v":1.8,"d":"1.800"},{"v":0,"d":"0.000"},{"v":0.38,"d":"0.380"},2.74,"Sqm",{"$nulls":3},"SSR 19-20"]
[{"$nulls":13},"SSR 19-20"]
[{"$nulls":9},"Sqm",{"$f":"data!F444","v":{"v":292.7,"d":"292.70"}},"SSR 19-20",{"$f":"ROUND(I621*K621,0)","v":{"v":0,"d":"0.00"}},"SSR 19-20"]
[10,"Ceiling Plastering to Ceiling in CM (1:3) 12mm thick with dubara sponge finishing  including c/c of all materials including labour charges such as mixing cement mortar and curing etc complete for finished item of work (APSS 901 & 903) ",{"$nulls":11},"SSR 20-21"]
[null,"Qty.p.99 of M.B.No.441/A/ZP/19",{"$nulls":11},"SSR 20-21"]
[null,"Meeting Hall",1,"x",1,{"v":5.7,"d":"5.700"},{"v":3.04,"d":"3.040"},{"v":0,"d":"0.000"},{"$f":"ROUND(IF(AND(F624:H624),C624*E624*F624*G624*H624,IF(AND(F624,G624),C624*E624*F624*G624,IF(AND(F624,H624),C624*E624*F624*H624,IF(AND(G624,H624),C624*E624*G624*H624,IF(F624,C624*E624*F624,IF(G624,C624*E624*G624,IF(H624,C624*E624*H624,C624*E624))))))),2)","v":17.33},"Sqm",{"$nulls":3},"SSR 20-21"]
[null,"Carridor",1,"x",1,{"v":9.04,"d":"9.040"},{"v":1.8,"d":"1.800"},{"v":0,"d":"0.000"},{"$f":"ROUND(IF(AND(F625:H625),C625*E625*F625*G625*H625,IF(AND(F625,G625),C625*E625*F625*G625,IF(AND(F625,H625),C625*E625*F625*H625,IF(AND(G625,H625),C625*E625*G625*H625,IF(F625,C625*E625*F625,IF(G625,C625*E625*G625,IF(H625,C625*E625*H625,C625*E625))))))),2)","v":16.27},"Sqm",{"$nulls":3},"SSR 20-21"]
[null,"Sarpanch room",1,"x",1,{"v":3.3,"d":"3.300"},{"v":3.25,"d":"3.250"},{"v":0,"d":"0.000"},10.73,"Sqm",{"$nulls":3},"SSR 20-21"]
[null,"Digital room",1,"x",1,{"v":2.7,"d":"2.700"},{"v":3.25,"d":"3.250"},{"v":0,"d":"0.000"},8.78,"Sqm",{"$nulls":3},"SSR 20-21"]
[null,"Staff room",1,"x",1,{"v":2.75,"d":"2.750"},{"v":3.25,"d":"3.250"},{"v":0,"d":"0.000"},{"$f":"ROUND(IF(AND(F628:H628),C628*E628*F628*G628*H628,IF(AND(F628,G628),C628*E628*F628*G628,IF(AND(F628,H628),C628*E628*F628*H628,IF(AND(G628,H628),C628*E628*G628*H628,IF(F628,C628*E628*F628,IF(G628,C628*E628*G628,IF(H628,C628*E628*H628,C628*E628))))))),2)","v":8.94},"Sqm",{"$nulls":3},"SSR 20-21"]
[null,"Tiolet - Sarpanch",1,"x",1,{"v":1.56,"d":"1.560"},{"v":1.45,"d":"1.450"},{"v":0,"d":"0.000"},2.26,"Sqm",{"$nulls":3},"SSR 20-21"]
[null,"Ladies tiolet",1,"x",1,{"v":1.62,"d":"1.620"},{"v":1.45,"d":"1.450"},{"v":0,"d":"0.000"},2.35,"Sqm",{"$nulls":3},"SSR 20-21"]
[null,"Combined bath room",1,"x",1,{"v":1.62,"d":"1.620"},{"v":1.45,"d":"1.450"},{"v":0,"d":"0.000"},2.35,"Sqm",{"$nulls":3},"SSR 20-21"]
[null,null,1,"x",1,{"v":1.56,"d":"1.560"},{"v":1.45,"d":"1.450"},{"v":0,"d":"0.000"},2.26,"Sqm",{"$nulls":3},"SSR 20-21"]
[null,"waiting hall",1,"x",1,{"v":4.95,"d":"4.950"},{"v":2.72,"d":"2.720"},{"v":0,"d":"0.000"},13.46,"Sqm",{"$nulls":3},"SSR 20-21"]
[null,"Carridor cross beam sides",2,"x",2,{"v":1.8,"d":"1.800"},{"v":0,"d":"0.000"},{"v":0.38,"d":"0.380"},2.74,"Sqm",{"$nulls":3},"SSR 20-21"]
[null,"meeting Hall RB sides",1,"x",2,{"v":3.04,"d":"3.040"},{"v":0,"d":"0.000"},{"v":0.38,"d":"0.380"},2.31,"Sqm",{"$nulls":3},"SSR 20-21"]
[null,"Waiting hall RB sides",1,"x",2,{"v":2.72,"d":"2.720"},{"v":0,"d":"0.000"},{"v":0.3,"d":"0.300"},1.63,"Sqm",{"$nulls":3},"SSR 20-21"]
[null,"Staircase 1st flight slab",1,"x",1,{"v":3.5,"d":"3.500"},{"v":1.3,"d":"1.300"},{"v":0,"d":"0.000"},4.55,"Sqm",{"$nulls":3},"SSR 20-21"]
[null,"MLB1 sides",1,"x",2,{"v":2.72,"d":"2.720"},{"v":0,"d":"0.000"},{"v":0.3,"d":"0.300"},1.63,"Sqm",{"$nulls":3},"SSR 20-21"]
[null,"Landing slab bottom",1,"x",1,{"v":3.18,"d":"3.180"},{"v":1,"d":"1.000"},{"v":0,"d":"0.000"},3.18,"Sqm",{"$nulls":3},"SSR 20-21"]
[null,"2nd flight slab bottom",1,"x",1,{"v":3.5,"d":"3.500"},{"v":1.3,"d":"1.300"},{"v":0,"d":"0.000"},4.55,"Sqm",{"$nulls":3},"SSR 20-21"]
[null,"Slab projection N/S",1,"x",1,{"v":13.47,"d":"13.470"},{"v":1,"d":"1.000"},{"v":0,"d":"0.000"},13.47,"Sqm",{"$nulls":3},"SSR 20-21"]
[null,"N/S RB sides",5,"x",2,{"v":1,"d":"1.000"},{"v":0,"d":"0.000"},{"v":0.38,"d":"0.380"},{"v":3.8,"d":"3.80"},"Sqm",{"$nulls":3},"SSR 20-21"]
[null,"W/S",1,"x",1,{"v":8.84,"d":"8.840"},{"v":1,"d":"1.000"},{"v":0,"d":"0.000"},8.84,"Sqm",{"$nulls":3},"SSR 20-21"]
[null,"W/S RB sides",3,"x",2,{"v":1,"d":"1.000"},{"v":0,"d":"0.000"},{"v":0.3,"d":"0.300"},{"v":1.8,"d":"1.80"},"Sqm",{"$nulls":3},"SSR 20-21"]
[null,"S/S",1,"x",1,{"v":9.29,"d":"9.290"},{"v":0.3,"d":"0.300"},{"v":0,"d":"0.000"},2.79,"Sqm",{"$nulls":3},"SSR 20-21"]
[null,"E/S",1,"x",1,{"v":6.4,"d":"6.400"},{"v":1,"d":"1.000"},{"v":0,"d":"0.000"},{"v":6.4,"d":"6.40"},"Sqm",{"$nulls":3},"SSR 20-21"]
[null,"E/S RB sides",2,"x",2,{"v":1,"d":"1.000"},{"v":0,"d":"0.000"},{"v":0.3,"d":"0.300"},{"v":1.2,"d":"1.20"},"Sqm",{"$nulls":3},"SSR 20-21"]
[null,"Qty.p.100 of M.B.No.441/A/ZP/19",{"$nulls":11},"SSR 20-21"]
[null,"Window sunshades",7,"x",2,{"v":1.65,"d":"1.650"},{"v":0.6,"d":"0.600"},{"v":0,"d":"0.000"},{"$f":"ROUND(IF(AND(F649:H649),C649*E649*F649*G649*H649,IF(AND(F649,G649),C649*E649*F649*G649,IF(AND(F649,H649),C649*E649*F649*H649,IF(AND(G649,H649),C649*E649*G649*H649,IF(F649,C649*E649*F649,IF(G649,C649*E649*G649,IF(H649,C649*E649*H649,C649*E649))))))),2)","v":13.86},"Sqm",{"$nulls":3},"SSR 20-21"]
[null,"Window sunshades",1,"x",2,{"v":1.05,"d":"1.050"},{"v":0.6,"d":"0.600"},{"v":0,"d":"0.000"},{"$f":"ROUND(IF(AND(F650:H650),C650*E650*F650*G650*H650,IF(AND(F650,G650),C650*E650*F650*G650,IF(AND(F650,H650),C650*E650*F650*H650,IF(AND(G650,H650),C650*E650*G650*H650,IF(F650,C650*E650*F650,IF(G650,C650*E650*G650,IF(H650,C650*E650*H650,C650*E650))))))),2)","v":1.26},"Sqm",{"$nulls":3},"SSR 20-21"]
[{"$nulls":13},"SSR 20-21"]
[{"$nulls":9},"Sqm",{"$f":"data!F1361","v":313.52},"SSR 20-21",{"$f":"ROUND(I652*K652,0)","v":{"v":0,"d":"0.00"}},"SSR 20-21"]
[11,"Ceiling Plastering to Ceiling in CM (1:3) 12mm thick with dubara sponge finishing  including c/c of all materials including labour charges such as mixing cement mortar and curing etc complete for finished item of work (APSS 901 & 903) ",{"$nulls":11},"SSR 21-22"]
[null,"Qty.p.13 of M.B.No.441/A/ZP/19",{"$nulls":11},"SSR 21-22"]
[null,"Sarpanch room",1,"x",1,{"v":3.35,"d":"3.350"},{"v":0,"d":"0.000"},{"v":3.04,"d":"3.040"},{"$f":"ROUND(IF(AND(F655:H655),C655*E655*F655*G655*H655,IF(AND(F655,G655),C655*E655*F655*G655,IF(AND(F655,H655),C655*E655*F655*H655,IF(AND(G655,H655),C655*E655*G655*H655,IF(F655,C655*E655*F655,IF(G655,C655*E655*G655,IF(H655,C655*E655*H655,C655*E655))))))),2)","v":10.18},"Sqm",{"$nulls":3},"SSR 21-22"]
[null,"EA room",1,"x",1,{"v":2.75,"d":"2.750"},{"v":2.34,"d":"2.340"},{"v":0,"d":"0.000"},{"$f":"ROUND(IF(AND(F656:H656),C656*E656*F656*G656*H656,IF(AND(F656,G656),C656*E656*F656*G656,IF(AND(F656,H656),C656*E656*F656*H656,IF(AND(G656,H656),C656*E656*G656*H656,IF(F656,C656*E656*F656,IF(G656,C656*E656*G656,IF(H656,C656*E656*H656,C656*E656))))))),2)","v":6.44},"Sqm",{"$nulls":3},"SSR 21-22"]
[null,null,1,"x",2,{"v":2.7,"d":"2.700"},{"v":0.3,"d":"0.300"},{"v":0,"d":"0.000"},{"$f":"ROUND(IF(AND(F657:H657),C657*E657*F657*G657*H657,IF(AND(F657,G657),C657*E657*F657*G657,IF(AND(F657,H657),C657*E657*F657*H657,IF(AND(G657,H657),C657*E657*G657*H657,IF(F657,C657*E657*F657,IF(G657,C657*E657*G657,IF(H657,C657*E657*H657,C657*E657))))))),2)","v":1.62},"Sqm",{"$nulls":3},"SSR 21-22"]
[{"$nulls":13},"SSR 21-22"]
[{"$nulls":9},"Sqm",{"$f":"data!F2278","v":{"v":332.3,"d":"332.30"}},"SSR 21-22",{"$f":"ROUND(I659*K659,0)","v":{"v":0,"d":"0.00"}},"SSR 21-22"]
[11,"Ceiling Plastering to Ceiling in CM (1:3) 12mm thick with dubara sponge finishing  including c/c of all materials including labour charges such as mixing cement mortar and curing etc complete for finished item of work (APSS 901 & 903) ",{"$nulls":11},"SSR 22-23"]
[null,"Qty.p.18 of M.B.No.1186/A/ZP/20",{"$nulls":11},"SSR 22-23"]
[null,null,1,"x",1,{"v":3.35,"d":"3.350"},{"v":2.49,"d":"2.490"},{"v":0,"d":"0.000"},{"$f":"ROUND(IF(AND(F662:H662),C662*E662*F662*G662*H662,IF(AND(F662,G662),C662*E662*F662*G662,IF(AND(F662,H662),C662*E662*F662*H662,IF(AND(G662,H662),C662*E662*G662*H662,IF(F662,C662*E662*F662,IF(G662,C662*E662*G662,IF(H662,C662*E662*H662,C662*E662))))))),2)","v":8.34},"Sqm",{"$nulls":3},"SSR 22-23"]
[null,null,1,"x",1,{"v":3.35,"d":"3.350"},{"v":2.88,"d":"2.880"},{"v":0,"d":"0.000"},9.65,"Sqm",{"$nulls":3},"SSR 22-23"]
[null,null,1,"x",1,{"v":3.35,"d":"3.350"},{"v":3.12,"d":"3.120"},{"v":0,"d":"0.000"},10.45,"Sqm",{"$nulls":3},"SSR 22-23"]
[null,null,1,"x",1,{"v":11.93,"d":"11.930"},{"v":1.8,"d":"1.800"},{"v":0,"d":"0.000"},21.47,"Sqm",{"$nulls":3},"SSR 22-23"]
[null,null,1,"x",1,{"v":3.3,"d":"3.300"},{"v":1.4,"d":"1.400"},{"v":0,"d":"0.000"},4.62,"Sqm",{"$nulls":3},"SSR 22-23"]
[null,null,1,"x",1,{"v":1.45,"d":"1.450"},{"v":1.5,"d":"1.500"},{"v":0,"d":"0.000"},2.18,"Sqm",{"$nulls":3},"SSR 22-23"]
[null,null,1,"x",1,{"v":1.45,"d":"1.450"},{"v":1.5,"d":"1.500"},{"v":0,"d":"0.000"},2.18,"Sqm",{"$nulls":3},"SSR 22-23"]
[null,null,1,"x",1,{"v":4.98,"d":"4.980"},{"v":8.6,"d":"8.600"},{"v":0,"d":"0.000"},42.83,"Sqm",{"$nulls":3},"SSR 22-23"]
[null,null,1,"x",1,{"v":5.45,"d":"5.450"},{"v":0.6,"d":"0.600"},{"v":0,"d":"0.000"},3.27,"Sqm",{"$nulls":3},"SSR 22-23"]
[null,null,1,"x",1,{"v":8.8,"d":"8.800"},{"v":0.9,"d":"0.900"},{"v":0,"d":"0.000"},7.92,"Sqm",{"$nulls":3},"SSR 22-23"]
[null,null,1,"x",1,{"v":12,"d":"12.000"},{"v":0,"d":"0.000"},{"v":0.3,"d":"0.300"},{"v":3.6,"d":"3.60"},"Sqm",{"$nulls":3},"SSR 22-23"]
[null,null,1,"x",1,{"v":9.25,"d":"9.250"},{"v":0.3,"d":"0.300"},{"v":0,"d":"0.000"},2.78,"Sqm",{"$nulls":3},"SSR 22-23"]
[null,null,1,"x",6,{"v":1.8,"d":"1.800"},{"v":0.6,"d":"0.600"},{"v":0,"d":"0.000"},6.48,"Sqm",{"$nulls":3},"SSR 22-23"]
[null,null,1,"x",1,{"v":5.2,"d":"5.200"},{"v":0.6,"d":"0.600"},{"v":0,"d":"0.000"},3.12,"Sqm",{"$nulls":3},"SSR 22-23"]
[null,null,2,"x",2,{"v":1.8,"d":"1.800"},{"v":0,"d":"0.000"},{"v":0.38,"d":"0.380"},2.74,"Sqm",{"$nulls":3},"SSR 22-23"]
[{"$nulls":13},"SSR 22-23"]
[{"$nulls":9},"Sqm",{"$f":"data!F3195","v":351.17},"SSR 22-23",{"$f":"ROUND(I678*K678,0)","v":{"v":0,"d":"0.00"}},"SSR 22-23"]
[12,"Plastering in CM (1:5) 12mm thick  single coat including c/c of all materials and labour charges such as mixing cement mortar etc and curing etc complete for finished item of work (APSS 901,  903 & 904) ",{"$nulls":11},"SSR 19-20"]
[null,"Qty.p.44 of M.B.No.441/A/ZP/19",{"$nulls":11},"SSR 19-20"]
[null,"Alround sarpanch",1,"x",1,{"v":13.16,"d":"13.160"},{"v":0,"d":"0.000"},{"v":3.1,"d":"3.100"},{"$f":"ROUND(IF(AND(F681:H681),C681*E681*F681*G681*H681,IF(AND(F681,G681),C681*E681*F681*G681,IF(AND(F681,H681),C681*E681*F681*H681,IF(AND(G681,H681),C681*E681*G681*H681,IF(F681,C681*E681*F681,IF(G681,C681*E681*G681,IF(H681,C681*E681*H681,C681*E681))))))),2)","v":{"v":40.8,"d":"40.80"}},"Sqm",{"$nulls":3},"SSR 19-20"]
[null,"Digital room",1,"x",1,{"v":12.64,"d":"12.640"},{"v":0,"d":"0.000"},{"v":3.1,"d":"3.100"},39.18,"Sqm",{"$nulls":3},"SSR 19-20"]
[null,"EA room",1,"x",1,{"v":11.86,"d":"11.860"},{"v":0,"d":"0.000"},{"v":3.1,"d":"3.100"},36.77,"Sqm",{"$nulls":3},"SSR 19-20"]
[null,"Deduct staircase landing side",1,"x",1,{"v":2.95,"d":"2.950"},{"v":0,"d":"0.000"},{"v":0.15,"d":"0.150"},{"$f":"-ROUND(IF(AND(F684:H684),C684*E684*F684*G684*H684,IF(AND(F684,G684),C684*E684*F684*G684,IF(AND(F684,H684),C684*E684*F684*H684,IF(AND(G684,H684),C684*E684*G684*H684,IF(F684,C684*E684*F684,IF(G684,C684*E684*G684,IF(H684,C684*E684*H684,C684*E684))))))),2)","v":-0.44},"Sqm",{"$nulls":3},"SSR 19-20"]
[{"$nulls":13},"SSR 19-20"]
[{"$nulls":9},"Sqm",{"$f":"data!F460","v":265.42},"SSR 19-20",{"$f":"ROUND(I686*K686,0)","v":{"v":0,"d":"0.00"}},"SSR 19-20"]
[12,"Plastering in CM (1:5) 12mm thick  single coat including c/c of all materials and labour charges such as mixing cement mortar etc and curing etc complete for finished item of work (APSS 901,  903 & 904) ",{"$nulls":11},"SSR 20-21"]
[null,"Qty.p.44 of M.B.No.441/A/ZP/19",{"$nulls":11},"SSR 20-21"]
[null,"Alround sarpanch",1,"x",1,{"v":13.16,"d":"13.160"},{"v":0,"d":"0.000"},{"v":3.1,"d":"3.100"},{"$f":"ROUND(IF(AND(F689:H689),C689*E689*F689*G689*H689,IF(AND(F689,G689),C689*E689*F689*G689,IF(AND(F689,H689),C689*E689*F689*H689,IF(AND(G689,H689),C689*E689*G689*H689,IF(F689,C689*E689*F689,IF(G689,C689*E689*G689,IF(H689,C689*E689*H689,C689*E689))))))),2)","v":{"v":40.8,"d":"40.80"}},"Sqm",{"$nulls":3},"SSR 20-21"]
[null,"Digital room",1,"x",1,{"v":12.64,"d":"12.640"},{"v":0,"d":"0.000"},{"v":3.1,"d":"3.100"},{"$f":"ROUND(IF(AND(F690:H690),C690*E690*F690*G690*H690,IF(AND(F690,G690),C690*E690*F690*G690,IF(AND(F690,H690),C690*E690*F690*H690,IF(AND(G690,H690),C690*E690*G690*H690,IF(F690,C690*E690*F690,IF(G690,C690*E690*G690,IF(H690,C690*E690*H690,C690*E690))))))),2)","v":39.18},"Sqm",{"$nulls":3},"SSR 20-21"]
[null,"EA room",1,"x",1,{"v":11.86,"d":"11.860"},{"v":0,"d":"0.000"},{"v":3.1,"d":"3.100"},{"$f":"ROUND(IF(AND(F691:H691),C691*E691*F691*G691*H691,IF(AND(F691,G691),C691*E691*F691*G691,IF(AND(F691,H691),C691*E691*F691*H691,IF(AND(G691,H691),C691*E691*G691*H691,IF(F691,C691*E691*F691,IF(G691,C691*E691*G691,IF(H691,C691*E691*H691,C691*E691))))))),2)","v":36.77},"Sqm",{"$nulls":3},"SSR 20-21"]
[null,"Deduct staircase landing side",1,"x",1,{"v":2.95,"d":"2.950"},{"v":0,"d":"0.000"},{"v":0.15,"d":"0.150"},{"$f":"-ROUND(IF(AND(F692:H692),C692*E692*F692*G692*H692,IF(AND(F692,G692),C692*E692*F692*G692,IF(AND(F692,H692),C692*E692*F692*H692,IF(AND(G692,H692),C692*E692*G692*H692,IF(F692,C692*E692*F692,IF(G692,C692*E692*G692,IF(H692,C692*E692*H692,C692*E692))))))),2)","v":-0.44},"Sqm",{"$nulls":3},"SSR 20-21"]
[{"$nulls":13},"SSR 20-21"]
[{"$nulls":9},"Sqm",{"$f":"data!F1377","v":286.25},"SSR 20-21",{"$f":"ROUND(I694*K694,0)","v":{"v":0,"d":"0.00"}},"SSR 20-21"]
[12,"Plastering in CM (1:5) 12mm thick  single coat including c/c of all materials and labour charges such as mixing cement mortar etc and curing etc complete for finished item of work (APSS 901,  903 & 904) ",{"$nulls":11},"SSR 21-22"]
[null,"Qty.p.44 of M.B.No.441/A/ZP/19",{"$nulls":11},"SSR 21-22"]
[null,"Alround sarpanch",1,"x",1,{"v":13.16,"d":"13.160"},{"v":0,"d":"0.000"},{"v":3.1,"d":"3.100"},{"$f":"ROUND(IF(AND(F697:H697),C697*E697*F697*G697*H697,IF(AND(F697,G697),C697*E697*F697*G697,IF(AND(F697,H697),C697*E697*F697*H697,IF(AND(G697,H697),C697*E697*G697*H697,IF(F697,C697*E697*F697,IF(G697,C697*E697*G697,IF(H697,C697*E697*H697,C697*E697))))))),2)","v":{"v":40.8,"d":"40.80"}},"Sqm",{"$nulls":3},"SSR 21-22"]
[null,"Digital room",1,"x",1,{"v":12.64,"d":"12.640"},{"v":0,"d":"0.000"},{"v":3.1,"d":"3.100"},{"$f":"ROUND(IF(AND(F698:H698),C698*E698*F698*G698*H698,IF(AND(F698,G698),C698*E698*F698*G698,IF(AND(F698,H698),C698*E698*F698*H698,IF(AND(G698,H698),C698*E698*G698*H698,IF(F698,C698*E698*F698,IF(G698,C698*E698*G698,IF(H698,C698*E698*H698,C698*E698))))))),2)","v":39.18},"Sqm",{"$nulls":3},"SSR 21-22"]
[null,"EA room",1,"x",1,{"v":11.86,"d":"11.860"},{"v":0,"d":"0.000"},{"v":3.1,"d":"3.100"},{"$f":"ROUND(IF(AND(F699:H699),C699*E699*F699*G699*H699,IF(AND(F699,G699),C699*E699*F699*G699,IF(AND(F699,H699),C699*E699*F699*H699,IF(AND(G699,H699),C699*E699*G699*H699,IF(F699,C699*E699*F699,IF(G699,C699*E699*G699,IF(H699,C699*E699*H699,C699*E699))))))),2)","v":36.77},"Sqm",{"$nulls":3},"SSR 21-22"]
[null,"Deduct staircase landing side",1,"x",1,{"v":2.95,"d":"2.950"},{"v":0,"d":"0.000"},{"v":0.15,"d":"0.150"},{"$f":"-ROUND(IF(AND(F700:H700),C700*E700*F700*G700*H700,IF(AND(F700,G700),C700*E700*F700*G700,IF(AND(F700,H700),C700*E700*F700*H700,IF(AND(G700,H700),C700*E700*G700*H700,IF(F700,C700*E700*F700,IF(G700,C700*E700*G700,IF(H700,C700*E700*H700,C700*E700))))))),2)","v":-0.44},"Sqm",{"$nulls":3},"SSR 21-22"]
[{"$nulls":13},"SSR 21-22"]
[{"$nulls":9},"Sqm",{"$f":"data!F2294","v":304.16},"SSR 21-22",{"$f":"ROUND(I702*K702,0)","v":{"v":0,"d":"0.00"}},"SSR 21-22"]
[12,"Plastering in CM (1:5) 12mm thick  single coat including c/c of all materials and labour charges such as mixing cement mortar etc and curing etc complete for finished item of work (APSS 901,  903 & 904) ",{"$nulls":11},"SSR 22-23"]
[null,"Qty.p.44 of M.B.No.441/A/ZP/19",{"$nulls":11},"SSR 22-23"]
[null,"Alround sarpanch",1,"x",1,{"v":13.16,"d":"13.160"},{"v":0,"d":"0.000"},{"v":3.1,"d":"3.100"},{"$f":"ROUND(IF(AND(F705:H705),C705*E705*F705*G705*H705,IF(AND(F705,G705),C705*E705*F705*G705,IF(AND(F705,H705),C705*E705*F705*H705,IF(AND(G705,H705),C705*E705*G705*H705,IF(F705,C705*E705*F705,IF(G705,C705*E705*G705,IF(H705,C705*E705*H705,C705*E705))))))),2)","v":{"v":40.8,"d":"40.80"}},"Sqm",{"$nulls":3},"SSR 22-23"]
[null,"Digital room",1,"x",1,{"v":12.64,"d":"12.640"},{"v":0,"d":"0.000"},{"v":3.1,"d":"3.100"},{"$f":"ROUND(IF(AND(F706:H706),C706*E706*F706*G706*H706,IF(AND(F706,G706),C706*E706*F706*G706,IF(AND(F706,H706),C706*E706*F706*H706,IF(AND(G706,H706),C706*E706*G706*H706,IF(F706,C706*E706*F706,IF(G706,C706*E706*G706,IF(H706,C706*E706*H706,C706*E706))))))),2)","v":39.18},"Sqm",{"$nulls":3},"SSR 22-23"]
[null,"EA room",1,"x",1,{"v":11.86,"d":"11.860"},{"v":0,"d":"0.000"},{"v":3.1,"d":"3.100"},{"$f":"ROUND(IF(AND(F707:H707),C707*E707*F707*G707*H707,IF(AND(F707,G707),C707*E707*F707*G707,IF(AND(F707,H707),C707*E707*F707*H707,IF(AND(G707,H707),C707*E707*G707*H707,IF(F707,C707*E707*F707,IF(G707,C707*E707*G707,IF(H707,C707*E707*H707,C707*E707))))))),2)","v":36.77},"Sqm",{"$nulls":3},"SSR 22-23"]
[null,"Deduct staircase landing side",1,"x",1,{"v":2.95,"d":"2.950"},{"v":0,"d":"0.000"},{"v":0.15,"d":"0.150"},{"$f":"-ROUND(IF(AND(F708:H708),C708*E708*F708*G708*H708,IF(AND(F708,G708),C708*E708*F708*G708,IF(AND(F708,H708),C708*E708*F708*H708,IF(AND(G708,H708),C708*E708*G708*H708,IF(F708,C708*E708*F708,IF(G708,C708*E708*G708,IF(H708,C708*E708*H708,C708*E708))))))),2)","v":-0.44},"Sqm",{"$nulls":3},"SSR 22-23"]
[{"$nulls":13},"SSR 22-23"]
[{"$nulls":9},"Sqm",{"$f":"data!F3211","v":323.04},"SSR 22-23",{"$f":"ROUND(I710*K710,0)","v":{"v":0,"d":"0.00"}},"SSR 22-23"]
[13,"Plastering in CM (1:5) 20mm thick  single coat including c/c of all materials including all operational, incidental and labour charges such as mixing cement mortar and curing etc complete for finished item of work (APSS 901,  903 & 904)  ",{"$nulls":11},"SSR 19-20"]
[null,"Qty.p.47 of M.B.No.441/A/ZP/19",{"$nulls":11},"SSR 19-20"]
[null,"left side",1,"x",1,12.475,{"v":0,"d":"0.000"},{"v":3.1,"d":"3.100"},{"$f":"ROUND(IF(AND(F713:H713),C713*E713*F713*G713*H713,IF(AND(F713,G713),C713*E713*F713*G713,IF(AND(F713,H713),C713*E713*F713*H713,IF(AND(G713,H713),C713*E713*G713*H713,IF(F713,C713*E713*F713,IF(G713,C713*E713*G713,IF(H713,C713*E713*H713,C713*E713))))))),2)","v":38.67},"Sqm",{"$nulls":3},"SSR 19-20"]
[null,"Back side",1,"x",1,{"v":8.84,"d":"8.840"},{"v":0,"d":"0.000"},{"v":3.1,"d":"3.100"},{"$f":"ROUND(IF(AND(F714:H714),C714*E714*F714*G714*H714,IF(AND(F714,G714),C714*E714*F714*G714,IF(AND(F714,H714),C714*E714*F714*H714,IF(AND(G714,H714),C714*E714*G714*H714,IF(F714,C714*E714*F714,IF(G714,C714*E714*G714,IF(H714,C714*E714*H714,C714*E714))))))),2)","v":{"v":27.4,"d":"27.40"}},"Sqm",{"$nulls":3},"SSR 19-20"]
[null,"Deduct landing sides",1,"x",6,{"v":1.5,"d":"1.500"},{"v":0,"d":"0.000"},{"v":1.5,"d":"1.500"},{"$f":"-ROUND(IF(AND(F715:H715),C715*E715*F715*G715*H715,IF(AND(F715,G715),C715*E715*F715*G715,IF(AND(F715,H715),C715*E715*F715*H715,IF(AND(G715,H715),C715*E715*G715*H715,IF(F715,C715*E715*F715,IF(G715,C715*E715*G715,IF(H715,C715*E715*H715,C715*E715))))))),2)","v":{"v":-13.5,"d":"-13.50"}},"Sqm",{"$nulls":3},"SSR 19-20"]
[null,"deduct ventilators",1,"x",10,{"v":0.6,"d":"0.600"},{"v":0,"d":"0.000"},{"v":0.45,"d":"0.450"},{"$f":"-ROUND(IF(AND(F716:H716),C716*E716*F716*G716*H716,IF(AND(F716,G716),C716*E716*F716*G716,IF(AND(F716,H716),C716*E716*F716*H716,IF(AND(G716,H716),C716*E716*G716*H716,IF(F716,C716*E716*F716,IF(G716,C716*E716*G716,IF(H716,C716*E716*H716,C716*E716))))))),2)","v":{"v":-2.7,"d":"-2.70"}},"Sqm",{"$nulls":3},"SSR 19-20"]
[{"$nulls":13},"SSR 19-20"]
[{"$nulls":9},"Sqm",{"$f":"data!F476","v":283.28},"SSR 19-20",{"$f":"ROUND(I718*K718,0)","v":{"v":0,"d":"0.00"}},"SSR 19-20"]
[13,"Plastering in CM (1:5) 20mm thick  single coat including c/c of all materials including all operational, incidental and labour charges such as mixing cement mortar and curing etc complete for finished item of work (APSS 901,  903 & 904)  ",{"$nulls":11},"SSR 20-21"]
[null,"Qty.p.47 of M.B.No.441/A/ZP/19",{"$nulls":11},"SSR 20-21"]
[null,"left side",1,"x",1,12.475,{"v":0,"d":"0.000"},{"v":3.1,"d":"3.100"},{"$f":"ROUND(IF(AND(F721:H721),C721*E721*F721*G721*H721,IF(AND(F721,G721),C721*E721*F721*G721,IF(AND(F721,H721),C721*E721*F721*H721,IF(AND(G721,H721),C721*E721*G721*H721,IF(F721,C721*E721*F721,IF(G721,C721*E721*G721,IF(H721,C721*E721*H721,C721*E721))))))),2)","v":38.67},"Sqm",{"$nulls":3},"SSR 20-21"]
[null,"Back side",1,"x",1,{"v":8.84,"d":"8.840"},{"v":0,"d":"0.000"},{"v":3.1,"d":"3.100"},{"$f":"ROUND(IF(AND(F722:H722),C722*E722*F722*G722*H722,IF(AND(F722,G722),C722*E722*F722*G722,IF(AND(F722,H722),C722*E722*F722*H722,IF(AND(G722,H722),C722*E722*G722*H722,IF(F722,C722*E722*F722,IF(G722,C722*E722*G722,IF(H722,C722*E722*H722,C722*E722))))))),2)","v":{"v":27.4,"d":"27.40"}},"Sqm",{"$nulls":3},"SSR 20-21"]
[null,"Deduct landing sides",1,"x",6,{"v":1.5,"d":"1.500"},{"v":0,"d":"0.000"},{"v":1.5,"d":"1.500"},{"$f":"-ROUND(IF(AND(F723:H723),C723*E723*F723*G723*H723,IF(AND(F723,G723),C723*E723*F723*G723,IF(AND(F723,H723),C723*E723*F723*H723,IF(AND(G723,H723),C723*E723*G723*H723,IF(F723,C723*E723*F723,IF(G723,C723*E723*G723,IF(H723,C723*E723*H723,C723*E723))))))),2)","v":{"v":-13.5,"d":"-13.50"}},"Sqm",{"$nulls":3},"SSR 20-21"]
[null,"deduct ventilators",1,"x",10,{"v":0.6,"d":"0.600"},{"v":0,"d":"0.000"},{"v":0.45,"d":"0.450"},{"$f":"-ROUND(IF(AND(F724:H724),C724*E724*F724*G724*H724,IF(AND(F724,G724),C724*E724*F724*G724,IF(AND(F724,H724),C724*E724*F724*H724,IF(AND(G724,H724),C724*E724*G724*H724,IF(F724,C724*E724*F724,IF(G724,C724*E724*G724,IF(H724,C724*E724*H724,C724*E724))))))),2)","v":{"v":-2.7,"d":"-2.70"}},"Sqm",{"$nulls":3},"SSR 20-21"]
[{"$nulls":13},"SSR 20-21"]
[{"$nulls":9},"Sqm",{"$f":"data!F1393","v":304.66},"SSR 20-21",{"$f":"ROUND(I726*K726,0)","v":{"v":0,"d":"0.00"}},"SSR 20-21"]
[13,"Plastering in CM (1:5) 20mm thick  single coat including c/c of all materials including all operational, incidental and labour charges such as mixing cement mortar and curing etc complete for finished item of work (APSS 901,  903 & 904)  ",{"$nulls":11},"SSR 21-22"]
[null,"Qty.p.47 of M.B.No.441/A/ZP/19",{"$nulls":11},"SSR 21-22"]
[null,"left side",1,"x",1,12.475,{"v":0,"d":"0.000"},{"v":3.1,"d":"3.100"},{"$f":"ROUND(IF(AND(F729:H729),C729*E729*F729*G729*H729,IF(AND(F729,G729),C729*E729*F729*G729,IF(AND(F729,H729),C729*E729*F729*H729,IF(AND(G729,H729),C729*E729*G729*H729,IF(F729,C729*E729*F729,IF(G729,C729*E729*G729,IF(H729,C729*E729*H729,C729*E729))))))),2)","v":38.67},"Sqm",{"$nulls":3},"SSR 21-22"]
[null,"Back side",1,"x",1,{"v":8.84,"d":"8.840"},{"v":0,"d":"0.000"},{"v":3.1,"d":"3.100"},{"$f":"ROUND(IF(AND(F730:H730),C730*E730*F730*G730*H730,IF(AND(F730,G730),C730*E730*F730*G730,IF(AND(F730,H730),C730*E730*F730*H730,IF(AND(G730,H730),C730*E730*G730*H730,IF(F730,C730*E730*F730,IF(G730,C730*E730*G730,IF(H730,C730*E730*H730,C730*E730))))))),2)","v":{"v":27.4,"d":"27.40"}},"Sqm",{"$nulls":3},"SSR 21-22"]
[null,"Deduct landing sides",1,"x",6,{"v":1.5,"d":"1.500"},{"v":0,"d":"0.000"},{"v":1.5,"d":"1.500"},{"$f":"-ROUND(IF(AND(F731:H731),C731*E731*F731*G731*H731,IF(AND(F731,G731),C731*E731*F731*G731,IF(AND(F731,H731),C731*E731*F731*H731,IF(AND(G731,H731),C731*E731*G731*H731,IF(F731,C731*E731*F731,IF(G731,C731*E731*G731,IF(H731,C731*E731*H731,C731*E731))))))),2)","v":{"v":-13.5,"d":"-13.50"}},"Sqm",{"$nulls":3},"SSR 21-22"]
[null,"deduct ventilators",1,"x",10,{"v":0.6,"d":"0.600"},{"v":0,"d":"0.000"},{"v":0.45,"d":"0.450"},{"$f":"-ROUND(IF(AND(F732:H732),C732*E732*F732*G732*H732,IF(AND(F732,G732),C732*E732*F732*G732,IF(AND(F732,H732),C732*E732*F732*H732,IF(AND(G732,H732),C732*E732*G732*H732,IF(F732,C732*E732*F732,IF(G732,C732*E732*G732,IF(H732,C732*E732*H732,C732*E732))))))),2)","v":{"v":-2.7,"d":"-2.70"}},"Sqm",{"$nulls":3},"SSR 21-22"]
[{"$nulls":13},"SSR 21-22"]
[{"$nulls":9},"Sqm",{"$f":"data!F2310","v":323.85},"SSR 21-22",{"$f":"ROUND(I734*K734,0)","v":{"v":0,"d":"0.00"}},"SSR 21-22"]
[13,"Plastering in CM (1:5) 20mm thick  single coat including c/c of all materials including all operational, incidental and labour charges such as mixing cement mortar and curing etc complete for finished item of work (APSS 901,  903 & 904)  ",{"$nulls":11},"SSR 22-23"]
[null,"Qty.p.47 of M.B.No.441/A/ZP/19",{"$nulls":11},"SSR 22-23"]
[null,"left side",1,"x",1,12.475,{"v":0,"d":"0.000"},{"v":3.1,"d":"3.100"},{"$f":"ROUND(IF(AND(F737:H737),C737*E737*F737*G737*H737,IF(AND(F737,G737),C737*E737*F737*G737,IF(AND(F737,H737),C737*E737*F737*H737,IF(AND(G737,H737),C737*E737*G737*H737,IF(F737,C737*E737*F737,IF(G737,C737*E737*G737,IF(H737,C737*E737*H737,C737*E737))))))),2)","v":38.67},"Sqm",{"$nulls":3},"SSR 22-23"]
[null,"Back side",1,"x",1,{"v":8.84,"d":"8.840"},{"v":0,"d":"0.000"},{"v":3.1,"d":"3.100"},{"$f":"ROUND(IF(AND(F738:H738),C738*E738*F738*G738*H738,IF(AND(F738,G738),C738*E738*F738*G738,IF(AND(F738,H738),C738*E738*F738*H738,IF(AND(G738,H738),C738*E738*G738*H738,IF(F738,C738*E738*F738,IF(G738,C738*E738*G738,IF(H738,C738*E738*H738,C738*E738))))))),2)","v":{"v":27.4,"d":"27.40"}},"Sqm",{"$nulls":3},"SSR 22-23"]
[null,"Deduct landing sides",1,"x",6,{"v":1.5,"d":"1.500"},{"v":0,"d":"0.000"},{"v":1.5,"d":"1.500"},{"$f":"-ROUND(IF(AND(F739:H739),C739*E739*F739*G739*H739,IF(AND(F739,G739),C739*E739*F739*G739,IF(AND(F739,H739),C739*E739*F739*H739,IF(AND(G739,H739),C739*E739*G739*H739,IF(F739,C739*E739*F739,IF(G739,C739*E739*G739,IF(H739,C739*E739*H739,C739*E739))))))),2)","v":{"v":-13.5,"d":"-13.50"}},"Sqm",{"$nulls":3},"SSR 22-23"]
[null,"deduct ventilators",1,"x",10,{"v":0.6,"d":"0.600"},{"v":0,"d":"0.000"},{"v":0.45,"d":"0.450"},{"$f":"-ROUND(IF(AND(F740:H740),C740*E740*F740*G740*H740,IF(AND(F740,G740),C740*E740*F740*G740,IF(AND(F740,H740),C740*E740*F740*H740,IF(AND(G740,H740),C740*E740*G740*H740,IF(F740,C740*E740*F740,IF(G740,C740*E740*G740,IF(H740,C740*E740*H740,C740*E740))))))),2)","v":{"v":-2.7,"d":"-2.70"}},"Sqm",{"$nulls":3},"SSR 22-23"]
[{"$nulls":13},"SSR 22-23"]
[{"$nulls":9},"Sqm",{"$f":"data!F3227","v":343.23},"SSR 22-23",{"$f":"ROUND(I742*K742,0)","v":{"v":0,"d":"0.00"}},"SSR 22-23"]
[10,"Plastering to brick masonary wall with  12mm thick double coat in CM (1:5) 8 mm thick base coat and CM (1:3) of 4mm thick top coat with dubara sponge finish including c/c of all materials including all operational, incidental and labour charges such as mixing cement mortar and curing etc complete for finished item of work (APSS 901,  903 & 904) ",{"$nulls":11},"SSR 19-20"]
[null,"Qty.p.22 of M.B.No.1186/A/ZP/20",null,"26.06.2023",{"$nulls":9},"SSR 19-20"]
[null,"Staff room",1,"x",1,{"v":11.68,"d":"11.680"},{"v":0,"d":"0.000"},{"v":3.1,"d":"3.100"},{"$f":"ROUND(IF(AND(F745:H745),C745*E745*F745*G745*H745,IF(AND(F745,G745),C745*E745*F745*G745,IF(AND(F745,H745),C745*E745*F745*H745,IF(AND(G745,H745),C745*E745*G745*H745,IF(F745,C745*E745*F745,IF(G745,C745*E745*G745,IF(H745,C745*E745*H745,C745*E745))))))),2)","v":36.21},"Sqm",{"$nulls":3},"SSR 19-20"]
[null,"Digital room",1,"x",1,{"v":12.26,"d":"12.260"},{"v":0,"d":"0.000"},{"v":3.1,"d":"3.100"},38.01,"Sqm",{"$nulls":3},"SSR 19-20"]
[null,"Sarpanch room",1,"x",1,{"v":12.74,"d":"12.740"},{"v":0,"d":"0.000"},{"v":3.1,"d":"3.100"},39.49,"Sqm",{"$nulls":3},"SSR 19-20"]
[null,"Carridor two sides",1,"x",1,{"v":11.93,"d":"11.930"},{"v":0,"d":"0.000"},{"v":3.1,"d":"3.100"},36.98,"Sqm",{"$nulls":3},"SSR 19-20"]
[null,null,1,"x",1,{"v":9.42,"d":"9.420"},{"v":0,"d":"0.000"},{"v":3.1,"d":"3.100"},{"v":29.2,"d":"29.20"},"Sqm",{"$nulls":3},"SSR 19-20"]
[null,"Front and back side",1,"x",2,{"v":1.8,"d":"1.800"},{"v":0,"d":"0.000"},{"v":3.1,"d":"3.100"},11.16,"Sqm",{"$nulls":3},"SSR 19-20"]
[null,"meet",1,"x",1,{"v":22.92,"d":"22.920"},{"v":0,"d":"0.000"},{"v":3.1,"d":"3.100"},71.05,"Sqm",{"$nulls":3},"SSR 19-20"]
[null,"gents tiolet",1,"x",1,{"v":9.46,"d":"9.460"},{"v":0,"d":"0.000"},{"v":1,"d":"1.000"},9.46,"Sqm",{"$nulls":3},"SSR 19-20"]
[null,"Ladies tiolet",1,"x",1,{"v":6.06,"d":"6.060"},{"v":0,"d":"0.000"},{"v":1,"d":"1.000"},6.06,"Sqm",{"$nulls":3},"SSR 19-20"]
[null,"Sarpanch tiolet",1,"x",1,{"v":6.06,"d":"6.060"},{"v":0,"d":"0.000"},{"v":1,"d":"1.000"},6.06,"Sqm",{"$nulls":3},"SSR 19-20"]
[null,"Parapet back side",1,"x",1,{"v":10.7,"d":"10.700"},{"v":0,"d":"0.000"},{"v":1.6,"d":"1.600"},17.12,"Sqm",{"$nulls":3},"SSR 19-20"]
[null,"At steps below landing",1,"x",1,{"v":2.68,"d":"2.680"},{"v":0,"d":"0.000"},{"v":1.2,"d":"1.200"},3.22,"Sqm",{"$nulls":3},"SSR 19-20"]
[null,"Side of wall",1,"x",1,{"v":0.85,"d":"0.850"},{"v":0,"d":"0.000"},{"v":1.2,"d":"1.200"},1.02,"Sqm",{"$nulls":3},"SSR 19-20"]
[null,"above landing",1,"x",1,{"v":2.68,"d":"2.680"},{"v":0,"d":"0.000"},{"v":1.2,"d":"1.200"},3.22,"Sqm",{"$nulls":3},"SSR 19-20"]
[null,"Side wall",1,"x",2,{"v":0.85,"d":"0.850"},{"v":0,"d":"0.000"},{"v":1.2,"d":"1.200"},2.04,"Sqm",{"$nulls":3},"SSR 19-20"]
[null,"Deduct opening",1,"x",1,{"v":1.2,"d":"1.200"},{"v":0,"d":"0.000"},{"v":1.1,"d":"1.100"},{"$f":"-ROUND(IF(AND(F760:H760),C760*E760*F760*G760*H760,IF(AND(F760,G760),C760*E760*F760*G760,IF(AND(F760,H760),C760*E760*F760*H760,IF(AND(G760,H760),C760*E760*G760*H760,IF(F760,C760*E760*F760,IF(G760,C760*E760*G760,IF(H760,C760*E760*H760,C760*E760))))))),2)","v":-1.32},"Sqm",{"$nulls":3},"SSR 19-20"]
[null,"Wall at front side",1,"x",1,{"v":5.27,"d":"5.270"},{"v":0,"d":"0.000"},{"v":1.9,"d":"1.900"},{"$f":"ROUND(IF(AND(F761:H761),C761*E761*F761*G761*H761,IF(AND(F761,G761),C761*E761*F761*G761,IF(AND(F761,H761),C761*E761*F761*H761,IF(AND(G761,H761),C761*E761*G761*H761,IF(F761,C761*E761*F761,IF(G761,C761*E761*G761,IF(H761,C761*E761*H761,C761*E761))))))),2)","v":10.01},"Sqm",{"$nulls":3},"SSR 19-20"]
[null,null,1,"x",2,{"v":2.5,"d":"2.500"},{"v":0,"d":"0.000"},{"v":1.9,"d":"1.900"},{"v":9.5,"d":"9.50"},"Sqm",{"$nulls":3},"SSR 19-20"]
[null,"Deduct door",1,"x",2,{"v":1.2,"d":"1.200"},{"v":0,"d":"0.000"},{"v":2.1,"d":"2.100"},{"$f":"-ROUND(IF(AND(F763:H763),C763*E763*F763*G763*H763,IF(AND(F763,G763),C763*E763*F763*G763,IF(AND(F763,H763),C763*E763*F763*H763,IF(AND(G763,H763),C763*E763*G763*H763,IF(F763,C763*E763*F763,IF(G763,C763*E763*G763,IF(H763,C763*E763*H763,C763*E763))))))),2)","v":-5.04},"Sqm",{"$nulls":3},"SSR 19-20"]
[null,"Deduct door",2,"x",4,{"v":1.05,"d":"1.050"},{"v":0,"d":"0.000"},{"v":2.1,"d":"2.100"},-17.64,"Sqm",{"$nulls":3},"SSR 19-20"]
[null,"Deduct door",1,"x",3,{"v":0.75,"d":"0.750"},{"v":0,"d":"0.000"},{"v":2.1,"d":"2.100"},-4.73,"Sqm",{"$nulls":3},"SSR 19-20"]
[null,"Deduct door",1,"x",2,{"v":1.2,"d":"1.200"},{"v":0,"d":"0.000"},{"v":2.1,"d":"2.100"},-5.04,"Sqm",{"$nulls":3},"SSR 19-20"]
[null,"Deduct windows",1,"x",7,{"v":1.5,"d":"1.500"},{"v":0,"d":"0.000"},{"v":1.35,"d":"1.350"},-14.18,"Sqm",{"$nulls":3},"SSR 19-20"]
[null,"deduct ventilators",1,"x",12,{"v":0.6,"d":"0.600"},{"v":0,"d":"0.000"},{"v":0.3,"d":"0.300"},-2.16,"Sqm",{"$nulls":3},"SSR 19-20"]
[{"$nulls":13},"SSR 19-20"]
[{"$nulls":9},"Sqm",{"$f":"data!F512","v":348.66},"SSR 19-20",{"$f":"ROUND(I770*K770,0)","v":{"v":0,"d":"0.00"}},"SSR 19-20"]
[11,"Plastering to brick masonary wall with  12mm thick double coat in CM (1:5) 8 mm thick base coat and CM (1:3) of 4mm thick top coat with dubara sponge finish including c/c of all materials including all operational, incidental and labour charges such as mixing cement mortar and curing etc complete for finished item of work (APSS 901,  903 & 904) ",{"$nulls":11},"SSR 20-21"]
[null,"Qty.p.8 of M.B.No.432/A/ZP/19",{"$nulls":11},"SSR 20-21"]
[null,"Meeting Hall",1,"x",1,{"v":17.4,"d":"17.400"},{"v":0,"d":"0.000"},3.175,{"$f":"ROUND(IF(AND(F773:H773),C773*E773*F773*G773*H773,IF(AND(F773,G773),C773*E773*F773*G773,IF(AND(F773,H773),C773*E773*F773*H773,IF(AND(G773,H773),C773*E773*G773*H773,IF(F773,C773*E773*F773,IF(G773,C773*E773*G773,IF(H773,C773*E773*H773,C773*E773))))))),2)","v":55.25},"Sqm",{"$nulls":3},"SSR 20-21"]
[null,"Deduct door",1,"x",2,{"v":1,"d":"1.000"},{"v":0,"d":"0.000"},{"v":2.1,"d":"2.100"},{"$f":"-ROUND(IF(AND(F774:H774),C774*E774*F774*G774*H774,IF(AND(F774,G774),C774*E774*F774*G774,IF(AND(F774,H774),C774*E774*F774*H774,IF(AND(G774,H774),C774*E774*G774*H774,IF(F774,C774*E774*F774,IF(G774,C774*E774*G774,IF(H774,C774*E774*H774,C774*E774))))))),2)","v":{"v":-4.2,"d":"-4.20"}},"Sqm",{"$nulls":3},"SSR 20-21"]
[null,"Deduct windows",1,"x",2,{"v":1.4,"d":"1.400"},{"v":0,"d":"0.000"},{"v":1.45,"d":"1.450"},{"$f":"-ROUND(IF(AND(F775:H775),C775*E775*F775*G775*H775,IF(AND(F775,G775),C775*E775*F775*G775,IF(AND(F775,H775),C775*E775*F775*H775,IF(AND(G775,H775),C775*E775*G775*H775,IF(F775,C775*E775*F775,IF(G775,C775*E775*G775,IF(H775,C775*E775*H775,C775*E775))))))),2)","v":-4.06},"Sqm",{"$nulls":3},"SSR 20-21"]
[null,"deduct ventilators",1,"x",2,{"v":0.6,"d":"0.600"},{"v":0,"d":"0.000"},{"v":0.3,"d":"0.300"},{"$f":"-ROUND(IF(AND(F776:H776),C776*E776*F776*G776*H776,IF(AND(F776,G776),C776*E776*F776*G776,IF(AND(F776,H776),C776*E776*F776*H776,IF(AND(G776,H776),C776*E776*G776*H776,IF(F776,C776*E776*F776,IF(G776,C776*E776*G776,IF(H776,C776*E776*H776,C776*E776))))))),2)","v":-0.36},"Sqm",{"$nulls":3},"SSR 20-21"]
[null,"Carridor alround",1,"x",1,{"v":21.6,"d":"21.600"},{"v":0,"d":"0.000"},3.175,{"$f":"ROUND(IF(AND(F777:H777),C777*E777*F777*G777*H777,IF(AND(F777,G777),C777*E777*F777*G777,IF(AND(F777,H777),C777*E777*F777*H777,IF(AND(G777,H777),C777*E777*G777*H777,IF(F777,C777*E777*F777,IF(G777,C777*E777*G777,IF(H777,C777*E777*H777,C777*E777))))))),2)","v":68.58},"Sqm",{"$nulls":3},"SSR 20-21"]
[null,"Deduct door",1,"x",1,{"v":1.2,"d":"1.200"},{"v":0,"d":"0.000"},{"v":2.1,"d":"2.100"},{"$f":"-ROUND(IF(AND(F778:H778),C778*E778*F778*G778*H778,IF(AND(F778,G778),C778*E778*F778*G778,IF(AND(F778,H778),C778*E778*F778*H778,IF(AND(G778,H778),C778*E778*G778*H778,IF(F778,C778*E778*F778,IF(G778,C778*E778*G778,IF(H778,C778*E778*H778,C778*E778))))))),2)","v":-2.52},"Sqm",{"$nulls":3},"SSR 20-21"]
[null,"Deduct door",1,"x",4,{"v":1,"d":"1.000"},{"v":0,"d":"0.000"},{"v":2.1,"d":"2.100"},{"$f":"-ROUND(IF(AND(F779:H779),C779*E779*F779*G779*H779,IF(AND(F779,G779),C779*E779*F779*G779,IF(AND(F779,H779),C779*E779*F779*H779,IF(AND(G779,H779),C779*E779*G779*H779,IF(F779,C779*E779*F779,IF(G779,C779*E779*G779,IF(H779,C779*E779*H779,C779*E779))))))),2)","v":{"v":-8.4,"d":"-8.40"}},"Sqm",{"$nulls":3},"SSR 20-21"]
[null,"Deduct door",1,"x",2,{"v":0.75,"d":"0.750"},{"v":0,"d":"0.000"},{"v":2.1,"d":"2.100"},{"$f":"-ROUND(IF(AND(F780:H780),C780*E780*F780*G780*H780,IF(AND(F780,G780),C780*E780*F780*G780,IF(AND(F780,H780),C780*E780*F780*H780,IF(AND(G780,H780),C780*E780*G780*H780,IF(F780,C780*E780*F780,IF(G780,C780*E780*G780,IF(H780,C780*E780*H780,C780*E780))))))),2)","v":-3.15},"Sqm",{"$nulls":3},"SSR 20-21"]
[null,"Deduct windows",1,"x",1,{"v":1.4,"d":"1.400"},{"v":0,"d":"0.000"},{"v":1.45,"d":"1.450"},{"$f":"-ROUND(IF(AND(F781:H781),C781*E781*F781*G781*H781,IF(AND(F781,G781),C781*E781*F781*G781,IF(AND(F781,H781),C781*E781*F781*H781,IF(AND(G781,H781),C781*E781*G781*H781,IF(F781,C781*E781*F781,IF(G781,C781*E781*G781,IF(H781,C781*E781*H781,C781*E781))))))),2)","v":-2.03},"Sqm",{"$nulls":3},"SSR 20-21"]
[null,"deduct ventilators",1,"x",1,{"v":0.6,"d":"0.600"},{"v":0,"d":"0.000"},{"v":0.3,"d":"0.300"},{"$f":"-ROUND(IF(AND(F782:H782),C782*E782*F782*G782*H782,IF(AND(F782,G782),C782*E782*F782*G782,IF(AND(F782,H782),C782*E782*F782*H782,IF(AND(G782,H782),C782*E782*G782*H782,IF(F782,C782*E782*F782,IF(G782,C782*E782*G782,IF(H782,C782*E782*H782,C782*E782))))))),2)","v":-0.18},"Sqm",{"$nulls":3},"SSR 20-21"]
[null,"Sarpanch room alround",1,"x",1,{"v":13.1,"d":"13.100"},{"v":0,"d":"0.000"},3.175,{"$f":"ROUND(IF(AND(F783:H783),C783*E783*F783*G783*H783,IF(AND(F783,G783),C783*E783*F783*G783,IF(AND(F783,H783),C783*E783*F783*H783,IF(AND(G783,H783),C783*E783*G783*H783,IF(F783,C783*E783*F783,IF(G783,C783*E783*G783,IF(H783,C783*E783*H783,C783*E783))))))),2)","v":41.59},"Sqm",{"$nulls":3},"SSR 20-21"]
[null,"Deduct door",1,"x",1,{"v":1,"d":"1.000"},{"v":0,"d":"0.000"},{"v":2.1,"d":"2.100"},{"$f":"-ROUND(IF(AND(F784:H784),C784*E784*F784*G784*H784,IF(AND(F784,G784),C784*E784*F784*G784,IF(AND(F784,H784),C784*E784*F784*H784,IF(AND(G784,H784),C784*E784*G784*H784,IF(F784,C784*E784*F784,IF(G784,C784*E784*G784,IF(H784,C784*E784*H784,C784*E784))))))),2)","v":{"v":-2.1,"d":"-2.10"}},"Sqm",{"$nulls":3},"SSR 20-21"]
[null,"Deduct windows",1,"x",2,{"v":1.4,"d":"1.400"},{"v":0,"d":"0.000"},{"v":1.45,"d":"1.450"},{"$f":"-ROUND(IF(AND(F785:H785),C785*E785*F785*G785*H785,IF(AND(F785,G785),C785*E785*F785*G785,IF(AND(F785,H785),C785*E785*F785*H785,IF(AND(G785,H785),C785*E785*G785*H785,IF(F785,C785*E785*F785,IF(G785,C785*E785*G785,IF(H785,C785*E785*H785,C785*E785))))))),2)","v":-4.06},"Sqm",{"$nulls":3},"SSR 20-21"]
[null,"deduct ventilators",1,"x",1,{"v":0.6,"d":"0.600"},{"v":0,"d":"0.000"},{"v":0.3,"d":"0.300"},{"$f":"-ROUND(IF(AND(F786:H786),C786*E786*F786*G786*H786,IF(AND(F786,G786),C786*E786*F786*G786,IF(AND(F786,H786),C786*E786*F786*H786,IF(AND(G786,H786),C786*E786*G786*H786,IF(F786,C786*E786*F786,IF(G786,C786*E786*G786,IF(H786,C786*E786*H786,C786*E786))))))),2)","v":-0.18},"Sqm",{"$nulls":3},"SSR 20-21"]
[null,"Digital store room alround",1,"x",1,{"v":11.9,"d":"11.900"},{"v":0,"d":"0.000"},3.175,37.78,"Sqm",{"$nulls":3},"SSR 20-21"]
[null,"Deduct door",1,"x",1,{"v":1,"d":"1.000"},{"v":0,"d":"0.000"},{"v":2.1,"d":"2.100"},{"$f":"-ROUND(IF(AND(F788:H788),C788*E788*F788*G788*H788,IF(AND(F788,G788),C788*E788*F788*G788,IF(AND(F788,H788),C788*E788*F788*H788,IF(AND(G788,H788),C788*E788*G788*H788,IF(F788,C788*E788*F788,IF(G788,C788*E788*G788,IF(H788,C788*E788*H788,C788*E788))))))),2)","v":{"v":-2.1,"d":"-2.10"}},"Sqm",{"$nulls":3},"SSR 20-21"]
[null,"Deduct windows",1,"x",1,{"v":1.4,"d":"1.400"},{"v":0,"d":"0.000"},{"v":1.45,"d":"1.450"},{"$f":"-ROUND(IF(AND(F789:H789),C789*E789*F789*G789*H789,IF(AND(F789,G789),C789*E789*F789*G789,IF(AND(F789,H789),C789*E789*F789*H789,IF(AND(G789,H789),C789*E789*G789*H789,IF(F789,C789*E789*F789,IF(G789,C789*E789*G789,IF(H789,C789*E789*H789,C789*E789))))))),2)","v":-2.03},"Sqm",{"$nulls":3},"SSR 20-21"]
[null,"deduct ventilators",1,"x",1,{"v":0.6,"d":"0.600"},{"v":0,"d":"0.000"},{"v":0.3,"d":"0.300"},{"$f":"-ROUND(IF(AND(F790:H790),C790*E790*F790*G790*H790,IF(AND(F790,G790),C790*E790*F790*G790,IF(AND(F790,H790),C790*E790*F790*H790,IF(AND(G790,H790),C790*E790*G790*H790,IF(F790,C790*E790*F790,IF(G790,C790*E790*G790,IF(H790,C790*E790*H790,C790*E790))))))),2)","v":-0.18},"Sqm",{"$nulls":3},"SSR 20-21"]
[null,"Staff room alround",1,"x",1,{"v":12,"d":"12.000"},{"v":0,"d":"0.000"},3.175,{"v":38.1,"d":"38.10"},"Sqm",{"$nulls":3},"SSR 20-21"]
[null,"Deduct door",1,"x",1,{"v":1,"d":"1.000"},{"v":0,"d":"0.000"},{"v":2.1,"d":"2.100"},{"$f":"-ROUND(IF(AND(F792:H792),C792*E792*F792*G792*H792,IF(AND(F792,G792),C792*E792*F792*G792,IF(AND(F792,H792),C792*E792*F792*H792,IF(AND(G792,H792),C792*E792*G792*H792,IF(F792,C792*E792*F792,IF(G792,C792*E792*G792,IF(H792,C792*E792*H792,C792*E792))))))),2)","v":{"v":-2.1,"d":"-2.10"}},"Sqm",{"$nulls":3},"SSR 20-21"]
[null,"Deduct windows",1,"x",1,{"v":1.4,"d":"1.400"},{"v":0,"d":"0.000"},{"v":1.45,"d":"1.450"},{"$f":"-ROUND(IF(AND(F793:H793),C793*E793*F793*G793*H793,IF(AND(F793,G793),C793*E793*F793*G793,IF(AND(F793,H793),C793*E793*F793*H793,IF(AND(G793,H793),C793*E793*G793*H793,IF(F793,C793*E793*F793,IF(G793,C793*E793*G793,IF(H793,C793*E793*H793,C793*E793))))))),2)","v":-2.03},"Sqm",{"$nulls":3},"SSR 20-21"]
[null,"deduct ventilators",1,"x",1,{"v":0.6,"d":"0.600"},{"v":0,"d":"0.000"},{"v":0.3,"d":"0.300"},{"$f":"-ROUND(IF(AND(F794:H794),C794*E794*F794*G794*H794,IF(AND(F794,G794),C794*E794*F794*G794,IF(AND(F794,H794),C794*E794*F794*H794,IF(AND(G794,H794),C794*E794*G794*H794,IF(F794,C794*E794*F794,IF(G794,C794*E794*G794,IF(H794,C794*E794*H794,C794*E794))))))),2)","v":-0.18},"Sqm",{"$nulls":3},"SSR 20-21"]
[null,"Tiolet - Sarpanch",1,"x",1,{"v":6.02,"d":"6.020"},{"v":0,"d":"0.000"},3.175,19.11,"Sqm",{"$nulls":3},"SSR 20-21"]
[null,"Ladies tiolet",1,"x",1,{"v":6.14,"d":"6.140"},{"v":0,"d":"0.000"},3.175,19.49,"Sqm",{"$nulls":3},"SSR 20-21"]
[null,"Combined bath room",1,"x",1,{"v":6.14,"d":"6.140"},{"v":0,"d":"0.000"},3.175,19.49,"Sqm",{"$nulls":3},"SSR 20-21"]
[null,null,1,"x",1,{"v":6.02,"d":"6.020"},{"v":0,"d":"0.000"},3.175,19.11,"Sqm",{"$nulls":3},"SSR 20-21"]
[null,"Deduct door",1,"x",4,{"v":0.75,"d":"0.750"},{"v":0,"d":"0.000"},{"v":2.1,"d":"2.100"},{"$f":"-ROUND(IF(AND(F799:H799),C799*E799*F799*G799*H799,IF(AND(F799,G799),C799*E799*F799*G799,IF(AND(F799,H799),C799*E799*F799*H799,IF(AND(G799,H799),C799*E799*G799*H799,IF(F799,C799*E799*F799,IF(G799,C799*E799*G799,IF(H799,C799*E799*H799,C799*E799))))))),2)","v":{"v":-6.3,"d":"-6.30"}},"Sqm",{"$nulls":3},"SSR 20-21"]
[null,"deduct ventilators",1,"x",3,{"v":0.3,"d":"0.300"},{"v":0,"d":"0.000"},{"v":0.3,"d":"0.300"},{"$f":"-ROUND(IF(AND(F800:H800),C800*E800*F800*G800*H800,IF(AND(F800,G800),C800*E800*F800*G800,IF(AND(F800,H800),C800*E800*F800*H800,IF(AND(G800,H800),C800*E800*G800*H800,IF(F800,C800*E800*F800,IF(G800,C800*E800*G800,IF(H800,C800*E800*H800,C800*E800))))))),2)","v":-0.27},"Sqm",{"$nulls":3},"SSR 20-21"]
[null,"B1-B3",1,"x",1,{"v":8.3,"d":"8.300"},{"v":0,"d":"0.000"},3.175,26.35,"Sqm",{"$nulls":3},"SSR 20-21"]
[null,"Deduct door",1,"x",2,{"v":1.2,"d":"1.200"},{"v":0,"d":"0.000"},{"v":2.1,"d":"2.100"},{"$f":"-ROUND(IF(AND(F802:H802),C802*E802*F802*G802*H802,IF(AND(F802,G802),C802*E802*F802*G802,IF(AND(F802,H802),C802*E802*F802*H802,IF(AND(G802,H802),C802*E802*G802*H802,IF(F802,C802*E802*F802,IF(G802,C802*E802*G802,IF(H802,C802*E802*H802,C802*E802))))))),2)","v":-5.04},"Sqm",{"$nulls":3},"SSR 20-21"]
[null,"A1-A2",1,"x",1,{"v":3.62,"d":"3.620"},{"v":0,"d":"0.000"},3.175,11.49,"Sqm",{"$nulls":3},"SSR 20-21"]
[null,"Visitors room wall inside",1,"x",1,{"v":4.83,"d":"4.830"},{"v":0,"d":"0.000"},{"v":0.9,"d":"0.900"},4.35,"Sqm",{"$nulls":3},"SSR 20-21"]
[null,null,1,"x",1,{"v":2.66,"d":"2.660"},{"v":0,"d":"0.000"},{"v":0.9,"d":"0.900"},2.39,"Sqm",{"$nulls":3},"SSR 20-21"]
[null,"Deduct door",1,"x",1,{"v":1.2,"d":"1.200"},{"v":0,"d":"0.000"},{"v":0.9,"d":"0.900"},{"$f":"-ROUND(IF(AND(F806:H806),C806*E806*F806*G806*H806,IF(AND(F806,G806),C806*E806*F806*G806,IF(AND(F806,H806),C806*E806*F806*H806,IF(AND(G806,H806),C806*E806*G806*H806,IF(F806,C806*E806*F806,IF(G806,C806*E806*G806,IF(H806,C806*E806*H806,C806*E806))))))),2)","v":-1.08},"Sqm",{"$nulls":3},"SSR 20-21"]
[null,"Staircase portion A1-B1 upto MLB",1,"x",1,{"v":2.72,"d":"2.720"},{"v":0,"d":"0.000"},{"v":1.5,"d":"1.500"},{"$f":"ROUND(IF(AND(F807:H807),C807*E807*F807*G807*H807,IF(AND(F807,G807),C807*E807*F807*G807,IF(AND(F807,H807),C807*E807*F807*H807,IF(AND(G807,H807),C807*E807*G807*H807,IF(F807,C807*E807*F807,IF(G807,C807*E807*G807,IF(H807,C807*E807*H807,C807*E807))))))),2)","v":4.08},"Sqm",{"$nulls":3},"SSR 20-21"]
[null,"Deduct opening for elevation",1,"x",1,{"v":1.27,"d":"1.270"},{"v":0,"d":"0.000"},{"v":1.5,"d":"1.500"},{"$f":"-ROUND(IF(AND(F808:H808),C808*E808*F808*G808*H808,IF(AND(F808,G808),C808*E808*F808*G808,IF(AND(F808,H808),C808*E808*F808*H808,IF(AND(G808,H808),C808*E808*G808*H808,IF(F808,C808*E808*F808,IF(G808,C808*E808*G808,IF(H808,C808*E808*H808,C808*E808))))))),2)","v":-1.91},"Sqm",{"$nulls":3},"SSR 20-21"]
[null,"A1-A1 & B1-B1",1,"x",2,{"v":0.77,"d":"0.770"},{"v":0,"d":"0.000"},{"v":1.2,"d":"1.200"},{"$f":"ROUND(IF(AND(F809:H809),C809*E809*F809*G809*H809,IF(AND(F809,G809),C809*E809*F809*G809,IF(AND(F809,H809),C809*E809*F809*H809,IF(AND(G809,H809),C809*E809*G809*H809,IF(F809,C809*E809*F809,IF(G809,C809*E809*G809,IF(H809,C809*E809*H809,C809*E809))))))),2)","v":1.85},"Sqm",{"$nulls":3},"SSR 20-21"]
[null,"Above MLB A1-B1",1,"x",1,{"v":2.72,"d":"2.720"},{"v":0,"d":"0.000"},{"v":1.65,"d":"1.650"},4.49,"Sqm",{"$nulls":3},"SSR 20-21"]
[null,"A1-A1 & B1-B1",1,"x",2,{"v":0.77,"d":"0.770"},{"v":0,"d":"0.000"},{"v":1.65,"d":"1.650"},2.54,"Sqm",{"$nulls":3},"SSR 20-21"]
[null,"Deduct opening for elevation",1,"x",1,{"v":1.27,"d":"1.270"},{"v":0,"d":"0.000"},{"v":1.2,"d":"1.200"},{"$f":"-ROUND(IF(AND(F812:H812),C812*E812*F812*G812*H812,IF(AND(F812,G812),C812*E812*F812*G812,IF(AND(F812,H812),C812*E812*F812*H812,IF(AND(G812,H812),C812*E812*G812*H812,IF(F812,C812*E812*F812,IF(G812,C812*E812*G812,IF(H812,C812*E812*H812,C812*E812))))))),2)","v":-1.52},"Sqm",{"$nulls":3},"SSR 20-21"]
[null,"Opening portion sides doors",1,"x",3,{"v":5.4,"d":"5.400"},0.115,{"v":0,"d":"0.000"},{"$f":"ROUND(IF(AND(F813:H813),C813*E813*F813*G813*H813,IF(AND(F813,G813),C813*E813*F813*G813,IF(AND(F813,H813),C813*E813*F813*H813,IF(AND(G813,H813),C813*E813*G813*H813,IF(F813,C813*E813*F813,IF(G813,C813*E813*G813,IF(H813,C813*E813*H813,C813*E813))))))),2)","v":1.86},"Sqm",{"$nulls":3},"SSR 20-21"]
[null,null,1,"x",3,{"v":5.2,"d":"5.200"},0.115,{"v":0,"d":"0.000"},1.79,"Sqm",{"$nulls":3},"SSR 20-21"]
[null,"Tiolet doors",1,"x",3,{"v":4.95,"d":"4.950"},0.115,{"v":0,"d":"0.000"},1.71,"Sqm",{"$nulls":3},"SSR 20-21"]
[null,null,1,"x",1,{"v":4.95,"d":"4.950"},{"v":0.23,"d":"0.230"},{"v":0,"d":"0.000"},1.14,"Sqm",{"$nulls":3},"SSR 20-21"]
[null,"Windows opening sides",1,"x",7,{"v":5.7,"d":"5.700"},{"v":0.23,"d":"0.230"},{"v":0,"d":"0.000"},9.18,"Sqm",{"$nulls":3},"SSR 20-21"]
[null,"Ventilators sides",1,"x",6,{"v":1.8,"d":"1.800"},{"v":0.23,"d":"0.230"},{"v":0,"d":"0.000"},{"$f":"ROUND(IF(AND(F818:H818),C818*E818*F818*G818*H818,IF(AND(F818,G818),C818*E818*F818*G818,IF(AND(F818,H818),C818*E818*F818*H818,IF(AND(G818,H818),C818*E818*G818*H818,IF(F818,C818*E818*F818,IF(G818,C818*E818*G818,IF(H818,C818*E818*H818,C818*E818))))))),2)","v":2.48},"Sqm",{"$nulls":3},"SSR 20-21"]
[null,"tiolet ventilators sides",1,"x",3,{"v":1.2,"d":"1.200"},{"v":0.23,"d":"0.230"},{"v":0,"d":"0.000"},{"$f":"ROUND(IF(AND(F819:H819),C819*E819*F819*G819*H819,IF(AND(F819,G819),C819*E819*F819*G819,IF(AND(F819,H819),C819*E819*F819*H819,IF(AND(G819,H819),C819*E819*G819*H819,IF(F819,C819*E819*F819,IF(G819,C819*E819*G819,IF(H819,C819*E819*H819,C819*E819))))))),2)","v":0.83},"Sqm",{"$nulls":3},"SSR 20-21"]
[null,"Elevation Glass fitting sides",1,"x",1,{"v":5.5,"d":"5.500"},{"v":0.23,"d":"0.230"},{"v":0,"d":"0.000"},{"$f":"ROUND(IF(AND(F820:H820),C820*E820*F820*G820*H820,IF(AND(F820,G820),C820*E820*F820*G820,IF(AND(F820,H820),C820*E820*F820*H820,IF(AND(G820,H820),C820*E820*G820*H820,IF(F820,C820*E820*F820,IF(G820,C820*E820*G820,IF(H820,C820*E820*H820,C820*E820))))))),2)","v":1.27},"Sqm",{"$nulls":3},"SSR 20-21"]
[null,null,1,"x",1,{"v":4.9,"d":"4.900"},{"v":0.23,"d":"0.230"},{"v":0,"d":"0.000"},{"$f":"ROUND(IF(AND(F821:H821),C821*E821*F821*G821*H821,IF(AND(F821,G821),C821*E821*F821*G821,IF(AND(F821,H821),C821*E821*F821*H821,IF(AND(G821,H821),C821*E821*G821*H821,IF(F821,C821*E821*F821,IF(G821,C821*E821*G821,IF(H821,C821*E821*H821,C821*E821))))))),2)","v":1.13},"Sqm",{"$nulls":3},"SSR 20-21"]
[{"$nulls":13},"SSR 20-21"]
[{"$nulls":9},"Sqm",{"$f":"data!F1429","v":376.98},"SSR 20-21",{"$f":"ROUND(I823*K823,0)","v":{"v":0,"d":"0.00"}},"SSR 20-21"]
[12,"Plastering to brick masonary wall with  12mm thick double coat in CM (1:5) 8 mm thick base coat and CM (1:3) of 4mm thick top coat with dubara sponge finish including c/c of all materials including all operational, incidental and labour charges such as mixing cement mortar and curing etc complete for finished item of work (APSS 901,  903 & 904) ",{"$nulls":11},"SSR 21-22"]
[null,"Qty.p.16 of M.B.No.441/A/ZP/19",{"$nulls":11},"SSR 21-22"]
[null,"sapranch room",1,"x",1,{"v":13.38,"d":"13.380"},{"v":0,"d":"0.000"},{"v":3.12,"d":"3.120"},{"$f":"ROUND(IF(AND(F826:H826),C826*E826*F826*G826*H826,IF(AND(F826,G826),C826*E826*F826*G826,IF(AND(F826,H826),C826*E826*F826*H826,IF(AND(G826,H826),C826*E826*G826*H826,IF(F826,C826*E826*F826,IF(G826,C826*E826*G826,IF(H826,C826*E826*H826,C826*E826))))))),2)","v":41.75},"Sqm",{"$nulls":3},"SSR 21-22"]
[null,"Staircase opening",1,"x",1,{"v":1.5,"d":"1.500"},{"v":0,"d":"0.000"},{"v":1.35,"d":"1.350"},{"$f":"-ROUND(IF(AND(F827:H827),C827*E827*F827*G827*H827,IF(AND(F827,G827),C827*E827*F827*G827,IF(AND(F827,H827),C827*E827*F827*H827,IF(AND(G827,H827),C827*E827*G827*H827,IF(F827,C827*E827*F827,IF(G827,C827*E827*G827,IF(H827,C827*E827*H827,C827*E827))))))),2)","v":-2.03},"Sqm",{"$nulls":3},"SSR 21-22"]
[null,"Staircase portion",1,"x",1,{"v":2.7,"d":"2.700"},{"v":0,"d":"0.000"},{"v":0.15,"d":"0.150"},{"$f":"-ROUND(IF(AND(F828:H828),C828*E828*F828*G828*H828,IF(AND(F828,G828),C828*E828*F828*G828,IF(AND(F828,H828),C828*E828*F828*H828,IF(AND(G828,H828),C828*E828*G828*H828,IF(F828,C828*E828*F828,IF(G828,C828*E828*G828,IF(H828,C828*E828*H828,C828*E828))))))),2)","v":-0.41},"Sqm",{"$nulls":3},"SSR 21-22"]
[{"$nulls":13},"SSR 21-22"]
[{"$nulls":9},"Sqm",{"$f":"data!F2346","v":400.13},"SSR 21-22",{"$f":"ROUND(I830*K830,0)","v":{"v":0,"d":"0.00"}},"SSR 21-22"]
[12,"Plastering to brick masonary wall with  12mm thick double coat in CM (1:5) 8 mm thick base coat and CM (1:3) of 4mm thick top coat with dubara sponge finish including c/c of all materials including all operational, incidental and labour charges such as mixing cement mortar and curing etc complete for finished item of work (APSS 901,  903 & 904) ",{"$nulls":11},"SSR 22-23"]
[null,"Qty.p.22 of M.B.No.1186/A/ZP/20",{"$nulls":11},"SSR 22-23"]
[null,null,1,"x",1,{"v":11.68,"d":"11.680"},{"v":0,"d":"0.000"},{"v":3.1,"d":"3.100"},{"$f":"ROUND(IF(AND(F833:H833),C833*E833*F833*G833*H833,IF(AND(F833,G833),C833*E833*F833*G833,IF(AND(F833,H833),C833*E833*F833*H833,IF(AND(G833,H833),C833*E833*G833*H833,IF(F833,C833*E833*F833,IF(G833,C833*E833*G833,IF(H833,C833*E833*H833,C833*E833))))))),2)","v":36.21},"Sqm",{"$nulls":3},"SSR 22-23"]
[null,null,1,"x",1,{"v":12.26,"d":"12.260"},{"v":0,"d":"0.000"},{"v":3.1,"d":"3.100"},38.01,"Sqm",{"$nulls":3},"SSR 22-23"]
[null,null,1,"x",1,{"v":12.74,"d":"12.740"},{"v":0,"d":"0.000"},{"v":3.1,"d":"3.100"},39.49,"Sqm",{"$nulls":3},"SSR 22-23"]
[null,null,1,"x",1,{"v":11.93,"d":"11.930"},{"v":0,"d":"0.000"},{"v":3.1,"d":"3.100"},36.98,"Sqm",{"$nulls":3},"SSR 22-23"]
[null,null,1,"x",1,{"v":9.42,"d":"9.420"},{"v":0,"d":"0.000"},{"v":3.1,"d":"3.100"},{"v":29.2,"d":"29.20"},"Sqm",{"$nulls":3},"SSR 22-23"]
[null,null,1,"x",2,{"v":1.8,"d":"1.800"},{"v":0,"d":"0.000"},{"v":3.1,"d":"3.100"},11.16,"Sqm",{"$nulls":3},"SSR 22-23"]
[null,null,1,"x",1,{"v":22.92,"d":"22.920"},{"v":0,"d":"0.000"},{"v":3.1,"d":"3.100"},71.05,"Sqm",{"$nulls":3},"SSR 22-23"]
[null,null,1,"x",1,{"v":9.46,"d":"9.460"},{"v":0,"d":"0.000"},{"v":1,"d":"1.000"},9.46,"Sqm",{"$nulls":3},"SSR 22-23"]
[null,null,1,"x",1,{"v":6.06,"d":"6.060"},{"v":0,"d":"0.000"},{"v":1,"d":"1.000"},6.06,"Sqm",{"$nulls":3},"SSR 22-23"]
[null,null,1,"x",1,{"v":6.06,"d":"6.060"},{"v":0,"d":"0.000"},{"v":1,"d":"1.000"},6.06,"Sqm",{"$nulls":3},"SSR 22-23"]
[null,null,1,"x",1,{"v":10.7,"d":"10.700"},{"v":0,"d":"0.000"},{"v":1.6,"d":"1.600"},17.12,"Sqm",{"$nulls":3},"SSR 22-23"]
[null,null,1,"x",1,{"v":2.68,"d":"2.680"},{"v":0,"d":"0.000"},{"v":1.2,"d":"1.200"},3.22,"Sqm",{"$nulls":3},"SSR 22-23"]
[null,null,1,"x",1,{"v":0.85,"d":"0.850"},{"v":0,"d":"0.000"},{"v":1.2,"d":"1.200"},1.02,"Sqm",{"$nulls":3},"SSR 22-23"]
[null,null,1,"x",1,{"v":2.68,"d":"2.680"},{"v":0,"d":"0.000"},{"v":1.2,"d":"1.200"},3.22,"Sqm",{"$nulls":3},"SSR 22-23"]
[null,null,1,"x",2,{"v":0.85,"d":"0.850"},{"v":0,"d":"0.000"},{"v":1.2,"d":"1.200"},2.04,"Sqm",{"$nulls":3},"SSR 22-23"]
[null,null,1,"x",1,{"v":1.2,"d":"1.200"},{"v":0,"d":"0.000"},{"v":1.1,"d":"1.100"},{"$f":"-ROUND(IF(AND(F848:H848),C848*E848*F848*G848*H848,IF(AND(F848,G848),C848*E848*F848*G848,IF(AND(F848,H848),C848*E848*F848*H848,IF(AND(G848,H848),C848*E848*G848*H848,IF(F848,C848*E848*F848,IF(G848,C848*E848*G848,IF(H848,C848*E848*H848,C848*E848))))))),2)","v":-1.32},"Sqm",{"$nulls":3},"SSR 22-23"]
[null,null,1,"x",1,{"v":5.27,"d":"5.270"},{"v":0,"d":"0.000"},{"v":1.9,"d":"1.900"},10.01,"Sqm",{"$nulls":3},"SSR 22-23"]
[null,null,1,"x",2,{"v":2.5,"d":"2.500"},{"v":0,"d":"0.000"},{"v":1.9,"d":"1.900"},{"v":9.5,"d":"9.50"},"Sqm",{"$nulls":3},"SSR 22-23"]
[null,null,1,"x",2,{"v":1.2,"d":"1.200"},{"v":0,"d":"0.000"},{"v":2.1,"d":"2.100"},{"$f":"-ROUND(IF(AND(F851:H851),C851*E851*F851*G851*H851,IF(AND(F851,G851),C851*E851*F851*G851,IF(AND(F851,H851),C851*E851*F851*H851,IF(AND(G851,H851),C851*E851*G851*H851,IF(F851,C851*E851*F851,IF(G851,C851*E851*G851,IF(H851,C851*E851*H851,C851*E851))))))),2)","v":-5.04},"Sqm",{"$nulls":3},"SSR 22-23"]
[null,null,2,"x",4,{"v":1.05,"d":"1.050"},{"v":0,"d":"0.000"},{"v":2.1,"d":"2.100"},-17.64,"Sqm",{"$nulls":3},"SSR 22-23"]
[null,null,1,"x",3,{"v":0.75,"d":"0.750"},{"v":0,"d":"0.000"},{"v":2.1,"d":"2.100"},-4.73,"Sqm",{"$nulls":3},"SSR 22-23"]
[null,null,1,"x",2,{"v":1.2,"d":"1.200"},{"v":0,"d":"0.000"},{"v":2.1,"d":"2.100"},-5.04,"Sqm",{"$nulls":3},"SSR 22-23"]
[null,null,1,"x",7,{"v":1.5,"d":"1.500"},{"v":0,"d":"0.000"},{"v":1.35,"d":"1.350"},-14.18,"Sqm",{"$nulls":3},"SSR 22-23"]
[null,null,1,"x",12,{"v":0.6,"d":"0.600"},{"v":0,"d":"0.000"},{"v":0.3,"d":"0.300"},-2.16,"Sqm",{"$nulls":3},"SSR 22-23"]
[{"$nulls":13},"SSR 22-23"]
[{"$nulls":9},"Sqm",{"$f":"data!F3263","v":425.82},"SSR 22-23",{"$f":"ROUND(I858*K858,0)","v":{"v":0,"d":"0.00"}},"SSR 22-23"]
[11,"Plastering to brick masonary wall with  20mm thick double coat in CM (1:6) 16 mm thick base coat and CM (1:4) of 4mm thick top coat with dubara sponge finish including c/c of all materials including all operational, incidental and labour charges such as mixing cement mortar and curing etc complete for finished item of work (APSS 901,  903 & 904) ",{"$nulls":11},"SSR 19-20"]
[null,"Qty.p.24 of M.B.No.1186/A/ZP/20",null,"26.06.2023",{"$nulls":9},"SSR 19-20"]
[null,"Two side wall",1,"x",2,{"v":12.47,"d":"12.470"},{"v":0,"d":"0.000"},{"v":3.2,"d":"3.200"},{"$f":"ROUND(IF(AND(F861:H861),C861*E861*F861*G861*H861,IF(AND(F861,G861),C861*E861*F861*G861,IF(AND(F861,H861),C861*E861*F861*H861,IF(AND(G861,H861),C861*E861*G861*H861,IF(F861,C861*E861*F861,IF(G861,C861*E861*G861,IF(H861,C861*E861*H861,C861*E861))))))),2)","v":79.81},"Sqm",{"$nulls":3},"SSR 19-20"]
[null,"Back wall",1,"x",1,{"v":8.84,"d":"8.840"},{"v":0,"d":"0.000"},{"v":3.2,"d":"3.200"},28.29,"Sqm",{"$nulls":3},"SSR 19-20"]
[null,"fRont wall",1,"x",1,{"v":8.84,"d":"8.840"},{"v":0,"d":"0.000"},{"v":3.2,"d":"3.200"},28.29,"Sqm",{"$nulls":3},"SSR 19-20"]
[{"$nulls":13},"SSR 19-20"]
[{"$nulls":9},"Sqm",{"$f":"data!F532","v":362.01},"SSR 19-20",{"$f":"ROUND(I865*K865,0)","v":{"v":0,"d":"0.00"}},"SSR 19-20"]
[12,"Plastering to brick masonary wall with  20mm thick double coat in CM (1:6) 16 mm thick base coat and CM (1:4) of 4mm thick top coat with dubara sponge finish including c/c of all materials including all operational, incidental and labour charges such as mixing cement mortar and curing etc complete for finished item of work (APSS 901,  903 & 904) ",{"$nulls":11},"SSR 20-21"]
[null,"Qty.p.12 of M.B.No.432/A/ZP/19",{"$nulls":11},"SSR 20-21"]
[null,"west side",1,"x",1,{"v":8.84,"d":"8.840"},{"v":0,"d":"0.000"},3.175,{"$f":"ROUND(IF(AND(F868:H868),C868*E868*F868*G868*H868,IF(AND(F868,G868),C868*E868*F868*G868,IF(AND(F868,H868),C868*E868*F868*H868,IF(AND(G868,H868),C868*E868*G868*H868,IF(F868,C868*E868*F868,IF(G868,C868*E868*G868,IF(H868,C868*E868*H868,C868*E868))))))),2)","v":28.07},"Sqm",{"$nulls":3},"SSR 20-21"]
[null,"North side",1,"x",1,{"v":9.52,"d":"9.520"},{"v":0,"d":"0.000"},3.175,{"$f":"ROUND(IF(AND(F869:H869),C869*E869*F869*G869*H869,IF(AND(F869,G869),C869*E869*F869*G869,IF(AND(F869,H869),C869*E869*F869*H869,IF(AND(G869,H869),C869*E869*G869*H869,IF(F869,C869*E869*F869,IF(G869,C869*E869*G869,IF(H869,C869*E869*H869,C869*E869))))))),2)","v":30.23},"Sqm",{"$nulls":3},"SSR 20-21"]
[null,"Visitors  walls",1,"x",1,{"v":2.66,"d":"2.660"},{"v":0,"d":"0.000"},{"v":0.9,"d":"0.900"},2.39,"Sqm",{"$nulls":3},"SSR 20-21"]
[null,null,1,"x",1,{"v":4.83,"d":"4.830"},{"v":0,"d":"0.000"},{"v":0.9,"d":"0.900"},4.35,"Sqm",{"$nulls":3},"SSR 20-21"]
[null,"Deduct door",1,"x",1,{"v":1.2,"d":"1.200"},{"v":0,"d":"0.000"},{"v":0.9,"d":"0.900"},{"$f":"-ROUND(IF(AND(F872:H872),C872*E872*F872*G872*H872,IF(AND(F872,G872),C872*E872*F872*G872,IF(AND(F872,H872),C872*E872*F872*H872,IF(AND(G872,H872),C872*E872*G872*H872,IF(F872,C872*E872*F872,IF(G872,C872*E872*G872,IF(H872,C872*E872*H872,C872*E872))))))),2)","v":-1.08},"Sqm",{"$nulls":3},"SSR 20-21"]
[null,"East side",1,"x",1,{"v":3.62,"d":"3.620"},{"v":0,"d":"0.000"},3.175,11.49,"Sqm",{"$nulls":3},"SSR 20-21"]
[null,"South side",1,"x",1,{"v":9.52,"d":"9.520"},{"v":0,"d":"0.000"},3.175,{"$f":"ROUND(IF(AND(F874:H874),C874*E874*F874*G874*H874,IF(AND(F874,G874),C874*E874*F874*G874,IF(AND(F874,H874),C874*E874*F874*H874,IF(AND(G874,H874),C874*E874*G874*H874,IF(F874,C874*E874*F874,IF(G874,C874*E874*G874,IF(H874,C874*E874*H874,C874*E874))))))),2)","v":30.23},"Sqm",{"$nulls":3},"SSR 20-21"]
[null,"South side Staircase portion",1,"x",1,{"v":5.18,"d":"5.180"},{"v":0,"d":"0.000"},{"v":3.3,"d":"3.300"},17.09,"Sqm",{"$nulls":3},"SSR 20-21"]
[null,"Deduct door",1,"x",1,{"v":0.75,"d":"0.750"},{"v":0,"d":"0.000"},{"v":2.1,"d":"2.100"},{"$f":"-ROUND(IF(AND(F876:H876),C876*E876*F876*G876*H876,IF(AND(F876,G876),C876*E876*F876*G876,IF(AND(F876,H876),C876*E876*F876*H876,IF(AND(G876,H876),C876*E876*G876*H876,IF(F876,C876*E876*F876,IF(G876,C876*E876*G876,IF(H876,C876*E876*H876,C876*E876))))))),2)","v":-1.58},"Sqm",{"$nulls":3},"SSR 20-21"]
[null,"Deduct windows",1,"x",7,{"v":1.4,"d":"1.400"},{"v":0,"d":"0.000"},{"v":1.45,"d":"1.450"},-14.21,"Sqm",{"$nulls":3},"SSR 20-21"]
[null,"deduct ventilators",1,"x",6,{"v":0.6,"d":"0.600"},{"v":0,"d":"0.000"},{"v":0.3,"d":"0.300"},-1.08,"Sqm",{"$nulls":3},"SSR 20-21"]
[null,"deduct ventilators",1,"x",3,{"v":0.3,"d":"0.300"},{"v":0,"d":"0.000"},{"v":0.3,"d":"0.300"},-0.27,"Sqm",{"$nulls":3},"SSR 20-21"]
[null,"Deduct Staircase elevation opening",1,"x",1,{"v":1.27,"d":"1.270"},{"v":0,"d":"0.000"},{"v":1.5,"d":"1.500"},-1.91,"Sqm",{"$nulls":3},"SSR 20-21"]
[null,null,1,"x",1,{"v":1.27,"d":"1.270"},{"v":0,"d":"0.000"},{"v":1.2,"d":"1.200"},-1.52,"Sqm",{"$nulls":3},"SSR 20-21"]
[null,"Slab edges",1,"x",1,{"v":7.05,"d":"7.050"},{"v":0,"d":"0.000"},0.125,0.88,"Sqm",{"$nulls":3},"SSR 20-21"]
[null,null,1,"x",1,{"v":10.14,"d":"10.140"},{"v":0,"d":"0.000"},0.125,1.27,"Sqm",{"$nulls":3},"SSR 20-21"]
[null,null,1,"x",1,{"v":14.52,"d":"14.520"},{"v":0,"d":"0.000"},0.125,1.82,"Sqm",{"$nulls":3},"SSR 20-21"]
[null,null,1,"x",1,{"v":10.29,"d":"10.290"},{"v":0,"d":"0.000"},0.125,1.29,"Sqm",{"$nulls":3},"SSR 20-21"]
[null,"Qty.p.13 of M.B.No.432/A/ZP/19",{"$nulls":11},"SSR 20-21"]
[null,"Parapet wall",1,"x",2,{"v":10.3,"d":"10.300"},{"v":0,"d":"0.000"},{"v":0.6,"d":"0.600"},{"$f":"ROUND(IF(AND(F887:H887),C887*E887*F887*G887*H887,IF(AND(F887,G887),C887*E887*F887*G887,IF(AND(F887,H887),C887*E887*F887*H887,IF(AND(G887,H887),C887*E887*G887*H887,IF(F887,C887*E887*F887,IF(G887,C887*E887*G887,IF(H887,C887*E887*H887,C887*E887))))))),2)","v":12.36},"Sqm",{"$nulls":3},"SSR 20-21"]
[null,null,1,"x",2,{"v":24,"d":"24.000"},{"v":0,"d":"0.000"},{"v":0.9,"d":"0.900"},{"v":43.2,"d":"43.20"},"Sqm",{"$nulls":3},"SSR 20-21"]
[{"$nulls":13},"SSR 20-21"]
[{"$nulls":9},"Sqm",{"$f":"data!F1449","v":{"v":390.9,"d":"390.90"}},"SSR 20-21",{"$f":"ROUND(I890*K890,0)","v":{"v":0,"d":"0.00"}},"SSR 20-21"]
[13,"Plastering to brick masonary wall with  20mm thick double coat in CM (1:6) 16 mm thick base coat and CM (1:4) of 4mm thick top coat with dubara sponge finish including c/c of all materials including all operational, incidental and labour charges such as mixing cement mortar and curing etc complete for finished item of work (APSS 901,  903 & 904) ",{"$nulls":11},"SSR 21-22"]
[null,"Qty.p.20 of M.B.No.441/A/ZP/19",{"$nulls":11},"SSR 21-22"]
[null,"left side",1,"x",1,{"v":12.48,"d":"12.480"},{"v":0,"d":"0.000"},{"v":3.12,"d":"3.120"},{"$f":"ROUND(IF(AND(F893:H893),C893*E893*F893*G893*H893,IF(AND(F893,G893),C893*E893*F893*G893,IF(AND(F893,H893),C893*E893*F893*H893,IF(AND(G893,H893),C893*E893*G893*H893,IF(F893,C893*E893*F893,IF(G893,C893*E893*G893,IF(H893,C893*E893*H893,C893*E893))))))),2)","v":38.94},"Sqm",{"$nulls":3},"SSR 21-22"]
[null,"Deduct door",1,"x",1,{"v":1.2,"d":"1.200"},{"v":0,"d":"0.000"},{"v":2.13,"d":"2.130"},{"$f":"-ROUND(IF(AND(F894:H894),C894*E894*F894*G894*H894,IF(AND(F894,G894),C894*E894*F894*G894,IF(AND(F894,H894),C894*E894*F894*H894,IF(AND(G894,H894),C894*E894*G894*H894,IF(F894,C894*E894*F894,IF(G894,C894*E894*G894,IF(H894,C894*E894*H894,C894*E894))))))),2)","v":-2.56},"Sqm",{"$nulls":3},"SSR 21-22"]
[null,"deduct tiolet door",1,"x",2,{"v":0.68,"d":"0.680"},{"v":0,"d":"0.000"},{"v":1.88,"d":"1.880"},{"$f":"-ROUND(IF(AND(F895:H895),C895*E895*F895*G895*H895,IF(AND(F895,G895),C895*E895*F895*G895,IF(AND(F895,H895),C895*E895*F895*H895,IF(AND(G895,H895),C895*E895*G895*H895,IF(F895,C895*E895*F895,IF(G895,C895*E895*G895,IF(H895,C895*E895*H895,C895*E895))))))),2)","v":-2.56},"Sqm",{"$nulls":3},"SSR 21-22"]
[{"$nulls":13},"SSR 21-22"]
[{"$nulls":9},"Sqm",{"$f":"data!F2366","v":415.44},"SSR 21-22",{"$f":"ROUND(I897*K897,0)","v":{"v":0,"d":"0.00"}},"SSR 21-22"]
[11,"Plastering to brick masonary wall with  20mm thick double coat in CM (1:6) 16 mm thick base coat and CM (1:4) of 4mm thick top coat with dubara sponge finish including c/c of all materials including all operational, incidental and labour charges such as mixing cement mortar and curing etc complete for finished item of work (APSS 901,  903 & 904) ",{"$nulls":11},"SSR 22-23"]
[null,"Qty.p.24 of M.B.No.1186/A/ZP/20",null,"26.06.2023",{"$nulls":9},"SSR 22-23"]
[null,"Two side wall",1,"x",2,{"v":12.47,"d":"12.470"},{"v":0,"d":"0.000"},{"v":3.2,"d":"3.200"},{"$f":"ROUND(IF(AND(F900:H900),C900*E900*F900*G900*H900,IF(AND(F900,G900),C900*E900*F900*G900,IF(AND(F900,H900),C900*E900*F900*H900,IF(AND(G900,H900),C900*E900*G900*H900,IF(F900,C900*E900*F900,IF(G900,C900*E900*G900,IF(H900,C900*E900*H900,C900*E900))))))),2)","v":79.81},"Sqm",{"$nulls":3},"SSR 22-23"]
[null,"Back wall",1,"x",1,{"v":8.84,"d":"8.840"},{"v":0,"d":"0.000"},{"v":3.2,"d":"3.200"},28.29,"Sqm",{"$nulls":3},"SSR 22-23"]
[null,"fRont wall",1,"x",1,{"v":8.84,"d":"8.840"},{"v":0,"d":"0.000"},{"v":3.2,"d":"3.200"},28.29,"Sqm",{"$nulls":3},"SSR 22-23"]
[{"$nulls":13},"SSR 22-23"]
[{"$nulls":9},"Sqm",{"$f":"data!F3283","v":441.63},"SSR 22-23",{"$f":"ROUND(I904*K904,0)","v":{"v":0,"d":"0.00"}},"SSR 22-23"]
[12,"Plain Cement Concrete  M25 Nominal mix (Cement: Sand: Metal) corresponding Table 9 of IS 456 using 20mm size graded machine crushed hard granite metal from approved quarry including c/c of all materials like Cement, Sand, coarse aggregate, water etc to site, all marerials including labour charges such as machine mixing, laying concrete, curing etc complete but excluding cost of steel and its fabrication charges for finished item of work for Steps",{"$nulls":11},"SSR 19-20"]
[null,"Qty.p.77  of M.B.No.441/A/ZP/19",{"$nulls":11},"SSR 19-20"]
[null,"3rd landing step",10,"x",0.5,{"v":1.2,"d":"1.200"},{"v":0.17,"d":"0.170"},{"v":0.12,"d":"0.120"},{"$f":"ROUND(IF(AND(F907:H907),C907*E907*F907*G907*H907,IF(AND(F907,G907),C907*E907*F907*G907,IF(AND(F907,H907),C907*E907*F907*H907,IF(AND(G907,H907),C907*E907*G907*H907,IF(F907,C907*E907*F907,IF(G907,C907*E907*G907,IF(H907,C907*E907*H907,C907*E907))))))),2)","v":0.12},"Cum",{"$nulls":3},"SSR 19-20"]
[null,null,1,"x",1,{"v":1.2,"d":"1.200"},{"v":0.45,"d":"0.450"},{"v":0.12,"d":"0.120"},{"$f":"ROUND(IF(AND(F908:H908),C908*E908*F908*G908*H908,IF(AND(F908,G908),C908*E908*F908*G908,IF(AND(F908,H908),C908*E908*F908*H908,IF(AND(G908,H908),C908*E908*G908*H908,IF(F908,C908*E908*F908,IF(G908,C908*E908*G908,IF(H908,C908*E908*H908,C908*E908))))))),2)","v":0.06},"Cum",{"$nulls":3},"SSR 19-20"]
[null,"4th landing steps",11,"x",0.5,{"v":1.2,"d":"1.200"},{"v":0.17,"d":"0.170"},{"v":0.12,"d":"0.120"},{"$f":"ROUND(IF(AND(F909:H909),C909*E909*F909*G909*H909,IF(AND(F909,G909),C909*E909*F909*G909,IF(AND(F909,H909),C909*E909*F909*H909,IF(AND(G909,H909),C909*E909*G909*H909,IF(F909,C909*E909*F909,IF(G909,C909*E909*G909,IF(H909,C909*E909*H909,C909*E909))))))),2)","v":0.13},"Cum",{"$nulls":3},"SSR 19-20"]
[{"$nulls":13},"SSR 19-20"]
[{"$nulls":9},"Cum",{"$f":"data!F272","v":{"v":5049.209999999999,"d":"5049.21"}},"SSR 19-20",{"$f":"ROUND(I911*K911,0)","v":{"v":0,"d":"0.00"}},"SSR 19-20"]
[12,"Plain Cement Concrete  M25 Nominal mix (Cement: Sand: Metal) corresponding Table 9 of IS 456 using 20mm size graded machine crushed hard granite metal from approved quarry including c/c of all materials like Cement, Sand, coarse aggregate, water etc to site, all marerials including labour charges such as machine mixing, laying concrete, curing etc complete but excluding cost of steel and its fabrication charges for finished item of work for Steps",{"$nulls":11},"SSR 20-21"]
[null,"Qty.p.77  of M.B.No.441/A/ZP/19",{"$nulls":11},"SSR 20-21"]
[null,"3rd landing step",10,"x",0.5,{"v":1.2,"d":"1.200"},{"v":0.17,"d":"0.170"},{"v":0.12,"d":"0.120"},{"$f":"ROUND(IF(AND(F914:H914),C914*E914*F914*G914*H914,IF(AND(F914,G914),C914*E914*F914*G914,IF(AND(F914,H914),C914*E914*F914*H914,IF(AND(G914,H914),C914*E914*G914*H914,IF(F914,C914*E914*F914,IF(G914,C914*E914*G914,IF(H914,C914*E914*H914,C914*E914))))))),2)","v":0.12},"Cum",{"$nulls":3},"SSR 20-21"]
[null,null,1,"x",1,{"v":1.2,"d":"1.200"},{"v":0.45,"d":"0.450"},{"v":0.12,"d":"0.120"},{"$f":"ROUND(IF(AND(F915:H915),C915*E915*F915*G915*H915,IF(AND(F915,G915),C915*E915*F915*G915,IF(AND(F915,H915),C915*E915*F915*H915,IF(AND(G915,H915),C915*E915*G915*H915,IF(F915,C915*E915*F915,IF(G915,C915*E915*G915,IF(H915,C915*E915*H915,C915*E915))))))),2)","v":0.06},"Cum",{"$nulls":3},"SSR 20-21"]
[null,"4th landing steps",11,"x",0.5,{"v":1.2,"d":"1.200"},{"v":0.17,"d":"0.170"},{"v":0.12,"d":"0.120"},{"$f":"ROUND(IF(AND(F916:H916),C916*E916*F916*G916*H916,IF(AND(F916,G916),C916*E916*F916*G916,IF(AND(F916,H916),C916*E916*F916*H916,IF(AND(G916,H916),C916*E916*G916*H916,IF(F916,C916*E916*F916,IF(G916,C916*E916*G916,IF(H916,C916*E916*H916,C916*E916))))))),2)","v":0.13},"Cum",{"$nulls":3},"SSR 20-21"]
[{"$nulls":13},"SSR 20-21"]
[{"$nulls":9},"Cum",{"$f":"data!F1188","v":{"v":5224.620000000001,"d":"5224.62"}},"SSR 20-21",{"$f":"ROUND(I918*K918,0)","v":{"v":0,"d":"0.00"}},"SSR 20-21"]
[12,"Plain Cement Concrete  M25 Nominal mix (Cement: Sand: Metal) corresponding Table 9 of IS 456 using 20mm size graded machine crushed hard granite metal from approved quarry including c/c of all materials like Cement, Sand, coarse aggregate, water etc to site, all marerials including labour charges such as machine mixing, laying concrete, curing etc complete but excluding cost of steel and its fabrication charges for finished item of work for Steps",{"$nulls":11},"SSR 21-22"]
[null,"Qty.p.77  of M.B.No.441/A/ZP/19",{"$nulls":11},"SSR 21-22"]
[null,"3rd landing step",10,"x",0.5,{"v":1.2,"d":"1.200"},{"v":0.17,"d":"0.170"},{"v":0.12,"d":"0.120"},{"$f":"ROUND(IF(AND(F921:H921),C921*E921*F921*G921*H921,IF(AND(F921,G921),C921*E921*F921*G921,IF(AND(F921,H921),C921*E921*F921*H921,IF(AND(G921,H921),C921*E921*G921*H921,IF(F921,C921*E921*F921,IF(G921,C921*E921*G921,IF(H921,C921*E921*H921,C921*E921))))))),2)","v":0.12},"Cum",{"$nulls":3},"SSR 21-22"]
[null,null,1,"x",1,{"v":1.2,"d":"1.200"},{"v":0.45,"d":"0.450"},{"v":0.12,"d":"0.120"},{"$f":"ROUND(IF(AND(F922:H922),C922*E922*F922*G922*H922,IF(AND(F922,G922),C922*E922*F922*G922,IF(AND(F922,H922),C922*E922*F922*H922,IF(AND(G922,H922),C922*E922*G922*H922,IF(F922,C922*E922*F922,IF(G922,C922*E922*G922,IF(H922,C922*E922*H922,C922*E922))))))),2)","v":0.06},"Cum",{"$nulls":3},"SSR 21-22"]
[null,"4th landing steps",11,"x",0.5,{"v":1.2,"d":"1.200"},{"v":0.17,"d":"0.170"},{"v":0.12,"d":"0.120"},{"$f":"ROUND(IF(AND(F923:H923),C923*E923*F923*G923*H923,IF(AND(F923,G923),C923*E923*F923*G923,IF(AND(F923,H923),C923*E923*F923*H923,IF(AND(G923,H923),C923*E923*G923*H923,IF(F923,C923*E923*F923,IF(G923,C923*E923*G923,IF(H923,C923*E923*H923,C923*E923))))))),2)","v":0.13},"Cum",{"$nulls":3},"SSR 21-22"]
[{"$nulls":13},"SSR 21-22"]
[{"$nulls":9},"Cum",{"$f":"data!F2105","v":{"v":5464.200000000001,"d":"5464.20"}},"SSR 21-22",{"$f":"ROUND(I925*K925,0)","v":{"v":0,"d":"0.00"}},"SSR 21-22"]
[12,"Plain Cement Concrete  M25 Nominal mix (Cement: Sand: Metal) corresponding Table 9 of IS 456 using 20mm size graded machine crushed hard granite metal from approved quarry including c/c of all materials like Cement, Sand, coarse aggregate, water etc to site, all marerials including labour charges such as machine mixing, laying concrete, curing etc complete but excluding cost of steel and its fabrication charges for finished item of work for Steps",{"$nulls":11},"SSR 22-23"]
[null,"Qty.p.77  of M.B.No.441/A/ZP/19",{"$nulls":11},"SSR 22-23"]
[null,"3rd landing step",10,"x",0.5,{"v":1.2,"d":"1.200"},{"v":0.17,"d":"0.170"},{"v":0.12,"d":"0.120"},{"$f":"ROUND(IF(AND(F928:H928),C928*E928*F928*G928*H928,IF(AND(F928,G928),C928*E928*F928*G928,IF(AND(F928,H928),C928*E928*F928*H928,IF(AND(G928,H928),C928*E928*G928*H928,IF(F928,C928*E928*F928,IF(G928,C928*E928*G928,IF(H928,C928*E928*H928,C928*E928))))))),2)","v":0.12},"Cum",{"$nulls":3},"SSR 22-23"]
[null,null,1,"x",1,{"v":1.2,"d":"1.200"},{"v":0.45,"d":"0.450"},{"v":0.12,"d":"0.120"},{"$f":"ROUND(IF(AND(F929:H929),C929*E929*F929*G929*H929,IF(AND(F929,G929),C929*E929*F929*G929,IF(AND(F929,H929),C929*E929*F929*H929,IF(AND(G929,H929),C929*E929*G929*H929,IF(F929,C929*E929*F929,IF(G929,C929*E929*G929,IF(H929,C929*E929*H929,C929*E929))))))),2)","v":0.06},"Cum",{"$nulls":3},"SSR 22-23"]
[null,"4th landing steps",11,"x",0.5,{"v":1.2,"d":"1.200"},{"v":0.17,"d":"0.170"},{"v":0.12,"d":"0.120"},{"$f":"ROUND(IF(AND(F930:H930),C930*E930*F930*G930*H930,IF(AND(F930,G930),C930*E930*F930*G930,IF(AND(F930,H930),C930*E930*F930*H930,IF(AND(G930,H930),C930*E930*G930*H930,IF(F930,C930*E930*F930,IF(G930,C930*E930*G930,IF(H930,C930*E930*H930,C930*E930))))))),2)","v":0.13},"Cum",{"$nulls":3},"SSR 22-23"]
[{"$nulls":13},"SSR 22-23"]
[{"$nulls":9},"Cum",{"$f":"data!F3022","v":5722.81},"SSR 22-23",{"$f":"ROUND(I932*K932,0)","v":{"v":0,"d":"0.00"}},"SSR 22-23"]
[14,"Flooring with Porcelain Vitrified tiles stain free double charged of 1st quality and of size not less than 600X600X8mm thickness glossy finish premium colours, set over base coat of CM (1:8), 12mm thick over already laid CC bed / RCC Roof slab, including neat Cement slurry of honey like consistency spread @ 3.30 Kgs per Sqm & jointed with neat white Cement paste to full depth mixed with pigment of matching shade including c/c of all materials like Cement, Sand and Water and tiles etc complete including labour charges etc complete for finished item of work ",{"$nulls":11},"SSR 19-20"]
[null,"Qty.p.42 of M.B.No.441/A/ZP/19",{"$nulls":11},"SSR 19-20"]
[null,"Sarpanch room",1,"x",1,{"v":3.35,"d":"3.350"},{"v":3.34,"d":"3.340"},{"v":0,"d":"0.000"},{"$f":"ROUND(IF(AND(F935:H935),C935*E935*F935*G935*H935,IF(AND(F935,G935),C935*E935*F935*G935,IF(AND(F935,H935),C935*E935*F935*H935,IF(AND(G935,H935),C935*E935*G935*H935,IF(F935,C935*E935*F935,IF(G935,C935*E935*G935,IF(H935,C935*E935*H935,C935*E935))))))),2)","v":11.19},"Sqm",{"$nulls":3},"SSR 19-20"]
[null,"EA room",1,"x",1,{"v":2.75,"d":"2.750"},{"v":3.34,"d":"3.340"},{"v":0,"d":"0.000"},{"$f":"ROUND(IF(AND(F936:H936),C936*E936*F936*G936*H936,IF(AND(F936,G936),C936*E936*F936*G936,IF(AND(F936,H936),C936*E936*F936*H936,IF(AND(G936,H936),C936*E936*G936*H936,IF(F936,C936*E936*F936,IF(G936,C936*E936*G936,IF(H936,C936*E936*H936,C936*E936))))))),2)","v":9.19},"Sqm",{"$nulls":3},"SSR 19-20"]
[null,"surveyor room",1,"x",1,{"v":2.78,"d":"2.780"},{"v":3.33,"d":"3.330"},{"v":0,"d":"0.000"},9.26,"Sqm",{"$nulls":3},"SSR 19-20"]
[{"$nulls":13},"SSR 19-20"]
[{"$nulls":9},"Sqm",{"$f":"data!F680","v":1020.01},"SSR 19-20",{"$f":"ROUND(I939*K939,0)","v":{"v":0,"d":"0.00"}},"SSR 19-20"]
[13,"Flooring with Porcelain Vitrified tiles stain free double charged of 1st quality and of size not less than 600X600X8mm thickness glossy finish premium colours, set over base coat of CM (1:8), 12mm thick over already laid CC bed / RCC Roof slab, including neat Cement slurry of honey like consistency spread @ 3.30 Kgs per Sqm & jointed with neat white Cement paste to full depth mixed with pigment of matching shade including c/c of all materials like Cement, Sand and Water and tiles etc complete including labour charges etc complete for finished item of work ",{"$nulls":11},"SSR 20-21"]
[null,"Qty.p.26 of M.B.No.432/A/ZP/19",{"$nulls":11},"SSR 20-21"]
[null,"Meeting Hall",1,"x",1,{"v":5.6,"d":"5.600"},{"v":3,"d":"3.000"},{"v":0,"d":"0.000"},{"$f":"ROUND(IF(AND(F942:H942),C942*E942*F942*G942*H942,IF(AND(F942,G942),C942*E942*F942*G942,IF(AND(F942,H942),C942*E942*F942*H942,IF(AND(G942,H942),C942*E942*G942*H942,IF(F942,C942*E942*F942,IF(G942,C942*E942*G942,IF(H942,C942*E942*H942,C942*E942))))))),2)","v":{"v":16.8,"d":"16.80"}},"Sqm",{"$nulls":3},"SSR 20-21"]
[null,"Carridor",1,"x",1,{"v":8.9,"d":"8.900"},{"v":1.7,"d":"1.700"},{"v":0,"d":"0.000"},{"$f":"ROUND(IF(AND(F943:H943),C943*E943*F943*G943*H943,IF(AND(F943,G943),C943*E943*F943*G943,IF(AND(F943,H943),C943*E943*F943*H943,IF(AND(G943,H943),C943*E943*G943*H943,IF(F943,C943*E943*F943,IF(G943,C943*E943*G943,IF(H943,C943*E943*H943,C943*E943))))))),2)","v":15.13},"Sqm",{"$nulls":3},"SSR 20-21"]
[null,"Sarpanch room",1,"x",1,{"v":3.2,"d":"3.200"},{"v":3.3,"d":"3.300"},{"v":0,"d":"0.000"},10.56,"Sqm",{"$nulls":3},"SSR 20-21"]
[null,"Digital store",1,"x",1,{"v":3.2,"d":"3.200"},{"v":2.7,"d":"2.700"},{"v":0,"d":"0.000"},8.64,"Sqm",{"$nulls":3},"SSR 20-21"]
[null,"staff room",1,"x",1,{"v":3.2,"d":"3.200"},{"v":2.7,"d":"2.700"},{"v":0,"d":"0.000"},8.64,"Sqm",{"$nulls":3},"SSR 20-21"]
[null,"Visitors waiting hall",1,"x",1,{"v":4.9,"d":"4.900"},{"v":2.6,"d":"2.600"},{"v":0,"d":"0.000"},12.74,"Sqm",{"$nulls":3},"SSR 20-21"]
[{"$nulls":13},"SSR 20-21"]
[{"$nulls":9},"Sqm",{"$f":"data!F1597","v":1051.09},"SSR 20-21",{"$f":"ROUND(I949*K949,0)","v":{"v":0,"d":"0.00"}},"SSR 20-21"]
[14,"Flooring with Porcelain Vitrified tiles stain free double charged of 1st quality and of size not less than 600X600X8mm thickness glossy finish premium colours, set over base coat of CM (1:8), 12mm thick over already laid CC bed / RCC Roof slab, including neat Cement slurry of honey like consistency spread @ 3.30 Kgs per Sqm & jointed with neat white Cement paste to full depth mixed with pigment of matching shade including c/c of all materials like Cement, Sand and Water and tiles etc complete including labour charges etc complete for finished item of work ",{"$nulls":11},"SSR 21-22"]
[null,"Qty.p.42 of M.B.No.441/A/ZP/19",{"$nulls":11},"SSR 21-22"]
[null,"Sarpanch room",1,"x",1,{"v":3.35,"d":"3.350"},{"v":3.34,"d":"3.340"},{"v":0,"d":"0.000"},{"$f":"ROUND(IF(AND(F952:H952),C952*E952*F952*G952*H952,IF(AND(F952,G952),C952*E952*F952*G952,IF(AND(F952,H952),C952*E952*F952*H952,IF(AND(G952,H952),C952*E952*G952*H952,IF(F952,C952*E952*F952,IF(G952,C952*E952*G952,IF(H952,C952*E952*H952,C952*E952))))))),2)","v":11.19},"Sqm",{"$nulls":3},"SSR 21-22"]
[null,"EA room",1,"x",1,{"v":2.75,"d":"2.750"},{"v":3.34,"d":"3.340"},{"v":0,"d":"0.000"},{"$f":"ROUND(IF(AND(F953:H953),C953*E953*F953*G953*H953,IF(AND(F953,G953),C953*E953*F953*G953,IF(AND(F953,H953),C953*E953*F953*H953,IF(AND(G953,H953),C953*E953*G953*H953,IF(F953,C953*E953*F953,IF(G953,C953*E953*G953,IF(H953,C953*E953*H953,C953*E953))))))),2)","v":9.19},"Sqm",{"$nulls":3},"SSR 21-22"]
[null,"surveyor room",1,"x",1,{"v":2.78,"d":"2.780"},{"v":3.33,"d":"3.330"},{"v":0,"d":"0.000"},{"$f":"ROUND(IF(AND(F954:H954),C954*E954*F954*G954*H954,IF(AND(F954,G954),C954*E954*F954*G954,IF(AND(F954,H954),C954*E954*F954*H954,IF(AND(G954,H954),C954*E954*G954*H954,IF(F954,C954*E954*F954,IF(G954,C954*E954*G954,IF(H954,C954*E954*H954,C954*E954))))))),2)","v":9.26},"Sqm",{"$nulls":3},"SSR 21-22"]
[{"$nulls":13},"SSR 21-22"]
[{"$nulls":9},"Sqm",{"$f":"data!F2514","v":1074.81},"SSR 21-22",{"$f":"ROUND(I956*K956,0)","v":{"v":0,"d":"0.00"}},"SSR 21-22"]
[14,"Flooring with Porcelain Vitrified tiles stain free double charged of 1st quality and of size not less than 600X600X8mm thickness glossy finish premium colours, set over base coat of CM (1:8), 12mm thick over already laid CC bed / RCC Roof slab, including neat Cement slurry of honey like consistency spread @ 3.30 Kgs per Sqm & jointed with neat white Cement paste to full depth mixed with pigment of matching shade including c/c of all materials like Cement, Sand and Water and tiles etc complete including labour charges etc complete for finished item of work ",{"$nulls":11},"SSR 22-23"]
[null,"Qty.p.42 of M.B.No.441/A/ZP/19",{"$nulls":11},"SSR 22-23"]
[null,"Sarpanch room",1,"x",1,{"v":3.35,"d":"3.350"},{"v":3.34,"d":"3.340"},{"v":0,"d":"0.000"},{"$f":"ROUND(IF(AND(F959:H959),C959*E959*F959*G959*H959,IF(AND(F959,G959),C959*E959*F959*G959,IF(AND(F959,H959),C959*E959*F959*H959,IF(AND(G959,H959),C959*E959*G959*H959,IF(F959,C959*E959*F959,IF(G959,C959*E959*G959,IF(H959,C959*E959*H959,C959*E959))))))),2)","v":11.19},"Sqm",{"$nulls":3},"SSR 22-23"]
[null,"EA room",1,"x",1,{"v":2.75,"d":"2.750"},{"v":3.34,"d":"3.340"},{"v":0,"d":"0.000"},{"$f":"ROUND(IF(AND(F960:H960),C960*E960*F960*G960*H960,IF(AND(F960,G960),C960*E960*F960*G960,IF(AND(F960,H960),C960*E960*F960*H960,IF(AND(G960,H960),C960*E960*G960*H960,IF(F960,C960*E960*F960,IF(G960,C960*E960*G960,IF(H960,C960*E960*H960,C960*E960))))))),2)","v":9.19},"Sqm",{"$nulls":3},"SSR 22-23"]
[null,"surveyor room",1,"x",1,{"v":2.78,"d":"2.780"},{"v":3.33,"d":"3.330"},{"v":0,"d":"0.000"},{"$f":"ROUND(IF(AND(F961:H961),C961*E961*F961*G961*H961,IF(AND(F961,G961),C961*E961*F961*G961,IF(AND(F961,H961),C961*E961*F961*H961,IF(AND(G961,H961),C961*E961*G961*H961,IF(F961,C961*E961*F961,IF(G961,C961*E961*G961,IF(H961,C961*E961*H961,C961*E961))))))),2)","v":9.26},"Sqm",{"$nulls":3},"SSR 22-23"]
[{"$nulls":13},"SSR 22-23"]
[{"$nulls":9},"Sqm",{"$f":"data!F3431","v":1103.39},"SSR 22-23",{"$f":"ROUND(I963*K963,0)","v":{"v":0,"d":"0.00"}},"SSR 22-23"]
[15,"Providing Skirting to internal walls to 15cm height / risers of steps with Porcelain Vitrified tiles length equal to flooring stones, set over base coat of CM (1:5) 12mm thick with Cement slurry of honey like consistency spread @ 3.30 Kgs per Sqm & jointed with white Cement paste mixed with pigment of matching shade to full depth, including c/c of materials like Cement, Sand and Water and tiles etc complete for finished item of work ",{"$nulls":11},"SSR 19-20"]
[null,"Qty.p.43 of M.B.No.441/A/ZP/19",{"$nulls":11},"SSR 19-20"]
[null,"Sarpanch room",1,"x",1,{"v":12.33,"d":"12.330"},{"v":0,"d":"0.000"},{"v":0.1,"d":"0.100"},{"$f":"ROUND(IF(AND(F966:H966),C966*E966*F966*G966*H966,IF(AND(F966,G966),C966*E966*F966*G966,IF(AND(F966,H966),C966*E966*F966*H966,IF(AND(G966,H966),C966*E966*G966*H966,IF(F966,C966*E966*F966,IF(G966,C966*E966*G966,IF(H966,C966*E966*H966,C966*E966))))))),2)","v":1.23},"Sqm",{"$nulls":3},"SSR 19-20"]
[null,"EA room",1,"x",1,{"v":11.33,"d":"11.330"},{"v":0,"d":"0.000"},{"v":0.1,"d":"0.100"},{"$f":"ROUND(IF(AND(F967:H967),C967*E967*F967*G967*H967,IF(AND(F967,G967),C967*E967*F967*G967,IF(AND(F967,H967),C967*E967*F967*H967,IF(AND(G967,H967),C967*E967*G967*H967,IF(F967,C967*E967*F967,IF(G967,C967*E967*G967,IF(H967,C967*E967*H967,C967*E967))))))),2)","v":1.13},"Sqm",{"$nulls":3},"SSR 19-20"]
[null,"Front verandah",1,"x",1,{"v":14.8,"d":"14.800"},{"v":0,"d":"0.000"},{"v":0.1,"d":"0.100"},1.48,"Sqm",{"$nulls":3},"SSR 19-20"]
[{"$nulls":13},"SSR 19-20"]
[{"$nulls":9},"Sqm",{"$f":"data!F698","v":1015.94},"SSR 19-20",{"$f":"ROUND(I970*K970,0)","v":{"v":0,"d":"0.00"}},"SSR 19-20"]
[14,"Providing Skirting to internal walls to 15cm height / risers of steps with Porcelain Vitrified tiles length equal to flooring stones, set over base coat of CM (1:5) 12mm thick with Cement slurry of honey like consistency spread @ 3.30 Kgs per Sqm & jointed with white Cement paste mixed with pigment of matching shade to full depth, including c/c of materials like Cement, Sand and Water and tiles etc complete for finished item of work ",{"$nulls":11},"SSR 20-21"]
[null,"Qty.p.29 of M.B.No.432/A/ZP/19",{"$nulls":11},"SSR 20-21"]
[null,"Meeting Hall",1,"x",1,{"v":17.2,"d":"17.200"},{"v":0,"d":"0.000"},{"v":0.1,"d":"0.100"},{"$f":"ROUND(IF(AND(F973:H973),C973*E973*F973*G973*H973,IF(AND(F973,G973),C973*E973*F973*G973,IF(AND(F973,H973),C973*E973*F973*H973,IF(AND(G973,H973),C973*E973*G973*H973,IF(F973,C973*E973*F973,IF(G973,C973*E973*G973,IF(H973,C973*E973*H973,C973*E973))))))),2)","v":1.72},"Sqm",{"$nulls":3},"SSR 20-21"]
[null,"Deduct door",1,"x",2,{"v":1.2,"d":"1.200"},{"v":0,"d":"0.000"},{"v":0.1,"d":"0.100"},{"$f":"-ROUND(IF(AND(F974:H974),C974*E974*F974*G974*H974,IF(AND(F974,G974),C974*E974*F974*G974,IF(AND(F974,H974),C974*E974*F974*H974,IF(AND(G974,H974),C974*E974*G974*H974,IF(F974,C974*E974*F974,IF(G974,C974*E974*G974,IF(H974,C974*E974*H974,C974*E974))))))),2)","v":-0.24},"Sqm",{"$nulls":3},"SSR 20-21"]
[null,"Sarpanch room",1,"x",1,{"v":13,"d":"13.000"},{"v":0,"d":"0.000"},{"v":0.1,"d":"0.100"},{"$f":"ROUND(IF(AND(F975:H975),C975*E975*F975*G975*H975,IF(AND(F975,G975),C975*E975*F975*G975,IF(AND(F975,H975),C975*E975*F975*H975,IF(AND(G975,H975),C975*E975*G975*H975,IF(F975,C975*E975*F975,IF(G975,C975*E975*G975,IF(H975,C975*E975*H975,C975*E975))))))),2)","v":{"v":1.3,"d":"1.30"}},"Sqm",{"$nulls":3},"SSR 20-21"]
[null,"Digital store",1,"x",1,{"v":11.8,"d":"11.800"},{"v":0,"d":"0.000"},{"v":0.1,"d":"0.100"},1.18,"Sqm",{"$nulls":3},"SSR 20-21"]
[null,"Staff room",1,"x",1,{"v":11.8,"d":"11.800"},{"v":0,"d":"0.000"},{"v":0.1,"d":"0.100"},1.18,"Sqm",{"$nulls":3},"SSR 20-21"]
[null,"Deduct door",1,"x",3,{"v":1.05,"d":"1.050"},{"v":0,"d":"0.000"},{"v":0.1,"d":"0.100"},{"$f":"-ROUND(IF(AND(F978:H978),C978*E978*F978*G978*H978,IF(AND(F978,G978),C978*E978*F978*G978,IF(AND(F978,H978),C978*E978*F978*H978,IF(AND(G978,H978),C978*E978*G978*H978,IF(F978,C978*E978*F978,IF(G978,C978*E978*G978,IF(H978,C978*E978*H978,C978*E978))))))),2)","v":-0.32},"Sqm",{"$nulls":3},"SSR 20-21"]
[null,"Visitors waiting hall",1,"x",1,{"v":15,"d":"15.000"},{"v":0,"d":"0.000"},{"v":0.1,"d":"0.100"},{"v":1.5,"d":"1.50"},"Sqm",{"$nulls":3},"SSR 20-21"]
[null,"Deduct door",1,"x",2,{"v":1.3,"d":"1.300"},{"v":0,"d":"0.000"},{"v":0.1,"d":"0.100"},{"$f":"-ROUND(IF(AND(F980:H980),C980*E980*F980*G980*H980,IF(AND(F980,G980),C980*E980*F980*G980,IF(AND(F980,H980),C980*E980*F980*H980,IF(AND(G980,H980),C980*E980*G980*H980,IF(F980,C980*E980*F980,IF(G980,C980*E980*G980,IF(H980,C980*E980*H980,C980*E980))))))),2)","v":-0.26},"Sqm",{"$nulls":3},"SSR 20-21"]
[null,"Deduct door",1,"x",1,{"v":1.05,"d":"1.050"},{"v":0,"d":"0.000"},{"v":0.1,"d":"0.100"},{"$f":"-ROUND(IF(AND(F981:H981),C981*E981*F981*G981*H981,IF(AND(F981,G981),C981*E981*F981*G981,IF(AND(F981,H981),C981*E981*F981*H981,IF(AND(G981,H981),C981*E981*G981*H981,IF(F981,C981*E981*F981,IF(G981,C981*E981*G981,IF(H981,C981*E981*H981,C981*E981))))))),2)","v":-0.11},"Sqm",{"$nulls":3},"SSR 20-21"]
[null,"Staircase portion",1,"x",1,{"v":2.6,"d":"2.600"},{"v":0,"d":"0.000"},{"v":0.1,"d":"0.100"},{"$f":"-ROUND(IF(AND(F982:H982),C982*E982*F982*G982*H982,IF(AND(F982,G982),C982*E982*F982*G982,IF(AND(F982,H982),C982*E982*F982*H982,IF(AND(G982,H982),C982*E982*G982*H982,IF(F982,C982*E982*F982,IF(G982,C982*E982*G982,IF(H982,C982*E982*H982,C982*E982))))))),2)","v":-0.26},"Sqm",{"$nulls":3},"SSR 20-21"]
[null,"Carridor alround",1,"x",1,{"v":21.2,"d":"21.200"},{"v":0,"d":"0.000"},{"v":0.1,"d":"0.100"},2.12,"Sqm",{"$nulls":3},"SSR 20-21"]
[null,"Deduct door",1,"x",3,{"v":1.05,"d":"1.050"},{"v":0,"d":"0.000"},{"v":0.1,"d":"0.100"},{"$f":"-ROUND(IF(AND(F984:H984),C984*E984*F984*G984*H984,IF(AND(F984,G984),C984*E984*F984*G984,IF(AND(F984,H984),C984*E984*F984*H984,IF(AND(G984,H984),C984*E984*G984*H984,IF(F984,C984*E984*F984,IF(G984,C984*E984*G984,IF(H984,C984*E984*H984,C984*E984))))))),2)","v":-0.32},"Sqm",{"$nulls":3},"SSR 20-21"]
[null,"Deduct door",1,"x",1,{"v":1.3,"d":"1.300"},{"v":0,"d":"0.000"},{"v":0.1,"d":"0.100"},{"$f":"-ROUND(IF(AND(F985:H985),C985*E985*F985*G985*H985,IF(AND(F985,G985),C985*E985*F985*G985,IF(AND(F985,H985),C985*E985*F985*H985,IF(AND(G985,H985),C985*E985*G985*H985,IF(F985,C985*E985*F985,IF(G985,C985*E985*G985,IF(H985,C985*E985*H985,C985*E985))))))),2)","v":-0.13},"Sqm",{"$nulls":3},"SSR 20-21"]
[null,"Deduct door",1,"x",1,{"v":1.2,"d":"1.200"},{"v":0,"d":"0.000"},{"v":0.1,"d":"0.100"},{"$f":"-ROUND(IF(AND(F986:H986),C986*E986*F986*G986*H986,IF(AND(F986,G986),C986*E986*F986*G986,IF(AND(F986,H986),C986*E986*F986*H986,IF(AND(G986,H986),C986*E986*G986*H986,IF(F986,C986*E986*F986,IF(G986,C986*E986*G986,IF(H986,C986*E986*H986,C986*E986))))))),2)","v":-0.12},"Sqm",{"$nulls":3},"SSR 20-21"]
[{"$nulls":13},"SSR 20-21"]
[{"$nulls":9},"Sqm",{"$f":"data!F1615","v":1046.76},"SSR 20-21",{"$f":"ROUND(I988*K988,0)","v":{"v":0,"d":"0.00"}},"SSR 20-21"]
[15,"Providing Skirting to internal walls to 15cm height / risers of steps with Porcelain Vitrified tiles length equal to flooring stones, set over base coat of CM (1:5) 12mm thick with Cement slurry of honey like consistency spread @ 3.30 Kgs per Sqm & jointed with white Cement paste mixed with pigment of matching shade to full depth, including c/c of materials like Cement, Sand and Water and tiles etc complete for finished item of work ",{"$nulls":11},"SSR 21-22"]
[null,"Qty.p.43 of M.B.No.441/A/ZP/19",{"$nulls":11},"SSR 21-22"]
[null,"Sarpanch room",1,"x",1,{"v":12.33,"d":"12.330"},{"v":0,"d":"0.000"},{"v":0.1,"d":"0.100"},{"$f":"ROUND(IF(AND(F991:H991),C991*E991*F991*G991*H991,IF(AND(F991,G991),C991*E991*F991*G991,IF(AND(F991,H991),C991*E991*F991*H991,IF(AND(G991,H991),C991*E991*G991*H991,IF(F991,C991*E991*F991,IF(G991,C991*E991*G991,IF(H991,C991*E991*H991,C991*E991))))))),2)","v":1.23},"Sqm",{"$nulls":3},"SSR 21-22"]
[null,"EA room",1,"x",1,{"v":11.33,"d":"11.330"},{"v":0,"d":"0.000"},{"v":0.1,"d":"0.100"},{"$f":"ROUND(IF(AND(F992:H992),C992*E992*F992*G992*H992,IF(AND(F992,G992),C992*E992*F992*G992,IF(AND(F992,H992),C992*E992*F992*H992,IF(AND(G992,H992),C992*E992*G992*H992,IF(F992,C992*E992*F992,IF(G992,C992*E992*G992,IF(H992,C992*E992*H992,C992*E992))))))),2)","v":1.13},"Sqm",{"$nulls":3},"SSR 21-22"]
[null,"Front verandah",1,"x",1,{"v":14.8,"d":"14.800"},{"v":0,"d":"0.000"},{"v":0.1,"d":"0.100"},{"$f":"ROUND(IF(AND(F993:H993),C993*E993*F993*G993*H993,IF(AND(F993,G993),C993*E993*F993*G993,IF(AND(F993,H993),C993*E993*F993*H993,IF(AND(G993,H993),C993*E993*G993*H993,IF(F993,C993*E993*F993,IF(G993,C993*E993*G993,IF(H993,C993*E993*H993,C993*E993))))))),2)","v":1.48},"Sqm",{"$nulls":3},"SSR 21-22"]
[{"$nulls":13},"SSR 21-22"]
[{"$nulls":9},"Sqm",{"$f":"data!F2532","v":1069.87},"SSR 21-22",{"$f":"ROUND(I995*K995,0)","v":{"v":0,"d":"0.00"}},"SSR 21-22"]
[15,"Providing Skirting to internal walls to 15cm height / risers of steps with Porcelain Vitrified tiles length equal to flooring stones, set over base coat of CM (1:5) 12mm thick with Cement slurry of honey like consistency spread @ 3.30 Kgs per Sqm & jointed with white Cement paste mixed with pigment of matching shade to full depth, including c/c of materials like Cement, Sand and Water and tiles etc complete for finished item of work ",{"$nulls":11},"SSR 22-23"]
[null,"Qty.p.43 of M.B.No.441/A/ZP/19",{"$nulls":11},"SSR 22-23"]
[null,"Sarpanch room",1,"x",1,{"v":12.33,"d":"12.330"},{"v":0,"d":"0.000"},{"v":0.1,"d":"0.100"},{"$f":"ROUND(IF(AND(F998:H998),C998*E998*F998*G998*H998,IF(AND(F998,G998),C998*E998*F998*G998,IF(AND(F998,H998),C998*E998*F998*H998,IF(AND(G998,H998),C998*E998*G998*H998,IF(F998,C998*E998*F998,IF(G998,C998*E998*G998,IF(H998,C998*E998*H998,C998*E998))))))),2)","v":1.23},"Sqm",{"$nulls":3},"SSR 22-23"]
[null,"EA room",1,"x",1,{"v":11.33,"d":"11.330"},{"v":0,"d":"0.000"},{"v":0.1,"d":"0.100"},{"$f":"ROUND(IF(AND(F999:H999),C999*E999*F999*G999*H999,IF(AND(F999,G999),C999*E999*F999*G999,IF(AND(F999,H999),C999*E999*F999*H999,IF(AND(G999,H999),C999*E999*G999*H999,IF(F999,C999*E999*F999,IF(G999,C999*E999*G999,IF(H999,C999*E999*H999,C999*E999))))))),2)","v":1.13},"Sqm",{"$nulls":3},"SSR 22-23"]
[null,"Front verandah",1,"x",1,{"v":14.8,"d":"14.800"},{"v":0,"d":"0.000"},{"v":0.1,"d":"0.100"},{"$f":"ROUND(IF(AND(F1000:H1000),C1000*E1000*F1000*G1000*H1000,IF(AND(F1000,G1000),C1000*E1000*F1000*G1000,IF(AND(F1000,H1000),C1000*E1000*F1000*H1000,IF(AND(G1000,H1000),C1000*E1000*G1000*H1000,IF(F1000,C1000*E1000*F1000,IF(G1000,C1000*E1000*G1000,IF(H1000,C1000*E1000*H1000,C1000*E1000))))))),2)","v":1.48},"Sqm",{"$nulls":3},"SSR 22-23"]
[{"$nulls":13},"SSR 22-23"]
[{"$nulls":9},"Sqm",{"$f":"data!F3449","v":1098.05},"SSR 22-23",{"$f":"ROUND(I1002*K1002,0)","v":{"v":0,"d":"0.00"}},"SSR 22-23"]
[16,"Flooring with high polished granite 16 to 18 mm mm thick slabs other than black set over base coat of cement mortar (1:8), 20 mm thick over CC bed already laid or RCC roof slab, including neat cement slurry of honey like consistency spread @ 3.3.kgs per sqm & jointed neatly with white cement paste mixed with pigment of matching shade to full depth, including cost of all materials like cement, sand water and tilesetc., complete, including seigniorage charges, labour charges for dressing of tilesetc., complete for finished item of work, but excluding the cost of conveyance of all materials",{"$nulls":11},"SSR 19-20"]
[null,"Qty.p.45 of M.B.No.441/A/ZP/19",{"$nulls":11},"SSR 19-20"]
[null,"1st flight steps",1,"x",11,{"v":1.35,"d":"1.350"},{"v":0.3,"d":"0.300"},{"v":0,"d":"0.000"},{"$f":"ROUND(IF(AND(F1005:H1005),C1005*E1005*F1005*G1005*H1005,IF(AND(F1005,G1005),C1005*E1005*F1005*G1005,IF(AND(F1005,H1005),C1005*E1005*F1005*H1005,IF(AND(G1005,H1005),C1005*E1005*G1005*H1005,IF(F1005,C1005*E1005*F1005,IF(G1005,C1005*E1005*G1005,IF(H1005,C1005*E1005*H1005,C1005*E1005))))))),2)","v":4.46},"Sqm",{"$nulls":3},"SSR 19-20"]
[null,null,1,"x",1,{"v":1.3,"d":"1.300"},{"v":0.3,"d":"0.300"},{"v":0,"d":"0.000"},0.39,"Sqm",{"$nulls":3},"SSR 19-20"]
[null,"2nd flight steps",1,"x",11,{"v":1.32,"d":"1.320"},{"v":0.3,"d":"0.300"},{"v":0,"d":"0.000"},4.36,"Sqm",{"$nulls":3},"SSR 19-20"]
[{"$nulls":13},"SSR 19-20"]
[{"$nulls":9},"Sqm",{"$f":"data!F602","v":{"v":2881.3,"d":"2881.30"}},"SSR 19-20",{"$f":"ROUND(I1009*K1009,0)","v":{"v":0,"d":"0.00"}},"SSR 19-20"]
[15,"Flooring with high polished granite 16 to 18 mm mm thick slabs other than black set over base coat of cement mortar (1:8), 20 mm thick over CC bed already laid or RCC roof slab, including neat cement slurry of honey like consistency spread @ 3.3.kgs per sqm & jointed neatly with white cement paste mixed with pigment of matching shade to full depth, including cost of all materials like cement, sand water and tilesetc., complete, including seigniorage charges, labour charges for dressing of tilesetc., complete for finished item of work, but excluding the cost of conveyance of all materials",{"$nulls":11},"SSR 20-21"]
[null,"Qty.p.20 of M.B.No.113/A/ZP/20",{"$nulls":11},"SSR 20-21"]
[null,"3rd flight steps",1,"x",11,{"v":1.3,"d":"1.300"},{"v":0.3,"d":"0.300"},{"v":0,"d":"0.000"},{"$f":"ROUND(IF(AND(F1012:H1012),C1012*E1012*F1012*G1012*H1012,IF(AND(F1012,G1012),C1012*E1012*F1012*G1012,IF(AND(F1012,H1012),C1012*E1012*F1012*H1012,IF(AND(G1012,H1012),C1012*E1012*G1012*H1012,IF(F1012,C1012*E1012*F1012,IF(G1012,C1012*E1012*G1012,IF(H1012,C1012*E1012*H1012,C1012*E1012))))))),2)","v":4.29},"Sqm",{"$nulls":3},"SSR 20-21"]
[null,null,1,"x",1,{"v":1.3,"d":"1.300"},{"v":0.37,"d":"0.370"},{"v":0,"d":"0.000"},0.48,"Sqm",{"$nulls":3},"SSR 20-21"]
[null,"landing",1,"x",1,{"v":2.95,"d":"2.950"},{"v":0.86,"d":"0.860"},{"v":0,"d":"0.000"},{"$f":"ROUND(IF(AND(F1014:H1014),C1014*E1014*F1014*G1014*H1014,IF(AND(F1014,G1014),C1014*E1014*F1014*G1014,IF(AND(F1014,H1014),C1014*E1014*F1014*H1014,IF(AND(G1014,H1014),C1014*E1014*G1014*H1014,IF(F1014,C1014*E1014*F1014,IF(G1014,C1014*E1014*G1014,IF(H1014,C1014*E1014*H1014,C1014*E1014))))))),2)","v":2.54},"Sqm",{"$nulls":3},"SSR 20-21"]
[null,"4th flight steps",1,"x",11,{"v":1.3,"d":"1.300"},{"v":0.3,"d":"0.300"},{"v":0,"d":"0.000"},4.29,"Sqm",{"$nulls":3},"SSR 20-21"]
[{"$nulls":13},"SSR 20-21"]
[{"$nulls":9},"Sqm",{"$f":"data!F1519","v":2944.91},"SSR 20-21",{"$f":"ROUND(I1017*K1017,0)","v":{"v":0,"d":"0.00"}},"SSR 20-21"]
[16,"Flooring with high polished granite 16 to 18 mm mm thick slabs other than black set over base coat of cement mortar (1:8), 20 mm thick over CC bed already laid or RCC roof slab, including neat cement slurry of honey like consistency spread @ 3.3.kgs per sqm & jointed neatly with white cement paste mixed with pigment of matching shade to full depth, including cost of all materials like cement, sand water and tilesetc., complete, including seigniorage charges, labour charges for dressing of tilesetc., complete for finished item of work, but excluding the cost of conveyance of all materials",{"$nulls":11},"SSR 21-22"]
[null,"Qty.p.45 of M.B.No.441/A/ZP/19",{"$nulls":11},"SSR 21-22"]
[null,"1st flight steps",1,"x",11,{"v":1.35,"d":"1.350"},{"v":0.3,"d":"0.300"},{"v":0,"d":"0.000"},{"$f":"ROUND(IF(AND(F1020:H1020),C1020*E1020*F1020*G1020*H1020,IF(AND(F1020,G1020),C1020*E1020*F1020*G1020,IF(AND(F1020,H1020),C1020*E1020*F1020*H1020,IF(AND(G1020,H1020),C1020*E1020*G1020*H1020,IF(F1020,C1020*E1020*F1020,IF(G1020,C1020*E1020*G1020,IF(H1020,C1020*E1020*H1020,C1020*E1020))))))),2)","v":4.46},"Sqm",{"$nulls":3},"SSR 21-22"]
[null,null,1,"x",1,{"v":1.3,"d":"1.300"},{"v":0.3,"d":"0.300"},{"v":0,"d":"0.000"},{"$f":"ROUND(IF(AND(F1021:H1021),C1021*E1021*F1021*G1021*H1021,IF(AND(F1021,G1021),C1021*E1021*F1021*G1021,IF(AND(F1021,H1021),C1021*E1021*F1021*H1021,IF(AND(G1021,H1021),C1021*E1021*G1021*H1021,IF(F1021,C1021*E1021*F1021,IF(G1021,C1021*E1021*G1021,IF(H1021,C1021*E1021*H1021,C1021*E1021))))))),2)","v":0.39},"Sqm",{"$nulls":3},"SSR 21-22"]
[null,"2nd flight steps",1,"x",11,{"v":1.32,"d":"1.320"},{"v":0.3,"d":"0.300"},{"v":0,"d":"0.000"},{"$f":"ROUND(IF(AND(F1022:H1022),C1022*E1022*F1022*G1022*H1022,IF(AND(F1022,G1022),C1022*E1022*F1022*G1022,IF(AND(F1022,H1022),C1022*E1022*F1022*H1022,IF(AND(G1022,H1022),C1022*E1022*G1022*H1022,IF(F1022,C1022*E1022*F1022,IF(G1022,C1022*E1022*G1022,IF(H1022,C1022*E1022*H1022,C1022*E1022))))))),2)","v":4.36},"Sqm",{"$nulls":3},"SSR 21-22"]
[{"$nulls":13},"SSR 21-22"]
[{"$nulls":9},"Sqm",{"$f":"data!F2436","v":3004.62},"SSR 21-22",{"$f":"ROUND(I1024*K1024,0)","v":{"v":0,"d":"0.00"}},"SSR 21-22"]
[12,"Flooring with high polished granite 16 to 18 mm mm thick slabs other than black set over base coat of cement mortar (1:8), 20 mm thick over CC bed already laid or RCC roof slab, including neat cement slurry of honey like consistency spread @ 3.3.kgs per sqm & jointed neatly with white cement paste mixed with pigment of matching shade to full depth, including cost of all materials like cement, sand water and tilesetc., complete, including seigniorage charges, labour charges for dressing of tilesetc., complete for finished item of work, but excluding the cost of conveyance of all materials",{"$nulls":11},"SSR 22-23"]
[null,"Qty.p.32 of M.B.No.1186/A/ZP/20",null,"10.07.2023",{"$nulls":9},"SSR 22-23"]
[null,"Staff room",1,"x",1,{"v":3.35,"d":"3.350"},{"v":2.49,"d":"2.490"},{"v":0,"d":"0.000"},{"$f":"ROUND(IF(AND(F1027:H1027),C1027*E1027*F1027*G1027*H1027,IF(AND(F1027,G1027),C1027*E1027*F1027*G1027,IF(AND(F1027,H1027),C1027*E1027*F1027*H1027,IF(AND(G1027,H1027),C1027*E1027*G1027*H1027,IF(F1027,C1027*E1027*F1027,IF(G1027,C1027*E1027*G1027,IF(H1027,C1027*E1027*H1027,C1027*E1027))))))),2)","v":8.34},"Sqm",{"$nulls":3},"SSR 22-23"]
[null,"Digital store",1,"x",1,{"v":3.35,"d":"3.350"},{"v":2.88,"d":"2.880"},{"v":0,"d":"0.000"},9.65,"Sqm",{"$nulls":3},"SSR 22-23"]
[null,"Sarpanch room",1,"x",1,{"v":3.35,"d":"3.350"},{"v":3.12,"d":"3.120"},{"v":0,"d":"0.000"},10.45,"Sqm",{"$nulls":3},"SSR 22-23"]
[null,"carridor",1,"x",1,{"v":1.8,"d":"1.800"},{"v":11.93,"d":"11.930"},{"v":0,"d":"0.000"},21.47,"Sqm",{"$nulls":3},"SSR 22-23"]
[null,"Meeting Hall",1,"x",1,{"v":3,"d":"3.000"},{"v":8.45,"d":"8.450"},{"v":0,"d":"0.000"},25.35,"Sqm",{"$nulls":3},"SSR 22-23"]
[null,"Open area front side",1,"x",1,{"v":5.25,"d":"5.250"},{"v":2.5,"d":"2.500"},{"v":0,"d":"0.000"},13.13,"Sqm",{"$nulls":3},"SSR 22-23"]
[null,"Open area back side",1,"x",1,{"v":9.15,"d":"9.150"},{"v":0.75,"d":"0.750"},{"v":0,"d":"0.000"},6.86,"Sqm",{"$nulls":3},"SSR 22-23"]
[null,"steps 3rd flight",1,"x",9,{"v":1.25,"d":"1.250"},{"v":0.3,"d":"0.300"},{"v":0,"d":"0.000"},3.38,"Sqm",{"$nulls":3},"SSR 22-23"]
[null,null,1,"x",1,{"v":1.25,"d":"1.250"},{"v":0.45,"d":"0.450"},{"v":0,"d":"0.000"},0.56,"Sqm",{"$nulls":3},"SSR 22-23"]
[null,"landing",1,"x",1,{"v":2.95,"d":"2.950"},{"v":1.25,"d":"1.250"},{"v":0,"d":"0.000"},3.69,"Sqm",{"$nulls":3},"SSR 22-23"]
[null,"Deduction",1,"x",1,{"v":0.1,"d":"0.100"},{"v":0.38,"d":"0.380"},{"v":0,"d":"0.000"},{"$f":"-ROUND(IF(AND(F1037:H1037),C1037*E1037*F1037*G1037*H1037,IF(AND(F1037,G1037),C1037*E1037*F1037*G1037,IF(AND(F1037,H1037),C1037*E1037*F1037*H1037,IF(AND(G1037,H1037),C1037*E1037*G1037*H1037,IF(F1037,C1037*E1037*F1037,IF(G1037,C1037*E1037*G1037,IF(H1037,C1037*E1037*H1037,C1037*E1037))))))),2)","v":-0.04},"Sqm",{"$nulls":3},"SSR 22-23"]
[null,"steps 4th flight",1,"x",8,{"v":1.2,"d":"1.200"},{"v":0.3,"d":"0.300"},{"v":0,"d":"0.000"},2.88,"Sqm",{"$nulls":3},"SSR 22-23"]
[null,null,1,"x",1,{"v":1.2,"d":"1.200"},{"v":0.45,"d":"0.450"},{"v":0,"d":"0.000"},0.54,"Sqm",{"$nulls":3},"SSR 22-23"]
[{"$nulls":13},"SSR 22-23"]
[{"$nulls":9},"Sqm",{"$f":"data!F3353","v":3181.62},"SSR 22-23",{"$f":"ROUND(I1041*K1041,0)","v":{"v":0,"d":"0.00"}},"SSR 22-23"]
[17,"Providing skirting to internal walls to 15 cm height/risers of steps with 16-18 mm thick  polished granite tiles length equal to flooring stones, set over base coat of CM (1:3) 12 mm thick with cement slurry of honey like consistency spread at the rate of 3.30 kgs per sqm and jointed with white cement paste mixed with pigment of matching shade to full depth, including cost of all materials like tiles, cement, sand and water etc., complete including seigniorage charges, etc., complete for finished item of work",{"$nulls":11},"SSR 19-20"]
[null,"Qty.p.46 of M.B.No.441/A/ZP/19",{"$nulls":11},"SSR 19-20"]
[null,"FF 1st and 2nd flight raisers",1,"x",11,{"v":1.35,"d":"1.350"},{"v":0.15,"d":"0.150"},{"v":0,"d":"0.000"},{"$f":"ROUND(IF(AND(F1044:H1044),C1044*E1044*F1044*G1044*H1044,IF(AND(F1044,G1044),C1044*E1044*F1044*G1044,IF(AND(F1044,H1044),C1044*E1044*F1044*H1044,IF(AND(G1044,H1044),C1044*E1044*G1044*H1044,IF(F1044,C1044*E1044*F1044,IF(G1044,C1044*E1044*G1044,IF(H1044,C1044*E1044*H1044,C1044*E1044))))))),2)","v":2.23},"Sqm",{"$nulls":3},"SSR 19-20"]
[null,null,1,"x",11,{"v":1.32,"d":"1.320"},{"v":0.15,"d":"0.150"},{"v":0,"d":"0.000"},{"$f":"ROUND(IF(AND(F1045:H1045),C1045*E1045*F1045*G1045*H1045,IF(AND(F1045,G1045),C1045*E1045*F1045*G1045,IF(AND(F1045,H1045),C1045*E1045*F1045*H1045,IF(AND(G1045,H1045),C1045*E1045*G1045*H1045,IF(F1045,C1045*E1045*F1045,IF(G1045,C1045*E1045*G1045,IF(H1045,C1045*E1045*H1045,C1045*E1045))))))),2)","v":2.18},"Sqm",{"$nulls":3},"SSR 19-20"]
[null,"2nd flight",1,"x",11,{"v":0.4,"d":"0.400"},{"v":0,"d":"0.000"},{"v":0.14,"d":"0.140"},{"$f":"ROUND(IF(AND(F1046:H1046),C1046*E1046*F1046*G1046*H1046,IF(AND(F1046,G1046),C1046*E1046*F1046*G1046,IF(AND(F1046,H1046),C1046*E1046*F1046*H1046,IF(AND(G1046,H1046),C1046*E1046*G1046*H1046,IF(F1046,C1046*E1046*F1046,IF(G1046,C1046*E1046*G1046,IF(H1046,C1046*E1046*H1046,C1046*E1046))))))),2)","v":0.62},"Sqm",{"$nulls":3},"SSR 19-20"]
[{"$nulls":13},"SSR 19-20"]
[{"$nulls":9},"Sqm",{"$f":"data!F621","v":2704.03},"SSR 19-20",{"$f":"ROUND(I1048*K1048,0)","v":{"v":0,"d":"0.00"}},"SSR 19-20"]
[16,"Providing skirting to internal walls to 15 cm height/risers of steps with 16-18 mm thick  polished granite tiles length equal to flooring stones, set over base coat of CM (1:3) 12 mm thick with cement slurry of honey like consistency spread at the rate of 3.30 kgs per sqm and jointed with white cement paste mixed with pigment of matching shade to full depth, including cost of all materials like tiles, cement, sand and water etc., complete including seigniorage charges, etc., complete for finished item of work",{"$nulls":11},"SSR 20-21"]
[null,"Qty.p.46 of M.B.No.108/A/ZP/20",{"$nulls":11},"SSR 20-21"]
[null,"FF 1st and 2nd flight raisers",1,"x",11,{"v":1.35,"d":"1.350"},{"v":0.15,"d":"0.150"},{"v":0,"d":"0.000"},{"$f":"ROUND(IF(AND(F1051:H1051),C1051*E1051*F1051*G1051*H1051,IF(AND(F1051,G1051),C1051*E1051*F1051*G1051,IF(AND(F1051,H1051),C1051*E1051*F1051*H1051,IF(AND(G1051,H1051),C1051*E1051*G1051*H1051,IF(F1051,C1051*E1051*F1051,IF(G1051,C1051*E1051*G1051,IF(H1051,C1051*E1051*H1051,C1051*E1051))))))),2)","v":2.23},"Sqm",{"$nulls":3},"SSR 20-21"]
[null,null,1,"x",11,{"v":1.32,"d":"1.320"},{"v":0.15,"d":"0.150"},{"v":0,"d":"0.000"},{"$f":"ROUND(IF(AND(F1052:H1052),C1052*E1052*F1052*G1052*H1052,IF(AND(F1052,G1052),C1052*E1052*F1052*G1052,IF(AND(F1052,H1052),C1052*E1052*F1052*H1052,IF(AND(G1052,H1052),C1052*E1052*G1052*H1052,IF(F1052,C1052*E1052*F1052,IF(G1052,C1052*E1052*G1052,IF(H1052,C1052*E1052*H1052,C1052*E1052))))))),2)","v":2.18},"Sqm",{"$nulls":3},"SSR 20-21"]
[null,"Qty.p.47 of M.B.No.108/A/ZP/20",{"$nulls":11},"SSR 20-21"]
[null,"1st flight",1,"x",11,{"v":0.4,"d":"0.400"},{"v":0,"d":"0.000"},{"v":0.14,"d":"0.140"},{"$f":"ROUND(IF(AND(F1054:H1054),C1054*E1054*F1054*G1054*H1054,IF(AND(F1054,G1054),C1054*E1054*F1054*G1054,IF(AND(F1054,H1054),C1054*E1054*F1054*H1054,IF(AND(G1054,H1054),C1054*E1054*G1054*H1054,IF(F1054,C1054*E1054*F1054,IF(G1054,C1054*E1054*G1054,IF(H1054,C1054*E1054*H1054,C1054*E1054))))))),2)","v":0.62},"Sqm",{"$nulls":3},"SSR 20-21"]
[null,"2nd flight",1,"x",11,{"v":0.4,"d":"0.400"},{"v":0,"d":"0.000"},{"v":0.14,"d":"0.140"},{"$f":"ROUND(IF(AND(F1055:H1055),C1055*E1055*F1055*G1055*H1055,IF(AND(F1055,G1055),C1055*E1055*F1055*G1055,IF(AND(F1055,H1055),C1055*E1055*F1055*H1055,IF(AND(G1055,H1055),C1055*E1055*G1055*H1055,IF(F1055,C1055*E1055*F1055,IF(G1055,C1055*E1055*G1055,IF(H1055,C1055*E1055*H1055,C1055*E1055))))))),2)","v":0.62},"Sqm",{"$nulls":3},"SSR 20-21"]
[{"$nulls":13},"SSR 20-21"]
[{"$nulls":9},"Sqm",{"$f":"data!F1538","v":{"v":2747.8,"d":"2747.80"}},"SSR 20-21",{"$f":"ROUND(I1057*K1057,0)","v":{"v":0,"d":"0.00"}},"SSR 20-21"]
[17,"Providing skirting to internal walls to 15 cm height/risers of steps with 16-18 mm thick  polished granite tiles length equal to flooring stones, set over base coat of CM (1:3) 12 mm thick with cement slurry of honey like consistency spread at the rate of 3.30 kgs per sqm and jointed with white cement paste mixed with pigment of matching shade to full depth, including cost of all materials like tiles, cement, sand and water etc., complete including seigniorage charges, etc., complete for finished item of work",{"$nulls":11},"SSR 21-22"]
[null,"Qty.p.46 of M.B.No.441/A/ZP/19",{"$nulls":11},"SSR 21-22"]
[null,"FF 1st and 2nd flight raisers",1,"x",11,{"v":1.35,"d":"1.350"},{"v":0.15,"d":"0.150"},{"v":0,"d":"0.000"},{"$f":"ROUND(IF(AND(F1060:H1060),C1060*E1060*F1060*G1060*H1060,IF(AND(F1060,G1060),C1060*E1060*F1060*G1060,IF(AND(F1060,H1060),C1060*E1060*F1060*H1060,IF(AND(G1060,H1060),C1060*E1060*G1060*H1060,IF(F1060,C1060*E1060*F1060,IF(G1060,C1060*E1060*G1060,IF(H1060,C1060*E1060*H1060,C1060*E1060))))))),2)","v":2.23},"Sqm",{"$nulls":3},"SSR 21-22"]
[null,null,1,"x",11,{"v":1.32,"d":"1.320"},{"v":0.15,"d":"0.150"},{"v":0,"d":"0.000"},{"$f":"ROUND(IF(AND(F1061:H1061),C1061*E1061*F1061*G1061*H1061,IF(AND(F1061,G1061),C1061*E1061*F1061*G1061,IF(AND(F1061,H1061),C1061*E1061*F1061*H1061,IF(AND(G1061,H1061),C1061*E1061*G1061*H1061,IF(F1061,C1061*E1061*F1061,IF(G1061,C1061*E1061*G1061,IF(H1061,C1061*E1061*H1061,C1061*E1061))))))),2)","v":2.18},"Sqm",{"$nulls":3},"SSR 21-22"]
[null,"2nd flight",1,"x",11,{"v":0.4,"d":"0.400"},{"v":0,"d":"0.000"},{"v":0.14,"d":"0.140"},{"$f":"ROUND(IF(AND(F1062:H1062),C1062*E1062*F1062*G1062*H1062,IF(AND(F1062,G1062),C1062*E1062*F1062*G1062,IF(AND(F1062,H1062),C1062*E1062*F1062*H1062,IF(AND(G1062,H1062),C1062*E1062*G1062*H1062,IF(F1062,C1062*E1062*F1062,IF(G1062,C1062*E1062*G1062,IF(H1062,C1062*E1062*H1062,C1062*E1062))))))),2)","v":0.62},"Sqm",{"$nulls":3},"SSR 21-22"]
[{"$nulls":13},"SSR 21-22"]
[{"$nulls":9},"Sqm",{"$f":"data!F2455","v":2789.27},"SSR 21-22",{"$f":"ROUND(I1064*K1064,0)","v":{"v":0,"d":"0.00"}},"SSR 21-22"]
[13,"Providing skirting to internal walls to 15 cm height/risers of steps with 16-18 mm thick  polished granite tiles length equal to flooring stones, set over base coat of CM (1:3) 12 mm thick with cement slurry of honey like consistency spread at the rate of 3.30 kgs per sqm and jointed with white cement paste mixed with pigment of matching shade to full depth, including cost of all materials like tiles, cement, sand and water etc., complete including seigniorage charges, etc., complete for finished item of work",{"$nulls":11},"SSR 22-23"]
[null,"Qty.p.35 of M.B.No.1186/A/ZP/20",null,"10.07.2023",{"$nulls":9},"SSR 22-23"]
[null,"Staff room",1,"x",1,{"v":11.68,"d":"11.680"},{"v":0,"d":"0.000"},{"v":0.1,"d":"0.100"},{"$f":"ROUND(IF(AND(F1067:H1067),C1067*E1067*F1067*G1067*H1067,IF(AND(F1067,G1067),C1067*E1067*F1067*G1067,IF(AND(F1067,H1067),C1067*E1067*F1067*H1067,IF(AND(G1067,H1067),C1067*E1067*G1067*H1067,IF(F1067,C1067*E1067*F1067,IF(G1067,C1067*E1067*G1067,IF(H1067,C1067*E1067*H1067,C1067*E1067))))))),2)","v":1.17},"Sqm",{"$nulls":3},"SSR 22-23"]
[null,"Digital store",1,"x",1,{"v":12.26,"d":"12.260"},{"v":0,"d":"0.000"},{"v":0.1,"d":"0.100"},1.23,"Sqm",{"$nulls":3},"SSR 22-23"]
[null,"Sarpanch room",1,"x",1,{"v":12.74,"d":"12.740"},{"v":0,"d":"0.000"},{"v":0.1,"d":"0.100"},1.27,"Sqm",{"$nulls":3},"SSR 22-23"]
[null,"Carridor",1,"x",1,{"v":11.93,"d":"11.930"},{"v":0,"d":"0.000"},{"v":0.1,"d":"0.100"},1.19,"Sqm",{"$nulls":3},"SSR 22-23"]
[null,null,1,"x",1,{"v":9.42,"d":"9.420"},{"v":0,"d":"0.000"},{"v":0.1,"d":"0.100"},0.94,"Sqm",{"$nulls":3},"SSR 22-23"]
[null,"Meeting Hall",1,"x",1,{"v":22.92,"d":"22.920"},{"v":0,"d":"0.000"},{"v":0.1,"d":"0.100"},2.29,"Sqm",{"$nulls":3},"SSR 22-23"]
[null,"Front side",1,"x",2,{"v":5.25,"d":"5.250"},{"v":0,"d":"0.000"},{"v":0.1,"d":"0.100"},1.05,"Sqm",{"$nulls":3},"SSR 22-23"]
[null,null,1,"x",2,{"v":2.5,"d":"2.500"},{"v":0,"d":"0.000"},{"v":0.1,"d":"0.100"},{"v":0.5,"d":"0.50"},"Sqm",{"$nulls":3},"SSR 22-23"]
[null,"Back side",1,"x",2,{"v":9.15,"d":"9.150"},{"v":0,"d":"0.000"},{"v":0.1,"d":"0.100"},1.83,"Sqm",{"$nulls":3},"SSR 22-23"]
[null,null,1,"x",2,{"v":0.75,"d":"0.750"},{"v":0,"d":"0.000"},{"v":0.1,"d":"0.100"},0.15,"Sqm",{"$nulls":3},"SSR 22-23"]
[null,"Deduct door",2,"x",3,{"v":1.2,"d":"1.200"},{"v":0,"d":"0.000"},{"v":0.1,"d":"0.100"},{"$f":"-ROUND(IF(AND(F1077:H1077),C1077*E1077*F1077*G1077*H1077,IF(AND(F1077,G1077),C1077*E1077*F1077*G1077,IF(AND(F1077,H1077),C1077*E1077*F1077*H1077,IF(AND(G1077,H1077),C1077*E1077*G1077*H1077,IF(F1077,C1077*E1077*F1077,IF(G1077,C1077*E1077*G1077,IF(H1077,C1077*E1077*H1077,C1077*E1077))))))),2)","v":-0.72},"Sqm",{"$nulls":3},"SSR 22-23"]
[null,"Deduct door",2,"x",4,{"v":1.05,"d":"1.050"},{"v":0,"d":"0.000"},{"v":0.1,"d":"0.100"},{"$f":"-ROUND(IF(AND(F1078:H1078),C1078*E1078*F1078*G1078*H1078,IF(AND(F1078,G1078),C1078*E1078*F1078*G1078,IF(AND(F1078,H1078),C1078*E1078*F1078*H1078,IF(AND(G1078,H1078),C1078*E1078*G1078*H1078,IF(F1078,C1078*E1078*F1078,IF(G1078,C1078*E1078*G1078,IF(H1078,C1078*E1078*H1078,C1078*E1078))))))),2)","v":-0.84},"Sqm",{"$nulls":3},"SSR 22-23"]
[null,"Deduct door",1,"x",3,{"v":0.75,"d":"0.750"},{"v":0,"d":"0.000"},{"v":0.1,"d":"0.100"},{"$f":"-ROUND(IF(AND(F1079:H1079),C1079*E1079*F1079*G1079*H1079,IF(AND(F1079,G1079),C1079*E1079*F1079*G1079,IF(AND(F1079,H1079),C1079*E1079*F1079*H1079,IF(AND(G1079,H1079),C1079*E1079*G1079*H1079,IF(F1079,C1079*E1079*F1079,IF(G1079,C1079*E1079*G1079,IF(H1079,C1079*E1079*H1079,C1079*E1079))))))),2)","v":-0.23},"Sqm",{"$nulls":3},"SSR 22-23"]
[{"$nulls":13},"SSR 22-23"]
[{"$nulls":9},"Sqm",{"$f":"data!F3372","v":2950.54},"SSR 22-23",{"$f":"ROUND(I1081*K1081,0)","v":{"v":0,"d":"0.00"}},"SSR 22-23"]
[26,"Flooring with chequrred terrazzo tiles of 22 mm thick (medium shade) set over base coat of cement mortar (1:6) 12 mm thick over CC bed already laid or RCC roof slab, including near cement slurry of honey like consistency spread @ 3.3.kgs per sqm & jointed with neat cement to full depth mixed with pigment of matching shade including cost of all materials like cement, sand water and tiles etc., complete, including seigniorage charges, complete for finished item of work,",{"$nulls":11},"SSR 19-20"]
[null,"Qty.p.13 of M.B.No.441/A/ZP/19",{"$nulls":11},"SSR 19-20"]
[null,"Verandah",1,"x",1,{"v":9.87,"d":"9.870"},{"v":1.83,"d":"1.830"},{"v":0,"d":"0.000"},{"$f":"ROUND(IF(AND(F1084:H1084),C1084*E1084*F1084*G1084*H1084,IF(AND(F1084,G1084),C1084*E1084*F1084*G1084,IF(AND(F1084,H1084),C1084*E1084*F1084*H1084,IF(AND(G1084,H1084),C1084*E1084*G1084*H1084,IF(F1084,C1084*E1084*F1084,IF(G1084,C1084*E1084*G1084,IF(H1084,C1084*E1084*H1084,C1084*E1084))))))),2)","v":18.06},"Sqm",{"$nulls":3},"SSR 19-20"]
[null,"Ramp",1,"x",1,{"v":2.83,"d":"2.830"},{"v":1.55,"d":"1.550"},{"v":0,"d":"0.000"},4.39,"Sqm",{"$nulls":3},"SSR 19-20"]
[null,null,1,"x",1,{"v":2.65,"d":"2.650"},{"v":0.53,"d":"0.530"},{"v":0,"d":"0.000"},{"v":1.4,"d":"1.40"},"Sqm",{"$nulls":3},"SSR 19-20"]
[null,"Staircase steps",1,"x",21,{"v":1.28,"d":"1.280"},{"v":0.3,"d":"0.300"},{"v":0,"d":"0.000"},8.06,"Sqm",{"$nulls":3},"SSR 19-20"]
[{"$nulls":13},"SSR 19-20"]
[{"$nulls":9},"Sqm",{"$f":"data!F642","v":633.27},"SSR 19-20",{"$f":"ROUND(I1089*K1089,0)","v":{"v":0,"d":"0.00"}},"SSR 19-20"]
[26,"Flooring with chequrred terrazzo tiles of 22 mm thick (medium shade) set over base coat of cement mortar (1:6) 12 mm thick over CC bed already laid or RCC roof slab, including near cement slurry of honey like consistency spread @ 3.3.kgs per sqm & jointed with neat cement to full depth mixed with pigment of matching shade including cost of all materials like cement, sand water and tiles etc., complete, including seigniorage charges, complete for finished item of work,",{"$nulls":11},"SSR 20-21"]
[null,"Qty.p.31 of M.B.No.432/A/ZP/19",{"$nulls":11},"SSR 20-21"]
[null,"Verandah portion E/S",1,"x",1,{"v":6.2,"d":"6.200"},{"v":1.9,"d":"1.900"},{"v":0,"d":"0.000"},{"$f":"ROUND(IF(AND(F1092:H1092),C1092*E1092*F1092*G1092*H1092,IF(AND(F1092,G1092),C1092*E1092*F1092*G1092,IF(AND(F1092,H1092),C1092*E1092*F1092*H1092,IF(AND(G1092,H1092),C1092*E1092*G1092*H1092,IF(F1092,C1092*E1092*F1092,IF(G1092,C1092*E1092*G1092,IF(H1092,C1092*E1092*H1092,C1092*E1092))))))),2)","v":11.78},"Sqm",{"$nulls":3},"SSR 20-21"]
[null,"North side",1,"x",1,{"v":13.3,"d":"13.300"},{"v":0.85,"d":"0.850"},{"v":0,"d":"0.000"},{"$f":"ROUND(IF(AND(F1093:H1093),C1093*E1093*F1093*G1093*H1093,IF(AND(F1093,G1093),C1093*E1093*F1093*G1093,IF(AND(F1093,H1093),C1093*E1093*F1093*H1093,IF(AND(G1093,H1093),C1093*E1093*G1093*H1093,IF(F1093,C1093*E1093*F1093,IF(G1093,C1093*E1093*G1093,IF(H1093,C1093*E1093*H1093,C1093*E1093))))))),2)","v":11.31},"Sqm",{"$nulls":3},"SSR 20-21"]
[null,"West side",1,"x",1,{"v":8.7,"d":"8.700"},{"v":0.85,"d":"0.850"},{"v":0,"d":"0.000"},{"v":7.4,"d":"7.40"},"Sqm",{"$nulls":3},"SSR 20-21"]
[null,"Deduct wall column",1,"x",10,{"v":0.23,"d":"0.230"},0.115,{"v":0,"d":"0.000"},{"$f":"-ROUND(IF(AND(F1095:H1095),C1095*E1095*F1095*G1095*H1095,IF(AND(F1095,G1095),C1095*E1095*F1095*G1095,IF(AND(F1095,H1095),C1095*E1095*F1095*H1095,IF(AND(G1095,H1095),C1095*E1095*G1095*H1095,IF(F1095,C1095*E1095*F1095,IF(G1095,C1095*E1095*G1095,IF(H1095,C1095*E1095*H1095,C1095*E1095))))))),2)","v":-0.26},"Sqm",{"$nulls":3},"SSR 20-21"]
[null,"3rd flight steps",1,"x",11,{"v":1.3,"d":"1.300"},{"v":0.3,"d":"0.300"},{"v":0,"d":"0.000"},4.29,"Sqm",{"$nulls":3},"SSR 20-21"]
[null,"Landing",1,"x",1,{"v":2.6,"d":"2.600"},{"v":1,"d":"1.000"},{"v":0,"d":"0.000"},{"v":2.6,"d":"2.60"},"Sqm",{"$nulls":3},"SSR 20-21"]
[null,"4th flight steps",1,"x",10,{"v":1.3,"d":"1.300"},{"v":0.3,"d":"0.300"},{"v":0,"d":"0.000"},{"v":3.9,"d":"3.90"},"Sqm",{"$nulls":3},"SSR 20-21"]
[{"$nulls":13},"SSR 20-21"]
[{"$nulls":9},"Sqm",{"$f":"data!F1559","v":677.99},"SSR 20-21",{"$f":"ROUND(I1100*K1100,0)","v":{"v":0,"d":"0.00"}},"SSR 20-21"]
[26,"Flooring with chequrred terrazzo tiles of 22 mm thick (medium shade) set over base coat of cement mortar (1:6) 12 mm thick over CC bed already laid or RCC roof slab, including near cement slurry of honey like consistency spread @ 3.3.kgs per sqm & jointed with neat cement to full depth mixed with pigment of matching shade including cost of all materials like cement, sand water and tiles etc., complete, including seigniorage charges, complete for finished item of work,",{"$nulls":11},"SSR 21-22"]
[null,"Qty.p.13 of M.B.No.441/A/ZP/19",{"$nulls":11},"SSR 21-22"]
[null,"Verandah",1,"x",1,{"v":9.87,"d":"9.870"},{"v":1.83,"d":"1.830"},{"v":0,"d":"0.000"},{"$f":"ROUND(IF(AND(F1103:H1103),C1103*E1103*F1103*G1103*H1103,IF(AND(F1103,G1103),C1103*E1103*F1103*G1103,IF(AND(F1103,H1103),C1103*E1103*F1103*H1103,IF(AND(G1103,H1103),C1103*E1103*G1103*H1103,IF(F1103,C1103*E1103*F1103,IF(G1103,C1103*E1103*G1103,IF(H1103,C1103*E1103*H1103,C1103*E1103))))))),2)","v":18.06},"Sqm",{"$nulls":3},"SSR 21-22"]
[null,"Ramp",1,"x",1,{"v":2.83,"d":"2.830"},{"v":1.55,"d":"1.550"},{"v":0,"d":"0.000"},{"$f":"ROUND(IF(AND(F1104:H1104),C1104*E1104*F1104*G1104*H1104,IF(AND(F1104,G1104),C1104*E1104*F1104*G1104,IF(AND(F1104,H1104),C1104*E1104*F1104*H1104,IF(AND(G1104,H1104),C1104*E1104*G1104*H1104,IF(F1104,C1104*E1104*F1104,IF(G1104,C1104*E1104*G1104,IF(H1104,C1104*E1104*H1104,C1104*E1104))))))),2)","v":4.39},"Sqm",{"$nulls":3},"SSR 21-22"]
[null,null,1,"x",1,{"v":2.65,"d":"2.650"},{"v":0.53,"d":"0.530"},{"v":0,"d":"0.000"},{"$f":"ROUND(IF(AND(F1105:H1105),C1105*E1105*F1105*G1105*H1105,IF(AND(F1105,G1105),C1105*E1105*F1105*G1105,IF(AND(F1105,H1105),C1105*E1105*F1105*H1105,IF(AND(G1105,H1105),C1105*E1105*G1105*H1105,IF(F1105,C1105*E1105*F1105,IF(G1105,C1105*E1105*G1105,IF(H1105,C1105*E1105*H1105,C1105*E1105))))))),2)","v":{"v":1.4,"d":"1.40"}},"Sqm",{"$nulls":3},"SSR 21-22"]
[null,"Staircase steps",1,"x",21,{"v":1.28,"d":"1.280"},{"v":0.3,"d":"0.300"},{"v":0,"d":"0.000"},{"$f":"ROUND(IF(AND(F1106:H1106),C1106*E1106*F1106*G1106*H1106,IF(AND(F1106,G1106),C1106*E1106*F1106*G1106,IF(AND(F1106,H1106),C1106*E1106*F1106*H1106,IF(AND(G1106,H1106),C1106*E1106*G1106*H1106,IF(F1106,C1106*E1106*F1106,IF(G1106,C1106*E1106*G1106,IF(H1106,C1106*E1106*H1106,C1106*E1106))))))),2)","v":8.06},"Sqm",{"$nulls":3},"SSR 21-22"]
[{"$nulls":13},"SSR 21-22"]
[{"$nulls":9},"Sqm",{"$f":"data!F2476","v":686.13},"SSR 21-22",{"$f":"ROUND(I1108*K1108,0)","v":{"v":0,"d":"0.00"}},"SSR 21-22"]
[26,"Flooring with chequrred terrazzo tiles of 22 mm thick (medium shade) set over base coat of cement mortar (1:6) 12 mm thick over CC bed already laid or RCC roof slab, including near cement slurry of honey like consistency spread @ 3.3.kgs per sqm & jointed with neat cement to full depth mixed with pigment of matching shade including cost of all materials like cement, sand water and tiles etc., complete, including seigniorage charges, complete for finished item of work,",{"$nulls":11},"SSR 22-23"]
[null,"Qty.p.13 of M.B.No.441/A/ZP/19",{"$nulls":11},"SSR 22-23"]
[null,"Verandah",1,"x",1,{"v":9.87,"d":"9.870"},{"v":1.83,"d":"1.830"},{"v":0,"d":"0.000"},{"$f":"ROUND(IF(AND(F1111:H1111),C1111*E1111*F1111*G1111*H1111,IF(AND(F1111,G1111),C1111*E1111*F1111*G1111,IF(AND(F1111,H1111),C1111*E1111*F1111*H1111,IF(AND(G1111,H1111),C1111*E1111*G1111*H1111,IF(F1111,C1111*E1111*F1111,IF(G1111,C1111*E1111*G1111,IF(H1111,C1111*E1111*H1111,C1111*E1111))))))),2)","v":18.06},"Sqm",{"$nulls":3},"SSR 22-23"]
[null,"Ramp",1,"x",1,{"v":2.83,"d":"2.830"},{"v":1.55,"d":"1.550"},{"v":0,"d":"0.000"},{"$f":"ROUND(IF(AND(F1112:H1112),C1112*E1112*F1112*G1112*H1112,IF(AND(F1112,G1112),C1112*E1112*F1112*G1112,IF(AND(F1112,H1112),C1112*E1112*F1112*H1112,IF(AND(G1112,H1112),C1112*E1112*G1112*H1112,IF(F1112,C1112*E1112*F1112,IF(G1112,C1112*E1112*G1112,IF(H1112,C1112*E1112*H1112,C1112*E1112))))))),2)","v":4.39},"Sqm",{"$nulls":3},"SSR 22-23"]
[null,null,1,"x",1,{"v":2.65,"d":"2.650"},{"v":0.53,"d":"0.530"},{"v":0,"d":"0.000"},{"$f":"ROUND(IF(AND(F1113:H1113),C1113*E1113*F1113*G1113*H1113,IF(AND(F1113,G1113),C1113*E1113*F1113*G1113,IF(AND(F1113,H1113),C1113*E1113*F1113*H1113,IF(AND(G1113,H1113),C1113*E1113*G1113*H1113,IF(F1113,C1113*E1113*F1113,IF(G1113,C1113*E1113*G1113,IF(H1113,C1113*E1113*H1113,C1113*E1113))))))),2)","v":{"v":1.4,"d":"1.40"}},"Sqm",{"$nulls":3},"SSR 22-23"]
[null,"Staircase steps",1,"x",21,{"v":1.28,"d":"1.280"},{"v":0.3,"d":"0.300"},{"v":0,"d":"0.000"},{"$f":"ROUND(IF(AND(F1114:H1114),C1114*E1114*F1114*G1114*H1114,IF(AND(F1114,G1114),C1114*E1114*F1114*G1114,IF(AND(F1114,H1114),C1114*E1114*F1114*H1114,IF(AND(G1114,H1114),C1114*E1114*G1114*H1114,IF(F1114,C1114*E1114*F1114,IF(G1114,C1114*E1114*G1114,IF(H1114,C1114*E1114*H1114,C1114*E1114))))))),2)","v":8.06},"Sqm",{"$nulls":3},"SSR 22-23"]
[{"$nulls":13},"SSR 22-23"]
[{"$nulls":9},"Sqm",{"$f":"data!F3393","v":780.73},"SSR 22-23",{"$f":"ROUND(I1116*K1116,0)","v":{"v":0,"d":"0.00"}},"SSR 22-23"]
[27,"Providing skirting to internal walls to 15 cm height/risers of steps with chequrred terrazzo tiles length equal to flooring stones, set over base coat of CM (1:5) 12 mm thick with cement slurry of honey like consistency spread at the rate of 3.30 kgs per sqm and jointed with white cement paste mixed with pigment of matching shade to full depth, including cost of all materials like tiles, cement, sand and water etc., complete including seigniorage charges, etc., complete for finished item of work,",{"$nulls":11},"SSR 19-20"]
[null,"Qty.p.14 of M.B.No.441/A/ZP/19",{"$nulls":11},"SSR 19-20"]
[null,"Landing",1,"x",2,{"v":5.25,"d":"5.250"},{"v":0,"d":"0.000"},{"v":0.1,"d":"0.100"},{"$f":"ROUND(IF(AND(F1119:H1119),C1119*E1119*F1119*G1119*H1119,IF(AND(F1119,G1119),C1119*E1119*F1119*G1119,IF(AND(F1119,H1119),C1119*E1119*F1119*H1119,IF(AND(G1119,H1119),C1119*E1119*G1119*H1119,IF(F1119,C1119*E1119*F1119,IF(G1119,C1119*E1119*G1119,IF(H1119,C1119*E1119*H1119,C1119*E1119))))))),2)","v":1.05},"Sqm",{"$nulls":3},"SSR 19-20"]
[null,"Verandah",1,"x",1,{"v":9.87,"d":"9.870"},{"v":0,"d":"0.000"},{"v":0.1,"d":"0.100"},0.99,"Sqm",{"$nulls":3},"SSR 19-20"]
[null,"Entrance steps risers",1,"x",5,{"v":2.72,"d":"2.720"},{"v":0,"d":"0.000"},{"v":0.17,"d":"0.170"},2.31,"Sqm",{"$nulls":3},"SSR 19-20"]
[{"$nulls":13},"SSR 19-20"]
[{"$nulls":9},"Sqm",{"$f":"data!F660","v":652.64},"SSR 19-20",{"$f":"ROUND(I1123*K1123,0)","v":{"v":0,"d":"0.00"}},"SSR 19-20"]
[27,"Providing skirting to internal walls to 15 cm height/risers of steps with chequrred terrazzo tiles length equal to flooring stones, set over base coat of CM (1:5) 12 mm thick with cement slurry of honey like consistency spread at the rate of 3.30 kgs per sqm and jointed with white cement paste mixed with pigment of matching shade to full depth, including cost of all materials like tiles, cement, sand and water etc., complete including seigniorage charges, etc., complete for finished item of work,",{"$nulls":11},"SSR 20-21"]
[null,"Qty.p.33 of M.B.No.432/A/ZP/19",{"$nulls":11},"SSR 20-21"]
[null,"Verandah portion E/S",1,"x",1,{"v":15.6,"d":"15.600"},{"v":0,"d":"0.000"},{"v":0.1,"d":"0.100"},{"$f":"ROUND(IF(AND(F1126:H1126),C1126*E1126*F1126*G1126*H1126,IF(AND(F1126,G1126),C1126*E1126*F1126*G1126,IF(AND(F1126,H1126),C1126*E1126*F1126*H1126,IF(AND(G1126,H1126),C1126*E1126*G1126*H1126,IF(F1126,C1126*E1126*F1126,IF(G1126,C1126*E1126*G1126,IF(H1126,C1126*E1126*H1126,C1126*E1126))))))),2)","v":1.56},"Sqm",{"$nulls":3},"SSR 20-21"]
[null,"Deduct door",1,"x",1,{"v":1.2,"d":"1.200"},{"v":0,"d":"0.000"},{"v":0.1,"d":"0.100"},{"$f":"-ROUND(IF(AND(F1127:H1127),C1127*E1127*F1127*G1127*H1127,IF(AND(F1127,G1127),C1127*E1127*F1127*G1127,IF(AND(F1127,H1127),C1127*E1127*F1127*H1127,IF(AND(G1127,H1127),C1127*E1127*G1127*H1127,IF(F1127,C1127*E1127*F1127,IF(G1127,C1127*E1127*G1127,IF(H1127,C1127*E1127*H1127,C1127*E1127))))))),2)","v":-0.12},"Sqm",{"$nulls":3},"SSR 20-21"]
[null,"Deduct opening for elevation",1,"x",1,{"v":0.9,"d":"0.900"},{"v":0,"d":"0.000"},{"v":0.1,"d":"0.100"},{"$f":"-ROUND(IF(AND(F1128:H1128),C1128*E1128*F1128*G1128*H1128,IF(AND(F1128,G1128),C1128*E1128*F1128*G1128,IF(AND(F1128,H1128),C1128*E1128*F1128*H1128,IF(AND(G1128,H1128),C1128*E1128*G1128*H1128,IF(F1128,C1128*E1128*F1128,IF(G1128,C1128*E1128*G1128,IF(H1128,C1128*E1128*H1128,C1128*E1128))))))),2)","v":-0.09},"Sqm",{"$nulls":3},"SSR 20-21"]
[null,"Deduct North side",1,"x",2,{"v":13.3,"d":"13.300"},{"v":0,"d":"0.000"},{"v":0.1,"d":"0.100"},{"$f":"ROUND(IF(AND(F1129:H1129),C1129*E1129*F1129*G1129*H1129,IF(AND(F1129,G1129),C1129*E1129*F1129*G1129,IF(AND(F1129,H1129),C1129*E1129*F1129*H1129,IF(AND(G1129,H1129),C1129*E1129*G1129*H1129,IF(F1129,C1129*E1129*F1129,IF(G1129,C1129*E1129*G1129,IF(H1129,C1129*E1129*H1129,C1129*E1129))))))),2)","v":2.66},"Sqm",{"$nulls":3},"SSR 20-21"]
[null,"Deduct west side",1,"x",2,{"v":8.7,"d":"8.700"},{"v":0,"d":"0.000"},{"v":0.1,"d":"0.100"},1.74,"Sqm",{"$nulls":3},"SSR 20-21"]
[null,"3rd flight steps",1,"x",11,{"v":1.3,"d":"1.300"},{"v":0,"d":"0.000"},{"v":0.15,"d":"0.150"},2.15,"Sqm",{"$nulls":3},"SSR 20-21"]
[null,"4th flight steps",1,"x",10,{"v":1.3,"d":"1.300"},{"v":0,"d":"0.000"},{"v":0.15,"d":"0.150"},{"$f":"ROUND(IF(AND(F1132:H1132),C1132*E1132*F1132*G1132*H1132,IF(AND(F1132,G1132),C1132*E1132*F1132*G1132,IF(AND(F1132,H1132),C1132*E1132*F1132*H1132,IF(AND(G1132,H1132),C1132*E1132*G1132*H1132,IF(F1132,C1132*E1132*F1132,IF(G1132,C1132*E1132*G1132,IF(H1132,C1132*E1132*H1132,C1132*E1132))))))),2)","v":1.95},"Sqm",{"$nulls":3},"SSR 20-21"]
[{"$nulls":13},"SSR 20-21"]
[{"$nulls":9},"Sqm",{"$f":"data!F1577","v":683.46},"SSR 20-21",{"$f":"ROUND(I1134*K1134,0)","v":{"v":0,"d":"0.00"}},"SSR 20-21"]
[27,"Providing skirting to internal walls to 15 cm height/risers of steps with chequrred terrazzo tiles length equal to flooring stones, set over base coat of CM (1:5) 12 mm thick with cement slurry of honey like consistency spread at the rate of 3.30 kgs per sqm and jointed with white cement paste mixed with pigment of matching shade to full depth, including cost of all materials like tiles, cement, sand and water etc., complete including seigniorage charges, etc., complete for finished item of work,",{"$nulls":11},"SSR 21-22"]
[null,"Qty.p.14 of M.B.No.441/A/ZP/19",{"$nulls":11},"SSR 21-22"]
[null,"Landing",1,"x",2,{"v":5.25,"d":"5.250"},{"v":0,"d":"0.000"},{"v":0.1,"d":"0.100"},{"$f":"ROUND(IF(AND(F1137:H1137),C1137*E1137*F1137*G1137*H1137,IF(AND(F1137,G1137),C1137*E1137*F1137*G1137,IF(AND(F1137,H1137),C1137*E1137*F1137*H1137,IF(AND(G1137,H1137),C1137*E1137*G1137*H1137,IF(F1137,C1137*E1137*F1137,IF(G1137,C1137*E1137*G1137,IF(H1137,C1137*E1137*H1137,C1137*E1137))))))),2)","v":1.05},"Sqm",{"$nulls":3},"SSR 21-22"]
[null,"Verandah",1,"x",1,{"v":9.87,"d":"9.870"},{"v":0,"d":"0.000"},{"v":0.1,"d":"0.100"},{"$f":"ROUND(IF(AND(F1138:H1138),C1138*E1138*F1138*G1138*H1138,IF(AND(F1138,G1138),C1138*E1138*F1138*G1138,IF(AND(F1138,H1138),C1138*E1138*F1138*H1138,IF(AND(G1138,H1138),C1138*E1138*G1138*H1138,IF(F1138,C1138*E1138*F1138,IF(G1138,C1138*E1138*G1138,IF(H1138,C1138*E1138*H1138,C1138*E1138))))))),2)","v":0.99},"Sqm",{"$nulls":3},"SSR 21-22"]
[null,"Entrance steps risers",1,"x",5,{"v":2.72,"d":"2.720"},{"v":0,"d":"0.000"},{"v":0.17,"d":"0.170"},{"$f":"ROUND(IF(AND(F1139:H1139),C1139*E1139*F1139*G1139*H1139,IF(AND(F1139,G1139),C1139*E1139*F1139*G1139,IF(AND(F1139,H1139),C1139*E1139*F1139*H1139,IF(AND(G1139,H1139),C1139*E1139*G1139*H1139,IF(F1139,C1139*E1139*F1139,IF(G1139,C1139*E1139*G1139,IF(H1139,C1139*E1139*H1139,C1139*E1139))))))),2)","v":2.31},"Sqm",{"$nulls":3},"SSR 21-22"]
[{"$nulls":13},"SSR 21-22"]
[{"$nulls":9},"Sqm",{"$f":"data!F2494","v":706.57},"SSR 21-22",{"$f":"ROUND(I1141*K1141,0)","v":{"v":0,"d":"0.00"}},"SSR 21-22"]
[27,"Providing skirting to internal walls to 15 cm height/risers of steps with chequrred terrazzo tiles length equal to flooring stones, set over base coat of CM (1:5) 12 mm thick with cement slurry of honey like consistency spread at the rate of 3.30 kgs per sqm and jointed with white cement paste mixed with pigment of matching shade to full depth, including cost of all materials like tiles, cement, sand and water etc., complete including seigniorage charges, etc., complete for finished item of work,",{"$nulls":11},"SSR 22-23"]
[null,"Qty.p.14 of M.B.No.441/A/ZP/19",{"$nulls":11},"SSR 22-23"]
[null,"Landing",1,"x",2,{"v":5.25,"d":"5.250"},{"v":0,"d":"0.000"},{"v":0.1,"d":"0.100"},{"$f":"ROUND(IF(AND(F1144:H1144),C1144*E1144*F1144*G1144*H1144,IF(AND(F1144,G1144),C1144*E1144*F1144*G1144,IF(AND(F1144,H1144),C1144*E1144*F1144*H1144,IF(AND(G1144,H1144),C1144*E1144*G1144*H1144,IF(F1144,C1144*E1144*F1144,IF(G1144,C1144*E1144*G1144,IF(H1144,C1144*E1144*H1144,C1144*E1144))))))),2)","v":1.05},"Sqm",{"$nulls":3},"SSR 22-23"]
[null,"Verandah",1,"x",1,{"v":9.87,"d":"9.870"},{"v":0,"d":"0.000"},{"v":0.1,"d":"0.100"},{"$f":"ROUND(IF(AND(F1145:H1145),C1145*E1145*F1145*G1145*H1145,IF(AND(F1145,G1145),C1145*E1145*F1145*G1145,IF(AND(F1145,H1145),C1145*E1145*F1145*H1145,IF(AND(G1145,H1145),C1145*E1145*G1145*H1145,IF(F1145,C1145*E1145*F1145,IF(G1145,C1145*E1145*G1145,IF(H1145,C1145*E1145*H1145,C1145*E1145))))))),2)","v":0.99},"Sqm",{"$nulls":3},"SSR 22-23"]
[null,"Entrance steps risers",1,"x",5,{"v":2.72,"d":"2.720"},{"v":0,"d":"0.000"},{"v":0.17,"d":"0.170"},{"$f":"ROUND(IF(AND(F1146:H1146),C1146*E1146*F1146*G1146*H1146,IF(AND(F1146,G1146),C1146*E1146*F1146*G1146,IF(AND(F1146,H1146),C1146*E1146*F1146*H1146,IF(AND(G1146,H1146),C1146*E1146*G1146*H1146,IF(F1146,C1146*E1146*F1146,IF(G1146,C1146*E1146*G1146,IF(H1146,C1146*E1146*H1146,C1146*E1146))))))),2)","v":2.31},"Sqm",{"$nulls":3},"SSR 22-23"]
[{"$nulls":13},"SSR 22-23"]
[{"$nulls":9},"Sqm",{"$f":"data!F3411","v":{"v":786.2,"d":"786.20"}},"SSR 22-23",{"$f":"ROUND(I1148*K1148,0)","v":{"v":0,"d":"0.00"}},"SSR 22-23"]
[17,"Flooring with Ceramic non skid tiles of not less than 7-8mm thick 1st quality laid over floor bed / VRCC slab set over base coat of CM (1:8), 12mm thick and neat grey Cement slurry of honey like consistency spread @ 3.30 Kgs per Sqm & jointed with neat white Cement paste to full depth mixed with pigment of matching shade including c/c of all materials to site including cost of mixing of mortar and watering and levelling to proper slope and curing including all labour charges etc for finished item of work  ",{"$nulls":11},"SSR 19-20"]
[null,"Qty.p.49 of M.B.No.441/A/ZP/19",{"$nulls":11},"SSR 19-20"]
[null,"Ramp",1,"x",1,{"v":4.15,"d":"4.150"},{"v":2.4,"d":"2.400"},{"v":0,"d":"0.000"},{"$f":"ROUND(IF(AND(F1151:H1151),C1151*E1151*F1151*G1151*H1151,IF(AND(F1151,G1151),C1151*E1151*F1151*G1151,IF(AND(F1151,H1151),C1151*E1151*F1151*H1151,IF(AND(G1151,H1151),C1151*E1151*G1151*H1151,IF(F1151,C1151*E1151*F1151,IF(G1151,C1151*E1151*G1151,IF(H1151,C1151*E1151*H1151,C1151*E1151))))))),2)","v":9.96},"Sqm",{"$nulls":3},"SSR 19-20"]
[null,"Verandah",1,"x",1,{"v":5.7,"d":"5.700"},{"v":2.4,"d":"2.400"},{"v":0,"d":"0.000"},{"$f":"ROUND(IF(AND(F1152:H1152),C1152*E1152*F1152*G1152*H1152,IF(AND(F1152,G1152),C1152*E1152*F1152*G1152,IF(AND(F1152,H1152),C1152*E1152*F1152*H1152,IF(AND(G1152,H1152),C1152*E1152*G1152*H1152,IF(F1152,C1152*E1152*F1152,IF(G1152,C1152*E1152*G1152,IF(H1152,C1152*E1152*H1152,C1152*E1152))))))),2)","v":13.68},"Sqm",{"$nulls":3},"SSR 19-20"]
[null,"Back side",1,"x",1,{"v":0.7,"d":"0.700"},{"v":9.4,"d":"9.400"},{"v":0,"d":"0.000"},6.58,"Sqm",{"$nulls":3},"SSR 19-20"]
[{"$nulls":13},"SSR 19-20"]
[{"$nulls":9},"Sqm",{"$f":"data!F716","v":755.74},"SSR 19-20",{"$f":"ROUND(I1155*K1155,0)","v":{"v":0,"d":"0.00"}},"SSR 19-20"]
[16,"Flooring with Ceramic non skid tiles of not less than 7-8mm thick 1st quality laid over floor bed / VRCC slab set over base coat of CM (1:8), 12mm thick and neat grey Cement slurry of honey like consistency spread @ 3.30 Kgs per Sqm & jointed with neat white Cement paste to full depth mixed with pigment of matching shade including c/c of all materials to site including cost of mixing of mortar and watering and levelling to proper slope and curing including all labour charges etc for finished item of work  ",{"$nulls":11},"SSR 20-21"]
[null,"Qty.p.17 of M.B.No.113/A/ZP/20",{"$nulls":11},"SSR 20-21"]
[null,"gents tiolet",1,"x",1,{"v":1.74,"d":"1.740"},{"v":1.41,"d":"1.410"},{"v":0,"d":"0.000"},{"$f":"ROUND(IF(AND(F1158:H1158),C1158*E1158*F1158*G1158*H1158,IF(AND(F1158,G1158),C1158*E1158*F1158*G1158,IF(AND(F1158,H1158),C1158*E1158*F1158*H1158,IF(AND(G1158,H1158),C1158*E1158*G1158*H1158,IF(F1158,C1158*E1158*F1158,IF(G1158,C1158*E1158*G1158,IF(H1158,C1158*E1158*H1158,C1158*E1158))))))),2)","v":2.45},"Sqm",{"$nulls":3},"SSR 20-21"]
[null,null,1,"x",1,{"v":1.41,"d":"1.410"},{"v":1.41,"d":"1.410"},{"v":0,"d":"0.000"},1.99,"Sqm",{"$nulls":3},"SSR 20-21"]
[null,"Ladies tiolet",1,"x",1,{"v":1.72,"d":"1.720"},{"v":1.4,"d":"1.400"},{"v":0,"d":"0.000"},2.41,"Sqm",{"$nulls":3},"SSR 20-21"]
[null,"Sarpanch tiolet",1,"x",1,{"v":1.41,"d":"1.410"},{"v":1.4,"d":"1.400"},{"v":0,"d":"0.000"},1.97,"Sqm",{"$nulls":3},"SSR 20-21"]
[{"$nulls":13},"SSR 20-21"]
[{"$nulls":9},"Sqm",{"$f":"data!F1633","v":786.57},"SSR 20-21",{"$f":"ROUND(I1163*K1163,0)","v":{"v":0,"d":"0.00"}},"SSR 20-21"]
[17,"Flooring with Ceramic non skid tiles of not less than 7-8mm thick 1st quality laid over floor bed / VRCC slab set over base coat of CM (1:8), 12mm thick and neat grey Cement slurry of honey like consistency spread @ 3.30 Kgs per Sqm & jointed with neat white Cement paste to full depth mixed with pigment of matching shade including c/c of all materials to site including cost of mixing of mortar and watering and levelling to proper slope and curing including all labour charges etc for finished item of work  ",{"$nulls":11},"SSR 21-22"]
[null,"Qty.p.49 of M.B.No.441/A/ZP/19",{"$nulls":11},"SSR 21-22"]
[null,"Ramp",1,"x",1,{"v":4.15,"d":"4.150"},{"v":2.4,"d":"2.400"},{"v":0,"d":"0.000"},{"$f":"ROUND(IF(AND(F1166:H1166),C1166*E1166*F1166*G1166*H1166,IF(AND(F1166,G1166),C1166*E1166*F1166*G1166,IF(AND(F1166,H1166),C1166*E1166*F1166*H1166,IF(AND(G1166,H1166),C1166*E1166*G1166*H1166,IF(F1166,C1166*E1166*F1166,IF(G1166,C1166*E1166*G1166,IF(H1166,C1166*E1166*H1166,C1166*E1166))))))),2)","v":9.96},"Sqm",{"$nulls":3},"SSR 21-22"]
[null,"Verandah",1,"x",1,{"v":5.7,"d":"5.700"},{"v":2.4,"d":"2.400"},{"v":0,"d":"0.000"},{"$f":"ROUND(IF(AND(F1167:H1167),C1167*E1167*F1167*G1167*H1167,IF(AND(F1167,G1167),C1167*E1167*F1167*G1167,IF(AND(F1167,H1167),C1167*E1167*F1167*H1167,IF(AND(G1167,H1167),C1167*E1167*G1167*H1167,IF(F1167,C1167*E1167*F1167,IF(G1167,C1167*E1167*G1167,IF(H1167,C1167*E1167*H1167,C1167*E1167))))))),2)","v":13.68},"Sqm",{"$nulls":3},"SSR 21-22"]
[null,"Back side",1,"x",1,{"v":0.7,"d":"0.700"},{"v":9.4,"d":"9.400"},{"v":0,"d":"0.000"},{"$f":"ROUND(IF(AND(F1168:H1168),C1168*E1168*F1168*G1168*H1168,IF(AND(F1168,G1168),C1168*E1168*F1168*G1168,IF(AND(F1168,H1168),C1168*E1168*F1168*H1168,IF(AND(G1168,H1168),C1168*E1168*G1168*H1168,IF(F1168,C1168*E1168*F1168,IF(G1168,C1168*E1168*G1168,IF(H1168,C1168*E1168*H1168,C1168*E1168))))))),2)","v":6.58},"Sqm",{"$nulls":3},"SSR 21-22"]
[{"$nulls":13},"SSR 21-22"]
[{"$nulls":9},"Sqm",{"$f":"data!F2550","v":809.68},"SSR 21-22",{"$f":"ROUND(I1170*K1170,0)","v":{"v":0,"d":"0.00"}},"SSR 21-22"]
[17,"Flooring with Ceramic non skid tiles of not less than 7-8mm thick 1st quality laid over floor bed / VRCC slab set over base coat of CM (1:8), 12mm thick and neat grey Cement slurry of honey like consistency spread @ 3.30 Kgs per Sqm & jointed with neat white Cement paste to full depth mixed with pigment of matching shade including c/c of all materials to site including cost of mixing of mortar and watering and levelling to proper slope and curing including all labour charges etc for finished item of work  ",{"$nulls":11},"SSR 22-23"]
[null,"Qty.p.59 of M.B.No.432/A/ZP/19",{"$nulls":11},"SSR 22-23"]
[null,"Tiolet flooring",1,"x",4,{"v":1.55,"d":"1.550"},{"v":1.4,"d":"1.400"},{"v":0,"d":"0.000"},{"$f":"ROUND(IF(AND(F1173:H1173),C1173*E1173*F1173*G1173*H1173,IF(AND(F1173,G1173),C1173*E1173*F1173*G1173,IF(AND(F1173,H1173),C1173*E1173*F1173*H1173,IF(AND(G1173,H1173),C1173*E1173*G1173*H1173,IF(F1173,C1173*E1173*F1173,IF(G1173,C1173*E1173*G1173,IF(H1173,C1173*E1173*H1173,C1173*E1173))))))),2)","v":8.68},"Sqm",{"$nulls":3},"SSR 22-23"]
[{"$nulls":13},"SSR 22-23"]
[{"$nulls":9},"Sqm",{"$f":"data!F3467","v":837.86},"SSR 22-23",{"$f":"ROUND(I1175*K1175,0)","v":{"v":0,"d":"0.00"}},"SSR 22-23"]
[18,"Providing Daddooing to walls with 5 to 7mm thick Glazed Ceramic wall tiles of 1st quality of 6mm thick set over base coat of CM (1:3) 12mm thick with Cement slurry of honey like consistency spread @ 3.30 Kgs per Sqm & jointed with neat white Cement paste to full depth mixed with pigment of matching shade including c/c of all materials to site, cost of all materials like tiles, Cement, sand and water etc complete for finished item of work  ",{"$nulls":11},"SSR 19-20"]
[null,"Qty.p.59 of M.B.No.432/A/ZP/19",{"$nulls":11},"SSR 19-20"]
[null,"Sarpanch tiolet",1,"x",1,{"v":6.12,"d":"6.120"},{"v":1.95,"d":"1.950"},{"v":0,"d":"0.000"},{"$f":"ROUND(IF(AND(F1178:H1178),C1178*E1178*F1178*G1178*H1178,IF(AND(F1178,G1178),C1178*E1178*F1178*G1178,IF(AND(F1178,H1178),C1178*E1178*F1178*H1178,IF(AND(G1178,H1178),C1178*E1178*G1178*H1178,IF(F1178,C1178*E1178*F1178,IF(G1178,C1178*E1178*G1178,IF(H1178,C1178*E1178*H1178,C1178*E1178))))))),2)","v":11.93},"Sqm",{"$nulls":3},"SSR 19-20"]
[null,"Ladies tiolet",1,"x",1,{"v":6.06,"d":"6.060"},{"v":1.95,"d":"1.950"},{"v":0,"d":"0.000"},{"$f":"ROUND(IF(AND(F1179:H1179),C1179*E1179*F1179*G1179*H1179,IF(AND(F1179,G1179),C1179*E1179*F1179*G1179,IF(AND(F1179,H1179),C1179*E1179*F1179*H1179,IF(AND(G1179,H1179),C1179*E1179*G1179*H1179,IF(F1179,C1179*E1179*F1179,IF(G1179,C1179*E1179*G1179,IF(H1179,C1179*E1179*H1179,C1179*E1179))))))),2)","v":11.82},"Sqm",{"$nulls":3},"SSR 19-20"]
[null,null,3,"x",1,{"v":0.7,"d":"0.700"},{"v":1.92,"d":"1.920"},{"v":0,"d":"0.000"},{"$f":"-ROUND(IF(AND(F1180:H1180),C1180*E1180*F1180*G1180*H1180,IF(AND(F1180,G1180),C1180*E1180*F1180*G1180,IF(AND(F1180,H1180),C1180*E1180*F1180*H1180,IF(AND(G1180,H1180),C1180*E1180*G1180*H1180,IF(F1180,C1180*E1180*F1180,IF(G1180,C1180*E1180*G1180,IF(H1180,C1180*E1180*H1180,C1180*E1180))))))),2)","v":-4.03},"Sqm",{"$nulls":3},"SSR 19-20"]
[{"$nulls":13},"SSR 19-20"]
[{"$nulls":9},"Sqm",{"$f":"data!F733","v":494.82},"SSR 19-20",{"$f":"ROUND(I1182*K1182,0)","v":{"v":0,"d":"0.00"}},"SSR 19-20"]
[17,"Providing Daddooing to walls with 5 to 7mm thick Glazed Ceramic wall tiles of 1st quality of 6mm thick set over base coat of CM (1:3) 12mm thick with Cement slurry of honey like consistency spread @ 3.30 Kgs per Sqm & jointed with neat white Cement paste to full depth mixed with pigment of matching shade including c/c of all materials to site, cost of all materials like tiles, Cement, sand and water etc complete for finished item of work  ",{"$nulls":11},"SSR 20-21"]
[null,"Qty.p.21 of M.B.No.113/A/ZP/20",{"$nulls":11},"SSR 20-21"]
[null,"gents tiolet",1,"x",1,{"v":5.2,"d":"5.200"},{"v":0,"d":"0.000"},{"v":2.07,"d":"2.070"},{"$f":"ROUND(IF(AND(F1185:H1185),C1185*E1185*F1185*G1185*H1185,IF(AND(F1185,G1185),C1185*E1185*F1185*G1185,IF(AND(F1185,H1185),C1185*E1185*F1185*H1185,IF(AND(G1185,H1185),C1185*E1185*G1185*H1185,IF(F1185,C1185*E1185*F1185,IF(G1185,C1185*E1185*G1185,IF(H1185,C1185*E1185*H1185,C1185*E1185))))))),2)","v":10.76},"Sqm",{"$nulls":3},"SSR 20-21"]
[null,null,1,"x",1,{"v":5.19,"d":"5.190"},{"v":0,"d":"0.000"},{"v":2.07,"d":"2.070"},10.74,"Sqm",{"$nulls":3},"SSR 20-21"]
[null,"Ladies tiolet",1,"x",1,{"v":5.82,"d":"5.820"},{"v":0,"d":"0.000"},{"v":2.07,"d":"2.070"},12.05,"Sqm",{"$nulls":3},"SSR 20-21"]
[null,"Sarpanch tiolet",1,"x",1,{"v":5.09,"d":"5.090"},{"v":0,"d":"0.000"},{"v":2.07,"d":"2.070"},10.54,"Sqm",{"$nulls":3},"SSR 20-21"]
[{"$nulls":13},"SSR 20-21"]
[{"$nulls":9},"Sqm",{"$f":"data!F1650","v":504.13},"SSR 20-21",{"$f":"ROUND(I1190*K1190,0)","v":{"v":0,"d":"0.00"}},"SSR 20-21"]
[18,"Providing Daddooing to walls with 5 to 7mm thick Glazed Ceramic wall tiles of 1st quality of 6mm thick set over base coat of CM (1:3) 12mm thick with Cement slurry of honey like consistency spread @ 3.30 Kgs per Sqm & jointed with neat white Cement paste to full depth mixed with pigment of matching shade including c/c of all materials to site, cost of all materials like tiles, Cement, sand and water etc complete for finished item of work  ",{"$nulls":11},"SSR 21-22"]
[null,"Qty.p.50 of M.B.No.441/A/ZP/19",{"$nulls":11},"SSR 21-22"]
[null,"Sarpanch tiolet",1,"x",1,{"v":6.12,"d":"6.120"},{"v":1.95,"d":"1.950"},{"v":0,"d":"0.000"},{"$f":"ROUND(IF(AND(F1193:H1193),C1193*E1193*F1193*G1193*H1193,IF(AND(F1193,G1193),C1193*E1193*F1193*G1193,IF(AND(F1193,H1193),C1193*E1193*F1193*H1193,IF(AND(G1193,H1193),C1193*E1193*G1193*H1193,IF(F1193,C1193*E1193*F1193,IF(G1193,C1193*E1193*G1193,IF(H1193,C1193*E1193*H1193,C1193*E1193))))))),2)","v":11.93},"Sqm",{"$nulls":3},"SSR 21-22"]
[null,"Ladies tiolet",1,"x",1,{"v":6.06,"d":"6.060"},{"v":1.95,"d":"1.950"},{"v":0,"d":"0.000"},{"$f":"ROUND(IF(AND(F1194:H1194),C1194*E1194*F1194*G1194*H1194,IF(AND(F1194,G1194),C1194*E1194*F1194*G1194,IF(AND(F1194,H1194),C1194*E1194*F1194*H1194,IF(AND(G1194,H1194),C1194*E1194*G1194*H1194,IF(F1194,C1194*E1194*F1194,IF(G1194,C1194*E1194*G1194,IF(H1194,C1194*E1194*H1194,C1194*E1194))))))),2)","v":11.82},"Sqm",{"$nulls":3},"SSR 21-22"]
[null,null,3,"x",1,{"v":0.7,"d":"0.700"},{"v":1.92,"d":"1.920"},{"v":0,"d":"0.000"},{"$f":"-ROUND(IF(AND(F1195:H1195),C1195*E1195*F1195*G1195*H1195,IF(AND(F1195,G1195),C1195*E1195*F1195*G1195,IF(AND(F1195,H1195),C1195*E1195*F1195*H1195,IF(AND(G1195,H1195),C1195*E1195*G1195*H1195,IF(F1195,C1195*E1195*F1195,IF(G1195,C1195*E1195*G1195,IF(H1195,C1195*E1195*H1195,C1195*E1195))))))),2)","v":-4.03},"Sqm",{"$nulls":3},"SSR 21-22"]
[{"$nulls":13},"SSR 21-22"]
[{"$nulls":9},"Sqm",{"$f":"data!F2567","v":512.09},"SSR 21-22",{"$f":"ROUND(I1197*K1197,0)","v":{"v":0,"d":"0.00"}},"SSR 21-22"]
[18,"Providing Daddooing to walls with 5 to 7mm thick Glazed Ceramic wall tiles of 1st quality of 6mm thick set over base coat of CM (1:3) 12mm thick with Cement slurry of honey like consistency spread @ 3.30 Kgs per Sqm & jointed with neat white Cement paste to full depth mixed with pigment of matching shade including c/c of all materials to site, cost of all materials like tiles, Cement, sand and water etc complete for finished item of work  ",{"$nulls":11},"SSR 22-23"]
[null,"Qty.p.60 of M.B.No.432/A/ZP/19",{"$nulls":11},"SSR 22-23"]
[null,"Ladies tiolet",1,"x",1,{"v":5.9,"d":"5.900"},{"v":0,"d":"0.000"},{"v":1.95,"d":"1.950"},{"$f":"ROUND(IF(AND(F1200:H1200),C1200*E1200*F1200*G1200*H1200,IF(AND(F1200,G1200),C1200*E1200*F1200*G1200,IF(AND(F1200,H1200),C1200*E1200*F1200*H1200,IF(AND(G1200,H1200),C1200*E1200*G1200*H1200,IF(F1200,C1200*E1200*F1200,IF(G1200,C1200*E1200*G1200,IF(H1200,C1200*E1200*H1200,C1200*E1200))))))),2)","v":11.51},"Sqm",{"$nulls":3},"SSR 22-23"]
[null,"Deduct door",1,"x",1,{"v":0.75,"d":"0.750"},{"v":0,"d":"0.000"},{"v":1.95,"d":"1.950"},{"$f":"-ROUND(IF(AND(F1201:H1201),C1201*E1201*F1201*G1201*H1201,IF(AND(F1201,G1201),C1201*E1201*F1201*G1201,IF(AND(F1201,H1201),C1201*E1201*F1201*H1201,IF(AND(G1201,H1201),C1201*E1201*G1201*H1201,IF(F1201,C1201*E1201*F1201,IF(G1201,C1201*E1201*G1201,IF(H1201,C1201*E1201*H1201,C1201*E1201))))))),2)","v":-1.46},"Sqm",{"$nulls":3},"SSR 22-23"]
[null,"Sarpanch bath room",1,"x",1,{"v":5.9,"d":"5.900"},{"v":0,"d":"0.000"},{"v":1.95,"d":"1.950"},{"$f":"ROUND(IF(AND(F1202:H1202),C1202*E1202*F1202*G1202*H1202,IF(AND(F1202,G1202),C1202*E1202*F1202*G1202,IF(AND(F1202,H1202),C1202*E1202*F1202*H1202,IF(AND(G1202,H1202),C1202*E1202*G1202*H1202,IF(F1202,C1202*E1202*F1202,IF(G1202,C1202*E1202*G1202,IF(H1202,C1202*E1202*H1202,C1202*E1202))))))),2)","v":11.51},"Sqm",{"$nulls":3},"SSR 22-23"]
[null,"Deduct door",1,"x",1,{"v":0.75,"d":"0.750"},{"v":0,"d":"0.000"},{"v":1.95,"d":"1.950"},{"$f":"-ROUND(IF(AND(F1203:H1203),C1203*E1203*F1203*G1203*H1203,IF(AND(F1203,G1203),C1203*E1203*F1203*G1203,IF(AND(F1203,H1203),C1203*E1203*F1203*H1203,IF(AND(G1203,H1203),C1203*E1203*G1203*H1203,IF(F1203,C1203*E1203*F1203,IF(G1203,C1203*E1203*G1203,IF(H1203,C1203*E1203*H1203,C1203*E1203))))))),2)","v":-1.46},"Sqm",{"$nulls":3},"SSR 22-23"]
[null,"deduct ventilators",1,"x",1,{"v":0.6,"d":"0.600"},{"v":0,"d":"0.000"},{"v":0.3,"d":"0.300"},{"$f":"-ROUND(IF(AND(F1204:H1204),C1204*E1204*F1204*G1204*H1204,IF(AND(F1204,G1204),C1204*E1204*F1204*G1204,IF(AND(F1204,H1204),C1204*E1204*F1204*H1204,IF(AND(G1204,H1204),C1204*E1204*G1204*H1204,IF(F1204,C1204*E1204*F1204,IF(G1204,C1204*E1204*G1204,IF(H1204,C1204*E1204*H1204,C1204*E1204))))))),2)","v":-0.18},"Sqm",{"$nulls":3},"SSR 22-23"]
[null,"gents Bath room",1,"x",2,{"v":5.9,"d":"5.900"},{"v":0,"d":"0.000"},{"v":1.95,"d":"1.950"},23.01,"Sqm",{"$nulls":3},"SSR 22-23"]
[null,"Deduct door",1,"x",2,{"v":0.75,"d":"0.750"},{"v":0,"d":"0.000"},{"v":1.95,"d":"1.950"},{"$f":"-ROUND(IF(AND(F1206:H1206),C1206*E1206*F1206*G1206*H1206,IF(AND(F1206,G1206),C1206*E1206*F1206*G1206,IF(AND(F1206,H1206),C1206*E1206*F1206*H1206,IF(AND(G1206,H1206),C1206*E1206*G1206*H1206,IF(F1206,C1206*E1206*F1206,IF(G1206,C1206*E1206*G1206,IF(H1206,C1206*E1206*H1206,C1206*E1206))))))),2)","v":-2.93},"Sqm",{"$nulls":3},"SSR 22-23"]
[null,"deduct ventilators",1,"x",2,{"v":0.6,"d":"0.600"},{"v":0,"d":"0.000"},{"v":0.3,"d":"0.300"},{"$f":"-ROUND(IF(AND(F1207:H1207),C1207*E1207*F1207*G1207*H1207,IF(AND(F1207,G1207),C1207*E1207*F1207*G1207,IF(AND(F1207,H1207),C1207*E1207*F1207*H1207,IF(AND(G1207,H1207),C1207*E1207*G1207*H1207,IF(F1207,C1207*E1207*F1207,IF(G1207,C1207*E1207*G1207,IF(H1207,C1207*E1207*H1207,C1207*E1207))))))),2)","v":-0.36},"Sqm",{"$nulls":3},"SSR 22-23"]
[{"$nulls":13},"SSR 22-23"]
[{"$nulls":9},"Sqm",{"$f":"data!F3484","v":527.21},"SSR 22-23",{"$f":"ROUND(I1209*K1209,0)","v":{"v":0,"d":"0.00"}},"SSR 22-23"]
[27,"Flooring with pressed clay flooring tiles, set over base coat of cement mortar (1:8) 12 mm thick over CC bed already laid or RCC roof slab, including neat cement slurry of honey like consistency spread @ 3.3.kgs per sqm & jointed neatly with cement mixed with pigment of matching shade to full depth, including cost of all materials like cement, sand water and tiles etc., complete, for finished item of work,     ",{"$nulls":11},"SSR 19-20"]
[null,"Qty.P.No. 53 of M.B.No.441/A/ZP/19",{"$nulls":11},"SSR 19-20"]
[null,"Roofing tiles",2,"x",0.5,{"v":0.96,"d":"0.960"},{"v":1,"d":"1.000"},{"v":0,"d":"0.000"},{"$f":"ROUND(IF(AND(F1212:H1212),C1212*E1212*F1212*G1212*H1212,IF(AND(F1212,G1212),C1212*E1212*F1212*G1212,IF(AND(F1212,H1212),C1212*E1212*F1212*H1212,IF(AND(G1212,H1212),C1212*E1212*G1212*H1212,IF(F1212,C1212*E1212*F1212,IF(G1212,C1212*E1212*G1212,IF(H1212,C1212*E1212*H1212,C1212*E1212))))))),2)","v":0.96},"Sqm",{"$nulls":3},"SSR 19-20"]
[null,null,1,"x",2,{"v":3.6,"d":"3.600"},{"v":1.13,"d":"1.130"},{"v":0,"d":"0.000"},{"$f":"ROUND(IF(AND(F1213:H1213),C1213*E1213*F1213*G1213*H1213,IF(AND(F1213,G1213),C1213*E1213*F1213*G1213,IF(AND(F1213,H1213),C1213*E1213*F1213*H1213,IF(AND(G1213,H1213),C1213*E1213*G1213*H1213,IF(F1213,C1213*E1213*F1213,IF(G1213,C1213*E1213*G1213,IF(H1213,C1213*E1213*H1213,C1213*E1213))))))),2)","v":8.14},"Sqm",{"$nulls":3},"SSR 19-20"]
[null,null,1,"x",2,{"v":1.96,"d":"1.960"},{"v":1,"d":"1.000"},{"v":0,"d":"0.000"},{"$f":"ROUND(IF(AND(F1214:H1214),C1214*E1214*F1214*G1214*H1214,IF(AND(F1214,G1214),C1214*E1214*F1214*G1214,IF(AND(F1214,H1214),C1214*E1214*F1214*H1214,IF(AND(G1214,H1214),C1214*E1214*G1214*H1214,IF(F1214,C1214*E1214*F1214,IF(G1214,C1214*E1214*G1214,IF(H1214,C1214*E1214*H1214,C1214*E1214))))))),2)","v":3.92},"Sqm",{"$nulls":3},"SSR 19-20"]
[null,null,1,"x",2,{"v":1.33,"d":"1.330"},{"v":1.1,"d":"1.100"},{"v":0,"d":"0.000"},{"$f":"ROUND(IF(AND(F1215:H1215),C1215*E1215*F1215*G1215*H1215,IF(AND(F1215,G1215),C1215*E1215*F1215*G1215,IF(AND(F1215,H1215),C1215*E1215*F1215*H1215,IF(AND(G1215,H1215),C1215*E1215*G1215*H1215,IF(F1215,C1215*E1215*F1215,IF(G1215,C1215*E1215*G1215,IF(H1215,C1215*E1215*H1215,C1215*E1215))))))),2)","v":2.93},"Sqm",{"$nulls":3},"SSR 19-20"]
[{"$nulls":13},"SSR 19-20"]
[{"$nulls":9},"Sqm",{"$f":"data!F761","v":944.79},"SSR 19-20",{"$f":"ROUND(I1217*K1217,0)","v":{"v":0,"d":"0.00"}},"SSR 19-20"]
[27,"Flooring with pressed clay flooring tiles, set over base coat of cement mortar (1:8) 12 mm thick over CC bed already laid or RCC roof slab, including neat cement slurry of honey like consistency spread @ 3.3.kgs per sqm & jointed neatly with cement mixed with pigment of matching shade to full depth, including cost of all materials like cement, sand water and tiles etc., complete, for finished item of work,     ",{"$nulls":11},"SSR 20-21"]
[null,"Qty.P.No. 53 of M.B.No.441/A/ZP/19",{"$nulls":11},"SSR 20-21"]
[null,"Roofing tiles",2,"x",0.5,{"v":0.96,"d":"0.960"},{"v":1,"d":"1.000"},{"v":0,"d":"0.000"},{"$f":"ROUND(IF(AND(F1220:H1220),C1220*E1220*F1220*G1220*H1220,IF(AND(F1220,G1220),C1220*E1220*F1220*G1220,IF(AND(F1220,H1220),C1220*E1220*F1220*H1220,IF(AND(G1220,H1220),C1220*E1220*G1220*H1220,IF(F1220,C1220*E1220*F1220,IF(G1220,C1220*E1220*G1220,IF(H1220,C1220*E1220*H1220,C1220*E1220))))))),2)","v":0.96},"Sqm",{"$nulls":3},"SSR 20-21"]
[null,null,1,"x",2,{"v":3.6,"d":"3.600"},{"v":1.13,"d":"1.130"},{"v":0,"d":"0.000"},{"$f":"ROUND(IF(AND(F1221:H1221),C1221*E1221*F1221*G1221*H1221,IF(AND(F1221,G1221),C1221*E1221*F1221*G1221,IF(AND(F1221,H1221),C1221*E1221*F1221*H1221,IF(AND(G1221,H1221),C1221*E1221*G1221*H1221,IF(F1221,C1221*E1221*F1221,IF(G1221,C1221*E1221*G1221,IF(H1221,C1221*E1221*H1221,C1221*E1221))))))),2)","v":8.14},"Sqm",{"$nulls":3},"SSR 20-21"]
[null,null,1,"x",2,{"v":1.96,"d":"1.960"},{"v":1,"d":"1.000"},{"v":0,"d":"0.000"},{"$f":"ROUND(IF(AND(F1222:H1222),C1222*E1222*F1222*G1222*H1222,IF(AND(F1222,G1222),C1222*E1222*F1222*G1222,IF(AND(F1222,H1222),C1222*E1222*F1222*H1222,IF(AND(G1222,H1222),C1222*E1222*G1222*H1222,IF(F1222,C1222*E1222*F1222,IF(G1222,C1222*E1222*G1222,IF(H1222,C1222*E1222*H1222,C1222*E1222))))))),2)","v":3.92},"Sqm",{"$nulls":3},"SSR 20-21"]
[null,null,1,"x",2,{"v":1.33,"d":"1.330"},{"v":1.1,"d":"1.100"},{"v":0,"d":"0.000"},{"$f":"ROUND(IF(AND(F1223:H1223),C1223*E1223*F1223*G1223*H1223,IF(AND(F1223,G1223),C1223*E1223*F1223*G1223,IF(AND(F1223,H1223),C1223*E1223*F1223*H1223,IF(AND(G1223,H1223),C1223*E1223*G1223*H1223,IF(F1223,C1223*E1223*F1223,IF(G1223,C1223*E1223*G1223,IF(H1223,C1223*E1223*H1223,C1223*E1223))))))),2)","v":2.93},"Sqm",{"$nulls":3},"SSR 20-21"]
[{"$nulls":13},"SSR 20-21"]
[{"$nulls":9},"Sqm",{"$f":"data!F1678","v":986.93},"SSR 20-21",{"$f":"ROUND(I1225*K1225,0)","v":{"v":0,"d":"0.00"}},"SSR 20-21"]
[27,"Flooring with pressed clay flooring tiles, set over base coat of cement mortar (1:8) 12 mm thick over CC bed already laid or RCC roof slab, including neat cement slurry of honey like consistency spread @ 3.3.kgs per sqm & jointed neatly with cement mixed with pigment of matching shade to full depth, including cost of all materials like cement, sand water and tiles etc., complete, for finished item of work,     ",{"$nulls":11},"SSR 21-22"]
[null,"Qty.P.No. 53 of M.B.No.441/A/ZP/19",{"$nulls":11},"SSR 21-22"]
[null,"Roofing tiles",2,"x",0.5,{"v":0.96,"d":"0.960"},{"v":1,"d":"1.000"},{"v":0,"d":"0.000"},{"$f":"ROUND(IF(AND(F1228:H1228),C1228*E1228*F1228*G1228*H1228,IF(AND(F1228,G1228),C1228*E1228*F1228*G1228,IF(AND(F1228,H1228),C1228*E1228*F1228*H1228,IF(AND(G1228,H1228),C1228*E1228*G1228*H1228,IF(F1228,C1228*E1228*F1228,IF(G1228,C1228*E1228*G1228,IF(H1228,C1228*E1228*H1228,C1228*E1228))))))),2)","v":0.96},"Sqm",{"$nulls":3},"SSR 21-22"]
[null,null,1,"x",2,{"v":3.6,"d":"3.600"},{"v":1.13,"d":"1.130"},{"v":0,"d":"0.000"},{"$f":"ROUND(IF(AND(F1229:H1229),C1229*E1229*F1229*G1229*H1229,IF(AND(F1229,G1229),C1229*E1229*F1229*G1229,IF(AND(F1229,H1229),C1229*E1229*F1229*H1229,IF(AND(G1229,H1229),C1229*E1229*G1229*H1229,IF(F1229,C1229*E1229*F1229,IF(G1229,C1229*E1229*G1229,IF(H1229,C1229*E1229*H1229,C1229*E1229))))))),2)","v":8.14},"Sqm",{"$nulls":3},"SSR 21-22"]
[null,null,1,"x",2,{"v":1.96,"d":"1.960"},{"v":1,"d":"1.000"},{"v":0,"d":"0.000"},{"$f":"ROUND(IF(AND(F1230:H1230),C1230*E1230*F1230*G1230*H1230,IF(AND(F1230,G1230),C1230*E1230*F1230*G1230,IF(AND(F1230,H1230),C1230*E1230*F1230*H1230,IF(AND(G1230,H1230),C1230*E1230*G1230*H1230,IF(F1230,C1230*E1230*F1230,IF(G1230,C1230*E1230*G1230,IF(H1230,C1230*E1230*H1230,C1230*E1230))))))),2)","v":3.92},"Sqm",{"$nulls":3},"SSR 21-22"]
[null,null,1,"x",2,{"v":1.33,"d":"1.330"},{"v":1.1,"d":"1.100"},{"v":0,"d":"0.000"},{"$f":"ROUND(IF(AND(F1231:H1231),C1231*E1231*F1231*G1231*H1231,IF(AND(F1231,G1231),C1231*E1231*F1231*G1231,IF(AND(F1231,H1231),C1231*E1231*F1231*H1231,IF(AND(G1231,H1231),C1231*E1231*G1231*H1231,IF(F1231,C1231*E1231*F1231,IF(G1231,C1231*E1231*G1231,IF(H1231,C1231*E1231*H1231,C1231*E1231))))))),2)","v":2.93},"Sqm",{"$nulls":3},"SSR 21-22"]
[{"$nulls":13},"SSR 21-22"]
[{"$nulls":9},"Sqm",{"$f":"data!F2595","v":1020.23},"SSR 21-22",{"$f":"ROUND(I1233*K1233,0)","v":{"v":0,"d":"0.00"}},"SSR 21-22"]
[27,"Flooring with pressed clay flooring tiles, set over base coat of cement mortar (1:8) 12 mm thick over CC bed already laid or RCC roof slab, including neat cement slurry of honey like consistency spread @ 3.3.kgs per sqm & jointed neatly with cement mixed with pigment of matching shade to full depth, including cost of all materials like cement, sand water and tiles etc., complete, for finished item of work,     ",{"$nulls":11},"SSR 22-23"]
[null,"Qty.P.No. 53 of M.B.No.441/A/ZP/19",{"$nulls":11},"SSR 22-23"]
[null,"Roofing tiles",2,"x",0.5,{"v":0.96,"d":"0.960"},{"v":1,"d":"1.000"},{"v":0,"d":"0.000"},{"$f":"ROUND(IF(AND(F1236:H1236),C1236*E1236*F1236*G1236*H1236,IF(AND(F1236,G1236),C1236*E1236*F1236*G1236,IF(AND(F1236,H1236),C1236*E1236*F1236*H1236,IF(AND(G1236,H1236),C1236*E1236*G1236*H1236,IF(F1236,C1236*E1236*F1236,IF(G1236,C1236*E1236*G1236,IF(H1236,C1236*E1236*H1236,C1236*E1236))))))),2)","v":0.96},"Sqm",{"$nulls":3},"SSR 22-23"]
[null,null,1,"x",2,{"v":3.6,"d":"3.600"},{"v":1.13,"d":"1.130"},{"v":0,"d":"0.000"},{"$f":"ROUND(IF(AND(F1237:H1237),C1237*E1237*F1237*G1237*H1237,IF(AND(F1237,G1237),C1237*E1237*F1237*G1237,IF(AND(F1237,H1237),C1237*E1237*F1237*H1237,IF(AND(G1237,H1237),C1237*E1237*G1237*H1237,IF(F1237,C1237*E1237*F1237,IF(G1237,C1237*E1237*G1237,IF(H1237,C1237*E1237*H1237,C1237*E1237))))))),2)","v":8.14},"Sqm",{"$nulls":3},"SSR 22-23"]
[null,null,1,"x",2,{"v":1.96,"d":"1.960"},{"v":1,"d":"1.000"},{"v":0,"d":"0.000"},{"$f":"ROUND(IF(AND(F1238:H1238),C1238*E1238*F1238*G1238*H1238,IF(AND(F1238,G1238),C1238*E1238*F1238*G1238,IF(AND(F1238,H1238),C1238*E1238*F1238*H1238,IF(AND(G1238,H1238),C1238*E1238*G1238*H1238,IF(F1238,C1238*E1238*F1238,IF(G1238,C1238*E1238*G1238,IF(H1238,C1238*E1238*H1238,C1238*E1238))))))),2)","v":3.92},"Sqm",{"$nulls":3},"SSR 22-23"]
[null,null,1,"x",2,{"v":1.33,"d":"1.330"},{"v":1.1,"d":"1.100"},{"v":0,"d":"0.000"},{"$f":"ROUND(IF(AND(F1239:H1239),C1239*E1239*F1239*G1239*H1239,IF(AND(F1239,G1239),C1239*E1239*F1239*G1239,IF(AND(F1239,H1239),C1239*E1239*F1239*H1239,IF(AND(G1239,H1239),C1239*E1239*G1239*H1239,IF(F1239,C1239*E1239*F1239,IF(G1239,C1239*E1239*G1239,IF(H1239,C1239*E1239*H1239,C1239*E1239))))))),2)","v":2.93},"Sqm",{"$nulls":3},"SSR 22-23"]
[{"$nulls":13},"SSR 22-23"]
[{"$nulls":9},"Sqm",{"$f":"data!F3512","v":1059.21},"SSR 22-23",{"$f":"ROUND(I1241*K1241,0)","v":{"v":0,"d":"0.00"}},"SSR 22-23"]
[26,"White washing one coat with whiting of approved quality to give an even shade after thoroughly brushing the surface to remove all dirt and remains of loose powdered materials including cost of all materials, labour charges and incidental such as scaffolding, lift charges etc., complete for finished item of wor",{"$nulls":11},"SSR 19-20"]
[null,"Qty.p.17 of M.B.No.441/A/ZP/19",{"$nulls":11},"SSR 19-20"]
[null,"Hall",1,"x",1,{"v":8.5,"d":"8.500"},{"v":4.95,"d":"4.950"},{"v":0,"d":"0.000"},{"$f":"ROUND(IF(AND(F1244:H1244),C1244*E1244*F1244*G1244*H1244,IF(AND(F1244,G1244),C1244*E1244*F1244*G1244,IF(AND(F1244,H1244),C1244*E1244*F1244*H1244,IF(AND(G1244,H1244),C1244*E1244*G1244*H1244,IF(F1244,C1244*E1244*F1244,IF(G1244,C1244*E1244*G1244,IF(H1244,C1244*E1244*H1244,C1244*E1244))))))),2)","v":42.08},"Sqm",{"$nulls":3},"SSR 19-20"]
[null,"Front projection",1,"x",1,{"v":5.5,"d":"5.500"},{"v":2.4,"d":"2.400"},{"v":0,"d":"0.000"},{"v":13.2,"d":"13.20"},"Sqm",{"$nulls":3},"SSR 19-20"]
[null,"East side",1,"x",1,{"v":8.85,"d":"8.850"},{"v":0,"d":"0.000"},{"v":3.6,"d":"3.600"},{"$f":"ROUND(IF(AND(F1246:H1246),C1246*E1246*F1246*G1246*H1246,IF(AND(F1246,G1246),C1246*E1246*F1246*G1246,IF(AND(F1246,H1246),C1246*E1246*F1246*H1246,IF(AND(G1246,H1246),C1246*E1246*G1246*H1246,IF(F1246,C1246*E1246*F1246,IF(G1246,C1246*E1246*G1246,IF(H1246,C1246*E1246*H1246,C1246*E1246))))))),2)","v":31.86},"Sqm",{"$nulls":3},"SSR 19-20"]
[null,"North side",1,"x",1,{"v":6.25,"d":"6.250"},{"v":0,"d":"0.000"},{"v":3.6,"d":"3.600"},{"$f":"ROUND(IF(AND(F1247:H1247),C1247*E1247*F1247*G1247*H1247,IF(AND(F1247,G1247),C1247*E1247*F1247*G1247,IF(AND(F1247,H1247),C1247*E1247*F1247*H1247,IF(AND(G1247,H1247),C1247*E1247*G1247*H1247,IF(F1247,C1247*E1247*F1247,IF(G1247,C1247*E1247*G1247,IF(H1247,C1247*E1247*H1247,C1247*E1247))))))),2)","v":{"v":22.5,"d":"22.50"}},"Sqm",{"$nulls":3},"SSR 19-20"]
[null,"West side",1,"x",1,{"v":5.45,"d":"5.450"},{"v":0,"d":"0.000"},{"v":3.2,"d":"3.200"},{"$f":"ROUND(IF(AND(F1248:H1248),C1248*E1248*F1248*G1248*H1248,IF(AND(F1248,G1248),C1248*E1248*F1248*G1248,IF(AND(F1248,H1248),C1248*E1248*F1248*H1248,IF(AND(G1248,H1248),C1248*E1248*G1248*H1248,IF(F1248,C1248*E1248*F1248,IF(G1248,C1248*E1248*G1248,IF(H1248,C1248*E1248*H1248,C1248*E1248))))))),2)","v":17.44},"Sqm",{"$nulls":3},"SSR 19-20"]
[{"$nulls":13},"SSR 19-20"]
[{"$nulls":9},"Sqm",{"$f":"data!F796","v":21.43},"SSR 19-20",{"$f":"ROUND(I1250*K1250,0)","v":{"v":0,"d":"0.00"}},"SSR 19-20"]
[26,"White washing one coat with whiting of approved quality to give an even shade after thoroughly brushing the surface to remove all dirt and remains of loose powdered materials including cost of all materials, labour charges and incidental such as scaffolding, lift charges etc., complete for finished item of wor",{"$nulls":11},"SSR 20-21"]
[null,"Qty.p.17 of M.B.No.441/A/ZP/19",{"$nulls":11},"SSR 20-21"]
[null,"Hall",1,"x",1,{"v":8.5,"d":"8.500"},{"v":4.95,"d":"4.950"},{"v":0,"d":"0.000"},{"$f":"ROUND(IF(AND(F1253:H1253),C1253*E1253*F1253*G1253*H1253,IF(AND(F1253,G1253),C1253*E1253*F1253*G1253,IF(AND(F1253,H1253),C1253*E1253*F1253*H1253,IF(AND(G1253,H1253),C1253*E1253*G1253*H1253,IF(F1253,C1253*E1253*F1253,IF(G1253,C1253*E1253*G1253,IF(H1253,C1253*E1253*H1253,C1253*E1253))))))),2)","v":42.08},"Sqm",{"$nulls":3},"SSR 20-21"]
[null,"Front projection",1,"x",1,{"v":5.5,"d":"5.500"},{"v":2.4,"d":"2.400"},{"v":0,"d":"0.000"},{"$f":"ROUND(IF(AND(F1254:H1254),C1254*E1254*F1254*G1254*H1254,IF(AND(F1254,G1254),C1254*E1254*F1254*G1254,IF(AND(F1254,H1254),C1254*E1254*F1254*H1254,IF(AND(G1254,H1254),C1254*E1254*G1254*H1254,IF(F1254,C1254*E1254*F1254,IF(G1254,C1254*E1254*G1254,IF(H1254,C1254*E1254*H1254,C1254*E1254))))))),2)","v":{"v":13.2,"d":"13.20"}},"Sqm",{"$nulls":3},"SSR 20-21"]
[null,"East side",1,"x",1,{"v":8.85,"d":"8.850"},{"v":0,"d":"0.000"},{"v":3.6,"d":"3.600"},{"$f":"ROUND(IF(AND(F1255:H1255),C1255*E1255*F1255*G1255*H1255,IF(AND(F1255,G1255),C1255*E1255*F1255*G1255,IF(AND(F1255,H1255),C1255*E1255*F1255*H1255,IF(AND(G1255,H1255),C1255*E1255*G1255*H1255,IF(F1255,C1255*E1255*F1255,IF(G1255,C1255*E1255*G1255,IF(H1255,C1255*E1255*H1255,C1255*E1255))))))),2)","v":31.86},"Sqm",{"$nulls":3},"SSR 20-21"]
[null,"North side",1,"x",1,{"v":6.25,"d":"6.250"},{"v":0,"d":"0.000"},{"v":3.6,"d":"3.600"},{"$f":"ROUND(IF(AND(F1256:H1256),C1256*E1256*F1256*G1256*H1256,IF(AND(F1256,G1256),C1256*E1256*F1256*G1256,IF(AND(F1256,H1256),C1256*E1256*F1256*H1256,IF(AND(G1256,H1256),C1256*E1256*G1256*H1256,IF(F1256,C1256*E1256*F1256,IF(G1256,C1256*E1256*G1256,IF(H1256,C1256*E1256*H1256,C1256*E1256))))))),2)","v":{"v":22.5,"d":"22.50"}},"Sqm",{"$nulls":3},"SSR 20-21"]
[null,"West side",1,"x",1,{"v":5.45,"d":"5.450"},{"v":0,"d":"0.000"},{"v":3.2,"d":"3.200"},{"$f":"ROUND(IF(AND(F1257:H1257),C1257*E1257*F1257*G1257*H1257,IF(AND(F1257,G1257),C1257*E1257*F1257*G1257,IF(AND(F1257,H1257),C1257*E1257*F1257*H1257,IF(AND(G1257,H1257),C1257*E1257*G1257*H1257,IF(F1257,C1257*E1257*F1257,IF(G1257,C1257*E1257*G1257,IF(H1257,C1257*E1257*H1257,C1257*E1257))))))),2)","v":17.44},"Sqm",{"$nulls":3},"SSR 20-21"]
[{"$nulls":13},"SSR 20-21"]
[{"$nulls":9},"Sqm",{"$f":"data!F1713","v":22.88},"SSR 20-21",{"$f":"ROUND(I1259*K1259,0)","v":{"v":0,"d":"0.00"}},"SSR 20-21"]
[26,"White washing one coat with whiting of approved quality to give an even shade after thoroughly brushing the surface to remove all dirt and remains of loose powdered materials including cost of all materials, labour charges and incidental such as scaffolding, lift charges etc., complete for finished item of wor",{"$nulls":11},"SSR 21-22"]
[null,"Qty.p.17 of M.B.No.441/A/ZP/19",{"$nulls":11},"SSR 21-22"]
[null,"Hall",1,"x",1,{"v":8.5,"d":"8.500"},{"v":4.95,"d":"4.950"},{"v":0,"d":"0.000"},{"$f":"ROUND(IF(AND(F1262:H1262),C1262*E1262*F1262*G1262*H1262,IF(AND(F1262,G1262),C1262*E1262*F1262*G1262,IF(AND(F1262,H1262),C1262*E1262*F1262*H1262,IF(AND(G1262,H1262),C1262*E1262*G1262*H1262,IF(F1262,C1262*E1262*F1262,IF(G1262,C1262*E1262*G1262,IF(H1262,C1262*E1262*H1262,C1262*E1262))))))),2)","v":42.08},"Sqm",{"$nulls":3},"SSR 21-22"]
[null,"Front projection",1,"x",1,{"v":5.5,"d":"5.500"},{"v":2.4,"d":"2.400"},{"v":0,"d":"0.000"},{"$f":"ROUND(IF(AND(F1263:H1263),C1263*E1263*F1263*G1263*H1263,IF(AND(F1263,G1263),C1263*E1263*F1263*G1263,IF(AND(F1263,H1263),C1263*E1263*F1263*H1263,IF(AND(G1263,H1263),C1263*E1263*G1263*H1263,IF(F1263,C1263*E1263*F1263,IF(G1263,C1263*E1263*G1263,IF(H1263,C1263*E1263*H1263,C1263*E1263))))))),2)","v":{"v":13.2,"d":"13.20"}},"Sqm",{"$nulls":3},"SSR 21-22"]
[null,"East side",1,"x",1,{"v":8.85,"d":"8.850"},{"v":0,"d":"0.000"},{"v":3.6,"d":"3.600"},{"$f":"ROUND(IF(AND(F1264:H1264),C1264*E1264*F1264*G1264*H1264,IF(AND(F1264,G1264),C1264*E1264*F1264*G1264,IF(AND(F1264,H1264),C1264*E1264*F1264*H1264,IF(AND(G1264,H1264),C1264*E1264*G1264*H1264,IF(F1264,C1264*E1264*F1264,IF(G1264,C1264*E1264*G1264,IF(H1264,C1264*E1264*H1264,C1264*E1264))))))),2)","v":31.86},"Sqm",{"$nulls":3},"SSR 21-22"]
[null,"North side",1,"x",1,{"v":6.25,"d":"6.250"},{"v":0,"d":"0.000"},{"v":3.6,"d":"3.600"},{"$f":"ROUND(IF(AND(F1265:H1265),C1265*E1265*F1265*G1265*H1265,IF(AND(F1265,G1265),C1265*E1265*F1265*G1265,IF(AND(F1265,H1265),C1265*E1265*F1265*H1265,IF(AND(G1265,H1265),C1265*E1265*G1265*H1265,IF(F1265,C1265*E1265*F1265,IF(G1265,C1265*E1265*G1265,IF(H1265,C1265*E1265*H1265,C1265*E1265))))))),2)","v":{"v":22.5,"d":"22.50"}},"Sqm",{"$nulls":3},"SSR 21-22"]
[null,"West side",1,"x",1,{"v":5.45,"d":"5.450"},{"v":0,"d":"0.000"},{"v":3.2,"d":"3.200"},{"$f":"ROUND(IF(AND(F1266:H1266),C1266*E1266*F1266*G1266*H1266,IF(AND(F1266,G1266),C1266*E1266*F1266*G1266,IF(AND(F1266,H1266),C1266*E1266*F1266*H1266,IF(AND(G1266,H1266),C1266*E1266*G1266*H1266,IF(F1266,C1266*E1266*F1266,IF(G1266,C1266*E1266*G1266,IF(H1266,C1266*E1266*H1266,C1266*E1266))))))),2)","v":17.44},"Sqm",{"$nulls":3},"SSR 21-22"]
[{"$nulls":13},"SSR 21-22"]
[{"$nulls":9},"Sqm",{"$f":"data!F2630","v":24.15},"SSR 21-22",{"$f":"ROUND(I1268*K1268,0)","v":{"v":0,"d":"0.00"}},"SSR 21-22"]
[26,"White washing one coat with whiting of approved quality to give an even shade after thoroughly brushing the surface to remove all dirt and remains of loose powdered materials including cost of all materials, labour charges and incidental such as scaffolding, lift charges etc., complete for finished item of wor",{"$nulls":11},"SSR 22-23"]
[null,"Qty.p.17 of M.B.No.441/A/ZP/19",{"$nulls":11},"SSR 22-23"]
[null,"Hall",1,"x",1,{"v":8.5,"d":"8.500"},{"v":4.95,"d":"4.950"},{"v":0,"d":"0.000"},{"$f":"ROUND(IF(AND(F1271:H1271),C1271*E1271*F1271*G1271*H1271,IF(AND(F1271,G1271),C1271*E1271*F1271*G1271,IF(AND(F1271,H1271),C1271*E1271*F1271*H1271,IF(AND(G1271,H1271),C1271*E1271*G1271*H1271,IF(F1271,C1271*E1271*F1271,IF(G1271,C1271*E1271*G1271,IF(H1271,C1271*E1271*H1271,C1271*E1271))))))),2)","v":42.08},"Sqm",{"$nulls":3},"SSR 22-23"]
[null,"Front projection",1,"x",1,{"v":5.5,"d":"5.500"},{"v":2.4,"d":"2.400"},{"v":0,"d":"0.000"},{"$f":"ROUND(IF(AND(F1272:H1272),C1272*E1272*F1272*G1272*H1272,IF(AND(F1272,G1272),C1272*E1272*F1272*G1272,IF(AND(F1272,H1272),C1272*E1272*F1272*H1272,IF(AND(G1272,H1272),C1272*E1272*G1272*H1272,IF(F1272,C1272*E1272*F1272,IF(G1272,C1272*E1272*G1272,IF(H1272,C1272*E1272*H1272,C1272*E1272))))))),2)","v":{"v":13.2,"d":"13.20"}},"Sqm",{"$nulls":3},"SSR 22-23"]
[null,"East side",1,"x",1,{"v":8.85,"d":"8.850"},{"v":0,"d":"0.000"},{"v":3.6,"d":"3.600"},{"$f":"ROUND(IF(AND(F1273:H1273),C1273*E1273*F1273*G1273*H1273,IF(AND(F1273,G1273),C1273*E1273*F1273*G1273,IF(AND(F1273,H1273),C1273*E1273*F1273*H1273,IF(AND(G1273,H1273),C1273*E1273*G1273*H1273,IF(F1273,C1273*E1273*F1273,IF(G1273,C1273*E1273*G1273,IF(H1273,C1273*E1273*H1273,C1273*E1273))))))),2)","v":31.86},"Sqm",{"$nulls":3},"SSR 22-23"]
[null,"North side",1,"x",1,{"v":6.25,"d":"6.250"},{"v":0,"d":"0.000"},{"v":3.6,"d":"3.600"},{"$f":"ROUND(IF(AND(F1274:H1274),C1274*E1274*F1274*G1274*H1274,IF(AND(F1274,G1274),C1274*E1274*F1274*G1274,IF(AND(F1274,H1274),C1274*E1274*F1274*H1274,IF(AND(G1274,H1274),C1274*E1274*G1274*H1274,IF(F1274,C1274*E1274*F1274,IF(G1274,C1274*E1274*G1274,IF(H1274,C1274*E1274*H1274,C1274*E1274))))))),2)","v":{"v":22.5,"d":"22.50"}},"Sqm",{"$nulls":3},"SSR 22-23"]
[null,"West side",1,"x",1,{"v":5.45,"d":"5.450"},{"v":0,"d":"0.000"},{"v":3.2,"d":"3.200"},{"$f":"ROUND(IF(AND(F1275:H1275),C1275*E1275*F1275*G1275*H1275,IF(AND(F1275,G1275),C1275*E1275*F1275*G1275,IF(AND(F1275,H1275),C1275*E1275*F1275*H1275,IF(AND(G1275,H1275),C1275*E1275*G1275*H1275,IF(F1275,C1275*E1275*F1275,IF(G1275,C1275*E1275*G1275,IF(H1275,C1275*E1275*H1275,C1275*E1275))))))),2)","v":17.44},"Sqm",{"$nulls":3},"SSR 22-23"]
[{"$nulls":13},"SSR 22-23"]
[{"$nulls":9},"Sqm",{"$f":"data!F3547","v":25.98},"SSR 22-23",{"$f":"ROUND(I1277*K1277,0)","v":{"v":0,"d":"0.00"}},"SSR 22-23"]
[14,"Providing and applying Wall putty of White Cement or Polymer or Cement based of average 1 to 2 mm thickness over plastered surface to prepare the surface even and smooth after thoroughly brushing the surface to remove all dirt and remains of loose powdered materials, applying emery paper, Sand the surface, clean & wipe off loose dust, applying knifing paste filler by putty knife / muslin pad, air dry for 2 - 3 hrs, sand with 180 and 320 No., emery paper for the surface preparation including cost and conveyance of all materials and all operational, incidental and all labour charges etc., complete for finished item of work in all floors for internal walls",{"$nulls":11},"SSR 19-20"]
[null,"Qty.p.29 of M.B.No.1186/A/ZP/20",null,"10.07.2023",{"$nulls":9},"SSR 19-20"]
[null,"Staff room",1,"x",1,{"v":3.35,"d":"3.350"},{"v":2.49,"d":"2.490"},{"v":0,"d":"0.000"},{"$f":"ROUND(IF(AND(F1280:H1280),C1280*E1280*F1280*G1280*H1280,IF(AND(F1280,G1280),C1280*E1280*F1280*G1280,IF(AND(F1280,H1280),C1280*E1280*F1280*H1280,IF(AND(G1280,H1280),C1280*E1280*G1280*H1280,IF(F1280,C1280*E1280*F1280,IF(G1280,C1280*E1280*G1280,IF(H1280,C1280*E1280*H1280,C1280*E1280))))))),2)","v":8.34},"Sqm",{"$nulls":3},"SSR 19-20"]
[null,"Digital room",1,"x",1,{"v":3.35,"d":"3.350"},{"v":2.88,"d":"2.880"},{"v":0,"d":"0.000"},9.65,"Sqm",{"$nulls":3},"SSR 19-20"]
[null,"Sarpanch room",1,"x",1,{"v":3.35,"d":"3.350"},{"v":3.12,"d":"3.120"},{"v":0,"d":"0.000"},10.45,"Sqm",{"$nulls":3},"SSR 19-20"]
[null,"Carridor alround",1,"x",1,{"v":11.93,"d":"11.930"},{"v":1.8,"d":"1.800"},{"v":0,"d":"0.000"},21.47,"Sqm",{"$nulls":3},"SSR 19-20"]
[null,"Meeting hall",1,"x",1,{"v":4.98,"d":"4.980"},{"v":8.6,"d":"8.600"},{"v":0,"d":"0.000"},42.83,"Sqm",{"$nulls":3},"SSR 19-20"]
[null,"Sides of beam in carridor",2,"x",2,{"v":1.8,"d":"1.800"},{"v":0,"d":"0.000"},{"v":0.38,"d":"0.380"},2.74,"Sqm",{"$nulls":3},"SSR 19-20"]
[null,"Wall staff room",1,"x",1,{"v":11.68,"d":"11.680"},{"v":0,"d":"0.000"},{"v":3.1,"d":"3.100"},36.21,"Sqm",{"$nulls":3},"SSR 19-20"]
[null,"Sarpanch room",1,"x",1,{"v":12.74,"d":"12.740"},{"v":0,"d":"0.000"},{"v":3.1,"d":"3.100"},{"$f":"ROUND(IF(AND(F1287:H1287),C1287*E1287*F1287*G1287*H1287,IF(AND(F1287,G1287),C1287*E1287*F1287*G1287,IF(AND(F1287,H1287),C1287*E1287*F1287*H1287,IF(AND(G1287,H1287),C1287*E1287*G1287*H1287,IF(F1287,C1287*E1287*F1287,IF(G1287,C1287*E1287*G1287,IF(H1287,C1287*E1287*H1287,C1287*E1287))))))),2)","v":39.49},"Sqm",{"$nulls":3},"SSR 19-20"]
[null,"digital room",1,"x",1,{"v":12.26,"d":"12.260"},{"v":0,"d":"0.000"},{"v":3.1,"d":"3.100"},{"$f":"ROUND(IF(AND(F1288:H1288),C1288*E1288*F1288*G1288*H1288,IF(AND(F1288,G1288),C1288*E1288*F1288*G1288,IF(AND(F1288,H1288),C1288*E1288*F1288*H1288,IF(AND(G1288,H1288),C1288*E1288*G1288*H1288,IF(F1288,C1288*E1288*F1288,IF(G1288,C1288*E1288*G1288,IF(H1288,C1288*E1288*H1288,C1288*E1288))))))),2)","v":38.01},"Sqm",{"$nulls":3},"SSR 19-20"]
[null,"Carridor two sides",1,"x",1,{"v":11.93,"d":"11.930"},{"v":0,"d":"0.000"},{"v":3.1,"d":"3.100"},36.98,"Sqm",{"$nulls":3},"SSR 19-20"]
[null,null,1,"x",1,{"v":9.42,"d":"9.420"},{"v":0,"d":"0.000"},{"v":3.1,"d":"3.100"},{"v":29.2,"d":"29.20"},"Sqm",{"$nulls":3},"SSR 19-20"]
[null,"Meeting Hall",1,"x",1,{"v":22.92,"d":"22.920"},{"v":0,"d":"0.000"},{"v":3.1,"d":"3.100"},{"$f":"ROUND(IF(AND(F1291:H1291),C1291*E1291*F1291*G1291*H1291,IF(AND(F1291,G1291),C1291*E1291*F1291*G1291,IF(AND(F1291,H1291),C1291*E1291*F1291*H1291,IF(AND(G1291,H1291),C1291*E1291*G1291*H1291,IF(F1291,C1291*E1291*F1291,IF(G1291,C1291*E1291*G1291,IF(H1291,C1291*E1291*H1291,C1291*E1291))))))),2)","v":71.05},"Sqm",{"$nulls":3},"SSR 19-20"]
[null,"Steps below landing",1,"x",1,{"v":2.68,"d":"2.680"},{"v":0,"d":"0.000"},{"v":1.2,"d":"1.200"},{"$f":"ROUND(IF(AND(F1292:H1292),C1292*E1292*F1292*G1292*H1292,IF(AND(F1292,G1292),C1292*E1292*F1292*G1292,IF(AND(F1292,H1292),C1292*E1292*F1292*H1292,IF(AND(G1292,H1292),C1292*E1292*G1292*H1292,IF(F1292,C1292*E1292*F1292,IF(G1292,C1292*E1292*G1292,IF(H1292,C1292*E1292*H1292,C1292*E1292))))))),2)","v":3.22},"Sqm",{"$nulls":3},"SSR 19-20"]
[null,"Sides of wall",1,"x",1,{"v":0.85,"d":"0.850"},{"v":0,"d":"0.000"},{"v":1.2,"d":"1.200"},{"$f":"ROUND(IF(AND(F1293:H1293),C1293*E1293*F1293*G1293*H1293,IF(AND(F1293,G1293),C1293*E1293*F1293*G1293,IF(AND(F1293,H1293),C1293*E1293*F1293*H1293,IF(AND(G1293,H1293),C1293*E1293*G1293*H1293,IF(F1293,C1293*E1293*F1293,IF(G1293,C1293*E1293*G1293,IF(H1293,C1293*E1293*H1293,C1293*E1293))))))),2)","v":1.02},"Sqm",{"$nulls":3},"SSR 19-20"]
[null,"Above landing",1,"x",1,{"v":2.68,"d":"2.680"},{"v":0,"d":"0.000"},{"v":1.2,"d":"1.200"},{"$f":"ROUND(IF(AND(F1294:H1294),C1294*E1294*F1294*G1294*H1294,IF(AND(F1294,G1294),C1294*E1294*F1294*G1294,IF(AND(F1294,H1294),C1294*E1294*F1294*H1294,IF(AND(G1294,H1294),C1294*E1294*G1294*H1294,IF(F1294,C1294*E1294*F1294,IF(G1294,C1294*E1294*G1294,IF(H1294,C1294*E1294*H1294,C1294*E1294))))))),2)","v":3.22},"Sqm",{"$nulls":3},"SSR 19-20"]
[null,"Sides of wall",1,"x",2,{"v":0.85,"d":"0.850"},{"v":0,"d":"0.000"},{"v":1.2,"d":"1.200"},{"$f":"ROUND(IF(AND(F1295:H1295),C1295*E1295*F1295*G1295*H1295,IF(AND(F1295,G1295),C1295*E1295*F1295*G1295,IF(AND(F1295,H1295),C1295*E1295*F1295*H1295,IF(AND(G1295,H1295),C1295*E1295*G1295*H1295,IF(F1295,C1295*E1295*F1295,IF(G1295,C1295*E1295*G1295,IF(H1295,C1295*E1295*H1295,C1295*E1295))))))),2)","v":2.04},"Sqm",{"$nulls":3},"SSR 19-20"]
[null,"Deduct opening",1,"x",1,{"v":1.2,"d":"1.200"},{"v":0,"d":"0.000"},{"v":1.1,"d":"1.100"},{"$f":"-ROUND(IF(AND(F1296:H1296),C1296*E1296*F1296*G1296*H1296,IF(AND(F1296,G1296),C1296*E1296*F1296*G1296,IF(AND(F1296,H1296),C1296*E1296*F1296*H1296,IF(AND(G1296,H1296),C1296*E1296*G1296*H1296,IF(F1296,C1296*E1296*F1296,IF(G1296,C1296*E1296*G1296,IF(H1296,C1296*E1296*H1296,C1296*E1296))))))),2)","v":-1.32},"Sqm",{"$nulls":3},"SSR 19-20"]
[null,"Deduct door",1,"x",2,{"v":1.2,"d":"1.200"},{"v":0,"d":"0.000"},{"v":2.1,"d":"2.100"},{"$f":"-ROUND(IF(AND(F1297:H1297),C1297*E1297*F1297*G1297*H1297,IF(AND(F1297,G1297),C1297*E1297*F1297*G1297,IF(AND(F1297,H1297),C1297*E1297*F1297*H1297,IF(AND(G1297,H1297),C1297*E1297*G1297*H1297,IF(F1297,C1297*E1297*F1297,IF(G1297,C1297*E1297*G1297,IF(H1297,C1297*E1297*H1297,C1297*E1297))))))),2)","v":-5.04},"Sqm",{"$nulls":3},"SSR 19-20"]
[null,"Deduct door",2,"x",4,{"v":1.05,"d":"1.050"},{"v":0,"d":"0.000"},{"v":2.1,"d":"2.100"},{"$f":"-ROUND(IF(AND(F1298:H1298),C1298*E1298*F1298*G1298*H1298,IF(AND(F1298,G1298),C1298*E1298*F1298*G1298,IF(AND(F1298,H1298),C1298*E1298*F1298*H1298,IF(AND(G1298,H1298),C1298*E1298*G1298*H1298,IF(F1298,C1298*E1298*F1298,IF(G1298,C1298*E1298*G1298,IF(H1298,C1298*E1298*H1298,C1298*E1298))))))),2)","v":-17.64},"Sqm",{"$nulls":3},"SSR 19-20"]
[null,"Deduct windows",1,"x",7,{"v":1.5,"d":"1.500"},{"v":0,"d":"0.000"},{"v":1.35,"d":"1.350"},{"$f":"-ROUND(IF(AND(F1299:H1299),C1299*E1299*F1299*G1299*H1299,IF(AND(F1299,G1299),C1299*E1299*F1299*G1299,IF(AND(F1299,H1299),C1299*E1299*F1299*H1299,IF(AND(G1299,H1299),C1299*E1299*G1299*H1299,IF(F1299,C1299*E1299*F1299,IF(G1299,C1299*E1299*G1299,IF(H1299,C1299*E1299*H1299,C1299*E1299))))))),2)","v":-14.18},"Sqm",{"$nulls":3},"SSR 19-20"]
[null,"deduct ventilators",1,"x",12,{"v":0.6,"d":"0.600"},{"v":0,"d":"0.000"},{"v":0.3,"d":"0.300"},{"$f":"-ROUND(IF(AND(F1300:H1300),C1300*E1300*F1300*G1300*H1300,IF(AND(F1300,G1300),C1300*E1300*F1300*G1300,IF(AND(F1300,H1300),C1300*E1300*F1300*H1300,IF(AND(G1300,H1300),C1300*E1300*G1300*H1300,IF(F1300,C1300*E1300*F1300,IF(G1300,C1300*E1300*G1300,IF(H1300,C1300*E1300*H1300,C1300*E1300))))))),2)","v":-2.16},"Sqm",{"$nulls":3},"SSR 19-20"]
[{"$nulls":13},"SSR 19-20"]
[{"$nulls":9},"Sqm",{"$f":"data!F811","v":156.41},"SSR 19-20",{"$f":"ROUND(I1302*K1302,0)","v":{"v":0,"d":"0.00"}},"SSR 19-20"]
[18,"Providing and applying Wall putty of White Cement or Polymer or Cement based of average 1 to 2 mm thickness over plastered surface to prepare the surface even and smooth after thoroughly brushing the surface to remove all dirt and remains of loose powdered materials, applying emery paper, Sand the surface, clean & wipe off loose dust, applying knifing paste filler by putty knife / muslin pad, air dry for 2 - 3 hrs, sand with 180 and 320 No., emery paper for the surface preparation including cost and conveyance of all materials and all operational, incidental and all labour charges etc., complete for finished item of work in all floors for internal walls",{"$nulls":11},"SSR 20-21"]
[null,"Qty.p.38 of M.B.No.432/A/ZP/19",{"$nulls":11},"SSR 20-21"]
[null,"Meeting Hall alround",1,"x",1,{"v":17.2,"d":"17.200"},{"v":0,"d":"0.000"},3.075,{"$f":"ROUND(IF(AND(F1305:H1305),C1305*E1305*F1305*G1305*H1305,IF(AND(F1305,G1305),C1305*E1305*F1305*G1305,IF(AND(F1305,H1305),C1305*E1305*F1305*H1305,IF(AND(G1305,H1305),C1305*E1305*G1305*H1305,IF(F1305,C1305*E1305*F1305,IF(G1305,C1305*E1305*G1305,IF(H1305,C1305*E1305*H1305,C1305*E1305))))))),2)","v":52.89},"Sqm",{"$nulls":3},"SSR 20-21"]
[null,"Deduct door",1,"x",2,{"v":1.2,"d":"1.200"},{"v":0,"d":"0.000"},{"v":2.1,"d":"2.100"},{"$f":"-ROUND(IF(AND(F1306:H1306),C1306*E1306*F1306*G1306*H1306,IF(AND(F1306,G1306),C1306*E1306*F1306*G1306,IF(AND(F1306,H1306),C1306*E1306*F1306*H1306,IF(AND(G1306,H1306),C1306*E1306*G1306*H1306,IF(F1306,C1306*E1306*F1306,IF(G1306,C1306*E1306*G1306,IF(H1306,C1306*E1306*H1306,C1306*E1306))))))),2)","v":-5.04},"Sqm",{"$nulls":3},"SSR 20-21"]
[null,"Deduct windows",1,"x",2,{"v":1.45,"d":"1.450"},{"v":0,"d":"0.000"},{"v":1.45,"d":"1.450"},{"$f":"-ROUND(IF(AND(F1307:H1307),C1307*E1307*F1307*G1307*H1307,IF(AND(F1307,G1307),C1307*E1307*F1307*G1307,IF(AND(F1307,H1307),C1307*E1307*F1307*H1307,IF(AND(G1307,H1307),C1307*E1307*G1307*H1307,IF(F1307,C1307*E1307*F1307,IF(G1307,C1307*E1307*G1307,IF(H1307,C1307*E1307*H1307,C1307*E1307))))))),2)","v":-4.21},"Sqm",{"$nulls":3},"SSR 20-21"]
[null,"deduct ventilators",1,"x",2,{"v":0.6,"d":"0.600"},{"v":0,"d":"0.000"},{"v":0.3,"d":"0.300"},{"$f":"-ROUND(IF(AND(F1308:H1308),C1308*E1308*F1308*G1308*H1308,IF(AND(F1308,G1308),C1308*E1308*F1308*G1308,IF(AND(F1308,H1308),C1308*E1308*F1308*H1308,IF(AND(G1308,H1308),C1308*E1308*G1308*H1308,IF(F1308,C1308*E1308*F1308,IF(G1308,C1308*E1308*G1308,IF(H1308,C1308*E1308*H1308,C1308*E1308))))))),2)","v":-0.36},"Sqm",{"$nulls":3},"SSR 20-21"]
[null,"Ceiling",1,"x",1,{"v":5.6,"d":"5.600"},{"v":3,"d":"3.000"},{"v":0,"d":"0.000"},{"$f":"ROUND(IF(AND(F1309:H1309),C1309*E1309*F1309*G1309*H1309,IF(AND(F1309,G1309),C1309*E1309*F1309*G1309,IF(AND(F1309,H1309),C1309*E1309*F1309*H1309,IF(AND(G1309,H1309),C1309*E1309*G1309*H1309,IF(F1309,C1309*E1309*F1309,IF(G1309,C1309*E1309*G1309,IF(H1309,C1309*E1309*H1309,C1309*E1309))))))),2)","v":{"v":16.8,"d":"16.80"}},"Sqm",{"$nulls":3},"SSR 20-21"]
[null,"RB in Meeting Hall",1,"x",2,{"v":3,"d":"3.000"},{"v":0,"d":"0.000"},{"v":0.38,"d":"0.380"},2.28,"Sqm",{"$nulls":3},"SSR 20-21"]
[null,"Sarpanch room alround",1,"x",1,{"v":13,"d":"13.000"},{"v":0,"d":"0.000"},3.075,39.98,"Sqm",{"$nulls":3},"SSR 20-21"]
[null,"Digital store",1,"x",2,{"v":11.8,"d":"11.800"},{"v":0,"d":"0.000"},3.075,72.57,"Sqm",{"$nulls":3},"SSR 20-21"]
[null,"Deduct door",1,"x",3,{"v":1.05,"d":"1.050"},{"v":0,"d":"0.000"},{"v":2.1,"d":"2.100"},{"$f":"-ROUND(IF(AND(F1313:H1313),C1313*E1313*F1313*G1313*H1313,IF(AND(F1313,G1313),C1313*E1313*F1313*G1313,IF(AND(F1313,H1313),C1313*E1313*F1313*H1313,IF(AND(G1313,H1313),C1313*E1313*G1313*H1313,IF(F1313,C1313*E1313*F1313,IF(G1313,C1313*E1313*G1313,IF(H1313,C1313*E1313*H1313,C1313*E1313))))))),2)","v":-6.62},"Sqm",{"$nulls":3},"SSR 20-21"]
[null,"Deduct windows",1,"x",4,{"v":1.45,"d":"1.450"},{"v":0,"d":"0.000"},{"v":1.45,"d":"1.450"},{"$f":"-ROUND(IF(AND(F1314:H1314),C1314*E1314*F1314*G1314*H1314,IF(AND(F1314,G1314),C1314*E1314*F1314*G1314,IF(AND(F1314,H1314),C1314*E1314*F1314*H1314,IF(AND(G1314,H1314),C1314*E1314*G1314*H1314,IF(F1314,C1314*E1314*F1314,IF(G1314,C1314*E1314*G1314,IF(H1314,C1314*E1314*H1314,C1314*E1314))))))),2)","v":-8.41},"Sqm",{"$nulls":3},"SSR 20-21"]
[null,"deduct ventilators",1,"x",4,{"v":0.6,"d":"0.600"},{"v":0,"d":"0.000"},{"v":0.3,"d":"0.300"},{"$f":"-ROUND(IF(AND(F1315:H1315),C1315*E1315*F1315*G1315*H1315,IF(AND(F1315,G1315),C1315*E1315*F1315*G1315,IF(AND(F1315,H1315),C1315*E1315*F1315*H1315,IF(AND(G1315,H1315),C1315*E1315*G1315*H1315,IF(F1315,C1315*E1315*F1315,IF(G1315,C1315*E1315*G1315,IF(H1315,C1315*E1315*H1315,C1315*E1315))))))),2)","v":-0.72},"Sqm",{"$nulls":3},"SSR 20-21"]
[null,"Sarpanch room ceiling",1,"x",1,{"v":3.2,"d":"3.200"},{"v":3.3,"d":"3.300"},{"v":0,"d":"0.000"},10.56,"Sqm",{"$nulls":3},"SSR 20-21"]
[null,"Digital & Staff room ceiling",1,"x",2,{"v":3.2,"d":"3.200"},{"v":2.7,"d":"2.700"},{"v":0,"d":"0.000"},17.28,"Sqm",{"$nulls":3},"SSR 20-21"]
[null,"Visitors waiting hall ceiling",1,"x",1,{"v":4.9,"d":"4.900"},{"v":2.6,"d":"2.600"},{"v":0,"d":"0.000"},12.74,"Sqm",{"$nulls":3},"SSR 20-21"]
[null,"B2-B3",1,"x",1,{"v":4.9,"d":"4.900"},{"v":0,"d":"0.000"},3.075,15.07,"Sqm",{"$nulls":3},"SSR 20-21"]
[null,"Deduct door",1,"x",1,{"v":1.3,"d":"1.300"},{"v":0,"d":"0.000"},{"v":2.1,"d":"2.100"},{"$f":"-ROUND(IF(AND(F1320:H1320),C1320*E1320*F1320*G1320*H1320,IF(AND(F1320,G1320),C1320*E1320*F1320*G1320,IF(AND(F1320,H1320),C1320*E1320*F1320*H1320,IF(AND(G1320,H1320),C1320*E1320*G1320*H1320,IF(F1320,C1320*E1320*F1320,IF(G1320,C1320*E1320*G1320,IF(H1320,C1320*E1320*H1320,C1320*E1320))))))),2)","v":-2.73},"Sqm",{"$nulls":3},"SSR 20-21"]
[null,"Deduct door",1,"x",1,{"v":1.2,"d":"1.200"},{"v":0,"d":"0.000"},{"v":2.1,"d":"2.100"},{"$f":"-ROUND(IF(AND(F1321:H1321),C1321*E1321*F1321*G1321*H1321,IF(AND(F1321,G1321),C1321*E1321*F1321*G1321,IF(AND(F1321,H1321),C1321*E1321*F1321*H1321,IF(AND(G1321,H1321),C1321*E1321*G1321*H1321,IF(F1321,C1321*E1321*F1321,IF(G1321,C1321*E1321*G1321,IF(H1321,C1321*E1321*H1321,C1321*E1321))))))),2)","v":-2.52},"Sqm",{"$nulls":3},"SSR 20-21"]
[null,"A2-A3",1,"x",1,{"v":3.5,"d":"3.500"},{"v":0,"d":"0.000"},{"v":0.9,"d":"0.900"},3.15,"Sqm",{"$nulls":3},"SSR 20-21"]
[null,"A3-B3",1,"x",1,{"v":2.65,"d":"2.650"},{"v":0,"d":"0.000"},{"v":0.9,"d":"0.900"},2.39,"Sqm",{"$nulls":3},"SSR 20-21"]
[null,"Carridor alround",1,"x",1,{"v":21.2,"d":"21.200"},{"v":0,"d":"0.000"},3.075,65.19,"Sqm",{"$nulls":3},"SSR 20-21"]
[null,"Deduct door",1,"x",1,{"v":1.3,"d":"1.300"},{"v":0,"d":"0.000"},{"v":2.1,"d":"2.100"},{"$f":"-ROUND(IF(AND(F1325:H1325),C1325*E1325*F1325*G1325*H1325,IF(AND(F1325,G1325),C1325*E1325*F1325*G1325,IF(AND(F1325,H1325),C1325*E1325*F1325*H1325,IF(AND(G1325,H1325),C1325*E1325*G1325*H1325,IF(F1325,C1325*E1325*F1325,IF(G1325,C1325*E1325*G1325,IF(H1325,C1325*E1325*H1325,C1325*E1325))))))),2)","v":-2.73},"Sqm",{"$nulls":3},"SSR 20-21"]
[null,"Deduct door",1,"x",1,{"v":1.2,"d":"1.200"},{"v":0,"d":"0.000"},{"v":2.1,"d":"2.100"},-2.52,"Sqm",{"$nulls":3},"SSR 20-21"]
[null,"Deduct door",1,"x",3,{"v":1.05,"d":"1.050"},{"v":0,"d":"0.000"},{"v":2.1,"d":"2.100"},-6.62,"Sqm",{"$nulls":3},"SSR 20-21"]
[null,"deduct tiolet door",1,"x",2,{"v":0.75,"d":"0.750"},{"v":0,"d":"0.000"},{"v":2.1,"d":"2.100"},-3.15,"Sqm",{"$nulls":3},"SSR 20-21"]
[null,"Deduct windows",1,"x",1,{"v":1.45,"d":"1.450"},{"v":0,"d":"0.000"},{"v":1.45,"d":"1.450"},{"v":-2.1,"d":"-2.10"},"Sqm",{"$nulls":3},"SSR 20-21"]
[null,"deduct ventilators",1,"x",1,{"v":0.6,"d":"0.600"},{"v":0,"d":"0.000"},{"v":0.3,"d":"0.300"},-0.18,"Sqm",{"$nulls":3},"SSR 20-21"]
[null,"Ceiling",1,"x",1,{"v":8.9,"d":"8.900"},{"v":1.7,"d":"1.700"},{"v":0,"d":"0.000"},15.13,"Sqm",{"$nulls":3},"SSR 20-21"]
[null,"RB sides",2,"x",2,{"v":1.7,"d":"1.700"},{"v":0,"d":"0.000"},{"v":0.38,"d":"0.380"},2.58,"Sqm",{"$nulls":3},"SSR 20-21"]
[{"$nulls":13},"SSR 20-21"]
[{"$nulls":9},"Sqm",{"$f":"data!F1728","v":164.34},"SSR 20-21",{"$f":"ROUND(I1334*K1334,0)","v":{"v":0,"d":"0.00"}},"SSR 20-21"]
[19,"Providing and applying Wall putty of White Cement or Polymer or Cement based of average 1 to 2 mm thickness over plastered surface to prepare the surface even and smooth after thoroughly brushing the surface to remove all dirt and remains of loose powdered materials, applying emery paper, Sand the surface, clean & wipe off loose dust, applying knifing paste filler by putty knife / muslin pad, air dry for 2 - 3 hrs, sand with 180 and 320 No., emery paper for the surface preparation including cost and conveyance of all materials and all operational, incidental and all labour charges etc., complete for finished item of work in all floors for internal walls",{"$nulls":11},"SSR 21-22"]
[null,"Qty.p.16 of M.B.No.441/A/ZP/19",{"$nulls":11},"SSR 21-22"]
[null,"sapranch room",1,"x",1,{"v":13.38,"d":"13.380"},{"v":0,"d":"0.000"},{"v":3.12,"d":"3.120"},{"$f":"ROUND(IF(AND(F1337:H1337),C1337*E1337*F1337*G1337*H1337,IF(AND(F1337,G1337),C1337*E1337*F1337*G1337,IF(AND(F1337,H1337),C1337*E1337*F1337*H1337,IF(AND(G1337,H1337),C1337*E1337*G1337*H1337,IF(F1337,C1337*E1337*F1337,IF(G1337,C1337*E1337*G1337,IF(H1337,C1337*E1337*H1337,C1337*E1337))))))),2)","v":41.75},"Sqm",{"$nulls":3},"SSR 21-22"]
[null,"EA room",1,"x",1,{"v":12.18,"d":"12.180"},{"v":0,"d":"0.000"},{"v":3.12,"d":"3.120"},{"$f":"ROUND(IF(AND(F1338:H1338),C1338*E1338*F1338*G1338*H1338,IF(AND(F1338,G1338),C1338*E1338*F1338*G1338,IF(AND(F1338,H1338),C1338*E1338*F1338*H1338,IF(AND(G1338,H1338),C1338*E1338*G1338*H1338,IF(F1338,C1338*E1338*F1338,IF(G1338,C1338*E1338*G1338,IF(H1338,C1338*E1338*H1338,C1338*E1338))))))),2)","v":{"v":38,"d":"38.00"}},"Sqm",{"$nulls":3},"SSR 21-22"]
[null,"survey room",1,"x",1,{"v":12.22,"d":"12.220"},{"v":0,"d":"0.000"},{"v":3.12,"d":"3.120"},{"$f":"ROUND(IF(AND(F1339:H1339),C1339*E1339*F1339*G1339*H1339,IF(AND(F1339,G1339),C1339*E1339*F1339*G1339,IF(AND(F1339,H1339),C1339*E1339*F1339*H1339,IF(AND(G1339,H1339),C1339*E1339*G1339*H1339,IF(F1339,C1339*E1339*F1339,IF(G1339,C1339*E1339*G1339,IF(H1339,C1339*E1339*H1339,C1339*E1339))))))),2)","v":38.13},"Sqm",{"$nulls":3},"SSR 21-22"]
[null,"Meeting Hall",1,"x",1,{"v":17.34,"d":"17.340"},{"v":0,"d":"0.000"},{"v":3.12,"d":"3.120"},{"$f":"ROUND(IF(AND(F1340:H1340),C1340*E1340*F1340*G1340*H1340,IF(AND(F1340,G1340),C1340*E1340*F1340*G1340,IF(AND(F1340,H1340),C1340*E1340*F1340*H1340,IF(AND(G1340,H1340),C1340*E1340*G1340*H1340,IF(F1340,C1340*E1340*F1340,IF(G1340,C1340*E1340*G1340,IF(H1340,C1340*E1340*H1340,C1340*E1340))))))),2)","v":{"v":54.1,"d":"54.10"}},"Sqm",{"$nulls":3},"SSR 21-22"]
[null,"window sides",1,"x",6,{"v":5.7,"d":"5.700"},{"v":0,"d":"0.000"},0.115,{"$f":"ROUND(IF(AND(F1341:H1341),C1341*E1341*F1341*G1341*H1341,IF(AND(F1341,G1341),C1341*E1341*F1341*G1341,IF(AND(F1341,H1341),C1341*E1341*F1341*H1341,IF(AND(G1341,H1341),C1341*E1341*G1341*H1341,IF(F1341,C1341*E1341*F1341,IF(G1341,C1341*E1341*G1341,IF(H1341,C1341*E1341*H1341,C1341*E1341))))))),2)","v":3.93},"Sqm",{"$nulls":3},"SSR 21-22"]
[null,null,1,"x",2,{"v":1.2,"d":"1.200"},{"v":0,"d":"0.000"},{"v":2.1,"d":"2.100"},{"$f":"-ROUND(IF(AND(F1342:H1342),C1342*E1342*F1342*G1342*H1342,IF(AND(F1342,G1342),C1342*E1342*F1342*G1342,IF(AND(F1342,H1342),C1342*E1342*F1342*H1342,IF(AND(G1342,H1342),C1342*E1342*G1342*H1342,IF(F1342,C1342*E1342*F1342,IF(G1342,C1342*E1342*G1342,IF(H1342,C1342*E1342*H1342,C1342*E1342))))))),2)","v":-5.04},"Sqm",{"$nulls":3},"SSR 21-22"]
[{"$nulls":13},"SSR 21-22"]
[{"$nulls":9},"Sqm",{"$f":"data!F2645","v":170.35},"SSR 21-22",{"$f":"ROUND(I1344*K1344,0)","v":{"v":0,"d":"0.00"}},"SSR 21-22"]
[14,"Providing and applying Wall putty of White Cement or Polymer or Cement based of average 1 to 2 mm thickness over plastered surface to prepare the surface even and smooth after thoroughly brushing the surface to remove all dirt and remains of loose powdered materials, applying emery paper, Sand the surface, clean & wipe off loose dust, applying knifing paste filler by putty knife / muslin pad, air dry for 2 - 3 hrs, sand with 180 and 320 No., emery paper for the surface preparation including cost and conveyance of all materials and all operational, incidental and all labour charges etc., complete for finished item of work in all floors for internal walls",{"$nulls":11},"SSR 22-23"]
[null,"Qty.p.29 of M.B.No.1186/A/ZP/20",null,"10.07.2023",{"$nulls":9},"SSR 22-23"]
[null,"Staff room",1,"x",1,{"v":3.35,"d":"3.350"},{"v":2.49,"d":"2.490"},{"v":0,"d":"0.000"},{"$f":"ROUND(IF(AND(F1347:H1347),C1347*E1347*F1347*G1347*H1347,IF(AND(F1347,G1347),C1347*E1347*F1347*G1347,IF(AND(F1347,H1347),C1347*E1347*F1347*H1347,IF(AND(G1347,H1347),C1347*E1347*G1347*H1347,IF(F1347,C1347*E1347*F1347,IF(G1347,C1347*E1347*G1347,IF(H1347,C1347*E1347*H1347,C1347*E1347))))))),2)","v":8.34},"Sqm",{"$nulls":3},"SSR 22-23"]
[null,"Digital room",1,"x",1,{"v":3.35,"d":"3.350"},{"v":2.88,"d":"2.880"},{"v":0,"d":"0.000"},9.65,"Sqm",{"$nulls":3},"SSR 22-23"]
[null,"Sarpanch room",1,"x",1,{"v":3.35,"d":"3.350"},{"v":3.12,"d":"3.120"},{"v":0,"d":"0.000"},10.45,"Sqm",{"$nulls":3},"SSR 22-23"]
[null,"Carridor alround",1,"x",1,{"v":11.93,"d":"11.930"},{"v":1.8,"d":"1.800"},{"v":0,"d":"0.000"},21.47,"Sqm",{"$nulls":3},"SSR 22-23"]
[null,"Meeting hall",1,"x",1,{"v":4.98,"d":"4.980"},{"v":8.6,"d":"8.600"},{"v":0,"d":"0.000"},42.83,"Sqm",{"$nulls":3},"SSR 22-23"]
[null,"Sides of beam in carridor",2,"x",2,{"v":1.8,"d":"1.800"},{"v":0,"d":"0.000"},{"v":0.38,"d":"0.380"},2.74,"Sqm",{"$nulls":3},"SSR 22-23"]
[null,"Wall staff room",1,"x",1,{"v":11.68,"d":"11.680"},{"v":0,"d":"0.000"},{"v":3.1,"d":"3.100"},36.21,"Sqm",{"$nulls":3},"SSR 22-23"]
[null,"Sarpanch room",1,"x",1,{"v":12.74,"d":"12.740"},{"v":0,"d":"0.000"},{"v":3.1,"d":"3.100"},{"$f":"ROUND(IF(AND(F1354:H1354),C1354*E1354*F1354*G1354*H1354,IF(AND(F1354,G1354),C1354*E1354*F1354*G1354,IF(AND(F1354,H1354),C1354*E1354*F1354*H1354,IF(AND(G1354,H1354),C1354*E1354*G1354*H1354,IF(F1354,C1354*E1354*F1354,IF(G1354,C1354*E1354*G1354,IF(H1354,C1354*E1354*H1354,C1354*E1354))))))),2)","v":39.49},"Sqm",{"$nulls":3},"SSR 22-23"]
[null,"digital room",1,"x",1,{"v":12.26,"d":"12.260"},{"v":0,"d":"0.000"},{"v":3.1,"d":"3.100"},{"$f":"ROUND(IF(AND(F1355:H1355),C1355*E1355*F1355*G1355*H1355,IF(AND(F1355,G1355),C1355*E1355*F1355*G1355,IF(AND(F1355,H1355),C1355*E1355*F1355*H1355,IF(AND(G1355,H1355),C1355*E1355*G1355*H1355,IF(F1355,C1355*E1355*F1355,IF(G1355,C1355*E1355*G1355,IF(H1355,C1355*E1355*H1355,C1355*E1355))))))),2)","v":38.01},"Sqm",{"$nulls":3},"SSR 22-23"]
[null,"Carridor two sides",1,"x",1,{"v":11.93,"d":"11.930"},{"v":0,"d":"0.000"},{"v":3.1,"d":"3.100"},36.98,"Sqm",{"$nulls":3},"SSR 22-23"]
[null,null,1,"x",1,{"v":9.42,"d":"9.420"},{"v":0,"d":"0.000"},{"v":3.1,"d":"3.100"},{"v":29.2,"d":"29.20"},"Sqm",{"$nulls":3},"SSR 22-23"]
[null,"Meeting Hall",1,"x",1,{"v":22.92,"d":"22.920"},{"v":0,"d":"0.000"},{"v":3.1,"d":"3.100"},{"$f":"ROUND(IF(AND(F1358:H1358),C1358*E1358*F1358*G1358*H1358,IF(AND(F1358,G1358),C1358*E1358*F1358*G1358,IF(AND(F1358,H1358),C1358*E1358*F1358*H1358,IF(AND(G1358,H1358),C1358*E1358*G1358*H1358,IF(F1358,C1358*E1358*F1358,IF(G1358,C1358*E1358*G1358,IF(H1358,C1358*E1358*H1358,C1358*E1358))))))),2)","v":71.05},"Sqm",{"$nulls":3},"SSR 22-23"]
[null,"Steps below landing",1,"x",1,{"v":2.68,"d":"2.680"},{"v":0,"d":"0.000"},{"v":1.2,"d":"1.200"},{"$f":"ROUND(IF(AND(F1359:H1359),C1359*E1359*F1359*G1359*H1359,IF(AND(F1359,G1359),C1359*E1359*F1359*G1359,IF(AND(F1359,H1359),C1359*E1359*F1359*H1359,IF(AND(G1359,H1359),C1359*E1359*G1359*H1359,IF(F1359,C1359*E1359*F1359,IF(G1359,C1359*E1359*G1359,IF(H1359,C1359*E1359*H1359,C1359*E1359))))))),2)","v":3.22},"Sqm",{"$nulls":3},"SSR 22-23"]
[null,"Sides of wall",1,"x",1,{"v":0.85,"d":"0.850"},{"v":0,"d":"0.000"},{"v":1.2,"d":"1.200"},{"$f":"ROUND(IF(AND(F1360:H1360),C1360*E1360*F1360*G1360*H1360,IF(AND(F1360,G1360),C1360*E1360*F1360*G1360,IF(AND(F1360,H1360),C1360*E1360*F1360*H1360,IF(AND(G1360,H1360),C1360*E1360*G1360*H1360,IF(F1360,C1360*E1360*F1360,IF(G1360,C1360*E1360*G1360,IF(H1360,C1360*E1360*H1360,C1360*E1360))))))),2)","v":1.02},"Sqm",{"$nulls":3},"SSR 22-23"]
[null,"Above landing",1,"x",1,{"v":2.68,"d":"2.680"},{"v":0,"d":"0.000"},{"v":1.2,"d":"1.200"},{"$f":"ROUND(IF(AND(F1361:H1361),C1361*E1361*F1361*G1361*H1361,IF(AND(F1361,G1361),C1361*E1361*F1361*G1361,IF(AND(F1361,H1361),C1361*E1361*F1361*H1361,IF(AND(G1361,H1361),C1361*E1361*G1361*H1361,IF(F1361,C1361*E1361*F1361,IF(G1361,C1361*E1361*G1361,IF(H1361,C1361*E1361*H1361,C1361*E1361))))))),2)","v":3.22},"Sqm",{"$nulls":3},"SSR 22-23"]
[null,"Sides of wall",1,"x",2,{"v":0.85,"d":"0.850"},{"v":0,"d":"0.000"},{"v":1.2,"d":"1.200"},{"$f":"ROUND(IF(AND(F1362:H1362),C1362*E1362*F1362*G1362*H1362,IF(AND(F1362,G1362),C1362*E1362*F1362*G1362,IF(AND(F1362,H1362),C1362*E1362*F1362*H1362,IF(AND(G1362,H1362),C1362*E1362*G1362*H1362,IF(F1362,C1362*E1362*F1362,IF(G1362,C1362*E1362*G1362,IF(H1362,C1362*E1362*H1362,C1362*E1362))))))),2)","v":2.04},"Sqm",{"$nulls":3},"SSR 22-23"]
[null,"Deduct opening",1,"x",1,{"v":1.2,"d":"1.200"},{"v":0,"d":"0.000"},{"v":1.1,"d":"1.100"},{"$f":"-ROUND(IF(AND(F1363:H1363),C1363*E1363*F1363*G1363*H1363,IF(AND(F1363,G1363),C1363*E1363*F1363*G1363,IF(AND(F1363,H1363),C1363*E1363*F1363*H1363,IF(AND(G1363,H1363),C1363*E1363*G1363*H1363,IF(F1363,C1363*E1363*F1363,IF(G1363,C1363*E1363*G1363,IF(H1363,C1363*E1363*H1363,C1363*E1363))))))),2)","v":-1.32},"Sqm",{"$nulls":3},"SSR 22-23"]
[null,"Deduct door",1,"x",2,{"v":1.2,"d":"1.200"},{"v":0,"d":"0.000"},{"v":2.1,"d":"2.100"},{"$f":"-ROUND(IF(AND(F1364:H1364),C1364*E1364*F1364*G1364*H1364,IF(AND(F1364,G1364),C1364*E1364*F1364*G1364,IF(AND(F1364,H1364),C1364*E1364*F1364*H1364,IF(AND(G1364,H1364),C1364*E1364*G1364*H1364,IF(F1364,C1364*E1364*F1364,IF(G1364,C1364*E1364*G1364,IF(H1364,C1364*E1364*H1364,C1364*E1364))))))),2)","v":-5.04},"Sqm",{"$nulls":3},"SSR 22-23"]
[null,"Deduct door",2,"x",4,{"v":1.05,"d":"1.050"},{"v":0,"d":"0.000"},{"v":2.1,"d":"2.100"},{"$f":"-ROUND(IF(AND(F1365:H1365),C1365*E1365*F1365*G1365*H1365,IF(AND(F1365,G1365),C1365*E1365*F1365*G1365,IF(AND(F1365,H1365),C1365*E1365*F1365*H1365,IF(AND(G1365,H1365),C1365*E1365*G1365*H1365,IF(F1365,C1365*E1365*F1365,IF(G1365,C1365*E1365*G1365,IF(H1365,C1365*E1365*H1365,C1365*E1365))))))),2)","v":-17.64},"Sqm",{"$nulls":3},"SSR 22-23"]
[null,"Deduct windows",1,"x",7,{"v":1.5,"d":"1.500"},{"v":0,"d":"0.000"},{"v":1.35,"d":"1.350"},{"$f":"-ROUND(IF(AND(F1366:H1366),C1366*E1366*F1366*G1366*H1366,IF(AND(F1366,G1366),C1366*E1366*F1366*G1366,IF(AND(F1366,H1366),C1366*E1366*F1366*H1366,IF(AND(G1366,H1366),C1366*E1366*G1366*H1366,IF(F1366,C1366*E1366*F1366,IF(G1366,C1366*E1366*G1366,IF(H1366,C1366*E1366*H1366,C1366*E1366))))))),2)","v":-14.18},"Sqm",{"$nulls":3},"SSR 22-23"]
[null,"deduct ventilators",1,"x",12,{"v":0.6,"d":"0.600"},{"v":0,"d":"0.000"},{"v":0.3,"d":"0.300"},{"$f":"-ROUND(IF(AND(F1367:H1367),C1367*E1367*F1367*G1367*H1367,IF(AND(F1367,G1367),C1367*E1367*F1367*G1367,IF(AND(F1367,H1367),C1367*E1367*F1367*H1367,IF(AND(G1367,H1367),C1367*E1367*G1367*H1367,IF(F1367,C1367*E1367*F1367,IF(G1367,C1367*E1367*G1367,IF(H1367,C1367*E1367*H1367,C1367*E1367))))))),2)","v":-2.16},"Sqm",{"$nulls":3},"SSR 22-23"]
[{"$nulls":13},"SSR 22-23"]
[{"$nulls":9},"Sqm",{"$f":"data!F3562","v":184.03},"SSR 22-23",{"$f":"ROUND(I1369*K1369,0)","v":{"v":0,"d":"0.00"}},"SSR 22-23"]
[20,"Painting to new walls with 2 coats of acrylic Emulsion paint Asian or equivalent and shade over Priming coat with Cement primer water base interior Gr-1 Asian or equivalent on new plastered surface after throughly brushing the surace remove all dirt and remains of loose powdered materials including cost and conveyance of all materials to worksite and all oparational, incidental, labour charges etc complete for  finished item of work as per SS 911 for internal walls",{"$nulls":11},"SSR 19-20"]
[null,"Qty.p.31 of M.B.No.441/A/ZP/19",{"$nulls":11},"SSR 19-20"]
[null,"left side",1,"x",1,{"v":12.48,"d":"12.480"},{"v":0,"d":"0.000"},{"v":3.12,"d":"3.120"},{"$f":"ROUND(IF(AND(F1372:H1372),C1372*E1372*F1372*G1372*H1372,IF(AND(F1372,G1372),C1372*E1372*F1372*G1372,IF(AND(F1372,H1372),C1372*E1372*F1372*H1372,IF(AND(G1372,H1372),C1372*E1372*G1372*H1372,IF(F1372,C1372*E1372*F1372,IF(G1372,C1372*E1372*G1372,IF(H1372,C1372*E1372*H1372,C1372*E1372))))))),2)","v":38.94},"Sqm",{"$nulls":3},"SSR 19-20"]
[null,"left side",1,"x",1,{"v":8.92,"d":"8.920"},{"v":0,"d":"0.000"},{"v":3.12,"d":"3.120"},27.83,"Sqm",{"$nulls":3},"SSR 19-20"]
[null,"left side",1,"x",1,{"v":1.2,"d":"1.200"},{"v":0,"d":"0.000"},{"v":2.1,"d":"2.100"},2.52,"Sqm",{"$nulls":3},"SSR 19-20"]
[null,"left side",1,"x",1,{"v":1.5,"d":"1.500"},{"v":0,"d":"0.000"},{"v":1.35,"d":"1.350"},2.03,"Sqm",{"$nulls":3},"SSR 19-20"]
[null,"left side",1,"x",1,{"v":2.7,"d":"2.700"},{"v":0,"d":"0.000"},{"v":0.15,"d":"0.150"},0.41,"Sqm",{"$nulls":3},"SSR 19-20"]
[{"$nulls":13},"SSR 19-20"]
[{"$nulls":9},"Sqm",{"$f":"data!F846","v":131.45},"SSR 19-20",{"$f":"ROUND(I1378*K1378,0)","v":{"v":0,"d":"0.00"}},"SSR 19-20"]
[19,"Painting to new walls with 2 coats of acrylic Emulsion paint Asian or equivalent and shade over Priming coat with Cement primer water base interior Gr-1 Asian or equivalent on new plastered surface after throughly brushing the surace remove all dirt and remains of loose powdered materials including cost and conveyance of all materials to worksite and all oparational, incidental, labour charges etc complete for  finished item of work as per SS 911 for internal walls",{"$nulls":11},"SSR 20-21"]
[null,"Qty.p.49 of M.B.No.432/A/ZP/19",{"$nulls":11},"SSR 20-21"]
[null,"Meeting Hall alround",1,"x",1,{"v":17.2,"d":"17.200"},{"v":0,"d":"0.000"},3.075,{"$f":"ROUND(IF(AND(F1381:H1381),C1381*E1381*F1381*G1381*H1381,IF(AND(F1381,G1381),C1381*E1381*F1381*G1381,IF(AND(F1381,H1381),C1381*E1381*F1381*H1381,IF(AND(G1381,H1381),C1381*E1381*G1381*H1381,IF(F1381,C1381*E1381*F1381,IF(G1381,C1381*E1381*G1381,IF(H1381,C1381*E1381*H1381,C1381*E1381))))))),2)","v":52.89},"Sqm",{"$nulls":3},"SSR 20-21"]
[null,"Deduct door",1,"x",2,{"v":1.2,"d":"1.200"},{"v":0,"d":"0.000"},{"v":2.1,"d":"2.100"},{"$f":"-ROUND(IF(AND(F1382:H1382),C1382*E1382*F1382*G1382*H1382,IF(AND(F1382,G1382),C1382*E1382*F1382*G1382,IF(AND(F1382,H1382),C1382*E1382*F1382*H1382,IF(AND(G1382,H1382),C1382*E1382*G1382*H1382,IF(F1382,C1382*E1382*F1382,IF(G1382,C1382*E1382*G1382,IF(H1382,C1382*E1382*H1382,C1382*E1382))))))),2)","v":-5.04},"Sqm",{"$nulls":3},"SSR 20-21"]
[null,"Deduct windows",1,"x",2,{"v":1.45,"d":"1.450"},{"v":0,"d":"0.000"},{"v":1.45,"d":"1.450"},{"$f":"-ROUND(IF(AND(F1383:H1383),C1383*E1383*F1383*G1383*H1383,IF(AND(F1383,G1383),C1383*E1383*F1383*G1383,IF(AND(F1383,H1383),C1383*E1383*F1383*H1383,IF(AND(G1383,H1383),C1383*E1383*G1383*H1383,IF(F1383,C1383*E1383*F1383,IF(G1383,C1383*E1383*G1383,IF(H1383,C1383*E1383*H1383,C1383*E1383))))))),2)","v":-4.21},"Sqm",{"$nulls":3},"SSR 20-21"]
[null,"deduct ventilators",1,"x",2,{"v":0.6,"d":"0.600"},{"v":0,"d":"0.000"},{"v":0.3,"d":"0.300"},{"$f":"-ROUND(IF(AND(F1384:H1384),C1384*E1384*F1384*G1384*H1384,IF(AND(F1384,G1384),C1384*E1384*F1384*G1384,IF(AND(F1384,H1384),C1384*E1384*F1384*H1384,IF(AND(G1384,H1384),C1384*E1384*G1384*H1384,IF(F1384,C1384*E1384*F1384,IF(G1384,C1384*E1384*G1384,IF(H1384,C1384*E1384*H1384,C1384*E1384))))))),2)","v":-0.36},"Sqm",{"$nulls":3},"SSR 20-21"]
[null,"Ceiling",1,"x",1,{"v":5.6,"d":"5.600"},{"v":3,"d":"3.000"},{"v":0,"d":"0.000"},{"$f":"ROUND(IF(AND(F1385:H1385),C1385*E1385*F1385*G1385*H1385,IF(AND(F1385,G1385),C1385*E1385*F1385*G1385,IF(AND(F1385,H1385),C1385*E1385*F1385*H1385,IF(AND(G1385,H1385),C1385*E1385*G1385*H1385,IF(F1385,C1385*E1385*F1385,IF(G1385,C1385*E1385*G1385,IF(H1385,C1385*E1385*H1385,C1385*E1385))))))),2)","v":{"v":16.8,"d":"16.80"}},"Sqm",{"$nulls":3},"SSR 20-21"]
[null,"Sarpanch room alround",1,"x",1,{"v":13,"d":"13.000"},{"v":0,"d":"0.000"},3.075,39.98,"Sqm",{"$nulls":3},"SSR 20-21"]
[null,"Digital store",1,"x",1,{"v":11.8,"d":"11.800"},{"v":0,"d":"0.000"},3.075,36.29,"Sqm",{"$nulls":3},"SSR 20-21"]
[null,null,1,"x",1,{"v":11.8,"d":"11.800"},{"v":0,"d":"0.000"},3.075,{"$f":"ROUND(IF(AND(F1388:H1388),C1388*E1388*F1388*G1388*H1388,IF(AND(F1388,G1388),C1388*E1388*F1388*G1388,IF(AND(F1388,H1388),C1388*E1388*F1388*H1388,IF(AND(G1388,H1388),C1388*E1388*G1388*H1388,IF(F1388,C1388*E1388*F1388,IF(G1388,C1388*E1388*G1388,IF(H1388,C1388*E1388*H1388,C1388*E1388))))))),2)","v":36.29},"Sqm",{"$nulls":3},"SSR 20-21"]
[null,"Deduct door",1,"x",3,{"v":1.05,"d":"1.050"},{"v":0,"d":"0.000"},{"v":2.1,"d":"2.100"},{"$f":"-ROUND(IF(AND(F1389:H1389),C1389*E1389*F1389*G1389*H1389,IF(AND(F1389,G1389),C1389*E1389*F1389*G1389,IF(AND(F1389,H1389),C1389*E1389*F1389*H1389,IF(AND(G1389,H1389),C1389*E1389*G1389*H1389,IF(F1389,C1389*E1389*F1389,IF(G1389,C1389*E1389*G1389,IF(H1389,C1389*E1389*H1389,C1389*E1389))))))),2)","v":-6.62},"Sqm",{"$nulls":3},"SSR 20-21"]
[null,"Deduct windows",1,"x",4,{"v":1.45,"d":"1.450"},{"v":0,"d":"0.000"},{"v":1.45,"d":"1.450"},{"$f":"-ROUND(IF(AND(F1390:H1390),C1390*E1390*F1390*G1390*H1390,IF(AND(F1390,G1390),C1390*E1390*F1390*G1390,IF(AND(F1390,H1390),C1390*E1390*F1390*H1390,IF(AND(G1390,H1390),C1390*E1390*G1390*H1390,IF(F1390,C1390*E1390*F1390,IF(G1390,C1390*E1390*G1390,IF(H1390,C1390*E1390*H1390,C1390*E1390))))))),2)","v":-8.41},"Sqm",{"$nulls":3},"SSR 20-21"]
[null,"deduct ventilators",1,"x",4,{"v":0.6,"d":"0.600"},{"v":0,"d":"0.000"},{"v":0.3,"d":"0.300"},{"$f":"-ROUND(IF(AND(F1391:H1391),C1391*E1391*F1391*G1391*H1391,IF(AND(F1391,G1391),C1391*E1391*F1391*G1391,IF(AND(F1391,H1391),C1391*E1391*F1391*H1391,IF(AND(G1391,H1391),C1391*E1391*G1391*H1391,IF(F1391,C1391*E1391*F1391,IF(G1391,C1391*E1391*G1391,IF(H1391,C1391*E1391*H1391,C1391*E1391))))))),2)","v":-0.72},"Sqm",{"$nulls":3},"SSR 20-21"]
[null,"Sarpanch room ceiling",1,"x",1,{"v":3.2,"d":"3.200"},{"v":3.3,"d":"3.300"},{"v":0,"d":"0.000"},{"$f":"ROUND(IF(AND(F1392:H1392),C1392*E1392*F1392*G1392*H1392,IF(AND(F1392,G1392),C1392*E1392*F1392*G1392,IF(AND(F1392,H1392),C1392*E1392*F1392*H1392,IF(AND(G1392,H1392),C1392*E1392*G1392*H1392,IF(F1392,C1392*E1392*F1392,IF(G1392,C1392*E1392*G1392,IF(H1392,C1392*E1392*H1392,C1392*E1392))))))),2)","v":10.56},"Sqm",{"$nulls":3},"SSR 20-21"]
[null,"Digital & Staff room ceiling",1,"x",2,{"v":3.2,"d":"3.200"},{"v":2.7,"d":"2.700"},{"v":0,"d":"0.000"},17.28,"Sqm",{"$nulls":3},"SSR 20-21"]
[null,"Visitors waiting hall ceiling",1,"x",1,{"v":4.9,"d":"4.900"},{"v":2.6,"d":"2.600"},{"v":0,"d":"0.000"},12.74,"Sqm",{"$nulls":3},"SSR 20-21"]
[null,"B2-B3",1,"x",1,{"v":4.9,"d":"4.900"},{"v":0,"d":"0.000"},3.075,15.07,"Sqm",{"$nulls":3},"SSR 20-21"]
[null,"Deduct door",1,"x",1,{"v":1.3,"d":"1.300"},{"v":0,"d":"0.000"},{"v":2.1,"d":"2.100"},{"$f":"-ROUND(IF(AND(F1396:H1396),C1396*E1396*F1396*G1396*H1396,IF(AND(F1396,G1396),C1396*E1396*F1396*G1396,IF(AND(F1396,H1396),C1396*E1396*F1396*H1396,IF(AND(G1396,H1396),C1396*E1396*G1396*H1396,IF(F1396,C1396*E1396*F1396,IF(G1396,C1396*E1396*G1396,IF(H1396,C1396*E1396*H1396,C1396*E1396))))))),2)","v":-2.73},"Sqm",{"$nulls":3},"SSR 20-21"]
[null,"Deduct door",1,"x",1,{"v":1.2,"d":"1.200"},{"v":0,"d":"0.000"},{"v":2.1,"d":"2.100"},{"$f":"-ROUND(IF(AND(F1397:H1397),C1397*E1397*F1397*G1397*H1397,IF(AND(F1397,G1397),C1397*E1397*F1397*G1397,IF(AND(F1397,H1397),C1397*E1397*F1397*H1397,IF(AND(G1397,H1397),C1397*E1397*G1397*H1397,IF(F1397,C1397*E1397*F1397,IF(G1397,C1397*E1397*G1397,IF(H1397,C1397*E1397*H1397,C1397*E1397))))))),2)","v":-2.52},"Sqm",{"$nulls":3},"SSR 20-21"]
[null,"A2-A3",1,"x",1,{"v":3.5,"d":"3.500"},{"v":0,"d":"0.000"},{"v":0.9,"d":"0.900"},{"$f":"ROUND(IF(AND(F1398:H1398),C1398*E1398*F1398*G1398*H1398,IF(AND(F1398,G1398),C1398*E1398*F1398*G1398,IF(AND(F1398,H1398),C1398*E1398*F1398*H1398,IF(AND(G1398,H1398),C1398*E1398*G1398*H1398,IF(F1398,C1398*E1398*F1398,IF(G1398,C1398*E1398*G1398,IF(H1398,C1398*E1398*H1398,C1398*E1398))))))),2)","v":3.15},"Sqm",{"$nulls":3},"SSR 20-21"]
[null,"A3-B3",1,"x",1,{"v":2.65,"d":"2.650"},{"v":0,"d":"0.000"},{"v":0.9,"d":"0.900"},2.39,"Sqm",{"$nulls":3},"SSR 20-21"]
[null,"Carridor alround",1,"x",1,{"v":21.2,"d":"21.200"},{"v":0,"d":"0.000"},3.075,65.19,"Sqm",{"$nulls":3},"SSR 20-21"]
[null,"Deduct door",1,"x",1,{"v":1.3,"d":"1.300"},{"v":0,"d":"0.000"},{"v":2.1,"d":"2.100"},{"$f":"-ROUND(IF(AND(F1401:H1401),C1401*E1401*F1401*G1401*H1401,IF(AND(F1401,G1401),C1401*E1401*F1401*G1401,IF(AND(F1401,H1401),C1401*E1401*F1401*H1401,IF(AND(G1401,H1401),C1401*E1401*G1401*H1401,IF(F1401,C1401*E1401*F1401,IF(G1401,C1401*E1401*G1401,IF(H1401,C1401*E1401*H1401,C1401*E1401))))))),2)","v":-2.73},"Sqm",{"$nulls":3},"SSR 20-21"]
[null,"Deduct door",1,"x",1,{"v":1.2,"d":"1.200"},{"v":0,"d":"0.000"},{"v":2.1,"d":"2.100"},-2.52,"Sqm",{"$nulls":3},"SSR 20-21"]
[null,"Deduct door",1,"x",3,{"v":1.05,"d":"1.050"},{"v":0,"d":"0.000"},{"v":2.1,"d":"2.100"},-6.62,"Sqm",{"$nulls":3},"SSR 20-21"]
[null,"deduct tiolet door",1,"x",2,{"v":0.75,"d":"0.750"},{"v":0,"d":"0.000"},{"v":2.1,"d":"2.100"},-3.15,"Sqm",{"$nulls":3},"SSR 20-21"]
[null,"Deduct windows",1,"x",1,{"v":1.45,"d":"1.450"},{"v":0,"d":"0.000"},{"v":1.45,"d":"1.450"},{"v":-2.1,"d":"-2.10"},"Sqm",{"$nulls":3},"SSR 20-21"]
[null,"deduct ventilators",1,"x",1,{"v":0.6,"d":"0.600"},{"v":0,"d":"0.000"},{"v":0.3,"d":"0.300"},-0.18,"Sqm",{"$nulls":3},"SSR 20-21"]
[null,"Ceiling",1,"x",1,{"v":8.9,"d":"8.900"},{"v":1.7,"d":"1.700"},{"v":0,"d":"0.000"},{"$f":"ROUND(IF(AND(F1407:H1407),C1407*E1407*F1407*G1407*H1407,IF(AND(F1407,G1407),C1407*E1407*F1407*G1407,IF(AND(F1407,H1407),C1407*E1407*F1407*H1407,IF(AND(G1407,H1407),C1407*E1407*G1407*H1407,IF(F1407,C1407*E1407*F1407,IF(G1407,C1407*E1407*G1407,IF(H1407,C1407*E1407*H1407,C1407*E1407))))))),2)","v":15.13},"Sqm",{"$nulls":3},"SSR 20-21"]
[null,"RB sides",2,"x",2,{"v":1.7,"d":"1.700"},{"v":0,"d":"0.000"},{"v":0.38,"d":"0.380"},2.58,"Sqm",{"$nulls":3},"SSR 20-21"]
[null,"A1-A2 & B1-B2",1,"x",2,{"v":3.3,"d":"3.300"},{"v":0,"d":"0.000"},3.075,{"$f":"ROUND(IF(AND(F1409:H1409),C1409*E1409*F1409*G1409*H1409,IF(AND(F1409,G1409),C1409*E1409*F1409*G1409,IF(AND(F1409,H1409),C1409*E1409*F1409*H1409,IF(AND(G1409,H1409),C1409*E1409*G1409*H1409,IF(F1409,C1409*E1409*F1409,IF(G1409,C1409*E1409*G1409,IF(H1409,C1409*E1409*H1409,C1409*E1409))))))),2)","v":{"v":20.3,"d":"20.30"}},"Sqm",{"$nulls":3},"SSR 20-21"]
[null,"Staircase portion A1-B1 upto MLB",1,"x",1,{"v":2.65,"d":"2.650"},{"v":0,"d":"0.000"},{"v":1.5,"d":"1.500"},3.98,"Sqm",{"$nulls":3},"SSR 20-21"]
[null,"Deduct opening for elevation",1,"x",1,{"v":1.27,"d":"1.270"},{"v":0,"d":"0.000"},{"v":1.5,"d":"1.500"},{"$f":"-ROUND(IF(AND(F1411:H1411),C1411*E1411*F1411*G1411*H1411,IF(AND(F1411,G1411),C1411*E1411*F1411*G1411,IF(AND(F1411,H1411),C1411*E1411*F1411*H1411,IF(AND(G1411,H1411),C1411*E1411*G1411*H1411,IF(F1411,C1411*E1411*F1411,IF(G1411,C1411*E1411*G1411,IF(H1411,C1411*E1411*H1411,C1411*E1411))))))),2)","v":-1.91},"Sqm",{"$nulls":3},"SSR 20-21"]
[null,"A1-A1 & B1-B1",1,"x",2,{"v":0.77,"d":"0.770"},{"v":0,"d":"0.000"},{"v":1.5,"d":"1.500"},{"$f":"ROUND(IF(AND(F1412:H1412),C1412*E1412*F1412*G1412*H1412,IF(AND(F1412,G1412),C1412*E1412*F1412*G1412,IF(AND(F1412,H1412),C1412*E1412*F1412*H1412,IF(AND(G1412,H1412),C1412*E1412*G1412*H1412,IF(F1412,C1412*E1412*F1412,IF(G1412,C1412*E1412*G1412,IF(H1412,C1412*E1412*H1412,C1412*E1412))))))),2)","v":2.31},"Sqm",{"$nulls":3},"SSR 20-21"]
[null,"Above MLB A1-B1",1,"x",1,{"v":2.65,"d":"2.650"},{"v":0,"d":"0.000"},{"v":1.65,"d":"1.650"},4.37,"Sqm",{"$nulls":3},"SSR 20-21"]
[null,"A1-A1 & B1-B1",1,"x",2,{"v":0.77,"d":"0.770"},{"v":0,"d":"0.000"},{"v":1.65,"d":"1.650"},2.54,"Sqm",{"$nulls":3},"SSR 20-21"]
[null,"Deduct opening for elevation",1,"x",1,{"v":1.27,"d":"1.270"},{"v":0,"d":"0.000"},{"v":1.5,"d":"1.500"},{"$f":"-ROUND(IF(AND(F1415:H1415),C1415*E1415*F1415*G1415*H1415,IF(AND(F1415,G1415),C1415*E1415*F1415*G1415,IF(AND(F1415,H1415),C1415*E1415*F1415*H1415,IF(AND(G1415,H1415),C1415*E1415*G1415*H1415,IF(F1415,C1415*E1415*F1415,IF(G1415,C1415*E1415*G1415,IF(H1415,C1415*E1415*H1415,C1415*E1415))))))),2)","v":-1.91},"Sqm",{"$nulls":3},"SSR 20-21"]
[null,"3rd flight bottom",1,"x",1,{"v":3.5,"d":"3.500"},{"v":1.3,"d":"1.300"},{"v":0,"d":"0.000"},{"$f":"ROUND(IF(AND(F1416:H1416),C1416*E1416*F1416*G1416*H1416,IF(AND(F1416,G1416),C1416*E1416*F1416*G1416,IF(AND(F1416,H1416),C1416*E1416*F1416*H1416,IF(AND(G1416,H1416),C1416*E1416*G1416*H1416,IF(F1416,C1416*E1416*F1416,IF(G1416,C1416*E1416*G1416,IF(H1416,C1416*E1416*H1416,C1416*E1416))))))),2)","v":4.55},"Sqm",{"$nulls":3},"SSR 20-21"]
[null,"landing slab bottom",1,"x",1,{"v":3.18,"d":"3.180"},{"v":1,"d":"1.000"},{"v":0,"d":"0.000"},3.18,"Sqm",{"$nulls":3},"SSR 20-21"]
[null,"4th flight bottom",1,"x",1,{"v":3.5,"d":"3.500"},{"v":1.3,"d":"1.300"},{"v":0,"d":"0.000"},4.55,"Sqm",{"$nulls":3},"SSR 20-21"]
[{"$nulls":13},"SSR 20-21"]
[{"$nulls":9},"Sqm",{"$f":"data!F1763","v":139.51},"SSR 20-21",{"$f":"ROUND(I1420*K1420,0)","v":{"v":0,"d":"0.00"}},"SSR 20-21"]
[20,"Painting to new walls with 2 coats of acrylic Emulsion paint Asian or equivalent and shade over Priming coat with Cement primer water base interior Gr-1 Asian or equivalent on new plastered surface after throughly brushing the surace remove all dirt and remains of loose powdered materials including cost and conveyance of all materials to worksite and all oparational, incidental, labour charges etc complete for  finished item of work as per SS 911 for internal walls",{"$nulls":11},"SSR 21-22"]
[null,"Qty.p.31 of M.B.No.441/A/ZP/19",{"$nulls":11},"SSR 21-22"]
[null,"left side",1,"x",1,{"v":12.48,"d":"12.480"},{"v":0,"d":"0.000"},{"v":3.12,"d":"3.120"},{"$f":"ROUND(IF(AND(F1423:H1423),C1423*E1423*F1423*G1423*H1423,IF(AND(F1423,G1423),C1423*E1423*F1423*G1423,IF(AND(F1423,H1423),C1423*E1423*F1423*H1423,IF(AND(G1423,H1423),C1423*E1423*G1423*H1423,IF(F1423,C1423*E1423*F1423,IF(G1423,C1423*E1423*G1423,IF(H1423,C1423*E1423*H1423,C1423*E1423))))))),2)","v":38.94},"Sqm",{"$nulls":3},"SSR 21-22"]
[null,"left side",1,"x",1,{"v":8.92,"d":"8.920"},{"v":0,"d":"0.000"},{"v":3.12,"d":"3.120"},{"$f":"ROUND(IF(AND(F1424:H1424),C1424*E1424*F1424*G1424*H1424,IF(AND(F1424,G1424),C1424*E1424*F1424*G1424,IF(AND(F1424,H1424),C1424*E1424*F1424*H1424,IF(AND(G1424,H1424),C1424*E1424*G1424*H1424,IF(F1424,C1424*E1424*F1424,IF(G1424,C1424*E1424*G1424,IF(H1424,C1424*E1424*H1424,C1424*E1424))))))),2)","v":27.83},"Sqm",{"$nulls":3},"SSR 21-22"]
[null,"left side",1,"x",1,{"v":1.2,"d":"1.200"},{"v":0,"d":"0.000"},{"v":2.1,"d":"2.100"},{"$f":"ROUND(IF(AND(F1425:H1425),C1425*E1425*F1425*G1425*H1425,IF(AND(F1425,G1425),C1425*E1425*F1425*G1425,IF(AND(F1425,H1425),C1425*E1425*F1425*H1425,IF(AND(G1425,H1425),C1425*E1425*G1425*H1425,IF(F1425,C1425*E1425*F1425,IF(G1425,C1425*E1425*G1425,IF(H1425,C1425*E1425*H1425,C1425*E1425))))))),2)","v":2.52},"Sqm",{"$nulls":3},"SSR 21-22"]
[null,"left side",1,"x",1,{"v":1.5,"d":"1.500"},{"v":0,"d":"0.000"},{"v":1.35,"d":"1.350"},{"$f":"ROUND(IF(AND(F1426:H1426),C1426*E1426*F1426*G1426*H1426,IF(AND(F1426,G1426),C1426*E1426*F1426*G1426,IF(AND(F1426,H1426),C1426*E1426*F1426*H1426,IF(AND(G1426,H1426),C1426*E1426*G1426*H1426,IF(F1426,C1426*E1426*F1426,IF(G1426,C1426*E1426*G1426,IF(H1426,C1426*E1426*H1426,C1426*E1426))))))),2)","v":2.03},"Sqm",{"$nulls":3},"SSR 21-22"]
[null,"left side",1,"x",1,{"v":2.7,"d":"2.700"},{"v":0,"d":"0.000"},{"v":0.15,"d":"0.150"},{"$f":"ROUND(IF(AND(F1427:H1427),C1427*E1427*F1427*G1427*H1427,IF(AND(F1427,G1427),C1427*E1427*F1427*G1427,IF(AND(F1427,H1427),C1427*E1427*F1427*H1427,IF(AND(G1427,H1427),C1427*E1427*G1427*H1427,IF(F1427,C1427*E1427*F1427,IF(G1427,C1427*E1427*G1427,IF(H1427,C1427*E1427*H1427,C1427*E1427))))))),2)","v":0.41},"Sqm",{"$nulls":3},"SSR 21-22"]
[{"$nulls":13},"SSR 21-22"]
[{"$nulls":9},"Sqm",{"$f":"data!F2680","v":145.68},"SSR 21-22",{"$f":"ROUND(I1429*K1429,0)","v":{"v":0,"d":"0.00"}},"SSR 21-22"]
[15,"Painting to new walls with 2 coats of acrylic Emulsion paint Asian or equivalent and shade over Priming coat with Cement primer water base interior Gr-1 Asian or equivalent on new plastered surface after throughly brushing the surace remove all dirt and remains of loose powdered materials including cost and conveyance of all materials to worksite and all oparational, incidental, labour charges etc complete for  finished item of work as per SS 911 for internal walls",{"$nulls":11},"SSR 22-23"]
[null,"Qty.p.42 of M.B.No.1186/A/ZP/20",null,"24.07.2023",{"$nulls":9},"SSR 22-23"]
[null,"Staff room",1,"x",1,{"v":3.35,"d":"3.350"},{"v":2.49,"d":"2.490"},{"v":0,"d":"0.000"},{"$f":"ROUND(IF(AND(F1432:H1432),C1432*E1432*F1432*G1432*H1432,IF(AND(F1432,G1432),C1432*E1432*F1432*G1432,IF(AND(F1432,H1432),C1432*E1432*F1432*H1432,IF(AND(G1432,H1432),C1432*E1432*G1432*H1432,IF(F1432,C1432*E1432*F1432,IF(G1432,C1432*E1432*G1432,IF(H1432,C1432*E1432*H1432,C1432*E1432))))))),2)","v":8.34},"Sqm",{"$nulls":3},"SSR 22-23"]
[null,"Digital room",1,"x",1,{"v":3.35,"d":"3.350"},{"v":2.88,"d":"2.880"},{"v":0,"d":"0.000"},9.65,"Sqm",{"$nulls":3},"SSR 22-23"]
[null,"Sarpanch room",1,"x",1,{"v":3.35,"d":"3.350"},{"v":3.12,"d":"3.120"},{"v":0,"d":"0.000"},10.45,"Sqm",{"$nulls":3},"SSR 22-23"]
[null,"Carridor",1,"x",1,{"v":11.93,"d":"11.930"},{"v":1.8,"d":"1.800"},{"v":0,"d":"0.000"},21.47,"Sqm",{"$nulls":3},"SSR 22-23"]
[null,"Meeting Hall",1,"x",1,{"v":4.98,"d":"4.980"},{"v":8.6,"d":"8.600"},{"v":0,"d":"0.000"},42.83,"Sqm",{"$nulls":3},"SSR 22-23"]
[null,"Sides of beam in carridor",2,"x",2,{"v":1.8,"d":"1.800"},{"v":0,"d":"0.000"},{"v":0.38,"d":"0.380"},2.74,"Sqm",{"$nulls":3},"SSR 22-23"]
[null,"For wall staff room",1,"x",1,{"v":11.68,"d":"11.680"},{"v":0,"d":"0.000"},{"v":3.1,"d":"3.100"},36.21,"Sqm",{"$nulls":3},"SSR 22-23"]
[null,"Sarpanch room",1,"x",1,{"v":12.74,"d":"12.740"},{"v":0,"d":"0.000"},{"v":3.1,"d":"3.100"},{"$f":"ROUND(IF(AND(F1439:H1439),C1439*E1439*F1439*G1439*H1439,IF(AND(F1439,G1439),C1439*E1439*F1439*G1439,IF(AND(F1439,H1439),C1439*E1439*F1439*H1439,IF(AND(G1439,H1439),C1439*E1439*G1439*H1439,IF(F1439,C1439*E1439*F1439,IF(G1439,C1439*E1439*G1439,IF(H1439,C1439*E1439*H1439,C1439*E1439))))))),2)","v":39.49},"Sqm",{"$nulls":3},"SSR 22-23"]
[null,"digital room",1,"x",1,{"v":12.26,"d":"12.260"},{"v":0,"d":"0.000"},{"v":3.1,"d":"3.100"},{"$f":"ROUND(IF(AND(F1440:H1440),C1440*E1440*F1440*G1440*H1440,IF(AND(F1440,G1440),C1440*E1440*F1440*G1440,IF(AND(F1440,H1440),C1440*E1440*F1440*H1440,IF(AND(G1440,H1440),C1440*E1440*G1440*H1440,IF(F1440,C1440*E1440*F1440,IF(G1440,C1440*E1440*G1440,IF(H1440,C1440*E1440*H1440,C1440*E1440))))))),2)","v":38.01},"Sqm",{"$nulls":3},"SSR 22-23"]
[null,"Carridor two sides",1,"x",1,{"v":11.93,"d":"11.930"},{"v":0,"d":"0.000"},{"v":3.1,"d":"3.100"},36.98,"Sqm",{"$nulls":3},"SSR 22-23"]
[null,null,1,"x",1,{"v":9.42,"d":"9.420"},{"v":0,"d":"0.000"},{"v":3.1,"d":"3.100"},{"v":29.2,"d":"29.20"},"Sqm",{"$nulls":3},"SSR 22-23"]
[null,"meeting hall",1,"x",1,{"v":22.92,"d":"22.920"},{"v":0,"d":"0.000"},{"v":3.1,"d":"3.100"},{"$f":"ROUND(IF(AND(F1443:H1443),C1443*E1443*F1443*G1443*H1443,IF(AND(F1443,G1443),C1443*E1443*F1443*G1443,IF(AND(F1443,H1443),C1443*E1443*F1443*H1443,IF(AND(G1443,H1443),C1443*E1443*G1443*H1443,IF(F1443,C1443*E1443*F1443,IF(G1443,C1443*E1443*G1443,IF(H1443,C1443*E1443*H1443,C1443*E1443))))))),2)","v":71.05},"Sqm",{"$nulls":3},"SSR 22-23"]
[null,"Steps below landing",1,"x",1,{"v":2.68,"d":"2.680"},{"v":0,"d":"0.000"},{"v":1.2,"d":"1.200"},{"$f":"ROUND(IF(AND(F1444:H1444),C1444*E1444*F1444*G1444*H1444,IF(AND(F1444,G1444),C1444*E1444*F1444*G1444,IF(AND(F1444,H1444),C1444*E1444*F1444*H1444,IF(AND(G1444,H1444),C1444*E1444*G1444*H1444,IF(F1444,C1444*E1444*F1444,IF(G1444,C1444*E1444*G1444,IF(H1444,C1444*E1444*H1444,C1444*E1444))))))),2)","v":3.22},"Sqm",{"$nulls":3},"SSR 22-23"]
[null,"Side wall",1,"x",1,{"v":0.85,"d":"0.850"},{"v":0,"d":"0.000"},{"v":1.2,"d":"1.200"},{"$f":"ROUND(IF(AND(F1445:H1445),C1445*E1445*F1445*G1445*H1445,IF(AND(F1445,G1445),C1445*E1445*F1445*G1445,IF(AND(F1445,H1445),C1445*E1445*F1445*H1445,IF(AND(G1445,H1445),C1445*E1445*G1445*H1445,IF(F1445,C1445*E1445*F1445,IF(G1445,C1445*E1445*G1445,IF(H1445,C1445*E1445*H1445,C1445*E1445))))))),2)","v":1.02},"Sqm",{"$nulls":3},"SSR 22-23"]
[null,"Above landing",1,"x",1,{"v":2.68,"d":"2.680"},{"v":0,"d":"0.000"},{"v":1.2,"d":"1.200"},{"$f":"ROUND(IF(AND(F1446:H1446),C1446*E1446*F1446*G1446*H1446,IF(AND(F1446,G1446),C1446*E1446*F1446*G1446,IF(AND(F1446,H1446),C1446*E1446*F1446*H1446,IF(AND(G1446,H1446),C1446*E1446*G1446*H1446,IF(F1446,C1446*E1446*F1446,IF(G1446,C1446*E1446*G1446,IF(H1446,C1446*E1446*H1446,C1446*E1446))))))),2)","v":3.22},"Sqm",{"$nulls":3},"SSR 22-23"]
[null,"Side wall",1,"x",2,{"v":0.85,"d":"0.850"},{"v":0,"d":"0.000"},{"v":1.2,"d":"1.200"},{"$f":"ROUND(IF(AND(F1447:H1447),C1447*E1447*F1447*G1447*H1447,IF(AND(F1447,G1447),C1447*E1447*F1447*G1447,IF(AND(F1447,H1447),C1447*E1447*F1447*H1447,IF(AND(G1447,H1447),C1447*E1447*G1447*H1447,IF(F1447,C1447*E1447*F1447,IF(G1447,C1447*E1447*G1447,IF(H1447,C1447*E1447*H1447,C1447*E1447))))))),2)","v":2.04},"Sqm",{"$nulls":3},"SSR 22-23"]
[null,"Deduct opening",1,"x",1,{"v":1.2,"d":"1.200"},{"v":0,"d":"0.000"},{"v":1.1,"d":"1.100"},{"$f":"-ROUND(IF(AND(F1448:H1448),C1448*E1448*F1448*G1448*H1448,IF(AND(F1448,G1448),C1448*E1448*F1448*G1448,IF(AND(F1448,H1448),C1448*E1448*F1448*H1448,IF(AND(G1448,H1448),C1448*E1448*G1448*H1448,IF(F1448,C1448*E1448*F1448,IF(G1448,C1448*E1448*G1448,IF(H1448,C1448*E1448*H1448,C1448*E1448))))))),2)","v":-1.32},"Sqm",{"$nulls":3},"SSR 22-23"]
[null,"Deduct door",1,"x",2,{"v":1.2,"d":"1.200"},{"v":0,"d":"0.000"},{"v":2.1,"d":"2.100"},{"$f":"-ROUND(IF(AND(F1449:H1449),C1449*E1449*F1449*G1449*H1449,IF(AND(F1449,G1449),C1449*E1449*F1449*G1449,IF(AND(F1449,H1449),C1449*E1449*F1449*H1449,IF(AND(G1449,H1449),C1449*E1449*G1449*H1449,IF(F1449,C1449*E1449*F1449,IF(G1449,C1449*E1449*G1449,IF(H1449,C1449*E1449*H1449,C1449*E1449))))))),2)","v":-5.04},"Sqm",{"$nulls":3},"SSR 22-23"]
[null,"Deduct door",2,"x",4,{"v":1.05,"d":"1.050"},{"v":0,"d":"0.000"},{"v":2.1,"d":"2.100"},{"$f":"-ROUND(IF(AND(F1450:H1450),C1450*E1450*F1450*G1450*H1450,IF(AND(F1450,G1450),C1450*E1450*F1450*G1450,IF(AND(F1450,H1450),C1450*E1450*F1450*H1450,IF(AND(G1450,H1450),C1450*E1450*G1450*H1450,IF(F1450,C1450*E1450*F1450,IF(G1450,C1450*E1450*G1450,IF(H1450,C1450*E1450*H1450,C1450*E1450))))))),2)","v":-17.64},"Sqm",{"$nulls":3},"SSR 22-23"]
[null,"Deduct windows",1,"x",7,{"v":1.5,"d":"1.500"},{"v":0,"d":"0.000"},{"v":1.35,"d":"1.350"},{"$f":"-ROUND(IF(AND(F1451:H1451),C1451*E1451*F1451*G1451*H1451,IF(AND(F1451,G1451),C1451*E1451*F1451*G1451,IF(AND(F1451,H1451),C1451*E1451*F1451*H1451,IF(AND(G1451,H1451),C1451*E1451*G1451*H1451,IF(F1451,C1451*E1451*F1451,IF(G1451,C1451*E1451*G1451,IF(H1451,C1451*E1451*H1451,C1451*E1451))))))),2)","v":-14.18},"Sqm",{"$nulls":3},"SSR 22-23"]
[null,"deduct ventilators",1,"x",12,{"v":0.6,"d":"0.600"},{"v":0,"d":"0.000"},{"v":0.3,"d":"0.300"},{"$f":"-ROUND(IF(AND(F1452:H1452),C1452*E1452*F1452*G1452*H1452,IF(AND(F1452,G1452),C1452*E1452*F1452*G1452,IF(AND(F1452,H1452),C1452*E1452*F1452*H1452,IF(AND(G1452,H1452),C1452*E1452*G1452*H1452,IF(F1452,C1452*E1452*F1452,IF(G1452,C1452*E1452*G1452,IF(H1452,C1452*E1452*H1452,C1452*E1452))))))),2)","v":-2.16},"Sqm",{"$nulls":3},"SSR 22-23"]
[{"$nulls":13},"SSR 22-23"]
[{"$nulls":9},"Sqm",{"$f":"data!F3597","v":158.36},"SSR 22-23",{"$f":"ROUND(I1454*K1454,0)","v":{"v":0,"d":"0.00"}},"SSR 22-23"]
[21,"Painting to new walls with 2 coats of acrylic Emulsion paint Asian or equivalent and shade over Priming coat with Cement primer water base interior Gr-1 Asian or equivalent on new plastered surface after throughly brushing the surace remove all dirt and remains of loose powdered materials including cost and conveyance of all materials to worksite and all oparational, incidental, labour charges etc complete for  finished item of work as per SS 911 for external walls",{"$nulls":11},"SSR 19-20"]
[null,"Qty.p.35 of M.B.No.441/A/ZP/19",{"$nulls":11},"SSR 19-20"]
[null,"left side",1,"x",1,{"v":12.48,"d":"12.480"},{"v":0,"d":"0.000"},{"v":3.12,"d":"3.120"},{"$f":"ROUND(IF(AND(F1457:H1457),C1457*E1457*F1457*G1457*H1457,IF(AND(F1457,G1457),C1457*E1457*F1457*G1457,IF(AND(F1457,H1457),C1457*E1457*F1457*H1457,IF(AND(G1457,H1457),C1457*E1457*G1457*H1457,IF(F1457,C1457*E1457*F1457,IF(G1457,C1457*E1457*G1457,IF(H1457,C1457*E1457*H1457,C1457*E1457))))))),2)","v":38.94},"Sqm",{"$nulls":3},"SSR 19-20"]
[null,"Back side",1,"x",1,{"v":8.92,"d":"8.920"},{"v":0,"d":"0.000"},{"v":3.12,"d":"3.120"},{"$f":"ROUND(IF(AND(F1458:H1458),C1458*E1458*F1458*G1458*H1458,IF(AND(F1458,G1458),C1458*E1458*F1458*G1458,IF(AND(F1458,H1458),C1458*E1458*F1458*H1458,IF(AND(G1458,H1458),C1458*E1458*G1458*H1458,IF(F1458,C1458*E1458*F1458,IF(G1458,C1458*E1458*G1458,IF(H1458,C1458*E1458*H1458,C1458*E1458))))))),2)","v":27.83},"Sqm",{"$nulls":3},"SSR 19-20"]
[null,null,1,"x",1,{"v":4.4,"d":"4.400"},{"v":0.88,"d":"0.880"},{"v":0,"d":"0.000"},{"$f":"ROUND(IF(AND(F1459:H1459),C1459*E1459*F1459*G1459*H1459,IF(AND(F1459,G1459),C1459*E1459*F1459*G1459,IF(AND(F1459,H1459),C1459*E1459*F1459*H1459,IF(AND(G1459,H1459),C1459*E1459*G1459*H1459,IF(F1459,C1459*E1459*F1459,IF(G1459,C1459*E1459*G1459,IF(H1459,C1459*E1459*H1459,C1459*E1459))))))),2)","v":3.87},"Sqm",{"$nulls":3},"SSR 19-20"]
[{"$nulls":13},"SSR 19-20"]
[{"$nulls":9},"Sqm",{"$f":"data!F860","v":179.47},"SSR 19-20",{"$f":"ROUND(I1461*K1461,0)","v":{"v":0,"d":"0.00"}},"SSR 19-20"]
[20,"Painting to new walls with 2 coats of acrylic Emulsion paint Asian or equivalent and shade over Priming coat with Cement primer water base interior Gr-1 Asian or equivalent on new plastered surface after throughly brushing the surace remove all dirt and remains of loose powdered materials including cost and conveyance of all materials to worksite and all oparational, incidental, labour charges etc complete for  finished item of work as per SS 911 for external walls",{"$nulls":11},"SSR 20-21"]
[null,"Qty.p.54 of M.B.No.432/A/ZP/19",{"$nulls":11},"SSR 20-21"]
[null,"west side",1,"x",1,{"v":8.84,"d":"8.840"},{"v":0,"d":"0.000"},3.175,{"$f":"ROUND(IF(AND(F1464:H1464),C1464*E1464*F1464*G1464*H1464,IF(AND(F1464,G1464),C1464*E1464*F1464*G1464,IF(AND(F1464,H1464),C1464*E1464*F1464*H1464,IF(AND(G1464,H1464),C1464*E1464*G1464*H1464,IF(F1464,C1464*E1464*F1464,IF(G1464,C1464*E1464*G1464,IF(H1464,C1464*E1464*H1464,C1464*E1464))))))),2)","v":28.07},"Sqm",{"$nulls":3},"SSR 20-21"]
[null,"North side",1,"x",1,{"v":9.52,"d":"9.520"},{"v":0,"d":"0.000"},3.175,30.23,"Sqm",{"$nulls":3},"SSR 20-21"]
[null,"Visitors  walls",1,"x",1,{"v":2.66,"d":"2.660"},{"v":0,"d":"0.000"},{"v":0.9,"d":"0.900"},2.39,"Sqm",{"$nulls":3},"SSR 20-21"]
[null,null,1,"x",1,{"v":4.83,"d":"4.830"},{"v":0,"d":"0.000"},{"v":0.9,"d":"0.900"},4.35,"Sqm",{"$nulls":3},"SSR 20-21"]
[null,"Deduct door",1,"x",1,{"v":1.2,"d":"1.200"},{"v":0,"d":"0.000"},{"v":0.9,"d":"0.900"},{"$f":"-ROUND(IF(AND(F1468:H1468),C1468*E1468*F1468*G1468*H1468,IF(AND(F1468,G1468),C1468*E1468*F1468*G1468,IF(AND(F1468,H1468),C1468*E1468*F1468*H1468,IF(AND(G1468,H1468),C1468*E1468*G1468*H1468,IF(F1468,C1468*E1468*F1468,IF(G1468,C1468*E1468*G1468,IF(H1468,C1468*E1468*H1468,C1468*E1468))))))),2)","v":-1.08},"Sqm",{"$nulls":3},"SSR 20-21"]
[null,"East side",1,"x",1,{"v":3.62,"d":"3.620"},{"v":0,"d":"0.000"},3.175,11.49,"Sqm",{"$nulls":3},"SSR 20-21"]
[null,"South side",1,"x",1,{"v":9.52,"d":"9.520"},{"v":0,"d":"0.000"},3.175,30.23,"Sqm",{"$nulls":3},"SSR 20-21"]
[null,"South side Staircase portion",1,"x",1,{"v":5.18,"d":"5.180"},{"v":0,"d":"0.000"},{"v":3.3,"d":"3.300"},17.09,"Sqm",{"$nulls":3},"SSR 20-21"]
[null,"Deduct door",1,"x",1,{"v":0.75,"d":"0.750"},{"v":0,"d":"0.000"},{"v":2.1,"d":"2.100"},{"$f":"-ROUND(IF(AND(F1472:H1472),C1472*E1472*F1472*G1472*H1472,IF(AND(F1472,G1472),C1472*E1472*F1472*G1472,IF(AND(F1472,H1472),C1472*E1472*F1472*H1472,IF(AND(G1472,H1472),C1472*E1472*G1472*H1472,IF(F1472,C1472*E1472*F1472,IF(G1472,C1472*E1472*G1472,IF(H1472,C1472*E1472*H1472,C1472*E1472))))))),2)","v":-1.58},"Sqm",{"$nulls":3},"SSR 20-21"]
[null,"Deduct windows",1,"x",7,{"v":1.45,"d":"1.450"},{"v":0,"d":"0.000"},{"v":1.45,"d":"1.450"},-14.72,"Sqm",{"$nulls":3},"SSR 20-21"]
[null,"deduct ventilators",1,"x",6,{"v":0.6,"d":"0.600"},{"v":0,"d":"0.000"},{"v":0.3,"d":"0.300"},-1.08,"Sqm",{"$nulls":3},"SSR 20-21"]
[null,"deduct ventilators",1,"x",3,{"v":0.3,"d":"0.300"},{"v":0,"d":"0.000"},{"v":0.3,"d":"0.300"},-0.27,"Sqm",{"$nulls":3},"SSR 20-21"]
[null,"Deduct Staircase elevation opening",1,"x",1,{"v":1.27,"d":"1.270"},{"v":0,"d":"0.000"},{"v":1.5,"d":"1.500"},-1.91,"Sqm",{"$nulls":3},"SSR 20-21"]
[null,null,1,"x",1,{"v":1.27,"d":"1.270"},{"v":0,"d":"0.000"},{"v":1.2,"d":"1.200"},-1.52,"Sqm",{"$nulls":3},"SSR 20-21"]
[null,"Slab edges",1,"x",1,{"v":7.05,"d":"7.050"},{"v":0,"d":"0.000"},0.125,0.88,"Sqm",{"$nulls":3},"SSR 20-21"]
[null,null,1,"x",1,{"v":10.14,"d":"10.140"},{"v":0,"d":"0.000"},0.125,1.27,"Sqm",{"$nulls":3},"SSR 20-21"]
[null,null,1,"x",1,{"v":14.52,"d":"14.520"},{"v":0,"d":"0.000"},0.125,1.82,"Sqm",{"$nulls":3},"SSR 20-21"]
[null,null,1,"x",1,{"v":10.29,"d":"10.290"},{"v":0,"d":"0.000"},0.125,1.29,"Sqm",{"$nulls":3},"SSR 20-21"]
[null,"Slab projection E/S",1,"x",1,{"v":6.45,"d":"6.450"},{"v":1,"d":"1.000"},{"v":0,"d":"0.000"},{"$f":"ROUND(IF(AND(F1482:H1482),C1482*E1482*F1482*G1482*H1482,IF(AND(F1482,G1482),C1482*E1482*F1482*G1482,IF(AND(F1482,H1482),C1482*E1482*F1482*H1482,IF(AND(G1482,H1482),C1482*E1482*G1482*H1482,IF(F1482,C1482*E1482*F1482,IF(G1482,C1482*E1482*G1482,IF(H1482,C1482*E1482*H1482,C1482*E1482))))))),2)","v":6.45},"Sqm",{"$nulls":3},"SSR 20-21"]
[null,"R/B sides",2,"x",2,{"v":1,"d":"1.000"},{"v":0,"d":"0.000"},{"v":0.3,"d":"0.300"},{"$f":"ROUND(IF(AND(F1483:H1483),C1483*E1483*F1483*G1483*H1483,IF(AND(F1483,G1483),C1483*E1483*F1483*G1483,IF(AND(F1483,H1483),C1483*E1483*F1483*H1483,IF(AND(G1483,H1483),C1483*E1483*G1483*H1483,IF(F1483,C1483*E1483*F1483,IF(G1483,C1483*E1483*G1483,IF(H1483,C1483*E1483*H1483,C1483*E1483))))))),2)","v":{"v":1.2,"d":"1.20"}},"Sqm",{"$nulls":3},"SSR 20-21"]
[null,"Slab projection N/S",1,"x",1,{"v":13.47,"d":"13.470"},{"v":1,"d":"1.000"},{"v":0,"d":"0.000"},13.47,"Sqm",{"$nulls":3},"SSR 20-21"]
[null,"N/S RB sides",5,"x",2,{"v":1,"d":"1.000"},{"v":0,"d":"0.000"},{"v":0.38,"d":"0.380"},{"v":3.8,"d":"3.80"},"Sqm",{"$nulls":3},"SSR 20-21"]
[null,"W/S",1,"x",1,{"v":8.84,"d":"8.840"},{"v":1,"d":"1.000"},{"v":0,"d":"0.000"},8.84,"Sqm",{"$nulls":3},"SSR 20-21"]
[null,"W/S RB sides",3,"x",2,{"v":1,"d":"1.000"},{"v":0,"d":"0.000"},{"v":0.3,"d":"0.300"},{"v":1.8,"d":"1.80"},"Sqm",{"$nulls":3},"SSR 20-21"]
[null,"S/S",1,"x",1,{"v":10.29,"d":"10.290"},{"v":0.3,"d":"0.300"},{"v":0,"d":"0.000"},3.09,"Sqm",{"$nulls":3},"SSR 20-21"]
[null,"Window sunshades",6,"x",2,{"v":1.8,"d":"1.800"},{"v":0.6,"d":"0.600"},{"v":0,"d":"0.000"},12.96,"Sqm",{"$nulls":3},"SSR 20-21"]
[null,"Parapet wall",1,"x",2,{"v":10.3,"d":"10.300"},{"v":0,"d":"0.000"},{"v":0.6,"d":"0.600"},12.36,"Sqm",{"$nulls":3},"SSR 20-21"]
[null,null,1,"x",2,{"v":24,"d":"24.000"},{"v":0,"d":"0.000"},{"v":0.9,"d":"0.900"},{"v":43.2,"d":"43.20"},"Sqm",{"$nulls":3},"SSR 20-21"]
[{"$nulls":13},"SSR 20-21"]
[{"$nulls":9},"Sqm",{"$f":"data!F1777","v":192.01},"SSR 20-21",{"$f":"ROUND(I1493*K1493,0)","v":{"v":0,"d":"0.00"}},"SSR 20-21"]
[21,"Painting to new walls with 2 coats of acrylic Emulsion paint Asian or equivalent and shade over Priming coat with Cement primer water base interior Gr-1 Asian or equivalent on new plastered surface after throughly brushing the surace remove all dirt and remains of loose powdered materials including cost and conveyance of all materials to worksite and all oparational, incidental, labour charges etc complete for  finished item of work as per SS 911 for external walls",{"$nulls":11},"SSR 21-22"]
[null,"Qty.p.35 of M.B.No.441/A/ZP/19",{"$nulls":11},"SSR 21-22"]
[null,"left side",1,"x",1,{"v":12.48,"d":"12.480"},{"v":0,"d":"0.000"},{"v":3.12,"d":"3.120"},{"$f":"ROUND(IF(AND(F1496:H1496),C1496*E1496*F1496*G1496*H1496,IF(AND(F1496,G1496),C1496*E1496*F1496*G1496,IF(AND(F1496,H1496),C1496*E1496*F1496*H1496,IF(AND(G1496,H1496),C1496*E1496*G1496*H1496,IF(F1496,C1496*E1496*F1496,IF(G1496,C1496*E1496*G1496,IF(H1496,C1496*E1496*H1496,C1496*E1496))))))),2)","v":38.94},"Sqm",{"$nulls":3},"SSR 21-22"]
[null,"Back side",1,"x",1,{"v":8.92,"d":"8.920"},{"v":0,"d":"0.000"},{"v":3.12,"d":"3.120"},{"$f":"ROUND(IF(AND(F1497:H1497),C1497*E1497*F1497*G1497*H1497,IF(AND(F1497,G1497),C1497*E1497*F1497*G1497,IF(AND(F1497,H1497),C1497*E1497*F1497*H1497,IF(AND(G1497,H1497),C1497*E1497*G1497*H1497,IF(F1497,C1497*E1497*F1497,IF(G1497,C1497*E1497*G1497,IF(H1497,C1497*E1497*H1497,C1497*E1497))))))),2)","v":27.83},"Sqm",{"$nulls":3},"SSR 21-22"]
[null,null,1,"x",1,{"v":4.4,"d":"4.400"},{"v":0.88,"d":"0.880"},{"v":0,"d":"0.000"},{"$f":"ROUND(IF(AND(F1498:H1498),C1498*E1498*F1498*G1498*H1498,IF(AND(F1498,G1498),C1498*E1498*F1498*G1498,IF(AND(F1498,H1498),C1498*E1498*F1498*H1498,IF(AND(G1498,H1498),C1498*E1498*G1498*H1498,IF(F1498,C1498*E1498*F1498,IF(G1498,C1498*E1498*G1498,IF(H1498,C1498*E1498*H1498,C1498*E1498))))))),2)","v":3.87},"Sqm",{"$nulls":3},"SSR 21-22"]
[{"$nulls":13},"SSR 21-22"]
[{"$nulls":9},"Sqm",{"$f":"data!F2694","v":201.51},"SSR 21-22",{"$f":"ROUND(I1500*K1500,0)","v":{"v":0,"d":"0.00"}},"SSR 21-22"]
[16,"Painting to new walls with 2 coats of acrylic Emulsion paint Asian or equivalent and shade over Priming coat with Cement primer water base interior Gr-1 Asian or equivalent on new plastered surface after throughly brushing the surace remove all dirt and remains of loose powdered materials including cost and conveyance of all materials to worksite and all oparational, incidental, labour charges etc complete for  finished item of work as per SS 911 for external walls",{"$nulls":11},"SSR 22-23"]
[null,"Qty.p.45 of M.B.No.1186/A/ZP/20",null,"24.07.2023",{"$nulls":9},"SSR 22-23"]
[null,"Front projection",1,"x",1,{"v":5.45,"d":"5.450"},{"v":0.6,"d":"0.600"},{"v":0,"d":"0.000"},{"$f":"ROUND(IF(AND(F1503:H1503),C1503*E1503*F1503*G1503*H1503,IF(AND(F1503,G1503),C1503*E1503*F1503*G1503,IF(AND(F1503,H1503),C1503*E1503*F1503*H1503,IF(AND(G1503,H1503),C1503*E1503*G1503*H1503,IF(F1503,C1503*E1503*F1503,IF(G1503,C1503*E1503*G1503,IF(H1503,C1503*E1503*H1503,C1503*E1503))))))),2)","v":3.27},"Sqm",{"$nulls":3},"SSR 22-23"]
[null,"back projection",1,"x",1,{"v":8.8,"d":"8.800"},{"v":0.9,"d":"0.900"},{"v":0,"d":"0.000"},7.92,"Sqm",{"$nulls":3},"SSR 22-23"]
[null,"Sides",1,"x",1,{"v":12,"d":"12.000"},{"v":0,"d":"0.000"},{"v":0.3,"d":"0.300"},{"v":3.6,"d":"3.60"},"Sqm",{"$nulls":3},"SSR 22-23"]
[null,null,1,"x",1,{"v":9.25,"d":"9.250"},{"v":0.3,"d":"0.300"},{"v":0,"d":"0.000"},2.78,"Sqm",{"$nulls":3},"SSR 22-23"]
[null,"For sunshades",1,"x",6,{"v":1.8,"d":"1.800"},{"v":0.6,"d":"0.600"},{"v":0,"d":"0.000"},6.48,"Sqm",{"$nulls":3},"SSR 22-23"]
[null,null,1,"x",1,{"v":5.2,"d":"5.200"},{"v":0.6,"d":"0.600"},{"v":0,"d":"0.000"},3.12,"Sqm",{"$nulls":3},"SSR 22-23"]
[null,"Qty.p.46 of M.B.No.1186/A/ZP/20",null,"24.07.2023",{"$nulls":9},"SSR 22-23"]
[null,"Two side wall",1,"x",2,{"v":12.47,"d":"12.470"},{"v":0,"d":"0.000"},{"v":3.2,"d":"3.200"},{"$f":"ROUND(IF(AND(F1510:H1510),C1510*E1510*F1510*G1510*H1510,IF(AND(F1510,G1510),C1510*E1510*F1510*G1510,IF(AND(F1510,H1510),C1510*E1510*F1510*H1510,IF(AND(G1510,H1510),C1510*E1510*G1510*H1510,IF(F1510,C1510*E1510*F1510,IF(G1510,C1510*E1510*G1510,IF(H1510,C1510*E1510*H1510,C1510*E1510))))))),2)","v":79.81},"Sqm",{"$nulls":3},"SSR 22-23"]
[null,"Back wall of front wall",1,"x",2,{"v":8.84,"d":"8.840"},{"v":0,"d":"0.000"},{"v":3.2,"d":"3.200"},56.58,"Sqm",{"$nulls":3},"SSR 22-23"]
[null,"Parapet wall",1,"x",1,{"v":10.27,"d":"10.270"},{"v":0,"d":"0.000"},{"v":1.9,"d":"1.900"},19.51,"Sqm",{"$nulls":3},"SSR 22-23"]
[{"$nulls":13},"SSR 22-23"]
[{"$nulls":9},"Sqm",{"$f":"data!F3611","v":217.22},"SSR 22-23",{"$f":"ROUND(I1514*K1514,0)","v":{"v":0,"d":"0.00"}},"SSR 22-23"]
[17,"Supplying, fitting & placing HYSD bar reinforcement in foundation complete including labour charges for cutting, bending to required sizes and shapes, placing in position and tying with binding wire, forming grills for reinforcement work including c/c of steel bars below 36mm dia including overlaps and wastage, where they are not welded ",{"$nulls":11},"SSR 19-20"]
[null,"Qty.p.18 of M.B.No.605/B/ZP/20","Columns",{"$nulls":3},"13.06.2022",null,636.91,"Kgs",{"$nulls":3},"SSR 19-20"]
[null,"Qty.p.21 of M.B.No.605/B/ZP/20","MLB",{"$nulls":3},"21.06.2022",null,179.21,"Kgs",{"$nulls":3},"SSR 19-20"]
[null,"Qty.p.30 of M.B.No.605/B/ZP/20","Beam and slab",{"$nulls":3},"01.07.2022",null,1622.01,"Kgs",{"$nulls":3},"SSR 19-20"]
[null,"Qty.p.45 of M.B.No.605/B/ZP/20","Lintels",{"$nulls":3},"05.08.2022",null,231.15,"Kgs",{"$nulls":3},"SSR 19-20"]
[{"$nulls":13},"SSR 19-20"]
[{"$nulls":8},{"$f":"SUM(I1516:I1520)","v":2669.28},"Kgs",{"$nulls":3},"SSR 19-20"]
[{"$nulls":7},"Or",null,"MT",{"$f":"data!F286","v":{"v":63243.5,"d":"63243.50"}},"SSR 19-20",{"$f":"ROUND(I1522*K1522,0)","v":{"v":0,"d":"0.00"}},"SSR 19-20"]
[22,"Supplying, fitting & placing HYSD bar reinforcement in foundation complete including labour charges for cutting, bending to required sizes and shapes, placing in position and tying with binding wire, forming grills for reinforcement work including c/c of steel bars below 36mm dia including overlaps and wastage, where they are not welded ",{"$nulls":11},"SSR 20-21"]
[null,"Qty.p.76 of M.B.No.441/A/ZP/19","Lintels",{"$nulls":5},303.63,"Kgs",{"$nulls":3},"SSR 20-21"]
[]
[{"$nulls":8},{"$f":"SUM(I1524:I1525)","v":303.63},"Kgs",{"$nulls":3},"SSR 20-21"]
[{"$nulls":7},"Or",null,"MT",{"$f":"data!F1202","v":{"v":63510,"d":"63510.00"}},"SSR 20-21",{"$f":"ROUND(I1527*K1527,0)","v":{"v":0,"d":"0.00"}},"SSR 20-21"]
[22,"Supplying, fitting & placing HYSD bar reinforcement in foundation complete including labour charges for cutting, bending to required sizes and shapes, placing in position and tying with binding wire, forming grills for reinforcement work including c/c of steel bars below 36mm dia including overlaps and wastage, where they are not welded ",{"$nulls":11},"SSR 21-22"]
[null,"Qty.p.18 of M.B.No.605/B/ZP/20","Columns",{"$nulls":5},636.91,"Kgs",{"$nulls":3},"SSR 21-22"]
[null,"Qty.p.21 of M.B.No.605/B/ZP/20","MLB",{"$nulls":5},179.21,"Kgs",{"$nulls":3},"SSR 21-22"]
[null,"Qty.p.30 of M.B.No.605/B/ZP/20","Beam and slab",{"$nulls":5},1622.01,"Kgs",{"$nulls":3},"SSR 21-22"]
[null,"Qty.p.45 of M.B.No.605/B/ZP/20","Lintels",{"$nulls":5},231.15,"Kgs",{"$nulls":3},"SSR 21-22"]
[{"$nulls":13},"SSR 21-22"]
[{"$nulls":9},"Kgs",{"$nulls":3},"SSR 21-22"]
[{"$nulls":7},"Or",{"$f":"ROUND(I1534/1000,2)","v":{"v":0,"d":"0.00"}},"MT",{"$f":"data!F2119","v":{"v":80999.5,"d":"80999.50"}},"SSR 21-22",{"$f":"ROUND(I1535*K1535,0)","v":{"v":0,"d":"0.00"}},"SSR 21-22"]
[22,"Supplying, fitting & placing HYSD bar reinforcement in foundation complete including labour charges for cutting, bending to required sizes and shapes, placing in position and tying with binding wire, forming grills for reinforcement work including c/c of steel bars below 36mm dia including overlaps and wastage, where they are not welded ",{"$nulls":11},"SSR 22-23"]
[null,"Qty.p.65  of M.B.No.441/A/ZP/19","FF Lintels",{"$nulls":6},"Kgs",{"$nulls":3},"SSR 22-23"]
[null,"Qty.p.77  of M.B.No.441/A/ZP/19","FF Lintels",{"$nulls":6},"Kgs",{"$nulls":3},"SSR 22-23"]
[null,"Qty.p.78  of M.B.No.441/A/ZP/19","FF sunshades",{"$nulls":6},"Kgs",{"$nulls":3},"SSR 22-23"]
[{"$nulls":13},"SSR 22-23"]
[{"$nulls":8},{"$f":"SUM(I1537:I1540)","v":{"v":0,"d":"0.00"}},"Kgs",{"$nulls":3},"SSR 22-23"]
[{"$nulls":7},"Or",{"$f":"ROUND(I1541/1000,2)","v":{"v":0,"d":"0.00"}},"MT",{"$f":"data!F3036","v":{"v":93741,"d":"93741.00"}},"SSR 22-23",{"$f":"ROUND(I1542*K1542,0)","v":{"v":0,"d":"0.00"}},"SSR 22-23"]
[]
[{"$nulls":12},{"$f":"SUM(M8:M1543)","v":{"v":0,"d":"0.00"}}]
[]
[]
[]
[]
[{"$nulls":7},{"$f":"'lead 19-20'!$H$31","v":"Deputy Executive Engineer"},{"$nulls":3},{"$f":"'lead 19-20'!$K$31","v":"Assistant  Engineer"}]
[{"$nulls":7},{"$f":"'lead 19-20'!$H$32","v":"PRI Sub Division"},{"$nulls":3},{"$f":"'lead 19-20'!$K$32","v":"Mandal Praja parishad"}]
[{"$nulls":7},{"$f":"'lead 19-20'!$H$33","v":"Kanigiri"},{"$nulls":3},{"$f":"'lead 19-20'!$K$33","v":"Kanigiri"}]

{"sheet":"SF","index":9,"n_rows":970,"n_cols":14,"rows_kept":970,"hidden":true,"merged":[[0,0,0,12],[1,0,1,1],[1,2,1,12],[2,0,2,1],[2,2,2,12],[3,1,3,6],[3,8,3,10],[3,11,3,12],[4,0,5,0],[4,1,5,1],[4,2,5,4],[4,5,4,7],[4,8,5,9],[4,10,5,10],[4,11,5,11],[4,12,5,12],[6,2,6,4],[7,1,7,7],[14,1,14,7],[21,1,21,7],[28,1,28,7],[33,1,33,7],[39,1,39,7],[45,1,45,7],[51,1,51,7],[57,1,57,7],[63,1,63,7],[69,1,69,7],[75,1,75,7],[81,1,81,7],[86,1,86,7],[91,1,91,7],[96,1,96,7],[101,1,101,7],[106,1,106,7],[111,1,111,7],[116,1,116,7],[121,1,121,7],[127,1,127,7],[133,1,133,7],[139,1,139,7],[145,1,145,7],[151,1,151,7],[157,1,157,7],[163,1,163,7],[169,1,169,7],[176,1,176,7],[183,1,183,7],[190,1,190,7],[197,1,197,7],[202,1,202,7],[207,1,207,7],[212,1,212,7],[217,1,217,7],[222,1,222,7],[227,1,227,7],[232,1,232,7],[237,1,237,7],[243,1,243,7],[249,1,249,7],[255,1,255,7],[261,1,261,7],[269,1,269,7],[274,1,274,7],[282,1,282,7],[290,1,290,7],[298,1,298,7],[307,1,307,7],[312,1,312,7],[320,1,320,7],[328,1,328,7],[333,1,333,7],[339,1,339,7],[347,1,347,7],[354,1,354,7],[361,1,361,7],[368,1,368,7],[375,1,375,7],[382,1,382,7],[390,1,390,7],[397,1,397,7],[404,1,404,7],[412,1,412,7],[420,1,420,7],[428,1,428,7],[436,1,436,7],[444,1,444,7],[452,1,452,7],[460,1,460,7],[468,1,468,7],[480,1,480,7],[489,1,489,7],[496,1,496,7],[508,1,508,7],[515,1,515,7],[525,1,525,7],[532,1,532,7],[539,1,539,7],[544,1,544,7],[549,1,549,7],[554,1,554,7],[559,1,559,7],[565,1,565,7],[571,1,571,7],[577,1,577,7],[583,1,583,7],[590,1,590,7],[597,1,597,7],[604,1,604,7],[611,1,611,7],[618,1,618,7],[625,1,625,7],[632,1,632,7],[639,1,639,7],[646,1,646,7],[653,1,653,7],[660,1,660,7],[667,1,667,7],[674,1,674,7],[681,1,681,7],[688,1,688,7],[695,1,695,7],[702,1,702,7],[709,1,709,7],[716,1,716,7],[723,1,723,7],[730,1,730,7],[737,1,737,7],[744,1,744,7],[751,1,751,7],[757,1,757,7],[763,1,763,7],[769,1,769,7],[775,1,775,7],[781,1,781,7],[787,1,787,7],[793,1,793,7],[799,1,799,7],[807,1,807,7],[815,1,815,7],[823,1,823,7],[831,1,831,7],[839,1,839,7],[847,1,847,7],[855,1,855,7],[863,1,863,7],[871,1,871,7],[883,1,883,7],[891,1,891,7],[899,1,899,7],[906,1,906,7],[914,1,914,7],[921,1,921,7],[937,1,937,7],[943,1,943,7],[948,1,948,7],[954,1,954,7]]}
["WORKING ESTIMATE "]
["Name of the  work",null,{"$f":"'lead 19-20'!C2","v":"Providing Additional Space for Health Staff in Grama Sachivalayam of Baduguleru GP of Kanigiri Mandal"}]
["Name of the  Sub work",null,"Construction of Second Floor"]
[]
["S.No","Description of Item","No",null,null,"Measurements",null,null,"Quantity",null,"Rate","Per","Amount"]
[{"$nulls":5},"L","B","D"]
[1,2,3,null,null,4,5,6,7,null,8,9,10]
[1,"Reinforced Cement Concrete  M25 Nominal mix (Cement: Sand: Metal) corresponding Table 9 of IS 456 using 20mm size graded machine crushed hard granite metal from approved quarry including c/c of all materials like Cement, Sand, coarse aggregate, water etc to site, all marerials including labour charges such as machine mixing, laying concrete, curing etc complete but excluding cost of steel and its fabrication charges for finished item of work for Columns etc., complete",{"$nulls":11},"SSR 19-20"]
[null,"Qty.p.37 of M.B.No.605/B/ZP/20",null,"22.07.2022",{"$nulls":9},"SSR 19-20"]
[null,"C1",1,"x",1,{"v":0.23,"d":"0.230"},{"v":0.38,"d":"0.380"},{"v":2.45,"d":"2.450"},{"$f":"ROUND(IF(AND(F10:H10),C10*E10*F10*G10*H10,IF(AND(F10,G10),C10*E10*F10*G10,IF(AND(F10,H10),C10*E10*F10*H10,IF(AND(G10,H10),C10*E10*G10*H10,IF(F10,C10*E10*F10,IF(G10,C10*E10*G10,IF(H10,C10*E10*H10,C10*E10))))))),2)","v":0.21},"Cum",{"$nulls":3},"SSR 19-20"]
[null,"C2",1,"x",2,{"v":0.23,"d":"0.230"},{"v":0.38,"d":"0.380"},{"v":2.45,"d":"2.450"},0.43,"Cum",{"$nulls":3},"SSR 19-20"]
[null,"C3",1,"x",1,{"v":0.23,"d":"0.230"},{"v":0.38,"d":"0.380"},{"v":2.45,"d":"2.450"},0.21,"Cum",{"$nulls":3},"SSR 19-20"]
[{"$nulls":13},"SSR 19-20"]
[{"$nulls":9},"Cum",{"$f":"data!G155","v":{"v":10542.140000000001,"d":"10542.14"}},"SSR 19-20",{"$f":"ROUND(I14*K14,0)","v":{"v":0,"d":"0.00"}},"SSR 19-20"]
[1,"Reinforced Cement Concrete  M25 Nominal mix (Cement: Sand: Metal) corresponding Table 9 of IS 456 using 20mm size graded machine crushed hard granite metal from approved quarry including c/c of all materials like Cement, Sand, coarse aggregate, water etc to site, all marerials including labour charges such as machine mixing, laying concrete, curing etc complete but excluding cost of steel and its fabrication charges for finished item of work for Columns etc., complete",{"$nulls":11},"SSR 20-21"]
[null,"Qty.p.60 of M.B.No.441/A/ZP/19",{"$nulls":11},"SSR 20-21"]
[null,null,1,"x",4,{"v":0.23,"d":"0.230"},{"v":0.38,"d":"0.380"},{"v":2.1,"d":"2.100"},{"$f":"ROUND(IF(AND(F17:H17),C17*E17*F17*G17*H17,IF(AND(F17,G17),C17*E17*F17*G17,IF(AND(F17,H17),C17*E17*F17*H17,IF(AND(G17,H17),C17*E17*G17*H17,IF(F17,C17*E17*F17,IF(G17,C17*E17*G17,IF(H17,C17*E17*H17,C17*E17))))))),2)","v":0.73},"Cum",{"$nulls":3},"SSR 20-21"]
[null,"Qty.p.90 of M.B.No.441/A/ZP/19",{"$nulls":11},"SSR 20-21"]
[null,"Dummy pillars",1,"x",11,{"v":0.23,"d":"0.230"},{"v":0.38,"d":"0.380"},{"v":0.9,"d":"0.900"},{"$f":"ROUND(IF(AND(F19:H19),C19*E19*F19*G19*H19,IF(AND(F19,G19),C19*E19*F19*G19,IF(AND(F19,H19),C19*E19*F19*H19,IF(AND(G19,H19),C19*E19*G19*H19,IF(F19,C19*E19*F19,IF(G19,C19*E19*G19,IF(H19,C19*E19*H19,C19*E19))))))),2)","v":0.87},"Cum",{"$nulls":3},"SSR 20-21"]
[{"$nulls":13},"SSR 20-21"]
[{"$nulls":9},"Cum",{"$f":"data!G1071","v":{"v":10932.800000000001,"d":"10932.80"}},"SSR 20-21",{"$f":"ROUND(I21*K21,0)","v":{"v":0,"d":"0.00"}},"SSR 20-21"]
[2,"Reinforced Cement Concrete  M25 Nominal mix (Cement: Sand: Metal) corresponding Table 9 of IS 456 using 20mm size graded machine crushed hard granite metal from approved quarry including c/c of all materials like Cement, Sand, coarse aggregate, water etc to site, all marerials including labour charges such as machine mixing, laying concrete, curing etc complete but excluding cost of steel and its fabrication charges for finished item of work for Columns etc., complete",{"$nulls":11},"SSR 21-22"]
[null,"Qty.p.37 of M.B.No.605/B/ZP/20",{"$nulls":11},"SSR 21-22"]
[null,null,1,"x",1,{"v":0.23,"d":"0.230"},{"v":0.38,"d":"0.380"},{"v":2.45,"d":"2.450"},{"$f":"ROUND(IF(AND(F24:H24),C24*E24*F24*G24*H24,IF(AND(F24,G24),C24*E24*F24*G24,IF(AND(F24,H24),C24*E24*F24*H24,IF(AND(G24,H24),C24*E24*G24*H24,IF(F24,C24*E24*F24,IF(G24,C24*E24*G24,IF(H24,C24*E24*H24,C24*E24))))))),2)","v":0.21},"Cum",{"$nulls":3},"SSR 21-22"]
[null,null,1,"x",2,{"v":0.23,"d":"0.230"},{"v":0.38,"d":"0.380"},{"v":2.45,"d":"2.450"},0.43,"Cum",{"$nulls":3},"SSR 21-22"]
[null,null,1,"x",1,{"v":0.23,"d":"0.230"},{"v":0.38,"d":"0.380"},{"v":2.45,"d":"2.450"},0.21,"Cum",{"$nulls":3},"SSR 21-22"]
[{"$nulls":13},"SSR 21-22"]
[{"$nulls":9},"Cum",{"$f":"data!G1988","v":{"v":11565.1,"d":"11565.10"}},"SSR 21-22",{"$f":"ROUND(I28*K28,0)","v":{"v":0,"d":"0.00"}},"SSR 21-22"]
[2,"Reinforced Cement Concrete  M25 Nominal mix (Cement: Sand: Metal) corresponding Table 9 of IS 456 using 20mm size graded machine crushed hard granite metal from approved quarry including c/c of all materials like Cement, Sand, coarse aggregate, water etc to site, all marerials including labour charges such as machine mixing, laying concrete, curing etc complete but excluding cost of steel and its fabrication charges for finished item of work for Columns etc., complete",{"$nulls":11},"SSR 22-23"]
[null,"Qty.p.79 of M.B.No.441/A/ZP/19",{"$nulls":11},"SSR 22-23"]
[null,null,1,"x",4,{"v":0.23,"d":"0.230"},{"v":0.38,"d":"0.380"},{"v":2.4,"d":"2.400"},{"$f":"ROUND(IF(AND(F31:H31),C31*E31*F31*G31*H31,IF(AND(F31,G31),C31*E31*F31*G31,IF(AND(F31,H31),C31*E31*F31*H31,IF(AND(G31,H31),C31*E31*G31*H31,IF(F31,C31*E31*F31,IF(G31,C31*E31*G31,IF(H31,C31*E31*H31,C31*E31))))))),2)","v":0.84},"Cum",{"$nulls":3},"SSR 22-23"]
[{"$nulls":13},"SSR 22-23"]
[{"$nulls":9},"Cum",{"$f":"data!G2905","v":12013.61},"SSR 22-23",{"$f":"ROUND(I33*K33,0)","v":{"v":0,"d":"0.00"}},"SSR 22-23"]
[2,"~do~ for  Beams etc., complete",{"$nulls":11},"SSR 19-20"]
[null,"Qty.p.40 of M.B.No.605/B/ZP/20",null,"29.07.2022",{"$nulls":9},"SSR 19-20"]
[null,null,1,"x",2,{"v":3.18,"d":"3.180"},{"v":0.23,"d":"0.230"},{"v":0.3,"d":"0.300"},{"$f":"ROUND(IF(AND(F36:H36),C36*E36*F36*G36*H36,IF(AND(F36,G36),C36*E36*F36*G36,IF(AND(F36,H36),C36*E36*F36*H36,IF(AND(G36,H36),C36*E36*G36*H36,IF(F36,C36*E36*F36,IF(G36,C36*E36*G36,IF(H36,C36*E36*H36,C36*E36))))))),2)","v":0.44},"Cum",{"$nulls":3},"SSR 19-20"]
[null,null,1,"x",2,{"v":3.16,"d":"3.160"},{"v":0.23,"d":"0.230"},{"v":0.3,"d":"0.300"},0.44,"Cum",{"$nulls":3},"SSR 19-20"]
[{"$nulls":13},"SSR 19-20"]
[{"$nulls":9},"Cum",{"$f":"data!G182","v":{"v":10021.1,"d":"10021.10"}},"SSR 19-20",{"$f":"ROUND(I39*K39,0)","v":{"v":0,"d":"0.00"}},"SSR 19-20"]
[2,"~do~ for  Beams etc., complete",{"$nulls":11},"SSR 20-21"]
[null,"Qty.p.64 of M.B.No.441/A/ZP/19",{"$nulls":11},"SSR 20-21"]
[null,"FB 204, 205",1,"x",2,{"v":5.22,"d":"5.220"},{"v":0.23,"d":"0.230"},{"v":0.3,"d":"0.300"},{"$f":"ROUND(IF(AND(F42:H42),C42*E42*F42*G42*H42,IF(AND(F42,G42),C42*E42*F42*G42,IF(AND(F42,H42),C42*E42*F42*H42,IF(AND(G42,H42),C42*E42*G42*H42,IF(F42,C42*E42*F42,IF(G42,C42*E42*G42,IF(H42,C42*E42*H42,C42*E42))))))),2)","v":0.72},"Cum",{"$nulls":3},"SSR 20-21"]
[null,"FB 206, 207, 208",1,"x",3,{"v":2.72,"d":"2.720"},{"v":0.23,"d":"0.230"},{"v":0.3,"d":"0.300"},{"$f":"ROUND(IF(AND(F43:H43),C43*E43*F43*G43*H43,IF(AND(F43,G43),C43*E43*F43*G43,IF(AND(F43,H43),C43*E43*F43*H43,IF(AND(G43,H43),C43*E43*G43*H43,IF(F43,C43*E43*F43,IF(G43,C43*E43*G43,IF(H43,C43*E43*H43,C43*E43))))))),2)","v":0.56},"Cum",{"$nulls":3},"SSR 20-21"]
[{"$nulls":13},"SSR 20-21"]
[{"$nulls":9},"Cum",{"$f":"data!G1098","v":10257.99},"SSR 20-21",{"$f":"ROUND(I45*K45,0)","v":{"v":0,"d":"0.00"}},"SSR 20-21"]
[3,"~do~ for  Beams etc., complete",{"$nulls":11},"SSR 21-22"]
[null,"Qty.p.40 of M.B.No.605/B/ZP/20",{"$nulls":11},"SSR 21-22"]
[null,null,1,"x",2,{"v":3.18,"d":"3.180"},{"v":0.23,"d":"0.230"},{"v":0.3,"d":"0.300"},{"$f":"ROUND(IF(AND(F48:H48),C48*E48*F48*G48*H48,IF(AND(F48,G48),C48*E48*F48*G48,IF(AND(F48,H48),C48*E48*F48*H48,IF(AND(G48,H48),C48*E48*G48*H48,IF(F48,C48*E48*F48,IF(G48,C48*E48*G48,IF(H48,C48*E48*H48,C48*E48))))))),2)","v":0.44},"Cum",{"$nulls":3},"SSR 21-22"]
[null,null,1,"x",2,{"v":3.16,"d":"3.160"},{"v":0.23,"d":"0.230"},{"v":0.3,"d":"0.300"},0.44,"Cum",{"$nulls":3},"SSR 21-22"]
[{"$nulls":13},"SSR 21-22"]
[{"$nulls":9},"Cum",{"$f":"data!G2015","v":10793.54},"SSR 21-22",{"$f":"ROUND(I51*K51,0)","v":{"v":0,"d":"0.00"}},"SSR 21-22"]
[3,"~do~ for  Beams etc., complete",{"$nulls":11},"SSR 22-23"]
[null,"Qty.p.56 of M.B.No.441/A/ZP/19",{"$nulls":11},"SSR 22-23"]
[null,"Mid landing beam",1,"x",2,{"v":2.72,"d":"2.720"},{"v":0.23,"d":"0.230"},{"v":0.3,"d":"0.300"},{"$f":"ROUND(IF(AND(F54:H54),C54*E54*F54*G54*H54,IF(AND(F54,G54),C54*E54*F54*G54,IF(AND(F54,H54),C54*E54*F54*H54,IF(AND(G54,H54),C54*E54*G54*H54,IF(F54,C54*E54*F54,IF(G54,C54*E54*G54,IF(H54,C54*E54*H54,C54*E54))))))),2)","v":0.38},"Cum",{"$nulls":3},"SSR 22-23"]
[null,"Mid landing beam",1,"x",2,{"v":5.5,"d":"5.500"},{"v":0.23,"d":"0.230"},{"v":0.3,"d":"0.300"},{"$f":"ROUND(IF(AND(F55:H55),C55*E55*F55*G55*H55,IF(AND(F55,G55),C55*E55*F55*G55,IF(AND(F55,H55),C55*E55*F55*H55,IF(AND(G55,H55),C55*E55*G55*H55,IF(F55,C55*E55*F55,IF(G55,C55*E55*G55,IF(H55,C55*E55*H55,C55*E55))))))),2)","v":0.76},"Cum",{"$nulls":3},"SSR 22-23"]
[{"$nulls":13},"SSR 22-23"]
[{"$nulls":9},"Cum",{"$f":"data!G2932","v":{"v":11098.560000000001,"d":"11098.56"}},"SSR 22-23",{"$f":"ROUND(I57*K57,0)","v":{"v":0,"d":"0.00"}},"SSR 22-23"]
[11,"~do~ for  Waist slab 150mm thick etc., complete",{"$nulls":11},"SSR 19-20"]
[null,"Qty.p.26 of M.B.No.441/A/ZP/19",{"$nulls":11},"SSR 19-20"]
[null,"Landing slab",1,"x",1,{"v":3.23,"d":"3.230"},{"v":1.28,"d":"1.280"},{"v":0,"d":"0.000"},{"$f":"ROUND(IF(AND(F60:H60),C60*E60*F60*G60*H60,IF(AND(F60,G60),C60*E60*F60*G60,IF(AND(F60,H60),C60*E60*F60*H60,IF(AND(G60,H60),C60*E60*G60*H60,IF(F60,C60*E60*F60,IF(G60,C60*E60*G60,IF(H60,C60*E60*H60,C60*E60))))))),2)","v":4.13},"Sqm",{"$nulls":3},"SSR 19-20"]
[null,"1st flight",1,"x",1,{"v":2.72,"d":"2.720"},{"v":1,"d":"1.000"},{"v":0,"d":"0.000"},{"$f":"ROUND(IF(AND(F61:H61),C61*E61*F61*G61*H61,IF(AND(F61,G61),C61*E61*F61*G61,IF(AND(F61,H61),C61*E61*F61*H61,IF(AND(G61,H61),C61*E61*G61*H61,IF(F61,C61*E61*F61,IF(G61,C61*E61*G61,IF(H61,C61*E61*H61,C61*E61))))))),2)","v":2.72},"Sqm",{"$nulls":3},"SSR 19-20"]
[{"$nulls":13},"SSR 19-20"]
[{"$nulls":9},"Sqm",{"$f":"data!G203","v":1519.49},"SSR 19-20",{"$f":"ROUND(I63*K63,0)","v":{"v":0,"d":"0.00"}},"SSR 19-20"]
[11,"~do~ for  Waist slab 150mm thick etc., complete",{"$nulls":11},"SSR 20-21"]
[null,"Qty.p.26 of M.B.No.441/A/ZP/19",{"$nulls":11},"SSR 20-21"]
[null,"Landing slab",1,"x",1,{"v":3.23,"d":"3.230"},{"v":1.28,"d":"1.280"},{"v":0,"d":"0.000"},{"$f":"ROUND(IF(AND(F66:H66),C66*E66*F66*G66*H66,IF(AND(F66,G66),C66*E66*F66*G66,IF(AND(F66,H66),C66*E66*F66*H66,IF(AND(G66,H66),C66*E66*G66*H66,IF(F66,C66*E66*F66,IF(G66,C66*E66*G66,IF(H66,C66*E66*H66,C66*E66))))))),2)","v":4.13},"Sqm",{"$nulls":3},"SSR 20-21"]
[null,"1st flight",1,"x",1,{"v":2.72,"d":"2.720"},{"v":1,"d":"1.000"},{"v":0,"d":"0.000"},{"$f":"ROUND(IF(AND(F67:H67),C67*E67*F67*G67*H67,IF(AND(F67,G67),C67*E67*F67*G67,IF(AND(F67,H67),C67*E67*F67*H67,IF(AND(G67,H67),C67*E67*G67*H67,IF(F67,C67*E67*F67,IF(G67,C67*E67*G67,IF(H67,C67*E67*H67,C67*E67))))))),2)","v":2.72},"Sqm",{"$nulls":3},"SSR 20-21"]
[{"$nulls":13},"SSR 20-21"]
[{"$nulls":9},"Sqm",{"$f":"data!G1119","v":{"v":1573.5,"d":"1573.50"}},"SSR 20-21",{"$f":"ROUND(I69*K69,0)","v":{"v":0,"d":"0.00"}},"SSR 20-21"]
[11,"~do~ for  Waist slab 150mm thick etc., complete",{"$nulls":11},"SSR 21-22"]
[null,"Qty.p.26 of M.B.No.441/A/ZP/19",{"$nulls":11},"SSR 21-22"]
[null,"Landing slab",1,"x",1,{"v":3.23,"d":"3.230"},{"v":1.28,"d":"1.280"},{"v":0,"d":"0.000"},{"$f":"ROUND(IF(AND(F72:H72),C72*E72*F72*G72*H72,IF(AND(F72,G72),C72*E72*F72*G72,IF(AND(F72,H72),C72*E72*F72*H72,IF(AND(G72,H72),C72*E72*G72*H72,IF(F72,C72*E72*F72,IF(G72,C72*E72*G72,IF(H72,C72*E72*H72,C72*E72))))))),2)","v":4.13},"Sqm",{"$nulls":3},"SSR 21-22"]
[null,"1st flight",1,"x",1,{"v":2.72,"d":"2.720"},{"v":1,"d":"1.000"},{"v":0,"d":"0.000"},{"$f":"ROUND(IF(AND(F73:H73),C73*E73*F73*G73*H73,IF(AND(F73,G73),C73*E73*F73*G73,IF(AND(F73,H73),C73*E73*F73*H73,IF(AND(G73,H73),C73*E73*G73*H73,IF(F73,C73*E73*F73,IF(G73,C73*E73*G73,IF(H73,C73*E73*H73,C73*E73))))))),2)","v":2.72},"Sqm",{"$nulls":3},"SSR 21-22"]
[{"$nulls":13},"SSR 21-22"]
[{"$nulls":9},"Sqm",{"$f":"data!G2036","v":{"v":1675.0100000000002,"d":"1675.01"}},"SSR 21-22",{"$f":"ROUND(I75*K75,0)","v":{"v":0,"d":"0.00"}},"SSR 21-22"]
[11,"~do~ for  Waist slab 150mm thick etc., complete",{"$nulls":11},"SSR 22-23"]
[null,"Qty.p.26 of M.B.No.441/A/ZP/19",{"$nulls":11},"SSR 22-23"]
[null,"Landing slab",1,"x",1,{"v":3.23,"d":"3.230"},{"v":1.28,"d":"1.280"},{"v":0,"d":"0.000"},{"$f":"ROUND(IF(AND(F78:H78),C78*E78*F78*G78*H78,IF(AND(F78,G78),C78*E78*F78*G78,IF(AND(F78,H78),C78*E78*F78*H78,IF(AND(G78,H78),C78*E78*G78*H78,IF(F78,C78*E78*F78,IF(G78,C78*E78*G78,IF(H78,C78*E78*H78,C78*E78))))))),2)","v":4.13},"Sqm",{"$nulls":3},"SSR 22-23"]
[null,"1st flight",1,"x",1,{"v":2.72,"d":"2.720"},{"v":1,"d":"1.000"},{"v":0,"d":"0.000"},{"$f":"ROUND(IF(AND(F79:H79),C79*E79*F79*G79*H79,IF(AND(F79,G79),C79*E79*F79*G79,IF(AND(F79,H79),C79*E79*F79*H79,IF(AND(G79,H79),C79*E79*G79*H79,IF(F79,C79*E79*F79,IF(G79,C79*E79*G79,IF(H79,C79*E79*H79,C79*E79))))))),2)","v":2.72},"Sqm",{"$nulls":3},"SSR 22-23"]
[{"$nulls":13},"SSR 22-23"]
[{"$nulls":9},"Sqm",{"$f":"data!G2953","v":1737.05},"SSR 22-23",{"$f":"ROUND(I81*K81,0)","v":{"v":0,"d":"0.00"}},"SSR 22-23"]
[3,"~do~ for  Roof slab 125mm thick etc., complete",{"$nulls":11},"SSR 19-20"]
[null,"Qty.p.78 of M.B.No.441/A/ZP/19",{"$nulls":11},"SSR 19-20"]
[null,null,1,"x",1,{"v":5.5,"d":"5.500"},{"v":3.9,"d":"3.900"},{"v":0,"d":"0.000"},{"$f":"ROUND(IF(AND(F84:H84),C84*E84*F84*G84*H84,IF(AND(F84,G84),C84*E84*F84*G84,IF(AND(F84,H84),C84*E84*F84*H84,IF(AND(G84,H84),C84*E84*G84*H84,IF(F84,C84*E84*F84,IF(G84,C84*E84*G84,IF(H84,C84*E84*H84,C84*E84))))))),2)","v":21.45},"Sqm",{"$nulls":3},"SSR 19-20"]
[{"$nulls":13},"SSR 19-20"]
[{"$nulls":9},"Sqm",{"$f":"data!G196","v":1395.34},"SSR 19-20",{"$f":"ROUND(I86*K86,0)","v":{"v":0,"d":"0.00"}},"SSR 19-20"]
[3,"~do~ for  Roof slab 125mm thick etc., complete",{"$nulls":11},"SSR 20-21"]
[null,"Qty.p.64 of M.B.No.441/A/ZP/19",{"$nulls":11},"SSR 20-21"]
[null,"Head room slab",1,"x",1,{"v":5.22,"d":"5.220"},{"v":3.78,"d":"3.780"},{"v":0,"d":"0.000"},{"$f":"ROUND(IF(AND(F89:H89),C89*E89*F89*G89*H89,IF(AND(F89,G89),C89*E89*F89*G89,IF(AND(F89,H89),C89*E89*F89*H89,IF(AND(G89,H89),C89*E89*G89*H89,IF(F89,C89*E89*F89,IF(G89,C89*E89*G89,IF(H89,C89*E89*H89,C89*E89))))))),2)","v":19.73},"Sqm",{"$nulls":3},"SSR 20-21"]
[{"$nulls":13},"SSR 20-21"]
[{"$nulls":9},"Sqm",{"$f":"data!G1112","v":1443.96},"SSR 20-21",{"$f":"ROUND(I91*K91,0)","v":{"v":0,"d":"0.00"}},"SSR 20-21"]
[4,"~do~ for  Roof slab 125mm thick etc., complete",{"$nulls":11},"SSR 21-22"]
[null,"Qty.p.57 of M.B.No.441/A/ZP/19",{"$nulls":11},"SSR 21-22"]
[null,"Head room slab",1,"x",1,{"v":5.5,"d":"5.500"},{"v":3.9,"d":"3.900"},{"v":0,"d":"0.000"},{"$f":"ROUND(IF(AND(F94:H94),C94*E94*F94*G94*H94,IF(AND(F94,G94),C94*E94*F94*G94,IF(AND(F94,H94),C94*E94*F94*H94,IF(AND(G94,H94),C94*E94*G94*H94,IF(F94,C94*E94*F94,IF(G94,C94*E94*G94,IF(H94,C94*E94*H94,C94*E94))))))),2)","v":21.45},"Sqm",{"$nulls":3},"SSR 21-22"]
[{"$nulls":13},"SSR 21-22"]
[{"$nulls":9},"Sqm",{"$f":"data!G2029","v":{"v":1539.2800000000002,"d":"1539.28"}},"SSR 21-22",{"$f":"ROUND(I96*K96,0)","v":{"v":0,"d":"0.00"}},"SSR 21-22"]
[4,"~do~ for  Roof slab 125mm thick etc., complete",{"$nulls":11},"SSR 22-23"]
[null,"Qty.p.57 of M.B.No.441/A/ZP/19",{"$nulls":11},"SSR 22-23"]
[null,"Head room slab",1,"x",1,{"v":5.5,"d":"5.500"},{"v":3.9,"d":"3.900"},{"v":0,"d":"0.000"},{"$f":"ROUND(IF(AND(F99:H99),C99*E99*F99*G99*H99,IF(AND(F99,G99),C99*E99*F99*G99,IF(AND(F99,H99),C99*E99*F99*H99,IF(AND(G99,H99),C99*E99*G99*H99,IF(F99,C99*E99*F99,IF(G99,C99*E99*G99,IF(H99,C99*E99*H99,C99*E99))))))),2)","v":21.45},"Sqm",{"$nulls":3},"SSR 22-23"]
[{"$nulls":13},"SSR 22-23"]
[{"$nulls":9},"Sqm",{"$f":"data!G2946","v":1594.17},"SSR 22-23",{"$f":"ROUND(I101*K101,0)","v":{"v":0,"d":"0.00"}},"SSR 22-23"]
[3,"~do~ for  Roof slab 100mm thick etc., complete",{"$nulls":11},"SSR 19-20"]
[null,"Qty.p.40 of M.B.No.605/B/ZP/20",null,"29.07.2022",{"$nulls":9},"SSR 19-20"]
[null,null,1,"x",1,{"v":5.2,"d":"5.200"},{"v":3.8,"d":"3.800"},{"v":0,"d":"0.000"},{"$f":"ROUND(IF(AND(F104:H104),C104*E104*F104*G104*H104,IF(AND(F104,G104),C104*E104*F104*G104,IF(AND(F104,H104),C104*E104*F104*H104,IF(AND(G104,H104),C104*E104*G104*H104,IF(F104,C104*E104*F104,IF(G104,C104*E104*G104,IF(H104,C104*E104*H104,C104*E104))))))),2)","v":19.76},"Sqm",{"$nulls":3},"SSR 19-20"]
[{"$nulls":13},"SSR 19-20"]
[{"$nulls":9},"Sqm",{"$f":"data!G189","v":1271.18},"SSR 19-20",{"$f":"ROUND(I106*K106,0)","v":{"v":0,"d":"0.00"}},"SSR 19-20"]
[13,"~do~ for  Roof slab 100mm thick etc., complete",{"$nulls":11},"SSR 20-21"]
[null,"Qty.p.95 of M.B.No.441/A/ZP/19",{"$nulls":11},"SSR 20-21"]
[null,"Septic tank",1,"x",1,{"v":3.95,"d":"3.950"},{"v":2.1,"d":"2.100"},{"v":0,"d":"0.000"},{"$f":"ROUND(IF(AND(F109:H109),C109*E109*F109*G109*H109,IF(AND(F109,G109),C109*E109*F109*G109,IF(AND(F109,H109),C109*E109*F109*H109,IF(AND(G109,H109),C109*E109*G109*H109,IF(F109,C109*E109*F109,IF(G109,C109*E109*G109,IF(H109,C109*E109*H109,C109*E109))))))),2)","v":{"v":8.3,"d":"8.30"}},"Sqm",{"$nulls":3},"SSR 20-21"]
[{"$nulls":13},"SSR 20-21"]
[{"$nulls":9},"Sqm",{"$f":"data!G1105","v":1314.42},"SSR 20-21",{"$f":"ROUND(I111*K111,0)","v":{"v":0,"d":"0.00"}},"SSR 20-21"]
[13,"~do~ for  Roof slab 100mm thick etc., complete",{"$nulls":11},"SSR 21-22"]
[null,"Qty.p.40 of M.B.No.605/B/ZP/20",{"$nulls":11},"SSR 21-22"]
[null,null,1,"x",1,{"v":5.2,"d":"5.200"},{"v":3.8,"d":"3.800"},{"v":0,"d":"0.000"},{"$f":"ROUND(IF(AND(F114:H114),C114*E114*F114*G114*H114,IF(AND(F114,G114),C114*E114*F114*G114,IF(AND(F114,H114),C114*E114*F114*H114,IF(AND(G114,H114),C114*E114*G114*H114,IF(F114,C114*E114*F114,IF(G114,C114*E114*G114,IF(H114,C114*E114*H114,C114*E114))))))),2)","v":19.76},"Sqm",{"$nulls":3},"SSR 21-22"]
[{"$nulls":13},"SSR 21-22"]
[{"$nulls":9},"Sqm",{"$f":"data!G2022","v":1403.54},"SSR 21-22",{"$f":"ROUND(I116*K116,0)","v":{"v":0,"d":"0.00"}},"SSR 21-22"]
[13,"~do~ for  Roof slab 100mm thick etc., complete",{"$nulls":11},"SSR 22-23"]
[null,"Qty.p.95 of M.B.No.441/A/ZP/19",{"$nulls":11},"SSR 22-23"]
[null,"Septic tank",1,"x",1,{"v":3.95,"d":"3.950"},{"v":2.1,"d":"2.100"},{"v":0,"d":"0.000"},{"$f":"ROUND(IF(AND(F119:H119),C119*E119*F119*G119*H119,IF(AND(F119,G119),C119*E119*F119*G119,IF(AND(F119,H119),C119*E119*F119*H119,IF(AND(G119,H119),C119*E119*G119*H119,IF(F119,C119*E119*F119,IF(G119,C119*E119*G119,IF(H119,C119*E119*H119,C119*E119))))))),2)","v":{"v":8.3,"d":"8.30"}},"Sqm",{"$nulls":3},"SSR 22-23"]
[{"$nulls":13},"SSR 22-23"]
[{"$nulls":9},"Sqm",{"$f":"data!G2939","v":1451.29},"SSR 22-23",{"$f":"ROUND(I121*K121,0)","v":{"v":0,"d":"0.00"}},"SSR 22-23"]
[16,"~do~ for  Roof slab 50mm thick etc., complete",{"$nulls":11},"SSR 19-20"]
[null,"Qty.p.62 of M.B.No.441/A/ZP/19",{"$nulls":11},"SSR 19-20"]
[null,"50mm thick",1,"x",5,{"v":1.52,"d":"1.520"},{"v":0.23,"d":"0.230"},{"v":0,"d":"0.000"},{"$f":"ROUND(IF(AND(F124:H124),C124*E124*F124*G124*H124,IF(AND(F124,G124),C124*E124*F124*G124,IF(AND(F124,H124),C124*E124*F124*H124,IF(AND(G124,H124),C124*E124*G124*H124,IF(F124,C124*E124*F124,IF(G124,C124*E124*G124,IF(H124,C124*E124*H124,C124*E124))))))),2)","v":1.75},"Sqm",{"$nulls":3},"SSR 19-20"]
[null,null,1,"x",4,{"v":1.83,"d":"1.830"},{"v":0.23,"d":"0.230"},{"v":0,"d":"0.000"},{"$f":"ROUND(IF(AND(F125:H125),C125*E125*F125*G125*H125,IF(AND(F125,G125),C125*E125*F125*G125,IF(AND(F125,H125),C125*E125*F125*H125,IF(AND(G125,H125),C125*E125*G125*H125,IF(F125,C125*E125*F125,IF(G125,C125*E125*G125,IF(H125,C125*E125*H125,C125*E125))))))),2)","v":1.68},"Sqm",{"$nulls":3},"SSR 19-20"]
[{"$nulls":13},"SSR 19-20"]
[{"$nulls":9},"Sqm",{"$f":"data!G245","v":747.27},"SSR 19-20",{"$f":"ROUND(I127*K127,0)","v":{"v":0,"d":"0.00"}},"SSR 19-20"]
[16,"~do~ for  Roof slab 50mm thick etc., complete",{"$nulls":11},"SSR 20-21"]
[null,"Qty.p.62 of M.B.No.441/A/ZP/19",{"$nulls":11},"SSR 20-21"]
[null,"50mm thick",1,"x",5,{"v":1.52,"d":"1.520"},{"v":0.23,"d":"0.230"},{"v":0,"d":"0.000"},{"$f":"ROUND(IF(AND(F130:H130),C130*E130*F130*G130*H130,IF(AND(F130,G130),C130*E130*F130*G130,IF(AND(F130,H130),C130*E130*F130*H130,IF(AND(G130,H130),C130*E130*G130*H130,IF(F130,C130*E130*F130,IF(G130,C130*E130*G130,IF(H130,C130*E130*H130,C130*E130))))))),2)","v":1.75},"Sqm",{"$nulls":3},"SSR 20-21"]
[null,null,1,"x",4,{"v":1.83,"d":"1.830"},{"v":0.23,"d":"0.230"},{"v":0,"d":"0.000"},{"$f":"ROUND(IF(AND(F131:H131),C131*E131*F131*G131*H131,IF(AND(F131,G131),C131*E131*F131*G131,IF(AND(F131,H131),C131*E131*F131*H131,IF(AND(G131,H131),C131*E131*G131*H131,IF(F131,C131*E131*F131,IF(G131,C131*E131*G131,IF(H131,C131*E131*H131,C131*E131))))))),2)","v":1.68},"Sqm",{"$nulls":3},"SSR 20-21"]
[{"$nulls":13},"SSR 20-21"]
[{"$nulls":9},"Sqm",{"$f":"data!G1161","v":779.57},"SSR 20-21",{"$f":"ROUND(I133*K133,0)","v":{"v":0,"d":"0.00"}},"SSR 20-21"]
[16,"~do~ for  Roof slab 50mm thick etc., complete",{"$nulls":11},"SSR 21-22"]
[null,"Qty.p.62 of M.B.No.441/A/ZP/19",{"$nulls":11},"SSR 21-22"]
[null,"50mm thick",1,"x",5,{"v":1.52,"d":"1.520"},{"v":0.23,"d":"0.230"},{"v":0,"d":"0.000"},{"$f":"ROUND(IF(AND(F136:H136),C136*E136*F136*G136*H136,IF(AND(F136,G136),C136*E136*F136*G136,IF(AND(F136,H136),C136*E136*F136*H136,IF(AND(G136,H136),C136*E136*G136*H136,IF(F136,C136*E136*F136,IF(G136,C136*E136*G136,IF(H136,C136*E136*H136,C136*E136))))))),2)","v":1.75},"Sqm",{"$nulls":3},"SSR 21-22"]
[null,null,1,"x",4,{"v":1.83,"d":"1.830"},{"v":0.23,"d":"0.230"},{"v":0,"d":"0.000"},{"$f":"ROUND(IF(AND(F137:H137),C137*E137*F137*G137*H137,IF(AND(F137,G137),C137*E137*F137*G137,IF(AND(F137,H137),C137*E137*F137*H137,IF(AND(G137,H137),C137*E137*G137*H137,IF(F137,C137*E137*F137,IF(G137,C137*E137*G137,IF(H137,C137*E137*H137,C137*E137))))))),2)","v":1.68},"Sqm",{"$nulls":3},"SSR 21-22"]
[{"$nulls":13},"SSR 21-22"]
[{"$nulls":9},"Sqm",{"$f":"data!G2078","v":831.97},"SSR 21-22",{"$f":"ROUND(I139*K139,0)","v":{"v":0,"d":"0.00"}},"SSR 21-22"]
[16,"~do~ for  Roof slab 50mm thick etc., complete",{"$nulls":11},"SSR 22-23"]
[null,"Qty.p.62 of M.B.No.441/A/ZP/19",{"$nulls":11},"SSR 22-23"]
[null,"50mm thick",1,"x",5,{"v":1.52,"d":"1.520"},{"v":0.23,"d":"0.230"},{"v":0,"d":"0.000"},{"$f":"ROUND(IF(AND(F142:H142),C142*E142*F142*G142*H142,IF(AND(F142,G142),C142*E142*F142*G142,IF(AND(F142,H142),C142*E142*F142*H142,IF(AND(G142,H142),C142*E142*G142*H142,IF(F142,C142*E142*F142,IF(G142,C142*E142*G142,IF(H142,C142*E142*H142,C142*E142))))))),2)","v":1.75},"Sqm",{"$nulls":3},"SSR 22-23"]
[null,null,1,"x",4,{"v":1.83,"d":"1.830"},{"v":0.23,"d":"0.230"},{"v":0,"d":"0.000"},{"$f":"ROUND(IF(AND(F143:H143),C143*E143*F143*G143*H143,IF(AND(F143,G143),C143*E143*F143*G143,IF(AND(F143,H143),C143*E143*F143*H143,IF(AND(G143,H143),C143*E143*G143*H143,IF(F143,C143*E143*F143,IF(G143,C143*E143*G143,IF(H143,C143*E143*H143,C143*E143))))))),2)","v":1.68},"Sqm",{"$nulls":3},"SSR 22-23"]
[{"$nulls":13},"SSR 22-23"]
[{"$nulls":9},"Sqm",{"$f":"data!G2995","v":865.17},"SSR 22-23",{"$f":"ROUND(I145*K145,0)","v":{"v":0,"d":"0.00"}},"SSR 22-23"]
[16,"~do~ for  Roof slab 25mm thick etc., complete",{"$nulls":11},"SSR 19-20"]
[null,"Qty.p.62 of M.B.No.441/A/ZP/19",{"$nulls":11},"SSR 19-20"]
[null,"50mm thick",1,"x",5,{"v":1.52,"d":"1.520"},{"v":0.23,"d":"0.230"},{"v":0,"d":"0.000"},{"$f":"ROUND(IF(AND(F148:H148),C148*E148*F148*G148*H148,IF(AND(F148,G148),C148*E148*F148*G148,IF(AND(F148,H148),C148*E148*F148*H148,IF(AND(G148,H148),C148*E148*G148*H148,IF(F148,C148*E148*F148,IF(G148,C148*E148*G148,IF(H148,C148*E148*H148,C148*E148))))))),2)","v":1.75},"Sqm",{"$nulls":3},"SSR 19-20"]
[null,null,1,"x",4,{"v":1.83,"d":"1.830"},{"v":0.23,"d":"0.230"},{"v":0,"d":"0.000"},{"$f":"ROUND(IF(AND(F149:H149),C149*E149*F149*G149*H149,IF(AND(F149,G149),C149*E149*F149*G149,IF(AND(F149,H149),C149*E149*F149*H149,IF(AND(G149,H149),C149*E149*G149*H149,IF(F149,C149*E149*F149,IF(G149,C149*E149*G149,IF(H149,C149*E149*H149,C149*E149))))))),2)","v":1.68},"Sqm",{"$nulls":3},"SSR 19-20"]
[{"$nulls":13},"SSR 19-20"]
[{"$nulls":9},"Sqm",{"$f":"data!G252","v":{"v":624.5,"d":"624.50"}},"SSR 19-20",{"$f":"ROUND(I151*K151,0)","v":{"v":0,"d":"0.00"}},"SSR 19-20"]
[16,"~do~ for  Roof slab 25mm thick etc., complete",{"$nulls":11},"SSR 20-21"]
[null,"Qty.p.62 of M.B.No.441/A/ZP/19",{"$nulls":11},"SSR 20-21"]
[null,"50mm thick",1,"x",5,{"v":1.52,"d":"1.520"},{"v":0.23,"d":"0.230"},{"v":0,"d":"0.000"},{"$f":"ROUND(IF(AND(F154:H154),C154*E154*F154*G154*H154,IF(AND(F154,G154),C154*E154*F154*G154,IF(AND(F154,H154),C154*E154*F154*H154,IF(AND(G154,H154),C154*E154*G154*H154,IF(F154,C154*E154*F154,IF(G154,C154*E154*G154,IF(H154,C154*E154*H154,C154*E154))))))),2)","v":1.75},"Sqm",{"$nulls":3},"SSR 20-21"]
[null,null,1,"x",4,{"v":1.83,"d":"1.830"},{"v":0.23,"d":"0.230"},{"v":0,"d":"0.000"},{"$f":"ROUND(IF(AND(F155:H155),C155*E155*F155*G155*H155,IF(AND(F155,G155),C155*E155*F155*G155,IF(AND(F155,H155),C155*E155*F155*H155,IF(AND(G155,H155),C155*E155*G155*H155,IF(F155,C155*E155*F155,IF(G155,C155*E155*G155,IF(H155,C155*E155*H155,C155*E155))))))),2)","v":1.68},"Sqm",{"$nulls":3},"SSR 20-21"]
[{"$nulls":13},"SSR 20-21"]
[{"$nulls":9},"Sqm",{"$f":"data!G1168","v":651.52},"SSR 20-21",{"$f":"ROUND(I157*K157,0)","v":{"v":0,"d":"0.00"}},"SSR 20-21"]
[16,"~do~ for  Roof slab 25mm thick etc., complete",{"$nulls":11},"SSR 21-22"]
[null,"Qty.p.62 of M.B.No.441/A/ZP/19",{"$nulls":11},"SSR 21-22"]
[null,"50mm thick",1,"x",5,{"v":1.52,"d":"1.520"},{"v":0.23,"d":"0.230"},{"v":0,"d":"0.000"},{"$f":"ROUND(IF(AND(F160:H160),C160*E160*F160*G160*H160,IF(AND(F160,G160),C160*E160*F160*G160,IF(AND(F160,H160),C160*E160*F160*H160,IF(AND(G160,H160),C160*E160*G160*H160,IF(F160,C160*E160*F160,IF(G160,C160*E160*G160,IF(H160,C160*E160*H160,C160*E160))))))),2)","v":1.75},"Sqm",{"$nulls":3},"SSR 21-22"]
[null,null,1,"x",4,{"v":1.83,"d":"1.830"},{"v":0.23,"d":"0.230"},{"v":0,"d":"0.000"},{"$f":"ROUND(IF(AND(F161:H161),C161*E161*F161*G161*H161,IF(AND(F161,G161),C161*E161*F161*G161,IF(AND(F161,H161),C161*E161*F161*H161,IF(AND(G161,H161),C161*E161*G161*H161,IF(F161,C161*E161*F161,IF(G161,C161*E161*G161,IF(H161,C161*E161*H161,C161*E161))))))),2)","v":1.68},"Sqm",{"$nulls":3},"SSR 21-22"]
[{"$nulls":13},"SSR 21-22"]
[{"$nulls":9},"Sqm",{"$f":"data!G2085","v":{"v":697.8399999999999,"d":"697.84"}},"SSR 21-22",{"$f":"ROUND(I163*K163,0)","v":{"v":0,"d":"0.00"}},"SSR 21-22"]
[16,"~do~ for  Roof slab 25mm thick etc., complete",{"$nulls":11},"SSR 22-23"]
[null,"Qty.p.62 of M.B.No.441/A/ZP/19",{"$nulls":11},"SSR 22-23"]
[null,"50mm thick",1,"x",5,{"v":1.52,"d":"1.520"},{"v":0.23,"d":"0.230"},{"v":0,"d":"0.000"},{"$f":"ROUND(IF(AND(F166:H166),C166*E166*F166*G166*H166,IF(AND(F166,G166),C166*E166*F166*G166,IF(AND(F166,H166),C166*E166*F166*H166,IF(AND(G166,H166),C166*E166*G166*H166,IF(F166,C166*E166*F166,IF(G166,C166*E166*G166,IF(H166,C166*E166*H166,C166*E166))))))),2)","v":1.75},"Sqm",{"$nulls":3},"SSR 22-23"]
[null,null,1,"x",4,{"v":1.83,"d":"1.830"},{"v":0.23,"d":"0.230"},{"v":0,"d":"0.000"},{"$f":"ROUND(IF(AND(F167:H167),C167*E167*F167*G167*H167,IF(AND(F167,G167),C167*E167*F167*G167,IF(AND(F167,H167),C167*E167*F167*H167,IF(AND(G167,H167),C167*E167*G167*H167,IF(F167,C167*E167*F167,IF(G167,C167*E167*G167,IF(H167,C167*E167*H167,C167*E167))))))),2)","v":1.68},"Sqm",{"$nulls":3},"SSR 22-23"]
[{"$nulls":13},"SSR 22-23"]
[{"$nulls":9},"Sqm",{"$f":"data!G3002","v":724.02},"SSR 22-23",{"$f":"ROUND(I169*K169,0)","v":{"v":0,"d":"0.00"}},"SSR 22-23"]
[4,"~do~ for  lintels etc., complete",{"$nulls":11},"SSR 19-20"]
[null,"Qty.p.96  of M.B.No.441/A/ZP/19",{"$nulls":11},"SSR 19-20"]
[null,"North and south side",1,"x",2,{"v":2.9,"d":"2.900"},{"v":0.23,"d":"0.230"},{"v":0.15,"d":"0.150"},{"$f":"ROUND(IF(AND(F172:H172),C172*E172*F172*G172*H172,IF(AND(F172,G172),C172*E172*F172*G172,IF(AND(F172,H172),C172*E172*F172*H172,IF(AND(G172,H172),C172*E172*G172*H172,IF(F172,C172*E172*F172,IF(G172,C172*E172*G172,IF(H172,C172*E172*H172,C172*E172))))))),2)","v":{"v":0.2,"d":"0.20"}},"Cum",{"$nulls":3},"SSR 19-20"]
[null,null,1,"x",2,{"v":1,"d":"1.000"},{"v":0.23,"d":"0.230"},{"v":0.15,"d":"0.150"},{"$f":"ROUND(IF(AND(F173:H173),C173*E173*F173*G173*H173,IF(AND(F173,G173),C173*E173*F173*G173,IF(AND(F173,H173),C173*E173*F173*H173,IF(AND(G173,H173),C173*E173*G173*H173,IF(F173,C173*E173*F173,IF(G173,C173*E173*G173,IF(H173,C173*E173*H173,C173*E173))))))),2)","v":0.07},"Cum",{"$nulls":3},"SSR 19-20"]
[null,null,1,"x",1,{"v":3.15,"d":"3.150"},{"v":0.23,"d":"0.230"},{"v":0.15,"d":"0.150"},{"$f":"ROUND(IF(AND(F174:H174),C174*E174*F174*G174*H174,IF(AND(F174,G174),C174*E174*F174*G174,IF(AND(F174,H174),C174*E174*F174*H174,IF(AND(G174,H174),C174*E174*G174*H174,IF(F174,C174*E174*F174,IF(G174,C174*E174*G174,IF(H174,C174*E174*H174,C174*E174))))))),2)","v":0.11},"Cum",{"$nulls":3},"SSR 19-20"]
[{"$nulls":13},"SSR 19-20"]
[{"$nulls":9},"Cum",{"$f":"data!G161","v":10426.34},"SSR 19-20",{"$f":"ROUND(I176*K176,0)","v":{"v":0,"d":"0.00"}},"SSR 19-20"]
[4,"~do~ for  lintels etc., complete",{"$nulls":11},"SSR 20-21"]
[null,"Qty.p.96  of M.B.No.441/A/ZP/19",{"$nulls":11},"SSR 20-21"]
[null,"North and south side",1,"x",2,{"v":2.9,"d":"2.900"},{"v":0.23,"d":"0.230"},{"v":0.15,"d":"0.150"},{"$f":"ROUND(IF(AND(F179:H179),C179*E179*F179*G179*H179,IF(AND(F179,G179),C179*E179*F179*G179,IF(AND(F179,H179),C179*E179*F179*H179,IF(AND(G179,H179),C179*E179*G179*H179,IF(F179,C179*E179*F179,IF(G179,C179*E179*G179,IF(H179,C179*E179*H179,C179*E179))))))),2)","v":{"v":0.2,"d":"0.20"}},"Cum",{"$nulls":3},"SSR 20-21"]
[null,null,1,"x",2,{"v":1,"d":"1.000"},{"v":0.23,"d":"0.230"},{"v":0.15,"d":"0.150"},{"$f":"ROUND(IF(AND(F180:H180),C180*E180*F180*G180*H180,IF(AND(F180,G180),C180*E180*F180*G180,IF(AND(F180,H180),C180*E180*F180*H180,IF(AND(G180,H180),C180*E180*G180*H180,IF(F180,C180*E180*F180,IF(G180,C180*E180*G180,IF(H180,C180*E180*H180,C180*E180))))))),2)","v":0.07},"Cum",{"$nulls":3},"SSR 20-21"]
[null,null,1,"x",1,{"v":3.15,"d":"3.150"},{"v":0.23,"d":"0.230"},{"v":0.15,"d":"0.150"},{"$f":"ROUND(IF(AND(F181:H181),C181*E181*F181*G181*H181,IF(AND(F181,G181),C181*E181*F181*G181,IF(AND(F181,H181),C181*E181*F181*H181,IF(AND(G181,H181),C181*E181*G181*H181,IF(F181,C181*E181*F181,IF(G181,C181*E181*G181,IF(H181,C181*E181*H181,C181*E181))))))),2)","v":0.11},"Cum",{"$nulls":3},"SSR 20-21"]
[{"$nulls":13},"SSR 20-21"]
[{"$nulls":9},"Cum",{"$f":"data!G1077","v":{"v":10817,"d":"10817.00"}},"SSR 20-21",{"$f":"ROUND(I183*K183,0)","v":{"v":0,"d":"0.00"}},"SSR 20-21"]
[4,"~do~ for  lintels etc., complete",{"$nulls":11},"SSR 21-22"]
[null,"Qty.p.96  of M.B.No.441/A/ZP/19",{"$nulls":11},"SSR 21-22"]
[null,"North and south side",1,"x",2,{"v":2.9,"d":"2.900"},{"v":0.23,"d":"0.230"},{"v":0.15,"d":"0.150"},{"$f":"ROUND(IF(AND(F186:H186),C186*E186*F186*G186*H186,IF(AND(F186,G186),C186*E186*F186*G186,IF(AND(F186,H186),C186*E186*F186*H186,IF(AND(G186,H186),C186*E186*G186*H186,IF(F186,C186*E186*F186,IF(G186,C186*E186*G186,IF(H186,C186*E186*H186,C186*E186))))))),2)","v":{"v":0.2,"d":"0.20"}},"Cum",{"$nulls":3},"SSR 21-22"]
[null,null,1,"x",2,{"v":1,"d":"1.000"},{"v":0.23,"d":"0.230"},{"v":0.15,"d":"0.150"},{"$f":"ROUND(IF(AND(F187:H187),C187*E187*F187*G187*H187,IF(AND(F187,G187),C187*E187*F187*G187,IF(AND(F187,H187),C187*E187*F187*H187,IF(AND(G187,H187),C187*E187*G187*H187,IF(F187,C187*E187*F187,IF(G187,C187*E187*G187,IF(H187,C187*E187*H187,C187*E187))))))),2)","v":0.07},"Cum",{"$nulls":3},"SSR 21-22"]
[null,null,1,"x",1,{"v":3.15,"d":"3.150"},{"v":0.23,"d":"0.230"},{"v":0.15,"d":"0.150"},{"$f":"ROUND(IF(AND(F188:H188),C188*E188*F188*G188*H188,IF(AND(F188,G188),C188*E188*F188*G188,IF(AND(F188,H188),C188*E188*F188*H188,IF(AND(G188,H188),C188*E188*G188*H188,IF(F188,C188*E188*F188,IF(G188,C188*E188*G188,IF(H188,C188*E188*H188,C188*E188))))))),2)","v":0.11},"Cum",{"$nulls":3},"SSR 21-22"]
[{"$nulls":13},"SSR 21-22"]
[{"$nulls":9},"Cum",{"$f":"data!G1994","v":{"v":11426.3,"d":"11426.30"}},"SSR 21-22",{"$f":"ROUND(I190*K190,0)","v":{"v":0,"d":"0.00"}},"SSR 21-22"]
[4,"~do~ for  lintels etc., complete",{"$nulls":11},"SSR 22-23"]
[null,"Qty.p.96  of M.B.No.441/A/ZP/19",{"$nulls":11},"SSR 22-23"]
[null,"North and south side",1,"x",2,{"v":2.9,"d":"2.900"},{"v":0.23,"d":"0.230"},{"v":0.15,"d":"0.150"},{"$f":"ROUND(IF(AND(F193:H193),C193*E193*F193*G193*H193,IF(AND(F193,G193),C193*E193*F193*G193,IF(AND(F193,H193),C193*E193*F193*H193,IF(AND(G193,H193),C193*E193*G193*H193,IF(F193,C193*E193*F193,IF(G193,C193*E193*G193,IF(H193,C193*E193*H193,C193*E193))))))),2)","v":{"v":0.2,"d":"0.20"}},"Cum",{"$nulls":3},"SSR 22-23"]
[null,null,1,"x",2,{"v":1,"d":"1.000"},{"v":0.23,"d":"0.230"},{"v":0.15,"d":"0.150"},{"$f":"ROUND(IF(AND(F194:H194),C194*E194*F194*G194*H194,IF(AND(F194,G194),C194*E194*F194*G194,IF(AND(F194,H194),C194*E194*F194*H194,IF(AND(G194,H194),C194*E194*G194*H194,IF(F194,C194*E194*F194,IF(G194,C194*E194*G194,IF(H194,C194*E194*H194,C194*E194))))))),2)","v":0.07},"Cum",{"$nulls":3},"SSR 22-23"]
[null,null,1,"x",1,{"v":3.15,"d":"3.150"},{"v":0.23,"d":"0.230"},{"v":0.15,"d":"0.150"},{"$f":"ROUND(IF(AND(F195:H195),C195*E195*F195*G195*H195,IF(AND(F195,G195),C195*E195*F195*G195,IF(AND(F195,H195),C195*E195*F195*H195,IF(AND(G195,H195),C195*E195*G195*H195,IF(F195,C195*E195*F195,IF(G195,C195*E195*G195,IF(H195,C195*E195*H195,C195*E195))))))),2)","v":0.11},"Cum",{"$nulls":3},"SSR 22-23"]
[{"$nulls":13},"SSR 22-23"]
[{"$nulls":9},"Cum",{"$f":"data!G2911","v":{"v":11874.810000000001,"d":"11874.81"}},"SSR 22-23",{"$f":"ROUND(I197*K197,0)","v":{"v":0,"d":"0.00"}},"SSR 22-23"]
[15,"~do~ for  sunshades etc., complete",{"$nulls":11},"SSR 19-20"]
[null,"Qty.p.69 of M.B.No.441/A/ZP/19",{"$nulls":11},"SSR 19-20"]
[null,null,1,"x",6,{"v":1.82,"d":"1.820"},{"v":0,"d":"0.000"},{"v":0,"d":"0.000"},{"$f":"ROUND(IF(AND(F200:H200),C200*E200*F200*G200*H200,IF(AND(F200,G200),C200*E200*F200*G200,IF(AND(F200,H200),C200*E200*F200*H200,IF(AND(G200,H200),C200*E200*G200*H200,IF(F200,C200*E200*F200,IF(G200,C200*E200*G200,IF(H200,C200*E200*H200,C200*E200))))))),2)","v":10.92},"Rm",{"$nulls":3},"SSR 19-20"]
[{"$nulls":13},"SSR 19-20"]
[{"$nulls":9},"Rm",{"$f":"data!G224","v":{"v":663.6599999999999,"d":"663.66"}},"SSR 19-20",{"$f":"ROUND(I202*K202,0)","v":{"v":0,"d":"0.00"}},"SSR 19-20"]
[15,"~do~ for  sunshades etc., complete",{"$nulls":11},"SSR 20-21"]
[null,"Qty.p.69 of M.B.No.441/A/ZP/19",{"$nulls":11},"SSR 20-21"]
[null,null,1,"x",6,{"v":1.82,"d":"1.820"},{"v":0,"d":"0.000"},{"v":0,"d":"0.000"},{"$f":"ROUND(IF(AND(F205:H205),C205*E205*F205*G205*H205,IF(AND(F205,G205),C205*E205*F205*G205,IF(AND(F205,H205),C205*E205*F205*H205,IF(AND(G205,H205),C205*E205*G205*H205,IF(F205,C205*E205*F205,IF(G205,C205*E205*G205,IF(H205,C205*E205*H205,C205*E205))))))),2)","v":10.92},"Rm",{"$nulls":3},"SSR 20-21"]
[{"$nulls":13},"SSR 20-21"]
[{"$nulls":9},"Rm",{"$f":"data!G1140","v":684.77},"SSR 20-21",{"$f":"ROUND(I207*K207,0)","v":{"v":0,"d":"0.00"}},"SSR 20-21"]
[15,"~do~ for  sunshades etc., complete",{"$nulls":11},"SSR 21-22"]
[null,"Qty.p.69 of M.B.No.441/A/ZP/19",{"$nulls":11},"SSR 21-22"]
[null,null,1,"x",6,{"v":1.82,"d":"1.820"},{"v":0,"d":"0.000"},{"v":0,"d":"0.000"},{"$f":"ROUND(IF(AND(F210:H210),C210*E210*F210*G210*H210,IF(AND(F210,G210),C210*E210*F210*G210,IF(AND(F210,H210),C210*E210*F210*H210,IF(AND(G210,H210),C210*E210*G210*H210,IF(F210,C210*E210*F210,IF(G210,C210*E210*G210,IF(H210,C210*E210*H210,C210*E210))))))),2)","v":10.92},"Rm",{"$nulls":3},"SSR 21-22"]
[{"$nulls":13},"SSR 21-22"]
[{"$nulls":9},"Rm",{"$f":"data!G2057","v":{"v":722.5099999999999,"d":"722.51"}},"SSR 21-22",{"$f":"ROUND(I212*K212,0)","v":{"v":0,"d":"0.00"}},"SSR 21-22"]
[15,"~do~ for  sunshades etc., complete",{"$nulls":11},"SSR 22-23"]
[null,"Qty.p.69 of M.B.No.441/A/ZP/19",{"$nulls":11},"SSR 22-23"]
[null,null,1,"x",6,{"v":1.82,"d":"1.820"},{"v":0,"d":"0.000"},{"v":0,"d":"0.000"},{"$f":"ROUND(IF(AND(F215:H215),C215*E215*F215*G215*H215,IF(AND(F215,G215),C215*E215*F215*G215,IF(AND(F215,H215),C215*E215*F215*H215,IF(AND(G215,H215),C215*E215*G215*H215,IF(F215,C215*E215*F215,IF(G215,C215*E215*G215,IF(H215,C215*E215*H215,C215*E215))))))),2)","v":10.92},"Rm",{"$nulls":3},"SSR 22-23"]
[{"$nulls":13},"SSR 22-23"]
[{"$nulls":9},"Rm",{"$f":"data!G2974","v":{"v":744.7299999999999,"d":"744.73"}},"SSR 22-23",{"$f":"ROUND(I217*K217,0)","v":{"v":0,"d":"0.00"}},"SSR 22-23"]
[3,"Providing impervious coat to exposed RCC Roof Slab surface with CM (1:3) 12mm thick with 1Kg of water proof compound per bag of Cement laid over roof when it is green including c/c of all materials and labour charges for mixing mortar, laying, rendering smooth and thread lining of wall & slab etc complete for finished item of work (APSS 901,903) ",{"$nulls":11},"SSR 19-20"]
[null,"Qty.p.12  of M.B.No.441/A/ZP/19",{"$nulls":11},"SSR 19-20"]
[null,"Head room slab",1,"x",1,{"v":4.35,"d":"4.350"},{"v":4.2,"d":"4.200"},{"v":0,"d":"0.000"},{"$f":"ROUND(IF(AND(F220:H220),C220*E220*F220*G220*H220,IF(AND(F220,G220),C220*E220*F220*G220,IF(AND(F220,H220),C220*E220*F220*H220,IF(AND(G220,H220),C220*E220*G220*H220,IF(F220,C220*E220*F220,IF(G220,C220*E220*G220,IF(H220,C220*E220*H220,C220*E220))))))),2)","v":18.27},"Sqm",{"$nulls":3},"SSR 19-20"]
[{"$nulls":13},"SSR 19-20"]
[{"$nulls":9},"Sqm",{"$f":"data!G568","v":297.65},"SSR 19-20",{"$f":"ROUND(I222*K222,0)","v":{"v":0,"d":"0.00"}},"SSR 19-20"]
[3,"Providing impervious coat to exposed RCC Roof Slab surface with CM (1:3) 12mm thick with 1Kg of water proof compound per bag of Cement laid over roof when it is green including c/c of all materials and labour charges for mixing mortar, laying, rendering smooth and thread lining of wall & slab etc complete for finished item of work (APSS 901,903) ",{"$nulls":11},"SSR 20-21"]
[null,"Qty.p.93  of M.B.No.441/A/ZP/19",{"$nulls":11},"SSR 20-21"]
[null,"Head room slab",1,"x",1,{"v":5.22,"d":"5.220"},{"v":3.78,"d":"3.780"},{"v":0,"d":"0.000"},{"$f":"ROUND(IF(AND(F225:H225),C225*E225*F225*G225*H225,IF(AND(F225,G225),C225*E225*F225*G225,IF(AND(F225,H225),C225*E225*F225*H225,IF(AND(G225,H225),C225*E225*G225*H225,IF(F225,C225*E225*F225,IF(G225,C225*E225*G225,IF(H225,C225*E225*H225,C225*E225))))))),2)","v":19.73},"Sqm",{"$nulls":3},"SSR 20-21"]
[{"$nulls":13},"SSR 20-21"]
[{"$nulls":9},"Sqm",{"$f":"data!G1485","v":321.24},"SSR 20-21",{"$f":"ROUND(I227*K227,0)","v":{"v":0,"d":"0.00"}},"SSR 20-21"]
[3,"Providing impervious coat to exposed RCC Roof Slab surface with CM (1:3) 12mm thick with 1Kg of water proof compound per bag of Cement laid over roof when it is green including c/c of all materials and labour charges for mixing mortar, laying, rendering smooth and thread lining of wall & slab etc complete for finished item of work (APSS 901,903) ",{"$nulls":11},"SSR 21-22"]
[null,"Qty.p.12  of M.B.No.441/A/ZP/19",{"$nulls":11},"SSR 21-22"]
[null,"Head room slab",1,"x",1,{"v":4.35,"d":"4.350"},{"v":4.2,"d":"4.200"},{"v":0,"d":"0.000"},{"$f":"ROUND(IF(AND(F230:H230),C230*E230*F230*G230*H230,IF(AND(F230,G230),C230*E230*F230*G230,IF(AND(F230,H230),C230*E230*F230*H230,IF(AND(G230,H230),C230*E230*G230*H230,IF(F230,C230*E230*F230,IF(G230,C230*E230*G230,IF(H230,C230*E230*H230,C230*E230))))))),2)","v":18.27},"Sqm",{"$nulls":3},"SSR 21-22"]
[{"$nulls":13},"SSR 21-22"]
[{"$nulls":9},"Sqm",{"$f":"data!G2402","v":340.95},"SSR 21-22",{"$f":"ROUND(I232*K232,0)","v":{"v":0,"d":"0.00"}},"SSR 21-22"]
[3,"Providing impervious coat to exposed RCC Roof Slab surface with CM (1:3) 12mm thick with 1Kg of water proof compound per bag of Cement laid over roof when it is green including c/c of all materials and labour charges for mixing mortar, laying, rendering smooth and thread lining of wall & slab etc complete for finished item of work (APSS 901,903) ",{"$nulls":11},"SSR 22-23"]
[null,"Qty.p.12  of M.B.No.441/A/ZP/19",{"$nulls":11},"SSR 22-23"]
[null,"Head room slab",1,"x",1,{"v":4.35,"d":"4.350"},{"v":4.2,"d":"4.200"},{"v":0,"d":"0.000"},{"$f":"ROUND(IF(AND(F235:H235),C235*E235*F235*G235*H235,IF(AND(F235,G235),C235*E235*F235*G235,IF(AND(F235,H235),C235*E235*F235*H235,IF(AND(G235,H235),C235*E235*G235*H235,IF(F235,C235*E235*F235,IF(G235,C235*E235*G235,IF(H235,C235*E235*H235,C235*E235))))))),2)","v":18.27},"Sqm",{"$nulls":3},"SSR 22-23"]
[{"$nulls":13},"SSR 22-23"]
[{"$nulls":9},"Sqm",{"$f":"data!G3319","v":362.63},"SSR 22-23",{"$f":"ROUND(I237*K237,0)","v":{"v":0,"d":"0.00"}},"SSR 22-23"]
[13,"Providing impervious coat to exposed RCC Roof Slab surface with CM (1:3) 20mm thick with 1Kg of water proof compound per bag of Cement laid over roof when it is green including c/c of all materials and labour charges for mixing mortar, laying, rendering smooth and thread lining of wall & slab etc complete for finished item of work (APSS 901,903) ",{"$nulls":11},"SSR 19-20"]
[null,"Qty.p.     of M.B.No.441/A/ZP/19",{"$nulls":11},"SSR 19-20"]
[null,null,1,"x",1,{"v":10.45,"d":"10.450"},{"v":12,"d":"12.000"},{"v":0,"d":"0.000"},{"$f":"ROUND(IF(AND(F240:H240),C240*E240*F240*G240*H240,IF(AND(F240,G240),C240*E240*F240*G240,IF(AND(F240,H240),C240*E240*F240*H240,IF(AND(G240,H240),C240*E240*G240*H240,IF(F240,C240*E240*F240,IF(G240,C240*E240*G240,IF(H240,C240*E240*H240,C240*E240))))))),2)","v":{"v":125.4,"d":"125.40"}},"Sqm",{"$nulls":3},"SSR 19-20"]
[null,null,1,"x",1,{"v":3.52,"d":"3.520"},{"v":0.92,"d":"0.920"},{"v":0,"d":"0.000"},{"$f":"ROUND(IF(AND(F241:H241),C241*E241*F241*G241*H241,IF(AND(F241,G241),C241*E241*F241*G241,IF(AND(F241,H241),C241*E241*F241*H241,IF(AND(G241,H241),C241*E241*G241*H241,IF(F241,C241*E241*F241,IF(G241,C241*E241*G241,IF(H241,C241*E241*H241,C241*E241))))))),2)","v":3.24},"Sqm",{"$nulls":3},"SSR 19-20"]
[{"$nulls":13},"SSR 19-20"]
[{"$nulls":9},"Sqm",{"$f":"data!G583","v":382.24},"SSR 19-20",{"$f":"ROUND(I243*K243,0)","v":{"v":0,"d":"0.00"}},"SSR 19-20"]
[13,"Providing impervious coat to exposed RCC Roof Slab surface with CM (1:3) 20mm thick with 1Kg of water proof compound per bag of Cement laid over roof when it is green including c/c of all materials and labour charges for mixing mortar, laying, rendering smooth and thread lining of wall & slab etc complete for finished item of work (APSS 901,903) ",{"$nulls":11},"SSR 20-21"]
[null,"Qty.p.     of M.B.No.441/A/ZP/19",{"$nulls":11},"SSR 20-21"]
[null,null,1,"x",1,{"v":10.45,"d":"10.450"},{"v":12,"d":"12.000"},{"v":0,"d":"0.000"},{"$f":"ROUND(IF(AND(F246:H246),C246*E246*F246*G246*H246,IF(AND(F246,G246),C246*E246*F246*G246,IF(AND(F246,H246),C246*E246*F246*H246,IF(AND(G246,H246),C246*E246*G246*H246,IF(F246,C246*E246*F246,IF(G246,C246*E246*G246,IF(H246,C246*E246*H246,C246*E246))))))),2)","v":{"v":125.4,"d":"125.40"}},"Sqm",{"$nulls":3},"SSR 20-21"]
[null,null,1,"x",1,{"v":3.52,"d":"3.520"},{"v":0.92,"d":"0.920"},{"v":0,"d":"0.000"},{"$f":"ROUND(IF(AND(F247:H247),C247*E247*F247*G247*H247,IF(AND(F247,G247),C247*E247*F247*G247,IF(AND(F247,H247),C247*E247*F247*H247,IF(AND(G247,H247),C247*E247*G247*H247,IF(F247,C247*E247*F247,IF(G247,C247*E247*G247,IF(H247,C247*E247*H247,C247*E247))))))),2)","v":3.24},"Sqm",{"$nulls":3},"SSR 20-21"]
[{"$nulls":13},"SSR 20-21"]
[{"$nulls":9},"Sqm",{"$f":"data!G1500","v":414.32},"SSR 20-21",{"$f":"ROUND(I249*K249,0)","v":{"v":0,"d":"0.00"}},"SSR 20-21"]
[13,"Providing impervious coat to exposed RCC Roof Slab surface with CM (1:3) 20mm thick with 1Kg of water proof compound per bag of Cement laid over roof when it is green including c/c of all materials and labour charges for mixing mortar, laying, rendering smooth and thread lining of wall & slab etc complete for finished item of work (APSS 901,903) ",{"$nulls":11},"SSR 21-22"]
[null,"Qty.p.     of M.B.No.441/A/ZP/19",{"$nulls":11},"SSR 21-22"]
[null,null,1,"x",1,{"v":10.45,"d":"10.450"},{"v":12,"d":"12.000"},{"v":0,"d":"0.000"},{"$f":"ROUND(IF(AND(F252:H252),C252*E252*F252*G252*H252,IF(AND(F252,G252),C252*E252*F252*G252,IF(AND(F252,H252),C252*E252*F252*H252,IF(AND(G252,H252),C252*E252*G252*H252,IF(F252,C252*E252*F252,IF(G252,C252*E252*G252,IF(H252,C252*E252*H252,C252*E252))))))),2)","v":{"v":125.4,"d":"125.40"}},"Sqm",{"$nulls":3},"SSR 21-22"]
[null,null,1,"x",1,{"v":3.52,"d":"3.520"},{"v":0.92,"d":"0.920"},{"v":0,"d":"0.000"},{"$f":"ROUND(IF(AND(F253:H253),C253*E253*F253*G253*H253,IF(AND(F253,G253),C253*E253*F253*G253,IF(AND(F253,H253),C253*E253*F253*H253,IF(AND(G253,H253),C253*E253*G253*H253,IF(F253,C253*E253*F253,IF(G253,C253*E253*G253,IF(H253,C253*E253*H253,C253*E253))))))),2)","v":3.24},"Sqm",{"$nulls":3},"SSR 21-22"]
[{"$nulls":13},"SSR 21-22"]
[{"$nulls":9},"Sqm",{"$f":"data!G2417","v":{"v":440.9,"d":"440.90"}},"SSR 21-22",{"$f":"ROUND(I255*K255,0)","v":{"v":0,"d":"0.00"}},"SSR 21-22"]
[13,"Providing impervious coat to exposed RCC Roof Slab surface with CM (1:3) 20mm thick with 1Kg of water proof compound per bag of Cement laid over roof when it is green including c/c of all materials and labour charges for mixing mortar, laying, rendering smooth and thread lining of wall & slab etc complete for finished item of work (APSS 901,903) ",{"$nulls":11},"SSR 22-23"]
[null,"Qty.p.     of M.B.No.441/A/ZP/19",{"$nulls":11},"SSR 22-23"]
[null,null,1,"x",1,{"v":10.45,"d":"10.450"},{"v":12,"d":"12.000"},{"v":0,"d":"0.000"},{"$f":"ROUND(IF(AND(F258:H258),C258*E258*F258*G258*H258,IF(AND(F258,G258),C258*E258*F258*G258,IF(AND(F258,H258),C258*E258*F258*H258,IF(AND(G258,H258),C258*E258*G258*H258,IF(F258,C258*E258*F258,IF(G258,C258*E258*G258,IF(H258,C258*E258*H258,C258*E258))))))),2)","v":{"v":125.4,"d":"125.40"}},"Sqm",{"$nulls":3},"SSR 22-23"]
[null,null,1,"x",1,{"v":3.52,"d":"3.520"},{"v":0.92,"d":"0.920"},{"v":0,"d":"0.000"},{"$f":"ROUND(IF(AND(F259:H259),C259*E259*F259*G259*H259,IF(AND(F259,G259),C259*E259*F259*G259,IF(AND(F259,H259),C259*E259*F259*H259,IF(AND(G259,H259),C259*E259*G259*H259,IF(F259,C259*E259*F259,IF(G259,C259*E259*G259,IF(H259,C259*E259*H259,C259*E259))))))),2)","v":3.24},"Sqm",{"$nulls":3},"SSR 22-23"]
[{"$nulls":13},"SSR 22-23"]
[{"$nulls":9},"Sqm",{"$f":"data!G3334","v":470.34},"SSR 22-23",{"$f":"ROUND(I261*K261,0)","v":{"v":0,"d":"0.00"}},"SSR 22-23"]
[15,"Brick Masonary for Superstructure with CM (1:8) proportion using 2nd class traditional bricks of size 23X11X7 cms having minimum crushing strength of 40kg/cm2  including c/c of all materials like Cement, Sand, Bricks, water etc including  labour charges such as mixing cement mortar, Scaffolding charges etc complete for finished item of work (APSS No 501 & 504) ",{"$nulls":11},"SSR 19-20"]
[null,"Qty.p.12 of M.B.No.441/A/ZP/19",{"$nulls":11},"SSR 19-20"]
[null,"Long walls A1 to E1",1,"x",1,{"v":12.73,"d":"12.730"},{"v":0.45,"d":"0.450"},{"v":1.3,"d":"1.300"},{"$f":"ROUND(IF(AND(F264:H264),C264*E264*F264*G264*H264,IF(AND(F264,G264),C264*E264*F264*G264,IF(AND(F264,H264),C264*E264*F264*H264,IF(AND(G264,H264),C264*E264*G264*H264,IF(F264,C264*E264*F264,IF(G264,C264*E264*G264,IF(H264,C264*E264*H264,C264*E264))))))),2)","v":7.45},"Cum",{"$nulls":3},"SSR 19-20"]
[null,"Steps bottom",1,"x",1,{"v":5.45,"d":"5.450"},{"v":0.9,"d":"0.900"},{"v":0.35,"d":"0.350"},{"$f":"ROUND(IF(AND(F265:H265),C265*E265*F265*G265*H265,IF(AND(F265,G265),C265*E265*F265*G265,IF(AND(F265,H265),C265*E265*F265*H265,IF(AND(G265,H265),C265*E265*G265*H265,IF(F265,C265*E265*F265,IF(G265,C265*E265*G265,IF(H265,C265*E265*H265,C265*E265))))))),2)","v":1.72},"Cum",{"$nulls":3},"SSR 19-20"]
[null,"1st step",1,"x",1,{"v":5.45,"d":"5.450"},{"v":0.6,"d":"0.600"},{"v":0.15,"d":"0.150"},0.49,"Cum",{"$nulls":3},"SSR 19-20"]
[null,"2nd step",1,"x",1,{"v":5.45,"d":"5.450"},{"v":0.3,"d":"0.300"},{"v":0.15,"d":"0.150"},0.25,"Cum",{"$nulls":3},"SSR 19-20"]
[{"$nulls":13},"SSR 19-20"]
[{"$nulls":9},"Cum",{"$f":"data!G393","v":{"v":6250.6100000000015,"d":"6250.61"}},"SSR 19-20",{"$f":"ROUND(I269*K269,0)","v":{"v":0,"d":"0.00"}},"SSR 19-20"]
[4,"Brick Masonary for Superstructure with CM (1:8) proportion using 2nd class traditional bricks of size 23X11X7 cms having minimum crushing strength of 40kg/cm2  including c/c of all materials like Cement, Sand, Bricks, water etc including  labour charges such as mixing cement mortar, Scaffolding charges etc complete for finished item of work (APSS No 501 & 504) ",{"$nulls":11},"SSR 20-21"]
[null,"Qty.p.94 of M.B.No.441/A/ZP/19",{"$nulls":11},"SSR 20-21"]
[null,"Dummy pillars",1,"x",10,{"v":0.45,"d":"0.450"},{"v":0.2,"d":"0.200"},{"v":0.45,"d":"0.450"},{"$f":"ROUND(IF(AND(F272:H272),C272*E272*F272*G272*H272,IF(AND(F272,G272),C272*E272*F272*G272,IF(AND(F272,H272),C272*E272*F272*H272,IF(AND(G272,H272),C272*E272*G272*H272,IF(F272,C272*E272*F272,IF(G272,C272*E272*G272,IF(H272,C272*E272*H272,C272*E272))))))),2)","v":0.41},"Cum",{"$nulls":3},"SSR 20-21"]
[{"$nulls":13},"SSR 20-21"]
[{"$nulls":9},"Cum",{"$f":"data!G1310","v":{"v":6435.429999999999,"d":"6435.43"}},"SSR 20-21",{"$f":"ROUND(I274*K274,0)","v":{"v":0,"d":"0.00"}},"SSR 20-21"]
[15,"Brick Masonary for Superstructure with CM (1:8) proportion using 2nd class traditional bricks of size 23X11X7 cms having minimum crushing strength of 40kg/cm2  including c/c of all materials like Cement, Sand, Bricks, water etc including  labour charges such as mixing cement mortar, Scaffolding charges etc complete for finished item of work (APSS No 501 & 504) ",{"$nulls":11},"SSR 21-22"]
[null,"Qty.p.12 of M.B.No.441/A/ZP/19",{"$nulls":11},"SSR 21-22"]
[null,"Long walls A1 to E1",1,"x",1,{"v":12.73,"d":"12.730"},{"v":0.45,"d":"0.450"},{"v":1.3,"d":"1.300"},{"$f":"ROUND(IF(AND(F277:H277),C277*E277*F277*G277*H277,IF(AND(F277,G277),C277*E277*F277*G277,IF(AND(F277,H277),C277*E277*F277*H277,IF(AND(G277,H277),C277*E277*G277*H277,IF(F277,C277*E277*F277,IF(G277,C277*E277*G277,IF(H277,C277*E277*H277,C277*E277))))))),2)","v":7.45},"Cum",{"$nulls":3},"SSR 21-22"]
[null,"Steps bottom",1,"x",1,{"v":5.45,"d":"5.450"},{"v":0.9,"d":"0.900"},{"v":0.35,"d":"0.350"},{"$f":"ROUND(IF(AND(F278:H278),C278*E278*F278*G278*H278,IF(AND(F278,G278),C278*E278*F278*G278,IF(AND(F278,H278),C278*E278*F278*H278,IF(AND(G278,H278),C278*E278*G278*H278,IF(F278,C278*E278*F278,IF(G278,C278*E278*G278,IF(H278,C278*E278*H278,C278*E278))))))),2)","v":1.72},"Cum",{"$nulls":3},"SSR 21-22"]
[null,"1st step",1,"x",1,{"v":5.45,"d":"5.450"},{"v":0.6,"d":"0.600"},{"v":0.15,"d":"0.150"},{"$f":"ROUND(IF(AND(F279:H279),C279*E279*F279*G279*H279,IF(AND(F279,G279),C279*E279*F279*G279,IF(AND(F279,H279),C279*E279*F279*H279,IF(AND(G279,H279),C279*E279*G279*H279,IF(F279,C279*E279*F279,IF(G279,C279*E279*G279,IF(H279,C279*E279*H279,C279*E279))))))),2)","v":0.49},"Cum",{"$nulls":3},"SSR 21-22"]
[null,"2nd step",1,"x",1,{"v":5.45,"d":"5.450"},{"v":0.3,"d":"0.300"},{"v":0.15,"d":"0.150"},{"$f":"ROUND(IF(AND(F280:H280),C280*E280*F280*G280*H280,IF(AND(F280,G280),C280*E280*F280*G280,IF(AND(F280,H280),C280*E280*F280*H280,IF(AND(G280,H280),C280*E280*G280*H280,IF(F280,C280*E280*F280,IF(G280,C280*E280*G280,IF(H280,C280*E280*H280,C280*E280))))))),2)","v":0.25},"Cum",{"$nulls":3},"SSR 21-22"]
[{"$nulls":13},"SSR 21-22"]
[{"$nulls":9},"Cum",{"$f":"data!G2227","v":6881.41},"SSR 21-22",{"$f":"ROUND(I282*K282,0)","v":{"v":0,"d":"0.00"}},"SSR 21-22"]
[15,"Brick Masonary for Superstructure with CM (1:8) proportion using 2nd class traditional bricks of size 23X11X7 cms having minimum crushing strength of 40kg/cm2  including c/c of all materials like Cement, Sand, Bricks, water etc including  labour charges such as mixing cement mortar, Scaffolding charges etc complete for finished item of work (APSS No 501 & 504) ",{"$nulls":11},"SSR 22-23"]
[null,"Qty.p.12 of M.B.No.441/A/ZP/19",{"$nulls":11},"SSR 22-23"]
[null,"Long walls A1 to E1",1,"x",1,{"v":12.73,"d":"12.730"},{"v":0.45,"d":"0.450"},{"v":1.3,"d":"1.300"},{"$f":"ROUND(IF(AND(F285:H285),C285*E285*F285*G285*H285,IF(AND(F285,G285),C285*E285*F285*G285,IF(AND(F285,H285),C285*E285*F285*H285,IF(AND(G285,H285),C285*E285*G285*H285,IF(F285,C285*E285*F285,IF(G285,C285*E285*G285,IF(H285,C285*E285*H285,C285*E285))))))),2)","v":7.45},"Cum",{"$nulls":3},"SSR 22-23"]
[null,"Steps bottom",1,"x",1,{"v":5.45,"d":"5.450"},{"v":0.9,"d":"0.900"},{"v":0.35,"d":"0.350"},{"$f":"ROUND(IF(AND(F286:H286),C286*E286*F286*G286*H286,IF(AND(F286,G286),C286*E286*F286*G286,IF(AND(F286,H286),C286*E286*F286*H286,IF(AND(G286,H286),C286*E286*G286*H286,IF(F286,C286*E286*F286,IF(G286,C286*E286*G286,IF(H286,C286*E286*H286,C286*E286))))))),2)","v":1.72},"Cum",{"$nulls":3},"SSR 22-23"]
[null,"1st step",1,"x",1,{"v":5.45,"d":"5.450"},{"v":0.6,"d":"0.600"},{"v":0.15,"d":"0.150"},{"$f":"ROUND(IF(AND(F287:H287),C287*E287*F287*G287*H287,IF(AND(F287,G287),C287*E287*F287*G287,IF(AND(F287,H287),C287*E287*F287*H287,IF(AND(G287,H287),C287*E287*G287*H287,IF(F287,C287*E287*F287,IF(G287,C287*E287*G287,IF(H287,C287*E287*H287,C287*E287))))))),2)","v":0.49},"Cum",{"$nulls":3},"SSR 22-23"]
[null,"2nd step",1,"x",1,{"v":5.45,"d":"5.450"},{"v":0.3,"d":"0.300"},{"v":0.15,"d":"0.150"},{"$f":"ROUND(IF(AND(F288:H288),C288*E288*F288*G288*H288,IF(AND(F288,G288),C288*E288*F288*G288,IF(AND(F288,H288),C288*E288*F288*H288,IF(AND(G288,H288),C288*E288*G288*H288,IF(F288,C288*E288*F288,IF(G288,C288*E288*G288,IF(H288,C288*E288*H288,C288*E288))))))),2)","v":0.25},"Cum",{"$nulls":3},"SSR 22-23"]
[{"$nulls":13},"SSR 22-23"]
[{"$nulls":9},"Cum",{"$f":"data!G3144","v":{"v":7616.999999999999,"d":"7617.00"}},"SSR 22-23",{"$f":"ROUND(I290*K290,0)","v":{"v":0,"d":"0.00"}},"SSR 22-23"]
[4,"Brick Masonary for Superstructure with CM (1:6) proportion using 2nd class traditional bricks of size 23X11X7 cms having minimum crushing strength of 40kg/cm2  including c/c of all materials like Cement, Sand, Bricks, water etc including  labour charges such as mixing cement mortar, Scaffolding charges etc complete for finished item of work (APSS No 501 & 504) ",{"$nulls":11},"SSR 19-20"]
[null,"Qty.p.2 of M.B.No.1186/A/ZP/20",null,"16.05.2023",{"$nulls":9},"SSR 19-20"]
[null,"Long walls",1,"x",2,{"v":4.5,"d":"4.500"},{"v":0.23,"d":"0.230"},{"v":2.35,"d":"2.350"},{"$f":"ROUND(IF(AND(F293:H293),C293*E293*F293*G293*H293,IF(AND(F293,G293),C293*E293*F293*G293,IF(AND(F293,H293),C293*E293*F293*H293,IF(AND(G293,H293),C293*E293*G293*H293,IF(F293,C293*E293*F293,IF(G293,C293*E293*G293,IF(H293,C293*E293*H293,C293*E293))))))),2)","v":4.86},"Cum",{"$nulls":3},"SSR 19-20"]
[null,"Cross walls",1,"x",2,{"v":2.74,"d":"2.740"},{"v":0.23,"d":"0.230"},{"v":2.35,"d":"2.350"},2.96,"Cum",{"$nulls":3},"SSR 19-20"]
[null,"Deduct door",1,"x",1,{"v":0.9,"d":"0.900"},{"v":0.23,"d":"0.230"},{"v":2,"d":"2.000"},{"$f":"-ROUND(IF(AND(F295:H295),C295*E295*F295*G295*H295,IF(AND(F295,G295),C295*E295*F295*G295,IF(AND(F295,H295),C295*E295*F295*H295,IF(AND(G295,H295),C295*E295*G295*H295,IF(F295,C295*E295*F295,IF(G295,C295*E295*G295,IF(H295,C295*E295*H295,C295*E295))))))),2)","v":-0.41},"Cum",{"$nulls":3},"SSR 19-20"]
[null,"Deduct opening",1,"x",1,{"v":1.2,"d":"1.200"},{"v":0.23,"d":"0.230"},{"v":1.1,"d":"1.100"},{"$f":"-ROUND(IF(AND(F296:H296),C296*E296*F296*G296*H296,IF(AND(F296,G296),C296*E296*F296*G296,IF(AND(F296,H296),C296*E296*F296*H296,IF(AND(G296,H296),C296*E296*G296*H296,IF(F296,C296*E296*F296,IF(G296,C296*E296*G296,IF(H296,C296*E296*H296,C296*E296))))))),2)","v":{"v":-0.3,"d":"-0.30"}},"Cum",{"$nulls":3},"SSR 19-20"]
[{"$nulls":13},"SSR 19-20"]
[{"$nulls":9},"Cum",{"$f":"data!G376","v":{"v":6307.010000000001,"d":"6307.01"}},"SSR 19-20",{"$f":"ROUND(I298*K298,0)","v":{"v":0,"d":"0.00"}},"SSR 19-20"]
[5,"Brick Masonary for Superstructure with CM (1:6) proportion using 2nd class traditional bricks of size 23X11X7 cms having minimum crushing strength of 40kg/cm2  including c/c of all materials like Cement, Sand, Bricks, water etc including  labour charges such as mixing cement mortar, Scaffolding charges etc complete for finished item of work (APSS No 501 & 504) ",{"$nulls":11},"SSR 20-21"]
[null,"Qty.p.89 of M.B.No.441/A/ZP/19",{"$nulls":11},"SSR 20-21"]
[null,"Long walls",1,"x",2,{"v":4.62,"d":"4.620"},{"v":0.23,"d":"0.230"},{"v":2.1,"d":"2.100"},{"$f":"ROUND(IF(AND(F301:H301),C301*E301*F301*G301*H301,IF(AND(F301,G301),C301*E301*F301*G301,IF(AND(F301,H301),C301*E301*F301*H301,IF(AND(G301,H301),C301*E301*G301*H301,IF(F301,C301*E301*F301,IF(G301,C301*E301*G301,IF(H301,C301*E301*H301,C301*E301))))))),2)","v":4.46},"Cum",{"$nulls":3},"SSR 20-21"]
[null,"Short walls",1,"x",2,{"v":2.72,"d":"2.720"},{"v":0.23,"d":"0.230"},{"v":2.1,"d":"2.100"},{"$f":"ROUND(IF(AND(F302:H302),C302*E302*F302*G302*H302,IF(AND(F302,G302),C302*E302*F302*G302,IF(AND(F302,H302),C302*E302*F302*H302,IF(AND(G302,H302),C302*E302*G302*H302,IF(F302,C302*E302*F302,IF(G302,C302*E302*G302,IF(H302,C302*E302*H302,C302*E302))))))),2)","v":2.63},"Cum",{"$nulls":3},"SSR 20-21"]
[null,"Deduct columns",1,"x",4,{"v":0.38,"d":"0.380"},{"v":0.23,"d":"0.230"},{"v":2.1,"d":"2.100"},{"$f":"-ROUND(IF(AND(F303:H303),C303*E303*F303*G303*H303,IF(AND(F303,G303),C303*E303*F303*G303,IF(AND(F303,H303),C303*E303*F303*H303,IF(AND(G303,H303),C303*E303*G303*H303,IF(F303,C303*E303*F303,IF(G303,C303*E303*G303,IF(H303,C303*E303*H303,C303*E303))))))),2)","v":-0.73},"Cum",{"$nulls":3},"SSR 20-21"]
[null,"Deduct door",1,"x",1,{"v":1.2,"d":"1.200"},{"v":0.23,"d":"0.230"},{"v":2.1,"d":"2.100"},{"$f":"-ROUND(IF(AND(F304:H304),C304*E304*F304*G304*H304,IF(AND(F304,G304),C304*E304*F304*G304,IF(AND(F304,H304),C304*E304*F304*H304,IF(AND(G304,H304),C304*E304*G304*H304,IF(F304,C304*E304*F304,IF(G304,C304*E304*G304,IF(H304,C304*E304*H304,C304*E304))))))),2)","v":-0.58},"Cum",{"$nulls":3},"SSR 20-21"]
[null,"Deduct opening elevation portion",1,"x",1,{"v":1.27,"d":"1.270"},{"v":0.23,"d":"0.230"},{"v":1.8,"d":"1.800"},{"$f":"-ROUND(IF(AND(F305:H305),C305*E305*F305*G305*H305,IF(AND(F305,G305),C305*E305*F305*G305,IF(AND(F305,H305),C305*E305*F305*H305,IF(AND(G305,H305),C305*E305*G305*H305,IF(F305,C305*E305*F305,IF(G305,C305*E305*G305,IF(H305,C305*E305*H305,C305*E305))))))),2)","v":-0.53},"Cum",{"$nulls":3},"SSR 20-21"]
[{"$nulls":13},"SSR 20-21"]
[{"$nulls":9},"Cum",{"$f":"data!G1293","v":{"v":6491.829999999999,"d":"6491.83"}},"SSR 20-21",{"$f":"ROUND(I307*K307,0)","v":{"v":0,"d":"0.00"}},"SSR 20-21"]
[5,"Brick Masonary for Superstructure with CM (1:6) proportion using 2nd class traditional bricks of size 23X11X7 cms having minimum crushing strength of 40kg/cm2  including c/c of all materials like Cement, Sand, Bricks, water etc including  labour charges such as mixing cement mortar, Scaffolding charges etc complete for finished item of work (APSS No 501 & 504) ",{"$nulls":11},"SSR 21-22"]
[null,"Qty.p.86 of M.B.No.441/A/ZP/19",{"$nulls":11},"SSR 21-22"]
[null,null,1,"x",1,{"v":3.16,"d":"3.160"},{"v":0.23,"d":"0.230"},{"v":2.4,"d":"2.400"},{"$f":"ROUND(IF(AND(F310:H310),C310*E310*F310*G310*H310,IF(AND(F310,G310),C310*E310*F310*G310,IF(AND(F310,H310),C310*E310*F310*H310,IF(AND(G310,H310),C310*E310*G310*H310,IF(F310,C310*E310*F310,IF(G310,C310*E310*G310,IF(H310,C310*E310*H310,C310*E310))))))),2)","v":1.74},"Cum",{"$nulls":3},"SSR 21-22"]
[{"$nulls":13},"SSR 21-22"]
[{"$nulls":9},"Cum",{"$f":"data!G2210","v":{"v":6937.8099999999995,"d":"6937.81"}},"SSR 21-22",{"$f":"ROUND(I312*K312,0)","v":{"v":0,"d":"0.00"}},"SSR 21-22"]
[5,"Brick Masonary for Superstructure with CM (1:6) proportion using 2nd class traditional bricks of size 23X11X7 cms having minimum crushing strength of 40kg/cm2  including c/c of all materials like Cement, Sand, Bricks, water etc including  labour charges such as mixing cement mortar, Scaffolding charges etc complete for finished item of work (APSS No 501 & 504) ",{"$nulls":11},"SSR 22-23"]
[null,"Qty.p.2 of M.B.No.1186/A/ZP/20",{"$nulls":11},"SSR 22-23"]
[null,null,1,"x",2,{"v":4.5,"d":"4.500"},{"v":0.23,"d":"0.230"},{"v":2.35,"d":"2.350"},{"$f":"ROUND(IF(AND(F315:H315),C315*E315*F315*G315*H315,IF(AND(F315,G315),C315*E315*F315*G315,IF(AND(F315,H315),C315*E315*F315*H315,IF(AND(G315,H315),C315*E315*G315*H315,IF(F315,C315*E315*F315,IF(G315,C315*E315*G315,IF(H315,C315*E315*H315,C315*E315))))))),2)","v":4.86},"Cum",{"$nulls":3},"SSR 22-23"]
[null,null,1,"x",2,{"v":2.74,"d":"2.740"},{"v":0.23,"d":"0.230"},{"v":2.35,"d":"2.350"},2.96,"Cum",{"$nulls":3},"SSR 22-23"]
[null,null,1,"x",1,{"v":0.9,"d":"0.900"},{"v":0.23,"d":"0.230"},{"v":2,"d":"2.000"},{"$f":"-ROUND(IF(AND(F317:H317),C317*E317*F317*G317*H317,IF(AND(F317,G317),C317*E317*F317*G317,IF(AND(F317,H317),C317*E317*F317*H317,IF(AND(G317,H317),C317*E317*G317*H317,IF(F317,C317*E317*F317,IF(G317,C317*E317*G317,IF(H317,C317*E317*H317,C317*E317))))))),2)","v":-0.41},"Cum",{"$nulls":3},"SSR 22-23"]
[null,null,1,"x",1,{"v":1.2,"d":"1.200"},{"v":0.23,"d":"0.230"},{"v":1.1,"d":"1.100"},{"$f":"-ROUND(IF(AND(F318:H318),C318*E318*F318*G318*H318,IF(AND(F318,G318),C318*E318*F318*G318,IF(AND(F318,H318),C318*E318*F318*H318,IF(AND(G318,H318),C318*E318*G318*H318,IF(F318,C318*E318*F318,IF(G318,C318*E318*G318,IF(H318,C318*E318*H318,C318*E318))))))),2)","v":{"v":-0.3,"d":"-0.30"}},"Cum",{"$nulls":3},"SSR 22-23"]
[{"$nulls":13},"SSR 22-23"]
[{"$nulls":9},"Cum",{"$f":"data!G3127","v":{"v":7673.4,"d":"7673.40"}},"SSR 22-23",{"$f":"ROUND(I320*K320,0)","v":{"v":0,"d":"0.00"}},"SSR 22-23"]
[5,"Reinforced Brick Masonry for partition walls (11.0 cm thick) in CM (1:6) prop. (Cement : Sand) using common burnt clay bricks of class as per Table- I of IS:1077-1992, Non- Modular or traditional size    23 x 11 x 7 cms from approved source having minimum crushing strength of 40 Kg/Sq.cm and placing 2 Nos. of 6mm M.S plain rods in every third layer with free ends of the reinforcement pegged into mortar joints of main brick walls where applicable including cost and conveyance of all materials and  all operational, incidental charges such as labour charges for mixing cement mortar, scaffolding charges, lift charges,and all labour charges etc., but excluding cost of steel and its fabrication charges complete for finished item of work. ",{"$nulls":11},"SSR 19-20"]
[null,"Qty.p.5 of M.B.No.1186/A/ZP/20",null,"16.05.2023",{"$nulls":9},"SSR 19-20"]
[null,null,1,"x",1,{"v":10,"d":"10.000"},{"v":0,"d":"0.000"},{"v":0.9,"d":"0.900"},{"$f":"ROUND(IF(AND(F323:H323),C323*E323*F323*G323*H323,IF(AND(F323,G323),C323*E323*F323*G323,IF(AND(F323,H323),C323*E323*F323*H323,IF(AND(G323,H323),C323*E323*G323*H323,IF(F323,C323*E323*F323,IF(G323,C323*E323*G323,IF(H323,C323*E323*H323,C323*E323))))))),2)","v":{"v":9,"d":"9.00"}},"Sqm",{"$nulls":3},"SSR 19-20"]
[null,null,1,"x",1,{"v":9.2,"d":"9.200"},{"v":0,"d":"0.000"},{"v":0.9,"d":"0.900"},8.28,"Sqm",{"$nulls":3},"SSR 19-20"]
[null,null,1,"x",1,{"v":13.7,"d":"13.700"},{"v":0,"d":"0.000"},{"v":0.9,"d":"0.900"},12.33,"Sqm",{"$nulls":3},"SSR 19-20"]
[null,null,1,"x",1,{"v":5.95,"d":"5.950"},{"v":0,"d":"0.000"},{"v":0.9,"d":"0.900"},5.36,"Sqm",{"$nulls":3},"SSR 19-20"]
[{"$nulls":13},"SSR 19-20"]
[{"$nulls":9},"Sqm",{"$f":"data!G411","v":830.76},"SSR 19-20",{"$f":"ROUND(I328*K328/1,0)","v":{"v":0,"d":"0.00"}},"SSR 19-20"]
[6,"Reinforced Brick Masonry for partition walls (11.0 cm thick) in CM (1:6) prop. (Cement : Sand) using common burnt clay bricks of class as per Table- I of IS:1077-1992, Non- Modular or traditional size    23 x 11 x 7 cms from approved source having minimum crushing strength of 40 Kg/Sq.cm and placing 2 Nos. of 6mm M.S plain rods in every third layer with free ends of the reinforcement pegged into mortar joints of main brick walls where applicable including cost and conveyance of all materials and  all operational, incidental charges such as labour charges for mixing cement mortar, scaffolding charges, lift charges,and all labour charges etc., but excluding cost of steel and its fabrication charges complete for finished item of work. ",{"$nulls":11},"SSR 20-21"]
[null,"Qty.p.88 of M.B.No.441/A/ZP/19",{"$nulls":11},"SSR 20-21"]
[null,null,1,"x",1,{"v":41.7,"d":"41.700"},{"v":0,"d":"0.000"},{"v":0.9,"d":"0.900"},{"$f":"ROUND(IF(AND(F331:H331),C331*E331*F331*G331*H331,IF(AND(F331,G331),C331*E331*F331*G331,IF(AND(F331,H331),C331*E331*F331*H331,IF(AND(G331,H331),C331*E331*G331*H331,IF(F331,C331*E331*F331,IF(G331,C331*E331*G331,IF(H331,C331*E331*H331,C331*E331))))))),2)","v":37.53},"Sqm",{"$nulls":3},"SSR 20-21"]
[{"$nulls":13},"SSR 20-21"]
[{"$nulls":9},"Sqm",{"$f":"data!G1328","v":856.26},"SSR 20-21",{"$f":"ROUND(I333*K333/1,0)","v":{"v":0,"d":"0.00"}},"SSR 20-21"]
[6,"Reinforced Brick Masonry for partition walls (11.0 cm thick) in CM (1:6) prop. (Cement : Sand) using common burnt clay bricks of class as per Table- I of IS:1077-1992, Non- Modular or traditional size    23 x 11 x 7 cms from approved source having minimum crushing strength of 40 Kg/Sq.cm and placing 2 Nos. of 6mm M.S plain rods in every third layer with free ends of the reinforcement pegged into mortar joints of main brick walls where applicable including cost and conveyance of all materials and  all operational, incidental charges such as labour charges for mixing cement mortar, scaffolding charges, lift charges,and all labour charges etc., but excluding cost of steel and its fabrication charges complete for finished item of work. ",{"$nulls":11},"SSR 21-22"]
[null,"Qty.p.89 of M.B.No.441/A/ZP/19",{"$nulls":11},"SSR 21-22"]
[null,"Landing side",1,"x",1,{"v":2.72,"d":"2.720"},{"v":0,"d":"0.000"},{"v":2.4,"d":"2.400"},{"$f":"ROUND(IF(AND(F336:H336),C336*E336*F336*G336*H336,IF(AND(F336,G336),C336*E336*F336*G336,IF(AND(F336,H336),C336*E336*F336*H336,IF(AND(G336,H336),C336*E336*G336*H336,IF(F336,C336*E336*F336,IF(G336,C336*E336*G336,IF(H336,C336*E336*H336,C336*E336))))))),2)","v":6.53},"Sqm",{"$nulls":3},"SSR 21-22"]
[null,null,1,"x",2,{"v":1,"d":"1.000"},{"v":0,"d":"0.000"},{"v":2.7,"d":"2.700"},{"$f":"ROUND(IF(AND(F337:H337),C337*E337*F337*G337*H337,IF(AND(F337,G337),C337*E337*F337*G337,IF(AND(F337,H337),C337*E337*F337*H337,IF(AND(G337,H337),C337*E337*G337*H337,IF(F337,C337*E337*F337,IF(G337,C337*E337*G337,IF(H337,C337*E337*H337,C337*E337))))))),2)","v":{"v":5.4,"d":"5.40"}},"Sqm",{"$nulls":3},"SSR 21-22"]
[{"$nulls":13},"SSR 21-22"]
[{"$nulls":9},"Sqm",{"$f":"data!G2245","v":913.89},"SSR 21-22",{"$f":"ROUND(I339*K339/1,0)","v":{"v":0,"d":"0.00"}},"SSR 21-22"]
[6,"Reinforced Brick Masonry for partition walls (11.0 cm thick) in CM (1:6) prop. (Cement : Sand) using common burnt clay bricks of class as per Table- I of IS:1077-1992, Non- Modular or traditional size    23 x 11 x 7 cms from approved source having minimum crushing strength of 40 Kg/Sq.cm and placing 2 Nos. of 6mm M.S plain rods in every third layer with free ends of the reinforcement pegged into mortar joints of main brick walls where applicable including cost and conveyance of all materials and  all operational, incidental charges such as labour charges for mixing cement mortar, scaffolding charges, lift charges,and all labour charges etc., but excluding cost of steel and its fabrication charges complete for finished item of work. ",{"$nulls":11},"SSR 22-23"]
[null,"Qty.p.5 of M.B.No.1186/A/ZP/20",{"$nulls":11},"SSR 22-23"]
[null,null,1,"x",1,{"v":10,"d":"10.000"},{"v":0,"d":"0.000"},{"v":0.9,"d":"0.900"},{"$f":"ROUND(IF(AND(F342:H342),C342*E342*F342*G342*H342,IF(AND(F342,G342),C342*E342*F342*G342,IF(AND(F342,H342),C342*E342*F342*H342,IF(AND(G342,H342),C342*E342*G342*H342,IF(F342,C342*E342*F342,IF(G342,C342*E342*G342,IF(H342,C342*E342*H342,C342*E342))))))),2)","v":{"v":9,"d":"9.00"}},"Sqm",{"$nulls":3},"SSR 22-23"]
[null,null,1,"x",1,{"v":9.2,"d":"9.200"},{"v":0,"d":"0.000"},{"v":0.9,"d":"0.900"},8.28,"Sqm",{"$nulls":3},"SSR 22-23"]
[null,null,1,"x",1,{"v":13.7,"d":"13.700"},{"v":0,"d":"0.000"},{"v":0.9,"d":"0.900"},12.33,"Sqm",{"$nulls":3},"SSR 22-23"]
[null,null,1,"x",1,{"v":5.95,"d":"5.950"},{"v":0,"d":"0.000"},{"v":0.9,"d":"0.900"},5.36,"Sqm",{"$nulls":3},"SSR 22-23"]
[{"$nulls":13},"SSR 22-23"]
[{"$nulls":9},"Sqm",{"$f":"data!G3162","v":999.57},"SSR 22-23",{"$f":"ROUND(I347*K347/1,0)","v":{"v":0,"d":"0.00"}},"SSR 22-23"]
[20,"Masonry work in CM (1:8) prop with Flyash Cement solid blocks of size 290 x 150 x 140 mm for manufacturing of flyash solid blocks using flyash of 80 kgs, cement of 15 kgs. Gypsum of 5 kgs. and stone dust including cost and conveyance of all materials, labour charges, seiniorage charges, scaffolding and curing etc., cpomplete with a compresive streangth not lessthan 50 kg/sqm for walls for Superstructure Walls.",{"$nulls":11},"SSR 19-20"]
[null,"Qty.p.91 of M.B.No.441/A/ZP/19",{"$nulls":11},"SSR 19-20"]
[null,"Plantation walls",1,"x",2,{"v":0.75,"d":"0.750"},{"v":0.15,"d":"0.150"},{"v":1.05,"d":"1.050"},{"$f":"ROUND(IF(AND(F350:H350),C350*E350*F350*G350*H350,IF(AND(F350,G350),C350*E350*F350*G350,IF(AND(F350,H350),C350*E350*F350*H350,IF(AND(G350,H350),C350*E350*G350*H350,IF(F350,C350*E350*F350,IF(G350,C350*E350*G350,IF(H350,C350*E350*H350,C350*E350))))))),2)","v":0.24},"Cum",{"$nulls":3},"SSR 19-20"]
[null,null,1,"x",1,{"v":1.2,"d":"1.200"},{"v":0.15,"d":"0.150"},{"v":0.75,"d":"0.750"},0.14,"Cum",{"$nulls":3},"SSR 19-20"]
[null,null,1,"x",1,{"v":2.85,"d":"2.850"},{"v":0.15,"d":"0.150"},{"v":1.2,"d":"1.200"},0.51,"Cum",{"$nulls":3},"SSR 19-20"]
[{"$nulls":13},"SSR 19-20"]
[{"$nulls":9},"Cum",{"$f":"data!G428","v":{"v":6013.960000000001,"d":"6013.96"}},"SSR 19-20",{"$f":"ROUND(I354*K354,0)","v":{"v":0,"d":"0.00"}},"SSR 19-20"]
[20,"Masonry work in CM (1:8) prop with Flyash Cement solid blocks of size 290 x 150 x 140 mm for manufacturing of flyash solid blocks using flyash of 80 kgs, cement of 15 kgs. Gypsum of 5 kgs. and stone dust including cost and conveyance of all materials, labour charges, seiniorage charges, scaffolding and curing etc., cpomplete with a compresive streangth not lessthan 50 kg/sqm for walls for Superstructure Walls.",{"$nulls":11},"SSR 20-21"]
[null,"Qty.p.91 of M.B.No.441/A/ZP/19",{"$nulls":11},"SSR 20-21"]
[null,"Plantation walls",1,"x",2,{"v":0.75,"d":"0.750"},{"v":0.15,"d":"0.150"},{"v":1.05,"d":"1.050"},{"$f":"ROUND(IF(AND(F357:H357),C357*E357*F357*G357*H357,IF(AND(F357,G357),C357*E357*F357*G357,IF(AND(F357,H357),C357*E357*F357*H357,IF(AND(G357,H357),C357*E357*G357*H357,IF(F357,C357*E357*F357,IF(G357,C357*E357*G357,IF(H357,C357*E357*H357,C357*E357))))))),2)","v":0.24},"Cum",{"$nulls":3},"SSR 20-21"]
[null,null,1,"x",1,{"v":1.2,"d":"1.200"},{"v":0.15,"d":"0.150"},{"v":0.75,"d":"0.750"},{"$f":"ROUND(IF(AND(F358:H358),C358*E358*F358*G358*H358,IF(AND(F358,G358),C358*E358*F358*G358,IF(AND(F358,H358),C358*E358*F358*H358,IF(AND(G358,H358),C358*E358*G358*H358,IF(F358,C358*E358*F358,IF(G358,C358*E358*G358,IF(H358,C358*E358*H358,C358*E358))))))),2)","v":0.14},"Cum",{"$nulls":3},"SSR 20-21"]
[null,null,1,"x",1,{"v":2.85,"d":"2.850"},{"v":0.15,"d":"0.150"},{"v":1.2,"d":"1.200"},{"$f":"ROUND(IF(AND(F359:H359),C359*E359*F359*G359*H359,IF(AND(F359,G359),C359*E359*F359*G359,IF(AND(F359,H359),C359*E359*F359*H359,IF(AND(G359,H359),C359*E359*G359*H359,IF(F359,C359*E359*F359,IF(G359,C359*E359*G359,IF(H359,C359*E359*H359,C359*E359))))))),2)","v":0.51},"Cum",{"$nulls":3},"SSR 20-21"]
[{"$nulls":13},"SSR 20-21"]
[{"$nulls":9},"Cum",{"$f":"data!G1345","v":6227.11},"SSR 20-21",{"$f":"ROUND(I361*K361,0)","v":{"v":0,"d":"0.00"}},"SSR 20-21"]
[20,"Masonry work in CM (1:8) prop with Flyash Cement solid blocks of size 290 x 150 x 140 mm for manufacturing of flyash solid blocks using flyash of 80 kgs, cement of 15 kgs. Gypsum of 5 kgs. and stone dust including cost and conveyance of all materials, labour charges, seiniorage charges, scaffolding and curing etc., cpomplete with a compresive streangth not lessthan 50 kg/sqm for walls for Superstructure Walls.",{"$nulls":11},"SSR 21-22"]
[null,"Qty.p.91 of M.B.No.441/A/ZP/19",{"$nulls":11},"SSR 21-22"]
[null,"Plantation walls",1,"x",2,{"v":0.75,"d":"0.750"},{"v":0.15,"d":"0.150"},{"v":1.05,"d":"1.050"},{"$f":"ROUND(IF(AND(F364:H364),C364*E364*F364*G364*H364,IF(AND(F364,G364),C364*E364*F364*G364,IF(AND(F364,H364),C364*E364*F364*H364,IF(AND(G364,H364),C364*E364*G364*H364,IF(F364,C364*E364*F364,IF(G364,C364*E364*G364,IF(H364,C364*E364*H364,C364*E364))))))),2)","v":0.24},"Cum",{"$nulls":3},"SSR 21-22"]
[null,null,1,"x",1,{"v":1.2,"d":"1.200"},{"v":0.15,"d":"0.150"},{"v":0.75,"d":"0.750"},{"$f":"ROUND(IF(AND(F365:H365),C365*E365*F365*G365*H365,IF(AND(F365,G365),C365*E365*F365*G365,IF(AND(F365,H365),C365*E365*F365*H365,IF(AND(G365,H365),C365*E365*G365*H365,IF(F365,C365*E365*F365,IF(G365,C365*E365*G365,IF(H365,C365*E365*H365,C365*E365))))))),2)","v":0.14},"Cum",{"$nulls":3},"SSR 21-22"]
[null,null,1,"x",1,{"v":2.85,"d":"2.850"},{"v":0.15,"d":"0.150"},{"v":1.2,"d":"1.200"},{"$f":"ROUND(IF(AND(F366:H366),C366*E366*F366*G366*H366,IF(AND(F366,G366),C366*E366*F366*G366,IF(AND(F366,H366),C366*E366*F366*H366,IF(AND(G366,H366),C366*E366*G366*H366,IF(F366,C366*E366*F366,IF(G366,C366*E366*G366,IF(H366,C366*E366*H366,C366*E366))))))),2)","v":0.51},"Cum",{"$nulls":3},"SSR 21-22"]
[{"$nulls":13},"SSR 21-22"]
[{"$nulls":9},"Cum",{"$f":"data!G2262","v":6774.69},"SSR 21-22",{"$f":"ROUND(I368*K368,0)","v":{"v":0,"d":"0.00"}},"SSR 21-22"]
[20,"Masonry work in CM (1:8) prop with Flyash Cement solid blocks of size 290 x 150 x 140 mm for manufacturing of flyash solid blocks using flyash of 80 kgs, cement of 15 kgs. Gypsum of 5 kgs. and stone dust including cost and conveyance of all materials, labour charges, seiniorage charges, scaffolding and curing etc., cpomplete with a compresive streangth not lessthan 50 kg/sqm for walls for Superstructure Walls.",{"$nulls":11},"SSR 22-23"]
[null,"Qty.p.91 of M.B.No.441/A/ZP/19",{"$nulls":11},"SSR 22-23"]
[null,"Plantation walls",1,"x",2,{"v":0.75,"d":"0.750"},{"v":0.15,"d":"0.150"},{"v":1.05,"d":"1.050"},{"$f":"ROUND(IF(AND(F371:H371),C371*E371*F371*G371*H371,IF(AND(F371,G371),C371*E371*F371*G371,IF(AND(F371,H371),C371*E371*F371*H371,IF(AND(G371,H371),C371*E371*G371*H371,IF(F371,C371*E371*F371,IF(G371,C371*E371*G371,IF(H371,C371*E371*H371,C371*E371))))))),2)","v":0.24},"Cum",{"$nulls":3},"SSR 22-23"]
[null,null,1,"x",1,{"v":1.2,"d":"1.200"},{"v":0.15,"d":"0.150"},{"v":0.75,"d":"0.750"},{"$f":"ROUND(IF(AND(F372:H372),C372*E372*F372*G372*H372,IF(AND(F372,G372),C372*E372*F372*G372,IF(AND(F372,H372),C372*E372*F372*H372,IF(AND(G372,H372),C372*E372*G372*H372,IF(F372,C372*E372*F372,IF(G372,C372*E372*G372,IF(H372,C372*E372*H372,C372*E372))))))),2)","v":0.14},"Cum",{"$nulls":3},"SSR 22-23"]
[null,null,1,"x",1,{"v":2.85,"d":"2.850"},{"v":0.15,"d":"0.150"},{"v":1.2,"d":"1.200"},{"$f":"ROUND(IF(AND(F373:H373),C373*E373*F373*G373*H373,IF(AND(F373,G373),C373*E373*F373*G373,IF(AND(F373,H373),C373*E373*F373*H373,IF(AND(G373,H373),C373*E373*G373*H373,IF(F373,C373*E373*F373,IF(G373,C373*E373*G373,IF(H373,C373*E373*H373,C373*E373))))))),2)","v":0.51},"Cum",{"$nulls":3},"SSR 22-23"]
[{"$nulls":13},"SSR 22-23"]
[{"$nulls":9},"Cum",{"$f":"data!G3179","v":{"v":7187.450000000001,"d":"7187.45"}},"SSR 22-23",{"$f":"ROUND(I375*K375,0)","v":{"v":0,"d":"0.00"}},"SSR 22-23"]
[6,"Ceiling Plastering to Ceiling in CM (1:3) 12mm thick with dubara sponge finishing  including c/c of all materials including labour charges such as mixing cement mortar and curing etc complete for finished item of work (APSS 901 & 903) ",{"$nulls":11},"SSR 19-20"]
[null,"Qty.p.18 of M.B.No.1186/A/ZP/20",null,"26.06.2023",{"$nulls":9},"SSR 19-20"]
[null,"Head room ceiling",1,"x",1,{"v":2.68,"d":"2.680"},{"v":3.16,"d":"3.160"},{"v":0,"d":"0.000"},{"$f":"ROUND(IF(AND(F378:H378),C378*E378*F378*G378*H378,IF(AND(F378,G378),C378*E378*F378*G378,IF(AND(F378,H378),C378*E378*F378*H378,IF(AND(G378,H378),C378*E378*G378*H378,IF(F378,C378*E378*F378,IF(G378,C378*E378*G378,IF(H378,C378*E378*H378,C378*E378))))))),2)","v":8.47},"Sqm",{"$nulls":3},"SSR 19-20"]
[null,"Front projection",1,"x",1,{"v":3.7,"d":"3.700"},{"v":0.3,"d":"0.300"},{"v":0,"d":"0.000"},1.11,"Sqm",{"$nulls":3},"SSR 19-20"]
[null,"Side projection",1,"x",2,{"v":5,"d":"5.000"},{"v":0.3,"d":"0.300"},{"v":0,"d":"0.000"},{"v":3,"d":"3.00"},"Sqm",{"$nulls":3},"SSR 19-20"]
[{"$nulls":13},"SSR 19-20"]
[{"$nulls":9},"Sqm",{"$f":"data!G444","v":321.79},"SSR 19-20",{"$f":"ROUND(I382*K382,0)","v":{"v":0,"d":"0.00"}},"SSR 19-20"]
[7,"Ceiling Plastering to Ceiling in CM (1:3) 12mm thick with dubara sponge finishing  including c/c of all materials including labour charges such as mixing cement mortar and curing etc complete for finished item of work (APSS 901 & 903) ",{"$nulls":11},"SSR 20-21"]
[null,"Qty.p.99 of M.B.No.441/A/ZP/19",{"$nulls":11},"SSR 20-21"]
[null,"Head room",1,"x",1,{"v":4.16,"d":"4.160"},{"v":2.72,"d":"2.720"},{"v":0,"d":"0.000"},{"$f":"ROUND(IF(AND(F385:H385),C385*E385*F385*G385*H385,IF(AND(F385,G385),C385*E385*F385*G385,IF(AND(F385,H385),C385*E385*F385*H385,IF(AND(G385,H385),C385*E385*G385*H385,IF(F385,C385*E385*F385,IF(G385,C385*E385*G385,IF(H385,C385*E385*H385,C385*E385))))))),2)","v":11.32},"Sqm",{"$nulls":3},"SSR 20-21"]
[null,"slab projection bottom",1,"x",1,{"v":3.78,"d":"3.780"},{"v":0.6,"d":"0.600"},{"v":0,"d":"0.000"},{"$f":"ROUND(IF(AND(F386:H386),C386*E386*F386*G386*H386,IF(AND(F386,G386),C386*E386*F386*G386,IF(AND(F386,H386),C386*E386*F386*H386,IF(AND(G386,H386),C386*E386*G386*H386,IF(F386,C386*E386*F386,IF(G386,C386*E386*G386,IF(H386,C386*E386*H386,C386*E386))))))),2)","v":2.27},"Sqm",{"$nulls":3},"SSR 20-21"]
[null,"Sides",1,"x",2,{"v":4.62,"d":"4.620"},{"v":0.3,"d":"0.300"},{"v":0,"d":"0.000"},2.77,"Sqm",{"$nulls":3},"SSR 20-21"]
[null,"Slab edges",1,"x",1,{"v":18,"d":"18.000"},{"v":0,"d":"0.000"},0.125,2.25,"Sqm",{"$nulls":3},"SSR 20-21"]
[{"$nulls":13},"SSR 20-21"]
[{"$nulls":9},"Sqm",{"$f":"data!G1361","v":344.38},"SSR 20-21",{"$f":"ROUND(I390*K390,0)","v":{"v":0,"d":"0.00"}},"SSR 20-21"]
[7,"Ceiling Plastering to Ceiling in CM (1:3) 12mm thick with dubara sponge finishing  including c/c of all materials including labour charges such as mixing cement mortar and curing etc complete for finished item of work (APSS 901 & 903) ",{"$nulls":11},"SSR 21-22"]
[null,"Qty.p.17 of M.B.No.441/A/ZP/19",{"$nulls":11},"SSR 21-22"]
[null,"Landing side",1,"x",1,{"v":2.93,"d":"2.930"},{"v":0.87,"d":"0.870"},{"v":0,"d":"0.000"},{"$f":"ROUND(IF(AND(F393:H393),C393*E393*F393*G393*H393,IF(AND(F393,G393),C393*E393*F393*G393,IF(AND(F393,H393),C393*E393*F393*H393,IF(AND(G393,H393),C393*E393*G393*H393,IF(F393,C393*E393*F393,IF(G393,C393*E393*G393,IF(H393,C393*E393*H393,C393*E393))))))),2)","v":2.55},"Sqm",{"$nulls":3},"SSR 21-22"]
[null,"Beam sides",1,"x",2,{"v":2.7,"d":"2.700"},{"v":0.3,"d":"0.300"},{"v":0,"d":"0.000"},{"$f":"ROUND(IF(AND(F394:H394),C394*E394*F394*G394*H394,IF(AND(F394,G394),C394*E394*F394*G394,IF(AND(F394,H394),C394*E394*F394*H394,IF(AND(G394,H394),C394*E394*G394*H394,IF(F394,C394*E394*F394,IF(G394,C394*E394*G394,IF(H394,C394*E394*H394,C394*E394))))))),2)","v":1.62},"Sqm",{"$nulls":3},"SSR 21-22"]
[null,"Projection ",1,"x",2,{"v":0.88,"d":"0.880"},{"v":4.6,"d":"4.600"},{"v":0,"d":"0.000"},{"$f":"ROUND(IF(AND(F395:H395),C395*E395*F395*G395*H395,IF(AND(F395,G395),C395*E395*F395*G395,IF(AND(F395,H395),C395*E395*F395*H395,IF(AND(G395,H395),C395*E395*G395*H395,IF(F395,C395*E395*F395,IF(G395,C395*E395*G395,IF(H395,C395*E395*H395,C395*E395))))))),2)","v":{"v":8.1,"d":"8.10"}},"Sqm",{"$nulls":3},"SSR 21-22"]
[{"$nulls":13},"SSR 21-22"]
[{"$nulls":9},"Sqm",{"$f":"data!G2278","v":365.08},"SSR 21-22",{"$f":"ROUND(I397*K397,0)","v":{"v":0,"d":"0.00"}},"SSR 21-22"]
[7,"Ceiling Plastering to Ceiling in CM (1:3) 12mm thick with dubara sponge finishing  including c/c of all materials including labour charges such as mixing cement mortar and curing etc complete for finished item of work (APSS 901 & 903) ",{"$nulls":11},"SSR 22-23"]
[null,"Qty.p.18 of M.B.No.1186/A/ZP/20",{"$nulls":11},"SSR 22-23"]
[null,null,1,"x",1,{"v":2.68,"d":"2.680"},{"v":3.16,"d":"3.160"},{"v":0,"d":"0.000"},{"$f":"ROUND(IF(AND(F400:H400),C400*E400*F400*G400*H400,IF(AND(F400,G400),C400*E400*F400*G400,IF(AND(F400,H400),C400*E400*F400*H400,IF(AND(G400,H400),C400*E400*G400*H400,IF(F400,C400*E400*F400,IF(G400,C400*E400*G400,IF(H400,C400*E400*H400,C400*E400))))))),2)","v":8.47},"Sqm",{"$nulls":3},"SSR 22-23"]
[null,null,1,"x",1,{"v":3.7,"d":"3.700"},{"v":0.3,"d":"0.300"},{"v":0,"d":"0.000"},1.11,"Sqm",{"$nulls":3},"SSR 22-23"]
[null,null,1,"x",2,{"v":5,"d":"5.000"},{"v":0.3,"d":"0.300"},{"v":0,"d":"0.000"},{"v":3,"d":"3.00"},"Sqm",{"$nulls":3},"SSR 22-23"]
[{"$nulls":13},"SSR 22-23"]
[{"$nulls":9},"Sqm",{"$f":"data!G3195","v":385.55},"SSR 22-23",{"$f":"ROUND(I404*K404,0)","v":{"v":0,"d":"0.00"}},"SSR 22-23"]
[8,"Plastering in CM (1:5) 12mm thick  single coat including c/c of all materials and labour charges such as mixing cement mortar etc and curing etc complete for finished item of work (APSS 901,  903 & 904) ",{"$nulls":11},"SSR 19-20"]
[null,"Qty.p.44 of M.B.No.441/A/ZP/19",{"$nulls":11},"SSR 19-20"]
[null,"long side",1,"x",2,{"v":4.37,"d":"4.370"},{"v":0,"d":"0.000"},{"v":2.65,"d":"2.650"},{"$f":"ROUND(IF(AND(F407:H407),C407*E407*F407*G407*H407,IF(AND(F407,G407),C407*E407*F407*G407,IF(AND(F407,H407),C407*E407*F407*H407,IF(AND(G407,H407),C407*E407*G407*H407,IF(F407,C407*E407*F407,IF(G407,C407*E407*G407,IF(H407,C407*E407*H407,C407*E407))))))),2)","v":23.16},"Sqm",{"$nulls":3},"SSR 19-20"]
[null,"Deduct door",1,"x",1,{"v":0.9,"d":"0.900"},{"v":0,"d":"0.000"},{"v":2.08,"d":"2.080"},{"$f":"-ROUND(IF(AND(F408:H408),C408*E408*F408*G408*H408,IF(AND(F408,G408),C408*E408*F408*G408,IF(AND(F408,H408),C408*E408*F408*H408,IF(AND(G408,H408),C408*E408*G408*H408,IF(F408,C408*E408*F408,IF(G408,C408*E408*G408,IF(H408,C408*E408*H408,C408*E408))))))),2)","v":-1.87},"Sqm",{"$nulls":3},"SSR 19-20"]
[null,"Parapet wall",1,"x",1,{"v":38.15,"d":"38.150"},{"v":0,"d":"0.000"},{"v":0.7,"d":"0.700"},{"$f":"ROUND(IF(AND(F409:H409),C409*E409*F409*G409*H409,IF(AND(F409,G409),C409*E409*F409*G409,IF(AND(F409,H409),C409*E409*F409*H409,IF(AND(G409,H409),C409*E409*G409*H409,IF(F409,C409*E409*F409,IF(G409,C409*E409*G409,IF(H409,C409*E409*H409,C409*E409))))))),2)","v":26.71},"Sqm",{"$nulls":3},"SSR 19-20"]
[null,"Dummy pillars sides",8,"x",2,0.115,{"v":0,"d":"0.000"},{"v":0.7,"d":"0.700"},1.29,"Sqm",{"$nulls":3},"SSR 19-20"]
[{"$nulls":13},"SSR 19-20"]
[{"$nulls":9},"Sqm",{"$f":"data!G460","v":289.52},"SSR 19-20",{"$f":"ROUND(I412*K412,0)","v":{"v":0,"d":"0.00"}},"SSR 19-20"]
[8,"Plastering in CM (1:5) 12mm thick  single coat including c/c of all materials and labour charges such as mixing cement mortar etc and curing etc complete for finished item of work (APSS 901,  903 & 904) ",{"$nulls":11},"SSR 20-21"]
[null,"Qty.p.44 of M.B.No.441/A/ZP/19",{"$nulls":11},"SSR 20-21"]
[null,"long side",1,"x",2,{"v":4.37,"d":"4.370"},{"v":0,"d":"0.000"},{"v":2.65,"d":"2.650"},{"$f":"ROUND(IF(AND(F415:H415),C415*E415*F415*G415*H415,IF(AND(F415,G415),C415*E415*F415*G415,IF(AND(F415,H415),C415*E415*F415*H415,IF(AND(G415,H415),C415*E415*G415*H415,IF(F415,C415*E415*F415,IF(G415,C415*E415*G415,IF(H415,C415*E415*H415,C415*E415))))))),2)","v":23.16},"Sqm",{"$nulls":3},"SSR 20-21"]
[null,"Deduct door",1,"x",1,{"v":0.9,"d":"0.900"},{"v":0,"d":"0.000"},{"v":2.08,"d":"2.080"},{"$f":"-ROUND(IF(AND(F416:H416),C416*E416*F416*G416*H416,IF(AND(F416,G416),C416*E416*F416*G416,IF(AND(F416,H416),C416*E416*F416*H416,IF(AND(G416,H416),C416*E416*G416*H416,IF(F416,C416*E416*F416,IF(G416,C416*E416*G416,IF(H416,C416*E416*H416,C416*E416))))))),2)","v":-1.87},"Sqm",{"$nulls":3},"SSR 20-21"]
[null,"Parapet wall",1,"x",1,{"v":38.15,"d":"38.150"},{"v":0,"d":"0.000"},{"v":0.7,"d":"0.700"},{"$f":"ROUND(IF(AND(F417:H417),C417*E417*F417*G417*H417,IF(AND(F417,G417),C417*E417*F417*G417,IF(AND(F417,H417),C417*E417*F417*H417,IF(AND(G417,H417),C417*E417*G417*H417,IF(F417,C417*E417*F417,IF(G417,C417*E417*G417,IF(H417,C417*E417*H417,C417*E417))))))),2)","v":26.71},"Sqm",{"$nulls":3},"SSR 20-21"]
[null,"Dummy pillars sides",8,"x",2,0.115,{"v":0,"d":"0.000"},{"v":0.7,"d":"0.700"},{"$f":"ROUND(IF(AND(F418:H418),C418*E418*F418*G418*H418,IF(AND(F418,G418),C418*E418*F418*G418,IF(AND(F418,H418),C418*E418*F418*H418,IF(AND(G418,H418),C418*E418*G418*H418,IF(F418,C418*E418*F418,IF(G418,C418*E418*G418,IF(H418,C418*E418*H418,C418*E418))))))),2)","v":1.29},"Sqm",{"$nulls":3},"SSR 20-21"]
[{"$nulls":13},"SSR 20-21"]
[{"$nulls":9},"Sqm",{"$f":"data!G1377","v":312.11},"SSR 20-21",{"$f":"ROUND(I420*K420,0)","v":{"v":0,"d":"0.00"}},"SSR 20-21"]
[8,"Plastering in CM (1:5) 12mm thick  single coat including c/c of all materials and labour charges such as mixing cement mortar etc and curing etc complete for finished item of work (APSS 901,  903 & 904) ",{"$nulls":11},"SSR 21-22"]
[null,"Qty.p.44 of M.B.No.441/A/ZP/19",{"$nulls":11},"SSR 21-22"]
[null,"long side",1,"x",2,{"v":4.37,"d":"4.370"},{"v":0,"d":"0.000"},{"v":2.65,"d":"2.650"},{"$f":"ROUND(IF(AND(F423:H423),C423*E423*F423*G423*H423,IF(AND(F423,G423),C423*E423*F423*G423,IF(AND(F423,H423),C423*E423*F423*H423,IF(AND(G423,H423),C423*E423*G423*H423,IF(F423,C423*E423*F423,IF(G423,C423*E423*G423,IF(H423,C423*E423*H423,C423*E423))))))),2)","v":23.16},"Sqm",{"$nulls":3},"SSR 21-22"]
[null,"Deduct door",1,"x",1,{"v":0.9,"d":"0.900"},{"v":0,"d":"0.000"},{"v":2.08,"d":"2.080"},{"$f":"-ROUND(IF(AND(F424:H424),C424*E424*F424*G424*H424,IF(AND(F424,G424),C424*E424*F424*G424,IF(AND(F424,H424),C424*E424*F424*H424,IF(AND(G424,H424),C424*E424*G424*H424,IF(F424,C424*E424*F424,IF(G424,C424*E424*G424,IF(H424,C424*E424*H424,C424*E424))))))),2)","v":-1.87},"Sqm",{"$nulls":3},"SSR 21-22"]
[null,"Parapet wall",1,"x",1,{"v":38.15,"d":"38.150"},{"v":0,"d":"0.000"},{"v":0.7,"d":"0.700"},{"$f":"ROUND(IF(AND(F425:H425),C425*E425*F425*G425*H425,IF(AND(F425,G425),C425*E425*F425*G425,IF(AND(F425,H425),C425*E425*F425*H425,IF(AND(G425,H425),C425*E425*G425*H425,IF(F425,C425*E425*F425,IF(G425,C425*E425*G425,IF(H425,C425*E425*H425,C425*E425))))))),2)","v":26.71},"Sqm",{"$nulls":3},"SSR 21-22"]
[null,"Dummy pillars sides",8,"x",2,0.115,{"v":0,"d":"0.000"},{"v":0.7,"d":"0.700"},{"$f":"ROUND(IF(AND(F426:H426),C426*E426*F426*G426*H426,IF(AND(F426,G426),C426*E426*F426*G426,IF(AND(F426,H426),C426*E426*F426*H426,IF(AND(G426,H426),C426*E426*G426*H426,IF(F426,C426*E426*F426,IF(G426,C426*E426*G426,IF(H426,C426*E426*H426,C426*E426))))))),2)","v":1.29},"Sqm",{"$nulls":3},"SSR 21-22"]
[{"$nulls":13},"SSR 21-22"]
[{"$nulls":9},"Sqm",{"$f":"data!G2294","v":331.62},"SSR 21-22",{"$f":"ROUND(I428*K428,0)","v":{"v":0,"d":"0.00"}},"SSR 21-22"]
[8,"Plastering in CM (1:5) 12mm thick  single coat including c/c of all materials and labour charges such as mixing cement mortar etc and curing etc complete for finished item of work (APSS 901,  903 & 904) ",{"$nulls":11},"SSR 22-23"]
[null,"Qty.p.44 of M.B.No.441/A/ZP/19",{"$nulls":11},"SSR 22-23"]
[null,"long side",1,"x",2,{"v":4.37,"d":"4.370"},{"v":0,"d":"0.000"},{"v":2.65,"d":"2.650"},{"$f":"ROUND(IF(AND(F431:H431),C431*E431*F431*G431*H431,IF(AND(F431,G431),C431*E431*F431*G431,IF(AND(F431,H431),C431*E431*F431*H431,IF(AND(G431,H431),C431*E431*G431*H431,IF(F431,C431*E431*F431,IF(G431,C431*E431*G431,IF(H431,C431*E431*H431,C431*E431))))))),2)","v":23.16},"Sqm",{"$nulls":3},"SSR 22-23"]
[null,"Deduct door",1,"x",1,{"v":0.9,"d":"0.900"},{"v":0,"d":"0.000"},{"v":2.08,"d":"2.080"},{"$f":"-ROUND(IF(AND(F432:H432),C432*E432*F432*G432*H432,IF(AND(F432,G432),C432*E432*F432*G432,IF(AND(F432,H432),C432*E432*F432*H432,IF(AND(G432,H432),C432*E432*G432*H432,IF(F432,C432*E432*F432,IF(G432,C432*E432*G432,IF(H432,C432*E432*H432,C432*E432))))))),2)","v":-1.87},"Sqm",{"$nulls":3},"SSR 22-23"]
[null,"Parapet wall",1,"x",1,{"v":38.15,"d":"38.150"},{"v":0,"d":"0.000"},{"v":0.7,"d":"0.700"},{"$f":"ROUND(IF(AND(F433:H433),C433*E433*F433*G433*H433,IF(AND(F433,G433),C433*E433*F433*G433,IF(AND(F433,H433),C433*E433*F433*H433,IF(AND(G433,H433),C433*E433*G433*H433,IF(F433,C433*E433*F433,IF(G433,C433*E433*G433,IF(H433,C433*E433*H433,C433*E433))))))),2)","v":26.71},"Sqm",{"$nulls":3},"SSR 22-23"]
[null,"Dummy pillars sides",8,"x",2,0.115,{"v":0,"d":"0.000"},{"v":0.7,"d":"0.700"},{"$f":"ROUND(IF(AND(F434:H434),C434*E434*F434*G434*H434,IF(AND(F434,G434),C434*E434*F434*G434,IF(AND(F434,H434),C434*E434*F434*H434,IF(AND(G434,H434),C434*E434*G434*H434,IF(F434,C434*E434*F434,IF(G434,C434*E434*G434,IF(H434,C434*E434*H434,C434*E434))))))),2)","v":1.29},"Sqm",{"$nulls":3},"SSR 22-23"]
[{"$nulls":13},"SSR 22-23"]
[{"$nulls":9},"Sqm",{"$f":"data!G3211","v":{"v":352.1,"d":"352.10"}},"SSR 22-23",{"$f":"ROUND(I436*K436,0)","v":{"v":0,"d":"0.00"}},"SSR 22-23"]
[9,"Plastering in CM (1:5) 20mm thick  single coat including c/c of all materials including all operational, incidental and labour charges such as mixing cement mortar and curing etc complete for finished item of work (APSS 901,  903 & 904)  ",{"$nulls":11},"SSR 19-20"]
[null,"Qty.p.48 of M.B.No.441/A/ZP/19",{"$nulls":11},"SSR 19-20"]
[null,null,1,"x",2,{"v":3.25,"d":"3.250"},{"v":0,"d":"0.000"},{"v":2.6,"d":"2.600"},{"$f":"ROUND(IF(AND(F439:H439),C439*E439*F439*G439*H439,IF(AND(F439,G439),C439*E439*F439*G439,IF(AND(F439,H439),C439*E439*F439*H439,IF(AND(G439,H439),C439*E439*G439*H439,IF(F439,C439*E439*F439,IF(G439,C439*E439*G439,IF(H439,C439*E439*H439,C439*E439))))))),2)","v":{"v":16.9,"d":"16.90"}},"Sqm",{"$nulls":3},"SSR 19-20"]
[null,null,1,"x",2,{"v":4.62,"d":"4.620"},{"v":0,"d":"0.000"},{"v":2.6,"d":"2.600"},24.02,"Sqm",{"$nulls":3},"SSR 19-20"]
[null,"Deduct door",1,"x",1,{"v":0.9,"d":"0.900"},{"v":0,"d":"0.000"},{"v":2.08,"d":"2.080"},{"$f":"-ROUND(IF(AND(F441:H441),C441*E441*F441*G441*H441,IF(AND(F441,G441),C441*E441*F441*G441,IF(AND(F441,H441),C441*E441*F441*H441,IF(AND(G441,H441),C441*E441*G441*H441,IF(F441,C441*E441*F441,IF(G441,C441*E441*G441,IF(H441,C441*E441*H441,C441*E441))))))),2)","v":-1.87},"Sqm",{"$nulls":3},"SSR 19-20"]
[null,"Parapet wall",1,"x",1,{"v":1.2,"d":"1.200"},{"v":0,"d":"0.000"},{"v":1.2,"d":"1.200"},{"$f":"-ROUND(IF(AND(F442:H442),C442*E442*F442*G442*H442,IF(AND(F442,G442),C442*E442*F442*G442,IF(AND(F442,H442),C442*E442*F442*H442,IF(AND(G442,H442),C442*E442*G442*H442,IF(F442,C442*E442*F442,IF(G442,C442*E442*G442,IF(H442,C442*E442*H442,C442*E442))))))),2)","v":-1.44},"Sqm",{"$nulls":3},"SSR 19-20"]
[{"$nulls":13},"SSR 19-20"]
[{"$nulls":9},"Sqm",{"$f":"data!G476","v":307.37},"SSR 19-20",{"$f":"ROUND(I444*K444,0)","v":{"v":0,"d":"0.00"}},"SSR 19-20"]
[9,"Plastering in CM (1:5) 20mm thick  single coat including c/c of all materials including all operational, incidental and labour charges such as mixing cement mortar and curing etc complete for finished item of work (APSS 901,  903 & 904)  ",{"$nulls":11},"SSR 20-21"]
[null,"Qty.p.48 of M.B.No.441/A/ZP/19",{"$nulls":11},"SSR 20-21"]
[null,null,1,"x",2,{"v":3.25,"d":"3.250"},{"v":0,"d":"0.000"},{"v":2.6,"d":"2.600"},{"$f":"ROUND(IF(AND(F447:H447),C447*E447*F447*G447*H447,IF(AND(F447,G447),C447*E447*F447*G447,IF(AND(F447,H447),C447*E447*F447*H447,IF(AND(G447,H447),C447*E447*G447*H447,IF(F447,C447*E447*F447,IF(G447,C447*E447*G447,IF(H447,C447*E447*H447,C447*E447))))))),2)","v":{"v":16.9,"d":"16.90"}},"Sqm",{"$nulls":3},"SSR 20-21"]
[null,null,1,"x",2,{"v":4.62,"d":"4.620"},{"v":0,"d":"0.000"},{"v":2.6,"d":"2.600"},{"$f":"ROUND(IF(AND(F448:H448),C448*E448*F448*G448*H448,IF(AND(F448,G448),C448*E448*F448*G448,IF(AND(F448,H448),C448*E448*F448*H448,IF(AND(G448,H448),C448*E448*G448*H448,IF(F448,C448*E448*F448,IF(G448,C448*E448*G448,IF(H448,C448*E448*H448,C448*E448))))))),2)","v":24.02},"Sqm",{"$nulls":3},"SSR 20-21"]
[null,"Deduct door",1,"x",1,{"v":0.9,"d":"0.900"},{"v":0,"d":"0.000"},{"v":2.08,"d":"2.080"},{"$f":"-ROUND(IF(AND(F449:H449),C449*E449*F449*G449*H449,IF(AND(F449,G449),C449*E449*F449*G449,IF(AND(F449,H449),C449*E449*F449*H449,IF(AND(G449,H449),C449*E449*G449*H449,IF(F449,C449*E449*F449,IF(G449,C449*E449*G449,IF(H449,C449*E449*H449,C449*E449))))))),2)","v":-1.87},"Sqm",{"$nulls":3},"SSR 20-21"]
[null,"Parapet wall",1,"x",1,{"v":1.2,"d":"1.200"},{"v":0,"d":"0.000"},{"v":1.2,"d":"1.200"},{"$f":"-ROUND(IF(AND(F450:H450),C450*E450*F450*G450*H450,IF(AND(F450,G450),C450*E450*F450*G450,IF(AND(F450,H450),C450*E450*F450*H450,IF(AND(G450,H450),C450*E450*G450*H450,IF(F450,C450*E450*F450,IF(G450,C450*E450*G450,IF(H450,C450*E450*H450,C450*E450))))))),2)","v":-1.44},"Sqm",{"$nulls":3},"SSR 20-21"]
[{"$nulls":13},"SSR 20-21"]
[{"$nulls":9},"Sqm",{"$f":"data!G1393","v":330.52},"SSR 20-21",{"$f":"ROUND(I452*K452,0)","v":{"v":0,"d":"0.00"}},"SSR 20-21"]
[9,"Plastering in CM (1:5) 20mm thick  single coat including c/c of all materials including all operational, incidental and labour charges such as mixing cement mortar and curing etc complete for finished item of work (APSS 901,  903 & 904)  ",{"$nulls":11},"SSR 21-22"]
[null,"Qty.p.48 of M.B.No.441/A/ZP/19",{"$nulls":11},"SSR 21-22"]
[null,null,1,"x",2,{"v":3.25,"d":"3.250"},{"v":0,"d":"0.000"},{"v":2.6,"d":"2.600"},{"$f":"ROUND(IF(AND(F455:H455),C455*E455*F455*G455*H455,IF(AND(F455,G455),C455*E455*F455*G455,IF(AND(F455,H455),C455*E455*F455*H455,IF(AND(G455,H455),C455*E455*G455*H455,IF(F455,C455*E455*F455,IF(G455,C455*E455*G455,IF(H455,C455*E455*H455,C455*E455))))))),2)","v":{"v":16.9,"d":"16.90"}},"Sqm",{"$nulls":3},"SSR 21-22"]
[null,null,1,"x",2,{"v":4.62,"d":"4.620"},{"v":0,"d":"0.000"},{"v":2.6,"d":"2.600"},{"$f":"ROUND(IF(AND(F456:H456),C456*E456*F456*G456*H456,IF(AND(F456,G456),C456*E456*F456*G456,IF(AND(F456,H456),C456*E456*F456*H456,IF(AND(G456,H456),C456*E456*G456*H456,IF(F456,C456*E456*F456,IF(G456,C456*E456*G456,IF(H456,C456*E456*H456,C456*E456))))))),2)","v":24.02},"Sqm",{"$nulls":3},"SSR 21-22"]
[null,"Deduct door",1,"x",1,{"v":0.9,"d":"0.900"},{"v":0,"d":"0.000"},{"v":2.08,"d":"2.080"},{"$f":"-ROUND(IF(AND(F457:H457),C457*E457*F457*G457*H457,IF(AND(F457,G457),C457*E457*F457*G457,IF(AND(F457,H457),C457*E457*F457*H457,IF(AND(G457,H457),C457*E457*G457*H457,IF(F457,C457*E457*F457,IF(G457,C457*E457*G457,IF(H457,C457*E457*H457,C457*E457))))))),2)","v":-1.87},"Sqm",{"$nulls":3},"SSR 21-22"]
[null,"Parapet wall",1,"x",1,{"v":1.2,"d":"1.200"},{"v":0,"d":"0.000"},{"v":1.2,"d":"1.200"},{"$f":"-ROUND(IF(AND(F458:H458),C458*E458*F458*G458*H458,IF(AND(F458,G458),C458*E458*F458*G458,IF(AND(F458,H458),C458*E458*F458*H458,IF(AND(G458,H458),C458*E458*G458*H458,IF(F458,C458*E458*F458,IF(G458,C458*E458*G458,IF(H458,C458*E458*H458,C458*E458))))))),2)","v":-1.44},"Sqm",{"$nulls":3},"SSR 21-22"]
[{"$nulls":13},"SSR 21-22"]
[{"$nulls":9},"Sqm",{"$f":"data!G2310","v":351.31},"SSR 21-22",{"$f":"ROUND(I460*K460,0)","v":{"v":0,"d":"0.00"}},"SSR 21-22"]
[9,"Plastering in CM (1:5) 20mm thick  single coat including c/c of all materials including all operational, incidental and labour charges such as mixing cement mortar and curing etc complete for finished item of work (APSS 901,  903 & 904)  ",{"$nulls":11},"SSR 22-23"]
[null,"Qty.p.48 of M.B.No.441/A/ZP/19",{"$nulls":11},"SSR 22-23"]
[null,null,1,"x",2,{"v":3.25,"d":"3.250"},{"v":0,"d":"0.000"},{"v":2.6,"d":"2.600"},{"$f":"ROUND(IF(AND(F463:H463),C463*E463*F463*G463*H463,IF(AND(F463,G463),C463*E463*F463*G463,IF(AND(F463,H463),C463*E463*F463*H463,IF(AND(G463,H463),C463*E463*G463*H463,IF(F463,C463*E463*F463,IF(G463,C463*E463*G463,IF(H463,C463*E463*H463,C463*E463))))))),2)","v":{"v":16.9,"d":"16.90"}},"Sqm",{"$nulls":3},"SSR 22-23"]
[null,null,1,"x",2,{"v":4.62,"d":"4.620"},{"v":0,"d":"0.000"},{"v":2.6,"d":"2.600"},{"$f":"ROUND(IF(AND(F464:H464),C464*E464*F464*G464*H464,IF(AND(F464,G464),C464*E464*F464*G464,IF(AND(F464,H464),C464*E464*F464*H464,IF(AND(G464,H464),C464*E464*G464*H464,IF(F464,C464*E464*F464,IF(G464,C464*E464*G464,IF(H464,C464*E464*H464,C464*E464))))))),2)","v":24.02},"Sqm",{"$nulls":3},"SSR 22-23"]
[null,"Deduct door",1,"x",1,{"v":0.9,"d":"0.900"},{"v":0,"d":"0.000"},{"v":2.08,"d":"2.080"},{"$f":"-ROUND(IF(AND(F465:H465),C465*E465*F465*G465*H465,IF(AND(F465,G465),C465*E465*F465*G465,IF(AND(F465,H465),C465*E465*F465*H465,IF(AND(G465,H465),C465*E465*G465*H465,IF(F465,C465*E465*F465,IF(G465,C465*E465*G465,IF(H465,C465*E465*H465,C465*E465))))))),2)","v":-1.87},"Sqm",{"$nulls":3},"SSR 22-23"]
[null,"Parapet wall",1,"x",1,{"v":1.2,"d":"1.200"},{"v":0,"d":"0.000"},{"v":1.2,"d":"1.200"},{"$f":"-ROUND(IF(AND(F466:H466),C466*E466*F466*G466*H466,IF(AND(F466,G466),C466*E466*F466*G466,IF(AND(F466,H466),C466*E466*F466*H466,IF(AND(G466,H466),C466*E466*G466*H466,IF(F466,C466*E466*F466,IF(G466,C466*E466*G466,IF(H466,C466*E466*H466,C466*E466))))))),2)","v":-1.44},"Sqm",{"$nulls":3},"SSR 22-23"]
[{"$nulls":13},"SSR 22-23"]
[{"$nulls":9},"Sqm",{"$f":"data!G3227","v":372.29},"SSR 22-23",{"$f":"ROUND(I468*K468,0)","v":{"v":0,"d":"0.00"}},"SSR 22-23"]
[7,"Plastering to brick masonary wall with  12mm thick double coat in CM (1:5) 8 mm thick base coat and CM (1:3) of 4mm thick top coat with dubara sponge finish including c/c of all materials including all operational, incidental and labour charges such as mixing cement mortar and curing etc complete for finished item of work (APSS 901,  903 & 904) ",{"$nulls":11},"SSR 19-20"]
[null,"Qty.p.23 of M.B.No.1186/A/ZP/20",null,"26.06.2023",{"$nulls":9},"SSR 19-20"]
[null,null,1,"x",2,{"v":2.72,"d":"2.720"},{"v":0,"d":"0.000"},{"v":2.38,"d":"2.380"},{"$f":"ROUND(IF(AND(F471:H471),C471*E471*F471*G471*H471,IF(AND(F471,G471),C471*E471*F471*G471,IF(AND(F471,H471),C471*E471*F471*H471,IF(AND(G471,H471),C471*E471*G471*H471,IF(F471,C471*E471*F471,IF(G471,C471*E471*G471,IF(H471,C471*E471*H471,C471*E471))))))),2)","v":12.95},"Sqm",{"$nulls":3},"SSR 19-20"]
[null,null,1,"x",2,{"v":3.16,"d":"3.160"},{"v":0,"d":"0.000"},{"v":2.38,"d":"2.380"},15.04,"Sqm",{"$nulls":3},"SSR 19-20"]
[null,"Deduct door",1,"x",1,{"v":0.9,"d":"0.900"},{"v":0,"d":"0.000"},{"v":2.1,"d":"2.100"},{"$f":"-ROUND(IF(AND(F473:H473),C473*E473*F473*G473*H473,IF(AND(F473,G473),C473*E473*F473*G473,IF(AND(F473,H473),C473*E473*F473*H473,IF(AND(G473,H473),C473*E473*G473*H473,IF(F473,C473*E473*F473,IF(G473,C473*E473*G473,IF(H473,C473*E473*H473,C473*E473))))))),2)","v":-1.89},"Sqm",{"$nulls":3},"SSR 19-20"]
[null,"Deduct door",1,"x",1,{"v":1.2,"d":"1.200"},{"v":0,"d":"0.000"},{"v":1.1,"d":"1.100"},{"$f":"-ROUND(IF(AND(F474:H474),C474*E474*F474*G474*H474,IF(AND(F474,G474),C474*E474*F474*G474,IF(AND(F474,H474),C474*E474*F474*H474,IF(AND(G474,H474),C474*E474*G474*H474,IF(F474,C474*E474*F474,IF(G474,C474*E474*G474,IF(H474,C474*E474*H474,C474*E474))))))),2)","v":-1.32},"Sqm",{"$nulls":3},"SSR 19-20"]
[null,"Parapet wall",1,"x",1,{"v":10.05,"d":"10.050"},{"v":0,"d":"0.000"},{"v":1.9,"d":"1.900"},{"$f":"ROUND(IF(AND(F475:H475),C475*E475*F475*G475*H475,IF(AND(F475,G475),C475*E475*F475*G475,IF(AND(F475,H475),C475*E475*F475*H475,IF(AND(G475,H475),C475*E475*G475*H475,IF(F475,C475*E475*F475,IF(G475,C475*E475*G475,IF(H475,C475*E475*H475,C475*E475))))))),2)","v":{"v":19.1,"d":"19.10"}},"Sqm",{"$nulls":3},"SSR 19-20"]
[null,null,1,"x",1,{"v":9.2,"d":"9.200"},{"v":0,"d":"0.000"},{"v":1.9,"d":"1.900"},17.48,"Sqm",{"$nulls":3},"SSR 19-20"]
[null,null,1,"x",1,{"v":13.7,"d":"13.700"},{"v":0,"d":"0.000"},{"v":1.9,"d":"1.900"},26.03,"Sqm",{"$nulls":3},"SSR 19-20"]
[null,null,1,"x",1,{"v":5.95,"d":"5.950"},{"v":0,"d":"0.000"},{"v":1.9,"d":"1.900"},11.31,"Sqm",{"$nulls":3},"SSR 19-20"]
[{"$nulls":13},"SSR 19-20"]
[{"$nulls":9},"Sqm",{"$f":"data!G512","v":{"v":380.2,"d":"380.20"}},"SSR 19-20",{"$f":"ROUND(I480*K480,0)","v":{"v":0,"d":"0.00"}},"SSR 19-20"]
[8,"Plastering to brick masonary wall with  12mm thick double coat in CM (1:5) 8 mm thick base coat and CM (1:3) of 4mm thick top coat with dubara sponge finish including c/c of all materials including all operational, incidental and labour charges such as mixing cement mortar and curing etc complete for finished item of work (APSS 901,  903 & 904) ",{"$nulls":11},"SSR 20-21"]
[null,"Qty.p.8 of M.B.No.432/A/ZP/19",{"$nulls":11},"SSR 20-21"]
[null,"Staircase room alround",1,"x",1,{"v":13.76,"d":"13.760"},{"v":0,"d":"0.000"},{"v":2.4,"d":"2.400"},{"$f":"ROUND(IF(AND(F483:H483),C483*E483*F483*G483*H483,IF(AND(F483,G483),C483*E483*F483*G483,IF(AND(F483,H483),C483*E483*F483*H483,IF(AND(G483,H483),C483*E483*G483*H483,IF(F483,C483*E483*F483,IF(G483,C483*E483*G483,IF(H483,C483*E483*H483,C483*E483))))))),2)","v":33.02},"Sqm",{"$nulls":3},"SSR 20-21"]
[null,"Deduct door",1,"x",1,{"v":1.2,"d":"1.200"},{"v":0,"d":"0.000"},{"v":2.1,"d":"2.100"},{"$f":"-ROUND(IF(AND(F484:H484),C484*E484*F484*G484*H484,IF(AND(F484,G484),C484*E484*F484*G484,IF(AND(F484,H484),C484*E484*F484*H484,IF(AND(G484,H484),C484*E484*G484*H484,IF(F484,C484*E484*F484,IF(G484,C484*E484*G484,IF(H484,C484*E484*H484,C484*E484))))))),2)","v":-2.52},"Sqm",{"$nulls":3},"SSR 20-21"]
[null,"Deduct Elevation glass fitting",1,"x",1,{"v":1.27,"d":"1.270"},{"v":0,"d":"0.000"},{"v":1.8,"d":"1.800"},{"$f":"-ROUND(IF(AND(F485:H485),C485*E485*F485*G485*H485,IF(AND(F485,G485),C485*E485*F485*G485,IF(AND(F485,H485),C485*E485*F485*H485,IF(AND(G485,H485),C485*E485*G485*H485,IF(F485,C485*E485*F485,IF(G485,C485*E485*G485,IF(H485,C485*E485*H485,C485*E485))))))),2)","v":-2.29},"Sqm",{"$nulls":3},"SSR 20-21"]
[null,"RB sides",1,"x",2,{"v":2.4,"d":"2.400"},{"v":0,"d":"0.000"},{"v":0.3,"d":"0.300"},1.44,"Sqm",{"$nulls":3},"SSR 20-21"]
[null,"Elevation glass fittings sides",1,"x",1,{"v":6.1,"d":"6.100"},{"v":0.23,"d":"0.230"},{"v":0,"d":"0.000"},{"v":1.4,"d":"1.40"},"Sqm",{"$nulls":3},"SSR 20-21"]
[{"$nulls":13},"SSR 20-21"]
[{"$nulls":9},"Sqm",{"$f":"data!G1429","v":410.98},"SSR 20-21",{"$f":"ROUND(I489*K489,0)","v":{"v":0,"d":"0.00"}},"SSR 20-21"]
[8,"Plastering to brick masonary wall with  12mm thick double coat in CM (1:5) 8 mm thick base coat and CM (1:3) of 4mm thick top coat with dubara sponge finish including c/c of all materials including all operational, incidental and labour charges such as mixing cement mortar and curing etc complete for finished item of work (APSS 901,  903 & 904) ",{"$nulls":11},"SSR 21-22"]
[null,"Qty.p.17 of M.B.No.441/A/ZP/19",{"$nulls":11},"SSR 21-22"]
[null,"long side",1,"x",2,{"v":4.64,"d":"4.640"},{"v":0,"d":"0.000"},{"v":2.7,"d":"2.700"},{"$f":"ROUND(IF(AND(F492:H492),C492*E492*F492*G492*H492,IF(AND(F492,G492),C492*E492*F492*G492,IF(AND(F492,H492),C492*E492*F492*H492,IF(AND(G492,H492),C492*E492*G492*H492,IF(F492,C492*E492*F492,IF(G492,C492*E492*G492,IF(H492,C492*E492*H492,C492*E492))))))),2)","v":25.06},"Sqm",{"$nulls":3},"SSR 21-22"]
[null,"Deduct door",1,"x",1,{"v":1.07,"d":"1.070"},{"v":0,"d":"0.000"},{"v":2.12,"d":"2.120"},{"$f":"-ROUND(IF(AND(F493:H493),C493*E493*F493*G493*H493,IF(AND(F493,G493),C493*E493*F493*G493,IF(AND(F493,H493),C493*E493*F493*H493,IF(AND(G493,H493),C493*E493*G493*H493,IF(F493,C493*E493*F493,IF(G493,C493*E493*G493,IF(H493,C493*E493*H493,C493*E493))))))),2)","v":-2.27},"Sqm",{"$nulls":3},"SSR 21-22"]
[null,"Parapet wall",1,"x",1,{"v":37.8,"d":"37.800"},{"v":0,"d":"0.000"},{"v":0.88,"d":"0.880"},{"$f":"ROUND(IF(AND(F494:H494),C494*E494*F494*G494*H494,IF(AND(F494,G494),C494*E494*F494*G494,IF(AND(F494,H494),C494*E494*F494*H494,IF(AND(G494,H494),C494*E494*G494*H494,IF(F494,C494*E494*F494,IF(G494,C494*E494*G494,IF(H494,C494*E494*H494,C494*E494))))))),2)","v":33.26},"Sqm",{"$nulls":3},"SSR 21-22"]
[{"$nulls":13},"SSR 21-22"]
[{"$nulls":9},"Sqm",{"$f":"data!G2346","v":436.23},"SSR 21-22",{"$f":"ROUND(I496*K496,0)","v":{"v":0,"d":"0.00"}},"SSR 21-22"]
[8,"Plastering to brick masonary wall with  12mm thick double coat in CM (1:5) 8 mm thick base coat and CM (1:3) of 4mm thick top coat with dubara sponge finish including c/c of all materials including all operational, incidental and labour charges such as mixing cement mortar and curing etc complete for finished item of work (APSS 901,  903 & 904) ",{"$nulls":11},"SSR 22-23"]
[null,"Qty.p.23 of M.B.No.1186/A/ZP/20",{"$nulls":11},"SSR 22-23"]
[null,null,1,"x",2,{"v":2.72,"d":"2.720"},{"v":0,"d":"0.000"},{"v":2.38,"d":"2.380"},{"$f":"ROUND(IF(AND(F499:H499),C499*E499*F499*G499*H499,IF(AND(F499,G499),C499*E499*F499*G499,IF(AND(F499,H499),C499*E499*F499*H499,IF(AND(G499,H499),C499*E499*G499*H499,IF(F499,C499*E499*F499,IF(G499,C499*E499*G499,IF(H499,C499*E499*H499,C499*E499))))))),2)","v":12.95},"Sqm",{"$nulls":3},"SSR 22-23"]
[null,null,1,"x",2,{"v":3.16,"d":"3.160"},{"v":0,"d":"0.000"},{"v":2.38,"d":"2.380"},15.04,"Sqm",{"$nulls":3},"SSR 22-23"]
[null,null,1,"x",1,{"v":0.9,"d":"0.900"},{"v":0,"d":"0.000"},{"v":2.1,"d":"2.100"},{"$f":"-ROUND(IF(AND(F501:H501),C501*E501*F501*G501*H501,IF(AND(F501,G501),C501*E501*F501*G501,IF(AND(F501,H501),C501*E501*F501*H501,IF(AND(G501,H501),C501*E501*G501*H501,IF(F501,C501*E501*F501,IF(G501,C501*E501*G501,IF(H501,C501*E501*H501,C501*E501))))))),2)","v":-1.89},"Sqm",{"$nulls":3},"SSR 22-23"]
[null,null,1,"x",1,{"v":1.2,"d":"1.200"},{"v":0,"d":"0.000"},{"v":1.1,"d":"1.100"},{"$f":"-ROUND(IF(AND(F502:H502),C502*E502*F502*G502*H502,IF(AND(F502,G502),C502*E502*F502*G502,IF(AND(F502,H502),C502*E502*F502*H502,IF(AND(G502,H502),C502*E502*G502*H502,IF(F502,C502*E502*F502,IF(G502,C502*E502*G502,IF(H502,C502*E502*H502,C502*E502))))))),2)","v":-1.32},"Sqm",{"$nulls":3},"SSR 22-23"]
[null,null,1,"x",1,{"v":10.05,"d":"10.050"},{"v":0,"d":"0.000"},{"v":1.9,"d":"1.900"},{"v":19.1,"d":"19.10"},"Sqm",{"$nulls":3},"SSR 22-23"]
[null,null,1,"x",1,{"v":9.2,"d":"9.200"},{"v":0,"d":"0.000"},{"v":1.9,"d":"1.900"},17.48,"Sqm",{"$nulls":3},"SSR 22-23"]
[null,null,1,"x",1,{"v":13.7,"d":"13.700"},{"v":0,"d":"0.000"},{"v":1.9,"d":"1.900"},26.03,"Sqm",{"$nulls":3},"SSR 22-23"]
[null,null,1,"x",1,{"v":5.95,"d":"5.950"},{"v":0,"d":"0.000"},{"v":1.9,"d":"1.900"},11.31,"Sqm",{"$nulls":3},"SSR 22-23"]
[{"$nulls":13},"SSR 22-23"]
[{"$nulls":9},"Sqm",{"$f":"data!G3263","v":464.16},"SSR 22-23",{"$f":"ROUND(I508*K508,0)","v":{"v":0,"d":"0.00"}},"SSR 22-23"]
[8,"Plastering to brick masonary wall with  20mm thick double coat in CM (1:6) 16 mm thick base coat and CM (1:4) of 4mm thick top coat with dubara sponge finish including c/c of all materials including all operational, incidental and labour charges such as mixing cement mortar and curing etc complete for finished item of work (APSS 901,  903 & 904) ",{"$nulls":11},"SSR 19-20"]
[null,"Qty.p.24 of M.B.No.1186/A/ZP/20",null,"26.06.2023",{"$nulls":9},"SSR 19-20"]
[null,"head room",1,"x",2,{"v":4.5,"d":"4.500"},{"v":0,"d":"0.000"},{"v":2.38,"d":"2.380"},{"$f":"ROUND(IF(AND(F511:H511),C511*E511*F511*G511*H511,IF(AND(F511,G511),C511*E511*F511*G511,IF(AND(F511,H511),C511*E511*F511*H511,IF(AND(G511,H511),C511*E511*G511*H511,IF(F511,C511*E511*F511,IF(G511,C511*E511*G511,IF(H511,C511*E511*H511,C511*E511))))))),2)","v":21.42},"Sqm",{"$nulls":3},"SSR 19-20"]
[null,null,1,"x",2,{"v":3.2,"d":"3.200"},{"v":0,"d":"0.000"},{"v":2.38,"d":"2.380"},15.23,"Sqm",{"$nulls":3},"SSR 19-20"]
[null,"deduct opening",1,"x",1,{"v":1.2,"d":"1.200"},{"v":0,"d":"0.000"},{"v":1.1,"d":"1.100"},{"$f":"-ROUND(IF(AND(F513:H513),C513*E513*F513*G513*H513,IF(AND(F513,G513),C513*E513*F513*G513,IF(AND(F513,H513),C513*E513*F513*H513,IF(AND(G513,H513),C513*E513*G513*H513,IF(F513,C513*E513*F513,IF(G513,C513*E513*G513,IF(H513,C513*E513*H513,C513*E513))))))),2)","v":-1.32},"Sqm",{"$nulls":3},"SSR 19-20"]
[{"$nulls":13},"SSR 19-20"]
[{"$nulls":9},"Sqm",{"$f":"data!G532","v":393.56},"SSR 19-20",{"$f":"ROUND(I515*K515,0)","v":{"v":0,"d":"0.00"}},"SSR 19-20"]
[9,"Plastering to brick masonary wall with  20mm thick double coat in CM (1:6) 16 mm thick base coat and CM (1:4) of 4mm thick top coat with dubara sponge finish including c/c of all materials including all operational, incidental and labour charges such as mixing cement mortar and curing etc complete for finished item of work (APSS 901,  903 & 904) ",{"$nulls":11},"SSR 20-21"]
[null,"Qty.p.13 of M.B.No.432/A/ZP/19",{"$nulls":11},"SSR 20-21"]
[null,"head room alround",1,"x",1,{"v":15.6,"d":"15.600"},{"v":0,"d":"0.000"},{"v":2.4,"d":"2.400"},{"$f":"ROUND(IF(AND(F518:H518),C518*E518*F518*G518*H518,IF(AND(F518,G518),C518*E518*F518*G518,IF(AND(F518,H518),C518*E518*F518*H518,IF(AND(G518,H518),C518*E518*G518*H518,IF(F518,C518*E518*F518,IF(G518,C518*E518*G518,IF(H518,C518*E518*H518,C518*E518))))))),2)","v":37.44},"Sqm",{"$nulls":3},"SSR 20-21"]
[null,"Deduct door",1,"x",1,{"v":1.2,"d":"1.200"},{"v":0,"d":"0.000"},{"v":2.1,"d":"2.100"},{"$f":"-ROUND(IF(AND(F519:H519),C519*E519*F519*G519*H519,IF(AND(F519,G519),C519*E519*F519*G519,IF(AND(F519,H519),C519*E519*F519*H519,IF(AND(G519,H519),C519*E519*G519*H519,IF(F519,C519*E519*F519,IF(G519,C519*E519*G519,IF(H519,C519*E519*H519,C519*E519))))))),2)","v":-2.52},"Sqm",{"$nulls":3},"SSR 20-21"]
[null,"Staircase elevation fitting",1,"x",1,{"v":1.27,"d":"1.270"},{"v":0,"d":"0.000"},{"v":1.8,"d":"1.800"},{"$f":"-ROUND(IF(AND(F520:H520),C520*E520*F520*G520*H520,IF(AND(F520,G520),C520*E520*F520*G520,IF(AND(F520,H520),C520*E520*F520*H520,IF(AND(G520,H520),C520*E520*G520*H520,IF(F520,C520*E520*F520,IF(G520,C520*E520*G520,IF(H520,C520*E520*H520,C520*E520))))))),2)","v":-2.29},"Sqm",{"$nulls":3},"SSR 20-21"]
[null,"Slab edges",1,"x",1,{"v":18,"d":"18.000"},{"v":0,"d":"0.000"},0.125,{"$f":"ROUND(IF(AND(F521:H521),C521*E521*F521*G521*H521,IF(AND(F521,G521),C521*E521*F521*G521,IF(AND(F521,H521),C521*E521*F521*H521,IF(AND(G521,H521),C521*E521*G521*H521,IF(F521,C521*E521*F521,IF(G521,C521*E521*G521,IF(H521,C521*E521*H521,C521*E521))))))),2)","v":2.25},"Sqm",{"$nulls":3},"SSR 20-21"]
[null,"Qty.p.13 of M.B.No.432/A/ZP/19",{"$nulls":11},"SSR 20-21"]
[null,"Parapet wall",1,"x",2,{"v":41.7,"d":"41.700"},{"v":0,"d":"0.000"},{"v":0.9,"d":"0.900"},{"$f":"ROUND(IF(AND(F523:H523),C523*E523*F523*G523*H523,IF(AND(F523,G523),C523*E523*F523*G523,IF(AND(F523,H523),C523*E523*F523*H523,IF(AND(G523,H523),C523*E523*G523*H523,IF(F523,C523*E523*F523,IF(G523,C523*E523*G523,IF(H523,C523*E523*H523,C523*E523))))))),2)","v":75.06},"Sqm",{"$nulls":3},"SSR 20-21"]
[{"$nulls":13},"SSR 20-21"]
[{"$nulls":9},"Sqm",{"$f":"data!G1449","v":424.91},"SSR 20-21",{"$f":"ROUND(I525*K525,0)","v":{"v":0,"d":"0.00"}},"SSR 20-21"]
[9,"Plastering to brick masonary wall with  20mm thick double coat in CM (1:6) 16 mm thick base coat and CM (1:4) of 4mm thick top coat with dubara sponge finish including c/c of all materials including all operational, incidental and labour charges such as mixing cement mortar and curing etc complete for finished item of work (APSS 901,  903 & 904) ",{"$nulls":11},"SSR 21-22"]
[null,"Qty.p.21 of M.B.No.441/A/ZP/19",{"$nulls":11},"SSR 21-22"]
[null,null,1,"x",2,{"v":3.25,"d":"3.250"},{"v":0,"d":"0.000"},{"v":2.7,"d":"2.700"},{"$f":"ROUND(IF(AND(F528:H528),C528*E528*F528*G528*H528,IF(AND(F528,G528),C528*E528*F528*G528,IF(AND(F528,H528),C528*E528*F528*H528,IF(AND(G528,H528),C528*E528*G528*H528,IF(F528,C528*E528*F528,IF(G528,C528*E528*G528,IF(H528,C528*E528*H528,C528*E528))))))),2)","v":17.55},"Sqm",{"$nulls":3},"SSR 21-22"]
[null,null,1,"x",2,{"v":4.74,"d":"4.740"},{"v":0,"d":"0.000"},{"v":2.7,"d":"2.700"},{"$f":"ROUND(IF(AND(F529:H529),C529*E529*F529*G529*H529,IF(AND(F529,G529),C529*E529*F529*G529,IF(AND(F529,H529),C529*E529*F529*H529,IF(AND(G529,H529),C529*E529*G529*H529,IF(F529,C529*E529*F529,IF(G529,C529*E529*G529,IF(H529,C529*E529*H529,C529*E529))))))),2)","v":{"v":25.6,"d":"25.60"}},"Sqm",{"$nulls":3},"SSR 21-22"]
[null,"Parapet wall",1,"x",1,{"v":1.5,"d":"1.500"},{"v":0,"d":"0.000"},{"v":1.35,"d":"1.350"},{"$f":"-ROUND(IF(AND(F530:H530),C530*E530*F530*G530*H530,IF(AND(F530,G530),C530*E530*F530*G530,IF(AND(F530,H530),C530*E530*F530*H530,IF(AND(G530,H530),C530*E530*G530*H530,IF(F530,C530*E530*F530,IF(G530,C530*E530*G530,IF(H530,C530*E530*H530,C530*E530))))))),2)","v":-2.03},"Sqm",{"$nulls":3},"SSR 21-22"]
[{"$nulls":13},"SSR 21-22"]
[{"$nulls":9},"Sqm",{"$f":"data!G2366","v":451.54},"SSR 21-22",{"$f":"ROUND(I532*K532,0)","v":{"v":0,"d":"0.00"}},"SSR 21-22"]
[8,"Plastering to brick masonary wall with  20mm thick double coat in CM (1:6) 16 mm thick base coat and CM (1:4) of 4mm thick top coat with dubara sponge finish including c/c of all materials including all operational, incidental and labour charges such as mixing cement mortar and curing etc complete for finished item of work (APSS 901,  903 & 904) ",{"$nulls":11},"SSR 22-23"]
[null,"Qty.p.24 of M.B.No.1186/A/ZP/20",null,"26.06.2023",{"$nulls":9},"SSR 22-23"]
[null,"head room",1,"x",2,{"v":4.5,"d":"4.500"},{"v":0,"d":"0.000"},{"v":2.38,"d":"2.380"},{"$f":"ROUND(IF(AND(F535:H535),C535*E535*F535*G535*H535,IF(AND(F535,G535),C535*E535*F535*G535,IF(AND(F535,H535),C535*E535*F535*H535,IF(AND(G535,H535),C535*E535*G535*H535,IF(F535,C535*E535*F535,IF(G535,C535*E535*G535,IF(H535,C535*E535*H535,C535*E535))))))),2)","v":21.42},"Sqm",{"$nulls":3},"SSR 22-23"]
[null,null,1,"x",2,{"v":3.2,"d":"3.200"},{"v":0,"d":"0.000"},{"v":2.38,"d":"2.380"},15.23,"Sqm",{"$nulls":3},"SSR 22-23"]
[null,"deduct opening",1,"x",1,{"v":1.2,"d":"1.200"},{"v":0,"d":"0.000"},{"v":1.1,"d":"1.100"},{"$f":"-ROUND(IF(AND(F537:H537),C537*E537*F537*G537*H537,IF(AND(F537,G537),C537*E537*F537*G537,IF(AND(F537,H537),C537*E537*F537*H537,IF(AND(G537,H537),C537*E537*G537*H537,IF(F537,C537*E537*F537,IF(G537,C537*E537*G537,IF(H537,C537*E537*H537,C537*E537))))))),2)","v":-1.32},"Sqm",{"$nulls":3},"SSR 22-23"]
[{"$nulls":13},"SSR 22-23"]
[{"$nulls":9},"Sqm",{"$f":"data!G3283","v":479.98},"SSR 22-23",{"$f":"ROUND(I539*K539,0)","v":{"v":0,"d":"0.00"}},"SSR 22-23"]
[13,"Plain Cement Concrete  M30 Nominal mix (Cement: Sand: Metal) corresponding Table 9 of IS 456 using 20mm size graded machine crushed hard granite metal from approved quarry including c/c of all materials like Cement, Sand, coarse aggregate, water etc to site, all marerials including labour charges such as machine mixing, laying concrete, curing etc complete but excluding cost of steel and its fabrication charges for finished item of work for Steps",{"$nulls":11},"SSR 19-20"]
[null,"Qty.P.No. 18 of M.B.No.441/A/ZP/19",{"$nulls":11},"SSR 19-20"]
[null,null,11,"x",0.5,{"v":1.8,"d":"1.800"},{"v":0.3,"d":"0.300"},{"v":0.15,"d":"0.150"},{"$f":"ROUND(IF(AND(F542:H542),C542*E542*F542*G542*H542,IF(AND(F542,G542),C542*E542*F542*G542,IF(AND(F542,H542),C542*E542*F542*H542,IF(AND(G542,H542),C542*E542*G542*H542,IF(F542,C542*E542*F542,IF(G542,C542*E542*G542,IF(H542,C542*E542*H542,C542*E542))))))),2)","v":0.45},"Cum",{"$nulls":3},"SSR 19-20"]
[{"$nulls":13},"SSR 19-20"]
[{"$nulls":9},"Cum",{"$f":"data!G272","v":{"v":5152.249999999999,"d":"5152.25"}},"SSR 19-20",{"$f":"ROUND(I544*K544,0)","v":{"v":0,"d":"0.00"}},"SSR 19-20"]
[13,"Plain Cement Concrete  M30 Nominal mix (Cement: Sand: Metal) corresponding Table 9 of IS 456 using 20mm size graded machine crushed hard granite metal from approved quarry including c/c of all materials like Cement, Sand, coarse aggregate, water etc to site, all marerials including labour charges such as machine mixing, laying concrete, curing etc complete but excluding cost of steel and its fabrication charges for finished item of work for Steps",{"$nulls":11},"SSR 20-21"]
[null,"Qty.P.No. 18 of M.B.No.441/A/ZP/19",{"$nulls":11},"SSR 20-21"]
[null,null,11,"x",0.5,{"v":1.8,"d":"1.800"},{"v":0.3,"d":"0.300"},{"v":0.15,"d":"0.150"},{"$f":"ROUND(IF(AND(F547:H547),C547*E547*F547*G547*H547,IF(AND(F547,G547),C547*E547*F547*G547,IF(AND(F547,H547),C547*E547*F547*H547,IF(AND(G547,H547),C547*E547*G547*H547,IF(F547,C547*E547*F547,IF(G547,C547*E547*G547,IF(H547,C547*E547*H547,C547*E547))))))),2)","v":0.45},"Cum",{"$nulls":3},"SSR 20-21"]
[{"$nulls":13},"SSR 20-21"]
[{"$nulls":9},"Cum",{"$f":"data!G1188","v":5333.72},"SSR 20-21",{"$f":"ROUND(I549*K549,0)","v":{"v":0,"d":"0.00"}},"SSR 20-21"]
[13,"Plain Cement Concrete  M30 Nominal mix (Cement: Sand: Metal) corresponding Table 9 of IS 456 using 20mm size graded machine crushed hard granite metal from approved quarry including c/c of all materials like Cement, Sand, coarse aggregate, water etc to site, all marerials including labour charges such as machine mixing, laying concrete, curing etc complete but excluding cost of steel and its fabrication charges for finished item of work for Steps",{"$nulls":11},"SSR 21-22"]
[null,"Qty.P.No. 18 of M.B.No.441/A/ZP/19",{"$nulls":11},"SSR 21-22"]
[null,null,11,"x",0.5,{"v":1.8,"d":"1.800"},{"v":0.3,"d":"0.300"},{"v":0.15,"d":"0.150"},{"$f":"ROUND(IF(AND(F552:H552),C552*E552*F552*G552*H552,IF(AND(F552,G552),C552*E552*F552*G552,IF(AND(F552,H552),C552*E552*F552*H552,IF(AND(G552,H552),C552*E552*G552*H552,IF(F552,C552*E552*F552,IF(G552,C552*E552*G552,IF(H552,C552*E552*H552,C552*E552))))))),2)","v":0.45},"Cum",{"$nulls":3},"SSR 21-22"]
[{"$nulls":13},"SSR 21-22"]
[{"$nulls":9},"Cum",{"$f":"data!G2105","v":{"v":5579.320000000001,"d":"5579.32"}},"SSR 21-22",{"$f":"ROUND(I554*K554,0)","v":{"v":0,"d":"0.00"}},"SSR 21-22"]
[13,"Plain Cement Concrete  M30 Nominal mix (Cement: Sand: Metal) corresponding Table 9 of IS 456 using 20mm size graded machine crushed hard granite metal from approved quarry including c/c of all materials like Cement, Sand, coarse aggregate, water etc to site, all marerials including labour charges such as machine mixing, laying concrete, curing etc complete but excluding cost of steel and its fabrication charges for finished item of work for Steps",{"$nulls":11},"SSR 22-23"]
[null,"Qty.P.No. 18 of M.B.No.441/A/ZP/19",{"$nulls":11},"SSR 22-23"]
[null,null,11,"x",0.5,{"v":1.8,"d":"1.800"},{"v":0.3,"d":"0.300"},{"v":0.15,"d":"0.150"},{"$f":"ROUND(IF(AND(F557:H557),C557*E557*F557*G557*H557,IF(AND(F557,G557),C557*E557*F557*G557,IF(AND(F557,H557),C557*E557*F557*H557,IF(AND(G557,H557),C557*E557*G557*H557,IF(F557,C557*E557*F557,IF(G557,C557*E557*G557,IF(H557,C557*E557*H557,C557*E557))))))),2)","v":0.45},"Cum",{"$nulls":3},"SSR 22-23"]
[{"$nulls":13},"SSR 22-23"]
[{"$nulls":9},"Cum",{"$f":"data!G3022","v":{"v":5843.9400000000005,"d":"5843.94"}},"SSR 22-23",{"$f":"ROUND(I559*K559,0)","v":{"v":0,"d":"0.00"}},"SSR 22-23"]
[10,"Flooring with Porcelain Vitrified tiles stain free double charged of 1st quality and of size not less than 600X600X8mm thickness glossy finish premium colours, set over base coat of CM (1:8), 12mm thick over already laid CC bed / RCC Roof slab, including neat Cement slurry of honey like consistency spread @ 3.30 Kgs per Sqm & jointed with neat white Cement paste to full depth mixed with pigment of matching shade including c/c of all materials like Cement, Sand and Water and tiles etc complete including labour charges etc complete for finished item of work ",{"$nulls":11},"SSR 19-20"]
[null,"Qty.p.85  of M.B.No.441/A/ZP/19",{"$nulls":11},"SSR 19-20"]
[null,"head room side",1,"x",1,{"v":4,"d":"4.000"},{"v":2.57,"d":"2.570"},{"v":0,"d":"0.000"},{"$f":"ROUND(IF(AND(F562:H562),C562*E562*F562*G562*H562,IF(AND(F562,G562),C562*E562*F562*G562,IF(AND(F562,H562),C562*E562*F562*H562,IF(AND(G562,H562),C562*E562*G562*H562,IF(F562,C562*E562*F562,IF(G562,C562*E562*G562,IF(H562,C562*E562*H562,C562*E562))))))),2)","v":10.28},"Sqm",{"$nulls":3},"SSR 19-20"]
[null,"Deduct columns",1,"x",2,{"v":0.44,"d":"0.440"},{"v":0.26,"d":"0.260"},{"v":0,"d":"0.000"},{"$f":"-ROUND(IF(AND(F563:H563),C563*E563*F563*G563*H563,IF(AND(F563,G563),C563*E563*F563*G563,IF(AND(F563,H563),C563*E563*F563*H563,IF(AND(G563,H563),C563*E563*G563*H563,IF(F563,C563*E563*F563,IF(G563,C563*E563*G563,IF(H563,C563*E563*H563,C563*E563))))))),2)","v":-0.23},"Sqm",{"$nulls":3},"SSR 19-20"]
[{"$nulls":13},"SSR 19-20"]
[{"$nulls":9},"Sqm",{"$f":"data!G680","v":1048.97},"SSR 19-20",{"$f":"ROUND(I565*K565,0)","v":{"v":0,"d":"0.00"}},"SSR 19-20"]
[10,"Flooring with Porcelain Vitrified tiles stain free double charged of 1st quality and of size not less than 600X600X8mm thickness glossy finish premium colours, set over base coat of CM (1:8), 12mm thick over already laid CC bed / RCC Roof slab, including neat Cement slurry of honey like consistency spread @ 3.30 Kgs per Sqm & jointed with neat white Cement paste to full depth mixed with pigment of matching shade including c/c of all materials like Cement, Sand and Water and tiles etc complete including labour charges etc complete for finished item of work ",{"$nulls":11},"SSR 20-21"]
[null,"Qty.p.85  of M.B.No.441/A/ZP/19",{"$nulls":11},"SSR 20-21"]
[null,"head room side",1,"x",1,{"v":4,"d":"4.000"},{"v":2.57,"d":"2.570"},{"v":0,"d":"0.000"},{"$f":"ROUND(IF(AND(F568:H568),C568*E568*F568*G568*H568,IF(AND(F568,G568),C568*E568*F568*G568,IF(AND(F568,H568),C568*E568*F568*H568,IF(AND(G568,H568),C568*E568*G568*H568,IF(F568,C568*E568*F568,IF(G568,C568*E568*G568,IF(H568,C568*E568*H568,C568*E568))))))),2)","v":10.28},"Sqm",{"$nulls":3},"SSR 20-21"]
[null,"Deduct columns",1,"x",2,{"v":0.44,"d":"0.440"},{"v":0.26,"d":"0.260"},{"v":0,"d":"0.000"},{"$f":"-ROUND(IF(AND(F569:H569),C569*E569*F569*G569*H569,IF(AND(F569,G569),C569*E569*F569*G569,IF(AND(F569,H569),C569*E569*F569*H569,IF(AND(G569,H569),C569*E569*G569*H569,IF(F569,C569*E569*F569,IF(G569,C569*E569*G569,IF(H569,C569*E569*H569,C569*E569))))))),2)","v":-0.23},"Sqm",{"$nulls":3},"SSR 20-21"]
[{"$nulls":13},"SSR 20-21"]
[{"$nulls":9},"Sqm",{"$f":"data!G1597","v":1082.75},"SSR 20-21",{"$f":"ROUND(I571*K571,0)","v":{"v":0,"d":"0.00"}},"SSR 20-21"]
[10,"Flooring with Porcelain Vitrified tiles stain free double charged of 1st quality and of size not less than 600X600X8mm thickness glossy finish premium colours, set over base coat of CM (1:8), 12mm thick over already laid CC bed / RCC Roof slab, including neat Cement slurry of honey like consistency spread @ 3.30 Kgs per Sqm & jointed with neat white Cement paste to full depth mixed with pigment of matching shade including c/c of all materials like Cement, Sand and Water and tiles etc complete including labour charges etc complete for finished item of work ",{"$nulls":11},"SSR 21-22"]
[null,"Qty.p.85  of M.B.No.441/A/ZP/19",{"$nulls":11},"SSR 21-22"]
[null,"head room side",1,"x",1,{"v":4,"d":"4.000"},{"v":2.57,"d":"2.570"},{"v":0,"d":"0.000"},{"$f":"ROUND(IF(AND(F574:H574),C574*E574*F574*G574*H574,IF(AND(F574,G574),C574*E574*F574*G574,IF(AND(F574,H574),C574*E574*F574*H574,IF(AND(G574,H574),C574*E574*G574*H574,IF(F574,C574*E574*F574,IF(G574,C574*E574*G574,IF(H574,C574*E574*H574,C574*E574))))))),2)","v":10.28},"Sqm",{"$nulls":3},"SSR 21-22"]
[null,"Deduct columns",1,"x",2,{"v":0.44,"d":"0.440"},{"v":0.26,"d":"0.260"},{"v":0,"d":"0.000"},{"$f":"-ROUND(IF(AND(F575:H575),C575*E575*F575*G575*H575,IF(AND(F575,G575),C575*E575*F575*G575,IF(AND(F575,H575),C575*E575*F575*H575,IF(AND(G575,H575),C575*E575*G575*H575,IF(F575,C575*E575*F575,IF(G575,C575*E575*G575,IF(H575,C575*E575*H575,C575*E575))))))),2)","v":-0.23},"Sqm",{"$nulls":3},"SSR 21-22"]
[{"$nulls":13},"SSR 21-22"]
[{"$nulls":9},"Sqm",{"$f":"data!G2514","v":1108.35},"SSR 21-22",{"$f":"ROUND(I577*K577,0)","v":{"v":0,"d":"0.00"}},"SSR 21-22"]
[10,"Flooring with Porcelain Vitrified tiles stain free double charged of 1st quality and of size not less than 600X600X8mm thickness glossy finish premium colours, set over base coat of CM (1:8), 12mm thick over already laid CC bed / RCC Roof slab, including neat Cement slurry of honey like consistency spread @ 3.30 Kgs per Sqm & jointed with neat white Cement paste to full depth mixed with pigment of matching shade including c/c of all materials like Cement, Sand and Water and tiles etc complete including labour charges etc complete for finished item of work ",{"$nulls":11},"SSR 22-23"]
[null,"Qty.p.85  of M.B.No.441/A/ZP/19",{"$nulls":11},"SSR 22-23"]
[null,"head room side",1,"x",1,{"v":4,"d":"4.000"},{"v":2.57,"d":"2.570"},{"v":0,"d":"0.000"},{"$f":"ROUND(IF(AND(F580:H580),C580*E580*F580*G580*H580,IF(AND(F580,G580),C580*E580*F580*G580,IF(AND(F580,H580),C580*E580*F580*H580,IF(AND(G580,H580),C580*E580*G580*H580,IF(F580,C580*E580*F580,IF(G580,C580*E580*G580,IF(H580,C580*E580*H580,C580*E580))))))),2)","v":10.28},"Sqm",{"$nulls":3},"SSR 22-23"]
[null,"Deduct columns",1,"x",2,{"v":0.44,"d":"0.440"},{"v":0.26,"d":"0.260"},{"v":0,"d":"0.000"},{"$f":"-ROUND(IF(AND(F581:H581),C581*E581*F581*G581*H581,IF(AND(F581,G581),C581*E581*F581*G581,IF(AND(F581,H581),C581*E581*F581*H581,IF(AND(G581,H581),C581*E581*G581*H581,IF(F581,C581*E581*F581,IF(G581,C581*E581*G581,IF(H581,C581*E581*H581,C581*E581))))))),2)","v":-0.23},"Sqm",{"$nulls":3},"SSR 22-23"]
[{"$nulls":13},"SSR 22-23"]
[{"$nulls":9},"Sqm",{"$f":"data!G3431","v":1139.42},"SSR 22-23",{"$f":"ROUND(I583*K583,0)","v":{"v":0,"d":"0.00"}},"SSR 22-23"]
[25,"Providing Skirting to internal walls to 15cm height / risers of steps with Porcelain Vitrified tiles length equal to flooring stones, set over base coat of CM (1:5) 12mm thick with Cement slurry of honey like consistency spread @ 3.30 Kgs per Sqm & jointed with white Cement paste mixed with pigment of matching shade to full depth, including c/c of materials like Cement, Sand and Water and tiles etc complete for finished item of work ",{"$nulls":11},"SSR 19-20"]
[null,"Qty.p.11 of M.B.No.441/A/ZP/19",{"$nulls":11},"SSR 19-20"]
[null,"Hall ",1,"x",1,{"v":26.94,"d":"26.940"},{"v":0,"d":"0.000"},{"v":0.1,"d":"0.100"},{"$f":"ROUND(IF(AND(F586:H586),C586*E586*F586*G586*H586,IF(AND(F586,G586),C586*E586*F586*G586,IF(AND(F586,H586),C586*E586*F586*H586,IF(AND(G586,H586),C586*E586*G586*H586,IF(F586,C586*E586*F586,IF(G586,C586*E586*G586,IF(H586,C586*E586*H586,C586*E586))))))),2)","v":2.69},"Sqm",{"$nulls":3},"SSR 19-20"]
[null,"Godown",1,"x",1,{"v":23.1,"d":"23.100"},{"v":0,"d":"0.000"},{"v":0.1,"d":"0.100"},{"$f":"ROUND(IF(AND(F587:H587),C587*E587*F587*G587*H587,IF(AND(F587,G587),C587*E587*F587*G587,IF(AND(F587,H587),C587*E587*F587*H587,IF(AND(G587,H587),C587*E587*G587*H587,IF(F587,C587*E587*F587,IF(G587,C587*E587*G587,IF(H587,C587*E587*H587,C587*E587))))))),2)","v":2.31},"Sqm",{"$nulls":3},"SSR 19-20"]
[null,"Below staircase",1,"x",1,{"v":6.32,"d":"6.320"},{"v":0,"d":"0.000"},{"v":0.1,"d":"0.100"},{"$f":"ROUND(IF(AND(F588:H588),C588*E588*F588*G588*H588,IF(AND(F588,G588),C588*E588*F588*G588,IF(AND(F588,H588),C588*E588*F588*H588,IF(AND(G588,H588),C588*E588*G588*H588,IF(F588,C588*E588*F588,IF(G588,C588*E588*G588,IF(H588,C588*E588*H588,C588*E588))))))),2)","v":0.63},"Sqm",{"$nulls":3},"SSR 19-20"]
[{"$nulls":13},"SSR 19-20"]
[{"$nulls":9},"Sqm",{"$f":"data!G698","v":{"v":1044.9,"d":"1044.90"}},"SSR 19-20",{"$f":"ROUND(I590*K590,0)","v":{"v":0,"d":"0.00"}},"SSR 19-20"]
[25,"Providing Skirting to internal walls to 15cm height / risers of steps with Porcelain Vitrified tiles length equal to flooring stones, set over base coat of CM (1:5) 12mm thick with Cement slurry of honey like consistency spread @ 3.30 Kgs per Sqm & jointed with white Cement paste mixed with pigment of matching shade to full depth, including c/c of materials like Cement, Sand and Water and tiles etc complete for finished item of work ",{"$nulls":11},"SSR 20-21"]
[null,"Qty.p.11 of M.B.No.441/A/ZP/19",{"$nulls":11},"SSR 20-21"]
[null,"Hall ",1,"x",1,{"v":26.94,"d":"26.940"},{"v":0,"d":"0.000"},{"v":0.1,"d":"0.100"},{"$f":"ROUND(IF(AND(F593:H593),C593*E593*F593*G593*H593,IF(AND(F593,G593),C593*E593*F593*G593,IF(AND(F593,H593),C593*E593*F593*H593,IF(AND(G593,H593),C593*E593*G593*H593,IF(F593,C593*E593*F593,IF(G593,C593*E593*G593,IF(H593,C593*E593*H593,C593*E593))))))),2)","v":2.69},"Sqm",{"$nulls":3},"SSR 20-21"]
[null,"Godown",1,"x",1,{"v":23.1,"d":"23.100"},{"v":0,"d":"0.000"},{"v":0.1,"d":"0.100"},{"$f":"ROUND(IF(AND(F594:H594),C594*E594*F594*G594*H594,IF(AND(F594,G594),C594*E594*F594*G594,IF(AND(F594,H594),C594*E594*F594*H594,IF(AND(G594,H594),C594*E594*G594*H594,IF(F594,C594*E594*F594,IF(G594,C594*E594*G594,IF(H594,C594*E594*H594,C594*E594))))))),2)","v":2.31},"Sqm",{"$nulls":3},"SSR 20-21"]
[null,"Below staircase",1,"x",1,{"v":6.32,"d":"6.320"},{"v":0,"d":"0.000"},{"v":0.1,"d":"0.100"},{"$f":"ROUND(IF(AND(F595:H595),C595*E595*F595*G595*H595,IF(AND(F595,G595),C595*E595*F595*G595,IF(AND(F595,H595),C595*E595*F595*H595,IF(AND(G595,H595),C595*E595*G595*H595,IF(F595,C595*E595*F595,IF(G595,C595*E595*G595,IF(H595,C595*E595*H595,C595*E595))))))),2)","v":0.63},"Sqm",{"$nulls":3},"SSR 20-21"]
[{"$nulls":13},"SSR 20-21"]
[{"$nulls":9},"Sqm",{"$f":"data!G1615","v":1078.42},"SSR 20-21",{"$f":"ROUND(I597*K597,0)","v":{"v":0,"d":"0.00"}},"SSR 20-21"]
[25,"Providing Skirting to internal walls to 15cm height / risers of steps with Porcelain Vitrified tiles length equal to flooring stones, set over base coat of CM (1:5) 12mm thick with Cement slurry of honey like consistency spread @ 3.30 Kgs per Sqm & jointed with white Cement paste mixed with pigment of matching shade to full depth, including c/c of materials like Cement, Sand and Water and tiles etc complete for finished item of work ",{"$nulls":11},"SSR 21-22"]
[null,"Qty.p.11 of M.B.No.441/A/ZP/19",{"$nulls":11},"SSR 21-22"]
[null,"Hall ",1,"x",1,{"v":26.94,"d":"26.940"},{"v":0,"d":"0.000"},{"v":0.1,"d":"0.100"},{"$f":"ROUND(IF(AND(F600:H600),C600*E600*F600*G600*H600,IF(AND(F600,G600),C600*E600*F600*G600,IF(AND(F600,H600),C600*E600*F600*H600,IF(AND(G600,H600),C600*E600*G600*H600,IF(F600,C600*E600*F600,IF(G600,C600*E600*G600,IF(H600,C600*E600*H600,C600*E600))))))),2)","v":2.69},"Sqm",{"$nulls":3},"SSR 21-22"]
[null,"Godown",1,"x",1,{"v":23.1,"d":"23.100"},{"v":0,"d":"0.000"},{"v":0.1,"d":"0.100"},{"$f":"ROUND(IF(AND(F601:H601),C601*E601*F601*G601*H601,IF(AND(F601,G601),C601*E601*F601*G601,IF(AND(F601,H601),C601*E601*F601*H601,IF(AND(G601,H601),C601*E601*G601*H601,IF(F601,C601*E601*F601,IF(G601,C601*E601*G601,IF(H601,C601*E601*H601,C601*E601))))))),2)","v":2.31},"Sqm",{"$nulls":3},"SSR 21-22"]
[null,"Below staircase",1,"x",1,{"v":6.32,"d":"6.320"},{"v":0,"d":"0.000"},{"v":0.1,"d":"0.100"},{"$f":"ROUND(IF(AND(F602:H602),C602*E602*F602*G602*H602,IF(AND(F602,G602),C602*E602*F602*G602,IF(AND(F602,H602),C602*E602*F602*H602,IF(AND(G602,H602),C602*E602*G602*H602,IF(F602,C602*E602*F602,IF(G602,C602*E602*G602,IF(H602,C602*E602*H602,C602*E602))))))),2)","v":0.63},"Sqm",{"$nulls":3},"SSR 21-22"]
[{"$nulls":13},"SSR 21-22"]
[{"$nulls":9},"Sqm",{"$f":"data!G2532","v":1103.42},"SSR 21-22",{"$f":"ROUND(I604*K604,0)","v":{"v":0,"d":"0.00"}},"SSR 21-22"]
[25,"Providing Skirting to internal walls to 15cm height / risers of steps with Porcelain Vitrified tiles length equal to flooring stones, set over base coat of CM (1:5) 12mm thick with Cement slurry of honey like consistency spread @ 3.30 Kgs per Sqm & jointed with white Cement paste mixed with pigment of matching shade to full depth, including c/c of materials like Cement, Sand and Water and tiles etc complete for finished item of work ",{"$nulls":11},"SSR 22-23"]
[null,"Qty.p.11 of M.B.No.441/A/ZP/19",{"$nulls":11},"SSR 22-23"]
[null,"Hall ",1,"x",1,{"v":26.94,"d":"26.940"},{"v":0,"d":"0.000"},{"v":0.1,"d":"0.100"},{"$f":"ROUND(IF(AND(F607:H607),C607*E607*F607*G607*H607,IF(AND(F607,G607),C607*E607*F607*G607,IF(AND(F607,H607),C607*E607*F607*H607,IF(AND(G607,H607),C607*E607*G607*H607,IF(F607,C607*E607*F607,IF(G607,C607*E607*G607,IF(H607,C607*E607*H607,C607*E607))))))),2)","v":2.69},"Sqm",{"$nulls":3},"SSR 22-23"]
[null,"Godown",1,"x",1,{"v":23.1,"d":"23.100"},{"v":0,"d":"0.000"},{"v":0.1,"d":"0.100"},{"$f":"ROUND(IF(AND(F608:H608),C608*E608*F608*G608*H608,IF(AND(F608,G608),C608*E608*F608*G608,IF(AND(F608,H608),C608*E608*F608*H608,IF(AND(G608,H608),C608*E608*G608*H608,IF(F608,C608*E608*F608,IF(G608,C608*E608*G608,IF(H608,C608*E608*H608,C608*E608))))))),2)","v":2.31},"Sqm",{"$nulls":3},"SSR 22-23"]
[null,"Below staircase",1,"x",1,{"v":6.32,"d":"6.320"},{"v":0,"d":"0.000"},{"v":0.1,"d":"0.100"},{"$f":"ROUND(IF(AND(F609:H609),C609*E609*F609*G609*H609,IF(AND(F609,G609),C609*E609*F609*G609,IF(AND(F609,H609),C609*E609*F609*H609,IF(AND(G609,H609),C609*E609*G609*H609,IF(F609,C609*E609*F609,IF(G609,C609*E609*G609,IF(H609,C609*E609*H609,C609*E609))))))),2)","v":0.63},"Sqm",{"$nulls":3},"SSR 22-23"]
[{"$nulls":13},"SSR 22-23"]
[{"$nulls":9},"Sqm",{"$f":"data!G3449","v":1134.08},"SSR 22-23",{"$f":"ROUND(I611*K611,0)","v":{"v":0,"d":"0.00"}},"SSR 22-23"]
[23,"Flooring with high polished granite 16 to 18 mm mm thick slabs other than black set over base coat of cement mortar (1:8), 20 mm thick over CC bed already laid or RCC roof slab, including neat cement slurry of honey like consistency spread @ 3.3.kgs per sqm & jointed neatly with white cement paste mixed with pigment of matching shade to full depth, including cost of all materials like cement, sand water and tilesetc., complete, including seigniorage charges, labour charges for dressing of tilesetc., complete for finished item of work, but excluding the cost of conveyance of all materials",{"$nulls":11},"SSR 19-20"]
[null,"Qty.p.51 of M.B.No.441/A/ZP/19",{"$nulls":11},"SSR 19-20"]
[null,null,1,"x",2,{"v":3.1,"d":"3.100"},{"v":1.08,"d":"1.080"},{"v":0,"d":"0.000"},{"$f":"ROUND(IF(AND(F614:H614),C614*E614*F614*G614*H614,IF(AND(F614,G614),C614*E614*F614*G614,IF(AND(F614,H614),C614*E614*F614*H614,IF(AND(G614,H614),C614*E614*G614*H614,IF(F614,C614*E614*F614,IF(G614,C614*E614*G614,IF(H614,C614*E614*H614,C614*E614))))))),2)","v":{"v":6.7,"d":"6.70"}},"Sqm",{"$nulls":3},"SSR 19-20"]
[null,null,1,"x",1,{"v":3.69,"d":"3.690"},{"v":2,"d":"2.000"},{"v":0,"d":"0.000"},{"$f":"ROUND(IF(AND(F615:H615),C615*E615*F615*G615*H615,IF(AND(F615,G615),C615*E615*F615*G615,IF(AND(F615,H615),C615*E615*F615*H615,IF(AND(G615,H615),C615*E615*G615*H615,IF(F615,C615*E615*F615,IF(G615,C615*E615*G615,IF(H615,C615*E615*H615,C615*E615))))))),2)","v":7.38},"Sqm",{"$nulls":3},"SSR 19-20"]
[null,null,4,"x",0.785,{"v":0.23,"d":"0.230"},{"v":0.23,"d":"0.230"},{"v":0,"d":"0.000"},{"$f":"-ROUND(IF(AND(F616:H616),C616*E616*F616*G616*H616,IF(AND(F616,G616),C616*E616*F616*G616,IF(AND(F616,H616),C616*E616*F616*H616,IF(AND(G616,H616),C616*E616*G616*H616,IF(F616,C616*E616*F616,IF(G616,C616*E616*G616,IF(H616,C616*E616*H616,C616*E616))))))),2)","v":-0.17},"Sqm",{"$nulls":3},"SSR 19-20"]
[{"$nulls":13},"SSR 19-20"]
[{"$nulls":9},"Sqm",{"$f":"data!G602","v":{"v":2934.5,"d":"2934.50"}},"SSR 19-20",{"$f":"ROUND(I618*K618,0)","v":{"v":0,"d":"0.00"}},"SSR 19-20"]
[23,"Flooring with high polished granite 16 to 18 mm mm thick slabs other than black set over base coat of cement mortar (1:8), 20 mm thick over CC bed already laid or RCC roof slab, including neat cement slurry of honey like consistency spread @ 3.3.kgs per sqm & jointed neatly with white cement paste mixed with pigment of matching shade to full depth, including cost of all materials like cement, sand water and tilesetc., complete, including seigniorage charges, labour charges for dressing of tilesetc., complete for finished item of work, but excluding the cost of conveyance of all materials",{"$nulls":11},"SSR 20-21"]
[null,"Qty.p.51 of M.B.No.441/A/ZP/19",{"$nulls":11},"SSR 20-21"]
[null,null,1,"x",2,{"v":3.1,"d":"3.100"},{"v":1.08,"d":"1.080"},{"v":0,"d":"0.000"},{"$f":"ROUND(IF(AND(F621:H621),C621*E621*F621*G621*H621,IF(AND(F621,G621),C621*E621*F621*G621,IF(AND(F621,H621),C621*E621*F621*H621,IF(AND(G621,H621),C621*E621*G621*H621,IF(F621,C621*E621*F621,IF(G621,C621*E621*G621,IF(H621,C621*E621*H621,C621*E621))))))),2)","v":{"v":6.7,"d":"6.70"}},"Sqm",{"$nulls":3},"SSR 20-21"]
[null,null,1,"x",1,{"v":3.69,"d":"3.690"},{"v":2,"d":"2.000"},{"v":0,"d":"0.000"},{"$f":"ROUND(IF(AND(F622:H622),C622*E622*F622*G622*H622,IF(AND(F622,G622),C622*E622*F622*G622,IF(AND(F622,H622),C622*E622*F622*H622,IF(AND(G622,H622),C622*E622*G622*H622,IF(F622,C622*E622*F622,IF(G622,C622*E622*G622,IF(H622,C622*E622*H622,C622*E622))))))),2)","v":7.38},"Sqm",{"$nulls":3},"SSR 20-21"]
[null,null,4,"x",0.785,{"v":0.23,"d":"0.230"},{"v":0.23,"d":"0.230"},{"v":0,"d":"0.000"},{"$f":"-ROUND(IF(AND(F623:H623),C623*E623*F623*G623*H623,IF(AND(F623,G623),C623*E623*F623*G623,IF(AND(F623,H623),C623*E623*F623*H623,IF(AND(G623,H623),C623*E623*G623*H623,IF(F623,C623*E623*F623,IF(G623,C623*E623*G623,IF(H623,C623*E623*H623,C623*E623))))))),2)","v":-0.17},"Sqm",{"$nulls":3},"SSR 20-21"]
[{"$nulls":13},"SSR 20-21"]
[{"$nulls":9},"Sqm",{"$f":"data!G1519","v":3003.21},"SSR 20-21",{"$f":"ROUND(I625*K625,0)","v":{"v":0,"d":"0.00"}},"SSR 20-21"]
[23,"Flooring with high polished granite 16 to 18 mm mm thick slabs other than black set over base coat of cement mortar (1:8), 20 mm thick over CC bed already laid or RCC roof slab, including neat cement slurry of honey like consistency spread @ 3.3.kgs per sqm & jointed neatly with white cement paste mixed with pigment of matching shade to full depth, including cost of all materials like cement, sand water and tilesetc., complete, including seigniorage charges, labour charges for dressing of tilesetc., complete for finished item of work, but excluding the cost of conveyance of all materials",{"$nulls":11},"SSR 21-22"]
[null,"Qty.p.51 of M.B.No.441/A/ZP/19",{"$nulls":11},"SSR 21-22"]
[null,null,1,"x",2,{"v":3.1,"d":"3.100"},{"v":1.08,"d":"1.080"},{"v":0,"d":"0.000"},{"$f":"ROUND(IF(AND(F628:H628),C628*E628*F628*G628*H628,IF(AND(F628,G628),C628*E628*F628*G628,IF(AND(F628,H628),C628*E628*F628*H628,IF(AND(G628,H628),C628*E628*G628*H628,IF(F628,C628*E628*F628,IF(G628,C628*E628*G628,IF(H628,C628*E628*H628,C628*E628))))))),2)","v":{"v":6.7,"d":"6.70"}},"Sqm",{"$nulls":3},"SSR 21-22"]
[null,null,1,"x",1,{"v":3.69,"d":"3.690"},{"v":2,"d":"2.000"},{"v":0,"d":"0.000"},{"$f":"ROUND(IF(AND(F629:H629),C629*E629*F629*G629*H629,IF(AND(F629,G629),C629*E629*F629*G629,IF(AND(F629,H629),C629*E629*F629*H629,IF(AND(G629,H629),C629*E629*G629*H629,IF(F629,C629*E629*F629,IF(G629,C629*E629*G629,IF(H629,C629*E629*H629,C629*E629))))))),2)","v":7.38},"Sqm",{"$nulls":3},"SSR 21-22"]
[null,null,4,"x",0.785,{"v":0.23,"d":"0.230"},{"v":0.23,"d":"0.230"},{"v":0,"d":"0.000"},{"$f":"-ROUND(IF(AND(F630:H630),C630*E630*F630*G630*H630,IF(AND(F630,G630),C630*E630*F630*G630,IF(AND(F630,H630),C630*E630*F630*H630,IF(AND(G630,H630),C630*E630*G630*H630,IF(F630,C630*E630*F630,IF(G630,C630*E630*G630,IF(H630,C630*E630*H630,C630*E630))))))),2)","v":-0.17},"Sqm",{"$nulls":3},"SSR 21-22"]
[{"$nulls":13},"SSR 21-22"]
[{"$nulls":9},"Sqm",{"$f":"data!G2436","v":3066.62},"SSR 21-22",{"$f":"ROUND(I632*K632,0)","v":{"v":0,"d":"0.00"}},"SSR 21-22"]
[23,"Flooring with high polished granite 16 to 18 mm mm thick slabs other than black set over base coat of cement mortar (1:8), 20 mm thick over CC bed already laid or RCC roof slab, including neat cement slurry of honey like consistency spread @ 3.3.kgs per sqm & jointed neatly with white cement paste mixed with pigment of matching shade to full depth, including cost of all materials like cement, sand water and tilesetc., complete, including seigniorage charges, labour charges for dressing of tilesetc., complete for finished item of work, but excluding the cost of conveyance of all materials",{"$nulls":11},"SSR 22-23"]
[null,"Qty.p.51 of M.B.No.441/A/ZP/19",{"$nulls":11},"SSR 22-23"]
[null,null,1,"x",2,{"v":3.1,"d":"3.100"},{"v":1.08,"d":"1.080"},{"v":0,"d":"0.000"},{"$f":"ROUND(IF(AND(F635:H635),C635*E635*F635*G635*H635,IF(AND(F635,G635),C635*E635*F635*G635,IF(AND(F635,H635),C635*E635*F635*H635,IF(AND(G635,H635),C635*E635*G635*H635,IF(F635,C635*E635*F635,IF(G635,C635*E635*G635,IF(H635,C635*E635*H635,C635*E635))))))),2)","v":{"v":6.7,"d":"6.70"}},"Sqm",{"$nulls":3},"SSR 22-23"]
[null,null,1,"x",1,{"v":3.69,"d":"3.690"},{"v":2,"d":"2.000"},{"v":0,"d":"0.000"},{"$f":"ROUND(IF(AND(F636:H636),C636*E636*F636*G636*H636,IF(AND(F636,G636),C636*E636*F636*G636,IF(AND(F636,H636),C636*E636*F636*H636,IF(AND(G636,H636),C636*E636*G636*H636,IF(F636,C636*E636*F636,IF(G636,C636*E636*G636,IF(H636,C636*E636*H636,C636*E636))))))),2)","v":7.38},"Sqm",{"$nulls":3},"SSR 22-23"]
[null,null,4,"x",0.785,{"v":0.23,"d":"0.230"},{"v":0.23,"d":"0.230"},{"v":0,"d":"0.000"},{"$f":"-ROUND(IF(AND(F637:H637),C637*E637*F637*G637*H637,IF(AND(F637,G637),C637*E637*F637*G637,IF(AND(F637,H637),C637*E637*F637*H637,IF(AND(G637,H637),C637*E637*G637*H637,IF(F637,C637*E637*F637,IF(G637,C637*E637*G637,IF(H637,C637*E637*H637,C637*E637))))))),2)","v":-0.17},"Sqm",{"$nulls":3},"SSR 22-23"]
[{"$nulls":13},"SSR 22-23"]
[{"$nulls":9},"Sqm",{"$f":"data!G3353","v":3248.17},"SSR 22-23",{"$f":"ROUND(I639*K639,0)","v":{"v":0,"d":"0.00"}},"SSR 22-23"]
[24,"Providing skirting to internal walls to 15 cm height/risers of steps with 16-18 mm thick  polished granite tiles length equal to flooring stones, set over base coat of CM (1:3) 12 mm thick with cement slurry of honey like consistency spread at the rate of 3.30 kgs per sqm and jointed with white cement paste mixed with pigment of matching shade to full depth, including cost of all materials like tiles, cement, sand and water etc., complete including seigniorage charges, etc., complete for finished item of work",{"$nulls":11},"SSR 19-20"]
[null,"Qty.p.52 of M.B.No.441/A/ZP/19",{"$nulls":11},"SSR 19-20"]
[null,"Front entrane",1,"x",1,{"v":6,"d":"6.000"},{"v":0,"d":"0.000"},{"v":0.15,"d":"0.150"},{"$f":"ROUND(IF(AND(F642:H642),C642*E642*F642*G642*H642,IF(AND(F642,G642),C642*E642*F642*G642,IF(AND(F642,H642),C642*E642*F642*H642,IF(AND(G642,H642),C642*E642*G642*H642,IF(F642,C642*E642*F642,IF(G642,C642*E642*G642,IF(H642,C642*E642*H642,C642*E642))))))),2)","v":{"v":0.9,"d":"0.90"}},"Sqm",{"$nulls":3},"SSR 19-20"]
[null,null,1,"x",1,{"v":6,"d":"6.000"},{"v":0,"d":"0.000"},{"v":0.15,"d":"0.150"},{"$f":"ROUND(IF(AND(F643:H643),C643*E643*F643*G643*H643,IF(AND(F643,G643),C643*E643*F643*G643,IF(AND(F643,H643),C643*E643*F643*H643,IF(AND(G643,H643),C643*E643*G643*H643,IF(F643,C643*E643*F643,IF(G643,C643*E643*G643,IF(H643,C643*E643*H643,C643*E643))))))),2)","v":{"v":0.9,"d":"0.90"}},"Sqm",{"$nulls":3},"SSR 19-20"]
[null,"2nd flight raisers",1,"x",11,{"v":1.35,"d":"1.350"},{"v":0,"d":"0.000"},{"v":0.15,"d":"0.150"},{"$f":"ROUND(IF(AND(F644:H644),C644*E644*F644*G644*H644,IF(AND(F644,G644),C644*E644*F644*G644,IF(AND(F644,H644),C644*E644*F644*H644,IF(AND(G644,H644),C644*E644*G644*H644,IF(F644,C644*E644*F644,IF(G644,C644*E644*G644,IF(H644,C644*E644*H644,C644*E644))))))),2)","v":2.23},"Sqm",{"$nulls":3},"SSR 19-20"]
[{"$nulls":13},"SSR 19-20"]
[{"$nulls":9},"Sqm",{"$f":"data!G621","v":2740.43},"SSR 19-20",{"$f":"ROUND(I646*K646,0)","v":{"v":0,"d":"0.00"}},"SSR 19-20"]
[24,"Providing skirting to internal walls to 15 cm height/risers of steps with 16-18 mm thick  polished granite tiles length equal to flooring stones, set over base coat of CM (1:3) 12 mm thick with cement slurry of honey like consistency spread at the rate of 3.30 kgs per sqm and jointed with white cement paste mixed with pigment of matching shade to full depth, including cost of all materials like tiles, cement, sand and water etc., complete including seigniorage charges, etc., complete for finished item of work",{"$nulls":11},"SSR 20-21"]
[null,"Qty.p.52 of M.B.No.441/A/ZP/19",{"$nulls":11},"SSR 20-21"]
[null,"Front entrane",1,"x",1,{"v":6,"d":"6.000"},{"v":0,"d":"0.000"},{"v":0.15,"d":"0.150"},{"$f":"ROUND(IF(AND(F649:H649),C649*E649*F649*G649*H649,IF(AND(F649,G649),C649*E649*F649*G649,IF(AND(F649,H649),C649*E649*F649*H649,IF(AND(G649,H649),C649*E649*G649*H649,IF(F649,C649*E649*F649,IF(G649,C649*E649*G649,IF(H649,C649*E649*H649,C649*E649))))))),2)","v":{"v":0.9,"d":"0.90"}},"Sqm",{"$nulls":3},"SSR 20-21"]
[null,null,1,"x",1,{"v":6,"d":"6.000"},{"v":0,"d":"0.000"},{"v":0.15,"d":"0.150"},{"$f":"ROUND(IF(AND(F650:H650),C650*E650*F650*G650*H650,IF(AND(F650,G650),C650*E650*F650*G650,IF(AND(F650,H650),C650*E650*F650*H650,IF(AND(G650,H650),C650*E650*G650*H650,IF(F650,C650*E650*F650,IF(G650,C650*E650*G650,IF(H650,C650*E650*H650,C650*E650))))))),2)","v":{"v":0.9,"d":"0.90"}},"Sqm",{"$nulls":3},"SSR 20-21"]
[null,"2nd flight raisers",1,"x",11,{"v":1.35,"d":"1.350"},{"v":0,"d":"0.000"},{"v":0.15,"d":"0.150"},{"$f":"ROUND(IF(AND(F651:H651),C651*E651*F651*G651*H651,IF(AND(F651,G651),C651*E651*F651*G651,IF(AND(F651,H651),C651*E651*F651*H651,IF(AND(G651,H651),C651*E651*G651*H651,IF(F651,C651*E651*F651,IF(G651,C651*E651*G651,IF(H651,C651*E651*H651,C651*E651))))))),2)","v":2.23},"Sqm",{"$nulls":3},"SSR 20-21"]
[{"$nulls":13},"SSR 20-21"]
[{"$nulls":9},"Sqm",{"$f":"data!G1538","v":2787.53},"SSR 20-21",{"$f":"ROUND(I653*K653,0)","v":{"v":0,"d":"0.00"}},"SSR 20-21"]
[24,"Providing skirting to internal walls to 15 cm height/risers of steps with 16-18 mm thick  polished granite tiles length equal to flooring stones, set over base coat of CM (1:3) 12 mm thick with cement slurry of honey like consistency spread at the rate of 3.30 kgs per sqm and jointed with white cement paste mixed with pigment of matching shade to full depth, including cost of all materials like tiles, cement, sand and water etc., complete including seigniorage charges, etc., complete for finished item of work",{"$nulls":11},"SSR 21-22"]
[null,"Qty.p.52 of M.B.No.441/A/ZP/19",{"$nulls":11},"SSR 21-22"]
[null,"Front entrane",1,"x",1,{"v":6,"d":"6.000"},{"v":0,"d":"0.000"},{"v":0.15,"d":"0.150"},{"$f":"ROUND(IF(AND(F656:H656),C656*E656*F656*G656*H656,IF(AND(F656,G656),C656*E656*F656*G656,IF(AND(F656,H656),C656*E656*F656*H656,IF(AND(G656,H656),C656*E656*G656*H656,IF(F656,C656*E656*F656,IF(G656,C656*E656*G656,IF(H656,C656*E656*H656,C656*E656))))))),2)","v":{"v":0.9,"d":"0.90"}},"Sqm",{"$nulls":3},"SSR 21-22"]
[null,null,1,"x",1,{"v":6,"d":"6.000"},{"v":0,"d":"0.000"},{"v":0.15,"d":"0.150"},{"$f":"ROUND(IF(AND(F657:H657),C657*E657*F657*G657*H657,IF(AND(F657,G657),C657*E657*F657*G657,IF(AND(F657,H657),C657*E657*F657*H657,IF(AND(G657,H657),C657*E657*G657*H657,IF(F657,C657*E657*F657,IF(G657,C657*E657*G657,IF(H657,C657*E657*H657,C657*E657))))))),2)","v":{"v":0.9,"d":"0.90"}},"Sqm",{"$nulls":3},"SSR 21-22"]
[null,"2nd flight raisers",1,"x",11,{"v":1.35,"d":"1.350"},{"v":0,"d":"0.000"},{"v":0.15,"d":"0.150"},{"$f":"ROUND(IF(AND(F658:H658),C658*E658*F658*G658*H658,IF(AND(F658,G658),C658*E658*F658*G658,IF(AND(F658,H658),C658*E658*F658*H658,IF(AND(G658,H658),C658*E658*G658*H658,IF(F658,C658*E658*F658,IF(G658,C658*E658*G658,IF(H658,C658*E658*H658,C658*E658))))))),2)","v":2.23},"Sqm",{"$nulls":3},"SSR 21-22"]
[{"$nulls":13},"SSR 21-22"]
[{"$nulls":9},"Sqm",{"$f":"data!G2455","v":{"v":2831.2,"d":"2831.20"}},"SSR 21-22",{"$f":"ROUND(I660*K660,0)","v":{"v":0,"d":"0.00"}},"SSR 21-22"]
[24,"Providing skirting to internal walls to 15 cm height/risers of steps with 16-18 mm thick  polished granite tiles length equal to flooring stones, set over base coat of CM (1:3) 12 mm thick with cement slurry of honey like consistency spread at the rate of 3.30 kgs per sqm and jointed with white cement paste mixed with pigment of matching shade to full depth, including cost of all materials like tiles, cement, sand and water etc., complete including seigniorage charges, etc., complete for finished item of work",{"$nulls":11},"SSR 22-23"]
[null,"Qty.p.52 of M.B.No.441/A/ZP/19",{"$nulls":11},"SSR 22-23"]
[null,"Front entrane",1,"x",1,{"v":6,"d":"6.000"},{"v":0,"d":"0.000"},{"v":0.15,"d":"0.150"},{"$f":"ROUND(IF(AND(F663:H663),C663*E663*F663*G663*H663,IF(AND(F663,G663),C663*E663*F663*G663,IF(AND(F663,H663),C663*E663*F663*H663,IF(AND(G663,H663),C663*E663*G663*H663,IF(F663,C663*E663*F663,IF(G663,C663*E663*G663,IF(H663,C663*E663*H663,C663*E663))))))),2)","v":{"v":0.9,"d":"0.90"}},"Sqm",{"$nulls":3},"SSR 22-23"]
[null,null,1,"x",1,{"v":6,"d":"6.000"},{"v":0,"d":"0.000"},{"v":0.15,"d":"0.150"},{"$f":"ROUND(IF(AND(F664:H664),C664*E664*F664*G664*H664,IF(AND(F664,G664),C664*E664*F664*G664,IF(AND(F664,H664),C664*E664*F664*H664,IF(AND(G664,H664),C664*E664*G664*H664,IF(F664,C664*E664*F664,IF(G664,C664*E664*G664,IF(H664,C664*E664*H664,C664*E664))))))),2)","v":{"v":0.9,"d":"0.90"}},"Sqm",{"$nulls":3},"SSR 22-23"]
[null,"2nd flight raisers",1,"x",11,{"v":1.35,"d":"1.350"},{"v":0,"d":"0.000"},{"v":0.15,"d":"0.150"},{"$f":"ROUND(IF(AND(F665:H665),C665*E665*F665*G665*H665,IF(AND(F665,G665),C665*E665*F665*G665,IF(AND(F665,H665),C665*E665*F665*H665,IF(AND(G665,H665),C665*E665*G665*H665,IF(F665,C665*E665*F665,IF(G665,C665*E665*G665,IF(H665,C665*E665*H665,C665*E665))))))),2)","v":2.23},"Sqm",{"$nulls":3},"SSR 22-23"]
[{"$nulls":13},"SSR 22-23"]
[{"$nulls":9},"Sqm",{"$f":"data!G3372","v":2995.66},"SSR 22-23",{"$f":"ROUND(I667*K667,0)","v":{"v":0,"d":"0.00"}},"SSR 22-23"]
[26,"Flooring with chequrred terrazzo tiles of 22 mm thick (medium shade) set over base coat of cement mortar (1:6) 12 mm thick over CC bed already laid or RCC roof slab, including near cement slurry of honey like consistency spread @ 3.3.kgs per sqm & jointed with neat cement to full depth mixed with pigment of matching shade including cost of all materials like cement, sand water and tiles etc., complete, including seigniorage charges, complete for finished item of work,",{"$nulls":11},"SSR 19-20"]
[null,"Qty.p.13 of M.B.No.441/A/ZP/19",{"$nulls":11},"SSR 19-20"]
[null,"Verandah",1,"x",1,{"v":9.87,"d":"9.870"},{"v":1.83,"d":"1.830"},{"v":0,"d":"0.000"},{"$f":"ROUND(IF(AND(F670:H670),C670*E670*F670*G670*H670,IF(AND(F670,G670),C670*E670*F670*G670,IF(AND(F670,H670),C670*E670*F670*H670,IF(AND(G670,H670),C670*E670*G670*H670,IF(F670,C670*E670*F670,IF(G670,C670*E670*G670,IF(H670,C670*E670*H670,C670*E670))))))),2)","v":18.06},"Sqm",{"$nulls":3},"SSR 19-20"]
[null,"Ramp",1,"x",1,{"v":2.83,"d":"2.830"},{"v":1.55,"d":"1.550"},{"v":0,"d":"0.000"},4.39,"Sqm",{"$nulls":3},"SSR 19-20"]
[null,"Staircase steps",1,"x",21,{"v":1.28,"d":"1.280"},{"v":0.3,"d":"0.300"},{"v":0,"d":"0.000"},8.06,"Sqm",{"$nulls":3},"SSR 19-20"]
[{"$nulls":13},"SSR 19-20"]
[{"$nulls":9},"Sqm",{"$f":"data!G642","v":660.95},"SSR 19-20",{"$f":"ROUND(I674*K674,0)","v":{"v":0,"d":"0.00"}},"SSR 19-20"]
[26,"Flooring with chequrred terrazzo tiles of 22 mm thick (medium shade) set over base coat of cement mortar (1:6) 12 mm thick over CC bed already laid or RCC roof slab, including near cement slurry of honey like consistency spread @ 3.3.kgs per sqm & jointed with neat cement to full depth mixed with pigment of matching shade including cost of all materials like cement, sand water and tiles etc., complete, including seigniorage charges, complete for finished item of work,",{"$nulls":11},"SSR 20-21"]
[null,"Qty.p.13 of M.B.No.441/A/ZP/19",{"$nulls":11},"SSR 20-21"]
[null,"Verandah",1,"x",1,{"v":9.87,"d":"9.870"},{"v":1.83,"d":"1.830"},{"v":0,"d":"0.000"},{"$f":"ROUND(IF(AND(F677:H677),C677*E677*F677*G677*H677,IF(AND(F677,G677),C677*E677*F677*G677,IF(AND(F677,H677),C677*E677*F677*H677,IF(AND(G677,H677),C677*E677*G677*H677,IF(F677,C677*E677*F677,IF(G677,C677*E677*G677,IF(H677,C677*E677*H677,C677*E677))))))),2)","v":18.06},"Sqm",{"$nulls":3},"SSR 20-21"]
[null,"Ramp",1,"x",1,{"v":2.83,"d":"2.830"},{"v":1.55,"d":"1.550"},{"v":0,"d":"0.000"},{"$f":"ROUND(IF(AND(F678:H678),C678*E678*F678*G678*H678,IF(AND(F678,G678),C678*E678*F678*G678,IF(AND(F678,H678),C678*E678*F678*H678,IF(AND(G678,H678),C678*E678*G678*H678,IF(F678,C678*E678*F678,IF(G678,C678*E678*G678,IF(H678,C678*E678*H678,C678*E678))))))),2)","v":4.39},"Sqm",{"$nulls":3},"SSR 20-21"]
[null,"Staircase steps",1,"x",21,{"v":1.28,"d":"1.280"},{"v":0.3,"d":"0.300"},{"v":0,"d":"0.000"},{"$f":"ROUND(IF(AND(F679:H679),C679*E679*F679*G679*H679,IF(AND(F679,G679),C679*E679*F679*G679,IF(AND(F679,H679),C679*E679*F679*H679,IF(AND(G679,H679),C679*E679*G679*H679,IF(F679,C679*E679*F679,IF(G679,C679*E679*G679,IF(H679,C679*E679*H679,C679*E679))))))),2)","v":8.06},"Sqm",{"$nulls":3},"SSR 20-21"]
[{"$nulls":13},"SSR 20-21"]
[{"$nulls":9},"Sqm",{"$f":"data!G1559","v":709.65},"SSR 20-21",{"$f":"ROUND(I681*K681,0)","v":{"v":0,"d":"0.00"}},"SSR 20-21"]
[26,"Flooring with chequrred terrazzo tiles of 22 mm thick (medium shade) set over base coat of cement mortar (1:6) 12 mm thick over CC bed already laid or RCC roof slab, including near cement slurry of honey like consistency spread @ 3.3.kgs per sqm & jointed with neat cement to full depth mixed with pigment of matching shade including cost of all materials like cement, sand water and tiles etc., complete, including seigniorage charges, complete for finished item of work,",{"$nulls":11},"SSR 21-22"]
[null,"Qty.p.13 of M.B.No.441/A/ZP/19",{"$nulls":11},"SSR 21-22"]
[null,"Verandah",1,"x",1,{"v":9.87,"d":"9.870"},{"v":1.83,"d":"1.830"},{"v":0,"d":"0.000"},{"$f":"ROUND(IF(AND(F684:H684),C684*E684*F684*G684*H684,IF(AND(F684,G684),C684*E684*F684*G684,IF(AND(F684,H684),C684*E684*F684*H684,IF(AND(G684,H684),C684*E684*G684*H684,IF(F684,C684*E684*F684,IF(G684,C684*E684*G684,IF(H684,C684*E684*H684,C684*E684))))))),2)","v":18.06},"Sqm",{"$nulls":3},"SSR 21-22"]
[null,"Ramp",1,"x",1,{"v":2.83,"d":"2.830"},{"v":1.55,"d":"1.550"},{"v":0,"d":"0.000"},{"$f":"ROUND(IF(AND(F685:H685),C685*E685*F685*G685*H685,IF(AND(F685,G685),C685*E685*F685*G685,IF(AND(F685,H685),C685*E685*F685*H685,IF(AND(G685,H685),C685*E685*G685*H685,IF(F685,C685*E685*F685,IF(G685,C685*E685*G685,IF(H685,C685*E685*H685,C685*E685))))))),2)","v":4.39},"Sqm",{"$nulls":3},"SSR 21-22"]
[null,"Staircase steps",1,"x",21,{"v":1.28,"d":"1.280"},{"v":0.3,"d":"0.300"},{"v":0,"d":"0.000"},{"$f":"ROUND(IF(AND(F686:H686),C686*E686*F686*G686*H686,IF(AND(F686,G686),C686*E686*F686*G686,IF(AND(F686,H686),C686*E686*F686*H686,IF(AND(G686,H686),C686*E686*G686*H686,IF(F686,C686*E686*F686,IF(G686,C686*E686*G686,IF(H686,C686*E686*H686,C686*E686))))))),2)","v":8.06},"Sqm",{"$nulls":3},"SSR 21-22"]
[{"$nulls":13},"SSR 21-22"]
[{"$nulls":9},"Sqm",{"$f":"data!G2476","v":718.32},"SSR 21-22",{"$f":"ROUND(I688*K688,0)","v":{"v":0,"d":"0.00"}},"SSR 21-22"]
[26,"Flooring with chequrred terrazzo tiles of 22 mm thick (medium shade) set over base coat of cement mortar (1:6) 12 mm thick over CC bed already laid or RCC roof slab, including near cement slurry of honey like consistency spread @ 3.3.kgs per sqm & jointed with neat cement to full depth mixed with pigment of matching shade including cost of all materials like cement, sand water and tiles etc., complete, including seigniorage charges, complete for finished item of work,",{"$nulls":11},"SSR 22-23"]
[null,"Qty.p.13 of M.B.No.441/A/ZP/19",{"$nulls":11},"SSR 22-23"]
[null,"Verandah",1,"x",1,{"v":9.87,"d":"9.870"},{"v":1.83,"d":"1.830"},{"v":0,"d":"0.000"},{"$f":"ROUND(IF(AND(F691:H691),C691*E691*F691*G691*H691,IF(AND(F691,G691),C691*E691*F691*G691,IF(AND(F691,H691),C691*E691*F691*H691,IF(AND(G691,H691),C691*E691*G691*H691,IF(F691,C691*E691*F691,IF(G691,C691*E691*G691,IF(H691,C691*E691*H691,C691*E691))))))),2)","v":18.06},"Sqm",{"$nulls":3},"SSR 22-23"]
[null,"Ramp",1,"x",1,{"v":2.83,"d":"2.830"},{"v":1.55,"d":"1.550"},{"v":0,"d":"0.000"},{"$f":"ROUND(IF(AND(F692:H692),C692*E692*F692*G692*H692,IF(AND(F692,G692),C692*E692*F692*G692,IF(AND(F692,H692),C692*E692*F692*H692,IF(AND(G692,H692),C692*E692*G692*H692,IF(F692,C692*E692*F692,IF(G692,C692*E692*G692,IF(H692,C692*E692*H692,C692*E692))))))),2)","v":4.39},"Sqm",{"$nulls":3},"SSR 22-23"]
[null,"Staircase steps",1,"x",21,{"v":1.28,"d":"1.280"},{"v":0.3,"d":"0.300"},{"v":0,"d":"0.000"},{"$f":"ROUND(IF(AND(F693:H693),C693*E693*F693*G693*H693,IF(AND(F693,G693),C693*E693*F693*G693,IF(AND(F693,H693),C693*E693*F693*H693,IF(AND(G693,H693),C693*E693*G693*H693,IF(F693,C693*E693*F693,IF(G693,C693*E693*G693,IF(H693,C693*E693*H693,C693*E693))))))),2)","v":8.06},"Sqm",{"$nulls":3},"SSR 22-23"]
[{"$nulls":13},"SSR 22-23"]
[{"$nulls":9},"Sqm",{"$f":"data!G3393","v":816.76},"SSR 22-23",{"$f":"ROUND(I695*K695,0)","v":{"v":0,"d":"0.00"}},"SSR 22-23"]
[27,"Providing skirting to internal walls to 15 cm height/risers of steps with chequrred terrazzo tiles length equal to flooring stones, set over base coat of CM (1:5) 12 mm thick with cement slurry of honey like consistency spread at the rate of 3.30 kgs per sqm and jointed with white cement paste mixed with pigment of matching shade to full depth, including cost of all materials like tiles, cement, sand and water etc., complete including seigniorage charges, etc., complete for finished item of work,",{"$nulls":11},"SSR 19-20"]
[null,"Qty.p.14 of M.B.No.441/A/ZP/19",{"$nulls":11},"SSR 19-20"]
[null,"Landing",1,"x",2,{"v":5.25,"d":"5.250"},{"v":0,"d":"0.000"},{"v":0.1,"d":"0.100"},{"$f":"ROUND(IF(AND(F698:H698),C698*E698*F698*G698*H698,IF(AND(F698,G698),C698*E698*F698*G698,IF(AND(F698,H698),C698*E698*F698*H698,IF(AND(G698,H698),C698*E698*G698*H698,IF(F698,C698*E698*F698,IF(G698,C698*E698*G698,IF(H698,C698*E698*H698,C698*E698))))))),2)","v":1.05},"Sqm",{"$nulls":3},"SSR 19-20"]
[null,"Verandah",1,"x",1,{"v":9.87,"d":"9.870"},{"v":0,"d":"0.000"},{"v":0.1,"d":"0.100"},0.99,"Sqm",{"$nulls":3},"SSR 19-20"]
[null,"Waiting room",1,"x",1,{"v":10.53,"d":"10.530"},{"v":0,"d":"0.000"},{"v":0.1,"d":"0.100"},1.05,"Sqm",{"$nulls":3},"SSR 19-20"]
[{"$nulls":13},"SSR 19-20"]
[{"$nulls":9},"Sqm",{"$f":"data!G660","v":{"v":681.6,"d":"681.60"}},"SSR 19-20",{"$f":"ROUND(I702*K702,0)","v":{"v":0,"d":"0.00"}},"SSR 19-20"]
[27,"Providing skirting to internal walls to 15 cm height/risers of steps with chequrred terrazzo tiles length equal to flooring stones, set over base coat of CM (1:5) 12 mm thick with cement slurry of honey like consistency spread at the rate of 3.30 kgs per sqm and jointed with white cement paste mixed with pigment of matching shade to full depth, including cost of all materials like tiles, cement, sand and water etc., complete including seigniorage charges, etc., complete for finished item of work,",{"$nulls":11},"SSR 20-21"]
[null,"Qty.p.14 of M.B.No.441/A/ZP/19",{"$nulls":11},"SSR 20-21"]
[null,"Landing",1,"x",2,{"v":5.25,"d":"5.250"},{"v":0,"d":"0.000"},{"v":0.1,"d":"0.100"},{"$f":"ROUND(IF(AND(F705:H705),C705*E705*F705*G705*H705,IF(AND(F705,G705),C705*E705*F705*G705,IF(AND(F705,H705),C705*E705*F705*H705,IF(AND(G705,H705),C705*E705*G705*H705,IF(F705,C705*E705*F705,IF(G705,C705*E705*G705,IF(H705,C705*E705*H705,C705*E705))))))),2)","v":1.05},"Sqm",{"$nulls":3},"SSR 20-21"]
[null,"Verandah",1,"x",1,{"v":9.87,"d":"9.870"},{"v":0,"d":"0.000"},{"v":0.1,"d":"0.100"},{"$f":"ROUND(IF(AND(F706:H706),C706*E706*F706*G706*H706,IF(AND(F706,G706),C706*E706*F706*G706,IF(AND(F706,H706),C706*E706*F706*H706,IF(AND(G706,H706),C706*E706*G706*H706,IF(F706,C706*E706*F706,IF(G706,C706*E706*G706,IF(H706,C706*E706*H706,C706*E706))))))),2)","v":0.99},"Sqm",{"$nulls":3},"SSR 20-21"]
[null,"Waiting room",1,"x",1,{"v":10.53,"d":"10.530"},{"v":0,"d":"0.000"},{"v":0.1,"d":"0.100"},{"$f":"ROUND(IF(AND(F707:H707),C707*E707*F707*G707*H707,IF(AND(F707,G707),C707*E707*F707*G707,IF(AND(F707,H707),C707*E707*F707*H707,IF(AND(G707,H707),C707*E707*G707*H707,IF(F707,C707*E707*F707,IF(G707,C707*E707*G707,IF(H707,C707*E707*H707,C707*E707))))))),2)","v":1.05},"Sqm",{"$nulls":3},"SSR 20-21"]
[{"$nulls":13},"SSR 20-21"]
[{"$nulls":9},"Sqm",{"$f":"data!G1577","v":715.12},"SSR 20-21",{"$f":"ROUND(I709*K709,0)","v":{"v":0,"d":"0.00"}},"SSR 20-21"]
[27,"Providing skirting to internal walls to 15 cm height/risers of steps with chequrred terrazzo tiles length equal to flooring stones, set over base coat of CM (1:5) 12 mm thick with cement slurry of honey like consistency spread at the rate of 3.30 kgs per sqm and jointed with white cement paste mixed with pigment of matching shade to full depth, including cost of all materials like tiles, cement, sand and water etc., complete including seigniorage charges, etc., complete for finished item of work,",{"$nulls":11},"SSR 21-22"]
[null,"Qty.p.14 of M.B.No.441/A/ZP/19",{"$nulls":11},"SSR 21-22"]
[null,"Landing",1,"x",2,{"v":5.25,"d":"5.250"},{"v":0,"d":"0.000"},{"v":0.1,"d":"0.100"},{"$f":"ROUND(IF(AND(F712:H712),C712*E712*F712*G712*H712,IF(AND(F712,G712),C712*E712*F712*G712,IF(AND(F712,H712),C712*E712*F712*H712,IF(AND(G712,H712),C712*E712*G712*H712,IF(F712,C712*E712*F712,IF(G712,C712*E712*G712,IF(H712,C712*E712*H712,C712*E712))))))),2)","v":1.05},"Sqm",{"$nulls":3},"SSR 21-22"]
[null,"Verandah",1,"x",1,{"v":9.87,"d":"9.870"},{"v":0,"d":"0.000"},{"v":0.1,"d":"0.100"},{"$f":"ROUND(IF(AND(F713:H713),C713*E713*F713*G713*H713,IF(AND(F713,G713),C713*E713*F713*G713,IF(AND(F713,H713),C713*E713*F713*H713,IF(AND(G713,H713),C713*E713*G713*H713,IF(F713,C713*E713*F713,IF(G713,C713*E713*G713,IF(H713,C713*E713*H713,C713*E713))))))),2)","v":0.99},"Sqm",{"$nulls":3},"SSR 21-22"]
[null,"Waiting room",1,"x",1,{"v":10.53,"d":"10.530"},{"v":0,"d":"0.000"},{"v":0.1,"d":"0.100"},{"$f":"ROUND(IF(AND(F714:H714),C714*E714*F714*G714*H714,IF(AND(F714,G714),C714*E714*F714*G714,IF(AND(F714,H714),C714*E714*F714*H714,IF(AND(G714,H714),C714*E714*G714*H714,IF(F714,C714*E714*F714,IF(G714,C714*E714*G714,IF(H714,C714*E714*H714,C714*E714))))))),2)","v":1.05},"Sqm",{"$nulls":3},"SSR 21-22"]
[{"$nulls":13},"SSR 21-22"]
[{"$nulls":9},"Sqm",{"$f":"data!G2494","v":740.12},"SSR 21-22",{"$f":"ROUND(I716*K716,0)","v":{"v":0,"d":"0.00"}},"SSR 21-22"]
[27,"Providing skirting to internal walls to 15 cm height/risers of steps with chequrred terrazzo tiles length equal to flooring stones, set over base coat of CM (1:5) 12 mm thick with cement slurry of honey like consistency spread at the rate of 3.30 kgs per sqm and jointed with white cement paste mixed with pigment of matching shade to full depth, including cost of all materials like tiles, cement, sand and water etc., complete including seigniorage charges, etc., complete for finished item of work,",{"$nulls":11},"SSR 22-23"]
[null,"Qty.p.14 of M.B.No.441/A/ZP/19",{"$nulls":11},"SSR 22-23"]
[null,"Landing",1,"x",2,{"v":5.25,"d":"5.250"},{"v":0,"d":"0.000"},{"v":0.1,"d":"0.100"},{"$f":"ROUND(IF(AND(F719:H719),C719*E719*F719*G719*H719,IF(AND(F719,G719),C719*E719*F719*G719,IF(AND(F719,H719),C719*E719*F719*H719,IF(AND(G719,H719),C719*E719*G719*H719,IF(F719,C719*E719*F719,IF(G719,C719*E719*G719,IF(H719,C719*E719*H719,C719*E719))))))),2)","v":1.05},"Sqm",{"$nulls":3},"SSR 22-23"]
[null,"Verandah",1,"x",1,{"v":9.87,"d":"9.870"},{"v":0,"d":"0.000"},{"v":0.1,"d":"0.100"},{"$f":"ROUND(IF(AND(F720:H720),C720*E720*F720*G720*H720,IF(AND(F720,G720),C720*E720*F720*G720,IF(AND(F720,H720),C720*E720*F720*H720,IF(AND(G720,H720),C720*E720*G720*H720,IF(F720,C720*E720*F720,IF(G720,C720*E720*G720,IF(H720,C720*E720*H720,C720*E720))))))),2)","v":0.99},"Sqm",{"$nulls":3},"SSR 22-23"]
[null,"Waiting room",1,"x",1,{"v":10.53,"d":"10.530"},{"v":0,"d":"0.000"},{"v":0.1,"d":"0.100"},{"$f":"ROUND(IF(AND(F721:H721),C721*E721*F721*G721*H721,IF(AND(F721,G721),C721*E721*F721*G721,IF(AND(F721,H721),C721*E721*F721*H721,IF(AND(G721,H721),C721*E721*G721*H721,IF(F721,C721*E721*F721,IF(G721,C721*E721*G721,IF(H721,C721*E721*H721,C721*E721))))))),2)","v":1.05},"Sqm",{"$nulls":3},"SSR 22-23"]
[{"$nulls":13},"SSR 22-23"]
[{"$nulls":9},"Sqm",{"$f":"data!G3411","v":822.23},"SSR 22-23",{"$f":"ROUND(I723*K723,0)","v":{"v":0,"d":"0.00"}},"SSR 22-23"]
[19,"Flooring with Ceramic non skid tiles of not less than 7-8mm thick 1st quality laid over floor bed / VRCC slab set over base coat of CM (1:8), 12mm thick and neat grey Cement slurry of honey like consistency spread @ 3.30 Kgs per Sqm & jointed with neat white Cement paste to full depth mixed with pigment of matching shade including c/c of all materials to site including cost of mixing of mortar and watering and levelling to proper slope and curing including all labour charges etc for finished item of work  ",{"$nulls":11},"SSR 19-20"]
[null,"Qty.p. 72 of M.B.No.441/A/ZP/19",{"$nulls":11},"SSR 19-20"]
[null,null,1,"x",1,{"v":9.86,"d":"9.860"},{"v":1.15,"d":"1.150"},{"v":0,"d":"0.000"},{"$f":"ROUND(IF(AND(F726:H726),C726*E726*F726*G726*H726,IF(AND(F726,G726),C726*E726*F726*G726,IF(AND(F726,H726),C726*E726*F726*H726,IF(AND(G726,H726),C726*E726*G726*H726,IF(F726,C726*E726*F726,IF(G726,C726*E726*G726,IF(H726,C726*E726*H726,C726*E726))))))),2)","v":11.34},"Sqm",{"$nulls":3},"SSR 19-20"]
[null,null,1,"x",1,{"v":3.1,"d":"3.100"},{"v":0.4,"d":"0.400"},{"v":0,"d":"0.000"},1.24,"Sqm",{"$nulls":3},"SSR 19-20"]
[null,null,1,"x",1,{"v":3.1,"d":"3.100"},{"v":1.18,"d":"1.180"},{"v":0,"d":"0.000"},3.66,"Sqm",{"$nulls":3},"SSR 19-20"]
[{"$nulls":13},"SSR 19-20"]
[{"$nulls":9},"Sqm",{"$f":"data!G716","v":784.71},"SSR 19-20",{"$f":"ROUND(I730*K730,0)","v":{"v":0,"d":"0.00"}},"SSR 19-20"]
[19,"Flooring with Ceramic non skid tiles of not less than 7-8mm thick 1st quality laid over floor bed / VRCC slab set over base coat of CM (1:8), 12mm thick and neat grey Cement slurry of honey like consistency spread @ 3.30 Kgs per Sqm & jointed with neat white Cement paste to full depth mixed with pigment of matching shade including c/c of all materials to site including cost of mixing of mortar and watering and levelling to proper slope and curing including all labour charges etc for finished item of work  ",{"$nulls":11},"SSR 20-21"]
[null,"Qty.p. 72 of M.B.No.441/A/ZP/19",{"$nulls":11},"SSR 20-21"]
[null,null,1,"x",1,{"v":9.86,"d":"9.860"},{"v":1.15,"d":"1.150"},{"v":0,"d":"0.000"},{"$f":"ROUND(IF(AND(F733:H733),C733*E733*F733*G733*H733,IF(AND(F733,G733),C733*E733*F733*G733,IF(AND(F733,H733),C733*E733*F733*H733,IF(AND(G733,H733),C733*E733*G733*H733,IF(F733,C733*E733*F733,IF(G733,C733*E733*G733,IF(H733,C733*E733*H733,C733*E733))))))),2)","v":11.34},"Sqm",{"$nulls":3},"SSR 20-21"]
[null,null,1,"x",1,{"v":3.1,"d":"3.100"},{"v":0.4,"d":"0.400"},{"v":0,"d":"0.000"},{"$f":"ROUND(IF(AND(F734:H734),C734*E734*F734*G734*H734,IF(AND(F734,G734),C734*E734*F734*G734,IF(AND(F734,H734),C734*E734*F734*H734,IF(AND(G734,H734),C734*E734*G734*H734,IF(F734,C734*E734*F734,IF(G734,C734*E734*G734,IF(H734,C734*E734*H734,C734*E734))))))),2)","v":1.24},"Sqm",{"$nulls":3},"SSR 20-21"]
[null,null,1,"x",1,{"v":3.1,"d":"3.100"},{"v":1.18,"d":"1.180"},{"v":0,"d":"0.000"},{"$f":"ROUND(IF(AND(F735:H735),C735*E735*F735*G735*H735,IF(AND(F735,G735),C735*E735*F735*G735,IF(AND(F735,H735),C735*E735*F735*H735,IF(AND(G735,H735),C735*E735*G735*H735,IF(F735,C735*E735*F735,IF(G735,C735*E735*G735,IF(H735,C735*E735*H735,C735*E735))))))),2)","v":3.66},"Sqm",{"$nulls":3},"SSR 20-21"]
[{"$nulls":13},"SSR 20-21"]
[{"$nulls":9},"Sqm",{"$f":"data!G1633","v":818.23},"SSR 20-21",{"$f":"ROUND(I737*K737,0)","v":{"v":0,"d":"0.00"}},"SSR 20-21"]
[19,"Flooring with Ceramic non skid tiles of not less than 7-8mm thick 1st quality laid over floor bed / VRCC slab set over base coat of CM (1:8), 12mm thick and neat grey Cement slurry of honey like consistency spread @ 3.30 Kgs per Sqm & jointed with neat white Cement paste to full depth mixed with pigment of matching shade including c/c of all materials to site including cost of mixing of mortar and watering and levelling to proper slope and curing including all labour charges etc for finished item of work  ",{"$nulls":11},"SSR 21-22"]
[null,"Qty.p. 72 of M.B.No.441/A/ZP/19",{"$nulls":11},"SSR 21-22"]
[null,null,1,"x",1,{"v":9.86,"d":"9.860"},{"v":1.15,"d":"1.150"},{"v":0,"d":"0.000"},{"$f":"ROUND(IF(AND(F740:H740),C740*E740*F740*G740*H740,IF(AND(F740,G740),C740*E740*F740*G740,IF(AND(F740,H740),C740*E740*F740*H740,IF(AND(G740,H740),C740*E740*G740*H740,IF(F740,C740*E740*F740,IF(G740,C740*E740*G740,IF(H740,C740*E740*H740,C740*E740))))))),2)","v":11.34},"Sqm",{"$nulls":3},"SSR 21-22"]
[null,null,1,"x",1,{"v":3.1,"d":"3.100"},{"v":0.4,"d":"0.400"},{"v":0,"d":"0.000"},{"$f":"ROUND(IF(AND(F741:H741),C741*E741*F741*G741*H741,IF(AND(F741,G741),C741*E741*F741*G741,IF(AND(F741,H741),C741*E741*F741*H741,IF(AND(G741,H741),C741*E741*G741*H741,IF(F741,C741*E741*F741,IF(G741,C741*E741*G741,IF(H741,C741*E741*H741,C741*E741))))))),2)","v":1.24},"Sqm",{"$nulls":3},"SSR 21-22"]
[null,null,1,"x",1,{"v":3.1,"d":"3.100"},{"v":1.18,"d":"1.180"},{"v":0,"d":"0.000"},{"$f":"ROUND(IF(AND(F742:H742),C742*E742*F742*G742*H742,IF(AND(F742,G742),C742*E742*F742*G742,IF(AND(F742,H742),C742*E742*F742*H742,IF(AND(G742,H742),C742*E742*G742*H742,IF(F742,C742*E742*F742,IF(G742,C742*E742*G742,IF(H742,C742*E742*H742,C742*E742))))))),2)","v":3.66},"Sqm",{"$nulls":3},"SSR 21-22"]
[{"$nulls":13},"SSR 21-22"]
[{"$nulls":9},"Sqm",{"$f":"data!G2550","v":843.23},"SSR 21-22",{"$f":"ROUND(I744*K744,0)","v":{"v":0,"d":"0.00"}},"SSR 21-22"]
[19,"Flooring with Ceramic non skid tiles of not less than 7-8mm thick 1st quality laid over floor bed / VRCC slab set over base coat of CM (1:8), 12mm thick and neat grey Cement slurry of honey like consistency spread @ 3.30 Kgs per Sqm & jointed with neat white Cement paste to full depth mixed with pigment of matching shade including c/c of all materials to site including cost of mixing of mortar and watering and levelling to proper slope and curing including all labour charges etc for finished item of work  ",{"$nulls":11},"SSR 22-23"]
[null,"Qty.p. 72 of M.B.No.441/A/ZP/19",{"$nulls":11},"SSR 22-23"]
[null,null,1,"x",1,{"v":9.86,"d":"9.860"},{"v":1.15,"d":"1.150"},{"v":0,"d":"0.000"},{"$f":"ROUND(IF(AND(F747:H747),C747*E747*F747*G747*H747,IF(AND(F747,G747),C747*E747*F747*G747,IF(AND(F747,H747),C747*E747*F747*H747,IF(AND(G747,H747),C747*E747*G747*H747,IF(F747,C747*E747*F747,IF(G747,C747*E747*G747,IF(H747,C747*E747*H747,C747*E747))))))),2)","v":11.34},"Sqm",{"$nulls":3},"SSR 22-23"]
[null,null,1,"x",1,{"v":3.1,"d":"3.100"},{"v":0.4,"d":"0.400"},{"v":0,"d":"0.000"},{"$f":"ROUND(IF(AND(F748:H748),C748*E748*F748*G748*H748,IF(AND(F748,G748),C748*E748*F748*G748,IF(AND(F748,H748),C748*E748*F748*H748,IF(AND(G748,H748),C748*E748*G748*H748,IF(F748,C748*E748*F748,IF(G748,C748*E748*G748,IF(H748,C748*E748*H748,C748*E748))))))),2)","v":1.24},"Sqm",{"$nulls":3},"SSR 22-23"]
[null,null,1,"x",1,{"v":3.1,"d":"3.100"},{"v":1.18,"d":"1.180"},{"v":0,"d":"0.000"},{"$f":"ROUND(IF(AND(F749:H749),C749*E749*F749*G749*H749,IF(AND(F749,G749),C749*E749*F749*G749,IF(AND(F749,H749),C749*E749*F749*H749,IF(AND(G749,H749),C749*E749*G749*H749,IF(F749,C749*E749*F749,IF(G749,C749*E749*G749,IF(H749,C749*E749*H749,C749*E749))))))),2)","v":3.66},"Sqm",{"$nulls":3},"SSR 22-23"]
[{"$nulls":13},"SSR 22-23"]
[{"$nulls":9},"Sqm",{"$f":"data!G3467","v":873.89},"SSR 22-23",{"$f":"ROUND(I751*K751,0)","v":{"v":0,"d":"0.00"}},"SSR 22-23"]
[20,"Providing Daddooing to walls with 5 to 7mm thick Glazed Ceramic wall tiles of 1st quality of 6mm thick set over base coat of CM (1:3) 12mm thick with Cement slurry of honey like consistency spread @ 3.30 Kgs per Sqm & jointed with neat white Cement paste to full depth mixed with pigment of matching shade including c/c of all materials to site, cost of all materials like tiles, Cement, sand and water etc complete for finished item of work  ",{"$nulls":11},"SSR 19-20"]
[null,"Qty.P.No. 73 of M.B.No.441/A/ZP/19",{"$nulls":11},"SSR 19-20"]
[null,null,1,"x",1,{"v":8.63,"d":"8.630"},{"v":0,"d":"0.000"},{"v":0.1,"d":"0.100"},{"$f":"ROUND(IF(AND(F754:H754),C754*E754*F754*G754*H754,IF(AND(F754,G754),C754*E754*F754*G754,IF(AND(F754,H754),C754*E754*F754*H754,IF(AND(G754,H754),C754*E754*G754*H754,IF(F754,C754*E754*F754,IF(G754,C754*E754*G754,IF(H754,C754*E754*H754,C754*E754))))))),2)","v":0.86},"Sqm",{"$nulls":3},"SSR 19-20"]
[null,null,1,"x",4,{"v":3.6,"d":"3.600"},{"v":0,"d":"0.000"},{"v":0.18,"d":"0.180"},{"$f":"ROUND(IF(AND(F755:H755),C755*E755*F755*G755*H755,IF(AND(F755,G755),C755*E755*F755*G755,IF(AND(F755,H755),C755*E755*F755*H755,IF(AND(G755,H755),C755*E755*G755*H755,IF(F755,C755*E755*F755,IF(G755,C755*E755*G755,IF(H755,C755*E755*H755,C755*E755))))))),2)","v":2.59},"Sqm",{"$nulls":3},"SSR 19-20"]
[{"$nulls":13},"SSR 19-20"]
[{"$nulls":9},"Sqm",{"$f":"data!G733","v":502.03},"SSR 19-20",{"$f":"ROUND(I757*K757,0)","v":{"v":0,"d":"0.00"}},"SSR 19-20"]
[20,"Providing Daddooing to walls with 5 to 7mm thick Glazed Ceramic wall tiles of 1st quality of 6mm thick set over base coat of CM (1:3) 12mm thick with Cement slurry of honey like consistency spread @ 3.30 Kgs per Sqm & jointed with neat white Cement paste to full depth mixed with pigment of matching shade including c/c of all materials to site, cost of all materials like tiles, Cement, sand and water etc complete for finished item of work  ",{"$nulls":11},"SSR 20-21"]
[null,"Qty.P.No. 73 of M.B.No.441/A/ZP/19",{"$nulls":11},"SSR 20-21"]
[null,null,1,"x",1,{"v":8.63,"d":"8.630"},{"v":0,"d":"0.000"},{"v":0.1,"d":"0.100"},{"$f":"ROUND(IF(AND(F760:H760),C760*E760*F760*G760*H760,IF(AND(F760,G760),C760*E760*F760*G760,IF(AND(F760,H760),C760*E760*F760*H760,IF(AND(G760,H760),C760*E760*G760*H760,IF(F760,C760*E760*F760,IF(G760,C760*E760*G760,IF(H760,C760*E760*H760,C760*E760))))))),2)","v":0.86},"Sqm",{"$nulls":3},"SSR 20-21"]
[null,null,1,"x",4,{"v":3.6,"d":"3.600"},{"v":0,"d":"0.000"},{"v":0.18,"d":"0.180"},{"$f":"ROUND(IF(AND(F761:H761),C761*E761*F761*G761*H761,IF(AND(F761,G761),C761*E761*F761*G761,IF(AND(F761,H761),C761*E761*F761*H761,IF(AND(G761,H761),C761*E761*G761*H761,IF(F761,C761*E761*F761,IF(G761,C761*E761*G761,IF(H761,C761*E761*H761,C761*E761))))))),2)","v":2.59},"Sqm",{"$nulls":3},"SSR 20-21"]
[{"$nulls":13},"SSR 20-21"]
[{"$nulls":9},"Sqm",{"$f":"data!G1650","v":512.04},"SSR 20-21",{"$f":"ROUND(I763*K763,0)","v":{"v":0,"d":"0.00"}},"SSR 20-21"]
[20,"Providing Daddooing to walls with 5 to 7mm thick Glazed Ceramic wall tiles of 1st quality of 6mm thick set over base coat of CM (1:3) 12mm thick with Cement slurry of honey like consistency spread @ 3.30 Kgs per Sqm & jointed with neat white Cement paste to full depth mixed with pigment of matching shade including c/c of all materials to site, cost of all materials like tiles, Cement, sand and water etc complete for finished item of work  ",{"$nulls":11},"SSR 21-22"]
[null,"Qty.P.No. 73 of M.B.No.441/A/ZP/19",{"$nulls":11},"SSR 21-22"]
[null,null,1,"x",1,{"v":8.63,"d":"8.630"},{"v":0,"d":"0.000"},{"v":0.1,"d":"0.100"},{"$f":"ROUND(IF(AND(F766:H766),C766*E766*F766*G766*H766,IF(AND(F766,G766),C766*E766*F766*G766,IF(AND(F766,H766),C766*E766*F766*H766,IF(AND(G766,H766),C766*E766*G766*H766,IF(F766,C766*E766*F766,IF(G766,C766*E766*G766,IF(H766,C766*E766*H766,C766*E766))))))),2)","v":0.86},"Sqm",{"$nulls":3},"SSR 21-22"]
[null,null,1,"x",4,{"v":3.6,"d":"3.600"},{"v":0,"d":"0.000"},{"v":0.18,"d":"0.180"},{"$f":"ROUND(IF(AND(F767:H767),C767*E767*F767*G767*H767,IF(AND(F767,G767),C767*E767*F767*G767,IF(AND(F767,H767),C767*E767*F767*H767,IF(AND(G767,H767),C767*E767*G767*H767,IF(F767,C767*E767*F767,IF(G767,C767*E767*G767,IF(H767,C767*E767*H767,C767*E767))))))),2)","v":2.59},"Sqm",{"$nulls":3},"SSR 21-22"]
[{"$nulls":13},"SSR 21-22"]
[{"$nulls":9},"Sqm",{"$f":"data!G2567","v":520.52},"SSR 21-22",{"$f":"ROUND(I769*K769,0)","v":{"v":0,"d":"0.00"}},"SSR 21-22"]
[20,"Providing Daddooing to walls with 5 to 7mm thick Glazed Ceramic wall tiles of 1st quality of 6mm thick set over base coat of CM (1:3) 12mm thick with Cement slurry of honey like consistency spread @ 3.30 Kgs per Sqm & jointed with neat white Cement paste to full depth mixed with pigment of matching shade including c/c of all materials to site, cost of all materials like tiles, Cement, sand and water etc complete for finished item of work  ",{"$nulls":11},"SSR 22-23"]
[null,"Qty.P.No. 73 of M.B.No.441/A/ZP/19",{"$nulls":11},"SSR 22-23"]
[null,null,1,"x",1,{"v":8.63,"d":"8.630"},{"v":0,"d":"0.000"},{"v":0.1,"d":"0.100"},{"$f":"ROUND(IF(AND(F772:H772),C772*E772*F772*G772*H772,IF(AND(F772,G772),C772*E772*F772*G772,IF(AND(F772,H772),C772*E772*F772*H772,IF(AND(G772,H772),C772*E772*G772*H772,IF(F772,C772*E772*F772,IF(G772,C772*E772*G772,IF(H772,C772*E772*H772,C772*E772))))))),2)","v":0.86},"Sqm",{"$nulls":3},"SSR 22-23"]
[null,null,1,"x",4,{"v":3.6,"d":"3.600"},{"v":0,"d":"0.000"},{"v":0.18,"d":"0.180"},{"$f":"ROUND(IF(AND(F773:H773),C773*E773*F773*G773*H773,IF(AND(F773,G773),C773*E773*F773*G773,IF(AND(F773,H773),C773*E773*F773*H773,IF(AND(G773,H773),C773*E773*G773*H773,IF(F773,C773*E773*F773,IF(G773,C773*E773*G773,IF(H773,C773*E773*H773,C773*E773))))))),2)","v":2.59},"Sqm",{"$nulls":3},"SSR 22-23"]
[{"$nulls":13},"SSR 22-23"]
[{"$nulls":9},"Sqm",{"$f":"data!G3484","v":536.26},"SSR 22-23",{"$f":"ROUND(I775*K775,0)","v":{"v":0,"d":"0.00"}},"SSR 22-23"]
[27,"Flooring with pressed clay flooring tiles, set over base coat of cement mortar (1:8) 12 mm thick over CC bed already laid or RCC roof slab, including neat cement slurry of honey like consistency spread @ 3.3.kgs per sqm & jointed neatly with cement mixed with pigment of matching shade to full depth, including cost of all materials like cement, sand water and tiles etc., complete, for finished item of work,     ",{"$nulls":11},"SSR 19-20"]
[null,"Qty.P.No. 53 of M.B.No.441/A/ZP/19",{"$nulls":11},"SSR 19-20"]
[null,"Roofing tiles",2,"x",0.5,{"v":0.96,"d":"0.960"},{"v":1,"d":"1.000"},{"v":0,"d":"0.000"},{"$f":"ROUND(IF(AND(F778:H778),C778*E778*F778*G778*H778,IF(AND(F778,G778),C778*E778*F778*G778,IF(AND(F778,H778),C778*E778*F778*H778,IF(AND(G778,H778),C778*E778*G778*H778,IF(F778,C778*E778*F778,IF(G778,C778*E778*G778,IF(H778,C778*E778*H778,C778*E778))))))),2)","v":0.96},"Sqm",{"$nulls":3},"SSR 19-20"]
[null,null,1,"x",2,{"v":3.6,"d":"3.600"},{"v":1.13,"d":"1.130"},{"v":0,"d":"0.000"},{"$f":"ROUND(IF(AND(F779:H779),C779*E779*F779*G779*H779,IF(AND(F779,G779),C779*E779*F779*G779,IF(AND(F779,H779),C779*E779*F779*H779,IF(AND(G779,H779),C779*E779*G779*H779,IF(F779,C779*E779*F779,IF(G779,C779*E779*G779,IF(H779,C779*E779*H779,C779*E779))))))),2)","v":8.14},"Sqm",{"$nulls":3},"SSR 19-20"]
[{"$nulls":13},"SSR 19-20"]
[{"$nulls":9},"Sqm",{"$f":"data!G761","v":977.96},"SSR 19-20",{"$f":"ROUND(I781*K781,0)","v":{"v":0,"d":"0.00"}},"SSR 19-20"]
[27,"Flooring with pressed clay flooring tiles, set over base coat of cement mortar (1:8) 12 mm thick over CC bed already laid or RCC roof slab, including neat cement slurry of honey like consistency spread @ 3.3.kgs per sqm & jointed neatly with cement mixed with pigment of matching shade to full depth, including cost of all materials like cement, sand water and tiles etc., complete, for finished item of work,     ",{"$nulls":11},"SSR 20-21"]
[null,"Qty.P.No. 53 of M.B.No.441/A/ZP/19",{"$nulls":11},"SSR 20-21"]
[null,"Roofing tiles",2,"x",0.5,{"v":0.96,"d":"0.960"},{"v":1,"d":"1.000"},{"v":0,"d":"0.000"},{"$f":"ROUND(IF(AND(F784:H784),C784*E784*F784*G784*H784,IF(AND(F784,G784),C784*E784*F784*G784,IF(AND(F784,H784),C784*E784*F784*H784,IF(AND(G784,H784),C784*E784*G784*H784,IF(F784,C784*E784*F784,IF(G784,C784*E784*G784,IF(H784,C784*E784*H784,C784*E784))))))),2)","v":0.96},"Sqm",{"$nulls":3},"SSR 20-21"]
[null,null,1,"x",2,{"v":3.6,"d":"3.600"},{"v":1.13,"d":"1.130"},{"v":0,"d":"0.000"},{"$f":"ROUND(IF(AND(F785:H785),C785*E785*F785*G785*H785,IF(AND(F785,G785),C785*E785*F785*G785,IF(AND(F785,H785),C785*E785*F785*H785,IF(AND(G785,H785),C785*E785*G785*H785,IF(F785,C785*E785*F785,IF(G785,C785*E785*G785,IF(H785,C785*E785*H785,C785*E785))))))),2)","v":8.14},"Sqm",{"$nulls":3},"SSR 20-21"]
[{"$nulls":13},"SSR 20-21"]
[{"$nulls":9},"Sqm",{"$f":"data!G1678","v":1023.19},"SSR 20-21",{"$f":"ROUND(I787*K787,0)","v":{"v":0,"d":"0.00"}},"SSR 20-21"]
[27,"Flooring with pressed clay flooring tiles, set over base coat of cement mortar (1:8) 12 mm thick over CC bed already laid or RCC roof slab, including neat cement slurry of honey like consistency spread @ 3.3.kgs per sqm & jointed neatly with cement mixed with pigment of matching shade to full depth, including cost of all materials like cement, sand water and tiles etc., complete, for finished item of work,     ",{"$nulls":11},"SSR 21-22"]
[null,"Qty.P.No. 53 of M.B.No.441/A/ZP/19",{"$nulls":11},"SSR 21-22"]
[null,"Roofing tiles",2,"x",0.5,{"v":0.96,"d":"0.960"},{"v":1,"d":"1.000"},{"v":0,"d":"0.000"},{"$f":"ROUND(IF(AND(F790:H790),C790*E790*F790*G790*H790,IF(AND(F790,G790),C790*E790*F790*G790,IF(AND(F790,H790),C790*E790*F790*H790,IF(AND(G790,H790),C790*E790*G790*H790,IF(F790,C790*E790*F790,IF(G790,C790*E790*G790,IF(H790,C790*E790*H790,C790*E790))))))),2)","v":0.96},"Sqm",{"$nulls":3},"SSR 21-22"]
[null,null,1,"x",2,{"v":3.6,"d":"3.600"},{"v":1.13,"d":"1.130"},{"v":0,"d":"0.000"},{"$f":"ROUND(IF(AND(F791:H791),C791*E791*F791*G791*H791,IF(AND(F791,G791),C791*E791*F791*G791,IF(AND(F791,H791),C791*E791*F791*H791,IF(AND(G791,H791),C791*E791*G791*H791,IF(F791,C791*E791*F791,IF(G791,C791*E791*G791,IF(H791,C791*E791*H791,C791*E791))))))),2)","v":8.14},"Sqm",{"$nulls":3},"SSR 21-22"]
[{"$nulls":13},"SSR 21-22"]
[{"$nulls":9},"Sqm",{"$f":"data!G2595","v":1058.68},"SSR 21-22",{"$f":"ROUND(I793*K793,0)","v":{"v":0,"d":"0.00"}},"SSR 21-22"]
[27,"Flooring with pressed clay flooring tiles, set over base coat of cement mortar (1:8) 12 mm thick over CC bed already laid or RCC roof slab, including neat cement slurry of honey like consistency spread @ 3.3.kgs per sqm & jointed neatly with cement mixed with pigment of matching shade to full depth, including cost of all materials like cement, sand water and tiles etc., complete, for finished item of work,     ",{"$nulls":11},"SSR 22-23"]
[null,"Qty.P.No. 53 of M.B.No.441/A/ZP/19",{"$nulls":11},"SSR 22-23"]
[null,"Roofing tiles",2,"x",0.5,{"v":0.96,"d":"0.960"},{"v":1,"d":"1.000"},{"v":0,"d":"0.000"},{"$f":"ROUND(IF(AND(F796:H796),C796*E796*F796*G796*H796,IF(AND(F796,G796),C796*E796*F796*G796,IF(AND(F796,H796),C796*E796*F796*H796,IF(AND(G796,H796),C796*E796*G796*H796,IF(F796,C796*E796*F796,IF(G796,C796*E796*G796,IF(H796,C796*E796*H796,C796*E796))))))),2)","v":0.96},"Sqm",{"$nulls":3},"SSR 22-23"]
[null,null,1,"x",2,{"v":3.6,"d":"3.600"},{"v":1.13,"d":"1.130"},{"v":0,"d":"0.000"},{"$f":"ROUND(IF(AND(F797:H797),C797*E797*F797*G797*H797,IF(AND(F797,G797),C797*E797*F797*G797,IF(AND(F797,H797),C797*E797*F797*H797,IF(AND(G797,H797),C797*E797*G797*H797,IF(F797,C797*E797*F797,IF(G797,C797*E797*G797,IF(H797,C797*E797*H797,C797*E797))))))),2)","v":8.14},"Sqm",{"$nulls":3},"SSR 22-23"]
[{"$nulls":13},"SSR 22-23"]
[{"$nulls":9},"Sqm",{"$f":"data!G3512","v":1100.49},"SSR 22-23",{"$f":"ROUND(I799*K799,0)","v":{"v":0,"d":"0.00"}},"SSR 22-23"]
[26,"White washing one coat with whiting of approved quality to give an even shade after thoroughly brushing the surface to remove all dirt and remains of loose powdered materials including cost of all materials, labour charges and incidental such as scaffolding, lift charges etc., complete for finished item of wor",{"$nulls":11},"SSR 19-20"]
[null,"Qty.p.17 of M.B.No.441/A/ZP/19",{"$nulls":11},"SSR 19-20"]
[null,"Hall",1,"x",1,{"v":8.5,"d":"8.500"},{"v":4.95,"d":"4.950"},{"v":0,"d":"0.000"},{"$f":"ROUND(IF(AND(F802:H802),C802*E802*F802*G802*H802,IF(AND(F802,G802),C802*E802*F802*G802,IF(AND(F802,H802),C802*E802*F802*H802,IF(AND(G802,H802),C802*E802*G802*H802,IF(F802,C802*E802*F802,IF(G802,C802*E802*G802,IF(H802,C802*E802*H802,C802*E802))))))),2)","v":42.08},"Sqm",{"$nulls":3},"SSR 19-20"]
[null,"Front projection",1,"x",1,{"v":5.5,"d":"5.500"},{"v":2.4,"d":"2.400"},{"v":0,"d":"0.000"},{"v":13.2,"d":"13.20"},"Sqm",{"$nulls":3},"SSR 19-20"]
[null,"Room-1",1,"x",1,{"v":3.15,"d":"3.150"},{"v":2.85,"d":"2.850"},{"v":0,"d":"0.000"},8.98,"Sqm",{"$nulls":3},"SSR 19-20"]
[null,"West side",1,"x",1,{"v":5.45,"d":"5.450"},{"v":0,"d":"0.000"},{"v":3.2,"d":"3.200"},{"$f":"ROUND(IF(AND(F805:H805),C805*E805*F805*G805*H805,IF(AND(F805,G805),C805*E805*F805*G805,IF(AND(F805,H805),C805*E805*F805*H805,IF(AND(G805,H805),C805*E805*G805*H805,IF(F805,C805*E805*F805,IF(G805,C805*E805*G805,IF(H805,C805*E805*H805,C805*E805))))))),2)","v":17.44},"Sqm",{"$nulls":3},"SSR 19-20"]
[{"$nulls":13},"SSR 19-20"]
[{"$nulls":9},"Sqm",{"$f":"data!G796","v":21.43},"SSR 19-20",{"$f":"ROUND(I807*K807,0)","v":{"v":0,"d":"0.00"}},"SSR 19-20"]
[26,"White washing one coat with whiting of approved quality to give an even shade after thoroughly brushing the surface to remove all dirt and remains of loose powdered materials including cost of all materials, labour charges and incidental such as scaffolding, lift charges etc., complete for finished item of wor",{"$nulls":11},"SSR 20-21"]
[null,"Qty.p.17 of M.B.No.441/A/ZP/19",{"$nulls":11},"SSR 20-21"]
[null,"Hall",1,"x",1,{"v":8.5,"d":"8.500"},{"v":4.95,"d":"4.950"},{"v":0,"d":"0.000"},{"$f":"ROUND(IF(AND(F810:H810),C810*E810*F810*G810*H810,IF(AND(F810,G810),C810*E810*F810*G810,IF(AND(F810,H810),C810*E810*F810*H810,IF(AND(G810,H810),C810*E810*G810*H810,IF(F810,C810*E810*F810,IF(G810,C810*E810*G810,IF(H810,C810*E810*H810,C810*E810))))))),2)","v":42.08},"Sqm",{"$nulls":3},"SSR 20-21"]
[null,"Front projection",1,"x",1,{"v":5.5,"d":"5.500"},{"v":2.4,"d":"2.400"},{"v":0,"d":"0.000"},{"$f":"ROUND(IF(AND(F811:H811),C811*E811*F811*G811*H811,IF(AND(F811,G811),C811*E811*F811*G811,IF(AND(F811,H811),C811*E811*F811*H811,IF(AND(G811,H811),C811*E811*G811*H811,IF(F811,C811*E811*F811,IF(G811,C811*E811*G811,IF(H811,C811*E811*H811,C811*E811))))))),2)","v":{"v":13.2,"d":"13.20"}},"Sqm",{"$nulls":3},"SSR 20-21"]
[null,"Room-1",1,"x",1,{"v":3.15,"d":"3.150"},{"v":2.85,"d":"2.850"},{"v":0,"d":"0.000"},{"$f":"ROUND(IF(AND(F812:H812),C812*E812*F812*G812*H812,IF(AND(F812,G812),C812*E812*F812*G812,IF(AND(F812,H812),C812*E812*F812*H812,IF(AND(G812,H812),C812*E812*G812*H812,IF(F812,C812*E812*F812,IF(G812,C812*E812*G812,IF(H812,C812*E812*H812,C812*E812))))))),2)","v":8.98},"Sqm",{"$nulls":3},"SSR 20-21"]
[null,"West side",1,"x",1,{"v":5.45,"d":"5.450"},{"v":0,"d":"0.000"},{"v":3.2,"d":"3.200"},{"$f":"ROUND(IF(AND(F813:H813),C813*E813*F813*G813*H813,IF(AND(F813,G813),C813*E813*F813*G813,IF(AND(F813,H813),C813*E813*F813*H813,IF(AND(G813,H813),C813*E813*G813*H813,IF(F813,C813*E813*F813,IF(G813,C813*E813*G813,IF(H813,C813*E813*H813,C813*E813))))))),2)","v":17.44},"Sqm",{"$nulls":3},"SSR 20-21"]
[{"$nulls":13},"SSR 20-21"]
[{"$nulls":9},"Sqm",{"$f":"data!G1713","v":22.88},"SSR 20-21",{"$f":"ROUND(I815*K815,0)","v":{"v":0,"d":"0.00"}},"SSR 20-21"]
[26,"White washing one coat with whiting of approved quality to give an even shade after thoroughly brushing the surface to remove all dirt and remains of loose powdered materials including cost of all materials, labour charges and incidental such as scaffolding, lift charges etc., complete for finished item of wor",{"$nulls":11},"SSR 21-22"]
[null,"Qty.p.17 of M.B.No.441/A/ZP/19",{"$nulls":11},"SSR 21-22"]
[null,"Hall",1,"x",1,{"v":8.5,"d":"8.500"},{"v":4.95,"d":"4.950"},{"v":0,"d":"0.000"},{"$f":"ROUND(IF(AND(F818:H818),C818*E818*F818*G818*H818,IF(AND(F818,G818),C818*E818*F818*G818,IF(AND(F818,H818),C818*E818*F818*H818,IF(AND(G818,H818),C818*E818*G818*H818,IF(F818,C818*E818*F818,IF(G818,C818*E818*G818,IF(H818,C818*E818*H818,C818*E818))))))),2)","v":42.08},"Sqm",{"$nulls":3},"SSR 21-22"]
[null,"Front projection",1,"x",1,{"v":5.5,"d":"5.500"},{"v":2.4,"d":"2.400"},{"v":0,"d":"0.000"},{"$f":"ROUND(IF(AND(F819:H819),C819*E819*F819*G819*H819,IF(AND(F819,G819),C819*E819*F819*G819,IF(AND(F819,H819),C819*E819*F819*H819,IF(AND(G819,H819),C819*E819*G819*H819,IF(F819,C819*E819*F819,IF(G819,C819*E819*G819,IF(H819,C819*E819*H819,C819*E819))))))),2)","v":{"v":13.2,"d":"13.20"}},"Sqm",{"$nulls":3},"SSR 21-22"]
[null,"Room-1",1,"x",1,{"v":3.15,"d":"3.150"},{"v":2.85,"d":"2.850"},{"v":0,"d":"0.000"},{"$f":"ROUND(IF(AND(F820:H820),C820*E820*F820*G820*H820,IF(AND(F820,G820),C820*E820*F820*G820,IF(AND(F820,H820),C820*E820*F820*H820,IF(AND(G820,H820),C820*E820*G820*H820,IF(F820,C820*E820*F820,IF(G820,C820*E820*G820,IF(H820,C820*E820*H820,C820*E820))))))),2)","v":8.98},"Sqm",{"$nulls":3},"SSR 21-22"]
[null,"West side",1,"x",1,{"v":5.45,"d":"5.450"},{"v":0,"d":"0.000"},{"v":3.2,"d":"3.200"},{"$f":"ROUND(IF(AND(F821:H821),C821*E821*F821*G821*H821,IF(AND(F821,G821),C821*E821*F821*G821,IF(AND(F821,H821),C821*E821*F821*H821,IF(AND(G821,H821),C821*E821*G821*H821,IF(F821,C821*E821*F821,IF(G821,C821*E821*G821,IF(H821,C821*E821*H821,C821*E821))))))),2)","v":17.44},"Sqm",{"$nulls":3},"SSR 21-22"]
[{"$nulls":13},"SSR 21-22"]
[{"$nulls":9},"Sqm",{"$f":"data!G2630","v":25.95},"SSR 21-22",{"$f":"ROUND(I823*K823,0)","v":{"v":0,"d":"0.00"}},"SSR 21-22"]
[26,"White washing one coat with whiting of approved quality to give an even shade after thoroughly brushing the surface to remove all dirt and remains of loose powdered materials including cost of all materials, labour charges and incidental such as scaffolding, lift charges etc., complete for finished item of wor",{"$nulls":11},"SSR 22-23"]
[null,"Qty.p.17 of M.B.No.441/A/ZP/19",{"$nulls":11},"SSR 22-23"]
[null,"Hall",1,"x",1,{"v":8.5,"d":"8.500"},{"v":4.95,"d":"4.950"},{"v":0,"d":"0.000"},{"$f":"ROUND(IF(AND(F826:H826),C826*E826*F826*G826*H826,IF(AND(F826,G826),C826*E826*F826*G826,IF(AND(F826,H826),C826*E826*F826*H826,IF(AND(G826,H826),C826*E826*G826*H826,IF(F826,C826*E826*F826,IF(G826,C826*E826*G826,IF(H826,C826*E826*H826,C826*E826))))))),2)","v":42.08},"Sqm",{"$nulls":3},"SSR 22-23"]
[null,"Front projection",1,"x",1,{"v":5.5,"d":"5.500"},{"v":2.4,"d":"2.400"},{"v":0,"d":"0.000"},{"$f":"ROUND(IF(AND(F827:H827),C827*E827*F827*G827*H827,IF(AND(F827,G827),C827*E827*F827*G827,IF(AND(F827,H827),C827*E827*F827*H827,IF(AND(G827,H827),C827*E827*G827*H827,IF(F827,C827*E827*F827,IF(G827,C827*E827*G827,IF(H827,C827*E827*H827,C827*E827))))))),2)","v":{"v":13.2,"d":"13.20"}},"Sqm",{"$nulls":3},"SSR 22-23"]
[null,"Room-1",1,"x",1,{"v":3.15,"d":"3.150"},{"v":2.85,"d":"2.850"},{"v":0,"d":"0.000"},{"$f":"ROUND(IF(AND(F828:H828),C828*E828*F828*G828*H828,IF(AND(F828,G828),C828*E828*F828*G828,IF(AND(F828,H828),C828*E828*F828*H828,IF(AND(G828,H828),C828*E828*G828*H828,IF(F828,C828*E828*F828,IF(G828,C828*E828*G828,IF(H828,C828*E828*H828,C828*E828))))))),2)","v":8.98},"Sqm",{"$nulls":3},"SSR 22-23"]
[null,"West side",1,"x",1,{"v":5.45,"d":"5.450"},{"v":0,"d":"0.000"},{"v":3.2,"d":"3.200"},{"$f":"ROUND(IF(AND(F829:H829),C829*E829*F829*G829*H829,IF(AND(F829,G829),C829*E829*F829*G829,IF(AND(F829,H829),C829*E829*F829*H829,IF(AND(G829,H829),C829*E829*G829*H829,IF(F829,C829*E829*F829,IF(G829,C829*E829*G829,IF(H829,C829*E829*H829,C829*E829))))))),2)","v":17.44},"Sqm",{"$nulls":3},"SSR 22-23"]
[{"$nulls":13},"SSR 22-23"]
[{"$nulls":9},"Sqm",{"$f":"data!G3547","v":27.91},"SSR 22-23",{"$f":"ROUND(I831*K831,0)","v":{"v":0,"d":"0.00"}},"SSR 22-23"]
[9,"Providing and applying Wall putty of White Cement or Polymer or Cement based of average 1 to 2 mm thickness over plastered surface to prepare the surface even and smooth after thoroughly brushing the surface to remove all dirt and remains of loose powdered materials, applying emery paper, Sand the surface, clean & wipe off loose dust, applying knifing paste filler by putty knife / muslin pad, air dry for 2 - 3 hrs, sand with 180 and 320 No., emery paper for the surface preparation including cost and conveyance of all materials and all operational, incidental and all labour charges etc., complete for finished item of work in all floors for internal walls",{"$nulls":11},"SSR 19-20"]
[null,"Qty.p.29 of M.B.No.1186/A/ZP/20",null,"10.07.2023",{"$nulls":9},"SSR 19-20"]
[null,null,1,"x",2,{"v":2.72,"d":"2.720"},{"v":0,"d":"0.000"},{"v":2.38,"d":"2.380"},{"$f":"ROUND(IF(AND(F834:H834),C834*E834*F834*G834*H834,IF(AND(F834,G834),C834*E834*F834*G834,IF(AND(F834,H834),C834*E834*F834*H834,IF(AND(G834,H834),C834*E834*G834*H834,IF(F834,C834*E834*F834,IF(G834,C834*E834*G834,IF(H834,C834*E834*H834,C834*E834))))))),2)","v":12.95},"Sqm",{"$nulls":3},"SSR 19-20"]
[null,null,1,"x",2,{"v":3.16,"d":"3.160"},{"v":0,"d":"0.000"},{"v":2.38,"d":"2.380"},15.04,"Sqm",{"$nulls":3},"SSR 19-20"]
[null,"Deduct door",1,"x",1,{"v":0.9,"d":"0.900"},{"v":0,"d":"0.000"},{"v":2.1,"d":"2.100"},{"$f":"-ROUND(IF(AND(F836:H836),C836*E836*F836*G836*H836,IF(AND(F836,G836),C836*E836*F836*G836,IF(AND(F836,H836),C836*E836*F836*H836,IF(AND(G836,H836),C836*E836*G836*H836,IF(F836,C836*E836*F836,IF(G836,C836*E836*G836,IF(H836,C836*E836*H836,C836*E836))))))),2)","v":-1.89},"Sqm",{"$nulls":3},"SSR 19-20"]
[null,"Deduct door",1,"x",1,{"v":1.2,"d":"1.200"},{"v":0,"d":"0.000"},{"v":1.1,"d":"1.100"},{"$f":"-ROUND(IF(AND(F837:H837),C837*E837*F837*G837*H837,IF(AND(F837,G837),C837*E837*F837*G837,IF(AND(F837,H837),C837*E837*F837*H837,IF(AND(G837,H837),C837*E837*G837*H837,IF(F837,C837*E837*F837,IF(G837,C837*E837*G837,IF(H837,C837*E837*H837,C837*E837))))))),2)","v":-1.32},"Sqm",{"$nulls":3},"SSR 19-20"]
[{"$nulls":13},"SSR 19-20"]
[{"$nulls":9},"Sqm",{"$f":"data!G811","v":164.74},"SSR 19-20",{"$f":"ROUND(I839*K839,0)","v":{"v":0,"d":"0.00"}},"SSR 19-20"]
[10,"Providing and applying Wall putty of White Cement or Polymer or Cement based of average 1 to 2 mm thickness over plastered surface to prepare the surface even and smooth after thoroughly brushing the surface to remove all dirt and remains of loose powdered materials, applying emery paper, Sand the surface, clean & wipe off loose dust, applying knifing paste filler by putty knife / muslin pad, air dry for 2 - 3 hrs, sand with 180 and 320 No., emery paper for the surface preparation including cost and conveyance of all materials and all operational, incidental and all labour charges etc., complete for finished item of work in all floors for internal walls",{"$nulls":11},"SSR 20-21"]
[null,"Qty.p.15 of M.B.No.441/A/ZP/19",{"$nulls":11},"SSR 20-21"]
[null,"long side",1,"x",2,{"v":4.37,"d":"4.370"},{"v":0,"d":"0.000"},{"v":2.65,"d":"2.650"},{"$f":"ROUND(IF(AND(F842:H842),C842*E842*F842*G842*H842,IF(AND(F842,G842),C842*E842*F842*G842,IF(AND(F842,H842),C842*E842*F842*H842,IF(AND(G842,H842),C842*E842*G842*H842,IF(F842,C842*E842*F842,IF(G842,C842*E842*G842,IF(H842,C842*E842*H842,C842*E842))))))),2)","v":23.16},"Sqm",{"$nulls":3},"SSR 20-21"]
[null,"Short side",1,"x",2,{"v":2.94,"d":"2.940"},{"v":0,"d":"0.000"},{"v":2.65,"d":"2.650"},{"$f":"ROUND(IF(AND(F843:H843),C843*E843*F843*G843*H843,IF(AND(F843,G843),C843*E843*F843*G843,IF(AND(F843,H843),C843*E843*F843*H843,IF(AND(G843,H843),C843*E843*G843*H843,IF(F843,C843*E843*F843,IF(G843,C843*E843*G843,IF(H843,C843*E843*H843,C843*E843))))))),2)","v":15.58},"Sqm",{"$nulls":3},"SSR 20-21"]
[null,"Deduct opening",1,"x",1,{"v":1.2,"d":"1.200"},{"v":0,"d":"0.000"},{"v":1.2,"d":"1.200"},{"$f":"-ROUND(IF(AND(F844:H844),C844*E844*F844*G844*H844,IF(AND(F844,G844),C844*E844*F844*G844,IF(AND(F844,H844),C844*E844*F844*H844,IF(AND(G844,H844),C844*E844*G844*H844,IF(F844,C844*E844*F844,IF(G844,C844*E844*G844,IF(H844,C844*E844*H844,C844*E844))))))),2)","v":-1.44},"Sqm",{"$nulls":3},"SSR 20-21"]
[null,"Deduct door",1,"x",1,{"v":0.9,"d":"0.900"},{"v":0,"d":"0.000"},{"v":2.08,"d":"2.080"},{"$f":"-ROUND(IF(AND(F845:H845),C845*E845*F845*G845*H845,IF(AND(F845,G845),C845*E845*F845*G845,IF(AND(F845,H845),C845*E845*F845*H845,IF(AND(G845,H845),C845*E845*G845*H845,IF(F845,C845*E845*F845,IF(G845,C845*E845*G845,IF(H845,C845*E845*H845,C845*E845))))))),2)","v":-1.87},"Sqm",{"$nulls":3},"SSR 20-21"]
[{"$nulls":13},"SSR 20-21"]
[{"$nulls":9},"Sqm",{"$f":"data!G1728","v":173.39},"SSR 20-21",{"$f":"ROUND(I847*K847,0)","v":{"v":0,"d":"0.00"}},"SSR 20-21"]
[10,"Providing and applying Wall putty of White Cement or Polymer or Cement based of average 1 to 2 mm thickness over plastered surface to prepare the surface even and smooth after thoroughly brushing the surface to remove all dirt and remains of loose powdered materials, applying emery paper, Sand the surface, clean & wipe off loose dust, applying knifing paste filler by putty knife / muslin pad, air dry for 2 - 3 hrs, sand with 180 and 320 No., emery paper for the surface preparation including cost and conveyance of all materials and all operational, incidental and all labour charges etc., complete for finished item of work in all floors for internal walls",{"$nulls":11},"SSR 21-22"]
[null,"Qty.p.15 of M.B.No.441/A/ZP/19",{"$nulls":11},"SSR 21-22"]
[null,"long side",1,"x",2,{"v":4.37,"d":"4.370"},{"v":0,"d":"0.000"},{"v":2.65,"d":"2.650"},{"$f":"ROUND(IF(AND(F850:H850),C850*E850*F850*G850*H850,IF(AND(F850,G850),C850*E850*F850*G850,IF(AND(F850,H850),C850*E850*F850*H850,IF(AND(G850,H850),C850*E850*G850*H850,IF(F850,C850*E850*F850,IF(G850,C850*E850*G850,IF(H850,C850*E850*H850,C850*E850))))))),2)","v":23.16},"Sqm",{"$nulls":3},"SSR 21-22"]
[null,"Short side",1,"x",2,{"v":2.94,"d":"2.940"},{"v":0,"d":"0.000"},{"v":2.65,"d":"2.650"},{"$f":"ROUND(IF(AND(F851:H851),C851*E851*F851*G851*H851,IF(AND(F851,G851),C851*E851*F851*G851,IF(AND(F851,H851),C851*E851*F851*H851,IF(AND(G851,H851),C851*E851*G851*H851,IF(F851,C851*E851*F851,IF(G851,C851*E851*G851,IF(H851,C851*E851*H851,C851*E851))))))),2)","v":15.58},"Sqm",{"$nulls":3},"SSR 21-22"]
[null,"Deduct opening",1,"x",1,{"v":1.2,"d":"1.200"},{"v":0,"d":"0.000"},{"v":1.2,"d":"1.200"},{"$f":"-ROUND(IF(AND(F852:H852),C852*E852*F852*G852*H852,IF(AND(F852,G852),C852*E852*F852*G852,IF(AND(F852,H852),C852*E852*F852*H852,IF(AND(G852,H852),C852*E852*G852*H852,IF(F852,C852*E852*F852,IF(G852,C852*E852*G852,IF(H852,C852*E852*H852,C852*E852))))))),2)","v":-1.44},"Sqm",{"$nulls":3},"SSR 21-22"]
[null,"Deduct door",1,"x",1,{"v":0.9,"d":"0.900"},{"v":0,"d":"0.000"},{"v":2.08,"d":"2.080"},{"$f":"-ROUND(IF(AND(F853:H853),C853*E853*F853*G853*H853,IF(AND(F853,G853),C853*E853*F853*G853,IF(AND(F853,H853),C853*E853*F853*H853,IF(AND(G853,H853),C853*E853*G853*H853,IF(F853,C853*E853*F853,IF(G853,C853*E853*G853,IF(H853,C853*E853*H853,C853*E853))))))),2)","v":-1.87},"Sqm",{"$nulls":3},"SSR 21-22"]
[{"$nulls":13},"SSR 21-22"]
[{"$nulls":9},"Sqm",{"$f":"data!G2645","v":179.94},"SSR 21-22",{"$f":"ROUND(I855*K855,0)","v":{"v":0,"d":"0.00"}},"SSR 21-22"]
[9,"Providing and applying Wall putty of White Cement or Polymer or Cement based of average 1 to 2 mm thickness over plastered surface to prepare the surface even and smooth after thoroughly brushing the surface to remove all dirt and remains of loose powdered materials, applying emery paper, Sand the surface, clean & wipe off loose dust, applying knifing paste filler by putty knife / muslin pad, air dry for 2 - 3 hrs, sand with 180 and 320 No., emery paper for the surface preparation including cost and conveyance of all materials and all operational, incidental and all labour charges etc., complete for finished item of work in all floors for internal walls",{"$nulls":11},"SSR 22-23"]
[null,"Qty.p.29 of M.B.No.1186/A/ZP/20",null,"10.07.2023",{"$nulls":9},"SSR 22-23"]
[null,null,1,"x",2,{"v":2.72,"d":"2.720"},{"v":0,"d":"0.000"},{"v":2.38,"d":"2.380"},{"$f":"ROUND(IF(AND(F858:H858),C858*E858*F858*G858*H858,IF(AND(F858,G858),C858*E858*F858*G858,IF(AND(F858,H858),C858*E858*F858*H858,IF(AND(G858,H858),C858*E858*G858*H858,IF(F858,C858*E858*F858,IF(G858,C858*E858*G858,IF(H858,C858*E858*H858,C858*E858))))))),2)","v":12.95},"Sqm",{"$nulls":3},"SSR 22-23"]
[null,null,1,"x",2,{"v":3.16,"d":"3.160"},{"v":0,"d":"0.000"},{"v":2.38,"d":"2.380"},15.04,"Sqm",{"$nulls":3},"SSR 22-23"]
[null,"Deduct door",1,"x",1,{"v":0.9,"d":"0.900"},{"v":0,"d":"0.000"},{"v":2.1,"d":"2.100"},{"$f":"-ROUND(IF(AND(F860:H860),C860*E860*F860*G860*H860,IF(AND(F860,G860),C860*E860*F860*G860,IF(AND(F860,H860),C860*E860*F860*H860,IF(AND(G860,H860),C860*E860*G860*H860,IF(F860,C860*E860*F860,IF(G860,C860*E860*G860,IF(H860,C860*E860*H860,C860*E860))))))),2)","v":-1.89},"Sqm",{"$nulls":3},"SSR 22-23"]
[null,"Deduct door",1,"x",1,{"v":1.2,"d":"1.200"},{"v":0,"d":"0.000"},{"v":1.1,"d":"1.100"},{"$f":"-ROUND(IF(AND(F861:H861),C861*E861*F861*G861*H861,IF(AND(F861,G861),C861*E861*F861*G861,IF(AND(F861,H861),C861*E861*F861*H861,IF(AND(G861,H861),C861*E861*G861*H861,IF(F861,C861*E861*F861,IF(G861,C861*E861*G861,IF(H861,C861*E861*H861,C861*E861))))))),2)","v":-1.32},"Sqm",{"$nulls":3},"SSR 22-23"]
[{"$nulls":13},"SSR 22-23"]
[{"$nulls":9},"Sqm",{"$f":"data!G3562","v":194.34},"SSR 22-23",{"$f":"ROUND(I863*K863,0)","v":{"v":0,"d":"0.00"}},"SSR 22-23"]
[10,"Painting to new walls with 2 coats of acrylic Emulsion paint Asian or equivalent and shade over Priming coat with Cement primer water base interior Gr-1 Asian or equivalent on new plastered surface after throughly brushing the surace remove all dirt and remains of loose powdered materials including cost and conveyance of all materials to worksite and all oparational, incidental, labour charges etc complete for  finished item of work as per SS 911 for internal walls",{"$nulls":11},"SSR 19-20"]
[null,"Qty.p.39 of M.B.No.441/A/ZP/19",{"$nulls":11},"SSR 19-20"]
[null,"Landing side",1,"x",1,{"v":2.93,"d":"2.930"},{"v":0.87,"d":"0.870"},{"v":0,"d":"0.000"},{"$f":"ROUND(IF(AND(F866:H866),C866*E866*F866*G866*H866,IF(AND(F866,G866),C866*E866*F866*G866,IF(AND(F866,H866),C866*E866*F866*H866,IF(AND(G866,H866),C866*E866*G866*H866,IF(F866,C866*E866*F866,IF(G866,C866*E866*G866,IF(H866,C866*E866*H866,C866*E866))))))),2)","v":2.55},"Sqm",{"$nulls":3},"SSR 19-20"]
[null,"Beam sides",1,"x",2,{"v":2.7,"d":"2.700"},{"v":0.3,"d":"0.300"},{"v":0,"d":"0.000"},1.62,"Sqm",{"$nulls":3},"SSR 19-20"]
[null,"Ceiling",1,"x",1,{"v":2.7,"d":"2.700"},{"v":3.3,"d":"3.300"},{"v":0,"d":"0.000"},8.91,"Sqm",{"$nulls":3},"SSR 19-20"]
[null,"Parapet wall",1,"x",1,{"v":37.8,"d":"37.800"},{"v":0,"d":"0.000"},{"v":0.88,"d":"0.880"},{"$f":"ROUND(IF(AND(F869:H869),C869*E869*F869*G869*H869,IF(AND(F869,G869),C869*E869*F869*G869,IF(AND(F869,H869),C869*E869*F869*H869,IF(AND(G869,H869),C869*E869*G869*H869,IF(F869,C869*E869*F869,IF(G869,C869*E869*G869,IF(H869,C869*E869*H869,C869*E869))))))),2)","v":33.26},"Sqm",{"$nulls":3},"SSR 19-20"]
[{"$nulls":13},"SSR 19-20"]
[{"$nulls":9},"Sqm",{"$f":"data!G846","v":140.87},"SSR 19-20",{"$f":"ROUND(I871*K871,0)","v":{"v":0,"d":"0.00"}},"SSR 19-20"]
[10,"Painting to new walls with 2 coats of acrylic Emulsion paint Asian or equivalent and shade over Priming coat with Cement primer water base interior Gr-1 Asian or equivalent on new plastered surface after throughly brushing the surace remove all dirt and remains of loose powdered materials including cost and conveyance of all materials to worksite and all oparational, incidental, labour charges etc complete for  finished item of work as per SS 911 for internal walls",{"$nulls":11},"SSR 20-21"]
[null,"Qty.p.50 of M.B.No.432/A/ZP/19",{"$nulls":11},"SSR 20-21"]
[null,"Staircase room alround",1,"x",1,{"v":13.6,"d":"13.600"},{"v":0,"d":"0.000"},{"v":2.4,"d":"2.400"},{"$f":"ROUND(IF(AND(F874:H874),C874*E874*F874*G874*H874,IF(AND(F874,G874),C874*E874*F874*G874,IF(AND(F874,H874),C874*E874*F874*H874,IF(AND(G874,H874),C874*E874*G874*H874,IF(F874,C874*E874*F874,IF(G874,C874*E874*G874,IF(H874,C874*E874*H874,C874*E874))))))),2)","v":32.64},"Sqm",{"$nulls":3},"SSR 20-21"]
[null,"Deduct door",1,"x",1,{"v":1.2,"d":"1.200"},{"v":0,"d":"0.000"},{"v":2.1,"d":"2.100"},{"$f":"-ROUND(IF(AND(F875:H875),C875*E875*F875*G875*H875,IF(AND(F875,G875),C875*E875*F875*G875,IF(AND(F875,H875),C875*E875*F875*H875,IF(AND(G875,H875),C875*E875*G875*H875,IF(F875,C875*E875*F875,IF(G875,C875*E875*G875,IF(H875,C875*E875*H875,C875*E875))))))),2)","v":-2.52},"Sqm",{"$nulls":3},"SSR 20-21"]
[null,"Deduct Elevation glass fitting",1,"x",1,{"v":1.27,"d":"1.270"},{"v":0,"d":"0.000"},{"v":1.8,"d":"1.800"},{"$f":"-ROUND(IF(AND(F876:H876),C876*E876*F876*G876*H876,IF(AND(F876,G876),C876*E876*F876*G876,IF(AND(F876,H876),C876*E876*F876*H876,IF(AND(G876,H876),C876*E876*G876*H876,IF(F876,C876*E876*F876,IF(G876,C876*E876*G876,IF(H876,C876*E876*H876,C876*E876))))))),2)","v":-2.29},"Sqm",{"$nulls":3},"SSR 20-21"]
[null,"RB sides",1,"x",2,{"v":2.4,"d":"2.400"},{"v":0,"d":"0.000"},{"v":0.3,"d":"0.300"},1.44,"Sqm",{"$nulls":3},"SSR 20-21"]
[null,"Ceiling",1,"x",1,{"v":4.16,"d":"4.160"},{"v":2.72,"d":"2.720"},{"v":0,"d":"0.000"},11.32,"Sqm",{"$nulls":3},"SSR 20-21"]
[null,"Front projection bottom",1,"x",1,{"v":3.78,"d":"3.780"},{"v":0.6,"d":"0.600"},{"v":0,"d":"0.000"},{"$f":"ROUND(IF(AND(F879:H879),C879*E879*F879*G879*H879,IF(AND(F879,G879),C879*E879*F879*G879,IF(AND(F879,H879),C879*E879*F879*H879,IF(AND(G879,H879),C879*E879*G879*H879,IF(F879,C879*E879*F879,IF(G879,C879*E879*G879,IF(H879,C879*E879*H879,C879*E879))))))),2)","v":2.27},"Sqm",{"$nulls":3},"SSR 20-21"]
[null,"Sides",1,"x",2,{"v":4.62,"d":"4.620"},{"v":0.3,"d":"0.300"},{"v":0,"d":"0.000"},2.77,"Sqm",{"$nulls":3},"SSR 20-21"]
[null,"Slab thickness",1,"x",1,{"v":18.8,"d":"18.800"},{"v":0,"d":"0.000"},0.125,2.35,"Sqm",{"$nulls":3},"SSR 20-21"]
[{"$nulls":13},"SSR 20-21"]
[{"$nulls":9},"Sqm",{"$f":"data!G1763","v":149.66},"SSR 20-21",{"$f":"ROUND(I883*K883,0)","v":{"v":0,"d":"0.00"}},"SSR 20-21"]
[10,"Painting to new walls with 2 coats of acrylic Emulsion paint Asian or equivalent and shade over Priming coat with Cement primer water base interior Gr-1 Asian or equivalent on new plastered surface after throughly brushing the surace remove all dirt and remains of loose powdered materials including cost and conveyance of all materials to worksite and all oparational, incidental, labour charges etc complete for  finished item of work as per SS 911 for internal walls",{"$nulls":11},"SSR 21-22"]
[null,"Qty.p.39 of M.B.No.441/A/ZP/19",{"$nulls":11},"SSR 21-22"]
[null,"Landing side",1,"x",1,{"v":2.93,"d":"2.930"},{"v":0.87,"d":"0.870"},{"v":0,"d":"0.000"},{"$f":"ROUND(IF(AND(F886:H886),C886*E886*F886*G886*H886,IF(AND(F886,G886),C886*E886*F886*G886,IF(AND(F886,H886),C886*E886*F886*H886,IF(AND(G886,H886),C886*E886*G886*H886,IF(F886,C886*E886*F886,IF(G886,C886*E886*G886,IF(H886,C886*E886*H886,C886*E886))))))),2)","v":2.55},"Sqm",{"$nulls":3},"SSR 21-22"]
[null,"Beam sides",1,"x",2,{"v":2.7,"d":"2.700"},{"v":0.3,"d":"0.300"},{"v":0,"d":"0.000"},{"$f":"ROUND(IF(AND(F887:H887),C887*E887*F887*G887*H887,IF(AND(F887,G887),C887*E887*F887*G887,IF(AND(F887,H887),C887*E887*F887*H887,IF(AND(G887,H887),C887*E887*G887*H887,IF(F887,C887*E887*F887,IF(G887,C887*E887*G887,IF(H887,C887*E887*H887,C887*E887))))))),2)","v":1.62},"Sqm",{"$nulls":3},"SSR 21-22"]
[null,"Ceiling",1,"x",1,{"v":2.7,"d":"2.700"},{"v":3.3,"d":"3.300"},{"v":0,"d":"0.000"},{"$f":"ROUND(IF(AND(F888:H888),C888*E888*F888*G888*H888,IF(AND(F888,G888),C888*E888*F888*G888,IF(AND(F888,H888),C888*E888*F888*H888,IF(AND(G888,H888),C888*E888*G888*H888,IF(F888,C888*E888*F888,IF(G888,C888*E888*G888,IF(H888,C888*E888*H888,C888*E888))))))),2)","v":8.91},"Sqm",{"$nulls":3},"SSR 21-22"]
[null,"Parapet wall",1,"x",1,{"v":37.8,"d":"37.800"},{"v":0,"d":"0.000"},{"v":0.88,"d":"0.880"},{"$f":"ROUND(IF(AND(F889:H889),C889*E889*F889*G889*H889,IF(AND(F889,G889),C889*E889*F889*G889,IF(AND(F889,H889),C889*E889*F889*H889,IF(AND(G889,H889),C889*E889*G889*H889,IF(F889,C889*E889*F889,IF(G889,C889*E889*G889,IF(H889,C889*E889*H889,C889*E889))))))),2)","v":33.26},"Sqm",{"$nulls":3},"SSR 21-22"]
[{"$nulls":13},"SSR 21-22"]
[{"$nulls":9},"Sqm",{"$f":"data!G2680","v":{"v":156.4,"d":"156.40"}},"SSR 21-22",{"$f":"ROUND(I891*K891,0)","v":{"v":0,"d":"0.00"}},"SSR 21-22"]
[10,"Painting to new walls with 2 coats of acrylic Emulsion paint Asian or equivalent and shade over Priming coat with Cement primer water base interior Gr-1 Asian or equivalent on new plastered surface after throughly brushing the surace remove all dirt and remains of loose powdered materials including cost and conveyance of all materials to worksite and all oparational, incidental, labour charges etc complete for  finished item of work as per SS 911 for internal walls",{"$nulls":11},"SSR 22-23"]
[null,"Qty.p.43 of M.B.No.1186/A/ZP/20",null,"24.07.2023",{"$nulls":9},"SSR 22-23"]
[null,null,1,"x",2,{"v":2.72,"d":"2.720"},{"v":0,"d":"0.000"},{"v":2.38,"d":"2.380"},{"$f":"ROUND(IF(AND(F894:H894),C894*E894*F894*G894*H894,IF(AND(F894,G894),C894*E894*F894*G894,IF(AND(F894,H894),C894*E894*F894*H894,IF(AND(G894,H894),C894*E894*G894*H894,IF(F894,C894*E894*F894,IF(G894,C894*E894*G894,IF(H894,C894*E894*H894,C894*E894))))))),2)","v":12.95},"Sqm",{"$nulls":3},"SSR 22-23"]
[null,null,1,"x",2,{"v":3.16,"d":"3.160"},{"v":0,"d":"0.000"},{"v":2.38,"d":"2.380"},15.04,"Sqm",{"$nulls":3},"SSR 22-23"]
[null,"Deduct door",1,"x",1,{"v":0.9,"d":"0.900"},{"v":0,"d":"0.000"},{"v":2.1,"d":"2.100"},{"$f":"-ROUND(IF(AND(F896:H896),C896*E896*F896*G896*H896,IF(AND(F896,G896),C896*E896*F896*G896,IF(AND(F896,H896),C896*E896*F896*H896,IF(AND(G896,H896),C896*E896*G896*H896,IF(F896,C896*E896*F896,IF(G896,C896*E896*G896,IF(H896,C896*E896*H896,C896*E896))))))),2)","v":-1.89},"Sqm",{"$nulls":3},"SSR 22-23"]
[null,"Deduct opening",1,"x",1,{"v":1.2,"d":"1.200"},{"v":0,"d":"0.000"},{"v":1.1,"d":"1.100"},{"$f":"-ROUND(IF(AND(F897:H897),C897*E897*F897*G897*H897,IF(AND(F897,G897),C897*E897*F897*G897,IF(AND(F897,H897),C897*E897*F897*H897,IF(AND(G897,H897),C897*E897*G897*H897,IF(F897,C897*E897*F897,IF(G897,C897*E897*G897,IF(H897,C897*E897*H897,C897*E897))))))),2)","v":-1.32},"Sqm",{"$nulls":3},"SSR 22-23"]
[{"$nulls":13},"SSR 22-23"]
[{"$nulls":9},"Sqm",{"$f":"data!G3597","v":169.89},"SSR 22-23",{"$f":"ROUND(I899*K899,0)","v":{"v":0,"d":"0.00"}},"SSR 22-23"]
[11,"Painting to new walls with 2 coats of acrylic Emulsion paint Asian or equivalent and shade over Priming coat with Cement primer water base interior Gr-1 Asian or equivalent on new plastered surface after throughly brushing the surace remove all dirt and remains of loose powdered materials including cost and conveyance of all materials to worksite and all oparational, incidental, labour charges etc complete for  finished item of work as per SS 911 for external walls",{"$nulls":11},"SSR 19-20"]
[null,"Qty.p.21 of M.B.No.441/A/ZP/19",{"$nulls":11},"SSR 19-20"]
[null,null,1,"x",2,{"v":3.25,"d":"3.250"},{"v":0,"d":"0.000"},{"v":2.7,"d":"2.700"},{"$f":"ROUND(IF(AND(F902:H902),C902*E902*F902*G902*H902,IF(AND(F902,G902),C902*E902*F902*G902,IF(AND(F902,H902),C902*E902*F902*H902,IF(AND(G902,H902),C902*E902*G902*H902,IF(F902,C902*E902*F902,IF(G902,C902*E902*G902,IF(H902,C902*E902*H902,C902*E902))))))),2)","v":17.55},"Sqm",{"$nulls":3},"SSR 19-20"]
[null,null,1,"x",2,{"v":4.74,"d":"4.740"},{"v":0,"d":"0.000"},{"v":2.7,"d":"2.700"},{"v":25.6,"d":"25.60"},"Sqm",{"$nulls":3},"SSR 19-20"]
[null,"parapet wall",1,"x",1,{"v":37.8,"d":"37.800"},{"v":0,"d":"0.000"},{"v":1.76,"d":"1.760"},66.53,"Sqm",{"$nulls":3},"SSR 19-20"]
[{"$nulls":13},"SSR 19-20"]
[{"$nulls":9},"Sqm",{"$f":"data!G860","v":192.71},"SSR 19-20",{"$f":"ROUND(I906*K906,0)","v":{"v":0,"d":"0.00"}},"SSR 19-20"]
[11,"Painting to new walls with 2 coats of acrylic Emulsion paint Asian or equivalent and shade over Priming coat with Cement primer water base interior Gr-1 Asian or equivalent on new plastered surface after throughly brushing the surace remove all dirt and remains of loose powdered materials including cost and conveyance of all materials to worksite and all oparational, incidental, labour charges etc complete for  finished item of work as per SS 911 for external walls",{"$nulls":11},"SSR 20-21"]
[null,"Qty.p.55 of M.B.No.432/A/ZP/19",{"$nulls":11},"SSR 20-21"]
[null,"head room alround",1,"x",1,{"v":15.6,"d":"15.600"},{"v":0,"d":"0.000"},{"v":2.4,"d":"2.400"},{"$f":"ROUND(IF(AND(F909:H909),C909*E909*F909*G909*H909,IF(AND(F909,G909),C909*E909*F909*G909,IF(AND(F909,H909),C909*E909*F909*H909,IF(AND(G909,H909),C909*E909*G909*H909,IF(F909,C909*E909*F909,IF(G909,C909*E909*G909,IF(H909,C909*E909*H909,C909*E909))))))),2)","v":37.44},"Sqm",{"$nulls":3},"SSR 20-21"]
[null,"Deduct door",1,"x",1,{"v":1.2,"d":"1.200"},{"v":0,"d":"0.000"},{"v":2.1,"d":"2.100"},{"$f":"-ROUND(IF(AND(F910:H910),C910*E910*F910*G910*H910,IF(AND(F910,G910),C910*E910*F910*G910,IF(AND(F910,H910),C910*E910*F910*H910,IF(AND(G910,H910),C910*E910*G910*H910,IF(F910,C910*E910*F910,IF(G910,C910*E910*G910,IF(H910,C910*E910*H910,C910*E910))))))),2)","v":-2.52},"Sqm",{"$nulls":3},"SSR 20-21"]
[null,"Staircase elevation fitting",1,"x",1,{"v":1.27,"d":"1.270"},{"v":0,"d":"0.000"},{"v":1.8,"d":"1.800"},{"$f":"-ROUND(IF(AND(F911:H911),C911*E911*F911*G911*H911,IF(AND(F911,G911),C911*E911*F911*G911,IF(AND(F911,H911),C911*E911*F911*H911,IF(AND(G911,H911),C911*E911*G911*H911,IF(F911,C911*E911*F911,IF(G911,C911*E911*G911,IF(H911,C911*E911*H911,C911*E911))))))),2)","v":-2.29},"Sqm",{"$nulls":3},"SSR 20-21"]
[null,"Parapet wall",1,"x",2,{"v":41.7,"d":"41.700"},{"v":0,"d":"0.000"},{"v":0.9,"d":"0.900"},{"$f":"ROUND(IF(AND(F912:H912),C912*E912*F912*G912*H912,IF(AND(F912,G912),C912*E912*F912*G912,IF(AND(F912,H912),C912*E912*F912*H912,IF(AND(G912,H912),C912*E912*G912*H912,IF(F912,C912*E912*F912,IF(G912,C912*E912*G912,IF(H912,C912*E912*H912,C912*E912))))))),2)","v":75.06},"Sqm",{"$nulls":3},"SSR 20-21"]
[{"$nulls":13},"SSR 20-21"]
[{"$nulls":9},"Sqm",{"$f":"data!G1777","v":206.39},"SSR 20-21",{"$f":"ROUND(I914*K914,0)","v":{"v":0,"d":"0.00"}},"SSR 20-21"]
[11,"Painting to new walls with 2 coats of acrylic Emulsion paint Asian or equivalent and shade over Priming coat with Cement primer water base interior Gr-1 Asian or equivalent on new plastered surface after throughly brushing the surace remove all dirt and remains of loose powdered materials including cost and conveyance of all materials to worksite and all oparational, incidental, labour charges etc complete for  finished item of work as per SS 911 for external walls",{"$nulls":11},"SSR 21-22"]
[null,"Qty.p.21 of M.B.No.441/A/ZP/19",{"$nulls":11},"SSR 21-22"]
[null,null,1,"x",2,{"v":3.25,"d":"3.250"},{"v":0,"d":"0.000"},{"v":2.7,"d":"2.700"},{"$f":"ROUND(IF(AND(F917:H917),C917*E917*F917*G917*H917,IF(AND(F917,G917),C917*E917*F917*G917,IF(AND(F917,H917),C917*E917*F917*H917,IF(AND(G917,H917),C917*E917*G917*H917,IF(F917,C917*E917*F917,IF(G917,C917*E917*G917,IF(H917,C917*E917*H917,C917*E917))))))),2)","v":17.55},"Sqm",{"$nulls":3},"SSR 21-22"]
[null,null,1,"x",2,{"v":4.74,"d":"4.740"},{"v":0,"d":"0.000"},{"v":2.7,"d":"2.700"},{"$f":"ROUND(IF(AND(F918:H918),C918*E918*F918*G918*H918,IF(AND(F918,G918),C918*E918*F918*G918,IF(AND(F918,H918),C918*E918*F918*H918,IF(AND(G918,H918),C918*E918*G918*H918,IF(F918,C918*E918*F918,IF(G918,C918*E918*G918,IF(H918,C918*E918*H918,C918*E918))))))),2)","v":{"v":25.6,"d":"25.60"}},"Sqm",{"$nulls":3},"SSR 21-22"]
[null,"parapet wall",1,"x",1,{"v":37.8,"d":"37.800"},{"v":0,"d":"0.000"},{"v":1.76,"d":"1.760"},{"$f":"ROUND(IF(AND(F919:H919),C919*E919*F919*G919*H919,IF(AND(F919,G919),C919*E919*F919*G919,IF(AND(F919,H919),C919*E919*F919*H919,IF(AND(G919,H919),C919*E919*G919*H919,IF(F919,C919*E919*F919,IF(G919,C919*E919*G919,IF(H919,C919*E919*H919,C919*E919))))))),2)","v":66.53},"Sqm",{"$nulls":3},"SSR 21-22"]
[{"$nulls":13},"SSR 21-22"]
[{"$nulls":9},"Sqm",{"$f":"data!G2694","v":216.76},"SSR 21-22",{"$f":"ROUND(I921*K921,0)","v":{"v":0,"d":"0.00"}},"SSR 21-22"]
[11,"Painting to new walls with 2 coats of acrylic Emulsion paint Asian or equivalent and shade over Priming coat with Cement primer water base interior Gr-1 Asian or equivalent on new plastered surface after throughly brushing the surace remove all dirt and remains of loose powdered materials including cost and conveyance of all materials to worksite and all oparational, incidental, labour charges etc complete for  finished item of work as per SS 911 for external walls",{"$nulls":11},"SSR 22-23"]
[null,"Qty.p.45 of M.B.No.1186/A/ZP/20",null,"24.07.2023",{"$nulls":9},"SSR 22-23"]
[null,"Ceiling",1,"x",1,{"v":2.68,"d":"2.680"},{"v":3.16,"d":"3.160"},{"v":0,"d":"0.000"},{"$f":"ROUND(IF(AND(F924:H924),C924*E924*F924*G924*H924,IF(AND(F924,G924),C924*E924*F924*G924,IF(AND(F924,H924),C924*E924*F924*H924,IF(AND(G924,H924),C924*E924*G924*H924,IF(F924,C924*E924*F924,IF(G924,C924*E924*G924,IF(H924,C924*E924*H924,C924*E924))))))),2)","v":8.47},"Sqm",{"$nulls":3},"SSR 22-23"]
[null,"Sunshades",1,"x",6,{"v":1.8,"d":"1.800"},{"v":0.6,"d":"0.600"},{"v":0,"d":"0.000"},6.48,"Sqm",{"$nulls":3},"SSR 22-23"]
[null,"Qty.p.46 of M.B.No.1186/A/ZP/20",null,"24.07.2023",{"$nulls":9},"SSR 22-23"]
[null,"Front projection",1,"x",1,{"v":3.7,"d":"3.700"},{"v":0.3,"d":"0.300"},{"v":0,"d":"0.000"},{"$f":"ROUND(IF(AND(F927:H927),C927*E927*F927*G927*H927,IF(AND(F927,G927),C927*E927*F927*G927,IF(AND(F927,H927),C927*E927*F927*H927,IF(AND(G927,H927),C927*E927*G927*H927,IF(F927,C927*E927*F927,IF(G927,C927*E927*G927,IF(H927,C927*E927*H927,C927*E927))))))),2)","v":1.11},"Sqm",{"$nulls":3},"SSR 22-23"]
[null,"Side projection",1,"x",2,{"v":5,"d":"5.000"},{"v":0.3,"d":"0.300"},{"v":0,"d":"0.000"},{"v":3,"d":"3.00"},"Sqm",{"$nulls":3},"SSR 22-23"]
[null,"Head room",1,"x",2,{"v":4.5,"d":"4.500"},{"v":0,"d":"0.000"},{"v":2.38,"d":"2.380"},21.42,"Sqm",{"$nulls":3},"SSR 22-23"]
[null,null,1,"x",2,{"v":3.2,"d":"3.200"},{"v":0,"d":"0.000"},{"v":2.38,"d":"2.380"},15.23,"Sqm",{"$nulls":3},"SSR 22-23"]
[null,"Deduct opening",1,"x",1,{"v":1.2,"d":"1.200"},{"v":0,"d":"0.000"},{"v":1.1,"d":"1.100"},{"$f":"-ROUND(IF(AND(F931:H931),C931*E931*F931*G931*H931,IF(AND(F931,G931),C931*E931*F931*G931,IF(AND(F931,H931),C931*E931*F931*H931,IF(AND(G931,H931),C931*E931*G931*H931,IF(F931,C931*E931*F931,IF(G931,C931*E931*G931,IF(H931,C931*E931*H931,C931*E931))))))),2)","v":-1.32},"Sqm",{"$nulls":3},"SSR 22-23"]
[null,"Parapet wall",1,"x",1,{"v":10.05,"d":"10.050"},{"v":0,"d":"0.000"},{"v":1.9,"d":"1.900"},{"$f":"ROUND(IF(AND(F932:H932),C932*E932*F932*G932*H932,IF(AND(F932,G932),C932*E932*F932*G932,IF(AND(F932,H932),C932*E932*F932*H932,IF(AND(G932,H932),C932*E932*G932*H932,IF(F932,C932*E932*F932,IF(G932,C932*E932*G932,IF(H932,C932*E932*H932,C932*E932))))))),2)","v":{"v":19.1,"d":"19.10"}},"Sqm",{"$nulls":3},"SSR 22-23"]
[null,null,1,"x",1,{"v":9.2,"d":"9.200"},{"v":0,"d":"0.000"},{"v":1.9,"d":"1.900"},17.48,"Sqm",{"$nulls":3},"SSR 22-23"]
[null,null,1,"x",1,{"v":13.7,"d":"13.700"},{"v":0,"d":"0.000"},{"v":1.9,"d":"1.900"},26.03,"Sqm",{"$nulls":3},"SSR 22-23"]
[null,null,1,"x",1,{"v":5.95,"d":"5.950"},{"v":0,"d":"0.000"},{"v":1.9,"d":"1.900"},11.31,"Sqm",{"$nulls":3},"SSR 22-23"]
[{"$nulls":13},"SSR 22-23"]
[{"$nulls":9},"Sqm",{"$f":"data!G3611","v":233.59},"SSR 22-23",{"$f":"ROUND(I937*K937,0)","v":{"v":0,"d":"0.00"}},"SSR 22-23"]
[12,"Supplying, fitting & placing HYSD bar reinforcement in foundation complete including labour charges for cutting, bending to required sizes and shapes, placing in position and tying with binding wire, forming grills for reinforcement work including c/c of steel bars below 36mm dia including overlaps and wastage, where they are not welded ",{"$nulls":11},"SSR 19-20"]
[null,"Qty.p.35 of M.B.No.605/B/ZP/20","Columns",{"$nulls":3},"14.07.2022",null,143.08,"Kgs",{"$nulls":3},"SSR 19-20"]
[null,"Qty.p.38 of M.B.No.605/B/ZP/20","Beam and slab",{"$nulls":3},"22.07.2022",null,279.93,"Kgs",{"$nulls":3},"SSR 19-20"]
[{"$nulls":13},"SSR 19-20"]
[{"$nulls":8},{"$f":"SUM(I939:I941)","v":423.01},"Kgs",{"$nulls":3},"SSR 19-20"]
[{"$nulls":7},"Or",null,"MT",{"$f":"data!G286","v":{"v":64288.5,"d":"64288.50"}},"SSR 19-20",{"$f":"ROUND(I943*K943,0)","v":{"v":0,"d":"0.00"}},"SSR 19-20"]
[12,"Supplying, fitting & placing HYSD bar reinforcement in foundation complete including labour charges for cutting, bending to required sizes and shapes, placing in position and tying with binding wire, forming grills for reinforcement work including c/c of steel bars below 36mm dia including overlaps and wastage, where they are not welded ",{"$nulls":11},"SSR 20-21"]
[null,"Qty.p.48 of M.B.No.441/A/ZP/19","SF column",{"$nulls":5},95.85,"Kgs",{"$nulls":3},"SSR 20-21"]
[null,"Qty.p.62  of M.B.No.441/A/ZP/19","SF beam & slab",{"$nulls":5},353.47,"Kgs",{"$nulls":3},"SSR 20-21"]
[{"$nulls":8},{"$f":"SUM(I945:I946)","v":{"v":449.32000000000005,"d":"449.32"}},"Kgs",{"$nulls":3},"SSR 20-21"]
[{"$nulls":7},"Or",null,"MT",{"$f":"data!G1202","v":{"v":64635,"d":"64635.00"}},"SSR 20-21",{"$f":"ROUND(I948*K948,0)","v":{"v":0,"d":"0.00"}},"SSR 20-21"]
[12,"Supplying, fitting & placing HYSD bar reinforcement in foundation complete including labour charges for cutting, bending to required sizes and shapes, placing in position and tying with binding wire, forming grills for reinforcement work including c/c of steel bars below 36mm dia including overlaps and wastage, where they are not welded ",{"$nulls":11},"SSR 21-22"]
[null,"Qty.p.35 of M.B.No.605/B/ZP/20","Columns",{"$nulls":5},143.08,"Kgs",{"$nulls":3},"SSR 21-22"]
[null,"Qty.p.38 of M.B.No.605/B/ZP/20","Beam and slab",{"$nulls":5},279.93,"Kgs",{"$nulls":3},"SSR 21-22"]
[{"$nulls":13},"SSR 21-22"]
[{"$nulls":9},"Kgs",{"$nulls":3},"SSR 21-22"]
[{"$nulls":7},"Or",{"$f":"ROUND((I953/1000)*1,2)","v":{"v":0,"d":"0.00"}},"MT",{"$f":"data!G2119","v":{"v":82189.5,"d":"82189.50"}},"SSR 21-22",{"$f":"ROUND(I954*K954,0)","v":{"v":0,"d":"0.00"}},"SSR 21-22"]
[12,"Supplying, fitting & placing HYSD bar reinforcement in foundation complete including labour charges for cutting, bending to required sizes and shapes, placing in position and tying with binding wire, forming grills for reinforcement work including c/c of steel bars below 36mm dia including overlaps and wastage, where they are not welded ",{"$nulls":11},"SSR 22-23"]
[null,"Qty.p.54  of M.B.No.441/A/ZP/19","SF beams",{"$nulls":6},"Kgs",{"$nulls":3},"SSR 22-23"]
[null,"Qty.p.55  of M.B.No.441/A/ZP/19","Beam and slab",{"$nulls":6},"Kgs",{"$nulls":3},"SSR 22-23"]
[{"$nulls":13},"SSR 22-23"]
[{"$nulls":8},{"$f":"SUM(I956:I958)","v":{"v":0,"d":"0.00"}},"Kgs",{"$nulls":3},"SSR 22-23"]
[{"$nulls":7},"Or",{"$f":"ROUND((I959/1000)*1,2)","v":{"v":0,"d":"0.00"}},"MT",{"$f":"data!G3036","v":{"v":95016,"d":"95016.00"}},"SSR 22-23",{"$f":"ROUND(I960*K960,0)","v":{"v":0,"d":"0.00"}},"SSR 22-23"]
[]
[]
[{"$nulls":12},{"$f":"SUM(M8:M962)","v":{"v":0,"d":"0.00"}}]
[]
[]
[]
[]
[{"$nulls":7},{"$f":"'lead 19-20'!$H$31","v":"Deputy Executive Engineer"},{"$nulls":3},{"$f":"'lead 19-20'!$K$31","v":"Assistant  Engineer"}]
[{"$nulls":7},{"$f":"'lead 19-20'!$H$32","v":"PRI Sub Division"},{"$nulls":3},{"$f":"'lead 19-20'!$K$32","v":"Mandal Praja parishad"}]
[{"$nulls":7},{"$f":"'lead 19-20'!$H$33","v":"Kanigiri"},{"$nulls":3},{"$f":"'lead 19-20'!$K$33","v":"Kanigiri"}]

{"sheet":"Water & Electrical","index":10,"n_rows":2048,"n_cols":14,"rows_kept":2048,"hidden":true,"merged":[[0,0,0,12],[1,0,1,1],[1,2,1,12],[2,0,2,1],[2,2,2,12],[3,1,3,6],[3,8,3,10],[3,11,3,12],[4,0,5,0],[4,1,5,1],[4,2,5,4],[4,5,4,7],[4,8,5,9],[4,10,5,10],[4,11,5,11],[4,12,5,12],[6,2,6,4],[2040,1,2040,7]]}
["WORKING ESTIMATE"]
["Name of the  work",null,{"$f":"'lead 19-20'!C2","v":"Providing Additional Space for Health Staff in Grama Sachivalayam of Baduguleru GP of Kanigiri Mandal"}]
["Name of the  Sub work",null,"Other items like door, windows, Grills, Sanitation and Electrification"]
[]
["S.No","Description of Item","No",null,null,"Measurements",null,null,"Quantity",null,"Rate","Per","Amount"]
[{"$nulls":5},"L","B","D"]
[1,2,3,null,null,4,5,6,7,null,8,9,10]
{"$rows_empty":2033}
[null," TOTAL",{"$nulls":10},{"$f":"SUM('PART-A'!M2494:M4501)","v":{"v":31856,"d":"31856.00"}},0]
[]
[]
[]
[]
[{"$nulls":7},{"$f":"'lead 19-20'!$H$31","v":"Deputy Executive Engineer"},{"$nulls":3},{"$f":"'lead 19-20'!$K$31","v":"Assistant  Engineer"}]
[{"$nulls":7},{"$f":"'lead 19-20'!$H$32","v":"PRI Sub Division"},{"$nulls":3},{"$f":"'lead 19-20'!$K$32","v":"Mandal Praja parishad"}]
[{"$nulls":7},{"$f":"'lead 19-20'!$H$33","v":"Kanigiri"},{"$nulls":3},{"$f":"'lead 19-20'!$K$33","v":"Kanigiri"}]

{"sheet":"PART-B","index":11,"n_rows":1583,"n_cols":17,"rows_kept":1583,"merged":[[0,0,0,12],[1,0,1,1],[1,2,1,12],[2,11,2,12],[3,0,4,0],[3,1,4,1],[3,2,4,4],[3,5,3,7],[3,8,4,9],[3,10,4,10],[3,11,4,11],[3,12,4,12],[5,2,5,4],[8,1,8,7],[14,1,14,7],[19,1,19,7],[24,1,24,7],[33,1,33,7],[39,1,39,7],[45,1,45,7],[51,1,51,7],[58,1,58,7],[63,1,63,7],[68,1,68,7],[82,1,82,7],[88,1,88,7],[96,1,96,7],[102,1,102,7],[108,1,108,7],[114,1,114,7],[120,1,120,7],[127,1,127,7],[136,1,136,7],[142,1,142,7],[148,1,148,7],[154,1,154,7],[161,1,161,7],[169,1,169,7],[177,1,177,7],[184,1,184,7],[192,1,192,7],[199,1,199,7],[223,1,223,7],[233,1,233,7],[251,1,251,7],[297,1,297,7],[304,1,304,7],[322,1,322,7],[338,1,338,7],[354,1,354,7],[361,1,361,7],[369,1,369,7],[376,1,376,7],[383,1,383,7],[395,1,395,7],[410,1,410,7],[416,1,416,7],[423,1,423,7],[430,1,430,7],[437,1,437,7],[485,1,485,7],[516,1,516,7],[537,1,537,7],[544,1,544,7],[551,1,551,7],[556,1,556,7],[561,1,561,7],[566,1,566,7],[571,1,571,7],[579,1,579,7],[584,1,584,7],[590,1,590,7],[595,1,595,7],[601,1,601,7],[606,1,606,7],[612,1,612,7],[618,1,618,7],[624,1,624,7],[630,1,630,7],[636,1,636,7],[642,1,642,7],[648,1,648,7],[654,1,654,7],[661,1,661,7],[668,1,668,7],[674,1,674,7],[681,1,681,7],[689,1,689,7],[697,1,697,7],[704,1,704,7],[711,1,711,7],[718,1,718,7],[725,1,725,7],[732,1,732,7],[739,1,739,7],[746,1,746,7],[754,1,754,7],[761,1,761,7],[768,1,768,7],[775,1,775,7],[783,1,783,7],[792,1,792,7],[802,1,802,7],[811,1,811,7],[818,1,818,7],[826,1,826,7],[831,1,831,7],[837,1,837,7],[843,1,843,7],[848,1,848,7],[853,1,853,7],[859,1,859,7],[865,1,865,7],[872,1,872,7],[877,1,877,7],[882,1,882,7],[888,1,888,7],[896,1,896,7],[901,1,901,7],[907,1,907,7],[914,1,914,7],[921,1,921,7],[929,1,929,7],[937,1,937,7],[944,1,944,7],[951,1,951,7],[956,1,956,7],[962,1,962,7],[969,1,969,7],[976,1,976,7],[983,1,983,7],[990,1,990,7],[997,1,997,7],[1004,1,1004,7],[1010,1,1010,7],[1016,1,1016,7],[1024,1,1024,7],[1032,1,1032,7],[1040,1,1040,7],[1047,1,1047,7],[1054,1,1054,7],[1059,1,1059,7],[1064,1,1064,7],[1069,1,1069,7],[1074,1,1074,7],[1079,1,1079,7],[1084,1,1084,7],[1089,1,1089,7],[1094,1,1094,7],[1099,1,1099,7],[1106,1,1106,7],[1112,1,1112,7],[1118,1,1118,7],[1131,1,1131,7],[1136,1,1136,7],[1141,1,1141,7],[1146,1,1146,7],[1151,1,1151,7],[1158,1,1158,7],[1163,1,1163,7],[1172,1,1172,7],[1180,1,1180,7],[1185,1,1185,7],[1194,1,1194,7],[1199,1,1199,7],[1205,1,1205,7],[1210,1,1210,7],[1215,1,1215,7],[1220,1,1220,7],[1226,1,1226,7],[1231,1,1231,7],[1236,1,1236,7],[1241,1,1241,7],[1246,1,1246,7],[1251,1,1251,7],[1257,1,1257,7],[1262,1,1262,7],[1267,1,1267,7],[1272,1,1272,7],[1277,1,1277,7],[1282,1,1282,7],[1287,1,1287,7],[1293,1,1293,7],[1298,1,1298,7],[1303,1,1303,7],[1308,1,1308,7],[1313,1,1313,7],[1318,1,1318,7],[1323,1,1323,7],[1328,1,1328,7],[1333,1,1333,7],[1339,1,1339,7],[1344,1,1344,7],[1354,1,1354,7],[1362,1,1362,7],[1367,1,1367,7],[1372,1,1372,7],[1377,1,1377,7],[1382,1,1382,7],[1387,1,1387,7],[1392,1,1392,7],[1397,1,1397,7],[1403,1,1403,7],[1408,1,1408,7],[1414,1,1414,7],[1419,1,1419,7],[1429,1,1429,7],[1434,1,1434,7],[1439,1,1439,7],[1444,1,1444,7],[1449,1,1449,7],[1454,1,1454,7],[1459,1,1459,7],[1464,1,1464,7],[1469,1,1469,7],[1474,1,1474,7],[1479,1,1479,7],[1484,1,1484,7],[1489,1,1489,7],[1494,1,1494,7],[1499,1,1499,7],[1504,1,1504,7],[1509,1,1509,7],[1514,1,1514,7],[1519,1,1519,7],[1526,1,1526,7],[1531,1,1531,7],[1536,1,1536,7],[1541,1,1541,7],[1546,1,1546,7],[1551,1,1551,7],[1556,1,1556,7],[1561,1,1561,7],[1568,1,1568,7],[1571,1,1571,7],[1573,1,1573,7],[1574,1,1574,7],[1575,1,1575,7]]}
["WORKING ESTIMATE (PART-B)"]
["Name of the  work",null,{"$f":"'lead 19-20'!C2","v":"Providing Additional Space for Health Staff in Grama Sachivalayam of Baduguleru GP of Kanigiri Mandal"}]
[{"$nulls":10},"Est.Rs.","3.30 lakhs"]
["S.No","Description of Item","No",null,null,"Measurements",null,null,"Quantity",null,"Rate","Per","Amount"]
[{"$nulls":5},"L","B","D"]
[1,2,3,null,null,4,5,6,7,null,8,9,10]
[null,"PART-B",{"$nulls":11},"SSR 22-23"]
[null,"GROUND FLOOR",{"$nulls":11},"SSR 22-23"]
[1,"Clearing light  jungle including up-rooting and removing of Juliflora stumps.",{"$nulls":11},"SSR 22-23"]
[null,"Qty.p.1 of M.B.No.1101/A/ZP/20",{"$nulls":11},"SSR 22-23"]
[null,null,1,"x",1,{"v":7.6,"d":"7.600"},{"v":5.24,"d":"5.240"},{"v":0,"d":"0.000"},{"$f":"ROUND(IF(AND(F11:H11),C11*E11*F11*G11*H11,IF(AND(F11,G11),C11*E11*F11*G11,IF(AND(F11,H11),C11*E11*F11*H11,IF(AND(G11,H11),C11*E11*G11*H11,IF(F11,C11*E11*F11,IF(G11,C11*E11*G11,IF(H11,C11*E11*H11,C11*E11))))))),2)","v":39.82},"Sqm",{"$nulls":3},"SSR 22-23"]
[{"$nulls":8},{"$f":"SUM(I11:I11)","v":39.82},"Sqm",{"$nulls":3},"SSR 22-23"]
[null,"Deduct Voids @ 40%",{"$nulls":6},{"$f":"-ROUND(I12*40%,2)","v":-15.93},"Sqm",{"$nulls":3},"SSR 22-23"]
[{"$nulls":9},"Sqm",{"$f":"'data 2022-23'!G41","v":6.06},"1Sqm",{"$f":"ROUND(I14*K14,0)","v":{"v":0,"d":"0.00"}},"SSR 22-23"]
[1,"Engaging Unskilled Labour for Earth work excavation & depositing on bank with an initial lead & initial lift in Loamy, Clayey soils like BC Soils, Red Earth & Chodu Soils for Column Foundations RSSR",{"$nulls":11},"SSR 22-23"]
[null,"Qty.p.58 of M.B.No.111/A/ZP/22",null,"10.11.2023",{"$nulls":9},"SSR 22-23"]
[null,"septic tank",2,"x",0.785,{"v":1.5,"d":"1.500"},{"v":1.5,"d":"1.500"},{"v":2,"d":"2.000"},{"$f":"ROUND(IF(AND(F17:H17),C17*E17*F17*G17*H17,IF(AND(F17,G17),C17*E17*F17*G17,IF(AND(F17,H17),C17*E17*F17*H17,IF(AND(G17,H17),C17*E17*G17*H17,IF(F17,C17*E17*F17,IF(G17,C17*E17*G17,IF(H17,C17*E17*H17,C17*E17))))))),2)","v":7.07},"Cum",{"$nulls":3},"SSR 22-23"]
[{"$nulls":13},"SSR 22-23"]
[{"$nulls":9},"Cum",{"$f":"'data 2022-23'!G46","v":144.26},"1Cum",{"$f":"ROUND(I19*K19,0)","v":{"v":0,"d":"0.00"}},"SSR 22-23"]
[2,"Plain Cement Concrete (1:4:8) proportion Nominal mix for foundations using 40mm size SS-5 metal including c/c of all materials & labour charges, machine mixing & laying concrete in foundations ramming etc complete for Bed Concrete  (APSS No 402)  ",{"$nulls":11},"SSR 22-23"]
[null,"Qty.p.58 & 59 of M.B.No.111/A/ZP/22",null,"10.11.2023",{"$nulls":9},"SSR 22-23"]
[null,"Septic tank",2,"x",0.785,{"v":1.5,"d":"1.500"},{"v":1.5,"d":"1.500"},{"v":0.15,"d":"0.150"},{"$f":"ROUND(IF(AND(F22:H22),C22*E22*F22*G22*H22,IF(AND(F22,G22),C22*E22*F22*G22,IF(AND(F22,H22),C22*E22*F22*H22,IF(AND(G22,H22),C22*E22*G22*H22,IF(F22,C22*E22*F22,IF(G22,C22*E22*G22,IF(H22,C22*E22*H22,C22*E22))))))),2)","v":0.53},"Cum",{"$nulls":3},"SSR 22-23"]
[{"$nulls":13},"SSR 22-23"]
[{"$nulls":9},"Cum",{"$f":"'data 2022-23'!G89","v":4583.31},"1Cum",{"$f":"ROUND(I24*K24,0)","v":{"v":0,"d":"0.00"}},"SSR 22-23"]
[3,"Plain Cement Concrete (1:5:10) proportion Nominal mix for foundations using 40mm size SS-5 metal including cost and conveyance of all materials and curing charges, labour charges, machine mixing and laying concrete in foundations ramming etc complete for Bed Concrete  (APSS No 402)  ",{"$nulls":11},"SSR 22-23"]
[null,"Qty.p.65 of M.B.No.1101/A/ZP/20",{"$nulls":11},"SSR 22-23"]
[null,null,1,"x",1,{"v":4.72,"d":"4.720"},{"v":0.45,"d":"0.450"},{"v":0.1,"d":"0.100"},{"$f":"ROUND(IF(AND(F27:H27),C27*E27*F27*G27*H27,IF(AND(F27,G27),C27*E27*F27*G27,IF(AND(F27,H27),C27*E27*F27*H27,IF(AND(G27,H27),C27*E27*G27*H27,IF(F27,C27*E27*F27,IF(G27,C27*E27*G27,IF(H27,C27*E27*H27,C27*E27))))))),2)","v":0.21},"Cum",{"$nulls":3},"SSR 22-23"]
[null,"Front beam",1,"x",1,{"v":5.4,"d":"5.400"},{"v":0.45,"d":"0.450"},{"v":0.1,"d":"0.100"},{"$f":"ROUND(IF(AND(F28:H28),C28*E28*F28*G28*H28,IF(AND(F28,G28),C28*E28*F28*G28,IF(AND(F28,H28),C28*E28*F28*H28,IF(AND(G28,H28),C28*E28*G28*H28,IF(F28,C28*E28*F28,IF(G28,C28*E28*G28,IF(H28,C28*E28*H28,C28*E28))))))),2)","v":0.24},"Cum",{"$nulls":3},"SSR 22-23"]
[null,"Verandah alround",1,"x",1,{"v":10.05,"d":"10.050"},{"v":0.45,"d":"0.450"},{"v":0.1,"d":"0.100"},{"$f":"ROUND(IF(AND(F29:H29),C29*E29*F29*G29*H29,IF(AND(F29,G29),C29*E29*F29*G29,IF(AND(F29,H29),C29*E29*F29*H29,IF(AND(G29,H29),C29*E29*G29*H29,IF(F29,C29*E29*F29,IF(G29,C29*E29*G29,IF(H29,C29*E29*H29,C29*E29))))))),2)","v":0.45},"Cum",{"$nulls":3},"SSR 22-23"]
[null,"Store platform",1,"x",1,{"v":5.46,"d":"5.460"},{"v":0.3,"d":"0.300"},{"v":0.1,"d":"0.100"},{"$f":"ROUND(IF(AND(F30:H30),C30*E30*F30*G30*H30,IF(AND(F30,G30),C30*E30*F30*G30,IF(AND(F30,H30),C30*E30*F30*H30,IF(AND(G30,H30),C30*E30*G30*H30,IF(F30,C30*E30*F30,IF(G30,C30*E30*G30,IF(H30,C30*E30*H30,C30*E30))))))),2)","v":0.16},"Cum",{"$nulls":3},"SSR 22-23"]
[null,"For septic tank",1,"x",1,{"v":4.7,"d":"4.700"},{"v":2.3,"d":"2.300"},{"v":0.15,"d":"0.150"},{"$f":"ROUND(IF(AND(F31:H31),C31*E31*F31*G31*H31,IF(AND(F31,G31),C31*E31*F31*G31,IF(AND(F31,H31),C31*E31*F31*H31,IF(AND(G31,H31),C31*E31*G31*H31,IF(F31,C31*E31*F31,IF(G31,C31*E31*G31,IF(H31,C31*E31*H31,C31*E31))))))),2)","v":1.62},"Cum",{"$nulls":3},"SSR 22-23"]
[{"$nulls":13},"SSR 22-23"]
[{"$nulls":9},"Cum",{"$f":"'data 2022-23'!G101","v":4431.03},"1Cum",{"$f":"ROUND(I33*K33,0)","v":{"v":0,"d":"0.00"}},"SSR 22-23"]
[3,"Filling Basement with Selected earth by watering and ramming including all operational, incidental and including c/c of material and labour charges etc complete for finished item of the work (APSS No 309& 310) per 1 Cum",{"$nulls":11},"SSR 22-23"]
[null,"Qty.p.34 of M.B.No.1101/A/ZP/20",{"$nulls":11},"SSR 22-23"]
[null,"C1/F1",1,"x",1,{"v":1.65,"d":"1.650"},{"v":1.65,"d":"1.650"},{"v":2.25,"d":"2.250"},{"$f":"ROUND(IF(AND(F36:H36),C36*E36*F36*G36*H36,IF(AND(F36,G36),C36*E36*F36*G36,IF(AND(F36,H36),C36*E36*F36*H36,IF(AND(G36,H36),C36*E36*G36*H36,IF(F36,C36*E36*F36,IF(G36,C36*E36*G36,IF(H36,C36*E36*H36,C36*E36))))))),2)","v":6.13},"Cum",{"$nulls":3},"SSR 22-23"]
[null,"Block-8",1,"x",1,{"v":2.17,"d":"2.170"},{"v":5,"d":"5.000"},{"v":0.18,"d":"0.180"},{"$f":"ROUND(IF(AND(F37:H37),C37*E37*F37*G37*H37,IF(AND(F37,G37),C37*E37*F37*G37,IF(AND(F37,H37),C37*E37*F37*H37,IF(AND(G37,H37),C37*E37*G37*H37,IF(F37,C37*E37*F37,IF(G37,C37*E37*G37,IF(H37,C37*E37*H37,C37*E37))))))),2)","v":1.95},"Cum",{"$nulls":3},"SSR 22-23"]
[{"$nulls":13},"SSR 22-23"]
[{"$nulls":9},"Cum",{"$f":"'data 2022-23'!G63","v":216.13},"1Cum",{"$f":"ROUND(I39*K39,0)","v":{"v":0,"d":"0.00"}},"SSR 22-23"]
[4,"Filling Basement with Gravel by watering and ramming including all operational, incidental and including c/c of material and labour charges etc complete for finished item of the work (APSS No 309& 310) per 1 Cum",{"$nulls":11},"SSR 22-23"]
[null,"Qty.p.69 of M.B.No.1101/A/ZP/20",{"$nulls":11},"SSR 22-23"]
[null,"Back side stair",1,"x",1,{"v":2.72,"d":"2.720"},{"v":0.77,"d":"0.770"},{"v":1.25,"d":"1.250"},{"$f":"ROUND(IF(AND(F42:H42),C42*E42*F42*G42*H42,IF(AND(F42,G42),C42*E42*F42*G42,IF(AND(F42,H42),C42*E42*F42*H42,IF(AND(G42,H42),C42*E42*G42*H42,IF(F42,C42*E42*F42,IF(G42,C42*E42*G42,IF(H42,C42*E42*H42,C42*E42))))))),2)","v":2.62},"Cum",{"$nulls":3},"SSR 22-23"]
[null,"Front ramp",1,"x",1,{"v":3.16,"d":"3.160"},{"v":1.27,"d":"1.270"},{"$f":"(0.1+0.77)/2","v":0.435},{"$f":"ROUND(IF(AND(F43:H43),C43*E43*F43*G43*H43,IF(AND(F43,G43),C43*E43*F43*G43,IF(AND(F43,H43),C43*E43*F43*H43,IF(AND(G43,H43),C43*E43*G43*H43,IF(F43,C43*E43*F43,IF(G43,C43*E43*G43,IF(H43,C43*E43*H43,C43*E43))))))),2)","v":1.75},"Cum",{"$nulls":3},"SSR 22-23"]
[{"$nulls":13},"SSR 22-23"]
[{"$nulls":9},"Cum",{"$f":"'data 2022-23'!G71","v":272.13},"1Cum",{"$f":"ROUND(I45*K45,0)","v":{"v":0,"d":"0.00"}},"SSR 22-23"]
[4,"Filling with Sand in trenches, sides of foundations & basement by watering and ramming including all operational, incidental, labour charges, hire charges of T&P etc complete including cost and conveyance of material and labour charges etc complete for finished item of the work (APSS No 309& 310) per 1 Cum",{"$nulls":11},"SSR 22-23"]
[null,"Qty.p.4 of M.B.No.1101/A/ZP/20",{"$nulls":11},"SSR 22-23"]
[null,"F1 footings",1,"x",1,{"v":1.65,"d":"1.650"},{"v":1.65,"d":"1.650"},{"v":0.15,"d":"0.150"},{"$f":"ROUND(IF(AND(F48:H48),C48*E48*F48*G48*H48,IF(AND(F48,G48),C48*E48*F48*G48,IF(AND(F48,H48),C48*E48*F48*H48,IF(AND(G48,H48),C48*E48*G48*H48,IF(F48,C48*E48*F48,IF(G48,C48*E48*G48,IF(H48,C48*E48*H48,C48*E48))))))),2)","v":0.41},"Cum",{"$nulls":3},"SSR 22-23"]
[null,"F2 footings",1,"x",4,{"v":2,"d":"2.000"},{"v":2,"d":"2.000"},{"v":0.15,"d":"0.150"},{"$f":"ROUND(IF(AND(F49:H49),C49*E49*F49*G49*H49,IF(AND(F49,G49),C49*E49*F49*G49,IF(AND(F49,H49),C49*E49*F49*H49,IF(AND(G49,H49),C49*E49*G49*H49,IF(F49,C49*E49*F49,IF(G49,C49*E49*G49,IF(H49,C49*E49*H49,C49*E49))))))),2)","v":{"v":2.4,"d":"2.40"}},"Cum",{"$nulls":3},"SSR 22-23"]
[{"$nulls":13},"SSR 22-23"]
[{"$nulls":9},"Cum",{"$f":"'data 2022-23'!G55","v":1603.13},"1Cum",{"$f":"ROUND(I51*K51,0)","v":{"v":0,"d":"0.00"}},"SSR 22-23"]
[4,"Filling in foundation with excavated soil as per drawing and technical specification Clause 305.3.9 MORD & 304 MORTH.",{"$nulls":11},"SSR 22-23"]
[null,"Qty.p.7 of M.B.No.1101/A/ZP/20",{"$nulls":11},"SSR 22-23"]
[null,"F1 footing",1,"x",10,{"v":1.5,"d":"1.500"},{"v":1.5,"d":"1.500"},{"v":1.8,"d":"1.800"},{"$f":"ROUND(IF(AND(F54:H54),C54*E54*F54*G54*H54,IF(AND(F54,G54),C54*E54*F54*G54,IF(AND(F54,H54),C54*E54*F54*H54,IF(AND(G54,H54),C54*E54*G54*H54,IF(F54,C54*E54*F54,IF(G54,C54*E54*G54,IF(H54,C54*E54*H54,C54*E54))))))),2)","v":{"v":40.5,"d":"40.50"}},"Cum",{"$nulls":3},"SSR 22-23"]
[null,"F2 footing",1,"x",4,{"v":1.5,"d":"1.500"},{"v":1.5,"d":"1.500"},{"v":1.8,"d":"1.800"},{"$f":"ROUND(IF(AND(F55:H55),C55*E55*F55*G55*H55,IF(AND(F55,G55),C55*E55*F55*G55,IF(AND(F55,H55),C55*E55*F55*H55,IF(AND(G55,H55),C55*E55*G55*H55,IF(F55,C55*E55*F55,IF(G55,C55*E55*G55,IF(H55,C55*E55*H55,C55*E55))))))),2)","v":{"v":16.2,"d":"16.20"}},"Cum",{"$nulls":3},"SSR 22-23"]
[null,"Deductions",{"$nulls":6},{"v":-16.2,"d":"-16.20"},"Cum",{"$nulls":3},"SSR 22-23"]
[{"$nulls":13},"SSR 22-23"]
[{"$nulls":9},"Cum",{"$f":"'data 2022-23'!G77","v":{"v":284.4,"d":"284.40"}},"1Cum",{"$f":"ROUND(I58*K58,0)","v":{"v":0,"d":"0.00"}},"SSR 22-23"]
[5,"Reinforced Cement Concrete  M25 Nominal mix (Cement: Sand: Metal) corresponding Table 9 of IS 456 using 20mm size graded machine crushed hard granite metal from approved quarry including c/c of all materials like Cement, Sand, coarse aggregate, water etc to site, all marerials including labour charges such as machine mixing, laying concrete, curing etc complete but excluding cost of steel and its fabrication charges for finished item of work for column footings",{"$nulls":11},"SSR 22-23"]
[null,"Qty.p.21 of M.B.No.1101/A/ZP/20",{"$nulls":11},"SSR 22-23"]
[null,"C1/F1",1,"x",1,{"v":1.35,"d":"1.350"},{"v":1.35,"d":"1.350"},{"v":0.3,"d":"0.300"},{"$f":"ROUND(IF(AND(F61:H61),C61*E61*F61*G61*H61,IF(AND(F61,G61),C61*E61*F61*G61,IF(AND(F61,H61),C61*E61*F61*H61,IF(AND(G61,H61),C61*E61*G61*H61,IF(F61,C61*E61*F61,IF(G61,C61*E61*G61,IF(H61,C61*E61*H61,C61*E61))))))),2)","v":0.55},"Cum",{"$nulls":3},"SSR 22-23"]
[{"$nulls":13},"SSR 22-23"]
[{"$nulls":9},"Cum",{"$f":"'data 2022-23'!G121","v":8062.18},"1Cum",{"$f":"ROUND(I63*K63,0)","v":{"v":0,"d":"0.00"}},"SSR 22-23"]
[6,"~do~ for  Pedastal concrete etc., complete",{"$nulls":11},"SSR 22-23"]
[null,"Qty.p.22 of M.B.No.1101/A/ZP/20",{"$nulls":11},"SSR 22-23"]
[null,null,1,"x",18,{"v":0.45,"d":"0.450"},{"v":0.45,"d":"0.450"},{"v":0.45,"d":"0.450"},{"$f":"ROUND(IF(AND(F66:H66),C66*E66*F66*G66*H66,IF(AND(F66,G66),C66*E66*F66*G66,IF(AND(F66,H66),C66*E66*F66*H66,IF(AND(G66,H66),C66*E66*G66*H66,IF(F66,C66*E66*F66,IF(G66,C66*E66*G66,IF(H66,C66*E66*H66,C66*E66))))))),2)","v":1.64},"Cum",{"$nulls":3},"SSR 22-23"]
[{"$nulls":13},"SSR 22-23"]
[{"$nulls":9},"Cum",{"$f":"'data 2022-23'!G126","v":8501.18},"1Cum",{"$f":"ROUND(I68*K68,0)","v":{"v":0,"d":"0.00"}},"SSR 22-23"]
[7,"~do~ for  Columns etc., complete",{"$nulls":11},"SSR 22-23"]
[null,"Qty.p.23 of M.B.No.1101/A/ZP/20",{"$nulls":11},"SSR 22-23"]
[null,"C1/F1",1,"x",1,{"v":0.23,"d":"0.230"},{"v":0.38,"d":"0.380"},{"v":1.72,"d":"1.720"},{"$f":"ROUND(IF(AND(F71:H71),C71*E71*F71*G71*H71,IF(AND(F71,G71),C71*E71*F71*G71,IF(AND(F71,H71),C71*E71*F71*H71,IF(AND(G71,H71),C71*E71*G71*H71,IF(F71,C71*E71*F71,IF(G71,C71*E71*G71,IF(H71,C71*E71*H71,C71*E71))))))),2)","v":0.15},"Cum",{"$nulls":3},"SSR 22-23"]
[null,"C1/F2",1,"x",1,{"v":0.23,"d":"0.230"},{"v":0.38,"d":"0.380"},{"v":1.79,"d":"1.790"},0.16,"Cum",{"$nulls":3},"SSR 22-23"]
[null,"C1/F2",1,"x",1,{"v":0.23,"d":"0.230"},{"v":0.38,"d":"0.380"},{"v":1.75,"d":"1.750"},0.15,"Cum",{"$nulls":3},"SSR 22-23"]
[null,"C2/F2",1,"x",1,{"v":0.23,"d":"0.230"},{"v":0.38,"d":"0.380"},{"v":1.68,"d":"1.680"},0.15,"Cum",{"$nulls":3},"SSR 22-23"]
[null,"C2/F2",1,"x",1,{"v":0.23,"d":"0.230"},{"v":0.38,"d":"0.380"},{"v":1.74,"d":"1.740"},0.15,"Cum",{"$nulls":3},"SSR 22-23"]
[null,"C1/F1",1,"x",1,{"v":0.23,"d":"0.230"},{"v":0.23,"d":"0.230"},2.795,0.15,"Cum",{"$nulls":3},"SSR 22-23"]
[null,"C2/F2 To C2/F2",1,"x",5,{"v":0.23,"d":"0.230"},{"v":0.38,"d":"0.380"},2.795,1.22,"Cum",{"$nulls":3},"SSR 22-23"]
[null,"C1/F1",1,"x",1,{"v":0.23,"d":"0.230"},{"v":0.23,"d":"0.230"},2.795,0.15,"Cum",{"$nulls":3},"SSR 22-23"]
[{"$nulls":13},"SSR 22-23"]
[{"$nulls":9},"Cum",{"$f":"'data 2022-23'!E152","v":{"v":10417.6,"d":"10417.60"}},"1Cum",{"$f":"ROUND(I80*K80,0)","v":{"v":0,"d":"0.00"}},"SSR 22-23"]
[null,"PB 106, 109, 112",1,"x",3,{"v":5.93,"d":"5.930"},{"v":0.23,"d":"0.230"},{"v":0.38,"d":"0.380"},{"$f":"ROUND(IF(AND(F81:H81),C81*E81*F81*G81*H81,IF(AND(F81,G81),C81*E81*F81*G81,IF(AND(F81,H81),C81*E81*F81*H81,IF(AND(G81,H81),C81*E81*G81*H81,IF(F81,C81*E81*F81,IF(G81,C81*E81*G81,IF(H81,C81*E81*H81,C81*E81))))))),2)","v":1.55},"Cum",{"$nulls":3},"SSR 22-23"]
[null,"PB 107, 108, 110, 111",1,"x",4,{"v":2.7,"d":"2.700"},{"v":0.23,"d":"0.230"},{"v":0.38,"d":"0.380"},{"$f":"ROUND(IF(AND(F82:H82),C82*E82*F82*G82*H82,IF(AND(F82,G82),C82*E82*F82*G82,IF(AND(F82,H82),C82*E82*F82*H82,IF(AND(G82,H82),C82*E82*G82*H82,IF(F82,C82*E82*F82,IF(G82,C82*E82*G82,IF(H82,C82*E82*H82,C82*E82))))))),2)","v":0.94},"Cum",{"$nulls":3},"SSR 22-23"]
[8,"~do~ for  Plinth beam etc., complete",{"$nulls":11},"SSR 22-23"]
[null,"Qty.p.49 of M.B.No.1101/A/ZP/20",{"$nulls":11},"SSR 22-23"]
[null,"Alround the building",1,"x",1,{"v":48.51,"d":"48.510"},{"v":0.23,"d":"0.230"},{"$f":"(0.36+0.38)/2","v":{"v":0.37,"d":"0.370"}},{"$f":"ROUND(IF(AND(F85:H85),C85*E85*F85*G85*H85,IF(AND(F85,G85),C85*E85*F85*G85,IF(AND(F85,H85),C85*E85*F85*H85,IF(AND(G85,H85),C85*E85*G85*H85,IF(F85,C85*E85*F85,IF(G85,C85*E85*G85,IF(H85,C85*E85*H85,C85*E85))))))),2)","v":4.13},"Cum",{"$nulls":3},"SSR 22-23"]
[null,null,1,"x",1,{"v":6.3,"d":"6.300"},{"v":0.3,"d":"0.300"},{"v":0.2,"d":"0.200"},{"$f":"ROUND(IF(AND(F86:H86),C86*E86*F86*G86*H86,IF(AND(F86,G86),C86*E86*F86*G86,IF(AND(F86,H86),C86*E86*F86*H86,IF(AND(G86,H86),C86*E86*G86*H86,IF(F86,C86*E86*F86,IF(G86,C86*E86*G86,IF(H86,C86*E86*H86,C86*E86))))))),2)","v":0.38},"Cum",{"$nulls":3},"SSR 22-23"]
[{"$nulls":13},"SSR 22-23"]
[{"$nulls":9},"Cum",{"$f":"'data 2022-23'!G131","v":10162.18},"1Cum",{"$f":"ROUND(I88*K88,0)","v":{"v":0,"d":"0.00"}},"SSR 22-23"]
[9,"~do~ for  Beams etc., complete",{"$nulls":11},"SSR 22-23"]
[null,"Qty.p.68 of M.B.No.1101/A/ZP/20",{"$nulls":11},"SSR 22-23"]
[null,"Mid landing beam",1,"x",1,{"v":2.65,"d":"2.650"},{"v":0.23,"d":"0.230"},{"v":0.3,"d":"0.300"},{"$f":"ROUND(IF(AND(F91:H91),C91*E91*F91*G91*H91,IF(AND(F91,G91),C91*E91*F91*G91,IF(AND(F91,H91),C91*E91*F91*H91,IF(AND(G91,H91),C91*E91*G91*H91,IF(F91,C91*E91*F91,IF(G91,C91*E91*G91,IF(H91,C91*E91*H91,C91*E91))))))),2)","v":0.18},"Cum",{"$nulls":3},"SSR 22-23"]
[null,"B1 to B4",1,"x",2,{"v":1,"d":"1.000"},{"v":0.23,"d":"0.230"},{"v":0.3,"d":"0.300"},{"$f":"ROUND(IF(AND(F92:H92),C92*E92*F92*G92*H92,IF(AND(F92,G92),C92*E92*F92*G92,IF(AND(F92,H92),C92*E92*F92*H92,IF(AND(G92,H92),C92*E92*G92*H92,IF(F92,C92*E92*F92,IF(G92,C92*E92*G92,IF(H92,C92*E92*H92,C92*E92))))))),2)","v":0.14},"Cum",{"$nulls":3},"SSR 22-23"]
[null,"FB112",1,"x",1,{"v":15.75,"d":"15.750"},{"v":0.23,"d":"0.230"},{"v":0.3,"d":"0.300"},{"$f":"ROUND(IF(AND(F93:H93),C93*E93*F93*G93*H93,IF(AND(F93,G93),C93*E93*F93*G93,IF(AND(F93,H93),C93*E93*F93*H93,IF(AND(G93,H93),C93*E93*G93*H93,IF(F93,C93*E93*F93,IF(G93,C93*E93*G93,IF(H93,C93*E93*H93,C93*E93))))))),2)","v":1.09},"Cum",{"$nulls":3},"SSR 22-23"]
[null,"Deduction",1,"x",6,{"v":0.23,"d":"0.230"},{"v":0.23,"d":"0.230"},{"v":0.3,"d":"0.300"},{"$f":"-ROUND(IF(AND(F94:H94),C94*E94*F94*G94*H94,IF(AND(F94,G94),C94*E94*F94*G94,IF(AND(F94,H94),C94*E94*F94*H94,IF(AND(G94,H94),C94*E94*G94*H94,IF(F94,C94*E94*F94,IF(G94,C94*E94*G94,IF(H94,C94*E94*H94,C94*E94))))))),2)","v":{"v":-0.1,"d":"-0.10"}},"Cum",{"$nulls":3},"SSR 22-23"]
[{"$nulls":13},"SSR 22-23"]
[{"$nulls":9},"Cum",{"$f":"'data 2022-23'!E179","v":9921.19},"1Cum",{"$f":"ROUND(I96*K96,0)","v":{"v":0,"d":"0.00"}},"SSR 22-23"]
[10,"~do~ for  Waist slab 150mm thick etc., complete",{"$nulls":11},"SSR 22-23"]
[null,"Qty.p.68 of M.B.No.1101/A/ZP/20",{"$nulls":11},"SSR 22-23"]
[null,"Dead slab (1st flight)",1,"x",1,{"v":3.2,"d":"3.200"},{"v":1.2,"d":"1.200"},{"v":0,"d":"0.000"},{"$f":"ROUND(IF(AND(F99:H99),C99*E99*F99*G99*H99,IF(AND(F99,G99),C99*E99*F99*G99,IF(AND(F99,H99),C99*E99*F99*H99,IF(AND(G99,H99),C99*E99*G99*H99,IF(F99,C99*E99*F99,IF(G99,C99*E99*G99,IF(H99,C99*E99*H99,C99*E99))))))),2)","v":3.84},"Sqm",{"$nulls":3},"SSR 22-23"]
[null,"Dead slab (2nd flight)",1,"x",1,{"v":3.6,"d":"3.600"},{"v":1.21,"d":"1.210"},{"v":0,"d":"0.000"},{"$f":"ROUND(IF(AND(F100:H100),C100*E100*F100*G100*H100,IF(AND(F100,G100),C100*E100*F100*G100,IF(AND(F100,H100),C100*E100*F100*H100,IF(AND(G100,H100),C100*E100*G100*H100,IF(F100,C100*E100*F100,IF(G100,C100*E100*G100,IF(H100,C100*E100*H100,C100*E100))))))),2)","v":4.36},"Sqm",{"$nulls":3},"SSR 22-23"]
[{"$nulls":13},"SSR 22-23"]
[{"$nulls":9},"Sqm",{"$f":"'data 2022-23'!E200","v":1345.28},"1Sqm",{"$f":"ROUND(I102*K102,0)","v":{"v":0,"d":"0.00"}},"SSR 22-23"]
[11,"~do~ for  Roof slab 125mm thick etc., complete",{"$nulls":11},"SSR 22-23"]
[null,"Qty.p.93 of M.B.No.1101/A/ZP/20",{"$nulls":11},"SSR 22-23"]
[null,null,1,"x",1,{"v":16.09,"d":"16.090"},{"v":10.19,"d":"10.190"},{"v":0,"d":"0.000"},{"$f":"ROUND(IF(AND(F105:H105),C105*E105*F105*G105*H105,IF(AND(F105,G105),C105*E105*F105*G105,IF(AND(F105,H105),C105*E105*F105*H105,IF(AND(G105,H105),C105*E105*G105*H105,IF(F105,C105*E105*F105,IF(G105,C105*E105*G105,IF(H105,C105*E105*H105,C105*E105))))))),2)","v":163.96},"Sqm",{"$nulls":3},"SSR 22-23"]
[null,null,1,"x",1,{"v":3.86,"d":"3.860"},{"v":2.63,"d":"2.630"},{"v":0,"d":"0.000"},{"$f":"-ROUND(IF(AND(F106:H106),C106*E106*F106*G106*H106,IF(AND(F106,G106),C106*E106*F106*G106,IF(AND(F106,H106),C106*E106*F106*H106,IF(AND(G106,H106),C106*E106*G106*H106,IF(F106,C106*E106*F106,IF(G106,C106*E106*G106,IF(H106,C106*E106*H106,C106*E106))))))),2)","v":-10.15},"Sqm",{"$nulls":3},"SSR 22-23"]
[{"$nulls":13},"SSR 22-23"]
[{"$nulls":9},"Sqm",{"$f":"'data 2022-23'!E193","v":{"v":1202.4,"d":"1202.40"}},"1Sqm",{"$f":"ROUND(I108*K108,0)","v":{"v":0,"d":"0.00"}},"SSR 22-23"]
[11,"~do~ for  Roof slab 100mm thick etc., complete",{"$nulls":11},"SSR 22-23"]
[null,"Qty.p.49 of M.B.No.1101/A/ZP/20",{"$nulls":11},"SSR 22-23"]
[null,null,1,"x",2,{"$f":"(3.05+3.65)/2","v":{"v":3.3499999999999996,"d":"3.350"}},{"v":0.95,"d":"0.950"},{"v":0,"d":"0.000"},{"$f":"ROUND(IF(AND(F111:H111),C111*E111*F111*G111*H111,IF(AND(F111,G111),C111*E111*F111*G111,IF(AND(F111,H111),C111*E111*F111*H111,IF(AND(G111,H111),C111*E111*G111*H111,IF(F111,C111*E111*F111,IF(G111,C111*E111*G111,IF(H111,C111*E111*H111,C111*E111))))))),2)","v":6.37},"Sqm",{"$nulls":3},"SSR 22-23"]
[null,null,1,"x",1,{"$f":"(16+17.2)/2","v":{"v":16.6,"d":"16.600"}},{"v":0.95,"d":"0.950"},{"v":0,"d":"0.000"},{"$f":"ROUND(IF(AND(F112:H112),C112*E112*F112*G112*H112,IF(AND(F112,G112),C112*E112*F112*G112,IF(AND(F112,H112),C112*E112*F112*H112,IF(AND(G112,H112),C112*E112*G112*H112,IF(F112,C112*E112*F112,IF(G112,C112*E112*G112,IF(H112,C112*E112*H112,C112*E112))))))),2)","v":15.77},"Sqm",{"$nulls":3},"SSR 22-23"]
[{"$nulls":13},"SSR 22-23"]
[{"$nulls":9},"Sqm",{"$f":"'data 2022-23'!E186","v":1059.52},"1Sqm",{"$f":"ROUND(I114*K114,0)","v":{"v":0,"d":"0.00"}},"SSR 22-23"]
[11,"~do~ for  Roof slab 50mm thick etc., complete",{"$nulls":11},"SSR 22-23"]
[null,"Qty.p.23 of M.B.No.1101/A/ZP/20",{"$nulls":11},"SSR 22-23"]
[null,"50 thick",1,"x",2,{"v":3.33,"d":"3.330"},{"v":1.32,"d":"1.320"},{"v":0,"d":"0.000"},{"$f":"ROUND(IF(AND(F117:H117),C117*E117*F117*G117*H117,IF(AND(F117,G117),C117*E117*F117*G117,IF(AND(F117,H117),C117*E117*F117*H117,IF(AND(G117,H117),C117*E117*G117*H117,IF(F117,C117*E117*F117,IF(G117,C117*E117*G117,IF(H117,C117*E117*H117,C117*E117))))))),2)","v":8.79},"Sqm",{"$nulls":3},"SSR 22-23"]
[null,null,2,"x",0.5,{"v":0.94,"d":"0.940"},{"v":1.35,"d":"1.350"},{"v":0,"d":"0.000"},{"$f":"ROUND(IF(AND(F118:H118),C118*E118*F118*G118*H118,IF(AND(F118,G118),C118*E118*F118*G118,IF(AND(F118,H118),C118*E118*F118*H118,IF(AND(G118,H118),C118*E118*G118*H118,IF(F118,C118*E118*F118,IF(G118,C118*E118*G118,IF(H118,C118*E118*H118,C118*E118))))))),2)","v":1.27},"Sqm",{"$nulls":3},"SSR 22-23"]
[{"$nulls":13},"SSR 22-23"]
[{"$nulls":9},"Sqm",{"$f":"'data 2022-23'!E242","v":{"v":526.3,"d":"526.30"}},"1Sqm",{"$f":"ROUND(I120*K120,0)","v":{"v":0,"d":"0.00"}},"SSR 22-23"]
[16,"~do~ for  Roof slab 25mm thick etc., complete",{"$nulls":11},"SSR 22-23"]
[null,"Qty.p.62 of M.B.No.1101/A/ZP/20",{"$nulls":11},"SSR 22-23"]
[null,"50mm thick",1,"x",5,{"v":1.52,"d":"1.520"},{"v":0.23,"d":"0.230"},{"v":0,"d":"0.000"},{"$f":"ROUND(IF(AND(F123:H123),C123*E123*F123*G123*H123,IF(AND(F123,G123),C123*E123*F123*G123,IF(AND(F123,H123),C123*E123*F123*H123,IF(AND(G123,H123),C123*E123*G123*H123,IF(F123,C123*E123*F123,IF(G123,C123*E123*G123,IF(H123,C123*E123*H123,C123*E123))))))),2)","v":1.75},"Sqm",{"$nulls":3},"SSR 22-23"]
[null,null,1,"x",4,{"v":1.83,"d":"1.830"},{"v":0.23,"d":"0.230"},{"v":0,"d":"0.000"},{"$f":"ROUND(IF(AND(F124:H124),C124*E124*F124*G124*H124,IF(AND(F124,G124),C124*E124*F124*G124,IF(AND(F124,H124),C124*E124*F124*H124,IF(AND(G124,H124),C124*E124*G124*H124,IF(F124,C124*E124*F124,IF(G124,C124*E124*G124,IF(H124,C124*E124*H124,C124*E124))))))),2)","v":1.68},"Sqm",{"$nulls":3},"SSR 22-23"]
[null,"For water tank",1,"x",1,{"v":1.4,"d":"1.400"},{"v":1.4,"d":"1.400"},{"v":0,"d":"0.000"},{"$f":"ROUND(IF(AND(F125:H125),C125*E125*F125*G125*H125,IF(AND(F125,G125),C125*E125*F125*G125,IF(AND(F125,H125),C125*E125*F125*H125,IF(AND(G125,H125),C125*E125*G125*H125,IF(F125,C125*E125*F125,IF(G125,C125*E125*G125,IF(H125,C125*E125*H125,C125*E125))))))),2)","v":1.96},"Sqm",{"$nulls":3},"SSR 22-23"]
[{"$nulls":13},"SSR 22-23"]
[{"$nulls":9},"Sqm",{"$f":"'data 2022-23'!E249","v":385.15},"1Sqm",{"$f":"ROUND(I127*K127,0)","v":{"v":0,"d":"0.00"}},"SSR 22-23"]
[15,"Reinforced Cement Concrete  M25 Nominal mix (Cement: Sand: Metal) corresponding Table 9 of IS 456 using 20mm size graded machine crushed hard granite metal from approved quarry including c/c of all materials like Cement, Sand, coarse aggregate, water etc to site, all marerials including labour charges such as machine mixing, laying concrete, curing etc complete but excluding cost of steel and its fabrication charges for finished item of work for  lintels etc., complete",{"$nulls":11},"SSR 22-23"]
[null,"Qty.p.67 of M.B.No.1101/A/ZP/20",{"$nulls":11},"SSR 22-23"]
[null,"B1E2 A1A2",1,"x",2,{"v":2.86,"d":"2.860"},{"v":0.23,"d":"0.230"},{"v":0.15,"d":"0.150"},{"$f":"ROUND(IF(AND(F130:H130),C130*E130*F130*G130*H130,IF(AND(F130,G130),C130*E130*F130*G130,IF(AND(F130,H130),C130*E130*F130*H130,IF(AND(G130,H130),C130*E130*G130*H130,IF(F130,C130*E130*F130,IF(G130,C130*E130*G130,IF(H130,C130*E130*H130,C130*E130))))))),2)","v":{"v":0.2,"d":"0.20"}},"Cum",{"$nulls":3},"SSR 22-23"]
[null,"E2E3 & A2A3",1,"x",2,{"v":4.84,"d":"4.840"},{"v":0.23,"d":"0.230"},{"v":0.15,"d":"0.150"},{"$f":"ROUND(IF(AND(F131:H131),C131*E131*F131*G131*H131,IF(AND(F131,G131),C131*E131*F131*G131,IF(AND(F131,H131),C131*E131*F131*H131,IF(AND(G131,H131),C131*E131*G131*H131,IF(F131,C131*E131*F131,IF(G131,C131*E131*G131,IF(H131,C131*E131*H131,C131*E131))))))),2)","v":0.33},"Cum",{"$nulls":3},"SSR 22-23"]
[null,"E1D1 & E2D3",1,"x",2,{"v":3.23,"d":"3.230"},{"v":0.23,"d":"0.230"},{"v":0.15,"d":"0.150"},{"$f":"ROUND(IF(AND(F132:H132),C132*E132*F132*G132*H132,IF(AND(F132,G132),C132*E132*F132*G132,IF(AND(F132,H132),C132*E132*F132*H132,IF(AND(G132,H132),C132*E132*G132*H132,IF(F132,C132*E132*F132,IF(G132,C132*E132*G132,IF(H132,C132*E132*H132,C132*E132))))))),2)","v":0.22},"Cum",{"$nulls":3},"SSR 22-23"]
[null,"B2C2",1,"x",1,{"v":2.5,"d":"2.500"},0.115,{"v":0.15,"d":"0.150"},{"$f":"ROUND(IF(AND(F133:H133),C133*E133*F133*G133*H133,IF(AND(F133,G133),C133*E133*F133*G133,IF(AND(F133,H133),C133*E133*F133*H133,IF(AND(G133,H133),C133*E133*G133*H133,IF(F133,C133*E133*F133,IF(G133,C133*E133*G133,IF(H133,C133*E133*H133,C133*E133))))))),2)","v":0.04},"Cum",{"$nulls":3},"SSR 22-23"]
[null,"C2D2",1,"x",1,{"v":2.7,"d":"2.700"},0.115,{"v":0.15,"d":"0.150"},{"$f":"ROUND(IF(AND(F134:H134),C134*E134*F134*G134*H134,IF(AND(F134,G134),C134*E134*F134*G134,IF(AND(F134,H134),C134*E134*F134*H134,IF(AND(G134,H134),C134*E134*G134*H134,IF(F134,C134*E134*F134,IF(G134,C134*E134*G134,IF(H134,C134*E134*H134,C134*E134))))))),2)","v":0.05},"Cum",{"$nulls":3},"SSR 22-23"]
[{"$nulls":13},"SSR 22-23"]
[{"$nulls":9},"Cum",{"$f":"'data 2022-23'!E158","v":{"v":10584.6,"d":"10584.60"}},"1Cum",{"$f":"ROUND(I136*K136,0)","v":{"v":0,"d":"0.00"}},"SSR 22-23"]
[16,"~do~ for  sunshades etc., complete",{"$nulls":11},"SSR 22-23"]
[null,"Qty.p.82 of M.B.No.1101/A/ZP/20",{"$nulls":11},"SSR 22-23"]
[null,null,1,"x",5,{"v":1.8,"d":"1.800"},{"v":0,"d":"0.000"},{"v":0,"d":"0.000"},{"$f":"ROUND(IF(AND(F139:H139),C139*E139*F139*G139*H139,IF(AND(F139,G139),C139*E139*F139*G139,IF(AND(F139,H139),C139*E139*F139*H139,IF(AND(G139,H139),C139*E139*G139*H139,IF(F139,C139*E139*F139,IF(G139,C139*E139*G139,IF(H139,C139*E139*H139,C139*E139))))))),2)","v":{"v":9,"d":"9.00"}},"Rm",{"$nulls":3},"SSR 22-23"]
[null,null,1,"x",1,{"v":2.7,"d":"2.700"},{"v":0,"d":"0.000"},{"v":0,"d":"0.000"},{"$f":"ROUND(IF(AND(F140:H140),C140*E140*F140*G140*H140,IF(AND(F140,G140),C140*E140*F140*G140,IF(AND(F140,H140),C140*E140*F140*H140,IF(AND(G140,H140),C140*E140*G140*H140,IF(F140,C140*E140*F140,IF(G140,C140*E140*G140,IF(H140,C140*E140*H140,C140*E140))))))),2)","v":{"v":2.7,"d":"2.70"}},"Rm",{"$nulls":3},"SSR 22-23"]
[{"$nulls":13},"SSR 22-23"]
[{"$nulls":9},"Rm",{"$f":"'data 2022-23'!E221","v":518.52},"1Rm",{"$f":"ROUND(I142*K142,0)","v":{"v":0,"d":"0.00"}},"SSR 22-23"]
[21,"Providing impervious coat to exposed RCC Roof Slab surface with CM (1:3) 12mm thick with 1Kg of water proof compound per bag of Cement laid over roof when it is green including c/c of all materials and labour charges for mixing mortar, laying, rendering smooth and thread lining of wall & slab etc complete for finished item of work (APSS 901,903) ",{"$nulls":11},"SSR 22-23"]
[null,"Qty.p.97 of M.B.No.1101/A/ZP/20",{"$nulls":11},"SSR 22-23"]
[null,"Septic tank sides",1,"x",2,{"v":1.3,"d":"1.300"},{"v":0,"d":"0.000"},{"v":2.4,"d":"2.400"},{"$f":"ROUND(IF(AND(F145:H145),C145*E145*F145*G145*H145,IF(AND(F145,G145),C145*E145*F145*G145,IF(AND(F145,H145),C145*E145*F145*H145,IF(AND(G145,H145),C145*E145*G145*H145,IF(F145,C145*E145*F145,IF(G145,C145*E145*G145,IF(H145,C145*E145*H145,C145*E145))))))),2)","v":6.24},"Sqm",{"$nulls":3},"SSR 22-23"]
[null,null,1,"x",2,{"v":2.3,"d":"2.300"},{"v":0,"d":"0.000"},{"v":2.4,"d":"2.400"},{"$f":"ROUND(IF(AND(F146:H146),C146*E146*F146*G146*H146,IF(AND(F146,G146),C146*E146*F146*G146,IF(AND(F146,H146),C146*E146*F146*H146,IF(AND(G146,H146),C146*E146*G146*H146,IF(F146,C146*E146*F146,IF(G146,C146*E146*G146,IF(H146,C146*E146*H146,C146*E146))))))),2)","v":11.04},"Sqm",{"$nulls":3},"SSR 22-23"]
[{"$nulls":13},"SSR 22-23"]
[{"$nulls":9},"Sqm",{"$f":"'data 2022-23'!E566","v":315.69},"1Sqm",{"$f":"ROUND(I148*K148,0)","v":{"v":0,"d":"0.00"}},"SSR 22-23"]
[14,"Providing impervious coat to exposed RCC Roof Slab surface with CM (1:3) 20mm thick with 1Kg of water proof compound per bag of Cement laid over roof when it is green including c/c of all materials and labour charges for mixing mortar, laying, rendering smooth and thread lining of wall & slab etc complete for finished item of work (APSS 901,903) ",{"$nulls":11},"SSR 22-23"]
[null,"Qty.p. 27  of M.B.No.1101/A/ZP/20",{"$nulls":11},"SSR 22-23"]
[null,null,1,"x",1,{"v":10.45,"d":"10.450"},{"v":12,"d":"12.000"},{"v":0,"d":"0.000"},{"$f":"ROUND(IF(AND(F151:H151),C151*E151*F151*G151*H151,IF(AND(F151,G151),C151*E151*F151*G151,IF(AND(F151,H151),C151*E151*F151*H151,IF(AND(G151,H151),C151*E151*G151*H151,IF(F151,C151*E151*F151,IF(G151,C151*E151*G151,IF(H151,C151*E151*H151,C151*E151))))))),2)","v":{"v":125.4,"d":"125.40"}},"Sqm",{"$nulls":3},"SSR 22-23"]
[null,null,1,"x",1,{"v":3.52,"d":"3.520"},{"v":0.9,"d":"0.900"},{"v":0,"d":"0.000"},{"$f":"ROUND(IF(AND(F152:H152),C152*E152*F152*G152*H152,IF(AND(F152,G152),C152*E152*F152*G152,IF(AND(F152,H152),C152*E152*F152*H152,IF(AND(G152,H152),C152*E152*G152*H152,IF(F152,C152*E152*F152,IF(G152,C152*E152*G152,IF(H152,C152*E152*H152,C152*E152))))))),2)","v":3.17},"Sqm",{"$nulls":3},"SSR 22-23"]
[{"$nulls":13},"SSR 22-23"]
[{"$nulls":9},"Sqm",{"$f":"'data 2022-23'!E581","v":405.78},"1Sqm",{"$f":"ROUND(I154*K154,0)","v":{"v":0,"d":"0.00"}},"SSR 22-23"]
[14,"Random Rubble mansonary in CM(1:6)  including Cost and Conveyance of all materials and curing charges but excluding unskilled wages etc., complete for finished item of work",{"$nulls":11},"SSR 22-23"]
[null,"Qty.p.40 of M.B.No.1101/A/ZP/20",{"$nulls":11},"SSR 22-23"]
[null,"Alround the building",1,"x",1,{"v":48.51,"d":"48.510"},{"v":0.45,"d":"0.450"},{"v":0.7,"d":"0.700"},{"$f":"ROUND(IF(AND(F157:H157),C157*E157*F157*G157*H157,IF(AND(F157,G157),C157*E157*F157*G157,IF(AND(F157,H157),C157*E157*F157*H157,IF(AND(G157,H157),C157*E157*G157*H157,IF(F157,C157*E157*F157,IF(G157,C157*E157*G157,IF(H157,C157*E157*H157,C157*E157))))))),2)","v":15.28},"Cum",{"$nulls":3},"SSR 22-23"]
[null,"Middle long wall",1,"x",1,{"v":14.37,"d":"14.370"},{"v":0.45,"d":"0.450"},{"v":0.7,"d":"0.700"},{"$f":"ROUND(IF(AND(F158:H158),C158*E158*F158*G158*H158,IF(AND(F158,G158),C158*E158*F158*G158,IF(AND(F158,H158),C158*E158*F158*H158,IF(AND(G158,H158),C158*E158*G158*H158,IF(F158,C158*E158*F158,IF(G158,C158*E158*G158,IF(H158,C158*E158*H158,C158*E158))))))),2)","v":4.53},"Cum",{"$nulls":3},"SSR 22-23"]
[null,"Cross walls long",1,"x",2,{"v":8.38,"d":"8.380"},{"v":0.45,"d":"0.450"},{"v":0.7,"d":"0.700"},{"$f":"ROUND(IF(AND(F159:H159),C159*E159*F159*G159*H159,IF(AND(F159,G159),C159*E159*F159*G159,IF(AND(F159,H159),C159*E159*F159*H159,IF(AND(G159,H159),C159*E159*G159*H159,IF(F159,C159*E159*F159,IF(G159,C159*E159*G159,IF(H159,C159*E159*H159,C159*E159))))))),2)","v":5.28},"Cum",{"$nulls":3},"SSR 22-23"]
[{"$nulls":13},"SSR 22-23"]
[{"$nulls":9},"Cum",{"$f":"'data 2022-23'!G357","v":{"v":3828.3500000000004,"d":"3828.35"}},"1Cum",{"$f":"ROUND(I161*K161,0)","v":{"v":0,"d":"0.00"}},"SSR 22-23"]
[20,"Brick Masonary for Superstructure with CM (1:8) proportion using 2nd class traditional bricks of size 23X11X7 cms having minimum crushing strength of 40kg/cm2  including c/c of all materials like Cement, Sand, Bricks, water etc including  labour charges such as mixing cement mortar, Scaffolding charges etc complete for finished item of work (APSS No 501 & 504) ",{"$nulls":11},"SSR 22-23"]
[null,"Qty.p.4 of M.B.No.1101/A/ZP/20",{"$nulls":11},"SSR 22-23"]
[null,"steps at main door",1,"x",1,{"v":5.5,"d":"5.500"},{"v":0.9,"d":"0.900"},{"v":0.15,"d":"0.150"},{"$f":"ROUND(IF(AND(F164:H164),C164*E164*F164*G164*H164,IF(AND(F164,G164),C164*E164*F164*G164,IF(AND(F164,H164),C164*E164*F164*H164,IF(AND(G164,H164),C164*E164*G164*H164,IF(F164,C164*E164*F164,IF(G164,C164*E164*G164,IF(H164,C164*E164*H164,C164*E164))))))),2)","v":0.74},"Cum",{"$nulls":3},"SSR 22-23"]
[null,null,1,"x",1,{"v":5.5,"d":"5.500"},{"v":0.6,"d":"0.600"},{"v":0.15,"d":"0.150"},{"$f":"ROUND(IF(AND(F165:H165),C165*E165*F165*G165*H165,IF(AND(F165,G165),C165*E165*F165*G165,IF(AND(F165,H165),C165*E165*F165*H165,IF(AND(G165,H165),C165*E165*G165*H165,IF(F165,C165*E165*F165,IF(G165,C165*E165*G165,IF(H165,C165*E165*H165,C165*E165))))))),2)","v":{"v":0.5,"d":"0.50"}},"Cum",{"$nulls":3},"SSR 22-23"]
[null,null,1,"x",1,{"v":5.5,"d":"5.500"},{"v":0.3,"d":"0.300"},{"v":0.15,"d":"0.150"},{"$f":"ROUND(IF(AND(F166:H166),C166*E166*F166*G166*H166,IF(AND(F166,G166),C166*E166*F166*G166,IF(AND(F166,H166),C166*E166*F166*H166,IF(AND(G166,H166),C166*E166*G166*H166,IF(F166,C166*E166*F166,IF(G166,C166*E166*G166,IF(H166,C166*E166*H166,C166*E166))))))),2)","v":0.25},"Cum",{"$nulls":3},"SSR 22-23"]
[null,"Ramp wall",1,"x",1,{"v":4.35,"d":"4.350"},{"v":0.23,"d":"0.230"},{"v":0.15,"d":"0.150"},{"$f":"ROUND(IF(AND(F167:H167),C167*E167*F167*G167*H167,IF(AND(F167,G167),C167*E167*F167*G167,IF(AND(F167,H167),C167*E167*F167*H167,IF(AND(G167,H167),C167*E167*G167*H167,IF(F167,C167*E167*F167,IF(G167,C167*E167*G167,IF(H167,C167*E167*H167,C167*E167))))))),2)","v":0.15},"Cum",{"$nulls":3},"SSR 22-23"]
[{"$nulls":13},"SSR 22-23"]
[{"$nulls":9},"Cum",{"$f":"'data 2022-23'!E391","v":6869.83},"1Cum",{"$f":"ROUND(I169*K169,0)","v":{"v":0,"d":"0.00"}},"SSR 22-23"]
[3,"Brick Masonary for Superstructure with CM (1:6) proportion using 2nd class traditional bricks of size 23X11X7 cms having minimum crushing strength of 40kg/cm2  including c/c of all materials like Cement, Sand, Bricks, water etc including  labour charges such as mixing cement mortar, Scaffolding charges etc complete for finished item of work (APSS No 501 & 504) ",{"$nulls":11},"SSR 22-23"]
[null,"Qty.p.2 of M.B.No.559/A/ZP/20",{"$nulls":11},"SSR 22-23"]
[null,"Steps front side",1,"x",1,{"v":1.85,"d":"1.850"},{"v":0.6,"d":"0.600"},{"v":0.2,"d":"0.200"},{"$f":"ROUND(IF(AND(F172:H172),C172*E172*F172*G172*H172,IF(AND(F172,G172),C172*E172*F172*G172,IF(AND(F172,H172),C172*E172*F172*H172,IF(AND(G172,H172),C172*E172*G172*H172,IF(F172,C172*E172*F172,IF(G172,C172*E172*G172,IF(H172,C172*E172*H172,C172*E172))))))),2)","v":0.22},"Cum",{"$nulls":3},"SSR 22-23"]
[null,null,1,"x",1,{"v":1.85,"d":"1.850"},{"v":0.3,"d":"0.300"},{"v":0.15,"d":"0.150"},{"$f":"ROUND(IF(AND(F173:H173),C173*E173*F173*G173*H173,IF(AND(F173,G173),C173*E173*F173*G173,IF(AND(F173,H173),C173*E173*F173*H173,IF(AND(G173,H173),C173*E173*G173*H173,IF(F173,C173*E173*F173,IF(G173,C173*E173*G173,IF(H173,C173*E173*H173,C173*E173))))))),2)","v":0.08},"Cum",{"$nulls":3},"SSR 22-23"]
[null,"Platform walls in kitchen",1,"x",3,{"v":0.43,"d":"0.430"},0.115,{"v":0.65,"d":"0.650"},{"$f":"ROUND(IF(AND(F174:H174),C174*E174*F174*G174*H174,IF(AND(F174,G174),C174*E174*F174*G174,IF(AND(F174,H174),C174*E174*F174*H174,IF(AND(G174,H174),C174*E174*G174*H174,IF(F174,C174*E174*F174,IF(G174,C174*E174*G174,IF(H174,C174*E174*H174,C174*E174))))))),2)","v":{"v":0.1,"d":"0.10"}},"Cum",{"$nulls":3},"SSR 22-23"]
[null,"Platform walls in lab",1,"x",2,{"v":0.42,"d":"0.420"},0.115,{"v":0.65,"d":"0.650"},{"$f":"ROUND(IF(AND(F175:H175),C175*E175*F175*G175*H175,IF(AND(F175,G175),C175*E175*F175*G175,IF(AND(F175,H175),C175*E175*F175*H175,IF(AND(G175,H175),C175*E175*G175*H175,IF(F175,C175*E175*F175,IF(G175,C175*E175*G175,IF(H175,C175*E175*H175,C175*E175))))))),2)","v":0.06},"Cum",{"$nulls":3},"SSR 22-23"]
[{"$nulls":13},"SSR 22-23"]
[{"$nulls":9},"Cum",{"$f":"'data 2022-23'!E374","v":{"v":6926.2300000000005,"d":"6926.23"}},"1Cum",{"$f":"ROUND(I177*K177,0)","v":{"v":0,"d":"0.00"}},"SSR 22-23"]
[19,"Reinforced Brick Masonry for partition walls (11.0 cm thick) in CM (1:4) prop. (Cement : Sand) using common burnt clay bricks of class as per Table- I of IS:1077-1992, Non- Modular or traditional size    23 x 11 x 7 cms from approved source having minimum crushing strength of 40 Kg/Sq.cm and placing 2 Nos. of 6mm M.S plain rods in every third layer with free ends of the reinforcement pegged into mortar joints of main brick walls where applicable including cost and conveyance of all materials and  all operational, incidental charges such as labour charges for mixing cement mortar, scaffolding charges, lift charges,and all labour charges etc., but excluding cost of steel and its fabrication charges complete for finished item of work. ",{"$nulls":11},"SSR 22-23"]
[null,"Qty.p.60 of M.B.No.1101/A/ZP/20",{"$nulls":11},"SSR 22-23"]
[null,"Long walls",1,"x",1,{"v":4.72,"d":"4.720"},{"v":0,"d":"0.000"},{"v":0.6,"d":"0.600"},{"$f":"ROUND(IF(AND(F180:H180),C180*E180*F180*G180*H180,IF(AND(F180,G180),C180*E180*F180*G180,IF(AND(F180,H180),C180*E180*F180*H180,IF(AND(G180,H180),C180*E180*G180*H180,IF(F180,C180*E180*F180,IF(G180,C180*E180*G180,IF(H180,C180*E180*H180,C180*E180))))))),2)","v":2.83},"Sqm",{"$nulls":3},"SSR 22-23"]
[null,"C2D2",1,"x",1,{"v":2.85,"d":"2.850"},{"v":0,"d":"0.000"},{"v":0.62,"d":"0.620"},{"$f":"ROUND(IF(AND(F181:H181),C181*E181*F181*G181*H181,IF(AND(F181,G181),C181*E181*F181*G181,IF(AND(F181,H181),C181*E181*F181*H181,IF(AND(G181,H181),C181*E181*G181*H181,IF(F181,C181*E181*F181,IF(G181,C181*E181*G181,IF(H181,C181*E181*H181,C181*E181))))))),2)","v":1.77},"Sqm",{"$nulls":3},"SSR 22-23"]
[null,"Deduct ventilators",1,"x",2,{"v":0.6,"d":"0.600"},{"v":0,"d":"0.000"},{"v":0.3,"d":"0.300"},{"$f":"-ROUND(IF(AND(F182:H182),C182*E182*F182*G182*H182,IF(AND(F182,G182),C182*E182*F182*G182,IF(AND(F182,H182),C182*E182*F182*H182,IF(AND(G182,H182),C182*E182*G182*H182,IF(F182,C182*E182*F182,IF(G182,C182*E182*G182,IF(H182,C182*E182*H182,C182*E182))))))),2)","v":-0.36},"Sqm",{"$nulls":3},"SSR 22-23"]
[{"$nulls":13},"SSR 22-23"]
[{"$nulls":9},"Sqm",{"$f":"'data 2022-23'!E409","v":865.32},"1Sqm",{"$f":"ROUND(I184*K184/1,0)","v":{"v":0,"d":"0.00"}},"SSR 22-23"]
[18,"Masonry work in CM (1:8) prop with Flyash Cement solid blocks of size 290 x 150 x 140 mm for manufacturing of flyash solid blocks using flyash of 80 kgs, cement of 15 kgs. Gypsum of 5 kgs. and stone dust including cost and conveyance of all materials, labour charges, seiniorage charges, scaffolding and curing etc., cpomplete with a compresive streangth not lessthan 50 kg/sqm for walls for Superstructure Walls.",{"$nulls":11},"SSR 22-23"]
[null,"Qty.p.39 of M.B.No.1101/A/ZP/20",{"$nulls":11},"SSR 22-23"]
[null,null,1,"x",1,{"v":1.02,"d":"1.020"},0.115,{"v":0.83,"d":"0.830"},{"$f":"ROUND(IF(AND(F187:H187),C187*E187*F187*G187*H187,IF(AND(F187,G187),C187*E187*F187*G187,IF(AND(F187,H187),C187*E187*F187*H187,IF(AND(G187,H187),C187*E187*G187*H187,IF(F187,C187*E187*F187,IF(G187,C187*E187*G187,IF(H187,C187*E187*H187,C187*E187))))))),2)","v":{"v":0.1,"d":"0.10"}},"Cum",{"$nulls":3},"SSR 22-23"]
[null,null,1,"x",1,{"v":3.09,"d":"3.090"},0.115,{"v":0.56,"d":"0.560"},{"$f":"ROUND(IF(AND(F188:H188),C188*E188*F188*G188*H188,IF(AND(F188,G188),C188*E188*F188*G188,IF(AND(F188,H188),C188*E188*F188*H188,IF(AND(G188,H188),C188*E188*G188*H188,IF(F188,C188*E188*F188,IF(G188,C188*E188*G188,IF(H188,C188*E188*H188,C188*E188))))))),2)","v":{"v":0.2,"d":"0.20"}},"Cum",{"$nulls":3},"SSR 22-23"]
[null,null,1,"x",1,{"v":0.79,"d":"0.790"},0.115,{"v":0.64,"d":"0.640"},{"$f":"ROUND(IF(AND(F189:H189),C189*E189*F189*G189*H189,IF(AND(F189,G189),C189*E189*F189*G189,IF(AND(F189,H189),C189*E189*F189*H189,IF(AND(G189,H189),C189*E189*G189*H189,IF(F189,C189*E189*F189,IF(G189,C189*E189*G189,IF(H189,C189*E189*H189,C189*E189))))))),2)","v":0.06},"Cum",{"$nulls":3},"SSR 22-23"]
[null,null,1,"x",1,{"v":3.09,"d":"3.090"},0.115,{"v":0.54,"d":"0.540"},{"$f":"ROUND(IF(AND(F190:H190),C190*E190*F190*G190*H190,IF(AND(F190,G190),C190*E190*F190*G190,IF(AND(F190,H190),C190*E190*F190*H190,IF(AND(G190,H190),C190*E190*G190*H190,IF(F190,C190*E190*F190,IF(G190,C190*E190*G190,IF(H190,C190*E190*H190,C190*E190))))))),2)","v":0.19},"Cum",{"$nulls":3},"SSR 22-23"]
[{"$nulls":13},"SSR 22-23"]
[{"$nulls":9},"Cum",{"$f":"'data 2022-23'!E426","v":{"v":6281.370000000001,"d":"6281.37"}},"1Cum",{"$f":"ROUND(I192*K192,0)","v":{"v":0,"d":"0.00"}},"SSR 22-23"]
[17,"RCM facia 5cm thick in CM (1:3) for drop walls, fins  with rabbit wire mesh & nominal reinforcement as directed by Engineer-in-charge with dubara sponge finishing, including cost & conveyance of all materials to site, seigniorage charges, sales & other taxes on all materials, operational & incidental, cost and conveyance of cement, wire mesh, water to work site, centering, scaffolding and form work, lift charges etc., complete for finished items of work but excluding cost of steel & its fabrication charges, for finished item of work. (APSS No.403 & 903)",{"$nulls":11},"SSR 22-23"]
[null,"Qty.p.60 of M.B.No.1101/A/ZP/20",{"$nulls":11},"SSR 22-23"]
[null,"Elevation sides",2,"x",0.5,{"v":1,"d":"1.000"},{"v":0,"d":"0.000"},{"v":1.1,"d":"1.100"},{"$f":"ROUND(IF(AND(F195:H195),C195*E195*F195*G195*H195,IF(AND(F195,G195),C195*E195*F195*G195,IF(AND(F195,H195),C195*E195*F195*H195,IF(AND(G195,H195),C195*E195*G195*H195,IF(F195,C195*E195*F195,IF(G195,C195*E195*G195,IF(H195,C195*E195*H195,C195*E195))))))),2)","v":{"v":1.1,"d":"1.10"}},"Sqm",{"$nulls":3},"SSR 22-23"]
[null,"Middle",1,"x",2,{"v":3.15,"d":"3.150"},{"v":0,"d":"0.000"},{"v":1.1,"d":"1.100"},{"$f":"ROUND(IF(AND(F196:H196),C196*E196*F196*G196*H196,IF(AND(F196,G196),C196*E196*F196*G196,IF(AND(F196,H196),C196*E196*F196*H196,IF(AND(G196,H196),C196*E196*G196*H196,IF(F196,C196*E196*F196,IF(G196,C196*E196*G196,IF(H196,C196*E196*H196,C196*E196))))))),2)","v":6.93},"Sqm",{"$nulls":3},"SSR 22-23"]
[null,"Middle",1,"x",2,{"v":2,"d":"2.000"},{"v":0,"d":"0.000"},{"v":1.9,"d":"1.900"},{"$f":"ROUND(IF(AND(F197:H197),C197*E197*F197*G197*H197,IF(AND(F197,G197),C197*E197*F197*G197,IF(AND(F197,H197),C197*E197*F197*H197,IF(AND(G197,H197),C197*E197*G197*H197,IF(F197,C197*E197*F197,IF(G197,C197*E197*G197,IF(H197,C197*E197*H197,C197*E197))))))),2)","v":{"v":7.6,"d":"7.60"}},"Sqm",{"$nulls":3},"SSR 22-23"]
[{"$nulls":13},"SSR 22-23"]
[{"$nulls":9},"Sqm",{"$f":"'data 2022-23'!E551","v":2232.97},"1Sqm",{"$f":"ROUND(I199*K199/1,0)","v":{"v":0,"d":"0.00"}},"SSR 22-23"]
[3,"Ceiling Plastering to Ceiling in CM (1:3) 12mm thick with dubara sponge finishing  including c/c of all materials including labour charges such as mixing cement mortar and curing etc complete for finished item of work (APSS 901 & 903) ",{"$nulls":11},"SSR 22-23"]
[null,"Qty.p.7 of M.B.No.142/C/ZP/22",null,"09.10.2023",{"$nulls":9},"SSR 22-23"]
[null,"Examination room",1,"x",1,{"v":2.92,"d":"2.920"},{"v":2.83,"d":"2.830"},{"v":0,"d":"0.000"},{"$f":"ROUND(IF(AND(F202:H202),C202*E202*F202*G202*H202,IF(AND(F202,G202),C202*E202*F202*G202,IF(AND(F202,H202),C202*E202*F202*H202,IF(AND(G202,H202),C202*E202*G202*H202,IF(F202,C202*E202*F202,IF(G202,C202*E202*G202,IF(H202,C202*E202*H202,C202*E202))))))),2)","v":8.26},"Sqm",{"$nulls":3},"SSR 22-23"]
[null,"Lobby and clinic room ",1,"x",1,{"v":6.55,"d":"6.550"},{"v":2.97,"d":"2.970"},{"v":0,"d":"0.000"},{"$f":"ROUND(IF(AND(F203:H203),C203*E203*F203*G203*H203,IF(AND(F203,G203),C203*E203*F203*G203,IF(AND(F203,H203),C203*E203*F203*H203,IF(AND(G203,H203),C203*E203*G203*H203,IF(F203,C203*E203*F203,IF(G203,C203*E203*G203,IF(H203,C203*E203*H203,C203*E203))))))),2)","v":19.45},"Sqm",{"$nulls":3},"SSR 22-23"]
[null,"Tiolet-1",1,"x",1,{"v":1.57,"d":"1.570"},{"v":1.35,"d":"1.350"},{"v":0,"d":"0.000"},2.12,"Sqm",{"$nulls":3},"SSR 22-23"]
[null,"Tiolet fron open space",1,"x",1,{"v":1.15,"d":"1.150"},{"v":1.35,"d":"1.350"},{"v":0,"d":"0.000"},1.55,"Sqm",{"$nulls":3},"SSR 22-23"]
[null,"Lab and store room",1,"x",1,{"v":2.85,"d":"2.850"},{"v":2,"d":"2.000"},{"v":0,"d":"0.000"},{"v":5.7,"d":"5.70"},"Sqm",{"$nulls":3},"SSR 22-23"]
[null,"bed room",1,"x",1,{"v":2.95,"d":"2.950"},{"v":2.82,"d":"2.820"},{"v":0,"d":"0.000"},8.32,"Sqm",{"$nulls":3},"SSR 22-23"]
[null,"living room",1,"x",1,{"v":6.44,"d":"6.440"},{"v":2.97,"d":"2.970"},{"v":0,"d":"0.000"},19.13,"Sqm",{"$nulls":3},"SSR 22-23"]
[null,"Tiolet-2",1,"x",1,{"v":1.95,"d":"1.950"},{"v":1.45,"d":"1.450"},{"v":0,"d":"0.000"},2.83,"Sqm",{"$nulls":3},"SSR 22-23"]
[null,"tiolet-2 front open space",1,"x",1,{"v":0.85,"d":"0.850"},{"v":1.45,"d":"1.450"},{"v":0,"d":"0.000"},1.23,"Sqm",{"$nulls":3},"SSR 22-23"]
[null,"Kitchen",1,"x",1,{"v":1.85,"d":"1.850"},{"v":1.69,"d":"1.690"},{"v":0,"d":"0.000"},3.13,"Sqm",{"$nulls":3},"SSR 22-23"]
[null,"North side slab protection",1,"x",1,{"v":13.6,"d":"13.600"},{"v":1.2,"d":"1.200"},{"v":0,"d":"0.000"},16.32,"Sqm",{"$nulls":3},"SSR 22-23"]
[null,"beam side",1,"x",2,{"v":13.6,"d":"13.600"},{"v":0,"d":"0.000"},{"v":0.3,"d":"0.300"},8.16,"Sqm",{"$nulls":3},"SSR 22-23"]
[null,"beam side",2,"x",5,{"v":0.97,"d":"0.970"},{"v":0,"d":"0.000"},{"v":0.3,"d":"0.300"},2.91,"Sqm",{"$nulls":3},"SSR 22-23"]
[null,"Side slab projection",1,"x",1,{"v":4.4,"d":"4.400"},{"v":1.2,"d":"1.200"},{"v":0,"d":"0.000"},5.28,"Sqm",{"$nulls":3},"SSR 22-23"]
[null,"beam side",1,"x",2,{"v":4.4,"d":"4.400"},{"v":0,"d":"0.000"},{"v":0.3,"d":"0.300"},2.64,"Sqm",{"$nulls":3},"SSR 22-23"]
[null,"beam side",2,"x",2,{"v":0.97,"d":"0.970"},{"v":0,"d":"0.000"},{"v":0.3,"d":"0.300"},1.16,"Sqm",{"$nulls":3},"SSR 22-23"]
[null,"Side slab projection",1,"x",1,{"v":2.81,"d":"2.810"},{"v":1.2,"d":"1.200"},{"v":0,"d":"0.000"},3.37,"Sqm",{"$nulls":3},"SSR 22-23"]
[null,"beam side",1,"x",2,{"v":2.81,"d":"2.810"},{"v":0,"d":"0.000"},{"v":0.3,"d":"0.300"},1.69,"Sqm",{"$nulls":3},"SSR 22-23"]
[null,"beam side",2,"x",2,{"v":0.97,"d":"0.970"},{"v":0,"d":"0.000"},{"v":0.3,"d":"0.300"},1.16,"Sqm",{"$nulls":3},"SSR 22-23"]
[null,"Front dome alround",1,"x",1,{"v":22.93,"d":"22.930"},{"v":0.9,"d":"0.900"},{"v":0,"d":"0.000"},20.64,"Sqm",{"$nulls":3},"SSR 22-23"]
[{"$nulls":13},"SSR 22-23"]
[{"$nulls":9},"Sqm",{"$f":"'data 2022-23'!E442","v":{"v":318.2,"d":"318.20"}},"1Sqm",{"$f":"ROUND(I223*K223,0)","v":{"v":0,"d":"0.00"}},"SSR 22-23"]
[4,"Plastering in CM (1:5) 12mm thick  single coat including c/c of all materials and labour charges such as mixing cement mortar etc and curing etc complete for finished item of work (APSS 901,  903 & 904) ",{"$nulls":11},"SSR 22-23"]
[null,"Qty.p.5 of M.B.No.559/A/ZP/20",{"$nulls":11},"SSR 22-23"]
[null,"For steps",1,"x",2,{"v":1.85,"d":"1.850"},{"v":0.3,"d":"0.300"},{"v":0,"d":"0.000"},{"$f":"ROUND(IF(AND(F226:H226),C226*E226*F226*G226*H226,IF(AND(F226,G226),C226*E226*F226*G226,IF(AND(F226,H226),C226*E226*F226*H226,IF(AND(G226,H226),C226*E226*G226*H226,IF(F226,C226*E226*F226,IF(G226,C226*E226*G226,IF(H226,C226*E226*H226,C226*E226))))))),2)","v":1.11},"Sqm",{"$nulls":3},"SSR 22-23"]
[null,"Front side steps risers",1,"x",3,{"v":1.85,"d":"1.850"},{"v":0,"d":"0.000"},{"v":0.2,"d":"0.200"},1.11,"Sqm",{"$nulls":3},"SSR 22-23"]
[null,"Platfrom walls in kitchen",1,"x",2,{"v":0.97,"d":"0.970"},{"v":0,"d":"0.000"},{"v":0.65,"d":"0.650"},1.26,"Sqm",{"$nulls":3},"SSR 22-23"]
[null,null,1,"x",1,{"v":0.54,"d":"0.540"},{"v":0,"d":"0.000"},{"v":0.65,"d":"0.650"},0.35,"Sqm",{"$nulls":3},"SSR 22-23"]
[null,"Platfrom walls in Lab",1,"x",2,{"v":0.95,"d":"0.950"},{"v":0,"d":"0.000"},{"v":0.65,"d":"0.650"},1.24,"Sqm",{"$nulls":3},"SSR 22-23"]
[null,null,1,"x",1,{"v":0.54,"d":"0.540"},{"v":0,"d":"0.000"},{"v":0.65,"d":"0.650"},0.35,"Sqm",{"$nulls":3},"SSR 22-23"]
[{"$nulls":13},"SSR 22-23"]
[{"$nulls":9},"Sqm",{"$f":"'data 2022-23'!E458","v":294.71},"1Sqm",{"$f":"ROUND(I233*K233,0)","v":{"v":0,"d":"0.00"}},"SSR 22-23"]
[1,"Plastering in CM (1:5) 20mm thick  single coat including c/c of all materials including all operational, incidental and labour charges such as mixing cement mortar and curing etc complete for finished item of work (APSS 901,  903 & 904)  ",{"$nulls":11},"SSR 22-23"]
[null,"Qty.p.4  of M.B.No.1187/A/ZP/20",null,"06.07.2023",{"$nulls":9},"SSR 22-23"]
[null,"Examination room",1,"x",1,{"v":2.9,"d":"2.900"},{"v":2.85,"d":"2.850"},{"v":0,"d":"0.000"},{"$f":"ROUND(IF(AND(F236:H236),C236*E236*F236*G236*H236,IF(AND(F236,G236),C236*E236*F236*G236,IF(AND(F236,H236),C236*E236*F236*H236,IF(AND(G236,H236),C236*E236*G236*H236,IF(F236,C236*E236*F236,IF(G236,C236*E236*G236,IF(H236,C236*E236*H236,C236*E236))))))),2)","v":8.27},"Sqm",{"$nulls":3},"SSR 22-23"]
[null,"tiolet",1,"x",1,{"v":1.35,"d":"1.350"},{"v":1.6,"d":"1.600"},{"v":0,"d":"0.000"},2.16,"Sqm",{"$nulls":3},"SSR 22-23"]
[null,null,1,"x",1,{"v":1.35,"d":"1.350"},{"v":0.95,"d":"0.950"},{"v":0,"d":"0.000"},1.28,"Sqm",{"$nulls":3},"SSR 22-23"]
[null,"Lab and store room",1,"x",1,{"v":2.25,"d":"2.250"},{"v":2.85,"d":"2.850"},{"v":0,"d":"0.000"},6.41,"Sqm",{"$nulls":3},"SSR 22-23"]
[null,"Bed room",1,"x",1,{"v":2.72,"d":"2.720"},{"v":2.85,"d":"2.850"},{"v":0,"d":"0.000"},7.75,"Sqm",{"$nulls":3},"SSR 22-23"]
[null,"Tiolet",1,"x",1,{"v":1.42,"d":"1.420"},{"v":1.8,"d":"1.800"},{"v":0,"d":"0.000"},2.56,"Sqm",{"$nulls":3},"SSR 22-23"]
[null,null,1,"x",1,{"v":1.42,"d":"1.420"},{"v":1.05,"d":"1.050"},{"v":0,"d":"0.000"},1.49,"Sqm",{"$nulls":3},"SSR 22-23"]
[null,"Kitchen",1,"x",1,{"v":1.82,"d":"1.820"},{"v":2.8,"d":"2.800"},{"v":0,"d":"0.000"},{"v":5.1,"d":"5.10"},"Sqm",{"$nulls":3},"SSR 22-23"]
[null,"Clinic & Lobby",1,"x",1,{"v":6.78,"d":"6.780"},{"v":2.96,"d":"2.960"},{"v":0,"d":"0.000"},20.07,"Sqm",{"$nulls":3},"SSR 22-23"]
[null,"Living room",1,"x",1,{"v":6.22,"d":"6.220"},{"v":2.96,"d":"2.960"},{"v":0,"d":"0.000"},18.41,"Sqm",{"$nulls":3},"SSR 22-23"]
[null,"In verandah",1,"x",1,{"v":12,"d":"12.000"},{"v":1.2,"d":"1.200"},{"v":0,"d":"0.000"},{"v":14.4,"d":"14.40"},"Sqm",{"$nulls":3},"SSR 22-23"]
[null,null,1,"x",1,{"v":6.1,"d":"6.100"},{"v":1.2,"d":"1.200"},{"v":0,"d":"0.000"},7.32,"Sqm",{"$nulls":3},"SSR 22-23"]
[null,"Ramp portion",1,"x",1,{"v":2.55,"d":"2.550"},{"v":1.2,"d":"1.200"},{"v":0,"d":"0.000"},3.06,"Sqm",{"$nulls":3},"SSR 22-23"]
[null,"At medicine center",1,"x",1,{"v":1.2,"d":"1.200"},{"v":0.9,"d":"0.900"},{"v":0,"d":"0.000"},1.08,"Sqm",{"$nulls":3},"SSR 22-23"]
[{"$nulls":13},"SSR 22-23"]
[{"$nulls":9},"Sqm",{"$f":"'data 2022-23'!E474","v":{"v":314.9,"d":"314.90"}},"1Sqm",{"$f":"ROUND(I251*K251,0)","v":{"v":0,"d":"0.00"}},"SSR 22-23"]
[4,"Plastering to brick masonary wall with  12mm thick double coat in CM (1:5) 8 mm thick base coat and CM (1:3) of 4mm thick top coat with dubara sponge finish including c/c of all materials including all operational, incidental and labour charges such as mixing cement mortar and curing etc complete for finished item of work (APSS 901,  903 & 904) ",{"$nulls":11},"SSR 22-23"]
[null,"Qty.p.5 of M.B.No.142/C/ZP/22",null,"09.10.2023",{"$nulls":9},"SSR 22-23"]
[null,"Examination room alround",1,"x",1,{"v":11.5,"d":"11.500"},{"v":0,"d":"0.000"},{"v":3.3,"d":"3.300"},{"$f":"ROUND(IF(AND(F254:H254),C254*E254*F254*G254*H254,IF(AND(F254,G254),C254*E254*F254*G254,IF(AND(F254,H254),C254*E254*F254*H254,IF(AND(G254,H254),C254*E254*G254*H254,IF(F254,C254*E254*F254,IF(G254,C254*E254*G254,IF(H254,C254*E254*H254,C254*E254))))))),2)","v":37.95},"Sqm",{"$nulls":3},"SSR 22-23"]
[null,"deduct windows",1,"x",1,{"v":1.2,"d":"1.200"},{"v":0,"d":"0.000"},{"v":1.2,"d":"1.200"},{"$f":"-ROUND(IF(AND(F255:H255),C255*E255*F255*G255*H255,IF(AND(F255,G255),C255*E255*F255*G255,IF(AND(F255,H255),C255*E255*F255*H255,IF(AND(G255,H255),C255*E255*G255*H255,IF(F255,C255*E255*F255,IF(G255,C255*E255*G255,IF(H255,C255*E255*H255,C255*E255))))))),2)","v":-1.44},"Sqm",{"$nulls":3},"SSR 22-23"]
[null,"Deduct door",1,"x",1,{"v":0.9,"d":"0.900"},{"v":0,"d":"0.000"},{"v":2.1,"d":"2.100"},{"$f":"-ROUND(IF(AND(F256:H256),C256*E256*F256*G256*H256,IF(AND(F256,G256),C256*E256*F256*G256,IF(AND(F256,H256),C256*E256*F256*H256,IF(AND(G256,H256),C256*E256*G256*H256,IF(F256,C256*E256*F256,IF(G256,C256*E256*G256,IF(H256,C256*E256*H256,C256*E256))))))),2)","v":-1.89},"Sqm",{"$nulls":3},"SSR 22-23"]
[null,"deduct ventilator",1,"x",1,{"v":0.6,"d":"0.600"},{"v":0,"d":"0.000"},{"v":0.3,"d":"0.300"},{"$f":"-ROUND(IF(AND(F257:H257),C257*E257*F257*G257*H257,IF(AND(F257,G257),C257*E257*F257*G257,IF(AND(F257,H257),C257*E257*F257*H257,IF(AND(G257,H257),C257*E257*G257*H257,IF(F257,C257*E257*F257,IF(G257,C257*E257*G257,IF(H257,C257*E257*H257,C257*E257))))))),2)","v":-0.18},"Sqm",{"$nulls":3},"SSR 22-23"]
[null,"Lobby and clinic room alround",1,"x",1,{"v":19.04,"d":"19.040"},{"v":0,"d":"0.000"},{"v":3.3,"d":"3.300"},{"$f":"ROUND(IF(AND(F258:H258),C258*E258*F258*G258*H258,IF(AND(F258,G258),C258*E258*F258*G258,IF(AND(F258,H258),C258*E258*F258*H258,IF(AND(G258,H258),C258*E258*G258*H258,IF(F258,C258*E258*F258,IF(G258,C258*E258*G258,IF(H258,C258*E258*H258,C258*E258))))))),2)","v":62.83},"Sqm",{"$nulls":3},"SSR 22-23"]
[null,"Deduct door",1,"x",1,{"v":0.9,"d":"0.900"},{"v":0,"d":"0.000"},{"v":2.1,"d":"2.100"},{"$f":"-ROUND(IF(AND(F259:H259),C259*E259*F259*G259*H259,IF(AND(F259,G259),C259*E259*F259*G259,IF(AND(F259,H259),C259*E259*F259*H259,IF(AND(G259,H259),C259*E259*G259*H259,IF(F259,C259*E259*F259,IF(G259,C259*E259*G259,IF(H259,C259*E259*H259,C259*E259))))))),2)","v":-1.89},"Sqm",{"$nulls":3},"SSR 22-23"]
[null,"deduct windows",1,"x",2,{"v":1.2,"d":"1.200"},{"v":0,"d":"0.000"},{"v":1.2,"d":"1.200"},{"$f":"-ROUND(IF(AND(F260:H260),C260*E260*F260*G260*H260,IF(AND(F260,G260),C260*E260*F260*G260,IF(AND(F260,H260),C260*E260*F260*H260,IF(AND(G260,H260),C260*E260*G260*H260,IF(F260,C260*E260*F260,IF(G260,C260*E260*G260,IF(H260,C260*E260*H260,C260*E260))))))),2)","v":-2.88},"Sqm",{"$nulls":3},"SSR 22-23"]
[null,"Deduct ventilator",1,"x",3,{"v":0.6,"d":"0.600"},{"v":0,"d":"0.000"},{"v":0.3,"d":"0.300"},{"$f":"-ROUND(IF(AND(F261:H261),C261*E261*F261*G261*H261,IF(AND(F261,G261),C261*E261*F261*G261,IF(AND(F261,H261),C261*E261*F261*H261,IF(AND(G261,H261),C261*E261*G261*H261,IF(F261,C261*E261*F261,IF(G261,C261*E261*G261,IF(H261,C261*E261*H261,C261*E261))))))),2)","v":-0.54},"Sqm",{"$nulls":3},"SSR 22-23"]
[null,"Deduct main door",1,"x",1,{"v":1.05,"d":"1.050"},{"v":0,"d":"0.000"},{"v":2.1,"d":"2.100"},{"$f":"-ROUND(IF(AND(F262:H262),C262*E262*F262*G262*H262,IF(AND(F262,G262),C262*E262*F262*G262,IF(AND(F262,H262),C262*E262*F262*H262,IF(AND(G262,H262),C262*E262*G262*H262,IF(F262,C262*E262*F262,IF(G262,C262*E262*G262,IF(H262,C262*E262*H262,C262*E262))))))),2)","v":-2.21},"Sqm",{"$nulls":3},"SSR 22-23"]
[null,"Deduct open space",1,"x",1,{"v":1.35,"d":"1.350"},{"v":0,"d":"0.000"},3.175,{"$f":"-ROUND(IF(AND(F263:H263),C263*E263*F263*G263*H263,IF(AND(F263,G263),C263*E263*F263*G263,IF(AND(F263,H263),C263*E263*F263*H263,IF(AND(G263,H263),C263*E263*G263*H263,IF(F263,C263*E263*F263,IF(G263,C263*E263*G263,IF(H263,C263*E263*H263,C263*E263))))))),2)","v":-4.29},"Sqm",{"$nulls":3},"SSR 22-23"]
[null,"tiolet-1 alround",1,"x",1,{"v":5.84,"d":"5.840"},{"v":0,"d":"0.000"},{"v":3.3,"d":"3.300"},19.27,"Sqm",{"$nulls":3},"SSR 22-23"]
[null,"Deduct door",1,"x",1,{"v":0.75,"d":"0.750"},{"v":0,"d":"0.000"},{"v":2.1,"d":"2.100"},{"$f":"-ROUND(IF(AND(F265:H265),C265*E265*F265*G265*H265,IF(AND(F265,G265),C265*E265*F265*G265,IF(AND(F265,H265),C265*E265*F265*H265,IF(AND(G265,H265),C265*E265*G265*H265,IF(F265,C265*E265*F265,IF(G265,C265*E265*G265,IF(H265,C265*E265*H265,C265*E265))))))),2)","v":-1.58},"Sqm",{"$nulls":3},"SSR 22-23"]
[null,"Deduct ventilator",1,"x",1,{"v":0.6,"d":"0.600"},{"v":0,"d":"0.000"},{"v":0.3,"d":"0.300"},{"$f":"-ROUND(IF(AND(F266:H266),C266*E266*F266*G266*H266,IF(AND(F266,G266),C266*E266*F266*G266,IF(AND(F266,H266),C266*E266*F266*H266,IF(AND(G266,H266),C266*E266*G266*H266,IF(F266,C266*E266*F266,IF(G266,C266*E266*G266,IF(H266,C266*E266*H266,C266*E266))))))),2)","v":-0.18},"Sqm",{"$nulls":3},"SSR 22-23"]
[null,"Tiilet front open space alround",1,"x",1,{"v":3.65,"d":"3.650"},{"v":0,"d":"0.000"},{"v":3.3,"d":"3.300"},12.05,"Sqm",{"$nulls":3},"SSR 22-23"]
[null,"Deduct door",1,"x",1,{"v":0.97,"d":"0.970"},{"v":0,"d":"0.000"},{"v":2.1,"d":"2.100"},{"$f":"-ROUND(IF(AND(F268:H268),C268*E268*F268*G268*H268,IF(AND(F268,G268),C268*E268*F268*G268,IF(AND(F268,H268),C268*E268*F268*H268,IF(AND(G268,H268),C268*E268*G268*H268,IF(F268,C268*E268*F268,IF(G268,C268*E268*G268,IF(H268,C268*E268*H268,C268*E268))))))),2)","v":-2.04},"Sqm",{"$nulls":3},"SSR 22-23"]
[null,"deduct tiolet door",1,"x",1,{"v":0.75,"d":"0.750"},{"v":0,"d":"0.000"},{"v":2.1,"d":"2.100"},{"$f":"-ROUND(IF(AND(F269:H269),C269*E269*F269*G269*H269,IF(AND(F269,G269),C269*E269*F269*G269,IF(AND(F269,H269),C269*E269*F269*H269,IF(AND(G269,H269),C269*E269*G269*H269,IF(F269,C269*E269*F269,IF(G269,C269*E269*G269,IF(H269,C269*E269*H269,C269*E269))))))),2)","v":-1.58},"Sqm",{"$nulls":3},"SSR 22-23"]
[null,"Lab and store room alround",1,"x",1,{"v":9.7,"d":"9.700"},{"v":0,"d":"0.000"},{"v":3.3,"d":"3.300"},32.01,"Sqm",{"$nulls":3},"SSR 22-23"]
[null,"Deduct door",1,"x",1,{"v":0.97,"d":"0.970"},{"v":0,"d":"0.000"},{"v":2.1,"d":"2.100"},{"$f":"-ROUND(IF(AND(F271:H271),C271*E271*F271*G271*H271,IF(AND(F271,G271),C271*E271*F271*G271,IF(AND(F271,H271),C271*E271*F271*H271,IF(AND(G271,H271),C271*E271*G271*H271,IF(F271,C271*E271*F271,IF(G271,C271*E271*G271,IF(H271,C271*E271*H271,C271*E271))))))),2)","v":-2.04},"Sqm",{"$nulls":3},"SSR 22-23"]
[null,"deduct windows",1,"x",1,{"v":1.2,"d":"1.200"},{"v":0,"d":"0.000"},{"v":1.2,"d":"1.200"},{"$f":"-ROUND(IF(AND(F272:H272),C272*E272*F272*G272*H272,IF(AND(F272,G272),C272*E272*F272*G272,IF(AND(F272,H272),C272*E272*F272*H272,IF(AND(G272,H272),C272*E272*G272*H272,IF(F272,C272*E272*F272,IF(G272,C272*E272*G272,IF(H272,C272*E272*H272,C272*E272))))))),2)","v":-1.44},"Sqm",{"$nulls":3},"SSR 22-23"]
[null,"Deduct ventilator",1,"x",1,{"v":0.6,"d":"0.600"},{"v":0,"d":"0.000"},{"v":0.3,"d":"0.300"},{"$f":"-ROUND(IF(AND(F273:H273),C273*E273*F273*G273*H273,IF(AND(F273,G273),C273*E273*F273*G273,IF(AND(F273,H273),C273*E273*F273*H273,IF(AND(G273,H273),C273*E273*G273*H273,IF(F273,C273*E273*F273,IF(G273,C273*E273*G273,IF(H273,C273*E273*H273,C273*E273))))))),2)","v":-0.18},"Sqm",{"$nulls":3},"SSR 22-23"]
[null,"Bed room alround",1,"x",1,{"v":11.54,"d":"11.540"},{"v":0,"d":"0.000"},{"v":3.3,"d":"3.300"},38.08,"Sqm",{"$nulls":3},"SSR 22-23"]
[null,"Deduct door",1,"x",1,{"v":0.9,"d":"0.900"},{"v":0,"d":"0.000"},{"v":2.1,"d":"2.100"},{"$f":"-ROUND(IF(AND(F275:H275),C275*E275*F275*G275*H275,IF(AND(F275,G275),C275*E275*F275*G275,IF(AND(F275,H275),C275*E275*F275*H275,IF(AND(G275,H275),C275*E275*G275*H275,IF(F275,C275*E275*F275,IF(G275,C275*E275*G275,IF(H275,C275*E275*H275,C275*E275))))))),2)","v":-1.89},"Sqm",{"$nulls":3},"SSR 22-23"]
[null,"deduct windows",1,"x",1,{"v":1.2,"d":"1.200"},{"v":0,"d":"0.000"},{"v":1.2,"d":"1.200"},{"$f":"-ROUND(IF(AND(F276:H276),C276*E276*F276*G276*H276,IF(AND(F276,G276),C276*E276*F276*G276,IF(AND(F276,H276),C276*E276*F276*H276,IF(AND(G276,H276),C276*E276*G276*H276,IF(F276,C276*E276*F276,IF(G276,C276*E276*G276,IF(H276,C276*E276*H276,C276*E276))))))),2)","v":-1.44},"Sqm",{"$nulls":3},"SSR 22-23"]
[null,"Deduct ventilator",1,"x",1,{"v":0.6,"d":"0.600"},{"v":0,"d":"0.000"},{"v":0.3,"d":"0.300"},{"$f":"-ROUND(IF(AND(F277:H277),C277*E277*F277*G277*H277,IF(AND(F277,G277),C277*E277*F277*G277,IF(AND(F277,H277),C277*E277*F277*H277,IF(AND(G277,H277),C277*E277*G277*H277,IF(F277,C277*E277*F277,IF(G277,C277*E277*G277,IF(H277,C277*E277*H277,C277*E277))))))),2)","v":-0.18},"Sqm",{"$nulls":3},"SSR 22-23"]
[null,"Living room alround",1,"x",1,{"v":18.82,"d":"18.820"},{"v":0,"d":"0.000"},{"v":3.3,"d":"3.300"},62.11,"Sqm",{"$nulls":3},"SSR 22-23"]
[null,"Deduct bed room door",1,"x",1,{"v":0.9,"d":"0.900"},{"v":0,"d":"0.000"},{"v":2.1,"d":"2.100"},{"$f":"-ROUND(IF(AND(F279:H279),C279*E279*F279*G279*H279,IF(AND(F279,G279),C279*E279*F279*G279,IF(AND(F279,H279),C279*E279*F279*H279,IF(AND(G279,H279),C279*E279*G279*H279,IF(F279,C279*E279*F279,IF(G279,C279*E279*G279,IF(H279,C279*E279*H279,C279*E279))))))),2)","v":-1.89},"Sqm",{"$nulls":3},"SSR 22-23"]
[null,"Deduct open space",1,"x",1,{"v":1.35,"d":"1.350"},{"v":0,"d":"0.000"},{"v":3.1,"d":"3.100"},-4.19,"Sqm",{"$nulls":3},"SSR 22-23"]
[null,"deduct kitchen door",1,"x",1,{"v":0.8,"d":"0.800"},{"v":0,"d":"0.000"},{"v":2.1,"d":"2.100"},-1.68,"Sqm",{"$nulls":3},"SSR 22-23"]
[null,"deduct windows",1,"x",2,{"v":1.2,"d":"1.200"},{"v":0,"d":"0.000"},{"v":1.2,"d":"1.200"},-2.88,"Sqm",{"$nulls":3},"SSR 22-23"]
[null,"Deduct main door",1,"x",1,{"v":1.07,"d":"1.070"},{"v":0,"d":"0.000"},{"v":2.1,"d":"2.100"},-2.25,"Sqm",{"$nulls":3},"SSR 22-23"]
[null,"Deduct ventiltor",1,"x",3,{"v":0.6,"d":"0.600"},{"v":0,"d":"0.000"},{"v":0.3,"d":"0.300"},-0.54,"Sqm",{"$nulls":3},"SSR 22-23"]
[null,"Tiolet 2 alround",1,"x",1,{"v":6.8,"d":"6.800"},{"v":0,"d":"0.000"},{"v":3.3,"d":"3.300"},22.44,"Sqm",{"$nulls":3},"SSR 22-23"]
[null,"Deduct door",1,"x",1,{"v":0.8,"d":"0.800"},{"v":0,"d":"0.000"},{"v":2.1,"d":"2.100"},{"$f":"-ROUND(IF(AND(F286:H286),C286*E286*F286*G286*H286,IF(AND(F286,G286),C286*E286*F286*G286,IF(AND(F286,H286),C286*E286*F286*H286,IF(AND(G286,H286),C286*E286*G286*H286,IF(F286,C286*E286*F286,IF(G286,C286*E286*G286,IF(H286,C286*E286*H286,C286*E286))))))),2)","v":-1.68},"Sqm",{"$nulls":3},"SSR 22-23"]
[null,"Deduct ventilator",1,"x",1,{"v":0.6,"d":"0.600"},{"v":0,"d":"0.000"},{"v":0.3,"d":"0.300"},{"$f":"-ROUND(IF(AND(F287:H287),C287*E287*F287*G287*H287,IF(AND(F287,G287),C287*E287*F287*G287,IF(AND(F287,H287),C287*E287*F287*H287,IF(AND(G287,H287),C287*E287*G287*H287,IF(F287,C287*E287*F287,IF(G287,C287*E287*G287,IF(H287,C287*E287*H287,C287*E287))))))),2)","v":-0.18},"Sqm",{"$nulls":3},"SSR 22-23"]
[null,"tiolet-2 front open space",1,"x",1,{"v":3.05,"d":"3.050"},{"v":0,"d":"0.000"},{"v":3.3,"d":"3.300"},10.07,"Sqm",{"$nulls":3},"SSR 22-23"]
[null,"Deduct door",1,"x",1,{"v":0.8,"d":"0.800"},{"v":0,"d":"0.000"},{"v":2.1,"d":"2.100"},{"$f":"-ROUND(IF(AND(F289:H289),C289*E289*F289*G289*H289,IF(AND(F289,G289),C289*E289*F289*G289,IF(AND(F289,H289),C289*E289*F289*H289,IF(AND(G289,H289),C289*E289*G289*H289,IF(F289,C289*E289*F289,IF(G289,C289*E289*G289,IF(H289,C289*E289*H289,C289*E289))))))),2)","v":-1.68},"Sqm",{"$nulls":3},"SSR 22-23"]
[null,"Kitchen alround",1,"x",1,{"v":7.08,"d":"7.080"},{"v":0,"d":"0.000"},{"v":3.3,"d":"3.300"},23.36,"Sqm",{"$nulls":3},"SSR 22-23"]
[null,"deduct windows",1,"x",1,{"v":1.2,"d":"1.200"},{"v":0,"d":"0.000"},{"v":1.2,"d":"1.200"},{"$f":"-ROUND(IF(AND(F291:H291),C291*E291*F291*G291*H291,IF(AND(F291,G291),C291*E291*F291*G291,IF(AND(F291,H291),C291*E291*F291*H291,IF(AND(G291,H291),C291*E291*G291*H291,IF(F291,C291*E291*F291,IF(G291,C291*E291*G291,IF(H291,C291*E291*H291,C291*E291))))))),2)","v":-1.44},"Sqm",{"$nulls":3},"SSR 22-23"]
[null,"Deduct ventilator",1,"x",2,{"v":0.6,"d":"0.600"},{"v":0,"d":"0.000"},{"v":0.3,"d":"0.300"},{"$f":"-ROUND(IF(AND(F292:H292),C292*E292*F292*G292*H292,IF(AND(F292,G292),C292*E292*F292*G292,IF(AND(F292,H292),C292*E292*F292*H292,IF(AND(G292,H292),C292*E292*G292*H292,IF(F292,C292*E292*F292,IF(G292,C292*E292*G292,IF(H292,C292*E292*H292,C292*E292))))))),2)","v":-0.36},"Sqm",{"$nulls":3},"SSR 22-23"]
[null,"Deduct door",1,"x",2,{"v":0.8,"d":"0.800"},{"v":0,"d":"0.000"},{"v":2.1,"d":"2.100"},{"$f":"-ROUND(IF(AND(F293:H293),C293*E293*F293*G293*H293,IF(AND(F293,G293),C293*E293*F293*G293,IF(AND(F293,H293),C293*E293*F293*H293,IF(AND(G293,H293),C293*E293*G293*H293,IF(F293,C293*E293*F293,IF(G293,C293*E293*G293,IF(H293,C293*E293*H293,C293*E293))))))),2)","v":-3.36},"Sqm",{"$nulls":3},"SSR 22-23"]
[null,"window alround horizantal",2,"x",8,{"v":1.2,"d":"1.200"},{"v":0.23,"d":"0.230"},{"v":0,"d":"0.000"},4.42,"Sqm",{"$nulls":3},"SSR 22-23"]
[null,"window alround vertical",2,"x",8,{"v":1.2,"d":"1.200"},{"v":0,"d":"0.000"},{"v":0.23,"d":"0.230"},4.42,"Sqm",{"$nulls":3},"SSR 22-23"]
[{"$nulls":13},"SSR 22-23"]
[{"$nulls":9},"Sqm",{"$f":"'data 2022-23'!E510","v":388.21},"1Sqm",{"$f":"ROUND(I297*K297,0)","v":{"v":0,"d":"0.00"}},"SSR 22-23"]
[24,"Plastering to brick masonary wall with  20mm thick double coat in CM (1:6) 16 mm thick base coat and CM (1:4) of 4mm thick top coat with dubara sponge finish including c/c of all materials including all operational, incidental and labour charges such as mixing cement mortar and curing etc complete for finished item of work (APSS 901,  903 & 904) ",{"$nulls":11},"SSR 22-23"]
[null,"Qty.p.11 of M.B.No.1101/A/ZP/20",{"$nulls":11},"SSR 22-23"]
[null,"Left side",1,"x",1,{"v":12.48,"d":"12.480"},{"v":0,"d":"0.000"},{"v":3.3,"d":"3.300"},{"$f":"ROUND(IF(AND(F300:H300),C300*E300*F300*G300*H300,IF(AND(F300,G300),C300*E300*F300*G300,IF(AND(F300,H300),C300*E300*F300*H300,IF(AND(G300,H300),C300*E300*G300*H300,IF(F300,C300*E300*F300,IF(G300,C300*E300*G300,IF(H300,C300*E300*H300,C300*E300))))))),2)","v":41.18},"Sqm",{"$nulls":3},"SSR 22-23"]
[null,"Deduct counter",1,"x",1,{"v":1.59,"d":"1.590"},{"v":0,"d":"0.000"},{"v":1.35,"d":"1.350"},{"$f":"-ROUND(IF(AND(F301:H301),C301*E301*F301*G301*H301,IF(AND(F301,G301),C301*E301*F301*G301,IF(AND(F301,H301),C301*E301*F301*H301,IF(AND(G301,H301),C301*E301*G301*H301,IF(F301,C301*E301*F301,IF(G301,C301*E301*G301,IF(H301,C301*E301*H301,C301*E301))))))),2)","v":-2.15},"Sqm",{"$nulls":3},"SSR 22-23"]
[null,"Deduct ventilator",1,"x",10,{"v":0.6,"d":"0.600"},{"v":0,"d":"0.000"},{"v":0.3,"d":"0.300"},{"$f":"-ROUND(IF(AND(F302:H302),C302*E302*F302*G302*H302,IF(AND(F302,G302),C302*E302*F302*G302,IF(AND(F302,H302),C302*E302*F302*H302,IF(AND(G302,H302),C302*E302*G302*H302,IF(F302,C302*E302*F302,IF(G302,C302*E302*G302,IF(H302,C302*E302*H302,C302*E302))))))),2)","v":{"v":-1.8,"d":"-1.80"}},"Sqm",{"$nulls":3},"SSR 22-23"]
[{"$nulls":13},"SSR 22-23"]
[{"$nulls":9},"Sqm",{"$f":"'data 2022-23'!E530","v":404.02},"1Sqm",{"$f":"ROUND(I304*K304,0)","v":{"v":0,"d":"0.00"}},"SSR 22-23"]
[2,"Plain Cement Concrete  M30 Nominal mix (Cement: Sand: Metal) corresponding Table 9 of IS 456 using 20mm size graded machine crushed hard granite metal from approved quarry including c/c of all materials like Cement, Sand, coarse aggregate, water etc to site, all marerials including labour charges such as machine mixing, laying concrete, curing etc complete but excluding cost of steel and its fabrication charges for finished item of work for Flooring",{"$nulls":11},"SSR 22-23"]
[null,"Qty.p.2  of M.B.No.1187/A/ZP/20",null,"06.07.2023",{"$nulls":9},"SSR 22-23"]
[null,"Examination room",1,"x",1,{"v":2.9,"d":"2.900"},{"v":2.85,"d":"2.850"},0.075,{"$f":"ROUND(IF(AND(F307:H307),C307*E307*F307*G307*H307,IF(AND(F307,G307),C307*E307*F307*G307,IF(AND(F307,H307),C307*E307*F307*H307,IF(AND(G307,H307),C307*E307*G307*H307,IF(F307,C307*E307*F307,IF(G307,C307*E307*G307,IF(H307,C307*E307*H307,C307*E307))))))),2)","v":0.62},"Cum",{"$nulls":3},"SSR 22-23"]
[null,"tiolet",1,"x",1,{"v":1.35,"d":"1.350"},{"v":1.6,"d":"1.600"},0.075,0.16,"Cum",{"$nulls":3},"SSR 22-23"]
[null,null,1,"x",1,{"v":1.35,"d":"1.350"},{"v":0.95,"d":"0.950"},0.075,{"v":0.1,"d":"0.10"},"Cum",{"$nulls":3},"SSR 22-23"]
[null,"Lab and store room",1,"x",1,{"v":2.25,"d":"2.250"},{"v":2.85,"d":"2.850"},0.075,0.48,"Cum",{"$nulls":3},"SSR 22-23"]
[null,"Bed room",1,"x",1,{"v":2.72,"d":"2.720"},{"v":2.85,"d":"2.850"},0.075,0.58,"Cum",{"$nulls":3},"SSR 22-23"]
[null,"Tiolet",1,"x",1,{"v":1.42,"d":"1.420"},{"v":1.8,"d":"1.800"},0.075,0.19,"Cum",{"$nulls":3},"SSR 22-23"]
[null,null,1,"x",1,{"v":1.42,"d":"1.420"},{"v":1.05,"d":"1.050"},0.075,0.11,"Cum",{"$nulls":3},"SSR 22-23"]
[null,"Kitchen",1,"x",1,{"v":1.82,"d":"1.820"},{"v":2.8,"d":"2.800"},0.075,0.38,"Cum",{"$nulls":3},"SSR 22-23"]
[null,"Clinic & Lobby",1,"x",1,{"v":6.78,"d":"6.780"},{"v":2.96,"d":"2.960"},0.075,1.51,"Cum",{"$nulls":3},"SSR 22-23"]
[null,"Living room",1,"x",1,{"v":6.22,"d":"6.220"},{"v":2.96,"d":"2.960"},0.075,1.38,"Cum",{"$nulls":3},"SSR 22-23"]
[null,"In verandah",1,"x",1,{"v":12,"d":"12.000"},{"v":1.2,"d":"1.200"},0.075,1.08,"Cum",{"$nulls":3},"SSR 22-23"]
[null,null,1,"x",1,{"v":6.1,"d":"6.100"},{"v":1.2,"d":"1.200"},0.075,0.55,"Cum",{"$nulls":3},"SSR 22-23"]
[null,"Ramp portion",1,"x",1,{"v":2.55,"d":"2.550"},{"v":1.2,"d":"1.200"},0.075,0.23,"Cum",{"$nulls":3},"SSR 22-23"]
[null,"At medicine center",1,"x",1,{"v":1.2,"d":"1.200"},{"v":0.9,"d":"0.900"},0.075,0.08,"Cum",{"$nulls":3},"SSR 22-23"]
[{"$nulls":13},"SSR 22-23"]
[{"$nulls":9},"Cum",{"$f":"'data 2022-23'!E269","v":5601.67},"1Cum",{"$f":"ROUND(I322*K322,0)","v":{"v":0,"d":"0.00"}},"SSR 22-23"]
[2,"Flooring with Porcelain Vitrified tiles stain free double charged of 1st quality and of size not less than 600X600X8mm thickness glossy finish premium colours, set over base coat of CM (1:8), 12mm thick over already laid CC bed / RCC Roof slab, including neat Cement slurry of honey like consistency spread @ 3.30 Kgs per Sqm & jointed with neat white Cement paste to full depth mixed with pigment of matching shade including c/c of all materials like Cement, Sand and Water and tiles etc complete including labour charges etc complete for finished item of work ",{"$nulls":11},"SSR 22-23"]
[null,"Qty.p.1 & 2 of M.B.No.469/A/ZP/20",null,"04.07.2023",{"$nulls":9},"SSR 22-23"]
[null,"examination room",1,"x",1,{"v":2.88,"d":"2.880"},{"v":2.78,"d":"2.780"},{"v":0,"d":"0.000"},{"$f":"ROUND(IF(AND(F325:H325),C325*E325*F325*G325*H325,IF(AND(F325,G325),C325*E325*F325*G325,IF(AND(F325,H325),C325*E325*F325*H325,IF(AND(G325,H325),C325*E325*G325*H325,IF(F325,C325*E325*F325,IF(G325,C325*E325*G325,IF(H325,C325*E325*H325,C325*E325))))))),2)","v":8.01},"Sqm",{"$nulls":3},"SSR 22-23"]
[null,"Infront of Tiolet",1,"x",1,{"v":1.48,"d":"1.480"},{"v":1.1,"d":"1.100"},{"v":0,"d":"0.000"},1.63,"Sqm",{"$nulls":3},"SSR 22-23"]
[null,"Deduct for platform",1,"x",2,{"v":0.5,"d":"0.500"},0.115,{"v":0,"d":"0.000"},{"$f":"-ROUND(IF(AND(F327:H327),C327*E327*F327*G327*H327,IF(AND(F327,G327),C327*E327*F327*G327,IF(AND(F327,H327),C327*E327*F327*H327,IF(AND(G327,H327),C327*E327*G327*H327,IF(F327,C327*E327*F327,IF(G327,C327*E327*G327,IF(H327,C327*E327*H327,C327*E327))))))),2)","v":-0.12},"Sqm",{"$nulls":3},"SSR 22-23"]
[null,"Lab and store room",1,"x",1,{"v":2.27,"d":"2.270"},{"v":2.78,"d":"2.780"},{"v":0,"d":"0.000"},6.31,"Sqm",{"$nulls":3},"SSR 22-23"]
[null,"bed room",1,"x",1,{"v":2.75,"d":"2.750"},{"v":2.8,"d":"2.800"},{"v":0,"d":"0.000"},{"v":7.7,"d":"7.70"},"Sqm",{"$nulls":3},"SSR 22-23"]
[null,"Infront of Tiolet",1,"x",1,{"v":1.35,"d":"1.350"},{"v":0.1,"d":"0.100"},{"v":0,"d":"0.000"},0.14,"Sqm",{"$nulls":3},"SSR 22-23"]
[null,"Kitchen",1,"x",1,{"v":1.8,"d":"1.800"},{"v":2.8,"d":"2.800"},{"v":0,"d":"0.000"},5.04,"Sqm",{"$nulls":3},"SSR 22-23"]
[null,"Over platform",1,"x",2,{"v":1.2,"d":"1.200"},{"v":0.5,"d":"0.500"},{"v":0,"d":"0.000"},{"v":1.2,"d":"1.20"},"Sqm",{"$nulls":3},"SSR 22-23"]
[null,null,1,"x",1,{"v":2.15,"d":"2.150"},{"v":0.45,"d":"0.450"},{"v":0,"d":"0.000"},0.97,"Sqm",{"$nulls":3},"SSR 22-23"]
[null,"Deduct for platform",1,"x",2,{"v":0.45,"d":"0.450"},{"v":0.1,"d":"0.100"},{"v":0,"d":"0.000"},{"$f":"-ROUND(IF(AND(F334:H334),C334*E334*F334*G334*H334,IF(AND(F334,G334),C334*E334*F334*G334,IF(AND(F334,H334),C334*E334*F334*H334,IF(AND(G334,H334),C334*E334*G334*H334,IF(F334,C334*E334*F334,IF(G334,C334*E334*G334,IF(H334,C334*E334*H334,C334*E334))))))),2)","v":-0.09},"Sqm",{"$nulls":3},"SSR 22-23"]
[null,"Living room",1,"x",1,{"v":6.15,"d":"6.150"},{"v":2.95,"d":"2.950"},{"v":0,"d":"0.000"},18.14,"Sqm",{"$nulls":3},"SSR 22-23"]
[null,"clinic and lobby",1,"x",1,{"v":6.75,"d":"6.750"},{"v":2.95,"d":"2.950"},{"v":0,"d":"0.000"},19.91,"Sqm",{"$nulls":3},"SSR 22-23"]
[{"$nulls":13},"SSR 22-23"]
[{"$nulls":9},"Sqm",{"$f":"'data 2022-23'!E678","v":1067.36},"1Sqm",{"$f":"ROUND(I338*K338,0)","v":{"v":0,"d":"0.00"}},"SSR 22-23"]
[3,"Providing Skirting to internal walls to 15cm height / risers of steps with Porcelain Vitrified tiles length equal to flooring stones, set over base coat of CM (1:5) 12mm thick with Cement slurry of honey like consistency spread @ 3.30 Kgs per Sqm & jointed with white Cement paste mixed with pigment of matching shade to full depth, including c/c of materials like Cement, Sand and Water and tiles etc complete for finished item of work ",{"$nulls":11},"SSR 22-23"]
[null,"Qty.p.2 & 4 of M.B.No.469/A/ZP/20",null,"04.07.2023",{"$nulls":9},"SSR 22-23"]
[null,"examination room",1,"x",1,{"v":11.32,"d":"11.320"},{"v":0,"d":"0.000"},{"v":0.1,"d":"0.100"},{"$f":"ROUND(IF(AND(F341:H341),C341*E341*F341*G341*H341,IF(AND(F341,G341),C341*E341*F341*G341,IF(AND(F341,H341),C341*E341*F341*H341,IF(AND(G341,H341),C341*E341*G341*H341,IF(F341,C341*E341*F341,IF(G341,C341*E341*G341,IF(H341,C341*E341*H341,C341*E341))))))),2)","v":1.13},"Sqm",{"$nulls":3},"SSR 22-23"]
[null,"Infront of tiolet",1,"x",1,{"v":1.1,"d":"1.100"},{"v":0,"d":"0.000"},{"v":0.1,"d":"0.100"},0.11,"Sqm",{"$nulls":3},"SSR 22-23"]
[null,"Hall alround",1,"x",1,{"v":1.3,"d":"1.300"},{"v":0,"d":"0.000"},{"v":0.1,"d":"0.100"},0.13,"Sqm",{"$nulls":3},"SSR 22-23"]
[null,"In lab and store ",1,"x",1,{"v":10.1,"d":"10.100"},{"v":0,"d":"0.000"},{"v":0.1,"d":"0.100"},1.01,"Sqm",{"$nulls":3},"SSR 22-23"]
[null,"In bed room",1,"x",1,{"v":11.1,"d":"11.100"},{"v":0,"d":"0.000"},{"v":0.1,"d":"0.100"},1.11,"Sqm",{"$nulls":3},"SSR 22-23"]
[null,"In kitchen",1,"x",1,{"v":9.2,"d":"9.200"},{"v":0,"d":"0.000"},{"v":0.1,"d":"0.100"},0.92,"Sqm",{"$nulls":3},"SSR 22-23"]
[null,"In clinic and lobby",1,"x",1,{"v":19.4,"d":"19.400"},{"v":0,"d":"0.000"},{"v":0.1,"d":"0.100"},1.94,"Sqm",{"$nulls":3},"SSR 22-23"]
[null,"Living room",1,"x",1,{"v":18.2,"d":"18.200"},{"v":0,"d":"0.000"},{"v":0.1,"d":"0.100"},1.82,"Sqm",{"$nulls":3},"SSR 22-23"]
[null,"Deduct door",1,"x",1,{"v":1.2,"d":"1.200"},{"v":0,"d":"0.000"},{"v":0.1,"d":"0.100"},{"$f":"-ROUND(IF(AND(F349:H349),C349*E349*F349*G349*H349,IF(AND(F349,G349),C349*E349*F349*G349,IF(AND(F349,H349),C349*E349*F349*H349,IF(AND(G349,H349),C349*E349*G349*H349,IF(F349,C349*E349*F349,IF(G349,C349*E349*G349,IF(H349,C349*E349*H349,C349*E349))))))),2)","v":-0.12},"Sqm",{"$nulls":3},"SSR 22-23"]
[null,"Deduct door",1,"x",1,{"v":0.9,"d":"0.900"},{"v":0,"d":"0.000"},{"v":0.1,"d":"0.100"},{"$f":"-ROUND(IF(AND(F350:H350),C350*E350*F350*G350*H350,IF(AND(F350,G350),C350*E350*F350*G350,IF(AND(F350,H350),C350*E350*F350*H350,IF(AND(G350,H350),C350*E350*G350*H350,IF(F350,C350*E350*F350,IF(G350,C350*E350*G350,IF(H350,C350*E350*H350,C350*E350))))))),2)","v":-0.09},"Sqm",{"$nulls":3},"SSR 22-23"]
[null,"Deduct door",2,"x",4,{"v":0.9,"d":"0.900"},{"v":0,"d":"0.000"},{"v":0.1,"d":"0.100"},{"$f":"-ROUND(IF(AND(F351:H351),C351*E351*F351*G351*H351,IF(AND(F351,G351),C351*E351*F351*G351,IF(AND(F351,H351),C351*E351*F351*H351,IF(AND(G351,H351),C351*E351*G351*H351,IF(F351,C351*E351*F351,IF(G351,C351*E351*G351,IF(H351,C351*E351*H351,C351*E351))))))),2)","v":-0.72},"Sqm",{"$nulls":3},"SSR 22-23"]
[null,"Deduct door",1,"x",3,{"v":0.75,"d":"0.750"},{"v":0,"d":"0.000"},{"v":0.1,"d":"0.100"},{"$f":"-ROUND(IF(AND(F352:H352),C352*E352*F352*G352*H352,IF(AND(F352,G352),C352*E352*F352*G352,IF(AND(F352,H352),C352*E352*F352*H352,IF(AND(G352,H352),C352*E352*G352*H352,IF(F352,C352*E352*F352,IF(G352,C352*E352*G352,IF(H352,C352*E352*H352,C352*E352))))))),2)","v":-0.23},"Sqm",{"$nulls":3},"SSR 22-23"]
[{"$nulls":13},"SSR 22-23"]
[{"$nulls":9},"Sqm",{"$f":"'data 2022-23'!E696","v":1062.03},"1Sqm",{"$f":"ROUND(I354*K354,0)","v":{"v":0,"d":"0.00"}},"SSR 22-23"]
[27,"Flooring with high polished granite 16 to 18 mm mm thick slabs other than black set over base coat of cement mortar (1:8), 20 mm thick over CC bed already laid or RCC roof slab, including neat cement slurry of honey like consistency spread @ 3.3.kgs per sqm & jointed neatly with white cement paste mixed with pigment of matching shade to full depth, including cost of all materials like cement, sand water and tilesetc., complete, including seigniorage charges, labour charges for dressing of tilesetc., complete for finished item of work, but excluding the cost of conveyance of all materials",{"$nulls":11},"SSR 22-23"]
[null,"Qty.p.45 of M.B.No.1101/A/ZP/20",{"$nulls":11},"SSR 22-23"]
[null,"1st flight steps",1,"x",11,{"v":1.32,"d":"1.320"},{"v":0.3,"d":"0.300"},{"v":0,"d":"0.000"},{"$f":"ROUND(IF(AND(F357:H357),C357*E357*F357*G357*H357,IF(AND(F357,G357),C357*E357*F357*G357,IF(AND(F357,H357),C357*E357*F357*H357,IF(AND(G357,H357),C357*E357*G357*H357,IF(F357,C357*E357*F357,IF(G357,C357*E357*G357,IF(H357,C357*E357*H357,C357*E357))))))),2)","v":4.36},"Sqm",{"$nulls":3},"SSR 22-23"]
[null,null,1,"x",1,{"v":1.42,"d":"1.420"},{"v":0.56,"d":"0.560"},{"v":0,"d":"0.000"},{"$f":"ROUND(IF(AND(F358:H358),C358*E358*F358*G358*H358,IF(AND(F358,G358),C358*E358*F358*G358,IF(AND(F358,H358),C358*E358*F358*H358,IF(AND(G358,H358),C358*E358*G358*H358,IF(F358,C358*E358*F358,IF(G358,C358*E358*G358,IF(H358,C358*E358*H358,C358*E358))))))),2)","v":{"v":0.8,"d":"0.80"}},"Sqm",{"$nulls":3},"SSR 22-23"]
[null,"2nd flight steps",1,"x",12,{"v":1.23,"d":"1.230"},{"v":0.3,"d":"0.300"},{"v":0,"d":"0.000"},{"$f":"ROUND(IF(AND(F359:H359),C359*E359*F359*G359*H359,IF(AND(F359,G359),C359*E359*F359*G359,IF(AND(F359,H359),C359*E359*F359*H359,IF(AND(G359,H359),C359*E359*G359*H359,IF(F359,C359*E359*F359,IF(G359,C359*E359*G359,IF(H359,C359*E359*H359,C359*E359))))))),2)","v":4.43},"Sqm",{"$nulls":3},"SSR 22-23"]
[{"$nulls":13},"SSR 22-23"]
[{"$nulls":9},"Sqm",{"$f":"'data 2022-23'!E600","v":3115.07},"1Sqm",{"$f":"ROUND(I361*K361,0)","v":{"v":0,"d":"0.00"}},"SSR 22-23"]
[28,"Providing skirting to internal walls to 15 cm height/risers of steps with 16-18 mm thick  polished granite tiles length equal to flooring stones, set over base coat of CM (1:3) 12 mm thick with cement slurry of honey like consistency spread at the rate of 3.30 kgs per sqm and jointed with white cement paste mixed with pigment of matching shade to full depth, including cost of all materials like tiles, cement, sand and water etc., complete including seigniorage charges, etc., complete for finished item of work",{"$nulls":11},"SSR 22-23"]
[null,"Qty.p.46 of M.B.No.1101/A/ZP/20",{"$nulls":11},"SSR 22-23"]
[null,"GF 1st flight raisers",1,"x",11,{"v":1.32,"d":"1.320"},{"v":0.15,"d":"0.150"},{"v":0,"d":"0.000"},{"$f":"ROUND(IF(AND(F364:H364),C364*E364*F364*G364*H364,IF(AND(F364,G364),C364*E364*F364*G364,IF(AND(F364,H364),C364*E364*F364*H364,IF(AND(G364,H364),C364*E364*G364*H364,IF(F364,C364*E364*F364,IF(G364,C364*E364*G364,IF(H364,C364*E364*H364,C364*E364))))))),2)","v":2.18},"Sqm",{"$nulls":3},"SSR 22-23"]
[null,null,1,"x",1,{"v":0.5,"d":"0.500"},{"v":0,"d":"0.000"},{"v":0.14,"d":"0.140"},{"$f":"ROUND(IF(AND(F365:H365),C365*E365*F365*G365*H365,IF(AND(F365,G365),C365*E365*F365*G365,IF(AND(F365,H365),C365*E365*F365*H365,IF(AND(G365,H365),C365*E365*G365*H365,IF(F365,C365*E365*F365,IF(G365,C365*E365*G365,IF(H365,C365*E365*H365,C365*E365))))))),2)","v":0.07},"Sqm",{"$nulls":3},"SSR 22-23"]
[null,"2nd flight",1,"x",1,{"v":4.65,"d":"4.650"},{"v":0,"d":"0.000"},{"v":0.14,"d":"0.140"},{"$f":"ROUND(IF(AND(F366:H366),C366*E366*F366*G366*H366,IF(AND(F366,G366),C366*E366*F366*G366,IF(AND(F366,H366),C366*E366*F366*H366,IF(AND(G366,H366),C366*E366*G366*H366,IF(F366,C366*E366*F366,IF(G366,C366*E366*G366,IF(H366,C366*E366*H366,C366*E366))))))),2)","v":0.65},"Sqm",{"$nulls":3},"SSR 22-23"]
[null,null,1,"x",12,{"v":0.4,"d":"0.400"},{"v":0,"d":"0.000"},{"v":0.14,"d":"0.140"},{"$f":"ROUND(IF(AND(F367:H367),C367*E367*F367*G367*H367,IF(AND(F367,G367),C367*E367*F367*G367,IF(AND(F367,H367),C367*E367*F367*H367,IF(AND(G367,H367),C367*E367*G367*H367,IF(F367,C367*E367*F367,IF(G367,C367*E367*G367,IF(H367,C367*E367*H367,C367*E367))))))),2)","v":0.67},"Sqm",{"$nulls":3},"SSR 22-23"]
[{"$nulls":13},"SSR 22-23"]
[{"$nulls":9},"Sqm",{"$f":"'data 2022-23'!E619","v":2905.43},"1Sqm",{"$f":"ROUND(I369*K369,0)","v":{"v":0,"d":"0.00"}},"SSR 22-23"]
[26,"Flooring with chequrred terrazzo tiles of 22 mm thick (medium shade) set over base coat of cement mortar (1:6) 12 mm thick over CC bed already laid or RCC roof slab, including near cement slurry of honey like consistency spread @ 3.3.kgs per sqm & jointed with neat cement to full depth mixed with pigment of matching shade including cost of all materials like cement, sand water and tiles etc., complete, including seigniorage charges, complete for finished item of work,",{"$nulls":11},"SSR 22-23"]
[null,null,1,"x",1,{"v":2.65,"d":"2.650"},{"v":0.53,"d":"0.530"},{"v":0,"d":"0.000"},{"$f":"ROUND(IF(AND(F371:H371),C371*E371*F371*G371*H371,IF(AND(F371,G371),C371*E371*F371*G371,IF(AND(F371,H371),C371*E371*F371*H371,IF(AND(G371,H371),C371*E371*G371*H371,IF(F371,C371*E371*F371,IF(G371,C371*E371*G371,IF(H371,C371*E371*H371,C371*E371))))))),2)","v":{"v":1.4,"d":"1.40"}},"Sqm",{"$nulls":3},"SSR 22-23"]
[null,null,1,"x",1,{"v":2.65,"d":"2.650"},{"v":0.9,"d":"0.900"},{"v":0,"d":"0.000"},{"$f":"ROUND(IF(AND(F372:H372),C372*E372*F372*G372*H372,IF(AND(F372,G372),C372*E372*F372*G372,IF(AND(F372,H372),C372*E372*F372*H372,IF(AND(G372,H372),C372*E372*G372*H372,IF(F372,C372*E372*F372,IF(G372,C372*E372*G372,IF(H372,C372*E372*H372,C372*E372))))))),2)","v":2.39},"Sqm",{"$nulls":3},"SSR 22-23"]
[null,"Steps godown",1,"x",4,{"v":2.5,"d":"2.500"},{"v":0.38,"d":"0.380"},{"v":0,"d":"0.000"},{"$f":"ROUND(IF(AND(F373:H373),C373*E373*F373*G373*H373,IF(AND(F373,G373),C373*E373*F373*G373,IF(AND(F373,H373),C373*E373*F373*H373,IF(AND(G373,H373),C373*E373*G373*H373,IF(F373,C373*E373*F373,IF(G373,C373*E373*G373,IF(H373,C373*E373*H373,C373*E373))))))),2)","v":{"v":3.8,"d":"3.80"}},"Sqm",{"$nulls":3},"SSR 22-23"]
[null,"Staircase steps",1,"x",21,{"v":1.28,"d":"1.280"},{"v":0.3,"d":"0.300"},{"v":0,"d":"0.000"},{"$f":"ROUND(IF(AND(F374:H374),C374*E374*F374*G374*H374,IF(AND(F374,G374),C374*E374*F374*G374,IF(AND(F374,H374),C374*E374*F374*H374,IF(AND(G374,H374),C374*E374*G374*H374,IF(F374,C374*E374*F374,IF(G374,C374*E374*G374,IF(H374,C374*E374*H374,C374*E374))))))),2)","v":8.06},"Sqm",{"$nulls":3},"SSR 22-23"]
[{"$nulls":13},"SSR 22-23"]
[{"$nulls":9},"Sqm",{"$f":"'data 2022-23'!E640","v":{"v":744.7,"d":"744.70"}},"1Sqm",{"$f":"ROUND(I376*K376,0)","v":{"v":0,"d":"0.00"}},"SSR 22-23"]
[27,"Providing skirting to internal walls to 15 cm height/risers of steps with chequrred terrazzo tiles length equal to flooring stones, set over base coat of CM (1:5) 12 mm thick with cement slurry of honey like consistency spread at the rate of 3.30 kgs per sqm and jointed with white cement paste mixed with pigment of matching shade to full depth, including cost of all materials like tiles, cement, sand and water etc., complete including seigniorage charges, etc., complete for finished item of work,",{"$nulls":11},"SSR 22-23"]
[null,"Qty.p.14 of M.B.No.1101/A/ZP/20",{"$nulls":11},"SSR 22-23"]
[null,"Landing",1,"x",2,{"v":5.25,"d":"5.250"},{"v":0,"d":"0.000"},{"v":0.1,"d":"0.100"},{"$f":"ROUND(IF(AND(F379:H379),C379*E379*F379*G379*H379,IF(AND(F379,G379),C379*E379*F379*G379,IF(AND(F379,H379),C379*E379*F379*H379,IF(AND(G379,H379),C379*E379*G379*H379,IF(F379,C379*E379*F379,IF(G379,C379*E379*G379,IF(H379,C379*E379*H379,C379*E379))))))),2)","v":1.05},"Sqm",{"$nulls":3},"SSR 22-23"]
[null,"Staircase steps",1,"x",22,{"v":1.28,"d":"1.280"},{"v":0,"d":"0.000"},{"v":0.15,"d":"0.150"},{"$f":"ROUND(IF(AND(F380:H380),C380*E380*F380*G380*H380,IF(AND(F380,G380),C380*E380*F380*G380,IF(AND(F380,H380),C380*E380*F380*H380,IF(AND(G380,H380),C380*E380*G380*H380,IF(F380,C380*E380*F380,IF(G380,C380*E380*G380,IF(H380,C380*E380*H380,C380*E380))))))),2)","v":4.22},"Sqm",{"$nulls":3},"SSR 22-23"]
[null,"Waiting room",1,"x",1,{"v":10.53,"d":"10.530"},{"v":0,"d":"0.000"},{"v":0.1,"d":"0.100"},{"$f":"ROUND(IF(AND(F381:H381),C381*E381*F381*G381*H381,IF(AND(F381,G381),C381*E381*F381*G381,IF(AND(F381,H381),C381*E381*F381*H381,IF(AND(G381,H381),C381*E381*G381*H381,IF(F381,C381*E381*F381,IF(G381,C381*E381*G381,IF(H381,C381*E381*H381,C381*E381))))))),2)","v":1.05},"Sqm",{"$nulls":3},"SSR 22-23"]
[{"$nulls":13},"SSR 22-23"]
[{"$nulls":9},"Sqm",{"$f":"'data 2022-23'!E658","v":750.18},"1Sqm",{"$f":"ROUND(I383*K383,0)","v":{"v":0,"d":"0.00"}},"SSR 22-23"]
[4,"Flooring with Ceramic non skid tiles of not less than 7-8mm thick 1st quality laid over floor bed / VRCC slab set over base coat of CM (1:8), 12mm thick and neat grey Cement slurry of honey like consistency spread @ 3.30 Kgs per Sqm & jointed with neat white Cement paste to full depth mixed with pigment of matching shade including c/c of all materials to site including cost of mixing of mortar and watering and levelling to proper slope and curing including all labour charges etc for finished item of work  ",{"$nulls":11},"SSR 22-23"]
[null,"Qty.p.4 & 5 of M.B.No.469/A/ZP/20",null,"04.07.2023",{"$nulls":9},"SSR 22-23"]
[null,"In tiolet",1,"x",1,{"v":1.3,"d":"1.300"},{"v":1.58,"d":"1.580"},{"v":0,"d":"0.000"},{"$f":"ROUND(IF(AND(F386:H386),C386*E386*F386*G386*H386,IF(AND(F386,G386),C386*E386*F386*G386,IF(AND(F386,H386),C386*E386*F386*H386,IF(AND(G386,H386),C386*E386*G386*H386,IF(F386,C386*E386*F386,IF(G386,C386*E386*G386,IF(H386,C386*E386*H386,C386*E386))))))),2)","v":2.05},"Sqm",{"$nulls":3},"SSR 22-23"]
[null,null,1,"x",1,{"v":1.35,"d":"1.350"},{"v":1.9,"d":"1.900"},{"v":0,"d":"0.000"},2.57,"Sqm",{"$nulls":3},"SSR 22-23"]
[null,"Verandah",1,"x",1,{"v":3.1,"d":"3.100"},{"v":1.2,"d":"1.200"},{"v":0,"d":"0.000"},3.72,"Sqm",{"$nulls":3},"SSR 22-23"]
[null,null,1,"x",1,{"v":10.2,"d":"10.200"},{"v":1.2,"d":"1.200"},{"v":0,"d":"0.000"},12.24,"Sqm",{"$nulls":3},"SSR 22-23"]
[null,null,1,"x",1,{"v":4.6,"d":"4.600"},{"v":1.2,"d":"1.200"},{"v":0,"d":"0.000"},5.52,"Sqm",{"$nulls":3},"SSR 22-23"]
[null,"At medicine center",1,"x",1,{"v":2.35,"d":"2.350"},{"v":1.2,"d":"1.200"},{"v":0,"d":"0.000"},2.82,"Sqm",{"$nulls":3},"SSR 22-23"]
[null,"For steps",1,"x",1,{"v":1.2,"d":"1.200"},{"v":0.3,"d":"0.300"},{"v":0,"d":"0.000"},0.36,"Sqm",{"$nulls":3},"SSR 22-23"]
[null,null,1,"x",2,{"v":1.2,"d":"1.200"},{"v":0.3,"d":"0.300"},{"v":0,"d":"0.000"},0.72,"Sqm",{"$nulls":3},"SSR 22-23"]
[{"$nulls":13},"SSR 22-23"]
[{"$nulls":9},"Sqm",{"$f":"'data 2022-23'!E714","v":801.83},"1Sqm",{"$f":"ROUND(I395*K395,0)","v":{"v":0,"d":"0.00"}},"SSR 22-23"]
[5,"Providing Daddooing to walls with 5 to 7mm thick Glazed Ceramic wall tiles of 1st quality of 6mm thick set over base coat of CM (1:3) 12mm thick with Cement slurry of honey like consistency spread @ 3.30 Kgs per Sqm & jointed with neat white Cement paste to full depth mixed with pigment of matching shade including c/c of all materials to site, cost of all materials like tiles, Cement, sand and water etc complete for finished item of work  ",{"$nulls":11},"SSR 22-23"]
[null,"Qty.p.6 & 7 of M.B.No.469/A/ZP/20",null,"04.07.2023",{"$nulls":9},"SSR 22-23"]
[null,"Verandah",1,"x",1,{"v":1.9,"d":"1.900"},{"v":0,"d":"0.000"},{"v":0.1,"d":"0.100"},{"$f":"ROUND(IF(AND(F398:H398),C398*E398*F398*G398*H398,IF(AND(F398,G398),C398*E398*F398*G398,IF(AND(F398,H398),C398*E398*F398*H398,IF(AND(G398,H398),C398*E398*G398*H398,IF(F398,C398*E398*F398,IF(G398,C398*E398*G398,IF(H398,C398*E398*H398,C398*E398))))))),2)","v":0.19},"Sqm",{"$nulls":3},"SSR 22-23"]
[null,null,1,"x",1,{"v":10.2,"d":"10.200"},{"v":0,"d":"0.000"},{"v":0.1,"d":"0.100"},1.02,"Sqm",{"$nulls":3},"SSR 22-23"]
[null,null,1,"x",1,{"v":4.6,"d":"4.600"},{"v":0,"d":"0.000"},{"v":0.1,"d":"0.100"},0.46,"Sqm",{"$nulls":3},"SSR 22-23"]
[null,"steps",1,"x",2,{"v":1.2,"d":"1.200"},{"v":0,"d":"0.000"},{"v":0.15,"d":"0.150"},0.36,"Sqm",{"$nulls":3},"SSR 22-23"]
[null,null,1,"x",2,{"v":1.2,"d":"1.200"},{"v":0.3,"d":"0.300"},{"v":0,"d":"0.000"},0.72,"Sqm",{"$nulls":3},"SSR 22-23"]
[null,"Wall of tiolet",1,"x",1,{"v":5.76,"d":"5.760"},{"v":0,"d":"0.000"},{"v":1.75,"d":"1.750"},10.08,"Sqm",{"$nulls":3},"SSR 22-23"]
[null,null,1,"x",1,{"v":6.5,"d":"6.500"},{"v":0,"d":"0.000"},{"v":1.8,"d":"1.800"},{"v":11.7,"d":"11.70"},"Sqm",{"$nulls":3},"SSR 22-23"]
[null,"Deduct for door",1,"x",1,{"v":1.2,"d":"1.200"},{"v":0,"d":"0.000"},{"v":0.1,"d":"0.100"},{"$f":"-ROUND(IF(AND(F405:H405),C405*E405*F405*G405*H405,IF(AND(F405,G405),C405*E405*F405*G405,IF(AND(F405,H405),C405*E405*F405*H405,IF(AND(G405,H405),C405*E405*G405*H405,IF(F405,C405*E405*F405,IF(G405,C405*E405*G405,IF(H405,C405*E405*H405,C405*E405))))))),2)","v":-0.12},"Sqm",{"$nulls":3},"SSR 22-23"]
[null,"Deduct for door",1,"x",1,{"v":0.9,"d":"0.900"},{"v":0,"d":"0.000"},{"v":0.1,"d":"0.100"},{"$f":"-ROUND(IF(AND(F406:H406),C406*E406*F406*G406*H406,IF(AND(F406,G406),C406*E406*F406*G406,IF(AND(F406,H406),C406*E406*F406*H406,IF(AND(G406,H406),C406*E406*G406*H406,IF(F406,C406*E406*F406,IF(G406,C406*E406*G406,IF(H406,C406*E406*H406,C406*E406))))))),2)","v":-0.09},"Sqm",{"$nulls":3},"SSR 22-23"]
[null,"Deduct for door",1,"x",1,{"v":0.75,"d":"0.750"},{"v":0,"d":"0.000"},{"v":1.75,"d":"1.750"},{"$f":"-ROUND(IF(AND(F407:H407),C407*E407*F407*G407*H407,IF(AND(F407,G407),C407*E407*F407*G407,IF(AND(F407,H407),C407*E407*F407*H407,IF(AND(G407,H407),C407*E407*G407*H407,IF(F407,C407*E407*F407,IF(G407,C407*E407*G407,IF(H407,C407*E407*H407,C407*E407))))))),2)","v":-1.31},"Sqm",{"$nulls":3},"SSR 22-23"]
[null,"Deduct for door",1,"x",1,{"v":1.35,"d":"1.350"},{"v":0,"d":"0.000"},{"v":1.8,"d":"1.800"},{"$f":"-ROUND(IF(AND(F408:H408),C408*E408*F408*G408*H408,IF(AND(F408,G408),C408*E408*F408*G408,IF(AND(F408,H408),C408*E408*F408*H408,IF(AND(G408,H408),C408*E408*G408*H408,IF(F408,C408*E408*F408,IF(G408,C408*E408*G408,IF(H408,C408*E408*H408,C408*E408))))))),2)","v":-2.43},"Sqm",{"$nulls":3},"SSR 22-23"]
[{"$nulls":13},"SSR 22-23"]
[{"$nulls":9},"Sqm",{"$f":"'data 2022-23'!E731","v":518.15},"1Sqm",{"$f":"ROUND(I410*K410,0)","v":{"v":0,"d":"0.00"}},"SSR 22-23"]
[1,"Flooring with pressed clay flooring tiles, set over base coat of cement mortar (1:8) 12 mm thick over CC bed already laid or RCC roof slab, including neat cement slurry of honey like consistency spread @ 3.3.kgs per sqm & jointed neatly with cement mixed with pigment of matching shade to full depth, including cost of all materials like cement, sand water and tiles etc., complete, for finished item of work,     ",{"$nulls":11},"SSR 22-23"]
[null,"Qty.p.22 of M.B.No.111/A/ZP/22",null,"07.12.2023",{"$nulls":9},"SSR 22-23"]
[null,null,1,"x",2,{"$f":"(3.05+3.65)/2","v":{"v":3.3499999999999996,"d":"3.350"}},{"v":0.95,"d":"0.950"},{"v":0,"d":"0.000"},{"$f":"ROUND(IF(AND(F413:H413),C413*E413*F413*G413*H413,IF(AND(F413,G413),C413*E413*F413*G413,IF(AND(F413,H413),C413*E413*F413*H413,IF(AND(G413,H413),C413*E413*G413*H413,IF(F413,C413*E413*F413,IF(G413,C413*E413*G413,IF(H413,C413*E413*H413,C413*E413))))))),2)","v":6.37},"Sqm",{"$nulls":3},"SSR 22-23"]
[null,null,1,"x",1,{"$f":"(16+17.2)/2","v":{"v":16.6,"d":"16.600"}},{"v":0.95,"d":"0.950"},{"v":0,"d":"0.000"},15.77,"Sqm",{"$nulls":3},"SSR 22-23"]
[{"$nulls":13},"SSR 22-23"]
[{"$nulls":8},{"$f":"SUM(I413:I415)","v":22.14},"Sqm",{"$f":"'data 2022-23'!E759","v":1017.93},"1Sqm",{"$f":"ROUND(I416*K416,0)","v":{"v":22537,"d":"22537.00"}},"SSR 22-23"]
[25,"Supply of precast concrete blocks for paving of M-35 grade and thickness not less than 60 mm for Light traffic areas conforming to IS 15658:2006 in all shapes and designs for laying & fixing of precast concrete blocks for paving of all grades, any thickness, all sizes & shapes including all labour charges for loading & unloading, laying to desired lines and levels complete",{"$nulls":11},"SSR 22-23"]
[null,"Qty.p.68 of M.B.No.1101/A/ZP/20",{"$nulls":11},"SSR 22-23"]
[null,"Elevation sides",1,"x",2,{"v":1,"d":"1.000"},{"v":0,"d":"0.000"},{"v":1,"d":"1.000"},{"$f":"ROUND(IF(AND(F419:H419),C419*E419*F419*G419*H419,IF(AND(F419,G419),C419*E419*F419*G419,IF(AND(F419,H419),C419*E419*F419*H419,IF(AND(G419,H419),C419*E419*G419*H419,IF(F419,C419*E419*F419,IF(G419,C419*E419*G419,IF(H419,C419*E419*H419,C419*E419))))))),2)","v":{"v":2,"d":"2.00"}},"Sqm",{"$nulls":3},"SSR 22-23"]
[null,"Middle",1,"x",2,{"v":3.15,"d":"3.150"},{"v":0,"d":"0.000"},{"v":1,"d":"1.000"},{"$f":"ROUND(IF(AND(F420:H420),C420*E420*F420*G420*H420,IF(AND(F420,G420),C420*E420*F420*G420,IF(AND(F420,H420),C420*E420*F420*H420,IF(AND(G420,H420),C420*E420*G420*H420,IF(F420,C420*E420*F420,IF(G420,C420*E420*G420,IF(H420,C420*E420*H420,C420*E420))))))),2)","v":{"v":6.3,"d":"6.30"}},"Sqm",{"$nulls":3},"SSR 22-23"]
[null,"Middle",1,"x",2,{"v":2,"d":"2.000"},{"v":0,"d":"0.000"},{"v":1.9,"d":"1.900"},{"$f":"ROUND(IF(AND(F421:H421),C421*E421*F421*G421*H421,IF(AND(F421,G421),C421*E421*F421*G421,IF(AND(F421,H421),C421*E421*F421*H421,IF(AND(G421,H421),C421*E421*G421*H421,IF(F421,C421*E421*F421,IF(G421,C421*E421*G421,IF(H421,C421*E421*H421,C421*E421))))))),2)","v":{"v":7.6,"d":"7.60"}},"Sqm",{"$nulls":3},"SSR 22-23"]
[{"$nulls":13},"SSR 22-23"]
[{"$nulls":9},"Sqm",{"$f":"'data 2022-23'!G764","v":{"v":610,"d":"610.00"}},"1Sqm",{"$f":"ROUND(I423*K423,0)","v":{"v":0,"d":"0.00"}},"SSR 22-23"]
[25,"Gronolithie Concrete Flooring 20 mm thick with (1:1:2), using 6mm to 12 mm size hard granite machine crushed metal laid over CC bed already laid or RCC roof slab, in alternate panels of size not exceeding 1.50 m x 1.50 m and finishing the top surface to required smoothness and slopes and thread lining including cost of all materials like cement, metal, sand and water etc., complete, including seigniorage charges, etc., complete for finished item of work, but excluding the cost of conveyance of all materials",{"$nulls":11},"SSR 22-23"]
[null,"Qty.p.68 of M.B.No.1101/A/ZP/20",{"$nulls":11},"SSR 22-23"]
[null,"Elevation sides",1,"x",2,{"v":1,"d":"1.000"},{"v":0,"d":"0.000"},{"v":1,"d":"1.000"},{"$f":"ROUND(IF(AND(F426:H426),C426*E426*F426*G426*H426,IF(AND(F426,G426),C426*E426*F426*G426,IF(AND(F426,H426),C426*E426*F426*H426,IF(AND(G426,H426),C426*E426*G426*H426,IF(F426,C426*E426*F426,IF(G426,C426*E426*G426,IF(H426,C426*E426*H426,C426*E426))))))),2)","v":{"v":2,"d":"2.00"}},"Sqm",{"$nulls":3},"SSR 22-23"]
[null,"Middle",1,"x",2,{"v":3.15,"d":"3.150"},{"v":0,"d":"0.000"},{"v":1,"d":"1.000"},{"$f":"ROUND(IF(AND(F427:H427),C427*E427*F427*G427*H427,IF(AND(F427,G427),C427*E427*F427*G427,IF(AND(F427,H427),C427*E427*F427*H427,IF(AND(G427,H427),C427*E427*G427*H427,IF(F427,C427*E427*F427,IF(G427,C427*E427*G427,IF(H427,C427*E427*H427,C427*E427))))))),2)","v":{"v":6.3,"d":"6.30"}},"Sqm",{"$nulls":3},"SSR 22-23"]
[null,"Middle",1,"x",2,{"v":2,"d":"2.000"},{"v":0,"d":"0.000"},{"v":1.9,"d":"1.900"},{"$f":"ROUND(IF(AND(F428:H428),C428*E428*F428*G428*H428,IF(AND(F428,G428),C428*E428*F428*G428,IF(AND(F428,H428),C428*E428*F428*H428,IF(AND(G428,H428),C428*E428*G428*H428,IF(F428,C428*E428*F428,IF(G428,C428*E428*G428,IF(H428,C428*E428*H428,C428*E428))))))),2)","v":{"v":7.6,"d":"7.60"}},"Sqm",{"$nulls":3},"SSR 22-23"]
[{"$nulls":13},"SSR 22-23"]
[{"$nulls":9},"Sqm",{"$f":"'data 2022-23'!E780","v":345.47},"1Sqm",{"$f":"ROUND(I430*K430,0)","v":{"v":0,"d":"0.00"}},"SSR 22-23"]
[26,"White washing one coat with whiting of approved quality to give an even shade after thoroughly brushing the surface to remove all dirt and remains of loose powdered materials including cost of all materials, labour charges and incidental such as scaffolding, lift charges etc., complete for finished item of wor",{"$nulls":11},"SSR 22-23"]
[null,"Qty.p.17 of M.B.No.1101/A/ZP/20",{"$nulls":11},"SSR 22-23"]
[null,"Hall",1,"x",1,{"v":8.5,"d":"8.500"},{"v":4.95,"d":"4.950"},{"v":0,"d":"0.000"},{"$f":"ROUND(IF(AND(F433:H433),C433*E433*F433*G433*H433,IF(AND(F433,G433),C433*E433*F433*G433,IF(AND(F433,H433),C433*E433*F433*H433,IF(AND(G433,H433),C433*E433*G433*H433,IF(F433,C433*E433*F433,IF(G433,C433*E433*G433,IF(H433,C433*E433*H433,C433*E433))))))),2)","v":42.08},"Sqm",{"$nulls":3},"SSR 22-23"]
[null,"North side",1,"x",1,{"v":6.25,"d":"6.250"},{"v":0,"d":"0.000"},{"v":3.6,"d":"3.600"},{"$f":"ROUND(IF(AND(F434:H434),C434*E434*F434*G434*H434,IF(AND(F434,G434),C434*E434*F434*G434,IF(AND(F434,H434),C434*E434*F434*H434,IF(AND(G434,H434),C434*E434*G434*H434,IF(F434,C434*E434*F434,IF(G434,C434*E434*G434,IF(H434,C434*E434*H434,C434*E434))))))),2)","v":{"v":22.5,"d":"22.50"}},"Sqm",{"$nulls":3},"SSR 22-23"]
[null,"West side",1,"x",1,{"v":5.45,"d":"5.450"},{"v":0,"d":"0.000"},{"v":3.2,"d":"3.200"},{"$f":"ROUND(IF(AND(F435:H435),C435*E435*F435*G435*H435,IF(AND(F435,G435),C435*E435*F435*G435,IF(AND(F435,H435),C435*E435*F435*H435,IF(AND(G435,H435),C435*E435*G435*H435,IF(F435,C435*E435*F435,IF(G435,C435*E435*G435,IF(H435,C435*E435*H435,C435*E435))))))),2)","v":17.44},"Sqm",{"$nulls":3},"SSR 22-23"]
[{"$nulls":13},"SSR 22-23"]
[{"$nulls":9},"Sqm",{"$f":"'data 2022-23'!E794","v":24.05},"1Sqm",{"$f":"ROUND(I437*K437,0)","v":{"v":0,"d":"0.00"}},"SSR 22-23"]
[4,"Providing and applying Wall putty of White Cement or Polymer or Cement based of average 1 to 2 mm thickness over plastered surface to prepare the surface even and smooth after thoroughly brushing the surface to remove all dirt and remains of loose powdered materials, applying emery paper, Sand the surface, clean & wipe off loose dust, applying knifing paste filler by putty knife / muslin pad, air dry for 2 - 3 hrs, sand with 180 and 320 No., emery paper for the surface preparation including cost and conveyance of all materials and all operational, incidental and all labour charges etc., complete for finished item of work in all floors for internal walls",{"$nulls":11},"SSR 22-23"]
[null,"Work to be executed",{"$nulls":11},"SSR 22-23"]
[null,"Examination room",1,"x",1,{"v":2.92,"d":"2.920"},{"v":2.83,"d":"2.830"},{"v":0,"d":"0.000"},{"$f":"ROUND(IF(AND(F440:H440),C440*E440*F440*G440*H440,IF(AND(F440,G440),C440*E440*F440*G440,IF(AND(F440,H440),C440*E440*F440*H440,IF(AND(G440,H440),C440*E440*G440*H440,IF(F440,C440*E440*F440,IF(G440,C440*E440*G440,IF(H440,C440*E440*H440,C440*E440))))))),2)","v":8.26},"Sqm",{"$nulls":3},"SSR 22-23"]
[null,"Lobby and clinic room ",1,"x",1,{"v":6.55,"d":"6.550"},{"v":2.97,"d":"2.970"},{"v":0,"d":"0.000"},{"$f":"ROUND(IF(AND(F441:H441),C441*E441*F441*G441*H441,IF(AND(F441,G441),C441*E441*F441*G441,IF(AND(F441,H441),C441*E441*F441*H441,IF(AND(G441,H441),C441*E441*G441*H441,IF(F441,C441*E441*F441,IF(G441,C441*E441*G441,IF(H441,C441*E441*H441,C441*E441))))))),2)","v":19.45},"Sqm",{"$nulls":3},"SSR 22-23"]
[null,"Tiolet fron open space",1,"x",1,{"v":1.15,"d":"1.150"},{"v":1.35,"d":"1.350"},{"v":0,"d":"0.000"},1.55,"Sqm",{"$nulls":3},"SSR 22-23"]
[null,"Lab and store room",1,"x",1,{"v":2.85,"d":"2.850"},{"v":2,"d":"2.000"},{"v":0,"d":"0.000"},{"v":5.7,"d":"5.70"},"Sqm",{"$nulls":3},"SSR 22-23"]
[null,"bed room",1,"x",1,{"v":2.95,"d":"2.950"},{"v":2.82,"d":"2.820"},{"v":0,"d":"0.000"},8.32,"Sqm",{"$nulls":3},"SSR 22-23"]
[null,"living room",1,"x",1,{"v":6.44,"d":"6.440"},{"v":2.97,"d":"2.970"},{"v":0,"d":"0.000"},19.13,"Sqm",{"$nulls":3},"SSR 22-23"]
[null,"tiolet-2 front open space",1,"x",1,{"v":0.85,"d":"0.850"},{"v":1.45,"d":"1.450"},{"v":0,"d":"0.000"},1.23,"Sqm",{"$nulls":3},"SSR 22-23"]
[null,"Kitchen",1,"x",1,{"v":1.85,"d":"1.850"},{"v":1.69,"d":"1.690"},{"v":0,"d":"0.000"},3.13,"Sqm",{"$nulls":3},"SSR 22-23"]
[null,"Examination room alround",1,"x",1,{"v":11.5,"d":"11.500"},{"v":0,"d":"0.000"},{"v":3.3,"d":"3.300"},{"$f":"ROUND(IF(AND(F448:H448),C448*E448*F448*G448*H448,IF(AND(F448,G448),C448*E448*F448*G448,IF(AND(F448,H448),C448*E448*F448*H448,IF(AND(G448,H448),C448*E448*G448*H448,IF(F448,C448*E448*F448,IF(G448,C448*E448*G448,IF(H448,C448*E448*H448,C448*E448))))))),2)","v":37.95},"Sqm",{"$nulls":3},"SSR 22-23"]
[null,"deduct windows",1,"x",1,{"v":1.2,"d":"1.200"},{"v":0,"d":"0.000"},{"v":1.2,"d":"1.200"},{"$f":"-ROUND(IF(AND(F449:H449),C449*E449*F449*G449*H449,IF(AND(F449,G449),C449*E449*F449*G449,IF(AND(F449,H449),C449*E449*F449*H449,IF(AND(G449,H449),C449*E449*G449*H449,IF(F449,C449*E449*F449,IF(G449,C449*E449*G449,IF(H449,C449*E449*H449,C449*E449))))))),2)","v":-1.44},"Sqm",{"$nulls":3},"SSR 22-23"]
[null,"Deduct door",1,"x",1,{"v":0.9,"d":"0.900"},{"v":0,"d":"0.000"},{"v":2.1,"d":"2.100"},{"$f":"-ROUND(IF(AND(F450:H450),C450*E450*F450*G450*H450,IF(AND(F450,G450),C450*E450*F450*G450,IF(AND(F450,H450),C450*E450*F450*H450,IF(AND(G450,H450),C450*E450*G450*H450,IF(F450,C450*E450*F450,IF(G450,C450*E450*G450,IF(H450,C450*E450*H450,C450*E450))))))),2)","v":-1.89},"Sqm",{"$nulls":3},"SSR 22-23"]
[null,"deduct ventilator",1,"x",1,{"v":0.6,"d":"0.600"},{"v":0,"d":"0.000"},{"v":0.3,"d":"0.300"},{"$f":"-ROUND(IF(AND(F451:H451),C451*E451*F451*G451*H451,IF(AND(F451,G451),C451*E451*F451*G451,IF(AND(F451,H451),C451*E451*F451*H451,IF(AND(G451,H451),C451*E451*G451*H451,IF(F451,C451*E451*F451,IF(G451,C451*E451*G451,IF(H451,C451*E451*H451,C451*E451))))))),2)","v":-0.18},"Sqm",{"$nulls":3},"SSR 22-23"]
[null,"Lobby and clinic room alround",1,"x",1,{"v":19.04,"d":"19.040"},{"v":0,"d":"0.000"},{"v":3.3,"d":"3.300"},{"$f":"ROUND(IF(AND(F452:H452),C452*E452*F452*G452*H452,IF(AND(F452,G452),C452*E452*F452*G452,IF(AND(F452,H452),C452*E452*F452*H452,IF(AND(G452,H452),C452*E452*G452*H452,IF(F452,C452*E452*F452,IF(G452,C452*E452*G452,IF(H452,C452*E452*H452,C452*E452))))))),2)","v":62.83},"Sqm",{"$nulls":3},"SSR 22-23"]
[null,"Deduct door",1,"x",1,{"v":0.9,"d":"0.900"},{"v":0,"d":"0.000"},{"v":2.1,"d":"2.100"},{"$f":"-ROUND(IF(AND(F453:H453),C453*E453*F453*G453*H453,IF(AND(F453,G453),C453*E453*F453*G453,IF(AND(F453,H453),C453*E453*F453*H453,IF(AND(G453,H453),C453*E453*G453*H453,IF(F453,C453*E453*F453,IF(G453,C453*E453*G453,IF(H453,C453*E453*H453,C453*E453))))))),2)","v":-1.89},"Sqm",{"$nulls":3},"SSR 22-23"]
[null,"deduct windows",1,"x",2,{"v":1.2,"d":"1.200"},{"v":0,"d":"0.000"},{"v":1.2,"d":"1.200"},{"$f":"-ROUND(IF(AND(F454:H454),C454*E454*F454*G454*H454,IF(AND(F454,G454),C454*E454*F454*G454,IF(AND(F454,H454),C454*E454*F454*H454,IF(AND(G454,H454),C454*E454*G454*H454,IF(F454,C454*E454*F454,IF(G454,C454*E454*G454,IF(H454,C454*E454*H454,C454*E454))))))),2)","v":-2.88},"Sqm",{"$nulls":3},"SSR 22-23"]
[null,"Deduct ventilator",1,"x",3,{"v":0.6,"d":"0.600"},{"v":0,"d":"0.000"},{"v":0.3,"d":"0.300"},{"$f":"-ROUND(IF(AND(F455:H455),C455*E455*F455*G455*H455,IF(AND(F455,G455),C455*E455*F455*G455,IF(AND(F455,H455),C455*E455*F455*H455,IF(AND(G455,H455),C455*E455*G455*H455,IF(F455,C455*E455*F455,IF(G455,C455*E455*G455,IF(H455,C455*E455*H455,C455*E455))))))),2)","v":-0.54},"Sqm",{"$nulls":3},"SSR 22-23"]
[null,"Deduct main door",1,"x",1,{"v":1.05,"d":"1.050"},{"v":0,"d":"0.000"},{"v":2.1,"d":"2.100"},{"$f":"-ROUND(IF(AND(F456:H456),C456*E456*F456*G456*H456,IF(AND(F456,G456),C456*E456*F456*G456,IF(AND(F456,H456),C456*E456*F456*H456,IF(AND(G456,H456),C456*E456*G456*H456,IF(F456,C456*E456*F456,IF(G456,C456*E456*G456,IF(H456,C456*E456*H456,C456*E456))))))),2)","v":-2.21},"Sqm",{"$nulls":3},"SSR 22-23"]
[null,"Deduct open space",1,"x",1,{"v":1.35,"d":"1.350"},{"v":0,"d":"0.000"},3.175,{"$f":"-ROUND(IF(AND(F457:H457),C457*E457*F457*G457*H457,IF(AND(F457,G457),C457*E457*F457*G457,IF(AND(F457,H457),C457*E457*F457*H457,IF(AND(G457,H457),C457*E457*G457*H457,IF(F457,C457*E457*F457,IF(G457,C457*E457*G457,IF(H457,C457*E457*H457,C457*E457))))))),2)","v":-4.29},"Sqm",{"$nulls":3},"SSR 22-23"]
[null,"Tiilet front open space alround",1,"x",1,{"v":3.65,"d":"3.650"},{"v":0,"d":"0.000"},{"v":3.3,"d":"3.300"},12.05,"Sqm",{"$nulls":3},"SSR 22-23"]
[null,"Deduct door",1,"x",1,{"v":0.97,"d":"0.970"},{"v":0,"d":"0.000"},{"v":2.1,"d":"2.100"},{"$f":"-ROUND(IF(AND(F459:H459),C459*E459*F459*G459*H459,IF(AND(F459,G459),C459*E459*F459*G459,IF(AND(F459,H459),C459*E459*F459*H459,IF(AND(G459,H459),C459*E459*G459*H459,IF(F459,C459*E459*F459,IF(G459,C459*E459*G459,IF(H459,C459*E459*H459,C459*E459))))))),2)","v":-2.04},"Sqm",{"$nulls":3},"SSR 22-23"]
[null,"deduct tiolet door",1,"x",1,{"v":0.75,"d":"0.750"},{"v":0,"d":"0.000"},{"v":2.1,"d":"2.100"},{"$f":"-ROUND(IF(AND(F460:H460),C460*E460*F460*G460*H460,IF(AND(F460,G460),C460*E460*F460*G460,IF(AND(F460,H460),C460*E460*F460*H460,IF(AND(G460,H460),C460*E460*G460*H460,IF(F460,C460*E460*F460,IF(G460,C460*E460*G460,IF(H460,C460*E460*H460,C460*E460))))))),2)","v":-1.58},"Sqm",{"$nulls":3},"SSR 22-23"]
[null,"Lab and store room alround",1,"x",1,{"v":9.7,"d":"9.700"},{"v":0,"d":"0.000"},{"v":3.3,"d":"3.300"},32.01,"Sqm",{"$nulls":3},"SSR 22-23"]
[null,"Deduct door",1,"x",1,{"v":0.97,"d":"0.970"},{"v":0,"d":"0.000"},{"v":2.1,"d":"2.100"},{"$f":"-ROUND(IF(AND(F462:H462),C462*E462*F462*G462*H462,IF(AND(F462,G462),C462*E462*F462*G462,IF(AND(F462,H462),C462*E462*F462*H462,IF(AND(G462,H462),C462*E462*G462*H462,IF(F462,C462*E462*F462,IF(G462,C462*E462*G462,IF(H462,C462*E462*H462,C462*E462))))))),2)","v":-2.04},"Sqm",{"$nulls":3},"SSR 22-23"]
[null,"deduct windows",1,"x",1,{"v":1.2,"d":"1.200"},{"v":0,"d":"0.000"},{"v":1.2,"d":"1.200"},{"$f":"-ROUND(IF(AND(F463:H463),C463*E463*F463*G463*H463,IF(AND(F463,G463),C463*E463*F463*G463,IF(AND(F463,H463),C463*E463*F463*H463,IF(AND(G463,H463),C463*E463*G463*H463,IF(F463,C463*E463*F463,IF(G463,C463*E463*G463,IF(H463,C463*E463*H463,C463*E463))))))),2)","v":-1.44},"Sqm",{"$nulls":3},"SSR 22-23"]
[null,"Deduct ventilator",1,"x",1,{"v":0.6,"d":"0.600"},{"v":0,"d":"0.000"},{"v":0.3,"d":"0.300"},{"$f":"-ROUND(IF(AND(F464:H464),C464*E464*F464*G464*H464,IF(AND(F464,G464),C464*E464*F464*G464,IF(AND(F464,H464),C464*E464*F464*H464,IF(AND(G464,H464),C464*E464*G464*H464,IF(F464,C464*E464*F464,IF(G464,C464*E464*G464,IF(H464,C464*E464*H464,C464*E464))))))),2)","v":-0.18},"Sqm",{"$nulls":3},"SSR 22-23"]
[null,"Bed room alround",1,"x",1,{"v":11.54,"d":"11.540"},{"v":0,"d":"0.000"},{"v":3.3,"d":"3.300"},38.08,"Sqm",{"$nulls":3},"SSR 22-23"]
[null,"Deduct door",1,"x",1,{"v":0.9,"d":"0.900"},{"v":0,"d":"0.000"},{"v":2.1,"d":"2.100"},{"$f":"-ROUND(IF(AND(F466:H466),C466*E466*F466*G466*H466,IF(AND(F466,G466),C466*E466*F466*G466,IF(AND(F466,H466),C466*E466*F466*H466,IF(AND(G466,H466),C466*E466*G466*H466,IF(F466,C466*E466*F466,IF(G466,C466*E466*G466,IF(H466,C466*E466*H466,C466*E466))))))),2)","v":-1.89},"Sqm",{"$nulls":3},"SSR 22-23"]
[null,"deduct windows",1,"x",1,{"v":1.2,"d":"1.200"},{"v":0,"d":"0.000"},{"v":1.2,"d":"1.200"},{"$f":"-ROUND(IF(AND(F467:H467),C467*E467*F467*G467*H467,IF(AND(F467,G467),C467*E467*F467*G467,IF(AND(F467,H467),C467*E467*F467*H467,IF(AND(G467,H467),C467*E467*G467*H467,IF(F467,C467*E467*F467,IF(G467,C467*E467*G467,IF(H467,C467*E467*H467,C467*E467))))))),2)","v":-1.44},"Sqm",{"$nulls":3},"SSR 22-23"]
[null,"Deduct ventilator",1,"x",1,{"v":0.6,"d":"0.600"},{"v":0,"d":"0.000"},{"v":0.3,"d":"0.300"},{"$f":"-ROUND(IF(AND(F468:H468),C468*E468*F468*G468*H468,IF(AND(F468,G468),C468*E468*F468*G468,IF(AND(F468,H468),C468*E468*F468*H468,IF(AND(G468,H468),C468*E468*G468*H468,IF(F468,C468*E468*F468,IF(G468,C468*E468*G468,IF(H468,C468*E468*H468,C468*E468))))))),2)","v":-0.18},"Sqm",{"$nulls":3},"SSR 22-23"]
[null,"Living room alround",1,"x",1,{"v":18.82,"d":"18.820"},{"v":0,"d":"0.000"},{"v":3.3,"d":"3.300"},62.11,"Sqm",{"$nulls":3},"SSR 22-23"]
[null,"Deduct bed room door",1,"x",1,{"v":0.9,"d":"0.900"},{"v":0,"d":"0.000"},{"v":2.1,"d":"2.100"},{"$f":"-ROUND(IF(AND(F470:H470),C470*E470*F470*G470*H470,IF(AND(F470,G470),C470*E470*F470*G470,IF(AND(F470,H470),C470*E470*F470*H470,IF(AND(G470,H470),C470*E470*G470*H470,IF(F470,C470*E470*F470,IF(G470,C470*E470*G470,IF(H470,C470*E470*H470,C470*E470))))))),2)","v":-1.89},"Sqm",{"$nulls":3},"SSR 22-23"]
[null,"Deduct open space",1,"x",1,{"v":1.35,"d":"1.350"},{"v":0,"d":"0.000"},{"v":3.1,"d":"3.100"},-4.19,"Sqm",{"$nulls":3},"SSR 22-23"]
[null,"deduct kitchen door",1,"x",1,{"v":0.8,"d":"0.800"},{"v":0,"d":"0.000"},{"v":2.1,"d":"2.100"},-1.68,"Sqm",{"$nulls":3},"SSR 22-23"]
[null,"deduct windows",1,"x",2,{"v":1.2,"d":"1.200"},{"v":0,"d":"0.000"},{"v":1.2,"d":"1.200"},-2.88,"Sqm",{"$nulls":3},"SSR 22-23"]
[null,"Deduct main door",1,"x",1,{"v":1.07,"d":"1.070"},{"v":0,"d":"0.000"},{"v":2.1,"d":"2.100"},-2.25,"Sqm",{"$nulls":3},"SSR 22-23"]
[null,"Deduct ventiltor",1,"x",3,{"v":0.6,"d":"0.600"},{"v":0,"d":"0.000"},{"v":0.3,"d":"0.300"},-0.54,"Sqm",{"$nulls":3},"SSR 22-23"]
[null,"tiolet-2 front open space",1,"x",1,{"v":3.05,"d":"3.050"},{"v":0,"d":"0.000"},{"v":3.3,"d":"3.300"},10.07,"Sqm",{"$nulls":3},"SSR 22-23"]
[null,"Deduct door",1,"x",1,{"v":0.8,"d":"0.800"},{"v":0,"d":"0.000"},{"v":2.1,"d":"2.100"},{"$f":"-ROUND(IF(AND(F477:H477),C477*E477*F477*G477*H477,IF(AND(F477,G477),C477*E477*F477*G477,IF(AND(F477,H477),C477*E477*F477*H477,IF(AND(G477,H477),C477*E477*G477*H477,IF(F477,C477*E477*F477,IF(G477,C477*E477*G477,IF(H477,C477*E477*H477,C477*E477))))))),2)","v":-1.68},"Sqm",{"$nulls":3},"SSR 22-23"]
[null,"Kitchen alround",1,"x",1,{"v":7.08,"d":"7.080"},{"v":0,"d":"0.000"},{"v":3.3,"d":"3.300"},23.36,"Sqm",{"$nulls":3},"SSR 22-23"]
[null,"deduct windows",1,"x",1,{"v":1.2,"d":"1.200"},{"v":0,"d":"0.000"},{"v":1.2,"d":"1.200"},{"$f":"-ROUND(IF(AND(F479:H479),C479*E479*F479*G479*H479,IF(AND(F479,G479),C479*E479*F479*G479,IF(AND(F479,H479),C479*E479*F479*H479,IF(AND(G479,H479),C479*E479*G479*H479,IF(F479,C479*E479*F479,IF(G479,C479*E479*G479,IF(H479,C479*E479*H479,C479*E479))))))),2)","v":-1.44},"Sqm",{"$nulls":3},"SSR 22-23"]
[null,"Deduct ventilator",1,"x",2,{"v":0.6,"d":"0.600"},{"v":0,"d":"0.000"},{"v":0.3,"d":"0.300"},{"$f":"-ROUND(IF(AND(F480:H480),C480*E480*F480*G480*H480,IF(AND(F480,G480),C480*E480*F480*G480,IF(AND(F480,H480),C480*E480*F480*H480,IF(AND(G480,H480),C480*E480*G480*H480,IF(F480,C480*E480*F480,IF(G480,C480*E480*G480,IF(H480,C480*E480*H480,C480*E480))))))),2)","v":-0.36},"Sqm",{"$nulls":3},"SSR 22-23"]
[null,"Deduct door",1,"x",2,{"v":0.8,"d":"0.800"},{"v":0,"d":"0.000"},{"v":2.1,"d":"2.100"},{"$f":"-ROUND(IF(AND(F481:H481),C481*E481*F481*G481*H481,IF(AND(F481,G481),C481*E481*F481*G481,IF(AND(F481,H481),C481*E481*F481*H481,IF(AND(G481,H481),C481*E481*G481*H481,IF(F481,C481*E481*F481,IF(G481,C481*E481*G481,IF(H481,C481*E481*H481,C481*E481))))))),2)","v":-3.36},"Sqm",{"$nulls":3},"SSR 22-23"]
[null,"window alround horizantal",2,"x",8,{"v":1.2,"d":"1.200"},{"v":0.23,"d":"0.230"},{"v":0,"d":"0.000"},4.42,"Sqm",{"$nulls":3},"SSR 22-23"]
[null,"window alround vertical",2,"x",8,{"v":1.2,"d":"1.200"},{"v":0,"d":"0.000"},{"v":0.23,"d":"0.230"},4.42,"Sqm",{"$nulls":3},"SSR 22-23"]
[{"$nulls":13},"SSR 22-23"]
[{"$nulls":9},"Sqm",{"$f":"'data 2022-23'!E809","v":173.73},"1Sqm",{"$f":"ROUND(I485*K485,0)","v":{"v":0,"d":"0.00"}},"SSR 22-23"]
[2,"Painting to new walls with 2 coats of acrylic Emulsion paint Asian or equivalent and shade over Priming coat with Cement primer water base interior Gr-1 Asian or equivalent on new plastered surface after throughly brushing the surace remove all dirt and remains of loose powdered materials including cost and conveyance of all materials to worksite and all oparational, incidental, labour charges etc complete for  finished item of work as per SS 911 for internal walls",{"$nulls":11},"SSR 22-23"]
[null,"Qty.p.23 to 25 of M.B.No.111/A/ZP/22",null,"20.12.2023",{"$nulls":9},"SSR 22-23"]
[null,"Examination room",1,"x",1,{"v":10.84,"d":"10.840"},{"v":0,"d":"0.000"},{"v":3.05,"d":"3.050"},{"$f":"ROUND(IF(AND(F488:H488),C488*E488*F488*G488*H488,IF(AND(F488,G488),C488*E488*F488*G488,IF(AND(F488,H488),C488*E488*F488*H488,IF(AND(G488,H488),C488*E488*G488*H488,IF(F488,C488*E488*F488,IF(G488,C488*E488*G488,IF(H488,C488*E488*H488,C488*E488))))))),2)","v":33.06},"Sqm",{"$nulls":3},"SSR 22-23"]
[null,"Ceiling",1,"x",1,{"v":2.7,"d":"2.700"},{"v":2.72,"d":"2.720"},{"v":0,"d":"0.000"},7.34,"Sqm",{"$nulls":3},"SSR 22-23"]
[null,"Lab and store room",1,"x",1,{"v":9.84,"d":"9.840"},{"v":0,"d":"0.000"},{"v":3.05,"d":"3.050"},30.01,"Sqm",{"$nulls":3},"SSR 22-23"]
[null,"Ceiling",1,"x",1,{"v":2.2,"d":"2.200"},{"v":2.72,"d":"2.720"},{"v":0,"d":"0.000"},5.98,"Sqm",{"$nulls":3},"SSR 22-23"]
[null,"Bed room",1,"x",1,{"v":9.84,"d":"9.840"},{"v":0,"d":"0.000"},{"v":3.05,"d":"3.050"},30.01,"Sqm",{"$nulls":3},"SSR 22-23"]
[null,"Ceiling",1,"x",1,{"v":2.2,"d":"2.200"},{"v":2.72,"d":"2.720"},{"v":0,"d":"0.000"},5.98,"Sqm",{"$nulls":3},"SSR 22-23"]
[null,"Kitchen",1,"x",1,{"v":8.64,"d":"8.640"},{"v":0,"d":"0.000"},{"v":3.05,"d":"3.050"},26.35,"Sqm",{"$nulls":3},"SSR 22-23"]
[null,"Ceiling",1,"x",1,{"v":1.6,"d":"1.600"},{"v":2.72,"d":"2.720"},{"v":0,"d":"0.000"},4.35,"Sqm",{"$nulls":3},"SSR 22-23"]
[null,"clinic and lobby",1,"x",1,{"v":19.22,"d":"19.220"},{"v":0,"d":"0.000"},{"v":3.05,"d":"3.050"},58.62,"Sqm",{"$nulls":3},"SSR 22-23"]
[null,"Ceiling",1,"x",1,{"v":6.6,"d":"6.600"},{"v":2.95,"d":"2.950"},{"v":0,"d":"0.000"},19.47,"Sqm",{"$nulls":3},"SSR 22-23"]
[null,"Living room ",1,"x",1,{"v":18.1,"d":"18.100"},{"v":0,"d":"0.000"},{"v":3.05,"d":"3.050"},55.21,"Sqm",{"$nulls":3},"SSR 22-23"]
[null,"Ceiling",1,"x",1,{"v":6.1,"d":"6.100"},{"v":2.95,"d":"2.950"},{"v":0,"d":"0.000"},{"v":18,"d":"18.00"},"Sqm",{"$nulls":3},"SSR 22-23"]
[null,"platform",1,"x",2,{"v":0.6,"d":"0.600"},{"v":0,"d":"0.000"},{"v":0.7,"d":"0.700"},0.84,"Sqm",{"$nulls":3},"SSR 22-23"]
[null,null,1,"x",2,{"v":0.5,"d":"0.500"},{"v":0,"d":"0.000"},{"v":0.7,"d":"0.700"},{"v":0.7,"d":"0.70"},"Sqm",{"$nulls":3},"SSR 22-23"]
[null,null,1,"x",3,{"v":0.35,"d":"0.350"},{"v":0,"d":"0.000"},{"v":0.7,"d":"0.700"},0.74,"Sqm",{"$nulls":3},"SSR 22-23"]
[null,"tiolet ceiling",1,"x",1,{"v":1.45,"d":"1.450"},{"v":1.4,"d":"1.400"},{"v":0,"d":"0.000"},2.03,"Sqm",{"$nulls":3},"SSR 22-23"]
[null,null,1,"x",1,{"v":1.45,"d":"1.450"},{"v":1.25,"d":"1.250"},{"v":0,"d":"0.000"},1.81,"Sqm",{"$nulls":3},"SSR 22-23"]
[null,null,1,"x",1,{"v":5.8,"d":"5.800"},{"v":0,"d":"0.000"},{"v":1.15,"d":"1.150"},6.67,"Sqm",{"$nulls":3},"SSR 22-23"]
[null,null,1,"x",1,{"v":5.8,"d":"5.800"},{"v":0,"d":"0.000"},{"v":1.15,"d":"1.150"},6.67,"Sqm",{"$nulls":3},"SSR 22-23"]
[null,"Deduct door",1,"x",1,{"v":1.2,"d":"1.200"},{"v":0,"d":"0.000"},{"v":2.1,"d":"2.100"},{"$f":"-ROUND(IF(AND(F507:H507),C507*E507*F507*G507*H507,IF(AND(F507,G507),C507*E507*F507*G507,IF(AND(F507,H507),C507*E507*F507*H507,IF(AND(G507,H507),C507*E507*G507*H507,IF(F507,C507*E507*F507,IF(G507,C507*E507*G507,IF(H507,C507*E507*H507,C507*E507))))))),2)","v":-2.52},"Sqm",{"$nulls":3},"SSR 22-23"]
[null,"Deduct door",2,"x",2,{"v":1.05,"d":"1.050"},{"v":0,"d":"0.000"},{"v":2.1,"d":"2.100"},{"$f":"-ROUND(IF(AND(F508:H508),C508*E508*F508*G508*H508,IF(AND(F508,G508),C508*E508*F508*G508,IF(AND(F508,H508),C508*E508*F508*H508,IF(AND(G508,H508),C508*E508*G508*H508,IF(F508,C508*E508*F508,IF(G508,C508*E508*G508,IF(H508,C508*E508*H508,C508*E508))))))),2)","v":-8.82},"Sqm",{"$nulls":3},"SSR 22-23"]
[null,"Deduct door",1,"x",1,{"v":1.05,"d":"1.050"},{"v":0,"d":"0.000"},{"v":2.1,"d":"2.100"},-2.21,"Sqm",{"$nulls":3},"SSR 22-23"]
[null,"Deduct door",1,"x",2,{"v":1,"d":"1.000"},{"v":0,"d":"0.000"},{"v":2.1,"d":"2.100"},{"v":-4.2,"d":"-4.20"},"Sqm",{"$nulls":3},"SSR 22-23"]
[null,"Deduct door",2,"x",2,{"v":0.9,"d":"0.900"},{"v":0,"d":"0.000"},{"v":2.1,"d":"2.100"},-7.56,"Sqm",{"$nulls":3},"SSR 22-23"]
[null,"Deduct door",1,"x",1,{"v":0.9,"d":"0.900"},{"v":0,"d":"0.000"},{"v":2.1,"d":"2.100"},-1.89,"Sqm",{"$nulls":3},"SSR 22-23"]
[null,"deduct windows",1,"x",11,{"v":1.2,"d":"1.200"},{"v":0,"d":"0.000"},{"v":1.2,"d":"1.200"},-15.84,"Sqm",{"$nulls":3},"SSR 22-23"]
[null,"Deduct ventilators",1,"x",12,{"v":0.6,"d":"0.600"},{"v":0,"d":"0.000"},{"v":0.3,"d":"0.300"},-2.16,"Sqm",{"$nulls":3},"SSR 22-23"]
[{"$nulls":13},"SSR 22-23"]
[{"$nulls":8},{"$f":"SUM(I488:I515)","v":{"v":268.64000000000004,"d":"268.64"}},"Sqm",{"$f":"'data 2022-23'!E844","v":146.82},"1Sqm",{"$f":"ROUND(I516*K516,0)","v":{"v":39442,"d":"39442.00"}},"SSR 22-23"]
[3,"Painting to new walls with 2 coats of acrylic Emulsion paint Asian or equivalent and shade over Priming coat with Cement primer water base interior Gr-1 Asian or equivalent on new plastered surface after throughly brushing the surace remove all dirt and remains of loose powdered materials including cost and conveyance of all materials to worksite and all oparational, incidental, labour charges etc complete for  finished item of work as per SS 911 for external walls",{"$nulls":11},"SSR 22-23"]
[null,"Qty.p.25 to 27 of M.B.No.111/A/ZP/22",null,"20.12.2023",{"$nulls":9},"SSR 22-23"]
[null,"Long walls",1,"x",2,{"v":13.54,"d":"13.540"},{"v":0,"d":"0.000"},{"v":3.15,"d":"3.150"},{"$f":"ROUND(IF(AND(F519:H519),C519*E519*F519*G519*H519,IF(AND(F519,G519),C519*E519*F519*G519,IF(AND(F519,H519),C519*E519*F519*H519,IF(AND(G519,H519),C519*E519*G519*H519,IF(F519,C519*E519*F519,IF(G519,C519*E519*G519,IF(H519,C519*E519*H519,C519*E519))))))),2)","v":{"v":85.3,"d":"85.30"}},"Sqm",{"$nulls":3},"SSR 22-23"]
[null,"cross wall left",1,"x",2,{"v":6.43,"d":"6.430"},{"v":0,"d":"0.000"},{"v":3.15,"d":"3.150"},40.51,"Sqm",{"$nulls":3},"SSR 22-23"]
[null,"Basement",1,"x",1,{"v":3.7,"d":"3.700"},{"v":0,"d":"0.000"},{"v":0.3,"d":"0.300"},1.11,"Sqm",{"$nulls":3},"SSR 22-23"]
[null,null,1,"x",1,{"v":12.75,"d":"12.750"},{"v":0,"d":"0.000"},{"v":0.3,"d":"0.300"},3.83,"Sqm",{"$nulls":3},"SSR 22-23"]
[null,"Back side",1,"x",1,{"v":13.54,"d":"13.540"},{"v":0,"d":"0.000"},{"v":0.3,"d":"0.300"},4.06,"Sqm",{"$nulls":3},"SSR 22-23"]
[null,"Sides",1,"x",1,{"v":6.43,"d":"6.430"},{"v":0,"d":"0.000"},{"v":0.3,"d":"0.300"},1.93,"Sqm",{"$nulls":3},"SSR 22-23"]
[null,null,1,"x",1,{"v":3.9,"d":"3.900"},{"v":0,"d":"0.000"},{"v":0.3,"d":"0.300"},1.17,"Sqm",{"$nulls":3},"SSR 22-23"]
[null,"Verandah front side",1,"x",1,{"v":16,"d":"16.000"},{"v":0.95,"d":"0.950"},{"v":0,"d":"0.000"},{"v":15.2,"d":"15.20"},"Sqm",{"$nulls":3},"SSR 22-23"]
[null,"side portion",1,"x",2,{"v":3.15,"d":"3.150"},{"v":2.2,"d":"2.200"},{"v":0,"d":"0.000"},13.86,"Sqm",{"$nulls":3},"SSR 22-23"]
[null,"Slope portion front side",1,"x",1,{"$f":"(16+17.2)/2","v":{"v":16.6,"d":"16.600"}},{"v":0.95,"d":"0.950"},{"v":0,"d":"0.000"},15.77,"Sqm",{"$nulls":3},"SSR 22-23"]
[null,"sides",1,"x",2,{"$f":"(3.05+3.65)/2","v":{"v":3.3499999999999996,"d":"3.350"}},{"v":0.95,"d":"0.950"},{"v":0,"d":"0.000"},6.37,"Sqm",{"$nulls":3},"SSR 22-23"]
[null,"slab projection back side",1,"x",1,{"v":14.1,"d":"14.100"},{"v":0.3,"d":"0.300"},{"v":0,"d":"0.000"},4.23,"Sqm",{"$nulls":3},"SSR 22-23"]
[null,"two sides",1,"x",2,{"v":3.2,"d":"3.200"},{"v":0.3,"d":"0.300"},{"v":0,"d":"0.000"},1.92,"Sqm",{"$nulls":3},"SSR 22-23"]
[null,"drop",1,"x",1,{"v":17.2,"d":"17.200"},{"v":0.25,"d":"0.250"},{"v":0,"d":"0.000"},{"v":4.3,"d":"4.30"},"Sqm",{"$nulls":3},"SSR 22-23"]
[null,null,1,"x",2,{"v":3.65,"d":"3.650"},{"v":0.25,"d":"0.250"},{"v":0,"d":"0.000"},1.83,"Sqm",{"$nulls":3},"SSR 22-23"]
[null,"for pressed tiles",1,"x",1,{"$f":"(16+17.2)/2","v":{"v":16.6,"d":"16.600"}},{"v":0.95,"d":"0.950"},{"v":0,"d":"0.000"},15.77,"Sqm",{"$nulls":3},"SSR 22-23"]
[null,null,1,"x",2,{"$f":"(3.05+3.65)/2","v":{"v":3.3499999999999996,"d":"3.350"}},{"v":0.95,"d":"0.950"},{"v":0,"d":"0.000"},6.37,"Sqm",{"$nulls":3},"SSR 22-23"]
[{"$nulls":13},"SSR 22-23"]
[{"$nulls":8},{"$f":"SUM(I519:I536)","v":223.53},"Sqm",{"$f":"'data 2022-23'!E858","v":200.84},"1Sqm",{"$f":"ROUND(I537*K537,0)","v":{"v":44894,"d":"44894.00"}},"SSR 22-23"]
[6,"Painting New Wood / iron work with Two coats of ready mixed Synthatic Enamil paint first quality of shades over primary coat of wood primary making Three coats in all given as even shade after thoroughly brushes the surface to remove all remains of loose provided materials including c/c of all materials and labour charges etc complete for finished item of work ",{"$nulls":11},"SSR 22-23"]
[null,"Qty.p. 21  of M.B.No.469/A/ZP/20",null,"10.08.2023",{"$nulls":9},"SSR 22-23"]
[null,"Doors",1,"x",2.25,{"v":0.9,"d":"0.900"},{"v":0,"d":"0.000"},{"v":2.1,"d":"2.100"},{"$f":"ROUND(IF(AND(F540:H540),C540*E540*F540*G540*H540,IF(AND(F540,G540),C540*E540*F540*G540,IF(AND(F540,H540),C540*E540*F540*H540,IF(AND(G540,H540),C540*E540*G540*H540,IF(F540,C540*E540*F540,IF(G540,C540*E540*G540,IF(H540,C540*E540*H540,C540*E540))))))),2)","v":4.25},"Sqm",{"$nulls":3},"SSR 22-23"]
[null,"Doors",1,"x",2.25,{"v":0.75,"d":"0.750"},{"v":0,"d":"0.000"},{"v":2.1,"d":"2.100"},3.54,"Sqm",{"$nulls":3},"SSR 22-23"]
[null,"Window Grills",8,"x",{"v":0.5,"d":"0.50"},{"v":1.2,"d":"1.200"},{"v":0,"d":"0.000"},{"v":1.2,"d":"1.200"},5.76,"Sqm",{"$nulls":3},"SSR 22-23"]
[{"$nulls":13},"SSR 22-23"]
[{"$nulls":9},"Sqm",{"$f":"'data 2022-23'!G875","v":149.86},"1Sqm",{"$f":"ROUND(I544*K544,0)","v":{"v":0,"d":"0.00"}},"SSR 22-23"]
[4,"Supply & applying Poly-Urethane Water Proof Polish Glossy/ Matt finish to the wood works duly cleaning the surface and applying emery paper, Sand the wood with 180 No., emery paper and then with 320 No., emery paper, clean & wipe off loose dust, applying suitable knifing paste filler / wood filler by putty knife / muslin pad, air dry for 2 - 3 hrs, sand with 180 and 320 No., emery paper, applying two component wood sealer, after the surface preparation applying one coat of approved spraying PU thinner (for spraying) / applying one coat of approved brushing PU thinner or general purpose thinner (for brushing) and apply one coat of PU by brush or spray, air-dry overnight, Sand again with 180 No. emery paper and removing dust, applying second coat of PU, air drying for 4 - 6 Hrs, Sand with 320 No emery paper, and applying (either with spray or brush) two coats of approved brand PU including cost & labour charges, emery papers, cost of thinner & PU of approved brands such as Jenson & Nicholson, Asian Paints, Berger Paints or equivalent etc., complete for finished item",{"$nulls":11},"SSR 22-23"]
[null,"Qty.p.28 & 29 of M.B.No.111/A/ZP/22",null,"20.12.2023",{"$nulls":9},"SSR 22-23"]
[null,"Door frame and shutter",1,"x",2.25,{"v":1.2,"d":"1.200"},{"v":0,"d":"0.000"},{"v":2.1,"d":"2.100"},{"$f":"ROUND(IF(AND(F547:H547),C547*E547*F547*G547*H547,IF(AND(F547,G547),C547*E547*F547*G547,IF(AND(F547,H547),C547*E547*F547*H547,IF(AND(G547,H547),C547*E547*G547*H547,IF(F547,C547*E547*F547,IF(G547,C547*E547*G547,IF(H547,C547*E547*H547,C547*E547))))))),2)","v":5.67},"Sqm",{"$nulls":3},"SSR 22-23"]
[null,null,1,"x",2.25,{"v":1.05,"d":"1.050"},{"v":0,"d":"0.000"},{"v":2.1,"d":"2.100"},4.96,"Sqm",{"$nulls":3},"SSR 22-23"]
[null,null,1,"x",2.25,{"v":0.9,"d":"0.900"},{"v":0,"d":"0.000"},{"v":2.1,"d":"2.100"},4.25,"Sqm",{"$nulls":3},"SSR 22-23"]
[{"$nulls":13},"SSR 22-23"]
[{"$nulls":8},{"$f":"SUM(I547:I550)","v":{"v":14.879999999999999,"d":"14.88"}},"Sqm",{"$f":"'data 2022-23'!G886","v":968.78},"1Sqm",{"$f":"ROUND(I551*K551,0)","v":{"v":14415,"d":"14415.00"}},"SSR 22-23"]
[32,"Supply & fixing of Rolling shutter made of 80 x 1.25 mm machine rolled CRCA laths, interlocked together through their entire length and jointed together at the ends by endlocks, mounted on specially designed pipe shaft of 50mm dia nominal bore MS B class pipe with brackets, plates, guide channels, stoppers, bottom locking plates and arrangements for inside & outside locking with push-pull operations including cost of hood cover and springs complete, painted with one coat of approved steel primer, locks, ball bearings, all accessories etc complete for finished item of work as per special spn: 1108",{"$nulls":11},"SSR 22-23"]
[null,"Qty.p.51 of M.B.No.1101/A/ZP/20",{"$nulls":11},"SSR 22-23"]
[null,null,1,"x",1,{"v":2.4,"d":"2.40"},{"v":0,"d":"0.000"},{"v":2.1,"d":"2.100"},{"$f":"ROUND(IF(AND(F554:H554),C554*E554*F554*G554*H554,IF(AND(F554,G554),C554*E554*F554*G554,IF(AND(F554,H554),C554*E554*F554*H554,IF(AND(G554,H554),C554*E554*G554*H554,IF(F554,C554*E554*F554,IF(G554,C554*E554*G554,IF(H554,C554*E554*H554,C554*E554))))))),2)","v":5.04},"Sqm",{"$nulls":3},"SSR 22-23"]
[{"$nulls":13},"SSR 22-23"]
[{"$nulls":9},"Sqm",{"$f":"'data 2022-23'!G892","v":{"v":4025,"d":"4025.00"}},"1Sqm",{"$f":"ROUND(I556*K556,0)","v":{"v":0,"d":"0.00"}},"SSR 22-23"]
[6,"S&F of 1200 mm dia 2\" thick Precasted  cc cover for hume pipe including cost and conveyance of all material and labour charges etc., complete for septic Tank ",{"$nulls":11},"SSR 22-23"]
[null,"Qty.p.67 of M.B.No.111/A/ZP/22",null,"17.11.2023",{"$nulls":9},"SSR 22-23"]
[null,null,2,"x",8,{"v":0,"d":"0.000"},{"v":0,"d":"0.000"},{"v":0,"d":"0.000"},{"$f":"ROUND(IF(AND(F559:H559),C559*E559*F559*G559*H559,IF(AND(F559,G559),C559*E559*F559*G559,IF(AND(F559,H559),C559*E559*F559*H559,IF(AND(G559,H559),C559*E559*G559*H559,IF(F559,C559*E559*F559,IF(G559,C559*E559*G559,IF(H559,C559*E559*H559,C559*E559))))))),2)","v":16},"No",{"$nulls":3},"SSR 22-23"]
[{"$nulls":13},"SSR 22-23"]
[{"$nulls":9},"No",{"$f":"'data 2022-23'!G901","v":{"v":808,"d":"808.00"}},"1No",{"$f":"ROUND(I561*K561,0)","v":{"v":0,"d":"0.00"}},"SSR 22-23"]
[8,"S&F of 36\" dia(0.90Mts) 2\" thick Precasted rcc hume rings including cost and conveyance of all material and labour charges etc., complete for septic Tank ",{"$nulls":11},"SSR 22-23"]
[null,"Work to be executed",{"$nulls":11},"SSR 22-23"]
[null,null,1,"x",7,{"v":0,"d":"0.000"},{"v":0,"d":"0.000"},{"v":0,"d":"0.000"},{"$f":"ROUND(IF(AND(F564:H564),C564*E564*F564*G564*H564,IF(AND(F564,G564),C564*E564*F564*G564,IF(AND(F564,H564),C564*E564*F564*H564,IF(AND(G564,H564),C564*E564*G564*H564,IF(F564,C564*E564*F564,IF(G564,C564*E564*G564,IF(H564,C564*E564*H564,C564*E564))))))),2)","v":7},"No",{"$nulls":3},"SSR 22-23"]
[{"$nulls":13},"SSR 22-23"]
[{"$nulls":9},"No",{"$f":"'data 2022-23'!G910","v":{"v":500,"d":"500.00"}},"1No",{"$f":"ROUND(I566*K566,0)","v":{"v":0,"d":"0.00"}},"SSR 22-23"]
[7,"S&F of 1200 & 900 mm dia 2\" thick Precasted  cc cover for hume pipe including cost and conveyance of all material and labour charges etc., complete for septic Tank ",{"$nulls":11},"SSR 22-23"]
[null,"Qty.p.67 of M.B.No.111/A/ZP/22",null,"17.11.2023",{"$nulls":9},"SSR 22-23"]
[null,null,1,"x",2,{"v":0,"d":"0.000"},{"v":0,"d":"0.000"},{"v":0,"d":"0.000"},{"$f":"ROUND(IF(AND(F569:H569),C569*E569*F569*G569*H569,IF(AND(F569,G569),C569*E569*F569*G569,IF(AND(F569,H569),C569*E569*F569*H569,IF(AND(G569,H569),C569*E569*G569*H569,IF(F569,C569*E569*F569,IF(G569,C569*E569*G569,IF(H569,C569*E569*H569,C569*E569))))))),2)","v":2},"No",{"$nulls":3},"SSR 22-23"]
[{"$nulls":13},"SSR 22-23"]
[{"$nulls":9},"No",{"$f":"'data 2022-23'!G914","v":{"v":130,"d":"130.00"}},"1No",{"$f":"ROUND(I571*K571,0)","v":{"v":0,"d":"0.00"}},"SSR 22-23"]
[31,"Supplying, fitting & placing HYSD bar reinforcement in foundation complete including labour charges for cutting, bending to required sizes and shapes, placing in position and tying with binding wire, forming grills for reinforcement work including c/c of steel bars below 36mm dia including overlaps and wastage, where they are not welded ",{"$nulls":11},"SSR 22-23"]
[null,"Qty.p.63 of M.B.No.1101/A/ZP/20","GF Lintels",{"$nulls":6},"Kgs",{"$nulls":3},"SSR 22-23"]
[null,"Qty.p.75 of M.B.No.1101/A/ZP/20","GF Lintels",{"$nulls":6},"Kgs",{"$nulls":3},"SSR 22-23"]
[null,"Qty.p.78 of M.B.No.1101/A/ZP/20","GF sunshades",{"$nulls":6},"Kgs",{"$nulls":3},"SSR 22-23"]
[{"$nulls":13},"SSR 22-23"]
[{"$nulls":8},{"$f":"SUM(I573:I576)","v":{"v":0,"d":"0.00"}},"Kgs",{"$nulls":3},"SSR 22-23"]
[{"$nulls":7},"Or",{"$f":"ROUND((I577/1000)*1.05,2)","v":{"v":0,"d":"0.00"}},"MT",{"$f":"'data 2022-23'!E283","v":{"v":89280,"d":"89280.00"}},"1MT",{"$f":"ROUND(I578*K578,0)","v":{"v":0,"d":"0.00"}},"SSR 22-23"]
[null,"FIRST FLOOR",{"$nulls":11},"SSR 22-23"]
[1,"Reinforced Cement Concrete  M25 Nominal mix (Cement: Sand: Metal) corresponding Table 9 of IS 456 using 20mm size graded machine crushed hard granite metal from approved quarry including c/c of all materials like Cement, Sand, coarse aggregate, water etc to site, all marerials including labour charges such as machine mixing, laying concrete, curing etc complete but excluding cost of steel and its fabrication charges for finished item of work for Columns etc., complete",{"$nulls":11},"SSR 22-23"]
[null,"Qty.p.14  of M.B.No.1101/A/ZP/20",{"$nulls":11},"SSR 22-23"]
[null,"Dummy columns",1,"x",11,{"v":0.36,"d":"0.360"},{"v":0.48,"d":"0.480"},{"v":0.05,"d":"0.050"},{"$f":"ROUND(IF(AND(F582:H582),C582*E582*F582*G582*H582,IF(AND(F582,G582),C582*E582*F582*G582,IF(AND(F582,H582),C582*E582*F582*H582,IF(AND(G582,H582),C582*E582*G582*H582,IF(F582,C582*E582*F582,IF(G582,C582*E582*G582,IF(H582,C582*E582*H582,C582*E582))))))),2)","v":{"v":0.1,"d":"0.10"}},"Cum",{"$nulls":3},"SSR 22-23"]
[{"$nulls":13},"SSR 22-23"]
[{"$nulls":9},"Cum",{"$f":"'data 2022-23'!F152","v":11192.01},"1Cum",{"$f":"ROUND(I584*K584,0)","v":{"v":0,"d":"0.00"}},"SSR 22-23"]
[2,"~do~ for  Beams etc., complete",{"$nulls":11},"SSR 22-23"]
[null,"Qty.p.17  of M.B.No.1101/A/ZP/20",{"$nulls":11},"SSR 22-23"]
[null,"Mid landing beam-1",1,"x",1,{"v":2.65,"d":"2.650"},{"v":0.23,"d":"0.230"},{"v":0.3,"d":"0.300"},{"$f":"ROUND(IF(AND(F587:H587),C587*E587*F587*G587*H587,IF(AND(F587,G587),C587*E587*F587*G587,IF(AND(F587,H587),C587*E587*F587*H587,IF(AND(G587,H587),C587*E587*G587*H587,IF(F587,C587*E587*F587,IF(G587,C587*E587*G587,IF(H587,C587*E587*H587,C587*E587))))))),2)","v":0.18},"Cum",{"$nulls":3},"SSR 22-23"]
[null,"Mid landing beam-2",1,"x",2,{"v":1,"d":"1.000"},{"v":0.23,"d":"0.230"},{"v":0.3,"d":"0.300"},{"$f":"ROUND(IF(AND(F588:H588),C588*E588*F588*G588*H588,IF(AND(F588,G588),C588*E588*F588*G588,IF(AND(F588,H588),C588*E588*F588*H588,IF(AND(G588,H588),C588*E588*G588*H588,IF(F588,C588*E588*F588,IF(G588,C588*E588*G588,IF(H588,C588*E588*H588,C588*E588))))))),2)","v":0.14},"Cum",{"$nulls":3},"SSR 22-23"]
[{"$nulls":13},"SSR 22-23"]
[{"$nulls":9},"Cum",{"$f":"'data 2022-23'!F179","v":10490.18},"1Cum",{"$f":"ROUND(I590*K590,0)","v":{"v":0,"d":"0.00"}},"SSR 22-23"]
[3,"~do~ for  Waist slab 150mm thick etc., complete",{"$nulls":11},"SSR 22-23"]
[null,"Qty.p.17  of M.B.No.1101/A/ZP/20",{"$nulls":11},"SSR 22-23"]
[null,"1st flight (dead slab)",1,"x",1,{"v":3.2,"d":"3.200"},{"v":1.22,"d":"1.220"},{"v":0,"d":"0.000"},{"$f":"ROUND(IF(AND(F593:H593),C593*E593*F593*G593*H593,IF(AND(F593,G593),C593*E593*F593*G593,IF(AND(F593,H593),C593*E593*F593*H593,IF(AND(G593,H593),C593*E593*G593*H593,IF(F593,C593*E593*F593,IF(G593,C593*E593*G593,IF(H593,C593*E593*H593,C593*E593))))))),2)","v":{"v":3.9,"d":"3.90"}},"Sqm",{"$nulls":3},"SSR 22-23"]
[{"$nulls":13},"SSR 22-23"]
[{"$nulls":9},"Sqm",{"$f":"'data 2022-23'!F200","v":1538.77},"1Sqm",{"$f":"ROUND(I595*K595,0)","v":{"v":0,"d":"0.00"}},"SSR 22-23"]
[4,"~do~ for  Roof slab 125mm thick etc., complete",{"$nulls":11},"SSR 22-23"]
[null,"Qty.p.45  of M.B.No.1101/A/ZP/20",{"$nulls":11},"SSR 22-23"]
[null,null,1,"x",1,{"v":16.1,"d":"16.100"},{"v":10.15,"d":"10.150"},{"v":0,"d":"0.000"},{"$f":"ROUND(IF(AND(F598:H598),C598*E598*F598*G598*H598,IF(AND(F598,G598),C598*E598*F598*G598,IF(AND(F598,H598),C598*E598*F598*H598,IF(AND(G598,H598),C598*E598*G598*H598,IF(F598,C598*E598*F598,IF(G598,C598*E598*G598,IF(H598,C598*E598*H598,C598*E598))))))),2)","v":163.42},"Sqm",{"$nulls":3},"SSR 22-23"]
[null,"Deduct staircase",1,"x",1,{"v":3.87,"d":"3.870"},{"v":2.65,"d":"2.650"},{"v":0,"d":"0.000"},{"$f":"-ROUND(IF(AND(F599:H599),C599*E599*F599*G599*H599,IF(AND(F599,G599),C599*E599*F599*G599,IF(AND(F599,H599),C599*E599*F599*H599,IF(AND(G599,H599),C599*E599*G599*H599,IF(F599,C599*E599*F599,IF(G599,C599*E599*G599,IF(H599,C599*E599*H599,C599*E599))))))),2)","v":-10.26},"Sqm",{"$nulls":3},"SSR 22-23"]
[{"$nulls":13},"SSR 22-23"]
[{"$nulls":9},"Sqm",{"$f":"'data 2022-23'!F193","v":1395.89},"1Sqm",{"$f":"ROUND(I601*K601,0)","v":{"v":0,"d":"0.00"}},"SSR 22-23"]
[13,"~do~ for  Roof slab 100mm thick etc., complete",{"$nulls":11},"SSR 22-23"]
[null,"Qty.p.95 of M.B.No.1101/A/ZP/20",{"$nulls":11},"SSR 22-23"]
[null,"Septic tank",1,"x",1,{"v":3.95,"d":"3.950"},{"v":2.1,"d":"2.100"},{"v":0,"d":"0.000"},{"$f":"ROUND(IF(AND(F604:H604),C604*E604*F604*G604*H604,IF(AND(F604,G604),C604*E604*F604*G604,IF(AND(F604,H604),C604*E604*F604*H604,IF(AND(G604,H604),C604*E604*G604*H604,IF(F604,C604*E604*F604,IF(G604,C604*E604*G604,IF(H604,C604*E604*H604,C604*E604))))))),2)","v":{"v":8.3,"d":"8.30"}},"Sqm",{"$nulls":3},"SSR 22-23"]
[{"$nulls":13},"SSR 22-23"]
[{"$nulls":9},"Sqm",{"$f":"'data 2022-23'!F186","v":1253.01},"1Sqm",{"$f":"ROUND(I606*K606,0)","v":{"v":0,"d":"0.00"}},"SSR 22-23"]
[16,"~do~ for  Roof slab 50mm thick etc., complete",{"$nulls":11},"SSR 22-23"]
[null,"Qty.p.62 of M.B.No.1101/A/ZP/20",{"$nulls":11},"SSR 22-23"]
[null,"50mm thick",1,"x",5,{"v":1.52,"d":"1.520"},{"v":0.23,"d":"0.230"},{"v":0,"d":"0.000"},{"$f":"ROUND(IF(AND(F609:H609),C609*E609*F609*G609*H609,IF(AND(F609,G609),C609*E609*F609*G609,IF(AND(F609,H609),C609*E609*F609*H609,IF(AND(G609,H609),C609*E609*G609*H609,IF(F609,C609*E609*F609,IF(G609,C609*E609*G609,IF(H609,C609*E609*H609,C609*E609))))))),2)","v":1.75},"Sqm",{"$nulls":3},"SSR 22-23"]
[null,"For water tank",1,"x",1,{"v":1.4,"d":"1.400"},{"v":1.4,"d":"1.400"},{"v":0,"d":"0.000"},{"$f":"ROUND(IF(AND(F610:H610),C610*E610*F610*G610*H610,IF(AND(F610,G610),C610*E610*F610*G610,IF(AND(F610,H610),C610*E610*F610*H610,IF(AND(G610,H610),C610*E610*G610*H610,IF(F610,C610*E610*F610,IF(G610,C610*E610*G610,IF(H610,C610*E610*H610,C610*E610))))))),2)","v":1.96},"Sqm",{"$nulls":3},"SSR 22-23"]
[{"$nulls":13},"SSR 22-23"]
[{"$nulls":9},"Sqm",{"$f":"'data 2022-23'!F242","v":694.54},"1Sqm",{"$f":"ROUND(I612*K612,0)","v":{"v":0,"d":"0.00"}},"SSR 22-23"]
[16,"~do~ for  Roof slab 25mm thick etc., complete",{"$nulls":11},"SSR 22-23"]
[null,"Qty.p.62 of M.B.No.1101/A/ZP/20",{"$nulls":11},"SSR 22-23"]
[null,"50mm thick",1,"x",5,{"v":1.52,"d":"1.520"},{"v":0.23,"d":"0.230"},{"v":0,"d":"0.000"},{"$f":"ROUND(IF(AND(F615:H615),C615*E615*F615*G615*H615,IF(AND(F615,G615),C615*E615*F615*G615,IF(AND(F615,H615),C615*E615*F615*H615,IF(AND(G615,H615),C615*E615*G615*H615,IF(F615,C615*E615*F615,IF(G615,C615*E615*G615,IF(H615,C615*E615*H615,C615*E615))))))),2)","v":1.75},"Sqm",{"$nulls":3},"SSR 22-23"]
[null,null,1,"x",4,{"v":1.83,"d":"1.830"},{"v":0.23,"d":"0.230"},{"v":0,"d":"0.000"},{"$f":"ROUND(IF(AND(F616:H616),C616*E616*F616*G616*H616,IF(AND(F616,G616),C616*E616*F616*G616,IF(AND(F616,H616),C616*E616*F616*H616,IF(AND(G616,H616),C616*E616*G616*H616,IF(F616,C616*E616*F616,IF(G616,C616*E616*G616,IF(H616,C616*E616*H616,C616*E616))))))),2)","v":1.68},"Sqm",{"$nulls":3},"SSR 22-23"]
[{"$nulls":13},"SSR 22-23"]
[{"$nulls":9},"Sqm",{"$f":"'data 2022-23'!F249","v":553.39},"1Sqm",{"$f":"ROUND(I618*K618,0)","v":{"v":0,"d":"0.00"}},"SSR 22-23"]
[7,"Reinforced Cement Concrete  M25 Nominal mix (Cement: Sand: Metal) corresponding Table 9 of IS 456 using 20mm size graded machine crushed hard granite metal from approved quarry including c/c of all materials like Cement, Sand, coarse aggregate, water etc to site, all marerials including labour charges such as machine mixing, laying concrete, curing etc complete but excluding cost of steel and its fabrication charges for finished item of work for Lintels etc., complete",{"$nulls":11},"SSR 22-23"]
[null,"Qty.p.68 of M.B.No.1101/A/ZP/20",{"$nulls":11},"SSR 22-23"]
[null,null,1,"x",2,{"v":2.8,"d":"2.800"},{"v":0.23,"d":"0.230"},{"v":0.15,"d":"0.150"},{"$f":"ROUND(IF(AND(F621:H621),C621*E621*F621*G621*H621,IF(AND(F621,G621),C621*E621*F621*G621,IF(AND(F621,H621),C621*E621*F621*H621,IF(AND(G621,H621),C621*E621*G621*H621,IF(F621,C621*E621*F621,IF(G621,C621*E621*G621,IF(H621,C621*E621*H621,C621*E621))))))),2)","v":0.19},"Cum",{"$nulls":3},"SSR 22-23"]
[null,null,1,"x",2,{"v":2.8,"d":"2.800"},{"v":0.23,"d":"0.230"},{"v":0.15,"d":"0.150"},{"$f":"ROUND(IF(AND(F622:H622),C622*E622*F622*G622*H622,IF(AND(F622,G622),C622*E622*F622*G622,IF(AND(F622,H622),C622*E622*F622*H622,IF(AND(G622,H622),C622*E622*G622*H622,IF(F622,C622*E622*F622,IF(G622,C622*E622*G622,IF(H622,C622*E622*H622,C622*E622))))))),2)","v":0.19},"Cum",{"$nulls":3},"SSR 22-23"]
[{"$nulls":13},"SSR 22-23"]
[{"$nulls":9},"Cum",{"$f":"'data 2022-23'!F158","v":11212.51},"1Cum",{"$f":"ROUND(I624*K624,0)","v":{"v":0,"d":"0.00"}},"SSR 22-23"]
[8,"~do~ for  sunshades etc., complete",{"$nulls":11},"SSR 22-23"]
[null,"Qty.p.83 of M.B.No.1101/A/ZP/20",{"$nulls":11},"SSR 22-23"]
[null,null,1,"x",7,{"v":1.8,"d":"1.800"},{"v":0,"d":"0.000"},{"v":0,"d":"0.000"},{"$f":"ROUND(IF(AND(F627:H627),C627*E627*F627*G627*H627,IF(AND(F627,G627),C627*E627*F627*G627,IF(AND(F627,H627),C627*E627*F627*H627,IF(AND(G627,H627),C627*E627*G627*H627,IF(F627,C627*E627*F627,IF(G627,C627*E627*G627,IF(H627,C627*E627*H627,C627*E627))))))),2)","v":{"v":12.6,"d":"12.60"}},"Rm",{"$nulls":3},"SSR 22-23"]
[null,null,1,"x",1,{"v":3,"d":"3.000"},{"v":0,"d":"0.000"},{"v":0,"d":"0.000"},{"$f":"ROUND(IF(AND(F628:H628),C628*E628*F628*G628*H628,IF(AND(F628,G628),C628*E628*F628*G628,IF(AND(F628,H628),C628*E628*F628*H628,IF(AND(G628,H628),C628*E628*G628*H628,IF(F628,C628*E628*F628,IF(G628,C628*E628*G628,IF(H628,C628*E628*H628,C628*E628))))))),2)","v":{"v":3,"d":"3.00"}},"Rm",{"$nulls":3},"SSR 22-23"]
[{"$nulls":13},"SSR 22-23"]
[{"$nulls":9},"Rm",{"$f":"'data 2022-23'!F221","v":630.35},"1Rm",{"$f":"ROUND(I630*K630,0)","v":{"v":0,"d":"0.00"}},"SSR 22-23"]
[7,"Providing impervious coat to exposed RCC Roof Slab surface with CM (1:3) 12mm thick with 1Kg of water proof compound per bag of Cement laid over roof when it is green including c/c of all materials and labour charges for mixing mortar, laying, rendering smooth and thread lining of wall & slab etc complete for finished item of work (APSS 901,903) ",{"$nulls":11},"SSR 22-23"]
[null,"Qty.p.12  of M.B.No.1101/A/ZP/20",{"$nulls":11},"SSR 22-23"]
[null,"Over first slab",1,"x",1,{"v":10.45,"d":"10.450"},{"v":8.85,"d":"8.850"},{"v":0,"d":"0.000"},{"$f":"ROUND(IF(AND(F633:H633),C633*E633*F633*G633*H633,IF(AND(F633,G633),C633*E633*F633*G633,IF(AND(F633,H633),C633*E633*F633*H633,IF(AND(G633,H633),C633*E633*G633*H633,IF(F633,C633*E633*F633,IF(G633,C633*E633*G633,IF(H633,C633*E633*H633,C633*E633))))))),2)","v":92.48},"Sqm",{"$nulls":3},"SSR 22-23"]
[null,null,1,"x",1,{"v":5.5,"d":"5.500"},{"v":5.5,"d":"5.500"},{"v":0,"d":"0.000"},{"$f":"ROUND(IF(AND(F634:H634),C634*E634*F634*G634*H634,IF(AND(F634,G634),C634*E634*F634*G634,IF(AND(F634,H634),C634*E634*F634*H634,IF(AND(G634,H634),C634*E634*G634*H634,IF(F634,C634*E634*F634,IF(G634,C634*E634*G634,IF(H634,C634*E634*H634,C634*E634))))))),2)","v":30.25},"Sqm",{"$nulls":3},"SSR 22-23"]
[{"$nulls":13},"SSR 22-23"]
[{"$nulls":9},"Sqm",{"$f":"'data 2022-23'!F566","v":339.16},"1Sqm",{"$f":"ROUND(I636*K636,0)","v":{"v":0,"d":"0.00"}},"SSR 22-23"]
[13,"Providing impervious coat to exposed RCC Roof Slab surface with CM (1:3) 20mm thick with 1Kg of water proof compound per bag of Cement laid over roof when it is green including c/c of all materials and labour charges for mixing mortar, laying, rendering smooth and thread lining of wall & slab etc complete for finished item of work (APSS 901,903) ",{"$nulls":11},"SSR 22-23"]
[null,"Qty.p.     of M.B.No.1101/A/ZP/20",{"$nulls":11},"SSR 22-23"]
[null,null,1,"x",1,{"v":10.45,"d":"10.450"},{"v":12,"d":"12.000"},{"v":0,"d":"0.000"},{"$f":"ROUND(IF(AND(F639:H639),C639*E639*F639*G639*H639,IF(AND(F639,G639),C639*E639*F639*G639,IF(AND(F639,H639),C639*E639*F639*H639,IF(AND(G639,H639),C639*E639*G639*H639,IF(F639,C639*E639*F639,IF(G639,C639*E639*G639,IF(H639,C639*E639*H639,C639*E639))))))),2)","v":{"v":125.4,"d":"125.40"}},"Sqm",{"$nulls":3},"SSR 22-23"]
[null,null,1,"x",1,{"v":3.52,"d":"3.520"},{"v":0.92,"d":"0.920"},{"v":0,"d":"0.000"},{"$f":"ROUND(IF(AND(F640:H640),C640*E640*F640*G640*H640,IF(AND(F640,G640),C640*E640*F640*G640,IF(AND(F640,H640),C640*E640*F640*H640,IF(AND(G640,H640),C640*E640*G640*H640,IF(F640,C640*E640*F640,IF(G640,C640*E640*G640,IF(H640,C640*E640*H640,C640*E640))))))),2)","v":3.24},"Sqm",{"$nulls":3},"SSR 22-23"]
[{"$nulls":13},"SSR 22-23"]
[{"$nulls":9},"Sqm",{"$f":"'data 2022-23'!F581","v":438.06},"1Sqm",{"$f":"ROUND(I642*K642,0)","v":{"v":0,"d":"0.00"}},"SSR 22-23"]
[15,"Brick Masonary for Superstructure with CM (1:8) proportion using 2nd class traditional bricks of size 23X11X7 cms having minimum crushing strength of 40kg/cm2  including c/c of all materials like Cement, Sand, Bricks, water etc including  labour charges such as mixing cement mortar, Scaffolding charges etc complete for finished item of work (APSS No 501 & 504) ",{"$nulls":11},"SSR 22-23"]
[null,"Qty.p.78  of M.B.No.1101/A/ZP/20",{"$nulls":11},"SSR 22-23"]
[null,"Front side",1,"x",1,{"v":2.89,"d":"2.890"},{"v":0.23,"d":"0.230"},{"v":1.38,"d":"1.380"},{"$f":"ROUND(IF(AND(F645:H645),C645*E645*F645*G645*H645,IF(AND(F645,G645),C645*E645*F645*G645,IF(AND(F645,H645),C645*E645*F645*H645,IF(AND(G645,H645),C645*E645*G645*H645,IF(F645,C645*E645*F645,IF(G645,C645*E645*G645,IF(H645,C645*E645*H645,C645*E645))))))),2)","v":0.92},"Cum",{"$nulls":3},"SSR 22-23"]
[null,"East side",1,"x",1,{"v":12.47,"d":"12.470"},{"v":0.23,"d":"0.230"},{"v":1.38,"d":"1.380"},{"$f":"ROUND(IF(AND(F646:H646),C646*E646*F646*G646*H646,IF(AND(F646,G646),C646*E646*F646*G646,IF(AND(F646,H646),C646*E646*F646*H646,IF(AND(G646,H646),C646*E646*G646*H646,IF(F646,C646*E646*F646,IF(G646,C646*E646*G646,IF(H646,C646*E646*H646,C646*E646))))))),2)","v":3.96},"Cum",{"$nulls":3},"SSR 22-23"]
[{"$nulls":13},"SSR 22-23"]
[{"$nulls":9},"Cum",{"$f":"'data 2022-23'!F391","v":{"v":7227.5599999999995,"d":"7227.56"}},"1Cum",{"$f":"ROUND(I648*K648,0)","v":{"v":0,"d":"0.00"}},"SSR 22-23"]
[9,"Brick Masonary for Superstructure with CM (1:6) proportion using 2nd class traditional bricks of size 23X11X7 cms having minimum crushing strength of 40kg/cm2  including c/c of all materials like Cement, Sand, Bricks, water etc including  labour charges such as mixing cement mortar, Scaffolding charges etc complete for finished item of work (APSS No 501 & 504) ",{"$nulls":11},"SSR 22-23"]
[null,"Qty.p.59 of M.B.No.1101/A/ZP/20",{"$nulls":11},"SSR 22-23"]
[null,"B1E1 & B3E3",1,"x",1,9.525,{"v":0.23,"d":"0.230"},{"v":0.6,"d":"0.600"},{"$f":"ROUND(IF(AND(F651:H651),C651*E651*F651*G651*H651,IF(AND(F651,G651),C651*E651*F651*G651,IF(AND(F651,H651),C651*E651*F651*H651,IF(AND(G651,H651),C651*E651*G651*H651,IF(F651,C651*E651*F651,IF(G651,C651*E651*G651,IF(H651,C651*E651*H651,C651*E651))))))),2)","v":1.31},"Cum",{"$nulls":3},"SSR 22-23"]
[null,null,1,"x",1,{"v":12.47,"d":"12.470"},{"v":0.23,"d":"0.230"},{"v":0.6,"d":"0.600"},{"$f":"ROUND(IF(AND(F652:H652),C652*E652*F652*G652*H652,IF(AND(F652,G652),C652*E652*F652*G652,IF(AND(F652,H652),C652*E652*F652*H652,IF(AND(G652,H652),C652*E652*G652*H652,IF(F652,C652*E652*F652,IF(G652,C652*E652*G652,IF(H652,C652*E652*H652,C652*E652))))))),2)","v":1.72},"Cum",{"$nulls":3},"SSR 22-23"]
[{"$nulls":13},"SSR 22-23"]
[{"$nulls":9},"Cum",{"$f":"'data 2022-23'!F374","v":7283.96},"1Cum",{"$f":"ROUND(I654*K654,0)","v":{"v":0,"d":"0.00"}},"SSR 22-23"]
[10,"Reinforced Brick Masonry for partition walls (11.0 cm thick) in CM (1:6) prop. (Cement : Sand) using common burnt clay bricks of class as per Table- I of IS:1077-1992, Non- Modular or traditional size    23 x 11 x 7 cms from approved source having minimum crushing strength of 40 Kg/Sq.cm and placing 2 Nos. of 6mm M.S plain rods in every third layer with free ends of the reinforcement pegged into mortar joints of main brick walls where applicable including cost and conveyance of all materials and  all operational, incidental charges such as labour charges for mixing cement mortar, scaffolding charges, lift charges,and all labour charges etc., but excluding cost of steel and its fabrication charges complete for finished item of work. ",{"$nulls":11},"SSR 22-23"]
[null,"Qty.p.61 of M.B.No.1101/A/ZP/20",{"$nulls":11},"SSR 22-23"]
[null,"Long walls",1,"x",1,{"v":12,"d":"12.000"},{"v":0,"d":"0.000"},{"v":0.6,"d":"0.600"},{"$f":"ROUND(IF(AND(F657:H657),C657*E657*F657*G657*H657,IF(AND(F657,G657),C657*E657*F657*G657,IF(AND(F657,H657),C657*E657*F657*H657,IF(AND(G657,H657),C657*E657*G657*H657,IF(F657,C657*E657*F657,IF(G657,C657*E657*G657,IF(H657,C657*E657*H657,C657*E657))))))),2)","v":{"v":7.2,"d":"7.20"}},"Sqm",{"$nulls":3},"SSR 22-23"]
[null,null,1,"x",1,{"v":9.05,"d":"9.050"},{"v":0,"d":"0.000"},{"v":0.6,"d":"0.600"},{"$f":"ROUND(IF(AND(F658:H658),C658*E658*F658*G658*H658,IF(AND(F658,G658),C658*E658*F658*G658,IF(AND(F658,H658),C658*E658*F658*H658,IF(AND(G658,H658),C658*E658*G658*H658,IF(F658,C658*E658*F658,IF(G658,C658*E658*G658,IF(H658,C658*E658*H658,C658*E658))))))),2)","v":5.43},"Sqm",{"$nulls":3},"SSR 22-23"]
[null,"cross wall left",1,"x",3,{"v":3.31,"d":"3.310"},{"v":0,"d":"0.000"},{"v":0.6,"d":"0.600"},{"$f":"ROUND(IF(AND(F659:H659),C659*E659*F659*G659*H659,IF(AND(F659,G659),C659*E659*F659*G659,IF(AND(F659,H659),C659*E659*F659*H659,IF(AND(G659,H659),C659*E659*G659*H659,IF(F659,C659*E659*F659,IF(G659,C659*E659*G659,IF(H659,C659*E659*H659,C659*E659))))))),2)","v":5.96},"Sqm",{"$nulls":3},"SSR 22-23"]
[{"$nulls":13},"SSR 22-23"]
[{"$nulls":9},"Sqm",{"$f":"'data 2022-23'!F409","v":929.28},"1Sqm",{"$f":"ROUND(I661*K661/1,0)","v":{"v":0,"d":"0.00"}},"SSR 22-23"]
[20,"Masonry work in CM (1:8) prop with Flyash Cement solid blocks of size 290 x 150 x 140 mm for manufacturing of flyash solid blocks using flyash of 80 kgs, cement of 15 kgs. Gypsum of 5 kgs. and stone dust including cost and conveyance of all materials, labour charges, seiniorage charges, scaffolding and curing etc., cpomplete with a compresive streangth not lessthan 50 kg/sqm for walls for Superstructure Walls.",{"$nulls":11},"SSR 22-23"]
[null,"Qty.p.91 of M.B.No.1101/A/ZP/20",{"$nulls":11},"SSR 22-23"]
[null,"Plantation walls",1,"x",2,{"v":0.75,"d":"0.750"},{"v":0.15,"d":"0.150"},{"v":1.05,"d":"1.050"},{"$f":"ROUND(IF(AND(F664:H664),C664*E664*F664*G664*H664,IF(AND(F664,G664),C664*E664*F664*G664,IF(AND(F664,H664),C664*E664*F664*H664,IF(AND(G664,H664),C664*E664*G664*H664,IF(F664,C664*E664*F664,IF(G664,C664*E664*G664,IF(H664,C664*E664*H664,C664*E664))))))),2)","v":0.24},"Cum",{"$nulls":3},"SSR 22-23"]
[null,null,1,"x",1,{"v":2.65,"d":"2.650"},{"v":0.15,"d":"0.150"},{"v":1.2,"d":"1.200"},{"$f":"ROUND(IF(AND(F665:H665),C665*E665*F665*G665*H665,IF(AND(F665,G665),C665*E665*F665*G665,IF(AND(F665,H665),C665*E665*F665*H665,IF(AND(G665,H665),C665*E665*G665*H665,IF(F665,C665*E665*F665,IF(G665,C665*E665*G665,IF(H665,C665*E665*H665,C665*E665))))))),2)","v":0.48},"Cum",{"$nulls":3},"SSR 22-23"]
[null,null,1,"x",1,{"v":2.85,"d":"2.850"},{"v":0.15,"d":"0.150"},{"v":1.2,"d":"1.200"},{"$f":"ROUND(IF(AND(F666:H666),C666*E666*F666*G666*H666,IF(AND(F666,G666),C666*E666*F666*G666,IF(AND(F666,H666),C666*E666*F666*H666,IF(AND(G666,H666),C666*E666*G666*H666,IF(F666,C666*E666*F666,IF(G666,C666*E666*G666,IF(H666,C666*E666*H666,C666*E666))))))),2)","v":0.51},"Cum",{"$nulls":3},"SSR 22-23"]
[{"$nulls":13},"SSR 22-23"]
[{"$nulls":9},"Cum",{"$f":"'data 2022-23'!F426","v":6718.55},"1Cum",{"$f":"ROUND(I668*K668,0)","v":{"v":0,"d":"0.00"}},"SSR 22-23"]
[19,"RCM facia 5cm thick in CM (1:3) for drop walls, fins  with rabbit wire mesh & nominal reinforcement as directed by Engineer-in-charge with dubara sponge finishing, including cost & conveyance of all materials to site, seigniorage charges, sales & other taxes on all materials, operational & incidental, cost and conveyance of cement, wire mesh, water to work site, centering, scaffolding and form work, lift charges etc., complete for finished items of work but excluding cost of steel & its fabrication charges, for finished item of work. (APSS No.403 & 903)",{"$nulls":11},"SSR 22-23"]
[null,"Qty.p.65 of M.B.No.1101/A/ZP/20",{"$nulls":11},"SSR 22-23"]
[null,null,1,"x",2,{"v":2.05,"d":"2.050"},{"v":1.7,"d":"1.700"},{"v":0,"d":"0.000"},{"$f":"ROUND(IF(AND(F671:H671),C671*E671*F671*G671*H671,IF(AND(F671,G671),C671*E671*F671*G671,IF(AND(F671,H671),C671*E671*F671*H671,IF(AND(G671,H671),C671*E671*G671*H671,IF(F671,C671*E671*F671,IF(G671,C671*E671*G671,IF(H671,C671*E671*H671,C671*E671))))))),2)","v":6.97},"Sqm",{"$nulls":3},"SSR 22-23"]
[null,null,1,"x",2,{"v":3.6,"d":"3.600"},{"v":0.95,"d":"0.950"},{"v":0,"d":"0.000"},{"$f":"ROUND(IF(AND(F672:H672),C672*E672*F672*G672*H672,IF(AND(F672,G672),C672*E672*F672*G672,IF(AND(F672,H672),C672*E672*F672*H672,IF(AND(G672,H672),C672*E672*G672*H672,IF(F672,C672*E672*F672,IF(G672,C672*E672*G672,IF(H672,C672*E672*H672,C672*E672))))))),2)","v":6.84},"Sqm",{"$nulls":3},"SSR 22-23"]
[{"$nulls":13},"SSR 22-23"]
[{"$nulls":9},"Sqm",{"$f":"'data 2022-23'!F551","v":2346.34},"1Sqm",{"$f":"ROUND(I674*K674/1,0)","v":{"v":0,"d":"0.00"}},"SSR 22-23"]
[11,"Ceiling Plastering to Ceiling in CM (1:3) 12mm thick with dubara sponge finishing  including c/c of all materials including labour charges such as mixing cement mortar and curing etc complete for finished item of work (APSS 901 & 903) ",{"$nulls":11},"SSR 22-23"]
[null,"Qty.p.13 of M.B.No.1101/A/ZP/20",{"$nulls":11},"SSR 22-23"]
[null,"Sarpanch room",1,"x",1,{"v":3.35,"d":"3.350"},{"v":0,"d":"0.000"},{"v":3.04,"d":"3.040"},{"$f":"ROUND(IF(AND(F677:H677),C677*E677*F677*G677*H677,IF(AND(F677,G677),C677*E677*F677*G677,IF(AND(F677,H677),C677*E677*F677*H677,IF(AND(G677,H677),C677*E677*G677*H677,IF(F677,C677*E677*F677,IF(G677,C677*E677*G677,IF(H677,C677*E677*H677,C677*E677))))))),2)","v":10.18},"Sqm",{"$nulls":3},"SSR 22-23"]
[null,"EA room",1,"x",1,{"v":2.75,"d":"2.750"},{"v":2.34,"d":"2.340"},{"v":0,"d":"0.000"},{"$f":"ROUND(IF(AND(F678:H678),C678*E678*F678*G678*H678,IF(AND(F678,G678),C678*E678*F678*G678,IF(AND(F678,H678),C678*E678*F678*H678,IF(AND(G678,H678),C678*E678*G678*H678,IF(F678,C678*E678*F678,IF(G678,C678*E678*G678,IF(H678,C678*E678*H678,C678*E678))))))),2)","v":6.44},"Sqm",{"$nulls":3},"SSR 22-23"]
[null,null,1,"x",2,{"v":2.7,"d":"2.700"},{"v":0.3,"d":"0.300"},{"v":0,"d":"0.000"},{"$f":"ROUND(IF(AND(F679:H679),C679*E679*F679*G679*H679,IF(AND(F679,G679),C679*E679*F679*G679,IF(AND(F679,H679),C679*E679*F679*H679,IF(AND(G679,H679),C679*E679*G679*H679,IF(F679,C679*E679*F679,IF(G679,C679*E679*G679,IF(H679,C679*E679*H679,C679*E679))))))),2)","v":1.62},"Sqm",{"$nulls":3},"SSR 22-23"]
[{"$nulls":13},"SSR 22-23"]
[{"$nulls":9},"Sqm",{"$f":"'data 2022-23'!F442","v":351.17},"1Sqm",{"$f":"ROUND(I681*K681,0)","v":{"v":0,"d":"0.00"}},"SSR 22-23"]
[12,"Plastering in CM (1:5) 12mm thick  single coat including c/c of all materials and labour charges such as mixing cement mortar etc and curing etc complete for finished item of work (APSS 901,  903 & 904) ",{"$nulls":11},"SSR 22-23"]
[null,"Qty.p.44 of M.B.No.1101/A/ZP/20",{"$nulls":11},"SSR 22-23"]
[null,"Alround sarpanch",1,"x",1,{"v":13.16,"d":"13.160"},{"v":0,"d":"0.000"},{"v":3.1,"d":"3.100"},{"$f":"ROUND(IF(AND(F684:H684),C684*E684*F684*G684*H684,IF(AND(F684,G684),C684*E684*F684*G684,IF(AND(F684,H684),C684*E684*F684*H684,IF(AND(G684,H684),C684*E684*G684*H684,IF(F684,C684*E684*F684,IF(G684,C684*E684*G684,IF(H684,C684*E684*H684,C684*E684))))))),2)","v":{"v":40.8,"d":"40.80"}},"Sqm",{"$nulls":3},"SSR 22-23"]
[null,"Digital room",1,"x",1,{"v":12.64,"d":"12.640"},{"v":0,"d":"0.000"},{"v":3.1,"d":"3.100"},{"$f":"ROUND(IF(AND(F685:H685),C685*E685*F685*G685*H685,IF(AND(F685,G685),C685*E685*F685*G685,IF(AND(F685,H685),C685*E685*F685*H685,IF(AND(G685,H685),C685*E685*G685*H685,IF(F685,C685*E685*F685,IF(G685,C685*E685*G685,IF(H685,C685*E685*H685,C685*E685))))))),2)","v":39.18},"Sqm",{"$nulls":3},"SSR 22-23"]
[null,"EA room",1,"x",1,{"v":11.86,"d":"11.860"},{"v":0,"d":"0.000"},{"v":3.1,"d":"3.100"},{"$f":"ROUND(IF(AND(F686:H686),C686*E686*F686*G686*H686,IF(AND(F686,G686),C686*E686*F686*G686,IF(AND(F686,H686),C686*E686*F686*H686,IF(AND(G686,H686),C686*E686*G686*H686,IF(F686,C686*E686*F686,IF(G686,C686*E686*G686,IF(H686,C686*E686*H686,C686*E686))))))),2)","v":36.77},"Sqm",{"$nulls":3},"SSR 22-23"]
[null,"Deduct staircase landing side",1,"x",1,{"v":2.95,"d":"2.950"},{"v":0,"d":"0.000"},{"v":0.15,"d":"0.150"},{"$f":"-ROUND(IF(AND(F687:H687),C687*E687*F687*G687*H687,IF(AND(F687,G687),C687*E687*F687*G687,IF(AND(F687,H687),C687*E687*F687*H687,IF(AND(G687,H687),C687*E687*G687*H687,IF(F687,C687*E687*F687,IF(G687,C687*E687*G687,IF(H687,C687*E687*H687,C687*E687))))))),2)","v":-0.44},"Sqm",{"$nulls":3},"SSR 22-23"]
[{"$nulls":13},"SSR 22-23"]
[{"$nulls":9},"Sqm",{"$f":"'data 2022-23'!F458","v":323.04},"1Sqm",{"$f":"ROUND(I689*K689,0)","v":{"v":0,"d":"0.00"}},"SSR 22-23"]
[13,"Plastering in CM (1:5) 20mm thick  single coat including c/c of all materials including all operational, incidental and labour charges such as mixing cement mortar and curing etc complete for finished item of work (APSS 901,  903 & 904)  ",{"$nulls":11},"SSR 22-23"]
[null,"Qty.p.47 of M.B.No.1101/A/ZP/20",{"$nulls":11},"SSR 22-23"]
[null,"left side",1,"x",1,12.475,{"v":0,"d":"0.000"},{"v":3.1,"d":"3.100"},{"$f":"ROUND(IF(AND(F692:H692),C692*E692*F692*G692*H692,IF(AND(F692,G692),C692*E692*F692*G692,IF(AND(F692,H692),C692*E692*F692*H692,IF(AND(G692,H692),C692*E692*G692*H692,IF(F692,C692*E692*F692,IF(G692,C692*E692*G692,IF(H692,C692*E692*H692,C692*E692))))))),2)","v":38.67},"Sqm",{"$nulls":3},"SSR 22-23"]
[null,"Back side",1,"x",1,{"v":8.84,"d":"8.840"},{"v":0,"d":"0.000"},{"v":3.1,"d":"3.100"},{"$f":"ROUND(IF(AND(F693:H693),C693*E693*F693*G693*H693,IF(AND(F693,G693),C693*E693*F693*G693,IF(AND(F693,H693),C693*E693*F693*H693,IF(AND(G693,H693),C693*E693*G693*H693,IF(F693,C693*E693*F693,IF(G693,C693*E693*G693,IF(H693,C693*E693*H693,C693*E693))))))),2)","v":{"v":27.4,"d":"27.40"}},"Sqm",{"$nulls":3},"SSR 22-23"]
[null,"Deduct landing sides",1,"x",6,{"v":1.5,"d":"1.500"},{"v":0,"d":"0.000"},{"v":1.5,"d":"1.500"},{"$f":"-ROUND(IF(AND(F694:H694),C694*E694*F694*G694*H694,IF(AND(F694,G694),C694*E694*F694*G694,IF(AND(F694,H694),C694*E694*F694*H694,IF(AND(G694,H694),C694*E694*G694*H694,IF(F694,C694*E694*F694,IF(G694,C694*E694*G694,IF(H694,C694*E694*H694,C694*E694))))))),2)","v":{"v":-13.5,"d":"-13.50"}},"Sqm",{"$nulls":3},"SSR 22-23"]
[null,"deduct ventilators",1,"x",10,{"v":0.6,"d":"0.600"},{"v":0,"d":"0.000"},{"v":0.45,"d":"0.450"},{"$f":"-ROUND(IF(AND(F695:H695),C695*E695*F695*G695*H695,IF(AND(F695,G695),C695*E695*F695*G695,IF(AND(F695,H695),C695*E695*F695*H695,IF(AND(G695,H695),C695*E695*G695*H695,IF(F695,C695*E695*F695,IF(G695,C695*E695*G695,IF(H695,C695*E695*H695,C695*E695))))))),2)","v":{"v":-2.7,"d":"-2.70"}},"Sqm",{"$nulls":3},"SSR 22-23"]
[{"$nulls":13},"SSR 22-23"]
[{"$nulls":9},"Sqm",{"$f":"'data 2022-23'!F474","v":343.23},"1Sqm",{"$f":"ROUND(I697*K697,0)","v":{"v":0,"d":"0.00"}},"SSR 22-23"]
[12,"Plastering to brick masonary wall with  12mm thick double coat in CM (1:5) 8 mm thick base coat and CM (1:3) of 4mm thick top coat with dubara sponge finish including c/c of all materials including all operational, incidental and labour charges such as mixing cement mortar and curing etc complete for finished item of work (APSS 901,  903 & 904) ",{"$nulls":11},"SSR 22-23"]
[null,"Qty.p.16 of M.B.No.1101/A/ZP/20",{"$nulls":11},"SSR 22-23"]
[null,"sapranch room",1,"x",1,{"v":13.38,"d":"13.380"},{"v":0,"d":"0.000"},{"v":3.12,"d":"3.120"},{"$f":"ROUND(IF(AND(F700:H700),C700*E700*F700*G700*H700,IF(AND(F700,G700),C700*E700*F700*G700,IF(AND(F700,H700),C700*E700*F700*H700,IF(AND(G700,H700),C700*E700*G700*H700,IF(F700,C700*E700*F700,IF(G700,C700*E700*G700,IF(H700,C700*E700*H700,C700*E700))))))),2)","v":41.75},"Sqm",{"$nulls":3},"SSR 22-23"]
[null,"Staircase opening",1,"x",1,{"v":1.5,"d":"1.500"},{"v":0,"d":"0.000"},{"v":1.35,"d":"1.350"},{"$f":"-ROUND(IF(AND(F701:H701),C701*E701*F701*G701*H701,IF(AND(F701,G701),C701*E701*F701*G701,IF(AND(F701,H701),C701*E701*F701*H701,IF(AND(G701,H701),C701*E701*G701*H701,IF(F701,C701*E701*F701,IF(G701,C701*E701*G701,IF(H701,C701*E701*H701,C701*E701))))))),2)","v":-2.03},"Sqm",{"$nulls":3},"SSR 22-23"]
[null,"Staircase portion",1,"x",1,{"v":2.7,"d":"2.700"},{"v":0,"d":"0.000"},{"v":0.15,"d":"0.150"},{"$f":"-ROUND(IF(AND(F702:H702),C702*E702*F702*G702*H702,IF(AND(F702,G702),C702*E702*F702*G702,IF(AND(F702,H702),C702*E702*F702*H702,IF(AND(G702,H702),C702*E702*G702*H702,IF(F702,C702*E702*F702,IF(G702,C702*E702*G702,IF(H702,C702*E702*H702,C702*E702))))))),2)","v":-0.41},"Sqm",{"$nulls":3},"SSR 22-23"]
[{"$nulls":13},"SSR 22-23"]
[{"$nulls":9},"Sqm",{"$f":"'data 2022-23'!F510","v":425.82},"1Sqm",{"$f":"ROUND(I704*K704,0)","v":{"v":0,"d":"0.00"}},"SSR 22-23"]
[13,"Plastering to brick masonary wall with  20mm thick double coat in CM (1:6) 16 mm thick base coat and CM (1:4) of 4mm thick top coat with dubara sponge finish including c/c of all materials including all operational, incidental and labour charges such as mixing cement mortar and curing etc complete for finished item of work (APSS 901,  903 & 904) ",{"$nulls":11},"SSR 22-23"]
[null,"Qty.p.20 of M.B.No.1101/A/ZP/20",{"$nulls":11},"SSR 22-23"]
[null,"left side",1,"x",1,{"v":12.48,"d":"12.480"},{"v":0,"d":"0.000"},{"v":3.12,"d":"3.120"},{"$f":"ROUND(IF(AND(F707:H707),C707*E707*F707*G707*H707,IF(AND(F707,G707),C707*E707*F707*G707,IF(AND(F707,H707),C707*E707*F707*H707,IF(AND(G707,H707),C707*E707*G707*H707,IF(F707,C707*E707*F707,IF(G707,C707*E707*G707,IF(H707,C707*E707*H707,C707*E707))))))),2)","v":38.94},"Sqm",{"$nulls":3},"SSR 22-23"]
[null,"Deduct door",1,"x",1,{"v":1.2,"d":"1.200"},{"v":0,"d":"0.000"},{"v":2.13,"d":"2.130"},{"$f":"-ROUND(IF(AND(F708:H708),C708*E708*F708*G708*H708,IF(AND(F708,G708),C708*E708*F708*G708,IF(AND(F708,H708),C708*E708*F708*H708,IF(AND(G708,H708),C708*E708*G708*H708,IF(F708,C708*E708*F708,IF(G708,C708*E708*G708,IF(H708,C708*E708*H708,C708*E708))))))),2)","v":-2.56},"Sqm",{"$nulls":3},"SSR 22-23"]
[null,"deduct tiolet door",1,"x",2,{"v":0.68,"d":"0.680"},{"v":0,"d":"0.000"},{"v":1.88,"d":"1.880"},{"$f":"-ROUND(IF(AND(F709:H709),C709*E709*F709*G709*H709,IF(AND(F709,G709),C709*E709*F709*G709,IF(AND(F709,H709),C709*E709*F709*H709,IF(AND(G709,H709),C709*E709*G709*H709,IF(F709,C709*E709*F709,IF(G709,C709*E709*G709,IF(H709,C709*E709*H709,C709*E709))))))),2)","v":-2.56},"Sqm",{"$nulls":3},"SSR 22-23"]
[{"$nulls":13},"SSR 22-23"]
[{"$nulls":9},"Sqm",{"$f":"'data 2022-23'!F530","v":441.63},"1Sqm",{"$f":"ROUND(I711*K711,0)","v":{"v":0,"d":"0.00"}},"SSR 22-23"]
[12,"Plain Cement Concrete  M25 Nominal mix (Cement: Sand: Metal) corresponding Table 9 of IS 456 using 20mm size graded machine crushed hard granite metal from approved quarry including c/c of all materials like Cement, Sand, coarse aggregate, water etc to site, all marerials including labour charges such as machine mixing, laying concrete, curing etc complete but excluding cost of steel and its fabrication charges for finished item of work for Steps",{"$nulls":11},"SSR 22-23"]
[null,"Qty.p.77  of M.B.No.1101/A/ZP/20",{"$nulls":11},"SSR 22-23"]
[null,"3rd landing step",10,"x",0.5,{"v":1.2,"d":"1.200"},{"v":0.17,"d":"0.170"},{"v":0.12,"d":"0.120"},{"$f":"ROUND(IF(AND(F714:H714),C714*E714*F714*G714*H714,IF(AND(F714,G714),C714*E714*F714*G714,IF(AND(F714,H714),C714*E714*F714*H714,IF(AND(G714,H714),C714*E714*G714*H714,IF(F714,C714*E714*F714,IF(G714,C714*E714*G714,IF(H714,C714*E714*H714,C714*E714))))))),2)","v":0.12},"Cum",{"$nulls":3},"SSR 22-23"]
[null,null,1,"x",1,{"v":1.2,"d":"1.200"},{"v":0.45,"d":"0.450"},{"v":0.12,"d":"0.120"},{"$f":"ROUND(IF(AND(F715:H715),C715*E715*F715*G715*H715,IF(AND(F715,G715),C715*E715*F715*G715,IF(AND(F715,H715),C715*E715*F715*H715,IF(AND(G715,H715),C715*E715*G715*H715,IF(F715,C715*E715*F715,IF(G715,C715*E715*G715,IF(H715,C715*E715*H715,C715*E715))))))),2)","v":0.06},"Cum",{"$nulls":3},"SSR 22-23"]
[null,"4th landing steps",11,"x",0.5,{"v":1.2,"d":"1.200"},{"v":0.17,"d":"0.170"},{"v":0.12,"d":"0.120"},{"$f":"ROUND(IF(AND(F716:H716),C716*E716*F716*G716*H716,IF(AND(F716,G716),C716*E716*F716*G716,IF(AND(F716,H716),C716*E716*F716*H716,IF(AND(G716,H716),C716*E716*G716*H716,IF(F716,C716*E716*F716,IF(G716,C716*E716*G716,IF(H716,C716*E716*H716,C716*E716))))))),2)","v":0.13},"Cum",{"$nulls":3},"SSR 22-23"]
[{"$nulls":13},"SSR 22-23"]
[{"$nulls":9},"Cum",{"$f":"'data 2022-23'!F269","v":5722.81},"1Cum",{"$f":"ROUND(I718*K718,0)","v":{"v":0,"d":"0.00"}},"SSR 22-23"]
[14,"Flooring with Porcelain Vitrified tiles stain free double charged of 1st quality and of size not less than 600X600X8mm thickness glossy finish premium colours, set over base coat of CM (1:8), 12mm thick over already laid CC bed / RCC Roof slab, including neat Cement slurry of honey like consistency spread @ 3.30 Kgs per Sqm & jointed with neat white Cement paste to full depth mixed with pigment of matching shade including c/c of all materials like Cement, Sand and Water and tiles etc complete including labour charges etc complete for finished item of work ",{"$nulls":11},"SSR 22-23"]
[null,"Qty.p.42 of M.B.No.1101/A/ZP/20",{"$nulls":11},"SSR 22-23"]
[null,"Sarpanch room",1,"x",1,{"v":3.35,"d":"3.350"},{"v":3.34,"d":"3.340"},{"v":0,"d":"0.000"},{"$f":"ROUND(IF(AND(F721:H721),C721*E721*F721*G721*H721,IF(AND(F721,G721),C721*E721*F721*G721,IF(AND(F721,H721),C721*E721*F721*H721,IF(AND(G721,H721),C721*E721*G721*H721,IF(F721,C721*E721*F721,IF(G721,C721*E721*G721,IF(H721,C721*E721*H721,C721*E721))))))),2)","v":11.19},"Sqm",{"$nulls":3},"SSR 22-23"]
[null,"EA room",1,"x",1,{"v":2.75,"d":"2.750"},{"v":3.34,"d":"3.340"},{"v":0,"d":"0.000"},{"$f":"ROUND(IF(AND(F722:H722),C722*E722*F722*G722*H722,IF(AND(F722,G722),C722*E722*F722*G722,IF(AND(F722,H722),C722*E722*F722*H722,IF(AND(G722,H722),C722*E722*G722*H722,IF(F722,C722*E722*F722,IF(G722,C722*E722*G722,IF(H722,C722*E722*H722,C722*E722))))))),2)","v":9.19},"Sqm",{"$nulls":3},"SSR 22-23"]
[null,"surveyor room",1,"x",1,{"v":2.78,"d":"2.780"},{"v":3.33,"d":"3.330"},{"v":0,"d":"0.000"},{"$f":"ROUND(IF(AND(F723:H723),C723*E723*F723*G723*H723,IF(AND(F723,G723),C723*E723*F723*G723,IF(AND(F723,H723),C723*E723*F723*H723,IF(AND(G723,H723),C723*E723*G723*H723,IF(F723,C723*E723*F723,IF(G723,C723*E723*G723,IF(H723,C723*E723*H723,C723*E723))))))),2)","v":9.26},"Sqm",{"$nulls":3},"SSR 22-23"]
[{"$nulls":13},"SSR 22-23"]
[{"$nulls":9},"Sqm",{"$f":"'data 2022-23'!F678","v":1103.39},"1Sqm",{"$f":"ROUND(I725*K725,0)","v":{"v":0,"d":"0.00"}},"SSR 22-23"]
[15,"Providing Skirting to internal walls to 15cm height / risers of steps with Porcelain Vitrified tiles length equal to flooring stones, set over base coat of CM (1:5) 12mm thick with Cement slurry of honey like consistency spread @ 3.30 Kgs per Sqm & jointed with white Cement paste mixed with pigment of matching shade to full depth, including c/c of materials like Cement, Sand and Water and tiles etc complete for finished item of work ",{"$nulls":11},"SSR 22-23"]
[null,"Qty.p.43 of M.B.No.1101/A/ZP/20",{"$nulls":11},"SSR 22-23"]
[null,"Sarpanch room",1,"x",1,{"v":12.33,"d":"12.330"},{"v":0,"d":"0.000"},{"v":0.1,"d":"0.100"},{"$f":"ROUND(IF(AND(F728:H728),C728*E728*F728*G728*H728,IF(AND(F728,G728),C728*E728*F728*G728,IF(AND(F728,H728),C728*E728*F728*H728,IF(AND(G728,H728),C728*E728*G728*H728,IF(F728,C728*E728*F728,IF(G728,C728*E728*G728,IF(H728,C728*E728*H728,C728*E728))))))),2)","v":1.23},"Sqm",{"$nulls":3},"SSR 22-23"]
[null,"EA room",1,"x",1,{"v":11.33,"d":"11.330"},{"v":0,"d":"0.000"},{"v":0.1,"d":"0.100"},{"$f":"ROUND(IF(AND(F729:H729),C729*E729*F729*G729*H729,IF(AND(F729,G729),C729*E729*F729*G729,IF(AND(F729,H729),C729*E729*F729*H729,IF(AND(G729,H729),C729*E729*G729*H729,IF(F729,C729*E729*F729,IF(G729,C729*E729*G729,IF(H729,C729*E729*H729,C729*E729))))))),2)","v":1.13},"Sqm",{"$nulls":3},"SSR 22-23"]
[null,"Front verandah",1,"x",1,{"v":14.8,"d":"14.800"},{"v":0,"d":"0.000"},{"v":0.1,"d":"0.100"},{"$f":"ROUND(IF(AND(F730:H730),C730*E730*F730*G730*H730,IF(AND(F730,G730),C730*E730*F730*G730,IF(AND(F730,H730),C730*E730*F730*H730,IF(AND(G730,H730),C730*E730*G730*H730,IF(F730,C730*E730*F730,IF(G730,C730*E730*G730,IF(H730,C730*E730*H730,C730*E730))))))),2)","v":1.48},"Sqm",{"$nulls":3},"SSR 22-23"]
[{"$nulls":13},"SSR 22-23"]
[{"$nulls":9},"Sqm",{"$f":"'data 2022-23'!F696","v":1098.05},"1Sqm",{"$f":"ROUND(I732*K732,0)","v":{"v":0,"d":"0.00"}},"SSR 22-23"]
[16,"Flooring with high polished granite 16 to 18 mm mm thick slabs other than black set over base coat of cement mortar (1:8), 20 mm thick over CC bed already laid or RCC roof slab, including neat cement slurry of honey like consistency spread @ 3.3.kgs per sqm & jointed neatly with white cement paste mixed with pigment of matching shade to full depth, including cost of all materials like cement, sand water and tilesetc., complete, including seigniorage charges, labour charges for dressing of tilesetc., complete for finished item of work, but excluding the cost of conveyance of all materials",{"$nulls":11},"SSR 22-23"]
[null,"Qty.p.45 of M.B.No.1101/A/ZP/20",{"$nulls":11},"SSR 22-23"]
[null,"1st flight steps",1,"x",11,{"v":1.35,"d":"1.350"},{"v":0.3,"d":"0.300"},{"v":0,"d":"0.000"},{"$f":"ROUND(IF(AND(F735:H735),C735*E735*F735*G735*H735,IF(AND(F735,G735),C735*E735*F735*G735,IF(AND(F735,H735),C735*E735*F735*H735,IF(AND(G735,H735),C735*E735*G735*H735,IF(F735,C735*E735*F735,IF(G735,C735*E735*G735,IF(H735,C735*E735*H735,C735*E735))))))),2)","v":4.46},"Sqm",{"$nulls":3},"SSR 22-23"]
[null,null,1,"x",1,{"v":1.3,"d":"1.300"},{"v":0.3,"d":"0.300"},{"v":0,"d":"0.000"},{"$f":"ROUND(IF(AND(F736:H736),C736*E736*F736*G736*H736,IF(AND(F736,G736),C736*E736*F736*G736,IF(AND(F736,H736),C736*E736*F736*H736,IF(AND(G736,H736),C736*E736*G736*H736,IF(F736,C736*E736*F736,IF(G736,C736*E736*G736,IF(H736,C736*E736*H736,C736*E736))))))),2)","v":0.39},"Sqm",{"$nulls":3},"SSR 22-23"]
[null,"2nd flight steps",1,"x",11,{"v":1.32,"d":"1.320"},{"v":0.3,"d":"0.300"},{"v":0,"d":"0.000"},{"$f":"ROUND(IF(AND(F737:H737),C737*E737*F737*G737*H737,IF(AND(F737,G737),C737*E737*F737*G737,IF(AND(F737,H737),C737*E737*F737*H737,IF(AND(G737,H737),C737*E737*G737*H737,IF(F737,C737*E737*F737,IF(G737,C737*E737*G737,IF(H737,C737*E737*H737,C737*E737))))))),2)","v":4.36},"Sqm",{"$nulls":3},"SSR 22-23"]
[{"$nulls":13},"SSR 22-23"]
[{"$nulls":9},"Sqm",{"$f":"'data 2022-23'!F600","v":3181.62},"1Sqm",{"$f":"ROUND(I739*K739,0)","v":{"v":0,"d":"0.00"}},"SSR 22-23"]
[17,"Providing skirting to internal walls to 15 cm height/risers of steps with 16-18 mm thick  polished granite tiles length equal to flooring stones, set over base coat of CM (1:3) 12 mm thick with cement slurry of honey like consistency spread at the rate of 3.30 kgs per sqm and jointed with white cement paste mixed with pigment of matching shade to full depth, including cost of all materials like tiles, cement, sand and water etc., complete including seigniorage charges, etc., complete for finished item of work",{"$nulls":11},"SSR 22-23"]
[null,"Qty.p.46 of M.B.No.1101/A/ZP/20",{"$nulls":11},"SSR 22-23"]
[null,"FF 1st and 2nd flight raisers",1,"x",11,{"v":1.35,"d":"1.350"},{"v":0.15,"d":"0.150"},{"v":0,"d":"0.000"},{"$f":"ROUND(IF(AND(F742:H742),C742*E742*F742*G742*H742,IF(AND(F742,G742),C742*E742*F742*G742,IF(AND(F742,H742),C742*E742*F742*H742,IF(AND(G742,H742),C742*E742*G742*H742,IF(F742,C742*E742*F742,IF(G742,C742*E742*G742,IF(H742,C742*E742*H742,C742*E742))))))),2)","v":2.23},"Sqm",{"$nulls":3},"SSR 22-23"]
[null,null,1,"x",11,{"v":1.32,"d":"1.320"},{"v":0.15,"d":"0.150"},{"v":0,"d":"0.000"},{"$f":"ROUND(IF(AND(F743:H743),C743*E743*F743*G743*H743,IF(AND(F743,G743),C743*E743*F743*G743,IF(AND(F743,H743),C743*E743*F743*H743,IF(AND(G743,H743),C743*E743*G743*H743,IF(F743,C743*E743*F743,IF(G743,C743*E743*G743,IF(H743,C743*E743*H743,C743*E743))))))),2)","v":2.18},"Sqm",{"$nulls":3},"SSR 22-23"]
[null,"2nd flight",1,"x",11,{"v":0.4,"d":"0.400"},{"v":0,"d":"0.000"},{"v":0.14,"d":"0.140"},{"$f":"ROUND(IF(AND(F744:H744),C744*E744*F744*G744*H744,IF(AND(F744,G744),C744*E744*F744*G744,IF(AND(F744,H744),C744*E744*F744*H744,IF(AND(G744,H744),C744*E744*G744*H744,IF(F744,C744*E744*F744,IF(G744,C744*E744*G744,IF(H744,C744*E744*H744,C744*E744))))))),2)","v":0.62},"Sqm",{"$nulls":3},"SSR 22-23"]
[{"$nulls":13},"SSR 22-23"]
[{"$nulls":9},"Sqm",{"$f":"'data 2022-23'!F619","v":2950.54},"1Sqm",{"$f":"ROUND(I746*K746,0)","v":{"v":0,"d":"0.00"}},"SSR 22-23"]
[26,"Flooring with chequrred terrazzo tiles of 22 mm thick (medium shade) set over base coat of cement mortar (1:6) 12 mm thick over CC bed already laid or RCC roof slab, including near cement slurry of honey like consistency spread @ 3.3.kgs per sqm & jointed with neat cement to full depth mixed with pigment of matching shade including cost of all materials like cement, sand water and tiles etc., complete, including seigniorage charges, complete for finished item of work,",{"$nulls":11},"SSR 22-23"]
[null,"Qty.p.13 of M.B.No.1101/A/ZP/20",{"$nulls":11},"SSR 22-23"]
[null,"Verandah",1,"x",1,{"v":9.87,"d":"9.870"},{"v":1.83,"d":"1.830"},{"v":0,"d":"0.000"},{"$f":"ROUND(IF(AND(F749:H749),C749*E749*F749*G749*H749,IF(AND(F749,G749),C749*E749*F749*G749,IF(AND(F749,H749),C749*E749*F749*H749,IF(AND(G749,H749),C749*E749*G749*H749,IF(F749,C749*E749*F749,IF(G749,C749*E749*G749,IF(H749,C749*E749*H749,C749*E749))))))),2)","v":18.06},"Sqm",{"$nulls":3},"SSR 22-23"]
[null,"Ramp",1,"x",1,{"v":2.83,"d":"2.830"},{"v":1.55,"d":"1.550"},{"v":0,"d":"0.000"},{"$f":"ROUND(IF(AND(F750:H750),C750*E750*F750*G750*H750,IF(AND(F750,G750),C750*E750*F750*G750,IF(AND(F750,H750),C750*E750*F750*H750,IF(AND(G750,H750),C750*E750*G750*H750,IF(F750,C750*E750*F750,IF(G750,C750*E750*G750,IF(H750,C750*E750*H750,C750*E750))))))),2)","v":4.39},"Sqm",{"$nulls":3},"SSR 22-23"]
[null,null,1,"x",1,{"v":2.65,"d":"2.650"},{"v":0.53,"d":"0.530"},{"v":0,"d":"0.000"},{"$f":"ROUND(IF(AND(F751:H751),C751*E751*F751*G751*H751,IF(AND(F751,G751),C751*E751*F751*G751,IF(AND(F751,H751),C751*E751*F751*H751,IF(AND(G751,H751),C751*E751*G751*H751,IF(F751,C751*E751*F751,IF(G751,C751*E751*G751,IF(H751,C751*E751*H751,C751*E751))))))),2)","v":{"v":1.4,"d":"1.40"}},"Sqm",{"$nulls":3},"SSR 22-23"]
[null,"Staircase steps",1,"x",21,{"v":1.28,"d":"1.280"},{"v":0.3,"d":"0.300"},{"v":0,"d":"0.000"},{"$f":"ROUND(IF(AND(F752:H752),C752*E752*F752*G752*H752,IF(AND(F752,G752),C752*E752*F752*G752,IF(AND(F752,H752),C752*E752*F752*H752,IF(AND(G752,H752),C752*E752*G752*H752,IF(F752,C752*E752*F752,IF(G752,C752*E752*G752,IF(H752,C752*E752*H752,C752*E752))))))),2)","v":8.06},"Sqm",{"$nulls":3},"SSR 22-23"]
[{"$nulls":13},"SSR 22-23"]
[{"$nulls":9},"Sqm",{"$f":"'data 2022-23'!F640","v":780.73},"1Sqm",{"$f":"ROUND(I754*K754,0)","v":{"v":0,"d":"0.00"}},"SSR 22-23"]
[27,"Providing skirting to internal walls to 15 cm height/risers of steps with chequrred terrazzo tiles length equal to flooring stones, set over base coat of CM (1:5) 12 mm thick with cement slurry of honey like consistency spread at the rate of 3.30 kgs per sqm and jointed with white cement paste mixed with pigment of matching shade to full depth, including cost of all materials like tiles, cement, sand and water etc., complete including seigniorage charges, etc., complete for finished item of work,",{"$nulls":11},"SSR 22-23"]
[null,"Qty.p.14 of M.B.No.1101/A/ZP/20",{"$nulls":11},"SSR 22-23"]
[null,"Landing",1,"x",2,{"v":5.25,"d":"5.250"},{"v":0,"d":"0.000"},{"v":0.1,"d":"0.100"},{"$f":"ROUND(IF(AND(F757:H757),C757*E757*F757*G757*H757,IF(AND(F757,G757),C757*E757*F757*G757,IF(AND(F757,H757),C757*E757*F757*H757,IF(AND(G757,H757),C757*E757*G757*H757,IF(F757,C757*E757*F757,IF(G757,C757*E757*G757,IF(H757,C757*E757*H757,C757*E757))))))),2)","v":1.05},"Sqm",{"$nulls":3},"SSR 22-23"]
[null,"Verandah",1,"x",1,{"v":9.87,"d":"9.870"},{"v":0,"d":"0.000"},{"v":0.1,"d":"0.100"},{"$f":"ROUND(IF(AND(F758:H758),C758*E758*F758*G758*H758,IF(AND(F758,G758),C758*E758*F758*G758,IF(AND(F758,H758),C758*E758*F758*H758,IF(AND(G758,H758),C758*E758*G758*H758,IF(F758,C758*E758*F758,IF(G758,C758*E758*G758,IF(H758,C758*E758*H758,C758*E758))))))),2)","v":0.99},"Sqm",{"$nulls":3},"SSR 22-23"]
[null,"Entrance steps risers",1,"x",5,{"v":2.72,"d":"2.720"},{"v":0,"d":"0.000"},{"v":0.17,"d":"0.170"},{"$f":"ROUND(IF(AND(F759:H759),C759*E759*F759*G759*H759,IF(AND(F759,G759),C759*E759*F759*G759,IF(AND(F759,H759),C759*E759*F759*H759,IF(AND(G759,H759),C759*E759*G759*H759,IF(F759,C759*E759*F759,IF(G759,C759*E759*G759,IF(H759,C759*E759*H759,C759*E759))))))),2)","v":2.31},"Sqm",{"$nulls":3},"SSR 22-23"]
[{"$nulls":13},"SSR 22-23"]
[{"$nulls":9},"Sqm",{"$f":"'data 2022-23'!F658","v":{"v":786.2,"d":"786.20"}},"1Sqm",{"$f":"ROUND(I761*K761,0)","v":{"v":0,"d":"0.00"}},"SSR 22-23"]
[17,"Flooring with Ceramic non skid tiles of not less than 7-8mm thick 1st quality laid over floor bed / VRCC slab set over base coat of CM (1:8), 12mm thick and neat grey Cement slurry of honey like consistency spread @ 3.30 Kgs per Sqm & jointed with neat white Cement paste to full depth mixed with pigment of matching shade including c/c of all materials to site including cost of mixing of mortar and watering and levelling to proper slope and curing including all labour charges etc for finished item of work  ",{"$nulls":11},"SSR 22-23"]
[null,"Qty.p.49 of M.B.No.1101/A/ZP/20",{"$nulls":11},"SSR 22-23"]
[null,"Ramp",1,"x",1,{"v":4.15,"d":"4.150"},{"v":2.4,"d":"2.400"},{"v":0,"d":"0.000"},{"$f":"ROUND(IF(AND(F764:H764),C764*E764*F764*G764*H764,IF(AND(F764,G764),C764*E764*F764*G764,IF(AND(F764,H764),C764*E764*F764*H764,IF(AND(G764,H764),C764*E764*G764*H764,IF(F764,C764*E764*F764,IF(G764,C764*E764*G764,IF(H764,C764*E764*H764,C764*E764))))))),2)","v":9.96},"Sqm",{"$nulls":3},"SSR 22-23"]
[null,"Verandah",1,"x",1,{"v":5.7,"d":"5.700"},{"v":2.4,"d":"2.400"},{"v":0,"d":"0.000"},{"$f":"ROUND(IF(AND(F765:H765),C765*E765*F765*G765*H765,IF(AND(F765,G765),C765*E765*F765*G765,IF(AND(F765,H765),C765*E765*F765*H765,IF(AND(G765,H765),C765*E765*G765*H765,IF(F765,C765*E765*F765,IF(G765,C765*E765*G765,IF(H765,C765*E765*H765,C765*E765))))))),2)","v":13.68},"Sqm",{"$nulls":3},"SSR 22-23"]
[null,"Back side",1,"x",1,{"v":0.7,"d":"0.700"},{"v":9.4,"d":"9.400"},{"v":0,"d":"0.000"},{"$f":"ROUND(IF(AND(F766:H766),C766*E766*F766*G766*H766,IF(AND(F766,G766),C766*E766*F766*G766,IF(AND(F766,H766),C766*E766*F766*H766,IF(AND(G766,H766),C766*E766*G766*H766,IF(F766,C766*E766*F766,IF(G766,C766*E766*G766,IF(H766,C766*E766*H766,C766*E766))))))),2)","v":6.58},"Sqm",{"$nulls":3},"SSR 22-23"]
[{"$nulls":13},"SSR 22-23"]
[{"$nulls":9},"Sqm",{"$f":"'data 2022-23'!F714","v":837.86},"1Sqm",{"$f":"ROUND(I768*K768,0)","v":{"v":0,"d":"0.00"}},"SSR 22-23"]
[18,"Providing Daddooing to walls with 5 to 7mm thick Glazed Ceramic wall tiles of 1st quality of 6mm thick set over base coat of CM (1:3) 12mm thick with Cement slurry of honey like consistency spread @ 3.30 Kgs per Sqm & jointed with neat white Cement paste to full depth mixed with pigment of matching shade including c/c of all materials to site, cost of all materials like tiles, Cement, sand and water etc complete for finished item of work  ",{"$nulls":11},"SSR 22-23"]
[null,"Qty.p.50 of M.B.No.1101/A/ZP/20",{"$nulls":11},"SSR 22-23"]
[null,"Sarpanch tiolet",1,"x",1,{"v":6.12,"d":"6.120"},{"v":1.95,"d":"1.950"},{"v":0,"d":"0.000"},{"$f":"ROUND(IF(AND(F771:H771),C771*E771*F771*G771*H771,IF(AND(F771,G771),C771*E771*F771*G771,IF(AND(F771,H771),C771*E771*F771*H771,IF(AND(G771,H771),C771*E771*G771*H771,IF(F771,C771*E771*F771,IF(G771,C771*E771*G771,IF(H771,C771*E771*H771,C771*E771))))))),2)","v":11.93},"Sqm",{"$nulls":3},"SSR 22-23"]
[null,"Ladies tiolet",1,"x",1,{"v":6.06,"d":"6.060"},{"v":1.95,"d":"1.950"},{"v":0,"d":"0.000"},{"$f":"ROUND(IF(AND(F772:H772),C772*E772*F772*G772*H772,IF(AND(F772,G772),C772*E772*F772*G772,IF(AND(F772,H772),C772*E772*F772*H772,IF(AND(G772,H772),C772*E772*G772*H772,IF(F772,C772*E772*F772,IF(G772,C772*E772*G772,IF(H772,C772*E772*H772,C772*E772))))))),2)","v":11.82},"Sqm",{"$nulls":3},"SSR 22-23"]
[null,null,3,"x",1,{"v":0.7,"d":"0.700"},{"v":1.92,"d":"1.920"},{"v":0,"d":"0.000"},{"$f":"-ROUND(IF(AND(F773:H773),C773*E773*F773*G773*H773,IF(AND(F773,G773),C773*E773*F773*G773,IF(AND(F773,H773),C773*E773*F773*H773,IF(AND(G773,H773),C773*E773*G773*H773,IF(F773,C773*E773*F773,IF(G773,C773*E773*G773,IF(H773,C773*E773*H773,C773*E773))))))),2)","v":-4.03},"Sqm",{"$nulls":3},"SSR 22-23"]
[{"$nulls":13},"SSR 22-23"]
[{"$nulls":9},"Sqm",{"$f":"'data 2022-23'!F731","v":527.21},"1Sqm",{"$f":"ROUND(I775*K775,0)","v":{"v":0,"d":"0.00"}},"SSR 22-23"]
[27,"Flooring with pressed clay flooring tiles, set over base coat of cement mortar (1:8) 12 mm thick over CC bed already laid or RCC roof slab, including neat cement slurry of honey like consistency spread @ 3.3.kgs per sqm & jointed neatly with cement mixed with pigment of matching shade to full depth, including cost of all materials like cement, sand water and tiles etc., complete, for finished item of work,     ",{"$nulls":11},"SSR 22-23"]
[null,"Qty.P.No. 53 of M.B.No.1101/A/ZP/20",{"$nulls":11},"SSR 22-23"]
[null,"Roofing tiles",2,"x",0.5,{"v":0.96,"d":"0.960"},{"v":1,"d":"1.000"},{"v":0,"d":"0.000"},{"$f":"ROUND(IF(AND(F778:H778),C778*E778*F778*G778*H778,IF(AND(F778,G778),C778*E778*F778*G778,IF(AND(F778,H778),C778*E778*F778*H778,IF(AND(G778,H778),C778*E778*G778*H778,IF(F778,C778*E778*F778,IF(G778,C778*E778*G778,IF(H778,C778*E778*H778,C778*E778))))))),2)","v":0.96},"Sqm",{"$nulls":3},"SSR 22-23"]
[null,null,1,"x",2,{"v":3.6,"d":"3.600"},{"v":1.13,"d":"1.130"},{"v":0,"d":"0.000"},{"$f":"ROUND(IF(AND(F779:H779),C779*E779*F779*G779*H779,IF(AND(F779,G779),C779*E779*F779*G779,IF(AND(F779,H779),C779*E779*F779*H779,IF(AND(G779,H779),C779*E779*G779*H779,IF(F779,C779*E779*F779,IF(G779,C779*E779*G779,IF(H779,C779*E779*H779,C779*E779))))))),2)","v":8.14},"Sqm",{"$nulls":3},"SSR 22-23"]
[null,null,1,"x",2,{"v":1.96,"d":"1.960"},{"v":1,"d":"1.000"},{"v":0,"d":"0.000"},{"$f":"ROUND(IF(AND(F780:H780),C780*E780*F780*G780*H780,IF(AND(F780,G780),C780*E780*F780*G780,IF(AND(F780,H780),C780*E780*F780*H780,IF(AND(G780,H780),C780*E780*G780*H780,IF(F780,C780*E780*F780,IF(G780,C780*E780*G780,IF(H780,C780*E780*H780,C780*E780))))))),2)","v":3.92},"Sqm",{"$nulls":3},"SSR 22-23"]
[null,null,1,"x",2,{"v":1.33,"d":"1.330"},{"v":1.1,"d":"1.100"},{"v":0,"d":"0.000"},{"$f":"ROUND(IF(AND(F781:H781),C781*E781*F781*G781*H781,IF(AND(F781,G781),C781*E781*F781*G781,IF(AND(F781,H781),C781*E781*F781*H781,IF(AND(G781,H781),C781*E781*G781*H781,IF(F781,C781*E781*F781,IF(G781,C781*E781*G781,IF(H781,C781*E781*H781,C781*E781))))))),2)","v":2.93},"Sqm",{"$nulls":3},"SSR 22-23"]
[{"$nulls":13},"SSR 22-23"]
[{"$nulls":9},"Sqm",{"$f":"'data 2022-23'!F759","v":1059.21},"1Sqm",{"$f":"ROUND(I783*K783,0)","v":{"v":0,"d":"0.00"}},"SSR 22-23"]
[26,"White washing one coat with whiting of approved quality to give an even shade after thoroughly brushing the surface to remove all dirt and remains of loose powdered materials including cost of all materials, labour charges and incidental such as scaffolding, lift charges etc., complete for finished item of wor",{"$nulls":11},"SSR 22-23"]
[null,"Qty.p.17 of M.B.No.1101/A/ZP/20",{"$nulls":11},"SSR 22-23"]
[null,"Hall",1,"x",1,{"v":8.5,"d":"8.500"},{"v":4.95,"d":"4.950"},{"v":0,"d":"0.000"},{"$f":"ROUND(IF(AND(F786:H786),C786*E786*F786*G786*H786,IF(AND(F786,G786),C786*E786*F786*G786,IF(AND(F786,H786),C786*E786*F786*H786,IF(AND(G786,H786),C786*E786*G786*H786,IF(F786,C786*E786*F786,IF(G786,C786*E786*G786,IF(H786,C786*E786*H786,C786*E786))))))),2)","v":42.08},"Sqm",{"$nulls":3},"SSR 22-23"]
[null,"Front projection",1,"x",1,{"v":5.5,"d":"5.500"},{"v":2.4,"d":"2.400"},{"v":0,"d":"0.000"},{"$f":"ROUND(IF(AND(F787:H787),C787*E787*F787*G787*H787,IF(AND(F787,G787),C787*E787*F787*G787,IF(AND(F787,H787),C787*E787*F787*H787,IF(AND(G787,H787),C787*E787*G787*H787,IF(F787,C787*E787*F787,IF(G787,C787*E787*G787,IF(H787,C787*E787*H787,C787*E787))))))),2)","v":{"v":13.2,"d":"13.20"}},"Sqm",{"$nulls":3},"SSR 22-23"]
[null,"East side",1,"x",1,{"v":8.85,"d":"8.850"},{"v":0,"d":"0.000"},{"v":3.6,"d":"3.600"},{"$f":"ROUND(IF(AND(F788:H788),C788*E788*F788*G788*H788,IF(AND(F788,G788),C788*E788*F788*G788,IF(AND(F788,H788),C788*E788*F788*H788,IF(AND(G788,H788),C788*E788*G788*H788,IF(F788,C788*E788*F788,IF(G788,C788*E788*G788,IF(H788,C788*E788*H788,C788*E788))))))),2)","v":31.86},"Sqm",{"$nulls":3},"SSR 22-23"]
[null,"North side",1,"x",1,{"v":6.25,"d":"6.250"},{"v":0,"d":"0.000"},{"v":3.6,"d":"3.600"},{"$f":"ROUND(IF(AND(F789:H789),C789*E789*F789*G789*H789,IF(AND(F789,G789),C789*E789*F789*G789,IF(AND(F789,H789),C789*E789*F789*H789,IF(AND(G789,H789),C789*E789*G789*H789,IF(F789,C789*E789*F789,IF(G789,C789*E789*G789,IF(H789,C789*E789*H789,C789*E789))))))),2)","v":{"v":22.5,"d":"22.50"}},"Sqm",{"$nulls":3},"SSR 22-23"]
[null,"West side",1,"x",1,{"v":5.45,"d":"5.450"},{"v":0,"d":"0.000"},{"v":3.2,"d":"3.200"},{"$f":"ROUND(IF(AND(F790:H790),C790*E790*F790*G790*H790,IF(AND(F790,G790),C790*E790*F790*G790,IF(AND(F790,H790),C790*E790*F790*H790,IF(AND(G790,H790),C790*E790*G790*H790,IF(F790,C790*E790*F790,IF(G790,C790*E790*G790,IF(H790,C790*E790*H790,C790*E790))))))),2)","v":17.44},"Sqm",{"$nulls":3},"SSR 22-23"]
[{"$nulls":13},"SSR 22-23"]
[{"$nulls":9},"Sqm",{"$f":"'data 2022-23'!F794","v":25.98},"1Sqm",{"$f":"ROUND(I792*K792,0)","v":{"v":0,"d":"0.00"}},"SSR 22-23"]
[19,"Providing and applying Wall putty of White Cement or Polymer or Cement based of average 1 to 2 mm thickness over plastered surface to prepare the surface even and smooth after thoroughly brushing the surface to remove all dirt and remains of loose powdered materials, applying emery paper, Sand the surface, clean & wipe off loose dust, applying knifing paste filler by putty knife / muslin pad, air dry for 2 - 3 hrs, sand with 180 and 320 No., emery paper for the surface preparation including cost and conveyance of all materials and all operational, incidental and all labour charges etc., complete for finished item of work in all floors for internal walls",{"$nulls":11},"SSR 22-23"]
[null,"Qty.p.16 of M.B.No.1101/A/ZP/20",{"$nulls":11},"SSR 22-23"]
[null,"sapranch room",1,"x",1,{"v":13.38,"d":"13.380"},{"v":0,"d":"0.000"},{"v":3.12,"d":"3.120"},{"$f":"ROUND(IF(AND(F795:H795),C795*E795*F795*G795*H795,IF(AND(F795,G795),C795*E795*F795*G795,IF(AND(F795,H795),C795*E795*F795*H795,IF(AND(G795,H795),C795*E795*G795*H795,IF(F795,C795*E795*F795,IF(G795,C795*E795*G795,IF(H795,C795*E795*H795,C795*E795))))))),2)","v":41.75},"Sqm",{"$nulls":3},"SSR 22-23"]
[null,"EA room",1,"x",1,{"v":12.18,"d":"12.180"},{"v":0,"d":"0.000"},{"v":3.12,"d":"3.120"},{"$f":"ROUND(IF(AND(F796:H796),C796*E796*F796*G796*H796,IF(AND(F796,G796),C796*E796*F796*G796,IF(AND(F796,H796),C796*E796*F796*H796,IF(AND(G796,H796),C796*E796*G796*H796,IF(F796,C796*E796*F796,IF(G796,C796*E796*G796,IF(H796,C796*E796*H796,C796*E796))))))),2)","v":{"v":38,"d":"38.00"}},"Sqm",{"$nulls":3},"SSR 22-23"]
[null,"survey room",1,"x",1,{"v":12.22,"d":"12.220"},{"v":0,"d":"0.000"},{"v":3.12,"d":"3.120"},{"$f":"ROUND(IF(AND(F797:H797),C797*E797*F797*G797*H797,IF(AND(F797,G797),C797*E797*F797*G797,IF(AND(F797,H797),C797*E797*F797*H797,IF(AND(G797,H797),C797*E797*G797*H797,IF(F797,C797*E797*F797,IF(G797,C797*E797*G797,IF(H797,C797*E797*H797,C797*E797))))))),2)","v":38.13},"Sqm",{"$nulls":3},"SSR 22-23"]
[null,"Meeting Hall",1,"x",1,{"v":17.34,"d":"17.340"},{"v":0,"d":"0.000"},{"v":3.12,"d":"3.120"},{"$f":"ROUND(IF(AND(F798:H798),C798*E798*F798*G798*H798,IF(AND(F798,G798),C798*E798*F798*G798,IF(AND(F798,H798),C798*E798*F798*H798,IF(AND(G798,H798),C798*E798*G798*H798,IF(F798,C798*E798*F798,IF(G798,C798*E798*G798,IF(H798,C798*E798*H798,C798*E798))))))),2)","v":{"v":54.1,"d":"54.10"}},"Sqm",{"$nulls":3},"SSR 22-23"]
[null,"window sides",1,"x",6,{"v":5.7,"d":"5.700"},{"v":0,"d":"0.000"},0.115,{"$f":"ROUND(IF(AND(F799:H799),C799*E799*F799*G799*H799,IF(AND(F799,G799),C799*E799*F799*G799,IF(AND(F799,H799),C799*E799*F799*H799,IF(AND(G799,H799),C799*E799*G799*H799,IF(F799,C799*E799*F799,IF(G799,C799*E799*G799,IF(H799,C799*E799*H799,C799*E799))))))),2)","v":3.93},"Sqm",{"$nulls":3},"SSR 22-23"]
[null,null,1,"x",2,{"v":1.2,"d":"1.200"},{"v":0,"d":"0.000"},{"v":2.1,"d":"2.100"},{"$f":"-ROUND(IF(AND(F800:H800),C800*E800*F800*G800*H800,IF(AND(F800,G800),C800*E800*F800*G800,IF(AND(F800,H800),C800*E800*F800*H800,IF(AND(G800,H800),C800*E800*G800*H800,IF(F800,C800*E800*F800,IF(G800,C800*E800*G800,IF(H800,C800*E800*H800,C800*E800))))))),2)","v":-5.04},"Sqm",{"$nulls":3},"SSR 22-23"]
[{"$nulls":13},"SSR 22-23"]
[{"$nulls":9},"Sqm",{"$f":"'data 2022-23'!F809","v":184.03},"1Sqm",{"$f":"ROUND(I802*K802,0)","v":{"v":0,"d":"0.00"}},"SSR 22-23"]
[20,"Painting to new walls with 2 coats of acrylic Emulsion paint Asian or equivalent and shade over Priming coat with Cement primer water base interior Gr-1 Asian or equivalent on new plastered surface after throughly brushing the surace remove all dirt and remains of loose powdered materials including cost and conveyance of all materials to worksite and all oparational, incidental, labour charges etc complete for  finished item of work as per SS 911 for internal walls",{"$nulls":11},"SSR 22-23"]
[null,"Qty.p.31 of M.B.No.1101/A/ZP/20",{"$nulls":11},"SSR 22-23"]
[null,"left side",1,"x",1,{"v":12.48,"d":"12.480"},{"v":0,"d":"0.000"},{"v":3.12,"d":"3.120"},{"$f":"ROUND(IF(AND(F805:H805),C805*E805*F805*G805*H805,IF(AND(F805,G805),C805*E805*F805*G805,IF(AND(F805,H805),C805*E805*F805*H805,IF(AND(G805,H805),C805*E805*G805*H805,IF(F805,C805*E805*F805,IF(G805,C805*E805*G805,IF(H805,C805*E805*H805,C805*E805))))))),2)","v":38.94},"Sqm",{"$nulls":3},"SSR 22-23"]
[null,"left side",1,"x",1,{"v":8.92,"d":"8.920"},{"v":0,"d":"0.000"},{"v":3.12,"d":"3.120"},{"$f":"ROUND(IF(AND(F806:H806),C806*E806*F806*G806*H806,IF(AND(F806,G806),C806*E806*F806*G806,IF(AND(F806,H806),C806*E806*F806*H806,IF(AND(G806,H806),C806*E806*G806*H806,IF(F806,C806*E806*F806,IF(G806,C806*E806*G806,IF(H806,C806*E806*H806,C806*E806))))))),2)","v":27.83},"Sqm",{"$nulls":3},"SSR 22-23"]
[null,"left side",1,"x",1,{"v":1.2,"d":"1.200"},{"v":0,"d":"0.000"},{"v":2.1,"d":"2.100"},{"$f":"ROUND(IF(AND(F807:H807),C807*E807*F807*G807*H807,IF(AND(F807,G807),C807*E807*F807*G807,IF(AND(F807,H807),C807*E807*F807*H807,IF(AND(G807,H807),C807*E807*G807*H807,IF(F807,C807*E807*F807,IF(G807,C807*E807*G807,IF(H807,C807*E807*H807,C807*E807))))))),2)","v":2.52},"Sqm",{"$nulls":3},"SSR 22-23"]
[null,"left side",1,"x",1,{"v":1.5,"d":"1.500"},{"v":0,"d":"0.000"},{"v":1.35,"d":"1.350"},{"$f":"ROUND(IF(AND(F808:H808),C808*E808*F808*G808*H808,IF(AND(F808,G808),C808*E808*F808*G808,IF(AND(F808,H808),C808*E808*F808*H808,IF(AND(G808,H808),C808*E808*G808*H808,IF(F808,C808*E808*F808,IF(G808,C808*E808*G808,IF(H808,C808*E808*H808,C808*E808))))))),2)","v":2.03},"Sqm",{"$nulls":3},"SSR 22-23"]
[null,"left side",1,"x",1,{"v":2.7,"d":"2.700"},{"v":0,"d":"0.000"},{"v":0.15,"d":"0.150"},{"$f":"ROUND(IF(AND(F809:H809),C809*E809*F809*G809*H809,IF(AND(F809,G809),C809*E809*F809*G809,IF(AND(F809,H809),C809*E809*F809*H809,IF(AND(G809,H809),C809*E809*G809*H809,IF(F809,C809*E809*F809,IF(G809,C809*E809*G809,IF(H809,C809*E809*H809,C809*E809))))))),2)","v":0.41},"Sqm",{"$nulls":3},"SSR 22-23"]
[{"$nulls":13},"SSR 22-23"]
[{"$nulls":9},"Sqm",{"$f":"'data 2022-23'!F844","v":158.36},"1Sqm",{"$f":"ROUND(I811*K811,0)","v":{"v":0,"d":"0.00"}},"SSR 22-23"]
[21,"Painting to new walls with 2 coats of acrylic Emulsion paint Asian or equivalent and shade over Priming coat with Cement primer water base interior Gr-1 Asian or equivalent on new plastered surface after throughly brushing the surace remove all dirt and remains of loose powdered materials including cost and conveyance of all materials to worksite and all oparational, incidental, labour charges etc complete for  finished item of work as per SS 911 for external walls",{"$nulls":11},"SSR 22-23"]
[null,"Qty.p.35 of M.B.No.1101/A/ZP/20",{"$nulls":11},"SSR 22-23"]
[null,"left side",1,"x",1,{"v":12.48,"d":"12.480"},{"v":0,"d":"0.000"},{"v":3.12,"d":"3.120"},{"$f":"ROUND(IF(AND(F814:H814),C814*E814*F814*G814*H814,IF(AND(F814,G814),C814*E814*F814*G814,IF(AND(F814,H814),C814*E814*F814*H814,IF(AND(G814,H814),C814*E814*G814*H814,IF(F814,C814*E814*F814,IF(G814,C814*E814*G814,IF(H814,C814*E814*H814,C814*E814))))))),2)","v":38.94},"Sqm",{"$nulls":3},"SSR 22-23"]
[null,"Back side",1,"x",1,{"v":8.92,"d":"8.920"},{"v":0,"d":"0.000"},{"v":3.12,"d":"3.120"},{"$f":"ROUND(IF(AND(F815:H815),C815*E815*F815*G815*H815,IF(AND(F815,G815),C815*E815*F815*G815,IF(AND(F815,H815),C815*E815*F815*H815,IF(AND(G815,H815),C815*E815*G815*H815,IF(F815,C815*E815*F815,IF(G815,C815*E815*G815,IF(H815,C815*E815*H815,C815*E815))))))),2)","v":27.83},"Sqm",{"$nulls":3},"SSR 22-23"]
[null,null,1,"x",1,{"v":4.4,"d":"4.400"},{"v":0.88,"d":"0.880"},{"v":0,"d":"0.000"},{"$f":"ROUND(IF(AND(F816:H816),C816*E816*F816*G816*H816,IF(AND(F816,G816),C816*E816*F816*G816,IF(AND(F816,H816),C816*E816*F816*H816,IF(AND(G816,H816),C816*E816*G816*H816,IF(F816,C816*E816*F816,IF(G816,C816*E816*G816,IF(H816,C816*E816*H816,C816*E816))))))),2)","v":3.87},"Sqm",{"$nulls":3},"SSR 22-23"]
[{"$nulls":13},"SSR 22-23"]
[{"$nulls":9},"Sqm",{"$f":"'data 2022-23'!F858","v":217.22},"1Sqm",{"$f":"ROUND(I818*K818,0)","v":{"v":0,"d":"0.00"}},"SSR 22-23"]
[22,"Supplying, fitting & placing HYSD bar reinforcement in foundation complete including labour charges for cutting, bending to required sizes and shapes, placing in position and tying with binding wire, forming grills for reinforcement work including c/c of steel bars below 36mm dia including overlaps and wastage, where they are not welded ",{"$nulls":11},"SSR 22-23"]
[null,"Qty.p.65  of M.B.No.1101/A/ZP/20","FF Lintels",{"$nulls":6},"Kgs",{"$nulls":3},"SSR 22-23"]
[null,"Qty.p.77  of M.B.No.1101/A/ZP/20","FF Lintels",{"$nulls":6},"Kgs",{"$nulls":3},"SSR 22-23"]
[null,"Qty.p.78  of M.B.No.1101/A/ZP/20","FF sunshades",{"$nulls":6},"Kgs",{"$nulls":3},"SSR 22-23"]
[{"$nulls":13},"SSR 22-23"]
[{"$nulls":8},{"$f":"SUM(I820:I823)","v":{"v":0,"d":"0.00"}},"Kgs",{"$nulls":3},"SSR 22-23"]
[{"$nulls":7},"Or",{"$f":"ROUND((I824/1000)*1.05,2)","v":{"v":0,"d":"0.00"}},"MT",{"$f":"'data 2022-23'!F283","v":{"v":90555,"d":"90555.00"}},"1MT",{"$f":"ROUND(I825*K825,0)","v":{"v":0,"d":"0.00"}},"SSR 22-23"]
[null,"SECOND FLOOR",{"$nulls":11},"SSR 22-23"]
[2,"Reinforced Cement Concrete  M25 Nominal mix (Cement: Sand: Metal) corresponding Table 9 of IS 456 using 20mm size graded machine crushed hard granite metal from approved quarry including c/c of all materials like Cement, Sand, coarse aggregate, water etc to site, all marerials including labour charges such as machine mixing, laying concrete, curing etc complete but excluding cost of steel and its fabrication charges for finished item of work for Columns etc., complete",{"$nulls":11},"SSR 22-23"]
[null,"Qty.p.79 of M.B.No.1101/A/ZP/20",{"$nulls":11},"SSR 22-23"]
[null,null,1,"x",4,{"v":0.23,"d":"0.230"},{"v":0.38,"d":"0.380"},{"v":2.4,"d":"2.400"},{"$f":"ROUND(IF(AND(F829:H829),C829*E829*F829*G829*H829,IF(AND(F829,G829),C829*E829*F829*G829,IF(AND(F829,H829),C829*E829*F829*H829,IF(AND(G829,H829),C829*E829*G829*H829,IF(F829,C829*E829*F829,IF(G829,C829*E829*G829,IF(H829,C829*E829*H829,C829*E829))))))),2)","v":0.84},"Cum",{"$nulls":3},"SSR 22-23"]
[{"$nulls":13},"SSR 22-23"]
[{"$nulls":9},"Cum",{"$f":"'data 2022-23'!G152","v":12013.61},"1Cum",{"$f":"ROUND(I831*K831,0)","v":{"v":0,"d":"0.00"}},"SSR 22-23"]
[3,"~do~ for  Beams etc., complete",{"$nulls":11},"SSR 22-23"]
[null,"Qty.p.56 of M.B.No.1101/A/ZP/20",{"$nulls":11},"SSR 22-23"]
[null,"Mid landing beam",1,"x",2,{"v":2.72,"d":"2.720"},{"v":0.23,"d":"0.230"},{"v":0.3,"d":"0.300"},{"$f":"ROUND(IF(AND(F834:H834),C834*E834*F834*G834*H834,IF(AND(F834,G834),C834*E834*F834*G834,IF(AND(F834,H834),C834*E834*F834*H834,IF(AND(G834,H834),C834*E834*G834*H834,IF(F834,C834*E834*F834,IF(G834,C834*E834*G834,IF(H834,C834*E834*H834,C834*E834))))))),2)","v":0.38},"Cum",{"$nulls":3},"SSR 22-23"]
[null,"Mid landing beam",1,"x",2,{"v":5.5,"d":"5.500"},{"v":0.23,"d":"0.230"},{"v":0.3,"d":"0.300"},{"$f":"ROUND(IF(AND(F835:H835),C835*E835*F835*G835*H835,IF(AND(F835,G835),C835*E835*F835*G835,IF(AND(F835,H835),C835*E835*F835*H835,IF(AND(G835,H835),C835*E835*G835*H835,IF(F835,C835*E835*F835,IF(G835,C835*E835*G835,IF(H835,C835*E835*H835,C835*E835))))))),2)","v":0.76},"Cum",{"$nulls":3},"SSR 22-23"]
[{"$nulls":13},"SSR 22-23"]
[{"$nulls":9},"Cum",{"$f":"'data 2022-23'!G179","v":{"v":11098.560000000001,"d":"11098.56"}},"1Cum",{"$f":"ROUND(I837*K837,0)","v":{"v":0,"d":"0.00"}},"SSR 22-23"]
[11,"~do~ for  Waist slab 150mm thick etc., complete",{"$nulls":11},"SSR 22-23"]
[null,"Qty.p.26 of M.B.No.1101/A/ZP/20",{"$nulls":11},"SSR 22-23"]
[null,"Landing slab",1,"x",1,{"v":3.23,"d":"3.230"},{"v":1.28,"d":"1.280"},{"v":0,"d":"0.000"},{"$f":"ROUND(IF(AND(F840:H840),C840*E840*F840*G840*H840,IF(AND(F840,G840),C840*E840*F840*G840,IF(AND(F840,H840),C840*E840*F840*H840,IF(AND(G840,H840),C840*E840*G840*H840,IF(F840,C840*E840*F840,IF(G840,C840*E840*G840,IF(H840,C840*E840*H840,C840*E840))))))),2)","v":4.13},"Sqm",{"$nulls":3},"SSR 22-23"]
[null,"1st flight",1,"x",1,{"v":2.72,"d":"2.720"},{"v":1,"d":"1.000"},{"v":0,"d":"0.000"},{"$f":"ROUND(IF(AND(F841:H841),C841*E841*F841*G841*H841,IF(AND(F841,G841),C841*E841*F841*G841,IF(AND(F841,H841),C841*E841*F841*H841,IF(AND(G841,H841),C841*E841*G841*H841,IF(F841,C841*E841*F841,IF(G841,C841*E841*G841,IF(H841,C841*E841*H841,C841*E841))))))),2)","v":2.72},"Sqm",{"$nulls":3},"SSR 22-23"]
[{"$nulls":13},"SSR 22-23"]
[{"$nulls":9},"Sqm",{"$f":"'data 2022-23'!G200","v":1737.05},"1Sqm",{"$f":"ROUND(I843*K843,0)","v":{"v":0,"d":"0.00"}},"SSR 22-23"]
[4,"~do~ for  Roof slab 125mm thick etc., complete",{"$nulls":11},"SSR 22-23"]
[null,"Qty.p.57 of M.B.No.1101/A/ZP/20",{"$nulls":11},"SSR 22-23"]
[null,"Head room slab",1,"x",1,{"v":5.5,"d":"5.500"},{"v":3.9,"d":"3.900"},{"v":0,"d":"0.000"},{"$f":"ROUND(IF(AND(F846:H846),C846*E846*F846*G846*H846,IF(AND(F846,G846),C846*E846*F846*G846,IF(AND(F846,H846),C846*E846*F846*H846,IF(AND(G846,H846),C846*E846*G846*H846,IF(F846,C846*E846*F846,IF(G846,C846*E84